{"text_format":"3","workbook":"xlsx","n_sheets":2,"sheets":["META","0057_ASR-BESCH-2018_GKL_WTF"],"read":"whole","date_system":"1900"}

{"sheet":"META","index":0,"n_rows":29,"n_cols":2,"rows_kept":29}
["Variable","Beschreibung"]
["BL_KZ","Bundeslandkennzahl"]
["BKZ","Bezirkskennzahl"]
["GKZ","Gemeindekennzahl"]
["GEM_FL_ha","Gemeindefläche [ha]"]
["GEM_EW","EinwohnerInnen in der Gemeinde"]
["GEM_EW_ha","EinwohnerInnendichte der Gemeinde [EW/ha]"]
["GEM_Status","Gemeindestatus"]
["URTYP","Urtyp"]
["ZSP_NR","Zählsprengelnummer"]
["ZSP_FL_ha","Zählsprengelfläche [ha]"]
["ZSP_S_BESCH","Selbstständig Beschäftigte im ZSP"]
["ZSP_US_BESCH","Unselbstständig Beschäftigte im ZSP"]
["ZSP_BESCH","Summe Beschäftigte im ZSP"]
["ASR_FL_ha","ASR-Fläche [ha]"]
["BESCH_FAKT","BESCH-Faktor = BESCH-Anteil im ASR gemäß URTYP-Kalibrierung NÖ adressgenau"]
["ASR_BESCH","Beschäftigte im ASR"]
["nASR_BESCH","Beschäftigte im Nicht-ASR"]
["ASR_0_1","Lage der GKLp_ID\n- 0 --> nicht im ASR \n- 1 --> im ASR"]
["ASRp_ID","Eindeutige ID des ASR-Parts"]
["ASRp_FL_ha","Fläche des ASRp"]
["ASRp_BESCHAnt","EW-Anteil im ASRp \n- 0 = nicht-ASR \n- >0 = im ASR"]
["ASRp_BESCH","Beschäftigte im ASRp"]
["ASRZSP_Ant","Anteil des ASR am ZSP"]
["GKLp_ID","Eindeutige ID des GKL-Parts"]
["GKL","Güteklasse des GKLp"]
["GKL_FL_ha","Fläche des GKLp"]
["GKLanASRp","Anteil des GKLp am ASRp"]
["GKL_BESCH","Beschäftigte im GKLp"]

{"sheet":"0057_ASR-BESCH-2018_GKL_WTF","index":1,"n_rows":257078,"n_cols":28,"rows_kept":2250,"cut":true,"bounds":{"rows_first":1000,"rows_last":250,"rows_between":1000,"halvings":1}}
["BL_KZ","BKZ","GKZ","GEM_FL_ha","GEM_EW","GEM_EW_ha","GEM_Status","URTYP","ZSP_NR","ZSP_FL_ha","ZSP_S_BESCH","ZSP_US_BESCH","ZSP_BESCH","ASR_FL_ha","BESCH_FAKT","ASR_BESCH","nASR_BESCH","ASR_0_1","ASRp_ID","ASRp_FL_ha","ASRp_BESCHAnt","ASRp_BESCH","ASRZSP_Ant","GKLp_ID","GKL","GKL_FL_ha","GKLanASRp","GKL_BESCH"]
[2,203,20302,{"v":3646.44541299999,"d":"3,646.45"},1212,{"v":0.332378484,"d":"0.33"},"G",430,20302000,{"v":3646.44541312999,"d":"3,646.45"},111,203,314,{"v":117.033766799999,"d":"117.03"},{"v":0.945243625,"d":"0.95"},{"v":296.806498299999,"d":"296.81"},{"v":17.1935017399999,"d":"17.19"},0,"0_20302000_481",{"v":3529.41164630999,"d":"3,529.41"},0,{"v":17.1935017399999,"d":"17.19"},{"v":0.032095302,"d":"0.03"},"0_20302000_481_0","außerhalb GKL",{"v":3347.73263821,"d":"3,347.73"},{"v":0.948524279312,"d":"0.95"},{"v":16.3084538467999,"d":"16.31"}]
[2,203,20302,{"v":3646.44541299999,"d":"3,646.45"},1212,{"v":0.332378484,"d":"0.33"},"G",430,20302000,{"v":3646.44541312999,"d":"3,646.45"},111,203,314,{"v":117.033766799999,"d":"117.03"},{"v":0.945243625,"d":"0.95"},{"v":296.806498299999,"d":"296.81"},{"v":17.1935017399999,"d":"17.19"},0,"0_20302000_481",{"v":3529.41164630999,"d":"3,529.41"},0,{"v":17.1935017399999,"d":"17.19"},{"v":0.032095302,"d":"0.03"},"0_20302000_481_1","E",{"v":0.0339544981901,"d":"0.03"},{"v":9.620441477e-06,"d":"0.00"},{"v":1.65409077267E-4,"d":"0.00"}]
[2,203,20302,{"v":3646.44541299999,"d":"3,646.45"},1212,{"v":0.332378484,"d":"0.33"},"G",430,20302000,{"v":3646.44541312999,"d":"3,646.45"},111,203,314,{"v":117.033766799999,"d":"117.03"},{"v":0.945243625,"d":"0.95"},{"v":296.806498299999,"d":"296.81"},{"v":17.1935017399999,"d":"17.19"},0,"0_20302000_481",{"v":3529.41164630999,"d":"3,529.41"},0,{"v":17.1935017399999,"d":"17.19"},{"v":0.032095302,"d":"0.03"},"0_20302000_481_2","E",{"v":0.00426064384254,"d":"0.00"},{"v":1.207182463e-06,"d":"0.00"},{"v":2.075569377e-05,"d":"0.00"}]
[2,203,20302,{"v":3646.44541299999,"d":"3,646.45"},1212,{"v":0.332378484,"d":"0.33"},"G",430,20302000,{"v":3646.44541312999,"d":"3,646.45"},111,203,314,{"v":117.033766799999,"d":"117.03"},{"v":0.945243625,"d":"0.95"},{"v":296.806498299999,"d":"296.81"},{"v":17.1935017399999,"d":"17.19"},0,"0_20302000_481",{"v":3529.41164630999,"d":"3,529.41"},0,{"v":17.1935017399999,"d":"17.19"},{"v":0.032095302,"d":"0.03"},"0_20302000_481_3","E",{"v":0.0150619010433,"d":"0.02"},{"v":4.267538772e-06,"d":"0.00"},{"v":7.3373935303e-05,"d":"0.00"}]
[2,203,20302,{"v":3646.44541299999,"d":"3,646.45"},1212,{"v":0.332378484,"d":"0.33"},"G",430,20302000,{"v":3646.44541312999,"d":"3,646.45"},111,203,314,{"v":117.033766799999,"d":"117.03"},{"v":0.945243625,"d":"0.95"},{"v":296.806498299999,"d":"296.81"},{"v":17.1935017399999,"d":"17.19"},0,"0_20302000_481",{"v":3529.41164630999,"d":"3,529.41"},0,{"v":17.1935017399999,"d":"17.19"},{"v":0.032095302,"d":"0.03"},"0_20302000_481_4","E",{"v":0.673366569965,"d":"0.67"},{"v":1.90787201223E-4,"d":"0.00"},{"v":0.0032803000762,"d":"0.00"}]
[2,203,20302,{"v":3646.44541299999,"d":"3,646.45"},1212,{"v":0.332378484,"d":"0.33"},"G",430,20302000,{"v":3646.44541312999,"d":"3,646.45"},111,203,314,{"v":117.033766799999,"d":"117.03"},{"v":0.945243625,"d":"0.95"},{"v":296.806498299999,"d":"296.81"},{"v":17.1935017399999,"d":"17.19"},0,"0_20302000_481",{"v":3529.41164630999,"d":"3,529.41"},0,{"v":17.1935017399999,"d":"17.19"},{"v":0.032095302,"d":"0.03"},"0_20302000_481_5","E",{"v":0.00513377255836,"d":"0.01"},{"v":1.45456894E-6,"d":"0.00"},{"v":2.5009133606e-05,"d":"0.00"}]
[2,203,20302,{"v":3646.44541299999,"d":"3,646.45"},1212,{"v":0.332378484,"d":"0.33"},"G",430,20302000,{"v":3646.44541312999,"d":"3,646.45"},111,203,314,{"v":117.033766799999,"d":"117.03"},{"v":0.945243625,"d":"0.95"},{"v":296.806498299999,"d":"296.81"},{"v":17.1935017399999,"d":"17.19"},0,"0_20302000_481",{"v":3529.41164630999,"d":"3,529.41"},0,{"v":17.1935017399999,"d":"17.19"},{"v":0.032095302,"d":"0.03"},"0_20302000_481_6","E",{"v":0.184083870401,"d":"0.18"},{"v":5.2157098363e-05,"d":"0.00"},{"v":0.000896763161463,"d":"0.00"}]
[2,203,20302,{"v":3646.44541299999,"d":"3,646.45"},1212,{"v":0.332378484,"d":"0.33"},"G",430,20302000,{"v":3646.44541312999,"d":"3,646.45"},111,203,314,{"v":117.033766799999,"d":"117.03"},{"v":0.945243625,"d":"0.95"},{"v":296.806498299999,"d":"296.81"},{"v":17.1935017399999,"d":"17.19"},0,"0_20302000_481",{"v":3529.41164630999,"d":"3,529.41"},0,{"v":17.1935017399999,"d":"17.19"},{"v":0.032095302,"d":"0.03"},"0_20302000_481_7","E",{"v":0.169873106313,"d":"0.17"},{"v":4.813071507E-5,"d":"0.00"},{"v":0.000827535533302,"d":"0.00"}]
[2,203,20302,{"v":3646.44541299999,"d":"3,646.45"},1212,{"v":0.332378484,"d":"0.33"},"G",430,20302000,{"v":3646.44541312999,"d":"3,646.45"},111,203,314,{"v":117.033766799999,"d":"117.03"},{"v":0.945243625,"d":"0.95"},{"v":296.806498299999,"d":"296.81"},{"v":17.1935017399999,"d":"17.19"},0,"0_20302000_481",{"v":3529.41164630999,"d":"3,529.41"},0,{"v":17.1935017399999,"d":"17.19"},{"v":0.032095302,"d":"0.03"},"0_20302000_481_8","E",{"v":0.0175984163784,"d":"0.02"},{"v":4.986218141e-06,"d":"0.00"},{"v":8.5730550286e-05,"d":"0.00"}]
[2,203,20302,{"v":3646.44541299999,"d":"3,646.45"},1212,{"v":0.332378484,"d":"0.33"},"G",430,20302000,{"v":3646.44541312999,"d":"3,646.45"},111,203,314,{"v":117.033766799999,"d":"117.03"},{"v":0.945243625,"d":"0.95"},{"v":296.806498299999,"d":"296.81"},{"v":17.1935017399999,"d":"17.19"},0,"0_20302000_481",{"v":3529.41164630999,"d":"3,529.41"},0,{"v":17.1935017399999,"d":"17.19"},{"v":0.032095302,"d":"0.03"},"0_20302000_481_9","E",{"v":15.4760405011,"d":"15.48"},{"v":0.00438487828907,"d":"0.00"},{"v":0.0753914124928,"d":"0.08"}]
[2,203,20302,{"v":3646.44541299999,"d":"3,646.45"},1212,{"v":0.332378484,"d":"0.33"},"G",430,20302000,{"v":3646.44541312999,"d":"3,646.45"},111,203,314,{"v":117.033766799999,"d":"117.03"},{"v":0.945243625,"d":"0.95"},{"v":296.806498299999,"d":"296.81"},{"v":17.1935017399999,"d":"17.19"},0,"0_20302000_481",{"v":3529.41164630999,"d":"3,529.41"},0,{"v":17.1935017399999,"d":"17.19"},{"v":0.032095302,"d":"0.03"},"0_20302000_481_10","F",{"v":0.174445710021,"d":"0.17"},{"v":4.9426286164e-05,"d":"0.00"},{"v":0.000849810937162,"d":"0.00"}]
[2,203,20302,{"v":3646.44541299999,"d":"3,646.45"},1212,{"v":0.332378484,"d":"0.33"},"G",430,20302000,{"v":3646.44541312999,"d":"3,646.45"},111,203,314,{"v":117.033766799999,"d":"117.03"},{"v":0.945243625,"d":"0.95"},{"v":296.806498299999,"d":"296.81"},{"v":17.1935017399999,"d":"17.19"},0,"0_20302000_481",{"v":3529.41164630999,"d":"3,529.41"},0,{"v":17.1935017399999,"d":"17.19"},{"v":0.032095302,"d":"0.03"},"0_20302000_481_11","F",{"v":2.64287406415,"d":"2.64"},{"v":0.000748814343295,"d":"0.00"},{"v":0.0128747407144,"d":"0.01"}]
[2,203,20302,{"v":3646.44541299999,"d":"3,646.45"},1212,{"v":0.332378484,"d":"0.33"},"G",430,20302000,{"v":3646.44541312999,"d":"3,646.45"},111,203,314,{"v":117.033766799999,"d":"117.03"},{"v":0.945243625,"d":"0.95"},{"v":296.806498299999,"d":"296.81"},{"v":17.1935017399999,"d":"17.19"},0,"0_20302000_481",{"v":3529.41164630999,"d":"3,529.41"},0,{"v":17.1935017399999,"d":"17.19"},{"v":0.032095302,"d":"0.03"},"0_20302000_481_12","F",{"v":0.230112368688,"d":"0.23"},{"v":6.5198506649e-05,"d":"0.00"},{"v":1.12099063751E-3,"d":"0.00"}]
[2,203,20302,{"v":3646.44541299999,"d":"3,646.45"},1212,{"v":0.332378484,"d":"0.33"},"G",430,20302000,{"v":3646.44541312999,"d":"3,646.45"},111,203,314,{"v":117.033766799999,"d":"117.03"},{"v":0.945243625,"d":"0.95"},{"v":296.806498299999,"d":"296.81"},{"v":17.1935017399999,"d":"17.19"},0,"0_20302000_481",{"v":3529.41164630999,"d":"3,529.41"},0,{"v":17.1935017399999,"d":"17.19"},{"v":0.032095302,"d":"0.03"},"0_20302000_481_13","F",{"v":2.5155217075,"d":"2.52"},{"v":0.000712731174367,"d":"0.00"},{"v":0.0122543446866,"d":"0.01"}]
[2,203,20302,{"v":3646.44541299999,"d":"3,646.45"},1212,{"v":0.332378484,"d":"0.33"},"G",430,20302000,{"v":3646.44541312999,"d":"3,646.45"},111,203,314,{"v":117.033766799999,"d":"117.03"},{"v":0.945243625,"d":"0.95"},{"v":296.806498299999,"d":"296.81"},{"v":17.1935017399999,"d":"17.19"},0,"0_20302000_481",{"v":3529.41164630999,"d":"3,529.41"},0,{"v":17.1935017399999,"d":"17.19"},{"v":0.032095302,"d":"0.03"},"0_20302000_481_14","F",{"v":9.62910208239999,"d":"9.63"},{"v":0.00272824568153,"d":"0.00"},{"v":0.0469080968725,"d":"0.05"}]
[2,203,20302,{"v":3646.44541299999,"d":"3,646.45"},1212,{"v":0.332378484,"d":"0.33"},"G",430,20302000,{"v":3646.44541312999,"d":"3,646.45"},111,203,314,{"v":117.033766799999,"d":"117.03"},{"v":0.945243625,"d":"0.95"},{"v":296.806498299999,"d":"296.81"},{"v":17.1935017399999,"d":"17.19"},0,"0_20302000_481",{"v":3529.41164630999,"d":"3,529.41"},0,{"v":17.1935017399999,"d":"17.19"},{"v":0.032095302,"d":"0.03"},"0_20302000_481_15","F",{"v":0.498702968787,"d":"0.50"},{"v":0.00014129917923,"d":"0.00"},{"v":2.42942768395E-3,"d":"0.00"}]
[2,203,20302,{"v":3646.44541299999,"d":"3,646.45"},1212,{"v":0.332378484,"d":"0.33"},"G",430,20302000,{"v":3646.44541312999,"d":"3,646.45"},111,203,314,{"v":117.033766799999,"d":"117.03"},{"v":0.945243625,"d":"0.95"},{"v":296.806498299999,"d":"296.81"},{"v":17.1935017399999,"d":"17.19"},0,"0_20302000_481",{"v":3529.41164630999,"d":"3,529.41"},0,{"v":17.1935017399999,"d":"17.19"},{"v":0.032095302,"d":"0.03"},"0_20302000_481_16","F",{"v":0.653666373007,"d":"0.65"},{"v":0.000185205478565,"d":"0.00"},{"v":3.18433071796E-3,"d":"0.00"}]
[2,203,20302,{"v":3646.44541299999,"d":"3,646.45"},1212,{"v":0.332378484,"d":"0.33"},"G",430,20302000,{"v":3646.44541312999,"d":"3,646.45"},111,203,314,{"v":117.033766799999,"d":"117.03"},{"v":0.945243625,"d":"0.95"},{"v":296.806498299999,"d":"296.81"},{"v":17.1935017399999,"d":"17.19"},0,"0_20302000_481",{"v":3529.41164630999,"d":"3,529.41"},0,{"v":17.1935017399999,"d":"17.19"},{"v":0.032095302,"d":"0.03"},"0_20302000_481_17","F",{"v":1.88010633499,"d":"1.88"},{"v":0.000532696812783,"d":"0.00"},{"v":0.00915892357748,"d":"0.01"}]
[2,203,20302,{"v":3646.44541299999,"d":"3,646.45"},1212,{"v":0.332378484,"d":"0.33"},"G",430,20302000,{"v":3646.44541312999,"d":"3,646.45"},111,203,314,{"v":117.033766799999,"d":"117.03"},{"v":0.945243625,"d":"0.95"},{"v":296.806498299999,"d":"296.81"},{"v":17.1935017399999,"d":"17.19"},0,"0_20302000_481",{"v":3529.41164630999,"d":"3,529.41"},0,{"v":17.1935017399999,"d":"17.19"},{"v":0.032095302,"d":"0.03"},"0_20302000_481_18","F",{"v":5.15981110169,"d":"5.16"},{"v":1.46194652785E-3,"d":"0.00"},{"v":0.0251359801704,"d":"0.03"}]
[2,203,20302,{"v":3646.44541299999,"d":"3,646.45"},1212,{"v":0.332378484,"d":"0.33"},"G",430,20302000,{"v":3646.44541312999,"d":"3,646.45"},111,203,314,{"v":117.033766799999,"d":"117.03"},{"v":0.945243625,"d":"0.95"},{"v":296.806498299999,"d":"296.81"},{"v":17.1935017399999,"d":"17.19"},0,"0_20302000_481",{"v":3529.41164630999,"d":"3,529.41"},0,{"v":17.1935017399999,"d":"17.19"},{"v":0.032095302,"d":"0.03"},"0_20302000_481_19","F",{"v":1.74211512059,"d":"1.74"},{"v":0.000493599300725,"d":"0.00"},{"v":0.00848670043588,"d":"0.01"}]
[2,203,20302,{"v":3646.44541299999,"d":"3,646.45"},1212,{"v":0.332378484,"d":"0.33"},"G",430,20302000,{"v":3646.44541312999,"d":"3,646.45"},111,203,314,{"v":117.033766799999,"d":"117.03"},{"v":0.945243625,"d":"0.95"},{"v":296.806498299999,"d":"296.81"},{"v":17.1935017399999,"d":"17.19"},0,"0_20302000_481",{"v":3529.41164630999,"d":"3,529.41"},0,{"v":17.1935017399999,"d":"17.19"},{"v":0.032095302,"d":"0.03"},"0_20302000_481_20","F",{"v":4.6844351761e-05,"d":"0.00"},{"v":1.3272567E-8,"d":"0.00"},{"v":2.282019E-7,"d":"0.00"}]
[2,203,20302,{"v":3646.44541299999,"d":"3,646.45"},1212,{"v":0.332378484,"d":"0.33"},"G",430,20302000,{"v":3646.44541312999,"d":"3,646.45"},111,203,314,{"v":117.033766799999,"d":"117.03"},{"v":0.945243625,"d":"0.95"},{"v":296.806498299999,"d":"296.81"},{"v":17.1935017399999,"d":"17.19"},0,"0_20302000_481",{"v":3529.41164630999,"d":"3,529.41"},0,{"v":17.1935017399999,"d":"17.19"},{"v":0.032095302,"d":"0.03"},"0_20302000_481_21","F",{"v":5.07448118269,"d":"5.07"},{"v":1.43776971666E-3,"d":"0.00"},{"v":0.0247202961251,"d":"0.02"}]
[2,203,20302,{"v":3646.44541299999,"d":"3,646.45"},1212,{"v":0.332378484,"d":"0.33"},"G",430,20302000,{"v":3646.44541312999,"d":"3,646.45"},111,203,314,{"v":117.033766799999,"d":"117.03"},{"v":0.945243625,"d":"0.95"},{"v":296.806498299999,"d":"296.81"},{"v":17.1935017399999,"d":"17.19"},0,"0_20302000_481",{"v":3529.41164630999,"d":"3,529.41"},0,{"v":17.1935017399999,"d":"17.19"},{"v":0.032095302,"d":"0.03"},"0_20302000_481_22","F",{"v":15.7450096905,"d":"15.75"},{"v":0.00446108622862,"d":"0.00"},{"v":0.0767016938341,"d":"0.08"}]
[2,203,20302,{"v":3646.44541299999,"d":"3,646.45"},1212,{"v":0.332378484,"d":"0.33"},"G",430,20302000,{"v":3646.44541312999,"d":"3,646.45"},111,203,314,{"v":117.033766799999,"d":"117.03"},{"v":0.945243625,"d":"0.95"},{"v":296.806498299999,"d":"296.81"},{"v":17.1935017399999,"d":"17.19"},0,"0_20302000_481",{"v":3529.41164630999,"d":"3,529.41"},0,{"v":17.1935017399999,"d":"17.19"},{"v":0.032095302,"d":"0.03"},"0_20302000_481_23","F",{"v":0.461723653026,"d":"0.46"},{"v":1.30821706079E-4,"d":"0.00"},{"v":0.0022492832311,"d":"0.00"}]
[2,203,20302,{"v":3646.44541299999,"d":"3,646.45"},1212,{"v":0.332378484,"d":"0.33"},"G",430,20302000,{"v":3646.44541312999,"d":"3,646.45"},111,203,314,{"v":117.033766799999,"d":"117.03"},{"v":0.945243625,"d":"0.95"},{"v":296.806498299999,"d":"296.81"},{"v":17.1935017399999,"d":"17.19"},0,"0_20302000_481",{"v":3529.41164630999,"d":"3,529.41"},0,{"v":17.1935017399999,"d":"17.19"},{"v":0.032095302,"d":"0.03"},"0_20302000_481_24","F",{"v":0.271825280952,"d":"0.27"},{"v":7.701716552e-05,"d":"0.00"},{"v":0.00132419476938,"d":"0.00"}]
[2,203,20302,{"v":3646.44541299999,"d":"3,646.45"},1212,{"v":0.332378484,"d":"0.33"},"G",430,20302000,{"v":3646.44541312999,"d":"3,646.45"},111,203,314,{"v":117.033766799999,"d":"117.03"},{"v":0.945243625,"d":"0.95"},{"v":296.806498299999,"d":"296.81"},{"v":17.1935017399999,"d":"17.19"},0,"0_20302000_481",{"v":3529.41164630999,"d":"3,529.41"},0,{"v":17.1935017399999,"d":"17.19"},{"v":0.032095302,"d":"0.03"},"0_20302000_481_25","G",{"v":10.6309281054,"d":"10.63"},{"v":0.00301209639757,"d":"0.00"},{"v":0.0517884846527,"d":"0.05"}]
[2,203,20302,{"v":3646.44541299999,"d":"3,646.45"},1212,{"v":0.332378484,"d":"0.33"},"G",430,20302000,{"v":3646.44541312999,"d":"3,646.45"},111,203,314,{"v":117.033766799999,"d":"117.03"},{"v":0.945243625,"d":"0.95"},{"v":296.806498299999,"d":"296.81"},{"v":17.1935017399999,"d":"17.19"},0,"0_20302000_481",{"v":3529.41164630999,"d":"3,529.41"},0,{"v":17.1935017399999,"d":"17.19"},{"v":0.032095302,"d":"0.03"},"0_20302000_481_26","G",{"v":44.3497561211,"d":"44.35"},{"v":0.0125657646558,"d":"0.01"},{"v":0.216049496474,"d":"0.22"}]
[2,203,20302,{"v":3646.44541299999,"d":"3,646.45"},1212,{"v":0.332378484,"d":"0.33"},"G",430,20302000,{"v":3646.44541312999,"d":"3,646.45"},111,203,314,{"v":117.033766799999,"d":"117.03"},{"v":0.945243625,"d":"0.95"},{"v":296.806498299999,"d":"296.81"},{"v":17.1935017399999,"d":"17.19"},0,"0_20302000_481",{"v":3529.41164630999,"d":"3,529.41"},0,{"v":17.1935017399999,"d":"17.19"},{"v":0.032095302,"d":"0.03"},"0_20302000_481_27","G",{"v":0.964917995219,"d":"0.96"},{"v":0.00027339344115,"d":"0.00"},{"v":0.00470059060612,"d":"0.00"}]
[2,203,20302,{"v":3646.44541299999,"d":"3,646.45"},1212,{"v":0.332378484,"d":"0.33"},"G",430,20302000,{"v":3646.44541312999,"d":"3,646.45"},111,203,314,{"v":117.033766799999,"d":"117.03"},{"v":0.945243625,"d":"0.95"},{"v":296.806498299999,"d":"296.81"},{"v":17.1935017399999,"d":"17.19"},0,"0_20302000_481",{"v":3529.41164630999,"d":"3,529.41"},0,{"v":17.1935017399999,"d":"17.19"},{"v":0.032095302,"d":"0.03"},"0_20302000_481_28","G",{"v":29.1732960426,"d":"29.17"},{"v":8.26576748935E-3,"d":"0.01"},{"v":0.142117487711,"d":"0.14"}]
[2,203,20302,{"v":3646.44541299999,"d":"3,646.45"},1212,{"v":0.332378484,"d":"0.33"},"G",430,20302000,{"v":3646.44541312999,"d":"3,646.45"},111,203,314,{"v":117.033766799999,"d":"117.03"},{"v":0.945243625,"d":"0.95"},{"v":296.806498299999,"d":"296.81"},{"v":17.1935017399999,"d":"17.19"},0,"0_20302000_481",{"v":3529.41164630999,"d":"3,529.41"},0,{"v":17.1935017399999,"d":"17.19"},{"v":0.032095302,"d":"0.03"},"0_20302000_481_29","G",{"v":0.00144405645151,"d":"0.00"},{"v":4.09149342e-07,"d":"0.00"},{"v":7.034709918e-06,"d":"0.00"}]
[2,203,20302,{"v":3646.44541299999,"d":"3,646.45"},1212,{"v":0.332378484,"d":"0.33"},"G",430,20302000,{"v":3646.44541312999,"d":"3,646.45"},111,203,314,{"v":117.033766799999,"d":"117.03"},{"v":0.945243625,"d":"0.95"},{"v":296.806498299999,"d":"296.81"},{"v":17.1935017399999,"d":"17.19"},0,"0_20302000_481",{"v":3529.41164630999,"d":"3,529.41"},0,{"v":17.1935017399999,"d":"17.19"},{"v":0.032095302,"d":"0.03"},"0_20302000_481_30","G",{"v":6.53844732602,"d":"6.54"},{"v":0.00185256013785,"d":"0.00"},{"v":0.0318519959536,"d":"0.03"}]
[2,203,20302,{"v":3646.44541299999,"d":"3,646.45"},1212,{"v":0.332378484,"d":"0.33"},"G",430,20302000,{"v":3646.44541312999,"d":"3,646.45"},111,203,314,{"v":117.033766799999,"d":"117.03"},{"v":0.945243625,"d":"0.95"},{"v":296.806498299999,"d":"296.81"},{"v":17.1935017399999,"d":"17.19"},0,"0_20302000_481",{"v":3529.41164630999,"d":"3,529.41"},0,{"v":17.1935017399999,"d":"17.19"},{"v":0.032095302,"d":"0.03"},"0_20302000_481_31","G",{"v":22.2682715806999,"d":"22.27"},{"v":0.00630934382618,"d":"0.01"},{"v":0.108479714054,"d":"0.11"}]
[2,203,20302,{"v":3646.44541299999,"d":"3,646.45"},1212,{"v":0.332378484,"d":"0.33"},"G",430,20302000,{"v":3646.44541312999,"d":"3,646.45"},111,203,314,{"v":117.033766799999,"d":"117.03"},{"v":0.945243625,"d":"0.95"},{"v":296.806498299999,"d":"296.81"},{"v":17.1935017399999,"d":"17.19"},0,"0_20302000_481",{"v":3529.41164630999,"d":"3,529.41"},0,{"v":17.1935017399999,"d":"17.19"},{"v":0.032095302,"d":"0.03"},"0_20302000_481_32","G",{"v":3.33836987868,"d":"3.34"},{"v":0.000945871497356,"d":"0.00"},{"v":0.0162628432356,"d":"0.02"}]
[2,203,20302,{"v":3646.44541299999,"d":"3,646.45"},1212,{"v":0.332378484,"d":"0.33"},"G",430,20302000,{"v":3646.44541312999,"d":"3,646.45"},111,203,314,{"v":117.033766799999,"d":"117.03"},{"v":0.945243625,"d":"0.95"},{"v":296.806498299999,"d":"296.81"},{"v":17.1935017399999,"d":"17.19"},0,"0_20302000_481",{"v":3529.41164630999,"d":"3,529.41"},0,{"v":17.1935017399999,"d":"17.19"},{"v":0.032095302,"d":"0.03"},"0_20302000_481_33","G",{"v":1.15465923072,"d":"1.15"},{"v":3.27153459679E-4,"d":"0.00"},{"v":0.00562491357824,"d":"0.01"}]
[2,203,20305,{"v":20535.02271,"d":"20,535.02"},6886,{"v":0.335329554,"d":"0.34"},"ST",430,20305040,{"v":2352.93498171999,"d":"2,352.93"},44,36,80,{"v":55.5480964899999,"d":"55.55"},{"v":0.945243625,"d":"0.95"},{"v":75.6194899999999,"d":"75.62"},{"v":4.380509998,"d":"4.38"},0,"0_20305040_489",{"v":2297.38688523,"d":"2,297.39"},0,{"v":4.380509998,"d":"4.38"},{"v":0.023608003,"d":"0.02"},"0_20305040_489_34","außerhalb GKL",{"v":2182.17269812999,"d":"2,182.17"},{"v":0.949849897794,"d":"0.95"},{"v":4.16082697389,"d":"4.16"}]
[2,203,20305,{"v":20535.02271,"d":"20,535.02"},6886,{"v":0.335329554,"d":"0.34"},"ST",430,20305040,{"v":2352.93498171999,"d":"2,352.93"},44,36,80,{"v":55.5480964899999,"d":"55.55"},{"v":0.945243625,"d":"0.95"},{"v":75.6194899999999,"d":"75.62"},{"v":4.380509998,"d":"4.38"},0,"0_20305040_489",{"v":2297.38688523,"d":"2,297.39"},0,{"v":4.380509998,"d":"4.38"},{"v":0.023608003,"d":"0.02"},"0_20305040_489_35","außerhalb GKL",{"v":0.0539200925293,"d":"0.05"},{"v":2.3470183832e-05,"d":"0.00"},{"v":1.02811374931E-4,"d":"0.00"}]
[2,203,20305,{"v":20535.02271,"d":"20,535.02"},6886,{"v":0.335329554,"d":"0.34"},"ST",430,20305040,{"v":2352.93498171999,"d":"2,352.93"},44,36,80,{"v":55.5480964899999,"d":"55.55"},{"v":0.945243625,"d":"0.95"},{"v":75.6194899999999,"d":"75.62"},{"v":4.380509998,"d":"4.38"},0,"0_20305040_489",{"v":2297.38688523,"d":"2,297.39"},0,{"v":4.380509998,"d":"4.38"},{"v":0.023608003,"d":"0.02"},"0_20305040_489_36","E",{"v":0.259746189824,"d":"0.26"},{"v":1.13061579438E-4,"d":"0.00"},{"v":0.000495267379118,"d":"0.00"}]
[2,203,20305,{"v":20535.02271,"d":"20,535.02"},6886,{"v":0.335329554,"d":"0.34"},"ST",430,20305040,{"v":2352.93498171999,"d":"2,352.93"},44,36,80,{"v":55.5480964899999,"d":"55.55"},{"v":0.945243625,"d":"0.95"},{"v":75.6194899999999,"d":"75.62"},{"v":4.380509998,"d":"4.38"},0,"0_20305040_489",{"v":2297.38688523,"d":"2,297.39"},0,{"v":4.380509998,"d":"4.38"},{"v":0.023608003,"d":"0.02"},"0_20305040_489_37","E",{"v":0.00510693350072,"d":"0.01"},{"v":2.222931424E-6,"d":"0.00"},{"v":9.737573329e-06,"d":"0.00"}]
[2,203,20305,{"v":20535.02271,"d":"20,535.02"},6886,{"v":0.335329554,"d":"0.34"},"ST",430,20305040,{"v":2352.93498171999,"d":"2,352.93"},44,36,80,{"v":55.5480964899999,"d":"55.55"},{"v":0.945243625,"d":"0.95"},{"v":75.6194899999999,"d":"75.62"},{"v":4.380509998,"d":"4.38"},0,"0_20305040_489",{"v":2297.38688523,"d":"2,297.39"},0,{"v":4.380509998,"d":"4.38"},{"v":0.023608003,"d":"0.02"},"0_20305040_489_38","E",{"v":0.209068969232,"d":"0.21"},{"v":9.1002943638e-05,"d":"0.00"},{"v":3.98639304455E-4,"d":"0.00"}]
[2,203,20305,{"v":20535.02271,"d":"20,535.02"},6886,{"v":0.335329554,"d":"0.34"},"ST",430,20305040,{"v":2352.93498171999,"d":"2,352.93"},44,36,80,{"v":55.5480964899999,"d":"55.55"},{"v":0.945243625,"d":"0.95"},{"v":75.6194899999999,"d":"75.62"},{"v":4.380509998,"d":"4.38"},0,"0_20305040_489",{"v":2297.38688523,"d":"2,297.39"},0,{"v":4.380509998,"d":"4.38"},{"v":0.023608003,"d":"0.02"},"0_20305040_489_39","E",{"v":1.35935180763,"d":"1.36"},{"v":0.000591694771294,"d":"0.00"},{"v":0.00259192486142,"d":"0.00"}]
[2,203,20305,{"v":20535.02271,"d":"20,535.02"},6886,{"v":0.335329554,"d":"0.34"},"ST",430,20305040,{"v":2352.93498171999,"d":"2,352.93"},44,36,80,{"v":55.5480964899999,"d":"55.55"},{"v":0.945243625,"d":"0.95"},{"v":75.6194899999999,"d":"75.62"},{"v":4.380509998,"d":"4.38"},0,"0_20305040_489",{"v":2297.38688523,"d":"2,297.39"},0,{"v":4.380509998,"d":"4.38"},{"v":0.023608003,"d":"0.02"},"0_20305040_489_40","E",{"v":0.326972614499,"d":"0.33"},{"v":0.000142323705511,"d":"0.00"},{"v":0.000623450414943,"d":"0.00"}]
[2,203,20305,{"v":20535.02271,"d":"20,535.02"},6886,{"v":0.335329554,"d":"0.34"},"ST",430,20305040,{"v":2352.93498171999,"d":"2,352.93"},44,36,80,{"v":55.5480964899999,"d":"55.55"},{"v":0.945243625,"d":"0.95"},{"v":75.6194899999999,"d":"75.62"},{"v":4.380509998,"d":"4.38"},0,"0_20305040_489",{"v":2297.38688523,"d":"2,297.39"},0,{"v":4.380509998,"d":"4.38"},{"v":0.023608003,"d":"0.02"},"0_20305040_489_41","E",{"v":0.0210762929899,"d":"0.02"},{"v":9.1740286e-06,"d":"0.00"},{"v":4.0186924003E-5,"d":"0.00"}]
[2,203,20305,{"v":20535.02271,"d":"20,535.02"},6886,{"v":0.335329554,"d":"0.34"},"ST",430,20305040,{"v":2352.93498171999,"d":"2,352.93"},44,36,80,{"v":55.5480964899999,"d":"55.55"},{"v":0.945243625,"d":"0.95"},{"v":75.6194899999999,"d":"75.62"},{"v":4.380509998,"d":"4.38"},0,"0_20305040_489",{"v":2297.38688523,"d":"2,297.39"},0,{"v":4.380509998,"d":"4.38"},{"v":0.023608003,"d":"0.02"},"0_20305040_489_42","F",{"v":7.9327651165,"d":"7.93"},{"v":0.0034529513368,"d":"0.00"},{"v":0.0151256878535,"d":"0.02"}]
[2,203,20305,{"v":20535.02271,"d":"20,535.02"},6886,{"v":0.335329554,"d":"0.34"},"ST",430,20305040,{"v":2352.93498171999,"d":"2,352.93"},44,36,80,{"v":55.5480964899999,"d":"55.55"},{"v":0.945243625,"d":"0.95"},{"v":75.6194899999999,"d":"75.62"},{"v":4.380509998,"d":"4.38"},0,"0_20305040_489",{"v":2297.38688523,"d":"2,297.39"},0,{"v":4.380509998,"d":"4.38"},{"v":0.023608003,"d":"0.02"},"0_20305040_489_43","F",{"v":6.39109453737E-3,"d":"0.01"},{"v":2.781897372e-06,"d":"0.00"},{"v":1.2186129249E-5,"d":"0.00"}]
[2,203,20305,{"v":20535.02271,"d":"20,535.02"},6886,{"v":0.335329554,"d":"0.34"},"ST",430,20305040,{"v":2352.93498171999,"d":"2,352.93"},44,36,80,{"v":55.5480964899999,"d":"55.55"},{"v":0.945243625,"d":"0.95"},{"v":75.6194899999999,"d":"75.62"},{"v":4.380509998,"d":"4.38"},0,"0_20305040_489",{"v":2297.38688523,"d":"2,297.39"},0,{"v":4.380509998,"d":"4.38"},{"v":0.023608003,"d":"0.02"},"0_20305040_489_44","F",{"v":0.393649991004,"d":"0.39"},{"v":0.000171346843466,"d":"0.00"},{"v":7.50586560929E-4,"d":"0.00"}]
[2,203,20305,{"v":20535.02271,"d":"20,535.02"},6886,{"v":0.335329554,"d":"0.34"},"ST",430,20305040,{"v":2352.93498171999,"d":"2,352.93"},44,36,80,{"v":55.5480964899999,"d":"55.55"},{"v":0.945243625,"d":"0.95"},{"v":75.6194899999999,"d":"75.62"},{"v":4.380509998,"d":"4.38"},0,"0_20305040_489",{"v":2297.38688523,"d":"2,297.39"},0,{"v":4.380509998,"d":"4.38"},{"v":0.023608003,"d":"0.02"},"0_20305040_489_45","F",{"v":0.330169892007,"d":"0.33"},{"v":1.43715407331E-4,"d":"0.00"},{"v":0.00062954677868,"d":"0.00"}]
[2,203,20305,{"v":20535.02271,"d":"20,535.02"},6886,{"v":0.335329554,"d":"0.34"},"ST",430,20305040,{"v":2352.93498171999,"d":"2,352.93"},44,36,80,{"v":55.5480964899999,"d":"55.55"},{"v":0.945243625,"d":"0.95"},{"v":75.6194899999999,"d":"75.62"},{"v":4.380509998,"d":"4.38"},0,"0_20305040_489",{"v":2297.38688523,"d":"2,297.39"},0,{"v":4.380509998,"d":"4.38"},{"v":0.023608003,"d":"0.02"},"0_20305040_489_46","F",{"v":1.79456233402,"d":"1.79"},{"v":0.000781131965868,"d":"0.00"},{"v":0.00342175638624,"d":"0.00"}]
[2,203,20305,{"v":20535.02271,"d":"20,535.02"},6886,{"v":0.335329554,"d":"0.34"},"ST",430,20305040,{"v":2352.93498171999,"d":"2,352.93"},44,36,80,{"v":55.5480964899999,"d":"55.55"},{"v":0.945243625,"d":"0.95"},{"v":75.6194899999999,"d":"75.62"},{"v":4.380509998,"d":"4.38"},0,"0_20305040_489",{"v":2297.38688523,"d":"2,297.39"},0,{"v":4.380509998,"d":"4.38"},{"v":0.023608003,"d":"0.02"},"0_20305040_489_47","F",{"v":15.0975908315,"d":"15.10"},{"v":0.00657163620484,"d":"0.01"},{"v":0.0287871180985,"d":"0.03"}]
[2,203,20305,{"v":20535.02271,"d":"20,535.02"},6886,{"v":0.335329554,"d":"0.34"},"ST",430,20305040,{"v":2352.93498171999,"d":"2,352.93"},44,36,80,{"v":55.5480964899999,"d":"55.55"},{"v":0.945243625,"d":"0.95"},{"v":75.6194899999999,"d":"75.62"},{"v":4.380509998,"d":"4.38"},0,"0_20305040_489",{"v":2297.38688523,"d":"2,297.39"},0,{"v":4.380509998,"d":"4.38"},{"v":0.023608003,"d":"0.02"},"0_20305040_489_48","F",{"v":3.37287498616,"d":"3.37"},{"v":1.46813538801E-3,"d":"0.00"},{"v":0.0064311817456,"d":"0.01"}]
[2,203,20305,{"v":20535.02271,"d":"20,535.02"},6886,{"v":0.335329554,"d":"0.34"},"ST",430,20305040,{"v":2352.93498171999,"d":"2,352.93"},44,36,80,{"v":55.5480964899999,"d":"55.55"},{"v":0.945243625,"d":"0.95"},{"v":75.6194899999999,"d":"75.62"},{"v":4.380509998,"d":"4.38"},0,"0_20305040_489",{"v":2297.38688523,"d":"2,297.39"},0,{"v":4.380509998,"d":"4.38"},{"v":0.023608003,"d":"0.02"},"0_20305040_489_49","F",{"v":1.55847578642,"d":"1.56"},{"v":0.000678368887905,"d":"0.00"},{"v":2.9716016958E-3,"d":"0.00"}]
[2,203,20305,{"v":20535.02271,"d":"20,535.02"},6886,{"v":0.335329554,"d":"0.34"},"ST",430,20305040,{"v":2352.93498171999,"d":"2,352.93"},44,36,80,{"v":55.5480964899999,"d":"55.55"},{"v":0.945243625,"d":"0.95"},{"v":75.6194899999999,"d":"75.62"},{"v":4.380509998,"d":"4.38"},0,"0_20305040_489",{"v":2297.38688523,"d":"2,297.39"},0,{"v":4.380509998,"d":"4.38"},{"v":0.023608003,"d":"0.02"},"0_20305040_489_50","G",{"v":70.8547624137,"d":"70.85"},{"v":0.0308414585585,"d":"0.03"},{"v":0.135101317568,"d":"0.14"}]
[2,203,20305,{"v":20535.02271,"d":"20,535.02"},6886,{"v":0.335329554,"d":"0.34"},"ST",430,20305040,{"v":2352.93498171999,"d":"2,352.93"},44,36,80,{"v":55.5480964899999,"d":"55.55"},{"v":0.945243625,"d":"0.95"},{"v":75.6194899999999,"d":"75.62"},{"v":4.380509998,"d":"4.38"},0,"0_20305040_489",{"v":2297.38688523,"d":"2,297.39"},0,{"v":4.380509998,"d":"4.38"},{"v":0.023608003,"d":"0.02"},"0_20305040_489_51","G",{"v":11.6377017466999,"d":"11.64"},{"v":0.00506562556856,"d":"0.01"},{"v":0.0221900234492,"d":"0.02"}]
[2,203,20305,{"v":20535.02271,"d":"20,535.02"},6886,{"v":0.335329554,"d":"0.34"},"ST",430,20305041,{"v":1544.29173134,"d":"1,544.29"},61,186,247,{"v":59.86790499,"d":"59.87"},{"v":0.945243625,"d":"0.95"},{"v":233.4751754,"d":"233.48"},{"v":13.52482462,"d":"13.52"},0,"0_20305041_490",{"v":1484.42382634999,"d":"1,484.42"},0,{"v":13.52482462,"d":"13.52"},{"v":0.038767225,"d":"0.04"},"0_20305041_490_52","außerhalb GKL",{"v":1395.45088977999,"d":"1,395.45"},{"v":0.940062309032,"d":"0.94"},{"v":12.7141778615,"d":"12.71"}]
[2,203,20305,{"v":20535.02271,"d":"20,535.02"},6886,{"v":0.335329554,"d":"0.34"},"ST",430,20305041,{"v":1544.29173134,"d":"1,544.29"},61,186,247,{"v":59.86790499,"d":"59.87"},{"v":0.945243625,"d":"0.95"},{"v":233.4751754,"d":"233.48"},{"v":13.52482462,"d":"13.52"},0,"0_20305041_490",{"v":1484.42382634999,"d":"1,484.42"},0,{"v":13.52482462,"d":"13.52"},{"v":0.038767225,"d":"0.04"},"0_20305041_490_53","E",{"v":0.0066104276572,"d":"0.01"},{"v":4.453194256e-06,"d":"0.00"},{"v":6.0228671313e-05,"d":"0.00"}]
[2,203,20305,{"v":20535.02271,"d":"20,535.02"},6886,{"v":0.335329554,"d":"0.34"},"ST",430,20305041,{"v":1544.29173134,"d":"1,544.29"},61,186,247,{"v":59.86790499,"d":"59.87"},{"v":0.945243625,"d":"0.95"},{"v":233.4751754,"d":"233.48"},{"v":13.52482462,"d":"13.52"},0,"0_20305041_490",{"v":1484.42382634999,"d":"1,484.42"},0,{"v":13.52482462,"d":"13.52"},{"v":0.038767225,"d":"0.04"},"0_20305041_490_54","E",{"v":0.0145985989991,"d":"0.01"},{"v":9.834522149e-06,"d":"0.00"},{"v":1.3301018729E-4,"d":"0.00"}]
[2,203,20305,{"v":20535.02271,"d":"20,535.02"},6886,{"v":0.335329554,"d":"0.34"},"ST",430,20305041,{"v":1544.29173134,"d":"1,544.29"},61,186,247,{"v":59.86790499,"d":"59.87"},{"v":0.945243625,"d":"0.95"},{"v":233.4751754,"d":"233.48"},{"v":13.52482462,"d":"13.52"},0,"0_20305041_490",{"v":1484.42382634999,"d":"1,484.42"},0,{"v":13.52482462,"d":"13.52"},{"v":0.038767225,"d":"0.04"},"0_20305041_490_55","E",{"v":1.51530380028,"d":"1.52"},{"v":0.00102080266658,"d":"0.00"},{"v":0.0138061770371,"d":"0.01"}]
[2,203,20305,{"v":20535.02271,"d":"20,535.02"},6886,{"v":0.335329554,"d":"0.34"},"ST",430,20305041,{"v":1544.29173134,"d":"1,544.29"},61,186,247,{"v":59.86790499,"d":"59.87"},{"v":0.945243625,"d":"0.95"},{"v":233.4751754,"d":"233.48"},{"v":13.52482462,"d":"13.52"},0,"0_20305041_490",{"v":1484.42382634999,"d":"1,484.42"},0,{"v":13.52482462,"d":"13.52"},{"v":0.038767225,"d":"0.04"},"0_20305041_490_56","E",{"v":2.79376371298,"d":"2.79"},{"v":1.882052594E-3,"d":"0.00"},{"v":0.0254544312595,"d":"0.03"}]
[2,203,20305,{"v":20535.02271,"d":"20,535.02"},6886,{"v":0.335329554,"d":"0.34"},"ST",430,20305041,{"v":1544.29173134,"d":"1,544.29"},61,186,247,{"v":59.86790499,"d":"59.87"},{"v":0.945243625,"d":"0.95"},{"v":233.4751754,"d":"233.48"},{"v":13.52482462,"d":"13.52"},0,"0_20305041_490",{"v":1484.42382634999,"d":"1,484.42"},0,{"v":13.52482462,"d":"13.52"},{"v":0.038767225,"d":"0.04"},"0_20305041_490_57","E",{"v":0.320099400902,"d":"0.32"},{"v":0.000215638819062,"d":"0.00"},{"v":0.00291647720908,"d":"0.00"}]
[2,203,20305,{"v":20535.02271,"d":"20,535.02"},6886,{"v":0.335329554,"d":"0.34"},"ST",430,20305041,{"v":1544.29173134,"d":"1,544.29"},61,186,247,{"v":59.86790499,"d":"59.87"},{"v":0.945243625,"d":"0.95"},{"v":233.4751754,"d":"233.48"},{"v":13.52482462,"d":"13.52"},0,"0_20305041_490",{"v":1484.42382634999,"d":"1,484.42"},0,{"v":13.52482462,"d":"13.52"},{"v":0.038767225,"d":"0.04"},"0_20305041_490_58","F",{"v":0.213519608663,"d":"0.21"},{"v":0.000143840057585,"d":"0.00"},{"v":1.94541155217E-3,"d":"0.00"}]
[2,203,20305,{"v":20535.02271,"d":"20,535.02"},6886,{"v":0.335329554,"d":"0.34"},"ST",430,20305041,{"v":1544.29173134,"d":"1,544.29"},61,186,247,{"v":59.86790499,"d":"59.87"},{"v":0.945243625,"d":"0.95"},{"v":233.4751754,"d":"233.48"},{"v":13.52482462,"d":"13.52"},0,"0_20305041_490",{"v":1484.42382634999,"d":"1,484.42"},0,{"v":13.52482462,"d":"13.52"},{"v":0.038767225,"d":"0.04"},"0_20305041_490_59","F",{"v":8.4896260892e-05,"d":"0.00"},{"v":5.7191389e-08,"d":"0.00"},{"v":7.7350351e-07,"d":"0.00"}]
[2,203,20305,{"v":20535.02271,"d":"20,535.02"},6886,{"v":0.335329554,"d":"0.34"},"ST",430,20305041,{"v":1544.29173134,"d":"1,544.29"},61,186,247,{"v":59.86790499,"d":"59.87"},{"v":0.945243625,"d":"0.95"},{"v":233.4751754,"d":"233.48"},{"v":13.52482462,"d":"13.52"},0,"0_20305041_490",{"v":1484.42382634999,"d":"1,484.42"},0,{"v":13.52482462,"d":"13.52"},{"v":0.038767225,"d":"0.04"},"0_20305041_490_60","F",{"v":0.708227358824,"d":"0.71"},{"v":0.0004771058954,"d":"0.00"},{"v":6.45277356045E-3,"d":"0.01"}]
[2,203,20305,{"v":20535.02271,"d":"20,535.02"},6886,{"v":0.335329554,"d":"0.34"},"ST",430,20305041,{"v":1544.29173134,"d":"1,544.29"},61,186,247,{"v":59.86790499,"d":"59.87"},{"v":0.945243625,"d":"0.95"},{"v":233.4751754,"d":"233.48"},{"v":13.52482462,"d":"13.52"},0,"0_20305041_490",{"v":1484.42382634999,"d":"1,484.42"},0,{"v":13.52482462,"d":"13.52"},{"v":0.038767225,"d":"0.04"},"0_20305041_490_61","F",{"v":19.2749748248999,"d":"19.27"},{"v":0.0129848190811,"d":"0.01"},{"v":0.175617400794,"d":"0.18"}]
[2,203,20305,{"v":20535.02271,"d":"20,535.02"},6886,{"v":0.335329554,"d":"0.34"},"ST",430,20305041,{"v":1544.29173134,"d":"1,544.29"},61,186,247,{"v":59.86790499,"d":"59.87"},{"v":0.945243625,"d":"0.95"},{"v":233.4751754,"d":"233.48"},{"v":13.52482462,"d":"13.52"},0,"0_20305041_490",{"v":1484.42382634999,"d":"1,484.42"},0,{"v":13.52482462,"d":"13.52"},{"v":0.038767225,"d":"0.04"},"0_20305041_490_62","F",{"v":3.1919699852,"d":"3.19"},{"v":2.15030904822E-3,"d":"0.00"},{"v":0.029082552756,"d":"0.03"}]
[2,203,20305,{"v":20535.02271,"d":"20,535.02"},6886,{"v":0.335329554,"d":"0.34"},"ST",430,20305041,{"v":1544.29173134,"d":"1,544.29"},61,186,247,{"v":59.86790499,"d":"59.87"},{"v":0.945243625,"d":"0.95"},{"v":233.4751754,"d":"233.48"},{"v":13.52482462,"d":"13.52"},0,"0_20305041_490",{"v":1484.42382634999,"d":"1,484.42"},0,{"v":13.52482462,"d":"13.52"},{"v":0.038767225,"d":"0.04"},"0_20305041_490_63","G",{"v":0.0964644361646,"d":"0.10"},{"v":6.4984429953e-05,"d":"0.00"},{"v":0.00087890301815,"d":"0.00"}]
[2,203,20305,{"v":20535.02271,"d":"20,535.02"},6886,{"v":0.335329554,"d":"0.34"},"ST",430,20305041,{"v":1544.29173134,"d":"1,544.29"},61,186,247,{"v":59.86790499,"d":"59.87"},{"v":0.945243625,"d":"0.95"},{"v":233.4751754,"d":"233.48"},{"v":13.52482462,"d":"13.52"},0,"0_20305041_490",{"v":1484.42382634999,"d":"1,484.42"},0,{"v":13.52482462,"d":"13.52"},{"v":0.038767225,"d":"0.04"},"0_20305041_490_64","G",{"v":48.4848497003,"d":"48.48"},{"v":0.0326624033107,"d":"0.03"},{"v":0.441753276445,"d":"0.44"}]
[2,203,20305,{"v":20535.02271,"d":"20,535.02"},6886,{"v":0.335329554,"d":"0.34"},"ST",430,20305041,{"v":1544.29173134,"d":"1,544.29"},61,186,247,{"v":59.86790499,"d":"59.87"},{"v":0.945243625,"d":"0.95"},{"v":233.4751754,"d":"233.48"},{"v":13.52482462,"d":"13.52"},0,"0_20305041_490",{"v":1484.42382634999,"d":"1,484.42"},0,{"v":13.52482462,"d":"13.52"},{"v":0.038767225,"d":"0.04"},"0_20305041_490_65","G",{"v":2.52629327042,"d":"2.53"},{"v":0.00170186790698,"d":"0.00"},{"v":0.0230174649683,"d":"0.02"}]
[2,203,20305,{"v":20535.02271,"d":"20,535.02"},6886,{"v":0.335329554,"d":"0.34"},"ST",430,20305041,{"v":1544.29173134,"d":"1,544.29"},61,186,247,{"v":59.86790499,"d":"59.87"},{"v":0.945243625,"d":"0.95"},{"v":233.4751754,"d":"233.48"},{"v":13.52482462,"d":"13.52"},0,"0_20305041_490",{"v":1484.42382634999,"d":"1,484.42"},0,{"v":13.52482462,"d":"13.52"},{"v":0.038767225,"d":"0.04"},"0_20305041_490_66","G",{"v":0.0165800843531,"d":"0.02"},{"v":1.1169373638E-5,"d":"0.00"},{"v":1.51063819564E-4,"d":"0.00"}]
[2,203,20305,{"v":20535.02271,"d":"20,535.02"},6886,{"v":0.335329554,"d":"0.34"},"ST",430,20305041,{"v":1544.29173134,"d":"1,544.29"},61,186,247,{"v":59.86790499,"d":"59.87"},{"v":0.945243625,"d":"0.95"},{"v":233.4751754,"d":"233.48"},{"v":13.52482462,"d":"13.52"},0,"0_20305041_490",{"v":1484.42382634999,"d":"1,484.42"},0,{"v":13.52482462,"d":"13.52"},{"v":0.038767225,"d":"0.04"},"0_20305041_490_67","G",{"v":9.8095964626,"d":"9.81"},{"v":0.00660835287636,"d":"0.01"},{"v":0.0893768136798,"d":"0.09"}]
[2,203,20306,{"v":9907.99414699999,"d":"9,907.99"},2502,{"v":0.252523363,"d":"0.25"},"M",430,20306000,{"v":3446.24921846999,"d":"3,446.25"},86,204,290,{"v":101.811647699999,"d":"101.81"},{"v":0.945243625,"d":"0.95"},{"v":274.1206513,"d":"274.12"},{"v":15.8793487399999,"d":"15.88"},0,"0_20306000_492",{"v":3344.43757073999,"d":"3,344.44"},0,{"v":15.8793487399999,"d":"15.88"},{"v":0.029542741,"d":"0.03"},"0_20306000_492_68","außerhalb GKL",{"v":3215.32837368999,"d":"3,215.33"},{"v":0.961395841806,"d":"0.96"},{"v":15.2663398492,"d":"15.27"}]
[2,203,20306,{"v":9907.99414699999,"d":"9,907.99"},2502,{"v":0.252523363,"d":"0.25"},"M",430,20306000,{"v":3446.24921846999,"d":"3,446.25"},86,204,290,{"v":101.811647699999,"d":"101.81"},{"v":0.945243625,"d":"0.95"},{"v":274.1206513,"d":"274.12"},{"v":15.8793487399999,"d":"15.88"},0,"0_20306000_492",{"v":3344.43757073999,"d":"3,344.44"},0,{"v":15.8793487399999,"d":"15.88"},{"v":0.029542741,"d":"0.03"},"0_20306000_492_69","E",{"v":0.254452271365,"d":"0.25"},{"v":7.6082230863e-05,"d":"0.00"},{"v":0.0012081362768,"d":"0.00"}]
[2,203,20306,{"v":9907.99414699999,"d":"9,907.99"},2502,{"v":0.252523363,"d":"0.25"},"M",430,20306000,{"v":3446.24921846999,"d":"3,446.25"},86,204,290,{"v":101.811647699999,"d":"101.81"},{"v":0.945243625,"d":"0.95"},{"v":274.1206513,"d":"274.12"},{"v":15.8793487399999,"d":"15.88"},0,"0_20306000_492",{"v":3344.43757073999,"d":"3,344.44"},0,{"v":15.8793487399999,"d":"15.88"},{"v":0.029542741,"d":"0.03"},"0_20306000_492_70","E",{"v":0.14166207769,"d":"0.14"},{"v":4.2357518923e-05,"d":"0.00"},{"v":0.000672609814743,"d":"0.00"}]
[2,203,20306,{"v":9907.99414699999,"d":"9,907.99"},2502,{"v":0.252523363,"d":"0.25"},"M",430,20306000,{"v":3446.24921846999,"d":"3,446.25"},86,204,290,{"v":101.811647699999,"d":"101.81"},{"v":0.945243625,"d":"0.95"},{"v":274.1206513,"d":"274.12"},{"v":15.8793487399999,"d":"15.88"},0,"0_20306000_492",{"v":3344.43757073999,"d":"3,344.44"},0,{"v":15.8793487399999,"d":"15.88"},{"v":0.029542741,"d":"0.03"},"0_20306000_492_71","E",{"v":7.43956843328,"d":"7.44"},{"v":0.00222446024957,"d":"0.00"},{"v":0.0353229800612,"d":"0.04"}]
[2,203,20306,{"v":9907.99414699999,"d":"9,907.99"},2502,{"v":0.252523363,"d":"0.25"},"M",430,20306000,{"v":3446.24921846999,"d":"3,446.25"},86,204,290,{"v":101.811647699999,"d":"101.81"},{"v":0.945243625,"d":"0.95"},{"v":274.1206513,"d":"274.12"},{"v":15.8793487399999,"d":"15.88"},0,"0_20306000_492",{"v":3344.43757073999,"d":"3,344.44"},0,{"v":15.8793487399999,"d":"15.88"},{"v":0.029542741,"d":"0.03"},"0_20306000_492_72","E",{"v":0.106279954446,"d":"0.11"},{"v":3.1778124781e-05,"d":"0.00"},{"v":0.000504615925704,"d":"0.00"}]
[2,203,20306,{"v":9907.99414699999,"d":"9,907.99"},2502,{"v":0.252523363,"d":"0.25"},"M",430,20306000,{"v":3446.24921846999,"d":"3,446.25"},86,204,290,{"v":101.811647699999,"d":"101.81"},{"v":0.945243625,"d":"0.95"},{"v":274.1206513,"d":"274.12"},{"v":15.8793487399999,"d":"15.88"},0,"0_20306000_492",{"v":3344.43757073999,"d":"3,344.44"},0,{"v":15.8793487399999,"d":"15.88"},{"v":0.029542741,"d":"0.03"},"0_20306000_492_73","E",{"v":0.339797900773,"d":"0.34"},{"v":1.01600910044E-4,"d":"0.00"},{"v":0.00161335628289,"d":"0.00"}]
[2,203,20306,{"v":9907.99414699999,"d":"9,907.99"},2502,{"v":0.252523363,"d":"0.25"},"M",430,20306000,{"v":3446.24921846999,"d":"3,446.25"},86,204,290,{"v":101.811647699999,"d":"101.81"},{"v":0.945243625,"d":"0.95"},{"v":274.1206513,"d":"274.12"},{"v":15.8793487399999,"d":"15.88"},0,"0_20306000_492",{"v":3344.43757073999,"d":"3,344.44"},0,{"v":15.8793487399999,"d":"15.88"},{"v":0.029542741,"d":"0.03"},"0_20306000_492_74","E",{"v":0.595969182796,"d":"0.60"},{"v":1.78197131862E-4,"d":"0.00"},{"v":0.0028296544013,"d":"0.00"}]
[2,203,20306,{"v":9907.99414699999,"d":"9,907.99"},2502,{"v":0.252523363,"d":"0.25"},"M",430,20306000,{"v":3446.24921846999,"d":"3,446.25"},86,204,290,{"v":101.811647699999,"d":"101.81"},{"v":0.945243625,"d":"0.95"},{"v":274.1206513,"d":"274.12"},{"v":15.8793487399999,"d":"15.88"},0,"0_20306000_492",{"v":3344.43757073999,"d":"3,344.44"},0,{"v":15.8793487399999,"d":"15.88"},{"v":0.029542741,"d":"0.03"},"0_20306000_492_75","F",{"v":1.15149519081,"d":"1.15"},{"v":3.44301595247E-4,"d":"0.00"},{"v":0.00546728510267,"d":"0.01"}]
[2,203,20306,{"v":9907.99414699999,"d":"9,907.99"},2502,{"v":0.252523363,"d":"0.25"},"M",430,20306000,{"v":3446.24921846999,"d":"3,446.25"},86,204,290,{"v":101.811647699999,"d":"101.81"},{"v":0.945243625,"d":"0.95"},{"v":274.1206513,"d":"274.12"},{"v":15.8793487399999,"d":"15.88"},0,"0_20306000_492",{"v":3344.43757073999,"d":"3,344.44"},0,{"v":15.8793487399999,"d":"15.88"},{"v":0.029542741,"d":"0.03"},"0_20306000_492_76","F",{"v":0.511471777522,"d":"0.51"},{"v":1.52932075036E-4,"d":"0.00"},{"v":0.00242846175303,"d":"0.00"}]
[2,203,20306,{"v":9907.99414699999,"d":"9,907.99"},2502,{"v":0.252523363,"d":"0.25"},"M",430,20306000,{"v":3446.24921846999,"d":"3,446.25"},86,204,290,{"v":101.811647699999,"d":"101.81"},{"v":0.945243625,"d":"0.95"},{"v":274.1206513,"d":"274.12"},{"v":15.8793487399999,"d":"15.88"},0,"0_20306000_492",{"v":3344.43757073999,"d":"3,344.44"},0,{"v":15.8793487399999,"d":"15.88"},{"v":0.029542741,"d":"0.03"},"0_20306000_492_77","F",{"v":0.103681938521,"d":"0.10"},{"v":3.1001307792E-5,"d":"0.00"},{"v":0.000492280577822,"d":"0.00"}]
[2,203,20306,{"v":9907.99414699999,"d":"9,907.99"},2502,{"v":0.252523363,"d":"0.25"},"M",430,20306000,{"v":3446.24921846999,"d":"3,446.25"},86,204,290,{"v":101.811647699999,"d":"101.81"},{"v":0.945243625,"d":"0.95"},{"v":274.1206513,"d":"274.12"},{"v":15.8793487399999,"d":"15.88"},0,"0_20306000_492",{"v":3344.43757073999,"d":"3,344.44"},0,{"v":15.8793487399999,"d":"15.88"},{"v":0.029542741,"d":"0.03"},"0_20306000_492_78","F",{"v":17.7828803475,"d":"17.78"},{"v":0.00531715123137,"d":"0.01"},{"v":0.0844328987062,"d":"0.08"}]
[2,203,20306,{"v":9907.99414699999,"d":"9,907.99"},2502,{"v":0.252523363,"d":"0.25"},"M",430,20306000,{"v":3446.24921846999,"d":"3,446.25"},86,204,290,{"v":101.811647699999,"d":"101.81"},{"v":0.945243625,"d":"0.95"},{"v":274.1206513,"d":"274.12"},{"v":15.8793487399999,"d":"15.88"},0,"0_20306000_492",{"v":3344.43757073999,"d":"3,344.44"},0,{"v":15.8793487399999,"d":"15.88"},{"v":0.029542741,"d":"0.03"},"0_20306000_492_79","F",{"v":2.33349649787,"d":"2.33"},{"v":6.97724639349E-4,"d":"0.00"},{"v":0.0110794128727,"d":"0.01"}]
[2,203,20306,{"v":9907.99414699999,"d":"9,907.99"},2502,{"v":0.252523363,"d":"0.25"},"M",430,20306000,{"v":3446.24921846999,"d":"3,446.25"},86,204,290,{"v":101.811647699999,"d":"101.81"},{"v":0.945243625,"d":"0.95"},{"v":274.1206513,"d":"274.12"},{"v":15.8793487399999,"d":"15.88"},0,"0_20306000_492",{"v":3344.43757073999,"d":"3,344.44"},0,{"v":15.8793487399999,"d":"15.88"},{"v":0.029542741,"d":"0.03"},"0_20306000_492_80","F",{"v":9.83007618156,"d":"9.83"},{"v":0.00293923147723,"d":"0.00"},{"v":0.0466730816545,"d":"0.05"}]
[2,203,20306,{"v":9907.99414699999,"d":"9,907.99"},2502,{"v":0.252523363,"d":"0.25"},"M",430,20306000,{"v":3446.24921846999,"d":"3,446.25"},86,204,290,{"v":101.811647699999,"d":"101.81"},{"v":0.945243625,"d":"0.95"},{"v":274.1206513,"d":"274.12"},{"v":15.8793487399999,"d":"15.88"},0,"0_20306000_492",{"v":3344.43757073999,"d":"3,344.44"},0,{"v":15.8793487399999,"d":"15.88"},{"v":0.029542741,"d":"0.03"},"0_20306000_492_81","F",{"v":1.01613811152E-3,"d":"0.00"},{"v":3.03829296e-07,"d":"0.00"},{"v":4.824611343e-06,"d":"0.00"}]
[2,203,20306,{"v":9907.99414699999,"d":"9,907.99"},2502,{"v":0.252523363,"d":"0.25"},"M",430,20306000,{"v":3446.24921846999,"d":"3,446.25"},86,204,290,{"v":101.811647699999,"d":"101.81"},{"v":0.945243625,"d":"0.95"},{"v":274.1206513,"d":"274.12"},{"v":15.8793487399999,"d":"15.88"},0,"0_20306000_492",{"v":3344.43757073999,"d":"3,344.44"},0,{"v":15.8793487399999,"d":"15.88"},{"v":0.029542741,"d":"0.03"},"0_20306000_492_82","G",{"v":14.4886342044,"d":"14.49"},{"v":0.00433215866583,"d":"0.00"},{"v":0.0687918582517,"d":"0.07"}]
[2,203,20306,{"v":9907.99414699999,"d":"9,907.99"},2502,{"v":0.252523363,"d":"0.25"},"M",430,20306000,{"v":3446.24921846999,"d":"3,446.25"},86,204,290,{"v":101.811647699999,"d":"101.81"},{"v":0.945243625,"d":"0.95"},{"v":274.1206513,"d":"274.12"},{"v":15.8793487399999,"d":"15.88"},0,"0_20306000_492",{"v":3344.43757073999,"d":"3,344.44"},0,{"v":15.8793487399999,"d":"15.88"},{"v":0.029542741,"d":"0.03"},"0_20306000_492_83","G",{"v":1.08313983677,"d":"1.08"},{"v":0.000323863075288,"d":"0.00"},{"v":0.00514273471651,"d":"0.01"}]
[2,203,20306,{"v":9907.99414699999,"d":"9,907.99"},2502,{"v":0.252523363,"d":"0.25"},"M",430,20306000,{"v":3446.24921846999,"d":"3,446.25"},86,204,290,{"v":101.811647699999,"d":"101.81"},{"v":0.945243625,"d":"0.95"},{"v":274.1206513,"d":"274.12"},{"v":15.8793487399999,"d":"15.88"},0,"0_20306000_492",{"v":3344.43757073999,"d":"3,344.44"},0,{"v":15.8793487399999,"d":"15.88"},{"v":0.029542741,"d":"0.03"},"0_20306000_492_84","G",{"v":11.1505211069999,"d":"11.15"},{"v":0.00333404970825,"d":"0.00"},{"v":0.0529425380338,"d":"0.05"}]
[2,203,20306,{"v":9907.99414699999,"d":"9,907.99"},2502,{"v":0.252523363,"d":"0.25"},"M",430,20306000,{"v":3446.24921846999,"d":"3,446.25"},86,204,290,{"v":101.811647699999,"d":"101.81"},{"v":0.945243625,"d":"0.95"},{"v":274.1206513,"d":"274.12"},{"v":15.8793487399999,"d":"15.88"},0,"0_20306000_492",{"v":3344.43757073999,"d":"3,344.44"},0,{"v":15.8793487399999,"d":"15.88"},{"v":0.029542741,"d":"0.03"},"0_20306000_492_85","G",{"v":0.000958585115124,"d":"0.00"},{"v":2.86620723e-07,"d":"0.00"},{"v":4.551350419E-6,"d":"0.00"}]
[2,203,20306,{"v":9907.99414699999,"d":"9,907.99"},2502,{"v":0.252523363,"d":"0.25"},"M",430,20306000,{"v":3446.24921846999,"d":"3,446.25"},86,204,290,{"v":101.811647699999,"d":"101.81"},{"v":0.945243625,"d":"0.95"},{"v":274.1206513,"d":"274.12"},{"v":15.8793487399999,"d":"15.88"},0,"0_20306000_492",{"v":3344.43757073999,"d":"3,344.44"},0,{"v":15.8793487399999,"d":"15.88"},{"v":0.029542741,"d":"0.03"},"0_20306000_492_86","G",{"v":0.334088723114,"d":"0.33"},{"v":9.9893843448e-05,"d":"0.00"},{"v":0.00158624917709,"d":"0.00"}]
[2,203,20306,{"v":9907.99414699999,"d":"9,907.99"},2502,{"v":0.252523363,"d":"0.25"},"M",430,20306000,{"v":3446.24921846999,"d":"3,446.25"},86,204,290,{"v":101.811647699999,"d":"101.81"},{"v":0.945243625,"d":"0.95"},{"v":274.1206513,"d":"274.12"},{"v":15.8793487399999,"d":"15.88"},0,"0_20306000_492",{"v":3344.43757073999,"d":"3,344.44"},0,{"v":15.8793487399999,"d":"15.88"},{"v":0.029542741,"d":"0.03"},"0_20306000_492_87","G",{"v":60.9350660934,"d":"60.94"},{"v":0.0182198246505,"d":"0.02"},{"v":0.289318949607,"d":"0.29"}]
[2,203,20306,{"v":9907.99414699999,"d":"9,907.99"},2502,{"v":0.252523363,"d":"0.25"},"M",430,20306000,{"v":3446.24921846999,"d":"3,446.25"},86,204,290,{"v":101.811647699999,"d":"101.81"},{"v":0.945243625,"d":"0.95"},{"v":274.1206513,"d":"274.12"},{"v":15.8793487399999,"d":"15.88"},0,"0_20306000_492",{"v":3344.43757073999,"d":"3,344.44"},0,{"v":15.8793487399999,"d":"15.88"},{"v":0.029542741,"d":"0.03"},"0_20306000_492_88","G",{"v":0.524940608457,"d":"0.52"},{"v":0.00015695930851,"d":"0.00"},{"v":2.49241159782E-3,"d":"0.00"}]
[2,203,20306,{"v":9907.99414699999,"d":"9,907.99"},2502,{"v":0.252523363,"d":"0.25"},"M",430,20306001,{"v":5490.31015208,"d":"5,490.31"},163,170,333,{"v":128.100398899999,"d":"128.10"},{"v":0.945243625,"d":"0.95"},{"v":314.7661271,"d":"314.77"},{"v":18.2338728699999,"d":"18.23"},0,"0_20306001_493",{"v":5362.20975321999,"d":"5,362.21"},0,{"v":18.2338728699999,"d":"18.23"},{"v":0.023332088,"d":"0.02"},"0_20306001_493_89","außerhalb GKL",{"v":5166.99395613999,"d":"5,166.99"},{"v":0.96359415128,"d":"0.96"},{"v":17.5700532526999,"d":"17.57"}]
[2,203,20306,{"v":9907.99414699999,"d":"9,907.99"},2502,{"v":0.252523363,"d":"0.25"},"M",430,20306001,{"v":5490.31015208,"d":"5,490.31"},163,170,333,{"v":128.100398899999,"d":"128.10"},{"v":0.945243625,"d":"0.95"},{"v":314.7661271,"d":"314.77"},{"v":18.2338728699999,"d":"18.23"},0,"0_20306001_493",{"v":5362.20975321999,"d":"5,362.21"},0,{"v":18.2338728699999,"d":"18.23"},{"v":0.023332088,"d":"0.02"},"0_20306001_493_90","E",{"v":8.94796572638,"d":"8.95"},{"v":1.66870863659E-3,"d":"0.00"},{"v":0.0304270211367,"d":"0.03"}]
[2,203,20306,{"v":9907.99414699999,"d":"9,907.99"},2502,{"v":0.252523363,"d":"0.25"},"M",430,20306001,{"v":5490.31015208,"d":"5,490.31"},163,170,333,{"v":128.100398899999,"d":"128.10"},{"v":0.945243625,"d":"0.95"},{"v":314.7661271,"d":"314.77"},{"v":18.2338728699999,"d":"18.23"},0,"0_20306001_493",{"v":5362.20975321999,"d":"5,362.21"},0,{"v":18.2338728699999,"d":"18.23"},{"v":0.023332088,"d":"0.02"},"0_20306001_493_91","E",{"v":0.0595682387491,"d":"0.06"},{"v":1.1108897542e-05,"d":"0.00"},{"v":0.000202558225512,"d":"0.00"}]
[2,203,20306,{"v":9907.99414699999,"d":"9,907.99"},2502,{"v":0.252523363,"d":"0.25"},"M",430,20306001,{"v":5490.31015208,"d":"5,490.31"},163,170,333,{"v":128.100398899999,"d":"128.10"},{"v":0.945243625,"d":"0.95"},{"v":314.7661271,"d":"314.77"},{"v":18.2338728699999,"d":"18.23"},0,"0_20306001_493",{"v":5362.20975321999,"d":"5,362.21"},0,{"v":18.2338728699999,"d":"18.23"},{"v":0.023332088,"d":"0.02"},"0_20306001_493_92","E",{"v":4.59597537854,"d":"4.60"},{"v":0.000857104736677,"d":"0.00"},{"v":0.0156283388048,"d":"0.02"}]
[2,203,20306,{"v":9907.99414699999,"d":"9,907.99"},2502,{"v":0.252523363,"d":"0.25"},"M",430,20306001,{"v":5490.31015208,"d":"5,490.31"},163,170,333,{"v":128.100398899999,"d":"128.10"},{"v":0.945243625,"d":"0.95"},{"v":314.7661271,"d":"314.77"},{"v":18.2338728699999,"d":"18.23"},0,"0_20306001_493",{"v":5362.20975321999,"d":"5,362.21"},0,{"v":18.2338728699999,"d":"18.23"},{"v":0.023332088,"d":"0.02"},"0_20306001_493_93","E",{"v":0.010371168931,"d":"0.01"},{"v":1.934122201e-06,"d":"0.00"},{"v":3.5266538331E-5,"d":"0.00"}]
[2,203,20306,{"v":9907.99414699999,"d":"9,907.99"},2502,{"v":0.252523363,"d":"0.25"},"M",430,20306001,{"v":5490.31015208,"d":"5,490.31"},163,170,333,{"v":128.100398899999,"d":"128.10"},{"v":0.945243625,"d":"0.95"},{"v":314.7661271,"d":"314.77"},{"v":18.2338728699999,"d":"18.23"},0,"0_20306001_493",{"v":5362.20975321999,"d":"5,362.21"},0,{"v":18.2338728699999,"d":"18.23"},{"v":0.023332088,"d":"0.02"},"0_20306001_493_94","E",{"v":0.136098079209,"d":"0.14"},{"v":2.5380968942E-5,"d":"0.00"},{"v":0.000462793361013,"d":"0.00"}]
[2,203,20306,{"v":9907.99414699999,"d":"9,907.99"},2502,{"v":0.252523363,"d":"0.25"},"M",430,20306001,{"v":5490.31015208,"d":"5,490.31"},163,170,333,{"v":128.100398899999,"d":"128.10"},{"v":0.945243625,"d":"0.95"},{"v":314.7661271,"d":"314.77"},{"v":18.2338728699999,"d":"18.23"},0,"0_20306001_493",{"v":5362.20975321999,"d":"5,362.21"},0,{"v":18.2338728699999,"d":"18.23"},{"v":0.023332088,"d":"0.02"},"0_20306001_493_95","E",{"v":0.232993548166,"d":"0.23"},{"v":4.345103211e-05,"d":"0.00"},{"v":0.000792280595559,"d":"0.00"}]
[2,203,20306,{"v":9907.99414699999,"d":"9,907.99"},2502,{"v":0.252523363,"d":"0.25"},"M",430,20306001,{"v":5490.31015208,"d":"5,490.31"},163,170,333,{"v":128.100398899999,"d":"128.10"},{"v":0.945243625,"d":"0.95"},{"v":314.7661271,"d":"314.77"},{"v":18.2338728699999,"d":"18.23"},0,"0_20306001_493",{"v":5362.20975321999,"d":"5,362.21"},0,{"v":18.2338728699999,"d":"18.23"},{"v":0.023332088,"d":"0.02"},"0_20306001_493_96","E",{"v":1.466529463e-06,"d":"0.00"},{"v":2.73493e-10,"d":"0.00"},{"v":4.986846E-9,"d":"0.00"}]
[2,203,20306,{"v":9907.99414699999,"d":"9,907.99"},2502,{"v":0.252523363,"d":"0.25"},"M",430,20306001,{"v":5490.31015208,"d":"5,490.31"},163,170,333,{"v":128.100398899999,"d":"128.10"},{"v":0.945243625,"d":"0.95"},{"v":314.7661271,"d":"314.77"},{"v":18.2338728699999,"d":"18.23"},0,"0_20306001_493",{"v":5362.20975321999,"d":"5,362.21"},0,{"v":18.2338728699999,"d":"18.23"},{"v":0.023332088,"d":"0.02"},"0_20306001_493_97","F",{"v":1.54370673942,"d":"1.54"},{"v":0.000287886302563,"d":"0.00"},{"v":5.24928224195E-3,"d":"0.01"}]
[2,203,20306,{"v":9907.99414699999,"d":"9,907.99"},2502,{"v":0.252523363,"d":"0.25"},"M",430,20306001,{"v":5490.31015208,"d":"5,490.31"},163,170,333,{"v":128.100398899999,"d":"128.10"},{"v":0.945243625,"d":"0.95"},{"v":314.7661271,"d":"314.77"},{"v":18.2338728699999,"d":"18.23"},0,"0_20306001_493",{"v":5362.20975321999,"d":"5,362.21"},0,{"v":18.2338728699999,"d":"18.23"},{"v":0.023332088,"d":"0.02"},"0_20306001_493_98","F",{"v":25.1727515476999,"d":"25.17"},{"v":0.0046944734925,"d":"0.00"},{"v":0.0855984328538,"d":"0.09"}]
[2,203,20306,{"v":9907.99414699999,"d":"9,907.99"},2502,{"v":0.252523363,"d":"0.25"},"M",430,20306001,{"v":5490.31015208,"d":"5,490.31"},163,170,333,{"v":128.100398899999,"d":"128.10"},{"v":0.945243625,"d":"0.95"},{"v":314.7661271,"d":"314.77"},{"v":18.2338728699999,"d":"18.23"},0,"0_20306001_493",{"v":5362.20975321999,"d":"5,362.21"},0,{"v":18.2338728699999,"d":"18.23"},{"v":0.023332088,"d":"0.02"},"0_20306001_493_99","F",{"v":0.530270580509,"d":"0.53"},{"v":9.8890309203e-05,"d":"0.00"},{"v":0.00180315332609,"d":"0.00"}]
[2,203,20306,{"v":9907.99414699999,"d":"9,907.99"},2502,{"v":0.252523363,"d":"0.25"},"M",430,20306001,{"v":5490.31015208,"d":"5,490.31"},163,170,333,{"v":128.100398899999,"d":"128.10"},{"v":0.945243625,"d":"0.95"},{"v":314.7661271,"d":"314.77"},{"v":18.2338728699999,"d":"18.23"},0,"0_20306001_493",{"v":5362.20975321999,"d":"5,362.21"},0,{"v":18.2338728699999,"d":"18.23"},{"v":0.023332088,"d":"0.02"},"0_20306001_493_100","F",{"v":0.456472729953,"d":"0.46"},{"v":8.5127727366e-05,"d":"0.00"},{"v":0.00155220815851,"d":"0.00"}]
[2,203,20306,{"v":9907.99414699999,"d":"9,907.99"},2502,{"v":0.252523363,"d":"0.25"},"M",430,20306001,{"v":5490.31015208,"d":"5,490.31"},163,170,333,{"v":128.100398899999,"d":"128.10"},{"v":0.945243625,"d":"0.95"},{"v":314.7661271,"d":"314.77"},{"v":18.2338728699999,"d":"18.23"},0,"0_20306001_493",{"v":5362.20975321999,"d":"5,362.21"},0,{"v":18.2338728699999,"d":"18.23"},{"v":0.023332088,"d":"0.02"},"0_20306001_493_101","F",{"v":2.69945163409,"d":"2.70"},{"v":0.000503421491945,"d":"0.00"},{"v":0.00917932348415,"d":"0.01"}]
[2,203,20306,{"v":9907.99414699999,"d":"9,907.99"},2502,{"v":0.252523363,"d":"0.25"},"M",430,20306001,{"v":5490.31015208,"d":"5,490.31"},163,170,333,{"v":128.100398899999,"d":"128.10"},{"v":0.945243625,"d":"0.95"},{"v":314.7661271,"d":"314.77"},{"v":18.2338728699999,"d":"18.23"},0,"0_20306001_493",{"v":5362.20975321999,"d":"5,362.21"},0,{"v":18.2338728699999,"d":"18.23"},{"v":0.023332088,"d":"0.02"},"0_20306001_493_102","F",{"v":0.213994957659,"d":"0.21"},{"v":3.990797964e-05,"d":"0.00"},{"v":0.000727677027262,"d":"0.00"}]
[2,203,20306,{"v":9907.99414699999,"d":"9,907.99"},2502,{"v":0.252523363,"d":"0.25"},"M",430,20306001,{"v":5490.31015208,"d":"5,490.31"},163,170,333,{"v":128.100398899999,"d":"128.10"},{"v":0.945243625,"d":"0.95"},{"v":314.7661271,"d":"314.77"},{"v":18.2338728699999,"d":"18.23"},0,"0_20306001_493",{"v":5362.20975321999,"d":"5,362.21"},0,{"v":18.2338728699999,"d":"18.23"},{"v":0.023332088,"d":"0.02"},"0_20306001_493_103","F",{"v":0.0120954632416,"d":"0.01"},{"v":2.255686331e-06,"d":"0.00"},{"v":4.1129897785e-05,"d":"0.00"}]
[2,203,20306,{"v":9907.99414699999,"d":"9,907.99"},2502,{"v":0.252523363,"d":"0.25"},"M",430,20306001,{"v":5490.31015208,"d":"5,490.31"},163,170,333,{"v":128.100398899999,"d":"128.10"},{"v":0.945243625,"d":"0.95"},{"v":314.7661271,"d":"314.77"},{"v":18.2338728699999,"d":"18.23"},0,"0_20306001_493",{"v":5362.20975321999,"d":"5,362.21"},0,{"v":18.2338728699999,"d":"18.23"},{"v":0.023332088,"d":"0.02"},"0_20306001_493_104","F",{"v":7.70066405501,"d":"7.70"},{"v":1.43609899825E-3,"d":"0.00"},{"v":0.0261856465628,"d":"0.03"}]
[2,203,20306,{"v":9907.99414699999,"d":"9,907.99"},2502,{"v":0.252523363,"d":"0.25"},"M",430,20306001,{"v":5490.31015208,"d":"5,490.31"},163,170,333,{"v":128.100398899999,"d":"128.10"},{"v":0.945243625,"d":"0.95"},{"v":314.7661271,"d":"314.77"},{"v":18.2338728699999,"d":"18.23"},0,"0_20306001_493",{"v":5362.20975321999,"d":"5,362.21"},0,{"v":18.2338728699999,"d":"18.23"},{"v":0.023332088,"d":"0.02"},"0_20306001_493_105","F",{"v":10.0632310888,"d":"10.06"},{"v":0.00187669478665,"d":"0.00"},{"v":0.0342194141556,"d":"0.03"}]
[2,203,20306,{"v":9907.99414699999,"d":"9,907.99"},2502,{"v":0.252523363,"d":"0.25"},"M",430,20306001,{"v":5490.31015208,"d":"5,490.31"},163,170,333,{"v":128.100398899999,"d":"128.10"},{"v":0.945243625,"d":"0.95"},{"v":314.7661271,"d":"314.77"},{"v":18.2338728699999,"d":"18.23"},0,"0_20306001_493",{"v":5362.20975321999,"d":"5,362.21"},0,{"v":18.2338728699999,"d":"18.23"},{"v":0.023332088,"d":"0.02"},"0_20306001_493_106","F",{"v":3.05819159393,"d":"3.06"},{"v":0.000570323007617,"d":"0.00"},{"v":0.0103991972157,"d":"0.01"}]
[2,203,20306,{"v":9907.99414699999,"d":"9,907.99"},2502,{"v":0.252523363,"d":"0.25"},"M",430,20306001,{"v":5490.31015208,"d":"5,490.31"},163,170,333,{"v":128.100398899999,"d":"128.10"},{"v":0.945243625,"d":"0.95"},{"v":314.7661271,"d":"314.77"},{"v":18.2338728699999,"d":"18.23"},0,"0_20306001_493",{"v":5362.20975321999,"d":"5,362.21"},0,{"v":18.2338728699999,"d":"18.23"},{"v":0.023332088,"d":"0.02"},"0_20306001_493_107","F",{"v":0.640082791715,"d":"0.64"},{"v":0.000119369219253,"d":"0.00"},{"v":0.00217656316845,"d":"0.00"}]
[2,203,20306,{"v":9907.99414699999,"d":"9,907.99"},2502,{"v":0.252523363,"d":"0.25"},"M",430,20306001,{"v":5490.31015208,"d":"5,490.31"},163,170,333,{"v":128.100398899999,"d":"128.10"},{"v":0.945243625,"d":"0.95"},{"v":314.7661271,"d":"314.77"},{"v":18.2338728699999,"d":"18.23"},0,"0_20306001_493",{"v":5362.20975321999,"d":"5,362.21"},0,{"v":18.2338728699999,"d":"18.23"},{"v":0.023332088,"d":"0.02"},"0_20306001_493_108","F",{"v":0.130180575056,"d":"0.13"},{"v":2.4277411934e-05,"d":"0.00"},{"v":0.000442671242819,"d":"0.00"}]
[2,203,20306,{"v":9907.99414699999,"d":"9,907.99"},2502,{"v":0.252523363,"d":"0.25"},"M",430,20306001,{"v":5490.31015208,"d":"5,490.31"},163,170,333,{"v":128.100398899999,"d":"128.10"},{"v":0.945243625,"d":"0.95"},{"v":314.7661271,"d":"314.77"},{"v":18.2338728699999,"d":"18.23"},0,"0_20306001_493",{"v":5362.20975321999,"d":"5,362.21"},0,{"v":18.2338728699999,"d":"18.23"},{"v":0.023332088,"d":"0.02"},"0_20306001_493_109","F",{"v":0.000493380096665,"d":"0.00"},{"v":9.2010593e-08,"d":"0.00"},{"v":1.677709447e-06,"d":"0.00"}]
[2,203,20306,{"v":9907.99414699999,"d":"9,907.99"},2502,{"v":0.252523363,"d":"0.25"},"M",430,20306001,{"v":5490.31015208,"d":"5,490.31"},163,170,333,{"v":128.100398899999,"d":"128.10"},{"v":0.945243625,"d":"0.95"},{"v":314.7661271,"d":"314.77"},{"v":18.2338728699999,"d":"18.23"},0,"0_20306001_493",{"v":5362.20975321999,"d":"5,362.21"},0,{"v":18.2338728699999,"d":"18.23"},{"v":0.023332088,"d":"0.02"},"0_20306001_493_110","F",{"v":0.286016994694,"d":"0.29"},{"v":5.3339389516e-05,"d":"0.00"},{"v":0.0009725836474,"d":"0.00"}]
[2,203,20306,{"v":9907.99414699999,"d":"9,907.99"},2502,{"v":0.252523363,"d":"0.25"},"M",430,20306001,{"v":5490.31015208,"d":"5,490.31"},163,170,333,{"v":128.100398899999,"d":"128.10"},{"v":0.945243625,"d":"0.95"},{"v":314.7661271,"d":"314.77"},{"v":18.2338728699999,"d":"18.23"},0,"0_20306001_493",{"v":5362.20975321999,"d":"5,362.21"},0,{"v":18.2338728699999,"d":"18.23"},{"v":0.023332088,"d":"0.02"},"0_20306001_493_111","G",{"v":5.90907457724,"d":"5.91"},{"v":1.10198497433E-3,"d":"0.00"},{"v":0.0200934539266,"d":"0.02"}]
[2,203,20306,{"v":9907.99414699999,"d":"9,907.99"},2502,{"v":0.252523363,"d":"0.25"},"M",430,20306001,{"v":5490.31015208,"d":"5,490.31"},163,170,333,{"v":128.100398899999,"d":"128.10"},{"v":0.945243625,"d":"0.95"},{"v":314.7661271,"d":"314.77"},{"v":18.2338728699999,"d":"18.23"},0,"0_20306001_493",{"v":5362.20975321999,"d":"5,362.21"},0,{"v":18.2338728699999,"d":"18.23"},{"v":0.023332088,"d":"0.02"},"0_20306001_493_112","G",{"v":1.28929476347E-3,"d":"0.00"},{"v":2.40440942e-07,"d":"0.00"},{"v":4.384169566e-06,"d":"0.00"}]
[2,203,20306,{"v":9907.99414699999,"d":"9,907.99"},2502,{"v":0.252523363,"d":"0.25"},"M",430,20306001,{"v":5490.31015208,"d":"5,490.31"},163,170,333,{"v":128.100398899999,"d":"128.10"},{"v":0.945243625,"d":"0.95"},{"v":314.7661271,"d":"314.77"},{"v":18.2338728699999,"d":"18.23"},0,"0_20306001_493",{"v":5362.20975321999,"d":"5,362.21"},0,{"v":18.2338728699999,"d":"18.23"},{"v":0.023332088,"d":"0.02"},"0_20306001_493_113","G",{"v":72.3160021268,"d":"72.32"},{"v":0.0134862315081,"d":"0.01"},{"v":0.245906230814,"d":"0.25"}]
[2,203,20306,{"v":9907.99414699999,"d":"9,907.99"},2502,{"v":0.252523363,"d":"0.25"},"M",430,20306001,{"v":5490.31015208,"d":"5,490.31"},163,170,333,{"v":128.100398899999,"d":"128.10"},{"v":0.945243625,"d":"0.95"},{"v":314.7661271,"d":"314.77"},{"v":18.2338728699999,"d":"18.23"},0,"0_20306001_493",{"v":5362.20975321999,"d":"5,362.21"},0,{"v":18.2338728699999,"d":"18.23"},{"v":0.023332088,"d":"0.02"},"0_20306001_493_114","G",{"v":50.4988533458,"d":"50.50"},{"v":9.41754531618E-3,"d":"0.01"},{"v":0.171718324043,"d":"0.17"}]
[2,203,20306,{"v":9907.99414699999,"d":"9,907.99"},2502,{"v":0.252523363,"d":"0.25"},"M",430,20306002,{"v":970.902996965,"d":"970.90"},28,25,53,{"v":32.92115409,"d":"32.92"},{"v":0.945243625,"d":"0.95"},{"v":50.0979121299999,"d":"50.10"},{"v":2.902087874,"d":"2.90"},0,"0_20306002_494",{"v":937.981842873,"d":"937.98"},0,{"v":2.902087874,"d":"2.90"},{"v":0.033907769,"d":"0.03"},"0_20306002_494_115","außerhalb GKL",{"v":880.490947538999,"d":"880.49"},{"v":0.938707880359,"d":"0.94"},{"v":2.72421275682,"d":"2.72"}]
[2,203,20306,{"v":9907.99414699999,"d":"9,907.99"},2502,{"v":0.252523363,"d":"0.25"},"M",430,20306002,{"v":970.902996965,"d":"970.90"},28,25,53,{"v":32.92115409,"d":"32.92"},{"v":0.945243625,"d":"0.95"},{"v":50.0979121299999,"d":"50.10"},{"v":2.902087874,"d":"2.90"},0,"0_20306002_494",{"v":937.981842873,"d":"937.98"},0,{"v":2.902087874,"d":"2.90"},{"v":0.033907769,"d":"0.03"},"0_20306002_494_116","E",{"v":2.44335961666,"d":"2.44"},{"v":0.00260491142257,"d":"0.00"},{"v":0.00755968185228,"d":"0.01"}]
[2,203,20306,{"v":9907.99414699999,"d":"9,907.99"},2502,{"v":0.252523363,"d":"0.25"},"M",430,20306002,{"v":970.902996965,"d":"970.90"},28,25,53,{"v":32.92115409,"d":"32.92"},{"v":0.945243625,"d":"0.95"},{"v":50.0979121299999,"d":"50.10"},{"v":2.902087874,"d":"2.90"},0,"0_20306002_494",{"v":937.981842873,"d":"937.98"},0,{"v":2.902087874,"d":"2.90"},{"v":0.033907769,"d":"0.03"},"0_20306002_494_117","E",{"v":0.619234332345,"d":"0.62"},{"v":0.000660177312653,"d":"0.00"},{"v":0.00191589257374,"d":"0.00"}]
[2,203,20306,{"v":9907.99414699999,"d":"9,907.99"},2502,{"v":0.252523363,"d":"0.25"},"M",430,20306002,{"v":970.902996965,"d":"970.90"},28,25,53,{"v":32.92115409,"d":"32.92"},{"v":0.945243625,"d":"0.95"},{"v":50.0979121299999,"d":"50.10"},{"v":2.902087874,"d":"2.90"},0,"0_20306002_494",{"v":937.981842873,"d":"937.98"},0,{"v":2.902087874,"d":"2.90"},{"v":0.033907769,"d":"0.03"},"0_20306002_494_118","F",{"v":0.169193272319,"d":"0.17"},{"v":1.80380114609E-4,"d":"0.00"},{"v":0.000523478943318,"d":"0.00"}]
[2,203,20306,{"v":9907.99414699999,"d":"9,907.99"},2502,{"v":0.252523363,"d":"0.25"},"M",430,20306002,{"v":970.902996965,"d":"970.90"},28,25,53,{"v":32.92115409,"d":"32.92"},{"v":0.945243625,"d":"0.95"},{"v":50.0979121299999,"d":"50.10"},{"v":2.902087874,"d":"2.90"},0,"0_20306002_494",{"v":937.981842873,"d":"937.98"},0,{"v":2.902087874,"d":"2.90"},{"v":0.033907769,"d":"0.03"},"0_20306002_494_119","F",{"v":12.056133532,"d":"12.06"},{"v":0.0128532696273,"d":"0.01"},{"v":0.0373013179266,"d":"0.04"}]
[2,203,20306,{"v":9907.99414699999,"d":"9,907.99"},2502,{"v":0.252523363,"d":"0.25"},"M",430,20306002,{"v":970.902996965,"d":"970.90"},28,25,53,{"v":32.92115409,"d":"32.92"},{"v":0.945243625,"d":"0.95"},{"v":50.0979121299999,"d":"50.10"},{"v":2.902087874,"d":"2.90"},0,"0_20306002_494",{"v":937.981842873,"d":"937.98"},0,{"v":2.902087874,"d":"2.90"},{"v":0.033907769,"d":"0.03"},"0_20306002_494_120","F",{"v":0.142822762655,"d":"0.14"},{"v":1.52266020649E-4,"d":"0.00"},{"v":0.000441889372148,"d":"0.00"}]
[2,203,20306,{"v":9907.99414699999,"d":"9,907.99"},2502,{"v":0.252523363,"d":"0.25"},"M",430,20306002,{"v":970.902996965,"d":"970.90"},28,25,53,{"v":32.92115409,"d":"32.92"},{"v":0.945243625,"d":"0.95"},{"v":50.0979121299999,"d":"50.10"},{"v":2.902087874,"d":"2.90"},0,"0_20306002_494",{"v":937.981842873,"d":"937.98"},0,{"v":2.902087874,"d":"2.90"},{"v":0.033907769,"d":"0.03"},"0_20306002_494_121","F",{"v":1.29705738969,"d":"1.30"},{"v":0.0013828171617,"d":"0.00"},{"v":0.00401305691693,"d":"0.00"}]
[2,203,20306,{"v":9907.99414699999,"d":"9,907.99"},2502,{"v":0.252523363,"d":"0.25"},"M",430,20306002,{"v":970.902996965,"d":"970.90"},28,25,53,{"v":32.92115409,"d":"32.92"},{"v":0.945243625,"d":"0.95"},{"v":50.0979121299999,"d":"50.10"},{"v":2.902087874,"d":"2.90"},0,"0_20306002_494",{"v":937.981842873,"d":"937.98"},0,{"v":2.902087874,"d":"2.90"},{"v":0.033907769,"d":"0.03"},"0_20306002_494_122","G",{"v":40.5842720026999,"d":"40.58"},{"v":0.0432676520458,"d":"0.04"},{"v":0.125566528339,"d":"0.13"}]
[2,203,20306,{"v":9907.99414699999,"d":"9,907.99"},2502,{"v":0.252523363,"d":"0.25"},"M",430,20306002,{"v":970.902996965,"d":"970.90"},28,25,53,{"v":32.92115409,"d":"32.92"},{"v":0.945243625,"d":"0.95"},{"v":50.0979121299999,"d":"50.10"},{"v":2.902087874,"d":"2.90"},0,"0_20306002_494",{"v":937.981842873,"d":"937.98"},0,{"v":2.902087874,"d":"2.90"},{"v":0.033907769,"d":"0.03"},"0_20306002_494_123","G",{"v":0.178750891995,"d":"0.18"},{"v":0.000190569671847,"d":"0.00"},{"v":5.53049933819E-4,"d":"0.00"}]
[2,203,20306,{"v":9907.99414699999,"d":"9,907.99"},2502,{"v":0.252523363,"d":"0.25"},"M",430,20306002,{"v":970.902996965,"d":"970.90"},28,25,53,{"v":32.92115409,"d":"32.92"},{"v":0.945243625,"d":"0.95"},{"v":50.0979121299999,"d":"50.10"},{"v":2.902087874,"d":"2.90"},0,"0_20306002_494",{"v":937.981842873,"d":"937.98"},0,{"v":2.902087874,"d":"2.90"},{"v":0.033907769,"d":"0.03"},"0_20306002_494_124","G",{"v":7.1533974888e-05,"d":"0.00"},{"v":7.626371e-08,"d":"0.00"},{"v":2.21323987e-07,"d":"0.00"}]
[2,203,20307,{"v":15457.40134,"d":"15,457.40"},3346,{"v":0.216465881,"d":"0.22"},"M",430,20307000,{"v":299.682535299999,"d":"299.68"},121,817,938,{"v":154.016910899999,"d":"154.02"},{"v":0.945243625,"d":"0.95"},{"v":886.638520299999,"d":"886.64"},{"v":51.3614797199999,"d":"51.36"},0,"0_20307000_495",{"v":145.665624439999,"d":"145.67"},0,{"v":51.3614797199999,"d":"51.36"},{"v":0.513933555,"d":"0.51"},"0_20307000_495_125","außerhalb GKL",{"v":0.431271016228,"d":"0.43"},{"v":2.96069177533E-3,"d":"0.00"},{"v":0.152065510576,"d":"0.15"}]
[2,203,20307,{"v":15457.40134,"d":"15,457.40"},3346,{"v":0.216465881,"d":"0.22"},"M",430,20307000,{"v":299.682535299999,"d":"299.68"},121,817,938,{"v":154.016910899999,"d":"154.02"},{"v":0.945243625,"d":"0.95"},{"v":886.638520299999,"d":"886.64"},{"v":51.3614797199999,"d":"51.36"},0,"0_20307000_495",{"v":145.665624439999,"d":"145.67"},0,{"v":51.3614797199999,"d":"51.36"},{"v":0.513933555,"d":"0.51"},"0_20307000_495_126","außerhalb GKL",{"v":1.75167883692,"d":"1.75"},{"v":0.0120253412132,"d":"0.01"},{"v":0.617639318848,"d":"0.62"}]
[2,203,20307,{"v":15457.40134,"d":"15,457.40"},3346,{"v":0.216465881,"d":"0.22"},"M",430,20307000,{"v":299.682535299999,"d":"299.68"},121,817,938,{"v":154.016910899999,"d":"154.02"},{"v":0.945243625,"d":"0.95"},{"v":886.638520299999,"d":"886.64"},{"v":51.3614797199999,"d":"51.36"},0,"0_20307000_495",{"v":145.665624439999,"d":"145.67"},0,{"v":51.3614797199999,"d":"51.36"},{"v":0.513933555,"d":"0.51"},"0_20307000_495_127","außerhalb GKL",{"v":0.100882486499,"d":"0.10"},{"v":0.000692562070748,"d":"0.00"},{"v":0.0355710127516,"d":"0.04"}]
[2,203,20307,{"v":15457.40134,"d":"15,457.40"},3346,{"v":0.216465881,"d":"0.22"},"M",430,20307000,{"v":299.682535299999,"d":"299.68"},121,817,938,{"v":154.016910899999,"d":"154.02"},{"v":0.945243625,"d":"0.95"},{"v":886.638520299999,"d":"886.64"},{"v":51.3614797199999,"d":"51.36"},0,"0_20307000_495",{"v":145.665624439999,"d":"145.67"},0,{"v":51.3614797199999,"d":"51.36"},{"v":0.513933555,"d":"0.51"},"0_20307000_495_128","außerhalb GKL",{"v":0.0348154603978,"d":"0.03"},{"v":0.000239009447367,"d":"0.00"},{"v":0.0122758788838,"d":"0.01"}]
[2,203,20307,{"v":15457.40134,"d":"15,457.40"},3346,{"v":0.216465881,"d":"0.22"},"M",430,20307000,{"v":299.682535299999,"d":"299.68"},121,817,938,{"v":154.016910899999,"d":"154.02"},{"v":0.945243625,"d":"0.95"},{"v":886.638520299999,"d":"886.64"},{"v":51.3614797199999,"d":"51.36"},0,"0_20307000_495",{"v":145.665624439999,"d":"145.67"},0,{"v":51.3614797199999,"d":"51.36"},{"v":0.513933555,"d":"0.51"},"0_20307000_495_129","außerhalb GKL",{"v":2.22559215245,"d":"2.23"},{"v":0.0152787739798,"d":"0.02"},{"v":0.78474043991,"d":"0.78"}]
[2,203,20307,{"v":15457.40134,"d":"15,457.40"},3346,{"v":0.216465881,"d":"0.22"},"M",430,20307000,{"v":299.682535299999,"d":"299.68"},121,817,938,{"v":154.016910899999,"d":"154.02"},{"v":0.945243625,"d":"0.95"},{"v":886.638520299999,"d":"886.64"},{"v":51.3614797199999,"d":"51.36"},0,"0_20307000_495",{"v":145.665624439999,"d":"145.67"},0,{"v":51.3614797199999,"d":"51.36"},{"v":0.513933555,"d":"0.51"},"0_20307000_495_130","außerhalb GKL",{"v":9.9297626298e-05,"d":"0.00"},{"v":6.81681946e-07,"d":"0.00"},{"v":3.5012193432e-05,"d":"0.00"}]
[2,203,20307,{"v":15457.40134,"d":"15,457.40"},3346,{"v":0.216465881,"d":"0.22"},"M",430,20307000,{"v":299.682535299999,"d":"299.68"},121,817,938,{"v":154.016910899999,"d":"154.02"},{"v":0.945243625,"d":"0.95"},{"v":886.638520299999,"d":"886.64"},{"v":51.3614797199999,"d":"51.36"},0,"0_20307000_495",{"v":145.665624439999,"d":"145.67"},0,{"v":51.3614797199999,"d":"51.36"},{"v":0.513933555,"d":"0.51"},"0_20307000_495_131","außerhalb GKL",{"v":0.00290389474767,"d":"0.00"},{"v":1.9935346852e-05,"d":"0.00"},{"v":0.00102390891307,"d":"0.00"}]
[2,203,20307,{"v":15457.40134,"d":"15,457.40"},3346,{"v":0.216465881,"d":"0.22"},"M",430,20307000,{"v":299.682535299999,"d":"299.68"},121,817,938,{"v":154.016910899999,"d":"154.02"},{"v":0.945243625,"d":"0.95"},{"v":886.638520299999,"d":"886.64"},{"v":51.3614797199999,"d":"51.36"},0,"0_20307000_495",{"v":145.665624439999,"d":"145.67"},0,{"v":51.3614797199999,"d":"51.36"},{"v":0.513933555,"d":"0.51"},"0_20307000_495_132","außerhalb GKL",{"v":12.1331962956999,"d":"12.13"},{"v":0.0832948497104,"d":"0.08"},{"v":4.27814673418,"d":"4.28"}]
[2,203,20307,{"v":15457.40134,"d":"15,457.40"},3346,{"v":0.216465881,"d":"0.22"},"M",430,20307000,{"v":299.682535299999,"d":"299.68"},121,817,938,{"v":154.016910899999,"d":"154.02"},{"v":0.945243625,"d":"0.95"},{"v":886.638520299999,"d":"886.64"},{"v":51.3614797199999,"d":"51.36"},0,"0_20307000_495",{"v":145.665624439999,"d":"145.67"},0,{"v":51.3614797199999,"d":"51.36"},{"v":0.513933555,"d":"0.51"},"0_20307000_495_133","außerhalb GKL",{"v":0.483566287181,"d":"0.48"},{"v":0.00331970078074,"d":"0.00"},{"v":0.170504744326,"d":"0.17"}]
[2,203,20307,{"v":15457.40134,"d":"15,457.40"},3346,{"v":0.216465881,"d":"0.22"},"M",430,20307000,{"v":299.682535299999,"d":"299.68"},121,817,938,{"v":154.016910899999,"d":"154.02"},{"v":0.945243625,"d":"0.95"},{"v":886.638520299999,"d":"886.64"},{"v":51.3614797199999,"d":"51.36"},0,"0_20307000_495",{"v":145.665624439999,"d":"145.67"},0,{"v":51.3614797199999,"d":"51.36"},{"v":0.513933555,"d":"0.51"},"0_20307000_495_134","außerhalb GKL",{"v":10.7132098696,"d":"10.71"},{"v":0.0735465893946,"d":"0.07"},{"v":3.77746165967,"d":"3.78"}]
[2,203,20307,{"v":15457.40134,"d":"15,457.40"},3346,{"v":0.216465881,"d":"0.22"},"M",430,20307000,{"v":299.682535299999,"d":"299.68"},121,817,938,{"v":154.016910899999,"d":"154.02"},{"v":0.945243625,"d":"0.95"},{"v":886.638520299999,"d":"886.64"},{"v":51.3614797199999,"d":"51.36"},0,"0_20307000_495",{"v":145.665624439999,"d":"145.67"},0,{"v":51.3614797199999,"d":"51.36"},{"v":0.513933555,"d":"0.51"},"0_20307000_495_135","außerhalb GKL",{"v":0.177848722689,"d":"0.18"},{"v":1.22093818204E-3,"d":"0.00"},{"v":0.0627091916762,"d":"0.06"}]
[2,203,20307,{"v":15457.40134,"d":"15,457.40"},3346,{"v":0.216465881,"d":"0.22"},"M",430,20307000,{"v":299.682535299999,"d":"299.68"},121,817,938,{"v":154.016910899999,"d":"154.02"},{"v":0.945243625,"d":"0.95"},{"v":886.638520299999,"d":"886.64"},{"v":51.3614797199999,"d":"51.36"},0,"0_20307000_495",{"v":145.665624439999,"d":"145.67"},0,{"v":51.3614797199999,"d":"51.36"},{"v":0.513933555,"d":"0.51"},"0_20307000_495_136","außerhalb GKL",{"v":0.0945854654668,"d":"0.09"},{"v":0.00064933278411,"d":"0.00"},{"v":0.0333506926226,"d":"0.03"}]
[2,203,20307,{"v":15457.40134,"d":"15,457.40"},3346,{"v":0.216465881,"d":"0.22"},"M",430,20307000,{"v":299.682535299999,"d":"299.68"},121,817,938,{"v":154.016910899999,"d":"154.02"},{"v":0.945243625,"d":"0.95"},{"v":886.638520299999,"d":"886.64"},{"v":51.3614797199999,"d":"51.36"},0,"0_20307000_495",{"v":145.665624439999,"d":"145.67"},0,{"v":51.3614797199999,"d":"51.36"},{"v":0.513933555,"d":"0.51"},"0_20307000_495_137","D",{"v":0.509197182032,"d":"0.51"},{"v":0.00349565783959,"d":"0.00"},{"v":0.179542159236,"d":"0.18"}]
[2,203,20307,{"v":15457.40134,"d":"15,457.40"},3346,{"v":0.216465881,"d":"0.22"},"M",430,20307000,{"v":299.682535299999,"d":"299.68"},121,817,938,{"v":154.016910899999,"d":"154.02"},{"v":0.945243625,"d":"0.95"},{"v":886.638520299999,"d":"886.64"},{"v":51.3614797199999,"d":"51.36"},0,"0_20307000_495",{"v":145.665624439999,"d":"145.67"},0,{"v":51.3614797199999,"d":"51.36"},{"v":0.513933555,"d":"0.51"},"0_20307000_495_138","E",{"v":0.015154263635,"d":"0.02"},{"v":0.000104034590819,"d":"0.00"},{"v":0.00534337052653,"d":"0.01"}]
[2,203,20307,{"v":15457.40134,"d":"15,457.40"},3346,{"v":0.216465881,"d":"0.22"},"M",430,20307000,{"v":299.682535299999,"d":"299.68"},121,817,938,{"v":154.016910899999,"d":"154.02"},{"v":0.945243625,"d":"0.95"},{"v":886.638520299999,"d":"886.64"},{"v":51.3614797199999,"d":"51.36"},0,"0_20307000_495",{"v":145.665624439999,"d":"145.67"},0,{"v":51.3614797199999,"d":"51.36"},{"v":0.513933555,"d":"0.51"},"0_20307000_495_139","E",{"v":0.0389383533952,"d":"0.04"},{"v":2.67313263132E-4,"d":"0.00"},{"v":0.0137296047432,"d":"0.01"}]
[2,203,20307,{"v":15457.40134,"d":"15,457.40"},3346,{"v":0.216465881,"d":"0.22"},"M",430,20307000,{"v":299.682535299999,"d":"299.68"},121,817,938,{"v":154.016910899999,"d":"154.02"},{"v":0.945243625,"d":"0.95"},{"v":886.638520299999,"d":"886.64"},{"v":51.3614797199999,"d":"51.36"},0,"0_20307000_495",{"v":145.665624439999,"d":"145.67"},0,{"v":51.3614797199999,"d":"51.36"},{"v":0.513933555,"d":"0.51"},"0_20307000_495_140","E",{"v":0.0152499565838,"d":"0.02"},{"v":0.000104691526518,"d":"0.00"},{"v":0.00537711171611,"d":"0.01"}]
[2,203,20307,{"v":15457.40134,"d":"15,457.40"},3346,{"v":0.216465881,"d":"0.22"},"M",430,20307000,{"v":299.682535299999,"d":"299.68"},121,817,938,{"v":154.016910899999,"d":"154.02"},{"v":0.945243625,"d":"0.95"},{"v":886.638520299999,"d":"886.64"},{"v":51.3614797199999,"d":"51.36"},0,"0_20307000_495",{"v":145.665624439999,"d":"145.67"},0,{"v":51.3614797199999,"d":"51.36"},{"v":0.513933555,"d":"0.51"},"0_20307000_495_141","E",{"v":0.187217904046,"d":"0.19"},{"v":0.00128525796505,"d":"0.00"},{"v":0.0660127509069,"d":"0.07"}]
[2,203,20307,{"v":15457.40134,"d":"15,457.40"},3346,{"v":0.216465881,"d":"0.22"},"M",430,20307000,{"v":299.682535299999,"d":"299.68"},121,817,938,{"v":154.016910899999,"d":"154.02"},{"v":0.945243625,"d":"0.95"},{"v":886.638520299999,"d":"886.64"},{"v":51.3614797199999,"d":"51.36"},0,"0_20307000_495",{"v":145.665624439999,"d":"145.67"},0,{"v":51.3614797199999,"d":"51.36"},{"v":0.513933555,"d":"0.51"},"0_20307000_495_142","E",{"v":0.288252183262,"d":"0.29"},{"v":1.97886209852E-3,"d":"0.00"},{"v":0.101637285542,"d":"0.10"}]
[2,203,20307,{"v":15457.40134,"d":"15,457.40"},3346,{"v":0.216465881,"d":"0.22"},"M",430,20307000,{"v":299.682535299999,"d":"299.68"},121,817,938,{"v":154.016910899999,"d":"154.02"},{"v":0.945243625,"d":"0.95"},{"v":886.638520299999,"d":"886.64"},{"v":51.3614797199999,"d":"51.36"},0,"0_20307000_495",{"v":145.665624439999,"d":"145.67"},0,{"v":51.3614797199999,"d":"51.36"},{"v":0.513933555,"d":"0.51"},"0_20307000_495_143","E",{"v":0.318583426616,"d":"0.32"},{"v":0.00218708722693,"d":"0.00"},{"v":0.112332036252,"d":"0.11"}]
[2,203,20307,{"v":15457.40134,"d":"15,457.40"},3346,{"v":0.216465881,"d":"0.22"},"M",430,20307000,{"v":299.682535299999,"d":"299.68"},121,817,938,{"v":154.016910899999,"d":"154.02"},{"v":0.945243625,"d":"0.95"},{"v":886.638520299999,"d":"886.64"},{"v":51.3614797199999,"d":"51.36"},0,"0_20307000_495",{"v":145.665624439999,"d":"145.67"},0,{"v":51.3614797199999,"d":"51.36"},{"v":0.513933555,"d":"0.51"},"0_20307000_495_144","E",{"v":0.516516175054,"d":"0.52"},{"v":3.54590300244E-3,"d":"0.00"},{"v":0.182122825149,"d":"0.18"}]
[2,203,20307,{"v":15457.40134,"d":"15,457.40"},3346,{"v":0.216465881,"d":"0.22"},"M",430,20307000,{"v":299.682535299999,"d":"299.68"},121,817,938,{"v":154.016910899999,"d":"154.02"},{"v":0.945243625,"d":"0.95"},{"v":886.638520299999,"d":"886.64"},{"v":51.3614797199999,"d":"51.36"},0,"0_20307000_495",{"v":145.665624439999,"d":"145.67"},0,{"v":51.3614797199999,"d":"51.36"},{"v":0.513933555,"d":"0.51"},"0_20307000_495_145","E",{"v":1.09314229995,"d":"1.09"},{"v":7.5044630753E-3,"d":"0.01"},{"v":0.385440328052,"d":"0.39"}]
[2,203,20307,{"v":15457.40134,"d":"15,457.40"},3346,{"v":0.216465881,"d":"0.22"},"M",430,20307000,{"v":299.682535299999,"d":"299.68"},121,817,938,{"v":154.016910899999,"d":"154.02"},{"v":0.945243625,"d":"0.95"},{"v":886.638520299999,"d":"886.64"},{"v":51.3614797199999,"d":"51.36"},0,"0_20307000_495",{"v":145.665624439999,"d":"145.67"},0,{"v":51.3614797199999,"d":"51.36"},{"v":0.513933555,"d":"0.51"},"0_20307000_495_146","E",{"v":2.3490348602,"d":"2.35"},{"v":0.0161262128195,"d":"0.02"},{"v":0.828266152689,"d":"0.83"}]
[2,203,20307,{"v":15457.40134,"d":"15,457.40"},3346,{"v":0.216465881,"d":"0.22"},"M",430,20307000,{"v":299.682535299999,"d":"299.68"},121,817,938,{"v":154.016910899999,"d":"154.02"},{"v":0.945243625,"d":"0.95"},{"v":886.638520299999,"d":"886.64"},{"v":51.3614797199999,"d":"51.36"},0,"0_20307000_495",{"v":145.665624439999,"d":"145.67"},0,{"v":51.3614797199999,"d":"51.36"},{"v":0.513933555,"d":"0.51"},"0_20307000_495_147","E",{"v":0.0725254443721,"d":"0.07"},{"v":0.000497889908144,"d":"0.00"},{"v":0.0255723624199,"d":"0.03"}]
[2,203,20307,{"v":15457.40134,"d":"15,457.40"},3346,{"v":0.216465881,"d":"0.22"},"M",430,20307000,{"v":299.682535299999,"d":"299.68"},121,817,938,{"v":154.016910899999,"d":"154.02"},{"v":0.945243625,"d":"0.95"},{"v":886.638520299999,"d":"886.64"},{"v":51.3614797199999,"d":"51.36"},0,"0_20307000_495",{"v":145.665624439999,"d":"145.67"},0,{"v":51.3614797199999,"d":"51.36"},{"v":0.513933555,"d":"0.51"},"0_20307000_495_148","E",{"v":0.264683456471,"d":"0.26"},{"v":1.81706190111E-3,"d":"0.00"},{"v":0.0933269879838,"d":"0.09"}]
[2,203,20307,{"v":15457.40134,"d":"15,457.40"},3346,{"v":0.216465881,"d":"0.22"},"M",430,20307000,{"v":299.682535299999,"d":"299.68"},121,817,938,{"v":154.016910899999,"d":"154.02"},{"v":0.945243625,"d":"0.95"},{"v":886.638520299999,"d":"886.64"},{"v":51.3614797199999,"d":"51.36"},0,"0_20307000_495",{"v":145.665624439999,"d":"145.67"},0,{"v":51.3614797199999,"d":"51.36"},{"v":0.513933555,"d":"0.51"},"0_20307000_495_149","E",{"v":1.88026645809,"d":"1.88"},{"v":0.0129081000773,"d":"0.01"},{"v":0.662979120344,"d":"0.66"}]
[2,203,20307,{"v":15457.40134,"d":"15,457.40"},3346,{"v":0.216465881,"d":"0.22"},"M",430,20307000,{"v":299.682535299999,"d":"299.68"},121,817,938,{"v":154.016910899999,"d":"154.02"},{"v":0.945243625,"d":"0.95"},{"v":886.638520299999,"d":"886.64"},{"v":51.3614797199999,"d":"51.36"},0,"0_20307000_495",{"v":145.665624439999,"d":"145.67"},0,{"v":51.3614797199999,"d":"51.36"},{"v":0.513933555,"d":"0.51"},"0_20307000_495_150","E",{"v":0.275127742909,"d":"0.28"},{"v":1.88876232101E-3,"d":"0.00"},{"v":0.0970096276465,"d":"0.10"}]
[2,203,20307,{"v":15457.40134,"d":"15,457.40"},3346,{"v":0.216465881,"d":"0.22"},"M",430,20307000,{"v":299.682535299999,"d":"299.68"},121,817,938,{"v":154.016910899999,"d":"154.02"},{"v":0.945243625,"d":"0.95"},{"v":886.638520299999,"d":"886.64"},{"v":51.3614797199999,"d":"51.36"},0,"0_20307000_495",{"v":145.665624439999,"d":"145.67"},0,{"v":51.3614797199999,"d":"51.36"},{"v":0.513933555,"d":"0.51"},"0_20307000_495_151","F",{"v":0.0724191861138,"d":"0.07"},{"v":0.000497160441197,"d":"0.00"},{"v":0.0255348959181,"d":"0.03"}]
[2,203,20307,{"v":15457.40134,"d":"15,457.40"},3346,{"v":0.216465881,"d":"0.22"},"M",430,20307000,{"v":299.682535299999,"d":"299.68"},121,817,938,{"v":154.016910899999,"d":"154.02"},{"v":0.945243625,"d":"0.95"},{"v":886.638520299999,"d":"886.64"},{"v":51.3614797199999,"d":"51.36"},0,"0_20307000_495",{"v":145.665624439999,"d":"145.67"},0,{"v":51.3614797199999,"d":"51.36"},{"v":0.513933555,"d":"0.51"},"0_20307000_495_152","F",{"v":1.40888987515,"d":"1.41"},{"v":0.00967208207541,"d":"0.01"},{"v":0.496772447366,"d":"0.50"}]
[2,203,20307,{"v":15457.40134,"d":"15,457.40"},3346,{"v":0.216465881,"d":"0.22"},"M",430,20307000,{"v":299.682535299999,"d":"299.68"},121,817,938,{"v":154.016910899999,"d":"154.02"},{"v":0.945243625,"d":"0.95"},{"v":886.638520299999,"d":"886.64"},{"v":51.3614797199999,"d":"51.36"},0,"0_20307000_495",{"v":145.665624439999,"d":"145.67"},0,{"v":51.3614797199999,"d":"51.36"},{"v":0.513933555,"d":"0.51"},"0_20307000_495_153","F",{"v":1.96981357334,"d":"1.97"},{"v":0.0135228443973,"d":"0.01"},{"v":0.694553298269,"d":"0.69"}]
[2,203,20307,{"v":15457.40134,"d":"15,457.40"},3346,{"v":0.216465881,"d":"0.22"},"M",430,20307000,{"v":299.682535299999,"d":"299.68"},121,817,938,{"v":154.016910899999,"d":"154.02"},{"v":0.945243625,"d":"0.95"},{"v":886.638520299999,"d":"886.64"},{"v":51.3614797199999,"d":"51.36"},0,"0_20307000_495",{"v":145.665624439999,"d":"145.67"},0,{"v":51.3614797199999,"d":"51.36"},{"v":0.513933555,"d":"0.51"},"0_20307000_495_154","F",{"v":1.18134677708,"d":"1.18"},{"v":0.00810999013406,"d":"0.01"},{"v":0.4165410938,"d":"0.42"}]
[2,203,20307,{"v":15457.40134,"d":"15,457.40"},3346,{"v":0.216465881,"d":"0.22"},"M",430,20307000,{"v":299.682535299999,"d":"299.68"},121,817,938,{"v":154.016910899999,"d":"154.02"},{"v":0.945243625,"d":"0.95"},{"v":886.638520299999,"d":"886.64"},{"v":51.3614797199999,"d":"51.36"},0,"0_20307000_495",{"v":145.665624439999,"d":"145.67"},0,{"v":51.3614797199999,"d":"51.36"},{"v":0.513933555,"d":"0.51"},"0_20307000_495_155","F",{"v":0.160395963392,"d":"0.16"},{"v":0.0011011243319,"d":"0.00"},{"v":0.0565553750421,"d":"0.06"}]
[2,203,20307,{"v":15457.40134,"d":"15,457.40"},3346,{"v":0.216465881,"d":"0.22"},"M",430,20307000,{"v":299.682535299999,"d":"299.68"},121,817,938,{"v":154.016910899999,"d":"154.02"},{"v":0.945243625,"d":"0.95"},{"v":886.638520299999,"d":"886.64"},{"v":51.3614797199999,"d":"51.36"},0,"0_20307000_495",{"v":145.665624439999,"d":"145.67"},0,{"v":51.3614797199999,"d":"51.36"},{"v":0.513933555,"d":"0.51"},"0_20307000_495_156","F",{"v":14.2131419412,"d":"14.21"},{"v":0.0975737549325,"d":"0.10"},{"v":5.01153243517,"d":"5.01"}]
[2,203,20307,{"v":15457.40134,"d":"15,457.40"},3346,{"v":0.216465881,"d":"0.22"},"M",430,20307000,{"v":299.682535299999,"d":"299.68"},121,817,938,{"v":154.016910899999,"d":"154.02"},{"v":0.945243625,"d":"0.95"},{"v":886.638520299999,"d":"886.64"},{"v":51.3614797199999,"d":"51.36"},0,"0_20307000_495",{"v":145.665624439999,"d":"145.67"},0,{"v":51.3614797199999,"d":"51.36"},{"v":0.513933555,"d":"0.51"},"0_20307000_495_157","F",{"v":0.0379325018204,"d":"0.04"},{"v":0.000260408054174,"d":"0.00"},{"v":0.0133749429934,"d":"0.01"}]
[2,203,20307,{"v":15457.40134,"d":"15,457.40"},3346,{"v":0.216465881,"d":"0.22"},"M",430,20307000,{"v":299.682535299999,"d":"299.68"},121,817,938,{"v":154.016910899999,"d":"154.02"},{"v":0.945243625,"d":"0.95"},{"v":886.638520299999,"d":"886.64"},{"v":51.3614797199999,"d":"51.36"},0,"0_20307000_495",{"v":145.665624439999,"d":"145.67"},0,{"v":51.3614797199999,"d":"51.36"},{"v":0.513933555,"d":"0.51"},"0_20307000_495_158","F",{"v":0.000509902291408,"d":"0.00"},{"v":3.500498442e-06,"d":"0.00"},{"v":0.00017979077974,"d":"0.00"}]
[2,203,20307,{"v":15457.40134,"d":"15,457.40"},3346,{"v":0.216465881,"d":"0.22"},"M",430,20307000,{"v":299.682535299999,"d":"299.68"},121,817,938,{"v":154.016910899999,"d":"154.02"},{"v":0.945243625,"d":"0.95"},{"v":886.638520299999,"d":"886.64"},{"v":51.3614797199999,"d":"51.36"},0,"0_20307000_495",{"v":145.665624439999,"d":"145.67"},0,{"v":51.3614797199999,"d":"51.36"},{"v":0.513933555,"d":"0.51"},"0_20307000_495_159","F",{"v":0.171736978126,"d":"0.17"},{"v":0.00117898082534,"d":"0.00"},{"v":0.060554199751,"d":"0.06"}]
[2,203,20307,{"v":15457.40134,"d":"15,457.40"},3346,{"v":0.216465881,"d":"0.22"},"M",430,20307000,{"v":299.682535299999,"d":"299.68"},121,817,938,{"v":154.016910899999,"d":"154.02"},{"v":0.945243625,"d":"0.95"},{"v":886.638520299999,"d":"886.64"},{"v":51.3614797199999,"d":"51.36"},0,"0_20307000_495",{"v":145.665624439999,"d":"145.67"},0,{"v":51.3614797199999,"d":"51.36"},{"v":0.513933555,"d":"0.51"},"0_20307000_495_160","F",{"v":0.147898723983,"d":"0.15"},{"v":0.0010153303125,"d":"0.00"},{"v":0.0521488672546,"d":"0.05"}]
[2,203,20307,{"v":15457.40134,"d":"15,457.40"},3346,{"v":0.216465881,"d":"0.22"},"M",430,20307000,{"v":299.682535299999,"d":"299.68"},121,817,938,{"v":154.016910899999,"d":"154.02"},{"v":0.945243625,"d":"0.95"},{"v":886.638520299999,"d":"886.64"},{"v":51.3614797199999,"d":"51.36"},0,"0_20307000_495",{"v":145.665624439999,"d":"145.67"},0,{"v":51.3614797199999,"d":"51.36"},{"v":0.513933555,"d":"0.51"},"0_20307000_495_161","F",{"v":0.111052076256,"d":"0.11"},{"v":0.000762376687588,"d":"0.00"},{"v":0.0391567947786,"d":"0.04"}]
[2,203,20307,{"v":15457.40134,"d":"15,457.40"},3346,{"v":0.216465881,"d":"0.22"},"M",430,20307000,{"v":299.682535299999,"d":"299.68"},121,817,938,{"v":154.016910899999,"d":"154.02"},{"v":0.945243625,"d":"0.95"},{"v":886.638520299999,"d":"886.64"},{"v":51.3614797199999,"d":"51.36"},0,"0_20307000_495",{"v":145.665624439999,"d":"145.67"},0,{"v":51.3614797199999,"d":"51.36"},{"v":0.513933555,"d":"0.51"},"0_20307000_495_162","F",{"v":1.89178565996,"d":"1.89"},{"v":0.0129871798321,"d":"0.01"},{"v":0.667040773566,"d":"0.67"}]
[2,203,20307,{"v":15457.40134,"d":"15,457.40"},3346,{"v":0.216465881,"d":"0.22"},"M",430,20307000,{"v":299.682535299999,"d":"299.68"},121,817,938,{"v":154.016910899999,"d":"154.02"},{"v":0.945243625,"d":"0.95"},{"v":886.638520299999,"d":"886.64"},{"v":51.3614797199999,"d":"51.36"},0,"0_20307000_495",{"v":145.665624439999,"d":"145.67"},0,{"v":51.3614797199999,"d":"51.36"},{"v":0.513933555,"d":"0.51"},"0_20307000_495_163","F",{"v":0.0130983806909,"d":"0.01"},{"v":8.9920876949e-05,"d":"0.00"},{"v":0.00461846929779,"d":"0.00"}]
[2,203,20307,{"v":15457.40134,"d":"15,457.40"},3346,{"v":0.216465881,"d":"0.22"},"M",430,20307000,{"v":299.682535299999,"d":"299.68"},121,817,938,{"v":154.016910899999,"d":"154.02"},{"v":0.945243625,"d":"0.95"},{"v":886.638520299999,"d":"886.64"},{"v":51.3614797199999,"d":"51.36"},0,"0_20307000_495",{"v":145.665624439999,"d":"145.67"},0,{"v":51.3614797199999,"d":"51.36"},{"v":0.513933555,"d":"0.51"},"0_20307000_495_164","F",{"v":4.67736941566,"d":"4.68"},{"v":0.032110317267,"d":"0.03"},{"v":1.64923340911,"d":"1.65"}]
[2,203,20307,{"v":15457.40134,"d":"15,457.40"},3346,{"v":0.216465881,"d":"0.22"},"M",430,20307000,{"v":299.682535299999,"d":"299.68"},121,817,938,{"v":154.016910899999,"d":"154.02"},{"v":0.945243625,"d":"0.95"},{"v":886.638520299999,"d":"886.64"},{"v":51.3614797199999,"d":"51.36"},0,"0_20307000_495",{"v":145.665624439999,"d":"145.67"},0,{"v":51.3614797199999,"d":"51.36"},{"v":0.513933555,"d":"0.51"},"0_20307000_495_165","F",{"v":3.83331906912,"d":"3.83"},{"v":0.0263158798368,"d":"0.03"},{"v":1.35162252855,"d":"1.35"}]
[2,203,20307,{"v":15457.40134,"d":"15,457.40"},3346,{"v":0.216465881,"d":"0.22"},"M",430,20307000,{"v":299.682535299999,"d":"299.68"},121,817,938,{"v":154.016910899999,"d":"154.02"},{"v":0.945243625,"d":"0.95"},{"v":886.638520299999,"d":"886.64"},{"v":51.3614797199999,"d":"51.36"},0,"0_20307000_495",{"v":145.665624439999,"d":"145.67"},0,{"v":51.3614797199999,"d":"51.36"},{"v":0.513933555,"d":"0.51"},"0_20307000_495_166","F",{"v":4.12227187811,"d":"4.12"},{"v":0.0282995517574,"d":"0.03"},{"v":1.45350685367,"d":"1.45"}]
[2,203,20307,{"v":15457.40134,"d":"15,457.40"},3346,{"v":0.216465881,"d":"0.22"},"M",430,20307000,{"v":299.682535299999,"d":"299.68"},121,817,938,{"v":154.016910899999,"d":"154.02"},{"v":0.945243625,"d":"0.95"},{"v":886.638520299999,"d":"886.64"},{"v":51.3614797199999,"d":"51.36"},0,"0_20307000_495",{"v":145.665624439999,"d":"145.67"},0,{"v":51.3614797199999,"d":"51.36"},{"v":0.513933555,"d":"0.51"},"0_20307000_495_167","F",{"v":0.877074381288,"d":"0.88"},{"v":0.00602114867293,"d":"0.01"},{"v":0.309255105456,"d":"0.31"}]
[2,203,20307,{"v":15457.40134,"d":"15,457.40"},3346,{"v":0.216465881,"d":"0.22"},"M",430,20307000,{"v":299.682535299999,"d":"299.68"},121,817,938,{"v":154.016910899999,"d":"154.02"},{"v":0.945243625,"d":"0.95"},{"v":886.638520299999,"d":"886.64"},{"v":51.3614797199999,"d":"51.36"},0,"0_20307000_495",{"v":145.665624439999,"d":"145.67"},0,{"v":51.3614797199999,"d":"51.36"},{"v":0.513933555,"d":"0.51"},"0_20307000_495_168","F",{"v":0.959236716509,"d":"0.96"},{"v":0.00658519619984,"d":"0.01"},{"v":0.33822542107,"d":"0.34"}]
[2,203,20307,{"v":15457.40134,"d":"15,457.40"},3346,{"v":0.216465881,"d":"0.22"},"M",430,20307000,{"v":299.682535299999,"d":"299.68"},121,817,938,{"v":154.016910899999,"d":"154.02"},{"v":0.945243625,"d":"0.95"},{"v":886.638520299999,"d":"886.64"},{"v":51.3614797199999,"d":"51.36"},0,"0_20307000_495",{"v":145.665624439999,"d":"145.67"},0,{"v":51.3614797199999,"d":"51.36"},{"v":0.513933555,"d":"0.51"},"0_20307000_495_169","G",{"v":0.0308758106943,"d":"0.03"},{"v":0.000211963603719,"d":"0.00"},{"v":0.0108867643338,"d":"0.01"}]
[2,203,20307,{"v":15457.40134,"d":"15,457.40"},3346,{"v":0.216465881,"d":"0.22"},"M",430,20307000,{"v":299.682535299999,"d":"299.68"},121,817,938,{"v":154.016910899999,"d":"154.02"},{"v":0.945243625,"d":"0.95"},{"v":886.638520299999,"d":"886.64"},{"v":51.3614797199999,"d":"51.36"},0,"0_20307000_495",{"v":145.665624439999,"d":"145.67"},0,{"v":51.3614797199999,"d":"51.36"},{"v":0.513933555,"d":"0.51"},"0_20307000_495_170","G",{"v":25.2963012558,"d":"25.30"},{"v":0.173660061206,"d":"0.17"},{"v":8.91943771181,"d":"8.92"}]
[2,203,20307,{"v":15457.40134,"d":"15,457.40"},3346,{"v":0.216465881,"d":"0.22"},"M",430,20307000,{"v":299.682535299999,"d":"299.68"},121,817,938,{"v":154.016910899999,"d":"154.02"},{"v":0.945243625,"d":"0.95"},{"v":886.638520299999,"d":"886.64"},{"v":51.3614797199999,"d":"51.36"},0,"0_20307000_495",{"v":145.665624439999,"d":"145.67"},0,{"v":51.3614797199999,"d":"51.36"},{"v":0.513933555,"d":"0.51"},"0_20307000_495_171","G",{"v":8.21908487478999,"d":"8.22"},{"v":0.0564243273345,"d":"0.06"},{"v":2.89803694411,"d":"2.90"}]
[2,203,20307,{"v":15457.40134,"d":"15,457.40"},3346,{"v":0.216465881,"d":"0.22"},"M",430,20307000,{"v":299.682535299999,"d":"299.68"},121,817,938,{"v":154.016910899999,"d":"154.02"},{"v":0.945243625,"d":"0.95"},{"v":886.638520299999,"d":"886.64"},{"v":51.3614797199999,"d":"51.36"},0,"0_20307000_495",{"v":145.665624439999,"d":"145.67"},0,{"v":51.3614797199999,"d":"51.36"},{"v":0.513933555,"d":"0.51"},"0_20307000_495_172","G",{"v":0.0675625002038,"d":"0.07"},{"v":4.6381910944E-4,"d":"0.00"},{"v":0.0238224357833,"d":"0.02"}]
[2,203,20307,{"v":15457.40134,"d":"15,457.40"},3346,{"v":0.216465881,"d":"0.22"},"M",430,20307000,{"v":299.682535299999,"d":"299.68"},121,817,938,{"v":154.016910899999,"d":"154.02"},{"v":0.945243625,"d":"0.95"},{"v":886.638520299999,"d":"886.64"},{"v":51.3614797199999,"d":"51.36"},0,"0_20307000_495",{"v":145.665624439999,"d":"145.67"},0,{"v":51.3614797199999,"d":"51.36"},{"v":0.513933555,"d":"0.51"},"0_20307000_495_173","G",{"v":0.0598963314573,"d":"0.06"},{"v":0.000411190572158,"d":"0.00"},{"v":0.0211193562329,"d":"0.02"}]
[2,203,20307,{"v":15457.40134,"d":"15,457.40"},3346,{"v":0.216465881,"d":"0.22"},"M",430,20307000,{"v":299.682535299999,"d":"299.68"},121,817,938,{"v":154.016910899999,"d":"154.02"},{"v":0.945243625,"d":"0.95"},{"v":886.638520299999,"d":"886.64"},{"v":51.3614797199999,"d":"51.36"},0,"0_20307000_495",{"v":145.665624439999,"d":"145.67"},0,{"v":51.3614797199999,"d":"51.36"},{"v":0.513933555,"d":"0.51"},"0_20307000_495_174","G",{"v":0.0745828810336,"d":"0.07"},{"v":5.12014288342E-4,"d":"0.00"},{"v":0.026297811487,"d":"0.03"}]
[2,203,20307,{"v":15457.40134,"d":"15,457.40"},3346,{"v":0.216465881,"d":"0.22"},"M",430,20307000,{"v":299.682535299999,"d":"299.68"},121,817,938,{"v":154.016910899999,"d":"154.02"},{"v":0.945243625,"d":"0.95"},{"v":886.638520299999,"d":"886.64"},{"v":51.3614797199999,"d":"51.36"},0,"0_20307000_495",{"v":145.665624439999,"d":"145.67"},0,{"v":51.3614797199999,"d":"51.36"},{"v":0.513933555,"d":"0.51"},"0_20307000_495_175","G",{"v":8.2551737398,"d":"8.26"},{"v":0.0566720787525,"d":"0.06"},{"v":2.91076182354,"d":"2.91"}]
[2,203,20307,{"v":15457.40134,"d":"15,457.40"},3346,{"v":0.216465881,"d":"0.22"},"M",430,20307000,{"v":299.682535299999,"d":"299.68"},121,817,938,{"v":154.016910899999,"d":"154.02"},{"v":0.945243625,"d":"0.95"},{"v":886.638520299999,"d":"886.64"},{"v":51.3614797199999,"d":"51.36"},0,"0_20307000_495",{"v":145.665624439999,"d":"145.67"},0,{"v":51.3614797199999,"d":"51.36"},{"v":0.513933555,"d":"0.51"},"0_20307000_495_176","G",{"v":7.74813062641,"d":"7.75"},{"v":0.0531912086753,"d":"0.05"},{"v":2.73197918566,"d":"2.73"}]
[2,203,20307,{"v":15457.40134,"d":"15,457.40"},3346,{"v":0.216465881,"d":"0.22"},"M",430,20307000,{"v":299.682535299999,"d":"299.68"},121,817,938,{"v":154.016910899999,"d":"154.02"},{"v":0.945243625,"d":"0.95"},{"v":886.638520299999,"d":"886.64"},{"v":51.3614797199999,"d":"51.36"},0,"0_20307000_495",{"v":145.665624439999,"d":"145.67"},0,{"v":51.3614797199999,"d":"51.36"},{"v":0.513933555,"d":"0.51"},"0_20307000_495_177","G",{"v":14.5373944304999,"d":"14.54"},{"v":0.0997997604884,"d":"0.10"},{"v":5.12586337439,"d":"5.13"}]
[2,203,20307,{"v":15457.40134,"d":"15,457.40"},3346,{"v":0.216465881,"d":"0.22"},"M",430,20307000,{"v":299.682535299999,"d":"299.68"},121,817,938,{"v":154.016910899999,"d":"154.02"},{"v":0.945243625,"d":"0.95"},{"v":886.638520299999,"d":"886.64"},{"v":51.3614797199999,"d":"51.36"},0,"0_20307000_495",{"v":145.665624439999,"d":"145.67"},0,{"v":51.3614797199999,"d":"51.36"},{"v":0.513933555,"d":"0.51"},"0_20307000_495_178","G",{"v":7.04186868401,"d":"7.04"},{"v":0.048342693831,"d":"0.05"},{"v":2.48295228881,"d":"2.48"}]
[2,203,20307,{"v":15457.40134,"d":"15,457.40"},3346,{"v":0.216465881,"d":"0.22"},"M",430,20307000,{"v":299.682535299999,"d":"299.68"},121,817,938,{"v":154.016910899999,"d":"154.02"},{"v":0.945243625,"d":"0.95"},{"v":886.638520299999,"d":"886.64"},{"v":51.3614797199999,"d":"51.36"},0,"0_20307000_495",{"v":145.665624439999,"d":"145.67"},0,{"v":51.3614797199999,"d":"51.36"},{"v":0.513933555,"d":"0.51"},"0_20307000_495_179","G",{"v":0.228643807414,"d":"0.23"},{"v":0.00156964835247,"d":"0.00"},{"v":0.0806194620229,"d":"0.08"}]
[2,203,20307,{"v":15457.40134,"d":"15,457.40"},3346,{"v":0.216465881,"d":"0.22"},"M",430,20307000,{"v":299.682535299999,"d":"299.68"},121,817,938,{"v":154.016910899999,"d":"154.02"},{"v":0.945243625,"d":"0.95"},{"v":886.638520299999,"d":"886.64"},{"v":51.3614797199999,"d":"51.36"},0,"0_20307000_495",{"v":145.665624439999,"d":"145.67"},0,{"v":51.3614797199999,"d":"51.36"},{"v":0.513933555,"d":"0.51"},"0_20307000_495_180","G",{"v":0.0050107331457,"d":"0.01"},{"v":3.4398871834e-05,"d":"0.00"},{"v":1.76677695808E-3,"d":"0.00"}]
[2,203,20307,{"v":15457.40134,"d":"15,457.40"},3346,{"v":0.216465881,"d":"0.22"},"M",430,20307000,{"v":299.682535299999,"d":"299.68"},121,817,938,{"v":154.016910899999,"d":"154.02"},{"v":0.945243625,"d":"0.95"},{"v":886.638520299999,"d":"886.64"},{"v":51.3614797199999,"d":"51.36"},0,"0_20307000_495",{"v":145.665624439999,"d":"145.67"},0,{"v":51.3614797199999,"d":"51.36"},{"v":0.513933555,"d":"0.51"},"0_20307000_495_181","G",{"v":0.193795576638,"d":"0.19"},{"v":0.00133041393522,"d":"0.00"},{"v":0.068332028353,"d":"0.07"}]
[2,203,20307,{"v":15457.40134,"d":"15,457.40"},3346,{"v":0.216465881,"d":"0.22"},"M",430,20307000,{"v":299.682535299999,"d":"299.68"},121,817,938,{"v":154.016910899999,"d":"154.02"},{"v":0.945243625,"d":"0.95"},{"v":886.638520299999,"d":"886.64"},{"v":51.3614797199999,"d":"51.36"},0,"0_20307000_495",{"v":145.665624439999,"d":"145.67"},0,{"v":51.3614797199999,"d":"51.36"},{"v":0.513933555,"d":"0.51"},"0_20307000_495_182","G",{"v":0.0143270598869,"d":"0.01"},{"v":9.8355805922e-05,"d":"0.00"},{"v":0.0050516997312,"d":"0.01"}]
[2,203,20307,{"v":15457.40134,"d":"15,457.40"},3346,{"v":0.216465881,"d":"0.22"},"M",430,20307000,{"v":299.682535299999,"d":"299.68"},121,817,938,{"v":154.016910899999,"d":"154.02"},{"v":0.945243625,"d":"0.95"},{"v":886.638520299999,"d":"886.64"},{"v":51.3614797199999,"d":"51.36"},0,"0_20307000_495",{"v":145.665624439999,"d":"145.67"},0,{"v":51.3614797199999,"d":"51.36"},{"v":0.513933555,"d":"0.51"},"0_20307000_495_183","G",{"v":2.07014384171,"d":"2.07"},{"v":0.0142116154698,"d":"0.01"},{"v":0.729929599741,"d":"0.73"}]
[2,203,20307,{"v":15457.40134,"d":"15,457.40"},3346,{"v":0.216465881,"d":"0.22"},"M",430,20307001,{"v":3564.41438968,"d":"3,564.41"},52,263,315,{"v":35.5555129899999,"d":"35.56"},{"v":0.945243625,"d":"0.95"},{"v":297.7517419,"d":"297.75"},{"v":17.2482581199999,"d":"17.25"},0,"0_20307001_496",{"v":3528.85887667999,"d":"3,528.86"},0,{"v":17.2482581199999,"d":"17.25"},{"v":0.009975135,"d":"0.01"},"0_20307001_496_184","außerhalb GKL",{"v":3182.93144234,"d":"3,182.93"},{"v":0.901971870673,"d":"0.90"},{"v":15.5574436423,"d":"15.56"}]
[2,203,20307,{"v":15457.40134,"d":"15,457.40"},3346,{"v":0.216465881,"d":"0.22"},"M",430,20307001,{"v":3564.41438968,"d":"3,564.41"},52,263,315,{"v":35.5555129899999,"d":"35.56"},{"v":0.945243625,"d":"0.95"},{"v":297.7517419,"d":"297.75"},{"v":17.2482581199999,"d":"17.25"},0,"0_20307001_496",{"v":3528.85887667999,"d":"3,528.86"},0,{"v":17.2482581199999,"d":"17.25"},{"v":0.009975135,"d":"0.01"},"0_20307001_496_185","außerhalb GKL",{"v":0.0596725957174,"d":"0.06"},{"v":1.6909884414e-05,"d":"0.00"},{"v":0.000291666051149,"d":"0.00"}]
[2,203,20307,{"v":15457.40134,"d":"15,457.40"},3346,{"v":0.216465881,"d":"0.22"},"M",430,20307001,{"v":3564.41438968,"d":"3,564.41"},52,263,315,{"v":35.5555129899999,"d":"35.56"},{"v":0.945243625,"d":"0.95"},{"v":297.7517419,"d":"297.75"},{"v":17.2482581199999,"d":"17.25"},0,"0_20307001_496",{"v":3528.85887667999,"d":"3,528.86"},0,{"v":17.2482581199999,"d":"17.25"},{"v":0.009975135,"d":"0.01"},"0_20307001_496_186","außerhalb GKL",{"v":0.521082903141,"d":"0.52"},{"v":1.47663287581E-4,"d":"0.00"},{"v":0.00254693449904,"d":"0.00"}]
[2,203,20307,{"v":15457.40134,"d":"15,457.40"},3346,{"v":0.216465881,"d":"0.22"},"M",430,20307001,{"v":3564.41438968,"d":"3,564.41"},52,263,315,{"v":35.5555129899999,"d":"35.56"},{"v":0.945243625,"d":"0.95"},{"v":297.7517419,"d":"297.75"},{"v":17.2482581199999,"d":"17.25"},0,"0_20307001_496",{"v":3528.85887667999,"d":"3,528.86"},0,{"v":17.2482581199999,"d":"17.25"},{"v":0.009975135,"d":"0.01"},"0_20307001_496_187","außerhalb GKL",{"v":21.8297058514,"d":"21.83"},{"v":0.00618605237961,"d":"0.01"},{"v":0.106698628187,"d":"0.11"}]
[2,203,20307,{"v":15457.40134,"d":"15,457.40"},3346,{"v":0.216465881,"d":"0.22"},"M",430,20307001,{"v":3564.41438968,"d":"3,564.41"},52,263,315,{"v":35.5555129899999,"d":"35.56"},{"v":0.945243625,"d":"0.95"},{"v":297.7517419,"d":"297.75"},{"v":17.2482581199999,"d":"17.25"},0,"0_20307001_496",{"v":3528.85887667999,"d":"3,528.86"},0,{"v":17.2482581199999,"d":"17.25"},{"v":0.009975135,"d":"0.01"},"0_20307001_496_188","außerhalb GKL",{"v":3.61921627727,"d":"3.62"},{"v":0.00102560527461,"d":"0.00"},{"v":0.0176899045057,"d":"0.02"}]
[2,203,20307,{"v":15457.40134,"d":"15,457.40"},3346,{"v":0.216465881,"d":"0.22"},"M",430,20307001,{"v":3564.41438968,"d":"3,564.41"},52,263,315,{"v":35.5555129899999,"d":"35.56"},{"v":0.945243625,"d":"0.95"},{"v":297.7517419,"d":"297.75"},{"v":17.2482581199999,"d":"17.25"},0,"0_20307001_496",{"v":3528.85887667999,"d":"3,528.86"},0,{"v":17.2482581199999,"d":"17.25"},{"v":0.009975135,"d":"0.01"},"0_20307001_496_189","E",{"v":0.000249055235432,"d":"0.00"},{"v":7.0576706e-08,"d":"0.00"},{"v":1.217325242e-06,"d":"0.00"}]
[2,203,20307,{"v":15457.40134,"d":"15,457.40"},3346,{"v":0.216465881,"d":"0.22"},"M",430,20307001,{"v":3564.41438968,"d":"3,564.41"},52,263,315,{"v":35.5555129899999,"d":"35.56"},{"v":0.945243625,"d":"0.95"},{"v":297.7517419,"d":"297.75"},{"v":17.2482581199999,"d":"17.25"},0,"0_20307001_496",{"v":3528.85887667999,"d":"3,528.86"},0,{"v":17.2482581199999,"d":"17.25"},{"v":0.009975135,"d":"0.01"},"0_20307001_496_190","E",{"v":0.0802517344837,"d":"0.08"},{"v":2.2741553938E-5,"d":"0.00"},{"v":0.000392252192373,"d":"0.00"}]
[2,203,20307,{"v":15457.40134,"d":"15,457.40"},3346,{"v":0.216465881,"d":"0.22"},"M",430,20307001,{"v":3564.41438968,"d":"3,564.41"},52,263,315,{"v":35.5555129899999,"d":"35.56"},{"v":0.945243625,"d":"0.95"},{"v":297.7517419,"d":"297.75"},{"v":17.2482581199999,"d":"17.25"},0,"0_20307001_496",{"v":3528.85887667999,"d":"3,528.86"},0,{"v":17.2482581199999,"d":"17.25"},{"v":0.009975135,"d":"0.01"},"0_20307001_496_191","E",{"v":0.160389229479,"d":"0.16"},{"v":4.545073495e-05,"d":"0.00"},{"v":0.000783946008156,"d":"0.00"}]
[2,203,20307,{"v":15457.40134,"d":"15,457.40"},3346,{"v":0.216465881,"d":"0.22"},"M",430,20307001,{"v":3564.41438968,"d":"3,564.41"},52,263,315,{"v":35.5555129899999,"d":"35.56"},{"v":0.945243625,"d":"0.95"},{"v":297.7517419,"d":"297.75"},{"v":17.2482581199999,"d":"17.25"},0,"0_20307001_496",{"v":3528.85887667999,"d":"3,528.86"},0,{"v":17.2482581199999,"d":"17.25"},{"v":0.009975135,"d":"0.01"},"0_20307001_496_192","E",{"v":0.0510465867785,"d":"0.05"},{"v":1.4465465626e-05,"d":"0.00"},{"v":0.000249504084938,"d":"0.00"}]
[2,203,20307,{"v":15457.40134,"d":"15,457.40"},3346,{"v":0.216465881,"d":"0.22"},"M",430,20307001,{"v":3564.41438968,"d":"3,564.41"},52,263,315,{"v":35.5555129899999,"d":"35.56"},{"v":0.945243625,"d":"0.95"},{"v":297.7517419,"d":"297.75"},{"v":17.2482581199999,"d":"17.25"},0,"0_20307001_496",{"v":3528.85887667999,"d":"3,528.86"},0,{"v":17.2482581199999,"d":"17.25"},{"v":0.009975135,"d":"0.01"},"0_20307001_496_193","E",{"v":3.83344840262,"d":"3.83"},{"v":1.08631388689E-3,"d":"0.00"},{"v":0.0187370223204,"d":"0.02"}]
[2,203,20307,{"v":15457.40134,"d":"15,457.40"},3346,{"v":0.216465881,"d":"0.22"},"M",430,20307001,{"v":3564.41438968,"d":"3,564.41"},52,263,315,{"v":35.5555129899999,"d":"35.56"},{"v":0.945243625,"d":"0.95"},{"v":297.7517419,"d":"297.75"},{"v":17.2482581199999,"d":"17.25"},0,"0_20307001_496",{"v":3528.85887667999,"d":"3,528.86"},0,{"v":17.2482581199999,"d":"17.25"},{"v":0.009975135,"d":"0.01"},"0_20307001_496_194","E",{"v":7.54952472377,"d":"7.55"},{"v":2.13936714037E-3,"d":"0.00"},{"v":0.0369003566505,"d":"0.04"}]
[2,203,20307,{"v":15457.40134,"d":"15,457.40"},3346,{"v":0.216465881,"d":"0.22"},"M",430,20307001,{"v":3564.41438968,"d":"3,564.41"},52,263,315,{"v":35.5555129899999,"d":"35.56"},{"v":0.945243625,"d":"0.95"},{"v":297.7517419,"d":"297.75"},{"v":17.2482581199999,"d":"17.25"},0,"0_20307001_496",{"v":3528.85887667999,"d":"3,528.86"},0,{"v":17.2482581199999,"d":"17.25"},{"v":0.009975135,"d":"0.01"},"0_20307001_496_195","E",{"v":0.000155531814874,"d":"0.00"},{"v":4.4074252e-08,"d":"0.00"},{"v":7.60204072e-07,"d":"0.00"}]
[2,203,20307,{"v":15457.40134,"d":"15,457.40"},3346,{"v":0.216465881,"d":"0.22"},"M",430,20307001,{"v":3564.41438968,"d":"3,564.41"},52,263,315,{"v":35.5555129899999,"d":"35.56"},{"v":0.945243625,"d":"0.95"},{"v":297.7517419,"d":"297.75"},{"v":17.2482581199999,"d":"17.25"},0,"0_20307001_496",{"v":3528.85887667999,"d":"3,528.86"},0,{"v":17.2482581199999,"d":"17.25"},{"v":0.009975135,"d":"0.01"},"0_20307001_496_196","F",{"v":10.1815648941999,"d":"10.18"},{"v":2.88522869574E-3,"d":"0.00"},{"v":0.0497651692794,"d":"0.05"}]
[2,203,20307,{"v":15457.40134,"d":"15,457.40"},3346,{"v":0.216465881,"d":"0.22"},"M",430,20307001,{"v":3564.41438968,"d":"3,564.41"},52,263,315,{"v":35.5555129899999,"d":"35.56"},{"v":0.945243625,"d":"0.95"},{"v":297.7517419,"d":"297.75"},{"v":17.2482581199999,"d":"17.25"},0,"0_20307001_496",{"v":3528.85887667999,"d":"3,528.86"},0,{"v":17.2482581199999,"d":"17.25"},{"v":0.009975135,"d":"0.01"},"0_20307001_496_197","F",{"v":11.6243629331,"d":"11.62"},{"v":0.0032940855215,"d":"0.00"},{"v":0.0568172373442,"d":"0.06"}]
[2,203,20307,{"v":15457.40134,"d":"15,457.40"},3346,{"v":0.216465881,"d":"0.22"},"M",430,20307001,{"v":3564.41438968,"d":"3,564.41"},52,263,315,{"v":35.5555129899999,"d":"35.56"},{"v":0.945243625,"d":"0.95"},{"v":297.7517419,"d":"297.75"},{"v":17.2482581199999,"d":"17.25"},0,"0_20307001_496",{"v":3528.85887667999,"d":"3,528.86"},0,{"v":17.2482581199999,"d":"17.25"},{"v":0.009975135,"d":"0.01"},"0_20307001_496_198","F",{"v":0.0060693985932,"d":"0.01"},{"v":1.719932365E-6,"d":"0.00"},{"v":2.9665837379e-05,"d":"0.00"}]
[2,203,20307,{"v":15457.40134,"d":"15,457.40"},3346,{"v":0.216465881,"d":"0.22"},"M",430,20307001,{"v":3564.41438968,"d":"3,564.41"},52,263,315,{"v":35.5555129899999,"d":"35.56"},{"v":0.945243625,"d":"0.95"},{"v":297.7517419,"d":"297.75"},{"v":17.2482581199999,"d":"17.25"},0,"0_20307001_496",{"v":3528.85887667999,"d":"3,528.86"},0,{"v":17.2482581199999,"d":"17.25"},{"v":0.009975135,"d":"0.01"},"0_20307001_496_199","F",{"v":3.9909106581e-05,"d":"0.00"},{"v":1.1309352E-8,"d":"0.00"},{"v":1.95066619E-7,"d":"0.00"}]
[2,203,20307,{"v":15457.40134,"d":"15,457.40"},3346,{"v":0.216465881,"d":"0.22"},"M",430,20307001,{"v":3564.41438968,"d":"3,564.41"},52,263,315,{"v":35.5555129899999,"d":"35.56"},{"v":0.945243625,"d":"0.95"},{"v":297.7517419,"d":"297.75"},{"v":17.2482581199999,"d":"17.25"},0,"0_20307001_496",{"v":3528.85887667999,"d":"3,528.86"},0,{"v":17.2482581199999,"d":"17.25"},{"v":0.009975135,"d":"0.01"},"0_20307001_496_200","F",{"v":1.39638720258,"d":"1.40"},{"v":0.00039570502856,"d":"0.00"},{"v":0.00682522247198,"d":"0.01"}]
[2,203,20307,{"v":15457.40134,"d":"15,457.40"},3346,{"v":0.216465881,"d":"0.22"},"M",430,20307001,{"v":3564.41438968,"d":"3,564.41"},52,263,315,{"v":35.5555129899999,"d":"35.56"},{"v":0.945243625,"d":"0.95"},{"v":297.7517419,"d":"297.75"},{"v":17.2482581199999,"d":"17.25"},0,"0_20307001_496",{"v":3528.85887667999,"d":"3,528.86"},0,{"v":17.2482581199999,"d":"17.25"},{"v":0.009975135,"d":"0.01"},"0_20307001_496_201","F",{"v":0.669773740861,"d":"0.67"},{"v":1.89798958889E-4,"d":"0.00"},{"v":0.00327370143382,"d":"0.00"}]
[2,203,20307,{"v":15457.40134,"d":"15,457.40"},3346,{"v":0.216465881,"d":"0.22"},"M",430,20307001,{"v":3564.41438968,"d":"3,564.41"},52,263,315,{"v":35.5555129899999,"d":"35.56"},{"v":0.945243625,"d":"0.95"},{"v":297.7517419,"d":"297.75"},{"v":17.2482581199999,"d":"17.25"},0,"0_20307001_496",{"v":3528.85887667999,"d":"3,528.86"},0,{"v":17.2482581199999,"d":"17.25"},{"v":0.009975135,"d":"0.01"},"0_20307001_496_202","F",{"v":5.68346145938,"d":"5.68"},{"v":1.61056637797E-3,"d":"0.00"},{"v":0.0277794646066,"d":"0.03"}]
[2,203,20307,{"v":15457.40134,"d":"15,457.40"},3346,{"v":0.216465881,"d":"0.22"},"M",430,20307001,{"v":3564.41438968,"d":"3,564.41"},52,263,315,{"v":35.5555129899999,"d":"35.56"},{"v":0.945243625,"d":"0.95"},{"v":297.7517419,"d":"297.75"},{"v":17.2482581199999,"d":"17.25"},0,"0_20307001_496",{"v":3528.85887667999,"d":"3,528.86"},0,{"v":17.2482581199999,"d":"17.25"},{"v":0.009975135,"d":"0.01"},"0_20307001_496_203","F",{"v":0.0288632858707,"d":"0.03"},{"v":8.179212283e-06,"d":"0.00"},{"v":0.000141077164683,"d":"0.00"}]
[2,203,20307,{"v":15457.40134,"d":"15,457.40"},3346,{"v":0.216465881,"d":"0.22"},"M",430,20307001,{"v":3564.41438968,"d":"3,564.41"},52,263,315,{"v":35.5555129899999,"d":"35.56"},{"v":0.945243625,"d":"0.95"},{"v":297.7517419,"d":"297.75"},{"v":17.2482581199999,"d":"17.25"},0,"0_20307001_496",{"v":3528.85887667999,"d":"3,528.86"},0,{"v":17.2482581199999,"d":"17.25"},{"v":0.009975135,"d":"0.01"},"0_20307001_496_204","F",{"v":0.285787905649,"d":"0.29"},{"v":8.0985926509e-05,"d":"0.00"},{"v":0.00139686616452,"d":"0.00"}]
[2,203,20307,{"v":15457.40134,"d":"15,457.40"},3346,{"v":0.216465881,"d":"0.22"},"M",430,20307001,{"v":3564.41438968,"d":"3,564.41"},52,263,315,{"v":35.5555129899999,"d":"35.56"},{"v":0.945243625,"d":"0.95"},{"v":297.7517419,"d":"297.75"},{"v":17.2482581199999,"d":"17.25"},0,"0_20307001_496",{"v":3528.85887667999,"d":"3,528.86"},0,{"v":17.2482581199999,"d":"17.25"},{"v":0.009975135,"d":"0.01"},"0_20307001_496_205","F",{"v":3.7071000783,"d":"3.71"},{"v":1.0505095862E-3,"d":"0.00"},{"v":0.0181194605003,"d":"0.02"}]
[2,203,20307,{"v":15457.40134,"d":"15,457.40"},3346,{"v":0.216465881,"d":"0.22"},"M",430,20307001,{"v":3564.41438968,"d":"3,564.41"},52,263,315,{"v":35.5555129899999,"d":"35.56"},{"v":0.945243625,"d":"0.95"},{"v":297.7517419,"d":"297.75"},{"v":17.2482581199999,"d":"17.25"},0,"0_20307001_496",{"v":3528.85887667999,"d":"3,528.86"},0,{"v":17.2482581199999,"d":"17.25"},{"v":0.009975135,"d":"0.01"},"0_20307001_496_206","F",{"v":1.37064494858E-3,"d":"0.00"},{"v":3.88410247e-07,"d":"0.00"},{"v":6.6994002e-06,"d":"0.00"}]
[2,203,20307,{"v":15457.40134,"d":"15,457.40"},3346,{"v":0.216465881,"d":"0.22"},"M",430,20307001,{"v":3564.41438968,"d":"3,564.41"},52,263,315,{"v":35.5555129899999,"d":"35.56"},{"v":0.945243625,"d":"0.95"},{"v":297.7517419,"d":"297.75"},{"v":17.2482581199999,"d":"17.25"},0,"0_20307001_496",{"v":3528.85887667999,"d":"3,528.86"},0,{"v":17.2482581199999,"d":"17.25"},{"v":0.009975135,"d":"0.01"},"0_20307001_496_207","F",{"v":0.00124772552778,"d":"0.00"},{"v":3.53577621e-07,"d":"0.00"},{"v":6.098598079e-06,"d":"0.00"}]
[2,203,20307,{"v":15457.40134,"d":"15,457.40"},3346,{"v":0.216465881,"d":"0.22"},"M",430,20307001,{"v":3564.41438968,"d":"3,564.41"},52,263,315,{"v":35.5555129899999,"d":"35.56"},{"v":0.945243625,"d":"0.95"},{"v":297.7517419,"d":"297.75"},{"v":17.2482581199999,"d":"17.25"},0,"0_20307001_496",{"v":3528.85887667999,"d":"3,528.86"},0,{"v":17.2482581199999,"d":"17.25"},{"v":0.009975135,"d":"0.01"},"0_20307001_496_208","F",{"v":0.00270544395718,"d":"0.00"},{"v":7.66662553e-07,"d":"0.00"},{"v":1.3223593613E-5,"d":"0.00"}]
[2,203,20307,{"v":15457.40134,"d":"15,457.40"},3346,{"v":0.216465881,"d":"0.22"},"M",430,20307001,{"v":3564.41438968,"d":"3,564.41"},52,263,315,{"v":35.5555129899999,"d":"35.56"},{"v":0.945243625,"d":"0.95"},{"v":297.7517419,"d":"297.75"},{"v":17.2482581199999,"d":"17.25"},0,"0_20307001_496",{"v":3528.85887667999,"d":"3,528.86"},0,{"v":17.2482581199999,"d":"17.25"},{"v":0.009975135,"d":"0.01"},"0_20307001_496_209","F",{"v":0.0409764951142,"d":"0.04"},{"v":1.161182596E-5,"d":"0.00"},{"v":2.00283771406E-4,"d":"0.00"}]
[2,203,20307,{"v":15457.40134,"d":"15,457.40"},3346,{"v":0.216465881,"d":"0.22"},"M",430,20307001,{"v":3564.41438968,"d":"3,564.41"},52,263,315,{"v":35.5555129899999,"d":"35.56"},{"v":0.945243625,"d":"0.95"},{"v":297.7517419,"d":"297.75"},{"v":17.2482581199999,"d":"17.25"},0,"0_20307001_496",{"v":3528.85887667999,"d":"3,528.86"},0,{"v":17.2482581199999,"d":"17.25"},{"v":0.009975135,"d":"0.01"},"0_20307001_496_210","F",{"v":6.71249103585,"d":"6.71"},{"v":0.00190217043821,"d":"0.00"},{"v":0.0328091267065,"d":"0.03"}]
[2,203,20307,{"v":15457.40134,"d":"15,457.40"},3346,{"v":0.216465881,"d":"0.22"},"M",430,20307001,{"v":3564.41438968,"d":"3,564.41"},52,263,315,{"v":35.5555129899999,"d":"35.56"},{"v":0.945243625,"d":"0.95"},{"v":297.7517419,"d":"297.75"},{"v":17.2482581199999,"d":"17.25"},0,"0_20307001_496",{"v":3528.85887667999,"d":"3,528.86"},0,{"v":17.2482581199999,"d":"17.25"},{"v":0.009975135,"d":"0.01"},"0_20307001_496_211","F",{"v":14.0072155537,"d":"14.01"},{"v":0.00396933287592,"d":"0.00"},{"v":0.0684640780081,"d":"0.07"}]
[2,203,20307,{"v":15457.40134,"d":"15,457.40"},3346,{"v":0.216465881,"d":"0.22"},"M",430,20307001,{"v":3564.41438968,"d":"3,564.41"},52,263,315,{"v":35.5555129899999,"d":"35.56"},{"v":0.945243625,"d":"0.95"},{"v":297.7517419,"d":"297.75"},{"v":17.2482581199999,"d":"17.25"},0,"0_20307001_496",{"v":3528.85887667999,"d":"3,528.86"},0,{"v":17.2482581199999,"d":"17.25"},{"v":0.009975135,"d":"0.01"},"0_20307001_496_212","G",{"v":57.7986770676,"d":"57.80"},{"v":0.0163788576102,"d":"0.02"},{"v":0.282506763771,"d":"0.28"}]
[2,203,20307,{"v":15457.40134,"d":"15,457.40"},3346,{"v":0.216465881,"d":"0.22"},"M",430,20307001,{"v":3564.41438968,"d":"3,564.41"},52,263,315,{"v":35.5555129899999,"d":"35.56"},{"v":0.945243625,"d":"0.95"},{"v":297.7517419,"d":"297.75"},{"v":17.2482581199999,"d":"17.25"},0,"0_20307001_496",{"v":3528.85887667999,"d":"3,528.86"},0,{"v":17.2482581199999,"d":"17.25"},{"v":0.009975135,"d":"0.01"},"0_20307001_496_213","G",{"v":118.593803597999,"d":"118.59"},{"v":0.033606842252,"d":"0.03"},{"v":0.579659489761,"d":"0.58"}]
[2,203,20307,{"v":15457.40134,"d":"15,457.40"},3346,{"v":0.216465881,"d":"0.22"},"M",430,20307001,{"v":3564.41438968,"d":"3,564.41"},52,263,315,{"v":35.5555129899999,"d":"35.56"},{"v":0.945243625,"d":"0.95"},{"v":297.7517419,"d":"297.75"},{"v":17.2482581199999,"d":"17.25"},0,"0_20307001_496",{"v":3528.85887667999,"d":"3,528.86"},0,{"v":17.2482581199999,"d":"17.25"},{"v":0.009975135,"d":"0.01"},"0_20307001_496_214","G",{"v":3.3953009445,"d":"3.40"},{"v":0.000962152657035,"d":"0.00"},{"v":0.0165954573794,"d":"0.02"}]
[2,203,20307,{"v":15457.40134,"d":"15,457.40"},3346,{"v":0.216465881,"d":"0.22"},"M",430,20307001,{"v":3564.41438968,"d":"3,564.41"},52,263,315,{"v":35.5555129899999,"d":"35.56"},{"v":0.945243625,"d":"0.95"},{"v":297.7517419,"d":"297.75"},{"v":17.2482581199999,"d":"17.25"},0,"0_20307001_496",{"v":3528.85887667999,"d":"3,528.86"},0,{"v":17.2482581199999,"d":"17.25"},{"v":0.009975135,"d":"0.01"},"0_20307001_496_215","G",{"v":0.0174598362587,"d":"0.02"},{"v":4.947728676e-06,"d":"0.00"},{"v":8.5339701316e-05,"d":"0.00"}]
[2,203,20307,{"v":15457.40134,"d":"15,457.40"},3346,{"v":0.216465881,"d":"0.22"},"M",430,20307001,{"v":3564.41438968,"d":"3,564.41"},52,263,315,{"v":35.5555129899999,"d":"35.56"},{"v":0.945243625,"d":"0.95"},{"v":297.7517419,"d":"297.75"},{"v":17.2482581199999,"d":"17.25"},0,"0_20307001_496",{"v":3528.85887667999,"d":"3,528.86"},0,{"v":17.2482581199999,"d":"17.25"},{"v":0.009975135,"d":"0.01"},"0_20307001_496_216","G",{"v":0.0561777568075,"d":"0.06"},{"v":1.5919524915E-5,"d":"0.00"},{"v":2.74584074875E-4,"d":"0.00"}]
[2,203,20307,{"v":15457.40134,"d":"15,457.40"},3346,{"v":0.216465881,"d":"0.22"},"M",430,20307001,{"v":3564.41438968,"d":"3,564.41"},52,263,315,{"v":35.5555129899999,"d":"35.56"},{"v":0.945243625,"d":"0.95"},{"v":297.7517419,"d":"297.75"},{"v":17.2482581199999,"d":"17.25"},0,"0_20307001_496",{"v":3528.85887667999,"d":"3,528.86"},0,{"v":17.2482581199999,"d":"17.25"},{"v":0.009975135,"d":"0.01"},"0_20307001_496_217","G",{"v":61.0029541450999,"d":"61.00"},{"v":0.0172868783584,"d":"0.02"},{"v":0.298168540015,"d":"0.30"}]
[2,203,20307,{"v":15457.40134,"d":"15,457.40"},3346,{"v":0.216465881,"d":"0.22"},"M",430,20307001,{"v":3564.41438968,"d":"3,564.41"},52,263,315,{"v":35.5555129899999,"d":"35.56"},{"v":0.945243625,"d":"0.95"},{"v":297.7517419,"d":"297.75"},{"v":17.2482581199999,"d":"17.25"},0,"0_20307001_496",{"v":3528.85887667999,"d":"3,528.86"},0,{"v":17.2482581199999,"d":"17.25"},{"v":0.009975135,"d":"0.01"},"0_20307001_496_218","G",{"v":0.00589527378695,"d":"0.01"},{"v":1.670589273e-06,"d":"0.00"},{"v":2.8814755001e-05,"d":"0.00"}]
[2,203,20307,{"v":15457.40134,"d":"15,457.40"},3346,{"v":0.216465881,"d":"0.22"},"M",430,20307001,{"v":3564.41438968,"d":"3,564.41"},52,263,315,{"v":35.5555129899999,"d":"35.56"},{"v":0.945243625,"d":"0.95"},{"v":297.7517419,"d":"297.75"},{"v":17.2482581199999,"d":"17.25"},0,"0_20307001_496",{"v":3528.85887667999,"d":"3,528.86"},0,{"v":17.2482581199999,"d":"17.25"},{"v":0.009975135,"d":"0.01"},"0_20307001_496_219","G",{"v":12.3032849066,"d":"12.30"},{"v":0.00348647688574,"d":"0.00"},{"v":0.0601356532547,"d":"0.06"}]
[2,203,20307,{"v":15457.40134,"d":"15,457.40"},3346,{"v":0.216465881,"d":"0.22"},"M",430,20307001,{"v":3564.41438968,"d":"3,564.41"},52,263,315,{"v":35.5555129899999,"d":"35.56"},{"v":0.945243625,"d":"0.95"},{"v":297.7517419,"d":"297.75"},{"v":17.2482581199999,"d":"17.25"},0,"0_20307001_496",{"v":3528.85887667999,"d":"3,528.86"},0,{"v":17.2482581199999,"d":"17.25"},{"v":0.009975135,"d":"0.01"},"0_20307001_496_220","G",{"v":0.544738307731,"d":"0.54"},{"v":1.54366702316E-4,"d":"0.00"},{"v":2.66255672668E-3,"d":"0.00"}]
[2,203,20307,{"v":15457.40134,"d":"15,457.40"},3346,{"v":0.216465881,"d":"0.22"},"M",430,20307001,{"v":3564.41438968,"d":"3,564.41"},52,263,315,{"v":35.5555129899999,"d":"35.56"},{"v":0.945243625,"d":"0.95"},{"v":297.7517419,"d":"297.75"},{"v":17.2482581199999,"d":"17.25"},0,"0_20307001_496",{"v":3528.85887667999,"d":"3,528.86"},0,{"v":17.2482581199999,"d":"17.25"},{"v":0.009975135,"d":"0.01"},"0_20307001_496_221","G",{"v":0.154981904389,"d":"0.15"},{"v":4.3918419468e-05,"d":"0.00"},{"v":0.000757516235205,"d":"0.00"}]
[2,203,20307,{"v":15457.40134,"d":"15,457.40"},3346,{"v":0.216465881,"d":"0.22"},"M",430,20307002,{"v":4289.05140699999,"d":"4,289.05"},62,119,181,{"v":71.2355825399999,"d":"71.24"},{"v":0.945243625,"d":"0.95"},{"v":171.0890961,"d":"171.09"},{"v":9.91090387,"d":"9.91"},0,"0_20307002_497",{"v":4217.81582445999,"d":"4,217.82"},0,{"v":9.91090387,"d":"9.91"},{"v":0.016608703,"d":"0.02"},"0_20307002_497_222","außerhalb GKL",{"v":4116.53057882,"d":"4,116.53"},{"v":0.97598632803,"d":"0.98"},{"v":9.67290667554,"d":"9.67"}]
[2,203,20307,{"v":15457.40134,"d":"15,457.40"},3346,{"v":0.216465881,"d":"0.22"},"M",430,20307002,{"v":4289.05140699999,"d":"4,289.05"},62,119,181,{"v":71.2355825399999,"d":"71.24"},{"v":0.945243625,"d":"0.95"},{"v":171.0890961,"d":"171.09"},{"v":9.91090387,"d":"9.91"},0,"0_20307002_497",{"v":4217.81582445999,"d":"4,217.82"},0,{"v":9.91090387,"d":"9.91"},{"v":0.016608703,"d":"0.02"},"0_20307002_497_223","außerhalb GKL",{"v":34.6499755226999,"d":"34.65"},{"v":0.00821514664575,"d":"0.01"},{"v":0.081419528684,"d":"0.08"}]
[2,203,20307,{"v":15457.40134,"d":"15,457.40"},3346,{"v":0.216465881,"d":"0.22"},"M",430,20307002,{"v":4289.05140699999,"d":"4,289.05"},62,119,181,{"v":71.2355825399999,"d":"71.24"},{"v":0.945243625,"d":"0.95"},{"v":171.0890961,"d":"171.09"},{"v":9.91090387,"d":"9.91"},0,"0_20307002_497",{"v":4217.81582445999,"d":"4,217.82"},0,{"v":9.91090387,"d":"9.91"},{"v":0.016608703,"d":"0.02"},"0_20307002_497_224","F",{"v":0.0660933224688,"d":"0.07"},{"v":1.5670035208e-05,"d":"0.00"},{"v":0.000155304212583,"d":"0.00"}]
[2,203,20307,{"v":15457.40134,"d":"15,457.40"},3346,{"v":0.216465881,"d":"0.22"},"M",430,20307002,{"v":4289.05140699999,"d":"4,289.05"},62,119,181,{"v":71.2355825399999,"d":"71.24"},{"v":0.945243625,"d":"0.95"},{"v":171.0890961,"d":"171.09"},{"v":9.91090387,"d":"9.91"},0,"0_20307002_497",{"v":4217.81582445999,"d":"4,217.82"},0,{"v":9.91090387,"d":"9.91"},{"v":0.016608703,"d":"0.02"},"0_20307002_497_225","F",{"v":0.121635871387,"d":"0.12"},{"v":2.8838592402e-05,"d":"0.00"},{"v":0.000285816517039,"d":"0.00"}]
[2,203,20307,{"v":15457.40134,"d":"15,457.40"},3346,{"v":0.216465881,"d":"0.22"},"M",430,20307002,{"v":4289.05140699999,"d":"4,289.05"},62,119,181,{"v":71.2355825399999,"d":"71.24"},{"v":0.945243625,"d":"0.95"},{"v":171.0890961,"d":"171.09"},{"v":9.91090387,"d":"9.91"},0,"0_20307002_497",{"v":4217.81582445999,"d":"4,217.82"},0,{"v":9.91090387,"d":"9.91"},{"v":0.016608703,"d":"0.02"},"0_20307002_497_226","F",{"v":0.233228286739,"d":"0.23"},{"v":5.5295986465e-05,"d":"0.00"},{"v":0.000548033206246,"d":"0.00"}]
[2,203,20307,{"v":15457.40134,"d":"15,457.40"},3346,{"v":0.216465881,"d":"0.22"},"M",430,20307002,{"v":4289.05140699999,"d":"4,289.05"},62,119,181,{"v":71.2355825399999,"d":"71.24"},{"v":0.945243625,"d":"0.95"},{"v":171.0890961,"d":"171.09"},{"v":9.91090387,"d":"9.91"},0,"0_20307002_497",{"v":4217.81582445999,"d":"4,217.82"},0,{"v":9.91090387,"d":"9.91"},{"v":0.016608703,"d":"0.02"},"0_20307002_497_227","F",{"v":0.277541478772,"d":"0.28"},{"v":6.5802180636e-05,"d":"0.00"},{"v":0.000652159086724,"d":"0.00"}]
[2,203,20307,{"v":15457.40134,"d":"15,457.40"},3346,{"v":0.216465881,"d":"0.22"},"M",430,20307002,{"v":4289.05140699999,"d":"4,289.05"},62,119,181,{"v":71.2355825399999,"d":"71.24"},{"v":0.945243625,"d":"0.95"},{"v":171.0890961,"d":"171.09"},{"v":9.91090387,"d":"9.91"},0,"0_20307002_497",{"v":4217.81582445999,"d":"4,217.82"},0,{"v":9.91090387,"d":"9.91"},{"v":0.016608703,"d":"0.02"},"0_20307002_497_228","F",{"v":2.168446658,"d":"2.17"},{"v":0.000514116013654,"d":"0.00"},{"v":5.09535438935E-3,"d":"0.01"}]
[2,203,20307,{"v":15457.40134,"d":"15,457.40"},3346,{"v":0.216465881,"d":"0.22"},"M",430,20307002,{"v":4289.05140699999,"d":"4,289.05"},62,119,181,{"v":71.2355825399999,"d":"71.24"},{"v":0.945243625,"d":"0.95"},{"v":171.0890961,"d":"171.09"},{"v":9.91090387,"d":"9.91"},0,"0_20307002_497",{"v":4217.81582445999,"d":"4,217.82"},0,{"v":9.91090387,"d":"9.91"},{"v":0.016608703,"d":"0.02"},"0_20307002_497_229","F",{"v":0.00748756164617,"d":"0.01"},{"v":1.775222522e-06,"d":"0.00"},{"v":1.7594059766e-05,"d":"0.00"}]
[2,203,20307,{"v":15457.40134,"d":"15,457.40"},3346,{"v":0.216465881,"d":"0.22"},"M",430,20307002,{"v":4289.05140699999,"d":"4,289.05"},62,119,181,{"v":71.2355825399999,"d":"71.24"},{"v":0.945243625,"d":"0.95"},{"v":171.0890961,"d":"171.09"},{"v":9.91090387,"d":"9.91"},0,"0_20307002_497",{"v":4217.81582445999,"d":"4,217.82"},0,{"v":9.91090387,"d":"9.91"},{"v":0.016608703,"d":"0.02"},"0_20307002_497_230","F",{"v":0.00293532289109,"d":"0.00"},{"v":6.95934345e-07,"d":"0.00"},{"v":6.897338388e-06,"d":"0.00"}]
[2,203,20307,{"v":15457.40134,"d":"15,457.40"},3346,{"v":0.216465881,"d":"0.22"},"M",430,20307002,{"v":4289.05140699999,"d":"4,289.05"},62,119,181,{"v":71.2355825399999,"d":"71.24"},{"v":0.945243625,"d":"0.95"},{"v":171.0890961,"d":"171.09"},{"v":9.91090387,"d":"9.91"},0,"0_20307002_497",{"v":4217.81582445999,"d":"4,217.82"},0,{"v":9.91090387,"d":"9.91"},{"v":0.016608703,"d":"0.02"},"0_20307002_497_231","F",{"v":3.49176383326,"d":"3.49"},{"v":0.000827860669736,"d":"0.00"},{"v":0.00820484751551,"d":"0.01"}]
[2,203,20307,{"v":15457.40134,"d":"15,457.40"},3346,{"v":0.216465881,"d":"0.22"},"M",430,20307002,{"v":4289.05140699999,"d":"4,289.05"},62,119,181,{"v":71.2355825399999,"d":"71.24"},{"v":0.945243625,"d":"0.95"},{"v":171.0890961,"d":"171.09"},{"v":9.91090387,"d":"9.91"},0,"0_20307002_497",{"v":4217.81582445999,"d":"4,217.82"},0,{"v":9.91090387,"d":"9.91"},{"v":0.016608703,"d":"0.02"},"0_20307002_497_232","G",{"v":1.90679880513,"d":"1.91"},{"v":4.52082045421E-4,"d":"0.00"},{"v":0.00448054169352,"d":"0.00"}]
[2,203,20307,{"v":15457.40134,"d":"15,457.40"},3346,{"v":0.216465881,"d":"0.22"},"M",430,20307002,{"v":4289.05140699999,"d":"4,289.05"},62,119,181,{"v":71.2355825399999,"d":"71.24"},{"v":0.945243625,"d":"0.95"},{"v":171.0890961,"d":"171.09"},{"v":9.91090387,"d":"9.91"},0,"0_20307002_497",{"v":4217.81582445999,"d":"4,217.82"},0,{"v":9.91090387,"d":"9.91"},{"v":0.016608703,"d":"0.02"},"0_20307002_497_233","G",{"v":0.000153298102942,"d":"0.00"},{"v":3.6345376E-8,"d":"0.00"},{"v":3.6021553e-07,"d":"0.00"}]
[2,203,20307,{"v":15457.40134,"d":"15,457.40"},3346,{"v":0.216465881,"d":"0.22"},"M",430,20307002,{"v":4289.05140699999,"d":"4,289.05"},62,119,181,{"v":71.2355825399999,"d":"71.24"},{"v":0.945243625,"d":"0.95"},{"v":171.0890961,"d":"171.09"},{"v":9.91090387,"d":"9.91"},0,"0_20307002_497",{"v":4217.81582445999,"d":"4,217.82"},0,{"v":9.91090387,"d":"9.91"},{"v":0.016608703,"d":"0.02"},"0_20307002_497_234","G",{"v":0.407458891791,"d":"0.41"},{"v":9.6604239907e-05,"d":"0.00"},{"v":0.000957435335156,"d":"0.00"}]
[2,203,20307,{"v":15457.40134,"d":"15,457.40"},3346,{"v":0.216465881,"d":"0.22"},"M",430,20307002,{"v":4289.05140699999,"d":"4,289.05"},62,119,181,{"v":71.2355825399999,"d":"71.24"},{"v":0.945243625,"d":"0.95"},{"v":171.0890961,"d":"171.09"},{"v":9.91090387,"d":"9.91"},0,"0_20307002_497",{"v":4217.81582445999,"d":"4,217.82"},0,{"v":9.91090387,"d":"9.91"},{"v":0.016608703,"d":"0.02"},"0_20307002_497_235","G",{"v":35.6403611654,"d":"35.64"},{"v":0.008449956719,"d":"0.01"},{"v":0.0837467087477,"d":"0.08"}]
[2,203,20307,{"v":15457.40134,"d":"15,457.40"},3346,{"v":0.216465881,"d":"0.22"},"M",430,20307002,{"v":4289.05140699999,"d":"4,289.05"},62,119,181,{"v":71.2355825399999,"d":"71.24"},{"v":0.945243625,"d":"0.95"},{"v":171.0890961,"d":"171.09"},{"v":9.91090387,"d":"9.91"},0,"0_20307002_497",{"v":4217.81582445999,"d":"4,217.82"},0,{"v":9.91090387,"d":"9.91"},{"v":0.016608703,"d":"0.02"},"0_20307002_497_236","G",{"v":20.8153792003,"d":"20.82"},{"v":0.00493510861228,"d":"0.00"},{"v":0.0489113870443,"d":"0.05"}]
[2,203,20307,{"v":15457.40134,"d":"15,457.40"},3346,{"v":0.216465881,"d":"0.22"},"M",430,20307002,{"v":4289.05140699999,"d":"4,289.05"},62,119,181,{"v":71.2355825399999,"d":"71.24"},{"v":0.945243625,"d":"0.95"},{"v":171.0890961,"d":"171.09"},{"v":9.91090387,"d":"9.91"},0,"0_20307002_497",{"v":4217.81582445999,"d":"4,217.82"},0,{"v":9.91090387,"d":"9.91"},{"v":0.016608703,"d":"0.02"},"0_20307002_497_237","G",{"v":1.49598642872,"d":"1.50"},{"v":0.000354682729399,"d":"0.00"},{"v":0.00351522643542,"d":"0.00"}]
[2,203,20307,{"v":15457.40134,"d":"15,457.40"},3346,{"v":0.216465881,"d":"0.22"},"M",430,20307003,{"v":3477.47410742,"d":"3,477.47"},61,0,61,{"v":37.605761,"d":"37.61"},{"v":0.945243625,"d":"0.95"},{"v":57.65986113,"d":"57.66"},{"v":3.340138873,"d":"3.34"},0,"0_20307003_498",{"v":3439.86834640999,"d":"3,439.87"},0,{"v":3.340138873,"d":"3.34"},{"v":0.010814102,"d":"0.01"},"0_20307003_498_238","außerhalb GKL",{"v":3360.83941554,"d":"3,360.84"},{"v":0.977025594322,"d":"0.98"},{"v":3.26340116751,"d":"3.26"}]
[2,203,20307,{"v":15457.40134,"d":"15,457.40"},3346,{"v":0.216465881,"d":"0.22"},"M",430,20307003,{"v":3477.47410742,"d":"3,477.47"},61,0,61,{"v":37.605761,"d":"37.61"},{"v":0.945243625,"d":"0.95"},{"v":57.65986113,"d":"57.66"},{"v":3.340138873,"d":"3.34"},0,"0_20307003_498",{"v":3439.86834640999,"d":"3,439.87"},0,{"v":3.340138873,"d":"3.34"},{"v":0.010814102,"d":"0.01"},"0_20307003_498_239","G",{"v":17.6373719390999,"d":"17.64"},{"v":0.00512733923596,"d":"0.01"},{"v":0.0171260250971,"d":"0.02"}]
[2,203,20307,{"v":15457.40134,"d":"15,457.40"},3346,{"v":0.216465881,"d":"0.22"},"M",430,20307003,{"v":3477.47410742,"d":"3,477.47"},61,0,61,{"v":37.605761,"d":"37.61"},{"v":0.945243625,"d":"0.95"},{"v":57.65986113,"d":"57.66"},{"v":3.340138873,"d":"3.34"},0,"0_20307003_498",{"v":3439.86834640999,"d":"3,439.87"},0,{"v":3.340138873,"d":"3.34"},{"v":0.010814102,"d":"0.01"},"0_20307003_498_240","G",{"v":16.561037415,"d":"16.56"},{"v":0.0048144393178,"d":"0.00"},{"v":0.0160808959171,"d":"0.02"}]
[2,203,20307,{"v":15457.40134,"d":"15,457.40"},3346,{"v":0.216465881,"d":"0.22"},"M",430,20307003,{"v":3477.47410742,"d":"3,477.47"},61,0,61,{"v":37.605761,"d":"37.61"},{"v":0.945243625,"d":"0.95"},{"v":57.65986113,"d":"57.66"},{"v":3.340138873,"d":"3.34"},0,"0_20307003_498",{"v":3439.86834640999,"d":"3,439.87"},0,{"v":3.340138873,"d":"3.34"},{"v":0.010814102,"d":"0.01"},"0_20307003_498_241","G",{"v":3.43649002785,"d":"3.44"},{"v":0.000999017893065,"d":"0.00"},{"v":0.00333685849945,"d":"0.00"}]
[2,203,20307,{"v":15457.40134,"d":"15,457.40"},3346,{"v":0.216465881,"d":"0.22"},"M",430,20307003,{"v":3477.47410742,"d":"3,477.47"},61,0,61,{"v":37.605761,"d":"37.61"},{"v":0.945243625,"d":"0.95"},{"v":57.65986113,"d":"57.66"},{"v":3.340138873,"d":"3.34"},0,"0_20307003_498",{"v":3439.86834640999,"d":"3,439.87"},0,{"v":3.340138873,"d":"3.34"},{"v":0.010814102,"d":"0.01"},"0_20307003_498_242","G",{"v":14.1812116475,"d":"14.18"},{"v":0.00412260302412,"d":"0.00"},{"v":0.0137700666188,"d":"0.01"}]
[2,203,20307,{"v":15457.40134,"d":"15,457.40"},3346,{"v":0.216465881,"d":"0.22"},"M",430,20307003,{"v":3477.47410742,"d":"3,477.47"},61,0,61,{"v":37.605761,"d":"37.61"},{"v":0.945243625,"d":"0.95"},{"v":57.65986113,"d":"57.66"},{"v":3.340138873,"d":"3.34"},0,"0_20307003_498",{"v":3439.86834640999,"d":"3,439.87"},0,{"v":3.340138873,"d":"3.34"},{"v":0.010814102,"d":"0.01"},"0_20307003_498_243","G",{"v":1.40082165561,"d":"1.40"},{"v":0.000407231182865,"d":"0.00"},{"v":0.00136020870419,"d":"0.00"}]
[2,203,20307,{"v":15457.40134,"d":"15,457.40"},3346,{"v":0.216465881,"d":"0.22"},"M",430,20307003,{"v":3477.47410742,"d":"3,477.47"},61,0,61,{"v":37.605761,"d":"37.61"},{"v":0.945243625,"d":"0.95"},{"v":57.65986113,"d":"57.66"},{"v":3.340138873,"d":"3.34"},0,"0_20307003_498",{"v":3439.86834640999,"d":"3,439.87"},0,{"v":3.340138873,"d":"3.34"},{"v":0.010814102,"d":"0.01"},"0_20307003_498_244","G",{"v":4.98976860595,"d":"4.99"},{"v":1.45056964496E-3,"d":"0.00"},{"v":0.00484510405912,"d":"0.00"}]
[2,203,20307,{"v":15457.40134,"d":"15,457.40"},3346,{"v":0.216465881,"d":"0.22"},"M",430,20307003,{"v":3477.47410742,"d":"3,477.47"},61,0,61,{"v":37.605761,"d":"37.61"},{"v":0.945243625,"d":"0.95"},{"v":57.65986113,"d":"57.66"},{"v":3.340138873,"d":"3.34"},0,"0_20307003_498",{"v":3439.86834640999,"d":"3,439.87"},0,{"v":3.340138873,"d":"3.34"},{"v":0.010814102,"d":"0.01"},"0_20307003_498_245","G",{"v":7.28171187406,"d":"7.28"},{"v":2.11685772267E-3,"d":"0.00"},{"v":0.0070705987681,"d":"0.01"}]
[2,203,20307,{"v":15457.40134,"d":"15,457.40"},3346,{"v":0.216465881,"d":"0.22"},"M",430,20307003,{"v":3477.47410742,"d":"3,477.47"},61,0,61,{"v":37.605761,"d":"37.61"},{"v":0.945243625,"d":"0.95"},{"v":57.65986113,"d":"57.66"},{"v":3.340138873,"d":"3.34"},0,"0_20307003_498",{"v":3439.86834640999,"d":"3,439.87"},0,{"v":3.340138873,"d":"3.34"},{"v":0.010814102,"d":"0.01"},"0_20307003_498_246","G",{"v":13.5405177068999,"d":"13.54"},{"v":0.00393634765733,"d":"0.00"},{"v":0.0131479478279,"d":"0.01"}]
[2,203,20307,{"v":15457.40134,"d":"15,457.40"},3346,{"v":0.216465881,"d":"0.22"},"M",430,20307004,{"v":3826.77890037999,"d":"3,826.78"},63,44,107,{"v":51.85474689,"d":"51.85"},{"v":0.945243625,"d":"0.95"},{"v":101.141067899999,"d":"101.14"},{"v":5.858932122,"d":"5.86"},0,"0_20307004_499",{"v":3774.92415347999,"d":"3,774.92"},0,{"v":5.858932122,"d":"5.86"},{"v":0.013550495,"d":"0.01"},"0_20307004_499_247","außerhalb GKL",{"v":3742.42906722999,"d":"3,742.43"},{"v":0.991391857179,"d":"0.99"},{"v":5.80849759752,"d":"5.81"}]
[2,203,20307,{"v":15457.40134,"d":"15,457.40"},3346,{"v":0.216465881,"d":"0.22"},"M",430,20307004,{"v":3826.77890037999,"d":"3,826.78"},63,44,107,{"v":51.85474689,"d":"51.85"},{"v":0.945243625,"d":"0.95"},{"v":101.141067899999,"d":"101.14"},{"v":5.858932122,"d":"5.86"},0,"0_20307004_499",{"v":3774.92415347999,"d":"3,774.92"},0,{"v":5.858932122,"d":"5.86"},{"v":0.013550495,"d":"0.01"},"0_20307004_499_248","G",{"v":0.042210399753,"d":"0.04"},{"v":1.1181787511E-5,"d":"0.00"},{"v":6.5513334027e-05,"d":"0.00"}]
[2,203,20307,{"v":15457.40134,"d":"15,457.40"},3346,{"v":0.216465881,"d":"0.22"},"M",430,20307004,{"v":3826.77890037999,"d":"3,826.78"},63,44,107,{"v":51.85474689,"d":"51.85"},{"v":0.945243625,"d":"0.95"},{"v":101.141067899999,"d":"101.14"},{"v":5.858932122,"d":"5.86"},0,"0_20307004_499",{"v":3774.92415347999,"d":"3,774.92"},0,{"v":5.858932122,"d":"5.86"},{"v":0.013550495,"d":"0.01"},"0_20307004_499_249","G",{"v":25.8727884529999,"d":"25.87"},{"v":0.00685385650177,"d":"0.01"},{"v":0.0401562800178,"d":"0.04"}]
[2,203,20307,{"v":15457.40134,"d":"15,457.40"},3346,{"v":0.216465881,"d":"0.22"},"M",430,20307004,{"v":3826.77890037999,"d":"3,826.78"},63,44,107,{"v":51.85474689,"d":"51.85"},{"v":0.945243625,"d":"0.95"},{"v":101.141067899999,"d":"101.14"},{"v":5.858932122,"d":"5.86"},0,"0_20307004_499",{"v":3774.92415347999,"d":"3,774.92"},0,{"v":5.858932122,"d":"5.86"},{"v":0.013550495,"d":"0.01"},"0_20307004_499_250","G",{"v":6.57302118008,"d":"6.57"},{"v":0.00174123264808,"d":"0.00"},{"v":0.0102017638937,"d":"0.01"}]
[2,203,20307,{"v":15457.40134,"d":"15,457.40"},3346,{"v":0.216465881,"d":"0.22"},"M",430,20307004,{"v":3826.77890037999,"d":"3,826.78"},63,44,107,{"v":51.85474689,"d":"51.85"},{"v":0.945243625,"d":"0.95"},{"v":101.141067899999,"d":"101.14"},{"v":5.858932122,"d":"5.86"},0,"0_20307004_499",{"v":3774.92415347999,"d":"3,774.92"},0,{"v":5.858932122,"d":"5.86"},{"v":0.013550495,"d":"0.01"},"0_20307004_499_251","G",{"v":7.06621862512E-3,"d":"0.01"},{"v":1.871883603e-06,"d":"0.00"},{"v":1.096723897e-05,"d":"0.00"}]
[2,203,20320,{"v":5646.63504499999,"d":"5,646.64"},1241,{"v":0.21977691,"d":"0.22"},"G",430,20320000,{"v":2785.54145246999,"d":"2,785.54"},76,212,288,{"v":92.40761729,"d":"92.41"},{"v":0.945243625,"d":"0.95"},{"v":272.230164,"d":"272.23"},{"v":15.76983599,"d":"15.77"},0,"0_20320000_502",{"v":2693.13383518,"d":"2,693.13"},0,{"v":15.76983599,"d":"15.77"},{"v":0.033174023,"d":"0.03"},"0_20320000_502_252","außerhalb GKL",{"v":2568.46877820999,"d":"2,568.47"},{"v":0.953710040199,"d":"0.95"},{"v":15.039850916,"d":"15.04"}]
[2,203,20320,{"v":5646.63504499999,"d":"5,646.64"},1241,{"v":0.21977691,"d":"0.22"},"G",430,20320000,{"v":2785.54145246999,"d":"2,785.54"},76,212,288,{"v":92.40761729,"d":"92.41"},{"v":0.945243625,"d":"0.95"},{"v":272.230164,"d":"272.23"},{"v":15.76983599,"d":"15.77"},0,"0_20320000_502",{"v":2693.13383518,"d":"2,693.13"},0,{"v":15.76983599,"d":"15.77"},{"v":0.033174023,"d":"0.03"},"0_20320000_502_253","außerhalb GKL",{"v":4.47789179918,"d":"4.48"},{"v":0.00166270674732,"d":"0.00"},{"v":0.0262206127047,"d":"0.03"}]
[2,203,20320,{"v":5646.63504499999,"d":"5,646.64"},1241,{"v":0.21977691,"d":"0.22"},"G",430,20320000,{"v":2785.54145246999,"d":"2,785.54"},76,212,288,{"v":92.40761729,"d":"92.41"},{"v":0.945243625,"d":"0.95"},{"v":272.230164,"d":"272.23"},{"v":15.76983599,"d":"15.77"},0,"0_20320000_502",{"v":2693.13383518,"d":"2,693.13"},0,{"v":15.76983599,"d":"15.77"},{"v":0.033174023,"d":"0.03"},"0_20320000_502_254","außerhalb GKL",{"v":0.00367097062134,"d":"0.00"},{"v":1.363085107E-6,"d":"0.00"},{"v":2.1495628575E-5,"d":"0.00"}]
[2,203,20320,{"v":5646.63504499999,"d":"5,646.64"},1241,{"v":0.21977691,"d":"0.22"},"G",430,20320000,{"v":2785.54145246999,"d":"2,785.54"},76,212,288,{"v":92.40761729,"d":"92.41"},{"v":0.945243625,"d":"0.95"},{"v":272.230164,"d":"272.23"},{"v":15.76983599,"d":"15.77"},0,"0_20320000_502",{"v":2693.13383518,"d":"2,693.13"},0,{"v":15.76983599,"d":"15.77"},{"v":0.033174023,"d":"0.03"},"0_20320000_502_255","F",{"v":0.165919334325,"d":"0.17"},{"v":6.1608276632e-05,"d":"0.00"},{"v":0.000971552418115,"d":"0.00"}]
[2,203,20320,{"v":5646.63504499999,"d":"5,646.64"},1241,{"v":0.21977691,"d":"0.22"},"G",430,20320000,{"v":2785.54145246999,"d":"2,785.54"},76,212,288,{"v":92.40761729,"d":"92.41"},{"v":0.945243625,"d":"0.95"},{"v":272.230164,"d":"272.23"},{"v":15.76983599,"d":"15.77"},0,"0_20320000_502",{"v":2693.13383518,"d":"2,693.13"},0,{"v":15.76983599,"d":"15.77"},{"v":0.033174023,"d":"0.03"},"0_20320000_502_256","F",{"v":1.05344365005,"d":"1.05"},{"v":0.000391159041667,"d":"0.00"},{"v":0.00616851393309,"d":"0.01"}]
[2,203,20320,{"v":5646.63504499999,"d":"5,646.64"},1241,{"v":0.21977691,"d":"0.22"},"G",430,20320000,{"v":2785.54145246999,"d":"2,785.54"},76,212,288,{"v":92.40761729,"d":"92.41"},{"v":0.945243625,"d":"0.95"},{"v":272.230164,"d":"272.23"},{"v":15.76983599,"d":"15.77"},0,"0_20320000_502",{"v":2693.13383518,"d":"2,693.13"},0,{"v":15.76983599,"d":"15.77"},{"v":0.033174023,"d":"0.03"},"0_20320000_502_257","F",{"v":0.000406720261484,"d":"0.00"},{"v":1.51021184e-07,"d":"0.00"},{"v":2.381579309E-6,"d":"0.00"}]
[2,203,20320,{"v":5646.63504499999,"d":"5,646.64"},1241,{"v":0.21977691,"d":"0.22"},"G",430,20320000,{"v":2785.54145246999,"d":"2,785.54"},76,212,288,{"v":92.40761729,"d":"92.41"},{"v":0.945243625,"d":"0.95"},{"v":272.230164,"d":"272.23"},{"v":15.76983599,"d":"15.77"},0,"0_20320000_502",{"v":2693.13383518,"d":"2,693.13"},0,{"v":15.76983599,"d":"15.77"},{"v":0.033174023,"d":"0.03"},"0_20320000_502_258","F",{"v":4.1459653e-08,"d":"0.00"},{"v":1.5395e-11,"d":"0.00"},{"v":2.4277e-10,"d":"0.00"}]
[2,203,20320,{"v":5646.63504499999,"d":"5,646.64"},1241,{"v":0.21977691,"d":"0.22"},"G",430,20320000,{"v":2785.54145246999,"d":"2,785.54"},76,212,288,{"v":92.40761729,"d":"92.41"},{"v":0.945243625,"d":"0.95"},{"v":272.230164,"d":"272.23"},{"v":15.76983599,"d":"15.77"},0,"0_20320000_502",{"v":2693.13383518,"d":"2,693.13"},0,{"v":15.76983599,"d":"15.77"},{"v":0.033174023,"d":"0.03"},"0_20320000_502_259","F",{"v":15.9336668499,"d":"15.93"},{"v":0.00591640364907,"d":"0.01"},{"v":0.0933007151965,"d":"0.09"}]
[2,203,20320,{"v":5646.63504499999,"d":"5,646.64"},1241,{"v":0.21977691,"d":"0.22"},"G",430,20320000,{"v":2785.54145246999,"d":"2,785.54"},76,212,288,{"v":92.40761729,"d":"92.41"},{"v":0.945243625,"d":"0.95"},{"v":272.230164,"d":"272.23"},{"v":15.76983599,"d":"15.77"},0,"0_20320000_502",{"v":2693.13383518,"d":"2,693.13"},0,{"v":15.76983599,"d":"15.77"},{"v":0.033174023,"d":"0.03"},"0_20320000_502_260","G",{"v":0.68352387104,"d":"0.68"},{"v":0.000253802414908,"d":"0.00"},{"v":0.00400242245697,"d":"0.00"}]
[2,203,20320,{"v":5646.63504499999,"d":"5,646.64"},1241,{"v":0.21977691,"d":"0.22"},"G",430,20320000,{"v":2785.54145246999,"d":"2,785.54"},76,212,288,{"v":92.40761729,"d":"92.41"},{"v":0.945243625,"d":"0.95"},{"v":272.230164,"d":"272.23"},{"v":15.76983599,"d":"15.77"},0,"0_20320000_502",{"v":2693.13383518,"d":"2,693.13"},0,{"v":15.76983599,"d":"15.77"},{"v":0.033174023,"d":"0.03"},"0_20320000_502_261","G",{"v":12.7683490891999,"d":"12.77"},{"v":0.00474107484835,"d":"0.00"},{"v":0.0747659727748,"d":"0.07"}]
[2,203,20320,{"v":5646.63504499999,"d":"5,646.64"},1241,{"v":0.21977691,"d":"0.22"},"G",430,20320000,{"v":2785.54145246999,"d":"2,785.54"},76,212,288,{"v":92.40761729,"d":"92.41"},{"v":0.945243625,"d":"0.95"},{"v":272.230164,"d":"272.23"},{"v":15.76983599,"d":"15.77"},0,"0_20320000_502",{"v":2693.13383518,"d":"2,693.13"},0,{"v":15.76983599,"d":"15.77"},{"v":0.033174023,"d":"0.03"},"0_20320000_502_262","G",{"v":89.4205590747999,"d":"89.42"},{"v":0.0332031620214,"d":"0.03"},{"v":0.523608419427,"d":"0.52"}]
[2,203,20320,{"v":5646.63504499999,"d":"5,646.64"},1241,{"v":0.21977691,"d":"0.22"},"G",430,20320000,{"v":2785.54145246999,"d":"2,785.54"},76,212,288,{"v":92.40761729,"d":"92.41"},{"v":0.945243625,"d":"0.95"},{"v":272.230164,"d":"272.23"},{"v":15.76983599,"d":"15.77"},0,"0_20320000_502",{"v":2693.13383518,"d":"2,693.13"},0,{"v":15.76983599,"d":"15.77"},{"v":0.033174023,"d":"0.03"},"0_20320000_502_263","G",{"v":0.15762557303,"d":"0.16"},{"v":5.8528681706e-05,"d":"0.00"},{"v":0.00092298771121,"d":"0.00"}]
[2,203,20321,{"v":19083.04949,"d":"19,083.05"},1288,{"v":0.067494454,"d":"0.07"},"G",430,20321000,{"v":5114.50064985999,"d":"5,114.50"},54,129,183,{"v":37.1580538999999,"d":"37.16"},{"v":0.945243625,"d":"0.95"},{"v":172.979583399999,"d":"172.98"},{"v":10.02041662,"d":"10.02"},0,"0_20321000_504",{"v":5077.34259595999,"d":"5,077.34"},0,{"v":10.02041662,"d":"10.02"},{"v":0.007265236,"d":"0.01"},"0_20321000_504_264","außerhalb GKL",{"v":5015.02613156,"d":"5,015.03"},{"v":0.987726559076,"d":"0.99"},{"v":9.89743162858,"d":"9.90"}]
[2,203,20321,{"v":19083.04949,"d":"19,083.05"},1288,{"v":0.067494454,"d":"0.07"},"G",430,20321000,{"v":5114.50064985999,"d":"5,114.50"},54,129,183,{"v":37.1580538999999,"d":"37.16"},{"v":0.945243625,"d":"0.95"},{"v":172.979583399999,"d":"172.98"},{"v":10.02041662,"d":"10.02"},0,"0_20321000_504",{"v":5077.34259595999,"d":"5,077.34"},0,{"v":10.02041662,"d":"10.02"},{"v":0.007265236,"d":"0.01"},"0_20321000_504_265","F",{"v":4.67609756966,"d":"4.68"},{"v":0.000920973418926,"d":"0.00"},{"v":0.00922853735358,"d":"0.01"}]
[2,203,20321,{"v":19083.04949,"d":"19,083.05"},1288,{"v":0.067494454,"d":"0.07"},"G",430,20321000,{"v":5114.50064985999,"d":"5,114.50"},54,129,183,{"v":37.1580538999999,"d":"37.16"},{"v":0.945243625,"d":"0.95"},{"v":172.979583399999,"d":"172.98"},{"v":10.02041662,"d":"10.02"},0,"0_20321000_504",{"v":5077.34259595999,"d":"5,077.34"},0,{"v":10.02041662,"d":"10.02"},{"v":0.007265236,"d":"0.01"},"0_20321000_504_266","F",{"v":0.0219141202233,"d":"0.02"},{"v":4.316060973e-06,"d":"0.00"},{"v":4.3248729103e-05,"d":"0.00"}]
[2,203,20321,{"v":19083.04949,"d":"19,083.05"},1288,{"v":0.067494454,"d":"0.07"},"G",430,20321000,{"v":5114.50064985999,"d":"5,114.50"},54,129,183,{"v":37.1580538999999,"d":"37.16"},{"v":0.945243625,"d":"0.95"},{"v":172.979583399999,"d":"172.98"},{"v":10.02041662,"d":"10.02"},0,"0_20321000_504",{"v":5077.34259595999,"d":"5,077.34"},0,{"v":10.02041662,"d":"10.02"},{"v":0.007265236,"d":"0.01"},"0_20321000_504_267","F",{"v":0.521575428648,"d":"0.52"},{"v":1.02726065612E-4,"d":"0.00"},{"v":0.00102935797517,"d":"0.00"}]
[2,203,20321,{"v":19083.04949,"d":"19,083.05"},1288,{"v":0.067494454,"d":"0.07"},"G",430,20321000,{"v":5114.50064985999,"d":"5,114.50"},54,129,183,{"v":37.1580538999999,"d":"37.16"},{"v":0.945243625,"d":"0.95"},{"v":172.979583399999,"d":"172.98"},{"v":10.02041662,"d":"10.02"},0,"0_20321000_504",{"v":5077.34259595999,"d":"5,077.34"},0,{"v":10.02041662,"d":"10.02"},{"v":0.007265236,"d":"0.01"},"0_20321000_504_268","F",{"v":1.3107571875,"d":"1.31"},{"v":0.000258158113763,"d":"0.00"},{"v":2.58685185374E-3,"d":"0.00"}]
[2,203,20321,{"v":19083.04949,"d":"19,083.05"},1288,{"v":0.067494454,"d":"0.07"},"G",430,20321000,{"v":5114.50064985999,"d":"5,114.50"},54,129,183,{"v":37.1580538999999,"d":"37.16"},{"v":0.945243625,"d":"0.95"},{"v":172.979583399999,"d":"172.98"},{"v":10.02041662,"d":"10.02"},0,"0_20321000_504",{"v":5077.34259595999,"d":"5,077.34"},0,{"v":10.02041662,"d":"10.02"},{"v":0.007265236,"d":"0.01"},"0_20321000_504_269","G",{"v":50.9388288403999,"d":"50.94"},{"v":0.0100325766634,"d":"0.01"},{"v":0.100530597939,"d":"0.10"}]
[2,203,20321,{"v":19083.04949,"d":"19,083.05"},1288,{"v":0.067494454,"d":"0.07"},"G",430,20321000,{"v":5114.50064985999,"d":"5,114.50"},54,129,183,{"v":37.1580538999999,"d":"37.16"},{"v":0.945243625,"d":"0.95"},{"v":172.979583399999,"d":"172.98"},{"v":10.02041662,"d":"10.02"},0,"0_20321000_504",{"v":5077.34259595999,"d":"5,077.34"},0,{"v":10.02041662,"d":"10.02"},{"v":0.007265236,"d":"0.01"},"0_20321000_504_270","G",{"v":3.46211764407,"d":"3.46"},{"v":0.000681875918088,"d":"0.00"},{"v":0.00683268078239,"d":"0.01"}]
[2,203,20321,{"v":19083.04949,"d":"19,083.05"},1288,{"v":0.067494454,"d":"0.07"},"G",430,20321000,{"v":5114.50064985999,"d":"5,114.50"},54,129,183,{"v":37.1580538999999,"d":"37.16"},{"v":0.945243625,"d":"0.95"},{"v":172.979583399999,"d":"172.98"},{"v":10.02041662,"d":"10.02"},0,"0_20321000_504",{"v":5077.34259595999,"d":"5,077.34"},0,{"v":10.02041662,"d":"10.02"},{"v":0.007265236,"d":"0.01"},"0_20321000_504_271","G",{"v":0.179169133343,"d":"0.18"},{"v":3.5287973966e-05,"d":"0.00"},{"v":0.000353600200816,"d":"0.00"}]
[2,203,20321,{"v":19083.04949,"d":"19,083.05"},1288,{"v":0.067494454,"d":"0.07"},"G",430,20321000,{"v":5114.50064985999,"d":"5,114.50"},54,129,183,{"v":37.1580538999999,"d":"37.16"},{"v":0.945243625,"d":"0.95"},{"v":172.979583399999,"d":"172.98"},{"v":10.02041662,"d":"10.02"},0,"0_20321000_504",{"v":5077.34259595999,"d":"5,077.34"},0,{"v":10.02041662,"d":"10.02"},{"v":0.007265236,"d":"0.01"},"0_20321000_504_272","G",{"v":1.20600447745,"d":"1.21"},{"v":0.000237526709033,"d":"0.00"},{"v":2.38011658289E-3,"d":"0.00"}]
[2,203,20321,{"v":19083.04949,"d":"19,083.05"},1288,{"v":0.067494454,"d":"0.07"},"G",430,20321001,{"v":3432.16519406999,"d":"3,432.17"},50,41,91,{"v":39.5931159699999,"d":"39.59"},{"v":0.945243625,"d":"0.95"},{"v":86.0171698799999,"d":"86.02"},{"v":4.982830123,"d":"4.98"},0,"0_20321001_505",{"v":3392.57207809999,"d":"3,392.57"},0,{"v":4.982830123,"d":"4.98"},{"v":0.0115359,"d":"0.01"},"0_20321001_505_273","außerhalb GKL",{"v":934.782936298999,"d":"934.78"},{"v":0.27553812116,"d":"0.28"},{"v":1.37295965015,"d":"1.37"}]
[2,203,20321,{"v":19083.04949,"d":"19,083.05"},1288,{"v":0.067494454,"d":"0.07"},"G",430,20321001,{"v":3432.16519406999,"d":"3,432.17"},50,41,91,{"v":39.5931159699999,"d":"39.59"},{"v":0.945243625,"d":"0.95"},{"v":86.0171698799999,"d":"86.02"},{"v":4.982830123,"d":"4.98"},0,"0_20321001_505",{"v":3392.57207809999,"d":"3,392.57"},0,{"v":4.982830123,"d":"4.98"},{"v":0.0115359,"d":"0.01"},"0_20321001_505_274","außerhalb GKL",{"v":2359.18283157999,"d":"2,359.18"},{"v":0.695396524309,"d":"0.70"},{"v":3.46504274876,"d":"3.47"}]
[2,203,20321,{"v":19083.04949,"d":"19,083.05"},1288,{"v":0.067494454,"d":"0.07"},"G",430,20321001,{"v":3432.16519406999,"d":"3,432.17"},50,41,91,{"v":39.5931159699999,"d":"39.59"},{"v":0.945243625,"d":"0.95"},{"v":86.0171698799999,"d":"86.02"},{"v":4.982830123,"d":"4.98"},0,"0_20321001_505",{"v":3392.57207809999,"d":"3,392.57"},0,{"v":4.982830123,"d":"4.98"},{"v":0.0115359,"d":"0.01"},"0_20321001_505_275","F",{"v":2.5829240709E-5,"d":"0.00"},{"v":7.613469e-09,"d":"0.00"},{"v":3.793662e-08,"d":"0.00"}]
[2,203,20321,{"v":19083.04949,"d":"19,083.05"},1288,{"v":0.067494454,"d":"0.07"},"G",430,20321001,{"v":3432.16519406999,"d":"3,432.17"},50,41,91,{"v":39.5931159699999,"d":"39.59"},{"v":0.945243625,"d":"0.95"},{"v":86.0171698799999,"d":"86.02"},{"v":4.982830123,"d":"4.98"},0,"0_20321001_505",{"v":3392.57207809999,"d":"3,392.57"},0,{"v":4.982830123,"d":"4.98"},{"v":0.0115359,"d":"0.01"},"0_20321001_505_276","F",{"v":5.05461193133,"d":"5.05"},{"v":0.00148990553921,"d":"0.00"},{"v":0.0074239462012,"d":"0.01"}]
[2,203,20321,{"v":19083.04949,"d":"19,083.05"},1288,{"v":0.067494454,"d":"0.07"},"G",430,20321001,{"v":3432.16519406999,"d":"3,432.17"},50,41,91,{"v":39.5931159699999,"d":"39.59"},{"v":0.945243625,"d":"0.95"},{"v":86.0171698799999,"d":"86.02"},{"v":4.982830123,"d":"4.98"},0,"0_20321001_505",{"v":3392.57207809999,"d":"3,392.57"},0,{"v":4.982830123,"d":"4.98"},{"v":0.0115359,"d":"0.01"},"0_20321001_505_277","F",{"v":0.0930611981456,"d":"0.09"},{"v":2.7430868381e-05,"d":"0.00"},{"v":0.000136683357266,"d":"0.00"}]
[2,203,20321,{"v":19083.04949,"d":"19,083.05"},1288,{"v":0.067494454,"d":"0.07"},"G",430,20321001,{"v":3432.16519406999,"d":"3,432.17"},50,41,91,{"v":39.5931159699999,"d":"39.59"},{"v":0.945243625,"d":"0.95"},{"v":86.0171698799999,"d":"86.02"},{"v":4.982830123,"d":"4.98"},0,"0_20321001_505",{"v":3392.57207809999,"d":"3,392.57"},0,{"v":4.982830123,"d":"4.98"},{"v":0.0115359,"d":"0.01"},"0_20321001_505_278","F",{"v":5.40725147753,"d":"5.41"},{"v":0.00159385013879,"d":"0.00"},{"v":0.00794188448311,"d":"0.01"}]
[2,203,20321,{"v":19083.04949,"d":"19,083.05"},1288,{"v":0.067494454,"d":"0.07"},"G",430,20321001,{"v":3432.16519406999,"d":"3,432.17"},50,41,91,{"v":39.5931159699999,"d":"39.59"},{"v":0.945243625,"d":"0.95"},{"v":86.0171698799999,"d":"86.02"},{"v":4.982830123,"d":"4.98"},0,"0_20321001_505",{"v":3392.57207809999,"d":"3,392.57"},0,{"v":4.982830123,"d":"4.98"},{"v":0.0115359,"d":"0.01"},"0_20321001_505_279","F",{"v":1.34824425442,"d":"1.35"},{"v":0.000397410644014,"d":"0.00"},{"v":0.00198022972819,"d":"0.00"}]
[2,203,20321,{"v":19083.04949,"d":"19,083.05"},1288,{"v":0.067494454,"d":"0.07"},"G",430,20321001,{"v":3432.16519406999,"d":"3,432.17"},50,41,91,{"v":39.5931159699999,"d":"39.59"},{"v":0.945243625,"d":"0.95"},{"v":86.0171698799999,"d":"86.02"},{"v":4.982830123,"d":"4.98"},0,"0_20321001_505",{"v":3392.57207809999,"d":"3,392.57"},0,{"v":4.982830123,"d":"4.98"},{"v":0.0115359,"d":"0.01"},"0_20321001_505_280","F",{"v":3.14883233555,"d":"3.15"},{"v":0.000928154881624,"d":"0.00"},{"v":0.00462483810297,"d":"0.00"}]
[2,203,20321,{"v":19083.04949,"d":"19,083.05"},1288,{"v":0.067494454,"d":"0.07"},"G",430,20321001,{"v":3432.16519406999,"d":"3,432.17"},50,41,91,{"v":39.5931159699999,"d":"39.59"},{"v":0.945243625,"d":"0.95"},{"v":86.0171698799999,"d":"86.02"},{"v":4.982830123,"d":"4.98"},0,"0_20321001_505",{"v":3392.57207809999,"d":"3,392.57"},0,{"v":4.982830123,"d":"4.98"},{"v":0.0115359,"d":"0.01"},"0_20321001_505_281","G",{"v":66.6953631580999,"d":"66.70"},{"v":0.019659232471,"d":"0.02"},{"v":0.0979586157516,"d":"0.10"}]
[2,203,20321,{"v":19083.04949,"d":"19,083.05"},1288,{"v":0.067494454,"d":"0.07"},"G",430,20321001,{"v":3432.16519406999,"d":"3,432.17"},50,41,91,{"v":39.5931159699999,"d":"39.59"},{"v":0.945243625,"d":"0.95"},{"v":86.0171698799999,"d":"86.02"},{"v":4.982830123,"d":"4.98"},0,"0_20321001_505",{"v":3392.57207809999,"d":"3,392.57"},0,{"v":4.982830123,"d":"4.98"},{"v":0.0115359,"d":"0.01"},"0_20321001_505_282","G",{"v":1.15867404429,"d":"1.16"},{"v":0.000341532624102,"d":"0.00"},{"v":1.70179904736E-3,"d":"0.00"}]
[2,203,20321,{"v":19083.04949,"d":"19,083.05"},1288,{"v":0.067494454,"d":"0.07"},"G",430,20321001,{"v":3432.16519406999,"d":"3,432.17"},50,41,91,{"v":39.5931159699999,"d":"39.59"},{"v":0.945243625,"d":"0.95"},{"v":86.0171698799999,"d":"86.02"},{"v":4.982830123,"d":"4.98"},0,"0_20321001_505",{"v":3392.57207809999,"d":"3,392.57"},0,{"v":4.982830123,"d":"4.98"},{"v":0.0115359,"d":"0.01"},"0_20321001_505_283","G",{"v":0.432934123207,"d":"0.43"},{"v":0.000127612358187,"d":"0.00"},{"v":0.000635870702441,"d":"0.00"}]
[2,203,20321,{"v":19083.04949,"d":"19,083.05"},1288,{"v":0.067494454,"d":"0.07"},"G",430,20321001,{"v":3432.16519406999,"d":"3,432.17"},50,41,91,{"v":39.5931159699999,"d":"39.59"},{"v":0.945243625,"d":"0.95"},{"v":86.0171698799999,"d":"86.02"},{"v":4.982830123,"d":"4.98"},0,"0_20321001_505",{"v":3392.57207809999,"d":"3,392.57"},0,{"v":4.982830123,"d":"4.98"},{"v":0.0115359,"d":"0.01"},"0_20321001_505_284","G",{"v":0.110757561864,"d":"0.11"},{"v":3.2647077001e-05,"d":"0.00"},{"v":1.62674838707E-4,"d":"0.00"}]
[2,203,20321,{"v":19083.04949,"d":"19,083.05"},1288,{"v":0.067494454,"d":"0.07"},"G",430,20321001,{"v":3432.16519406999,"d":"3,432.17"},50,41,91,{"v":39.5931159699999,"d":"39.59"},{"v":0.945243625,"d":"0.95"},{"v":86.0171698799999,"d":"86.02"},{"v":4.982830123,"d":"4.98"},0,"0_20321001_505",{"v":3392.57207809999,"d":"3,392.57"},0,{"v":4.982830123,"d":"4.98"},{"v":0.0115359,"d":"0.01"},"0_20321001_505_285","G",{"v":0.179106587881,"d":"0.18"},{"v":5.2793745795e-05,"d":"0.00"},{"v":0.000263062266851,"d":"0.00"}]
[2,203,20321,{"v":19083.04949,"d":"19,083.05"},1288,{"v":0.067494454,"d":"0.07"},"G",430,20321001,{"v":3432.16519406999,"d":"3,432.17"},50,41,91,{"v":39.5931159699999,"d":"39.59"},{"v":0.945243625,"d":"0.95"},{"v":86.0171698799999,"d":"86.02"},{"v":4.982830123,"d":"4.98"},0,"0_20321001_505",{"v":3392.57207809999,"d":"3,392.57"},0,{"v":4.982830123,"d":"4.98"},{"v":0.0115359,"d":"0.01"},"0_20321001_505_286","G",{"v":0.194142379823,"d":"0.19"},{"v":5.722572e-05,"d":"0.00"},{"v":2.85146041429E-4,"d":"0.00"}]
[2,203,20321,{"v":19083.04949,"d":"19,083.05"},1288,{"v":0.067494454,"d":"0.07"},"G",430,20321001,{"v":3432.16519406999,"d":"3,432.17"},50,41,91,{"v":39.5931159699999,"d":"39.59"},{"v":0.945243625,"d":"0.95"},{"v":86.0171698799999,"d":"86.02"},{"v":4.982830123,"d":"4.98"},0,"0_20321001_505",{"v":3392.57207809999,"d":"3,392.57"},0,{"v":4.982830123,"d":"4.98"},{"v":0.0115359,"d":"0.01"},"0_20321001_505_287","G",{"v":0.0142609181186,"d":"0.01"},{"v":4.203571152e-06,"d":"0.00"},{"v":2.094568096E-5,"d":"0.00"}]
[2,203,20321,{"v":19083.04949,"d":"19,083.05"},1288,{"v":0.067494454,"d":"0.07"},"G",430,20321001,{"v":3432.16519406999,"d":"3,432.17"},50,41,91,{"v":39.5931159699999,"d":"39.59"},{"v":0.945243625,"d":"0.95"},{"v":86.0171698799999,"d":"86.02"},{"v":4.982830123,"d":"4.98"},0,"0_20321001_505",{"v":3392.57207809999,"d":"3,392.57"},0,{"v":4.982830123,"d":"4.98"},{"v":0.0115359,"d":"0.01"},"0_20321001_505_288","G",{"v":1.7320102963E-5,"d":"0.00"},{"v":5.105301E-9,"d":"0.00"},{"v":2.543885e-08,"d":"0.00"}]
[2,203,20321,{"v":19083.04949,"d":"19,083.05"},1288,{"v":0.067494454,"d":"0.07"},"G",430,20321001,{"v":3432.16519406999,"d":"3,432.17"},50,41,91,{"v":39.5931159699999,"d":"39.59"},{"v":0.945243625,"d":"0.95"},{"v":86.0171698799999,"d":"86.02"},{"v":4.982830123,"d":"4.98"},0,"0_20321001_505",{"v":3392.57207809999,"d":"3,392.57"},0,{"v":4.982830123,"d":"4.98"},{"v":0.0115359,"d":"0.01"},"0_20321001_505_289","G",{"v":14.7690271082,"d":"14.77"},{"v":0.00435334217467,"d":"0.00"},{"v":0.0216919645237,"d":"0.02"}]
[2,203,20321,{"v":19083.04949,"d":"19,083.05"},1288,{"v":0.067494454,"d":"0.07"},"G",430,20321002,{"v":5232.65538001,"d":"5,232.66"},74,51,125,{"v":35.7816877799999,"d":"35.78"},{"v":0.945243625,"d":"0.95"},{"v":118.1554531,"d":"118.16"},{"v":6.844546872,"d":"6.84"},0,"0_20321002_506",{"v":5196.87369221999,"d":"5,196.87"},0,{"v":6.844546872,"d":"6.84"},{"v":0.006838151,"d":"0.01"},"0_20321002_506_290","außerhalb GKL",{"v":5196.87369221999,"d":"5,196.87"},{"v":1,"d":"1.00"},{"v":6.844546872,"d":"6.84"}]
[2,203,20321,{"v":19083.04949,"d":"19,083.05"},1288,{"v":0.067494454,"d":"0.07"},"G",430,20321003,{"v":5303.72826856,"d":"5,303.73"},33,11,44,{"v":19.864868,"d":"19.86"},{"v":0.945243625,"d":"0.95"},{"v":41.5907194999999,"d":"41.59"},{"v":2.409280499,"d":"2.41"},0,"0_20321003_507",{"v":5283.86340056999,"d":"5,283.86"},0,{"v":2.409280499,"d":"2.41"},{"v":0.003745454,"d":"0.00"},"0_20321003_507_291","außerhalb GKL",{"v":5254.05187299,"d":"5,254.05"},{"v":0.994358005626,"d":"0.99"},{"v":2.39568735198,"d":"2.40"}]
[2,203,20321,{"v":19083.04949,"d":"19,083.05"},1288,{"v":0.067494454,"d":"0.07"},"G",430,20321003,{"v":5303.72826856,"d":"5,303.73"},33,11,44,{"v":19.864868,"d":"19.86"},{"v":0.945243625,"d":"0.95"},{"v":41.5907194999999,"d":"41.59"},{"v":2.409280499,"d":"2.41"},0,"0_20321003_507",{"v":5283.86340056999,"d":"5,283.86"},0,{"v":2.409280499,"d":"2.41"},{"v":0.003745454,"d":"0.00"},"0_20321003_507_292","außerhalb GKL",{"v":0.00362401619734,"d":"0.00"},{"v":6.85864854e-07,"d":"0.00"},{"v":1.652440817E-6,"d":"0.00"}]
[2,203,20321,{"v":19083.04949,"d":"19,083.05"},1288,{"v":0.067494454,"d":"0.07"},"G",430,20321003,{"v":5303.72826856,"d":"5,303.73"},33,11,44,{"v":19.864868,"d":"19.86"},{"v":0.945243625,"d":"0.95"},{"v":41.5907194999999,"d":"41.59"},{"v":2.409280499,"d":"2.41"},0,"0_20321003_507",{"v":5283.86340056999,"d":"5,283.86"},0,{"v":2.409280499,"d":"2.41"},{"v":0.003745454,"d":"0.00"},"0_20321003_507_293","außerhalb GKL",{"v":0.00538451243035,"d":"0.01"},{"v":1.019048378e-06,"d":"0.00"},{"v":2.455173386E-6,"d":"0.00"}]
[2,203,20321,{"v":19083.04949,"d":"19,083.05"},1288,{"v":0.067494454,"d":"0.07"},"G",430,20321003,{"v":5303.72826856,"d":"5,303.73"},33,11,44,{"v":19.864868,"d":"19.86"},{"v":0.945243625,"d":"0.95"},{"v":41.5907194999999,"d":"41.59"},{"v":2.409280499,"d":"2.41"},0,"0_20321003_507",{"v":5283.86340056999,"d":"5,283.86"},0,{"v":2.409280499,"d":"2.41"},{"v":0.003745454,"d":"0.00"},"0_20321003_507_294","G",{"v":12.5856735358,"d":"12.59"},{"v":2.38190743811E-3,"d":"0.00"},{"v":0.00573868314106,"d":"0.01"}]
[2,203,20321,{"v":19083.04949,"d":"19,083.05"},1288,{"v":0.067494454,"d":"0.07"},"G",430,20321003,{"v":5303.72826856,"d":"5,303.73"},33,11,44,{"v":19.864868,"d":"19.86"},{"v":0.945243625,"d":"0.95"},{"v":41.5907194999999,"d":"41.59"},{"v":2.409280499,"d":"2.41"},0,"0_20321003_507",{"v":5283.86340056999,"d":"5,283.86"},0,{"v":2.409280499,"d":"2.41"},{"v":0.003745454,"d":"0.00"},"0_20321003_507_295","G",{"v":15.7839713876999,"d":"15.78"},{"v":2.98720277023E-3,"d":"0.00"},{"v":0.00719700938087,"d":"0.01"}]
[2,203,20321,{"v":19083.04949,"d":"19,083.05"},1288,{"v":0.067494454,"d":"0.07"},"G",430,20321003,{"v":5303.72826856,"d":"5,303.73"},33,11,44,{"v":19.864868,"d":"19.86"},{"v":0.945243625,"d":"0.95"},{"v":41.5907194999999,"d":"41.59"},{"v":2.409280499,"d":"2.41"},0,"0_20321003_507",{"v":5283.86340056999,"d":"5,283.86"},0,{"v":2.409280499,"d":"2.41"},{"v":0.003745454,"d":"0.00"},"0_20321003_507_296","G",{"v":1.17197837959,"d":"1.17"},{"v":2.21803307683E-4,"d":"0.00"},{"v":0.000534386383814,"d":"0.00"}]
[2,203,20321,{"v":19083.04949,"d":"19,083.05"},1288,{"v":0.067494454,"d":"0.07"},"G",430,20321003,{"v":5303.72826856,"d":"5,303.73"},33,11,44,{"v":19.864868,"d":"19.86"},{"v":0.945243625,"d":"0.95"},{"v":41.5907194999999,"d":"41.59"},{"v":2.409280499,"d":"2.41"},0,"0_20321003_507",{"v":5283.86340056999,"d":"5,283.86"},0,{"v":2.409280499,"d":"2.41"},{"v":0.003745454,"d":"0.00"},"0_20321003_507_297","G",{"v":0.260895746118,"d":"0.26"},{"v":4.937594452e-05,"d":"0.00"},{"v":0.000118960500252,"d":"0.00"}]
[2,206,20603,{"v":5423.585106,"d":"5,423.59"},1268,{"v":0.233793695,"d":"0.23"},"G",410,20603000,{"v":5423.58510561999,"d":"5,423.59"},135,180,315,{"v":96.36031217,"d":"96.36"},{"v":0.93996673,"d":"0.94"},{"v":296.0895201,"d":"296.09"},{"v":18.9104799099999,"d":"18.91"},0,"0_20603000_618",{"v":5327.22479345,"d":"5,327.22"},0,{"v":18.9104799099999,"d":"18.91"},{"v":0.017766903,"d":"0.02"},"0_20603000_618_298","außerhalb GKL",{"v":5151.49799129999,"d":"5,151.50"},{"v":0.967013443404,"d":"0.97"},{"v":18.2866882942,"d":"18.29"}]
[2,206,20603,{"v":5423.585106,"d":"5,423.59"},1268,{"v":0.233793695,"d":"0.23"},"G",410,20603000,{"v":5423.58510561999,"d":"5,423.59"},135,180,315,{"v":96.36031217,"d":"96.36"},{"v":0.93996673,"d":"0.94"},{"v":296.0895201,"d":"296.09"},{"v":18.9104799099999,"d":"18.91"},0,"0_20603000_618",{"v":5327.22479345,"d":"5,327.22"},0,{"v":18.9104799099999,"d":"18.91"},{"v":0.017766903,"d":"0.02"},"0_20603000_618_299","außerhalb GKL",{"v":0.00169609918572,"d":"0.00"},{"v":3.18383258e-07,"d":"0.00"},{"v":6.020780204e-06,"d":"0.00"}]
[2,206,20603,{"v":5423.585106,"d":"5,423.59"},1268,{"v":0.233793695,"d":"0.23"},"G",410,20603000,{"v":5423.58510561999,"d":"5,423.59"},135,180,315,{"v":96.36031217,"d":"96.36"},{"v":0.93996673,"d":"0.94"},{"v":296.0895201,"d":"296.09"},{"v":18.9104799099999,"d":"18.91"},0,"0_20603000_618",{"v":5327.22479345,"d":"5,327.22"},0,{"v":18.9104799099999,"d":"18.91"},{"v":0.017766903,"d":"0.02"},"0_20603000_618_300","außerhalb GKL",{"v":0.00579615546428,"d":"0.01"},{"v":1.088025321e-06,"d":"0.00"},{"v":2.0575080969E-5,"d":"0.00"}]
[2,206,20603,{"v":5423.585106,"d":"5,423.59"},1268,{"v":0.233793695,"d":"0.23"},"G",410,20603000,{"v":5423.58510561999,"d":"5,423.59"},135,180,315,{"v":96.36031217,"d":"96.36"},{"v":0.93996673,"d":"0.94"},{"v":296.0895201,"d":"296.09"},{"v":18.9104799099999,"d":"18.91"},0,"0_20603000_618",{"v":5327.22479345,"d":"5,327.22"},0,{"v":18.9104799099999,"d":"18.91"},{"v":0.017766903,"d":"0.02"},"0_20603000_618_301","außerhalb GKL",{"v":0.00069924712701,"d":"0.00"},{"v":1.31259174e-07,"d":"0.00"},{"v":2.482173976e-06,"d":"0.00"}]
[2,206,20603,{"v":5423.585106,"d":"5,423.59"},1268,{"v":0.233793695,"d":"0.23"},"G",410,20603000,{"v":5423.58510561999,"d":"5,423.59"},135,180,315,{"v":96.36031217,"d":"96.36"},{"v":0.93996673,"d":"0.94"},{"v":296.0895201,"d":"296.09"},{"v":18.9104799099999,"d":"18.91"},0,"0_20603000_618",{"v":5327.22479345,"d":"5,327.22"},0,{"v":18.9104799099999,"d":"18.91"},{"v":0.017766903,"d":"0.02"},"0_20603000_618_302","D",{"v":4.14065906349,"d":"4.14"},{"v":0.000777263814469,"d":"0.00"},{"v":0.0146984317483,"d":"0.01"}]
[2,206,20603,{"v":5423.585106,"d":"5,423.59"},1268,{"v":0.233793695,"d":"0.23"},"G",410,20603000,{"v":5423.58510561999,"d":"5,423.59"},135,180,315,{"v":96.36031217,"d":"96.36"},{"v":0.93996673,"d":"0.94"},{"v":296.0895201,"d":"296.09"},{"v":18.9104799099999,"d":"18.91"},0,"0_20603000_618",{"v":5327.22479345,"d":"5,327.22"},0,{"v":18.9104799099999,"d":"18.91"},{"v":0.017766903,"d":"0.02"},"0_20603000_618_303","D",{"v":0.374152152325,"d":"0.37"},{"v":7.0233971126e-05,"d":"0.00"},{"v":1.32815809998E-3,"d":"0.00"}]
[2,206,20603,{"v":5423.585106,"d":"5,423.59"},1268,{"v":0.233793695,"d":"0.23"},"G",410,20603000,{"v":5423.58510561999,"d":"5,423.59"},135,180,315,{"v":96.36031217,"d":"96.36"},{"v":0.93996673,"d":"0.94"},{"v":296.0895201,"d":"296.09"},{"v":18.9104799099999,"d":"18.91"},0,"0_20603000_618",{"v":5327.22479345,"d":"5,327.22"},0,{"v":18.9104799099999,"d":"18.91"},{"v":0.017766903,"d":"0.02"},"0_20603000_618_304","D",{"v":0.00673966354874,"d":"0.01"},{"v":1.26513594e-06,"d":"0.00"},{"v":2.3924327784e-05,"d":"0.00"}]
[2,206,20603,{"v":5423.585106,"d":"5,423.59"},1268,{"v":0.233793695,"d":"0.23"},"G",410,20603000,{"v":5423.58510561999,"d":"5,423.59"},135,180,315,{"v":96.36031217,"d":"96.36"},{"v":0.93996673,"d":"0.94"},{"v":296.0895201,"d":"296.09"},{"v":18.9104799099999,"d":"18.91"},0,"0_20603000_618",{"v":5327.22479345,"d":"5,327.22"},0,{"v":18.9104799099999,"d":"18.91"},{"v":0.017766903,"d":"0.02"},"0_20603000_618_305","D",{"v":0.987690975296,"d":"0.99"},{"v":0.000185404411038,"d":"0.00"},{"v":0.00350608639016,"d":"0.00"}]
[2,206,20603,{"v":5423.585106,"d":"5,423.59"},1268,{"v":0.233793695,"d":"0.23"},"G",410,20603000,{"v":5423.58510561999,"d":"5,423.59"},135,180,315,{"v":96.36031217,"d":"96.36"},{"v":0.93996673,"d":"0.94"},{"v":296.0895201,"d":"296.09"},{"v":18.9104799099999,"d":"18.91"},0,"0_20603000_618",{"v":5327.22479345,"d":"5,327.22"},0,{"v":18.9104799099999,"d":"18.91"},{"v":0.017766903,"d":"0.02"},"0_20603000_618_306","E",{"v":0.744244013433,"d":"0.74"},{"v":0.000139705764688,"d":"0.00"},{"v":0.00264190305644,"d":"0.00"}]
[2,206,20603,{"v":5423.585106,"d":"5,423.59"},1268,{"v":0.233793695,"d":"0.23"},"G",410,20603000,{"v":5423.58510561999,"d":"5,423.59"},135,180,315,{"v":96.36031217,"d":"96.36"},{"v":0.93996673,"d":"0.94"},{"v":296.0895201,"d":"296.09"},{"v":18.9104799099999,"d":"18.91"},0,"0_20603000_618",{"v":5327.22479345,"d":"5,327.22"},0,{"v":18.9104799099999,"d":"18.91"},{"v":0.017766903,"d":"0.02"},"0_20603000_618_307","E",{"v":0.0353402351544,"d":"0.04"},{"v":6.633892228e-06,"d":"0.00"},{"v":0.000125450085704,"d":"0.00"}]
[2,206,20603,{"v":5423.585106,"d":"5,423.59"},1268,{"v":0.233793695,"d":"0.23"},"G",410,20603000,{"v":5423.58510561999,"d":"5,423.59"},135,180,315,{"v":96.36031217,"d":"96.36"},{"v":0.93996673,"d":"0.94"},{"v":296.0895201,"d":"296.09"},{"v":18.9104799099999,"d":"18.91"},0,"0_20603000_618",{"v":5327.22479345,"d":"5,327.22"},0,{"v":18.9104799099999,"d":"18.91"},{"v":0.017766903,"d":"0.02"},"0_20603000_618_308","E",{"v":7.98441914217,"d":"7.98"},{"v":0.00149879523612,"d":"0.00"},{"v":0.0283429372019,"d":"0.03"}]
[2,206,20603,{"v":5423.585106,"d":"5,423.59"},1268,{"v":0.233793695,"d":"0.23"},"G",410,20603000,{"v":5423.58510561999,"d":"5,423.59"},135,180,315,{"v":96.36031217,"d":"96.36"},{"v":0.93996673,"d":"0.94"},{"v":296.0895201,"d":"296.09"},{"v":18.9104799099999,"d":"18.91"},0,"0_20603000_618",{"v":5327.22479345,"d":"5,327.22"},0,{"v":18.9104799099999,"d":"18.91"},{"v":0.017766903,"d":"0.02"},"0_20603000_618_309","E",{"v":2.40309773322,"d":"2.40"},{"v":0.000451097490043,"d":"0.00"},{"v":0.00853047002291,"d":"0.01"}]
[2,206,20603,{"v":5423.585106,"d":"5,423.59"},1268,{"v":0.233793695,"d":"0.23"},"G",410,20603000,{"v":5423.58510561999,"d":"5,423.59"},135,180,315,{"v":96.36031217,"d":"96.36"},{"v":0.93996673,"d":"0.94"},{"v":296.0895201,"d":"296.09"},{"v":18.9104799099999,"d":"18.91"},0,"0_20603000_618",{"v":5327.22479345,"d":"5,327.22"},0,{"v":18.9104799099999,"d":"18.91"},{"v":0.017766903,"d":"0.02"},"0_20603000_618_310","E",{"v":0.365648528728,"d":"0.37"},{"v":6.8637713426e-05,"d":"0.00"},{"v":1.29797210081E-3,"d":"0.00"}]
[2,206,20603,{"v":5423.585106,"d":"5,423.59"},1268,{"v":0.233793695,"d":"0.23"},"G",410,20603000,{"v":5423.58510561999,"d":"5,423.59"},135,180,315,{"v":96.36031217,"d":"96.36"},{"v":0.93996673,"d":"0.94"},{"v":296.0895201,"d":"296.09"},{"v":18.9104799099999,"d":"18.91"},0,"0_20603000_618",{"v":5327.22479345,"d":"5,327.22"},0,{"v":18.9104799099999,"d":"18.91"},{"v":0.017766903,"d":"0.02"},"0_20603000_618_311","E",{"v":0.000719567905046,"d":"0.00"},{"v":1.35073689e-07,"d":"0.00"},{"v":2.554308282E-6,"d":"0.00"}]
[2,206,20603,{"v":5423.585106,"d":"5,423.59"},1268,{"v":0.233793695,"d":"0.23"},"G",410,20603000,{"v":5423.58510561999,"d":"5,423.59"},135,180,315,{"v":96.36031217,"d":"96.36"},{"v":0.93996673,"d":"0.94"},{"v":296.0895201,"d":"296.09"},{"v":18.9104799099999,"d":"18.91"},0,"0_20603000_618",{"v":5327.22479345,"d":"5,327.22"},0,{"v":18.9104799099999,"d":"18.91"},{"v":0.017766903,"d":"0.02"},"0_20603000_618_312","E",{"v":0.562634275947,"d":"0.56"},{"v":1.05614892887E-4,"d":"0.00"},{"v":0.00199722831014,"d":"0.00"}]
[2,206,20603,{"v":5423.585106,"d":"5,423.59"},1268,{"v":0.233793695,"d":"0.23"},"G",410,20603000,{"v":5423.58510561999,"d":"5,423.59"},135,180,315,{"v":96.36031217,"d":"96.36"},{"v":0.93996673,"d":"0.94"},{"v":296.0895201,"d":"296.09"},{"v":18.9104799099999,"d":"18.91"},0,"0_20603000_618",{"v":5327.22479345,"d":"5,327.22"},0,{"v":18.9104799099999,"d":"18.91"},{"v":0.017766903,"d":"0.02"},"0_20603000_618_313","E",{"v":0.00540052783856,"d":"0.01"},{"v":1.013760081e-06,"d":"0.00"},{"v":1.9170689647E-5,"d":"0.00"}]
[2,206,20603,{"v":5423.585106,"d":"5,423.59"},1268,{"v":0.233793695,"d":"0.23"},"G",410,20603000,{"v":5423.58510561999,"d":"5,423.59"},135,180,315,{"v":96.36031217,"d":"96.36"},{"v":0.93996673,"d":"0.94"},{"v":296.0895201,"d":"296.09"},{"v":18.9104799099999,"d":"18.91"},0,"0_20603000_618",{"v":5327.22479345,"d":"5,327.22"},0,{"v":18.9104799099999,"d":"18.91"},{"v":0.017766903,"d":"0.02"},"0_20603000_618_314","E",{"v":0.780864091585,"d":"0.78"},{"v":1.46579902644E-4,"d":"0.00"},{"v":2.77189630416E-3,"d":"0.00"}]
[2,206,20603,{"v":5423.585106,"d":"5,423.59"},1268,{"v":0.233793695,"d":"0.23"},"G",410,20603000,{"v":5423.58510561999,"d":"5,423.59"},135,180,315,{"v":96.36031217,"d":"96.36"},{"v":0.93996673,"d":"0.94"},{"v":296.0895201,"d":"296.09"},{"v":18.9104799099999,"d":"18.91"},0,"0_20603000_618",{"v":5327.22479345,"d":"5,327.22"},0,{"v":18.9104799099999,"d":"18.91"},{"v":0.017766903,"d":"0.02"},"0_20603000_618_315","E",{"v":0.0532264904375,"d":"0.05"},{"v":9.991410631e-06,"d":"0.00"},{"v":1.88942370019E-4,"d":"0.00"}]
[2,206,20603,{"v":5423.585106,"d":"5,423.59"},1268,{"v":0.233793695,"d":"0.23"},"G",410,20603000,{"v":5423.58510561999,"d":"5,423.59"},135,180,315,{"v":96.36031217,"d":"96.36"},{"v":0.93996673,"d":"0.94"},{"v":296.0895201,"d":"296.09"},{"v":18.9104799099999,"d":"18.91"},0,"0_20603000_618",{"v":5327.22479345,"d":"5,327.22"},0,{"v":18.9104799099999,"d":"18.91"},{"v":0.017766903,"d":"0.02"},"0_20603000_618_316","F",{"v":3.16956474001,"d":"3.17"},{"v":0.00059497484392,"d":"0.00"},{"v":0.0112512598329,"d":"0.01"}]
[2,206,20603,{"v":5423.585106,"d":"5,423.59"},1268,{"v":0.233793695,"d":"0.23"},"G",410,20603000,{"v":5423.58510561999,"d":"5,423.59"},135,180,315,{"v":96.36031217,"d":"96.36"},{"v":0.93996673,"d":"0.94"},{"v":296.0895201,"d":"296.09"},{"v":18.9104799099999,"d":"18.91"},0,"0_20603000_618",{"v":5327.22479345,"d":"5,327.22"},0,{"v":18.9104799099999,"d":"18.91"},{"v":0.017766903,"d":"0.02"},"0_20603000_618_317","F",{"v":0.0282975644789,"d":"0.03"},{"v":5.311877305e-06,"d":"0.00"},{"v":1.0045014906E-4,"d":"0.00"}]
[2,206,20603,{"v":5423.585106,"d":"5,423.59"},1268,{"v":0.233793695,"d":"0.23"},"G",410,20603000,{"v":5423.58510561999,"d":"5,423.59"},135,180,315,{"v":96.36031217,"d":"96.36"},{"v":0.93996673,"d":"0.94"},{"v":296.0895201,"d":"296.09"},{"v":18.9104799099999,"d":"18.91"},0,"0_20603000_618",{"v":5327.22479345,"d":"5,327.22"},0,{"v":18.9104799099999,"d":"18.91"},{"v":0.017766903,"d":"0.02"},"0_20603000_618_318","F",{"v":3.05131784978,"d":"3.05"},{"v":0.000572778128967,"d":"0.00"},{"v":0.0108315093007,"d":"0.01"}]
[2,206,20603,{"v":5423.585106,"d":"5,423.59"},1268,{"v":0.233793695,"d":"0.23"},"G",410,20603000,{"v":5423.58510561999,"d":"5,423.59"},135,180,315,{"v":96.36031217,"d":"96.36"},{"v":0.93996673,"d":"0.94"},{"v":296.0895201,"d":"296.09"},{"v":18.9104799099999,"d":"18.91"},0,"0_20603000_618",{"v":5327.22479345,"d":"5,327.22"},0,{"v":18.9104799099999,"d":"18.91"},{"v":0.017766903,"d":"0.02"},"0_20603000_618_319","F",{"v":12.3047529332,"d":"12.30"},{"v":0.002309786692,"d":"0.00"},{"v":0.0436791748355,"d":"0.04"}]
[2,206,20603,{"v":5423.585106,"d":"5,423.59"},1268,{"v":0.233793695,"d":"0.23"},"G",410,20603000,{"v":5423.58510561999,"d":"5,423.59"},135,180,315,{"v":96.36031217,"d":"96.36"},{"v":0.93996673,"d":"0.94"},{"v":296.0895201,"d":"296.09"},{"v":18.9104799099999,"d":"18.91"},0,"0_20603000_618",{"v":5327.22479345,"d":"5,327.22"},0,{"v":18.9104799099999,"d":"18.91"},{"v":0.017766903,"d":"0.02"},"0_20603000_618_320","F",{"v":21.6437901564,"d":"21.64"},{"v":0.00406286406067,"d":"0.00"},{"v":0.0768307091964,"d":"0.08"}]
[2,206,20603,{"v":5423.585106,"d":"5,423.59"},1268,{"v":0.233793695,"d":"0.23"},"G",410,20603000,{"v":5423.58510561999,"d":"5,423.59"},135,180,315,{"v":96.36031217,"d":"96.36"},{"v":0.93996673,"d":"0.94"},{"v":296.0895201,"d":"296.09"},{"v":18.9104799099999,"d":"18.91"},0,"0_20603000_618",{"v":5327.22479345,"d":"5,327.22"},0,{"v":18.9104799099999,"d":"18.91"},{"v":0.017766903,"d":"0.02"},"0_20603000_618_321","F",{"v":0.000501862377369,"d":"0.00"},{"v":9.4207096e-08,"d":"0.00"},{"v":1.781501396E-6,"d":"0.00"}]
[2,206,20603,{"v":5423.585106,"d":"5,423.59"},1268,{"v":0.233793695,"d":"0.23"},"G",410,20603000,{"v":5423.58510561999,"d":"5,423.59"},135,180,315,{"v":96.36031217,"d":"96.36"},{"v":0.93996673,"d":"0.94"},{"v":296.0895201,"d":"296.09"},{"v":18.9104799099999,"d":"18.91"},0,"0_20603000_618",{"v":5327.22479345,"d":"5,327.22"},0,{"v":18.9104799099999,"d":"18.91"},{"v":0.017766903,"d":"0.02"},"0_20603000_618_322","G",{"v":116.583285601,"d":"116.58"},{"v":0.0218844314106,"d":"0.02"},{"v":0.413845100532,"d":"0.41"}]
[2,206,20603,{"v":5423.585106,"d":"5,423.59"},1268,{"v":0.233793695,"d":"0.23"},"G",410,20603000,{"v":5423.58510561999,"d":"5,423.59"},135,180,315,{"v":96.36031217,"d":"96.36"},{"v":0.93996673,"d":"0.94"},{"v":296.0895201,"d":"296.09"},{"v":18.9104799099999,"d":"18.91"},0,"0_20603000_618",{"v":5327.22479345,"d":"5,327.22"},0,{"v":18.9104799099999,"d":"18.91"},{"v":0.017766903,"d":"0.02"},"0_20603000_618_323","G",{"v":0.0989445558077,"d":"0.10"},{"v":1.8573377254e-05,"d":"0.00"},{"v":0.00035123147743,"d":"0.00"}]
[2,206,20603,{"v":5423.585106,"d":"5,423.59"},1268,{"v":0.233793695,"d":"0.23"},"G",410,20603000,{"v":5423.58510561999,"d":"5,423.59"},135,180,315,{"v":96.36031217,"d":"96.36"},{"v":0.93996673,"d":"0.94"},{"v":296.0895201,"d":"296.09"},{"v":18.9104799099999,"d":"18.91"},0,"0_20603000_618",{"v":5327.22479345,"d":"5,327.22"},0,{"v":18.9104799099999,"d":"18.91"},{"v":0.017766903,"d":"0.02"},"0_20603000_618_324","G",{"v":0.393318926924,"d":"0.39"},{"v":7.3831862212e-05,"d":"0.00"},{"v":1.39619594708E-3,"d":"0.00"}]
[2,206,20604,{"v":7609.177273,"d":"7,609.18"},1590,{"v":0.208958202,"d":"0.21"},"G",410,20604000,{"v":7609.17727264,"d":"7,609.18"},121,439,560,{"v":169.100432799999,"d":"169.10"},{"v":0.93996673,"d":"0.94"},{"v":526.381368999999,"d":"526.38"},{"v":33.6186309599999,"d":"33.62"},0,"0_20604000_619",{"v":7440.07683986,"d":"7,440.08"},0,{"v":33.6186309599999,"d":"33.62"},{"v":0.022223222,"d":"0.02"},"0_20604000_619_325","außerhalb GKL",{"v":7271.91087730999,"d":"7,271.91"},{"v":0.977397281484,"d":"0.98"},{"v":32.8587585074999,"d":"32.86"}]
[2,206,20604,{"v":7609.177273,"d":"7,609.18"},1590,{"v":0.208958202,"d":"0.21"},"G",410,20604000,{"v":7609.17727264,"d":"7,609.18"},121,439,560,{"v":169.100432799999,"d":"169.10"},{"v":0.93996673,"d":"0.94"},{"v":526.381368999999,"d":"526.38"},{"v":33.6186309599999,"d":"33.62"},0,"0_20604000_619",{"v":7440.07683986,"d":"7,440.08"},0,{"v":33.6186309599999,"d":"33.62"},{"v":0.022223222,"d":"0.02"},"0_20604000_619_326","außerhalb GKL",{"v":2.38106801942,"d":"2.38"},{"v":3.20032718837E-4,"d":"0.00"},{"v":0.0107590618697,"d":"0.01"}]
[2,206,20604,{"v":7609.177273,"d":"7,609.18"},1590,{"v":0.208958202,"d":"0.21"},"G",410,20604000,{"v":7609.17727264,"d":"7,609.18"},121,439,560,{"v":169.100432799999,"d":"169.10"},{"v":0.93996673,"d":"0.94"},{"v":526.381368999999,"d":"526.38"},{"v":33.6186309599999,"d":"33.62"},0,"0_20604000_619",{"v":7440.07683986,"d":"7,440.08"},0,{"v":33.6186309599999,"d":"33.62"},{"v":0.022223222,"d":"0.02"},"0_20604000_619_327","außerhalb GKL",{"v":0.159620845487,"d":"0.16"},{"v":2.1454193138E-5,"d":"0.00"},{"v":0.000721260601664,"d":"0.00"}]
[2,206,20604,{"v":7609.177273,"d":"7,609.18"},1590,{"v":0.208958202,"d":"0.21"},"G",410,20604000,{"v":7609.17727264,"d":"7,609.18"},121,439,560,{"v":169.100432799999,"d":"169.10"},{"v":0.93996673,"d":"0.94"},{"v":526.381368999999,"d":"526.38"},{"v":33.6186309599999,"d":"33.62"},0,"0_20604000_619",{"v":7440.07683986,"d":"7,440.08"},0,{"v":33.6186309599999,"d":"33.62"},{"v":0.022223222,"d":"0.02"},"0_20604000_619_328","D",{"v":0.495277885264,"d":"0.50"},{"v":6.6568920715E-5,"d":"0.00"},{"v":0.00223795597891,"d":"0.00"}]
[2,206,20604,{"v":7609.177273,"d":"7,609.18"},1590,{"v":0.208958202,"d":"0.21"},"G",410,20604000,{"v":7609.17727264,"d":"7,609.18"},121,439,560,{"v":169.100432799999,"d":"169.10"},{"v":0.93996673,"d":"0.94"},{"v":526.381368999999,"d":"526.38"},{"v":33.6186309599999,"d":"33.62"},0,"0_20604000_619",{"v":7440.07683986,"d":"7,440.08"},0,{"v":33.6186309599999,"d":"33.62"},{"v":0.022223222,"d":"0.02"},"0_20604000_619_329","D",{"v":4.89118382139,"d":"4.89"},{"v":0.0006574103906,"d":"0.00"},{"v":0.0221012373109,"d":"0.02"}]
[2,206,20604,{"v":7609.177273,"d":"7,609.18"},1590,{"v":0.208958202,"d":"0.21"},"G",410,20604000,{"v":7609.17727264,"d":"7,609.18"},121,439,560,{"v":169.100432799999,"d":"169.10"},{"v":0.93996673,"d":"0.94"},{"v":526.381368999999,"d":"526.38"},{"v":33.6186309599999,"d":"33.62"},0,"0_20604000_619",{"v":7440.07683986,"d":"7,440.08"},0,{"v":33.6186309599999,"d":"33.62"},{"v":0.022223222,"d":"0.02"},"0_20604000_619_330","D",{"v":0.0532915769379,"d":"0.05"},{"v":7.162772386e-06,"d":"0.00"},{"v":0.000240802601494,"d":"0.00"}]
[2,206,20604,{"v":7609.177273,"d":"7,609.18"},1590,{"v":0.208958202,"d":"0.21"},"G",410,20604000,{"v":7609.17727264,"d":"7,609.18"},121,439,560,{"v":169.100432799999,"d":"169.10"},{"v":0.93996673,"d":"0.94"},{"v":526.381368999999,"d":"526.38"},{"v":33.6186309599999,"d":"33.62"},0,"0_20604000_619",{"v":7440.07683986,"d":"7,440.08"},0,{"v":33.6186309599999,"d":"33.62"},{"v":0.022223222,"d":"0.02"},"0_20604000_619_331","E",{"v":5.1123411747,"d":"5.11"},{"v":0.000687135534315,"d":"0.00"},{"v":0.0231005559476,"d":"0.02"}]
[2,206,20604,{"v":7609.177273,"d":"7,609.18"},1590,{"v":0.208958202,"d":"0.21"},"G",410,20604000,{"v":7609.17727264,"d":"7,609.18"},121,439,560,{"v":169.100432799999,"d":"169.10"},{"v":0.93996673,"d":"0.94"},{"v":526.381368999999,"d":"526.38"},{"v":33.6186309599999,"d":"33.62"},0,"0_20604000_619",{"v":7440.07683986,"d":"7,440.08"},0,{"v":33.6186309599999,"d":"33.62"},{"v":0.022223222,"d":"0.02"},"0_20604000_619_332","E",{"v":5.70108574756,"d":"5.70"},{"v":0.000766267052111,"d":"0.00"},{"v":0.0257608492417,"d":"0.03"}]
[2,206,20604,{"v":7609.177273,"d":"7,609.18"},1590,{"v":0.208958202,"d":"0.21"},"G",410,20604000,{"v":7609.17727264,"d":"7,609.18"},121,439,560,{"v":169.100432799999,"d":"169.10"},{"v":0.93996673,"d":"0.94"},{"v":526.381368999999,"d":"526.38"},{"v":33.6186309599999,"d":"33.62"},0,"0_20604000_619",{"v":7440.07683986,"d":"7,440.08"},0,{"v":33.6186309599999,"d":"33.62"},{"v":0.022223222,"d":"0.02"},"0_20604000_619_333","E",{"v":0.144997342584,"d":"0.14"},{"v":1.9488688854e-05,"d":"0.00"},{"v":0.000655183038487,"d":"0.00"}]
[2,206,20604,{"v":7609.177273,"d":"7,609.18"},1590,{"v":0.208958202,"d":"0.21"},"G",410,20604000,{"v":7609.17727264,"d":"7,609.18"},121,439,560,{"v":169.100432799999,"d":"169.10"},{"v":0.93996673,"d":"0.94"},{"v":526.381368999999,"d":"526.38"},{"v":33.6186309599999,"d":"33.62"},0,"0_20604000_619",{"v":7440.07683986,"d":"7,440.08"},0,{"v":33.6186309599999,"d":"33.62"},{"v":0.022223222,"d":"0.02"},"0_20604000_619_334","E",{"v":2.36812607362,"d":"2.37"},{"v":0.000318293227959,"d":"0.00"},{"v":0.0107005825678,"d":"0.01"}]
[2,206,20604,{"v":7609.177273,"d":"7,609.18"},1590,{"v":0.208958202,"d":"0.21"},"G",410,20604000,{"v":7609.17727264,"d":"7,609.18"},121,439,560,{"v":169.100432799999,"d":"169.10"},{"v":0.93996673,"d":"0.94"},{"v":526.381368999999,"d":"526.38"},{"v":33.6186309599999,"d":"33.62"},0,"0_20604000_619",{"v":7440.07683986,"d":"7,440.08"},0,{"v":33.6186309599999,"d":"33.62"},{"v":0.022223222,"d":"0.02"},"0_20604000_619_335","E",{"v":0.350984375855,"d":"0.35"},{"v":4.7174832117e-05,"d":"0.00"},{"v":0.00158595327153,"d":"0.00"}]
[2,206,20604,{"v":7609.177273,"d":"7,609.18"},1590,{"v":0.208958202,"d":"0.21"},"G",410,20604000,{"v":7609.17727264,"d":"7,609.18"},121,439,560,{"v":169.100432799999,"d":"169.10"},{"v":0.93996673,"d":"0.94"},{"v":526.381368999999,"d":"526.38"},{"v":33.6186309599999,"d":"33.62"},0,"0_20604000_619",{"v":7440.07683986,"d":"7,440.08"},0,{"v":33.6186309599999,"d":"33.62"},{"v":0.022223222,"d":"0.02"},"0_20604000_619_336","F",{"v":10.4004700855,"d":"10.40"},{"v":0.00139789820849,"d":"0.00"},{"v":0.0469954239909,"d":"0.05"}]
[2,206,20604,{"v":7609.177273,"d":"7,609.18"},1590,{"v":0.208958202,"d":"0.21"},"G",410,20604000,{"v":7609.17727264,"d":"7,609.18"},121,439,560,{"v":169.100432799999,"d":"169.10"},{"v":0.93996673,"d":"0.94"},{"v":526.381368999999,"d":"526.38"},{"v":33.6186309599999,"d":"33.62"},0,"0_20604000_619",{"v":7440.07683986,"d":"7,440.08"},0,{"v":33.6186309599999,"d":"33.62"},{"v":0.022223222,"d":"0.02"},"0_20604000_619_337","F",{"v":14.9341517232999,"d":"14.93"},{"v":0.0020072577266,"d":"0.00"},{"v":0.0674812567522,"d":"0.07"}]
[2,206,20604,{"v":7609.177273,"d":"7,609.18"},1590,{"v":0.208958202,"d":"0.21"},"G",410,20604000,{"v":7609.17727264,"d":"7,609.18"},121,439,560,{"v":169.100432799999,"d":"169.10"},{"v":0.93996673,"d":"0.94"},{"v":526.381368999999,"d":"526.38"},{"v":33.6186309599999,"d":"33.62"},0,"0_20604000_619",{"v":7440.07683986,"d":"7,440.08"},0,{"v":33.6186309599999,"d":"33.62"},{"v":0.022223222,"d":"0.02"},"0_20604000_619_338","F",{"v":7.85070518619,"d":"7.85"},{"v":1.05519141202E-3,"d":"0.00"},{"v":0.0354740906729,"d":"0.04"}]
[2,206,20604,{"v":7609.177273,"d":"7,609.18"},1590,{"v":0.208958202,"d":"0.21"},"G",410,20604000,{"v":7609.17727264,"d":"7,609.18"},121,439,560,{"v":169.100432799999,"d":"169.10"},{"v":0.93996673,"d":"0.94"},{"v":526.381368999999,"d":"526.38"},{"v":33.6186309599999,"d":"33.62"},0,"0_20604000_619",{"v":7440.07683986,"d":"7,440.08"},0,{"v":33.6186309599999,"d":"33.62"},{"v":0.022223222,"d":"0.02"},"0_20604000_619_339","F",{"v":4.29863752815,"d":"4.30"},{"v":0.000577767894159,"d":"0.00"},{"v":0.0194237656143,"d":"0.02"}]
[2,206,20604,{"v":7609.177273,"d":"7,609.18"},1590,{"v":0.208958202,"d":"0.21"},"G",410,20604000,{"v":7609.17727264,"d":"7,609.18"},121,439,560,{"v":169.100432799999,"d":"169.10"},{"v":0.93996673,"d":"0.94"},{"v":526.381368999999,"d":"526.38"},{"v":33.6186309599999,"d":"33.62"},0,"0_20604000_619",{"v":7440.07683986,"d":"7,440.08"},0,{"v":33.6186309599999,"d":"33.62"},{"v":0.022223222,"d":"0.02"},"0_20604000_619_340","G",{"v":52.3649769835,"d":"52.36"},{"v":0.00703823066759,"d":"0.01"},{"v":0.236615679425,"d":"0.24"}]
[2,206,20604,{"v":7609.177273,"d":"7,609.18"},1590,{"v":0.208958202,"d":"0.21"},"G",410,20604000,{"v":7609.17727264,"d":"7,609.18"},121,439,560,{"v":169.100432799999,"d":"169.10"},{"v":0.93996673,"d":"0.94"},{"v":526.381368999999,"d":"526.38"},{"v":33.6186309599999,"d":"33.62"},0,"0_20604000_619",{"v":7440.07683986,"d":"7,440.08"},0,{"v":33.6186309599999,"d":"33.62"},{"v":0.022223222,"d":"0.02"},"0_20604000_619_341","G",{"v":2.76306340089,"d":"2.76"},{"v":0.000371375653822,"d":"0.00"},{"v":0.0124851410534,"d":"0.01"}]
[2,206,20604,{"v":7609.177273,"d":"7,609.18"},1590,{"v":0.208958202,"d":"0.21"},"G",410,20604000,{"v":7609.17727264,"d":"7,609.18"},121,439,560,{"v":169.100432799999,"d":"169.10"},{"v":0.93996673,"d":"0.94"},{"v":526.381368999999,"d":"526.38"},{"v":33.6186309599999,"d":"33.62"},0,"0_20604000_619",{"v":7440.07683986,"d":"7,440.08"},0,{"v":33.6186309599999,"d":"33.62"},{"v":0.022223222,"d":"0.02"},"0_20604000_619_342","G",{"v":30.6969301263,"d":"30.70"},{"v":0.00412588885666,"d":"0.00"},{"v":0.138706734854,"d":"0.14"}]
[2,206,20604,{"v":7609.177273,"d":"7,609.18"},1590,{"v":0.208958202,"d":"0.21"},"G",410,20604000,{"v":7609.17727264,"d":"7,609.18"},121,439,560,{"v":169.100432799999,"d":"169.10"},{"v":0.93996673,"d":"0.94"},{"v":526.381368999999,"d":"526.38"},{"v":33.6186309599999,"d":"33.62"},0,"0_20604000_619",{"v":7440.07683986,"d":"7,440.08"},0,{"v":33.6186309599999,"d":"33.62"},{"v":0.022223222,"d":"0.02"},"0_20604000_619_343","G",{"v":0.0844420011663,"d":"0.08"},{"v":1.1349614121E-5,"d":"0.00"},{"v":0.000381558488686,"d":"0.00"}]
[2,206,20604,{"v":7609.177273,"d":"7,609.18"},1590,{"v":0.208958202,"d":"0.21"},"G",410,20604000,{"v":7609.17727264,"d":"7,609.18"},121,439,560,{"v":169.100432799999,"d":"169.10"},{"v":0.93996673,"d":"0.94"},{"v":526.381368999999,"d":"526.38"},{"v":33.6186309599999,"d":"33.62"},0,"0_20604000_619",{"v":7440.07683986,"d":"7,440.08"},0,{"v":33.6186309599999,"d":"33.62"},{"v":0.022223222,"d":"0.02"},"0_20604000_619_344","G",{"v":2.97832574392,"d":"2.98"},{"v":0.000400308465628,"d":"0.00"},{"v":0.0134578225761,"d":"0.01"}]
[2,206,20604,{"v":7609.177273,"d":"7,609.18"},1590,{"v":0.208958202,"d":"0.21"},"G",410,20604000,{"v":7609.17727264,"d":"7,609.18"},121,439,560,{"v":169.100432799999,"d":"169.10"},{"v":0.93996673,"d":"0.94"},{"v":526.381368999999,"d":"526.38"},{"v":33.6186309599999,"d":"33.62"},0,"0_20604000_619",{"v":7440.07683986,"d":"7,440.08"},0,{"v":33.6186309599999,"d":"33.62"},{"v":0.022223222,"d":"0.02"},"0_20604000_619_345","G",{"v":20.1362829067,"d":"20.14"},{"v":0.00270646168583,"d":"0.00"},{"v":0.0909875366233,"d":"0.09"}]
[2,206,20605,{"v":10951.08164,"d":"10,951.08"},1310,{"v":0.119622887,"d":"0.12"},"G",410,20605000,{"v":10951.1024484999,"d":"10,951.10"},108,178,286,{"v":135.809749799999,"d":"135.81"},{"v":0.93996673,"d":"0.94"},{"v":268.830484899999,"d":"268.83"},{"v":17.1695151,"d":"17.17"},0,"0_20605000_620",{"v":10815.2926987999,"d":"10,815.29"},0,{"v":17.1695151,"d":"17.17"},{"v":0.012401468,"d":"0.01"},"0_20605000_620_346","außerhalb GKL",{"v":10574.2811598,"d":"10,574.28"},{"v":0.97771567116,"d":"0.98"},{"v":16.7869039795,"d":"16.79"}]
[2,206,20605,{"v":10951.08164,"d":"10,951.08"},1310,{"v":0.119622887,"d":"0.12"},"G",410,20605000,{"v":10951.1024484999,"d":"10,951.10"},108,178,286,{"v":135.809749799999,"d":"135.81"},{"v":0.93996673,"d":"0.94"},{"v":268.830484899999,"d":"268.83"},{"v":17.1695151,"d":"17.17"},0,"0_20605000_620",{"v":10815.2926987999,"d":"10,815.29"},0,{"v":17.1695151,"d":"17.17"},{"v":0.012401468,"d":"0.01"},"0_20605000_620_347","außerhalb GKL",{"v":1.62341209512,"d":"1.62"},{"v":0.00015010338974,"d":"0.00"},{"v":0.0025772024167,"d":"0.00"}]
[2,206,20605,{"v":10951.08164,"d":"10,951.08"},1310,{"v":0.119622887,"d":"0.12"},"G",410,20605000,{"v":10951.1024484999,"d":"10,951.10"},108,178,286,{"v":135.809749799999,"d":"135.81"},{"v":0.93996673,"d":"0.94"},{"v":268.830484899999,"d":"268.83"},{"v":17.1695151,"d":"17.17"},0,"0_20605000_620",{"v":10815.2926987999,"d":"10,815.29"},0,{"v":17.1695151,"d":"17.17"},{"v":0.012401468,"d":"0.01"},"0_20605000_620_348","außerhalb GKL",{"v":1.00672471555,"d":"1.01"},{"v":9.3083446152e-05,"d":"0.00"},{"v":1.59819763427E-3,"d":"0.00"}]
[2,206,20605,{"v":10951.08164,"d":"10,951.08"},1310,{"v":0.119622887,"d":"0.12"},"G",410,20605000,{"v":10951.1024484999,"d":"10,951.10"},108,178,286,{"v":135.809749799999,"d":"135.81"},{"v":0.93996673,"d":"0.94"},{"v":268.830484899999,"d":"268.83"},{"v":17.1695151,"d":"17.17"},0,"0_20605000_620",{"v":10815.2926987999,"d":"10,815.29"},0,{"v":17.1695151,"d":"17.17"},{"v":0.012401468,"d":"0.01"},"0_20605000_620_349","F",{"v":7.07167148268,"d":"7.07"},{"v":0.00065385853898,"d":"0.00"},{"v":0.0112264340583,"d":"0.01"}]
[2,206,20605,{"v":10951.08164,"d":"10,951.08"},1310,{"v":0.119622887,"d":"0.12"},"G",410,20605000,{"v":10951.1024484999,"d":"10,951.10"},108,178,286,{"v":135.809749799999,"d":"135.81"},{"v":0.93996673,"d":"0.94"},{"v":268.830484899999,"d":"268.83"},{"v":17.1695151,"d":"17.17"},0,"0_20605000_620",{"v":10815.2926987999,"d":"10,815.29"},0,{"v":17.1695151,"d":"17.17"},{"v":0.012401468,"d":"0.01"},"0_20605000_620_350","F",{"v":14.2847712476,"d":"14.28"},{"v":1.3207937728E-3,"d":"0.00"},{"v":0.0226773886261,"d":"0.02"}]
[2,206,20605,{"v":10951.08164,"d":"10,951.08"},1310,{"v":0.119622887,"d":"0.12"},"G",410,20605000,{"v":10951.1024484999,"d":"10,951.10"},108,178,286,{"v":135.809749799999,"d":"135.81"},{"v":0.93996673,"d":"0.94"},{"v":268.830484899999,"d":"268.83"},{"v":17.1695151,"d":"17.17"},0,"0_20605000_620",{"v":10815.2926987999,"d":"10,815.29"},0,{"v":17.1695151,"d":"17.17"},{"v":0.012401468,"d":"0.01"},"0_20605000_620_351","F",{"v":5.98540253694,"d":"5.99"},{"v":0.000553420300646,"d":"0.00"},{"v":0.00950195820859,"d":"0.01"}]
[2,206,20605,{"v":10951.08164,"d":"10,951.08"},1310,{"v":0.119622887,"d":"0.12"},"G",410,20605000,{"v":10951.1024484999,"d":"10,951.10"},108,178,286,{"v":135.809749799999,"d":"135.81"},{"v":0.93996673,"d":"0.94"},{"v":268.830484899999,"d":"268.83"},{"v":17.1695151,"d":"17.17"},0,"0_20605000_620",{"v":10815.2926987999,"d":"10,815.29"},0,{"v":17.1695151,"d":"17.17"},{"v":0.012401468,"d":"0.01"},"0_20605000_620_352","F",{"v":0.0109291536028,"d":"0.01"},{"v":1.010527769e-06,"d":"0.00"},{"v":1.735027179e-05,"d":"0.00"}]
[2,206,20605,{"v":10951.08164,"d":"10,951.08"},1310,{"v":0.119622887,"d":"0.12"},"G",410,20605000,{"v":10951.1024484999,"d":"10,951.10"},108,178,286,{"v":135.809749799999,"d":"135.81"},{"v":0.93996673,"d":"0.94"},{"v":268.830484899999,"d":"268.83"},{"v":17.1695151,"d":"17.17"},0,"0_20605000_620",{"v":10815.2926987999,"d":"10,815.29"},0,{"v":17.1695151,"d":"17.17"},{"v":0.012401468,"d":"0.01"},"0_20605000_620_353","F",{"v":2.0951144333,"d":"2.10"},{"v":0.000193717774604,"d":"0.00"},{"v":0.0033260402562,"d":"0.00"}]
[2,206,20605,{"v":10951.08164,"d":"10,951.08"},1310,{"v":0.119622887,"d":"0.12"},"G",410,20605000,{"v":10951.1024484999,"d":"10,951.10"},108,178,286,{"v":135.809749799999,"d":"135.81"},{"v":0.93996673,"d":"0.94"},{"v":268.830484899999,"d":"268.83"},{"v":17.1695151,"d":"17.17"},0,"0_20605000_620",{"v":10815.2926987999,"d":"10,815.29"},0,{"v":17.1695151,"d":"17.17"},{"v":0.012401468,"d":"0.01"},"0_20605000_620_354","F",{"v":0.736877514983,"d":"0.74"},{"v":6.8132923954e-05,"d":"0.00"},{"v":0.00116980926663,"d":"0.00"}]
[2,206,20605,{"v":10951.08164,"d":"10,951.08"},1310,{"v":0.119622887,"d":"0.12"},"G",410,20605000,{"v":10951.1024484999,"d":"10,951.10"},108,178,286,{"v":135.809749799999,"d":"135.81"},{"v":0.93996673,"d":"0.94"},{"v":268.830484899999,"d":"268.83"},{"v":17.1695151,"d":"17.17"},0,"0_20605000_620",{"v":10815.2926987999,"d":"10,815.29"},0,{"v":17.1695151,"d":"17.17"},{"v":0.012401468,"d":"0.01"},"0_20605000_620_355","F",{"v":0.552848475136,"d":"0.55"},{"v":5.1117292017e-05,"d":"0.00"},{"v":0.00087765911716,"d":"0.00"}]
[2,206,20605,{"v":10951.08164,"d":"10,951.08"},1310,{"v":0.119622887,"d":"0.12"},"G",410,20605000,{"v":10951.1024484999,"d":"10,951.10"},108,178,286,{"v":135.809749799999,"d":"135.81"},{"v":0.93996673,"d":"0.94"},{"v":268.830484899999,"d":"268.83"},{"v":17.1695151,"d":"17.17"},0,"0_20605000_620",{"v":10815.2926987999,"d":"10,815.29"},0,{"v":17.1695151,"d":"17.17"},{"v":0.012401468,"d":"0.01"},"0_20605000_620_356","F",{"v":10.7119135652,"d":"10.71"},{"v":0.000990441392898,"d":"0.00"},{"v":0.017005398451,"d":"0.02"}]
[2,206,20605,{"v":10951.08164,"d":"10,951.08"},1310,{"v":0.119622887,"d":"0.12"},"G",410,20605000,{"v":10951.1024484999,"d":"10,951.10"},108,178,286,{"v":135.809749799999,"d":"135.81"},{"v":0.93996673,"d":"0.94"},{"v":268.830484899999,"d":"268.83"},{"v":17.1695151,"d":"17.17"},0,"0_20605000_620",{"v":10815.2926987999,"d":"10,815.29"},0,{"v":17.1695151,"d":"17.17"},{"v":0.012401468,"d":"0.01"},"0_20605000_620_357","G",{"v":106.528380948,"d":"106.53"},{"v":0.00984979176383,"d":"0.01"},{"v":0.169116148421,"d":"0.17"}]
[2,206,20605,{"v":10951.08164,"d":"10,951.08"},1310,{"v":0.119622887,"d":"0.12"},"G",410,20605000,{"v":10951.1024484999,"d":"10,951.10"},108,178,286,{"v":135.809749799999,"d":"135.81"},{"v":0.93996673,"d":"0.94"},{"v":268.830484899999,"d":"268.83"},{"v":17.1695151,"d":"17.17"},0,"0_20605000_620",{"v":10815.2926987999,"d":"10,815.29"},0,{"v":17.1695151,"d":"17.17"},{"v":0.012401468,"d":"0.01"},"0_20605000_620_358","G",{"v":13.5093306323999,"d":"13.51"},{"v":0.00124909524029,"d":"0.00"},{"v":0.0214463595895,"d":"0.02"}]
[2,206,20605,{"v":10951.08164,"d":"10,951.08"},1310,{"v":0.119622887,"d":"0.12"},"G",410,20605000,{"v":10951.1024484999,"d":"10,951.10"},108,178,286,{"v":135.809749799999,"d":"135.81"},{"v":0.93996673,"d":"0.94"},{"v":268.830484899999,"d":"268.83"},{"v":17.1695151,"d":"17.17"},0,"0_20605000_620",{"v":10815.2926987999,"d":"10,815.29"},0,{"v":17.1695151,"d":"17.17"},{"v":0.012401468,"d":"0.01"},"0_20605000_620_359","G",{"v":16.6085779844,"d":"16.61"},{"v":0.00153565681919,"d":"0.00"},{"v":0.0263664829455,"d":"0.03"}]
[2,206,20605,{"v":10951.08164,"d":"10,951.08"},1310,{"v":0.119622887,"d":"0.12"},"G",410,20605000,{"v":10951.1024484999,"d":"10,951.10"},108,178,286,{"v":135.809749799999,"d":"135.81"},{"v":0.93996673,"d":"0.94"},{"v":268.830484899999,"d":"268.83"},{"v":17.1695151,"d":"17.17"},0,"0_20605000_620",{"v":10815.2926987999,"d":"10,815.29"},0,{"v":17.1695151,"d":"17.17"},{"v":0.012401468,"d":"0.01"},"0_20605000_620_360","G",{"v":0.625702258117,"d":"0.63"},{"v":5.7853474293e-05,"d":"0.00"},{"v":0.000993316100454,"d":"0.00"}]
[2,206,20605,{"v":10951.08164,"d":"10,951.08"},1310,{"v":0.119622887,"d":"0.12"},"G",410,20605000,{"v":10951.1024484999,"d":"10,951.10"},108,178,286,{"v":135.809749799999,"d":"135.81"},{"v":0.93996673,"d":"0.94"},{"v":268.830484899999,"d":"268.83"},{"v":17.1695151,"d":"17.17"},0,"0_20605000_620",{"v":10815.2926987999,"d":"10,815.29"},0,{"v":17.1695151,"d":"17.17"},{"v":0.012401468,"d":"0.01"},"0_20605000_620_361","G",{"v":0.0921088364592,"d":"0.09"},{"v":8.516536632e-06,"d":"0.00"},{"v":0.000146224804309,"d":"0.00"}]
[2,206,20605,{"v":10951.08164,"d":"10,951.08"},1310,{"v":0.119622887,"d":"0.12"},"G",410,20605000,{"v":10951.1024484999,"d":"10,951.10"},108,178,286,{"v":135.809749799999,"d":"135.81"},{"v":0.93996673,"d":"0.94"},{"v":268.830484899999,"d":"268.83"},{"v":17.1695151,"d":"17.17"},0,"0_20605000_620",{"v":10815.2926987999,"d":"10,815.29"},0,{"v":17.1695151,"d":"17.17"},{"v":0.012401468,"d":"0.01"},"0_20605000_620_362","G",{"v":16.4994422780999,"d":"16.50"},{"v":0.00152556594977,"d":"0.00"},{"v":0.0261932276106,"d":"0.03"}]
[2,206,20605,{"v":10951.08164,"d":"10,951.08"},1310,{"v":0.119622887,"d":"0.12"},"G",410,20605000,{"v":10951.1024484999,"d":"10,951.10"},108,178,286,{"v":135.809749799999,"d":"135.81"},{"v":0.93996673,"d":"0.94"},{"v":268.830484899999,"d":"268.83"},{"v":17.1695151,"d":"17.17"},0,"0_20605000_620",{"v":10815.2926987999,"d":"10,815.29"},0,{"v":17.1695151,"d":"17.17"},{"v":0.012401468,"d":"0.01"},"0_20605000_620_363","G",{"v":42.9779384074,"d":"42.98"},{"v":0.00397381186107,"d":"0.00"},{"v":0.0682284227532,"d":"0.07"}]
[2,206,20605,{"v":10951.08164,"d":"10,951.08"},1310,{"v":0.119622887,"d":"0.12"},"G",410,20605000,{"v":10951.1024484999,"d":"10,951.10"},108,178,286,{"v":135.809749799999,"d":"135.81"},{"v":0.93996673,"d":"0.94"},{"v":268.830484899999,"d":"268.83"},{"v":17.1695151,"d":"17.17"},0,"0_20605000_620",{"v":10815.2926987999,"d":"10,815.29"},0,{"v":17.1695151,"d":"17.17"},{"v":0.012401468,"d":"0.01"},"0_20605000_620_364","G",{"v":0.000701391538658,"d":"0.00"},{"v":6.4851831E-8,"d":"0.00"},{"v":1.113474499e-06,"d":"0.00"}]
[2,206,20605,{"v":10951.08164,"d":"10,951.08"},1310,{"v":0.119622887,"d":"0.12"},"G",410,20605000,{"v":10951.1024484999,"d":"10,951.10"},108,178,286,{"v":135.809749799999,"d":"135.81"},{"v":0.93996673,"d":"0.94"},{"v":268.830484899999,"d":"268.83"},{"v":17.1695151,"d":"17.17"},0,"0_20605000_620",{"v":10815.2926987999,"d":"10,815.29"},0,{"v":17.1695151,"d":"17.17"},{"v":0.012401468,"d":"0.01"},"0_20605000_620_365","G",{"v":0.0896910046551,"d":"0.09"},{"v":8.292979871e-06,"d":"0.00"},{"v":0.000142386443127,"d":"0.00"}]
[2,206,20607,{"v":9884.60477499999,"d":"9,884.60"},1188,{"v":0.120186899,"d":"0.12"},"G",430,20607000,{"v":9884.60477524,"d":"9,884.60"},96,330,426,{"v":143.102910799999,"d":"143.10"},{"v":0.945243625,"d":"0.95"},{"v":402.6737843,"d":"402.67"},{"v":23.3262157399999,"d":"23.33"},0,"0_20607000_621",{"v":9741.50186444999,"d":"9,741.50"},0,{"v":23.3262157399999,"d":"23.33"},{"v":0.014477353,"d":"0.01"},"0_20607000_621_366","außerhalb GKL",{"v":9581.83673604999,"d":"9,581.84"},{"v":0.98360980364,"d":"0.98"},{"v":22.9438944836999,"d":"22.94"}]
[2,206,20607,{"v":9884.60477499999,"d":"9,884.60"},1188,{"v":0.120186899,"d":"0.12"},"G",430,20607000,{"v":9884.60477524,"d":"9,884.60"},96,330,426,{"v":143.102910799999,"d":"143.10"},{"v":0.945243625,"d":"0.95"},{"v":402.6737843,"d":"402.67"},{"v":23.3262157399999,"d":"23.33"},0,"0_20607000_621",{"v":9741.50186444999,"d":"9,741.50"},0,{"v":23.3262157399999,"d":"23.33"},{"v":0.014477353,"d":"0.01"},"0_20607000_621_367","außerhalb GKL",{"v":1.2140592365,"d":"1.21"},{"v":0.000124627521854,"d":"0.00"},{"v":0.00290708846191,"d":"0.00"}]
[2,206,20607,{"v":9884.60477499999,"d":"9,884.60"},1188,{"v":0.120186899,"d":"0.12"},"G",430,20607000,{"v":9884.60477524,"d":"9,884.60"},96,330,426,{"v":143.102910799999,"d":"143.10"},{"v":0.945243625,"d":"0.95"},{"v":402.6737843,"d":"402.67"},{"v":23.3262157399999,"d":"23.33"},0,"0_20607000_621",{"v":9741.50186444999,"d":"9,741.50"},0,{"v":23.3262157399999,"d":"23.33"},{"v":0.014477353,"d":"0.01"},"0_20607000_621_368","außerhalb GKL",{"v":0.90082593944,"d":"0.90"},{"v":9.2473003853e-05,"d":"0.00"},{"v":0.00215704523799,"d":"0.00"}]
[2,206,20607,{"v":9884.60477499999,"d":"9,884.60"},1188,{"v":0.120186899,"d":"0.12"},"G",430,20607000,{"v":9884.60477524,"d":"9,884.60"},96,330,426,{"v":143.102910799999,"d":"143.10"},{"v":0.945243625,"d":"0.95"},{"v":402.6737843,"d":"402.67"},{"v":23.3262157399999,"d":"23.33"},0,"0_20607000_621",{"v":9741.50186444999,"d":"9,741.50"},0,{"v":23.3262157399999,"d":"23.33"},{"v":0.014477353,"d":"0.01"},"0_20607000_621_369","F",{"v":1.35578384585,"d":"1.36"},{"v":0.000139176059782,"d":"0.00"},{"v":0.00324645079632,"d":"0.00"}]
[2,206,20607,{"v":9884.60477499999,"d":"9,884.60"},1188,{"v":0.120186899,"d":"0.12"},"G",430,20607000,{"v":9884.60477524,"d":"9,884.60"},96,330,426,{"v":143.102910799999,"d":"143.10"},{"v":0.945243625,"d":"0.95"},{"v":402.6737843,"d":"402.67"},{"v":23.3262157399999,"d":"23.33"},0,"0_20607000_621",{"v":9741.50186444999,"d":"9,741.50"},0,{"v":23.3262157399999,"d":"23.33"},{"v":0.014477353,"d":"0.01"},"0_20607000_621_370","F",{"v":9.98846001413999,"d":"9.99"},{"v":1.02535113714E-3,"d":"0.00"},{"v":0.0239175618342,"d":"0.02"}]
[2,206,20607,{"v":9884.60477499999,"d":"9,884.60"},1188,{"v":0.120186899,"d":"0.12"},"G",430,20607000,{"v":9884.60477524,"d":"9,884.60"},96,330,426,{"v":143.102910799999,"d":"143.10"},{"v":0.945243625,"d":"0.95"},{"v":402.6737843,"d":"402.67"},{"v":23.3262157399999,"d":"23.33"},0,"0_20607000_621",{"v":9741.50186444999,"d":"9,741.50"},0,{"v":23.3262157399999,"d":"23.33"},{"v":0.014477353,"d":"0.01"},"0_20607000_621_371","F",{"v":0.0123057389141,"d":"0.01"},{"v":1.263228102e-06,"d":"0.00"},{"v":2.9466331244e-05,"d":"0.00"}]
[2,206,20607,{"v":9884.60477499999,"d":"9,884.60"},1188,{"v":0.120186899,"d":"0.12"},"G",430,20607000,{"v":9884.60477524,"d":"9,884.60"},96,330,426,{"v":143.102910799999,"d":"143.10"},{"v":0.945243625,"d":"0.95"},{"v":402.6737843,"d":"402.67"},{"v":23.3262157399999,"d":"23.33"},0,"0_20607000_621",{"v":9741.50186444999,"d":"9,741.50"},0,{"v":23.3262157399999,"d":"23.33"},{"v":0.014477353,"d":"0.01"},"0_20607000_621_372","F",{"v":2.56195948686,"d":"2.56"},{"v":0.000262994302368,"d":"0.00"},{"v":0.00613466183543,"d":"0.01"}]
[2,206,20607,{"v":9884.60477499999,"d":"9,884.60"},1188,{"v":0.120186899,"d":"0.12"},"G",430,20607000,{"v":9884.60477524,"d":"9,884.60"},96,330,426,{"v":143.102910799999,"d":"143.10"},{"v":0.945243625,"d":"0.95"},{"v":402.6737843,"d":"402.67"},{"v":23.3262157399999,"d":"23.33"},0,"0_20607000_621",{"v":9741.50186444999,"d":"9,741.50"},0,{"v":23.3262157399999,"d":"23.33"},{"v":0.014477353,"d":"0.01"},"0_20607000_621_373","F",{"v":0.0169552496588,"d":"0.02"},{"v":1.740517006E-6,"d":"0.00"},{"v":4.059967518e-05,"d":"0.00"}]
[2,206,20607,{"v":9884.60477499999,"d":"9,884.60"},1188,{"v":0.120186899,"d":"0.12"},"G",430,20607000,{"v":9884.60477524,"d":"9,884.60"},96,330,426,{"v":143.102910799999,"d":"143.10"},{"v":0.945243625,"d":"0.95"},{"v":402.6737843,"d":"402.67"},{"v":23.3262157399999,"d":"23.33"},0,"0_20607000_621",{"v":9741.50186444999,"d":"9,741.50"},0,{"v":23.3262157399999,"d":"23.33"},{"v":0.014477353,"d":"0.01"},"0_20607000_621_374","G",{"v":10.8365535127,"d":"10.84"},{"v":1.11241096737E-3,"d":"0.00"},{"v":0.0259483382164,"d":"0.03"}]
[2,206,20607,{"v":9884.60477499999,"d":"9,884.60"},1188,{"v":0.120186899,"d":"0.12"},"G",430,20607000,{"v":9884.60477524,"d":"9,884.60"},96,330,426,{"v":143.102910799999,"d":"143.10"},{"v":0.945243625,"d":"0.95"},{"v":402.6737843,"d":"402.67"},{"v":23.3262157399999,"d":"23.33"},0,"0_20607000_621",{"v":9741.50186444999,"d":"9,741.50"},0,{"v":23.3262157399999,"d":"23.33"},{"v":0.014477353,"d":"0.01"},"0_20607000_621_375","G",{"v":0.844688421489,"d":"0.84"},{"v":8.6710286898e-05,"d":"0.00"},{"v":2.02262285907E-3,"d":"0.00"}]
[2,206,20607,{"v":9884.60477499999,"d":"9,884.60"},1188,{"v":0.120186899,"d":"0.12"},"G",430,20607000,{"v":9884.60477524,"d":"9,884.60"},96,330,426,{"v":143.102910799999,"d":"143.10"},{"v":0.945243625,"d":"0.95"},{"v":402.6737843,"d":"402.67"},{"v":23.3262157399999,"d":"23.33"},0,"0_20607000_621",{"v":9741.50186444999,"d":"9,741.50"},0,{"v":23.3262157399999,"d":"23.33"},{"v":0.014477353,"d":"0.01"},"0_20607000_621_376","G",{"v":18.7751047376,"d":"18.78"},{"v":0.00192733163724,"d":"0.00"},{"v":0.0449573535728,"d":"0.04"}]
[2,206,20607,{"v":9884.60477499999,"d":"9,884.60"},1188,{"v":0.120186899,"d":"0.12"},"G",430,20607000,{"v":9884.60477524,"d":"9,884.60"},96,330,426,{"v":143.102910799999,"d":"143.10"},{"v":0.945243625,"d":"0.95"},{"v":402.6737843,"d":"402.67"},{"v":23.3262157399999,"d":"23.33"},0,"0_20607000_621",{"v":9741.50186444999,"d":"9,741.50"},0,{"v":23.3262157399999,"d":"23.33"},{"v":0.014477353,"d":"0.01"},"0_20607000_621_377","G",{"v":3.82159661726,"d":"3.82"},{"v":0.000392300558008,"d":"0.00"},{"v":0.00915088745102,"d":"0.01"}]
[2,206,20607,{"v":9884.60477499999,"d":"9,884.60"},1188,{"v":0.120186899,"d":"0.12"},"G",430,20607000,{"v":9884.60477524,"d":"9,884.60"},96,330,426,{"v":143.102910799999,"d":"143.10"},{"v":0.945243625,"d":"0.95"},{"v":402.6737843,"d":"402.67"},{"v":23.3262157399999,"d":"23.33"},0,"0_20607000_621",{"v":9741.50186444999,"d":"9,741.50"},0,{"v":23.3262157399999,"d":"23.33"},{"v":0.014477353,"d":"0.01"},"0_20607000_621_378","G",{"v":70.7485988619,"d":"70.75"},{"v":0.00726259665566,"d":"0.01"},{"v":0.169408896423,"d":"0.17"}]
[2,206,20607,{"v":9884.60477499999,"d":"9,884.60"},1188,{"v":0.120186899,"d":"0.12"},"G",430,20607000,{"v":9884.60477524,"d":"9,884.60"},96,330,426,{"v":143.102910799999,"d":"143.10"},{"v":0.945243625,"d":"0.95"},{"v":402.6737843,"d":"402.67"},{"v":23.3262157399999,"d":"23.33"},0,"0_20607000_621",{"v":9741.50186444999,"d":"9,741.50"},0,{"v":23.3262157399999,"d":"23.33"},{"v":0.014477353,"d":"0.01"},"0_20607000_621_379","G",{"v":34.0040535561999,"d":"34.00"},{"v":0.00349063768907,"d":"0.00"},{"v":0.0814233678054,"d":"0.08"}]
[2,206,20607,{"v":9884.60477499999,"d":"9,884.60"},1188,{"v":0.120186899,"d":"0.12"},"G",430,20607000,{"v":9884.60477524,"d":"9,884.60"},96,330,426,{"v":143.102910799999,"d":"143.10"},{"v":0.945243625,"d":"0.95"},{"v":402.6737843,"d":"402.67"},{"v":23.3262157399999,"d":"23.33"},0,"0_20607000_621",{"v":9741.50186444999,"d":"9,741.50"},0,{"v":23.3262157399999,"d":"23.33"},{"v":0.014477353,"d":"0.01"},"0_20607000_621_380","G",{"v":0.121347312181,"d":"0.12"},{"v":1.2456735509E-5,"d":"0.00"},{"v":0.000290568499887,"d":"0.00"}]
[2,206,20607,{"v":9884.60477499999,"d":"9,884.60"},1188,{"v":0.120186899,"d":"0.12"},"G",430,20607000,{"v":9884.60477524,"d":"9,884.60"},96,330,426,{"v":143.102910799999,"d":"143.10"},{"v":0.945243625,"d":"0.95"},{"v":402.6737843,"d":"402.67"},{"v":23.3262157399999,"d":"23.33"},0,"0_20607000_621",{"v":9741.50186444999,"d":"9,741.50"},0,{"v":23.3262157399999,"d":"23.33"},{"v":0.014477353,"d":"0.01"},"0_20607000_621_381","G",{"v":0.00023387304669,"d":"0.00"},{"v":2.4007905e-08,"d":"0.00"},{"v":5.6001356e-07,"d":"0.00"}]
[2,206,20607,{"v":9884.60477499999,"d":"9,884.60"},1188,{"v":0.120186899,"d":"0.12"},"G",430,20607000,{"v":9884.60477524,"d":"9,884.60"},96,330,426,{"v":143.102910799999,"d":"143.10"},{"v":0.945243625,"d":"0.95"},{"v":402.6737843,"d":"402.67"},{"v":23.3262157399999,"d":"23.33"},0,"0_20607000_621",{"v":9741.50186444999,"d":"9,741.50"},0,{"v":23.3262157399999,"d":"23.33"},{"v":0.014477353,"d":"0.01"},"0_20607000_621_382","G",{"v":0.0538866281631,"d":"0.05"},{"v":5.531655068E-6,"d":"0.00"},{"v":0.000129032579527,"d":"0.00"}]
[2,206,20607,{"v":9884.60477499999,"d":"9,884.60"},1188,{"v":0.120186899,"d":"0.12"},"G",430,20607000,{"v":9884.60477524,"d":"9,884.60"},96,330,426,{"v":143.102910799999,"d":"143.10"},{"v":0.945243625,"d":"0.95"},{"v":402.6737843,"d":"402.67"},{"v":23.3262157399999,"d":"23.33"},0,"0_20607000_621",{"v":9741.50186444999,"d":"9,741.50"},0,{"v":23.3262157399999,"d":"23.33"},{"v":0.014477353,"d":"0.01"},"0_20607000_621_383","G",{"v":2.86186124345E-3,"d":"0.00"},{"v":2.9378029e-07,"d":"0.00"},{"v":6.852782426e-06,"d":"0.00"}]
[2,206,20607,{"v":9884.60477499999,"d":"9,884.60"},1188,{"v":0.120186899,"d":"0.12"},"G",430,20607000,{"v":9884.60477524,"d":"9,884.60"},96,330,426,{"v":143.102910799999,"d":"143.10"},{"v":0.945243625,"d":"0.95"},{"v":402.6737843,"d":"402.67"},{"v":23.3262157399999,"d":"23.33"},0,"0_20607000_621",{"v":9741.50186444999,"d":"9,741.50"},0,{"v":23.3262157399999,"d":"23.33"},{"v":0.014477353,"d":"0.01"},"0_20607000_621_384","G",{"v":4.40585350626,"d":"4.41"},{"v":0.000452276616847,"d":"0.00"},{"v":0.0105499019387,"d":"0.01"}]
[2,206,20609,{"v":7621.57228,"d":"7,621.57"},1733,{"v":0.227380905,"d":"0.23"},"M",410,20609000,{"v":653.855879699999,"d":"653.86"},91,466,557,{"v":141.1823663,"d":"141.18"},{"v":0.93996673,"d":"0.94"},{"v":523.561468799999,"d":"523.56"},{"v":33.43853115,"d":"33.44"},0,"0_20609000_625",{"v":512.673513375999,"d":"512.67"},0,{"v":33.43853115,"d":"33.44"},{"v":0.21592276,"d":"0.22"},"0_20609000_625_385","außerhalb GKL",{"v":406.378266122,"d":"406.38"},{"v":0.792664835454,"d":"0.79"},{"v":26.5055477918,"d":"26.51"}]
[2,206,20609,{"v":7621.57228,"d":"7,621.57"},1733,{"v":0.227380905,"d":"0.23"},"M",410,20609000,{"v":653.855879699999,"d":"653.86"},91,466,557,{"v":141.1823663,"d":"141.18"},{"v":0.93996673,"d":"0.94"},{"v":523.561468799999,"d":"523.56"},{"v":33.43853115,"d":"33.44"},0,"0_20609000_625",{"v":512.673513375999,"d":"512.67"},0,{"v":33.43853115,"d":"33.44"},{"v":0.21592276,"d":"0.22"},"0_20609000_625_386","außerhalb GKL",{"v":6.39327176419,"d":"6.39"},{"v":0.0124704545825,"d":"0.01"},{"v":0.416993684012,"d":"0.42"}]
[2,206,20609,{"v":7621.57228,"d":"7,621.57"},1733,{"v":0.227380905,"d":"0.23"},"M",410,20609000,{"v":653.855879699999,"d":"653.86"},91,466,557,{"v":141.1823663,"d":"141.18"},{"v":0.93996673,"d":"0.94"},{"v":523.561468799999,"d":"523.56"},{"v":33.43853115,"d":"33.44"},0,"0_20609000_625",{"v":512.673513375999,"d":"512.67"},0,{"v":33.43853115,"d":"33.44"},{"v":0.21592276,"d":"0.22"},"0_20609000_625_387","außerhalb GKL",{"v":0.0752134886663,"d":"0.08"},{"v":0.000146708356691,"d":"0.00"},{"v":0.00490571195518,"d":"0.00"}]
[2,206,20609,{"v":7621.57228,"d":"7,621.57"},1733,{"v":0.227380905,"d":"0.23"},"M",410,20609000,{"v":653.855879699999,"d":"653.86"},91,466,557,{"v":141.1823663,"d":"141.18"},{"v":0.93996673,"d":"0.94"},{"v":523.561468799999,"d":"523.56"},{"v":33.43853115,"d":"33.44"},0,"0_20609000_625",{"v":512.673513375999,"d":"512.67"},0,{"v":33.43853115,"d":"33.44"},{"v":0.21592276,"d":"0.22"},"0_20609000_625_388","außerhalb GKL",{"v":0.478253173457,"d":"0.48"},{"v":0.000932861091863,"d":"0.00"},{"v":0.0311935046789,"d":"0.03"}]
[2,206,20609,{"v":7621.57228,"d":"7,621.57"},1733,{"v":0.227380905,"d":"0.23"},"M",410,20609000,{"v":653.855879699999,"d":"653.86"},91,466,557,{"v":141.1823663,"d":"141.18"},{"v":0.93996673,"d":"0.94"},{"v":523.561468799999,"d":"523.56"},{"v":33.43853115,"d":"33.44"},0,"0_20609000_625",{"v":512.673513375999,"d":"512.67"},0,{"v":33.43853115,"d":"33.44"},{"v":0.21592276,"d":"0.22"},"0_20609000_625_389","außerhalb GKL",{"v":0.694980473191,"d":"0.69"},{"v":0.00135560050414,"d":"0.00"},{"v":0.0453292896846,"d":"0.05"}]
[2,206,20609,{"v":7621.57228,"d":"7,621.57"},1733,{"v":0.227380905,"d":"0.23"},"M",410,20609000,{"v":653.855879699999,"d":"653.86"},91,466,557,{"v":141.1823663,"d":"141.18"},{"v":0.93996673,"d":"0.94"},{"v":523.561468799999,"d":"523.56"},{"v":33.43853115,"d":"33.44"},0,"0_20609000_625",{"v":512.673513375999,"d":"512.67"},0,{"v":33.43853115,"d":"33.44"},{"v":0.21592276,"d":"0.22"},"0_20609000_625_390","außerhalb GKL",{"v":0.994437913784,"d":"0.99"},{"v":1.93970994763E-3,"d":"0.00"},{"v":0.0648610515058,"d":"0.06"}]
[2,206,20609,{"v":7621.57228,"d":"7,621.57"},1733,{"v":0.227380905,"d":"0.23"},"M",410,20609000,{"v":653.855879699999,"d":"653.86"},91,466,557,{"v":141.1823663,"d":"141.18"},{"v":0.93996673,"d":"0.94"},{"v":523.561468799999,"d":"523.56"},{"v":33.43853115,"d":"33.44"},0,"0_20609000_625",{"v":512.673513375999,"d":"512.67"},0,{"v":33.43853115,"d":"33.44"},{"v":0.21592276,"d":"0.22"},"0_20609000_625_391","C",{"v":1.85307867878,"d":"1.85"},{"v":0.00361453952746,"d":"0.00"},{"v":0.120864892582,"d":"0.12"}]
[2,206,20609,{"v":7621.57228,"d":"7,621.57"},1733,{"v":0.227380905,"d":"0.23"},"M",410,20609000,{"v":653.855879699999,"d":"653.86"},91,466,557,{"v":141.1823663,"d":"141.18"},{"v":0.93996673,"d":"0.94"},{"v":523.561468799999,"d":"523.56"},{"v":33.43853115,"d":"33.44"},0,"0_20609000_625",{"v":512.673513375999,"d":"512.67"},0,{"v":33.43853115,"d":"33.44"},{"v":0.21592276,"d":"0.22"},"0_20609000_625_392","D",{"v":6.76057029151,"d":"6.76"},{"v":0.0131868920768,"d":"0.01"},{"v":0.440950301482,"d":"0.44"}]
[2,206,20609,{"v":7621.57228,"d":"7,621.57"},1733,{"v":0.227380905,"d":"0.23"},"M",410,20609000,{"v":653.855879699999,"d":"653.86"},91,466,557,{"v":141.1823663,"d":"141.18"},{"v":0.93996673,"d":"0.94"},{"v":523.561468799999,"d":"523.56"},{"v":33.43853115,"d":"33.44"},0,"0_20609000_625",{"v":512.673513375999,"d":"512.67"},0,{"v":33.43853115,"d":"33.44"},{"v":0.21592276,"d":"0.22"},"0_20609000_625_393","D",{"v":0.247959951232,"d":"0.25"},{"v":0.000483660545674,"d":"0.00"},{"v":0.0161728982225,"d":"0.02"}]
[2,206,20609,{"v":7621.57228,"d":"7,621.57"},1733,{"v":0.227380905,"d":"0.23"},"M",410,20609000,{"v":653.855879699999,"d":"653.86"},91,466,557,{"v":141.1823663,"d":"141.18"},{"v":0.93996673,"d":"0.94"},{"v":523.561468799999,"d":"523.56"},{"v":33.43853115,"d":"33.44"},0,"0_20609000_625",{"v":512.673513375999,"d":"512.67"},0,{"v":33.43853115,"d":"33.44"},{"v":0.21592276,"d":"0.22"},"0_20609000_625_394","D",{"v":0.383060913273,"d":"0.38"},{"v":0.000747182960069,"d":"0.00"},{"v":0.024984700685,"d":"0.02"}]
[2,206,20609,{"v":7621.57228,"d":"7,621.57"},1733,{"v":0.227380905,"d":"0.23"},"M",410,20609000,{"v":653.855879699999,"d":"653.86"},91,466,557,{"v":141.1823663,"d":"141.18"},{"v":0.93996673,"d":"0.94"},{"v":523.561468799999,"d":"523.56"},{"v":33.43853115,"d":"33.44"},0,"0_20609000_625",{"v":512.673513375999,"d":"512.67"},0,{"v":33.43853115,"d":"33.44"},{"v":0.21592276,"d":"0.22"},"0_20609000_625_395","D",{"v":0.898376197299,"d":"0.90"},{"v":0.00175233588992,"d":"0.00"},{"v":0.0585955382404,"d":"0.06"}]
[2,206,20609,{"v":7621.57228,"d":"7,621.57"},1733,{"v":0.227380905,"d":"0.23"},"M",410,20609000,{"v":653.855879699999,"d":"653.86"},91,466,557,{"v":141.1823663,"d":"141.18"},{"v":0.93996673,"d":"0.94"},{"v":523.561468799999,"d":"523.56"},{"v":33.43853115,"d":"33.44"},0,"0_20609000_625",{"v":512.673513375999,"d":"512.67"},0,{"v":33.43853115,"d":"33.44"},{"v":0.21592276,"d":"0.22"},"0_20609000_625_396","D",{"v":0.258763587199,"d":"0.26"},{"v":0.0005047336764,"d":"0.00"},{"v":0.0168775527608,"d":"0.02"}]
[2,206,20609,{"v":7621.57228,"d":"7,621.57"},1733,{"v":0.227380905,"d":"0.23"},"M",410,20609000,{"v":653.855879699999,"d":"653.86"},91,466,557,{"v":141.1823663,"d":"141.18"},{"v":0.93996673,"d":"0.94"},{"v":523.561468799999,"d":"523.56"},{"v":33.43853115,"d":"33.44"},0,"0_20609000_625",{"v":512.673513375999,"d":"512.67"},0,{"v":33.43853115,"d":"33.44"},{"v":0.21592276,"d":"0.22"},"0_20609000_625_397","E",{"v":17.3969530203,"d":"17.40"},{"v":0.0339337854724,"d":"0.03"},{"v":1.13469594256,"d":"1.13"}]
[2,206,20609,{"v":7621.57228,"d":"7,621.57"},1733,{"v":0.227380905,"d":"0.23"},"M",410,20609000,{"v":653.855879699999,"d":"653.86"},91,466,557,{"v":141.1823663,"d":"141.18"},{"v":0.93996673,"d":"0.94"},{"v":523.561468799999,"d":"523.56"},{"v":33.43853115,"d":"33.44"},0,"0_20609000_625",{"v":512.673513375999,"d":"512.67"},0,{"v":33.43853115,"d":"33.44"},{"v":0.21592276,"d":"0.22"},"0_20609000_625_398","E",{"v":2.16803601533,"d":"2.17"},{"v":0.00422888243446,"d":"0.00"},{"v":0.141407617014,"d":"0.14"}]
[2,206,20609,{"v":7621.57228,"d":"7,621.57"},1733,{"v":0.227380905,"d":"0.23"},"M",410,20609000,{"v":653.855879699999,"d":"653.86"},91,466,557,{"v":141.1823663,"d":"141.18"},{"v":0.93996673,"d":"0.94"},{"v":523.561468799999,"d":"523.56"},{"v":33.43853115,"d":"33.44"},0,"0_20609000_625",{"v":512.673513375999,"d":"512.67"},0,{"v":33.43853115,"d":"33.44"},{"v":0.21592276,"d":"0.22"},"0_20609000_625_399","E",{"v":7.49276640104,"d":"7.49"},{"v":0.01461508388,"d":"0.01"},{"v":0.488706937581,"d":"0.49"}]
[2,206,20609,{"v":7621.57228,"d":"7,621.57"},1733,{"v":0.227380905,"d":"0.23"},"M",410,20609000,{"v":653.855879699999,"d":"653.86"},91,466,557,{"v":141.1823663,"d":"141.18"},{"v":0.93996673,"d":"0.94"},{"v":523.561468799999,"d":"523.56"},{"v":33.43853115,"d":"33.44"},0,"0_20609000_625",{"v":512.673513375999,"d":"512.67"},0,{"v":33.43853115,"d":"33.44"},{"v":0.21592276,"d":"0.22"},"0_20609000_625_400","F",{"v":27.7568984836,"d":"27.76"},{"v":0.0541414716372,"d":"0.05"},{"v":1.81041128585,"d":"1.81"}]
[2,206,20609,{"v":7621.57228,"d":"7,621.57"},1733,{"v":0.227380905,"d":"0.23"},"M",410,20609000,{"v":653.855879699999,"d":"653.86"},91,466,557,{"v":141.1823663,"d":"141.18"},{"v":0.93996673,"d":"0.94"},{"v":523.561468799999,"d":"523.56"},{"v":33.43853115,"d":"33.44"},0,"0_20609000_625",{"v":512.673513375999,"d":"512.67"},0,{"v":33.43853115,"d":"33.44"},{"v":0.21592276,"d":"0.22"},"0_20609000_625_401","F",{"v":0.47396004788,"d":"0.47"},{"v":0.000924487096591,"d":"0.00"},{"v":0.0309134905771,"d":"0.03"}]
[2,206,20609,{"v":7621.57228,"d":"7,621.57"},1733,{"v":0.227380905,"d":"0.23"},"M",410,20609000,{"v":653.855879699999,"d":"653.86"},91,466,557,{"v":141.1823663,"d":"141.18"},{"v":0.93996673,"d":"0.94"},{"v":523.561468799999,"d":"523.56"},{"v":33.43853115,"d":"33.44"},0,"0_20609000_625",{"v":512.673513375999,"d":"512.67"},0,{"v":33.43853115,"d":"33.44"},{"v":0.21592276,"d":"0.22"},"0_20609000_625_402","F",{"v":2.76534880077,"d":"2.77"},{"v":0.00539397633898,"d":"0.01"},{"v":0.180366645833,"d":"0.18"}]
[2,206,20609,{"v":7621.57228,"d":"7,621.57"},1733,{"v":0.227380905,"d":"0.23"},"M",410,20609000,{"v":653.855879699999,"d":"653.86"},91,466,557,{"v":141.1823663,"d":"141.18"},{"v":0.93996673,"d":"0.94"},{"v":523.561468799999,"d":"523.56"},{"v":33.43853115,"d":"33.44"},0,"0_20609000_625",{"v":512.673513375999,"d":"512.67"},0,{"v":33.43853115,"d":"33.44"},{"v":0.21592276,"d":"0.22"},"0_20609000_625_403","F",{"v":0.0456889193559,"d":"0.05"},{"v":8.9118938591e-05,"d":"0.00"},{"v":2.98000640414E-3,"d":"0.00"}]
[2,206,20609,{"v":7621.57228,"d":"7,621.57"},1733,{"v":0.227380905,"d":"0.23"},"M",410,20609000,{"v":653.855879699999,"d":"653.86"},91,466,557,{"v":141.1823663,"d":"141.18"},{"v":0.93996673,"d":"0.94"},{"v":523.561468799999,"d":"523.56"},{"v":33.43853115,"d":"33.44"},0,"0_20609000_625",{"v":512.673513375999,"d":"512.67"},0,{"v":33.43853115,"d":"33.44"},{"v":0.21592276,"d":"0.22"},"0_20609000_625_404","G",{"v":9.85462494934,"d":"9.85"},{"v":0.0192220286249,"d":"0.02"},{"v":0.64275640294,"d":"0.64"}]
[2,206,20609,{"v":7621.57228,"d":"7,621.57"},1733,{"v":0.227380905,"d":"0.23"},"M",410,20609000,{"v":653.855879699999,"d":"653.86"},91,466,557,{"v":141.1823663,"d":"141.18"},{"v":0.93996673,"d":"0.94"},{"v":523.561468799999,"d":"523.56"},{"v":33.43853115,"d":"33.44"},0,"0_20609000_625",{"v":512.673513375999,"d":"512.67"},0,{"v":33.43853115,"d":"33.44"},{"v":0.21592276,"d":"0.22"},"0_20609000_625_405","G",{"v":0.0744748642457,"d":"0.07"},{"v":0.000145267626087,"d":"0.00"},{"v":0.00485753604,"d":"0.00"}]
[2,206,20609,{"v":7621.57228,"d":"7,621.57"},1733,{"v":0.227380905,"d":"0.23"},"M",410,20609000,{"v":653.855879699999,"d":"653.86"},91,466,557,{"v":141.1823663,"d":"141.18"},{"v":0.93996673,"d":"0.94"},{"v":523.561468799999,"d":"523.56"},{"v":33.43853115,"d":"33.44"},0,"0_20609000_625",{"v":512.673513375999,"d":"512.67"},0,{"v":33.43853115,"d":"33.44"},{"v":0.21592276,"d":"0.22"},"0_20609000_625_406","G",{"v":16.3989006024,"d":"16.40"},{"v":0.0319870252208,"d":"0.03"},{"v":1.06959913924,"d":"1.07"}]
[2,206,20609,{"v":7621.57228,"d":"7,621.57"},1733,{"v":0.227380905,"d":"0.23"},"M",410,20609000,{"v":653.855879699999,"d":"653.86"},91,466,557,{"v":141.1823663,"d":"141.18"},{"v":0.93996673,"d":"0.94"},{"v":523.561468799999,"d":"523.56"},{"v":33.43853115,"d":"33.44"},0,"0_20609000_625",{"v":512.673513375999,"d":"512.67"},0,{"v":33.43853115,"d":"33.44"},{"v":0.21592276,"d":"0.22"},"0_20609000_625_407","G",{"v":0.263796521332,"d":"0.26"},{"v":0.000514550712002,"d":"0.00"},{"v":0.0172058200115,"d":"0.02"}]
[2,206,20609,{"v":7621.57228,"d":"7,621.57"},1733,{"v":0.227380905,"d":"0.23"},"M",410,20609000,{"v":653.855879699999,"d":"653.86"},91,466,557,{"v":141.1823663,"d":"141.18"},{"v":0.93996673,"d":"0.94"},{"v":523.561468799999,"d":"523.56"},{"v":33.43853115,"d":"33.44"},0,"0_20609000_625",{"v":512.673513375999,"d":"512.67"},0,{"v":33.43853115,"d":"33.44"},{"v":0.21592276,"d":"0.22"},"0_20609000_625_408","G",{"v":2.56583219581,"d":"2.57"},{"v":0.00500480740445,"d":"0.01"},{"v":0.167353408293,"d":"0.17"}]
[2,206,20609,{"v":7621.57228,"d":"7,621.57"},1733,{"v":0.227380905,"d":"0.23"},"M",410,20609001,{"v":3178.99150532,"d":"3,178.99"},47,72,119,{"v":47.85836948,"d":"47.86"},{"v":0.93996673,"d":"0.94"},{"v":111.856040899999,"d":"111.86"},{"v":7.143959079,"d":"7.14"},0,"0_20609001_626",{"v":3131.13313583999,"d":"3,131.13"},0,{"v":7.143959079,"d":"7.14"},{"v":0.015054576,"d":"0.02"},"0_20609001_626_409","außerhalb GKL",{"v":3090.17564884,"d":"3,090.18"},{"v":0.986919276433,"d":"0.99"},{"v":7.05051092511,"d":"7.05"}]
[2,206,20609,{"v":7621.57228,"d":"7,621.57"},1733,{"v":0.227380905,"d":"0.23"},"M",410,20609001,{"v":3178.99150532,"d":"3,178.99"},47,72,119,{"v":47.85836948,"d":"47.86"},{"v":0.93996673,"d":"0.94"},{"v":111.856040899999,"d":"111.86"},{"v":7.143959079,"d":"7.14"},0,"0_20609001_626",{"v":3131.13313583999,"d":"3,131.13"},0,{"v":7.143959079,"d":"7.14"},{"v":0.015054576,"d":"0.02"},"0_20609001_626_410","D",{"v":0.114787774656,"d":"0.11"},{"v":3.6660138575e-05,"d":"0.00"},{"v":0.000261898529809,"d":"0.00"}]
[2,206,20609,{"v":7621.57228,"d":"7,621.57"},1733,{"v":0.227380905,"d":"0.23"},"M",410,20609001,{"v":3178.99150532,"d":"3,178.99"},47,72,119,{"v":47.85836948,"d":"47.86"},{"v":0.93996673,"d":"0.94"},{"v":111.856040899999,"d":"111.86"},{"v":7.143959079,"d":"7.14"},0,"0_20609001_626",{"v":3131.13313583999,"d":"3,131.13"},0,{"v":7.143959079,"d":"7.14"},{"v":0.015054576,"d":"0.02"},"0_20609001_626_411","E",{"v":1.17042588345,"d":"1.17"},{"v":0.000373802656314,"d":"0.00"},{"v":2.67043088033E-3,"d":"0.00"}]
[2,206,20609,{"v":7621.57228,"d":"7,621.57"},1733,{"v":0.227380905,"d":"0.23"},"M",410,20609001,{"v":3178.99150532,"d":"3,178.99"},47,72,119,{"v":47.85836948,"d":"47.86"},{"v":0.93996673,"d":"0.94"},{"v":111.856040899999,"d":"111.86"},{"v":7.143959079,"d":"7.14"},0,"0_20609001_626",{"v":3131.13313583999,"d":"3,131.13"},0,{"v":7.143959079,"d":"7.14"},{"v":0.015054576,"d":"0.02"},"0_20609001_626_412","E",{"v":0.843837980503,"d":"0.84"},{"v":0.00026949923363,"d":"0.00"},{"v":1.92529149687E-3,"d":"0.00"}]
[2,206,20609,{"v":7621.57228,"d":"7,621.57"},1733,{"v":0.227380905,"d":"0.23"},"M",410,20609001,{"v":3178.99150532,"d":"3,178.99"},47,72,119,{"v":47.85836948,"d":"47.86"},{"v":0.93996673,"d":"0.94"},{"v":111.856040899999,"d":"111.86"},{"v":7.143959079,"d":"7.14"},0,"0_20609001_626",{"v":3131.13313583999,"d":"3,131.13"},0,{"v":7.143959079,"d":"7.14"},{"v":0.015054576,"d":"0.02"},"0_20609001_626_413","F",{"v":2.79746873884,"d":"2.80"},{"v":0.000893436534786,"d":"0.00"},{"v":0.00638267404419,"d":"0.01"}]
[2,206,20609,{"v":7621.57228,"d":"7,621.57"},1733,{"v":0.227380905,"d":"0.23"},"M",410,20609001,{"v":3178.99150532,"d":"3,178.99"},47,72,119,{"v":47.85836948,"d":"47.86"},{"v":0.93996673,"d":"0.94"},{"v":111.856040899999,"d":"111.86"},{"v":7.143959079,"d":"7.14"},0,"0_20609001_626",{"v":3131.13313583999,"d":"3,131.13"},0,{"v":7.143959079,"d":"7.14"},{"v":0.015054576,"d":"0.02"},"0_20609001_626_414","F",{"v":10.5690639781,"d":"10.57"},{"v":3.37547575257E-3,"d":"0.00"},{"v":0.0241142606485,"d":"0.02"}]
[2,206,20609,{"v":7621.57228,"d":"7,621.57"},1733,{"v":0.227380905,"d":"0.23"},"M",410,20609001,{"v":3178.99150532,"d":"3,178.99"},47,72,119,{"v":47.85836948,"d":"47.86"},{"v":0.93996673,"d":"0.94"},{"v":111.856040899999,"d":"111.86"},{"v":7.143959079,"d":"7.14"},0,"0_20609001_626",{"v":3131.13313583999,"d":"3,131.13"},0,{"v":7.143959079,"d":"7.14"},{"v":0.015054576,"d":"0.02"},"0_20609001_626_415","G",{"v":6.16764158704,"d":"6.17"},{"v":0.00196977941195,"d":"0.00"},{"v":0.0140720235136,"d":"0.01"}]
[2,206,20609,{"v":7621.57228,"d":"7,621.57"},1733,{"v":0.227380905,"d":"0.23"},"M",410,20609001,{"v":3178.99150532,"d":"3,178.99"},47,72,119,{"v":47.85836948,"d":"47.86"},{"v":0.93996673,"d":"0.94"},{"v":111.856040899999,"d":"111.86"},{"v":7.143959079,"d":"7.14"},0,"0_20609001_626",{"v":3131.13313583999,"d":"3,131.13"},0,{"v":7.143959079,"d":"7.14"},{"v":0.015054576,"d":"0.02"},"0_20609001_626_416","G",{"v":19.2942610565,"d":"19.29"},{"v":0.00616206983844,"d":"0.01"},{"v":0.0440215747678,"d":"0.04"}]
[2,206,20609,{"v":7621.57228,"d":"7,621.57"},1733,{"v":0.227380905,"d":"0.23"},"M",410,20609002,{"v":3788.72489507999,"d":"3,788.72"},19,1,20,{"v":2.115821988,"d":"2.12"},{"v":0.93996673,"d":"0.94"},{"v":18.7993346099999,"d":"18.80"},{"v":1.200665391,"d":"1.20"},0,"0_20609002_627",{"v":3786.60907309999,"d":"3,786.61"},0,{"v":1.200665391,"d":"1.20"},{"v":0.000558452,"d":"0.00"},"0_20609002_627_417","außerhalb GKL",{"v":3786.60907309999,"d":"3,786.61"},{"v":1,"d":"1.00"},{"v":1.200665391,"d":"1.20"}]
[2,206,20610,{"v":19314.8195,"d":"19,314.82"},997,{"v":0.051618396,"d":"0.05"},"G",430,20610000,{"v":19314.819499,"d":"19,314.82"},122,231,353,{"v":107.196101799999,"d":"107.20"},{"v":0.945243625,"d":"0.95"},{"v":333.6709996,"d":"333.67"},{"v":19.3290003699999,"d":"19.33"},0,"0_20610000_628",{"v":19207.6233972,"d":"19,207.62"},0,{"v":19.3290003699999,"d":"19.33"},{"v":0.005549941,"d":"0.01"},"0_20610000_628_418","außerhalb GKL",{"v":19051.3446828999,"d":"19,051.34"},{"v":0.991863714158,"d":"0.99"},{"v":19.1717340979,"d":"19.17"}]
[2,206,20610,{"v":19314.8195,"d":"19,314.82"},997,{"v":0.051618396,"d":"0.05"},"G",430,20610000,{"v":19314.819499,"d":"19,314.82"},122,231,353,{"v":107.196101799999,"d":"107.20"},{"v":0.945243625,"d":"0.95"},{"v":333.6709996,"d":"333.67"},{"v":19.3290003699999,"d":"19.33"},0,"0_20610000_628",{"v":19207.6233972,"d":"19,207.62"},0,{"v":19.3290003699999,"d":"19.33"},{"v":0.005549941,"d":"0.01"},"0_20610000_628_419","F",{"v":0.117541668386,"d":"0.12"},{"v":6.119532123e-06,"d":"0.00"},{"v":1.1828443867E-4,"d":"0.00"}]
[2,206,20610,{"v":19314.8195,"d":"19,314.82"},997,{"v":0.051618396,"d":"0.05"},"G",430,20610000,{"v":19314.819499,"d":"19,314.82"},122,231,353,{"v":107.196101799999,"d":"107.20"},{"v":0.945243625,"d":"0.95"},{"v":333.6709996,"d":"333.67"},{"v":19.3290003699999,"d":"19.33"},0,"0_20610000_628",{"v":19207.6233972,"d":"19,207.62"},0,{"v":19.3290003699999,"d":"19.33"},{"v":0.005549941,"d":"0.01"},"0_20610000_628_420","F",{"v":6.938195246,"d":"6.94"},{"v":0.000361220912266,"d":"0.00"},{"v":6.98203914684E-3,"d":"0.01"}]
[2,206,20610,{"v":19314.8195,"d":"19,314.82"},997,{"v":0.051618396,"d":"0.05"},"G",430,20610000,{"v":19314.819499,"d":"19,314.82"},122,231,353,{"v":107.196101799999,"d":"107.20"},{"v":0.945243625,"d":"0.95"},{"v":333.6709996,"d":"333.67"},{"v":19.3290003699999,"d":"19.33"},0,"0_20610000_628",{"v":19207.6233972,"d":"19,207.62"},0,{"v":19.3290003699999,"d":"19.33"},{"v":0.005549941,"d":"0.01"},"0_20610000_628_421","F",{"v":0.743959485155,"d":"0.74"},{"v":3.8732511033e-05,"d":"0.00"},{"v":7.48660720094E-4,"d":"0.00"}]
[2,206,20610,{"v":19314.8195,"d":"19,314.82"},997,{"v":0.051618396,"d":"0.05"},"G",430,20610000,{"v":19314.819499,"d":"19,314.82"},122,231,353,{"v":107.196101799999,"d":"107.20"},{"v":0.945243625,"d":"0.95"},{"v":333.6709996,"d":"333.67"},{"v":19.3290003699999,"d":"19.33"},0,"0_20610000_628",{"v":19207.6233972,"d":"19,207.62"},0,{"v":19.3290003699999,"d":"19.33"},{"v":0.005549941,"d":"0.01"},"0_20610000_628_422","F",{"v":0.247672368337,"d":"0.25"},{"v":1.2894482738e-05,"d":"0.00"},{"v":0.000249237461618,"d":"0.00"}]
[2,206,20610,{"v":19314.8195,"d":"19,314.82"},997,{"v":0.051618396,"d":"0.05"},"G",430,20610000,{"v":19314.819499,"d":"19,314.82"},122,231,353,{"v":107.196101799999,"d":"107.20"},{"v":0.945243625,"d":"0.95"},{"v":333.6709996,"d":"333.67"},{"v":19.3290003699999,"d":"19.33"},0,"0_20610000_628",{"v":19207.6233972,"d":"19,207.62"},0,{"v":19.3290003699999,"d":"19.33"},{"v":0.005549941,"d":"0.01"},"0_20610000_628_423","F",{"v":0.923020772689,"d":"0.92"},{"v":4.8054918279e-05,"d":"0.00"},{"v":9.28853533197E-4,"d":"0.00"}]
[2,206,20610,{"v":19314.8195,"d":"19,314.82"},997,{"v":0.051618396,"d":"0.05"},"G",430,20610000,{"v":19314.819499,"d":"19,314.82"},122,231,353,{"v":107.196101799999,"d":"107.20"},{"v":0.945243625,"d":"0.95"},{"v":333.6709996,"d":"333.67"},{"v":19.3290003699999,"d":"19.33"},0,"0_20610000_628",{"v":19207.6233972,"d":"19,207.62"},0,{"v":19.3290003699999,"d":"19.33"},{"v":0.005549941,"d":"0.01"},"0_20610000_628_424","F",{"v":0.104986465922,"d":"0.10"},{"v":5.465874864e-06,"d":"0.00"},{"v":1.05649897267E-4,"d":"0.00"}]
[2,206,20610,{"v":19314.8195,"d":"19,314.82"},997,{"v":0.051618396,"d":"0.05"},"G",430,20610000,{"v":19314.819499,"d":"19,314.82"},122,231,353,{"v":107.196101799999,"d":"107.20"},{"v":0.945243625,"d":"0.95"},{"v":333.6709996,"d":"333.67"},{"v":19.3290003699999,"d":"19.33"},0,"0_20610000_628",{"v":19207.6233972,"d":"19,207.62"},0,{"v":19.3290003699999,"d":"19.33"},{"v":0.005549941,"d":"0.01"},"0_20610000_628_425","F",{"v":7.61874581725,"d":"7.62"},{"v":0.000396652186463,"d":"0.00"},{"v":0.0076668902589,"d":"0.01"}]
[2,206,20610,{"v":19314.8195,"d":"19,314.82"},997,{"v":0.051618396,"d":"0.05"},"G",430,20610000,{"v":19314.819499,"d":"19,314.82"},122,231,353,{"v":107.196101799999,"d":"107.20"},{"v":0.945243625,"d":"0.95"},{"v":333.6709996,"d":"333.67"},{"v":19.3290003699999,"d":"19.33"},0,"0_20610000_628",{"v":19207.6233972,"d":"19,207.62"},0,{"v":19.3290003699999,"d":"19.33"},{"v":0.005549941,"d":"0.01"},"0_20610000_628_426","F",{"v":1.62886617226,"d":"1.63"},{"v":8.4803108567e-05,"d":"0.00"},{"v":0.00163915931686,"d":"0.00"}]
[2,206,20610,{"v":19314.8195,"d":"19,314.82"},997,{"v":0.051618396,"d":"0.05"},"G",430,20610000,{"v":19314.819499,"d":"19,314.82"},122,231,353,{"v":107.196101799999,"d":"107.20"},{"v":0.945243625,"d":"0.95"},{"v":333.6709996,"d":"333.67"},{"v":19.3290003699999,"d":"19.33"},0,"0_20610000_628",{"v":19207.6233972,"d":"19,207.62"},0,{"v":19.3290003699999,"d":"19.33"},{"v":0.005549941,"d":"0.01"},"0_20610000_628_427","G",{"v":0.868154376048,"d":"0.87"},{"v":4.5198427629e-05,"d":"0.00"},{"v":0.000873640424368,"d":"0.00"}]
[2,206,20610,{"v":19314.8195,"d":"19,314.82"},997,{"v":0.051618396,"d":"0.05"},"G",430,20610000,{"v":19314.819499,"d":"19,314.82"},122,231,353,{"v":107.196101799999,"d":"107.20"},{"v":0.945243625,"d":"0.95"},{"v":333.6709996,"d":"333.67"},{"v":19.3290003699999,"d":"19.33"},0,"0_20610000_628",{"v":19207.6233972,"d":"19,207.62"},0,{"v":19.3290003699999,"d":"19.33"},{"v":0.005549941,"d":"0.01"},"0_20610000_628_428","G",{"v":0.798693738029,"d":"0.80"},{"v":4.1582121927E-5,"d":"0.00"},{"v":0.00080374085011,"d":"0.00"}]
[2,206,20610,{"v":19314.8195,"d":"19,314.82"},997,{"v":0.051618396,"d":"0.05"},"G",430,20610000,{"v":19314.819499,"d":"19,314.82"},122,231,353,{"v":107.196101799999,"d":"107.20"},{"v":0.945243625,"d":"0.95"},{"v":333.6709996,"d":"333.67"},{"v":19.3290003699999,"d":"19.33"},0,"0_20610000_628",{"v":19207.6233972,"d":"19,207.62"},0,{"v":19.3290003699999,"d":"19.33"},{"v":0.005549941,"d":"0.01"},"0_20610000_628_429","G",{"v":1.3284082078E-3,"d":"0.00"},{"v":6.9160467e-08,"d":"0.00"},{"v":1.336802696e-06,"d":"0.00"}]
[2,206,20610,{"v":19314.8195,"d":"19,314.82"},997,{"v":0.051618396,"d":"0.05"},"G",430,20610000,{"v":19314.819499,"d":"19,314.82"},122,231,353,{"v":107.196101799999,"d":"107.20"},{"v":0.945243625,"d":"0.95"},{"v":333.6709996,"d":"333.67"},{"v":19.3290003699999,"d":"19.33"},0,"0_20610000_628",{"v":19207.6233972,"d":"19,207.62"},0,{"v":19.3290003699999,"d":"19.33"},{"v":0.005549941,"d":"0.01"},"0_20610000_628_430","G",{"v":0.165304784046,"d":"0.17"},{"v":8.606207058e-06,"d":"0.00"},{"v":0.000166349379406,"d":"0.00"}]
[2,206,20610,{"v":19314.8195,"d":"19,314.82"},997,{"v":0.051618396,"d":"0.05"},"G",430,20610000,{"v":19314.819499,"d":"19,314.82"},122,231,353,{"v":107.196101799999,"d":"107.20"},{"v":0.945243625,"d":"0.95"},{"v":333.6709996,"d":"333.67"},{"v":19.3290003699999,"d":"19.33"},0,"0_20610000_628",{"v":19207.6233972,"d":"19,207.62"},0,{"v":19.3290003699999,"d":"19.33"},{"v":0.005549941,"d":"0.01"},"0_20610000_628_431","G",{"v":1.60770941065,"d":"1.61"},{"v":8.3701631243E-5,"d":"0.00"},{"v":0.00161786886127,"d":"0.00"}]
[2,206,20610,{"v":19314.8195,"d":"19,314.82"},997,{"v":0.051618396,"d":"0.05"},"G",430,20610000,{"v":19314.819499,"d":"19,314.82"},122,231,353,{"v":107.196101799999,"d":"107.20"},{"v":0.945243625,"d":"0.95"},{"v":333.6709996,"d":"333.67"},{"v":19.3290003699999,"d":"19.33"},0,"0_20610000_628",{"v":19207.6233972,"d":"19,207.62"},0,{"v":19.3290003699999,"d":"19.33"},{"v":0.005549941,"d":"0.01"},"0_20610000_628_432","G",{"v":3.30752250065,"d":"3.31"},{"v":1.7219842519E-4,"d":"0.00"},{"v":0.00332842342421,"d":"0.00"}]
[2,206,20610,{"v":19314.8195,"d":"19,314.82"},997,{"v":0.051618396,"d":"0.05"},"G",430,20610000,{"v":19314.819499,"d":"19,314.82"},122,231,353,{"v":107.196101799999,"d":"107.20"},{"v":0.945243625,"d":"0.95"},{"v":333.6709996,"d":"333.67"},{"v":19.3290003699999,"d":"19.33"},0,"0_20610000_628",{"v":19207.6233972,"d":"19,207.62"},0,{"v":19.3290003699999,"d":"19.33"},{"v":0.005549941,"d":"0.01"},"0_20610000_628_433","G",{"v":0.565552029516,"d":"0.57"},{"v":2.9444144016E-5,"d":"0.00"},{"v":0.000569125870583,"d":"0.00"}]
[2,206,20610,{"v":19314.8195,"d":"19,314.82"},997,{"v":0.051618396,"d":"0.05"},"G",430,20610000,{"v":19314.819499,"d":"19,314.82"},122,231,353,{"v":107.196101799999,"d":"107.20"},{"v":0.945243625,"d":"0.95"},{"v":333.6709996,"d":"333.67"},{"v":19.3290003699999,"d":"19.33"},0,"0_20610000_628",{"v":19207.6233972,"d":"19,207.62"},0,{"v":19.3290003699999,"d":"19.33"},{"v":0.005549941,"d":"0.01"},"0_20610000_628_434","G",{"v":6.9075258432,"d":"6.91"},{"v":0.000359624181522,"d":"0.00"},{"v":0.0069511759377,"d":"0.01"}]
[2,206,20610,{"v":19314.8195,"d":"19,314.82"},997,{"v":0.051618396,"d":"0.05"},"G",430,20610000,{"v":19314.819499,"d":"19,314.82"},122,231,353,{"v":107.196101799999,"d":"107.20"},{"v":0.945243625,"d":"0.95"},{"v":333.6709996,"d":"333.67"},{"v":19.3290003699999,"d":"19.33"},0,"0_20610000_628",{"v":19207.6233972,"d":"19,207.62"},0,{"v":19.3290003699999,"d":"19.33"},{"v":0.005549941,"d":"0.01"},"0_20610000_628_435","G",{"v":70.8056341223,"d":"70.81"},{"v":0.00368632977949,"d":"0.00"},{"v":0.0712530696717,"d":"0.07"}]
[2,206,20610,{"v":19314.8195,"d":"19,314.82"},997,{"v":0.051618396,"d":"0.05"},"G",430,20610000,{"v":19314.819499,"d":"19,314.82"},122,231,353,{"v":107.196101799999,"d":"107.20"},{"v":0.945243625,"d":"0.95"},{"v":333.6709996,"d":"333.67"},{"v":19.3290003699999,"d":"19.33"},0,"0_20610000_628",{"v":19207.6233972,"d":"19,207.62"},0,{"v":19.3290003699999,"d":"19.33"},{"v":0.005549941,"d":"0.01"},"0_20610000_628_436","G",{"v":0.0747544258302,"d":"0.07"},{"v":3.891914387e-06,"d":"0.00"},{"v":7.5226814617e-05,"d":"0.00"}]
[2,206,20610,{"v":19314.8195,"d":"19,314.82"},997,{"v":0.051618396,"d":"0.05"},"G",430,20610000,{"v":19314.819499,"d":"19,314.82"},122,231,353,{"v":107.196101799999,"d":"107.20"},{"v":0.945243625,"d":"0.95"},{"v":333.6709996,"d":"333.67"},{"v":19.3290003699999,"d":"19.33"},0,"0_20610000_628",{"v":19207.6233972,"d":"19,207.62"},0,{"v":19.3290003699999,"d":"19.33"},{"v":0.005549941,"d":"0.01"},"0_20610000_628_437","G",{"v":6.57406302716,"d":"6.57"},{"v":0.000342263219723,"d":"0.00"},{"v":0.00661560590066,"d":"0.01"}]
[2,206,20610,{"v":19314.8195,"d":"19,314.82"},997,{"v":0.051618396,"d":"0.05"},"G",430,20610000,{"v":19314.819499,"d":"19,314.82"},122,231,353,{"v":107.196101799999,"d":"107.20"},{"v":0.945243625,"d":"0.95"},{"v":333.6709996,"d":"333.67"},{"v":19.3290003699999,"d":"19.33"},0,"0_20610000_628",{"v":19207.6233972,"d":"19,207.62"},0,{"v":19.3290003699999,"d":"19.33"},{"v":0.005549941,"d":"0.01"},"0_20610000_628_438","G",{"v":37.1340136992999,"d":"37.13"},{"v":0.00193329559474,"d":"0.00"},{"v":0.037368671266,"d":"0.04"}]
[2,206,20610,{"v":19314.8195,"d":"19,314.82"},997,{"v":0.051618396,"d":"0.05"},"G",430,20610000,{"v":19314.819499,"d":"19,314.82"},122,231,353,{"v":107.196101799999,"d":"107.20"},{"v":0.945243625,"d":"0.95"},{"v":333.6709996,"d":"333.67"},{"v":19.3290003699999,"d":"19.33"},0,"0_20610000_628",{"v":19207.6233972,"d":"19,207.62"},0,{"v":19.3290003699999,"d":"19.33"},{"v":0.005549941,"d":"0.01"},"0_20610000_628_439","G",{"v":9.14546985456,"d":"9.15"},{"v":0.000476137503607,"d":"0.00"},{"v":0.00920326198339,"d":"0.01"}]
[2,206,20611,{"v":3342.85881999999,"d":"3,342.86"},1966,{"v":0.588119363,"d":"0.59"},"G",410,20611000,{"v":1869.54258389,"d":"1,869.54"},60,106,166,{"v":58.76382443,"d":"58.76"},{"v":0.93996673,"d":"0.94"},{"v":156.034477299999,"d":"156.03"},{"v":9.965522749,"d":"9.97"},0,"0_20611000_629",{"v":1810.77875945999,"d":"1,810.78"},0,{"v":9.965522749,"d":"9.97"},{"v":0.031432194,"d":"0.03"},"0_20611000_629_440","außerhalb GKL",{"v":1807.67386443999,"d":"1,807.67"},{"v":0.998285326132,"d":"1.00"},{"v":9.94843512756,"d":"9.95"}]
[2,206,20611,{"v":3342.85881999999,"d":"3,342.86"},1966,{"v":0.588119363,"d":"0.59"},"G",410,20611000,{"v":1869.54258389,"d":"1,869.54"},60,106,166,{"v":58.76382443,"d":"58.76"},{"v":0.93996673,"d":"0.94"},{"v":156.034477299999,"d":"156.03"},{"v":9.965522749,"d":"9.97"},0,"0_20611000_629",{"v":1810.77875945999,"d":"1,810.78"},0,{"v":9.965522749,"d":"9.97"},{"v":0.031432194,"d":"0.03"},"0_20611000_629_441","außerhalb GKL",{"v":0.40232566433,"d":"0.40"},{"v":0.000222183777134,"d":"0.00"},{"v":0.00221417748549,"d":"0.00"}]
[2,206,20611,{"v":3342.85881999999,"d":"3,342.86"},1966,{"v":0.588119363,"d":"0.59"},"G",410,20611000,{"v":1869.54258389,"d":"1,869.54"},60,106,166,{"v":58.76382443,"d":"58.76"},{"v":0.93996673,"d":"0.94"},{"v":156.034477299999,"d":"156.03"},{"v":9.965522749,"d":"9.97"},0,"0_20611000_629",{"v":1810.77875945999,"d":"1,810.78"},0,{"v":9.965522749,"d":"9.97"},{"v":0.031432194,"d":"0.03"},"0_20611000_629_442","außerhalb GKL",{"v":1.16361325355,"d":"1.16"},{"v":0.000642603767838,"d":"0.00"},{"v":0.00640388246698,"d":"0.01"}]
[2,206,20611,{"v":3342.85881999999,"d":"3,342.86"},1966,{"v":0.588119363,"d":"0.59"},"G",410,20611000,{"v":1869.54258389,"d":"1,869.54"},60,106,166,{"v":58.76382443,"d":"58.76"},{"v":0.93996673,"d":"0.94"},{"v":156.034477299999,"d":"156.03"},{"v":9.965522749,"d":"9.97"},0,"0_20611000_629",{"v":1810.77875945999,"d":"1,810.78"},0,{"v":9.965522749,"d":"9.97"},{"v":0.031432194,"d":"0.03"},"0_20611000_629_443","G",{"v":0.00189251247928,"d":"0.00"},{"v":1.045137331E-6,"d":"0.00"},{"v":1.0415339846e-05,"d":"0.00"}]
[2,206,20611,{"v":3342.85881999999,"d":"3,342.86"},1966,{"v":0.588119363,"d":"0.59"},"G",410,20611000,{"v":1869.54258389,"d":"1,869.54"},60,106,166,{"v":58.76382443,"d":"58.76"},{"v":0.93996673,"d":"0.94"},{"v":156.034477299999,"d":"156.03"},{"v":9.965522749,"d":"9.97"},0,"0_20611000_629",{"v":1810.77875945999,"d":"1,810.78"},0,{"v":9.965522749,"d":"9.97"},{"v":0.031432194,"d":"0.03"},"0_20611000_629_444","G",{"v":2.5829054339e-05,"d":"0.00"},{"v":1.4264059E-8,"d":"0.00"},{"v":1.421488E-7,"d":"0.00"}]
[2,206,20611,{"v":3342.85881999999,"d":"3,342.86"},1966,{"v":0.588119363,"d":"0.59"},"G",410,20611000,{"v":1869.54258389,"d":"1,869.54"},60,106,166,{"v":58.76382443,"d":"58.76"},{"v":0.93996673,"d":"0.94"},{"v":156.034477299999,"d":"156.03"},{"v":9.965522749,"d":"9.97"},0,"0_20611000_629",{"v":1810.77875945999,"d":"1,810.78"},0,{"v":9.965522749,"d":"9.97"},{"v":0.031432194,"d":"0.03"},"0_20611000_629_445","G",{"v":1.53703776264,"d":"1.54"},{"v":0.000848826923008,"d":"0.00"},{"v":0.0084590040112,"d":"0.01"}]
[2,206,20611,{"v":3342.85881999999,"d":"3,342.86"},1966,{"v":0.588119363,"d":"0.59"},"G",410,20611001,{"v":1473.31623592999,"d":"1,473.32"},90,103,193,{"v":116.2908974,"d":"116.29"},{"v":0.93996673,"d":"0.94"},{"v":181.413578999999,"d":"181.41"},{"v":11.58642103,"d":"11.59"},0,"0_20611001_630",{"v":1357.02533855,"d":"1,357.03"},0,{"v":11.58642103,"d":"11.59"},{"v":0.078931389,"d":"0.08"},"0_20611001_630_446","außerhalb GKL",{"v":770.515763613999,"d":"770.52"},{"v":0.567797624499,"d":"0.57"},{"v":6.57874233728,"d":"6.58"}]
[2,206,20611,{"v":3342.85881999999,"d":"3,342.86"},1966,{"v":0.588119363,"d":"0.59"},"G",410,20611001,{"v":1473.31623592999,"d":"1,473.32"},90,103,193,{"v":116.2908974,"d":"116.29"},{"v":0.93996673,"d":"0.94"},{"v":181.413578999999,"d":"181.41"},{"v":11.58642103,"d":"11.59"},0,"0_20611001_630",{"v":1357.02533855,"d":"1,357.03"},0,{"v":11.58642103,"d":"11.59"},{"v":0.078931389,"d":"0.08"},"0_20611001_630_447","außerhalb GKL",{"v":167.907385591999,"d":"167.91"},{"v":0.123731945766,"d":"0.12"},{"v":1.43361041851,"d":"1.43"}]
[2,206,20611,{"v":3342.85881999999,"d":"3,342.86"},1966,{"v":0.588119363,"d":"0.59"},"G",410,20611001,{"v":1473.31623592999,"d":"1,473.32"},90,103,193,{"v":116.2908974,"d":"116.29"},{"v":0.93996673,"d":"0.94"},{"v":181.413578999999,"d":"181.41"},{"v":11.58642103,"d":"11.59"},0,"0_20611001_630",{"v":1357.02533855,"d":"1,357.03"},0,{"v":11.58642103,"d":"11.59"},{"v":0.078931389,"d":"0.08"},"0_20611001_630_448","außerhalb GKL",{"v":3.06038383498,"d":"3.06"},{"v":0.00225521495291,"d":"0.00"},{"v":0.0261298699576,"d":"0.03"}]
[2,206,20611,{"v":3342.85881999999,"d":"3,342.86"},1966,{"v":0.588119363,"d":"0.59"},"G",410,20611001,{"v":1473.31623592999,"d":"1,473.32"},90,103,193,{"v":116.2908974,"d":"116.29"},{"v":0.93996673,"d":"0.94"},{"v":181.413578999999,"d":"181.41"},{"v":11.58642103,"d":"11.59"},0,"0_20611001_630",{"v":1357.02533855,"d":"1,357.03"},0,{"v":11.58642103,"d":"11.59"},{"v":0.078931389,"d":"0.08"},"0_20611001_630_449","außerhalb GKL",{"v":2.4322524684,"d":"2.43"},{"v":0.00179234123292,"d":"0.00"},{"v":0.020766820154,"d":"0.02"}]
[2,206,20611,{"v":3342.85881999999,"d":"3,342.86"},1966,{"v":0.588119363,"d":"0.59"},"G",410,20611001,{"v":1473.31623592999,"d":"1,473.32"},90,103,193,{"v":116.2908974,"d":"116.29"},{"v":0.93996673,"d":"0.94"},{"v":181.413578999999,"d":"181.41"},{"v":11.58642103,"d":"11.59"},0,"0_20611001_630",{"v":1357.02533855,"d":"1,357.03"},0,{"v":11.58642103,"d":"11.59"},{"v":0.078931389,"d":"0.08"},"0_20611001_630_450","außerhalb GKL",{"v":241.490204847999,"d":"241.49"},{"v":0.177955560584,"d":"0.18"},{"v":2.06186804956,"d":"2.06"}]
[2,206,20611,{"v":3342.85881999999,"d":"3,342.86"},1966,{"v":0.588119363,"d":"0.59"},"G",410,20611001,{"v":1473.31623592999,"d":"1,473.32"},90,103,193,{"v":116.2908974,"d":"116.29"},{"v":0.93996673,"d":"0.94"},{"v":181.413578999999,"d":"181.41"},{"v":11.58642103,"d":"11.59"},0,"0_20611001_630",{"v":1357.02533855,"d":"1,357.03"},0,{"v":11.58642103,"d":"11.59"},{"v":0.078931389,"d":"0.08"},"0_20611001_630_451","außerhalb GKL",{"v":0.0313636527909,"d":"0.03"},{"v":2.3112061286e-05,"d":"0.00"},{"v":0.000267786072928,"d":"0.00"}]
[2,206,20611,{"v":3342.85881999999,"d":"3,342.86"},1966,{"v":0.588119363,"d":"0.59"},"G",410,20611001,{"v":1473.31623592999,"d":"1,473.32"},90,103,193,{"v":116.2908974,"d":"116.29"},{"v":0.93996673,"d":"0.94"},{"v":181.413578999999,"d":"181.41"},{"v":11.58642103,"d":"11.59"},0,"0_20611001_630",{"v":1357.02533855,"d":"1,357.03"},0,{"v":11.58642103,"d":"11.59"},{"v":0.078931389,"d":"0.08"},"0_20611001_630_452","D",{"v":13.3559020412,"d":"13.36"},{"v":0.0098420432263,"d":"0.01"},{"v":0.114034056615,"d":"0.11"}]
[2,206,20611,{"v":3342.85881999999,"d":"3,342.86"},1966,{"v":0.588119363,"d":"0.59"},"G",410,20611001,{"v":1473.31623592999,"d":"1,473.32"},90,103,193,{"v":116.2908974,"d":"116.29"},{"v":0.93996673,"d":"0.94"},{"v":181.413578999999,"d":"181.41"},{"v":11.58642103,"d":"11.59"},0,"0_20611001_630",{"v":1357.02533855,"d":"1,357.03"},0,{"v":11.58642103,"d":"11.59"},{"v":0.078931389,"d":"0.08"},"0_20611001_630_453","E",{"v":21.9648697834,"d":"21.96"},{"v":0.0161860424853,"d":"0.02"},{"v":0.187538303044,"d":"0.19"}]
[2,206,20611,{"v":3342.85881999999,"d":"3,342.86"},1966,{"v":0.588119363,"d":"0.59"},"G",410,20611001,{"v":1473.31623592999,"d":"1,473.32"},90,103,193,{"v":116.2908974,"d":"116.29"},{"v":0.93996673,"d":"0.94"},{"v":181.413578999999,"d":"181.41"},{"v":11.58642103,"d":"11.59"},0,"0_20611001_630",{"v":1357.02533855,"d":"1,357.03"},0,{"v":11.58642103,"d":"11.59"},{"v":0.078931389,"d":"0.08"},"0_20611001_630_454","F",{"v":0.00121727202096,"d":"0.00"},{"v":8.97014954e-07,"d":"0.00"},{"v":1.0393192922E-5,"d":"0.00"}]
[2,206,20611,{"v":3342.85881999999,"d":"3,342.86"},1966,{"v":0.588119363,"d":"0.59"},"G",410,20611001,{"v":1473.31623592999,"d":"1,473.32"},90,103,193,{"v":116.2908974,"d":"116.29"},{"v":0.93996673,"d":"0.94"},{"v":181.413578999999,"d":"181.41"},{"v":11.58642103,"d":"11.59"},0,"0_20611001_630",{"v":1357.02533855,"d":"1,357.03"},0,{"v":11.58642103,"d":"11.59"},{"v":0.078931389,"d":"0.08"},"0_20611001_630_455","F",{"v":0.0366435099077,"d":"0.04"},{"v":2.700281923E-5,"d":"0.00"},{"v":0.000312866032598,"d":"0.00"}]
[2,206,20611,{"v":3342.85881999999,"d":"3,342.86"},1966,{"v":0.588119363,"d":"0.59"},"G",410,20611001,{"v":1473.31623592999,"d":"1,473.32"},90,103,193,{"v":116.2908974,"d":"116.29"},{"v":0.93996673,"d":"0.94"},{"v":181.413578999999,"d":"181.41"},{"v":11.58642103,"d":"11.59"},0,"0_20611001_630",{"v":1357.02533855,"d":"1,357.03"},0,{"v":11.58642103,"d":"11.59"},{"v":0.078931389,"d":"0.08"},"0_20611001_630_456","F",{"v":43.8183844221,"d":"43.82"},{"v":0.0322900267057,"d":"0.03"},{"v":0.374125844482,"d":"0.37"}]
[2,206,20611,{"v":3342.85881999999,"d":"3,342.86"},1966,{"v":0.588119363,"d":"0.59"},"G",410,20611001,{"v":1473.31623592999,"d":"1,473.32"},90,103,193,{"v":116.2908974,"d":"116.29"},{"v":0.93996673,"d":"0.94"},{"v":181.413578999999,"d":"181.41"},{"v":11.58642103,"d":"11.59"},0,"0_20611001_630",{"v":1357.02533855,"d":"1,357.03"},0,{"v":11.58642103,"d":"11.59"},{"v":0.078931389,"d":"0.08"},"0_20611001_630_457","F",{"v":0.0870934999548,"d":"0.09"},{"v":6.4179715353e-05,"d":"0.00"},{"v":0.000743613203664,"d":"0.00"}]
[2,206,20611,{"v":3342.85881999999,"d":"3,342.86"},1966,{"v":0.588119363,"d":"0.59"},"G",410,20611001,{"v":1473.31623592999,"d":"1,473.32"},90,103,193,{"v":116.2908974,"d":"116.29"},{"v":0.93996673,"d":"0.94"},{"v":181.413578999999,"d":"181.41"},{"v":11.58642103,"d":"11.59"},0,"0_20611001_630",{"v":1357.02533855,"d":"1,357.03"},0,{"v":11.58642103,"d":"11.59"},{"v":0.078931389,"d":"0.08"},"0_20611001_630_458","G",{"v":92.3238740094,"d":"92.32"},{"v":0.0680340089361,"d":"0.07"},{"v":0.788270671892,"d":"0.79"}]
[2,206,20622,{"v":7472.93291399999,"d":"7,472.93"},824,{"v":0.110264606,"d":"0.11"},"G",410,20622000,{"v":7472.91210121,"d":"7,472.91"},80,65,145,{"v":64.71214639,"d":"64.71"},{"v":0.93996673,"d":"0.94"},{"v":136.2951759,"d":"136.30"},{"v":8.704824088,"d":"8.70"},0,"0_20622000_640",{"v":7408.19995482,"d":"7,408.20"},0,{"v":8.704824088,"d":"8.70"},{"v":0.008659562,"d":"0.01"},"0_20622000_640_459","außerhalb GKL",{"v":7217.92404784999,"d":"7,217.92"},{"v":0.974315500644,"d":"0.97"},{"v":8.48124503931999,"d":"8.48"}]
[2,206,20622,{"v":7472.93291399999,"d":"7,472.93"},824,{"v":0.110264606,"d":"0.11"},"G",410,20622000,{"v":7472.91210121,"d":"7,472.91"},80,65,145,{"v":64.71214639,"d":"64.71"},{"v":0.93996673,"d":"0.94"},{"v":136.2951759,"d":"136.30"},{"v":8.704824088,"d":"8.70"},0,"0_20622000_640",{"v":7408.19995482,"d":"7,408.20"},0,{"v":8.704824088,"d":"8.70"},{"v":0.008659562,"d":"0.01"},"0_20622000_640_460","außerhalb GKL",{"v":0.00685975206912,"d":"0.01"},{"v":9.25967456e-07,"d":"0.00"},{"v":8.06038382e-06,"d":"0.00"}]
[2,206,20622,{"v":7472.93291399999,"d":"7,472.93"},824,{"v":0.110264606,"d":"0.11"},"G",410,20622000,{"v":7472.91210121,"d":"7,472.91"},80,65,145,{"v":64.71214639,"d":"64.71"},{"v":0.93996673,"d":"0.94"},{"v":136.2951759,"d":"136.30"},{"v":8.704824088,"d":"8.70"},0,"0_20622000_640",{"v":7408.19995482,"d":"7,408.20"},0,{"v":8.704824088,"d":"8.70"},{"v":0.008659562,"d":"0.01"},"0_20622000_640_461","außerhalb GKL",{"v":0.00292650616384,"d":"0.00"},{"v":3.95036066e-07,"d":"0.00"},{"v":3.43871946e-06,"d":"0.00"}]
[2,206,20622,{"v":7472.93291399999,"d":"7,472.93"},824,{"v":0.110264606,"d":"0.11"},"G",410,20622000,{"v":7472.91210121,"d":"7,472.91"},80,65,145,{"v":64.71214639,"d":"64.71"},{"v":0.93996673,"d":"0.94"},{"v":136.2951759,"d":"136.30"},{"v":8.704824088,"d":"8.70"},0,"0_20622000_640",{"v":7408.19995482,"d":"7,408.20"},0,{"v":8.704824088,"d":"8.70"},{"v":0.008659562,"d":"0.01"},"0_20622000_640_462","außerhalb GKL",{"v":0.000644721187897,"d":"0.00"},{"v":8.7028049e-08,"d":"0.00"},{"v":7.57563856e-07,"d":"0.00"}]
[2,206,20622,{"v":7472.93291399999,"d":"7,472.93"},824,{"v":0.110264606,"d":"0.11"},"G",410,20622000,{"v":7472.91210121,"d":"7,472.91"},80,65,145,{"v":64.71214639,"d":"64.71"},{"v":0.93996673,"d":"0.94"},{"v":136.2951759,"d":"136.30"},{"v":8.704824088,"d":"8.70"},0,"0_20622000_640",{"v":7408.19995482,"d":"7,408.20"},0,{"v":8.704824088,"d":"8.70"},{"v":0.008659562,"d":"0.01"},"0_20622000_640_463","außerhalb GKL",{"v":0.000615697801997,"d":"0.00"},{"v":8.3110311e-08,"d":"0.00"},{"v":7.23460637e-07,"d":"0.00"}]
[2,206,20622,{"v":7472.93291399999,"d":"7,472.93"},824,{"v":0.110264606,"d":"0.11"},"G",410,20622000,{"v":7472.91210121,"d":"7,472.91"},80,65,145,{"v":64.71214639,"d":"64.71"},{"v":0.93996673,"d":"0.94"},{"v":136.2951759,"d":"136.30"},{"v":8.704824088,"d":"8.70"},0,"0_20622000_640",{"v":7408.19995482,"d":"7,408.20"},0,{"v":8.704824088,"d":"8.70"},{"v":0.008659562,"d":"0.01"},"0_20622000_640_464","F",{"v":4.58946971687,"d":"4.59"},{"v":0.000619512127758,"d":"0.00"},{"v":5.39274409252E-3,"d":"0.01"}]
[2,206,20622,{"v":7472.93291399999,"d":"7,472.93"},824,{"v":0.110264606,"d":"0.11"},"G",410,20622000,{"v":7472.91210121,"d":"7,472.91"},80,65,145,{"v":64.71214639,"d":"64.71"},{"v":0.93996673,"d":"0.94"},{"v":136.2951759,"d":"136.30"},{"v":8.704824088,"d":"8.70"},0,"0_20622000_640",{"v":7408.19995482,"d":"7,408.20"},0,{"v":8.704824088,"d":"8.70"},{"v":0.008659562,"d":"0.01"},"0_20622000_640_465","F",{"v":0.345041566055,"d":"0.35"},{"v":4.6575628109e-05,"d":"0.00"},{"v":4.0543264948E-4,"d":"0.00"}]
[2,206,20622,{"v":7472.93291399999,"d":"7,472.93"},824,{"v":0.110264606,"d":"0.11"},"G",410,20622000,{"v":7472.91210121,"d":"7,472.91"},80,65,145,{"v":64.71214639,"d":"64.71"},{"v":0.93996673,"d":"0.94"},{"v":136.2951759,"d":"136.30"},{"v":8.704824088,"d":"8.70"},0,"0_20622000_640",{"v":7408.19995482,"d":"7,408.20"},0,{"v":8.704824088,"d":"8.70"},{"v":0.008659562,"d":"0.01"},"0_20622000_640_466","F",{"v":2.22781361813,"d":"2.23"},{"v":0.000300722662957,"d":"0.00"},{"v":0.00261773788032,"d":"0.00"}]
[2,206,20622,{"v":7472.93291399999,"d":"7,472.93"},824,{"v":0.110264606,"d":"0.11"},"G",410,20622000,{"v":7472.91210121,"d":"7,472.91"},80,65,145,{"v":64.71214639,"d":"64.71"},{"v":0.93996673,"d":"0.94"},{"v":136.2951759,"d":"136.30"},{"v":8.704824088,"d":"8.70"},0,"0_20622000_640",{"v":7408.19995482,"d":"7,408.20"},0,{"v":8.704824088,"d":"8.70"},{"v":0.008659562,"d":"0.01"},"0_20622000_640_467","F",{"v":0.311479786538,"d":"0.31"},{"v":4.2045272595E-5,"d":"0.00"},{"v":3.65996701671E-4,"d":"0.00"}]
[2,206,20622,{"v":7472.93291399999,"d":"7,472.93"},824,{"v":0.110264606,"d":"0.11"},"G",410,20622000,{"v":7472.91210121,"d":"7,472.91"},80,65,145,{"v":64.71214639,"d":"64.71"},{"v":0.93996673,"d":"0.94"},{"v":136.2951759,"d":"136.30"},{"v":8.704824088,"d":"8.70"},0,"0_20622000_640",{"v":7408.19995482,"d":"7,408.20"},0,{"v":8.704824088,"d":"8.70"},{"v":0.008659562,"d":"0.01"},"0_20622000_640_468","F",{"v":0.126679394083,"d":"0.13"},{"v":1.7099888617e-05,"d":"0.00"},{"v":0.000148851522339,"d":"0.00"}]
[2,206,20622,{"v":7472.93291399999,"d":"7,472.93"},824,{"v":0.110264606,"d":"0.11"},"G",410,20622000,{"v":7472.91210121,"d":"7,472.91"},80,65,145,{"v":64.71214639,"d":"64.71"},{"v":0.93996673,"d":"0.94"},{"v":136.2951759,"d":"136.30"},{"v":8.704824088,"d":"8.70"},0,"0_20622000_640",{"v":7408.19995482,"d":"7,408.20"},0,{"v":8.704824088,"d":"8.70"},{"v":0.008659562,"d":"0.01"},"0_20622000_640_469","F",{"v":6.22904020274,"d":"6.23"},{"v":0.000840830463639,"d":"0.00"},{"v":0.00731928127381,"d":"0.01"}]
[2,206,20622,{"v":7472.93291399999,"d":"7,472.93"},824,{"v":0.110264606,"d":"0.11"},"G",410,20622000,{"v":7472.91210121,"d":"7,472.91"},80,65,145,{"v":64.71214639,"d":"64.71"},{"v":0.93996673,"d":"0.94"},{"v":136.2951759,"d":"136.30"},{"v":8.704824088,"d":"8.70"},0,"0_20622000_640",{"v":7408.19995482,"d":"7,408.20"},0,{"v":8.704824088,"d":"8.70"},{"v":0.008659562,"d":"0.01"},"0_20622000_640_470","F",{"v":7.602221187,"d":"7.60"},{"v":1.02619006417E-3,"d":"0.00"},{"v":0.00893280398945,"d":"0.01"}]
[2,206,20622,{"v":7472.93291399999,"d":"7,472.93"},824,{"v":0.110264606,"d":"0.11"},"G",410,20622000,{"v":7472.91210121,"d":"7,472.91"},80,65,145,{"v":64.71214639,"d":"64.71"},{"v":0.93996673,"d":"0.94"},{"v":136.2951759,"d":"136.30"},{"v":8.704824088,"d":"8.70"},0,"0_20622000_640",{"v":7408.19995482,"d":"7,408.20"},0,{"v":8.704824088,"d":"8.70"},{"v":0.008659562,"d":"0.01"},"0_20622000_640_471","F",{"v":4.97813546682,"d":"4.98"},{"v":0.000671976390645,"d":"0.00"},{"v":0.00584943627185,"d":"0.01"}]
[2,206,20622,{"v":7472.93291399999,"d":"7,472.93"},824,{"v":0.110264606,"d":"0.11"},"G",410,20622000,{"v":7472.91210121,"d":"7,472.91"},80,65,145,{"v":64.71214639,"d":"64.71"},{"v":0.93996673,"d":"0.94"},{"v":136.2951759,"d":"136.30"},{"v":8.704824088,"d":"8.70"},0,"0_20622000_640",{"v":7408.19995482,"d":"7,408.20"},0,{"v":8.704824088,"d":"8.70"},{"v":0.008659562,"d":"0.01"},"0_20622000_640_472","F",{"v":1.57949778268,"d":"1.58"},{"v":2.13209388558E-4,"d":"0.00"},{"v":0.00185595022131,"d":"0.00"}]
[2,206,20622,{"v":7472.93291399999,"d":"7,472.93"},824,{"v":0.110264606,"d":"0.11"},"G",410,20622000,{"v":7472.91210121,"d":"7,472.91"},80,65,145,{"v":64.71214639,"d":"64.71"},{"v":0.93996673,"d":"0.94"},{"v":136.2951759,"d":"136.30"},{"v":8.704824088,"d":"8.70"},0,"0_20622000_640",{"v":7408.19995482,"d":"7,408.20"},0,{"v":8.704824088,"d":"8.70"},{"v":0.008659562,"d":"0.01"},"0_20622000_640_473","G",{"v":0.0112120041354,"d":"0.01"},{"v":1.513458627e-06,"d":"0.00"},{"v":1.3174391116e-05,"d":"0.00"}]
[2,206,20622,{"v":7472.93291399999,"d":"7,472.93"},824,{"v":0.110264606,"d":"0.11"},"G",410,20622000,{"v":7472.91210121,"d":"7,472.91"},80,65,145,{"v":64.71214639,"d":"64.71"},{"v":0.93996673,"d":"0.94"},{"v":136.2951759,"d":"136.30"},{"v":8.704824088,"d":"8.70"},0,"0_20622000_640",{"v":7408.19995482,"d":"7,408.20"},0,{"v":8.704824088,"d":"8.70"},{"v":0.008659562,"d":"0.01"},"0_20622000_640_474","G",{"v":0.00812111268002,"d":"0.01"},{"v":1.096232922E-6,"d":"0.00"},{"v":9.542514742E-6,"d":"0.00"}]
[2,206,20622,{"v":7472.93291399999,"d":"7,472.93"},824,{"v":0.110264606,"d":"0.11"},"G",410,20622000,{"v":7472.91210121,"d":"7,472.91"},80,65,145,{"v":64.71214639,"d":"64.71"},{"v":0.93996673,"d":"0.94"},{"v":136.2951759,"d":"136.30"},{"v":8.704824088,"d":"8.70"},0,"0_20622000_640",{"v":7408.19995482,"d":"7,408.20"},0,{"v":8.704824088,"d":"8.70"},{"v":0.008659562,"d":"0.01"},"0_20622000_640_475","G",{"v":0.0181617477335,"d":"0.02"},{"v":2.451573641e-06,"d":"0.00"},{"v":2.134051728e-05,"d":"0.00"}]
[2,206,20622,{"v":7472.93291399999,"d":"7,472.93"},824,{"v":0.110264606,"d":"0.11"},"G",410,20622000,{"v":7472.91210121,"d":"7,472.91"},80,65,145,{"v":64.71214639,"d":"64.71"},{"v":0.93996673,"d":"0.94"},{"v":136.2951759,"d":"136.30"},{"v":8.704824088,"d":"8.70"},0,"0_20622000_640",{"v":7408.19995482,"d":"7,408.20"},0,{"v":8.704824088,"d":"8.70"},{"v":0.008659562,"d":"0.01"},"0_20622000_640_476","G",{"v":1.0163530887,"d":"1.02"},{"v":0.000137192988162,"d":"0.00"},{"v":1.19424082806E-3,"d":"0.00"}]
[2,206,20622,{"v":7472.93291399999,"d":"7,472.93"},824,{"v":0.110264606,"d":"0.11"},"G",410,20622000,{"v":7472.91210121,"d":"7,472.91"},80,65,145,{"v":64.71214639,"d":"64.71"},{"v":0.93996673,"d":"0.94"},{"v":136.2951759,"d":"136.30"},{"v":8.704824088,"d":"8.70"},0,"0_20622000_640",{"v":7408.19995482,"d":"7,408.20"},0,{"v":8.704824088,"d":"8.70"},{"v":0.008659562,"d":"0.01"},"0_20622000_640_477","G",{"v":14.2982614128,"d":"14.30"},{"v":1.93005878621E-3,"d":"0.00"},{"v":0.0168008222135,"d":"0.02"}]
[2,206,20622,{"v":7472.93291399999,"d":"7,472.93"},824,{"v":0.110264606,"d":"0.11"},"G",410,20622000,{"v":7472.91210121,"d":"7,472.91"},80,65,145,{"v":64.71214639,"d":"64.71"},{"v":0.93996673,"d":"0.94"},{"v":136.2951759,"d":"136.30"},{"v":8.704824088,"d":"8.70"},0,"0_20622000_640",{"v":7408.19995482,"d":"7,408.20"},0,{"v":8.704824088,"d":"8.70"},{"v":0.008659562,"d":"0.01"},"0_20622000_640_478","G",{"v":0.215400868311,"d":"0.22"},{"v":2.9076006267e-05,"d":"0.00"},{"v":0.000253101519733,"d":"0.00"}]
[2,206,20622,{"v":7472.93291399999,"d":"7,472.93"},824,{"v":0.110264606,"d":"0.11"},"G",410,20622000,{"v":7472.91210121,"d":"7,472.91"},80,65,145,{"v":64.71214639,"d":"64.71"},{"v":0.93996673,"d":"0.94"},{"v":136.2951759,"d":"136.30"},{"v":8.704824088,"d":"8.70"},0,"0_20622000_640",{"v":7408.19995482,"d":"7,408.20"},0,{"v":8.704824088,"d":"8.70"},{"v":0.008659562,"d":"0.01"},"0_20622000_640_479","G",{"v":0.0339444054097,"d":"0.03"},{"v":4.582004484e-06,"d":"0.00"},{"v":3.9885543002e-05,"d":"0.00"}]
[2,206,20622,{"v":7472.93291399999,"d":"7,472.93"},824,{"v":0.110264606,"d":"0.11"},"G",410,20622000,{"v":7472.91210121,"d":"7,472.91"},80,65,145,{"v":64.71214639,"d":"64.71"},{"v":0.93996673,"d":"0.94"},{"v":136.2951759,"d":"136.30"},{"v":8.704824088,"d":"8.70"},0,"0_20622000_640",{"v":7408.19995482,"d":"7,408.20"},0,{"v":8.704824088,"d":"8.70"},{"v":0.008659562,"d":"0.01"},"0_20622000_640_480","G",{"v":6.7132149398,"d":"6.71"},{"v":0.000906187060385,"d":"0.00"},{"v":0.00788819895147,"d":"0.01"}]
[2,206,20622,{"v":7472.93291399999,"d":"7,472.93"},824,{"v":0.110264606,"d":"0.11"},"G",410,20622000,{"v":7472.91210121,"d":"7,472.91"},80,65,145,{"v":64.71214639,"d":"64.71"},{"v":0.93996673,"d":"0.94"},{"v":136.2951759,"d":"136.30"},{"v":8.704824088,"d":"8.70"},0,"0_20622000_640",{"v":7408.19995482,"d":"7,408.20"},0,{"v":8.704824088,"d":"8.70"},{"v":0.008659562,"d":"0.01"},"0_20622000_640_481","G",{"v":40.1326332092,"d":"40.13"},{"v":0.00541732586242,"d":"0.01"},{"v":0.0471568686597,"d":"0.05"}]
[2,206,20622,{"v":7472.93291399999,"d":"7,472.93"},824,{"v":0.110264606,"d":"0.11"},"G",410,20622000,{"v":7472.91210121,"d":"7,472.91"},80,65,145,{"v":64.71214639,"d":"64.71"},{"v":0.93996673,"d":"0.94"},{"v":136.2951759,"d":"136.30"},{"v":8.704824088,"d":"8.70"},0,"0_20622000_640",{"v":7408.19995482,"d":"7,408.20"},0,{"v":8.704824088,"d":"8.70"},{"v":0.008659562,"d":"0.01"},"0_20622000_640_482","G",{"v":1.03170548652,"d":"1.03"},{"v":1.39265340138E-4,"d":"0.00"},{"v":0.00121228028746,"d":"0.00"}]
[2,206,20622,{"v":7472.93291399999,"d":"7,472.93"},824,{"v":0.110264606,"d":"0.11"},"G",410,20622000,{"v":7472.91210121,"d":"7,472.91"},80,65,145,{"v":64.71214639,"d":"64.71"},{"v":0.93996673,"d":"0.94"},{"v":136.2951759,"d":"136.30"},{"v":8.704824088,"d":"8.70"},0,"0_20622000_640",{"v":7408.19995482,"d":"7,408.20"},0,{"v":8.704824088,"d":"8.70"},{"v":0.008659562,"d":"0.01"},"0_20622000_640_483","G",{"v":0.0120350027692,"d":"0.01"},{"v":1.624551557E-6,"d":"0.00"},{"v":1.4141435523e-05,"d":"0.00"}]
[2,206,20622,{"v":7472.93291399999,"d":"7,472.93"},824,{"v":0.110264606,"d":"0.11"},"G",410,20622000,{"v":7472.91210121,"d":"7,472.91"},80,65,145,{"v":64.71214639,"d":"64.71"},{"v":0.93996673,"d":"0.94"},{"v":136.2951759,"d":"136.30"},{"v":8.704824088,"d":"8.70"},0,"0_20622000_640",{"v":7408.19995482,"d":"7,408.20"},0,{"v":8.704824088,"d":"8.70"},{"v":0.008659562,"d":"0.01"},"0_20622000_640_484","G",{"v":0.103897145988,"d":"0.10"},{"v":1.402461416E-5,"d":"0.00"},{"v":1.22081799167E-4,"d":"0.00"}]
[2,206,20622,{"v":7472.93291399999,"d":"7,472.93"},824,{"v":0.110264606,"d":"0.11"},"G",410,20622000,{"v":7472.91210121,"d":"7,472.91"},80,65,145,{"v":64.71214639,"d":"64.71"},{"v":0.93996673,"d":"0.94"},{"v":136.2951759,"d":"136.30"},{"v":8.704824088,"d":"8.70"},0,"0_20622000_640",{"v":7408.19995482,"d":"7,408.20"},0,{"v":8.704824088,"d":"8.70"},{"v":0.008659562,"d":"0.01"},"0_20622000_640_485","G",{"v":79.2344555143999,"d":"79.23"},{"v":0.0106955071404,"d":"0.01"},{"v":0.0931025081891,"d":"0.09"}]
[2,206,20622,{"v":7472.93291399999,"d":"7,472.93"},824,{"v":0.110264606,"d":"0.11"},"G",410,20622000,{"v":7472.91210121,"d":"7,472.91"},80,65,145,{"v":64.71214639,"d":"64.71"},{"v":0.93996673,"d":"0.94"},{"v":136.2951759,"d":"136.30"},{"v":8.704824088,"d":"8.70"},0,"0_20622000_640",{"v":7408.19995482,"d":"7,408.20"},0,{"v":8.704824088,"d":"8.70"},{"v":0.008659562,"d":"0.01"},"0_20622000_640_486","G",{"v":19.4460856335,"d":"19.45"},{"v":0.00262494070788,"d":"0.00"},{"v":0.0228496471035,"d":"0.02"}]
[2,206,20625,{"v":6992.17483199999,"d":"6,992.17"},1188,{"v":0.169904218,"d":"0.17"},"M",410,20625000,{"v":1180.77447637,"d":"1,180.77"},42,135,177,{"v":71.0975717099999,"d":"71.10"},{"v":0.93996673,"d":"0.94"},{"v":166.3741113,"d":"166.37"},{"v":10.62588871,"d":"10.63"},0,"0_20625000_642",{"v":1109.67690465999,"d":"1,109.68"},0,{"v":10.62588871,"d":"10.63"},{"v":0.06021266,"d":"0.06"},"0_20625000_642_487","außerhalb GKL",{"v":1023.65591269,"d":"1,023.66"},{"v":0.922481046863,"d":"0.92"},{"v":9.80218094105,"d":"9.80"}]
[2,206,20625,{"v":6992.17483199999,"d":"6,992.17"},1188,{"v":0.169904218,"d":"0.17"},"M",410,20625000,{"v":1180.77447637,"d":"1,180.77"},42,135,177,{"v":71.0975717099999,"d":"71.10"},{"v":0.93996673,"d":"0.94"},{"v":166.3741113,"d":"166.37"},{"v":10.62588871,"d":"10.63"},0,"0_20625000_642",{"v":1109.67690465999,"d":"1,109.68"},0,{"v":10.62588871,"d":"10.63"},{"v":0.06021266,"d":"0.06"},"0_20625000_642_488","außerhalb GKL",{"v":1.90269914721E-4,"d":"0.00"},{"v":1.71464247E-7,"d":"0.00"},{"v":1.821960005E-6,"d":"0.00"}]
[2,206,20625,{"v":6992.17483199999,"d":"6,992.17"},1188,{"v":0.169904218,"d":"0.17"},"M",410,20625000,{"v":1180.77447637,"d":"1,180.77"},42,135,177,{"v":71.0975717099999,"d":"71.10"},{"v":0.93996673,"d":"0.94"},{"v":166.3741113,"d":"166.37"},{"v":10.62588871,"d":"10.63"},0,"0_20625000_642",{"v":1109.67690465999,"d":"1,109.68"},0,{"v":10.62588871,"d":"10.63"},{"v":0.06021266,"d":"0.06"},"0_20625000_642_489","B",{"v":0.326438475626,"d":"0.33"},{"v":0.000294174344131,"d":"0.00"},{"v":0.00312586384207,"d":"0.00"}]
[2,206,20625,{"v":6992.17483199999,"d":"6,992.17"},1188,{"v":0.169904218,"d":"0.17"},"M",410,20625000,{"v":1180.77447637,"d":"1,180.77"},42,135,177,{"v":71.0975717099999,"d":"71.10"},{"v":0.93996673,"d":"0.94"},{"v":166.3741113,"d":"166.37"},{"v":10.62588871,"d":"10.63"},0,"0_20625000_642",{"v":1109.67690465999,"d":"1,109.68"},0,{"v":10.62588871,"d":"10.63"},{"v":0.06021266,"d":"0.06"},"0_20625000_642_490","B",{"v":0.0276948781687,"d":"0.03"},{"v":2.4957605275E-5,"d":"0.00"},{"v":2.65196736115E-4,"d":"0.00"}]
[2,206,20625,{"v":6992.17483199999,"d":"6,992.17"},1188,{"v":0.169904218,"d":"0.17"},"M",410,20625000,{"v":1180.77447637,"d":"1,180.77"},42,135,177,{"v":71.0975717099999,"d":"71.10"},{"v":0.93996673,"d":"0.94"},{"v":166.3741113,"d":"166.37"},{"v":10.62588871,"d":"10.63"},0,"0_20625000_642",{"v":1109.67690465999,"d":"1,109.68"},0,{"v":10.62588871,"d":"10.63"},{"v":0.06021266,"d":"0.06"},"0_20625000_642_491","C",{"v":2.00347749947,"d":"2.00"},{"v":0.00180546021194,"d":"0.00"},{"v":0.0191846192824,"d":"0.02"}]
[2,206,20625,{"v":6992.17483199999,"d":"6,992.17"},1188,{"v":0.169904218,"d":"0.17"},"M",410,20625000,{"v":1180.77447637,"d":"1,180.77"},42,135,177,{"v":71.0975717099999,"d":"71.10"},{"v":0.93996673,"d":"0.94"},{"v":166.3741113,"d":"166.37"},{"v":10.62588871,"d":"10.63"},0,"0_20625000_642",{"v":1109.67690465999,"d":"1,109.68"},0,{"v":10.62588871,"d":"10.63"},{"v":0.06021266,"d":"0.06"},"0_20625000_642_492","C",{"v":2.88438844386E-4,"d":"0.00"},{"v":2.59930475E-7,"d":"0.00"},{"v":2.761992295e-06,"d":"0.00"}]
[2,206,20625,{"v":6992.17483199999,"d":"6,992.17"},1188,{"v":0.169904218,"d":"0.17"},"M",410,20625000,{"v":1180.77447637,"d":"1,180.77"},42,135,177,{"v":71.0975717099999,"d":"71.10"},{"v":0.93996673,"d":"0.94"},{"v":166.3741113,"d":"166.37"},{"v":10.62588871,"d":"10.63"},0,"0_20625000_642",{"v":1109.67690465999,"d":"1,109.68"},0,{"v":10.62588871,"d":"10.63"},{"v":0.06021266,"d":"0.06"},"0_20625000_642_493","C",{"v":0.00751998328253,"d":"0.01"},{"v":6.776732264E-6,"d":"0.00"},{"v":7.2008802856e-05,"d":"0.00"}]
[2,206,20625,{"v":6992.17483199999,"d":"6,992.17"},1188,{"v":0.169904218,"d":"0.17"},"M",410,20625000,{"v":1180.77447637,"d":"1,180.77"},42,135,177,{"v":71.0975717099999,"d":"71.10"},{"v":0.93996673,"d":"0.94"},{"v":166.3741113,"d":"166.37"},{"v":10.62588871,"d":"10.63"},0,"0_20625000_642",{"v":1109.67690465999,"d":"1,109.68"},0,{"v":10.62588871,"d":"10.63"},{"v":0.06021266,"d":"0.06"},"0_20625000_642_494","C",{"v":0.947956459594,"d":"0.95"},{"v":0.000854263484815,"d":"0.00"},{"v":0.00907730871866,"d":"0.01"}]
[2,206,20625,{"v":6992.17483199999,"d":"6,992.17"},1188,{"v":0.169904218,"d":"0.17"},"M",410,20625000,{"v":1180.77447637,"d":"1,180.77"},42,135,177,{"v":71.0975717099999,"d":"71.10"},{"v":0.93996673,"d":"0.94"},{"v":166.3741113,"d":"166.37"},{"v":10.62588871,"d":"10.63"},0,"0_20625000_642",{"v":1109.67690465999,"d":"1,109.68"},0,{"v":10.62588871,"d":"10.63"},{"v":0.06021266,"d":"0.06"},"0_20625000_642_495","D",{"v":0.121707378901,"d":"0.12"},{"v":1.0967821209E-4,"d":"0.00"},{"v":0.00116542847558,"d":"0.00"}]
[2,206,20625,{"v":6992.17483199999,"d":"6,992.17"},1188,{"v":0.169904218,"d":"0.17"},"M",410,20625000,{"v":1180.77447637,"d":"1,180.77"},42,135,177,{"v":71.0975717099999,"d":"71.10"},{"v":0.93996673,"d":"0.94"},{"v":166.3741113,"d":"166.37"},{"v":10.62588871,"d":"10.63"},0,"0_20625000_642",{"v":1109.67690465999,"d":"1,109.68"},0,{"v":10.62588871,"d":"10.63"},{"v":0.06021266,"d":"0.06"},"0_20625000_642_496","D",{"v":0.633662147914,"d":"0.63"},{"v":0.000571033014432,"d":"0.00"},{"v":0.00606773326109,"d":"0.01"}]
[2,206,20625,{"v":6992.17483199999,"d":"6,992.17"},1188,{"v":0.169904218,"d":"0.17"},"M",410,20625000,{"v":1180.77447637,"d":"1,180.77"},42,135,177,{"v":71.0975717099999,"d":"71.10"},{"v":0.93996673,"d":"0.94"},{"v":166.3741113,"d":"166.37"},{"v":10.62588871,"d":"10.63"},0,"0_20625000_642",{"v":1109.67690465999,"d":"1,109.68"},0,{"v":10.62588871,"d":"10.63"},{"v":0.06021266,"d":"0.06"},"0_20625000_642_497","D",{"v":0.579057183141,"d":"0.58"},{"v":5.21825029168E-4,"d":"0.00"},{"v":0.00554485468603,"d":"0.01"}]
[2,206,20625,{"v":6992.17483199999,"d":"6,992.17"},1188,{"v":0.169904218,"d":"0.17"},"M",410,20625000,{"v":1180.77447637,"d":"1,180.77"},42,135,177,{"v":71.0975717099999,"d":"71.10"},{"v":0.93996673,"d":"0.94"},{"v":166.3741113,"d":"166.37"},{"v":10.62588871,"d":"10.63"},0,"0_20625000_642",{"v":1109.67690465999,"d":"1,109.68"},0,{"v":10.62588871,"d":"10.63"},{"v":0.06021266,"d":"0.06"},"0_20625000_642_498","D",{"v":7.59884385818,"d":"7.60"},{"v":0.00684779851349,"d":"0.01"},{"v":0.0727639449128,"d":"0.07"}]
[2,206,20625,{"v":6992.17483199999,"d":"6,992.17"},1188,{"v":0.169904218,"d":"0.17"},"M",410,20625000,{"v":1180.77447637,"d":"1,180.77"},42,135,177,{"v":71.0975717099999,"d":"71.10"},{"v":0.93996673,"d":"0.94"},{"v":166.3741113,"d":"166.37"},{"v":10.62588871,"d":"10.63"},0,"0_20625000_642",{"v":1109.67690465999,"d":"1,109.68"},0,{"v":10.62588871,"d":"10.63"},{"v":0.06021266,"d":"0.06"},"0_20625000_642_499","D",{"v":0.0823409554705,"d":"0.08"},{"v":7.4202639637e-05,"d":"0.00"},{"v":0.000788468990776,"d":"0.00"}]
[2,206,20625,{"v":6992.17483199999,"d":"6,992.17"},1188,{"v":0.169904218,"d":"0.17"},"M",410,20625000,{"v":1180.77447637,"d":"1,180.77"},42,135,177,{"v":71.0975717099999,"d":"71.10"},{"v":0.93996673,"d":"0.94"},{"v":166.3741113,"d":"166.37"},{"v":10.62588871,"d":"10.63"},0,"0_20625000_642",{"v":1109.67690465999,"d":"1,109.68"},0,{"v":10.62588871,"d":"10.63"},{"v":0.06021266,"d":"0.06"},"0_20625000_642_500","E",{"v":0.34901791906,"d":"0.35"},{"v":3.14522107826E-4,"d":"0.00"},{"v":0.00334207691459,"d":"0.00"}]
[2,206,20625,{"v":6992.17483199999,"d":"6,992.17"},1188,{"v":0.169904218,"d":"0.17"},"M",410,20625000,{"v":1180.77447637,"d":"1,180.77"},42,135,177,{"v":71.0975717099999,"d":"71.10"},{"v":0.93996673,"d":"0.94"},{"v":166.3741113,"d":"166.37"},{"v":10.62588871,"d":"10.63"},0,"0_20625000_642",{"v":1109.67690465999,"d":"1,109.68"},0,{"v":10.62588871,"d":"10.63"},{"v":0.06021266,"d":"0.06"},"0_20625000_642_501","E",{"v":0.0310406968213,"d":"0.03"},{"v":2.7972733947E-5,"d":"0.00"},{"v":0.000297235157836,"d":"0.00"}]
[2,206,20625,{"v":6992.17483199999,"d":"6,992.17"},1188,{"v":0.169904218,"d":"0.17"},"M",410,20625000,{"v":1180.77447637,"d":"1,180.77"},42,135,177,{"v":71.0975717099999,"d":"71.10"},{"v":0.93996673,"d":"0.94"},{"v":166.3741113,"d":"166.37"},{"v":10.62588871,"d":"10.63"},0,"0_20625000_642",{"v":1109.67690465999,"d":"1,109.68"},0,{"v":10.62588871,"d":"10.63"},{"v":0.06021266,"d":"0.06"},"0_20625000_642_502","E",{"v":0.0158822052285,"d":"0.02"},{"v":1.4312459025E-5,"d":"0.00"},{"v":1.52082596762E-4,"d":"0.00"}]
[2,206,20625,{"v":6992.17483199999,"d":"6,992.17"},1188,{"v":0.169904218,"d":"0.17"},"M",410,20625000,{"v":1180.77447637,"d":"1,180.77"},42,135,177,{"v":71.0975717099999,"d":"71.10"},{"v":0.93996673,"d":"0.94"},{"v":166.3741113,"d":"166.37"},{"v":10.62588871,"d":"10.63"},0,"0_20625000_642",{"v":1109.67690465999,"d":"1,109.68"},0,{"v":10.62588871,"d":"10.63"},{"v":0.06021266,"d":"0.06"},"0_20625000_642_503","E",{"v":5.31880442526,"d":"5.32"},{"v":0.0047931108622,"d":"0.00"},{"v":0.0509310625964,"d":"0.05"}]
[2,206,20625,{"v":6992.17483199999,"d":"6,992.17"},1188,{"v":0.169904218,"d":"0.17"},"M",410,20625000,{"v":1180.77447637,"d":"1,180.77"},42,135,177,{"v":71.0975717099999,"d":"71.10"},{"v":0.93996673,"d":"0.94"},{"v":166.3741113,"d":"166.37"},{"v":10.62588871,"d":"10.63"},0,"0_20625000_642",{"v":1109.67690465999,"d":"1,109.68"},0,{"v":10.62588871,"d":"10.63"},{"v":0.06021266,"d":"0.06"},"0_20625000_642_504","E",{"v":14.5604466409,"d":"14.56"},{"v":0.0131213388147,"d":"0.01"},{"v":0.139425885971,"d":"0.14"}]
[2,206,20625,{"v":6992.17483199999,"d":"6,992.17"},1188,{"v":0.169904218,"d":"0.17"},"M",410,20625000,{"v":1180.77447637,"d":"1,180.77"},42,135,177,{"v":71.0975717099999,"d":"71.10"},{"v":0.93996673,"d":"0.94"},{"v":166.3741113,"d":"166.37"},{"v":10.62588871,"d":"10.63"},0,"0_20625000_642",{"v":1109.67690465999,"d":"1,109.68"},0,{"v":10.62588871,"d":"10.63"},{"v":0.06021266,"d":"0.06"},"0_20625000_642_505","E",{"v":0.433206871959,"d":"0.43"},{"v":0.000390390094756,"d":"0.00"},{"v":0.00414824170036,"d":"0.00"}]
[2,206,20625,{"v":6992.17483199999,"d":"6,992.17"},1188,{"v":0.169904218,"d":"0.17"},"M",410,20625000,{"v":1180.77447637,"d":"1,180.77"},42,135,177,{"v":71.0975717099999,"d":"71.10"},{"v":0.93996673,"d":"0.94"},{"v":166.3741113,"d":"166.37"},{"v":10.62588871,"d":"10.63"},0,"0_20625000_642",{"v":1109.67690465999,"d":"1,109.68"},0,{"v":10.62588871,"d":"10.63"},{"v":0.06021266,"d":"0.06"},"0_20625000_642_506","E",{"v":0.109472236823,"d":"0.11"},{"v":9.8652352197e-05,"d":"0.00"},{"v":1.04826891542E-3,"d":"0.00"}]
[2,206,20625,{"v":6992.17483199999,"d":"6,992.17"},1188,{"v":0.169904218,"d":"0.17"},"M",410,20625000,{"v":1180.77447637,"d":"1,180.77"},42,135,177,{"v":71.0975717099999,"d":"71.10"},{"v":0.93996673,"d":"0.94"},{"v":166.3741113,"d":"166.37"},{"v":10.62588871,"d":"10.63"},0,"0_20625000_642",{"v":1109.67690465999,"d":"1,109.68"},0,{"v":10.62588871,"d":"10.63"},{"v":0.06021266,"d":"0.06"},"0_20625000_642_507","F",{"v":25.3999374809,"d":"25.40"},{"v":0.0228894891605,"d":"0.02"},{"v":0.243221164448,"d":"0.24"}]
[2,206,20625,{"v":6992.17483199999,"d":"6,992.17"},1188,{"v":0.169904218,"d":"0.17"},"M",410,20625000,{"v":1180.77447637,"d":"1,180.77"},42,135,177,{"v":71.0975717099999,"d":"71.10"},{"v":0.93996673,"d":"0.94"},{"v":166.3741113,"d":"166.37"},{"v":10.62588871,"d":"10.63"},0,"0_20625000_642",{"v":1109.67690465999,"d":"1,109.68"},0,{"v":10.62588871,"d":"10.63"},{"v":0.06021266,"d":"0.06"},"0_20625000_642_508","F",{"v":0.000414477082611,"d":"0.00"},{"v":3.73511498E-7,"d":"0.00"},{"v":3.968891606e-06,"d":"0.00"}]
[2,206,20625,{"v":6992.17483199999,"d":"6,992.17"},1188,{"v":0.169904218,"d":"0.17"},"M",410,20625000,{"v":1180.77447637,"d":"1,180.77"},42,135,177,{"v":71.0975717099999,"d":"71.10"},{"v":0.93996673,"d":"0.94"},{"v":166.3741113,"d":"166.37"},{"v":10.62588871,"d":"10.63"},0,"0_20625000_642",{"v":1109.67690465999,"d":"1,109.68"},0,{"v":10.62588871,"d":"10.63"},{"v":0.06021266,"d":"0.06"},"0_20625000_642_509","F",{"v":0.000608969889545,"d":"0.00"},{"v":5.4878126e-07,"d":"0.00"},{"v":5.831288591e-06,"d":"0.00"}]
[2,206,20625,{"v":6992.17483199999,"d":"6,992.17"},1188,{"v":0.169904218,"d":"0.17"},"M",410,20625000,{"v":1180.77447637,"d":"1,180.77"},42,135,177,{"v":71.0975717099999,"d":"71.10"},{"v":0.93996673,"d":"0.94"},{"v":166.3741113,"d":"166.37"},{"v":10.62588871,"d":"10.63"},0,"0_20625000_642",{"v":1109.67690465999,"d":"1,109.68"},0,{"v":10.62588871,"d":"10.63"},{"v":0.06021266,"d":"0.06"},"0_20625000_642_510","F",{"v":14.6560931569,"d":"14.66"},{"v":0.013207531936,"d":"0.01"},{"v":0.140341764486,"d":"0.14"}]
[2,206,20625,{"v":6992.17483199999,"d":"6,992.17"},1188,{"v":0.169904218,"d":"0.17"},"M",410,20625000,{"v":1180.77447637,"d":"1,180.77"},42,135,177,{"v":71.0975717099999,"d":"71.10"},{"v":0.93996673,"d":"0.94"},{"v":166.3741113,"d":"166.37"},{"v":10.62588871,"d":"10.63"},0,"0_20625000_642",{"v":1109.67690465999,"d":"1,109.68"},0,{"v":10.62588871,"d":"10.63"},{"v":0.06021266,"d":"0.06"},"0_20625000_642_511","F",{"v":0.778866521687,"d":"0.78"},{"v":0.000701885853816,"d":"0.00"},{"v":0.00745816096977,"d":"0.01"}]
[2,206,20625,{"v":6992.17483199999,"d":"6,992.17"},1188,{"v":0.169904218,"d":"0.17"},"M",410,20625000,{"v":1180.77447637,"d":"1,180.77"},42,135,177,{"v":71.0975717099999,"d":"71.10"},{"v":0.93996673,"d":"0.94"},{"v":166.3741113,"d":"166.37"},{"v":10.62588871,"d":"10.63"},0,"0_20625000_642",{"v":1109.67690465999,"d":"1,109.68"},0,{"v":10.62588871,"d":"10.63"},{"v":0.06021266,"d":"0.06"},"0_20625000_642_512","F",{"v":2.89339956455,"d":"2.89"},{"v":2.60742523558E-3,"d":"0.00"},{"v":0.0277062103729,"d":"0.03"}]
[2,206,20625,{"v":6992.17483199999,"d":"6,992.17"},1188,{"v":0.169904218,"d":"0.17"},"M",410,20625000,{"v":1180.77447637,"d":"1,180.77"},42,135,177,{"v":71.0975717099999,"d":"71.10"},{"v":0.93996673,"d":"0.94"},{"v":166.3741113,"d":"166.37"},{"v":10.62588871,"d":"10.63"},0,"0_20625000_642",{"v":1109.67690465999,"d":"1,109.68"},0,{"v":10.62588871,"d":"10.63"},{"v":0.06021266,"d":"0.06"},"0_20625000_642_513","F",{"v":3.31444010553,"d":"3.31"},{"v":0.00298685148047,"d":"0.00"},{"v":0.0317379514248,"d":"0.03"}]
[2,206,20625,{"v":6992.17483199999,"d":"6,992.17"},1188,{"v":0.169904218,"d":"0.17"},"M",410,20625000,{"v":1180.77447637,"d":"1,180.77"},42,135,177,{"v":71.0975717099999,"d":"71.10"},{"v":0.93996673,"d":"0.94"},{"v":166.3741113,"d":"166.37"},{"v":10.62588871,"d":"10.63"},0,"0_20625000_642",{"v":1109.67690465999,"d":"1,109.68"},0,{"v":10.62588871,"d":"10.63"},{"v":0.06021266,"d":"0.06"},"0_20625000_642_514","G",{"v":0.478230444554,"d":"0.48"},{"v":0.000430963681902,"d":"0.00"},{"v":0.00457937212194,"d":"0.00"}]
[2,206,20625,{"v":6992.17483199999,"d":"6,992.17"},1188,{"v":0.169904218,"d":"0.17"},"M",410,20625000,{"v":1180.77447637,"d":"1,180.77"},42,135,177,{"v":71.0975717099999,"d":"71.10"},{"v":0.93996673,"d":"0.94"},{"v":166.3741113,"d":"166.37"},{"v":10.62588871,"d":"10.63"},0,"0_20625000_642",{"v":1109.67690465999,"d":"1,109.68"},0,{"v":10.62588871,"d":"10.63"},{"v":0.06021266,"d":"0.06"},"0_20625000_642_515","G",{"v":4.75123727702E-3,"d":"0.00"},{"v":4.28164023e-06,"d":"0.00"},{"v":4.5496232578e-05,"d":"0.00"}]
[2,206,20625,{"v":6992.17483199999,"d":"6,992.17"},1188,{"v":0.169904218,"d":"0.17"},"M",410,20625000,{"v":1180.77447637,"d":"1,180.77"},42,135,177,{"v":71.0975717099999,"d":"71.10"},{"v":0.93996673,"d":"0.94"},{"v":166.3741113,"d":"166.37"},{"v":10.62588871,"d":"10.63"},0,"0_20625000_642",{"v":1109.67690465999,"d":"1,109.68"},0,{"v":10.62588871,"d":"10.63"},{"v":0.06021266,"d":"0.06"},"0_20625000_642_516","G",{"v":0.000595993453149,"d":"0.00"},{"v":5.37087373e-07,"d":"0.00"},{"v":5.707030649e-06,"d":"0.00"}]
[2,206,20625,{"v":6992.17483199999,"d":"6,992.17"},1188,{"v":0.169904218,"d":"0.17"},"M",410,20625000,{"v":1180.77447637,"d":"1,180.77"},42,135,177,{"v":71.0975717099999,"d":"71.10"},{"v":0.93996673,"d":"0.94"},{"v":166.3741113,"d":"166.37"},{"v":10.62588871,"d":"10.63"},0,"0_20625000_642",{"v":1109.67690465999,"d":"1,109.68"},0,{"v":10.62588871,"d":"10.63"},{"v":0.06021266,"d":"0.06"},"0_20625000_642_517","G",{"v":0.0789891456575,"d":"0.08"},{"v":7.1182111952e-05,"d":"0.00"},{"v":0.000756373199739,"d":"0.00"}]
[2,206,20625,{"v":6992.17483199999,"d":"6,992.17"},1188,{"v":0.169904218,"d":"0.17"},"M",410,20625000,{"v":1180.77447637,"d":"1,180.77"},42,135,177,{"v":71.0975717099999,"d":"71.10"},{"v":0.93996673,"d":"0.94"},{"v":166.3741113,"d":"166.37"},{"v":10.62588871,"d":"10.63"},0,"0_20625000_642",{"v":1109.67690465999,"d":"1,109.68"},0,{"v":10.62588871,"d":"10.63"},{"v":0.06021266,"d":"0.06"},"0_20625000_642_518","G",{"v":0.647788158437,"d":"0.65"},{"v":0.000583762855401,"d":"0.00"},{"v":6.20299913452E-3,"d":"0.01"}]
[2,206,20625,{"v":6992.17483199999,"d":"6,992.17"},1188,{"v":0.169904218,"d":"0.17"},"M",410,20625000,{"v":1180.77447637,"d":"1,180.77"},42,135,177,{"v":71.0975717099999,"d":"71.10"},{"v":0.93996673,"d":"0.94"},{"v":166.3741113,"d":"166.37"},{"v":10.62588871,"d":"10.63"},0,"0_20625000_642",{"v":1109.67690465999,"d":"1,109.68"},0,{"v":10.62588871,"d":"10.63"},{"v":0.06021266,"d":"0.06"},"0_20625000_642_519","G",{"v":4.61982819546,"d":"4.62"},{"v":0.00416321920016,"d":"0.00"},{"v":0.0442379038962,"d":"0.04"}]
[2,206,20625,{"v":6992.17483199999,"d":"6,992.17"},1188,{"v":0.169904218,"d":"0.17"},"M",410,20625001,{"v":3544.38748239999,"d":"3,544.39"},31,21,52,{"v":37.79145115,"d":"37.79"},{"v":0.93996673,"d":"0.94"},{"v":48.8782699799999,"d":"48.88"},{"v":3.121730018,"d":"3.12"},0,"0_20625001_643",{"v":3506.59603125,"d":"3,506.60"},0,{"v":3.121730018,"d":"3.12"},{"v":0.010662336,"d":"0.01"},"0_20625001_643_520","außerhalb GKL",{"v":3483.07499271,"d":"3,483.07"},{"v":0.99329234439,"d":"0.99"},{"v":3.10079052813,"d":"3.10"}]
[2,206,20625,{"v":6992.17483199999,"d":"6,992.17"},1188,{"v":0.169904218,"d":"0.17"},"M",410,20625001,{"v":3544.38748239999,"d":"3,544.39"},31,21,52,{"v":37.79145115,"d":"37.79"},{"v":0.93996673,"d":"0.94"},{"v":48.8782699799999,"d":"48.88"},{"v":3.121730018,"d":"3.12"},0,"0_20625001_643",{"v":3506.59603125,"d":"3,506.60"},0,{"v":3.121730018,"d":"3.12"},{"v":0.010662336,"d":"0.01"},"0_20625001_643_521","außerhalb GKL",{"v":1.09125950704,"d":"1.09"},{"v":0.000311201945509,"d":"0.00"},{"v":0.000971488454955,"d":"0.00"}]
[2,206,20625,{"v":6992.17483199999,"d":"6,992.17"},1188,{"v":0.169904218,"d":"0.17"},"M",410,20625001,{"v":3544.38748239999,"d":"3,544.39"},31,21,52,{"v":37.79145115,"d":"37.79"},{"v":0.93996673,"d":"0.94"},{"v":48.8782699799999,"d":"48.88"},{"v":3.121730018,"d":"3.12"},0,"0_20625001_643",{"v":3506.59603125,"d":"3,506.60"},0,{"v":3.121730018,"d":"3.12"},{"v":0.010662336,"d":"0.01"},"0_20625001_643_522","D",{"v":2.54588030977,"d":"2.55"},{"v":0.000726026119656,"d":"0.00"},{"v":2.26645753158E-3,"d":"0.00"}]
[2,206,20625,{"v":6992.17483199999,"d":"6,992.17"},1188,{"v":0.169904218,"d":"0.17"},"M",410,20625001,{"v":3544.38748239999,"d":"3,544.39"},31,21,52,{"v":37.79145115,"d":"37.79"},{"v":0.93996673,"d":"0.94"},{"v":48.8782699799999,"d":"48.88"},{"v":3.121730018,"d":"3.12"},0,"0_20625001_643",{"v":3506.59603125,"d":"3,506.60"},0,{"v":3.121730018,"d":"3.12"},{"v":0.010662336,"d":"0.01"},"0_20625001_643_523","E",{"v":4.75348331259,"d":"4.75"},{"v":1.35558338349E-3,"d":"0.00"},{"v":0.00423176534014,"d":"0.00"}]
[2,206,20625,{"v":6992.17483199999,"d":"6,992.17"},1188,{"v":0.169904218,"d":"0.17"},"M",410,20625001,{"v":3544.38748239999,"d":"3,544.39"},31,21,52,{"v":37.79145115,"d":"37.79"},{"v":0.93996673,"d":"0.94"},{"v":48.8782699799999,"d":"48.88"},{"v":3.121730018,"d":"3.12"},0,"0_20625001_643",{"v":3506.59603125,"d":"3,506.60"},0,{"v":3.121730018,"d":"3.12"},{"v":0.010662336,"d":"0.01"},"0_20625001_643_524","E",{"v":0.0471262172005,"d":"0.05"},{"v":1.3439306034e-05,"d":"0.00"},{"v":4.1953885066e-05,"d":"0.00"}]
[2,206,20625,{"v":6992.17483199999,"d":"6,992.17"},1188,{"v":0.169904218,"d":"0.17"},"M",410,20625001,{"v":3544.38748239999,"d":"3,544.39"},31,21,52,{"v":37.79145115,"d":"37.79"},{"v":0.93996673,"d":"0.94"},{"v":48.8782699799999,"d":"48.88"},{"v":3.121730018,"d":"3.12"},0,"0_20625001_643",{"v":3506.59603125,"d":"3,506.60"},0,{"v":3.121730018,"d":"3.12"},{"v":0.010662336,"d":"0.01"},"0_20625001_643_525","E",{"v":0.000324782873223,"d":"0.00"},{"v":9.2620556e-08,"d":"0.00"},{"v":2.89136369e-07,"d":"0.00"}]
[2,206,20625,{"v":6992.17483199999,"d":"6,992.17"},1188,{"v":0.169904218,"d":"0.17"},"M",410,20625001,{"v":3544.38748239999,"d":"3,544.39"},31,21,52,{"v":37.79145115,"d":"37.79"},{"v":0.93996673,"d":"0.94"},{"v":48.8782699799999,"d":"48.88"},{"v":3.121730018,"d":"3.12"},0,"0_20625001_643",{"v":3506.59603125,"d":"3,506.60"},0,{"v":3.121730018,"d":"3.12"},{"v":0.010662336,"d":"0.01"},"0_20625001_643_526","E",{"v":0.0697973908299,"d":"0.07"},{"v":1.9904599848e-05,"d":"0.00"},{"v":6.2136786841e-05,"d":"0.00"}]
[2,206,20625,{"v":6992.17483199999,"d":"6,992.17"},1188,{"v":0.169904218,"d":"0.17"},"M",410,20625001,{"v":3544.38748239999,"d":"3,544.39"},31,21,52,{"v":37.79145115,"d":"37.79"},{"v":0.93996673,"d":"0.94"},{"v":48.8782699799999,"d":"48.88"},{"v":3.121730018,"d":"3.12"},0,"0_20625001_643",{"v":3506.59603125,"d":"3,506.60"},0,{"v":3.121730018,"d":"3.12"},{"v":0.010662336,"d":"0.01"},"0_20625001_643_527","F",{"v":0.71394644654,"d":"0.71"},{"v":2.03600996573E-4,"d":"0.00"},{"v":0.000635587342697,"d":"0.00"}]
[2,206,20625,{"v":6992.17483199999,"d":"6,992.17"},1188,{"v":0.169904218,"d":"0.17"},"M",410,20625001,{"v":3544.38748239999,"d":"3,544.39"},31,21,52,{"v":37.79145115,"d":"37.79"},{"v":0.93996673,"d":"0.94"},{"v":48.8782699799999,"d":"48.88"},{"v":3.121730018,"d":"3.12"},0,"0_20625001_643",{"v":3506.59603125,"d":"3,506.60"},0,{"v":3.121730018,"d":"3.12"},{"v":0.010662336,"d":"0.01"},"0_20625001_643_528","F",{"v":5.80773147411,"d":"5.81"},{"v":0.00165623055018,"d":"0.00"},{"v":0.00517030462523,"d":"0.01"}]
[2,206,20625,{"v":6992.17483199999,"d":"6,992.17"},1188,{"v":0.169904218,"d":"0.17"},"M",410,20625001,{"v":3544.38748239999,"d":"3,544.39"},31,21,52,{"v":37.79145115,"d":"37.79"},{"v":0.93996673,"d":"0.94"},{"v":48.8782699799999,"d":"48.88"},{"v":3.121730018,"d":"3.12"},0,"0_20625001_643",{"v":3506.59603125,"d":"3,506.60"},0,{"v":3.121730018,"d":"3.12"},{"v":0.010662336,"d":"0.01"},"0_20625001_643_529","F",{"v":0.228158310379,"d":"0.23"},{"v":6.5065467578e-05,"d":"0.00"},{"v":0.000203116823272,"d":"0.00"}]
[2,206,20625,{"v":6992.17483199999,"d":"6,992.17"},1188,{"v":0.169904218,"d":"0.17"},"M",410,20625001,{"v":3544.38748239999,"d":"3,544.39"},31,21,52,{"v":37.79145115,"d":"37.79"},{"v":0.93996673,"d":"0.94"},{"v":48.8782699799999,"d":"48.88"},{"v":3.121730018,"d":"3.12"},0,"0_20625001_643",{"v":3506.59603125,"d":"3,506.60"},0,{"v":3.121730018,"d":"3.12"},{"v":0.010662336,"d":"0.01"},"0_20625001_643_530","F",{"v":3.95340685951,"d":"3.95"},{"v":0.00112742010322,"d":"0.00"},{"v":3.51950117912E-3,"d":"0.00"}]
[2,206,20625,{"v":6992.17483199999,"d":"6,992.17"},1188,{"v":0.169904218,"d":"0.17"},"M",410,20625001,{"v":3544.38748239999,"d":"3,544.39"},31,21,52,{"v":37.79145115,"d":"37.79"},{"v":0.93996673,"d":"0.94"},{"v":48.8782699799999,"d":"48.88"},{"v":3.121730018,"d":"3.12"},0,"0_20625001_643",{"v":3506.59603125,"d":"3,506.60"},0,{"v":3.121730018,"d":"3.12"},{"v":0.010662336,"d":"0.01"},"0_20625001_643_531","F",{"v":0.392541223937,"d":"0.39"},{"v":1.11943668572E-4,"d":"0.00"},{"v":0.000349457910506,"d":"0.00"}]
[2,206,20625,{"v":6992.17483199999,"d":"6,992.17"},1188,{"v":0.169904218,"d":"0.17"},"M",410,20625001,{"v":3544.38748239999,"d":"3,544.39"},31,21,52,{"v":37.79145115,"d":"37.79"},{"v":0.93996673,"d":"0.94"},{"v":48.8782699799999,"d":"48.88"},{"v":3.121730018,"d":"3.12"},0,"0_20625001_643",{"v":3506.59603125,"d":"3,506.60"},0,{"v":3.121730018,"d":"3.12"},{"v":0.010662336,"d":"0.01"},"0_20625001_643_532","G",{"v":2.31567479035,"d":"2.32"},{"v":6.60376835459E-4,"d":"0.00"},{"v":0.00206151819044,"d":"0.00"}]
[2,206,20625,{"v":6992.17483199999,"d":"6,992.17"},1188,{"v":0.169904218,"d":"0.17"},"M",410,20625001,{"v":3544.38748239999,"d":"3,544.39"},31,21,52,{"v":37.79145115,"d":"37.79"},{"v":0.93996673,"d":"0.94"},{"v":48.8782699799999,"d":"48.88"},{"v":3.121730018,"d":"3.12"},0,"0_20625001_643",{"v":3506.59603125,"d":"3,506.60"},0,{"v":3.121730018,"d":"3.12"},{"v":0.010662336,"d":"0.01"},"0_20625001_643_533","G",{"v":0.489522491863,"d":"0.49"},{"v":0.00013960048078,"d":"0.00"},{"v":0.000435795011378,"d":"0.00"}]
[2,206,20625,{"v":6992.17483199999,"d":"6,992.17"},1188,{"v":0.169904218,"d":"0.17"},"M",410,20625001,{"v":3544.38748239999,"d":"3,544.39"},31,21,52,{"v":37.79145115,"d":"37.79"},{"v":0.93996673,"d":"0.94"},{"v":48.8782699799999,"d":"48.88"},{"v":3.121730018,"d":"3.12"},0,"0_20625001_643",{"v":3506.59603125,"d":"3,506.60"},0,{"v":3.121730018,"d":"3.12"},{"v":0.010662336,"d":"0.01"},"0_20625001_643_534","G",{"v":1.05961481741,"d":"1.06"},{"v":0.000302177612695,"d":"0.00"},{"v":0.000943316924318,"d":"0.00"}]
[2,206,20625,{"v":6992.17483199999,"d":"6,992.17"},1188,{"v":0.169904218,"d":"0.17"},"M",410,20625001,{"v":3544.38748239999,"d":"3,544.39"},31,21,52,{"v":37.79145115,"d":"37.79"},{"v":0.93996673,"d":"0.94"},{"v":48.8782699799999,"d":"48.88"},{"v":3.121730018,"d":"3.12"},0,"0_20625001_643",{"v":3506.59603125,"d":"3,506.60"},0,{"v":3.121730018,"d":"3.12"},{"v":0.010662336,"d":"0.01"},"0_20625001_643_535","G",{"v":0.0522174133018,"d":"0.05"},{"v":1.4891197285e-05,"d":"0.00"},{"v":4.648629757e-05,"d":"0.00"}]
[2,206,20625,{"v":6992.17483199999,"d":"6,992.17"},1188,{"v":0.169904218,"d":"0.17"},"M",410,20625001,{"v":3544.38748239999,"d":"3,544.39"},31,21,52,{"v":37.79145115,"d":"37.79"},{"v":0.93996673,"d":"0.94"},{"v":48.8782699799999,"d":"48.88"},{"v":3.121730018,"d":"3.12"},0,"0_20625001_643",{"v":3506.59603125,"d":"3,506.60"},0,{"v":3.121730018,"d":"3.12"},{"v":0.010662336,"d":"0.01"},"0_20625001_643_536","G",{"v":0.000353196301116,"d":"0.00"},{"v":1.00723408e-07,"d":"0.00"},{"v":3.14431285e-07,"d":"0.00"}]
[2,206,20625,{"v":6992.17483199999,"d":"6,992.17"},1188,{"v":0.169904218,"d":"0.17"},"M",410,20625002,{"v":2267.01287327,"d":"2,267.01"},27,8,35,{"v":1.557435877,"d":"1.56"},{"v":0.93996673,"d":"0.94"},{"v":32.89883557,"d":"32.90"},{"v":2.101164435,"d":"2.10"},0,"0_20625002_644",{"v":2265.45543739,"d":"2,265.46"},0,{"v":2.101164435,"d":"2.10"},{"v":0.000686999,"d":"0.00"},"0_20625002_644_537","außerhalb GKL",{"v":2265.45543739,"d":"2,265.46"},{"v":1,"d":"1.00"},{"v":2.101164435,"d":"2.10"}]
[2,206,20627,{"v":10440.2646399999,"d":"10,440.26"},2171,{"v":0.20794492,"d":"0.21"},"M",430,20627000,{"v":112.962483739999,"d":"112.96"},62,415,477,{"v":82.5279223499999,"d":"82.53"},{"v":0.945243625,"d":"0.95"},{"v":450.881209099999,"d":"450.88"},{"v":26.11879086,"d":"26.12"},0,"0_20627000_645",{"v":30.4345613945999,"d":"30.43"},0,{"v":26.11879086,"d":"26.12"},{"v":0.73057815,"d":"0.73"},"0_20627000_645_538","außerhalb GKL",{"v":0.00806850622229,"d":"0.01"},{"v":0.000265109988532,"d":"0.00"},{"v":0.00692435234536,"d":"0.01"}]
[2,206,20627,{"v":10440.2646399999,"d":"10,440.26"},2171,{"v":0.20794492,"d":"0.21"},"M",430,20627000,{"v":112.962483739999,"d":"112.96"},62,415,477,{"v":82.5279223499999,"d":"82.53"},{"v":0.945243625,"d":"0.95"},{"v":450.881209099999,"d":"450.88"},{"v":26.11879086,"d":"26.12"},0,"0_20627000_645",{"v":30.4345613945999,"d":"30.43"},0,{"v":26.11879086,"d":"26.12"},{"v":0.73057815,"d":"0.73"},"0_20627000_645_539","außerhalb GKL",{"v":0.036006841689,"d":"0.04"},{"v":1.18309054046E-3,"d":"0.00"},{"v":0.0309008943947,"d":"0.03"}]
[2,206,20627,{"v":10440.2646399999,"d":"10,440.26"},2171,{"v":0.20794492,"d":"0.21"},"M",430,20627000,{"v":112.962483739999,"d":"112.96"},62,415,477,{"v":82.5279223499999,"d":"82.53"},{"v":0.945243625,"d":"0.95"},{"v":450.881209099999,"d":"450.88"},{"v":26.11879086,"d":"26.12"},0,"0_20627000_645",{"v":30.4345613945999,"d":"30.43"},0,{"v":26.11879086,"d":"26.12"},{"v":0.73057815,"d":"0.73"},"0_20627000_645_540","außerhalb GKL",{"v":0.0164576682005,"d":"0.02"},{"v":0.000540755885624,"d":"0.00"},{"v":0.0141238898829,"d":"0.01"}]
[2,206,20627,{"v":10440.2646399999,"d":"10,440.26"},2171,{"v":0.20794492,"d":"0.21"},"M",430,20627000,{"v":112.962483739999,"d":"112.96"},62,415,477,{"v":82.5279223499999,"d":"82.53"},{"v":0.945243625,"d":"0.95"},{"v":450.881209099999,"d":"450.88"},{"v":26.11879086,"d":"26.12"},0,"0_20627000_645",{"v":30.4345613945999,"d":"30.43"},0,{"v":26.11879086,"d":"26.12"},{"v":0.73057815,"d":"0.73"},"0_20627000_645_541","D",{"v":0.157275583714,"d":"0.16"},{"v":0.00516766388301,"d":"0.01"},{"v":0.134973132195,"d":"0.13"}]
[2,206,20627,{"v":10440.2646399999,"d":"10,440.26"},2171,{"v":0.20794492,"d":"0.21"},"M",430,20627000,{"v":112.962483739999,"d":"112.96"},62,415,477,{"v":82.5279223499999,"d":"82.53"},{"v":0.945243625,"d":"0.95"},{"v":450.881209099999,"d":"450.88"},{"v":26.11879086,"d":"26.12"},0,"0_20627000_645",{"v":30.4345613945999,"d":"30.43"},0,{"v":26.11879086,"d":"26.12"},{"v":0.73057815,"d":"0.73"},"0_20627000_645_542","E",{"v":0.421175567382,"d":"0.42"},{"v":0.0138387263717,"d":"0.01"},{"v":0.361450799871,"d":"0.36"}]
[2,206,20627,{"v":10440.2646399999,"d":"10,440.26"},2171,{"v":0.20794492,"d":"0.21"},"M",430,20627000,{"v":112.962483739999,"d":"112.96"},62,415,477,{"v":82.5279223499999,"d":"82.53"},{"v":0.945243625,"d":"0.95"},{"v":450.881209099999,"d":"450.88"},{"v":26.11879086,"d":"26.12"},0,"0_20627000_645",{"v":30.4345613945999,"d":"30.43"},0,{"v":26.11879086,"d":"26.12"},{"v":0.73057815,"d":"0.73"},"0_20627000_645_543","E",{"v":0.0012526458434,"d":"0.00"},{"v":4.1158662586e-05,"d":"0.00"},{"v":1.07501450017E-3,"d":"0.00"}]
[2,206,20627,{"v":10440.2646399999,"d":"10,440.26"},2171,{"v":0.20794492,"d":"0.21"},"M",430,20627000,{"v":112.962483739999,"d":"112.96"},62,415,477,{"v":82.5279223499999,"d":"82.53"},{"v":0.945243625,"d":"0.95"},{"v":450.881209099999,"d":"450.88"},{"v":26.11879086,"d":"26.12"},0,"0_20627000_645",{"v":30.4345613945999,"d":"30.43"},0,{"v":26.11879086,"d":"26.12"},{"v":0.73057815,"d":"0.73"},"0_20627000_645_544","E",{"v":2.96036966935,"d":"2.96"},{"v":0.0972699961392,"d":"0.10"},{"v":2.54057468611,"d":"2.54"}]
[2,206,20627,{"v":10440.2646399999,"d":"10,440.26"},2171,{"v":0.20794492,"d":"0.21"},"M",430,20627000,{"v":112.962483739999,"d":"112.96"},62,415,477,{"v":82.5279223499999,"d":"82.53"},{"v":0.945243625,"d":"0.95"},{"v":450.881209099999,"d":"450.88"},{"v":26.11879086,"d":"26.12"},0,"0_20627000_645",{"v":30.4345613945999,"d":"30.43"},0,{"v":26.11879086,"d":"26.12"},{"v":0.73057815,"d":"0.73"},"0_20627000_645_545","E",{"v":0.0697224416929,"d":"0.07"},{"v":0.00229089687835,"d":"0.00"},{"v":0.0598354564475,"d":"0.06"}]
[2,206,20627,{"v":10440.2646399999,"d":"10,440.26"},2171,{"v":0.20794492,"d":"0.21"},"M",430,20627000,{"v":112.962483739999,"d":"112.96"},62,415,477,{"v":82.5279223499999,"d":"82.53"},{"v":0.945243625,"d":"0.95"},{"v":450.881209099999,"d":"450.88"},{"v":26.11879086,"d":"26.12"},0,"0_20627000_645",{"v":30.4345613945999,"d":"30.43"},0,{"v":26.11879086,"d":"26.12"},{"v":0.73057815,"d":"0.73"},"0_20627000_645_546","E",{"v":0.0103630336522,"d":"0.01"},{"v":0.000340502152071,"d":"0.00"},{"v":0.00889350449732,"d":"0.01"}]
[2,206,20627,{"v":10440.2646399999,"d":"10,440.26"},2171,{"v":0.20794492,"d":"0.21"},"M",430,20627000,{"v":112.962483739999,"d":"112.96"},62,415,477,{"v":82.5279223499999,"d":"82.53"},{"v":0.945243625,"d":"0.95"},{"v":450.881209099999,"d":"450.88"},{"v":26.11879086,"d":"26.12"},0,"0_20627000_645",{"v":30.4345613945999,"d":"30.43"},0,{"v":26.11879086,"d":"26.12"},{"v":0.73057815,"d":"0.73"},"0_20627000_645_547","F",{"v":3.0024421063,"d":"3.00"},{"v":0.0986523862582,"d":"0.10"},{"v":2.57668104452,"d":"2.58"}]
[2,206,20627,{"v":10440.2646399999,"d":"10,440.26"},2171,{"v":0.20794492,"d":"0.21"},"M",430,20627000,{"v":112.962483739999,"d":"112.96"},62,415,477,{"v":82.5279223499999,"d":"82.53"},{"v":0.945243625,"d":"0.95"},{"v":450.881209099999,"d":"450.88"},{"v":26.11879086,"d":"26.12"},0,"0_20627000_645",{"v":30.4345613945999,"d":"30.43"},0,{"v":26.11879086,"d":"26.12"},{"v":0.73057815,"d":"0.73"},"0_20627000_645_548","F",{"v":4.25616025518,"d":"4.26"},{"v":0.139846281995,"d":"0.14"},{"v":3.65261579198,"d":"3.65"}]
[2,206,20627,{"v":10440.2646399999,"d":"10,440.26"},2171,{"v":0.20794492,"d":"0.21"},"M",430,20627000,{"v":112.962483739999,"d":"112.96"},62,415,477,{"v":82.5279223499999,"d":"82.53"},{"v":0.945243625,"d":"0.95"},{"v":450.881209099999,"d":"450.88"},{"v":26.11879086,"d":"26.12"},0,"0_20627000_645",{"v":30.4345613945999,"d":"30.43"},0,{"v":26.11879086,"d":"26.12"},{"v":0.73057815,"d":"0.73"},"0_20627000_645_549","F",{"v":2.50483877503,"d":"2.50"},{"v":0.0823024436775,"d":"0.08"},{"v":2.14964031368,"d":"2.15"}]
[2,206,20627,{"v":10440.2646399999,"d":"10,440.26"},2171,{"v":0.20794492,"d":"0.21"},"M",430,20627000,{"v":112.962483739999,"d":"112.96"},62,415,477,{"v":82.5279223499999,"d":"82.53"},{"v":0.945243625,"d":"0.95"},{"v":450.881209099999,"d":"450.88"},{"v":26.11879086,"d":"26.12"},0,"0_20627000_645",{"v":30.4345613945999,"d":"30.43"},0,{"v":26.11879086,"d":"26.12"},{"v":0.73057815,"d":"0.73"},"0_20627000_645_550","G",{"v":0.698960403012,"d":"0.70"},{"v":0.0229660087408,"d":"0.02"},{"v":0.59984437919,"d":"0.60"}]
[2,206,20627,{"v":10440.2646399999,"d":"10,440.26"},2171,{"v":0.20794492,"d":"0.21"},"M",430,20627000,{"v":112.962483739999,"d":"112.96"},62,415,477,{"v":82.5279223499999,"d":"82.53"},{"v":0.945243625,"d":"0.95"},{"v":450.881209099999,"d":"450.88"},{"v":26.11879086,"d":"26.12"},0,"0_20627000_645",{"v":30.4345613945999,"d":"30.43"},0,{"v":26.11879086,"d":"26.12"},{"v":0.73057815,"d":"0.73"},"0_20627000_645_551","G",{"v":0.135458877183,"d":"0.14"},{"v":0.00445082402952,"d":"0.00"},{"v":0.116250141982,"d":"0.12"}]
[2,206,20627,{"v":10440.2646399999,"d":"10,440.26"},2171,{"v":0.20794492,"d":"0.21"},"M",430,20627000,{"v":112.962483739999,"d":"112.96"},62,415,477,{"v":82.5279223499999,"d":"82.53"},{"v":0.945243625,"d":"0.95"},{"v":450.881209099999,"d":"450.88"},{"v":26.11879086,"d":"26.12"},0,"0_20627000_645",{"v":30.4345613945999,"d":"30.43"},0,{"v":26.11879086,"d":"26.12"},{"v":0.73057815,"d":"0.73"},"0_20627000_645_552","G",{"v":0.00265278441469,"d":"0.00"},{"v":8.7163550028e-05,"d":"0.00"},{"v":0.00227660653379,"d":"0.00"}]
[2,206,20627,{"v":10440.2646399999,"d":"10,440.26"},2171,{"v":0.20794492,"d":"0.21"},"M",430,20627000,{"v":112.962483739999,"d":"112.96"},62,415,477,{"v":82.5279223499999,"d":"82.53"},{"v":0.945243625,"d":"0.95"},{"v":450.881209099999,"d":"450.88"},{"v":26.11879086,"d":"26.12"},0,"0_20627000_645",{"v":30.4345613945999,"d":"30.43"},0,{"v":26.11879086,"d":"26.12"},{"v":0.73057815,"d":"0.73"},"0_20627000_645_553","G",{"v":0.0514576762737,"d":"0.05"},{"v":1.69076450968E-3,"d":"0.00"},{"v":0.0441607246218,"d":"0.04"}]
[2,206,20627,{"v":10440.2646399999,"d":"10,440.26"},2171,{"v":0.20794492,"d":"0.21"},"M",430,20627000,{"v":112.962483739999,"d":"112.96"},62,415,477,{"v":82.5279223499999,"d":"82.53"},{"v":0.945243625,"d":"0.95"},{"v":450.881209099999,"d":"450.88"},{"v":26.11879086,"d":"26.12"},0,"0_20627000_645",{"v":30.4345613945999,"d":"30.43"},0,{"v":26.11879086,"d":"26.12"},{"v":0.73057815,"d":"0.73"},"0_20627000_645_554","G",{"v":0.0495122493074,"d":"0.05"},{"v":1.62684287332E-3,"d":"0.00"},{"v":0.0424911687703,"d":"0.04"}]
[2,206,20627,{"v":10440.2646399999,"d":"10,440.26"},2171,{"v":0.20794492,"d":"0.21"},"M",430,20627000,{"v":112.962483739999,"d":"112.96"},62,415,477,{"v":82.5279223499999,"d":"82.53"},{"v":0.945243625,"d":"0.95"},{"v":450.881209099999,"d":"450.88"},{"v":26.11879086,"d":"26.12"},0,"0_20627000_645",{"v":30.4345613945999,"d":"30.43"},0,{"v":26.11879086,"d":"26.12"},{"v":0.73057815,"d":"0.73"},"0_20627000_645_555","G",{"v":7.82959632452,"d":"7.83"},{"v":0.257260034834,"d":"0.26"},{"v":6.71932104647,"d":"6.72"}]
[2,206,20627,{"v":10440.2646399999,"d":"10,440.26"},2171,{"v":0.20794492,"d":"0.21"},"M",430,20627000,{"v":112.962483739999,"d":"112.96"},62,415,477,{"v":82.5279223499999,"d":"82.53"},{"v":0.945243625,"d":"0.95"},{"v":450.881209099999,"d":"450.88"},{"v":26.11879086,"d":"26.12"},0,"0_20627000_645",{"v":30.4345613945999,"d":"30.43"},0,{"v":26.11879086,"d":"26.12"},{"v":0.73057815,"d":"0.73"},"0_20627000_645_556","G",{"v":0.0252663455795,"d":"0.03"},{"v":0.00083018596036,"d":"0.00"},{"v":0.0216834534736,"d":"0.02"}]
[2,206,20627,{"v":10440.2646399999,"d":"10,440.26"},2171,{"v":0.20794492,"d":"0.21"},"M",430,20627000,{"v":112.962483739999,"d":"112.96"},62,415,477,{"v":82.5279223499999,"d":"82.53"},{"v":0.945243625,"d":"0.95"},{"v":450.881209099999,"d":"450.88"},{"v":26.11879086,"d":"26.12"},0,"0_20627000_645",{"v":30.4345613945999,"d":"30.43"},0,{"v":26.11879086,"d":"26.12"},{"v":0.73057815,"d":"0.73"},"0_20627000_645_557","G",{"v":0.367150582029,"d":"0.37"},{"v":0.0120636068077,"d":"0.01"},{"v":0.315086823228,"d":"0.32"}]
[2,206,20627,{"v":10440.2646399999,"d":"10,440.26"},2171,{"v":0.20794492,"d":"0.21"},"M",430,20627000,{"v":112.962483739999,"d":"112.96"},62,415,477,{"v":82.5279223499999,"d":"82.53"},{"v":0.945243625,"d":"0.95"},{"v":450.881209099999,"d":"450.88"},{"v":26.11879086,"d":"26.12"},0,"0_20627000_645",{"v":30.4345613945999,"d":"30.43"},0,{"v":26.11879086,"d":"26.12"},{"v":0.73057815,"d":"0.73"},"0_20627000_645_558","G",{"v":0.0298154239093,"d":"0.03"},{"v":0.000979656763333,"d":"0.00"},{"v":0.0255874501161,"d":"0.03"}]
[2,206,20627,{"v":10440.2646399999,"d":"10,440.26"},2171,{"v":0.20794492,"d":"0.21"},"M",430,20627000,{"v":112.962483739999,"d":"112.96"},62,415,477,{"v":82.5279223499999,"d":"82.53"},{"v":0.945243625,"d":"0.95"},{"v":450.881209099999,"d":"450.88"},{"v":26.11879086,"d":"26.12"},0,"0_20627000_645",{"v":30.4345613945999,"d":"30.43"},0,{"v":26.11879086,"d":"26.12"},{"v":0.73057815,"d":"0.73"},"0_20627000_645_559","G",{"v":7.80055763407,"d":"7.80"},{"v":0.256305899498,"d":"0.26"},{"v":6.69440018517,"d":"6.69"}]
[2,206,20627,{"v":10440.2646399999,"d":"10,440.26"},2171,{"v":0.20794492,"d":"0.21"},"M",430,20627001,{"v":10327.3021559999,"d":"10,327.30"},107,222,329,{"v":165.145007499999,"d":"165.15"},{"v":0.945243625,"d":"0.95"},{"v":310.985152599999,"d":"310.99"},{"v":18.0148473699999,"d":"18.01"},0,"0_20627001_646",{"v":10162.1571483999,"d":"10,162.16"},0,{"v":18.0148473699999,"d":"18.01"},{"v":0.015991108,"d":"0.02"},"0_20627001_646_560","außerhalb GKL",{"v":9747.15352806,"d":"9,747.15"},{"v":0.959161857637,"d":"0.96"},{"v":17.2791544685,"d":"17.28"}]
[2,206,20627,{"v":10440.2646399999,"d":"10,440.26"},2171,{"v":0.20794492,"d":"0.21"},"M",430,20627001,{"v":10327.3021559999,"d":"10,327.30"},107,222,329,{"v":165.145007499999,"d":"165.15"},{"v":0.945243625,"d":"0.95"},{"v":310.985152599999,"d":"310.99"},{"v":18.0148473699999,"d":"18.01"},0,"0_20627001_646",{"v":10162.1571483999,"d":"10,162.16"},0,{"v":18.0148473699999,"d":"18.01"},{"v":0.015991108,"d":"0.02"},"0_20627001_646_561","außerhalb GKL",{"v":2.50124972861,"d":"2.50"},{"v":0.000246133738347,"d":"0.00"},{"v":0.00443406172893,"d":"0.00"}]
[2,206,20627,{"v":10440.2646399999,"d":"10,440.26"},2171,{"v":0.20794492,"d":"0.21"},"M",430,20627001,{"v":10327.3021559999,"d":"10,327.30"},107,222,329,{"v":165.145007499999,"d":"165.15"},{"v":0.945243625,"d":"0.95"},{"v":310.985152599999,"d":"310.99"},{"v":18.0148473699999,"d":"18.01"},0,"0_20627001_646",{"v":10162.1571483999,"d":"10,162.16"},0,{"v":18.0148473699999,"d":"18.01"},{"v":0.015991108,"d":"0.02"},"0_20627001_646_562","außerhalb GKL",{"v":0.000507684615575,"d":"0.00"},{"v":4.9958351e-08,"d":"0.00"},{"v":8.99992071E-7,"d":"0.00"}]
[2,206,20627,{"v":10440.2646399999,"d":"10,440.26"},2171,{"v":0.20794492,"d":"0.21"},"M",430,20627001,{"v":10327.3021559999,"d":"10,327.30"},107,222,329,{"v":165.145007499999,"d":"165.15"},{"v":0.945243625,"d":"0.95"},{"v":310.985152599999,"d":"310.99"},{"v":18.0148473699999,"d":"18.01"},0,"0_20627001_646",{"v":10162.1571483999,"d":"10,162.16"},0,{"v":18.0148473699999,"d":"18.01"},{"v":0.015991108,"d":"0.02"},"0_20627001_646_563","D",{"v":0.343576374501,"d":"0.34"},{"v":3.3809393959e-05,"d":"0.00"},{"v":0.00060907107184,"d":"0.00"}]
[2,206,20627,{"v":10440.2646399999,"d":"10,440.26"},2171,{"v":0.20794492,"d":"0.21"},"M",430,20627001,{"v":10327.3021559999,"d":"10,327.30"},107,222,329,{"v":165.145007499999,"d":"165.15"},{"v":0.945243625,"d":"0.95"},{"v":310.985152599999,"d":"310.99"},{"v":18.0148473699999,"d":"18.01"},0,"0_20627001_646",{"v":10162.1571483999,"d":"10,162.16"},0,{"v":18.0148473699999,"d":"18.01"},{"v":0.015991108,"d":"0.02"},"0_20627001_646_564","E",{"v":18.5747501134,"d":"18.57"},{"v":0.00182783535446,"d":"0.00"},{"v":0.0329281749281,"d":"0.03"}]
[2,206,20627,{"v":10440.2646399999,"d":"10,440.26"},2171,{"v":0.20794492,"d":"0.21"},"M",430,20627001,{"v":10327.3021559999,"d":"10,327.30"},107,222,329,{"v":165.145007499999,"d":"165.15"},{"v":0.945243625,"d":"0.95"},{"v":310.985152599999,"d":"310.99"},{"v":18.0148473699999,"d":"18.01"},0,"0_20627001_646",{"v":10162.1571483999,"d":"10,162.16"},0,{"v":18.0148473699999,"d":"18.01"},{"v":0.015991108,"d":"0.02"},"0_20627001_646_565","E",{"v":0.00380617108502,"d":"0.00"},{"v":3.74543616e-07,"d":"0.00"},{"v":6.747346076e-06,"d":"0.00"}]
[2,206,20627,{"v":10440.2646399999,"d":"10,440.26"},2171,{"v":0.20794492,"d":"0.21"},"M",430,20627001,{"v":10327.3021559999,"d":"10,327.30"},107,222,329,{"v":165.145007499999,"d":"165.15"},{"v":0.945243625,"d":"0.95"},{"v":310.985152599999,"d":"310.99"},{"v":18.0148473699999,"d":"18.01"},0,"0_20627001_646",{"v":10162.1571483999,"d":"10,162.16"},0,{"v":18.0148473699999,"d":"18.01"},{"v":0.015991108,"d":"0.02"},"0_20627001_646_566","E",{"v":5.83999772559,"d":"5.84"},{"v":0.000574680910786,"d":"0.00"},{"v":0.0103527888943,"d":"0.01"}]
[2,206,20627,{"v":10440.2646399999,"d":"10,440.26"},2171,{"v":0.20794492,"d":"0.21"},"M",430,20627001,{"v":10327.3021559999,"d":"10,327.30"},107,222,329,{"v":165.145007499999,"d":"165.15"},{"v":0.945243625,"d":"0.95"},{"v":310.985152599999,"d":"310.99"},{"v":18.0148473699999,"d":"18.01"},0,"0_20627001_646",{"v":10162.1571483999,"d":"10,162.16"},0,{"v":18.0148473699999,"d":"18.01"},{"v":0.015991108,"d":"0.02"},"0_20627001_646_567","F",{"v":30.2520265481,"d":"30.25"},{"v":2.97692961311E-3,"d":"0.00"},{"v":0.0536289326114,"d":"0.05"}]
[2,206,20627,{"v":10440.2646399999,"d":"10,440.26"},2171,{"v":0.20794492,"d":"0.21"},"M",430,20627001,{"v":10327.3021559999,"d":"10,327.30"},107,222,329,{"v":165.145007499999,"d":"165.15"},{"v":0.945243625,"d":"0.95"},{"v":310.985152599999,"d":"310.99"},{"v":18.0148473699999,"d":"18.01"},0,"0_20627001_646",{"v":10162.1571483999,"d":"10,162.16"},0,{"v":18.0148473699999,"d":"18.01"},{"v":0.015991108,"d":"0.02"},"0_20627001_646_568","F",{"v":2.18750078409,"d":"2.19"},{"v":0.000215259491872,"d":"0.00"},{"v":0.00387786689102,"d":"0.00"}]
[2,206,20627,{"v":10440.2646399999,"d":"10,440.26"},2171,{"v":0.20794492,"d":"0.21"},"M",430,20627001,{"v":10327.3021559999,"d":"10,327.30"},107,222,329,{"v":165.145007499999,"d":"165.15"},{"v":0.945243625,"d":"0.95"},{"v":310.985152599999,"d":"310.99"},{"v":18.0148473699999,"d":"18.01"},0,"0_20627001_646",{"v":10162.1571483999,"d":"10,162.16"},0,{"v":18.0148473699999,"d":"18.01"},{"v":0.015991108,"d":"0.02"},"0_20627001_646_569","F",{"v":1.07909490128,"d":"1.08"},{"v":1.0618758257E-4,"d":"0.00"},{"v":0.00191295309259,"d":"0.00"}]
[2,206,20627,{"v":10440.2646399999,"d":"10,440.26"},2171,{"v":0.20794492,"d":"0.21"},"M",430,20627001,{"v":10327.3021559999,"d":"10,327.30"},107,222,329,{"v":165.145007499999,"d":"165.15"},{"v":0.945243625,"d":"0.95"},{"v":310.985152599999,"d":"310.99"},{"v":18.0148473699999,"d":"18.01"},0,"0_20627001_646",{"v":10162.1571483999,"d":"10,162.16"},0,{"v":18.0148473699999,"d":"18.01"},{"v":0.015991108,"d":"0.02"},"0_20627001_646_570","F",{"v":2.01249932343,"d":"2.01"},{"v":0.00019803859496,"d":"0.00"},{"v":3.56763506157E-3,"d":"0.00"}]
[2,206,20627,{"v":10440.2646399999,"d":"10,440.26"},2171,{"v":0.20794492,"d":"0.21"},"M",430,20627001,{"v":10327.3021559999,"d":"10,327.30"},107,222,329,{"v":165.145007499999,"d":"165.15"},{"v":0.945243625,"d":"0.95"},{"v":310.985152599999,"d":"310.99"},{"v":18.0148473699999,"d":"18.01"},0,"0_20627001_646",{"v":10162.1571483999,"d":"10,162.16"},0,{"v":18.0148473699999,"d":"18.01"},{"v":0.015991108,"d":"0.02"},"0_20627001_646_571","F",{"v":0.114201814599,"d":"0.11"},{"v":1.1237950066e-05,"d":"0.00"},{"v":0.000202449955194,"d":"0.00"}]
[2,206,20627,{"v":10440.2646399999,"d":"10,440.26"},2171,{"v":0.20794492,"d":"0.21"},"M",430,20627001,{"v":10327.3021559999,"d":"10,327.30"},107,222,329,{"v":165.145007499999,"d":"165.15"},{"v":0.945243625,"d":"0.95"},{"v":310.985152599999,"d":"310.99"},{"v":18.0148473699999,"d":"18.01"},0,"0_20627001_646",{"v":10162.1571483999,"d":"10,162.16"},0,{"v":18.0148473699999,"d":"18.01"},{"v":0.015991108,"d":"0.02"},"0_20627001_646_572","F",{"v":0.0385211824784,"d":"0.04"},{"v":3.790650146e-06,"d":"0.00"},{"v":6.8287983813e-05,"d":"0.00"}]
[2,206,20627,{"v":10440.2646399999,"d":"10,440.26"},2171,{"v":0.20794492,"d":"0.21"},"M",430,20627001,{"v":10327.3021559999,"d":"10,327.30"},107,222,329,{"v":165.145007499999,"d":"165.15"},{"v":0.945243625,"d":"0.95"},{"v":310.985152599999,"d":"310.99"},{"v":18.0148473699999,"d":"18.01"},0,"0_20627001_646",{"v":10162.1571483999,"d":"10,162.16"},0,{"v":18.0148473699999,"d":"18.01"},{"v":0.015991108,"d":"0.02"},"0_20627001_646_573","F",{"v":0.422737688324,"d":"0.42"},{"v":4.1599207939e-05,"d":"0.00"},{"v":0.000749403381732,"d":"0.00"}]
[2,206,20627,{"v":10440.2646399999,"d":"10,440.26"},2171,{"v":0.20794492,"d":"0.21"},"M",430,20627001,{"v":10327.3021559999,"d":"10,327.30"},107,222,329,{"v":165.145007499999,"d":"165.15"},{"v":0.945243625,"d":"0.95"},{"v":310.985152599999,"d":"310.99"},{"v":18.0148473699999,"d":"18.01"},0,"0_20627001_646",{"v":10162.1571483999,"d":"10,162.16"},0,{"v":18.0148473699999,"d":"18.01"},{"v":0.015991108,"d":"0.02"},"0_20627001_646_574","F",{"v":0.0638212081088,"d":"0.06"},{"v":6.280281556e-06,"d":"0.00"},{"v":1.13138313673E-4,"d":"0.00"}]
[2,206,20627,{"v":10440.2646399999,"d":"10,440.26"},2171,{"v":0.20794492,"d":"0.21"},"M",430,20627001,{"v":10327.3021559999,"d":"10,327.30"},107,222,329,{"v":165.145007499999,"d":"165.15"},{"v":0.945243625,"d":"0.95"},{"v":310.985152599999,"d":"310.99"},{"v":18.0148473699999,"d":"18.01"},0,"0_20627001_646",{"v":10162.1571483999,"d":"10,162.16"},0,{"v":18.0148473699999,"d":"18.01"},{"v":0.015991108,"d":"0.02"},"0_20627001_646_575","F",{"v":0.709323732345,"d":"0.71"},{"v":6.98005081e-05,"d":"0.00"},{"v":0.00125744549976,"d":"0.00"}]
[2,206,20627,{"v":10440.2646399999,"d":"10,440.26"},2171,{"v":0.20794492,"d":"0.21"},"M",430,20627001,{"v":10327.3021559999,"d":"10,327.30"},107,222,329,{"v":165.145007499999,"d":"165.15"},{"v":0.945243625,"d":"0.95"},{"v":310.985152599999,"d":"310.99"},{"v":18.0148473699999,"d":"18.01"},0,"0_20627001_646",{"v":10162.1571483999,"d":"10,162.16"},0,{"v":18.0148473699999,"d":"18.01"},{"v":0.015991108,"d":"0.02"},"0_20627001_646_576","F",{"v":1.91424783701E-4,"d":"0.00"},{"v":1.8837023e-08,"d":"0.00"},{"v":3.39346087e-07,"d":"0.00"}]
[2,206,20627,{"v":10440.2646399999,"d":"10,440.26"},2171,{"v":0.20794492,"d":"0.21"},"M",430,20627001,{"v":10327.3021559999,"d":"10,327.30"},107,222,329,{"v":165.145007499999,"d":"165.15"},{"v":0.945243625,"d":"0.95"},{"v":310.985152599999,"d":"310.99"},{"v":18.0148473699999,"d":"18.01"},0,"0_20627001_646",{"v":10162.1571483999,"d":"10,162.16"},0,{"v":18.0148473699999,"d":"18.01"},{"v":0.015991108,"d":"0.02"},"0_20627001_646_577","F",{"v":5.97495625138,"d":"5.97"},{"v":0.000587961410567,"d":"0.00"},{"v":0.0105920350708,"d":"0.01"}]
[2,206,20627,{"v":10440.2646399999,"d":"10,440.26"},2171,{"v":0.20794492,"d":"0.21"},"M",430,20627001,{"v":10327.3021559999,"d":"10,327.30"},107,222,329,{"v":165.145007499999,"d":"165.15"},{"v":0.945243625,"d":"0.95"},{"v":310.985152599999,"d":"310.99"},{"v":18.0148473699999,"d":"18.01"},0,"0_20627001_646",{"v":10162.1571483999,"d":"10,162.16"},0,{"v":18.0148473699999,"d":"18.01"},{"v":0.015991108,"d":"0.02"},"0_20627001_646_578","F",{"v":11.7730651013,"d":"11.77"},{"v":0.0011585202757,"d":"0.00"},{"v":0.0208705659418,"d":"0.02"}]
[2,206,20627,{"v":10440.2646399999,"d":"10,440.26"},2171,{"v":0.20794492,"d":"0.21"},"M",430,20627001,{"v":10327.3021559999,"d":"10,327.30"},107,222,329,{"v":165.145007499999,"d":"165.15"},{"v":0.945243625,"d":"0.95"},{"v":310.985152599999,"d":"310.99"},{"v":18.0148473699999,"d":"18.01"},0,"0_20627001_646",{"v":10162.1571483999,"d":"10,162.16"},0,{"v":18.0148473699999,"d":"18.01"},{"v":0.015991108,"d":"0.02"},"0_20627001_646_579","F",{"v":0.0116810792206,"d":"0.01"},{"v":1.149468469E-6,"d":"0.00"},{"v":2.0707499028e-05,"d":"0.00"}]
[2,206,20627,{"v":10440.2646399999,"d":"10,440.26"},2171,{"v":0.20794492,"d":"0.21"},"M",430,20627001,{"v":10327.3021559999,"d":"10,327.30"},107,222,329,{"v":165.145007499999,"d":"165.15"},{"v":0.945243625,"d":"0.95"},{"v":310.985152599999,"d":"310.99"},{"v":18.0148473699999,"d":"18.01"},0,"0_20627001_646",{"v":10162.1571483999,"d":"10,162.16"},0,{"v":18.0148473699999,"d":"18.01"},{"v":0.015991108,"d":"0.02"},"0_20627001_646_580","F",{"v":0.491843347794,"d":"0.49"},{"v":4.8399502253e-05,"d":"0.00"},{"v":0.000871909645863,"d":"0.00"}]
[2,206,20627,{"v":10440.2646399999,"d":"10,440.26"},2171,{"v":0.20794492,"d":"0.21"},"M",430,20627001,{"v":10327.3021559999,"d":"10,327.30"},107,222,329,{"v":165.145007499999,"d":"165.15"},{"v":0.945243625,"d":"0.95"},{"v":310.985152599999,"d":"310.99"},{"v":18.0148473699999,"d":"18.01"},0,"0_20627001_646",{"v":10162.1571483999,"d":"10,162.16"},0,{"v":18.0148473699999,"d":"18.01"},{"v":0.015991108,"d":"0.02"},"0_20627001_646_581","F",{"v":0.0833465508885,"d":"0.08"},{"v":8.20165932e-06,"d":"0.00"},{"v":0.000147751640832,"d":"0.00"}]
[2,206,20627,{"v":10440.2646399999,"d":"10,440.26"},2171,{"v":0.20794492,"d":"0.21"},"M",430,20627001,{"v":10327.3021559999,"d":"10,327.30"},107,222,329,{"v":165.145007499999,"d":"165.15"},{"v":0.945243625,"d":"0.95"},{"v":310.985152599999,"d":"310.99"},{"v":18.0148473699999,"d":"18.01"},0,"0_20627001_646",{"v":10162.1571483999,"d":"10,162.16"},0,{"v":18.0148473699999,"d":"18.01"},{"v":0.015991108,"d":"0.02"},"0_20627001_646_582","F",{"v":0.0466694468551,"d":"0.05"},{"v":4.59247443e-06,"d":"0.00"},{"v":8.2732725903e-05,"d":"0.00"}]
[2,206,20627,{"v":10440.2646399999,"d":"10,440.26"},2171,{"v":0.20794492,"d":"0.21"},"M",430,20627001,{"v":10327.3021559999,"d":"10,327.30"},107,222,329,{"v":165.145007499999,"d":"165.15"},{"v":0.945243625,"d":"0.95"},{"v":310.985152599999,"d":"310.99"},{"v":18.0148473699999,"d":"18.01"},0,"0_20627001_646",{"v":10162.1571483999,"d":"10,162.16"},0,{"v":18.0148473699999,"d":"18.01"},{"v":0.015991108,"d":"0.02"},"0_20627001_646_583","F",{"v":0.307513773571,"d":"0.31"},{"v":3.0260678819e-05,"d":"0.00"},{"v":5.45141510228E-4,"d":"0.00"}]
[2,206,20627,{"v":10440.2646399999,"d":"10,440.26"},2171,{"v":0.20794492,"d":"0.21"},"M",430,20627001,{"v":10327.3021559999,"d":"10,327.30"},107,222,329,{"v":165.145007499999,"d":"165.15"},{"v":0.945243625,"d":"0.95"},{"v":310.985152599999,"d":"310.99"},{"v":18.0148473699999,"d":"18.01"},0,"0_20627001_646",{"v":10162.1571483999,"d":"10,162.16"},0,{"v":18.0148473699999,"d":"18.01"},{"v":0.015991108,"d":"0.02"},"0_20627001_646_584","F",{"v":1.59988082521,"d":"1.60"},{"v":1.57435158879E-4,"d":"0.00"},{"v":0.00283617035788,"d":"0.00"}]
[2,206,20627,{"v":10440.2646399999,"d":"10,440.26"},2171,{"v":0.20794492,"d":"0.21"},"M",430,20627001,{"v":10327.3021559999,"d":"10,327.30"},107,222,329,{"v":165.145007499999,"d":"165.15"},{"v":0.945243625,"d":"0.95"},{"v":310.985152599999,"d":"310.99"},{"v":18.0148473699999,"d":"18.01"},0,"0_20627001_646",{"v":10162.1571483999,"d":"10,162.16"},0,{"v":18.0148473699999,"d":"18.01"},{"v":0.015991108,"d":"0.02"},"0_20627001_646_585","F",{"v":0.365824231572,"d":"0.37"},{"v":3.5998678846e-05,"d":"0.00"},{"v":0.00064851070494,"d":"0.00"}]
[2,206,20627,{"v":10440.2646399999,"d":"10,440.26"},2171,{"v":0.20794492,"d":"0.21"},"M",430,20627001,{"v":10327.3021559999,"d":"10,327.30"},107,222,329,{"v":165.145007499999,"d":"165.15"},{"v":0.945243625,"d":"0.95"},{"v":310.985152599999,"d":"310.99"},{"v":18.0148473699999,"d":"18.01"},0,"0_20627001_646",{"v":10162.1571483999,"d":"10,162.16"},0,{"v":18.0148473699999,"d":"18.01"},{"v":0.015991108,"d":"0.02"},"0_20627001_646_586","F",{"v":4.62173828494,"d":"4.62"},{"v":0.000454798938596,"d":"0.00"},{"v":0.00819313346284,"d":"0.01"}]
[2,206,20627,{"v":10440.2646399999,"d":"10,440.26"},2171,{"v":0.20794492,"d":"0.21"},"M",430,20627001,{"v":10327.3021559999,"d":"10,327.30"},107,222,329,{"v":165.145007499999,"d":"165.15"},{"v":0.945243625,"d":"0.95"},{"v":310.985152599999,"d":"310.99"},{"v":18.0148473699999,"d":"18.01"},0,"0_20627001_646",{"v":10162.1571483999,"d":"10,162.16"},0,{"v":18.0148473699999,"d":"18.01"},{"v":0.015991108,"d":"0.02"},"0_20627001_646_587","F",{"v":0.054493427302,"d":"0.05"},{"v":5.362387779e-06,"d":"0.00"},{"v":9.6602597379e-05,"d":"0.00"}]
[2,206,20627,{"v":10440.2646399999,"d":"10,440.26"},2171,{"v":0.20794492,"d":"0.21"},"M",430,20627001,{"v":10327.3021559999,"d":"10,327.30"},107,222,329,{"v":165.145007499999,"d":"165.15"},{"v":0.945243625,"d":"0.95"},{"v":310.985152599999,"d":"310.99"},{"v":18.0148473699999,"d":"18.01"},0,"0_20627001_646",{"v":10162.1571483999,"d":"10,162.16"},0,{"v":18.0148473699999,"d":"18.01"},{"v":0.015991108,"d":"0.02"},"0_20627001_646_588","G",{"v":1.87928747918,"d":"1.88"},{"v":1.84929976159E-4,"d":"0.00"},{"v":0.00333148529464,"d":"0.00"}]
[2,206,20627,{"v":10440.2646399999,"d":"10,440.26"},2171,{"v":0.20794492,"d":"0.21"},"M",430,20627001,{"v":10327.3021559999,"d":"10,327.30"},107,222,329,{"v":165.145007499999,"d":"165.15"},{"v":0.945243625,"d":"0.95"},{"v":310.985152599999,"d":"310.99"},{"v":18.0148473699999,"d":"18.01"},0,"0_20627001_646",{"v":10162.1571483999,"d":"10,162.16"},0,{"v":18.0148473699999,"d":"18.01"},{"v":0.015991108,"d":"0.02"},"0_20627001_646_589","G",{"v":38.4695403006999,"d":"38.47"},{"v":0.00378556833347,"d":"0.00"},{"v":0.0681964357362,"d":"0.07"}]
[2,206,20627,{"v":10440.2646399999,"d":"10,440.26"},2171,{"v":0.20794492,"d":"0.21"},"M",430,20627001,{"v":10327.3021559999,"d":"10,327.30"},107,222,329,{"v":165.145007499999,"d":"165.15"},{"v":0.945243625,"d":"0.95"},{"v":310.985152599999,"d":"310.99"},{"v":18.0148473699999,"d":"18.01"},0,"0_20627001_646",{"v":10162.1571483999,"d":"10,162.16"},0,{"v":18.0148473699999,"d":"18.01"},{"v":0.015991108,"d":"0.02"},"0_20627001_646_590","G",{"v":13.9727577274999,"d":"13.97"},{"v":1.37497949731E-3,"d":"0.00"},{"v":0.0247700457809,"d":"0.02"}]
[2,206,20627,{"v":10440.2646399999,"d":"10,440.26"},2171,{"v":0.20794492,"d":"0.21"},"M",430,20627001,{"v":10327.3021559999,"d":"10,327.30"},107,222,329,{"v":165.145007499999,"d":"165.15"},{"v":0.945243625,"d":"0.95"},{"v":310.985152599999,"d":"310.99"},{"v":18.0148473699999,"d":"18.01"},0,"0_20627001_646",{"v":10162.1571483999,"d":"10,162.16"},0,{"v":18.0148473699999,"d":"18.01"},{"v":0.015991108,"d":"0.02"},"0_20627001_646_591","G",{"v":1.18071265239,"d":"1.18"},{"v":0.000116187206628,"d":"0.00"},{"v":2.09309479375E-3,"d":"0.00"}]
[2,206,20627,{"v":10440.2646399999,"d":"10,440.26"},2171,{"v":0.20794492,"d":"0.21"},"M",430,20627001,{"v":10327.3021559999,"d":"10,327.30"},107,222,329,{"v":165.145007499999,"d":"165.15"},{"v":0.945243625,"d":"0.95"},{"v":310.985152599999,"d":"310.99"},{"v":18.0148473699999,"d":"18.01"},0,"0_20627001_646",{"v":10162.1571483999,"d":"10,162.16"},0,{"v":18.0148473699999,"d":"18.01"},{"v":0.015991108,"d":"0.02"},"0_20627001_646_592","G",{"v":15.9352946739,"d":"15.94"},{"v":0.00156810157934,"d":"0.00"},{"v":0.0282491106125,"d":"0.03"}]
[2,206,20627,{"v":10440.2646399999,"d":"10,440.26"},2171,{"v":0.20794492,"d":"0.21"},"M",430,20627001,{"v":10327.3021559999,"d":"10,327.30"},107,222,329,{"v":165.145007499999,"d":"165.15"},{"v":0.945243625,"d":"0.95"},{"v":310.985152599999,"d":"310.99"},{"v":18.0148473699999,"d":"18.01"},0,"0_20627001_646",{"v":10162.1571483999,"d":"10,162.16"},0,{"v":18.0148473699999,"d":"18.01"},{"v":0.015991108,"d":"0.02"},"0_20627001_646_593","G",{"v":0.491928749815,"d":"0.49"},{"v":4.8407906179e-05,"d":"0.00"},{"v":8.72061041314E-4,"d":"0.00"}]
[2,206,20627,{"v":10440.2646399999,"d":"10,440.26"},2171,{"v":0.20794492,"d":"0.21"},"M",430,20627001,{"v":10327.3021559999,"d":"10,327.30"},107,222,329,{"v":165.145007499999,"d":"165.15"},{"v":0.945243625,"d":"0.95"},{"v":310.985152599999,"d":"310.99"},{"v":18.0148473699999,"d":"18.01"},0,"0_20627001_646",{"v":10162.1571483999,"d":"10,162.16"},0,{"v":18.0148473699999,"d":"18.01"},{"v":0.015991108,"d":"0.02"},"0_20627001_646_594","G",{"v":0.286776676829,"d":"0.29"},{"v":2.8220059249e-05,"d":"0.00"},{"v":0.000508380060148,"d":"0.00"}]
[2,206,20627,{"v":10440.2646399999,"d":"10,440.26"},2171,{"v":0.20794492,"d":"0.21"},"M",430,20627001,{"v":10327.3021559999,"d":"10,327.30"},107,222,329,{"v":165.145007499999,"d":"165.15"},{"v":0.945243625,"d":"0.95"},{"v":310.985152599999,"d":"310.99"},{"v":18.0148473699999,"d":"18.01"},0,"0_20627001_646",{"v":10162.1571483999,"d":"10,162.16"},0,{"v":18.0148473699999,"d":"18.01"},{"v":0.015991108,"d":"0.02"},"0_20627001_646_595","G",{"v":60.6207045872999,"d":"60.62"},{"v":0.00596533823499,"d":"0.01"},{"v":0.107464657814,"d":"0.11"}]
[2,206,20627,{"v":10440.2646399999,"d":"10,440.26"},2171,{"v":0.20794492,"d":"0.21"},"M",430,20627001,{"v":10327.3021559999,"d":"10,327.30"},107,222,329,{"v":165.145007499999,"d":"165.15"},{"v":0.945243625,"d":"0.95"},{"v":310.985152599999,"d":"310.99"},{"v":18.0148473699999,"d":"18.01"},0,"0_20627001_646",{"v":10162.1571483999,"d":"10,162.16"},0,{"v":18.0148473699999,"d":"18.01"},{"v":0.015991108,"d":"0.02"},"0_20627001_646_596","G",{"v":21.0760296384,"d":"21.08"},{"v":0.0020739720249,"d":"0.00"},{"v":0.0373622894782,"d":"0.04"}]
[2,206,20627,{"v":10440.2646399999,"d":"10,440.26"},2171,{"v":0.20794492,"d":"0.21"},"M",430,20627001,{"v":10327.3021559999,"d":"10,327.30"},107,222,329,{"v":165.145007499999,"d":"165.15"},{"v":0.945243625,"d":"0.95"},{"v":310.985152599999,"d":"310.99"},{"v":18.0148473699999,"d":"18.01"},0,"0_20627001_646",{"v":10162.1571483999,"d":"10,162.16"},0,{"v":18.0148473699999,"d":"18.01"},{"v":0.015991108,"d":"0.02"},"0_20627001_646_597","G",{"v":0.000917418500192,"d":"0.00"},{"v":9.0277929e-08,"d":"0.00"},{"v":1.626343109E-6,"d":"0.00"}]
[2,206,20627,{"v":10440.2646399999,"d":"10,440.26"},2171,{"v":0.20794492,"d":"0.21"},"M",430,20627001,{"v":10327.3021559999,"d":"10,327.30"},107,222,329,{"v":165.145007499999,"d":"165.15"},{"v":0.945243625,"d":"0.95"},{"v":310.985152599999,"d":"310.99"},{"v":18.0148473699999,"d":"18.01"},0,"0_20627001_646",{"v":10162.1571483999,"d":"10,162.16"},0,{"v":18.0148473699999,"d":"18.01"},{"v":0.015991108,"d":"0.02"},"0_20627001_646_598","G",{"v":0.347774761534,"d":"0.35"},{"v":3.4222533312e-05,"d":"0.00"},{"v":6.16513714232E-4,"d":"0.00"}]
[2,206,20627,{"v":10440.2646399999,"d":"10,440.26"},2171,{"v":0.20794492,"d":"0.21"},"M",430,20627001,{"v":10327.3021559999,"d":"10,327.30"},107,222,329,{"v":165.145007499999,"d":"165.15"},{"v":0.945243625,"d":"0.95"},{"v":310.985152599999,"d":"310.99"},{"v":18.0148473699999,"d":"18.01"},0,"0_20627001_646",{"v":10162.1571483999,"d":"10,162.16"},0,{"v":18.0148473699999,"d":"18.01"},{"v":0.015991108,"d":"0.02"},"0_20627001_646_599","G",{"v":164.905610144,"d":"164.91"},{"v":0.0162274217704,"d":"0.02"},{"v":0.292334526402,"d":"0.29"}]
[2,206,20627,{"v":10440.2646399999,"d":"10,440.26"},2171,{"v":0.20794492,"d":"0.21"},"M",430,20627001,{"v":10327.3021559999,"d":"10,327.30"},107,222,329,{"v":165.145007499999,"d":"165.15"},{"v":0.945243625,"d":"0.95"},{"v":310.985152599999,"d":"310.99"},{"v":18.0148473699999,"d":"18.01"},0,"0_20627001_646",{"v":10162.1571483999,"d":"10,162.16"},0,{"v":18.0148473699999,"d":"18.01"},{"v":0.015991108,"d":"0.02"},"0_20627001_646_600","G",{"v":0.511287634303,"d":"0.51"},{"v":5.0312903731e-05,"d":"0.00"},{"v":0.000906379281448,"d":"0.00"}]
[2,206,20627,{"v":10440.2646399999,"d":"10,440.26"},2171,{"v":0.20794492,"d":"0.21"},"M",430,20627001,{"v":10327.3021559999,"d":"10,327.30"},107,222,329,{"v":165.145007499999,"d":"165.15"},{"v":0.945243625,"d":"0.95"},{"v":310.985152599999,"d":"310.99"},{"v":18.0148473699999,"d":"18.01"},0,"0_20627001_646",{"v":10162.1571483999,"d":"10,162.16"},0,{"v":18.0148473699999,"d":"18.01"},{"v":0.015991108,"d":"0.02"},"0_20627001_646_601","G",{"v":0.874453504676,"d":"0.87"},{"v":8.6049988394e-05,"d":"0.00"},{"v":1.5501774071E-3,"d":"0.00"}]
[2,206,20627,{"v":10440.2646399999,"d":"10,440.26"},2171,{"v":0.20794492,"d":"0.21"},"M",430,20627001,{"v":10327.3021559999,"d":"10,327.30"},107,222,329,{"v":165.145007499999,"d":"165.15"},{"v":0.945243625,"d":"0.95"},{"v":310.985152599999,"d":"310.99"},{"v":18.0148473699999,"d":"18.01"},0,"0_20627001_646",{"v":10162.1571483999,"d":"10,162.16"},0,{"v":18.0148473699999,"d":"18.01"},{"v":0.015991108,"d":"0.02"},"0_20627001_646_602","G",{"v":4.93607739993,"d":"4.94"},{"v":0.000485731260386,"d":"0.00"},{"v":0.00875037451869,"d":"0.01"}]
[2,206,20627,{"v":10440.2646399999,"d":"10,440.26"},2171,{"v":0.20794492,"d":"0.21"},"M",430,20627001,{"v":10327.3021559999,"d":"10,327.30"},107,222,329,{"v":165.145007499999,"d":"165.15"},{"v":0.945243625,"d":"0.95"},{"v":310.985152599999,"d":"310.99"},{"v":18.0148473699999,"d":"18.01"},0,"0_20627001_646",{"v":10162.1571483999,"d":"10,162.16"},0,{"v":18.0148473699999,"d":"18.01"},{"v":0.015991108,"d":"0.02"},"0_20627001_646_603","G",{"v":0.0260969762992,"d":"0.03"},{"v":2.568054786e-06,"d":"0.00"},{"v":4.6263115004e-05,"d":"0.00"}]
[2,206,20627,{"v":10440.2646399999,"d":"10,440.26"},2171,{"v":0.20794492,"d":"0.21"},"M",430,20627001,{"v":10327.3021559999,"d":"10,327.30"},107,222,329,{"v":165.145007499999,"d":"165.15"},{"v":0.945243625,"d":"0.95"},{"v":310.985152599999,"d":"310.99"},{"v":18.0148473699999,"d":"18.01"},0,"0_20627001_646",{"v":10162.1571483999,"d":"10,162.16"},0,{"v":18.0148473699999,"d":"18.01"},{"v":0.015991108,"d":"0.02"},"0_20627001_646_604","G",{"v":0.013551334759,"d":"0.01"},{"v":1.333509663E-6,"d":"0.00"},{"v":2.4022973054E-5,"d":"0.00"}]
[2,206,20631,{"v":8427.68427599999,"d":"8,427.68"},1705,{"v":0.20230943,"d":"0.20"},"G",410,20631000,{"v":7009.79644999999,"d":"7,009.80"},83,290,373,{"v":141.234431599999,"d":"141.23"},{"v":0.93996673,"d":"0.94"},{"v":350.6075905,"d":"350.61"},{"v":22.39240955,"d":"22.39"},0,"0_20631000_657",{"v":6868.56201839999,"d":"6,868.56"},0,{"v":22.39240955,"d":"22.39"},{"v":0.02014815,"d":"0.02"},"0_20631000_657_605","außerhalb GKL",{"v":6704.12272787999,"d":"6,704.12"},{"v":0.976059138714,"d":"0.98"},{"v":21.8563159791,"d":"21.86"}]
[2,206,20631,{"v":8427.68427599999,"d":"8,427.68"},1705,{"v":0.20230943,"d":"0.20"},"G",410,20631000,{"v":7009.79644999999,"d":"7,009.80"},83,290,373,{"v":141.234431599999,"d":"141.23"},{"v":0.93996673,"d":"0.94"},{"v":350.6075905,"d":"350.61"},{"v":22.39240955,"d":"22.39"},0,"0_20631000_657",{"v":6868.56201839999,"d":"6,868.56"},0,{"v":22.39240955,"d":"22.39"},{"v":0.02014815,"d":"0.02"},"0_20631000_657_606","außerhalb GKL",{"v":0.185490198128,"d":"0.19"},{"v":2.7005681485e-05,"d":"0.00"},{"v":0.000604722279987,"d":"0.00"}]
[2,206,20631,{"v":8427.68427599999,"d":"8,427.68"},1705,{"v":0.20230943,"d":"0.20"},"G",410,20631000,{"v":7009.79644999999,"d":"7,009.80"},83,290,373,{"v":141.234431599999,"d":"141.23"},{"v":0.93996673,"d":"0.94"},{"v":350.6075905,"d":"350.61"},{"v":22.39240955,"d":"22.39"},0,"0_20631000_657",{"v":6868.56201839999,"d":"6,868.56"},0,{"v":22.39240955,"d":"22.39"},{"v":0.02014815,"d":"0.02"},"0_20631000_657_607","F",{"v":2.82466813911,"d":"2.82"},{"v":4.11245924772E-4,"d":"0.00"},{"v":0.00920878717326,"d":"0.01"}]
[2,206,20631,{"v":8427.68427599999,"d":"8,427.68"},1705,{"v":0.20230943,"d":"0.20"},"G",410,20631000,{"v":7009.79644999999,"d":"7,009.80"},83,290,373,{"v":141.234431599999,"d":"141.23"},{"v":0.93996673,"d":"0.94"},{"v":350.6075905,"d":"350.61"},{"v":22.39240955,"d":"22.39"},0,"0_20631000_657",{"v":6868.56201839999,"d":"6,868.56"},0,{"v":22.39240955,"d":"22.39"},{"v":0.02014815,"d":"0.02"},"0_20631000_657_608","F",{"v":0.742304517435,"d":"0.74"},{"v":1.08072769154E-4,"d":"0.00"},{"v":2.4200097081E-3,"d":"0.00"}]
[2,206,20631,{"v":8427.68427599999,"d":"8,427.68"},1705,{"v":0.20230943,"d":"0.20"},"G",410,20631000,{"v":7009.79644999999,"d":"7,009.80"},83,290,373,{"v":141.234431599999,"d":"141.23"},{"v":0.93996673,"d":"0.94"},{"v":350.6075905,"d":"350.61"},{"v":22.39240955,"d":"22.39"},0,"0_20631000_657",{"v":6868.56201839999,"d":"6,868.56"},0,{"v":22.39240955,"d":"22.39"},{"v":0.02014815,"d":"0.02"},"0_20631000_657_609","F",{"v":3.45309797258,"d":"3.45"},{"v":5.02739578289E-4,"d":"0.00"},{"v":0.011257550534,"d":"0.01"}]
[2,206,20631,{"v":8427.68427599999,"d":"8,427.68"},1705,{"v":0.20230943,"d":"0.20"},"G",410,20631000,{"v":7009.79644999999,"d":"7,009.80"},83,290,373,{"v":141.234431599999,"d":"141.23"},{"v":0.93996673,"d":"0.94"},{"v":350.6075905,"d":"350.61"},{"v":22.39240955,"d":"22.39"},0,"0_20631000_657",{"v":6868.56201839999,"d":"6,868.56"},0,{"v":22.39240955,"d":"22.39"},{"v":0.02014815,"d":"0.02"},"0_20631000_657_610","F",{"v":8.79329751416,"d":"8.79"},{"v":1.28022393779E-3,"d":"0.00"},{"v":0.0286672987307,"d":"0.03"}]
[2,206,20631,{"v":8427.68427599999,"d":"8,427.68"},1705,{"v":0.20230943,"d":"0.20"},"G",410,20631000,{"v":7009.79644999999,"d":"7,009.80"},83,290,373,{"v":141.234431599999,"d":"141.23"},{"v":0.93996673,"d":"0.94"},{"v":350.6075905,"d":"350.61"},{"v":22.39240955,"d":"22.39"},0,"0_20631000_657",{"v":6868.56201839999,"d":"6,868.56"},0,{"v":22.39240955,"d":"22.39"},{"v":0.02014815,"d":"0.02"},"0_20631000_657_611","F",{"v":0.00027069988249,"d":"0.00"},{"v":3.9411435e-08,"d":"0.00"},{"v":8.82516984e-07,"d":"0.00"}]
[2,206,20631,{"v":8427.68427599999,"d":"8,427.68"},1705,{"v":0.20230943,"d":"0.20"},"G",410,20631000,{"v":7009.79644999999,"d":"7,009.80"},83,290,373,{"v":141.234431599999,"d":"141.23"},{"v":0.93996673,"d":"0.94"},{"v":350.6075905,"d":"350.61"},{"v":22.39240955,"d":"22.39"},0,"0_20631000_657",{"v":6868.56201839999,"d":"6,868.56"},0,{"v":22.39240955,"d":"22.39"},{"v":0.02014815,"d":"0.02"},"0_20631000_657_612","F",{"v":0.0382379370114,"d":"0.04"},{"v":5.567094962e-06,"d":"0.00"},{"v":1.24660670401E-4,"d":"0.00"}]
[2,206,20631,{"v":8427.68427599999,"d":"8,427.68"},1705,{"v":0.20230943,"d":"0.20"},"G",410,20631000,{"v":7009.79644999999,"d":"7,009.80"},83,290,373,{"v":141.234431599999,"d":"141.23"},{"v":0.93996673,"d":"0.94"},{"v":350.6075905,"d":"350.61"},{"v":22.39240955,"d":"22.39"},0,"0_20631000_657",{"v":6868.56201839999,"d":"6,868.56"},0,{"v":22.39240955,"d":"22.39"},{"v":0.02014815,"d":"0.02"},"0_20631000_657_613","F",{"v":0.105894639752,"d":"0.11"},{"v":1.5417293965e-05,"d":"0.00"},{"v":0.000345230360608,"d":"0.00"}]
[2,206,20631,{"v":8427.68427599999,"d":"8,427.68"},1705,{"v":0.20230943,"d":"0.20"},"G",410,20631000,{"v":7009.79644999999,"d":"7,009.80"},83,290,373,{"v":141.234431599999,"d":"141.23"},{"v":0.93996673,"d":"0.94"},{"v":350.6075905,"d":"350.61"},{"v":22.39240955,"d":"22.39"},0,"0_20631000_657",{"v":6868.56201839999,"d":"6,868.56"},0,{"v":22.39240955,"d":"22.39"},{"v":0.02014815,"d":"0.02"},"0_20631000_657_614","F",{"v":0.447171822804,"d":"0.45"},{"v":6.5104139936e-05,"d":"0.00"},{"v":1.45783856485E-3,"d":"0.00"}]
[2,206,20631,{"v":8427.68427599999,"d":"8,427.68"},1705,{"v":0.20230943,"d":"0.20"},"G",410,20631000,{"v":7009.79644999999,"d":"7,009.80"},83,290,373,{"v":141.234431599999,"d":"141.23"},{"v":0.93996673,"d":"0.94"},{"v":350.6075905,"d":"350.61"},{"v":22.39240955,"d":"22.39"},0,"0_20631000_657",{"v":6868.56201839999,"d":"6,868.56"},0,{"v":22.39240955,"d":"22.39"},{"v":0.02014815,"d":"0.02"},"0_20631000_657_615","F",{"v":0.00784711509223,"d":"0.01"},{"v":1.142468405e-06,"d":"0.00"},{"v":2.5582620418e-05,"d":"0.00"}]
[2,206,20631,{"v":8427.68427599999,"d":"8,427.68"},1705,{"v":0.20230943,"d":"0.20"},"G",410,20631000,{"v":7009.79644999999,"d":"7,009.80"},83,290,373,{"v":141.234431599999,"d":"141.23"},{"v":0.93996673,"d":"0.94"},{"v":350.6075905,"d":"350.61"},{"v":22.39240955,"d":"22.39"},0,"0_20631000_657",{"v":6868.56201839999,"d":"6,868.56"},0,{"v":22.39240955,"d":"22.39"},{"v":0.02014815,"d":"0.02"},"0_20631000_657_616","G",{"v":26.4084408744,"d":"26.41"},{"v":0.00384482819019,"d":"0.00"},{"v":0.0860949674841,"d":"0.09"}]
[2,206,20631,{"v":8427.68427599999,"d":"8,427.68"},1705,{"v":0.20230943,"d":"0.20"},"G",410,20631000,{"v":7009.79644999999,"d":"7,009.80"},83,290,373,{"v":141.234431599999,"d":"141.23"},{"v":0.93996673,"d":"0.94"},{"v":350.6075905,"d":"350.61"},{"v":22.39240955,"d":"22.39"},0,"0_20631000_657",{"v":6868.56201839999,"d":"6,868.56"},0,{"v":22.39240955,"d":"22.39"},{"v":0.02014815,"d":"0.02"},"0_20631000_657_617","G",{"v":2.12113328066,"d":"2.12"},{"v":0.000308817664451,"d":"0.00"},{"v":0.00691517161866,"d":"0.01"}]
[2,206,20631,{"v":8427.68427599999,"d":"8,427.68"},1705,{"v":0.20230943,"d":"0.20"},"G",410,20631000,{"v":7009.79644999999,"d":"7,009.80"},83,290,373,{"v":141.234431599999,"d":"141.23"},{"v":0.93996673,"d":"0.94"},{"v":350.6075905,"d":"350.61"},{"v":22.39240955,"d":"22.39"},0,"0_20631000_657",{"v":6868.56201839999,"d":"6,868.56"},0,{"v":22.39240955,"d":"22.39"},{"v":0.02014815,"d":"0.02"},"0_20631000_657_618","G",{"v":0.0955233315047,"d":"0.10"},{"v":1.3907326053e-05,"d":"0.00"},{"v":0.000311418540722,"d":"0.00"}]
[2,206,20631,{"v":8427.68427599999,"d":"8,427.68"},1705,{"v":0.20230943,"d":"0.20"},"G",410,20631000,{"v":7009.79644999999,"d":"7,009.80"},83,290,373,{"v":141.234431599999,"d":"141.23"},{"v":0.93996673,"d":"0.94"},{"v":350.6075905,"d":"350.61"},{"v":22.39240955,"d":"22.39"},0,"0_20631000_657",{"v":6868.56201839999,"d":"6,868.56"},0,{"v":22.39240955,"d":"22.39"},{"v":0.02014815,"d":"0.02"},"0_20631000_657_619","G",{"v":29.2205878613,"d":"29.22"},{"v":0.00425425114937,"d":"0.00"},{"v":0.0952629340653,"d":"0.10"}]
[2,206,20631,{"v":8427.68427599999,"d":"8,427.68"},1705,{"v":0.20230943,"d":"0.20"},"G",410,20631000,{"v":7009.79644999999,"d":"7,009.80"},83,290,373,{"v":141.234431599999,"d":"141.23"},{"v":0.93996673,"d":"0.94"},{"v":350.6075905,"d":"350.61"},{"v":22.39240955,"d":"22.39"},0,"0_20631000_657",{"v":6868.56201839999,"d":"6,868.56"},0,{"v":22.39240955,"d":"22.39"},{"v":0.02014815,"d":"0.02"},"0_20631000_657_620","G",{"v":0.783221213336,"d":"0.78"},{"v":1.14029866985E-4,"d":"0.00"},{"v":2.55340348246E-3,"d":"0.00"}]
[2,206,20631,{"v":8427.68427599999,"d":"8,427.68"},1705,{"v":0.20230943,"d":"0.20"},"G",410,20631000,{"v":7009.79644999999,"d":"7,009.80"},83,290,373,{"v":141.234431599999,"d":"141.23"},{"v":0.93996673,"d":"0.94"},{"v":350.6075905,"d":"350.61"},{"v":22.39240955,"d":"22.39"},0,"0_20631000_657",{"v":6868.56201839999,"d":"6,868.56"},0,{"v":22.39240955,"d":"22.39"},{"v":0.02014815,"d":"0.02"},"0_20631000_657_621","G",{"v":0.326937632646,"d":"0.33"},{"v":4.7599138185e-05,"d":"0.00"},{"v":1.06585939647E-3,"d":"0.00"}]
[2,206,20631,{"v":8427.68427599999,"d":"8,427.68"},1705,{"v":0.20230943,"d":"0.20"},"G",410,20631000,{"v":7009.79644999999,"d":"7,009.80"},83,290,373,{"v":141.234431599999,"d":"141.23"},{"v":0.93996673,"d":"0.94"},{"v":350.6075905,"d":"350.61"},{"v":22.39240955,"d":"22.39"},0,"0_20631000_657",{"v":6868.56201839999,"d":"6,868.56"},0,{"v":22.39240955,"d":"22.39"},{"v":0.02014815,"d":"0.02"},"0_20631000_657_622","G",{"v":1.14093048203E-4,"d":"0.00"},{"v":1.6610907e-08,"d":"0.00"},{"v":3.71958243e-07,"d":"0.00"}]
[2,206,20631,{"v":8427.68427599999,"d":"8,427.68"},1705,{"v":0.20230943,"d":"0.20"},"G",410,20631000,{"v":7009.79644999999,"d":"7,009.80"},83,290,373,{"v":141.234431599999,"d":"141.23"},{"v":0.93996673,"d":"0.94"},{"v":350.6075905,"d":"350.61"},{"v":22.39240955,"d":"22.39"},0,"0_20631000_657",{"v":6868.56201839999,"d":"6,868.56"},0,{"v":22.39240955,"d":"22.39"},{"v":0.02014815,"d":"0.02"},"0_20631000_657_623","G",{"v":63.3626214223999,"d":"63.36"},{"v":0.00922501991722,"d":"0.01"},{"v":0.206570424093,"d":"0.21"}]
[2,206,20631,{"v":8427.68427599999,"d":"8,427.68"},1705,{"v":0.20230943,"d":"0.20"},"G",410,20631000,{"v":7009.79644999999,"d":"7,009.80"},83,290,373,{"v":141.234431599999,"d":"141.23"},{"v":0.93996673,"d":"0.94"},{"v":350.6075905,"d":"350.61"},{"v":22.39240955,"d":"22.39"},0,"0_20631000_657",{"v":6868.56201839999,"d":"6,868.56"},0,{"v":22.39240955,"d":"22.39"},{"v":0.02014815,"d":"0.02"},"0_20631000_657_624","G",{"v":2.67632449547,"d":"2.68"},{"v":3.89648442906E-4,"d":"0.00"},{"v":0.00872516751407,"d":"0.01"}]
[2,206,20631,{"v":8427.68427599999,"d":"8,427.68"},1705,{"v":0.20230943,"d":"0.20"},"G",410,20631000,{"v":7009.79644999999,"d":"7,009.80"},83,290,373,{"v":141.234431599999,"d":"141.23"},{"v":0.93996673,"d":"0.94"},{"v":350.6075905,"d":"350.61"},{"v":22.39240955,"d":"22.39"},0,"0_20631000_657",{"v":6868.56201839999,"d":"6,868.56"},0,{"v":22.39240955,"d":"22.39"},{"v":0.02014815,"d":"0.02"},"0_20631000_657_625","G",{"v":0.954939628694,"d":"0.95"},{"v":0.000139030502474,"d":"0.00"},{"v":0.00311322795134,"d":"0.00"}]
[2,206,20631,{"v":8427.68427599999,"d":"8,427.68"},1705,{"v":0.20230943,"d":"0.20"},"G",410,20631000,{"v":7009.79644999999,"d":"7,009.80"},83,290,373,{"v":141.234431599999,"d":"141.23"},{"v":0.93996673,"d":"0.94"},{"v":350.6075905,"d":"350.61"},{"v":22.39240955,"d":"22.39"},0,"0_20631000_657",{"v":6868.56201839999,"d":"6,868.56"},0,{"v":22.39240955,"d":"22.39"},{"v":0.02014815,"d":"0.02"},"0_20631000_657_626","G",{"v":0.0177726858128,"d":"0.02"},{"v":2.587540997e-06,"d":"0.00"},{"v":5.7941277731e-05,"d":"0.00"}]
[2,206,20631,{"v":8427.68427599999,"d":"8,427.68"},1705,{"v":0.20230943,"d":"0.20"},"G",410,20631000,{"v":7009.79644999999,"d":"7,009.80"},83,290,373,{"v":141.234431599999,"d":"141.23"},{"v":0.93996673,"d":"0.94"},{"v":350.6075905,"d":"350.61"},{"v":22.39240955,"d":"22.39"},0,"0_20631000_657",{"v":6868.56201839999,"d":"6,868.56"},0,{"v":22.39240955,"d":"22.39"},{"v":0.02014815,"d":"0.02"},"0_20631000_657_627","G",{"v":0.278102799922,"d":"0.28"},{"v":4.0489231833E-5,"d":"0.00"},{"v":9.06651461569E-4,"d":"0.00"}]
[2,206,20631,{"v":8427.68427599999,"d":"8,427.68"},1705,{"v":0.20230943,"d":"0.20"},"G",410,20631000,{"v":7009.79644999999,"d":"7,009.80"},83,290,373,{"v":141.234431599999,"d":"141.23"},{"v":0.93996673,"d":"0.94"},{"v":350.6075905,"d":"350.61"},{"v":22.39240955,"d":"22.39"},0,"0_20631000_657",{"v":6868.56201839999,"d":"6,868.56"},0,{"v":22.39240955,"d":"22.39"},{"v":0.02014815,"d":"0.02"},"0_20631000_657_628","G",{"v":0.0135479184305,"d":"0.01"},{"v":1.972453389E-6,"d":"0.00"},{"v":4.4167984104e-05,"d":"0.00"}]
[2,206,20631,{"v":8427.68427599999,"d":"8,427.68"},1705,{"v":0.20230943,"d":"0.20"},"G",410,20631000,{"v":7009.79644999999,"d":"7,009.80"},83,290,373,{"v":141.234431599999,"d":"141.23"},{"v":0.93996673,"d":"0.94"},{"v":350.6075905,"d":"350.61"},{"v":22.39240955,"d":"22.39"},0,"0_20631000_657",{"v":6868.56201839999,"d":"6,868.56"},0,{"v":22.39240955,"d":"22.39"},{"v":0.02014815,"d":"0.02"},"0_20631000_657_629","G",{"v":16.519045285,"d":"16.52"},{"v":0.00240502236724,"d":"0.00"},{"v":0.0538542458241,"d":"0.05"}]
[2,206,20631,{"v":8427.68427599999,"d":"8,427.68"},1705,{"v":0.20230943,"d":"0.20"},"G",410,20631000,{"v":7009.79644999999,"d":"7,009.80"},83,290,373,{"v":141.234431599999,"d":"141.23"},{"v":0.93996673,"d":"0.94"},{"v":350.6075905,"d":"350.61"},{"v":22.39240955,"d":"22.39"},0,"0_20631000_657",{"v":6868.56201839999,"d":"6,868.56"},0,{"v":22.39240955,"d":"22.39"},{"v":0.02014815,"d":"0.02"},"0_20631000_657_630","G",{"v":1.0277140428,"d":"1.03"},{"v":0.000149625793586,"d":"0.00"},{"v":0.00335048204922,"d":"0.00"}]
[2,206,20631,{"v":8427.68427599999,"d":"8,427.68"},1705,{"v":0.20230943,"d":"0.20"},"G",410,20631000,{"v":7009.79644999999,"d":"7,009.80"},83,290,373,{"v":141.234431599999,"d":"141.23"},{"v":0.93996673,"d":"0.94"},{"v":350.6075905,"d":"350.61"},{"v":22.39240955,"d":"22.39"},0,"0_20631000_657",{"v":6868.56201839999,"d":"6,868.56"},0,{"v":22.39240955,"d":"22.39"},{"v":0.02014815,"d":"0.02"},"0_20631000_657_631","G",{"v":0.614144218167,"d":"0.61"},{"v":8.941379819e-05,"d":"0.00"},{"v":0.00200219038849,"d":"0.00"}]
[2,206,20631,{"v":8427.68427599999,"d":"8,427.68"},1705,{"v":0.20230943,"d":"0.20"},"G",410,20631000,{"v":7009.79644999999,"d":"7,009.80"},83,290,373,{"v":141.234431599999,"d":"141.23"},{"v":0.93996673,"d":"0.94"},{"v":350.6075905,"d":"350.61"},{"v":22.39240955,"d":"22.39"},0,"0_20631000_657",{"v":6868.56201839999,"d":"6,868.56"},0,{"v":22.39240955,"d":"22.39"},{"v":0.02014815,"d":"0.02"},"0_20631000_657_632","G",{"v":4.7143389762e-05,"d":"0.00"},{"v":6.863648e-09,"d":"0.00"},{"v":1.5369361e-07,"d":"0.00"}]
[2,206,20631,{"v":8427.68427599999,"d":"8,427.68"},1705,{"v":0.20230943,"d":"0.20"},"G",410,20631000,{"v":7009.79644999999,"d":"7,009.80"},83,290,373,{"v":141.234431599999,"d":"141.23"},{"v":0.93996673,"d":"0.94"},{"v":350.6075905,"d":"350.61"},{"v":22.39240955,"d":"22.39"},0,"0_20631000_657",{"v":6868.56201839999,"d":"6,868.56"},0,{"v":22.39240955,"d":"22.39"},{"v":0.02014815,"d":"0.02"},"0_20631000_657_633","G",{"v":3.42079203676,"d":"3.42"},{"v":0.00049803612861,"d":"0.00"},{"v":0.0111522289625,"d":"0.01"}]
[2,206,20631,{"v":8427.68427599999,"d":"8,427.68"},1705,{"v":0.20230943,"d":"0.20"},"G",410,20631001,{"v":1417.88782603999,"d":"1,417.89"},28,8,36,{"v":30.92649141,"d":"30.93"},{"v":0.93996673,"d":"0.94"},{"v":33.8388022999999,"d":"33.84"},{"v":2.161197705,"d":"2.16"},0,"0_20631001_658",{"v":1386.96133463,"d":"1,386.96"},0,{"v":2.161197705,"d":"2.16"},{"v":0.021811663,"d":"0.02"},"0_20631001_658_634","außerhalb GKL",{"v":1361.89575381999,"d":"1,361.90"},{"v":0.981927700373,"d":"0.98"},{"v":2.12213989252,"d":"2.12"}]
[2,206,20631,{"v":8427.68427599999,"d":"8,427.68"},1705,{"v":0.20230943,"d":"0.20"},"G",410,20631001,{"v":1417.88782603999,"d":"1,417.89"},28,8,36,{"v":30.92649141,"d":"30.93"},{"v":0.93996673,"d":"0.94"},{"v":33.8388022999999,"d":"33.84"},{"v":2.161197705,"d":"2.16"},0,"0_20631001_658",{"v":1386.96133463,"d":"1,386.96"},0,{"v":2.161197705,"d":"2.16"},{"v":0.021811663,"d":"0.02"},"0_20631001_658_635","F",{"v":0.365434259734,"d":"0.37"},{"v":0.000263478332532,"d":"0.00"},{"v":0.000569428767585,"d":"0.00"}]
[2,206,20631,{"v":8427.68427599999,"d":"8,427.68"},1705,{"v":0.20230943,"d":"0.20"},"G",410,20631001,{"v":1417.88782603999,"d":"1,417.89"},28,8,36,{"v":30.92649141,"d":"30.93"},{"v":0.93996673,"d":"0.94"},{"v":33.8388022999999,"d":"33.84"},{"v":2.161197705,"d":"2.16"},0,"0_20631001_658",{"v":1386.96133463,"d":"1,386.96"},0,{"v":2.161197705,"d":"2.16"},{"v":0.021811663,"d":"0.02"},"0_20631001_658_636","G",{"v":0.00308794855566,"d":"0.00"},{"v":2.226412863e-06,"d":"0.00"},{"v":4.81171837e-06,"d":"0.00"}]
[2,206,20631,{"v":8427.68427599999,"d":"8,427.68"},1705,{"v":0.20230943,"d":"0.20"},"G",410,20631001,{"v":1417.88782603999,"d":"1,417.89"},28,8,36,{"v":30.92649141,"d":"30.93"},{"v":0.93996673,"d":"0.94"},{"v":33.8388022999999,"d":"33.84"},{"v":2.161197705,"d":"2.16"},0,"0_20631001_658",{"v":1386.96133463,"d":"1,386.96"},0,{"v":2.161197705,"d":"2.16"},{"v":0.021811663,"d":"0.02"},"0_20631001_658_637","G",{"v":22.2711779675,"d":"22.27"},{"v":0.0160575334088,"d":"0.02"},{"v":0.0347035043511,"d":"0.03"}]
[2,206,20631,{"v":8427.68427599999,"d":"8,427.68"},1705,{"v":0.20230943,"d":"0.20"},"G",410,20631001,{"v":1417.88782603999,"d":"1,417.89"},28,8,36,{"v":30.92649141,"d":"30.93"},{"v":0.93996673,"d":"0.94"},{"v":33.8388022999999,"d":"33.84"},{"v":2.161197705,"d":"2.16"},0,"0_20631001_658",{"v":1386.96133463,"d":"1,386.96"},0,{"v":2.161197705,"d":"2.16"},{"v":0.021811663,"d":"0.02"},"0_20631001_658_638","G",{"v":0.0500742852661,"d":"0.05"},{"v":3.6103591366e-05,"d":"0.00"},{"v":7.8026998803e-05,"d":"0.00"}]
[2,206,20631,{"v":8427.68427599999,"d":"8,427.68"},1705,{"v":0.20230943,"d":"0.20"},"G",410,20631001,{"v":1417.88782603999,"d":"1,417.89"},28,8,36,{"v":30.92649141,"d":"30.93"},{"v":0.93996673,"d":"0.94"},{"v":33.8388022999999,"d":"33.84"},{"v":2.161197705,"d":"2.16"},0,"0_20631001_658",{"v":1386.96133463,"d":"1,386.96"},0,{"v":2.161197705,"d":"2.16"},{"v":0.021811663,"d":"0.02"},"0_20631001_658_639","G",{"v":0.0217157562069,"d":"0.02"},{"v":1.5657073968e-05,"d":"0.00"},{"v":3.3838032326e-05,"d":"0.00"}]
[2,206,20631,{"v":8427.68427599999,"d":"8,427.68"},1705,{"v":0.20230943,"d":"0.20"},"G",410,20631001,{"v":1417.88782603999,"d":"1,417.89"},28,8,36,{"v":30.92649141,"d":"30.93"},{"v":0.93996673,"d":"0.94"},{"v":33.8388022999999,"d":"33.84"},{"v":2.161197705,"d":"2.16"},0,"0_20631001_658",{"v":1386.96133463,"d":"1,386.96"},0,{"v":2.161197705,"d":"2.16"},{"v":0.021811663,"d":"0.02"},"0_20631001_658_640","G",{"v":0.139615074712,"d":"0.14"},{"v":0.000100662557222,"d":"0.00"},{"v":2.17551687648E-4,"d":"0.00"}]
[2,206,20631,{"v":8427.68427599999,"d":"8,427.68"},1705,{"v":0.20230943,"d":"0.20"},"G",410,20631001,{"v":1417.88782603999,"d":"1,417.89"},28,8,36,{"v":30.92649141,"d":"30.93"},{"v":0.93996673,"d":"0.94"},{"v":33.8388022999999,"d":"33.84"},{"v":2.161197705,"d":"2.16"},0,"0_20631001_658",{"v":1386.96133463,"d":"1,386.96"},0,{"v":2.161197705,"d":"2.16"},{"v":0.021811663,"d":"0.02"},"0_20631001_658_641","G",{"v":2.21447551745,"d":"2.21"},{"v":0.0015966382495,"d":"0.00"},{"v":0.00345065092053,"d":"0.00"}]
[2,206,20636,{"v":9646.250242,"d":"9,646.25"},1524,{"v":0.157988852,"d":"0.16"},"G",430,20636000,{"v":9646.25024237,"d":"9,646.25"},107,173,280,{"v":94.31057952,"d":"94.31"},{"v":0.945243625,"d":"0.95"},{"v":264.668214999999,"d":"264.67"},{"v":15.3317849899999,"d":"15.33"},0,"0_20636000_678",{"v":9551.93966284999,"d":"9,551.94"},0,{"v":15.3317849899999,"d":"15.33"},{"v":0.009776916,"d":"0.01"},"0_20636000_678_642","außerhalb GKL",{"v":9260.62648928999,"d":"9,260.63"},{"v":0.969502197057,"d":"0.97"},{"v":14.8641992326,"d":"14.86"}]
[2,206,20636,{"v":9646.250242,"d":"9,646.25"},1524,{"v":0.157988852,"d":"0.16"},"G",430,20636000,{"v":9646.25024237,"d":"9,646.25"},107,173,280,{"v":94.31057952,"d":"94.31"},{"v":0.945243625,"d":"0.95"},{"v":264.668214999999,"d":"264.67"},{"v":15.3317849899999,"d":"15.33"},0,"0_20636000_678",{"v":9551.93966284999,"d":"9,551.94"},0,{"v":15.3317849899999,"d":"15.33"},{"v":0.009776916,"d":"0.01"},"0_20636000_678_643","außerhalb GKL",{"v":4.18523364574,"d":"4.19"},{"v":0.000438155368801,"d":"0.00"},{"v":0.00671770390667,"d":"0.01"}]
[2,206,20636,{"v":9646.250242,"d":"9,646.25"},1524,{"v":0.157988852,"d":"0.16"},"G",430,20636000,{"v":9646.25024237,"d":"9,646.25"},107,173,280,{"v":94.31057952,"d":"94.31"},{"v":0.945243625,"d":"0.95"},{"v":264.668214999999,"d":"264.67"},{"v":15.3317849899999,"d":"15.33"},0,"0_20636000_678",{"v":9551.93966284999,"d":"9,551.94"},0,{"v":15.3317849899999,"d":"15.33"},{"v":0.009776916,"d":"0.01"},"0_20636000_678_644","F",{"v":1.9592873708,"d":"1.96"},{"v":0.000205119320259,"d":"0.00"},{"v":0.00314484531551,"d":"0.00"}]
[2,206,20636,{"v":9646.250242,"d":"9,646.25"},1524,{"v":0.157988852,"d":"0.16"},"G",430,20636000,{"v":9646.25024237,"d":"9,646.25"},107,173,280,{"v":94.31057952,"d":"94.31"},{"v":0.945243625,"d":"0.95"},{"v":264.668214999999,"d":"264.67"},{"v":15.3317849899999,"d":"15.33"},0,"0_20636000_678",{"v":9551.93966284999,"d":"9,551.94"},0,{"v":15.3317849899999,"d":"15.33"},{"v":0.009776916,"d":"0.01"},"0_20636000_678_645","F",{"v":3.62814831722,"d":"3.63"},{"v":0.000379833672037,"d":"0.00"},{"v":0.00582352819163,"d":"0.01"}]
[2,206,20636,{"v":9646.250242,"d":"9,646.25"},1524,{"v":0.157988852,"d":"0.16"},"G",430,20636000,{"v":9646.25024237,"d":"9,646.25"},107,173,280,{"v":94.31057952,"d":"94.31"},{"v":0.945243625,"d":"0.95"},{"v":264.668214999999,"d":"264.67"},{"v":15.3317849899999,"d":"15.33"},0,"0_20636000_678",{"v":9551.93966284999,"d":"9,551.94"},0,{"v":15.3317849899999,"d":"15.33"},{"v":0.009776916,"d":"0.01"},"0_20636000_678_646","F",{"v":0.12983938697,"d":"0.13"},{"v":1.3592986509e-05,"d":"0.00"},{"v":2.08404746525E-4,"d":"0.00"}]
[2,206,20636,{"v":9646.250242,"d":"9,646.25"},1524,{"v":0.157988852,"d":"0.16"},"G",430,20636000,{"v":9646.25024237,"d":"9,646.25"},107,173,280,{"v":94.31057952,"d":"94.31"},{"v":0.945243625,"d":"0.95"},{"v":264.668214999999,"d":"264.67"},{"v":15.3317849899999,"d":"15.33"},0,"0_20636000_678",{"v":9551.93966284999,"d":"9,551.94"},0,{"v":15.3317849899999,"d":"15.33"},{"v":0.009776916,"d":"0.01"},"0_20636000_678_647","F",{"v":8.19113950098999,"d":"8.19"},{"v":0.000857536771599,"d":"0.00"},{"v":0.0131475694032,"d":"0.01"}]
[2,206,20636,{"v":9646.250242,"d":"9,646.25"},1524,{"v":0.157988852,"d":"0.16"},"G",430,20636000,{"v":9646.25024237,"d":"9,646.25"},107,173,280,{"v":94.31057952,"d":"94.31"},{"v":0.945243625,"d":"0.95"},{"v":264.668214999999,"d":"264.67"},{"v":15.3317849899999,"d":"15.33"},0,"0_20636000_678",{"v":9551.93966284999,"d":"9,551.94"},0,{"v":15.3317849899999,"d":"15.33"},{"v":0.009776916,"d":"0.01"},"0_20636000_678_648","F",{"v":7.39333478543,"d":"7.39"},{"v":0.000774013974793,"d":"0.00"},{"v":0.0118670158408,"d":"0.01"}]
[2,206,20636,{"v":9646.250242,"d":"9,646.25"},1524,{"v":0.157988852,"d":"0.16"},"G",430,20636000,{"v":9646.25024237,"d":"9,646.25"},107,173,280,{"v":94.31057952,"d":"94.31"},{"v":0.945243625,"d":"0.95"},{"v":264.668214999999,"d":"264.67"},{"v":15.3317849899999,"d":"15.33"},0,"0_20636000_678",{"v":9551.93966284999,"d":"9,551.94"},0,{"v":15.3317849899999,"d":"15.33"},{"v":0.009776916,"d":"0.01"},"0_20636000_678_649","F",{"v":7.03643493157,"d":"7.04"},{"v":0.000736649851227,"d":"0.00"},{"v":0.0112941571319,"d":"0.01"}]
[2,206,20636,{"v":9646.250242,"d":"9,646.25"},1524,{"v":0.157988852,"d":"0.16"},"G",430,20636000,{"v":9646.25024237,"d":"9,646.25"},107,173,280,{"v":94.31057952,"d":"94.31"},{"v":0.945243625,"d":"0.95"},{"v":264.668214999999,"d":"264.67"},{"v":15.3317849899999,"d":"15.33"},0,"0_20636000_678",{"v":9551.93966284999,"d":"9,551.94"},0,{"v":15.3317849899999,"d":"15.33"},{"v":0.009776916,"d":"0.01"},"0_20636000_678_650","F",{"v":0.623961422288,"d":"0.62"},{"v":6.5323007087e-05,"d":"0.00"},{"v":0.00100151829955,"d":"0.00"}]
[2,206,20636,{"v":9646.250242,"d":"9,646.25"},1524,{"v":0.157988852,"d":"0.16"},"G",430,20636000,{"v":9646.25024237,"d":"9,646.25"},107,173,280,{"v":94.31057952,"d":"94.31"},{"v":0.945243625,"d":"0.95"},{"v":264.668214999999,"d":"264.67"},{"v":15.3317849899999,"d":"15.33"},0,"0_20636000_678",{"v":9551.93966284999,"d":"9,551.94"},0,{"v":15.3317849899999,"d":"15.33"},{"v":0.009776916,"d":"0.01"},"0_20636000_678_651","F",{"v":0.0573687663314,"d":"0.06"},{"v":6.005980812E-6,"d":"0.00"},{"v":9.2082406462e-05,"d":"0.00"}]
[2,206,20636,{"v":9646.250242,"d":"9,646.25"},1524,{"v":0.157988852,"d":"0.16"},"G",430,20636000,{"v":9646.25024237,"d":"9,646.25"},107,173,280,{"v":94.31057952,"d":"94.31"},{"v":0.945243625,"d":"0.95"},{"v":264.668214999999,"d":"264.67"},{"v":15.3317849899999,"d":"15.33"},0,"0_20636000_678",{"v":9551.93966284999,"d":"9,551.94"},0,{"v":15.3317849899999,"d":"15.33"},{"v":0.009776916,"d":"0.01"},"0_20636000_678_652","F",{"v":0.215628713061,"d":"0.22"},{"v":2.2574337849e-05,"d":"0.00"},{"v":0.000346104894189,"d":"0.00"}]
[2,206,20636,{"v":9646.250242,"d":"9,646.25"},1524,{"v":0.157988852,"d":"0.16"},"G",430,20636000,{"v":9646.25024237,"d":"9,646.25"},107,173,280,{"v":94.31057952,"d":"94.31"},{"v":0.945243625,"d":"0.95"},{"v":264.668214999999,"d":"264.67"},{"v":15.3317849899999,"d":"15.33"},0,"0_20636000_678",{"v":9551.93966284999,"d":"9,551.94"},0,{"v":15.3317849899999,"d":"15.33"},{"v":0.009776916,"d":"0.01"},"0_20636000_678_653","F",{"v":0.683755050259,"d":"0.68"},{"v":7.1582848552e-05,"d":"0.00"},{"v":1.09749284296E-3,"d":"0.00"}]
[2,206,20636,{"v":9646.250242,"d":"9,646.25"},1524,{"v":0.157988852,"d":"0.16"},"G",430,20636000,{"v":9646.25024237,"d":"9,646.25"},107,173,280,{"v":94.31057952,"d":"94.31"},{"v":0.945243625,"d":"0.95"},{"v":264.668214999999,"d":"264.67"},{"v":15.3317849899999,"d":"15.33"},0,"0_20636000_678",{"v":9551.93966284999,"d":"9,551.94"},0,{"v":15.3317849899999,"d":"15.33"},{"v":0.009776916,"d":"0.01"},"0_20636000_678_654","F",{"v":10.4478534549,"d":"10.45"},{"v":1.09379391241E-3,"d":"0.00"},{"v":0.0167698130884,"d":"0.02"}]
[2,206,20636,{"v":9646.250242,"d":"9,646.25"},1524,{"v":0.157988852,"d":"0.16"},"G",430,20636000,{"v":9646.25024237,"d":"9,646.25"},107,173,280,{"v":94.31057952,"d":"94.31"},{"v":0.945243625,"d":"0.95"},{"v":264.668214999999,"d":"264.67"},{"v":15.3317849899999,"d":"15.33"},0,"0_20636000_678",{"v":9551.93966284999,"d":"9,551.94"},0,{"v":15.3317849899999,"d":"15.33"},{"v":0.009776916,"d":"0.01"},"0_20636000_678_655","G",{"v":43.6913519878999,"d":"43.69"},{"v":0.00457408165567,"d":"0.00"},{"v":0.0701288364714,"d":"0.07"}]
[2,206,20636,{"v":9646.250242,"d":"9,646.25"},1524,{"v":0.157988852,"d":"0.16"},"G",430,20636000,{"v":9646.25024237,"d":"9,646.25"},107,173,280,{"v":94.31057952,"d":"94.31"},{"v":0.945243625,"d":"0.95"},{"v":264.668214999999,"d":"264.67"},{"v":15.3317849899999,"d":"15.33"},0,"0_20636000_678",{"v":9551.93966284999,"d":"9,551.94"},0,{"v":15.3317849899999,"d":"15.33"},{"v":0.009776916,"d":"0.01"},"0_20636000_678_656","G",{"v":88.7742735008999,"d":"88.77"},{"v":0.00929384780833,"d":"0.01"},{"v":0.142491276327,"d":"0.14"}]
[2,206,20636,{"v":9646.250242,"d":"9,646.25"},1524,{"v":0.157988852,"d":"0.16"},"G",430,20636000,{"v":9646.25024237,"d":"9,646.25"},107,173,280,{"v":94.31057952,"d":"94.31"},{"v":0.945243625,"d":"0.95"},{"v":264.668214999999,"d":"264.67"},{"v":15.3317849899999,"d":"15.33"},0,"0_20636000_678",{"v":9551.93966284999,"d":"9,551.94"},0,{"v":15.3317849899999,"d":"15.33"},{"v":0.009776916,"d":"0.01"},"0_20636000_678_657","G",{"v":64.6258558681,"d":"64.63"},{"v":0.00676573116552,"d":"0.01"},{"v":0.10373073553,"d":"0.10"}]
[2,206,20636,{"v":9646.250242,"d":"9,646.25"},1524,{"v":0.157988852,"d":"0.16"},"G",430,20636000,{"v":9646.25024237,"d":"9,646.25"},107,173,280,{"v":94.31057952,"d":"94.31"},{"v":0.945243625,"d":"0.95"},{"v":264.668214999999,"d":"264.67"},{"v":15.3317849899999,"d":"15.33"},0,"0_20636000_678",{"v":9551.93966284999,"d":"9,551.94"},0,{"v":15.3317849899999,"d":"15.33"},{"v":0.009776916,"d":"0.01"},"0_20636000_678_658","G",{"v":0.0678401053363,"d":"0.07"},{"v":7.102233445e-06,"d":"0.00"},{"v":0.000108889916125,"d":"0.00"}]
[2,206,20636,{"v":9646.250242,"d":"9,646.25"},1524,{"v":0.157988852,"d":"0.16"},"G",430,20636000,{"v":9646.25024237,"d":"9,646.25"},107,173,280,{"v":94.31057952,"d":"94.31"},{"v":0.945243625,"d":"0.95"},{"v":264.668214999999,"d":"264.67"},{"v":15.3317849899999,"d":"15.33"},0,"0_20636000_678",{"v":9551.93966284999,"d":"9,551.94"},0,{"v":15.3317849899999,"d":"15.33"},{"v":0.009776916,"d":"0.01"},"0_20636000_678_659","G",{"v":0.359218256185,"d":"0.36"},{"v":3.7606838911e-05,"d":"0.00"},{"v":0.000576579968331,"d":"0.00"}]
[2,206,20636,{"v":9646.250242,"d":"9,646.25"},1524,{"v":0.157988852,"d":"0.16"},"G",430,20636000,{"v":9646.25024237,"d":"9,646.25"},107,173,280,{"v":94.31057952,"d":"94.31"},{"v":0.945243625,"d":"0.95"},{"v":264.668214999999,"d":"264.67"},{"v":15.3317849899999,"d":"15.33"},0,"0_20636000_678",{"v":9551.93966284999,"d":"9,551.94"},0,{"v":15.3317849899999,"d":"15.33"},{"v":0.009776916,"d":"0.01"},"0_20636000_678_660","G",{"v":1.00918083034,"d":"1.01"},{"v":1.0565192683E-4,"d":"0.00"},{"v":1.61983262594E-3,"d":"0.00"}]
[2,206,20636,{"v":9646.250242,"d":"9,646.25"},1524,{"v":0.157988852,"d":"0.16"},"G",430,20636000,{"v":9646.25024237,"d":"9,646.25"},107,173,280,{"v":94.31057952,"d":"94.31"},{"v":0.945243625,"d":"0.95"},{"v":264.668214999999,"d":"264.67"},{"v":15.3317849899999,"d":"15.33"},0,"0_20636000_678",{"v":9551.93966284999,"d":"9,551.94"},0,{"v":15.3317849899999,"d":"15.33"},{"v":0.009776916,"d":"0.01"},"0_20636000_678_661","G",{"v":0.437664207322,"d":"0.44"},{"v":4.5819406609e-05,"d":"0.00"},{"v":7.02493290506E-4,"d":"0.00"}]
[2,206,20636,{"v":9646.250242,"d":"9,646.25"},1524,{"v":0.157988852,"d":"0.16"},"G",430,20636000,{"v":9646.25024237,"d":"9,646.25"},107,173,280,{"v":94.31057952,"d":"94.31"},{"v":0.945243625,"d":"0.95"},{"v":264.668214999999,"d":"264.67"},{"v":15.3317849899999,"d":"15.33"},0,"0_20636000_678",{"v":9551.93966284999,"d":"9,551.94"},0,{"v":15.3317849899999,"d":"15.33"},{"v":0.009776916,"d":"0.01"},"0_20636000_678_662","G",{"v":0.0123764322018,"d":"0.01"},{"v":1.295698323e-06,"d":"0.00"},{"v":1.9865368098999998E-5,"d":"0.00"}]
[2,206,20636,{"v":9646.250242,"d":"9,646.25"},1524,{"v":0.157988852,"d":"0.16"},"G",430,20636000,{"v":9646.25024237,"d":"9,646.25"},107,173,280,{"v":94.31057952,"d":"94.31"},{"v":0.945243625,"d":"0.95"},{"v":264.668214999999,"d":"264.67"},{"v":15.3317849899999,"d":"15.33"},0,"0_20636000_678",{"v":9551.93966284999,"d":"9,551.94"},0,{"v":15.3317849899999,"d":"15.33"},{"v":0.009776916,"d":"0.01"},"0_20636000_678_663","G",{"v":0.0565604717412,"d":"0.06"},{"v":5.921359822e-06,"d":"0.00"},{"v":9.0785015638e-05,"d":"0.00"}]
[2,206,20636,{"v":9646.250242,"d":"9,646.25"},1524,{"v":0.157988852,"d":"0.16"},"G",430,20636000,{"v":9646.25024237,"d":"9,646.25"},107,173,280,{"v":94.31057952,"d":"94.31"},{"v":0.945243625,"d":"0.95"},{"v":264.668214999999,"d":"264.67"},{"v":15.3317849899999,"d":"15.33"},0,"0_20636000_678",{"v":9551.93966284999,"d":"9,551.94"},0,{"v":15.3317849899999,"d":"15.33"},{"v":0.009776916,"d":"0.01"},"0_20636000_678_664","G",{"v":47.6504850906,"d":"47.65"},{"v":0.00498856638259,"d":"0.00"},{"v":0.0764836271862,"d":"0.08"}]
[2,206,20636,{"v":9646.250242,"d":"9,646.25"},1524,{"v":0.157988852,"d":"0.16"},"G",430,20636000,{"v":9646.25024237,"d":"9,646.25"},107,173,280,{"v":94.31057952,"d":"94.31"},{"v":0.945243625,"d":"0.95"},{"v":264.668214999999,"d":"264.67"},{"v":15.3317849899999,"d":"15.33"},0,"0_20636000_678",{"v":9551.93966284999,"d":"9,551.94"},0,{"v":15.3317849899999,"d":"15.33"},{"v":0.009776916,"d":"0.01"},"0_20636000_678_665","G",{"v":0.0750847748022,"d":"0.08"},{"v":7.860683532e-06,"d":"0.00"},{"v":0.00012051830978,"d":"0.00"}]
[2,206,20636,{"v":9646.250242,"d":"9,646.25"},1524,{"v":0.157988852,"d":"0.16"},"G",430,20636000,{"v":9646.25024237,"d":"9,646.25"},107,173,280,{"v":94.31057952,"d":"94.31"},{"v":0.945243625,"d":"0.95"},{"v":264.668214999999,"d":"264.67"},{"v":15.3317849899999,"d":"15.33"},0,"0_20636000_678",{"v":9551.93966284999,"d":"9,551.94"},0,{"v":15.3317849899999,"d":"15.33"},{"v":0.009776916,"d":"0.01"},"0_20636000_678_666","G",{"v":1.29668939475E-3,"d":"0.00"},{"v":1.35751422E-7,"d":"0.00"},{"v":2.081311618e-06,"d":"0.00"}]
[2,206,20637,{"v":8133.06947,"d":"8,133.07"},2039,{"v":0.250704855,"d":"0.25"},"M",410,20637000,{"v":251.700039505,"d":"251.70"},68,310,378,{"v":96.68196208,"d":"96.68"},{"v":0.93996673,"d":"0.94"},{"v":355.307424099999,"d":"355.31"},{"v":22.6925759,"d":"22.69"},0,"0_20637000_679",{"v":155.018077427,"d":"155.02"},0,{"v":22.6925759,"d":"22.69"},{"v":0.3841158,"d":"0.38"},"0_20637000_679_667","außerhalb GKL",{"v":40.4322601095,"d":"40.43"},{"v":0.260822871633,"d":"0.26"},{"v":5.91874281099,"d":"5.92"}]
[2,206,20637,{"v":8133.06947,"d":"8,133.07"},2039,{"v":0.250704855,"d":"0.25"},"M",410,20637000,{"v":251.700039505,"d":"251.70"},68,310,378,{"v":96.68196208,"d":"96.68"},{"v":0.93996673,"d":"0.94"},{"v":355.307424099999,"d":"355.31"},{"v":22.6925759,"d":"22.69"},0,"0_20637000_679",{"v":155.018077427,"d":"155.02"},0,{"v":22.6925759,"d":"22.69"},{"v":0.3841158,"d":"0.38"},"0_20637000_679_668","außerhalb GKL",{"v":0.574720612134,"d":"0.57"},{"v":3.70744252331E-3,"d":"0.00"},{"v":0.0841314208551,"d":"0.08"}]
[2,206,20637,{"v":8133.06947,"d":"8,133.07"},2039,{"v":0.250704855,"d":"0.25"},"M",410,20637000,{"v":251.700039505,"d":"251.70"},68,310,378,{"v":96.68196208,"d":"96.68"},{"v":0.93996673,"d":"0.94"},{"v":355.307424099999,"d":"355.31"},{"v":22.6925759,"d":"22.69"},0,"0_20637000_679",{"v":155.018077427,"d":"155.02"},0,{"v":22.6925759,"d":"22.69"},{"v":0.3841158,"d":"0.38"},"0_20637000_679_669","außerhalb GKL",{"v":73.6492344738,"d":"73.65"},{"v":0.475100941105,"d":"0.48"},{"v":10.7812641662,"d":"10.78"}]
[2,206,20637,{"v":8133.06947,"d":"8,133.07"},2039,{"v":0.250704855,"d":"0.25"},"M",410,20637000,{"v":251.700039505,"d":"251.70"},68,310,378,{"v":96.68196208,"d":"96.68"},{"v":0.93996673,"d":"0.94"},{"v":355.307424099999,"d":"355.31"},{"v":22.6925759,"d":"22.69"},0,"0_20637000_679",{"v":155.018077427,"d":"155.02"},0,{"v":22.6925759,"d":"22.69"},{"v":0.3841158,"d":"0.38"},"0_20637000_679_670","außerhalb GKL",{"v":0.00244286238467,"d":"0.00"},{"v":1.5758564583e-05,"d":"0.00"},{"v":0.000357602422875,"d":"0.00"}]
[2,206,20637,{"v":8133.06947,"d":"8,133.07"},2039,{"v":0.250704855,"d":"0.25"},"M",410,20637000,{"v":251.700039505,"d":"251.70"},68,310,378,{"v":96.68196208,"d":"96.68"},{"v":0.93996673,"d":"0.94"},{"v":355.307424099999,"d":"355.31"},{"v":22.6925759,"d":"22.69"},0,"0_20637000_679",{"v":155.018077427,"d":"155.02"},0,{"v":22.6925759,"d":"22.69"},{"v":0.3841158,"d":"0.38"},"0_20637000_679_671","außerhalb GKL",{"v":0.0311873954862,"d":"0.03"},{"v":0.000201185539157,"d":"0.00"},{"v":0.0045654181173,"d":"0.00"}]
[2,206,20637,{"v":8133.06947,"d":"8,133.07"},2039,{"v":0.250704855,"d":"0.25"},"M",410,20637000,{"v":251.700039505,"d":"251.70"},68,310,378,{"v":96.68196208,"d":"96.68"},{"v":0.93996673,"d":"0.94"},{"v":355.307424099999,"d":"355.31"},{"v":22.6925759,"d":"22.69"},0,"0_20637000_679",{"v":155.018077427,"d":"155.02"},0,{"v":22.6925759,"d":"22.69"},{"v":0.3841158,"d":"0.38"},"0_20637000_679_672","außerhalb GKL",{"v":1.59493005085,"d":"1.59"},{"v":0.0102886713429,"d":"0.01"},{"v":0.233476455359,"d":"0.23"}]
[2,206,20637,{"v":8133.06947,"d":"8,133.07"},2039,{"v":0.250704855,"d":"0.25"},"M",410,20637000,{"v":251.700039505,"d":"251.70"},68,310,378,{"v":96.68196208,"d":"96.68"},{"v":0.93996673,"d":"0.94"},{"v":355.307424099999,"d":"355.31"},{"v":22.6925759,"d":"22.69"},0,"0_20637000_679",{"v":155.018077427,"d":"155.02"},0,{"v":22.6925759,"d":"22.69"},{"v":0.3841158,"d":"0.38"},"0_20637000_679_673","außerhalb GKL",{"v":0.0252764915384,"d":"0.03"},{"v":0.000163055122073,"d":"0.00"},{"v":3.70014073353E-3,"d":"0.00"}]
[2,206,20637,{"v":8133.06947,"d":"8,133.07"},2039,{"v":0.250704855,"d":"0.25"},"M",410,20637000,{"v":251.700039505,"d":"251.70"},68,310,378,{"v":96.68196208,"d":"96.68"},{"v":0.93996673,"d":"0.94"},{"v":355.307424099999,"d":"355.31"},{"v":22.6925759,"d":"22.69"},0,"0_20637000_679",{"v":155.018077427,"d":"155.02"},0,{"v":22.6925759,"d":"22.69"},{"v":0.3841158,"d":"0.38"},"0_20637000_679_674","C",{"v":3.02570647575,"d":"3.03"},{"v":0.0195184105362,"d":"0.02"},{"v":0.44292301254,"d":"0.44"}]
[2,206,20637,{"v":8133.06947,"d":"8,133.07"},2039,{"v":0.250704855,"d":"0.25"},"M",410,20637000,{"v":251.700039505,"d":"251.70"},68,310,378,{"v":96.68196208,"d":"96.68"},{"v":0.93996673,"d":"0.94"},{"v":355.307424099999,"d":"355.31"},{"v":22.6925759,"d":"22.69"},0,"0_20637000_679",{"v":155.018077427,"d":"155.02"},0,{"v":22.6925759,"d":"22.69"},{"v":0.3841158,"d":"0.38"},"0_20637000_679_675","D",{"v":7.31878272299,"d":"7.32"},{"v":0.0472124467318,"d":"0.05"},{"v":1.07137203089,"d":"1.07"}]
[2,206,20637,{"v":8133.06947,"d":"8,133.07"},2039,{"v":0.250704855,"d":"0.25"},"M",410,20637000,{"v":251.700039505,"d":"251.70"},68,310,378,{"v":96.68196208,"d":"96.68"},{"v":0.93996673,"d":"0.94"},{"v":355.307424099999,"d":"355.31"},{"v":22.6925759,"d":"22.69"},0,"0_20637000_679",{"v":155.018077427,"d":"155.02"},0,{"v":22.6925759,"d":"22.69"},{"v":0.3841158,"d":"0.38"},"0_20637000_679_676","E",{"v":2.53258264596,"d":"2.53"},{"v":0.016337337477,"d":"0.02"},{"v":0.370736270701,"d":"0.37"}]
[2,206,20637,{"v":8133.06947,"d":"8,133.07"},2039,{"v":0.250704855,"d":"0.25"},"M",410,20637000,{"v":251.700039505,"d":"251.70"},68,310,378,{"v":96.68196208,"d":"96.68"},{"v":0.93996673,"d":"0.94"},{"v":355.307424099999,"d":"355.31"},{"v":22.6925759,"d":"22.69"},0,"0_20637000_679",{"v":155.018077427,"d":"155.02"},0,{"v":22.6925759,"d":"22.69"},{"v":0.3841158,"d":"0.38"},"0_20637000_679_677","E",{"v":4.1113618069,"d":"4.11"},{"v":0.0265218216813,"d":"0.03"},{"v":0.601848451509,"d":"0.60"}]
[2,206,20637,{"v":8133.06947,"d":"8,133.07"},2039,{"v":0.250704855,"d":"0.25"},"M",410,20637000,{"v":251.700039505,"d":"251.70"},68,310,378,{"v":96.68196208,"d":"96.68"},{"v":0.93996673,"d":"0.94"},{"v":355.307424099999,"d":"355.31"},{"v":22.6925759,"d":"22.69"},0,"0_20637000_679",{"v":155.018077427,"d":"155.02"},0,{"v":22.6925759,"d":"22.69"},{"v":0.3841158,"d":"0.38"},"0_20637000_679_678","E",{"v":0.184856314165,"d":"0.18"},{"v":1.19248230421E-3,"d":"0.00"},{"v":0.0270604951977,"d":"0.03"}]
[2,206,20637,{"v":8133.06947,"d":"8,133.07"},2039,{"v":0.250704855,"d":"0.25"},"M",410,20637000,{"v":251.700039505,"d":"251.70"},68,310,378,{"v":96.68196208,"d":"96.68"},{"v":0.93996673,"d":"0.94"},{"v":355.307424099999,"d":"355.31"},{"v":22.6925759,"d":"22.69"},0,"0_20637000_679",{"v":155.018077427,"d":"155.02"},0,{"v":22.6925759,"d":"22.69"},{"v":0.3841158,"d":"0.38"},"0_20637000_679_679","E",{"v":0.000718886752373,"d":"0.00"},{"v":4.63743819e-06,"d":"0.00"},{"v":0.000105235418104,"d":"0.00"}]
[2,206,20637,{"v":8133.06947,"d":"8,133.07"},2039,{"v":0.250704855,"d":"0.25"},"M",410,20637000,{"v":251.700039505,"d":"251.70"},68,310,378,{"v":96.68196208,"d":"96.68"},{"v":0.93996673,"d":"0.94"},{"v":355.307424099999,"d":"355.31"},{"v":22.6925759,"d":"22.69"},0,"0_20637000_679",{"v":155.018077427,"d":"155.02"},0,{"v":22.6925759,"d":"22.69"},{"v":0.3841158,"d":"0.38"},"0_20637000_679_680","E",{"v":1.08906796962,"d":"1.09"},{"v":0.00702542560001,"d":"0.01"},{"v":0.159425003658,"d":"0.16"}]
[2,206,20637,{"v":8133.06947,"d":"8,133.07"},2039,{"v":0.250704855,"d":"0.25"},"M",410,20637000,{"v":251.700039505,"d":"251.70"},68,310,378,{"v":96.68196208,"d":"96.68"},{"v":0.93996673,"d":"0.94"},{"v":355.307424099999,"d":"355.31"},{"v":22.6925759,"d":"22.69"},0,"0_20637000_679",{"v":155.018077427,"d":"155.02"},0,{"v":22.6925759,"d":"22.69"},{"v":0.3841158,"d":"0.38"},"0_20637000_679_681","F",{"v":3.93780435422,"d":"3.94"},{"v":0.0254022267569,"d":"0.03"},{"v":0.57644195871,"d":"0.58"}]
[2,206,20637,{"v":8133.06947,"d":"8,133.07"},2039,{"v":0.250704855,"d":"0.25"},"M",410,20637000,{"v":251.700039505,"d":"251.70"},68,310,378,{"v":96.68196208,"d":"96.68"},{"v":0.93996673,"d":"0.94"},{"v":355.307424099999,"d":"355.31"},{"v":22.6925759,"d":"22.69"},0,"0_20637000_679",{"v":155.018077427,"d":"155.02"},0,{"v":22.6925759,"d":"22.69"},{"v":0.3841158,"d":"0.38"},"0_20637000_679_682","F",{"v":0.060113542255,"d":"0.06"},{"v":0.000387784078172,"d":"0.00"},{"v":0.00879981962673,"d":"0.01"}]
[2,206,20637,{"v":8133.06947,"d":"8,133.07"},2039,{"v":0.250704855,"d":"0.25"},"M",410,20637000,{"v":251.700039505,"d":"251.70"},68,310,378,{"v":96.68196208,"d":"96.68"},{"v":0.93996673,"d":"0.94"},{"v":355.307424099999,"d":"355.31"},{"v":22.6925759,"d":"22.69"},0,"0_20637000_679",{"v":155.018077427,"d":"155.02"},0,{"v":22.6925759,"d":"22.69"},{"v":0.3841158,"d":"0.38"},"0_20637000_679_683","F",{"v":1.86338321437,"d":"1.86"},{"v":0.0120204252646,"d":"0.01"},{"v":0.272774412667,"d":"0.27"}]
[2,206,20637,{"v":8133.06947,"d":"8,133.07"},2039,{"v":0.250704855,"d":"0.25"},"M",410,20637000,{"v":251.700039505,"d":"251.70"},68,310,378,{"v":96.68196208,"d":"96.68"},{"v":0.93996673,"d":"0.94"},{"v":355.307424099999,"d":"355.31"},{"v":22.6925759,"d":"22.69"},0,"0_20637000_679",{"v":155.018077427,"d":"155.02"},0,{"v":22.6925759,"d":"22.69"},{"v":0.3841158,"d":"0.38"},"0_20637000_679_684","F",{"v":1.04550163466,"d":"1.05"},{"v":6.74438524857E-3,"d":"0.01"},{"v":0.153047474152,"d":"0.15"}]
[2,206,20637,{"v":8133.06947,"d":"8,133.07"},2039,{"v":0.250704855,"d":"0.25"},"M",410,20637000,{"v":251.700039505,"d":"251.70"},68,310,378,{"v":96.68196208,"d":"96.68"},{"v":0.93996673,"d":"0.94"},{"v":355.307424099999,"d":"355.31"},{"v":22.6925759,"d":"22.69"},0,"0_20637000_679",{"v":155.018077427,"d":"155.02"},0,{"v":22.6925759,"d":"22.69"},{"v":0.3841158,"d":"0.38"},"0_20637000_679_685","F",{"v":0.662085809903,"d":"0.66"},{"v":0.00427102323092,"d":"0.00"},{"v":0.0969205188383,"d":"0.10"}]
[2,206,20637,{"v":8133.06947,"d":"8,133.07"},2039,{"v":0.250704855,"d":"0.25"},"M",410,20637000,{"v":251.700039505,"d":"251.70"},68,310,378,{"v":96.68196208,"d":"96.68"},{"v":0.93996673,"d":"0.94"},{"v":355.307424099999,"d":"355.31"},{"v":22.6925759,"d":"22.69"},0,"0_20637000_679",{"v":155.018077427,"d":"155.02"},0,{"v":22.6925759,"d":"22.69"},{"v":0.3841158,"d":"0.38"},"0_20637000_679_686","G",{"v":8.17042018803,"d":"8.17"},{"v":0.0527062412568,"d":"0.05"},{"v":1.19604038012,"d":"1.20"}]
[2,206,20637,{"v":8133.06947,"d":"8,133.07"},2039,{"v":0.250704855,"d":"0.25"},"M",410,20637000,{"v":251.700039505,"d":"251.70"},68,310,378,{"v":96.68196208,"d":"96.68"},{"v":0.93996673,"d":"0.94"},{"v":355.307424099999,"d":"355.31"},{"v":22.6925759,"d":"22.69"},0,"0_20637000_679",{"v":155.018077427,"d":"155.02"},0,{"v":22.6925759,"d":"22.69"},{"v":0.3841158,"d":"0.38"},"0_20637000_679_687","G",{"v":0.876429336574,"d":"0.88"},{"v":0.00565372343098,"d":"0.01"},{"v":0.128297548075,"d":"0.13"}]
[2,206,20637,{"v":8133.06947,"d":"8,133.07"},2039,{"v":0.250704855,"d":"0.25"},"M",410,20637000,{"v":251.700039505,"d":"251.70"},68,310,378,{"v":96.68196208,"d":"96.68"},{"v":0.93996673,"d":"0.94"},{"v":355.307424099999,"d":"355.31"},{"v":22.6925759,"d":"22.69"},0,"0_20637000_679",{"v":155.018077427,"d":"155.02"},0,{"v":22.6925759,"d":"22.69"},{"v":0.3841158,"d":"0.38"},"0_20637000_679_688","G",{"v":1.11743471419,"d":"1.12"},{"v":0.00720841551345,"d":"0.01"},{"v":0.163577516158,"d":"0.16"}]
[2,206,20637,{"v":8133.06947,"d":"8,133.07"},2039,{"v":0.250704855,"d":"0.25"},"M",410,20637000,{"v":251.700039505,"d":"251.70"},68,310,378,{"v":96.68196208,"d":"96.68"},{"v":0.93996673,"d":"0.94"},{"v":355.307424099999,"d":"355.31"},{"v":22.6925759,"d":"22.69"},0,"0_20637000_679",{"v":155.018077427,"d":"155.02"},0,{"v":22.6925759,"d":"22.69"},{"v":0.3841158,"d":"0.38"},"0_20637000_679_689","G",{"v":2.71177581534,"d":"2.71"},{"v":0.0174932876239,"d":"0.02"},{"v":0.396967757146,"d":"0.40"}]
[2,206,20640,{"v":3720.582308,"d":"3,720.58"},1214,{"v":0.32629301,"d":"0.33"},"M",410,20640000,{"v":3720.58230808,"d":"3,720.58"},80,443,523,{"v":112.895516099999,"d":"112.90"},{"v":0.93996673,"d":"0.94"},{"v":491.602599999999,"d":"491.60"},{"v":31.39739999,"d":"31.40"},0,"0_20640000_683",{"v":3607.68679198,"d":"3,607.69"},0,{"v":31.39739999,"d":"31.40"},{"v":0.030343507,"d":"0.03"},"0_20640000_683_690","außerhalb GKL",{"v":3366.33414222,"d":"3,366.33"},{"v":0.933100442562,"d":"0.93"},{"v":29.296927826,"d":"29.30"}]
[2,206,20640,{"v":3720.582308,"d":"3,720.58"},1214,{"v":0.32629301,"d":"0.33"},"M",410,20640000,{"v":3720.58230808,"d":"3,720.58"},80,443,523,{"v":112.895516099999,"d":"112.90"},{"v":0.93996673,"d":"0.94"},{"v":491.602599999999,"d":"491.60"},{"v":31.39739999,"d":"31.40"},0,"0_20640000_683",{"v":3607.68679198,"d":"3,607.69"},0,{"v":31.39739999,"d":"31.40"},{"v":0.030343507,"d":"0.03"},"0_20640000_683_691","außerhalb GKL",{"v":3.32521747971,"d":"3.33"},{"v":0.000921703482437,"d":"0.00"},{"v":0.0289390929103,"d":"0.03"}]
[2,206,20640,{"v":3720.582308,"d":"3,720.58"},1214,{"v":0.32629301,"d":"0.33"},"M",410,20640000,{"v":3720.58230808,"d":"3,720.58"},80,443,523,{"v":112.895516099999,"d":"112.90"},{"v":0.93996673,"d":"0.94"},{"v":491.602599999999,"d":"491.60"},{"v":31.39739999,"d":"31.40"},0,"0_20640000_683",{"v":3607.68679198,"d":"3,607.69"},0,{"v":31.39739999,"d":"31.40"},{"v":0.030343507,"d":"0.03"},"0_20640000_683_692","außerhalb GKL",{"v":0.79154703001,"d":"0.79"},{"v":0.000219405695575,"d":"0.00"},{"v":0.00688876838405,"d":"0.01"}]
[2,206,20640,{"v":3720.582308,"d":"3,720.58"},1214,{"v":0.32629301,"d":"0.33"},"M",410,20640000,{"v":3720.58230808,"d":"3,720.58"},80,443,523,{"v":112.895516099999,"d":"112.90"},{"v":0.93996673,"d":"0.94"},{"v":491.602599999999,"d":"491.60"},{"v":31.39739999,"d":"31.40"},0,"0_20640000_683",{"v":3607.68679198,"d":"3,607.69"},0,{"v":31.39739999,"d":"31.40"},{"v":0.030343507,"d":"0.03"},"0_20640000_683_693","E",{"v":7.51816277878E-4,"d":"0.00"},{"v":2.0839289E-7,"d":"0.00"},{"v":6.542994932e-06,"d":"0.00"}]
[2,206,20640,{"v":3720.582308,"d":"3,720.58"},1214,{"v":0.32629301,"d":"0.33"},"M",410,20640000,{"v":3720.58230808,"d":"3,720.58"},80,443,523,{"v":112.895516099999,"d":"112.90"},{"v":0.93996673,"d":"0.94"},{"v":491.602599999999,"d":"491.60"},{"v":31.39739999,"d":"31.40"},0,"0_20640000_683",{"v":3607.68679198,"d":"3,607.69"},0,{"v":31.39739999,"d":"31.40"},{"v":0.030343507,"d":"0.03"},"0_20640000_683_694","F",{"v":6.40043469041,"d":"6.40"},{"v":0.0017741104091,"d":"0.00"},{"v":0.0557024541409,"d":"0.06"}]
[2,206,20640,{"v":3720.582308,"d":"3,720.58"},1214,{"v":0.32629301,"d":"0.33"},"M",410,20640000,{"v":3720.58230808,"d":"3,720.58"},80,443,523,{"v":112.895516099999,"d":"112.90"},{"v":0.93996673,"d":"0.94"},{"v":491.602599999999,"d":"491.60"},{"v":31.39739999,"d":"31.40"},0,"0_20640000_683",{"v":3607.68679198,"d":"3,607.69"},0,{"v":31.39739999,"d":"31.40"},{"v":0.030343507,"d":"0.03"},"0_20640000_683_695","F",{"v":0.000156500296945,"d":"0.00"},{"v":4.337968e-08,"d":"0.00"},{"v":1.36200915E-6,"d":"0.00"}]
[2,206,20640,{"v":3720.582308,"d":"3,720.58"},1214,{"v":0.32629301,"d":"0.33"},"M",410,20640000,{"v":3720.58230808,"d":"3,720.58"},80,443,523,{"v":112.895516099999,"d":"112.90"},{"v":0.93996673,"d":"0.94"},{"v":491.602599999999,"d":"491.60"},{"v":31.39739999,"d":"31.40"},0,"0_20640000_683",{"v":3607.68679198,"d":"3,607.69"},0,{"v":31.39739999,"d":"31.40"},{"v":0.030343507,"d":"0.03"},"0_20640000_683_696","F",{"v":0.0793895479426,"d":"0.08"},{"v":2.200566527e-05,"d":"0.00"},{"v":0.000690920674522,"d":"0.00"}]
[2,206,20640,{"v":3720.582308,"d":"3,720.58"},1214,{"v":0.32629301,"d":"0.33"},"M",410,20640000,{"v":3720.58230808,"d":"3,720.58"},80,443,523,{"v":112.895516099999,"d":"112.90"},{"v":0.93996673,"d":"0.94"},{"v":491.602599999999,"d":"491.60"},{"v":31.39739999,"d":"31.40"},0,"0_20640000_683",{"v":3607.68679198,"d":"3,607.69"},0,{"v":31.39739999,"d":"31.40"},{"v":0.030343507,"d":"0.03"},"0_20640000_683_697","F",{"v":8.70936298302999,"d":"8.71"},{"v":0.0024141128333,"d":"0.00"},{"v":0.0757968662481,"d":"0.08"}]
[2,206,20640,{"v":3720.582308,"d":"3,720.58"},1214,{"v":0.32629301,"d":"0.33"},"M",410,20640000,{"v":3720.58230808,"d":"3,720.58"},80,443,523,{"v":112.895516099999,"d":"112.90"},{"v":0.93996673,"d":"0.94"},{"v":491.602599999999,"d":"491.60"},{"v":31.39739999,"d":"31.40"},0,"0_20640000_683",{"v":3607.68679198,"d":"3,607.69"},0,{"v":31.39739999,"d":"31.40"},{"v":0.030343507,"d":"0.03"},"0_20640000_683_698","F",{"v":0.0765152279704,"d":"0.08"},{"v":2.120894423e-05,"d":"0.00"},{"v":0.000665905705355,"d":"0.00"}]
[2,206,20640,{"v":3720.582308,"d":"3,720.58"},1214,{"v":0.32629301,"d":"0.33"},"M",410,20640000,{"v":3720.58230808,"d":"3,720.58"},80,443,523,{"v":112.895516099999,"d":"112.90"},{"v":0.93996673,"d":"0.94"},{"v":491.602599999999,"d":"491.60"},{"v":31.39739999,"d":"31.40"},0,"0_20640000_683",{"v":3607.68679198,"d":"3,607.69"},0,{"v":31.39739999,"d":"31.40"},{"v":0.030343507,"d":"0.03"},"0_20640000_683_699","F",{"v":0.139464737477,"d":"0.14"},{"v":3.8657662241E-5,"d":"0.00"},{"v":0.00121375008407,"d":"0.00"}]
[2,206,20640,{"v":3720.582308,"d":"3,720.58"},1214,{"v":0.32629301,"d":"0.33"},"M",410,20640000,{"v":3720.58230808,"d":"3,720.58"},80,443,523,{"v":112.895516099999,"d":"112.90"},{"v":0.93996673,"d":"0.94"},{"v":491.602599999999,"d":"491.60"},{"v":31.39739999,"d":"31.40"},0,"0_20640000_683",{"v":3607.68679198,"d":"3,607.69"},0,{"v":31.39739999,"d":"31.40"},{"v":0.030343507,"d":"0.03"},"0_20640000_683_700","F",{"v":1.27266640596,"d":"1.27"},{"v":0.00035276521476,"d":"0.00"},{"v":0.0110759105504,"d":"0.01"}]
[2,206,20640,{"v":3720.582308,"d":"3,720.58"},1214,{"v":0.32629301,"d":"0.33"},"M",410,20640000,{"v":3720.58230808,"d":"3,720.58"},80,443,523,{"v":112.895516099999,"d":"112.90"},{"v":0.93996673,"d":"0.94"},{"v":491.602599999999,"d":"491.60"},{"v":31.39739999,"d":"31.40"},0,"0_20640000_683",{"v":3607.68679198,"d":"3,607.69"},0,{"v":31.39739999,"d":"31.40"},{"v":0.030343507,"d":"0.03"},"0_20640000_683_701","F",{"v":0.439496442582,"d":"0.44"},{"v":0.000121822227905,"d":"0.00"},{"v":0.00382490121721,"d":"0.00"}]
[2,206,20640,{"v":3720.582308,"d":"3,720.58"},1214,{"v":0.32629301,"d":"0.33"},"M",410,20640000,{"v":3720.58230808,"d":"3,720.58"},80,443,523,{"v":112.895516099999,"d":"112.90"},{"v":0.93996673,"d":"0.94"},{"v":491.602599999999,"d":"491.60"},{"v":31.39739999,"d":"31.40"},0,"0_20640000_683",{"v":3607.68679198,"d":"3,607.69"},0,{"v":31.39739999,"d":"31.40"},{"v":0.030343507,"d":"0.03"},"0_20640000_683_702","F",{"v":0.447086015245,"d":"0.45"},{"v":0.000123925950623,"d":"0.00"},{"v":0.00389095264085,"d":"0.00"}]
[2,206,20640,{"v":3720.582308,"d":"3,720.58"},1214,{"v":0.32629301,"d":"0.33"},"M",410,20640000,{"v":3720.58230808,"d":"3,720.58"},80,443,523,{"v":112.895516099999,"d":"112.90"},{"v":0.93996673,"d":"0.94"},{"v":491.602599999999,"d":"491.60"},{"v":31.39739999,"d":"31.40"},0,"0_20640000_683",{"v":3607.68679198,"d":"3,607.69"},0,{"v":31.39739999,"d":"31.40"},{"v":0.030343507,"d":"0.03"},"0_20640000_683_703","F",{"v":1.71952272642,"d":"1.72"},{"v":0.000476627497221,"d":"0.00"},{"v":0.0149648641765,"d":"0.01"}]
[2,206,20640,{"v":3720.582308,"d":"3,720.58"},1214,{"v":0.32629301,"d":"0.33"},"M",410,20640000,{"v":3720.58230808,"d":"3,720.58"},80,443,523,{"v":112.895516099999,"d":"112.90"},{"v":0.93996673,"d":"0.94"},{"v":491.602599999999,"d":"491.60"},{"v":31.39739999,"d":"31.40"},0,"0_20640000_683",{"v":3607.68679198,"d":"3,607.69"},0,{"v":31.39739999,"d":"31.40"},{"v":0.030343507,"d":"0.03"},"0_20640000_683_704","F",{"v":0.0719662436471,"d":"0.07"},{"v":1.9948029803e-05,"d":"0.00"},{"v":0.000626316270744,"d":"0.00"}]
[2,206,20640,{"v":3720.582308,"d":"3,720.58"},1214,{"v":0.32629301,"d":"0.33"},"M",410,20640000,{"v":3720.58230808,"d":"3,720.58"},80,443,523,{"v":112.895516099999,"d":"112.90"},{"v":0.93996673,"d":"0.94"},{"v":491.602599999999,"d":"491.60"},{"v":31.39739999,"d":"31.40"},0,"0_20640000_683",{"v":3607.68679198,"d":"3,607.69"},0,{"v":31.39739999,"d":"31.40"},{"v":0.030343507,"d":"0.03"},"0_20640000_683_705","F",{"v":6.32440676465,"d":"6.32"},{"v":1.75303653818E-3,"d":"0.00"},{"v":0.0550407893863,"d":"0.06"}]
[2,206,20640,{"v":3720.582308,"d":"3,720.58"},1214,{"v":0.32629301,"d":"0.33"},"M",410,20640000,{"v":3720.58230808,"d":"3,720.58"},80,443,523,{"v":112.895516099999,"d":"112.90"},{"v":0.93996673,"d":"0.94"},{"v":491.602599999999,"d":"491.60"},{"v":31.39739999,"d":"31.40"},0,"0_20640000_683",{"v":3607.68679198,"d":"3,607.69"},0,{"v":31.39739999,"d":"31.40"},{"v":0.030343507,"d":"0.03"},"0_20640000_683_706","F",{"v":0.00928133937099,"d":"0.01"},{"v":2.572656637e-06,"d":"0.00"},{"v":8.0774729481e-05,"d":"0.00"}]
[2,206,20640,{"v":3720.582308,"d":"3,720.58"},1214,{"v":0.32629301,"d":"0.33"},"M",410,20640000,{"v":3720.58230808,"d":"3,720.58"},80,443,523,{"v":112.895516099999,"d":"112.90"},{"v":0.93996673,"d":"0.94"},{"v":491.602599999999,"d":"491.60"},{"v":31.39739999,"d":"31.40"},0,"0_20640000_683",{"v":3607.68679198,"d":"3,607.69"},0,{"v":31.39739999,"d":"31.40"},{"v":0.030343507,"d":"0.03"},"0_20640000_683_707","F",{"v":7.09248860446,"d":"7.09"},{"v":0.00196593801331,"d":"0.00"},{"v":0.0617253421594,"d":"0.06"}]
[2,206,20640,{"v":3720.582308,"d":"3,720.58"},1214,{"v":0.32629301,"d":"0.33"},"M",410,20640000,{"v":3720.58230808,"d":"3,720.58"},80,443,523,{"v":112.895516099999,"d":"112.90"},{"v":0.93996673,"d":"0.94"},{"v":491.602599999999,"d":"491.60"},{"v":31.39739999,"d":"31.40"},0,"0_20640000_683",{"v":3607.68679198,"d":"3,607.69"},0,{"v":31.39739999,"d":"31.40"},{"v":0.030343507,"d":"0.03"},"0_20640000_683_708","G",{"v":28.372004945,"d":"28.37"},{"v":0.0078643204305,"d":"0.01"},{"v":0.246919214206,"d":"0.25"}]
[2,206,20640,{"v":3720.582308,"d":"3,720.58"},1214,{"v":0.32629301,"d":"0.33"},"M",410,20640000,{"v":3720.58230808,"d":"3,720.58"},80,443,523,{"v":112.895516099999,"d":"112.90"},{"v":0.93996673,"d":"0.94"},{"v":491.602599999999,"d":"491.60"},{"v":31.39739999,"d":"31.40"},0,"0_20640000_683",{"v":3607.68679198,"d":"3,607.69"},0,{"v":31.39739999,"d":"31.40"},{"v":0.030343507,"d":"0.03"},"0_20640000_683_709","G",{"v":89.0036394675999,"d":"89.00"},{"v":0.0246705561207,"d":"0.02"},{"v":0.774591318497,"d":"0.77"}]
[2,206,20640,{"v":3720.582308,"d":"3,720.58"},1214,{"v":0.32629301,"d":"0.33"},"M",410,20640000,{"v":3720.58230808,"d":"3,720.58"},80,443,523,{"v":112.895516099999,"d":"112.90"},{"v":0.93996673,"d":"0.94"},{"v":491.602599999999,"d":"491.60"},{"v":31.39739999,"d":"31.40"},0,"0_20640000_683",{"v":3607.68679198,"d":"3,607.69"},0,{"v":31.39739999,"d":"31.40"},{"v":0.030343507,"d":"0.03"},"0_20640000_683_710","G",{"v":3.50431480383,"d":"3.50"},{"v":0.000971346739861,"d":"0.00"},{"v":0.0304977621204,"d":"0.03"}]
[2,206,20640,{"v":3720.582308,"d":"3,720.58"},1214,{"v":0.32629301,"d":"0.33"},"M",410,20640000,{"v":3720.58230808,"d":"3,720.58"},80,443,523,{"v":112.895516099999,"d":"112.90"},{"v":0.93996673,"d":"0.94"},{"v":491.602599999999,"d":"491.60"},{"v":31.39739999,"d":"31.40"},0,"0_20640000_683",{"v":3607.68679198,"d":"3,607.69"},0,{"v":31.39739999,"d":"31.40"},{"v":0.030343507,"d":"0.03"},"0_20640000_683_711","G",{"v":20.122207392,"d":"20.12"},{"v":0.00557759266595,"d":"0.01"},{"v":0.175121907914,"d":"0.18"}]
[2,206,20640,{"v":3720.582308,"d":"3,720.58"},1214,{"v":0.32629301,"d":"0.33"},"M",410,20640000,{"v":3720.58230808,"d":"3,720.58"},80,443,523,{"v":112.895516099999,"d":"112.90"},{"v":0.93996673,"d":"0.94"},{"v":491.602599999999,"d":"491.60"},{"v":31.39739999,"d":"31.40"},0,"0_20640000_683",{"v":3607.68679198,"d":"3,607.69"},0,{"v":31.39739999,"d":"31.40"},{"v":0.030343507,"d":"0.03"},"0_20640000_683_712","G",{"v":0.0582211259058,"d":"0.06"},{"v":1.613807663e-05,"d":"0.00"},{"v":0.000506693647018,"d":"0.00"}]
[2,206,20640,{"v":3720.582308,"d":"3,720.58"},1214,{"v":0.32629301,"d":"0.33"},"M",410,20640000,{"v":3720.58230808,"d":"3,720.58"},80,443,523,{"v":112.895516099999,"d":"112.90"},{"v":0.93996673,"d":"0.94"},{"v":491.602599999999,"d":"491.60"},{"v":31.39739999,"d":"31.40"},0,"0_20640000_683",{"v":3607.68679198,"d":"3,607.69"},0,{"v":31.39739999,"d":"31.40"},{"v":0.030343507,"d":"0.03"},"0_20640000_683_713","G",{"v":37.8422543076,"d":"37.84"},{"v":0.0104893402586,"d":"0.01"},{"v":0.32933801173,"d":"0.33"}]
[2,206,20640,{"v":3720.582308,"d":"3,720.58"},1214,{"v":0.32629301,"d":"0.33"},"M",410,20640000,{"v":3720.58230808,"d":"3,720.58"},80,443,523,{"v":112.895516099999,"d":"112.90"},{"v":0.93996673,"d":"0.94"},{"v":491.602599999999,"d":"491.60"},{"v":31.39739999,"d":"31.40"},0,"0_20640000_683",{"v":3607.68679198,"d":"3,607.69"},0,{"v":31.39739999,"d":"31.40"},{"v":0.030343507,"d":"0.03"},"0_20640000_683_714","G",{"v":0.79216398499,"d":"0.79"},{"v":2.19576706811E-4,"d":"0.00"},{"v":0.00689413769223,"d":"0.01"}]
[2,206,20640,{"v":3720.582308,"d":"3,720.58"},1214,{"v":0.32629301,"d":"0.33"},"M",410,20640000,{"v":3720.58230808,"d":"3,720.58"},80,443,523,{"v":112.895516099999,"d":"112.90"},{"v":0.93996673,"d":"0.94"},{"v":491.602599999999,"d":"491.60"},{"v":31.39739999,"d":"31.40"},0,"0_20640000_683",{"v":3607.68679198,"d":"3,607.69"},0,{"v":31.39739999,"d":"31.40"},{"v":0.030343507,"d":"0.03"},"0_20640000_683_715","G",{"v":0.000200382010542,"d":"0.00"},{"v":5.5543073e-08,"d":"0.00"},{"v":1.743908077e-06,"d":"0.00"}]
[2,206,20640,{"v":3720.582308,"d":"3,720.58"},1214,{"v":0.32629301,"d":"0.33"},"M",410,20640000,{"v":3720.58230808,"d":"3,720.58"},80,443,523,{"v":112.895516099999,"d":"112.90"},{"v":0.93996673,"d":"0.94"},{"v":491.602599999999,"d":"491.60"},{"v":31.39739999,"d":"31.40"},0,"0_20640000_683",{"v":3607.68679198,"d":"3,607.69"},0,{"v":31.39739999,"d":"31.40"},{"v":0.030343507,"d":"0.03"},"0_20640000_683_716","G",{"v":24.5456885581,"d":"24.55"},{"v":0.00680371938403,"d":"0.01"},{"v":0.21361909892,"d":"0.21"}]
[2,206,20640,{"v":3720.582308,"d":"3,720.58"},1214,{"v":0.32629301,"d":"0.33"},"M",410,20640000,{"v":3720.58230808,"d":"3,720.58"},80,443,523,{"v":112.895516099999,"d":"112.90"},{"v":0.93996673,"d":"0.94"},{"v":491.602599999999,"d":"491.60"},{"v":31.39739999,"d":"31.40"},0,"0_20640000_683",{"v":3607.68679198,"d":"3,607.69"},0,{"v":31.39739999,"d":"31.40"},{"v":0.030343507,"d":"0.03"},"0_20640000_683_717","G",{"v":0.212200236813,"d":"0.21"},{"v":5.8818918894e-05,"d":"0.00"},{"v":0.0018467611235,"d":"0.00"}]
[5,502,50204,{"v":8209.41417999999,"d":"8,209.41"},4313,{"v":0.525372445,"d":"0.53"},"M",310,50204000,{"v":93.5842529149999,"d":"93.58"},111,656,767,{"v":67.3413821399999,"d":"67.34"},{"v":0.967661341,"d":"0.97"},{"v":742.1962485,"d":"742.20"},{"v":24.8037515199999,"d":"24.80"},0,"0_50204000_4253",{"v":26.2428707716,"d":"26.24"},0,{"v":24.8037515199999,"d":"24.80"},{"v":0.719580272,"d":"0.72"},"0_50204000_4253_718","außerhalb GKL",{"v":0.678052751744,"d":"0.68"},{"v":0.0258375982432,"d":"0.03"},{"v":0.640869366698,"d":"0.64"}]
[5,502,50204,{"v":8209.41417999999,"d":"8,209.41"},4313,{"v":0.525372445,"d":"0.53"},"M",310,50204000,{"v":93.5842529149999,"d":"93.58"},111,656,767,{"v":67.3413821399999,"d":"67.34"},{"v":0.967661341,"d":"0.97"},{"v":742.1962485,"d":"742.20"},{"v":24.8037515199999,"d":"24.80"},0,"0_50204000_4253",{"v":26.2428707716,"d":"26.24"},0,{"v":24.8037515199999,"d":"24.80"},{"v":0.719580272,"d":"0.72"},"0_50204000_4253_719","außerhalb GKL",{"v":0.0379138419509,"d":"0.04"},{"v":0.00144472920973,"d":"0.00"},{"v":0.0358347043318,"d":"0.04"}]
[5,502,50204,{"v":8209.41417999999,"d":"8,209.41"},4313,{"v":0.525372445,"d":"0.53"},"M",310,50204000,{"v":93.5842529149999,"d":"93.58"},111,656,767,{"v":67.3413821399999,"d":"67.34"},{"v":0.967661341,"d":"0.97"},{"v":742.1962485,"d":"742.20"},{"v":24.8037515199999,"d":"24.80"},0,"0_50204000_4253",{"v":26.2428707716,"d":"26.24"},0,{"v":24.8037515199999,"d":"24.80"},{"v":0.719580272,"d":"0.72"},"0_50204000_4253_720","A",{"v":4.49001655358E-4,"d":"0.00"},{"v":1.7109471722e-05,"d":"0.00"},{"v":4.24379085219E-4,"d":"0.00"}]
[5,502,50204,{"v":8209.41417999999,"d":"8,209.41"},4313,{"v":0.525372445,"d":"0.53"},"M",310,50204000,{"v":93.5842529149999,"d":"93.58"},111,656,767,{"v":67.3413821399999,"d":"67.34"},{"v":0.967661341,"d":"0.97"},{"v":742.1962485,"d":"742.20"},{"v":24.8037515199999,"d":"24.80"},0,"0_50204000_4253",{"v":26.2428707716,"d":"26.24"},0,{"v":24.8037515199999,"d":"24.80"},{"v":0.719580272,"d":"0.72"},"0_50204000_4253_721","B",{"v":0.0086237661442,"d":"0.01"},{"v":0.000328613672614,"d":"0.00"},{"v":0.00815085188159,"d":"0.01"}]
[5,502,50204,{"v":8209.41417999999,"d":"8,209.41"},4313,{"v":0.525372445,"d":"0.53"},"M",310,50204000,{"v":93.5842529149999,"d":"93.58"},111,656,767,{"v":67.3413821399999,"d":"67.34"},{"v":0.967661341,"d":"0.97"},{"v":742.1962485,"d":"742.20"},{"v":24.8037515199999,"d":"24.80"},0,"0_50204000_4253",{"v":26.2428707716,"d":"26.24"},0,{"v":24.8037515199999,"d":"24.80"},{"v":0.719580272,"d":"0.72"},"0_50204000_4253_722","B",{"v":0.866335960673,"d":"0.87"},{"v":0.0330122404753,"d":"0.03"},{"v":0.818827409868,"d":"0.82"}]
[5,502,50204,{"v":8209.41417999999,"d":"8,209.41"},4313,{"v":0.525372445,"d":"0.53"},"M",310,50204000,{"v":93.5842529149999,"d":"93.58"},111,656,767,{"v":67.3413821399999,"d":"67.34"},{"v":0.967661341,"d":"0.97"},{"v":742.1962485,"d":"742.20"},{"v":24.8037515199999,"d":"24.80"},0,"0_50204000_4253",{"v":26.2428707716,"d":"26.24"},0,{"v":24.8037515199999,"d":"24.80"},{"v":0.719580272,"d":"0.72"},"0_50204000_4253_723","C",{"v":0.267621855462,"d":"0.27"},{"v":0.0101978879442,"d":"0.01"},{"v":0.252945878597,"d":"0.25"}]
[5,502,50204,{"v":8209.41417999999,"d":"8,209.41"},4313,{"v":0.525372445,"d":"0.53"},"M",310,50204000,{"v":93.5842529149999,"d":"93.58"},111,656,767,{"v":67.3413821399999,"d":"67.34"},{"v":0.967661341,"d":"0.97"},{"v":742.1962485,"d":"742.20"},{"v":24.8037515199999,"d":"24.80"},0,"0_50204000_4253",{"v":26.2428707716,"d":"26.24"},0,{"v":24.8037515199999,"d":"24.80"},{"v":0.719580272,"d":"0.72"},"0_50204000_4253_724","C",{"v":0.231954689886,"d":"0.23"},{"v":0.0088387696569,"d":"0.01"},{"v":0.219234646312,"d":"0.22"}]
[5,502,50204,{"v":8209.41417999999,"d":"8,209.41"},4313,{"v":0.525372445,"d":"0.53"},"M",310,50204000,{"v":93.5842529149999,"d":"93.58"},111,656,767,{"v":67.3413821399999,"d":"67.34"},{"v":0.967661341,"d":"0.97"},{"v":742.1962485,"d":"742.20"},{"v":24.8037515199999,"d":"24.80"},0,"0_50204000_4253",{"v":26.2428707716,"d":"26.24"},0,{"v":24.8037515199999,"d":"24.80"},{"v":0.719580272,"d":"0.72"},"0_50204000_4253_725","C",{"v":0.258378438111,"d":"0.26"},{"v":0.00984566209847,"d":"0.01"},{"v":0.24420935624,"d":"0.24"}]
[5,502,50204,{"v":8209.41417999999,"d":"8,209.41"},4313,{"v":0.525372445,"d":"0.53"},"M",310,50204000,{"v":93.5842529149999,"d":"93.58"},111,656,767,{"v":67.3413821399999,"d":"67.34"},{"v":0.967661341,"d":"0.97"},{"v":742.1962485,"d":"742.20"},{"v":24.8037515199999,"d":"24.80"},0,"0_50204000_4253",{"v":26.2428707716,"d":"26.24"},0,{"v":24.8037515199999,"d":"24.80"},{"v":0.719580272,"d":"0.72"},"0_50204000_4253_726","C",{"v":1.47063961705,"d":"1.47"},{"v":0.0560395861356,"d":"0.06"},{"v":1.38999196979,"d":"1.39"}]
[5,502,50204,{"v":8209.41417999999,"d":"8,209.41"},4313,{"v":0.525372445,"d":"0.53"},"M",310,50204000,{"v":93.5842529149999,"d":"93.58"},111,656,767,{"v":67.3413821399999,"d":"67.34"},{"v":0.967661341,"d":"0.97"},{"v":742.1962485,"d":"742.20"},{"v":24.8037515199999,"d":"24.80"},0,"0_50204000_4253",{"v":26.2428707716,"d":"26.24"},0,{"v":24.8037515199999,"d":"24.80"},{"v":0.719580272,"d":"0.72"},"0_50204000_4253_727","C",{"v":0.752171802821,"d":"0.75"},{"v":0.0286619482056,"d":"0.03"},{"v":0.710923841371,"d":"0.71"}]
[5,502,50204,{"v":8209.41417999999,"d":"8,209.41"},4313,{"v":0.525372445,"d":"0.53"},"M",310,50204000,{"v":93.5842529149999,"d":"93.58"},111,656,767,{"v":67.3413821399999,"d":"67.34"},{"v":0.967661341,"d":"0.97"},{"v":742.1962485,"d":"742.20"},{"v":24.8037515199999,"d":"24.80"},0,"0_50204000_4253",{"v":26.2428707716,"d":"26.24"},0,{"v":24.8037515199999,"d":"24.80"},{"v":0.719580272,"d":"0.72"},"0_50204000_4253_728","D",{"v":0.0982485170237,"d":"0.10"},{"v":0.0037438174306,"d":"0.00"},{"v":0.0928607172848,"d":"0.09"}]
[5,502,50204,{"v":8209.41417999999,"d":"8,209.41"},4313,{"v":0.525372445,"d":"0.53"},"M",310,50204000,{"v":93.5842529149999,"d":"93.58"},111,656,767,{"v":67.3413821399999,"d":"67.34"},{"v":0.967661341,"d":"0.97"},{"v":742.1962485,"d":"742.20"},{"v":24.8037515199999,"d":"24.80"},0,"0_50204000_4253",{"v":26.2428707716,"d":"26.24"},0,{"v":24.8037515199999,"d":"24.80"},{"v":0.719580272,"d":"0.72"},"0_50204000_4253_729","D",{"v":0.787036528882,"d":"0.79"},{"v":0.0299904890639,"d":"0.03"},{"v":0.743876638704,"d":"0.74"}]
[5,502,50204,{"v":8209.41417999999,"d":"8,209.41"},4313,{"v":0.525372445,"d":"0.53"},"M",310,50204000,{"v":93.5842529149999,"d":"93.58"},111,656,767,{"v":67.3413821399999,"d":"67.34"},{"v":0.967661341,"d":"0.97"},{"v":742.1962485,"d":"742.20"},{"v":24.8037515199999,"d":"24.80"},0,"0_50204000_4253",{"v":26.2428707716,"d":"26.24"},0,{"v":24.8037515199999,"d":"24.80"},{"v":0.719580272,"d":"0.72"},"0_50204000_4253_730","D",{"v":0.347296260071,"d":"0.35"},{"v":0.0132339279149,"d":"0.01"},{"v":0.328251059635,"d":"0.33"}]
[5,502,50204,{"v":8209.41417999999,"d":"8,209.41"},4313,{"v":0.525372445,"d":"0.53"},"M",310,50204000,{"v":93.5842529149999,"d":"93.58"},111,656,767,{"v":67.3413821399999,"d":"67.34"},{"v":0.967661341,"d":"0.97"},{"v":742.1962485,"d":"742.20"},{"v":24.8037515199999,"d":"24.80"},0,"0_50204000_4253",{"v":26.2428707716,"d":"26.24"},0,{"v":24.8037515199999,"d":"24.80"},{"v":0.719580272,"d":"0.72"},"0_50204000_4253_731","D",{"v":8.16174423635,"d":"8.16"},{"v":0.311008056526,"d":"0.31"},{"v":7.71416655479,"d":"7.71"}]
[5,502,50204,{"v":8209.41417999999,"d":"8,209.41"},4313,{"v":0.525372445,"d":"0.53"},"M",310,50204000,{"v":93.5842529149999,"d":"93.58"},111,656,767,{"v":67.3413821399999,"d":"67.34"},{"v":0.967661341,"d":"0.97"},{"v":742.1962485,"d":"742.20"},{"v":24.8037515199999,"d":"24.80"},0,"0_50204000_4253",{"v":26.2428707716,"d":"26.24"},0,{"v":24.8037515199999,"d":"24.80"},{"v":0.719580272,"d":"0.72"},"0_50204000_4253_732","D",{"v":0.733194080683,"d":"0.73"},{"v":0.0279387909602,"d":"0.03"},{"v":0.692986828746,"d":"0.69"}]
[5,502,50204,{"v":8209.41417999999,"d":"8,209.41"},4313,{"v":0.525372445,"d":"0.53"},"M",310,50204000,{"v":93.5842529149999,"d":"93.58"},111,656,767,{"v":67.3413821399999,"d":"67.34"},{"v":0.967661341,"d":"0.97"},{"v":742.1962485,"d":"742.20"},{"v":24.8037515199999,"d":"24.80"},0,"0_50204000_4253",{"v":26.2428707716,"d":"26.24"},0,{"v":24.8037515199999,"d":"24.80"},{"v":0.719580272,"d":"0.72"},"0_50204000_4253_733","E",{"v":0.00406925246245,"d":"0.00"},{"v":1.55061254459E-4,"d":"0.00"},{"v":3.84610082598E-3,"d":"0.00"}]
[5,502,50204,{"v":8209.41417999999,"d":"8,209.41"},4313,{"v":0.525372445,"d":"0.53"},"M",310,50204000,{"v":93.5842529149999,"d":"93.58"},111,656,767,{"v":67.3413821399999,"d":"67.34"},{"v":0.967661341,"d":"0.97"},{"v":742.1962485,"d":"742.20"},{"v":24.8037515199999,"d":"24.80"},0,"0_50204000_4253",{"v":26.2428707716,"d":"26.24"},0,{"v":24.8037515199999,"d":"24.80"},{"v":0.719580272,"d":"0.72"},"0_50204000_4253_734","E",{"v":5.52730199781,"d":"5.53"},{"v":0.210621088139,"d":"0.21"},{"v":5.22419313507,"d":"5.22"}]
[5,502,50204,{"v":8209.41417999999,"d":"8,209.41"},4313,{"v":0.525372445,"d":"0.53"},"M",310,50204000,{"v":93.5842529149999,"d":"93.58"},111,656,767,{"v":67.3413821399999,"d":"67.34"},{"v":0.967661341,"d":"0.97"},{"v":742.1962485,"d":"742.20"},{"v":24.8037515199999,"d":"24.80"},0,"0_50204000_4253",{"v":26.2428707716,"d":"26.24"},0,{"v":24.8037515199999,"d":"24.80"},{"v":0.719580272,"d":"0.72"},"0_50204000_4253_735","E",{"v":0.517189265012,"d":"0.52"},{"v":0.0197078006257,"d":"0.02"},{"v":0.488827389726,"d":"0.49"}]
[5,502,50204,{"v":8209.41417999999,"d":"8,209.41"},4313,{"v":0.525372445,"d":"0.53"},"M",310,50204000,{"v":93.5842529149999,"d":"93.58"},111,656,767,{"v":67.3413821399999,"d":"67.34"},{"v":0.967661341,"d":"0.97"},{"v":742.1962485,"d":"742.20"},{"v":24.8037515199999,"d":"24.80"},0,"0_50204000_4253",{"v":26.2428707716,"d":"26.24"},0,{"v":24.8037515199999,"d":"24.80"},{"v":0.719580272,"d":"0.72"},"0_50204000_4253_736","E",{"v":0.0891395004446,"d":"0.09"},{"v":0.00339671300524,"d":"0.00"},{"v":0.0842512253667,"d":"0.08"}]
[5,502,50204,{"v":8209.41417999999,"d":"8,209.41"},4313,{"v":0.525372445,"d":"0.53"},"M",310,50204000,{"v":93.5842529149999,"d":"93.58"},111,656,767,{"v":67.3413821399999,"d":"67.34"},{"v":0.967661341,"d":"0.97"},{"v":742.1962485,"d":"742.20"},{"v":24.8037515199999,"d":"24.80"},0,"0_50204000_4253",{"v":26.2428707716,"d":"26.24"},0,{"v":24.8037515199999,"d":"24.80"},{"v":0.719580272,"d":"0.72"},"0_50204000_4253_737","G",{"v":0.20695204148,"d":"0.21"},{"v":0.00788602905837,"d":"0.01"},{"v":0.195603105243,"d":"0.20"}]
[5,502,50204,{"v":8209.41417999999,"d":"8,209.41"},4313,{"v":0.525372445,"d":"0.53"},"M",310,50204000,{"v":93.5842529149999,"d":"93.58"},111,656,767,{"v":67.3413821399999,"d":"67.34"},{"v":0.967661341,"d":"0.97"},{"v":742.1962485,"d":"742.20"},{"v":24.8037515199999,"d":"24.80"},0,"0_50204000_4253",{"v":26.2428707716,"d":"26.24"},0,{"v":24.8037515199999,"d":"24.80"},{"v":0.719580272,"d":"0.72"},"0_50204000_4253_738","G",{"v":0.0107442796278,"d":"0.01"},{"v":0.000409417084027,"d":"0.00"},{"v":0.0101550796202,"d":"0.01"}]
[5,502,50204,{"v":8209.41417999999,"d":"8,209.41"},4313,{"v":0.525372445,"d":"0.53"},"M",310,50204000,{"v":93.5842529149999,"d":"93.58"},111,656,767,{"v":67.3413821399999,"d":"67.34"},{"v":0.967661341,"d":"0.97"},{"v":742.1962485,"d":"742.20"},{"v":24.8037515199999,"d":"24.80"},0,"0_50204000_4253",{"v":26.2428707716,"d":"26.24"},0,{"v":24.8037515199999,"d":"24.80"},{"v":0.719580272,"d":"0.72"},"0_50204000_4253_739","G",{"v":5.16838313279,"d":"5.17"},{"v":0.196944274038,"d":"0.20"},{"v":4.88495683653,"d":"4.88"}]
[5,502,50204,{"v":8209.41417999999,"d":"8,209.41"},4313,{"v":0.525372445,"d":"0.53"},"M",310,50204000,{"v":93.5842529149999,"d":"93.58"},111,656,767,{"v":67.3413821399999,"d":"67.34"},{"v":0.967661341,"d":"0.97"},{"v":742.1962485,"d":"742.20"},{"v":24.8037515199999,"d":"24.80"},0,"0_50204000_4253",{"v":26.2428707716,"d":"26.24"},0,{"v":24.8037515199999,"d":"24.80"},{"v":0.719580272,"d":"0.72"},"0_50204000_4253_740","G",{"v":0.0194299534926,"d":"0.02"},{"v":0.000740389786685,"d":"0.00"},{"v":0.0183644442969,"d":"0.02"}]
[5,502,50204,{"v":8209.41417999999,"d":"8,209.41"},4313,{"v":0.525372445,"d":"0.53"},"M",310,50204001,{"v":1302.58734123999,"d":"1,302.59"},87,402,489,{"v":98.14537405,"d":"98.15"},{"v":0.967661341,"d":"0.97"},{"v":473.186395699999,"d":"473.19"},{"v":15.81360429,"d":"15.81"},0,"0_50204001_4254",{"v":1204.44196719,"d":"1,204.44"},0,{"v":15.81360429,"d":"15.81"},{"v":0.075346482,"d":"0.08"},"0_50204001_4254_741","außerhalb GKL",{"v":81.2062949916,"d":"81.21"},{"v":0.0674223393104,"d":"0.07"},{"v":1.06619019416,"d":"1.07"}]
[5,502,50204,{"v":8209.41417999999,"d":"8,209.41"},4313,{"v":0.525372445,"d":"0.53"},"M",310,50204001,{"v":1302.58734123999,"d":"1,302.59"},87,402,489,{"v":98.14537405,"d":"98.15"},{"v":0.967661341,"d":"0.97"},{"v":473.186395699999,"d":"473.19"},{"v":15.81360429,"d":"15.81"},0,"0_50204001_4254",{"v":1204.44196719,"d":"1,204.44"},0,{"v":15.81360429,"d":"15.81"},{"v":0.075346482,"d":"0.08"},"0_50204001_4254_742","außerhalb GKL",{"v":1008.90746688,"d":"1,008.91"},{"v":0.837655523772,"d":"0.84"},{"v":13.2463529843,"d":"13.25"}]
[5,502,50204,{"v":8209.41417999999,"d":"8,209.41"},4313,{"v":0.525372445,"d":"0.53"},"M",310,50204001,{"v":1302.58734123999,"d":"1,302.59"},87,402,489,{"v":98.14537405,"d":"98.15"},{"v":0.967661341,"d":"0.97"},{"v":473.186395699999,"d":"473.19"},{"v":15.81360429,"d":"15.81"},0,"0_50204001_4254",{"v":1204.44196719,"d":"1,204.44"},0,{"v":15.81360429,"d":"15.81"},{"v":0.075346482,"d":"0.08"},"0_50204001_4254_743","D",{"v":0.0189180886075,"d":"0.02"},{"v":1.5706932441e-05,"d":"0.00"},{"v":0.000248383214229,"d":"0.00"}]
[5,502,50204,{"v":8209.41417999999,"d":"8,209.41"},4313,{"v":0.525372445,"d":"0.53"},"M",310,50204001,{"v":1302.58734123999,"d":"1,302.59"},87,402,489,{"v":98.14537405,"d":"98.15"},{"v":0.967661341,"d":"0.97"},{"v":473.186395699999,"d":"473.19"},{"v":15.81360429,"d":"15.81"},0,"0_50204001_4254",{"v":1204.44196719,"d":"1,204.44"},0,{"v":15.81360429,"d":"15.81"},{"v":0.075346482,"d":"0.08"},"0_50204001_4254_744","E",{"v":0.317971696993,"d":"0.32"},{"v":0.000263999184398,"d":"0.00"},{"v":0.00417477863495,"d":"0.00"}]
[5,502,50204,{"v":8209.41417999999,"d":"8,209.41"},4313,{"v":0.525372445,"d":"0.53"},"M",310,50204001,{"v":1302.58734123999,"d":"1,302.59"},87,402,489,{"v":98.14537405,"d":"98.15"},{"v":0.967661341,"d":"0.97"},{"v":473.186395699999,"d":"473.19"},{"v":15.81360429,"d":"15.81"},0,"0_50204001_4254",{"v":1204.44196719,"d":"1,204.44"},0,{"v":15.81360429,"d":"15.81"},{"v":0.075346482,"d":"0.08"},"0_50204001_4254_745","E",{"v":0.0761130150384,"d":"0.08"},{"v":6.3193592644e-05,"d":"0.00"},{"v":0.000999318467742,"d":"0.00"}]
[5,502,50204,{"v":8209.41417999999,"d":"8,209.41"},4313,{"v":0.525372445,"d":"0.53"},"M",310,50204001,{"v":1302.58734123999,"d":"1,302.59"},87,402,489,{"v":98.14537405,"d":"98.15"},{"v":0.967661341,"d":"0.97"},{"v":473.186395699999,"d":"473.19"},{"v":15.81360429,"d":"15.81"},0,"0_50204001_4254",{"v":1204.44196719,"d":"1,204.44"},0,{"v":15.81360429,"d":"15.81"},{"v":0.075346482,"d":"0.08"},"0_50204001_4254_746","E",{"v":0.00665177820448,"d":"0.01"},{"v":5.52270544e-06,"d":"0.00"},{"v":8.733387844e-05,"d":"0.00"}]
[5,502,50204,{"v":8209.41417999999,"d":"8,209.41"},4313,{"v":0.525372445,"d":"0.53"},"M",310,50204001,{"v":1302.58734123999,"d":"1,302.59"},87,402,489,{"v":98.14537405,"d":"98.15"},{"v":0.967661341,"d":"0.97"},{"v":473.186395699999,"d":"473.19"},{"v":15.81360429,"d":"15.81"},0,"0_50204001_4254",{"v":1204.44196719,"d":"1,204.44"},0,{"v":15.81360429,"d":"15.81"},{"v":0.075346482,"d":"0.08"},"0_50204001_4254_747","E",{"v":2.11022255906,"d":"2.11"},{"v":0.00175203340347,"d":"0.00"},{"v":0.0277059629453,"d":"0.03"}]
[5,502,50204,{"v":8209.41417999999,"d":"8,209.41"},4313,{"v":0.525372445,"d":"0.53"},"M",310,50204001,{"v":1302.58734123999,"d":"1,302.59"},87,402,489,{"v":98.14537405,"d":"98.15"},{"v":0.967661341,"d":"0.97"},{"v":473.186395699999,"d":"473.19"},{"v":15.81360429,"d":"15.81"},0,"0_50204001_4254",{"v":1204.44196719,"d":"1,204.44"},0,{"v":15.81360429,"d":"15.81"},{"v":0.075346482,"d":"0.08"},"0_50204001_4254_748","E",{"v":0.694240958197,"d":"0.69"},{"v":0.000576400505054,"d":"0.00"},{"v":0.00911496949948,"d":"0.01"}]
[5,502,50204,{"v":8209.41417999999,"d":"8,209.41"},4313,{"v":0.525372445,"d":"0.53"},"M",310,50204001,{"v":1302.58734123999,"d":"1,302.59"},87,402,489,{"v":98.14537405,"d":"98.15"},{"v":0.967661341,"d":"0.97"},{"v":473.186395699999,"d":"473.19"},{"v":15.81360429,"d":"15.81"},0,"0_50204001_4254",{"v":1204.44196719,"d":"1,204.44"},0,{"v":15.81360429,"d":"15.81"},{"v":0.075346482,"d":"0.08"},"0_50204001_4254_749","F",{"v":5.90946115461,"d":"5.91"},{"v":0.00490638927868,"d":"0.00"},{"v":0.0775876985457,"d":"0.08"}]
[5,502,50204,{"v":8209.41417999999,"d":"8,209.41"},4313,{"v":0.525372445,"d":"0.53"},"M",310,50204001,{"v":1302.58734123999,"d":"1,302.59"},87,402,489,{"v":98.14537405,"d":"98.15"},{"v":0.967661341,"d":"0.97"},{"v":473.186395699999,"d":"473.19"},{"v":15.81360429,"d":"15.81"},0,"0_50204001_4254",{"v":1204.44196719,"d":"1,204.44"},0,{"v":15.81360429,"d":"15.81"},{"v":0.075346482,"d":"0.08"},"0_50204001_4254_750","F",{"v":2.08110919917,"d":"2.08"},{"v":0.00172786174499,"d":"0.00"},{"v":0.0273237219031,"d":"0.03"}]
[5,502,50204,{"v":8209.41417999999,"d":"8,209.41"},4313,{"v":0.525372445,"d":"0.53"},"M",310,50204001,{"v":1302.58734123999,"d":"1,302.59"},87,402,489,{"v":98.14537405,"d":"98.15"},{"v":0.967661341,"d":"0.97"},{"v":473.186395699999,"d":"473.19"},{"v":15.81360429,"d":"15.81"},0,"0_50204001_4254",{"v":1204.44196719,"d":"1,204.44"},0,{"v":15.81360429,"d":"15.81"},{"v":0.075346482,"d":"0.08"},"0_50204001_4254_751","F",{"v":1.489071774E-3,"d":"0.00"},{"v":1.236316746e-06,"d":"0.00"},{"v":1.9550623803e-05,"d":"0.00"}]
[5,502,50204,{"v":8209.41417999999,"d":"8,209.41"},4313,{"v":0.525372445,"d":"0.53"},"M",310,50204001,{"v":1302.58734123999,"d":"1,302.59"},87,402,489,{"v":98.14537405,"d":"98.15"},{"v":0.967661341,"d":"0.97"},{"v":473.186395699999,"d":"473.19"},{"v":15.81360429,"d":"15.81"},0,"0_50204001_4254",{"v":1204.44196719,"d":"1,204.44"},0,{"v":15.81360429,"d":"15.81"},{"v":0.075346482,"d":"0.08"},"0_50204001_4254_752","F",{"v":2.84620740306,"d":"2.85"},{"v":0.00236309218758,"d":"0.00"},{"v":0.0373690047552,"d":"0.04"}]
[5,502,50204,{"v":8209.41417999999,"d":"8,209.41"},4313,{"v":0.525372445,"d":"0.53"},"M",310,50204001,{"v":1302.58734123999,"d":"1,302.59"},87,402,489,{"v":98.14537405,"d":"98.15"},{"v":0.967661341,"d":"0.97"},{"v":473.186395699999,"d":"473.19"},{"v":15.81360429,"d":"15.81"},0,"0_50204001_4254",{"v":1204.44196719,"d":"1,204.44"},0,{"v":15.81360429,"d":"15.81"},{"v":0.075346482,"d":"0.08"},"0_50204001_4254_753","F",{"v":0.534751641692,"d":"0.53"},{"v":0.000443982903501,"d":"0.00"},{"v":0.00702096994749,"d":"0.01"}]
[5,502,50204,{"v":8209.41417999999,"d":"8,209.41"},4313,{"v":0.525372445,"d":"0.53"},"M",310,50204001,{"v":1302.58734123999,"d":"1,302.59"},87,402,489,{"v":98.14537405,"d":"98.15"},{"v":0.967661341,"d":"0.97"},{"v":473.186395699999,"d":"473.19"},{"v":15.81360429,"d":"15.81"},0,"0_50204001_4254",{"v":1204.44196719,"d":"1,204.44"},0,{"v":15.81360429,"d":"15.81"},{"v":0.075346482,"d":"0.08"},"0_50204001_4254_754","F",{"v":0.0546526824085,"d":"0.05"},{"v":4.5375936656E-5,"d":"0.00"},{"v":0.00071755710656,"d":"0.00"}]
[5,502,50204,{"v":8209.41417999999,"d":"8,209.41"},4313,{"v":0.525372445,"d":"0.53"},"M",310,50204001,{"v":1302.58734123999,"d":"1,302.59"},87,402,489,{"v":98.14537405,"d":"98.15"},{"v":0.967661341,"d":"0.97"},{"v":473.186395699999,"d":"473.19"},{"v":15.81360429,"d":"15.81"},0,"0_50204001_4254",{"v":1204.44196719,"d":"1,204.44"},0,{"v":15.81360429,"d":"15.81"},{"v":0.075346482,"d":"0.08"},"0_50204001_4254_755","F",{"v":0.977589309041,"d":"0.98"},{"v":0.000811653309725,"d":"0.00"},{"v":0.0128351642607,"d":"0.01"}]
[5,502,50204,{"v":8209.41417999999,"d":"8,209.41"},4313,{"v":0.525372445,"d":"0.53"},"M",310,50204001,{"v":1302.58734123999,"d":"1,302.59"},87,402,489,{"v":98.14537405,"d":"98.15"},{"v":0.967661341,"d":"0.97"},{"v":473.186395699999,"d":"473.19"},{"v":15.81360429,"d":"15.81"},0,"0_50204001_4254",{"v":1204.44196719,"d":"1,204.44"},0,{"v":15.81360429,"d":"15.81"},{"v":0.075346482,"d":"0.08"},"0_50204001_4254_756","F",{"v":0.896716552568,"d":"0.90"},{"v":0.000744507894108,"d":"0.00"},{"v":0.0117733532282,"d":"0.01"}]
[5,502,50204,{"v":8209.41417999999,"d":"8,209.41"},4313,{"v":0.525372445,"d":"0.53"},"M",310,50204001,{"v":1302.58734123999,"d":"1,302.59"},87,402,489,{"v":98.14537405,"d":"98.15"},{"v":0.967661341,"d":"0.97"},{"v":473.186395699999,"d":"473.19"},{"v":15.81360429,"d":"15.81"},0,"0_50204001_4254",{"v":1204.44196719,"d":"1,204.44"},0,{"v":15.81360429,"d":"15.81"},{"v":0.075346482,"d":"0.08"},"0_50204001_4254_757","F",{"v":0.0131361619292,"d":"0.01"},{"v":1.0906429938E-5,"d":"0.00"},{"v":0.000172469967251,"d":"0.00"}]
[5,502,50204,{"v":8209.41417999999,"d":"8,209.41"},4313,{"v":0.525372445,"d":"0.53"},"M",310,50204001,{"v":1302.58734123999,"d":"1,302.59"},87,402,489,{"v":98.14537405,"d":"98.15"},{"v":0.967661341,"d":"0.97"},{"v":473.186395699999,"d":"473.19"},{"v":15.81360429,"d":"15.81"},0,"0_50204001_4254",{"v":1204.44196719,"d":"1,204.44"},0,{"v":15.81360429,"d":"15.81"},{"v":0.075346482,"d":"0.08"},"0_50204001_4254_758","F",{"v":0.00272708337955,"d":"0.00"},{"v":2.264188275e-06,"d":"0.00"},{"v":3.5804977413e-05,"d":"0.00"}]
[5,502,50204,{"v":8209.41417999999,"d":"8,209.41"},4313,{"v":0.525372445,"d":"0.53"},"M",310,50204001,{"v":1302.58734123999,"d":"1,302.59"},87,402,489,{"v":98.14537405,"d":"98.15"},{"v":0.967661341,"d":"0.97"},{"v":473.186395699999,"d":"473.19"},{"v":15.81360429,"d":"15.81"},0,"0_50204001_4254",{"v":1204.44196719,"d":"1,204.44"},0,{"v":15.81360429,"d":"15.81"},{"v":0.075346482,"d":"0.08"},"0_50204001_4254_759","F",{"v":0.018765815294,"d":"0.02"},{"v":1.5580505998E-5,"d":"0.00"},{"v":0.00024638395649,"d":"0.00"}]
[5,502,50204,{"v":8209.41417999999,"d":"8,209.41"},4313,{"v":0.525372445,"d":"0.53"},"M",310,50204001,{"v":1302.58734123999,"d":"1,302.59"},87,402,489,{"v":98.14537405,"d":"98.15"},{"v":0.967661341,"d":"0.97"},{"v":473.186395699999,"d":"473.19"},{"v":15.81360429,"d":"15.81"},0,"0_50204001_4254",{"v":1204.44196719,"d":"1,204.44"},0,{"v":15.81360429,"d":"15.81"},{"v":0.075346482,"d":"0.08"},"0_50204001_4254_760","F",{"v":0.379116549058,"d":"0.38"},{"v":0.000314765309899,"d":"0.00"},{"v":0.00497757405496,"d":"0.00"}]
[5,502,50204,{"v":8209.41417999999,"d":"8,209.41"},4313,{"v":0.525372445,"d":"0.53"},"M",310,50204001,{"v":1302.58734123999,"d":"1,302.59"},87,402,489,{"v":98.14537405,"d":"98.15"},{"v":0.967661341,"d":"0.97"},{"v":473.186395699999,"d":"473.19"},{"v":15.81360429,"d":"15.81"},0,"0_50204001_4254",{"v":1204.44196719,"d":"1,204.44"},0,{"v":15.81360429,"d":"15.81"},{"v":0.075346482,"d":"0.08"},"0_50204001_4254_761","G",{"v":4.04159412799,"d":"4.04"},{"v":0.00335557398205,"d":"0.00"},{"v":0.053063719118,"d":"0.05"}]
[5,502,50204,{"v":8209.41417999999,"d":"8,209.41"},4313,{"v":0.525372445,"d":"0.53"},"M",310,50204001,{"v":1302.58734123999,"d":"1,302.59"},87,402,489,{"v":98.14537405,"d":"98.15"},{"v":0.967661341,"d":"0.97"},{"v":473.186395699999,"d":"473.19"},{"v":15.81360429,"d":"15.81"},0,"0_50204001_4254",{"v":1204.44196719,"d":"1,204.44"},0,{"v":15.81360429,"d":"15.81"},{"v":0.075346482,"d":"0.08"},"0_50204001_4254_762","G",{"v":0.0384059241255,"d":"0.04"},{"v":3.1886902957e-05,"d":"0.00"},{"v":5.042468654E-4,"d":"0.00"}]
[5,502,50204,{"v":8209.41417999999,"d":"8,209.41"},4313,{"v":0.525372445,"d":"0.53"},"M",310,50204001,{"v":1302.58734123999,"d":"1,302.59"},87,402,489,{"v":98.14537405,"d":"98.15"},{"v":0.967661341,"d":"0.97"},{"v":473.186395699999,"d":"473.19"},{"v":15.81360429,"d":"15.81"},0,"0_50204001_4254",{"v":1204.44196719,"d":"1,204.44"},0,{"v":15.81360429,"d":"15.81"},{"v":0.075346482,"d":"0.08"},"0_50204001_4254_763","G",{"v":57.1063207051999,"d":"57.11"},{"v":0.0474130944129,"d":"0.05"},{"v":0.74977191321,"d":"0.75"}]
[5,502,50204,{"v":8209.41417999999,"d":"8,209.41"},4313,{"v":0.525372445,"d":"0.53"},"M",310,50204001,{"v":1302.58734123999,"d":"1,302.59"},87,402,489,{"v":98.14537405,"d":"98.15"},{"v":0.967661341,"d":"0.97"},{"v":473.186395699999,"d":"473.19"},{"v":15.81360429,"d":"15.81"},0,"0_50204001_4254",{"v":1204.44196719,"d":"1,204.44"},0,{"v":15.81360429,"d":"15.81"},{"v":0.075346482,"d":"0.08"},"0_50204001_4254_764","G",{"v":23.6980947865,"d":"23.70"},{"v":0.0196755804199,"d":"0.02"},{"v":0.311141842936,"d":"0.31"}]
[5,502,50204,{"v":8209.41417999999,"d":"8,209.41"},4313,{"v":0.525372445,"d":"0.53"},"M",310,50204001,{"v":1302.58734123999,"d":"1,302.59"},87,402,489,{"v":98.14537405,"d":"98.15"},{"v":0.967661341,"d":"0.97"},{"v":473.186395699999,"d":"473.19"},{"v":15.81360429,"d":"15.81"},0,"0_50204001_4254",{"v":1204.44196719,"d":"1,204.44"},0,{"v":15.81360429,"d":"15.81"},{"v":0.075346482,"d":"0.08"},"0_50204001_4254_765","G",{"v":5.38126361952,"d":"5.38"},{"v":0.00446784798779,"d":"0.00"},{"v":0.0706527801068,"d":"0.07"}]
[5,502,50204,{"v":8209.41417999999,"d":"8,209.41"},4313,{"v":0.525372445,"d":"0.53"},"M",310,50204001,{"v":1302.58734123999,"d":"1,302.59"},87,402,489,{"v":98.14537405,"d":"98.15"},{"v":0.967661341,"d":"0.97"},{"v":473.186395699999,"d":"473.19"},{"v":15.81360429,"d":"15.81"},0,"0_50204001_4254",{"v":1204.44196719,"d":"1,204.44"},0,{"v":15.81360429,"d":"15.81"},{"v":0.075346482,"d":"0.08"},"0_50204001_4254_766","G",{"v":1.35289172673,"d":"1.35"},{"v":0.00112325189887,"d":"0.00"},{"v":0.0177626610467,"d":"0.02"}]
[5,502,50204,{"v":8209.41417999999,"d":"8,209.41"},4313,{"v":0.525372445,"d":"0.53"},"M",310,50204001,{"v":1302.58734123999,"d":"1,302.59"},87,402,489,{"v":98.14537405,"d":"98.15"},{"v":0.967661341,"d":"0.97"},{"v":473.186395699999,"d":"473.19"},{"v":15.81360429,"d":"15.81"},0,"0_50204001_4254",{"v":1204.44196719,"d":"1,204.44"},0,{"v":15.81360429,"d":"15.81"},{"v":0.075346482,"d":"0.08"},"0_50204001_4254_767","G",{"v":0.447321035182,"d":"0.45"},{"v":0.000371392767246,"d":"0.00"},{"v":0.0058730582574,"d":"0.01"}]
[5,502,50204,{"v":8209.41417999999,"d":"8,209.41"},4313,{"v":0.525372445,"d":"0.53"},"M",310,50204001,{"v":1302.58734123999,"d":"1,302.59"},87,402,489,{"v":98.14537405,"d":"98.15"},{"v":0.967661341,"d":"0.97"},{"v":473.186395699999,"d":"473.19"},{"v":15.81360429,"d":"15.81"},0,"0_50204001_4254",{"v":1204.44196719,"d":"1,204.44"},0,{"v":15.81360429,"d":"15.81"},{"v":0.075346482,"d":"0.08"},"0_50204001_4254_768","G",{"v":4.08459960098,"d":"4.08"},{"v":0.00339127970649,"d":"0.00"},{"v":0.0536283553151,"d":"0.05"}]
[5,502,50204,{"v":8209.41417999999,"d":"8,209.41"},4313,{"v":0.525372445,"d":"0.53"},"M",310,50204001,{"v":1302.58734123999,"d":"1,302.59"},87,402,489,{"v":98.14537405,"d":"98.15"},{"v":0.967661341,"d":"0.97"},{"v":473.186395699999,"d":"473.19"},{"v":15.81360429,"d":"15.81"},0,"0_50204001_4254",{"v":1204.44196719,"d":"1,204.44"},0,{"v":15.81360429,"d":"15.81"},{"v":0.075346482,"d":"0.08"},"0_50204001_4254_769","G",{"v":0.779635783891,"d":"0.78"},{"v":0.000647300413909,"d":"0.00"},{"v":0.0102361526023,"d":"0.01"}]
[5,502,50204,{"v":8209.41417999999,"d":"8,209.41"},4313,{"v":0.525372445,"d":"0.53"},"M",310,50204001,{"v":1302.58734123999,"d":"1,302.59"},87,402,489,{"v":98.14537405,"d":"98.15"},{"v":0.967661341,"d":"0.97"},{"v":473.186395699999,"d":"473.19"},{"v":15.81360429,"d":"15.81"},0,"0_50204001_4254",{"v":1204.44196719,"d":"1,204.44"},0,{"v":15.81360429,"d":"15.81"},{"v":0.075346482,"d":"0.08"},"0_50204001_4254_770","G",{"v":0.144447697565,"d":"0.14"},{"v":1.19929146858E-4,"d":"0.00"},{"v":1.89651207125E-3,"d":"0.00"}]
[5,502,50204,{"v":8209.41417999999,"d":"8,209.41"},4313,{"v":0.525372445,"d":"0.53"},"M",310,50204001,{"v":1302.58734123999,"d":"1,302.59"},87,402,489,{"v":98.14537405,"d":"98.15"},{"v":0.967661341,"d":"0.97"},{"v":473.186395699999,"d":"473.19"},{"v":15.81360429,"d":"15.81"},0,"0_50204001_4254",{"v":1204.44196719,"d":"1,204.44"},0,{"v":15.81360429,"d":"15.81"},{"v":0.075346482,"d":"0.08"},"0_50204001_4254_771","G",{"v":0.00797955741861,"d":"0.01"},{"v":6.625107424e-06,"d":"0.00"},{"v":1.04766827182E-4,"d":"0.00"}]
[5,502,50204,{"v":8209.41417999999,"d":"8,209.41"},4313,{"v":0.525372445,"d":"0.53"},"M",310,50204001,{"v":1302.58734123999,"d":"1,302.59"},87,402,489,{"v":98.14537405,"d":"98.15"},{"v":0.967661341,"d":"0.97"},{"v":473.186395699999,"d":"473.19"},{"v":15.81360429,"d":"15.81"},0,"0_50204001_4254",{"v":1204.44196719,"d":"1,204.44"},0,{"v":15.81360429,"d":"15.81"},{"v":0.075346482,"d":"0.08"},"0_50204001_4254_772","G",{"v":0.148471465599,"d":"0.15"},{"v":1.23269920547E-4,"d":"0.00"},{"v":1.94934174439E-3,"d":"0.00"}]
[5,502,50204,{"v":8209.41417999999,"d":"8,209.41"},4313,{"v":0.525372445,"d":"0.53"},"M",310,50204001,{"v":1302.58734123999,"d":"1,302.59"},87,402,489,{"v":98.14537405,"d":"98.15"},{"v":0.967661341,"d":"0.97"},{"v":473.186395699999,"d":"473.19"},{"v":15.81360429,"d":"15.81"},0,"0_50204001_4254",{"v":1204.44196719,"d":"1,204.44"},0,{"v":15.81360429,"d":"15.81"},{"v":0.075346482,"d":"0.08"},"0_50204001_4254_773","G",{"v":0.157338570644,"d":"0.16"},{"v":0.000130631923272,"d":"0.00"},{"v":0.00206576154227,"d":"0.00"}]
[5,502,50204,{"v":8209.41417999999,"d":"8,209.41"},4313,{"v":0.525372445,"d":"0.53"},"M",310,50204002,{"v":6813.24258601,"d":"6,813.24"},79,252,331,{"v":119.3636881,"d":"119.36"},{"v":0.967661341,"d":"0.97"},{"v":320.2959038,"d":"320.30"},{"v":10.70409616,"d":"10.70"},0,"0_50204002_4255",{"v":6693.87889791999,"d":"6,693.88"},0,{"v":10.70409616,"d":"10.70"},{"v":0.017519366,"d":"0.02"},"0_50204002_4255_774","außerhalb GKL",{"v":66.7510799921,"d":"66.75"},{"v":0.00997195811428,"d":"0.01"},{"v":0.106740798559,"d":"0.11"}]
[5,502,50204,{"v":8209.41417999999,"d":"8,209.41"},4313,{"v":0.525372445,"d":"0.53"},"M",310,50204002,{"v":6813.24258601,"d":"6,813.24"},79,252,331,{"v":119.3636881,"d":"119.36"},{"v":0.967661341,"d":"0.97"},{"v":320.2959038,"d":"320.30"},{"v":10.70409616,"d":"10.70"},0,"0_50204002_4255",{"v":6693.87889791999,"d":"6,693.88"},0,{"v":10.70409616,"d":"10.70"},{"v":0.017519366,"d":"0.02"},"0_50204002_4255_775","außerhalb GKL",{"v":6567.81567334,"d":"6,567.82"},{"v":0.981167387922,"d":"0.98"},{"v":10.5025100694,"d":"10.50"}]
[5,502,50204,{"v":8209.41417999999,"d":"8,209.41"},4313,{"v":0.525372445,"d":"0.53"},"M",310,50204002,{"v":6813.24258601,"d":"6,813.24"},79,252,331,{"v":119.3636881,"d":"119.36"},{"v":0.967661341,"d":"0.97"},{"v":320.2959038,"d":"320.30"},{"v":10.70409616,"d":"10.70"},0,"0_50204002_4255",{"v":6693.87889791999,"d":"6,693.88"},0,{"v":10.70409616,"d":"10.70"},{"v":0.017519366,"d":"0.02"},"0_50204002_4255_776","B",{"v":0.313215062548,"d":"0.31"},{"v":4.6791265173e-05,"d":"0.00"},{"v":0.000500858201859,"d":"0.00"}]
[5,502,50204,{"v":8209.41417999999,"d":"8,209.41"},4313,{"v":0.525372445,"d":"0.53"},"M",310,50204002,{"v":6813.24258601,"d":"6,813.24"},79,252,331,{"v":119.3636881,"d":"119.36"},{"v":0.967661341,"d":"0.97"},{"v":320.2959038,"d":"320.30"},{"v":10.70409616,"d":"10.70"},0,"0_50204002_4255",{"v":6693.87889791999,"d":"6,693.88"},0,{"v":10.70409616,"d":"10.70"},{"v":0.017519366,"d":"0.02"},"0_50204002_4255_777","C",{"v":2.45501971367,"d":"2.46"},{"v":0.000366755920014,"d":"0.00"},{"v":0.00392579063508,"d":"0.00"}]
[5,502,50204,{"v":8209.41417999999,"d":"8,209.41"},4313,{"v":0.525372445,"d":"0.53"},"M",310,50204002,{"v":6813.24258601,"d":"6,813.24"},79,252,331,{"v":119.3636881,"d":"119.36"},{"v":0.967661341,"d":"0.97"},{"v":320.2959038,"d":"320.30"},{"v":10.70409616,"d":"10.70"},0,"0_50204002_4255",{"v":6693.87889791999,"d":"6,693.88"},0,{"v":10.70409616,"d":"10.70"},{"v":0.017519366,"d":"0.02"},"0_50204002_4255_778","C",{"v":0.330817873412,"d":"0.33"},{"v":4.9420952852e-05,"d":"0.00"},{"v":0.000529006631648,"d":"0.00"}]
[5,502,50204,{"v":8209.41417999999,"d":"8,209.41"},4313,{"v":0.525372445,"d":"0.53"},"M",310,50204002,{"v":6813.24258601,"d":"6,813.24"},79,252,331,{"v":119.3636881,"d":"119.36"},{"v":0.967661341,"d":"0.97"},{"v":320.2959038,"d":"320.30"},{"v":10.70409616,"d":"10.70"},0,"0_50204002_4255",{"v":6693.87889791999,"d":"6,693.88"},0,{"v":10.70409616,"d":"10.70"},{"v":0.017519366,"d":"0.02"},"0_50204002_4255_779","D",{"v":2.2474490899,"d":"2.25"},{"v":0.000335746900142,"d":"0.00"},{"v":0.00359386710454,"d":"0.00"}]
[5,502,50204,{"v":8209.41417999999,"d":"8,209.41"},4313,{"v":0.525372445,"d":"0.53"},"M",310,50204002,{"v":6813.24258601,"d":"6,813.24"},79,252,331,{"v":119.3636881,"d":"119.36"},{"v":0.967661341,"d":"0.97"},{"v":320.2959038,"d":"320.30"},{"v":10.70409616,"d":"10.70"},0,"0_50204002_4255",{"v":6693.87889791999,"d":"6,693.88"},0,{"v":10.70409616,"d":"10.70"},{"v":0.017519366,"d":"0.02"},"0_50204002_4255_780","D",{"v":1.62320450269,"d":"1.62"},{"v":2.42490867768E-4,"d":"0.00"},{"v":0.00259564556651,"d":"0.00"}]
[5,502,50204,{"v":8209.41417999999,"d":"8,209.41"},4313,{"v":0.525372445,"d":"0.53"},"M",310,50204002,{"v":6813.24258601,"d":"6,813.24"},79,252,331,{"v":119.3636881,"d":"119.36"},{"v":0.967661341,"d":"0.97"},{"v":320.2959038,"d":"320.30"},{"v":10.70409616,"d":"10.70"},0,"0_50204002_4255",{"v":6693.87889791999,"d":"6,693.88"},0,{"v":10.70409616,"d":"10.70"},{"v":0.017519366,"d":"0.02"},"0_50204002_4255_781","D",{"v":0.0193268507701,"d":"0.02"},{"v":2.887242369e-06,"d":"0.00"},{"v":3.090531996e-05,"d":"0.00"}]
[5,502,50204,{"v":8209.41417999999,"d":"8,209.41"},4313,{"v":0.525372445,"d":"0.53"},"M",310,50204002,{"v":6813.24258601,"d":"6,813.24"},79,252,331,{"v":119.3636881,"d":"119.36"},{"v":0.967661341,"d":"0.97"},{"v":320.2959038,"d":"320.30"},{"v":10.70409616,"d":"10.70"},0,"0_50204002_4255",{"v":6693.87889791999,"d":"6,693.88"},0,{"v":10.70409616,"d":"10.70"},{"v":0.017519366,"d":"0.02"},"0_50204002_4255_782","D",{"v":0.582437062366,"d":"0.58"},{"v":8.7010397297e-05,"d":"0.00"},{"v":0.000931367659587,"d":"0.00"}]
[5,502,50204,{"v":8209.41417999999,"d":"8,209.41"},4313,{"v":0.525372445,"d":"0.53"},"M",310,50204002,{"v":6813.24258601,"d":"6,813.24"},79,252,331,{"v":119.3636881,"d":"119.36"},{"v":0.967661341,"d":"0.97"},{"v":320.2959038,"d":"320.30"},{"v":10.70409616,"d":"10.70"},0,"0_50204002_4255",{"v":6693.87889791999,"d":"6,693.88"},0,{"v":10.70409616,"d":"10.70"},{"v":0.017519366,"d":"0.02"},"0_50204002_4255_783","D",{"v":0.0218838337834,"d":"0.02"},{"v":3.269230609e-06,"d":"0.00"},{"v":3.4994158804e-05,"d":"0.00"}]
[5,502,50204,{"v":8209.41417999999,"d":"8,209.41"},4313,{"v":0.525372445,"d":"0.53"},"M",310,50204002,{"v":6813.24258601,"d":"6,813.24"},79,252,331,{"v":119.3636881,"d":"119.36"},{"v":0.967661341,"d":"0.97"},{"v":320.2959038,"d":"320.30"},{"v":10.70409616,"d":"10.70"},0,"0_50204002_4255",{"v":6693.87889791999,"d":"6,693.88"},0,{"v":10.70409616,"d":"10.70"},{"v":0.017519366,"d":"0.02"},"0_50204002_4255_784","D",{"v":1.63773997389,"d":"1.64"},{"v":2.44662324919E-4,"d":"0.00"},{"v":0.00261888905266,"d":"0.00"}]
[5,502,50204,{"v":8209.41417999999,"d":"8,209.41"},4313,{"v":0.525372445,"d":"0.53"},"M",310,50204002,{"v":6813.24258601,"d":"6,813.24"},79,252,331,{"v":119.3636881,"d":"119.36"},{"v":0.967661341,"d":"0.97"},{"v":320.2959038,"d":"320.30"},{"v":10.70409616,"d":"10.70"},0,"0_50204002_4255",{"v":6693.87889791999,"d":"6,693.88"},0,{"v":10.70409616,"d":"10.70"},{"v":0.017519366,"d":"0.02"},"0_50204002_4255_785","D",{"v":0.795320310336,"d":"0.80"},{"v":1.18813071235E-4,"d":"0.00"},{"v":1.27178653956E-3,"d":"0.00"}]
[5,502,50204,{"v":8209.41417999999,"d":"8,209.41"},4313,{"v":0.525372445,"d":"0.53"},"M",310,50204002,{"v":6813.24258601,"d":"6,813.24"},79,252,331,{"v":119.3636881,"d":"119.36"},{"v":0.967661341,"d":"0.97"},{"v":320.2959038,"d":"320.30"},{"v":10.70409616,"d":"10.70"},0,"0_50204002_4255",{"v":6693.87889791999,"d":"6,693.88"},0,{"v":10.70409616,"d":"10.70"},{"v":0.017519366,"d":"0.02"},"0_50204002_4255_786","D",{"v":0.12760485403,"d":"0.13"},{"v":1.9062916431E-5,"d":"0.00"},{"v":2.04051290567E-4,"d":"0.00"}]
[5,502,50204,{"v":8209.41417999999,"d":"8,209.41"},4313,{"v":0.525372445,"d":"0.53"},"M",310,50204002,{"v":6813.24258601,"d":"6,813.24"},79,252,331,{"v":119.3636881,"d":"119.36"},{"v":0.967661341,"d":"0.97"},{"v":320.2959038,"d":"320.30"},{"v":10.70409616,"d":"10.70"},0,"0_50204002_4255",{"v":6693.87889791999,"d":"6,693.88"},0,{"v":10.70409616,"d":"10.70"},{"v":0.017519366,"d":"0.02"},"0_50204002_4255_787","E",{"v":8.27227656290999,"d":"8.27"},{"v":1.2357971647E-3,"d":"0.00"},{"v":0.0132280916852,"d":"0.01"}]
[5,502,50204,{"v":8209.41417999999,"d":"8,209.41"},4313,{"v":0.525372445,"d":"0.53"},"M",310,50204002,{"v":6813.24258601,"d":"6,813.24"},79,252,331,{"v":119.3636881,"d":"119.36"},{"v":0.967661341,"d":"0.97"},{"v":320.2959038,"d":"320.30"},{"v":10.70409616,"d":"10.70"},0,"0_50204002_4255",{"v":6693.87889791999,"d":"6,693.88"},0,{"v":10.70409616,"d":"10.70"},{"v":0.017519366,"d":"0.02"},"0_50204002_4255_788","E",{"v":2.16327197924,"d":"2.16"},{"v":0.000323171663579,"d":"0.00"},{"v":0.00345926056314,"d":"0.00"}]
[5,502,50204,{"v":8209.41417999999,"d":"8,209.41"},4313,{"v":0.525372445,"d":"0.53"},"M",310,50204002,{"v":6813.24258601,"d":"6,813.24"},79,252,331,{"v":119.3636881,"d":"119.36"},{"v":0.967661341,"d":"0.97"},{"v":320.2959038,"d":"320.30"},{"v":10.70409616,"d":"10.70"},0,"0_50204002_4255",{"v":6693.87889791999,"d":"6,693.88"},0,{"v":10.70409616,"d":"10.70"},{"v":0.017519366,"d":"0.02"},"0_50204002_4255_789","E",{"v":9.97027937214,"d":"9.97"},{"v":0.00148946216748,"d":"0.00"},{"v":0.0159433462674,"d":"0.02"}]
[5,502,50204,{"v":8209.41417999999,"d":"8,209.41"},4313,{"v":0.525372445,"d":"0.53"},"M",310,50204002,{"v":6813.24258601,"d":"6,813.24"},79,252,331,{"v":119.3636881,"d":"119.36"},{"v":0.967661341,"d":"0.97"},{"v":320.2959038,"d":"320.30"},{"v":10.70409616,"d":"10.70"},0,"0_50204002_4255",{"v":6693.87889791999,"d":"6,693.88"},0,{"v":10.70409616,"d":"10.70"},{"v":0.017519366,"d":"0.02"},"0_50204002_4255_790","G",{"v":0.0977378479448,"d":"0.10"},{"v":1.4601078005E-5,"d":"0.00"},{"v":1.56291343005E-4,"d":"0.00"}]
[5,502,50204,{"v":8209.41417999999,"d":"8,209.41"},4313,{"v":0.525372445,"d":"0.53"},"M",310,50204002,{"v":6813.24258601,"d":"6,813.24"},79,252,331,{"v":119.3636881,"d":"119.36"},{"v":0.967661341,"d":"0.97"},{"v":320.2959038,"d":"320.30"},{"v":10.70409616,"d":"10.70"},0,"0_50204002_4255",{"v":6693.87889791999,"d":"6,693.88"},0,{"v":10.70409616,"d":"10.70"},{"v":0.017519366,"d":"0.02"},"0_50204002_4255_791","G",{"v":2.30254514799,"d":"2.30"},{"v":0.000343977712042,"d":"0.00"},{"v":0.00368197050659,"d":"0.00"}]
[5,502,50204,{"v":8209.41417999999,"d":"8,209.41"},4313,{"v":0.525372445,"d":"0.53"},"M",310,50204002,{"v":6813.24258601,"d":"6,813.24"},79,252,331,{"v":119.3636881,"d":"119.36"},{"v":0.967661341,"d":"0.97"},{"v":320.2959038,"d":"320.30"},{"v":10.70409616,"d":"10.70"},0,"0_50204002_4255",{"v":6693.87889791999,"d":"6,693.88"},0,{"v":10.70409616,"d":"10.70"},{"v":0.017519366,"d":"0.02"},"0_50204002_4255_792","G",{"v":6.88454347576,"d":"6.88"},{"v":1.02848342206E-3,"d":"0.00"},{"v":0.0110089854487,"d":"0.01"}]
[5,502,50204,{"v":8209.41417999999,"d":"8,209.41"},4313,{"v":0.525372445,"d":"0.53"},"M",310,50204002,{"v":6813.24258601,"d":"6,813.24"},79,252,331,{"v":119.3636881,"d":"119.36"},{"v":0.967661341,"d":"0.97"},{"v":320.2959038,"d":"320.30"},{"v":10.70409616,"d":"10.70"},0,"0_50204002_4255",{"v":6693.87889791999,"d":"6,693.88"},0,{"v":10.70409616,"d":"10.70"},{"v":0.017519366,"d":"0.02"},"0_50204002_4255_793","G",{"v":0.457093530114,"d":"0.46"},{"v":6.828530021e-05,"d":"0.00"},{"v":0.000730932419762,"d":"0.00"}]
[5,502,50204,{"v":8209.41417999999,"d":"8,209.41"},4313,{"v":0.525372445,"d":"0.53"},"M",310,50204002,{"v":6813.24258601,"d":"6,813.24"},79,252,331,{"v":119.3636881,"d":"119.36"},{"v":0.967661341,"d":"0.97"},{"v":320.2959038,"d":"320.30"},{"v":10.70409616,"d":"10.70"},0,"0_50204002_4255",{"v":6693.87889791999,"d":"6,693.88"},0,{"v":10.70409616,"d":"10.70"},{"v":0.017519366,"d":"0.02"},"0_50204002_4255_794","G",{"v":19.0103775460999,"d":"19.01"},{"v":2.83996436685E-3,"d":"0.00"},{"v":0.0303992516737,"d":"0.03"}]
[5,502,50205,{"v":2699.01415099999,"d":"2,699.01"},21314,{"v":7.896957485,"d":"7.90"},"ST",101,50205000,{"v":88.9360575950999,"d":"88.94"},197,1150,1347,{"v":29.60277087,"d":"29.60"},{"v":0.992934034,"d":"0.99"},{"v":1337.482144,"d":"1,337.48"},{"v":9.517856147,"d":"9.52"},0,"0_50205000_4256",{"v":59.3332867292999,"d":"59.33"},0,{"v":9.517856147,"d":"9.52"},{"v":0.332854544,"d":"0.33"},"0_50205000_4256_795","außerhalb GKL",{"v":9.93128894206999,"d":"9.93"},{"v":0.167381405776,"d":"0.17"},{"v":1.59311214186,"d":"1.59"}]
[5,502,50205,{"v":2699.01415099999,"d":"2,699.01"},21314,{"v":7.896957485,"d":"7.90"},"ST",101,50205000,{"v":88.9360575950999,"d":"88.94"},197,1150,1347,{"v":29.60277087,"d":"29.60"},{"v":0.992934034,"d":"0.99"},{"v":1337.482144,"d":"1,337.48"},{"v":9.517856147,"d":"9.52"},0,"0_50205000_4256",{"v":59.3332867292999,"d":"59.33"},0,{"v":9.517856147,"d":"9.52"},{"v":0.332854544,"d":"0.33"},"0_50205000_4256_796","außerhalb GKL",{"v":0.146908778119,"d":"0.15"},{"v":0.00247599258725,"d":"0.00"},{"v":0.0235661412665,"d":"0.02"}]
[5,502,50205,{"v":2699.01415099999,"d":"2,699.01"},21314,{"v":7.896957485,"d":"7.90"},"ST",101,50205000,{"v":88.9360575950999,"d":"88.94"},197,1150,1347,{"v":29.60277087,"d":"29.60"},{"v":0.992934034,"d":"0.99"},{"v":1337.482144,"d":"1,337.48"},{"v":9.517856147,"d":"9.52"},0,"0_50205000_4256",{"v":59.3332867292999,"d":"59.33"},0,{"v":9.517856147,"d":"9.52"},{"v":0.332854544,"d":"0.33"},"0_50205000_4256_797","A",{"v":0.773493793347,"d":"0.77"},{"v":0.013036422487,"d":"0.01"},{"v":0.124078793903,"d":"0.12"}]
[5,502,50205,{"v":2699.01415099999,"d":"2,699.01"},21314,{"v":7.896957485,"d":"7.90"},"ST",101,50205000,{"v":88.9360575950999,"d":"88.94"},197,1150,1347,{"v":29.60277087,"d":"29.60"},{"v":0.992934034,"d":"0.99"},{"v":1337.482144,"d":"1,337.48"},{"v":9.517856147,"d":"9.52"},0,"0_50205000_4256",{"v":59.3332867292999,"d":"59.33"},0,{"v":9.517856147,"d":"9.52"},{"v":0.332854544,"d":"0.33"},"0_50205000_4256_798","B",{"v":0.899644468754,"d":"0.90"},{"v":0.0151625591358,"d":"0.02"},{"v":0.144315056675,"d":"0.14"}]
[5,502,50205,{"v":2699.01415099999,"d":"2,699.01"},21314,{"v":7.896957485,"d":"7.90"},"ST",101,50205000,{"v":88.9360575950999,"d":"88.94"},197,1150,1347,{"v":29.60277087,"d":"29.60"},{"v":0.992934034,"d":"0.99"},{"v":1337.482144,"d":"1,337.48"},{"v":9.517856147,"d":"9.52"},0,"0_50205000_4256",{"v":59.3332867292999,"d":"59.33"},0,{"v":9.517856147,"d":"9.52"},{"v":0.332854544,"d":"0.33"},"0_50205000_4256_799","B",{"v":0.000874062667476,"d":"0.00"},{"v":1.4731404843E-5,"d":"0.00"},{"v":0.000140211392139,"d":"0.00"}]
[5,502,50205,{"v":2699.01415099999,"d":"2,699.01"},21314,{"v":7.896957485,"d":"7.90"},"ST",101,50205000,{"v":88.9360575950999,"d":"88.94"},197,1150,1347,{"v":29.60277087,"d":"29.60"},{"v":0.992934034,"d":"0.99"},{"v":1337.482144,"d":"1,337.48"},{"v":9.517856147,"d":"9.52"},0,"0_50205000_4256",{"v":59.3332867292999,"d":"59.33"},0,{"v":9.517856147,"d":"9.52"},{"v":0.332854544,"d":"0.33"},"0_50205000_4256_800","C",{"v":0.0857447075498,"d":"0.09"},{"v":0.0014451366556,"d":"0.00"},{"v":0.0137546028008,"d":"0.01"}]
[5,502,50205,{"v":2699.01415099999,"d":"2,699.01"},21314,{"v":7.896957485,"d":"7.90"},"ST",101,50205000,{"v":88.9360575950999,"d":"88.94"},197,1150,1347,{"v":29.60277087,"d":"29.60"},{"v":0.992934034,"d":"0.99"},{"v":1337.482144,"d":"1,337.48"},{"v":9.517856147,"d":"9.52"},0,"0_50205000_4256",{"v":59.3332867292999,"d":"59.33"},0,{"v":9.517856147,"d":"9.52"},{"v":0.332854544,"d":"0.33"},"0_50205000_4256_801","C",{"v":0.0297043180996,"d":"0.03"},{"v":0.000500634967942,"d":"0.00"},{"v":0.00476497160703,"d":"0.00"}]
[5,502,50205,{"v":2699.01415099999,"d":"2,699.01"},21314,{"v":7.896957485,"d":"7.90"},"ST",101,50205000,{"v":88.9360575950999,"d":"88.94"},197,1150,1347,{"v":29.60277087,"d":"29.60"},{"v":0.992934034,"d":"0.99"},{"v":1337.482144,"d":"1,337.48"},{"v":9.517856147,"d":"9.52"},0,"0_50205000_4256",{"v":59.3332867292999,"d":"59.33"},0,{"v":9.517856147,"d":"9.52"},{"v":0.332854544,"d":"0.33"},"0_50205000_4256_802","C",{"v":2.71765833715,"d":"2.72"},{"v":0.0458032663781,"d":"0.05"},{"v":0.435948900449,"d":"0.44"}]
[5,502,50205,{"v":2699.01415099999,"d":"2,699.01"},21314,{"v":7.896957485,"d":"7.90"},"ST",101,50205000,{"v":88.9360575950999,"d":"88.94"},197,1150,1347,{"v":29.60277087,"d":"29.60"},{"v":0.992934034,"d":"0.99"},{"v":1337.482144,"d":"1,337.48"},{"v":9.517856147,"d":"9.52"},0,"0_50205000_4256",{"v":59.3332867292999,"d":"59.33"},0,{"v":9.517856147,"d":"9.52"},{"v":0.332854544,"d":"0.33"},"0_50205000_4256_803","C",{"v":0.325874501441,"d":"0.33"},{"v":5.49227119219E-3,"d":"0.01"},{"v":0.0522746471276,"d":"0.05"}]
[5,502,50205,{"v":2699.01415099999,"d":"2,699.01"},21314,{"v":7.896957485,"d":"7.90"},"ST",101,50205000,{"v":88.9360575950999,"d":"88.94"},197,1150,1347,{"v":29.60277087,"d":"29.60"},{"v":0.992934034,"d":"0.99"},{"v":1337.482144,"d":"1,337.48"},{"v":9.517856147,"d":"9.52"},0,"0_50205000_4256",{"v":59.3332867292999,"d":"59.33"},0,{"v":9.517856147,"d":"9.52"},{"v":0.332854544,"d":"0.33"},"0_50205000_4256_804","C",{"v":3.7971816196E-5,"d":"0.00"},{"v":6.39974933e-07,"d":"0.00"},{"v":6.091189349e-06,"d":"0.00"}]
[5,502,50205,{"v":2699.01415099999,"d":"2,699.01"},21314,{"v":7.896957485,"d":"7.90"},"ST",101,50205000,{"v":88.9360575950999,"d":"88.94"},197,1150,1347,{"v":29.60277087,"d":"29.60"},{"v":0.992934034,"d":"0.99"},{"v":1337.482144,"d":"1,337.48"},{"v":9.517856147,"d":"9.52"},0,"0_50205000_4256",{"v":59.3332867292999,"d":"59.33"},0,{"v":9.517856147,"d":"9.52"},{"v":0.332854544,"d":"0.33"},"0_50205000_4256_805","D",{"v":0.598530904217,"d":"0.60"},{"v":0.0100876074327,"d":"0.01"},{"v":0.0960123964118,"d":"0.10"}]
[5,502,50205,{"v":2699.01415099999,"d":"2,699.01"},21314,{"v":7.896957485,"d":"7.90"},"ST",101,50205000,{"v":88.9360575950999,"d":"88.94"},197,1150,1347,{"v":29.60277087,"d":"29.60"},{"v":0.992934034,"d":"0.99"},{"v":1337.482144,"d":"1,337.48"},{"v":9.517856147,"d":"9.52"},0,"0_50205000_4256",{"v":59.3332867292999,"d":"59.33"},0,{"v":9.517856147,"d":"9.52"},{"v":0.332854544,"d":"0.33"},"0_50205000_4256_806","D",{"v":0.323523324337,"d":"0.32"},{"v":0.00545264458066,"d":"0.01"},{"v":0.0518974867394,"d":"0.05"}]
[5,502,50205,{"v":2699.01415099999,"d":"2,699.01"},21314,{"v":7.896957485,"d":"7.90"},"ST",101,50205000,{"v":88.9360575950999,"d":"88.94"},197,1150,1347,{"v":29.60277087,"d":"29.60"},{"v":0.992934034,"d":"0.99"},{"v":1337.482144,"d":"1,337.48"},{"v":9.517856147,"d":"9.52"},0,"0_50205000_4256",{"v":59.3332867292999,"d":"59.33"},0,{"v":9.517856147,"d":"9.52"},{"v":0.332854544,"d":"0.33"},"0_50205000_4256_807","D",{"v":5.29969041772,"d":"5.30"},{"v":0.0893206951757,"d":"0.09"},{"v":0.850141527632,"d":"0.85"}]
[5,502,50205,{"v":2699.01415099999,"d":"2,699.01"},21314,{"v":7.896957485,"d":"7.90"},"ST",101,50205000,{"v":88.9360575950999,"d":"88.94"},197,1150,1347,{"v":29.60277087,"d":"29.60"},{"v":0.992934034,"d":"0.99"},{"v":1337.482144,"d":"1,337.48"},{"v":9.517856147,"d":"9.52"},0,"0_50205000_4256",{"v":59.3332867292999,"d":"59.33"},0,{"v":9.517856147,"d":"9.52"},{"v":0.332854544,"d":"0.33"},"0_50205000_4256_808","D",{"v":0.667801986341,"d":"0.67"},{"v":0.0112550984979,"d":"0.01"},{"v":0.107124408423,"d":"0.11"}]
[5,502,50205,{"v":2699.01415099999,"d":"2,699.01"},21314,{"v":7.896957485,"d":"7.90"},"ST",101,50205000,{"v":88.9360575950999,"d":"88.94"},197,1150,1347,{"v":29.60277087,"d":"29.60"},{"v":0.992934034,"d":"0.99"},{"v":1337.482144,"d":"1,337.48"},{"v":9.517856147,"d":"9.52"},0,"0_50205000_4256",{"v":59.3332867292999,"d":"59.33"},0,{"v":9.517856147,"d":"9.52"},{"v":0.332854544,"d":"0.33"},"0_50205000_4256_809","D",{"v":3.9791136615e-05,"d":"0.00"},{"v":6.70637661e-07,"d":"0.00"},{"v":6.383032782e-06,"d":"0.00"}]
[5,502,50205,{"v":2699.01415099999,"d":"2,699.01"},21314,{"v":7.896957485,"d":"7.90"},"ST",101,50205000,{"v":88.9360575950999,"d":"88.94"},197,1150,1347,{"v":29.60277087,"d":"29.60"},{"v":0.992934034,"d":"0.99"},{"v":1337.482144,"d":"1,337.48"},{"v":9.517856147,"d":"9.52"},0,"0_50205000_4256",{"v":59.3332867292999,"d":"59.33"},0,{"v":9.517856147,"d":"9.52"},{"v":0.332854544,"d":"0.33"},"0_50205000_4256_810","D",{"v":0.00961035466886,"d":"0.01"},{"v":1.61972396923E-4,"d":"0.00"},{"v":0.0015416299737,"d":"0.00"}]
[5,502,50205,{"v":2699.01415099999,"d":"2,699.01"},21314,{"v":7.896957485,"d":"7.90"},"ST",101,50205000,{"v":88.9360575950999,"d":"88.94"},197,1150,1347,{"v":29.60277087,"d":"29.60"},{"v":0.992934034,"d":"0.99"},{"v":1337.482144,"d":"1,337.48"},{"v":9.517856147,"d":"9.52"},0,"0_50205000_4256",{"v":59.3332867292999,"d":"59.33"},0,{"v":9.517856147,"d":"9.52"},{"v":0.332854544,"d":"0.33"},"0_50205000_4256_811","D",{"v":0.208043244018,"d":"0.21"},{"v":0.00350634956339,"d":"0.00"},{"v":0.0333729307454,"d":"0.03"}]
[5,502,50205,{"v":2699.01415099999,"d":"2,699.01"},21314,{"v":7.896957485,"d":"7.90"},"ST",101,50205000,{"v":88.9360575950999,"d":"88.94"},197,1150,1347,{"v":29.60277087,"d":"29.60"},{"v":0.992934034,"d":"0.99"},{"v":1337.482144,"d":"1,337.48"},{"v":9.517856147,"d":"9.52"},0,"0_50205000_4256",{"v":59.3332867292999,"d":"59.33"},0,{"v":9.517856147,"d":"9.52"},{"v":0.332854544,"d":"0.33"},"0_50205000_4256_812","D",{"v":0.0622680499935,"d":"0.06"},{"v":1.04946234106E-3,"d":"0.00"},{"v":0.0099886315939,"d":"0.01"}]
[5,502,50205,{"v":2699.01415099999,"d":"2,699.01"},21314,{"v":7.896957485,"d":"7.90"},"ST",101,50205000,{"v":88.9360575950999,"d":"88.94"},197,1150,1347,{"v":29.60277087,"d":"29.60"},{"v":0.992934034,"d":"0.99"},{"v":1337.482144,"d":"1,337.48"},{"v":9.517856147,"d":"9.52"},0,"0_50205000_4256",{"v":59.3332867292999,"d":"59.33"},0,{"v":9.517856147,"d":"9.52"},{"v":0.332854544,"d":"0.33"},"0_50205000_4256_813","D",{"v":3.627950357e-06,"d":"0.00"},{"v":6.1145279e-08,"d":"0.00"},{"v":5.81971967e-07,"d":"0.00"}]
[5,502,50205,{"v":2699.01415099999,"d":"2,699.01"},21314,{"v":7.896957485,"d":"7.90"},"ST",101,50205000,{"v":88.9360575950999,"d":"88.94"},197,1150,1347,{"v":29.60277087,"d":"29.60"},{"v":0.992934034,"d":"0.99"},{"v":1337.482144,"d":"1,337.48"},{"v":9.517856147,"d":"9.52"},0,"0_50205000_4256",{"v":59.3332867292999,"d":"59.33"},0,{"v":9.517856147,"d":"9.52"},{"v":0.332854544,"d":"0.33"},"0_50205000_4256_814","D",{"v":0.767143449712,"d":"0.77"},{"v":0.0129293941394,"d":"0.01"},{"v":0.123060113487,"d":"0.12"}]
[5,502,50205,{"v":2699.01415099999,"d":"2,699.01"},21314,{"v":7.896957485,"d":"7.90"},"ST",101,50205000,{"v":88.9360575950999,"d":"88.94"},197,1150,1347,{"v":29.60277087,"d":"29.60"},{"v":0.992934034,"d":"0.99"},{"v":1337.482144,"d":"1,337.48"},{"v":9.517856147,"d":"9.52"},0,"0_50205000_4256",{"v":59.3332867292999,"d":"59.33"},0,{"v":9.517856147,"d":"9.52"},{"v":0.332854544,"d":"0.33"},"0_50205000_4256_815","E",{"v":7.60992581763,"d":"7.61"},{"v":0.128257277443,"d":"0.13"},{"v":1.22073431651,"d":"1.22"}]
[5,502,50205,{"v":2699.01415099999,"d":"2,699.01"},21314,{"v":7.896957485,"d":"7.90"},"ST",101,50205000,{"v":88.9360575950999,"d":"88.94"},197,1150,1347,{"v":29.60277087,"d":"29.60"},{"v":0.992934034,"d":"0.99"},{"v":1337.482144,"d":"1,337.48"},{"v":9.517856147,"d":"9.52"},0,"0_50205000_4256",{"v":59.3332867292999,"d":"59.33"},0,{"v":9.517856147,"d":"9.52"},{"v":0.332854544,"d":"0.33"},"0_50205000_4256_816","E",{"v":0.592631361326,"d":"0.59"},{"v":0.00998817685644,"d":"0.01"},{"v":0.0950660304904,"d":"0.10"}]
[5,502,50205,{"v":2699.01415099999,"d":"2,699.01"},21314,{"v":7.896957485,"d":"7.90"},"ST",101,50205000,{"v":88.9360575950999,"d":"88.94"},197,1150,1347,{"v":29.60277087,"d":"29.60"},{"v":0.992934034,"d":"0.99"},{"v":1337.482144,"d":"1,337.48"},{"v":9.517856147,"d":"9.52"},0,"0_50205000_4256",{"v":59.3332867292999,"d":"59.33"},0,{"v":9.517856147,"d":"9.52"},{"v":0.332854544,"d":"0.33"},"0_50205000_4256_817","E",{"v":5.20524618624,"d":"5.21"},{"v":0.0877289372151,"d":"0.09"},{"v":0.834991404343,"d":"0.83"}]
[5,502,50205,{"v":2699.01415099999,"d":"2,699.01"},21314,{"v":7.896957485,"d":"7.90"},"ST",101,50205000,{"v":88.9360575950999,"d":"88.94"},197,1150,1347,{"v":29.60277087,"d":"29.60"},{"v":0.992934034,"d":"0.99"},{"v":1337.482144,"d":"1,337.48"},{"v":9.517856147,"d":"9.52"},0,"0_50205000_4256",{"v":59.3332867292999,"d":"59.33"},0,{"v":9.517856147,"d":"9.52"},{"v":0.332854544,"d":"0.33"},"0_50205000_4256_818","E",{"v":0.344226329741,"d":"0.34"},{"v":0.0058015719121,"d":"0.01"},{"v":0.0552185268858,"d":"0.06"}]
[5,502,50205,{"v":2699.01415099999,"d":"2,699.01"},21314,{"v":7.896957485,"d":"7.90"},"ST",101,50205000,{"v":88.9360575950999,"d":"88.94"},197,1150,1347,{"v":29.60277087,"d":"29.60"},{"v":0.992934034,"d":"0.99"},{"v":1337.482144,"d":"1,337.48"},{"v":9.517856147,"d":"9.52"},0,"0_50205000_4256",{"v":59.3332867292999,"d":"59.33"},0,{"v":9.517856147,"d":"9.52"},{"v":0.332854544,"d":"0.33"},"0_50205000_4256_819","F",{"v":13.7323378342,"d":"13.73"},{"v":0.231444077872,"d":"0.23"},{"v":2.20285143926,"d":"2.20"}]
[5,502,50205,{"v":2699.01415099999,"d":"2,699.01"},21314,{"v":7.896957485,"d":"7.90"},"ST",101,50205000,{"v":88.9360575950999,"d":"88.94"},197,1150,1347,{"v":29.60277087,"d":"29.60"},{"v":0.992934034,"d":"0.99"},{"v":1337.482144,"d":"1,337.48"},{"v":9.517856147,"d":"9.52"},0,"0_50205000_4256",{"v":59.3332867292999,"d":"59.33"},0,{"v":9.517856147,"d":"9.52"},{"v":0.332854544,"d":"0.33"},"0_50205000_4256_820","F",{"v":0.235268988783,"d":"0.24"},{"v":0.00396521079064,"d":"0.00"},{"v":0.0377403058978,"d":"0.04"}]
[5,502,50205,{"v":2699.01415099999,"d":"2,699.01"},21314,{"v":7.896957485,"d":"7.90"},"ST",101,50205000,{"v":88.9360575950999,"d":"88.94"},197,1150,1347,{"v":29.60277087,"d":"29.60"},{"v":0.992934034,"d":"0.99"},{"v":1337.482144,"d":"1,337.48"},{"v":9.517856147,"d":"9.52"},0,"0_50205000_4256",{"v":59.3332867292999,"d":"59.33"},0,{"v":9.517856147,"d":"9.52"},{"v":0.332854544,"d":"0.33"},"0_50205000_4256_821","G",{"v":8.28769024715,"d":"8.29"},{"v":0.139680282418,"d":"0.14"},{"v":1.32945683463,"d":"1.33"}]
[5,502,50205,{"v":2699.01415099999,"d":"2,699.01"},21314,{"v":7.896957485,"d":"7.90"},"ST",101,50205000,{"v":88.9360575950999,"d":"88.94"},197,1150,1347,{"v":29.60277087,"d":"29.60"},{"v":0.992934034,"d":"0.99"},{"v":1337.482144,"d":"1,337.48"},{"v":9.517856147,"d":"9.52"},0,"0_50205000_4256",{"v":59.3332867292999,"d":"59.33"},0,{"v":9.517856147,"d":"9.52"},{"v":0.332854544,"d":"0.33"},"0_50205000_4256_822","G",{"v":0.478074933041,"d":"0.48"},{"v":0.00805744902052,"d":"0.01"},{"v":0.0766896406891,"d":"0.08"}]
[5,502,50205,{"v":2699.01415099999,"d":"2,699.01"},21314,{"v":7.896957485,"d":"7.90"},"ST",101,50205010,{"v":49.612513405,"d":"49.61"},49,1328,1377,{"v":43.7373959199999,"d":"43.74"},{"v":0.992934034,"d":"0.99"},{"v":1367.27016499999,"d":"1,367.27"},{"v":9.72983512599999,"d":"9.73"},0,"0_50205010_4257",{"v":5.87511748789,"d":"5.88"},0,{"v":9.72983512599999,"d":"9.73"},{"v":0.881579926,"d":"0.88"},"0_50205010_4257_823","A",{"v":0.0394175566424,"d":"0.04"},{"v":0.00670923717247,"d":"0.01"},{"v":0.0652797715094,"d":"0.07"}]
[5,502,50205,{"v":2699.01415099999,"d":"2,699.01"},21314,{"v":7.896957485,"d":"7.90"},"ST",101,50205010,{"v":49.612513405,"d":"49.61"},49,1328,1377,{"v":43.7373959199999,"d":"43.74"},{"v":0.992934034,"d":"0.99"},{"v":1367.27016499999,"d":"1,367.27"},{"v":9.72983512599999,"d":"9.73"},0,"0_50205010_4257",{"v":5.87511748789,"d":"5.88"},0,{"v":9.72983512599999,"d":"9.73"},{"v":0.881579926,"d":"0.88"},"0_50205010_4257_824","A",{"v":0.000239518456114,"d":"0.00"},{"v":4.0768283631E-5,"d":"0.00"},{"v":0.000396668678104,"d":"0.00"}]
[5,502,50205,{"v":2699.01415099999,"d":"2,699.01"},21314,{"v":7.896957485,"d":"7.90"},"ST",101,50205010,{"v":49.612513405,"d":"49.61"},49,1328,1377,{"v":43.7373959199999,"d":"43.74"},{"v":0.992934034,"d":"0.99"},{"v":1367.27016499999,"d":"1,367.27"},{"v":9.72983512599999,"d":"9.73"},0,"0_50205010_4257",{"v":5.87511748789,"d":"5.88"},0,{"v":9.72983512599999,"d":"9.73"},{"v":0.881579926,"d":"0.88"},"0_50205010_4257_825","A",{"v":0.0364233553877,"d":"0.04"},{"v":0.00619959608685,"d":"0.01"},{"v":0.0603210477728,"d":"0.06"}]
[5,502,50205,{"v":2699.01415099999,"d":"2,699.01"},21314,{"v":7.896957485,"d":"7.90"},"ST",101,50205010,{"v":49.612513405,"d":"49.61"},49,1328,1377,{"v":43.7373959199999,"d":"43.74"},{"v":0.992934034,"d":"0.99"},{"v":1367.27016499999,"d":"1,367.27"},{"v":9.72983512599999,"d":"9.73"},0,"0_50205010_4257",{"v":5.87511748789,"d":"5.88"},0,{"v":9.72983512599999,"d":"9.73"},{"v":0.881579926,"d":"0.88"},"0_50205010_4257_826","A",{"v":0.442144759822,"d":"0.44"},{"v":0.0752571775345,"d":"0.08"},{"v":0.732239929459,"d":"0.73"}]
[5,502,50205,{"v":2699.01415099999,"d":"2,699.01"},21314,{"v":7.896957485,"d":"7.90"},"ST",101,50205010,{"v":49.612513405,"d":"49.61"},49,1328,1377,{"v":43.7373959199999,"d":"43.74"},{"v":0.992934034,"d":"0.99"},{"v":1367.27016499999,"d":"1,367.27"},{"v":9.72983512599999,"d":"9.73"},0,"0_50205010_4257",{"v":5.87511748789,"d":"5.88"},0,{"v":9.72983512599999,"d":"9.73"},{"v":0.881579926,"d":"0.88"},"0_50205010_4257_827","B",{"v":0.214371626999,"d":"0.21"},{"v":0.0364880578884,"d":"0.04"},{"v":0.355022787322,"d":"0.36"}]
[5,502,50205,{"v":2699.01415099999,"d":"2,699.01"},21314,{"v":7.896957485,"d":"7.90"},"ST",101,50205010,{"v":49.612513405,"d":"49.61"},49,1328,1377,{"v":43.7373959199999,"d":"43.74"},{"v":0.992934034,"d":"0.99"},{"v":1367.27016499999,"d":"1,367.27"},{"v":9.72983512599999,"d":"9.73"},0,"0_50205010_4257",{"v":5.87511748789,"d":"5.88"},0,{"v":9.72983512599999,"d":"9.73"},{"v":0.881579926,"d":"0.88"},"0_50205010_4257_828","B",{"v":0.293555731252,"d":"0.29"},{"v":0.0499659337634,"d":"0.05"},{"v":0.486160297435,"d":"0.49"}]
[5,502,50205,{"v":2699.01415099999,"d":"2,699.01"},21314,{"v":7.896957485,"d":"7.90"},"ST",101,50205010,{"v":49.612513405,"d":"49.61"},49,1328,1377,{"v":43.7373959199999,"d":"43.74"},{"v":0.992934034,"d":"0.99"},{"v":1367.27016499999,"d":"1,367.27"},{"v":9.72983512599999,"d":"9.73"},0,"0_50205010_4257",{"v":5.87511748789,"d":"5.88"},0,{"v":9.72983512599999,"d":"9.73"},{"v":0.881579926,"d":"0.88"},"0_50205010_4257_829","B",{"v":0.00983979329588,"d":"0.01"},{"v":1.67482494029E-3,"d":"0.00"},{"v":0.0162957705339,"d":"0.02"}]
[5,502,50205,{"v":2699.01415099999,"d":"2,699.01"},21314,{"v":7.896957485,"d":"7.90"},"ST",101,50205010,{"v":49.612513405,"d":"49.61"},49,1328,1377,{"v":43.7373959199999,"d":"43.74"},{"v":0.992934034,"d":"0.99"},{"v":1367.27016499999,"d":"1,367.27"},{"v":9.72983512599999,"d":"9.73"},0,"0_50205010_4257",{"v":5.87511748789,"d":"5.88"},0,{"v":9.72983512599999,"d":"9.73"},{"v":0.881579926,"d":"0.88"},"0_50205010_4257_830","B",{"v":1.826940914E-6,"d":"0.00"},{"v":3.10962448e-07,"d":"0.00"},{"v":3.025613346e-06,"d":"0.00"}]
[5,502,50205,{"v":2699.01415099999,"d":"2,699.01"},21314,{"v":7.896957485,"d":"7.90"},"ST",101,50205010,{"v":49.612513405,"d":"49.61"},49,1328,1377,{"v":43.7373959199999,"d":"43.74"},{"v":0.992934034,"d":"0.99"},{"v":1367.27016499999,"d":"1,367.27"},{"v":9.72983512599999,"d":"9.73"},0,"0_50205010_4257",{"v":5.87511748789,"d":"5.88"},0,{"v":9.72983512599999,"d":"9.73"},{"v":0.881579926,"d":"0.88"},"0_50205010_4257_831","B",{"v":0.09754729454739999,"d":"0.10"},{"v":0.0166034627815,"d":"0.02"},{"v":0.161548955385,"d":"0.16"}]
[5,502,50205,{"v":2699.01415099999,"d":"2,699.01"},21314,{"v":7.896957485,"d":"7.90"},"ST",101,50205010,{"v":49.612513405,"d":"49.61"},49,1328,1377,{"v":43.7373959199999,"d":"43.74"},{"v":0.992934034,"d":"0.99"},{"v":1367.27016499999,"d":"1,367.27"},{"v":9.72983512599999,"d":"9.73"},0,"0_50205010_4257",{"v":5.87511748789,"d":"5.88"},0,{"v":9.72983512599999,"d":"9.73"},{"v":0.881579926,"d":"0.88"},"0_50205010_4257_832","B",{"v":0.525563862248,"d":"0.53"},{"v":0.0894558897471,"d":"0.09"},{"v":0.870391058289,"d":"0.87"}]
[5,502,50205,{"v":2699.01415099999,"d":"2,699.01"},21314,{"v":7.896957485,"d":"7.90"},"ST",101,50205010,{"v":49.612513405,"d":"49.61"},49,1328,1377,{"v":43.7373959199999,"d":"43.74"},{"v":0.992934034,"d":"0.99"},{"v":1367.27016499999,"d":"1,367.27"},{"v":9.72983512599999,"d":"9.73"},0,"0_50205010_4257",{"v":5.87511748789,"d":"5.88"},0,{"v":9.72983512599999,"d":"9.73"},{"v":0.881579926,"d":"0.88"},"0_50205010_4257_833","C",{"v":0.495775428663,"d":"0.50"},{"v":0.084385619468,"d":"0.08"},{"v":0.821058164429,"d":"0.82"}]
[5,502,50205,{"v":2699.01415099999,"d":"2,699.01"},21314,{"v":7.896957485,"d":"7.90"},"ST",101,50205010,{"v":49.612513405,"d":"49.61"},49,1328,1377,{"v":43.7373959199999,"d":"43.74"},{"v":0.992934034,"d":"0.99"},{"v":1367.27016499999,"d":"1,367.27"},{"v":9.72983512599999,"d":"9.73"},0,"0_50205010_4257",{"v":5.87511748789,"d":"5.88"},0,{"v":9.72983512599999,"d":"9.73"},{"v":0.881579926,"d":"0.88"},"0_50205010_4257_834","C",{"v":0.792324067305,"d":"0.79"},{"v":0.134860974089,"d":"0.13"},{"v":1.31217504282,"d":"1.31"}]
[5,502,50205,{"v":2699.01415099999,"d":"2,699.01"},21314,{"v":7.896957485,"d":"7.90"},"ST",101,50205010,{"v":49.612513405,"d":"49.61"},49,1328,1377,{"v":43.7373959199999,"d":"43.74"},{"v":0.992934034,"d":"0.99"},{"v":1367.27016499999,"d":"1,367.27"},{"v":9.72983512599999,"d":"9.73"},0,"0_50205010_4257",{"v":5.87511748789,"d":"5.88"},0,{"v":9.72983512599999,"d":"9.73"},{"v":0.881579926,"d":"0.88"},"0_50205010_4257_835","C",{"v":0.00228889181943,"d":"0.00"},{"v":0.000389590816549,"d":"0.00"},{"v":0.00379065441163,"d":"0.00"}]
[5,502,50205,{"v":2699.01415099999,"d":"2,699.01"},21314,{"v":7.896957485,"d":"7.90"},"ST",101,50205010,{"v":49.612513405,"d":"49.61"},49,1328,1377,{"v":43.7373959199999,"d":"43.74"},{"v":0.992934034,"d":"0.99"},{"v":1367.27016499999,"d":"1,367.27"},{"v":9.72983512599999,"d":"9.73"},0,"0_50205010_4257",{"v":5.87511748789,"d":"5.88"},0,{"v":9.72983512599999,"d":"9.73"},{"v":0.881579926,"d":"0.88"},"0_50205010_4257_836","D",{"v":2.57943025845,"d":"2.58"},{"v":0.439043178927,"d":"0.44"},{"v":4.27181774415,"d":"4.27"}]
[5,502,50205,{"v":2699.01415099999,"d":"2,699.01"},21314,{"v":7.896957485,"d":"7.90"},"ST",101,50205010,{"v":49.612513405,"d":"49.61"},49,1328,1377,{"v":43.7373959199999,"d":"43.74"},{"v":0.992934034,"d":"0.99"},{"v":1367.27016499999,"d":"1,367.27"},{"v":9.72983512599999,"d":"9.73"},0,"0_50205010_4257",{"v":5.87511748789,"d":"5.88"},0,{"v":9.72983512599999,"d":"9.73"},{"v":0.881579926,"d":"0.88"},"0_50205010_4257_837","D",{"v":0.130521623737,"d":"0.13"},{"v":0.0222160023193,"d":"0.02"},{"v":0.216158039726,"d":"0.22"}]
[5,502,50205,{"v":2699.01415099999,"d":"2,699.01"},21314,{"v":7.896957485,"d":"7.90"},"ST",101,50205010,{"v":49.612513405,"d":"49.61"},49,1328,1377,{"v":43.7373959199999,"d":"43.74"},{"v":0.992934034,"d":"0.99"},{"v":1367.27016499999,"d":"1,367.27"},{"v":9.72983512599999,"d":"9.73"},0,"0_50205010_4257",{"v":5.87511748789,"d":"5.88"},0,{"v":9.72983512599999,"d":"9.73"},{"v":0.881579926,"d":"0.88"},"0_50205010_4257_838","D",{"v":0.215671892348,"d":"0.22"},{"v":0.036709375224,"d":"0.04"},{"v":0.357176168508,"d":"0.36"}]
[5,502,50205,{"v":2699.01415099999,"d":"2,699.01"},21314,{"v":7.896957485,"d":"7.90"},"ST",101,50205011,{"v":52.87462106,"d":"52.87"},127,1337,1464,{"v":49.01632595,"d":"49.02"},{"v":0.992934034,"d":"0.99"},{"v":1453.655426,"d":"1,453.66"},{"v":10.34457416,"d":"10.34"},0,"0_50205011_4258",{"v":3.85829511464,"d":"3.86"},0,{"v":10.34457416,"d":"10.34"},{"v":0.927029357,"d":"0.93"},"0_50205011_4258_839","A",{"v":0.0109116918867,"d":"0.01"},{"v":0.00282811230414,"d":"0.00"},{"v":0.029255617463,"d":"0.03"}]
[5,502,50205,{"v":2699.01415099999,"d":"2,699.01"},21314,{"v":7.896957485,"d":"7.90"},"ST",101,50205011,{"v":52.87462106,"d":"52.87"},127,1337,1464,{"v":49.01632595,"d":"49.02"},{"v":0.992934034,"d":"0.99"},{"v":1453.655426,"d":"1,453.66"},{"v":10.34457416,"d":"10.34"},0,"0_50205011_4258",{"v":3.85829511464,"d":"3.86"},0,{"v":10.34457416,"d":"10.34"},{"v":0.927029357,"d":"0.93"},"0_50205011_4258_840","A",{"v":0.0988808031582,"d":"0.10"},{"v":0.0256281078093,"d":"0.03"},{"v":0.265111861814,"d":"0.27"}]
[5,502,50205,{"v":2699.01415099999,"d":"2,699.01"},21314,{"v":7.896957485,"d":"7.90"},"ST",101,50205011,{"v":52.87462106,"d":"52.87"},127,1337,1464,{"v":49.01632595,"d":"49.02"},{"v":0.992934034,"d":"0.99"},{"v":1453.655426,"d":"1,453.66"},{"v":10.34457416,"d":"10.34"},0,"0_50205011_4258",{"v":3.85829511464,"d":"3.86"},0,{"v":10.34457416,"d":"10.34"},{"v":0.927029357,"d":"0.93"},"0_50205011_4258_841","A",{"v":2.45423927607,"d":"2.45"},{"v":0.63609423415,"d":"0.64"},{"v":6.58012397791,"d":"6.58"}]
[5,502,50205,{"v":2699.01415099999,"d":"2,699.01"},21314,{"v":7.896957485,"d":"7.90"},"ST",101,50205011,{"v":52.87462106,"d":"52.87"},127,1337,1464,{"v":49.01632595,"d":"49.02"},{"v":0.992934034,"d":"0.99"},{"v":1453.655426,"d":"1,453.66"},{"v":10.34457416,"d":"10.34"},0,"0_50205011_4258",{"v":3.85829511464,"d":"3.86"},0,{"v":10.34457416,"d":"10.34"},{"v":0.927029357,"d":"0.93"},"0_50205011_4258_842","A",{"v":2.8622401732E-5,"d":"0.00"},{"v":7.418406545e-06,"d":"0.00"},{"v":7.6740256658e-05,"d":"0.00"}]
[5,502,50205,{"v":2699.01415099999,"d":"2,699.01"},21314,{"v":7.896957485,"d":"7.90"},"ST",101,50205011,{"v":52.87462106,"d":"52.87"},127,1337,1464,{"v":49.01632595,"d":"49.02"},{"v":0.992934034,"d":"0.99"},{"v":1453.655426,"d":"1,453.66"},{"v":10.34457416,"d":"10.34"},0,"0_50205011_4258",{"v":3.85829511464,"d":"3.86"},0,{"v":10.34457416,"d":"10.34"},{"v":0.927029357,"d":"0.93"},"0_50205011_4258_843","B",{"v":0.152429533927,"d":"0.15"},{"v":0.0395069660039,"d":"0.04"},{"v":0.408682739664,"d":"0.41"}]
[5,502,50205,{"v":2699.01415099999,"d":"2,699.01"},21314,{"v":7.896957485,"d":"7.90"},"ST",101,50205011,{"v":52.87462106,"d":"52.87"},127,1337,1464,{"v":49.01632595,"d":"49.02"},{"v":0.992934034,"d":"0.99"},{"v":1453.655426,"d":"1,453.66"},{"v":10.34457416,"d":"10.34"},0,"0_50205011_4258",{"v":3.85829511464,"d":"3.86"},0,{"v":10.34457416,"d":"10.34"},{"v":0.927029357,"d":"0.93"},"0_50205011_4258_844","B",{"v":0.0587790420544,"d":"0.06"},{"v":0.0152344598606,"d":"0.02"},{"v":0.157593999816,"d":"0.16"}]
[5,502,50205,{"v":2699.01415099999,"d":"2,699.01"},21314,{"v":7.896957485,"d":"7.90"},"ST",101,50205011,{"v":52.87462106,"d":"52.87"},127,1337,1464,{"v":49.01632595,"d":"49.02"},{"v":0.992934034,"d":"0.99"},{"v":1453.655426,"d":"1,453.66"},{"v":10.34457416,"d":"10.34"},0,"0_50205011_4258",{"v":3.85829511464,"d":"3.86"},0,{"v":10.34457416,"d":"10.34"},{"v":0.927029357,"d":"0.93"},"0_50205011_4258_845","B",{"v":0.530082014885,"d":"0.53"},{"v":0.137387628249,"d":"0.14"},{"v":1.42121650909,"d":"1.42"}]
[5,502,50205,{"v":2699.01415099999,"d":"2,699.01"},21314,{"v":7.896957485,"d":"7.90"},"ST",101,50205011,{"v":52.87462106,"d":"52.87"},127,1337,1464,{"v":49.01632595,"d":"49.02"},{"v":0.992934034,"d":"0.99"},{"v":1453.655426,"d":"1,453.66"},{"v":10.34457416,"d":"10.34"},0,"0_50205011_4258",{"v":3.85829511464,"d":"3.86"},0,{"v":10.34457416,"d":"10.34"},{"v":0.927029357,"d":"0.93"},"0_50205011_4258_846","B",{"v":0.124649919349,"d":"0.12"},{"v":0.032306994578,"d":"0.03"},{"v":0.334202101299,"d":"0.33"}]
[5,502,50205,{"v":2699.01415099999,"d":"2,699.01"},21314,{"v":7.896957485,"d":"7.90"},"ST",101,50205011,{"v":52.87462106,"d":"52.87"},127,1337,1464,{"v":49.01632595,"d":"49.02"},{"v":0.992934034,"d":"0.99"},{"v":1453.655426,"d":"1,453.66"},{"v":10.34457416,"d":"10.34"},0,"0_50205011_4258",{"v":3.85829511464,"d":"3.86"},0,{"v":10.34457416,"d":"10.34"},{"v":0.927029357,"d":"0.93"},"0_50205011_4258_847","B",{"v":0.000386694375312,"d":"0.00"},{"v":1.00224156997E-4,"d":"0.00"},{"v":1.03677622468E-3,"d":"0.00"}]
[5,502,50205,{"v":2699.01415099999,"d":"2,699.01"},21314,{"v":7.896957485,"d":"7.90"},"ST",101,50205011,{"v":52.87462106,"d":"52.87"},127,1337,1464,{"v":49.01632595,"d":"49.02"},{"v":0.992934034,"d":"0.99"},{"v":1453.655426,"d":"1,453.66"},{"v":10.34457416,"d":"10.34"},0,"0_50205011_4258",{"v":3.85829511464,"d":"3.86"},0,{"v":10.34457416,"d":"10.34"},{"v":0.927029357,"d":"0.93"},"0_50205011_4258_848","B",{"v":0.0301758207139,"d":"0.03"},{"v":0.00782102452438,"d":"0.01"},{"v":0.0809051681996,"d":"0.08"}]
[5,502,50205,{"v":2699.01415099999,"d":"2,699.01"},21314,{"v":7.896957485,"d":"7.90"},"ST",101,50205011,{"v":52.87462106,"d":"52.87"},127,1337,1464,{"v":49.01632595,"d":"49.02"},{"v":0.992934034,"d":"0.99"},{"v":1453.655426,"d":"1,453.66"},{"v":10.34457416,"d":"10.34"},0,"0_50205011_4258",{"v":3.85829511464,"d":"3.86"},0,{"v":10.34457416,"d":"10.34"},{"v":0.927029357,"d":"0.93"},"0_50205011_4258_849","B",{"v":1.4257234764e-05,"d":"0.00"},{"v":3.69521624e-06,"d":"0.00"},{"v":3.8225438427e-05,"d":"0.00"}]
[5,502,50205,{"v":2699.01415099999,"d":"2,699.01"},21314,{"v":7.896957485,"d":"7.90"},"ST",101,50205011,{"v":52.87462106,"d":"52.87"},127,1337,1464,{"v":49.01632595,"d":"49.02"},{"v":0.992934034,"d":"0.99"},{"v":1453.655426,"d":"1,453.66"},{"v":10.34457416,"d":"10.34"},0,"0_50205011_4258",{"v":3.85829511464,"d":"3.86"},0,{"v":10.34457416,"d":"10.34"},{"v":0.927029357,"d":"0.93"},"0_50205011_4258_850","C",{"v":1.75635433326E-3,"d":"0.00"},{"v":0.000455215135461,"d":"0.00"},{"v":0.00470900672753,"d":"0.00"}]
[5,502,50205,{"v":2699.01415099999,"d":"2,699.01"},21314,{"v":7.896957485,"d":"7.90"},"ST",101,50205011,{"v":52.87462106,"d":"52.87"},127,1337,1464,{"v":49.01632595,"d":"49.02"},{"v":0.992934034,"d":"0.99"},{"v":1453.655426,"d":"1,453.66"},{"v":10.34457416,"d":"10.34"},0,"0_50205011_4258",{"v":3.85829511464,"d":"3.86"},0,{"v":10.34457416,"d":"10.34"},{"v":0.927029357,"d":"0.93"},"0_50205011_4258_851","C",{"v":0.00261430382501,"d":"0.00"},{"v":0.000677580057339,"d":"0.00"},{"v":0.00700927715248,"d":"0.01"}]
[5,502,50205,{"v":2699.01415099999,"d":"2,699.01"},21314,{"v":7.896957485,"d":"7.90"},"ST",101,50205011,{"v":52.87462106,"d":"52.87"},127,1337,1464,{"v":49.01632595,"d":"49.02"},{"v":0.992934034,"d":"0.99"},{"v":1453.655426,"d":"1,453.66"},{"v":10.34457416,"d":"10.34"},0,"0_50205011_4258",{"v":3.85829511464,"d":"3.86"},0,{"v":10.34457416,"d":"10.34"},{"v":0.927029357,"d":"0.93"},"0_50205011_4258_852","C",{"v":0.320400544076,"d":"0.32"},{"v":0.0830420003022,"d":"0.08"},{"v":0.859034130521,"d":"0.86"}]
[5,502,50205,{"v":2699.01415099999,"d":"2,699.01"},21314,{"v":7.896957485,"d":"7.90"},"ST",101,50205011,{"v":52.87462106,"d":"52.87"},127,1337,1464,{"v":49.01632595,"d":"49.02"},{"v":0.992934034,"d":"0.99"},{"v":1453.655426,"d":"1,453.66"},{"v":10.34457416,"d":"10.34"},0,"0_50205011_4258",{"v":3.85829511464,"d":"3.86"},0,{"v":10.34457416,"d":"10.34"},{"v":0.927029357,"d":"0.93"},"0_50205011_4258_853","C",{"v":0.0354709612995,"d":"0.04"},{"v":0.00919342876726,"d":"0.01"},{"v":0.0951021056676,"d":"0.10"}]
[5,502,50205,{"v":2699.01415099999,"d":"2,699.01"},21314,{"v":7.896957485,"d":"7.90"},"ST",101,50205011,{"v":52.87462106,"d":"52.87"},127,1337,1464,{"v":49.01632595,"d":"49.02"},{"v":0.992934034,"d":"0.99"},{"v":1453.655426,"d":"1,453.66"},{"v":10.34457416,"d":"10.34"},0,"0_50205011_4258",{"v":3.85829511464,"d":"3.86"},0,{"v":10.34457416,"d":"10.34"},{"v":0.927029357,"d":"0.93"},"0_50205011_4258_854","D",{"v":0.0371218065575,"d":"0.04"},{"v":0.0096212978672,"d":"0.01"},{"v":0.0995282293027,"d":"0.10"}]
[5,502,50205,{"v":2699.01415099999,"d":"2,699.01"},21314,{"v":7.896957485,"d":"7.90"},"ST",101,50205011,{"v":52.87462106,"d":"52.87"},127,1337,1464,{"v":49.01632595,"d":"49.02"},{"v":0.992934034,"d":"0.99"},{"v":1453.655426,"d":"1,453.66"},{"v":10.34457416,"d":"10.34"},0,"0_50205011_4258",{"v":3.85829511464,"d":"3.86"},0,{"v":10.34457416,"d":"10.34"},{"v":0.927029357,"d":"0.93"},"0_50205011_4258_855","D",{"v":0.000353468516568,"d":"0.00"},{"v":9.1612618026e-05,"d":"0.00"},{"v":0.000947693521159,"d":"0.00"}]
[5,502,50205,{"v":2699.01415099999,"d":"2,699.01"},21314,{"v":7.896957485,"d":"7.90"},"ST",101,50205012,{"v":73.7768252799999,"d":"73.78"},39,531,570,{"v":62.69960256,"d":"62.70"},{"v":0.992934034,"d":"0.99"},{"v":565.972399399999,"d":"565.97"},{"v":4.027600597,"d":"4.03"},0,"0_50205012_4259",{"v":11.0772227224,"d":"11.08"},0,{"v":4.027600597,"d":"4.03"},{"v":0.849854983,"d":"0.85"},"0_50205012_4259_856","B",{"v":0.252803217434,"d":"0.25"},{"v":0.0228218953224,"d":"0.02"},{"v":0.0919174792252,"d":"0.09"}]
[5,502,50205,{"v":2699.01415099999,"d":"2,699.01"},21314,{"v":7.896957485,"d":"7.90"},"ST",101,50205012,{"v":73.7768252799999,"d":"73.78"},39,531,570,{"v":62.69960256,"d":"62.70"},{"v":0.992934034,"d":"0.99"},{"v":565.972399399999,"d":"565.97"},{"v":4.027600597,"d":"4.03"},0,"0_50205012_4259",{"v":11.0772227224,"d":"11.08"},0,{"v":4.027600597,"d":"4.03"},{"v":0.849854983,"d":"0.85"},"0_50205012_4259_857","C",{"v":0.0108569962505,"d":"0.01"},{"v":0.000980118981317,"d":"0.00"},{"v":0.00394752779428,"d":"0.00"}]
[5,502,50205,{"v":2699.01415099999,"d":"2,699.01"},21314,{"v":7.896957485,"d":"7.90"},"ST",101,50205012,{"v":73.7768252799999,"d":"73.78"},39,531,570,{"v":62.69960256,"d":"62.70"},{"v":0.992934034,"d":"0.99"},{"v":565.972399399999,"d":"565.97"},{"v":4.027600597,"d":"4.03"},0,"0_50205012_4259",{"v":11.0772227224,"d":"11.08"},0,{"v":4.027600597,"d":"4.03"},{"v":0.849854983,"d":"0.85"},"0_50205012_4259_858","C",{"v":0.313936597748,"d":"0.31"},{"v":0.0283407317534,"d":"0.03"},{"v":0.114145148129,"d":"0.11"}]
[5,502,50205,{"v":2699.01415099999,"d":"2,699.01"},21314,{"v":7.896957485,"d":"7.90"},"ST",101,50205012,{"v":73.7768252799999,"d":"73.78"},39,531,570,{"v":62.69960256,"d":"62.70"},{"v":0.992934034,"d":"0.99"},{"v":565.972399399999,"d":"565.97"},{"v":4.027600597,"d":"4.03"},0,"0_50205012_4259",{"v":11.0772227224,"d":"11.08"},0,{"v":4.027600597,"d":"4.03"},{"v":0.849854983,"d":"0.85"},"0_50205012_4259_859","C",{"v":2.01004365458,"d":"2.01"},{"v":0.181457365709,"d":"0.18"},{"v":0.73083779446,"d":"0.73"}]
[5,502,50205,{"v":2699.01415099999,"d":"2,699.01"},21314,{"v":7.896957485,"d":"7.90"},"ST",101,50205012,{"v":73.7768252799999,"d":"73.78"},39,531,570,{"v":62.69960256,"d":"62.70"},{"v":0.992934034,"d":"0.99"},{"v":565.972399399999,"d":"565.97"},{"v":4.027600597,"d":"4.03"},0,"0_50205012_4259",{"v":11.0772227224,"d":"11.08"},0,{"v":4.027600597,"d":"4.03"},{"v":0.849854983,"d":"0.85"},"0_50205012_4259_860","D",{"v":0.0271108064813,"d":"0.03"},{"v":0.00244743715647,"d":"0.00"},{"v":0.00985729935252,"d":"0.01"}]
[5,502,50205,{"v":2699.01415099999,"d":"2,699.01"},21314,{"v":7.896957485,"d":"7.90"},"ST",101,50205012,{"v":73.7768252799999,"d":"73.78"},39,531,570,{"v":62.69960256,"d":"62.70"},{"v":0.992934034,"d":"0.99"},{"v":565.972399399999,"d":"565.97"},{"v":4.027600597,"d":"4.03"},0,"0_50205012_4259",{"v":11.0772227224,"d":"11.08"},0,{"v":4.027600597,"d":"4.03"},{"v":0.849854983,"d":"0.85"},"0_50205012_4259_861","D",{"v":1.94529419944,"d":"1.95"},{"v":0.175612086909,"d":"0.18"},{"v":0.707295346075,"d":"0.71"}]
[5,502,50205,{"v":2699.01415099999,"d":"2,699.01"},21314,{"v":7.896957485,"d":"7.90"},"ST",101,50205012,{"v":73.7768252799999,"d":"73.78"},39,531,570,{"v":62.69960256,"d":"62.70"},{"v":0.992934034,"d":"0.99"},{"v":565.972399399999,"d":"565.97"},{"v":4.027600597,"d":"4.03"},0,"0_50205012_4259",{"v":11.0772227224,"d":"11.08"},0,{"v":4.027600597,"d":"4.03"},{"v":0.849854983,"d":"0.85"},"0_50205012_4259_862","D",{"v":1.36095830468,"d":"1.36"},{"v":0.122860967842,"d":"0.12"},{"v":0.494834907428,"d":"0.49"}]
[5,502,50205,{"v":2699.01415099999,"d":"2,699.01"},21314,{"v":7.896957485,"d":"7.90"},"ST",101,50205012,{"v":73.7768252799999,"d":"73.78"},39,531,570,{"v":62.69960256,"d":"62.70"},{"v":0.992934034,"d":"0.99"},{"v":565.972399399999,"d":"565.97"},{"v":4.027600597,"d":"4.03"},0,"0_50205012_4259",{"v":11.0772227224,"d":"11.08"},0,{"v":4.027600597,"d":"4.03"},{"v":0.849854983,"d":"0.85"},"0_50205012_4259_863","D",{"v":0.149272421277,"d":"0.15"},{"v":0.013475617943,"d":"0.01"},{"v":0.0542744068722,"d":"0.05"}]
[5,502,50205,{"v":2699.01415099999,"d":"2,699.01"},21314,{"v":7.896957485,"d":"7.90"},"ST",101,50205012,{"v":73.7768252799999,"d":"73.78"},39,531,570,{"v":62.69960256,"d":"62.70"},{"v":0.992934034,"d":"0.99"},{"v":565.972399399999,"d":"565.97"},{"v":4.027600597,"d":"4.03"},0,"0_50205012_4259",{"v":11.0772227224,"d":"11.08"},0,{"v":4.027600597,"d":"4.03"},{"v":0.849854983,"d":"0.85"},"0_50205012_4259_864","E",{"v":1.01555718435,"d":"1.02"},{"v":0.09167976575,"d":"0.09"},{"v":0.369249479268,"d":"0.37"}]
[5,502,50205,{"v":2699.01415099999,"d":"2,699.01"},21314,{"v":7.896957485,"d":"7.90"},"ST",101,50205012,{"v":73.7768252799999,"d":"73.78"},39,531,570,{"v":62.69960256,"d":"62.70"},{"v":0.992934034,"d":"0.99"},{"v":565.972399399999,"d":"565.97"},{"v":4.027600597,"d":"4.03"},0,"0_50205012_4259",{"v":11.0772227224,"d":"11.08"},0,{"v":4.027600597,"d":"4.03"},{"v":0.849854983,"d":"0.85"},"0_50205012_4259_865","E",{"v":0.0847850918882,"d":"0.08"},{"v":0.00765400263342,"d":"0.01"},{"v":0.0308272655758,"d":"0.03"}]
[5,502,50205,{"v":2699.01415099999,"d":"2,699.01"},21314,{"v":7.896957485,"d":"7.90"},"ST",101,50205012,{"v":73.7768252799999,"d":"73.78"},39,531,570,{"v":62.69960256,"d":"62.70"},{"v":0.992934034,"d":"0.99"},{"v":565.972399399999,"d":"565.97"},{"v":4.027600597,"d":"4.03"},0,"0_50205012_4259",{"v":11.0772227224,"d":"11.08"},0,{"v":4.027600597,"d":"4.03"},{"v":0.849854983,"d":"0.85"},"0_50205012_4259_866","F",{"v":2.91737173142,"d":"2.92"},{"v":0.263366712445,"d":"0.26"},{"v":1.06073592827,"d":"1.06"}]
[5,502,50205,{"v":2699.01415099999,"d":"2,699.01"},21314,{"v":7.896957485,"d":"7.90"},"ST",101,50205012,{"v":73.7768252799999,"d":"73.78"},39,531,570,{"v":62.69960256,"d":"62.70"},{"v":0.992934034,"d":"0.99"},{"v":565.972399399999,"d":"565.97"},{"v":4.027600597,"d":"4.03"},0,"0_50205012_4259",{"v":11.0772227224,"d":"11.08"},0,{"v":4.027600597,"d":"4.03"},{"v":0.849854983,"d":"0.85"},"0_50205012_4259_867","F",{"v":6.9377755358e-05,"d":"0.00"},{"v":6.263100156e-06,"d":"0.00"},{"v":2.5225265926e-05,"d":"0.00"}]
[5,502,50205,{"v":2699.01415099999,"d":"2,699.01"},21314,{"v":7.896957485,"d":"7.90"},"ST",101,50205012,{"v":73.7768252799999,"d":"73.78"},39,531,570,{"v":62.69960256,"d":"62.70"},{"v":0.992934034,"d":"0.99"},{"v":565.972399399999,"d":"565.97"},{"v":4.027600597,"d":"4.03"},0,"0_50205012_4259",{"v":11.0772227224,"d":"11.08"},0,{"v":4.027600597,"d":"4.03"},{"v":0.849854983,"d":"0.85"},"0_50205012_4259_868","G",{"v":0.989163139155,"d":"0.99"},{"v":0.0892970344593,"d":"0.09"},{"v":0.359652789299,"d":"0.36"}]
[5,502,50205,{"v":2699.01415099999,"d":"2,699.01"},21314,{"v":7.896957485,"d":"7.90"},"ST",101,50205013,{"v":66.40495181,"d":"66.40"},57,435,492,{"v":35.8867383199999,"d":"35.89"},{"v":0.992934034,"d":"0.99"},{"v":488.5235447,"d":"488.52"},{"v":3.476455252,"d":"3.48"},0,"0_50205013_4260",{"v":30.5182134888999,"d":"30.52"},0,{"v":3.476455252,"d":"3.48"},{"v":0.540422624,"d":"0.54"},"0_50205013_4260_869","außerhalb GKL",{"v":0.731601060317,"d":"0.73"},{"v":0.0239726044443,"d":"0.02"},{"v":0.0833396866245,"d":"0.08"}]
[5,502,50205,{"v":2699.01415099999,"d":"2,699.01"},21314,{"v":7.896957485,"d":"7.90"},"ST",101,50205013,{"v":66.40495181,"d":"66.40"},57,435,492,{"v":35.8867383199999,"d":"35.89"},{"v":0.992934034,"d":"0.99"},{"v":488.5235447,"d":"488.52"},{"v":3.476455252,"d":"3.48"},0,"0_50205013_4260",{"v":30.5182134888999,"d":"30.52"},0,{"v":3.476455252,"d":"3.48"},{"v":0.540422624,"d":"0.54"},"0_50205013_4260_870","außerhalb GKL",{"v":3.1295303682,"d":"3.13"},{"v":0.102546316131,"d":"0.10"},{"v":0.356497679287,"d":"0.36"}]
[5,502,50205,{"v":2699.01415099999,"d":"2,699.01"},21314,{"v":7.896957485,"d":"7.90"},"ST",101,50205013,{"v":66.40495181,"d":"66.40"},57,435,492,{"v":35.8867383199999,"d":"35.89"},{"v":0.992934034,"d":"0.99"},{"v":488.5235447,"d":"488.52"},{"v":3.476455252,"d":"3.48"},0,"0_50205013_4260",{"v":30.5182134888999,"d":"30.52"},0,{"v":3.476455252,"d":"3.48"},{"v":0.540422624,"d":"0.54"},"0_50205013_4260_871","A",{"v":0.658583290818,"d":"0.66"},{"v":0.0215800079863,"d":"0.02"},{"v":0.0750219321022,"d":"0.08"}]
[5,502,50205,{"v":2699.01415099999,"d":"2,699.01"},21314,{"v":7.896957485,"d":"7.90"},"ST",101,50205013,{"v":66.40495181,"d":"66.40"},57,435,492,{"v":35.8867383199999,"d":"35.89"},{"v":0.992934034,"d":"0.99"},{"v":488.5235447,"d":"488.52"},{"v":3.476455252,"d":"3.48"},0,"0_50205013_4260",{"v":30.5182134888999,"d":"30.52"},0,{"v":3.476455252,"d":"3.48"},{"v":0.540422624,"d":"0.54"},"0_50205013_4260_872","B",{"v":2.53795618622,"d":"2.54"},{"v":0.0831620169098,"d":"0.08"},{"v":0.289109030453,"d":"0.29"}]
[5,502,50205,{"v":2699.01415099999,"d":"2,699.01"},21314,{"v":7.896957485,"d":"7.90"},"ST",101,50205013,{"v":66.40495181,"d":"66.40"},57,435,492,{"v":35.8867383199999,"d":"35.89"},{"v":0.992934034,"d":"0.99"},{"v":488.5235447,"d":"488.52"},{"v":3.476455252,"d":"3.48"},0,"0_50205013_4260",{"v":30.5182134888999,"d":"30.52"},0,{"v":3.476455252,"d":"3.48"},{"v":0.540422624,"d":"0.54"},"0_50205013_4260_873","C",{"v":2.58983933331,"d":"2.59"},{"v":0.0848620884788,"d":"0.08"},{"v":0.295019253188,"d":"0.30"}]
[5,502,50205,{"v":2699.01415099999,"d":"2,699.01"},21314,{"v":7.896957485,"d":"7.90"},"ST",101,50205013,{"v":66.40495181,"d":"66.40"},57,435,492,{"v":35.8867383199999,"d":"35.89"},{"v":0.992934034,"d":"0.99"},{"v":488.5235447,"d":"488.52"},{"v":3.476455252,"d":"3.48"},0,"0_50205013_4260",{"v":30.5182134888999,"d":"30.52"},0,{"v":3.476455252,"d":"3.48"},{"v":0.540422624,"d":"0.54"},"0_50205013_4260_874","D",{"v":0.0668358456241,"d":"0.07"},{"v":0.00219003139382,"d":"0.00"},{"v":0.00761354614109,"d":"0.01"}]
[5,502,50205,{"v":2699.01415099999,"d":"2,699.01"},21314,{"v":7.896957485,"d":"7.90"},"ST",101,50205013,{"v":66.40495181,"d":"66.40"},57,435,492,{"v":35.8867383199999,"d":"35.89"},{"v":0.992934034,"d":"0.99"},{"v":488.5235447,"d":"488.52"},{"v":3.476455252,"d":"3.48"},0,"0_50205013_4260",{"v":30.5182134888999,"d":"30.52"},0,{"v":3.476455252,"d":"3.48"},{"v":0.540422624,"d":"0.54"},"0_50205013_4260_875","D",{"v":0.427436805605,"d":"0.43"},{"v":0.0140059576476,"d":"0.01"},{"v":0.0486910850233,"d":"0.05"}]
[5,502,50205,{"v":2699.01415099999,"d":"2,699.01"},21314,{"v":7.896957485,"d":"7.90"},"ST",101,50205013,{"v":66.40495181,"d":"66.40"},57,435,492,{"v":35.8867383199999,"d":"35.89"},{"v":0.992934034,"d":"0.99"},{"v":488.5235447,"d":"488.52"},{"v":3.476455252,"d":"3.48"},0,"0_50205013_4260",{"v":30.5182134888999,"d":"30.52"},0,{"v":3.476455252,"d":"3.48"},{"v":0.540422624,"d":"0.54"},"0_50205013_4260_876","D",{"v":4.8439813151E-5,"d":"0.00"},{"v":1.587242752e-06,"d":"0.00"},{"v":5.5179784e-06,"d":"0.00"}]
[5,502,50205,{"v":2699.01415099999,"d":"2,699.01"},21314,{"v":7.896957485,"d":"7.90"},"ST",101,50205013,{"v":66.40495181,"d":"66.40"},57,435,492,{"v":35.8867383199999,"d":"35.89"},{"v":0.992934034,"d":"0.99"},{"v":488.5235447,"d":"488.52"},{"v":3.476455252,"d":"3.48"},0,"0_50205013_4260",{"v":30.5182134888999,"d":"30.52"},0,{"v":3.476455252,"d":"3.48"},{"v":0.540422624,"d":"0.54"},"0_50205013_4260_877","D",{"v":0.155668146188,"d":"0.16"},{"v":0.00510082761708,"d":"0.01"},{"v":0.0177327989589,"d":"0.02"}]
[5,502,50205,{"v":2699.01415099999,"d":"2,699.01"},21314,{"v":7.896957485,"d":"7.90"},"ST",101,50205013,{"v":66.40495181,"d":"66.40"},57,435,492,{"v":35.8867383199999,"d":"35.89"},{"v":0.992934034,"d":"0.99"},{"v":488.5235447,"d":"488.52"},{"v":3.476455252,"d":"3.48"},0,"0_50205013_4260",{"v":30.5182134888999,"d":"30.52"},0,{"v":3.476455252,"d":"3.48"},{"v":0.540422624,"d":"0.54"},"0_50205013_4260_878","D",{"v":3.15487987437,"d":"3.15"},{"v":0.103376951456,"d":"0.10"},{"v":0.359385345825,"d":"0.36"}]
[5,502,50205,{"v":2699.01415099999,"d":"2,699.01"},21314,{"v":7.896957485,"d":"7.90"},"ST",101,50205013,{"v":66.40495181,"d":"66.40"},57,435,492,{"v":35.8867383199999,"d":"35.89"},{"v":0.992934034,"d":"0.99"},{"v":488.5235447,"d":"488.52"},{"v":3.476455252,"d":"3.48"},0,"0_50205013_4260",{"v":30.5182134888999,"d":"30.52"},0,{"v":3.476455252,"d":"3.48"},{"v":0.540422624,"d":"0.54"},"0_50205013_4260_879","E",{"v":0.574917404629,"d":"0.57"},{"v":0.0188385013047,"d":"0.02"},{"v":0.0654912068005,"d":"0.07"}]
[5,502,50205,{"v":2699.01415099999,"d":"2,699.01"},21314,{"v":7.896957485,"d":"7.90"},"ST",101,50205013,{"v":66.40495181,"d":"66.40"},57,435,492,{"v":35.8867383199999,"d":"35.89"},{"v":0.992934034,"d":"0.99"},{"v":488.5235447,"d":"488.52"},{"v":3.476455252,"d":"3.48"},0,"0_50205013_4260",{"v":30.5182134888999,"d":"30.52"},0,{"v":3.476455252,"d":"3.48"},{"v":0.540422624,"d":"0.54"},"0_50205013_4260_880","E",{"v":0.0487570637819,"d":"0.05"},{"v":0.00159763820381,"d":"0.00"},{"v":0.00555411772443,"d":"0.01"}]
[5,502,50205,{"v":2699.01415099999,"d":"2,699.01"},21314,{"v":7.896957485,"d":"7.90"},"ST",101,50205013,{"v":66.40495181,"d":"66.40"},57,435,492,{"v":35.8867383199999,"d":"35.89"},{"v":0.992934034,"d":"0.99"},{"v":488.5235447,"d":"488.52"},{"v":3.476455252,"d":"3.48"},0,"0_50205013_4260",{"v":30.5182134888999,"d":"30.52"},0,{"v":3.476455252,"d":"3.48"},{"v":0.540422624,"d":"0.54"},"0_50205013_4260_881","E",{"v":0.0116036255705,"d":"0.01"},{"v":0.000380219686671,"d":"0.00"},{"v":0.00132181672664,"d":"0.00"}]
[5,502,50205,{"v":2699.01415099999,"d":"2,699.01"},21314,{"v":7.896957485,"d":"7.90"},"ST",101,50205013,{"v":66.40495181,"d":"66.40"},57,435,492,{"v":35.8867383199999,"d":"35.89"},{"v":0.992934034,"d":"0.99"},{"v":488.5235447,"d":"488.52"},{"v":3.476455252,"d":"3.48"},0,"0_50205013_4260",{"v":30.5182134888999,"d":"30.52"},0,{"v":3.476455252,"d":"3.48"},{"v":0.540422624,"d":"0.54"},"0_50205013_4260_882","E",{"v":1.8822906835,"d":"1.88"},{"v":0.0616776170133,"d":"0.06"},{"v":0.214419475597,"d":"0.21"}]
[5,502,50205,{"v":2699.01415099999,"d":"2,699.01"},21314,{"v":7.896957485,"d":"7.90"},"ST",101,50205013,{"v":66.40495181,"d":"66.40"},57,435,492,{"v":35.8867383199999,"d":"35.89"},{"v":0.992934034,"d":"0.99"},{"v":488.5235447,"d":"488.52"},{"v":3.476455252,"d":"3.48"},0,"0_50205013_4260",{"v":30.5182134888999,"d":"30.52"},0,{"v":3.476455252,"d":"3.48"},{"v":0.540422624,"d":"0.54"},"0_50205013_4260_883","F",{"v":4.59103654608,"d":"4.59"},{"v":0.150435953525,"d":"0.15"},{"v":0.522983860722,"d":"0.52"}]
[5,502,50205,{"v":2699.01415099999,"d":"2,699.01"},21314,{"v":7.896957485,"d":"7.90"},"ST",101,50205013,{"v":66.40495181,"d":"66.40"},57,435,492,{"v":35.8867383199999,"d":"35.89"},{"v":0.992934034,"d":"0.99"},{"v":488.5235447,"d":"488.52"},{"v":3.476455252,"d":"3.48"},0,"0_50205013_4260",{"v":30.5182134888999,"d":"30.52"},0,{"v":3.476455252,"d":"3.48"},{"v":0.540422624,"d":"0.54"},"0_50205013_4260_884","F",{"v":1.74586988931,"d":"1.75"},{"v":0.057207473496,"d":"0.06"},{"v":0.198879221689,"d":"0.20"}]
[5,502,50205,{"v":2699.01415099999,"d":"2,699.01"},21314,{"v":7.896957485,"d":"7.90"},"ST",101,50205013,{"v":66.40495181,"d":"66.40"},57,435,492,{"v":35.8867383199999,"d":"35.89"},{"v":0.992934034,"d":"0.99"},{"v":488.5235447,"d":"488.52"},{"v":3.476455252,"d":"3.48"},0,"0_50205013_4260",{"v":30.5182134888999,"d":"30.52"},0,{"v":3.476455252,"d":"3.48"},{"v":0.540422624,"d":"0.54"},"0_50205013_4260_885","F",{"v":0.105903127899,"d":"0.11"},{"v":0.00347016144761,"d":"0.00"},{"v":0.0120638609898,"d":"0.01"}]
[5,502,50205,{"v":2699.01415099999,"d":"2,699.01"},21314,{"v":7.896957485,"d":"7.90"},"ST",101,50205013,{"v":66.40495181,"d":"66.40"},57,435,492,{"v":35.8867383199999,"d":"35.89"},{"v":0.992934034,"d":"0.99"},{"v":488.5235447,"d":"488.52"},{"v":3.476455252,"d":"3.48"},0,"0_50205013_4260",{"v":30.5182134888999,"d":"30.52"},0,{"v":3.476455252,"d":"3.48"},{"v":0.540422624,"d":"0.54"},"0_50205013_4260_886","F",{"v":0.146843452032,"d":"0.15"},{"v":4.8116660592E-3,"d":"0.00"},{"v":0.0167275417424,"d":"0.02"}]
[5,502,50205,{"v":2699.01415099999,"d":"2,699.01"},21314,{"v":7.896957485,"d":"7.90"},"ST",101,50205013,{"v":66.40495181,"d":"66.40"},57,435,492,{"v":35.8867383199999,"d":"35.89"},{"v":0.992934034,"d":"0.99"},{"v":488.5235447,"d":"488.52"},{"v":3.476455252,"d":"3.48"},0,"0_50205013_4260",{"v":30.5182134888999,"d":"30.52"},0,{"v":3.476455252,"d":"3.48"},{"v":0.540422624,"d":"0.54"},"0_50205013_4260_887","G",{"v":0.0743107380289,"d":"0.07"},{"v":0.00243496356875,"d":"0.00"},{"v":0.00846504188701,"d":"0.01"}]
[5,502,50205,{"v":2699.01415099999,"d":"2,699.01"},21314,{"v":7.896957485,"d":"7.90"},"ST",101,50205013,{"v":66.40495181,"d":"66.40"},57,435,492,{"v":35.8867383199999,"d":"35.89"},{"v":0.992934034,"d":"0.99"},{"v":488.5235447,"d":"488.52"},{"v":3.476455252,"d":"3.48"},0,"0_50205013_4260",{"v":30.5182134888999,"d":"30.52"},0,{"v":3.476455252,"d":"3.48"},{"v":0.540422624,"d":"0.54"},"0_50205013_4260_888","G",{"v":1.99837747618,"d":"2.00"},{"v":0.0654814698412,"d":"0.07"},{"v":0.227643399738,"d":"0.23"}]
[5,502,50205,{"v":2699.01415099999,"d":"2,699.01"},21314,{"v":7.896957485,"d":"7.90"},"ST",101,50205013,{"v":66.40495181,"d":"66.40"},57,435,492,{"v":35.8867383199999,"d":"35.89"},{"v":0.992934034,"d":"0.99"},{"v":488.5235447,"d":"488.52"},{"v":3.476455252,"d":"3.48"},0,"0_50205013_4260",{"v":30.5182134888999,"d":"30.52"},0,{"v":3.476455252,"d":"3.48"},{"v":0.540422624,"d":"0.54"},"0_50205013_4260_889","G",{"v":3.6350560531e-05,"d":"0.00"},{"v":1.191110369e-06,"d":"0.00"},{"v":4.140841898e-06,"d":"0.00"}]
[5,502,50205,{"v":2699.01415099999,"d":"2,699.01"},21314,{"v":7.896957485,"d":"7.90"},"ST",101,50205013,{"v":66.40495181,"d":"66.40"},57,435,492,{"v":35.8867383199999,"d":"35.89"},{"v":0.992934034,"d":"0.99"},{"v":488.5235447,"d":"488.52"},{"v":3.476455252,"d":"3.48"},0,"0_50205013_4260",{"v":30.5182134888999,"d":"30.52"},0,{"v":3.476455252,"d":"3.48"},{"v":0.540422624,"d":"0.54"},"0_50205013_4260_890","G",{"v":0.124986642091,"d":"0.12"},{"v":0.00409547702183,"d":"0.00"},{"v":0.014237742602,"d":"0.01"}]
[5,502,50205,{"v":2699.01415099999,"d":"2,699.01"},21314,{"v":7.896957485,"d":"7.90"},"ST",101,50205013,{"v":66.40495181,"d":"66.40"},57,435,492,{"v":35.8867383199999,"d":"35.89"},{"v":0.992934034,"d":"0.99"},{"v":488.5235447,"d":"488.52"},{"v":3.476455252,"d":"3.48"},0,"0_50205013_4260",{"v":30.5182134888999,"d":"30.52"},0,{"v":3.476455252,"d":"3.48"},{"v":0.540422624,"d":"0.54"},"0_50205013_4260_891","G",{"v":4.14523134572,"d":"4.15"},{"v":0.135828112849,"d":"0.14"},{"v":0.472200356283,"d":"0.47"}]
[5,502,50205,{"v":2699.01415099999,"d":"2,699.01"},21314,{"v":7.896957485,"d":"7.90"},"ST",101,50205013,{"v":66.40495181,"d":"66.40"},57,435,492,{"v":35.8867383199999,"d":"35.89"},{"v":0.992934034,"d":"0.99"},{"v":488.5235447,"d":"488.52"},{"v":3.476455252,"d":"3.48"},0,"0_50205013_4260",{"v":30.5182134888999,"d":"30.52"},0,{"v":3.476455252,"d":"3.48"},{"v":0.540422624,"d":"0.54"},"0_50205013_4260_892","G",{"v":0.0949814372952,"d":"0.09"},{"v":3.11228694071E-3,"d":"0.00"},{"v":0.0108197262808,"d":"0.01"}]
[5,502,50205,{"v":2699.01415099999,"d":"2,699.01"},21314,{"v":7.896957485,"d":"7.90"},"ST",101,50205013,{"v":66.40495181,"d":"66.40"},57,435,492,{"v":35.8867383199999,"d":"35.89"},{"v":0.992934034,"d":"0.99"},{"v":488.5235447,"d":"488.52"},{"v":3.476455252,"d":"3.48"},0,"0_50205013_4260",{"v":30.5182134888999,"d":"30.52"},0,{"v":3.476455252,"d":"3.48"},{"v":0.540422624,"d":"0.54"},"0_50205013_4260_893","G",{"v":1.47561715829,"d":"1.48"},{"v":0.048352016373,"d":"0.05"},{"v":0.168093621265,"d":"0.17"}]
[5,502,50205,{"v":2699.01415099999,"d":"2,699.01"},21314,{"v":7.896957485,"d":"7.90"},"ST",101,50205013,{"v":66.40495181,"d":"66.40"},57,435,492,{"v":35.8867383199999,"d":"35.89"},{"v":0.992934034,"d":"0.99"},{"v":488.5235447,"d":"488.52"},{"v":3.476455252,"d":"3.48"},0,"0_50205013_4260",{"v":30.5182134888999,"d":"30.52"},0,{"v":3.476455252,"d":"3.48"},{"v":0.540422624,"d":"0.54"},"0_50205013_4260_894","G",{"v":0.0450711976393,"d":"0.05"},{"v":1.47686225656E-3,"d":"0.00"},{"v":5.1342455483E-3,"d":"0.01"}]
[5,502,50205,{"v":2699.01415099999,"d":"2,699.01"},21314,{"v":7.896957485,"d":"7.90"},"ST",101,50205014,{"v":300.22136853,"d":"300.22"},164,1493,1657,{"v":120.326255099999,"d":"120.33"},{"v":0.992934034,"d":"0.99"},{"v":1645.291694,"d":"1,645.29"},{"v":11.70830559,"d":"11.71"},0,"0_50205014_4261",{"v":179.895113419,"d":"179.90"},0,{"v":11.70830559,"d":"11.71"},{"v":0.400791775,"d":"0.40"},"0_50205014_4261_895","außerhalb GKL",{"v":1.06052446099,"d":"1.06"},{"v":5.89523773511E-3,"d":"0.01"},{"v":0.0690232449284,"d":"0.07"}]
[5,502,50205,{"v":2699.01415099999,"d":"2,699.01"},21314,{"v":7.896957485,"d":"7.90"},"ST",101,50205014,{"v":300.22136853,"d":"300.22"},164,1493,1657,{"v":120.326255099999,"d":"120.33"},{"v":0.992934034,"d":"0.99"},{"v":1645.291694,"d":"1,645.29"},{"v":11.70830559,"d":"11.71"},0,"0_50205014_4261",{"v":179.895113419,"d":"179.90"},0,{"v":11.70830559,"d":"11.71"},{"v":0.400791775,"d":"0.40"},"0_50205014_4261_896","außerhalb GKL",{"v":0.106893442922,"d":"0.11"},{"v":0.000594198702179,"d":"0.00"},{"v":6.95705998629E-3,"d":"0.01"}]
[5,502,50205,{"v":2699.01415099999,"d":"2,699.01"},21314,{"v":7.896957485,"d":"7.90"},"ST",101,50205014,{"v":300.22136853,"d":"300.22"},164,1493,1657,{"v":120.326255099999,"d":"120.33"},{"v":0.992934034,"d":"0.99"},{"v":1645.291694,"d":"1,645.29"},{"v":11.70830559,"d":"11.71"},0,"0_50205014_4261",{"v":179.895113419,"d":"179.90"},0,{"v":11.70830559,"d":"11.71"},{"v":0.400791775,"d":"0.40"},"0_50205014_4261_897","außerhalb GKL",{"v":36.5892022286,"d":"36.59"},{"v":0.203391862809,"d":"0.20"},{"v":2.38137408429,"d":"2.38"}]
[5,502,50205,{"v":2699.01415099999,"d":"2,699.01"},21314,{"v":7.896957485,"d":"7.90"},"ST",101,50205014,{"v":300.22136853,"d":"300.22"},164,1493,1657,{"v":120.326255099999,"d":"120.33"},{"v":0.992934034,"d":"0.99"},{"v":1645.291694,"d":"1,645.29"},{"v":11.70830559,"d":"11.71"},0,"0_50205014_4261",{"v":179.895113419,"d":"179.90"},0,{"v":11.70830559,"d":"11.71"},{"v":0.400791775,"d":"0.40"},"0_50205014_4261_898","außerhalb GKL",{"v":0.15241481856,"d":"0.15"},{"v":0.000847242683046,"d":"0.00"},{"v":0.00991977624199,"d":"0.01"}]
[5,502,50205,{"v":2699.01415099999,"d":"2,699.01"},21314,{"v":7.896957485,"d":"7.90"},"ST",101,50205014,{"v":300.22136853,"d":"300.22"},164,1493,1657,{"v":120.326255099999,"d":"120.33"},{"v":0.992934034,"d":"0.99"},{"v":1645.291694,"d":"1,645.29"},{"v":11.70830559,"d":"11.71"},0,"0_50205014_4261",{"v":179.895113419,"d":"179.90"},0,{"v":11.70830559,"d":"11.71"},{"v":0.400791775,"d":"0.40"},"0_50205014_4261_899","außerhalb GKL",{"v":0.0209044832114,"d":"0.02"},{"v":1.1620373013E-4,"d":"0.00"},{"v":0.00136054878306,"d":"0.00"}]
[5,502,50205,{"v":2699.01415099999,"d":"2,699.01"},21314,{"v":7.896957485,"d":"7.90"},"ST",101,50205014,{"v":300.22136853,"d":"300.22"},164,1493,1657,{"v":120.326255099999,"d":"120.33"},{"v":0.992934034,"d":"0.99"},{"v":1645.291694,"d":"1,645.29"},{"v":11.70830559,"d":"11.71"},0,"0_50205014_4261",{"v":179.895113419,"d":"179.90"},0,{"v":11.70830559,"d":"11.71"},{"v":0.400791775,"d":"0.40"},"0_50205014_4261_900","außerhalb GKL",{"v":0.0151162015459,"d":"0.02"},{"v":8.4027860783E-5,"d":"0.00"},{"v":0.00098382387212,"d":"0.00"}]
[5,502,50205,{"v":2699.01415099999,"d":"2,699.01"},21314,{"v":7.896957485,"d":"7.90"},"ST",101,50205014,{"v":300.22136853,"d":"300.22"},164,1493,1657,{"v":120.326255099999,"d":"120.33"},{"v":0.992934034,"d":"0.99"},{"v":1645.291694,"d":"1,645.29"},{"v":11.70830559,"d":"11.71"},0,"0_50205014_4261",{"v":179.895113419,"d":"179.90"},0,{"v":11.70830559,"d":"11.71"},{"v":0.400791775,"d":"0.40"},"0_50205014_4261_901","außerhalb GKL",{"v":1.02494248757,"d":"1.02"},{"v":0.00569744485045,"d":"0.01"},{"v":0.0667074253912,"d":"0.07"}]
[5,502,50205,{"v":2699.01415099999,"d":"2,699.01"},21314,{"v":7.896957485,"d":"7.90"},"ST",101,50205014,{"v":300.22136853,"d":"300.22"},164,1493,1657,{"v":120.326255099999,"d":"120.33"},{"v":0.992934034,"d":"0.99"},{"v":1645.291694,"d":"1,645.29"},{"v":11.70830559,"d":"11.71"},0,"0_50205014_4261",{"v":179.895113419,"d":"179.90"},0,{"v":11.70830559,"d":"11.71"},{"v":0.400791775,"d":"0.40"},"0_50205014_4261_902","A",{"v":0.043693172846,"d":"0.04"},{"v":0.000242881376907,"d":"0.00"},{"v":2.84372938295E-3,"d":"0.00"}]
[5,502,50205,{"v":2699.01415099999,"d":"2,699.01"},21314,{"v":7.896957485,"d":"7.90"},"ST",101,50205014,{"v":300.22136853,"d":"300.22"},164,1493,1657,{"v":120.326255099999,"d":"120.33"},{"v":0.992934034,"d":"0.99"},{"v":1645.291694,"d":"1,645.29"},{"v":11.70830559,"d":"11.71"},0,"0_50205014_4261",{"v":179.895113419,"d":"179.90"},0,{"v":11.70830559,"d":"11.71"},{"v":0.400791775,"d":"0.40"},"0_50205014_4261_903","A",{"v":0.0153322443471,"d":"0.02"},{"v":8.5228798358e-05,"d":"0.00"},{"v":0.000997884816239,"d":"0.00"}]
[5,502,50205,{"v":2699.01415099999,"d":"2,699.01"},21314,{"v":7.896957485,"d":"7.90"},"ST",101,50205014,{"v":300.22136853,"d":"300.22"},164,1493,1657,{"v":120.326255099999,"d":"120.33"},{"v":0.992934034,"d":"0.99"},{"v":1645.291694,"d":"1,645.29"},{"v":11.70830559,"d":"11.71"},0,"0_50205014_4261",{"v":179.895113419,"d":"179.90"},0,{"v":11.70830559,"d":"11.71"},{"v":0.400791775,"d":"0.40"},"0_50205014_4261_904","B",{"v":0.0380177195102,"d":"0.04"},{"v":0.000211332697079,"d":"0.00"},{"v":0.00247434779856,"d":"0.00"}]
[5,502,50205,{"v":2699.01415099999,"d":"2,699.01"},21314,{"v":7.896957485,"d":"7.90"},"ST",101,50205014,{"v":300.22136853,"d":"300.22"},164,1493,1657,{"v":120.326255099999,"d":"120.33"},{"v":0.992934034,"d":"0.99"},{"v":1645.291694,"d":"1,645.29"},{"v":11.70830559,"d":"11.71"},0,"0_50205014_4261",{"v":179.895113419,"d":"179.90"},0,{"v":11.70830559,"d":"11.71"},{"v":0.400791775,"d":"0.40"},"0_50205014_4261_905","B",{"v":0.142917881178,"d":"0.14"},{"v":0.000794451158021,"d":"0.00"},{"v":0.00930167693444,"d":"0.01"}]
[5,502,50205,{"v":2699.01415099999,"d":"2,699.01"},21314,{"v":7.896957485,"d":"7.90"},"ST",101,50205014,{"v":300.22136853,"d":"300.22"},164,1493,1657,{"v":120.326255099999,"d":"120.33"},{"v":0.992934034,"d":"0.99"},{"v":1645.291694,"d":"1,645.29"},{"v":11.70830559,"d":"11.71"},0,"0_50205014_4261",{"v":179.895113419,"d":"179.90"},0,{"v":11.70830559,"d":"11.71"},{"v":0.400791775,"d":"0.40"},"0_50205014_4261_906","B",{"v":0.0362469721593,"d":"0.04"},{"v":0.00020148947612,"d":"0.00"},{"v":0.00235910035958,"d":"0.00"}]
[5,502,50205,{"v":2699.01415099999,"d":"2,699.01"},21314,{"v":7.896957485,"d":"7.90"},"ST",101,50205014,{"v":300.22136853,"d":"300.22"},164,1493,1657,{"v":120.326255099999,"d":"120.33"},{"v":0.992934034,"d":"0.99"},{"v":1645.291694,"d":"1,645.29"},{"v":11.70830559,"d":"11.71"},0,"0_50205014_4261",{"v":179.895113419,"d":"179.90"},0,{"v":11.70830559,"d":"11.71"},{"v":0.400791775,"d":"0.40"},"0_50205014_4261_907","B",{"v":0.864230306182,"d":"0.86"},{"v":0.00480407883103,"d":"0.00"},{"v":0.0562476230321,"d":"0.06"}]
[5,502,50205,{"v":2699.01415099999,"d":"2,699.01"},21314,{"v":7.896957485,"d":"7.90"},"ST",101,50205014,{"v":300.22136853,"d":"300.22"},164,1493,1657,{"v":120.326255099999,"d":"120.33"},{"v":0.992934034,"d":"0.99"},{"v":1645.291694,"d":"1,645.29"},{"v":11.70830559,"d":"11.71"},0,"0_50205014_4261",{"v":179.895113419,"d":"179.90"},0,{"v":11.70830559,"d":"11.71"},{"v":0.400791775,"d":"0.40"},"0_50205014_4261_908","B",{"v":0.075138870484,"d":"0.08"},{"v":0.000417681553745,"d":"0.00"},{"v":0.00489034327055,"d":"0.00"}]
[5,502,50205,{"v":2699.01415099999,"d":"2,699.01"},21314,{"v":7.896957485,"d":"7.90"},"ST",101,50205014,{"v":300.22136853,"d":"300.22"},164,1493,1657,{"v":120.326255099999,"d":"120.33"},{"v":0.992934034,"d":"0.99"},{"v":1645.291694,"d":"1,645.29"},{"v":11.70830559,"d":"11.71"},0,"0_50205014_4261",{"v":179.895113419,"d":"179.90"},0,{"v":11.70830559,"d":"11.71"},{"v":0.400791775,"d":"0.40"},"0_50205014_4261_909","B",{"v":0.34945178962,"d":"0.35"},{"v":0.00194253075016,"d":"0.00"},{"v":0.0227437436408,"d":"0.02"}]
[5,502,50205,{"v":2699.01415099999,"d":"2,699.01"},21314,{"v":7.896957485,"d":"7.90"},"ST",101,50205014,{"v":300.22136853,"d":"300.22"},164,1493,1657,{"v":120.326255099999,"d":"120.33"},{"v":0.992934034,"d":"0.99"},{"v":1645.291694,"d":"1,645.29"},{"v":11.70830559,"d":"11.71"},0,"0_50205014_4261",{"v":179.895113419,"d":"179.90"},0,{"v":11.70830559,"d":"11.71"},{"v":0.400791775,"d":"0.40"},"0_50205014_4261_910","C",{"v":0.116277479891,"d":"0.12"},{"v":6.46362636989E-4,"d":"0.00"},{"v":0.00756781127583,"d":"0.01"}]
[5,502,50205,{"v":2699.01415099999,"d":"2,699.01"},21314,{"v":7.896957485,"d":"7.90"},"ST",101,50205014,{"v":300.22136853,"d":"300.22"},164,1493,1657,{"v":120.326255099999,"d":"120.33"},{"v":0.992934034,"d":"0.99"},{"v":1645.291694,"d":"1,645.29"},{"v":11.70830559,"d":"11.71"},0,"0_50205014_4261",{"v":179.895113419,"d":"179.90"},0,{"v":11.70830559,"d":"11.71"},{"v":0.400791775,"d":"0.40"},"0_50205014_4261_911","C",{"v":0.849189026184,"d":"0.85"},{"v":0.00472046744375,"d":"0.00"},{"v":0.0552686753591,"d":"0.06"}]
[5,502,50205,{"v":2699.01415099999,"d":"2,699.01"},21314,{"v":7.896957485,"d":"7.90"},"ST",101,50205014,{"v":300.22136853,"d":"300.22"},164,1493,1657,{"v":120.326255099999,"d":"120.33"},{"v":0.992934034,"d":"0.99"},{"v":1645.291694,"d":"1,645.29"},{"v":11.70830559,"d":"11.71"},0,"0_50205014_4261",{"v":179.895113419,"d":"179.90"},0,{"v":11.70830559,"d":"11.71"},{"v":0.400791775,"d":"0.40"},"0_50205014_4261_912","C",{"v":6.68575252251,"d":"6.69"},{"v":0.0371647255751,"d":"0.04"},{"v":0.435135964202,"d":"0.44"}]
[5,502,50205,{"v":2699.01415099999,"d":"2,699.01"},21314,{"v":7.896957485,"d":"7.90"},"ST",101,50205014,{"v":300.22136853,"d":"300.22"},164,1493,1657,{"v":120.326255099999,"d":"120.33"},{"v":0.992934034,"d":"0.99"},{"v":1645.291694,"d":"1,645.29"},{"v":11.70830559,"d":"11.71"},0,"0_50205014_4261",{"v":179.895113419,"d":"179.90"},0,{"v":11.70830559,"d":"11.71"},{"v":0.400791775,"d":"0.40"},"0_50205014_4261_913","C",{"v":3.38278561859,"d":"3.38"},{"v":0.0188042107109,"d":"0.02"},{"v":0.220165445382,"d":"0.22"}]
[5,502,50205,{"v":2699.01415099999,"d":"2,699.01"},21314,{"v":7.896957485,"d":"7.90"},"ST",101,50205014,{"v":300.22136853,"d":"300.22"},164,1493,1657,{"v":120.326255099999,"d":"120.33"},{"v":0.992934034,"d":"0.99"},{"v":1645.291694,"d":"1,645.29"},{"v":11.70830559,"d":"11.71"},0,"0_50205014_4261",{"v":179.895113419,"d":"179.90"},0,{"v":11.70830559,"d":"11.71"},{"v":0.400791775,"d":"0.40"},"0_50205014_4261_914","D",{"v":0.272980005248,"d":"0.27"},{"v":1.51743980178E-3,"d":"0.00"},{"v":0.0177666489137,"d":"0.02"}]
[5,502,50205,{"v":2699.01415099999,"d":"2,699.01"},21314,{"v":7.896957485,"d":"7.90"},"ST",101,50205014,{"v":300.22136853,"d":"300.22"},164,1493,1657,{"v":120.326255099999,"d":"120.33"},{"v":0.992934034,"d":"0.99"},{"v":1645.291694,"d":"1,645.29"},{"v":11.70830559,"d":"11.71"},0,"0_50205014_4261",{"v":179.895113419,"d":"179.90"},0,{"v":11.70830559,"d":"11.71"},{"v":0.400791775,"d":"0.40"},"0_50205014_4261_915","D",{"v":3.42661916943,"d":"3.43"},{"v":0.0190478724202,"d":"0.02"},{"v":0.223018311135,"d":"0.22"}]
[5,502,50205,{"v":2699.01415099999,"d":"2,699.01"},21314,{"v":7.896957485,"d":"7.90"},"ST",101,50205014,{"v":300.22136853,"d":"300.22"},164,1493,1657,{"v":120.326255099999,"d":"120.33"},{"v":0.992934034,"d":"0.99"},{"v":1645.291694,"d":"1,645.29"},{"v":11.70830559,"d":"11.71"},0,"0_50205014_4261",{"v":179.895113419,"d":"179.90"},0,{"v":11.70830559,"d":"11.71"},{"v":0.400791775,"d":"0.40"},"0_50205014_4261_916","D",{"v":0.87563248623,"d":"0.88"},{"v":0.00486746120886,"d":"0.00"},{"v":0.0569897232808,"d":"0.06"}]
[5,502,50205,{"v":2699.01415099999,"d":"2,699.01"},21314,{"v":7.896957485,"d":"7.90"},"ST",101,50205014,{"v":300.22136853,"d":"300.22"},164,1493,1657,{"v":120.326255099999,"d":"120.33"},{"v":0.992934034,"d":"0.99"},{"v":1645.291694,"d":"1,645.29"},{"v":11.70830559,"d":"11.71"},0,"0_50205014_4261",{"v":179.895113419,"d":"179.90"},0,{"v":11.70830559,"d":"11.71"},{"v":0.400791775,"d":"0.40"},"0_50205014_4261_917","D",{"v":5.88148960231,"d":"5.88"},{"v":0.0326939931304,"d":"0.03"},{"v":0.382791262528,"d":"0.38"}]
[5,502,50205,{"v":2699.01415099999,"d":"2,699.01"},21314,{"v":7.896957485,"d":"7.90"},"ST",101,50205014,{"v":300.22136853,"d":"300.22"},164,1493,1657,{"v":120.326255099999,"d":"120.33"},{"v":0.992934034,"d":"0.99"},{"v":1645.291694,"d":"1,645.29"},{"v":11.70830559,"d":"11.71"},0,"0_50205014_4261",{"v":179.895113419,"d":"179.90"},0,{"v":11.70830559,"d":"11.71"},{"v":0.400791775,"d":"0.40"},"0_50205014_4261_918","D",{"v":1.61232430159,"d":"1.61"},{"v":0.00896257975521,"d":"0.01"},{"v":0.104936622649,"d":"0.10"}]
[5,502,50205,{"v":2699.01415099999,"d":"2,699.01"},21314,{"v":7.896957485,"d":"7.90"},"ST",101,50205014,{"v":300.22136853,"d":"300.22"},164,1493,1657,{"v":120.326255099999,"d":"120.33"},{"v":0.992934034,"d":"0.99"},{"v":1645.291694,"d":"1,645.29"},{"v":11.70830559,"d":"11.71"},0,"0_50205014_4261",{"v":179.895113419,"d":"179.90"},0,{"v":11.70830559,"d":"11.71"},{"v":0.400791775,"d":"0.40"},"0_50205014_4261_919","D",{"v":6.50760881717,"d":"6.51"},{"v":0.036174461293,"d":"0.04"},{"v":0.423541647372,"d":"0.42"}]
[5,502,50205,{"v":2699.01415099999,"d":"2,699.01"},21314,{"v":7.896957485,"d":"7.90"},"ST",101,50205014,{"v":300.22136853,"d":"300.22"},164,1493,1657,{"v":120.326255099999,"d":"120.33"},{"v":0.992934034,"d":"0.99"},{"v":1645.291694,"d":"1,645.29"},{"v":11.70830559,"d":"11.71"},0,"0_50205014_4261",{"v":179.895113419,"d":"179.90"},0,{"v":11.70830559,"d":"11.71"},{"v":0.400791775,"d":"0.40"},"0_50205014_4261_920","D",{"v":0.0662387245043,"d":"0.07"},{"v":0.000368207469594,"d":"0.00"},{"v":0.00431108557453,"d":"0.00"}]
[5,502,50205,{"v":2699.01415099999,"d":"2,699.01"},21314,{"v":7.896957485,"d":"7.90"},"ST",101,50205014,{"v":300.22136853,"d":"300.22"},164,1493,1657,{"v":120.326255099999,"d":"120.33"},{"v":0.992934034,"d":"0.99"},{"v":1645.291694,"d":"1,645.29"},{"v":11.70830559,"d":"11.71"},0,"0_50205014_4261",{"v":179.895113419,"d":"179.90"},0,{"v":11.70830559,"d":"11.71"},{"v":0.400791775,"d":"0.40"},"0_50205014_4261_921","D",{"v":0.0318609621861,"d":"0.03"},{"v":0.0001771085472,"d":"0.00"},{"v":2.07364099322E-3,"d":"0.00"}]
[5,502,50205,{"v":2699.01415099999,"d":"2,699.01"},21314,{"v":7.896957485,"d":"7.90"},"ST",101,50205014,{"v":300.22136853,"d":"300.22"},164,1493,1657,{"v":120.326255099999,"d":"120.33"},{"v":0.992934034,"d":"0.99"},{"v":1645.291694,"d":"1,645.29"},{"v":11.70830559,"d":"11.71"},0,"0_50205014_4261",{"v":179.895113419,"d":"179.90"},0,{"v":11.70830559,"d":"11.71"},{"v":0.400791775,"d":"0.40"},"0_50205014_4261_922","D",{"v":3.59451544869,"d":"3.59"},{"v":0.0199811733647,"d":"0.02"},{"v":0.233945683801,"d":"0.23"}]
[5,502,50205,{"v":2699.01415099999,"d":"2,699.01"},21314,{"v":7.896957485,"d":"7.90"},"ST",101,50205014,{"v":300.22136853,"d":"300.22"},164,1493,1657,{"v":120.326255099999,"d":"120.33"},{"v":0.992934034,"d":"0.99"},{"v":1645.291694,"d":"1,645.29"},{"v":11.70830559,"d":"11.71"},0,"0_50205014_4261",{"v":179.895113419,"d":"179.90"},0,{"v":11.70830559,"d":"11.71"},{"v":0.400791775,"d":"0.40"},"0_50205014_4261_923","D",{"v":0.0388629359589,"d":"0.04"},{"v":2.1603108178E-4,"d":"0.00"},{"v":0.00252935792242,"d":"0.00"}]
[5,502,50205,{"v":2699.01415099999,"d":"2,699.01"},21314,{"v":7.896957485,"d":"7.90"},"ST",101,50205014,{"v":300.22136853,"d":"300.22"},164,1493,1657,{"v":120.326255099999,"d":"120.33"},{"v":0.992934034,"d":"0.99"},{"v":1645.291694,"d":"1,645.29"},{"v":11.70830559,"d":"11.71"},0,"0_50205014_4261",{"v":179.895113419,"d":"179.90"},0,{"v":11.70830559,"d":"11.71"},{"v":0.400791775,"d":"0.40"},"0_50205014_4261_924","D",{"v":0.572548076773,"d":"0.57"},{"v":0.00318267720502,"d":"0.00"},{"v":0.0372637573107,"d":"0.04"}]
[5,502,50205,{"v":2699.01415099999,"d":"2,699.01"},21314,{"v":7.896957485,"d":"7.90"},"ST",101,50205014,{"v":300.22136853,"d":"300.22"},164,1493,1657,{"v":120.326255099999,"d":"120.33"},{"v":0.992934034,"d":"0.99"},{"v":1645.291694,"d":"1,645.29"},{"v":11.70830559,"d":"11.71"},0,"0_50205014_4261",{"v":179.895113419,"d":"179.90"},0,{"v":11.70830559,"d":"11.71"},{"v":0.400791775,"d":"0.40"},"0_50205014_4261_925","D",{"v":1.10542360591E-3,"d":"0.00"},{"v":6.144822863e-06,"d":"0.00"},{"v":7.1945463878e-05,"d":"0.00"}]
[5,502,50205,{"v":2699.01415099999,"d":"2,699.01"},21314,{"v":7.896957485,"d":"7.90"},"ST",101,50205014,{"v":300.22136853,"d":"300.22"},164,1493,1657,{"v":120.326255099999,"d":"120.33"},{"v":0.992934034,"d":"0.99"},{"v":1645.291694,"d":"1,645.29"},{"v":11.70830559,"d":"11.71"},0,"0_50205014_4261",{"v":179.895113419,"d":"179.90"},0,{"v":11.70830559,"d":"11.71"},{"v":0.400791775,"d":"0.40"},"0_50205014_4261_926","E",{"v":0.00723148888228,"d":"0.01"},{"v":4.019836195e-05,"d":"0.00"},{"v":0.000470654705929,"d":"0.00"}]
[5,502,50205,{"v":2699.01415099999,"d":"2,699.01"},21314,{"v":7.896957485,"d":"7.90"},"ST",101,50205014,{"v":300.22136853,"d":"300.22"},164,1493,1657,{"v":120.326255099999,"d":"120.33"},{"v":0.992934034,"d":"0.99"},{"v":1645.291694,"d":"1,645.29"},{"v":11.70830559,"d":"11.71"},0,"0_50205014_4261",{"v":179.895113419,"d":"179.90"},0,{"v":11.70830559,"d":"11.71"},{"v":0.400791775,"d":"0.40"},"0_50205014_4261_927","E",{"v":1.81832488235,"d":"1.82"},{"v":0.0101076946883,"d":"0.01"},{"v":0.118343978221,"d":"0.12"}]
[5,502,50205,{"v":2699.01415099999,"d":"2,699.01"},21314,{"v":7.896957485,"d":"7.90"},"ST",101,50205014,{"v":300.22136853,"d":"300.22"},164,1493,1657,{"v":120.326255099999,"d":"120.33"},{"v":0.992934034,"d":"0.99"},{"v":1645.291694,"d":"1,645.29"},{"v":11.70830559,"d":"11.71"},0,"0_50205014_4261",{"v":179.895113419,"d":"179.90"},0,{"v":11.70830559,"d":"11.71"},{"v":0.400791775,"d":"0.40"},"0_50205014_4261_928","E",{"v":0.000582873464333,"d":"0.00"},{"v":3.240073914e-06,"d":"0.00"},{"v":3.7935775525e-05,"d":"0.00"}]
[5,502,50205,{"v":2699.01415099999,"d":"2,699.01"},21314,{"v":7.896957485,"d":"7.90"},"ST",101,50205014,{"v":300.22136853,"d":"300.22"},164,1493,1657,{"v":120.326255099999,"d":"120.33"},{"v":0.992934034,"d":"0.99"},{"v":1645.291694,"d":"1,645.29"},{"v":11.70830559,"d":"11.71"},0,"0_50205014_4261",{"v":179.895113419,"d":"179.90"},0,{"v":11.70830559,"d":"11.71"},{"v":0.400791775,"d":"0.40"},"0_50205014_4261_929","E",{"v":0.0324862333409,"d":"0.03"},{"v":1.80584301171E-4,"d":"0.00"},{"v":2.11433618287E-3,"d":"0.00"}]
[5,502,50205,{"v":2699.01415099999,"d":"2,699.01"},21314,{"v":7.896957485,"d":"7.90"},"ST",101,50205014,{"v":300.22136853,"d":"300.22"},164,1493,1657,{"v":120.326255099999,"d":"120.33"},{"v":0.992934034,"d":"0.99"},{"v":1645.291694,"d":"1,645.29"},{"v":11.70830559,"d":"11.71"},0,"0_50205014_4261",{"v":179.895113419,"d":"179.90"},0,{"v":11.70830559,"d":"11.71"},{"v":0.400791775,"d":"0.40"},"0_50205014_4261_930","E",{"v":0.0717488633547,"d":"0.07"},{"v":0.000398837200139,"d":"0.00"},{"v":4.66970781989E-3,"d":"0.00"}]
[5,502,50205,{"v":2699.01415099999,"d":"2,699.01"},21314,{"v":7.896957485,"d":"7.90"},"ST",101,50205014,{"v":300.22136853,"d":"300.22"},164,1493,1657,{"v":120.326255099999,"d":"120.33"},{"v":0.992934034,"d":"0.99"},{"v":1645.291694,"d":"1,645.29"},{"v":11.70830559,"d":"11.71"},0,"0_50205014_4261",{"v":179.895113419,"d":"179.90"},0,{"v":11.70830559,"d":"11.71"},{"v":0.400791775,"d":"0.40"},"0_50205014_4261_931","E",{"v":1.99736040062,"d":"2.00"},{"v":0.0111029163753,"d":"0.01"},{"v":0.129996337862,"d":"0.13"}]
[5,502,50205,{"v":2699.01415099999,"d":"2,699.01"},21314,{"v":7.896957485,"d":"7.90"},"ST",101,50205014,{"v":300.22136853,"d":"300.22"},164,1493,1657,{"v":120.326255099999,"d":"120.33"},{"v":0.992934034,"d":"0.99"},{"v":1645.291694,"d":"1,645.29"},{"v":11.70830559,"d":"11.71"},0,"0_50205014_4261",{"v":179.895113419,"d":"179.90"},0,{"v":11.70830559,"d":"11.71"},{"v":0.400791775,"d":"0.40"},"0_50205014_4261_932","E",{"v":3.87509983477,"d":"3.88"},{"v":0.0215408843582,"d":"0.02"},{"v":0.252207256745,"d":"0.25"}]
[5,502,50205,{"v":2699.01415099999,"d":"2,699.01"},21314,{"v":7.896957485,"d":"7.90"},"ST",101,50205014,{"v":300.22136853,"d":"300.22"},164,1493,1657,{"v":120.326255099999,"d":"120.33"},{"v":0.992934034,"d":"0.99"},{"v":1645.291694,"d":"1,645.29"},{"v":11.70830559,"d":"11.71"},0,"0_50205014_4261",{"v":179.895113419,"d":"179.90"},0,{"v":11.70830559,"d":"11.71"},{"v":0.400791775,"d":"0.40"},"0_50205014_4261_933","E",{"v":0.829339057273,"d":"0.83"},{"v":0.00461012554211,"d":"0.00"},{"v":0.0539767586553,"d":"0.05"}]
[5,502,50205,{"v":2699.01415099999,"d":"2,699.01"},21314,{"v":7.896957485,"d":"7.90"},"ST",101,50205014,{"v":300.22136853,"d":"300.22"},164,1493,1657,{"v":120.326255099999,"d":"120.33"},{"v":0.992934034,"d":"0.99"},{"v":1645.291694,"d":"1,645.29"},{"v":11.70830559,"d":"11.71"},0,"0_50205014_4261",{"v":179.895113419,"d":"179.90"},0,{"v":11.70830559,"d":"11.71"},{"v":0.400791775,"d":"0.40"},"0_50205014_4261_934","E",{"v":18.9540958155999,"d":"18.95"},{"v":0.105361927044,"d":"0.11"},{"v":1.23360963938,"d":"1.23"}]
[5,502,50205,{"v":2699.01415099999,"d":"2,699.01"},21314,{"v":7.896957485,"d":"7.90"},"ST",101,50205014,{"v":300.22136853,"d":"300.22"},164,1493,1657,{"v":120.326255099999,"d":"120.33"},{"v":0.992934034,"d":"0.99"},{"v":1645.291694,"d":"1,645.29"},{"v":11.70830559,"d":"11.71"},0,"0_50205014_4261",{"v":179.895113419,"d":"179.90"},0,{"v":11.70830559,"d":"11.71"},{"v":0.400791775,"d":"0.40"},"0_50205014_4261_935","E",{"v":3.90939486284,"d":"3.91"},{"v":0.0217315233779,"d":"0.02"},{"v":0.254439316645,"d":"0.25"}]
[5,502,50205,{"v":2699.01415099999,"d":"2,699.01"},21314,{"v":7.896957485,"d":"7.90"},"ST",101,50205014,{"v":300.22136853,"d":"300.22"},164,1493,1657,{"v":120.326255099999,"d":"120.33"},{"v":0.992934034,"d":"0.99"},{"v":1645.291694,"d":"1,645.29"},{"v":11.70830559,"d":"11.71"},0,"0_50205014_4261",{"v":179.895113419,"d":"179.90"},0,{"v":11.70830559,"d":"11.71"},{"v":0.400791775,"d":"0.40"},"0_50205014_4261_936","F",{"v":2.46623663708,"d":"2.47"},{"v":0.0137093031056,"d":"0.01"},{"v":0.160512710186,"d":"0.16"}]
[5,502,50205,{"v":2699.01415099999,"d":"2,699.01"},21314,{"v":7.896957485,"d":"7.90"},"ST",101,50205014,{"v":300.22136853,"d":"300.22"},164,1493,1657,{"v":120.326255099999,"d":"120.33"},{"v":0.992934034,"d":"0.99"},{"v":1645.291694,"d":"1,645.29"},{"v":11.70830559,"d":"11.71"},0,"0_50205014_4261",{"v":179.895113419,"d":"179.90"},0,{"v":11.70830559,"d":"11.71"},{"v":0.400791775,"d":"0.40"},"0_50205014_4261_937","F",{"v":0.00167274078621,"d":"0.00"},{"v":9.298422589e-06,"d":"0.00"},{"v":1.08868773173E-4,"d":"0.00"}]
[5,502,50205,{"v":2699.01415099999,"d":"2,699.01"},21314,{"v":7.896957485,"d":"7.90"},"ST",101,50205014,{"v":300.22136853,"d":"300.22"},164,1493,1657,{"v":120.326255099999,"d":"120.33"},{"v":0.992934034,"d":"0.99"},{"v":1645.291694,"d":"1,645.29"},{"v":11.70830559,"d":"11.71"},0,"0_50205014_4261",{"v":179.895113419,"d":"179.90"},0,{"v":11.70830559,"d":"11.71"},{"v":0.400791775,"d":"0.40"},"0_50205014_4261_938","F",{"v":0.00434269454412,"d":"0.00"},{"v":2.4140147342e-05,"d":"0.00"},{"v":0.000282640222072,"d":"0.00"}]
[5,502,50205,{"v":2699.01415099999,"d":"2,699.01"},21314,{"v":7.896957485,"d":"7.90"},"ST",101,50205014,{"v":300.22136853,"d":"300.22"},164,1493,1657,{"v":120.326255099999,"d":"120.33"},{"v":0.992934034,"d":"0.99"},{"v":1645.291694,"d":"1,645.29"},{"v":11.70830559,"d":"11.71"},0,"0_50205014_4261",{"v":179.895113419,"d":"179.90"},0,{"v":11.70830559,"d":"11.71"},{"v":0.400791775,"d":"0.40"},"0_50205014_4261_939","F",{"v":1.17906391386,"d":"1.18"},{"v":0.00655417421547,"d":"0.01"},{"v":0.0767382746048,"d":"0.08"}]
[5,502,50205,{"v":2699.01415099999,"d":"2,699.01"},21314,{"v":7.896957485,"d":"7.90"},"ST",101,50205014,{"v":300.22136853,"d":"300.22"},164,1493,1657,{"v":120.326255099999,"d":"120.33"},{"v":0.992934034,"d":"0.99"},{"v":1645.291694,"d":"1,645.29"},{"v":11.70830559,"d":"11.71"},0,"0_50205014_4261",{"v":179.895113419,"d":"179.90"},0,{"v":11.70830559,"d":"11.71"},{"v":0.400791775,"d":"0.40"},"0_50205014_4261_940","F",{"v":0.0603747647055,"d":"0.06"},{"v":0.000335610921042,"d":"0.00"},{"v":0.0039294352229,"d":"0.00"}]
[5,502,50205,{"v":2699.01415099999,"d":"2,699.01"},21314,{"v":7.896957485,"d":"7.90"},"ST",101,50205014,{"v":300.22136853,"d":"300.22"},164,1493,1657,{"v":120.326255099999,"d":"120.33"},{"v":0.992934034,"d":"0.99"},{"v":1645.291694,"d":"1,645.29"},{"v":11.70830559,"d":"11.71"},0,"0_50205014_4261",{"v":179.895113419,"d":"179.90"},0,{"v":11.70830559,"d":"11.71"},{"v":0.400791775,"d":"0.40"},"0_50205014_4261_941","F",{"v":0.219184014554,"d":"0.22"},{"v":0.00121839893474,"d":"0.00"},{"v":0.0142653870585,"d":"0.01"}]
[5,502,50205,{"v":2699.01415099999,"d":"2,699.01"},21314,{"v":7.896957485,"d":"7.90"},"ST",101,50205014,{"v":300.22136853,"d":"300.22"},164,1493,1657,{"v":120.326255099999,"d":"120.33"},{"v":0.992934034,"d":"0.99"},{"v":1645.291694,"d":"1,645.29"},{"v":11.70830559,"d":"11.71"},0,"0_50205014_4261",{"v":179.895113419,"d":"179.90"},0,{"v":11.70830559,"d":"11.71"},{"v":0.400791775,"d":"0.40"},"0_50205014_4261_942","F",{"v":26.2454364809999,"d":"26.25"},{"v":0.145892992768,"d":"0.15"},{"v":1.70815974277,"d":"1.71"}]
[5,502,50205,{"v":2699.01415099999,"d":"2,699.01"},21314,{"v":7.896957485,"d":"7.90"},"ST",101,50205014,{"v":300.22136853,"d":"300.22"},164,1493,1657,{"v":120.326255099999,"d":"120.33"},{"v":0.992934034,"d":"0.99"},{"v":1645.291694,"d":"1,645.29"},{"v":11.70830559,"d":"11.71"},0,"0_50205014_4261",{"v":179.895113419,"d":"179.90"},0,{"v":11.70830559,"d":"11.71"},{"v":0.400791775,"d":"0.40"},"0_50205014_4261_943","F",{"v":0.002007563224,"d":"0.00"},{"v":1.1159631776e-05,"d":"0.00"},{"v":0.000130660379102,"d":"0.00"}]
[5,502,50205,{"v":2699.01415099999,"d":"2,699.01"},21314,{"v":7.896957485,"d":"7.90"},"ST",101,50205014,{"v":300.22136853,"d":"300.22"},164,1493,1657,{"v":120.326255099999,"d":"120.33"},{"v":0.992934034,"d":"0.99"},{"v":1645.291694,"d":"1,645.29"},{"v":11.70830559,"d":"11.71"},0,"0_50205014_4261",{"v":179.895113419,"d":"179.90"},0,{"v":11.70830559,"d":"11.71"},{"v":0.400791775,"d":"0.40"},"0_50205014_4261_944","F",{"v":4.2093584697e-05,"d":"0.00"},{"v":2.33989595e-07,"d":"0.00"},{"v":2.739621681e-06,"d":"0.00"}]
[5,502,50205,{"v":2699.01415099999,"d":"2,699.01"},21314,{"v":7.896957485,"d":"7.90"},"ST",101,50205014,{"v":300.22136853,"d":"300.22"},164,1493,1657,{"v":120.326255099999,"d":"120.33"},{"v":0.992934034,"d":"0.99"},{"v":1645.291694,"d":"1,645.29"},{"v":11.70830559,"d":"11.71"},0,"0_50205014_4261",{"v":179.895113419,"d":"179.90"},0,{"v":11.70830559,"d":"11.71"},{"v":0.400791775,"d":"0.40"},"0_50205014_4261_945","F",{"v":2.88078579524,"d":"2.88"},{"v":0.0160136967619,"d":"0.02"},{"v":0.187493255314,"d":"0.19"}]
[5,502,50205,{"v":2699.01415099999,"d":"2,699.01"},21314,{"v":7.896957485,"d":"7.90"},"ST",101,50205014,{"v":300.22136853,"d":"300.22"},164,1493,1657,{"v":120.326255099999,"d":"120.33"},{"v":0.992934034,"d":"0.99"},{"v":1645.291694,"d":"1,645.29"},{"v":11.70830559,"d":"11.71"},0,"0_50205014_4261",{"v":179.895113419,"d":"179.90"},0,{"v":11.70830559,"d":"11.71"},{"v":0.400791775,"d":"0.40"},"0_50205014_4261_946","G",{"v":0.516885942295,"d":"0.52"},{"v":2.87326282783E-3,"d":"0.00"},{"v":0.0336410392286,"d":"0.03"}]
[5,502,50205,{"v":2699.01415099999,"d":"2,699.01"},21314,{"v":7.896957485,"d":"7.90"},"ST",101,50205014,{"v":300.22136853,"d":"300.22"},164,1493,1657,{"v":120.326255099999,"d":"120.33"},{"v":0.992934034,"d":"0.99"},{"v":1645.291694,"d":"1,645.29"},{"v":11.70830559,"d":"11.71"},0,"0_50205014_4261",{"v":179.895113419,"d":"179.90"},0,{"v":11.70830559,"d":"11.71"},{"v":0.400791775,"d":"0.40"},"0_50205014_4261_947","G",{"v":0.00861129097441,"d":"0.01"},{"v":4.7868398484e-05,"d":"0.00"},{"v":0.000560457837551,"d":"0.00"}]
[5,502,50205,{"v":2699.01415099999,"d":"2,699.01"},21314,{"v":7.896957485,"d":"7.90"},"ST",101,50205014,{"v":300.22136853,"d":"300.22"},164,1493,1657,{"v":120.326255099999,"d":"120.33"},{"v":0.992934034,"d":"0.99"},{"v":1645.291694,"d":"1,645.29"},{"v":11.70830559,"d":"11.71"},0,"0_50205014_4261",{"v":179.895113419,"d":"179.90"},0,{"v":11.70830559,"d":"11.71"},{"v":0.400791775,"d":"0.40"},"0_50205014_4261_948","G",{"v":0.0189337749733,"d":"0.02"},{"v":1.05248967654E-4,"d":"0.00"},{"v":0.00123228707633,"d":"0.00"}]
[5,502,50205,{"v":2699.01415099999,"d":"2,699.01"},21314,{"v":7.896957485,"d":"7.90"},"ST",101,50205014,{"v":300.22136853,"d":"300.22"},164,1493,1657,{"v":120.326255099999,"d":"120.33"},{"v":0.992934034,"d":"0.99"},{"v":1645.291694,"d":"1,645.29"},{"v":11.70830559,"d":"11.71"},0,"0_50205014_4261",{"v":179.895113419,"d":"179.90"},0,{"v":11.70830559,"d":"11.71"},{"v":0.400791775,"d":"0.40"},"0_50205014_4261_949","G",{"v":6.49619009015,"d":"6.50"},{"v":0.0361109869339,"d":"0.04"},{"v":0.422798470179,"d":"0.42"}]
[5,502,50205,{"v":2699.01415099999,"d":"2,699.01"},21314,{"v":7.896957485,"d":"7.90"},"ST",101,50205014,{"v":300.22136853,"d":"300.22"},164,1493,1657,{"v":120.326255099999,"d":"120.33"},{"v":0.992934034,"d":"0.99"},{"v":1645.291694,"d":"1,645.29"},{"v":11.70830559,"d":"11.71"},0,"0_50205014_4261",{"v":179.895113419,"d":"179.90"},0,{"v":11.70830559,"d":"11.71"},{"v":0.400791775,"d":"0.40"},"0_50205014_4261_950","G",{"v":0.387338727483,"d":"0.39"},{"v":0.00215313645891,"d":"0.00"},{"v":0.0252095796379,"d":"0.03"}]
[5,502,50205,{"v":2699.01415099999,"d":"2,699.01"},21314,{"v":7.896957485,"d":"7.90"},"ST",101,50205014,{"v":300.22136853,"d":"300.22"},164,1493,1657,{"v":120.326255099999,"d":"120.33"},{"v":0.992934034,"d":"0.99"},{"v":1645.291694,"d":"1,645.29"},{"v":11.70830559,"d":"11.71"},0,"0_50205014_4261",{"v":179.895113419,"d":"179.90"},0,{"v":11.70830559,"d":"11.71"},{"v":0.400791775,"d":"0.40"},"0_50205014_4261_951","G",{"v":0.125286980279,"d":"0.13"},{"v":0.000696444599844,"d":"0.00"},{"v":0.00815418620148,"d":"0.01"}]
[5,502,50205,{"v":2699.01415099999,"d":"2,699.01"},21314,{"v":7.896957485,"d":"7.90"},"ST",101,50205014,{"v":300.22136853,"d":"300.22"},164,1493,1657,{"v":120.326255099999,"d":"120.33"},{"v":0.992934034,"d":"0.99"},{"v":1645.291694,"d":"1,645.29"},{"v":11.70830559,"d":"11.71"},0,"0_50205014_4261",{"v":179.895113419,"d":"179.90"},0,{"v":11.70830559,"d":"11.71"},{"v":0.400791775,"d":"0.40"},"0_50205014_4261_952","G",{"v":0.00670123932049,"d":"0.01"},{"v":3.7250813505e-05,"d":"0.00"},{"v":4.36143907996E-4,"d":"0.00"}]
[5,502,50205,{"v":2699.01415099999,"d":"2,699.01"},21314,{"v":7.896957485,"d":"7.90"},"ST",101,50205014,{"v":300.22136853,"d":"300.22"},164,1493,1657,{"v":120.326255099999,"d":"120.33"},{"v":0.992934034,"d":"0.99"},{"v":1645.291694,"d":"1,645.29"},{"v":11.70830559,"d":"11.71"},0,"0_50205014_4261",{"v":179.895113419,"d":"179.90"},0,{"v":11.70830559,"d":"11.71"},{"v":0.400791775,"d":"0.40"},"0_50205014_4261_953","G",{"v":0.16736242337,"d":"0.17"},{"v":0.00093033334919,"d":"0.00"},{"v":0.0108926271529,"d":"0.01"}]
[5,502,50205,{"v":2699.01415099999,"d":"2,699.01"},21314,{"v":7.896957485,"d":"7.90"},"ST",101,50205014,{"v":300.22136853,"d":"300.22"},164,1493,1657,{"v":120.326255099999,"d":"120.33"},{"v":0.992934034,"d":"0.99"},{"v":1645.291694,"d":"1,645.29"},{"v":11.70830559,"d":"11.71"},0,"0_50205014_4261",{"v":179.895113419,"d":"179.90"},0,{"v":11.70830559,"d":"11.71"},{"v":0.400791775,"d":"0.40"},"0_50205014_4261_954","G",{"v":0.0342344994486,"d":"0.03"},{"v":0.000190302553516,"d":"0.00"},{"v":2.22812045112E-3,"d":"0.00"}]
[5,502,50205,{"v":2699.01415099999,"d":"2,699.01"},21314,{"v":7.896957485,"d":"7.90"},"ST",101,50205014,{"v":300.22136853,"d":"300.22"},164,1493,1657,{"v":120.326255099999,"d":"120.33"},{"v":0.992934034,"d":"0.99"},{"v":1645.291694,"d":"1,645.29"},{"v":11.70830559,"d":"11.71"},0,"0_50205014_4261",{"v":179.895113419,"d":"179.90"},0,{"v":11.70830559,"d":"11.71"},{"v":0.400791775,"d":"0.40"},"0_50205014_4261_955","G",{"v":33.0003571053999,"d":"33.00"},{"v":0.18344220962,"d":"0.18"},{"v":2.14779744834,"d":"2.15"}]
[5,502,50205,{"v":2699.01415099999,"d":"2,699.01"},21314,{"v":7.896957485,"d":"7.90"},"ST",101,50205014,{"v":300.22136853,"d":"300.22"},164,1493,1657,{"v":120.326255099999,"d":"120.33"},{"v":0.992934034,"d":"0.99"},{"v":1645.291694,"d":"1,645.29"},{"v":11.70830559,"d":"11.71"},0,"0_50205014_4261",{"v":179.895113419,"d":"179.90"},0,{"v":11.70830559,"d":"11.71"},{"v":0.400791775,"d":"0.40"},"0_50205014_4261_956","G",{"v":0.00257749288465,"d":"0.00"},{"v":1.4327753743E-5,"d":"0.00"},{"v":1.67753719242E-4,"d":"0.00"}]
[5,502,50205,{"v":2699.01415099999,"d":"2,699.01"},21314,{"v":7.896957485,"d":"7.90"},"ST",101,50205014,{"v":300.22136853,"d":"300.22"},164,1493,1657,{"v":120.326255099999,"d":"120.33"},{"v":0.992934034,"d":"0.99"},{"v":1645.291694,"d":"1,645.29"},{"v":11.70830559,"d":"11.71"},0,"0_50205014_4261",{"v":179.895113419,"d":"179.90"},0,{"v":11.70830559,"d":"11.71"},{"v":0.400791775,"d":"0.40"},"0_50205014_4261_957","G",{"v":0.0443615272589,"d":"0.04"},{"v":0.000246596621864,"d":"0.00"},{"v":0.00288722860625,"d":"0.00"}]
[5,502,50205,{"v":2699.01415099999,"d":"2,699.01"},21314,{"v":7.896957485,"d":"7.90"},"ST",101,50205014,{"v":300.22136853,"d":"300.22"},164,1493,1657,{"v":120.326255099999,"d":"120.33"},{"v":0.992934034,"d":"0.99"},{"v":1645.291694,"d":"1,645.29"},{"v":11.70830559,"d":"11.71"},0,"0_50205014_4261",{"v":179.895113419,"d":"179.90"},0,{"v":11.70830559,"d":"11.71"},{"v":0.400791775,"d":"0.40"},"0_50205014_4261_958","G",{"v":0.0806436338157,"d":"0.08"},{"v":0.000448281402885,"d":"0.00"},{"v":0.00524861565529,"d":"0.01"}]
[5,502,50205,{"v":2699.01415099999,"d":"2,699.01"},21314,{"v":7.896957485,"d":"7.90"},"ST",101,50205023,{"v":14.710354805,"d":"14.71"},13,90,103,{"v":14.69583926,"d":"14.70"},{"v":0.992934034,"d":"0.99"},{"v":102.272205499999,"d":"102.27"},{"v":0.727794494,"d":"0.73"},0,"0_50205023_4265",{"v":0.0145155406538,"d":"0.01"},0,{"v":0.727794494,"d":"0.73"},{"v":0.999013243,"d":"1.00"},"0_50205023_4265_959","E",{"v":0.0145155406539,"d":"0.01"},{"v":1.00000000001,"d":"1.00"},{"v":0.727794494007,"d":"0.73"}]
[5,502,50205,{"v":2699.01415099999,"d":"2,699.01"},21314,{"v":7.896957485,"d":"7.90"},"ST",101,50205030,{"v":359.3185249,"d":"359.32"},34,46,80,{"v":21.9174881699999,"d":"21.92"},{"v":0.992934034,"d":"0.99"},{"v":79.4347227199999,"d":"79.43"},{"v":0.565277277,"d":"0.57"},0,"0_50205030_4266",{"v":337.401036729999,"d":"337.40"},0,{"v":0.565277277,"d":"0.57"},{"v":0.060997379,"d":"0.06"},"0_50205030_4266_960","außerhalb GKL",{"v":1.48041019241E-4,"d":"0.00"},{"v":4.38768715E-7,"d":"0.00"},{"v":2.48025984e-07,"d":"0.00"}]
[5,502,50205,{"v":2699.01415099999,"d":"2,699.01"},21314,{"v":7.896957485,"d":"7.90"},"ST",101,50205030,{"v":359.3185249,"d":"359.32"},34,46,80,{"v":21.9174881699999,"d":"21.92"},{"v":0.992934034,"d":"0.99"},{"v":79.4347227199999,"d":"79.43"},{"v":0.565277277,"d":"0.57"},0,"0_50205030_4266",{"v":337.401036729999,"d":"337.40"},0,{"v":0.565277277,"d":"0.57"},{"v":0.060997379,"d":"0.06"},"0_50205030_4266_961","außerhalb GKL",{"v":299.642725518,"d":"299.64"},{"v":0.888090707788,"d":"0.89"},{"v":0.502017497027,"d":"0.50"}]
[5,502,50205,{"v":2699.01415099999,"d":"2,699.01"},21314,{"v":7.896957485,"d":"7.90"},"ST",101,50205030,{"v":359.3185249,"d":"359.32"},34,46,80,{"v":21.9174881699999,"d":"21.92"},{"v":0.992934034,"d":"0.99"},{"v":79.4347227199999,"d":"79.43"},{"v":0.565277277,"d":"0.57"},0,"0_50205030_4266",{"v":337.401036729999,"d":"337.40"},0,{"v":0.565277277,"d":"0.57"},{"v":0.060997379,"d":"0.06"},"0_50205030_4266_962","außerhalb GKL",{"v":0.0923080369452,"d":"0.09"},{"v":0.00027358551663,"d":"0.00"},{"v":0.000154651675867,"d":"0.00"}]
[5,502,50205,{"v":2699.01415099999,"d":"2,699.01"},21314,{"v":7.896957485,"d":"7.90"},"ST",101,50205030,{"v":359.3185249,"d":"359.32"},34,46,80,{"v":21.9174881699999,"d":"21.92"},{"v":0.992934034,"d":"0.99"},{"v":79.4347227199999,"d":"79.43"},{"v":0.565277277,"d":"0.57"},0,"0_50205030_4266",{"v":337.401036729999,"d":"337.40"},0,{"v":0.565277277,"d":"0.57"},{"v":0.060997379,"d":"0.06"},"0_50205030_4266_963","C",{"v":0.286922860597,"d":"0.29"},{"v":0.000850391164704,"d":"0.00"},{"v":0.000480706801969,"d":"0.00"}]
[5,502,50205,{"v":2699.01415099999,"d":"2,699.01"},21314,{"v":7.896957485,"d":"7.90"},"ST",101,50205030,{"v":359.3185249,"d":"359.32"},34,46,80,{"v":21.9174881699999,"d":"21.92"},{"v":0.992934034,"d":"0.99"},{"v":79.4347227199999,"d":"79.43"},{"v":0.565277277,"d":"0.57"},0,"0_50205030_4266",{"v":337.401036729999,"d":"337.40"},0,{"v":0.565277277,"d":"0.57"},{"v":0.060997379,"d":"0.06"},"0_50205030_4266_964","D",{"v":4.58852834275,"d":"4.59"},{"v":0.013599627278,"d":"0.01"},{"v":0.00768756027592,"d":"0.01"}]
[5,502,50205,{"v":2699.01415099999,"d":"2,699.01"},21314,{"v":7.896957485,"d":"7.90"},"ST",101,50205030,{"v":359.3185249,"d":"359.32"},34,46,80,{"v":21.9174881699999,"d":"21.92"},{"v":0.992934034,"d":"0.99"},{"v":79.4347227199999,"d":"79.43"},{"v":0.565277277,"d":"0.57"},0,"0_50205030_4266",{"v":337.401036729999,"d":"337.40"},0,{"v":0.565277277,"d":"0.57"},{"v":0.060997379,"d":"0.06"},"0_50205030_4266_965","E",{"v":7.11975529425,"d":"7.12"},{"v":0.021101758795,"d":"0.02"},{"v":0.0119283447515,"d":"0.01"}]
[5,502,50205,{"v":2699.01415099999,"d":"2,699.01"},21314,{"v":7.896957485,"d":"7.90"},"ST",101,50205030,{"v":359.3185249,"d":"359.32"},34,46,80,{"v":21.9174881699999,"d":"21.92"},{"v":0.992934034,"d":"0.99"},{"v":79.4347227199999,"d":"79.43"},{"v":0.565277277,"d":"0.57"},0,"0_50205030_4266",{"v":337.401036729999,"d":"337.40"},0,{"v":0.565277277,"d":"0.57"},{"v":0.060997379,"d":"0.06"},"0_50205030_4266_966","F",{"v":0.188015634649,"d":"0.19"},{"v":0.000557246760328,"d":"0.00"},{"v":0.000314998931295,"d":"0.00"}]
[5,502,50205,{"v":2699.01415099999,"d":"2,699.01"},21314,{"v":7.896957485,"d":"7.90"},"ST",101,50205030,{"v":359.3185249,"d":"359.32"},34,46,80,{"v":21.9174881699999,"d":"21.92"},{"v":0.992934034,"d":"0.99"},{"v":79.4347227199999,"d":"79.43"},{"v":0.565277277,"d":"0.57"},0,"0_50205030_4266",{"v":337.401036729999,"d":"337.40"},0,{"v":0.565277277,"d":"0.57"},{"v":0.060997379,"d":"0.06"},"0_50205030_4266_967","F",{"v":10.7627063479,"d":"10.76"},{"v":0.0318988538157,"d":"0.03"},{"v":0.0180316972244,"d":"0.02"}]
[5,502,50205,{"v":2699.01415099999,"d":"2,699.01"},21314,{"v":7.896957485,"d":"7.90"},"ST",101,50205030,{"v":359.3185249,"d":"359.32"},34,46,80,{"v":21.9174881699999,"d":"21.92"},{"v":0.992934034,"d":"0.99"},{"v":79.4347227199999,"d":"79.43"},{"v":0.565277277,"d":"0.57"},0,"0_50205030_4266",{"v":337.401036729999,"d":"337.40"},0,{"v":0.565277277,"d":"0.57"},{"v":0.060997379,"d":"0.06"},"0_50205030_4266_968","F",{"v":0.000556369397032,"d":"0.00"},{"v":1.64898544e-06,"d":"0.00"},{"v":9.32133999e-07,"d":"0.00"}]
[5,502,50205,{"v":2699.01415099999,"d":"2,699.01"},21314,{"v":7.896957485,"d":"7.90"},"ST",101,50205030,{"v":359.3185249,"d":"359.32"},34,46,80,{"v":21.9174881699999,"d":"21.92"},{"v":0.992934034,"d":"0.99"},{"v":79.4347227199999,"d":"79.43"},{"v":0.565277277,"d":"0.57"},0,"0_50205030_4266",{"v":337.401036729999,"d":"337.40"},0,{"v":0.565277277,"d":"0.57"},{"v":0.060997379,"d":"0.06"},"0_50205030_4266_969","G",{"v":6.94975823876,"d":"6.95"},{"v":0.0205979160767,"d":"0.02"},{"v":0.0116435339117,"d":"0.01"}]
[5,502,50205,{"v":2699.01415099999,"d":"2,699.01"},21314,{"v":7.896957485,"d":"7.90"},"ST",101,50205030,{"v":359.3185249,"d":"359.32"},34,46,80,{"v":21.9174881699999,"d":"21.92"},{"v":0.992934034,"d":"0.99"},{"v":79.4347227199999,"d":"79.43"},{"v":0.565277277,"d":"0.57"},0,"0_50205030_4266",{"v":337.401036729999,"d":"337.40"},0,{"v":0.565277277,"d":"0.57"},{"v":0.060997379,"d":"0.06"},"0_50205030_4266_970","G",{"v":1.44394113781,"d":"1.44"},{"v":0.00427959899532,"d":"0.00"},{"v":0.00241916006673,"d":"0.00"}]
[5,502,50205,{"v":2699.01415099999,"d":"2,699.01"},21314,{"v":7.896957485,"d":"7.90"},"ST",101,50205030,{"v":359.3185249,"d":"359.32"},34,46,80,{"v":21.9174881699999,"d":"21.92"},{"v":0.992934034,"d":"0.99"},{"v":79.4347227199999,"d":"79.43"},{"v":0.565277277,"d":"0.57"},0,"0_50205030_4266",{"v":337.401036729999,"d":"337.40"},0,{"v":0.565277277,"d":"0.57"},{"v":0.060997379,"d":"0.06"},"0_50205030_4266_971","G",{"v":6.2135852768,"d":"6.21"},{"v":0.0184160230716,"d":"0.02"},{"v":0.0104101593751,"d":"0.01"}]
[5,502,50205,{"v":2699.01415099999,"d":"2,699.01"},21314,{"v":7.896957485,"d":"7.90"},"ST",101,50205030,{"v":359.3185249,"d":"359.32"},34,46,80,{"v":21.9174881699999,"d":"21.92"},{"v":0.992934034,"d":"0.99"},{"v":79.4347227199999,"d":"79.43"},{"v":0.565277277,"d":"0.57"},0,"0_50205030_4266",{"v":337.401036729999,"d":"337.40"},0,{"v":0.565277277,"d":"0.57"},{"v":0.060997379,"d":"0.06"},"0_50205030_4266_972","G",{"v":0.0683642004125,"d":"0.07"},{"v":2.02620006966E-4,"d":"0.00"},{"v":1.14536485803E-4,"d":"0.00"}]
[5,502,50205,{"v":2699.01415099999,"d":"2,699.01"},21314,{"v":7.896957485,"d":"7.90"},"ST",101,50205030,{"v":359.3185249,"d":"359.32"},34,46,80,{"v":21.9174881699999,"d":"21.92"},{"v":0.992934034,"d":"0.99"},{"v":79.4347227199999,"d":"79.43"},{"v":0.565277277,"d":"0.57"},0,"0_50205030_4266",{"v":337.401036729999,"d":"337.40"},0,{"v":0.565277277,"d":"0.57"},{"v":0.060997379,"d":"0.06"},"0_50205030_4266_973","G",{"v":0.0392339753226,"d":"0.04"},{"v":1.1628291277E-4,"d":"0.00"},{"v":6.5732088292E-5,"d":"0.00"}]
[5,502,50205,{"v":2699.01415099999,"d":"2,699.01"},21314,{"v":7.896957485,"d":"7.90"},"ST",101,50205030,{"v":359.3185249,"d":"359.32"},34,46,80,{"v":21.9174881699999,"d":"21.92"},{"v":0.992934034,"d":"0.99"},{"v":79.4347227199999,"d":"79.43"},{"v":0.565277277,"d":"0.57"},0,"0_50205030_4266",{"v":337.401036729999,"d":"337.40"},0,{"v":0.565277277,"d":"0.57"},{"v":0.060997379,"d":"0.06"},"0_50205030_4266_974","G",{"v":0.0032067433475,"d":"0.00"},{"v":9.504248649e-06,"d":"0.00"},{"v":5.372535796e-06,"d":"0.00"}]
[5,502,50205,{"v":2699.01415099999,"d":"2,699.01"},21314,{"v":7.896957485,"d":"7.90"},"ST",101,50205030,{"v":359.3185249,"d":"359.32"},34,46,80,{"v":21.9174881699999,"d":"21.92"},{"v":0.992934034,"d":"0.99"},{"v":79.4347227199999,"d":"79.43"},{"v":0.565277277,"d":"0.57"},0,"0_50205030_4266",{"v":337.401036729999,"d":"337.40"},0,{"v":0.565277277,"d":"0.57"},{"v":0.060997379,"d":"0.06"},"0_50205030_4266_975","G",{"v":1.2807122278E-3,"d":"0.00"},{"v":3.795815923E-6,"d":"0.00"},{"v":2.145688489e-06,"d":"0.00"}]
[5,502,50205,{"v":2699.01415099999,"d":"2,699.01"},21314,{"v":7.896957485,"d":"7.90"},"ST",101,50205031,{"v":732.385850975,"d":"732.39"},68,297,365,{"v":55.9835357999999,"d":"55.98"},{"v":0.992934034,"d":"0.99"},{"v":362.420922399999,"d":"362.42"},{"v":2.579077575,"d":"2.58"},0,"0_50205031_4267",{"v":676.402315179999,"d":"676.40"},0,{"v":2.579077575,"d":"2.58"},{"v":0.076439947,"d":"0.08"},"0_50205031_4267_976","außerhalb GKL",{"v":17.7038807318,"d":"17.70"},{"v":0.0261735957055,"d":"0.03"},{"v":0.0675037337412,"d":"0.07"}]
[5,502,50205,{"v":2699.01415099999,"d":"2,699.01"},21314,{"v":7.896957485,"d":"7.90"},"ST",101,50205031,{"v":732.385850975,"d":"732.39"},68,297,365,{"v":55.9835357999999,"d":"55.98"},{"v":0.992934034,"d":"0.99"},{"v":362.420922399999,"d":"362.42"},{"v":2.579077575,"d":"2.58"},0,"0_50205031_4267",{"v":676.402315179999,"d":"676.40"},0,{"v":2.579077575,"d":"2.58"},{"v":0.076439947,"d":"0.08"},"0_50205031_4267_977","außerhalb GKL",{"v":32.5008734772,"d":"32.50"},{"v":0.0480496189144,"d":"0.05"},{"v":0.123923694629,"d":"0.12"}]
[5,502,50205,{"v":2699.01415099999,"d":"2,699.01"},21314,{"v":7.896957485,"d":"7.90"},"ST",101,50205031,{"v":732.385850975,"d":"732.39"},68,297,365,{"v":55.9835357999999,"d":"55.98"},{"v":0.992934034,"d":"0.99"},{"v":362.420922399999,"d":"362.42"},{"v":2.579077575,"d":"2.58"},0,"0_50205031_4267",{"v":676.402315179999,"d":"676.40"},0,{"v":2.579077575,"d":"2.58"},{"v":0.076439947,"d":"0.08"},"0_50205031_4267_978","außerhalb GKL",{"v":26.9050454463,"d":"26.91"},{"v":0.039776690355,"d":"0.04"},{"v":0.102587170102,"d":"0.10"}]
[5,502,50205,{"v":2699.01415099999,"d":"2,699.01"},21314,{"v":7.896957485,"d":"7.90"},"ST",101,50205031,{"v":732.385850975,"d":"732.39"},68,297,365,{"v":55.9835357999999,"d":"55.98"},{"v":0.992934034,"d":"0.99"},{"v":362.420922399999,"d":"362.42"},{"v":2.579077575,"d":"2.58"},0,"0_50205031_4267",{"v":676.402315179999,"d":"676.40"},0,{"v":2.579077575,"d":"2.58"},{"v":0.076439947,"d":"0.08"},"0_50205031_4267_979","außerhalb GKL",{"v":385.761006502999,"d":"385.76"},{"v":0.570312959973,"d":"0.57"},{"v":1.4708813658,"d":"1.47"}]
[5,502,50205,{"v":2699.01415099999,"d":"2,699.01"},21314,{"v":7.896957485,"d":"7.90"},"ST",101,50205031,{"v":732.385850975,"d":"732.39"},68,297,365,{"v":55.9835357999999,"d":"55.98"},{"v":0.992934034,"d":"0.99"},{"v":362.420922399999,"d":"362.42"},{"v":2.579077575,"d":"2.58"},0,"0_50205031_4267",{"v":676.402315179999,"d":"676.40"},0,{"v":2.579077575,"d":"2.58"},{"v":0.076439947,"d":"0.08"},"0_50205031_4267_980","außerhalb GKL",{"v":0.000133390879592,"d":"0.00"},{"v":1.97206421e-07,"d":"0.00"},{"v":5.08610658E-7,"d":"0.00"}]
[5,502,50205,{"v":2699.01415099999,"d":"2,699.01"},21314,{"v":7.896957485,"d":"7.90"},"ST",101,50205031,{"v":732.385850975,"d":"732.39"},68,297,365,{"v":55.9835357999999,"d":"55.98"},{"v":0.992934034,"d":"0.99"},{"v":362.420922399999,"d":"362.42"},{"v":2.579077575,"d":"2.58"},0,"0_50205031_4267",{"v":676.402315179999,"d":"676.40"},0,{"v":2.579077575,"d":"2.58"},{"v":0.076439947,"d":"0.08"},"0_50205031_4267_981","E",{"v":0.0110387493555,"d":"0.01"},{"v":1.6319798303e-05,"d":"0.00"},{"v":4.2090025832e-05,"d":"0.00"}]
[5,502,50205,{"v":2699.01415099999,"d":"2,699.01"},21314,{"v":7.896957485,"d":"7.90"},"ST",101,50205031,{"v":732.385850975,"d":"732.39"},68,297,365,{"v":55.9835357999999,"d":"55.98"},{"v":0.992934034,"d":"0.99"},{"v":362.420922399999,"d":"362.42"},{"v":2.579077575,"d":"2.58"},0,"0_50205031_4267",{"v":676.402315179999,"d":"676.40"},0,{"v":2.579077575,"d":"2.58"},{"v":0.076439947,"d":"0.08"},"0_50205031_4267_982","E",{"v":30.3082645556999,"d":"30.31"},{"v":0.0448080437862,"d":"0.04"},{"v":0.115563420909,"d":"0.12"}]
[5,502,50205,{"v":2699.01415099999,"d":"2,699.01"},21314,{"v":7.896957485,"d":"7.90"},"ST",101,50205031,{"v":732.385850975,"d":"732.39"},68,297,365,{"v":55.9835357999999,"d":"55.98"},{"v":0.992934034,"d":"0.99"},{"v":362.420922399999,"d":"362.42"},{"v":2.579077575,"d":"2.58"},0,"0_50205031_4267",{"v":676.402315179999,"d":"676.40"},0,{"v":2.579077575,"d":"2.58"},{"v":0.076439947,"d":"0.08"},"0_50205031_4267_983","E",{"v":0.0822945911471,"d":"0.08"},{"v":1.21665152972E-4,"d":"0.00"},{"v":0.000313783867689,"d":"0.00"}]
[5,502,50205,{"v":2699.01415099999,"d":"2,699.01"},21314,{"v":7.896957485,"d":"7.90"},"ST",101,50205031,{"v":732.385850975,"d":"732.39"},68,297,365,{"v":55.9835357999999,"d":"55.98"},{"v":0.992934034,"d":"0.99"},{"v":362.420922399999,"d":"362.42"},{"v":2.579077575,"d":"2.58"},0,"0_50205031_4267",{"v":676.402315179999,"d":"676.40"},0,{"v":2.579077575,"d":"2.58"},{"v":0.076439947,"d":"0.08"},"0_50205031_4267_984","E",{"v":1.90842918337,"d":"1.91"},{"v":2.82144093913E-3,"d":"0.00"},{"v":0.0072767150553,"d":"0.01"}]
[5,502,50205,{"v":2699.01415099999,"d":"2,699.01"},21314,{"v":7.896957485,"d":"7.90"},"ST",101,50205031,{"v":732.385850975,"d":"732.39"},68,297,365,{"v":55.9835357999999,"d":"55.98"},{"v":0.992934034,"d":"0.99"},{"v":362.420922399999,"d":"362.42"},{"v":2.579077575,"d":"2.58"},0,"0_50205031_4267",{"v":676.402315179999,"d":"676.40"},0,{"v":2.579077575,"d":"2.58"},{"v":0.076439947,"d":"0.08"},"0_50205031_4267_985","E",{"v":0.20580107965,"d":"0.21"},{"v":0.000304258390356,"d":"0.00"},{"v":0.000784705991573,"d":"0.00"}]
[5,502,50205,{"v":2699.01415099999,"d":"2,699.01"},21314,{"v":7.896957485,"d":"7.90"},"ST",101,50205031,{"v":732.385850975,"d":"732.39"},68,297,365,{"v":55.9835357999999,"d":"55.98"},{"v":0.992934034,"d":"0.99"},{"v":362.420922399999,"d":"362.42"},{"v":2.579077575,"d":"2.58"},0,"0_50205031_4267",{"v":676.402315179999,"d":"676.40"},0,{"v":2.579077575,"d":"2.58"},{"v":0.076439947,"d":"0.08"},"0_50205031_4267_986","E",{"v":3.25846723967,"d":"3.26"},{"v":0.00481735080815,"d":"0.00"},{"v":0.0124243214402,"d":"0.01"}]
[5,502,50205,{"v":2699.01415099999,"d":"2,699.01"},21314,{"v":7.896957485,"d":"7.90"},"ST",101,50205031,{"v":732.385850975,"d":"732.39"},68,297,365,{"v":55.9835357999999,"d":"55.98"},{"v":0.992934034,"d":"0.99"},{"v":362.420922399999,"d":"362.42"},{"v":2.579077575,"d":"2.58"},0,"0_50205031_4267",{"v":676.402315179999,"d":"676.40"},0,{"v":2.579077575,"d":"2.58"},{"v":0.076439947,"d":"0.08"},"0_50205031_4267_987","E",{"v":2.9055500641,"d":"2.91"},{"v":4.29559449886E-3,"d":"0.00"},{"v":0.0110786714433,"d":"0.01"}]
[5,502,50205,{"v":2699.01415099999,"d":"2,699.01"},21314,{"v":7.896957485,"d":"7.90"},"ST",101,50205031,{"v":732.385850975,"d":"732.39"},68,297,365,{"v":55.9835357999999,"d":"55.98"},{"v":0.992934034,"d":"0.99"},{"v":362.420922399999,"d":"362.42"},{"v":2.579077575,"d":"2.58"},0,"0_50205031_4267",{"v":676.402315179999,"d":"676.40"},0,{"v":2.579077575,"d":"2.58"},{"v":0.076439947,"d":"0.08"},"0_50205031_4267_988","E",{"v":1.30658001787,"d":"1.31"},{"v":0.00193166106701,"d":"0.00"},{"v":0.00498190374043,"d":"0.00"}]
[5,502,50205,{"v":2699.01415099999,"d":"2,699.01"},21314,{"v":7.896957485,"d":"7.90"},"ST",101,50205031,{"v":732.385850975,"d":"732.39"},68,297,365,{"v":55.9835357999999,"d":"55.98"},{"v":0.992934034,"d":"0.99"},{"v":362.420922399999,"d":"362.42"},{"v":2.579077575,"d":"2.58"},0,"0_50205031_4267",{"v":676.402315179999,"d":"676.40"},0,{"v":2.579077575,"d":"2.58"},{"v":0.076439947,"d":"0.08"},"0_50205031_4267_989","F",{"v":0.783660183606,"d":"0.78"},{"v":0.0011585711137,"d":"0.00"},{"v":0.00298804477839,"d":"0.00"}]
[5,502,50205,{"v":2699.01415099999,"d":"2,699.01"},21314,{"v":7.896957485,"d":"7.90"},"ST",101,50205031,{"v":732.385850975,"d":"732.39"},68,297,365,{"v":55.9835357999999,"d":"55.98"},{"v":0.992934034,"d":"0.99"},{"v":362.420922399999,"d":"362.42"},{"v":2.579077575,"d":"2.58"},0,"0_50205031_4267",{"v":676.402315179999,"d":"676.40"},0,{"v":2.579077575,"d":"2.58"},{"v":0.076439947,"d":"0.08"},"0_50205031_4267_990","F",{"v":49.0141265091999,"d":"49.01"},{"v":0.0724629786286,"d":"0.07"},{"v":0.186887643199,"d":"0.19"}]
[5,502,50205,{"v":2699.01415099999,"d":"2,699.01"},21314,{"v":7.896957485,"d":"7.90"},"ST",101,50205031,{"v":732.385850975,"d":"732.39"},68,297,365,{"v":55.9835357999999,"d":"55.98"},{"v":0.992934034,"d":"0.99"},{"v":362.420922399999,"d":"362.42"},{"v":2.579077575,"d":"2.58"},0,"0_50205031_4267",{"v":676.402315179999,"d":"676.40"},0,{"v":2.579077575,"d":"2.58"},{"v":0.076439947,"d":"0.08"},"0_50205031_4267_991","F",{"v":0.0112967186853,"d":"0.01"},{"v":1.670118276E-5,"d":"0.00"},{"v":4.3073645933e-05,"d":"0.00"}]
[5,502,50205,{"v":2699.01415099999,"d":"2,699.01"},21314,{"v":7.896957485,"d":"7.90"},"ST",101,50205031,{"v":732.385850975,"d":"732.39"},68,297,365,{"v":55.9835357999999,"d":"55.98"},{"v":0.992934034,"d":"0.99"},{"v":362.420922399999,"d":"362.42"},{"v":2.579077575,"d":"2.58"},0,"0_50205031_4267",{"v":676.402315179999,"d":"676.40"},0,{"v":2.579077575,"d":"2.58"},{"v":0.076439947,"d":"0.08"},"0_50205031_4267_992","F",{"v":0.00655534673788,"d":"0.01"},{"v":9.691490686e-06,"d":"0.00"},{"v":2.4995106298e-05,"d":"0.00"}]
[5,502,50205,{"v":2699.01415099999,"d":"2,699.01"},21314,{"v":7.896957485,"d":"7.90"},"ST",101,50205031,{"v":732.385850975,"d":"732.39"},68,297,365,{"v":55.9835357999999,"d":"55.98"},{"v":0.992934034,"d":"0.99"},{"v":362.420922399999,"d":"362.42"},{"v":2.579077575,"d":"2.58"},0,"0_50205031_4267",{"v":676.402315179999,"d":"676.40"},0,{"v":2.579077575,"d":"2.58"},{"v":0.076439947,"d":"0.08"},"0_50205031_4267_993","F",{"v":0.131095748667,"d":"0.13"},{"v":0.000193813276101,"d":"0.00"},{"v":0.000499859474129,"d":"0.00"}]
[5,502,50205,{"v":2699.01415099999,"d":"2,699.01"},21314,{"v":7.896957485,"d":"7.90"},"ST",101,50205031,{"v":732.385850975,"d":"732.39"},68,297,365,{"v":55.9835357999999,"d":"55.98"},{"v":0.992934034,"d":"0.99"},{"v":362.420922399999,"d":"362.42"},{"v":2.579077575,"d":"2.58"},0,"0_50205031_4267",{"v":676.402315179999,"d":"676.40"},0,{"v":2.579077575,"d":"2.58"},{"v":0.076439947,"d":"0.08"},"0_50205031_4267_994","F",{"v":7.05411906929,"d":"7.05"},{"v":0.0104288807282,"d":"0.01"},{"v":0.0268968924185,"d":"0.03"}]
[5,502,50205,{"v":2699.01415099999,"d":"2,699.01"},21314,{"v":7.896957485,"d":"7.90"},"ST",101,50205031,{"v":732.385850975,"d":"732.39"},68,297,365,{"v":55.9835357999999,"d":"55.98"},{"v":0.992934034,"d":"0.99"},{"v":362.420922399999,"d":"362.42"},{"v":2.579077575,"d":"2.58"},0,"0_50205031_4267",{"v":676.402315179999,"d":"676.40"},0,{"v":2.579077575,"d":"2.58"},{"v":0.076439947,"d":"0.08"},"0_50205031_4267_995","F",{"v":0.124730379536,"d":"0.12"},{"v":1.84402650223E-4,"d":"0.00"},{"v":0.000475588739961,"d":"0.00"}]
[5,502,50205,{"v":2699.01415099999,"d":"2,699.01"},21314,{"v":7.896957485,"d":"7.90"},"ST",101,50205031,{"v":732.385850975,"d":"732.39"},68,297,365,{"v":55.9835357999999,"d":"55.98"},{"v":0.992934034,"d":"0.99"},{"v":362.420922399999,"d":"362.42"},{"v":2.579077575,"d":"2.58"},0,"0_50205031_4267",{"v":676.402315179999,"d":"676.40"},0,{"v":2.579077575,"d":"2.58"},{"v":0.076439947,"d":"0.08"},"0_50205031_4267_996","F",{"v":6.87631201753,"d":"6.88"},{"v":0.0101660089908,"d":"0.01"},{"v":0.0262189258154,"d":"0.03"}]
[5,502,50205,{"v":2699.01415099999,"d":"2,699.01"},21314,{"v":7.896957485,"d":"7.90"},"ST",101,50205031,{"v":732.385850975,"d":"732.39"},68,297,365,{"v":55.9835357999999,"d":"55.98"},{"v":0.992934034,"d":"0.99"},{"v":362.420922399999,"d":"362.42"},{"v":2.579077575,"d":"2.58"},0,"0_50205031_4267",{"v":676.402315179999,"d":"676.40"},0,{"v":2.579077575,"d":"2.58"},{"v":0.076439947,"d":"0.08"},"0_50205031_4267_997","F",{"v":0.0889534350692,"d":"0.09"},{"v":0.000131509654939,"d":"0.00"},{"v":0.000339173601949,"d":"0.00"}]
[5,502,50205,{"v":2699.01415099999,"d":"2,699.01"},21314,{"v":7.896957485,"d":"7.90"},"ST",101,50205031,{"v":732.385850975,"d":"732.39"},68,297,365,{"v":55.9835357999999,"d":"55.98"},{"v":0.992934034,"d":"0.99"},{"v":362.420922399999,"d":"362.42"},{"v":2.579077575,"d":"2.58"},0,"0_50205031_4267",{"v":676.402315179999,"d":"676.40"},0,{"v":2.579077575,"d":"2.58"},{"v":0.076439947,"d":"0.08"},"0_50205031_4267_998","F",{"v":4.33558305724,"d":"4.34"},{"v":0.00640976968875,"d":"0.01"},{"v":0.0165312932652,"d":"0.02"}]
[5,502,50207,{"v":4712.14618499999,"d":"4,712.15"},7372,{"v":1.564467593,"d":"1.56"},"M",310,50207002,{"v":3125.92423091,"d":"3,125.92"},161,999,1160,{"v":152.235797499999,"d":"152.24"},{"v":0.967661341,"d":"0.97"},{"v":1122.487155,"d":"1,122.49"},{"v":37.51284454,"d":"37.51"},0,"0_50207002_4271",{"v":2973.68843338999,"d":"2,973.69"},0,{"v":37.51284454,"d":"37.51"},{"v":0.048701052,"d":"0.05"},"0_50207002_4271_1104","C",{"v":8.00524338186,"d":"8.01"},{"v":0.002692024925,"d":"0.00"},{"v":0.100985512509,"d":"0.10"}]
[5,504,50403,{"v":17056.66254,"d":"17,056.66"},3944,{"v":0.231229292,"d":"0.23"},"G",430,50403000,{"v":119.560148914999,"d":"119.56"},30,192,222,{"v":37.13144099,"d":"37.13"},{"v":0.945243625,"d":"0.95"},{"v":209.844084799999,"d":"209.84"},{"v":12.15591524,"d":"12.16"},0,"0_50403000_4381",{"v":82.4287079252,"d":"82.43"},0,{"v":12.15591524,"d":"12.16"},{"v":0.310567035,"d":"0.31"},"0_50403000_4381_1488","außerhalb GKL",{"v":2.82197549724,"d":"2.82"},{"v":0.0342353479543,"d":"0.03"},{"v":0.416161987944,"d":"0.42"}]
[5,504,50403,{"v":17056.66254,"d":"17,056.66"},3944,{"v":0.231229292,"d":"0.23"},"G",430,50403005,{"v":811.701311919999,"d":"811.70"},57,460,517,{"v":51.2531989,"d":"51.25"},{"v":0.945243625,"d":"0.95"},{"v":488.690954099999,"d":"488.69"},{"v":28.30904586,"d":"28.31"},0,"0_50403005_4386",{"v":760.44811302,"d":"760.45"},0,{"v":28.30904586,"d":"28.31"},{"v":0.06314293,"d":"0.06"},"0_50403005_4386_1665","F",{"v":3.01728662905,"d":"3.02"},{"v":0.00396777449689,"d":"0.00"},{"v":0.112323910195,"d":"0.11"}]
[5,504,50404,{"v":4953.62159499999,"d":"4,953.62"},10580,{"v":2.135811102,"d":"2.14"},"ST",210,50404007,{"v":4603.503563,"d":"4,603.50"},188,276,464,{"v":75.32830321,"d":"75.33"},{"v":0.980090788,"d":"0.98"},{"v":454.762125599999,"d":"454.76"},{"v":9.237874366,"d":"9.24"},0,"0_50404007_4393",{"v":4528.17525979,"d":"4,528.18"},0,{"v":9.237874366,"d":"9.24"},{"v":0.016363255,"d":"0.02"},"0_50404007_4393_1842","G",{"v":0.633624555651,"d":"0.63"},{"v":0.000139929335615,"d":"0.00"},{"v":0.00129264962253,"d":"0.00"}]
[5,504,50418,{"v":7813.50858799999,"d":"7,813.51"},11235,{"v":1.437894369,"d":"1.44"},"ST",220,50418005,{"v":1887.45504475999,"d":"1,887.46"},176,2121,2297,{"v":195.6164004,"d":"195.62"},{"v":0.99140599,"d":"0.99"},{"v":2277.259559,"d":"2,277.26"},{"v":19.7404411899999,"d":"19.74"},0,"0_50418005_4417",{"v":1691.83864431,"d":"1,691.84"},0,{"v":19.7404411899999,"d":"19.74"},{"v":0.103640296,"d":"0.10"},"0_50418005_4417_2275","G",{"v":0.04540834827,"d":"0.05"},{"v":2.6839644799e-05,"d":"0.00"},{"v":5.29826429709E-4,"d":"0.00"}]
[5,504,50421,{"v":319.878918999999,"d":"319.88"},3493,{"v":10.9197568,"d":"10.92"},"M",420,50421000,{"v":112.13343118,"d":"112.13"},80,2259,2339,{"v":61.4940436099999,"d":"61.49"},{"v":0.954532045,"d":"0.95"},{"v":2232.650454,"d":"2,232.65"},{"v":106.3495463,"d":"106.35"},0,"0_50421000_4422",{"v":50.6393875731999,"d":"50.64"},0,{"v":106.3495463,"d":"106.35"},{"v":0.548400624,"d":"0.55"},"0_50421000_4422_2385","außerhalb GKL",{"v":14.5353043498,"d":"14.54"},{"v":0.28703554775,"d":"0.29"},{"v":30.5261002752,"d":"30.53"}]
[5,506,50601,{"v":11727.2837799999,"d":"11,727.28"},3935,{"v":0.335542319,"d":"0.34"},"G",420,50601001,{"v":4906.13979271999,"d":"4,906.14"},130,276,406,{"v":118.408057499999,"d":"118.41"},{"v":0.954532045,"d":"0.95"},{"v":387.5400103,"d":"387.54"},{"v":18.45998966,"d":"18.46"},0,"0_50601001_4452",{"v":4787.73173520999,"d":"4,787.73"},0,{"v":18.45998966,"d":"18.46"},{"v":0.024134669,"d":"0.02"},"0_50601001_4452_2628","F",{"v":5.37961696021,"d":"5.38"},{"v":0.0011236253946,"d":"0.00"},{"v":0.020742113166,"d":"0.02"}]
[5,506,50605,{"v":7694.84042099999,"d":"7,694.84"},1244,{"v":0.16166677,"d":"0.16"},"G",420,50605000,{"v":7694.84042059999,"d":"7,694.84"},120,603,723,{"v":87.84704084,"d":"87.85"},{"v":0.954532045,"d":"0.95"},{"v":690.126668699999,"d":"690.13"},{"v":32.87333134,"d":"32.87"},0,"0_50605000_4459",{"v":7606.99337975999,"d":"7,606.99"},0,{"v":32.87333134,"d":"32.87"},{"v":0.011416356,"d":"0.01"},"0_50605000_4459_2805","E",{"v":12.2024874715,"d":"12.20"},{"v":0.00160411438032,"d":"0.00"},{"v":0.0527325835315,"d":"0.05"}]
[5,506,50612,{"v":12548.66889,"d":"12,548.67"},2207,{"v":0.175875228,"d":"0.18"},"G",420,50612000,{"v":12548.6688923999,"d":"12,548.67"},289,665,954,{"v":301.617817899999,"d":"301.62"},{"v":0.954532045,"d":"0.95"},{"v":910.6235711,"d":"910.62"},{"v":43.3764289,"d":"43.38"},0,"0_50612000_4471",{"v":12247.0510744999,"d":"12,247.05"},0,{"v":43.3764289,"d":"43.38"},{"v":0.024035842,"d":"0.02"},"0_50612000_4471_3238","G",{"v":6.04803468297,"d":"6.05"},{"v":0.000493835997431,"d":"0.00"},{"v":0.0214208420308,"d":"0.02"}]
[5,506,50614,{"v":16597.1810699999,"d":"16,597.18"},2593,{"v":0.15623135,"d":"0.16"},"M",420,50614001,{"v":15410.6799816999,"d":"15,410.68"},134,110,244,{"v":102.861049399999,"d":"102.86"},{"v":0.954532045,"d":"0.95"},{"v":232.905819,"d":"232.91"},{"v":11.09418098,"d":"11.09"},0,"0_50614001_4477",{"v":15307.8189321999,"d":"15,307.82"},0,{"v":11.09418098,"d":"11.09"},{"v":0.00667466,"d":"0.01"},"0_50614001_4477_3415","F",{"v":10.3176064661,"d":"10.32"},{"v":0.00067400891739,"d":"0.00"},{"v":0.00747757691166,"d":"0.01"}]
[5,506,50616,{"v":5092.96970599999,"d":"5,092.97"},3816,{"v":0.749268152,"d":"0.75"},"G",420,50616001,{"v":4608.94515776,"d":"4,608.95"},169,208,377,{"v":168.971641099999,"d":"168.97"},{"v":0.954532045,"d":"0.95"},{"v":359.858581,"d":"359.86"},{"v":17.14141897,"d":"17.14"},0,"0_50616001_4481",{"v":4439.97351667,"d":"4,439.97"},0,{"v":17.14141897,"d":"17.14"},{"v":0.036661673,"d":"0.04"},"0_50616001_4481_3592","G",{"v":0.0580902040638,"d":"0.06"},{"v":1.3083457333E-5,"d":"0.00"},{"v":0.000224269023716,"d":"0.00"}]
[5,506,50619,{"v":11846.40334,"d":"11,846.40"},16705,{"v":1.410132639,"d":"1.41"},"ST",220,50619031,{"v":1987.77351352,"d":"1,987.77"},162,219,381,{"v":109.159692399999,"d":"109.16"},{"v":0.99140599,"d":"0.99"},{"v":377.725682199999,"d":"377.73"},{"v":3.274317846,"d":"3.27"},0,"0_50619031_4494",{"v":1878.61382114999,"d":"1,878.61"},0,{"v":3.274317846,"d":"3.27"},{"v":0.054915558,"d":"0.05"},"0_50619031_4494_3923","D",{"v":1.74468217597,"d":"1.74"},{"v":0.000928707196938,"d":"0.00"},{"v":0.00304088254864,"d":"0.00"}]
[5,506,50622,{"v":8831.058209,"d":"8,831.06"},2704,{"v":0.306192071,"d":"0.31"},"M",420,50622001,{"v":7582.51905491999,"d":"7,582.52"},175,148,323,{"v":135.4162439,"d":"135.42"},{"v":0.954532045,"d":"0.95"},{"v":308.3138506,"d":"308.31"},{"v":14.68614941,"d":"14.69"},0,"0_50622001_4500",{"v":7447.10281104,"d":"7,447.10"},0,{"v":14.68614941,"d":"14.69"},{"v":0.017859005,"d":"0.02"},"0_50622001_4500_4201","D",{"v":0.471705292011,"d":"0.47"},{"v":6.3340778821e-05,"d":"0.00"},{"v":0.000930232141511,"d":"0.00"}]
[5,506,50624,{"v":16774.50353,"d":"16,774.50"},3037,{"v":0.181048577,"d":"0.18"},"G",420,50624001,{"v":16596.4318087999,"d":"16,596.43"},127,455,582,{"v":133.3780039,"d":"133.38"},{"v":0.954532045,"d":"0.95"},{"v":555.537650299999,"d":"555.54"},{"v":26.46234971,"d":"26.46"},0,"0_50624001_4505",{"v":16463.0538048999,"d":"16,463.05"},0,{"v":26.46234971,"d":"26.46"},{"v":0.008036547,"d":"0.01"},"0_50624001_4505_4378","außerhalb GKL",{"v":0.0310715572871,"d":"0.03"},{"v":1.887350771E-6,"d":"0.00"},{"v":4.994373612e-05,"d":"0.00"}]
[7,701,70101,{"v":10481.03324,"d":"10,481.03"},131961,{"v":12.59045716,"d":"12.59"},"SR",101,70101075,{"v":21.506524335,"d":"21.51"},26,606,632,{"v":17.40430766,"d":"17.40"},{"v":0.992934034,"d":"0.99"},{"v":627.534309499999,"d":"627.53"},{"v":4.465690486,"d":"4.47"},0,"0_70101075_5887",{"v":4.10221667863,"d":"4.10"},0,{"v":4.465690486,"d":"4.47"},{"v":0.809257107,"d":"0.81"},"0_70101075_5887_4811","D",{"v":1.57575581281,"d":"1.58"},{"v":0.38412300867,"d":"0.38"},{"v":1.71537446527,"d":"1.72"}]
[7,701,70101,{"v":10481.03324,"d":"10,481.03"},131961,{"v":12.59045716,"d":"12.59"},"SR",101,70101215,{"v":4.924656135,"d":"4.92"},82,208,290,{"v":4.863954763,"d":"4.86"},{"v":0.992934034,"d":"0.99"},{"v":287.950869899999,"d":"287.95"},{"v":2.049130128,"d":"2.05"},0,"0_70101215_5909",{"v":0.0607013715875,"d":"0.06"},0,{"v":2.049130128,"d":"2.05"},{"v":0.987673988,"d":"0.99"},"0_70101215_5909_4988","A",{"v":0.0603660242659,"d":"0.06"},{"v":0.994475457262,"d":"0.99"},{"v":2.03780962103,"d":"2.04"}]
[7,701,70101,{"v":10481.03324,"d":"10,481.03"},131961,{"v":12.59045716,"d":"12.59"},"SR",101,70101334,{"v":22.1627272849999,"d":"22.16"},41,34,75,{"v":15.03464508,"d":"15.03"},{"v":0.992934034,"d":"0.99"},{"v":74.47005255,"d":"74.47"},{"v":0.529947447,"d":"0.53"},0,"0_70101334_5928",{"v":7.12808220679,"d":"7.13"},0,{"v":0.529947447,"d":"0.53"},{"v":0.678375224,"d":"0.68"},"0_70101334_5928_5165","C",{"v":0.992986666659,"d":"0.99"},{"v":0.13930628714,"d":"0.14"},{"v":0.0738250112209,"d":"0.07"}]
[7,701,70101,{"v":10481.03324,"d":"10,481.03"},131961,{"v":12.59045716,"d":"12.59"},"SR",101,70101502,{"v":128.963721805,"d":"128.96"},6,87,93,{"v":11.45710484,"d":"11.46"},{"v":0.992934034,"d":"0.99"},{"v":92.3428651699999,"d":"92.34"},{"v":0.657134834,"d":"0.66"},0,"0_70101502_5949",{"v":117.506616969,"d":"117.51"},0,{"v":0.657134834,"d":"0.66"},{"v":0.08883975,"d":"0.09"},"0_70101502_5949_5460","F",{"v":0.0345668762375,"d":"0.03"},{"v":0.000294169614692,"d":"0.00"},{"v":0.000193309100918,"d":"0.00"}]
[7,702,70202,{"v":4017.71522899999,"d":"4,017.72"},4757,{"v":1.184006265,"d":"1.18"},"G",410,70202000,{"v":903.574362425,"d":"903.57"},114,510,624,{"v":114.903590899999,"d":"114.90"},{"v":0.93996673,"d":"0.94"},{"v":586.5392398,"d":"586.54"},{"v":37.4607602099999,"d":"37.46"},0,"0_70202000_5968",{"v":788.67077154,"d":"788.67"},0,{"v":37.4607602099999,"d":"37.46"},{"v":0.127165617,"d":"0.13"},"0_70202000_5968_5774","E",{"v":0.0762248667718,"d":"0.08"},{"v":9.6649792946e-05,"d":"0.00"},{"v":0.00362057471789,"d":"0.00"}]
[7,702,70203,{"v":11334.36978,"d":"11,334.37"},10765,{"v":0.949766084,"d":"0.95"},"ST",103,70203005,{"v":10458.7066039,"d":"10,458.71"},86,506,592,{"v":88.13105907,"d":"88.13"},{"v":0.991139192,"d":"0.99"},{"v":586.754401499999,"d":"586.75"},{"v":5.245598527,"d":"5.25"},0,"0_70203005_5974",{"v":10370.5755447999,"d":"10,370.58"},0,{"v":5.245598527,"d":"5.25"},{"v":0.008426573,"d":"0.01"},"0_70203005_5974_5951","F",{"v":0.0317523622291,"d":"0.03"},{"v":3.061774353e-06,"d":"0.00"},{"v":1.6060839036e-05,"d":"0.00"}]
[7,702,70208,{"v":19561.1839699999,"d":"19,561.18"},4742,{"v":0.242418864,"d":"0.24"},"G",430,70208001,{"v":16230.8214370999,"d":"16,230.82"},123,482,605,{"v":82.80357277,"d":"82.80"},{"v":0.945243625,"d":"0.95"},{"v":571.872393099999,"d":"571.87"},{"v":33.12760686,"d":"33.13"},0,"0_70208001_5980",{"v":16148.0178644,"d":"16,148.02"},0,{"v":33.12760686,"d":"33.13"},{"v":0.005101626,"d":"0.01"},"0_70208001_5980_6128","E",{"v":3.95157464296,"d":"3.95"},{"v":0.000244709578361,"d":"0.00"},{"v":0.00810664270682,"d":"0.01"}]
[7,702,70217,{"v":22344.49665,"d":"22,344.50"},1384,{"v":0.061939189,"d":"0.06"},"G",430,70217000,{"v":5345.64957426,"d":"5,345.65"},34,77,111,{"v":94.4315688599999,"d":"94.43"},{"v":0.945243625,"d":"0.95"},{"v":104.922042399999,"d":"104.92"},{"v":6.077957622,"d":"6.08"},0,"0_70217000_5993",{"v":5251.21800540999,"d":"5,251.22"},0,{"v":6.077957622,"d":"6.08"},{"v":0.017665125,"d":"0.02"},"0_70217000_5993_6561","G",{"v":7.48160257283,"d":"7.48"},{"v":1.42473661637E-3,"d":"0.00"},{"v":0.00865948877681,"d":"0.01"}]
[7,702,70220,{"v":46679.8740499999,"d":"46,679.87"},3041,{"v":0.065145848,"d":"0.07"},"G",430,70220000,{"v":12284.7392237,"d":"12,284.74"},324,2599,2923,{"v":205.8330138,"d":"205.83"},{"v":0.945243625,"d":"0.95"},{"v":2762.94711599999,"d":"2,762.95"},{"v":160.052884,"d":"160.05"},0,"0_70220000_5998",{"v":12078.9062099999,"d":"12,078.91"},0,{"v":160.052884,"d":"160.05"},{"v":0.01675518,"d":"0.02"},"0_70220000_5998_6738","G",{"v":0.31469692778,"d":"0.31"},{"v":2.6053429202E-5,"d":"0.00"},{"v":0.00416992648187,"d":"0.00"}]
[7,702,70224,{"v":2962.29219599999,"d":"2,962.29"},2039,{"v":0.688318324,"d":"0.69"},"G",410,70224000,{"v":2962.54651383,"d":"2,962.55"},120,373,493,{"v":162.001969599999,"d":"162.00"},{"v":0.93996673,"d":"0.94"},{"v":463.4035981,"d":"463.40"},{"v":29.5964019,"d":"29.60"},0,"0_70224000_6005",{"v":2800.54454420999,"d":"2,800.54"},0,{"v":29.5964019,"d":"29.60"},{"v":0.054683351,"d":"0.05"},"0_70224000_6005_6997","G",{"v":1.89496882524,"d":"1.89"},{"v":6.76642986864E-4,"d":"0.00"},{"v":0.020026197782,"d":"0.02"}]
[7,703,70305,{"v":402.231140999999,"d":"402.23"},1270,{"v":3.157388552,"d":"3.16"},"G",101,70305000,{"v":402.231140989999,"d":"402.23"},71,74,145,{"v":45.80627436,"d":"45.81"},{"v":0.992934034,"d":"0.99"},{"v":143.9754349,"d":"143.98"},{"v":1.024565064,"d":"1.02"},0,"0_70305000_6017",{"v":356.424866624999,"d":"356.42"},0,{"v":1.024565064,"d":"1.02"},{"v":0.113880477,"d":"0.11"},"0_70305000_6017_7347","G",{"v":4.80430613795,"d":"4.80"},{"v":0.0134791553222,"d":"0.01"},{"v":0.0138102716354,"d":"0.01"}]
[7,703,70310,{"v":1676.396068,"d":"1,676.40"},4462,{"v":2.661662173,"d":"2.66"},"M",410,70310002,{"v":1049.84229391,"d":"1,049.84"},70,903,973,{"v":73.82557945,"d":"73.83"},{"v":0.93996673,"d":"0.94"},{"v":914.587628699999,"d":"914.59"},{"v":58.41237129,"d":"58.41"},0,"0_70310002_6024",{"v":976.016714455,"d":"976.02"},0,{"v":58.41237129,"d":"58.41"},{"v":0.070320638,"d":"0.07"},"0_70310002_6024_7524","F",{"v":26.5847010266,"d":"26.58"},{"v":0.0272379567203,"d":"0.03"},{"v":1.59103364113,"d":"1.59"}]
[7,703,70314,{"v":2262.982668,"d":"2,262.98"},616,{"v":0.272207122,"d":"0.27"},"G",310,70314000,{"v":2262.98266813999,"d":"2,262.98"},33,58,91,{"v":43.3544820799999,"d":"43.35"},{"v":0.967661341,"d":"0.97"},{"v":88.0571820199999,"d":"88.06"},{"v":2.942817977,"d":"2.94"},0,"0_70314000_6032",{"v":2219.62818606,"d":"2,219.63"},0,{"v":2.942817977,"d":"2.94"},{"v":0.019158115,"d":"0.02"},"0_70314000_6032_7701","F",{"v":0.0867603292275,"d":"0.09"},{"v":3.9087775949E-5,"d":"0.00"},{"v":1.15028209745E-4,"d":"0.00"}]
[7,703,70329,{"v":691.3797495,"d":"691.38"},4481,{"v":6.481242766,"d":"6.48"},"G",101,70329002,{"v":349.532611864999,"d":"349.53"},103,56,159,{"v":46.3377892399999,"d":"46.34"},{"v":0.992934034,"d":"0.99"},{"v":157.876511399999,"d":"157.88"},{"v":1.123488588,"d":"1.12"},0,"0_70329002_6047",{"v":303.194822623999,"d":"303.19"},0,{"v":1.123488588,"d":"1.12"},{"v":0.132570718,"d":"0.13"},"0_70329002_6047_8134","F",{"v":0.20268022791,"d":"0.20"},{"v":0.000668481823522,"d":"0.00"},{"v":0.000751031700012,"d":"0.00"}]
[7,703,70332,{"v":732.7370836,"d":"732.74"},2075,{"v":2.831847939,"d":"2.83"},"G",310,70332000,{"v":732.737083624999,"d":"732.74"},164,678,842,{"v":104.2729448,"d":"104.27"},{"v":0.967661341,"d":"0.97"},{"v":814.770849099999,"d":"814.77"},{"v":27.22915095,"d":"27.23"},0,"0_70332000_6052",{"v":628.464138803999,"d":"628.46"},0,{"v":27.22915095,"d":"27.23"},{"v":0.142306084,"d":"0.14"},"0_70332000_6052_8311","D",{"v":0.137894279602,"d":"0.14"},{"v":0.00021941471452,"d":"0.00"},{"v":0.00597447638232,"d":"0.01"}]
[7,703,70334,{"v":24887.73628,"d":"24,887.74"},4811,{"v":0.193308059,"d":"0.19"},"G",430,70334001,{"v":4098.58487327999,"d":"4,098.58"},153,369,522,{"v":133.130691899999,"d":"133.13"},{"v":0.945243625,"d":"0.95"},{"v":493.4171723,"d":"493.42"},{"v":28.5828277399999,"d":"28.58"},0,"0_70334001_6056",{"v":3965.45418134,"d":"3,965.45"},0,{"v":28.5828277399999,"d":"28.58"},{"v":0.032482112,"d":"0.03"},"0_70334001_6056_8535","F",{"v":3.97942573554,"d":"3.98"},{"v":1.00352331752E-3,"d":"0.00"},{"v":0.0286835341177,"d":"0.03"}]
[7,703,70343,{"v":696.2540996,"d":"696.25"},1101,{"v":1.581319235,"d":"1.58"},"G",310,70343000,{"v":696.25409961,"d":"696.25"},81,101,182,{"v":70.20857377,"d":"70.21"},{"v":0.967661341,"d":"0.97"},{"v":176.114363999999,"d":"176.11"},{"v":5.885635953,"d":"5.89"},0,"0_70343000_6066",{"v":626.045525838999,"d":"626.05"},0,{"v":5.885635953,"d":"5.89"},{"v":0.100837573,"d":"0.10"},"0_70343000_6066_8920","G",{"v":20.0368784176999,"d":"20.04"},{"v":0.0320054654026,"d":"0.03"},{"v":0.188372517866,"d":"0.19"}]
[7,703,70348,{"v":15929.09569,"d":"15,929.10"},1361,{"v":0.085441134,"d":"0.09"},"G",410,70348000,{"v":15929.0956915,"d":"15,929.10"},66,118,184,{"v":94.25254768,"d":"94.25"},{"v":0.93996673,"d":"0.94"},{"v":172.9538784,"d":"172.95"},{"v":11.0461215999999,"d":"11.05"},0,"0_70348000_6075",{"v":15834.8431436999,"d":"15,834.84"},0,{"v":11.0461215999999,"d":"11.05"},{"v":0.005917006,"d":"0.01"},"0_70348000_6075_9097","F",{"v":1.77928387397,"d":"1.78"},{"v":1.12365108882E-4,"d":"0.00"},{"v":0.00124119865631,"d":"0.00"}]
[7,703,70353,{"v":791.195214299999,"d":"791.20"},2244,{"v":2.836215335,"d":"2.84"},"G",101,70353000,{"v":791.19521425,"d":"791.20"},154,288,442,{"v":106.335588299999,"d":"106.34"},{"v":0.992934034,"d":"0.99"},{"v":438.876843,"d":"438.88"},{"v":3.123156954,"d":"3.12"},0,"0_70353000_6082",{"v":684.859625905,"d":"684.86"},0,{"v":3.123156954,"d":"3.12"},{"v":0.134398675,"d":"0.13"},"0_70353000_6082_9274","F",{"v":8.93130309375,"d":"8.93"},{"v":0.0130410711275,"d":"0.01"},{"v":0.0407293119795,"d":"0.04"}]
[7,703,70356,{"v":2736.63054499999,"d":"2,736.63"},1599,{"v":0.584295167,"d":"0.58"},"G",310,70356000,{"v":2736.50367223,"d":"2,736.50"},100,185,285,{"v":85.00497751,"d":"85.00"},{"v":0.967661341,"d":"0.97"},{"v":275.783482199999,"d":"275.78"},{"v":9.216517839,"d":"9.22"},0,"0_70356000_6091",{"v":2651.49869472,"d":"2,651.50"},0,{"v":9.216517839,"d":"9.22"},{"v":0.031063352,"d":"0.03"},"0_70356000_6091_9451","außerhalb GKL",{"v":2.2303151358,"d":"2.23"},{"v":0.000841152643311,"d":"0.00"},{"v":0.0077524983424,"d":"0.01"}]
[7,703,70360,{"v":2770.18909799999,"d":"2,770.19"},1642,{"v":0.592739319,"d":"0.59"},"G",310,70360000,{"v":2770.18909781,"d":"2,770.19"},158,197,355,{"v":70.3587184099999,"d":"70.36"},{"v":0.967661341,"d":"0.97"},{"v":343.519775999999,"d":"343.52"},{"v":11.48022397,"d":"11.48"},0,"0_70360000_6101",{"v":2699.83037938999,"d":"2,699.83"},0,{"v":11.48022397,"d":"11.48"},{"v":0.025398525,"d":"0.03"},"0_70360000_6101_9815","außerhalb GKL",{"v":0.00531244121638,"d":"0.01"},{"v":1.967694436E-6,"d":"0.00"},{"v":2.2589572833e-05,"d":"0.00"}]
[7,703,70365,{"v":3212.991574,"d":"3,212.99"},4451,{"v":1.385313313,"d":"1.39"},"G",101,70365003,{"v":124.519251335,"d":"124.52"},85,172,257,{"v":42.01526904,"d":"42.02"},{"v":0.992934034,"d":"0.99"},{"v":255.1840467,"d":"255.18"},{"v":1.815953252,"d":"1.82"},0,"0_70365003_6114",{"v":82.5039822914,"d":"82.50"},0,{"v":1.815953252,"d":"1.82"},{"v":0.337419866,"d":"0.34"},"0_70365003_6114_10060","E",{"v":0.00808035321817,"d":"0.01"},{"v":9.7938947839e-05,"d":"0.00"},{"v":0.000177852550826,"d":"0.00"}]
[7,703,70369,{"v":5716.33823699999,"d":"5,716.34"},8110,{"v":1.4187404,"d":"1.42"},"M",310,70369002,{"v":4877.33018842,"d":"4,877.33"},197,807,1004,{"v":102.491908899999,"d":"102.49"},{"v":0.967661341,"d":"0.97"},{"v":971.531986299999,"d":"971.53"},{"v":32.46801372,"d":"32.47"},0,"0_70369002_6125",{"v":4774.83827954,"d":"4,774.84"},0,{"v":32.46801372,"d":"32.47"},{"v":0.021013937,"d":"0.02"},"0_70369002_6125_10237","D",{"v":0.00129672969799,"d":"0.00"},{"v":2.71575627e-07,"d":"0.00"},{"v":8.817521173e-06,"d":"0.00"}]
[7,704,70406,{"v":16633.4428499999,"d":"16,633.44"},5630,{"v":0.338474725,"d":"0.34"},"M",410,70406001,{"v":194.394584005,"d":"194.39"},70,465,535,{"v":63.72833628,"d":"63.73"},{"v":0.93996673,"d":"0.94"},{"v":502.8822008,"d":"502.88"},{"v":32.11779922,"d":"32.12"},0,"0_70406001_6136",{"v":130.666247720999,"d":"130.67"},0,{"v":32.11779922,"d":"32.12"},{"v":0.327829793,"d":"0.33"},"0_70406001_6136_10670","D",{"v":0.0455382640251,"d":"0.05"},{"v":0.000348508240034,"d":"0.00"},{"v":0.0111933176799,"d":"0.01"}]
[7,704,70409,{"v":9771.730261,"d":"9,771.73"},5230,{"v":0.535217393,"d":"0.54"},"G",410,70409000,{"v":90.0089188999999,"d":"90.01"},192,878,1070,{"v":79.39493072,"d":"79.39"},{"v":0.93996673,"d":"0.94"},{"v":1005.764402,"d":"1,005.76"},{"v":64.23559844,"d":"64.24"},0,"0_70409000_6142",{"v":10.6139881763999,"d":"10.61"},0,{"v":64.23559844,"d":"64.24"},{"v":0.882078484,"d":"0.88"},"0_70409000_6142_10847","D",{"v":3.34891007e-06,"d":"0.00"},{"v":3.15518542e-07,"d":"0.00"},{"v":2.0267522341E-5,"d":"0.00"}]
[7,704,70409,{"v":9771.730261,"d":"9,771.73"},5230,{"v":0.535217393,"d":"0.54"},"G",410,70409002,{"v":9243.99518668999,"d":"9,244.00"},181,168,349,{"v":53.45116652,"d":"53.45"},{"v":0.93996673,"d":"0.94"},{"v":328.0483889,"d":"328.05"},{"v":20.9516110799999,"d":"20.95"},0,"0_70409002_6144",{"v":9190.54402015999,"d":"9,190.54"},0,{"v":20.9516110799999,"d":"20.95"},{"v":0.005782258,"d":"0.01"},"0_70409002_6144_11024","F",{"v":1.16041954179,"d":"1.16"},{"v":0.000126262334335,"d":"0.00"},{"v":0.00264539932304,"d":"0.00"}]
[7,704,70411,{"v":5797.077296,"d":"5,797.08"},8225,{"v":1.418818411,"d":"1.42"},"ST",220,70411006,{"v":926.60676016,"d":"926.61"},112,577,689,{"v":139.4339382,"d":"139.43"},{"v":0.99140599,"d":"0.99"},{"v":683.078726999999,"d":"683.08"},{"v":5.921272956,"d":"5.92"},0,"0_70411006_6154",{"v":787.172821950999,"d":"787.17"},0,{"v":5.921272956,"d":"5.92"},{"v":0.150478007,"d":"0.15"},"0_70411006_6154_11353","E",{"v":9.06848796841,"d":"9.07"},{"v":0.0115203265605,"d":"0.01"},{"v":0.068214998107,"d":"0.07"}]
[7,704,70416,{"v":5907.01798299999,"d":"5,907.02"},9547,{"v":1.6162131259999999,"d":"1.62"},"M",210,70416000,{"v":49.6418640149,"d":"49.64"},177,1294,1471,{"v":45.23663527,"d":"45.24"},{"v":0.980090788,"d":"0.98"},{"v":1441.713549,"d":"1,441.71"},{"v":29.28645085,"d":"29.29"},0,"0_70416000_6161",{"v":4.40522874499,"d":"4.41"},0,{"v":29.28645085,"d":"29.29"},{"v":0.911259804,"d":"0.91"},"0_70416000_6161_11633","E",{"v":0.0130643274322,"d":"0.01"},{"v":0.00296564110253,"d":"0.00"},{"v":0.086853102388,"d":"0.09"}]
[7,704,70417,{"v":5199.35430999999,"d":"5,199.35"},1874,{"v":0.36042937,"d":"0.36"},"G",420,70417000,{"v":5199.35430955999,"d":"5,199.35"},142,598,740,{"v":165.888089199999,"d":"165.89"},{"v":0.954532045,"d":"0.95"},{"v":706.353713399999,"d":"706.35"},{"v":33.64628657,"d":"33.65"},0,"0_70417000_6167",{"v":5033.46622038999,"d":"5,033.47"},0,{"v":33.64628657,"d":"33.65"},{"v":0.031905517,"d":"0.03"},"0_70417000_6167_11810","G",{"v":32.5012179950999,"d":"32.50"},{"v":0.00645702515365,"d":"0.01"},{"v":0.217254918709,"d":"0.22"}]
[7,705,70506,{"v":911.690337999999,"d":"911.69"},3012,{"v":3.303753341,"d":"3.30"},"M",410,70506001,{"v":760.617232074999,"d":"760.62"},82,98,180,{"v":50.46275708,"d":"50.46"},{"v":0.93996673,"d":"0.94"},{"v":169.194011499999,"d":"169.19"},{"v":10.80598852,"d":"10.81"},0,"0_70506001_6181",{"v":710.154474998999,"d":"710.15"},0,{"v":10.80598852,"d":"10.81"},{"v":0.066344483,"d":"0.07"},"0_70506001_6181_12243","E",{"v":0.0173209253805,"d":"0.02"},{"v":2.4390362928e-05,"d":"0.00"},{"v":0.000263561981804,"d":"0.00"}]
[7,705,70511,{"v":1493.211244,"d":"1,493.21"},5858,{"v":3.923088593,"d":"3.92"},"G",103,70511000,{"v":559.505501314999,"d":"559.51"},106,779,885,{"v":144.9328676,"d":"144.93"},{"v":0.991139192,"d":"0.99"},{"v":877.1581846,"d":"877.16"},{"v":7.841815365,"d":"7.84"},0,"0_70511000_6189",{"v":414.572633669,"d":"414.57"},0,{"v":7.841815365,"d":"7.84"},{"v":0.259037431,"d":"0.26"},"0_70511000_6189_12420","E",{"v":2.1688623229,"d":"2.17"},{"v":0.00523156172588,"d":"0.01"},{"v":0.041024941125,"d":"0.04"}]
[7,705,70511,{"v":1493.211244,"d":"1,493.21"},5858,{"v":3.923088593,"d":"3.92"},"G",103,70511002,{"v":569.851194254999,"d":"569.85"},128,1170,1298,{"v":125.605867599999,"d":"125.61"},{"v":0.991139192,"d":"0.99"},{"v":1286.498671,"d":"1,286.50"},{"v":11.5013292,"d":"11.50"},0,"0_70511002_6191",{"v":444.245326691,"d":"444.25"},0,{"v":11.5013292,"d":"11.50"},{"v":0.220418714,"d":"0.22"},"0_70511002_6191_12597","G",{"v":14.5928738327,"d":"14.59"},{"v":0.0328486828244,"d":"0.03"},{"v":0.37780351495,"d":"0.38"}]
[7,705,70513,{"v":3934.09981599999,"d":"3,934.10"},19527,{"v":4.963524291,"d":"4.96"},"ST",103,70513031,{"v":104.922285119999,"d":"104.92"},142,1645,1787,{"v":66.6880024799999,"d":"66.69"},{"v":0.991139192,"d":"0.99"},{"v":1771.16573599999,"d":"1,771.17"},{"v":15.83426447,"d":"15.83"},0,"0_70513031_6207",{"v":38.2342826368999,"d":"38.23"},0,{"v":15.83426447,"d":"15.83"},{"v":0.635594263,"d":"0.64"},"0_70513031_6207_12890","E",{"v":0.376416576027,"d":"0.38"},{"v":0.00984500165994,"d":"0.01"},{"v":0.155888359991,"d":"0.16"}]
[7,705,70517,{"v":2773.194422,"d":"2,773.19"},3398,{"v":1.225301758,"d":"1.23"},"G",410,70517001,{"v":449.481055894999,"d":"449.48"},75,80,155,{"v":62.2172997099999,"d":"62.22"},{"v":0.93996673,"d":"0.94"},{"v":145.6948432,"d":"145.69"},{"v":9.30515678299999,"d":"9.31"},0,"0_70517001_6216",{"v":387.263756187,"d":"387.26"},0,{"v":9.30515678299999,"d":"9.31"},{"v":0.138420294,"d":"0.14"},"0_70517001_6216_13206","F",{"v":2.14058400049E-3,"d":"0.00"},{"v":5.527457621e-06,"d":"0.00"},{"v":5.1433859775e-05,"d":"0.00"}]
[7,705,70522,{"v":2740.67482199999,"d":"2,740.67"},2758,{"v":1.006321501,"d":"1.01"},"G",410,70522001,{"v":2239.06052873999,"d":"2,239.06"},117,20,137,{"v":11.40248732,"d":"11.40"},{"v":0.93996673,"d":"0.94"},{"v":128.775442099999,"d":"128.78"},{"v":8.224557931,"d":"8.22"},0,"0_70522001_6223",{"v":2227.65804141999,"d":"2,227.66"},0,{"v":8.224557931,"d":"8.22"},{"v":0.005092532,"d":"0.01"},"0_70522001_6223_13383","G",{"v":2.05747054647,"d":"2.06"},{"v":0.00092360250461,"d":"0.00"},{"v":0.00759622230438,"d":"0.01"}]
[7,705,70526,{"v":4591.66488,"d":"4,591.66"},3657,{"v":0.796443141,"d":"0.80"},"G",410,70526000,{"v":721.9623522,"d":"721.96"},231,640,871,{"v":195.531173499999,"d":"195.53"},{"v":0.93996673,"d":"0.94"},{"v":818.7110222,"d":"818.71"},{"v":52.2889777999999,"d":"52.29"},0,"0_70526000_6227",{"v":526.431178669,"d":"526.43"},0,{"v":52.2889777999999,"d":"52.29"},{"v":0.270832922,"d":"0.27"},"0_70526000_6227_13560","G",{"v":4.9856040806e-05,"d":"0.00"},{"v":9.4705714e-08,"d":"0.00"},{"v":4.952064993e-06,"d":"0.00"}]
[7,705,70531,{"v":1968.17935899999,"d":"1,968.18"},14059,{"v":7.143149802,"d":"7.14"},"ST",103,70531006,{"v":765.54020901,"d":"765.54"},65,629,694,{"v":93.54765663,"d":"93.55"},{"v":0.991139192,"d":"0.99"},{"v":687.850598999999,"d":"687.85"},{"v":6.149400976,"d":"6.15"},0,"0_70531006_6242",{"v":671.992552464,"d":"671.99"},0,{"v":6.149400976,"d":"6.15"},{"v":0.122198228,"d":"0.12"},"0_70531006_6242_13993","F",{"v":13.8629997205,"d":"13.86"},{"v":0.0206296925013,"d":"0.02"},{"v":0.126860251202,"d":"0.13"}]
[7,706,70605,{"v":3105.056605,"d":"3,105.06"},994,{"v":0.320122989,"d":"0.32"},"G",410,70605000,{"v":3105.05660532999,"d":"3,105.06"},38,139,177,{"v":72.39635938,"d":"72.40"},{"v":0.93996673,"d":"0.94"},{"v":166.3741113,"d":"166.37"},{"v":10.62588871,"d":"10.63"},0,"0_70605000_6249",{"v":3032.66024594,"d":"3,032.66"},0,{"v":10.62588871,"d":"10.63"},{"v":0.023315633,"d":"0.02"},"0_70605000_6249_14170","F",{"v":0.627118342839,"d":"0.63"},{"v":2.06788196495E-4,"d":"0.00"},{"v":0.0021973083625,"d":"0.00"}]
[7,706,70614,{"v":1583.93650499999,"d":"1,583.94"},7633,{"v":4.819006303,"d":"4.82"},"ST",210,70614003,{"v":103.50745505,"d":"103.51"},83,1096,1179,{"v":79.20466661,"d":"79.20"},{"v":0.980090788,"d":"0.98"},{"v":1155.527039,"d":"1,155.53"},{"v":23.47296094,"d":"23.47"},0,"0_70614003_6262",{"v":24.3027884378999,"d":"24.30"},0,{"v":23.47296094,"d":"23.47"},{"v":0.765207362,"d":"0.77"},"0_70614003_6262_14427","F",{"v":1.47324885403,"d":"1.47"},{"v":0.0606205686148,"d":"0.06"},{"v":1.42294423926,"d":"1.42"}]
[7,706,70621,{"v":16569.25574,"d":"16,569.26"},2372,{"v":0.143156702,"d":"0.14"},"G",430,70621000,{"v":15281.019936,"d":"15,281.02"},232,768,1000,{"v":193.482220899999,"d":"193.48"},{"v":0.945243625,"d":"0.95"},{"v":945.243624999999,"d":"945.24"},{"v":54.75637497,"d":"54.76"},0,"0_70621000_6272",{"v":15087.5377150999,"d":"15,087.54"},0,{"v":54.75637497,"d":"54.76"},{"v":0.012661604,"d":"0.01"},"0_70621000_6272_14779","G",{"v":1.49395173051,"d":"1.49"},{"v":9.9018922684e-05,"d":"0.00"},{"v":0.00542191725963,"d":"0.01"}]
[7,706,70627,{"v":2315.671893,"d":"2,315.67"},1240,{"v":0.535481734,"d":"0.54"},"G",410,70627000,{"v":2315.67189349,"d":"2,315.67"},24,119,143,{"v":103.3908437,"d":"103.39"},{"v":0.93996673,"d":"0.94"},{"v":134.4152425,"d":"134.42"},{"v":8.584757549,"d":"8.58"},0,"0_70627000_6279",{"v":2212.28104974,"d":"2,212.28"},0,{"v":8.584757549,"d":"8.58"},{"v":0.044648313,"d":"0.04"},"0_70627000_6279_14956","F",{"v":1.83912613677,"d":"1.84"},{"v":0.000831325720114,"d":"0.00"},{"v":0.00713672975143,"d":"0.01"}]
[7,707,70702,{"v":4040.24665499999,"d":"4,040.25"},920,{"v":0.22770887,"d":"0.23"},"G",310,70702000,{"v":4040.24665532,"d":"4,040.25"},69,226,295,{"v":77.46543316,"d":"77.47"},{"v":0.967661341,"d":"0.97"},{"v":285.460095599999,"d":"285.46"},{"v":9.539904429,"d":"9.54"},0,"0_70702000_6286",{"v":3962.78122216,"d":"3,962.78"},0,{"v":9.539904429,"d":"9.54"},{"v":0.019173442,"d":"0.02"},"0_70702000_6286_15133","F",{"v":2.89972936793,"d":"2.90"},{"v":0.000731740968115,"d":"0.00"},{"v":0.0069807389026,"d":"0.01"}]
[7,707,70716,{"v":1592.43895599999,"d":"1,592.44"},11905,{"v":7.475953761,"d":"7.48"},"ST",103,70716010,{"v":43.2852879349999,"d":"43.29"},78,850,928,{"v":36.17949042,"d":"36.18"},{"v":0.991139192,"d":"0.99"},{"v":919.777169899999,"d":"919.78"},{"v":8.222830123,"d":"8.22"},0,"0_70716010_6305",{"v":7.10579751296,"d":"7.11"},0,{"v":8.222830123,"d":"8.22"},{"v":0.835838044,"d":"0.84"},"0_70716010_6305_15566","außerhalb GKL",{"v":0.384667680052,"d":"0.38"},{"v":0.0541343430277,"d":"0.05"},{"v":0.445137506537,"d":"0.45"}]
[7,707,70717,{"v":27793.955,"d":"27,793.96"},4651,{"v":0.167338545,"d":"0.17"},"M",410,70717000,{"v":183.238545684999,"d":"183.24"},124,1023,1147,{"v":125.7107368,"d":"125.71"},{"v":0.93996673,"d":"0.94"},{"v":1078.14184,"d":"1,078.14"},{"v":68.8581602,"d":"68.86"},0,"0_70717000_6315",{"v":57.5278088805999,"d":"57.53"},0,{"v":68.8581602,"d":"68.86"},{"v":0.686049632,"d":"0.69"},"0_70717000_6315_15743","G",{"v":0.891744282078,"d":"0.89"},{"v":0.0155010993714,"d":"0.02"},{"v":1.06737718379,"d":"1.07"}]
[7,707,70723,{"v":18024.9065,"d":"18,024.91"},1139,{"v":0.063190342,"d":"0.06"},"G",430,70723000,{"v":18024.9064959999,"d":"18,024.91"},93,96,189,{"v":63.6157948,"d":"63.62"},{"v":0.945243625,"d":"0.95"},{"v":178.6510451,"d":"178.65"},{"v":10.34895487,"d":"10.35"},0,"0_70723000_6324",{"v":17961.2907011999,"d":"17,961.29"},0,{"v":10.34895487,"d":"10.35"},{"v":0.003529327,"d":"0.00"},"0_70723000_6324_15965","F",{"v":0.00482591756537,"d":"0.00"},{"v":2.68684342e-07,"d":"0.00"},{"v":2.780602125e-06,"d":"0.00"}]
[7,707,70728,{"v":3621.32540599999,"d":"3,621.33"},2030,{"v":0.560568237,"d":"0.56"},"M",430,70728000,{"v":310.45117153,"d":"310.45"},115,943,1058,{"v":122.128333699999,"d":"122.13"},{"v":0.945243625,"d":"0.95"},{"v":1000.067755,"d":"1,000.07"},{"v":57.93224472,"d":"57.93"},0,"0_70728000_6329",{"v":188.322837834,"d":"188.32"},0,{"v":57.93224472,"d":"57.93"},{"v":0.39338983,"d":"0.39"},"0_70728000_6329_16096","F",{"v":5.84113367583,"d":"5.84"},{"v":0.0310165975779,"d":"0.03"},{"v":1.79686112126,"d":"1.80"}]
[7,708,70807,{"v":4932.085949,"d":"4,932.09"},2610,{"v":0.529187858,"d":"0.53"},"G",410,70807001,{"v":2828.91029418,"d":"2,828.91"},79,355,434,{"v":107.9864991,"d":"107.99"},{"v":0.93996673,"d":"0.94"},{"v":407.945560999999,"d":"407.95"},{"v":26.05443899,"d":"26.05"},0,"0_70807001_6346",{"v":2720.92379509,"d":"2,720.92"},0,{"v":26.05443899,"d":"26.05"},{"v":0.038172472,"d":"0.04"},"0_70807001_6346_16529","F",{"v":3.63445379581,"d":"3.63"},{"v":0.00133574258947,"d":"0.00"},{"v":0.0348020238037,"d":"0.03"}]
[7,708,70821,{"v":5641.118902,"d":"5,641.12"},1143,{"v":0.202619377,"d":"0.20"},"G",410,70821000,{"v":5641.11890160999,"d":"5,641.12"},118,652,770,{"v":130.519173599999,"d":"130.52"},{"v":0.93996673,"d":"0.94"},{"v":723.7743824,"d":"723.77"},{"v":46.2256175699999,"d":"46.23"},0,"0_70821000_6360",{"v":5510.599728,"d":"5,510.60"},0,{"v":46.2256175699999,"d":"46.23"},{"v":0.023137107,"d":"0.02"},"0_70821000_6360_16706","G",{"v":0.527032287893,"d":"0.53"},{"v":9.5639733225E-5,"d":"0.00"},{"v":0.00442100573253,"d":"0.00"}]
[7,708,70831,{"v":6793.84958999999,"d":"6,793.85"},662,{"v":0.097441074,"d":"0.10"},"G",430,70831000,{"v":6793.84958974999,"d":"6,793.85"},64,133,197,{"v":65.44080126,"d":"65.44"},{"v":0.945243625,"d":"0.95"},{"v":186.2129941,"d":"186.21"},{"v":10.78700587,"d":"10.79"},0,"0_70831000_6375",{"v":6728.40878849999,"d":"6,728.41"},0,{"v":10.78700587,"d":"10.79"},{"v":0.009632359,"d":"0.01"},"0_70831000_6375_16883","G",{"v":0.241062052243,"d":"0.24"},{"v":3.5827497975e-05,"d":"0.00"},{"v":0.000386471430961,"d":"0.00"}]
[7,709,70908,{"v":17153.3217799999,"d":"17,153.32"},1415,{"v":0.082491311,"d":"0.08"},"G",430,70908000,{"v":17153.3217752999,"d":"17,153.32"},149,421,570,{"v":113.343393599999,"d":"113.34"},{"v":0.945243625,"d":"0.95"},{"v":538.788866299999,"d":"538.79"},{"v":31.21113373,"d":"31.21"},0,"0_70908000_6391",{"v":17039.9783816999,"d":"17,039.98"},0,{"v":31.21113373,"d":"31.21"},{"v":0.006607664,"d":"0.01"},"0_70908000_6391_17246","außerhalb GKL",{"v":1.49729713707E-4,"d":"0.00"},{"v":8.786966e-09,"d":"0.00"},{"v":2.74251176e-07,"d":"0.00"}]
[7,709,70917,{"v":1527.468208,"d":"1,527.47"},7230,{"v":4.733322739,"d":"4.73"},"M",410,70917002,{"v":132.525086754999,"d":"132.53"},24,2259,2283,{"v":76.81565387,"d":"76.82"},{"v":0.93996673,"d":"0.94"},{"v":2145.944046,"d":"2,145.94"},{"v":137.055954399999,"d":"137.06"},0,"0_70917002_6403",{"v":55.7094328817,"d":"55.71"},0,{"v":137.055954399999,"d":"137.06"},{"v":0.57963104,"d":"0.58"},"0_70917002_6403_17492","C",{"v":0.711540783762,"d":"0.71"},{"v":0.0127723573362,"d":"0.01"},{"v":1.75052762465,"d":"1.75"}]
[7,709,70921,{"v":2093.839265,"d":"2,093.84"},1198,{"v":0.572154711,"d":"0.57"},"G",103,70921000,{"v":2093.83926522999,"d":"2,093.84"},87,479,566,{"v":45.37485051,"d":"45.37"},{"v":0.991139192,"d":"0.99"},{"v":560.9847825,"d":"560.98"},{"v":5.015217511,"d":"5.02"},0,"0_70921000_6411",{"v":2048.46441472,"d":"2,048.46"},0,{"v":5.015217511,"d":"5.02"},{"v":0.021670646,"d":"0.02"},"0_70921000_6411_17669","D",{"v":0.000340365167,"d":"0.00"},{"v":1.66156251e-07,"d":"0.00"},{"v":8.33309738e-07,"d":"0.00"}]
[7,709,70931,{"v":493.5858329,"d":"493.59"},1916,{"v":3.881796989,"d":"3.88"},"G",410,70931000,{"v":493.585832885,"d":"493.59"},159,436,595,{"v":125.554139,"d":"125.55"},{"v":0.93996673,"d":"0.94"},{"v":559.2802046,"d":"559.28"},{"v":35.71979539,"d":"35.72"},0,"0_70931000_6427",{"v":368.031693894999,"d":"368.03"},0,{"v":35.71979539,"d":"35.72"},{"v":0.25437144,"d":"0.25"},"0_70931000_6427_18102","E",{"v":1.79585329012,"d":"1.80"},{"v":0.00487961585893,"d":"0.00"},{"v":0.174298880063,"d":"0.17"}]
[7,709,70936,{"v":18240.92581,"d":"18,240.93"},5235,{"v":0.286992012,"d":"0.29"},"M",103,70936000,{"v":15701.5465449999,"d":"15,701.55"},116,383,499,{"v":86.1561885999999,"d":"86.16"},{"v":0.991139192,"d":"0.99"},{"v":494.578456599999,"d":"494.58"},{"v":4.421543353,"d":"4.42"},0,"0_70936000_6433",{"v":15615.3903563999,"d":"15,615.39"},0,{"v":4.421543353,"d":"4.42"},{"v":0.005487115,"d":"0.01"},"0_70936000_6433_18279","F",{"v":2.95180283354,"d":"2.95"},{"v":1.89031639054E-4,"d":"0.00"},{"v":0.000835811587166,"d":"0.00"}]
[7,709,70939,{"v":1036.83932,"d":"1,036.84"},2144,{"v":2.067822814,"d":"2.07"},"G",410,70939000,{"v":1036.83931994999,"d":"1,036.84"},129,497,626,{"v":161.8938549,"d":"161.89"},{"v":0.93996673,"d":"0.94"},{"v":588.4191732,"d":"588.42"},{"v":37.58082675,"d":"37.58"},0,"0_70939000_6439",{"v":874.945465047999,"d":"874.95"},0,{"v":37.58082675,"d":"37.58"},{"v":0.156141701,"d":"0.16"},"0_70939000_6439_18456","D",{"v":0.712948500681,"d":"0.71"},{"v":0.000814849072498,"d":"0.00"},{"v":0.0306227018209,"d":"0.03"}]
[8,801,80103,{"v":2994.353955,"d":"2,994.35"},14845,{"v":4.957663731,"d":"4.96"},"ST",103,80103012,{"v":67.983935105,"d":"67.98"},66,22,88,{"v":34.8009295399999,"d":"34.80"},{"v":0.991139192,"d":"0.99"},{"v":87.22024887,"d":"87.22"},{"v":0.779751132,"d":"0.78"},0,"0_80103012_6453",{"v":33.1830055618,"d":"33.18"},0,{"v":0.779751132,"d":"0.78"},{"v":0.511899311,"d":"0.51"},"0_80103012_6453_18783","außerhalb GKL",{"v":11.7053796749,"d":"11.71"},{"v":0.352752244009,"d":"0.35"},{"v":0.275058961582,"d":"0.28"}]
[8,801,80106,{"v":2461.00252099999,"d":"2,461.00"},3362,{"v":1.366109937,"d":"1.37"},"G",103,80106001,{"v":292.124942154999,"d":"292.12"},58,331,389,{"v":77.15865055,"d":"77.16"},{"v":0.991139192,"d":"0.99"},{"v":385.553145599999,"d":"385.55"},{"v":3.446854437,"d":"3.45"},0,"0_80106001_6463",{"v":214.966291546999,"d":"214.97"},0,{"v":3.446854437,"d":"3.45"},{"v":0.264128937,"d":"0.26"},"0_80106001_6463_19065","außerhalb GKL",{"v":0.0658205145666,"d":"0.07"},{"v":0.000306189933747,"d":"0.00"},{"v":0.0010553921317,"d":"0.00"}]
[8,801,80110,{"v":17527.88791,"d":"17,527.89"},1454,{"v":0.08295352,"d":"0.08"},"G",430,80110000,{"v":6763.99812645,"d":"6,764.00"},96,298,394,{"v":143.446094499999,"d":"143.45"},{"v":0.945243625,"d":"0.95"},{"v":372.425988299999,"d":"372.43"},{"v":21.57401174,"d":"21.57"},0,"0_80110000_6468",{"v":6620.55203196,"d":"6,620.55"},0,{"v":21.57401174,"d":"21.57"},{"v":0.021207294,"d":"0.02"},"0_80110000_6468_19242","F",{"v":0.0739450536924,"d":"0.07"},{"v":1.116901632e-05,"d":"0.00"},{"v":0.000240960489212,"d":"0.00"}]
[8,801,80113,{"v":8996.106777,"d":"8,996.11"},1607,{"v":0.178632829,"d":"0.18"},"G",430,80113000,{"v":8996.10677684999,"d":"8,996.11"},279,902,1181,{"v":163.500908799999,"d":"163.50"},{"v":0.945243625,"d":"0.95"},{"v":1116.33272099999,"d":"1,116.33"},{"v":64.6672788399999,"d":"64.67"},0,"0_80113000_6473",{"v":8832.60586809999,"d":"8,832.61"},0,{"v":64.6672788399999,"d":"64.67"},{"v":0.01817463,"d":"0.02"},"0_80113000_6473_19419","E",{"v":0.0079824388856,"d":"0.01"},{"v":9.03746754e-07,"d":"0.00"},{"v":5.8442843363e-05,"d":"0.00"}]
[8,801,80120,{"v":12798.7772999999,"d":"12,798.78"},2213,{"v":0.172907142,"d":"0.17"},"G",410,80120000,{"v":6631.15228896,"d":"6,631.15"},126,459,585,{"v":237.232016399999,"d":"237.23"},{"v":0.93996673,"d":"0.94"},{"v":549.8805373,"d":"549.88"},{"v":35.1194627,"d":"35.12"},0,"0_80120000_6490",{"v":6393.9202726,"d":"6,393.92"},0,{"v":35.1194627,"d":"35.12"},{"v":0.035775384,"d":"0.04"},"0_80120000_6490_19852","E",{"v":0.000509755571668,"d":"0.00"},{"v":7.9725043e-08,"d":"0.00"},{"v":2.79990069e-06,"d":"0.00"}]
[8,801,80122,{"v":1805.74070899999,"d":"1,805.74"},3896,{"v":2.157563365,"d":"2.16"},"M",410,80122003,{"v":1385.68348816999,"d":"1,385.68"},25,35,60,{"v":80.33460103,"d":"80.33"},{"v":0.93996673,"d":"0.94"},{"v":56.39800383,"d":"56.40"},{"v":3.601996174,"d":"3.60"},0,"0_80122003_6495",{"v":1305.34888713999,"d":"1,305.35"},0,{"v":3.601996174,"d":"3.60"},{"v":0.057974712,"d":"0.06"},"0_80122003_6495_20029","außerhalb GKL",{"v":0.356530009952,"d":"0.36"},{"v":2.73130052405E-4,"d":"0.00"},{"v":0.000983813403767,"d":"0.00"}]
[8,801,80128,{"v":5755.350483,"d":"5,755.35"},2195,{"v":0.381384245,"d":"0.38"},"G",410,80128000,{"v":414.794940144999,"d":"414.79"},99,313,412,{"v":223.358000299999,"d":"223.36"},{"v":0.93996673,"d":"0.94"},{"v":387.266292899999,"d":"387.27"},{"v":24.73370706,"d":"24.73"},0,"0_80128000_6501",{"v":191.436939881999,"d":"191.44"},0,{"v":24.73370706,"d":"24.73"},{"v":0.538478122,"d":"0.54"},"0_80128000_6501_20320","G",{"v":0.256754297828,"d":"0.26"},{"v":0.0013411951632,"d":"0.00"},{"v":0.0331727282769,"d":"0.03"}]
[8,802,80202,{"v":1956.38410199999,"d":"1,956.38"},2634,{"v":1.34636138,"d":"1.35"},"G",410,80202001,{"v":431.607498415,"d":"431.61"},19,128,147,{"v":32.94442087,"d":"32.94"},{"v":0.93996673,"d":"0.94"},{"v":138.175109399999,"d":"138.18"},{"v":8.824890627,"d":"8.82"},0,"0_80202001_6509",{"v":398.663077541999,"d":"398.66"},0,{"v":8.824890627,"d":"8.82"},{"v":0.076329584,"d":"0.08"},"0_80202001_6509_20638","E",{"v":5.79406822318,"d":"5.79"},{"v":0.0145337467892,"d":"0.01"},{"v":0.128258725815,"d":"0.13"}]
[8,802,80206,{"v":2108.50594199999,"d":"2,108.51"},1125,{"v":0.533553156,"d":"0.53"},"G",430,80206000,{"v":2108.50594229999,"d":"2,108.51"},84,348,432,{"v":95.06264676,"d":"95.06"},{"v":0.945243625,"d":"0.95"},{"v":408.345245999999,"d":"408.35"},{"v":23.65475399,"d":"23.65"},0,"0_80206000_6513",{"v":2013.44329554,"d":"2,013.44"},0,{"v":23.65475399,"d":"23.65"},{"v":0.045085311,"d":"0.05"},"0_80206000_6513_20815","G",{"v":2.94851203414,"d":"2.95"},{"v":0.00146441275037,"d":"0.00"},{"v":0.0346403233498,"d":"0.03"}]
[8,802,80207,{"v":2998.83265699999,"d":"2,998.83"},29711,{"v":9.907521824,"d":"9.91"},"ST",101,80207051,{"v":1575.31688265999,"d":"1,575.32"},5,151,156,{"v":7.714409626,"d":"7.71"},{"v":0.992934034,"d":"0.99"},{"v":154.8977093,"d":"154.90"},{"v":1.10229069,"d":"1.10"},0,"0_80207051_6525",{"v":1567.60247303,"d":"1,567.60"},0,{"v":1.10229069,"d":"1.10"},{"v":0.004897053,"d":"0.00"},"0_80207051_6525_20992","F",{"v":0.0100789365247,"d":"0.01"},{"v":6.429523236E-6,"d":"0.00"},{"v":7.087203604e-06,"d":"0.00"}]
[8,802,80215,{"v":1784.00218399999,"d":"1,784.00"},13633,{"v":7.641806789,"d":"7.64"},"M",101,80215008,{"v":109.151013495,"d":"109.15"},88,148,236,{"v":76.0239724599999,"d":"76.02"},{"v":0.992934034,"d":"0.99"},{"v":234.332432,"d":"234.33"},{"v":1.667567966,"d":"1.67"},0,"0_80215008_6543",{"v":33.1270410345,"d":"33.13"},0,{"v":1.667567966,"d":"1.67"},{"v":0.696502671,"d":"0.70"},"0_80215008_6543_21425","E",{"v":4.32605650484,"d":"4.33"},{"v":0.130589885777,"d":"0.13"},{"v":0.217767510205,"d":"0.22"}]
[8,802,80217,{"v":2100.18984499999,"d":"2,100.19"},8108,{"v":3.860603372,"d":"3.86"},"G",101,80217004,{"v":99.636740965,"d":"99.64"},56,2203,2259,{"v":57.84655292,"d":"57.85"},{"v":0.992934034,"d":"0.99"},{"v":2243.037983,"d":"2,243.04"},{"v":15.9620171,"d":"15.96"},0,"0_80217004_6549",{"v":41.7901880459,"d":"41.79"},0,{"v":15.9620171,"d":"15.96"},{"v":0.580574519,"d":"0.58"},"0_80217004_6549_21602","E",{"v":0.25046875446,"d":"0.25"},{"v":5.99348235009E-3,"d":"0.01"},{"v":0.0956680677607,"d":"0.10"}]
[8,802,80221,{"v":870.7021591,"d":"870.70"},1036,{"v":1.189844299,"d":"1.19"},"G",310,80221000,{"v":870.7021591,"d":"870.70"},86,122,208,{"v":79.54233836,"d":"79.54"},{"v":0.967661341,"d":"0.97"},{"v":201.2735589,"d":"201.27"},{"v":6.726441089,"d":"6.73"},0,"0_80221000_6558",{"v":791.159820745,"d":"791.16"},0,{"v":6.726441089,"d":"6.73"},{"v":0.091354245,"d":"0.09"},"0_80221000_6558_21857","F",{"v":5.78919793599,"d":"5.79"},{"v":0.00731735584163,"d":"0.01"},{"v":0.049219762996,"d":"0.05"}]
[8,802,80228,{"v":9681.609532,"d":"9,681.61"},5054,{"v":0.52202064,"d":"0.52"},"G",430,80228000,{"v":2202.53033525999,"d":"2,202.53"},183,867,1050,{"v":161.106095699999,"d":"161.11"},{"v":0.945243625,"d":"0.95"},{"v":992.5058063,"d":"992.51"},{"v":57.4941937199999,"d":"57.49"},0,"0_80228000_6571",{"v":2041.42423951,"d":"2,041.42"},0,{"v":57.4941937199999,"d":"57.49"},{"v":0.073145915,"d":"0.07"},"0_80228000_6571_22211","außerhalb GKL",{"v":1121.02087738999,"d":"1,121.02"},{"v":0.549136654544,"d":"0.55"},{"v":31.5721691950999,"d":"31.57"}]
[8,802,80230,{"v":1021.747695,"d":"1,021.75"},660,{"v":0.645952032,"d":"0.65"},"G",410,80230000,{"v":1021.74769523999,"d":"1,021.75"},47,499,546,{"v":59.31891645,"d":"59.32"},{"v":0.93996673,"d":"0.94"},{"v":513.2218348,"d":"513.22"},{"v":32.77816519,"d":"32.78"},0,"0_80230000_6575",{"v":962.428778784999,"d":"962.43"},0,{"v":32.77816519,"d":"32.78"},{"v":0.058056325,"d":"0.06"},"0_80230000_6575_22388","D",{"v":0.015315101317,"d":"0.02"},{"v":1.5912971073e-05,"d":"0.00"},{"v":0.000521597994508,"d":"0.00"}]
[8,802,80235,{"v":490.930507299999,"d":"490.93"},3927,{"v":7.999095477,"d":"8.00"},"G",101,80235001,{"v":147.778635839999,"d":"147.78"},59,64,123,{"v":67.48189664,"d":"67.48"},{"v":0.992934034,"d":"0.99"},{"v":122.1308862,"d":"122.13"},{"v":0.869113813,"d":"0.87"},0,"0_80235001_6581",{"v":80.2967391962999,"d":"80.30"},0,{"v":0.869113813,"d":"0.87"},{"v":0.456641762,"d":"0.46"},"0_80235001_6581_22565","G",{"v":3.15771873798,"d":"3.16"},{"v":0.0393256160784,"d":"0.04"},{"v":0.0341784361385,"d":"0.03"}]
[8,803,80301,{"v":12082.88348,"d":"12,082.88"},49872,{"v":4.127491594,"d":"4.13"},"ST",101,80301023,{"v":300.199920809999,"d":"300.20"},88,1698,1786,{"v":93.93169174,"d":"93.93"},{"v":0.992934034,"d":"0.99"},{"v":1773.38018499999,"d":"1,773.38"},{"v":12.6198152,"d":"12.62"},0,"0_80301023_6604",{"v":206.268229074,"d":"206.27"},0,{"v":12.6198152,"d":"12.62"},{"v":0.312897124,"d":"0.31"},"0_80301023_6604_22998","E",{"v":0.0115562189047,"d":"0.01"},{"v":5.6025200568E-5,"d":"0.00"},{"v":0.000707027677712,"d":"0.00"}]
[8,803,80301,{"v":12082.88348,"d":"12,082.88"},49872,{"v":4.127491594,"d":"4.13"},"ST",101,80301051,{"v":745.0356612,"d":"745.04"},26,25,51,{"v":35.8648274,"d":"35.86"},{"v":0.992934034,"d":"0.99"},{"v":50.63963574,"d":"50.64"},{"v":0.360364264,"d":"0.36"},0,"0_80301051_6614",{"v":709.170833801999,"d":"709.17"},0,{"v":0.360364264,"d":"0.36"},{"v":0.048138404,"d":"0.05"},"0_80301051_6614_23175","E",{"v":0.0577707381438,"d":"0.06"},{"v":8.1462371815e-05,"d":"0.00"},{"v":2.9356127663e-05,"d":"0.00"}]
[8,803,80302,{"v":2919.09603199999,"d":"2,919.10"},16731,{"v":5.731568888,"d":"5.73"},"ST",101,80302013,{"v":320.52730321,"d":"320.53"},75,200,275,{"v":52.2486576399999,"d":"52.25"},{"v":0.992934034,"d":"0.99"},{"v":273.0568594,"d":"273.06"},{"v":1.943140639,"d":"1.94"},0,"0_80302013_6622",{"v":268.278645573,"d":"268.28"},0,{"v":1.943140639,"d":"1.94"},{"v":0.163008446,"d":"0.16"},"0_80302013_6622_23395","D",{"v":0.266334197117,"d":"0.27"},{"v":0.000992752131084,"d":"0.00"},{"v":1.92905701036E-3,"d":"0.00"}]
[8,803,80303,{"v":2224.87892,"d":"2,224.88"},23309,{"v":10.47652517,"d":"10.48"},"M",101,80303015,{"v":304.107861205,"d":"304.11"},26,617,643,{"v":53.17591257,"d":"53.18"},{"v":0.992934034,"d":"0.99"},{"v":638.4565839,"d":"638.46"},{"v":4.543416112,"d":"4.54"},0,"0_80303015_6631",{"v":250.931948639,"d":"250.93"},0,{"v":4.543416112,"d":"4.54"},{"v":0.174858724,"d":"0.17"},"0_80303015_6631_23528","C",{"v":3.22791642212,"d":"3.23"},{"v":0.0128637124114,"d":"0.01"},{"v":0.0584451982301,"d":"0.06"}]
[8,804,80404,{"v":3432.762486,"d":"3,432.76"},34210,{"v":9.965734636,"d":"9.97"},"ST",101,80404050,{"v":170.174693555,"d":"170.17"},73,529,602,{"v":81.3275391399999,"d":"81.33"},{"v":0.992934034,"d":"0.99"},{"v":597.746288499999,"d":"597.75"},{"v":4.253711508,"d":"4.25"},0,"0_80404050_6653",{"v":88.8471536179999,"d":"88.85"},0,{"v":4.253711508,"d":"4.25"},{"v":0.477906188,"d":"0.48"},"0_80404050_6653_23961","C",{"v":0.608942595463,"d":"0.61"},{"v":0.00685382221789,"d":"0.01"},{"v":0.029154182442,"d":"0.03"}]
[8,804,80405,{"v":3226.34028299999,"d":"3,226.34"},6503,{"v":2.015596444,"d":"2.02"},"M",310,80405000,{"v":143.648512635,"d":"143.65"},76,516,592,{"v":79.7591211,"d":"79.76"},{"v":0.967661341,"d":"0.97"},{"v":572.8555138,"d":"572.86"},{"v":19.14448618,"d":"19.14"},0,"0_80405000_6659",{"v":63.8893915323999,"d":"63.89"},0,{"v":19.14448618,"d":"19.14"},{"v":0.555238057,"d":"0.56"},"0_80405000_6659_24138","B",{"v":0.0225683834702,"d":"0.02"},{"v":0.000353241483897,"d":"0.00"},{"v":0.00676262670667,"d":"0.01"}]
[8,804,80407,{"v":904.917575299999,"d":"904.92"},3324,{"v":3.673262727,"d":"3.67"},"G",310,80407000,{"v":627.065838265,"d":"627.07"},129,307,436,{"v":135.383104,"d":"135.38"},{"v":0.967661341,"d":"0.97"},{"v":421.900344599999,"d":"421.90"},{"v":14.09965536,"d":"14.10"},0,"0_80407000_6666",{"v":491.682734225999,"d":"491.68"},0,{"v":14.09965536,"d":"14.10"},{"v":0.215899345,"d":"0.22"},"0_80407000_6666_24315","außerhalb GKL",{"v":0.0864666242629,"d":"0.09"},{"v":0.000175858573515,"d":"0.00"},{"v":0.00247954527866,"d":"0.00"}]
[8,804,80410,{"v":1024.29903399999,"d":"1,024.30"},4718,{"v":4.606076782,"d":"4.61"},"G",310,80410002,{"v":50.9575130599999,"d":"50.96"},24,25,49,{"v":31.44827915,"d":"31.45"},{"v":0.967661341,"d":"0.97"},{"v":47.4154057,"d":"47.42"},{"v":1.584594295,"d":"1.58"},0,"0_80410002_6678",{"v":19.5092339055,"d":"19.51"},0,{"v":1.584594295,"d":"1.58"},{"v":0.617147056,"d":"0.62"},"0_80410002_6678_24748","E",{"v":0.012085662185,"d":"0.01"},{"v":0.000619484201355,"d":"0.00"},{"v":0.00098163113131,"d":"0.00"}]
[8,804,80414,{"v":2185.43249999999,"d":"2,185.43"},11928,{"v":5.457958551,"d":"5.46"},"M",101,80414005,{"v":670.07473697,"d":"670.07"},3,798,801,{"v":0.538998505,"d":"0.54"},{"v":0.992934034,"d":"0.99"},{"v":795.340161299999,"d":"795.34"},{"v":5.659838734,"d":"5.66"},0,"0_80414005_6688",{"v":669.535738465,"d":"669.54"},0,{"v":5.659838734,"d":"5.66"},{"v":0.000804386,"d":"0.00"},"0_80414005_6688_24932","außerhalb GKL",{"v":3.24331357015E-3,"d":"0.00"},{"v":4.84412315e-06,"d":"0.00"},{"v":2.7416955834e-05,"d":"0.00"}]
[8,804,80416,{"v":272.7155859,"d":"272.72"},2110,{"v":7.736998211,"d":"7.74"},"G",101,80416001,{"v":117.069653445,"d":"117.07"},56,764,820,{"v":76.25146997,"d":"76.25"},{"v":0.992934034,"d":"0.99"},{"v":814.2059079,"d":"814.21"},{"v":5.794092087,"d":"5.79"},0,"0_80416001_6694",{"v":40.8181834775,"d":"40.82"},0,{"v":5.794092087,"d":"5.79"},{"v":0.651334208,"d":"0.65"},"0_80416001_6694_25101","E",{"v":0.0100911794901,"d":"0.01"},{"v":0.000247222650064,"d":"0.00"},{"v":0.00143243080046,"d":"0.00"}]
[2,203,20306,{"v":9907.99414699999,"d":"9,907.99"},2502,{"v":0.252523363,"d":"0.25"},"M",430,20306002,{"v":970.902996965,"d":"970.90"},28,25,53,{"v":32.92115409,"d":"32.92"},{"v":0.945243625,"d":"0.95"},{"v":50.0979121299999,"d":"50.10"},{"v":2.902087874,"d":"2.90"},1,"1_20306002_8593",{"v":29.0086111745999,"d":"29.01"},0.881154138622,{"v":44.1439826096999,"d":"44.14"},{"v":0.033907769,"d":"0.03"},"1_20306002_8593_25534","G",{"v":0.370358578787,"d":"0.37"},{"v":0.0127671944223,"d":"0.01"},{"v":0.563594808553,"d":"0.56"}]
[2,206,20603,{"v":5423.585106,"d":"5,423.59"},1268,{"v":0.233793695,"d":"0.23"},"G",410,20603000,{"v":5423.58510561999,"d":"5,423.59"},135,180,315,{"v":96.36031217,"d":"96.36"},{"v":0.93996673,"d":"0.94"},{"v":296.0895201,"d":"296.09"},{"v":18.9104799099999,"d":"18.91"},1,"1_20603000_9623",{"v":0.646470623062,"d":"0.65"},0.00670888884131,{"v":1.98643167743,"d":"1.99"},{"v":0.017766903,"d":"0.02"},"1_20603000_9623_25711","außerhalb GKL",{"v":0.646470623062,"d":"0.65"},{"v":1,"d":"1.00"},{"v":1.98643167743,"d":"1.99"}]
[2,206,20611,{"v":3342.85881999999,"d":"3,342.86"},1966,{"v":0.588119363,"d":"0.59"},"G",410,20611001,{"v":1473.31623592999,"d":"1,473.32"},90,103,193,{"v":116.2908974,"d":"116.29"},{"v":0.93996673,"d":"0.94"},{"v":181.413578999999,"d":"181.41"},{"v":11.58642103,"d":"11.59"},1,"1_20611001_9727",{"v":3.18459467135,"d":"3.18"},0.0273847286636,{"v":4.96796163681,"d":"4.97"},{"v":0.078931389,"d":"0.08"},"1_20611001_9727_25888","außerhalb GKL",{"v":3.18459467135,"d":"3.18"},{"v":1,"d":"1.00"},{"v":4.96796163681,"d":"4.97"}]
[5,502,50204,{"v":8209.41417999999,"d":"8,209.41"},4313,{"v":0.525372445,"d":"0.53"},"M",310,50204000,{"v":93.5842529149999,"d":"93.58"},111,656,767,{"v":67.3413821399999,"d":"67.34"},{"v":0.967661341,"d":"0.97"},{"v":742.1962485,"d":"742.20"},{"v":24.8037515199999,"d":"24.80"},1,"1_50204000_36023",{"v":67.3413821432999,"d":"67.34"},1.00000000005,{"v":742.196248536999,"d":"742.20"},{"v":0.719580272,"d":"0.72"},"1_50204000_36023_26213","D",{"v":0.170629746833,"d":"0.17"},{"v":0.00253380226842,"d":"0.00"},{"v":1.88057853816,"d":"1.88"}]
[5,502,50207,{"v":4712.14618499999,"d":"4,712.15"},7372,{"v":1.564467593,"d":"1.56"},"M",310,50207001,{"v":847.255566144999,"d":"847.26"},157,381,538,{"v":147.0688216,"d":"147.07"},{"v":0.967661341,"d":"0.97"},{"v":520.601801399999,"d":"520.60"},{"v":17.39819859,"d":"17.40"},1,"1_50207001_36094",{"v":0.882774962253,"d":"0.88"},6.00246165468E-3,{"v":3.12489235026,"d":"3.12"},{"v":0.173582597,"d":"0.17"},"1_50207001_36094_26497","außerhalb GKL",{"v":0.882774962252,"d":"0.88"},{"v":0.999999999999,"d":"1.00"},{"v":3.12489235026,"d":"3.12"}]
[5,502,50211,{"v":5600.12681499999,"d":"5,600.13"},1769,{"v":0.315885704,"d":"0.32"},"G",310,50211000,{"v":5600.12681494,"d":"5,600.13"},171,155,326,{"v":120.3837539,"d":"120.38"},{"v":0.967661341,"d":"0.97"},{"v":315.457597099999,"d":"315.46"},{"v":10.5424028599999,"d":"10.54"},1,"1_50211000_36199",{"v":0.556094481492,"d":"0.56"},0.00461934823825,{"v":1.45720849541,"d":"1.46"},{"v":0.021496612,"d":"0.02"},"1_50211000_36199_26674","außerhalb GKL",{"v":0.556094481492,"d":"0.56"},{"v":1,"d":"1.00"},{"v":1.45720849541,"d":"1.46"}]
[5,504,50402,{"v":10375.1502099999,"d":"10,375.15"},6865,{"v":0.661677167,"d":"0.66"},"M",430,50402001,{"v":114.981457555,"d":"114.98"},57,467,524,{"v":52.38169536,"d":"52.38"},{"v":0.945243625,"d":"0.95"},{"v":495.3076595,"d":"495.31"},{"v":28.6923404899999,"d":"28.69"},1,"1_50402001_37392",{"v":52.3816953584,"d":"52.38"},0.999999999969,{"v":495.307659484999,"d":"495.31"},{"v":0.455566458,"d":"0.46"},"1_50402001_37392_26851","G",{"v":0.0137934353632,"d":"0.01"},{"v":0.000263325485531,"d":"0.00"},{"v":0.130427129921,"d":"0.13"}]
[5,504,50404,{"v":4953.62159499999,"d":"4,953.62"},10580,{"v":2.135811102,"d":"2.14"},"ST",210,50404007,{"v":4603.503563,"d":"4,603.50"},188,276,464,{"v":75.32830321,"d":"75.33"},{"v":0.980090788,"d":"0.98"},{"v":454.762125599999,"d":"454.76"},{"v":9.237874366,"d":"9.24"},1,"1_50404007_37465",{"v":0.703646084375,"d":"0.70"},0.00934105846528,{"v":4.24795960302,"d":"4.25"},{"v":0.016363255,"d":"0.02"},"1_50404007_37465_27284","außerhalb GKL",{"v":0.703646084374,"d":"0.70"},{"v":0.999999999999,"d":"1.00"},{"v":4.24795960302,"d":"4.25"}]
[5,504,50410,{"v":3307.279371,"d":"3,307.28"},2574,{"v":0.778283208,"d":"0.78"},"G",420,50410000,{"v":3307.27937144999,"d":"3,307.28"},240,355,595,{"v":205.568662799999,"d":"205.57"},{"v":0.954532045,"d":"0.95"},{"v":567.946566899999,"d":"567.95"},{"v":27.05343312,"d":"27.05"},1,"1_50410000_37569",{"v":1.28970333556,"d":"1.29"},0.00627383239251,{"v":3.56320156863,"d":"3.56"},{"v":0.062156425,"d":"0.06"},"1_50410000_37569_27461","F",{"v":1.26287645061,"d":"1.26"},{"v":0.97919918154,"d":"0.98"},{"v":3.48908405966,"d":"3.49"}]
[5,504,50418,{"v":7813.50858799999,"d":"7,813.51"},11235,{"v":1.437894369,"d":"1.44"},"ST",220,50418003,{"v":2025.23117277999,"d":"2,025.23"},146,439,585,{"v":104.344981599999,"d":"104.34"},{"v":0.99140599,"d":"0.99"},{"v":579.9725041,"d":"579.97"},{"v":5.027495906,"d":"5.03"},1,"1_50418003_37696",{"v":1.07635832482,"d":"1.08"},0.0103153818067,{"v":5.98263781718,"d":"5.98"},{"v":0.051522504,"d":"0.05"},"1_50418003_37696_27750","außerhalb GKL",{"v":1.07635832482,"d":"1.08"},{"v":1,"d":"1.00"},{"v":5.98263781718,"d":"5.98"}]
[5,504,50421,{"v":319.878918999999,"d":"319.88"},3493,{"v":10.9197568,"d":"10.92"},"M",420,50421000,{"v":112.13343118,"d":"112.13"},80,2259,2339,{"v":61.4940436099999,"d":"61.49"},{"v":0.954532045,"d":"0.95"},{"v":2232.650454,"d":"2,232.65"},{"v":106.3495463,"d":"106.35"},1,"1_50421000_37841",{"v":1.22090613486,"d":"1.22"},0.0198540551765,{"v":44.3271653035999,"d":"44.33"},{"v":0.548400624,"d":"0.55"},"1_50421000_37841_28070","E",{"v":0.000286205675141,"d":"0.00"},{"v":2.34420703582E-4,"d":"0.00"},{"v":0.0103912052783,"d":"0.01"}]
[5,506,50601,{"v":11727.2837799999,"d":"11,727.28"},3935,{"v":0.335542319,"d":"0.34"},"G",420,50601000,{"v":6820.93799340999,"d":"6,820.94"},154,892,1046,{"v":161.8275045,"d":"161.83"},{"v":0.954532045,"d":"0.95"},{"v":998.4405193,"d":"998.44"},{"v":47.5594807499999,"d":"47.56"},1,"1_50601000_38006",{"v":32.3358741345999,"d":"32.34"},0.199816923795,{"v":199.505313158999,"d":"199.51"},{"v":0.02372511,"d":"0.02"},"1_50601000_38006_28247","E",{"v":0.0594475206085,"d":"0.06"},{"v":1.83843864437E-3,"d":"0.00"},{"v":0.366778277469,"d":"0.37"}]
[5,506,50602,{"v":4568.219707,"d":"4,568.22"},4802,{"v":1.051175361,"d":"1.05"},"G",420,50602003,{"v":882.83062011,"d":"882.83"},117,1065,1182,{"v":139.713789899999,"d":"139.71"},{"v":0.954532045,"d":"0.95"},{"v":1128.256877,"d":"1,128.26"},{"v":53.7431226,"d":"53.74"},1,"1_50602003_38027",{"v":117.603016185,"d":"117.60"},0.8417423668,{"v":949.701614004,"d":"949.70"},{"v":0.15825662,"d":"0.16"},"1_50602003_38027_28424","G",{"v":0.0101041127517,"d":"0.01"},{"v":8.5917122532e-05,"d":"0.00"},{"v":0.0815956299392,"d":"0.08"}]
[5,506,50611,{"v":2953.289302,"d":"2,953.29"},3643,{"v":1.233539836,"d":"1.23"},"G",220,50611001,{"v":2807.23945301999,"d":"2,807.24"},209,1518,1727,{"v":197.499550699999,"d":"197.50"},{"v":0.99140599,"d":"0.99"},{"v":1712.158145,"d":"1,712.16"},{"v":14.84185544,"d":"14.84"},1,"1_50611001_38097",{"v":74.2700497911,"d":"74.27"},0.376051740512,{"v":643.860050459,"d":"643.86"},{"v":0.070353653,"d":"0.07"},"1_50611001_38097_28857","F",{"v":0.00171002574631,"d":"0.00"},{"v":2.3024432475E-5,"d":"0.00"},{"v":0.014824512255,"d":"0.01"}]
[5,506,50613,{"v":13202.47709,"d":"13,202.48"},5490,{"v":0.415831057,"d":"0.42"},"ST",220,50613003,{"v":12714.8307569999,"d":"12,714.83"},198,642,840,{"v":119.722701299999,"d":"119.72"},{"v":0.99140599,"d":"0.99"},{"v":832.7810315,"d":"832.78"},{"v":7.21896848,"d":"7.22"},1,"1_50613003_38124",{"v":0.521559126038,"d":"0.52"},4.35639290105E-3,{"v":3.62792137376,"d":"3.63"},{"v":0.009415989,"d":"0.01"},"1_50613003_38124_29034","G",{"v":0.345611689424,"d":"0.35"},{"v":0.662651024917,"d":"0.66"},{"v":2.40404581664,"d":"2.40"}]
[5,506,50616,{"v":5092.96970599999,"d":"5,092.97"},3816,{"v":0.749268152,"d":"0.75"},"G",420,50616001,{"v":4608.94515776,"d":"4,608.95"},169,208,377,{"v":168.971641099999,"d":"168.97"},{"v":0.954532045,"d":"0.95"},{"v":359.858581,"d":"359.86"},{"v":17.14141897,"d":"17.14"},1,"1_50616001_38207",{"v":0.688820387318,"d":"0.69"},0.00407654434101,{"v":1.46697946194,"d":"1.47"},{"v":0.036661673,"d":"0.04"},"1_50616001_38207_29288","außerhalb GKL",{"v":0.194229573701,"d":"0.19"},{"v":0.281974194256,"d":"0.28"},{"v":0.413650351771,"d":"0.41"}]
[5,506,50619,{"v":11846.40334,"d":"11,846.40"},16705,{"v":1.410132639,"d":"1.41"},"ST",220,50619020,{"v":14.744717345,"d":"14.74"},4,121,125,{"v":14.6422851,"d":"14.64"},{"v":0.99140599,"d":"0.99"},{"v":123.9257487,"d":"123.93"},{"v":1.074251262,"d":"1.07"},1,"1_50619020_38260",{"v":14.6422850963,"d":"14.64"},0.999999999747,{"v":123.925748669,"d":"123.93"},{"v":0.993052953,"d":"0.99"},"1_50619020_38260_29643","F",{"v":6.90641189968,"d":"6.91"},{"v":0.471675824795,"d":"0.47"},{"v":58.4527797168,"d":"58.45"}]
[5,506,50620,{"v":6358.43169699999,"d":"6,358.43"},1176,{"v":0.184951267,"d":"0.18"},"G",430,50620000,{"v":6358.43169696,"d":"6,358.43"},107,318,425,{"v":105.5992592,"d":"105.60"},{"v":0.945243625,"d":"0.95"},{"v":401.728540599999,"d":"401.73"},{"v":23.27145936,"d":"23.27"},1,"1_50620000_38297",{"v":0.693166252678,"d":"0.69"},6.56412041078E-3,{"v":2.63699451295,"d":"2.64"},{"v":0.016607752,"d":"0.02"},"1_50620000_38297_29820","F",{"v":0.675342567565,"d":"0.68"},{"v":0.974286565389,"d":"0.97"},{"v":2.56918832697,"d":"2.57"}]
[5,506,50623,{"v":10888.0363799999,"d":"10,888.04"},1917,{"v":0.176064805,"d":"0.18"},"G",430,50623000,{"v":1735.73625188,"d":"1,735.74"},100,557,657,{"v":113.4134552,"d":"113.41"},{"v":0.945243625,"d":"0.95"},{"v":621.025061599999,"d":"621.03"},{"v":35.97493836,"d":"35.97"},1,"1_50623000_38318",{"v":1.26884756833,"d":"1.27"},0.0111878045342,{"v":6.94790700002,"d":"6.95"},{"v":0.065340258,"d":"0.07"},"1_50623000_38318_29997","E",{"v":0.315433311101,"d":"0.32"},{"v":0.248598270568,"d":"0.25"},{"v":1.72723766427,"d":"1.73"}]
[5,506,50625,{"v":3862.194237,"d":"3,862.19"},607,{"v":0.157164545,"d":"0.16"},"G",420,50625000,{"v":3862.19423691,"d":"3,862.19"},57,102,159,{"v":46.8750359499999,"d":"46.88"},{"v":0.954532045,"d":"0.95"},{"v":151.7705952,"d":"151.77"},{"v":7.229404817,"d":"7.23"},1,"1_50625000_38368",{"v":45.807625088,"d":"45.81"},0.977228585741,{"v":148.314564103999,"d":"148.31"},{"v":0.012136892,"d":"0.01"},"1_50625000_38368_30174","F",{"v":3.91274646016,"d":"3.91"},{"v":0.0854169246418,"d":"0.09"},{"v":12.6685739454,"d":"12.67"}]
[7,701,70101,{"v":10481.03324,"d":"10,481.03"},131961,{"v":12.59045716,"d":"12.59"},"SR",101,70101121,{"v":12.0758746699999,"d":"12.08"},28,524,552,{"v":12.0758746699999,"d":"12.08"},{"v":0.992934034,"d":"0.99"},{"v":552,"d":"552.00"},{"v":0,"d":"0.00"},1,"1_70101121_48663",{"v":12.0758746700999,"d":"12.08"},1.00000000001,{"v":552.000000006,"d":"552.00"},{"v":1,"d":"1.00"},"1_70101121_48663_30607","B",{"v":4.8093905013,"d":"4.81"},{"v":0.398264360362,"d":"0.40"},{"v":219.841926921999,"d":"219.84"}]
[7,701,70101,{"v":10481.03324,"d":"10,481.03"},131961,{"v":12.59045716,"d":"12.59"},"SR",101,70101256,{"v":7.95714297502,"d":"7.96"},32,71,103,{"v":7.768055435,"d":"7.77"},{"v":0.992934034,"d":"0.99"},{"v":102.272205499999,"d":"102.27"},{"v":0.727794494,"d":"0.73"},1,"1_70101256_48715",{"v":7.76805543535,"d":"7.77"},1.00000000005,{"v":102.272205505,"d":"102.27"},{"v":0.976236755,"d":"0.98"},"1_70101256_48715_30825","C",{"v":0.0374583093274,"d":"0.04"},{"v":4.82209603667E-3,"d":"0.00"},{"v":0.493166396827,"d":"0.49"}]
[7,701,70101,{"v":10481.03324,"d":"10,481.03"},131961,{"v":12.59045716,"d":"12.59"},"SR",101,70101311,{"v":240.19678292,"d":"240.20"},20,34,54,{"v":25.3157388099999,"d":"25.32"},{"v":0.992934034,"d":"0.99"},{"v":53.6184378399999,"d":"53.62"},{"v":0.381562162,"d":"0.38"},1,"1_70101311_48732",{"v":1.7257705509,"d":"1.73"},0.068169867127,{"v":3.65516178311,"d":"3.66"},{"v":0.105395828,"d":"0.11"},"1_70101311_48732_30960","G",{"v":0.00479001719846,"d":"0.00"},{"v":2.77558172259E-3,"d":"0.00"},{"v":0.0101452002383,"d":"0.01"}]
[7,701,70101,{"v":10481.03324,"d":"10,481.03"},131961,{"v":12.59045716,"d":"12.59"},"SR",101,70101620,{"v":27.88326924,"d":"27.88"},51,1057,1108,{"v":27.88326924,"d":"27.88"},{"v":0.992934034,"d":"0.99"},{"v":1108,"d":"1,108.00"},{"v":0,"d":"0.00"},1,"1_70101620_48806",{"v":27.8832692400999,"d":"27.88"},1,{"v":1108,"d":"1,108.00"},{"v":1,"d":"1.00"},"1_70101620_48806_31393","E",{"v":0.735989832765,"d":"0.74"},{"v":0.026395392392,"d":"0.03"},{"v":29.2460947703,"d":"29.25"}]
[7,702,70202,{"v":4017.71522899999,"d":"4,017.72"},4757,{"v":1.184006265,"d":"1.18"},"G",410,70202002,{"v":1404.98364059999,"d":"1,404.98"},116,1904,2020,{"v":148.6297977,"d":"148.63"},{"v":0.93996673,"d":"0.94"},{"v":1898.73279499999,"d":"1,898.73"},{"v":121.2672045,"d":"121.27"},1,"1_70202002_48849",{"v":129.169688309,"d":"129.17"},0.869069932866,{"v":1650.13158268,"d":"1,650.13"},{"v":0.105787565,"d":"0.11"},"1_70202002_48849_31570","E",{"v":0.0611382397227,"d":"0.06"},{"v":0.00047331723505,"d":"0.00"},{"v":0.781035718183,"d":"0.78"}]
[7,702,70205,{"v":3038.93755999999,"d":"3,038.94"},947,{"v":0.311622066,"d":"0.31"},"G",410,70205000,{"v":3038.93756008999,"d":"3,038.94"},62,211,273,{"v":92.29115969,"d":"92.29"},{"v":0.93996673,"d":"0.94"},{"v":256.6109174,"d":"256.61"},{"v":16.38908259,"d":"16.39"},1,"1_70205000_48875",{"v":3.69251542593,"d":"3.69"},0.0400094162684,{"v":10.2668530133,"d":"10.27"},{"v":0.030369548,"d":"0.03"},"1_70205000_48875_31747","G",{"v":0.0239531648743,"d":"0.02"},{"v":0.00648695052324,"d":"0.01"},{"v":0.0666005675267,"d":"0.07"}]
[7,702,70217,{"v":22344.49665,"d":"22,344.50"},1384,{"v":0.061939189,"d":"0.06"},"G",430,70217000,{"v":5345.64957426,"d":"5,345.65"},34,77,111,{"v":94.4315688599999,"d":"94.43"},{"v":0.945243625,"d":"0.95"},{"v":104.922042399999,"d":"104.92"},{"v":6.077957622,"d":"6.08"},1,"1_70217000_48955",{"v":5.08467963575,"d":"5.08"},0.0538451250692,{"v":5.64954049554,"d":"5.65"},{"v":0.017665125,"d":"0.02"},"1_70217000_48955_32180","F",{"v":4.2288087051,"d":"4.23"},{"v":0.831676527931,"d":"0.83"},{"v":4.69859022374,"d":"4.70"}]
[7,702,70220,{"v":46679.8740499999,"d":"46,679.87"},3041,{"v":0.065145848,"d":"0.07"},"G",430,70220000,{"v":12284.7392237,"d":"12,284.74"},324,2599,2923,{"v":205.8330138,"d":"205.83"},{"v":0.945243625,"d":"0.95"},{"v":2762.94711599999,"d":"2,762.95"},{"v":160.052884,"d":"160.05"},1,"1_70220000_48990",{"v":163.824152456,"d":"163.82"},0.79590804911,{"v":2199.05184889,"d":"2,199.05"},{"v":0.01675518,"d":"0.02"},"1_70220000_48990_32362","F",{"v":0.0217838937753,"d":"0.02"},{"v":1.32971197767E-4,"d":"0.00"},{"v":0.292410558299,"d":"0.29"}]
[7,702,70223,{"v":13730.85215,"d":"13,730.85"},3314,{"v":0.241354285,"d":"0.24"},"G",410,70223000,{"v":290.531258885,"d":"290.53"},89,518,607,{"v":97.4748967099999,"d":"97.47"},{"v":0.93996673,"d":"0.94"},{"v":570.559805399999,"d":"570.56"},{"v":36.44019463,"d":"36.44"},1,"1_70223000_49025",{"v":96.1569065362999,"d":"96.16"},0.986478670733,{"v":562.845078404999,"d":"562.85"},{"v":0.335505711,"d":"0.34"},"1_70223000_49025_32533","außerhalb GKL",{"v":3.10591481379,"d":"3.11"},{"v":0.0323004860043,"d":"0.03"},{"v":18.1801695776,"d":"18.18"}]
[7,703,70307,{"v":3448.210939,"d":"3,448.21"},1129,{"v":0.327416165,"d":"0.33"},"G",310,70307000,{"v":3448.21093887,"d":"3,448.21"},81,56,137,{"v":67.02103069,"d":"67.02"},{"v":0.967661341,"d":"0.97"},{"v":132.569603699999,"d":"132.57"},{"v":4.430396294,"d":"4.43"},1,"1_70307000_49102",{"v":2.63266364494,"d":"2.63"},0.0392811572403,{"v":5.20748744822,"d":"5.21"},{"v":0.019436465,"d":"0.02"},"1_70307000_49102_32966","G",{"v":1.09905036679,"d":"1.10"},{"v":0.417467065686,"d":"0.42"},{"v":2.17395450461,"d":"2.17"}]
[7,703,70312,{"v":972.357172999999,"d":"972.36"},4088,{"v":4.204216428,"d":"4.20"},"G",101,70312001,{"v":68.890221595,"d":"68.89"},74,184,258,{"v":44.48772554,"d":"44.49"},{"v":0.992934034,"d":"0.99"},{"v":256.1769808,"d":"256.18"},{"v":1.823019218,"d":"1.82"},1,"1_70312001_49128",{"v":44.4877255392,"d":"44.49"},0.999999999982,{"v":256.176980795,"d":"256.18"},{"v":0.645777071,"d":"0.65"},"1_70312001_49128_33143","E",{"v":0.578783002425,"d":"0.58"},{"v":0.0130099481466,"d":"0.01"},{"v":3.3328492365,"d":"3.33"}]
[7,703,70319,{"v":1937.25200199999,"d":"1,937.25"},3967,{"v":2.047745981,"d":"2.05"},"G",310,70319001,{"v":1913.85225818,"d":"1,913.85"},149,1161,1310,{"v":126.191405099999,"d":"126.19"},{"v":0.967661341,"d":"0.97"},{"v":1267.636357,"d":"1,267.64"},{"v":42.3636434,"d":"42.36"},1,"1_70319001_49172",{"v":29.5006770723999,"d":"29.50"},0.233777229511,{"v":296.344515566999,"d":"296.34"},{"v":0.065935813,"d":"0.07"},"1_70319001_49172_33320","F",{"v":5.62254336965,"d":"5.62"},{"v":0.190590316143,"d":"0.19"},{"v":56.4803949092,"d":"56.48"}]
[7,703,70330,{"v":2883.06134299999,"d":"2,883.06"},1427,{"v":0.494959985,"d":"0.49"},"G",310,70330001,{"v":2772.35436626999,"d":"2,772.35"},50,61,111,{"v":11.6770066,"d":"11.68"},{"v":0.967661341,"d":"0.97"},{"v":107.410408799999,"d":"107.41"},{"v":3.589591158,"d":"3.59"},1,"1_70330001_49234",{"v":1.12301335375,"d":"1.12"},0.0961730512125,{"v":10.3299867462999,"d":"10.33"},{"v":0.004211946,"d":"0.00"},"1_70330001_49234_33643","außerhalb GKL",{"v":1.12301335375,"d":"1.12"},{"v":1,"d":"1.00"},{"v":10.3299867462999,"d":"10.33"}]
[7,703,70334,{"v":24887.73628,"d":"24,887.74"},4811,{"v":0.193308059,"d":"0.19"},"G",430,70334001,{"v":4098.58487327999,"d":"4,098.58"},153,369,522,{"v":133.130691899999,"d":"133.13"},{"v":0.945243625,"d":"0.95"},{"v":493.4171723,"d":"493.42"},{"v":28.5828277399999,"d":"28.58"},1,"1_70334001_49271",{"v":61.2052893779,"d":"61.21"},0.459738385675,{"v":226.842814258,"d":"226.84"},{"v":0.032482112,"d":"0.03"},"1_70334001_49271_33929","E",{"v":2.00513276103,"d":"2.01"},{"v":0.0327607757664,"d":"0.03"},{"v":7.43154657213,"d":"7.43"}]
[7,703,70338,{"v":970.205520999999,"d":"970.21"},1056,{"v":1.08842918,"d":"1.09"},"G",310,70338000,{"v":970.205520989999,"d":"970.21"},92,163,255,{"v":45.3170416199999,"d":"45.32"},{"v":0.967661341,"d":"0.97"},{"v":246.753641899999,"d":"246.75"},{"v":8.246358066,"d":"8.25"},1,"1_70338000_49299",{"v":40.4170127489,"d":"40.42"},0.891872269329,{"v":220.072730567,"d":"220.07"},{"v":0.046708703,"d":"0.05"},"1_70338000_49299_34106","E",{"v":2.0751415787,"d":"2.08"},{"v":0.0513432695185,"d":"0.05"},{"v":11.2992535192,"d":"11.30"}]
[7,703,70345,{"v":1068.10747599999,"d":"1,068.11"},1939,{"v":1.815360387,"d":"1.82"},"G",310,70345000,{"v":1068.10747562999,"d":"1,068.11"},119,192,311,{"v":91.41869789,"d":"91.42"},{"v":0.967661341,"d":"0.97"},{"v":300.942677,"d":"300.94"},{"v":10.05732297,"d":"10.06"},1,"1_70345000_49326",{"v":82.4575030703999,"d":"82.46"},0.901976345907,{"v":271.443176128,"d":"271.44"},{"v":0.085589419,"d":"0.09"},"1_70345000_49326_34283","G",{"v":5.67820418476,"d":"5.68"},{"v":0.0688621892893,"d":"0.07"},{"v":18.6921713758,"d":"18.69"}]
[7,703,70355,{"v":2803.8868,"d":"2,803.89"},3646,{"v":1.300337803,"d":"1.30"},"M",310,70355001,{"v":2049.82663067,"d":"2,049.83"},92,389,481,{"v":75.6979871599999,"d":"75.70"},{"v":0.967661341,"d":"0.97"},{"v":465.445105,"d":"465.45"},{"v":15.55489502,"d":"15.55"},1,"1_70355001_49386",{"v":1.05511472727,"d":"1.06"},0.0139384779815,{"v":6.48759634764,"d":"6.49"},{"v":0.03692897,"d":"0.04"},"1_70355001_49386_34716","E",{"v":0.600453323889,"d":"0.60"},{"v":0.569088183844,"d":"0.57"},{"v":3.69201442299,"d":"3.69"}]
[7,703,70357,{"v":4545.57902999999,"d":"4,545.58"},16046,{"v":3.530023325,"d":"3.53"},"M",103,70357005,{"v":3464.0975456,"d":"3,464.10"},154,1631,1785,{"v":232.6016542,"d":"232.60"},{"v":0.991139192,"d":"0.99"},{"v":1769.183457,"d":"1,769.18"},{"v":15.81654286,"d":"15.82"},1,"1_70357005_49406",{"v":124.705104773,"d":"124.71"},0.536131633293,{"v":948.515216396,"d":"948.52"},{"v":0.067146393,"d":"0.07"},"1_70357005_49406_34893","F",{"v":1.81881909946,"d":"1.82"},{"v":0.0145849610789,"d":"0.01"},{"v":13.8340575138999,"d":"13.83"}]
[7,703,70364,{"v":562.648982899999,"d":"562.65"},6938,{"v":12.33095626,"d":"12.33"},"M",101,70364006,{"v":277.769627555,"d":"277.77"},46,38,84,{"v":35.18213171,"d":"35.18"},{"v":0.992934034,"d":"0.99"},{"v":83.40645886,"d":"83.41"},{"v":0.593541141,"d":"0.59"},1,"1_70364006_49455",{"v":2.47191932985,"d":"2.47"},0.0702606468029,{"v":5.86019174704,"d":"5.86"},{"v":0.12665939,"d":"0.13"},"1_70364006_49455_35180","C",{"v":2.32641578845,"d":"2.33"},{"v":0.941137423199,"d":"0.94"},{"v":5.51524576026,"d":"5.52"}]
[7,704,70402,{"v":3132.742995,"d":"3,132.74"},2639,{"v":0.842392754,"d":"0.84"},"G",410,70402000,{"v":275.012971144999,"d":"275.01"},114,504,618,{"v":104.0076016,"d":"104.01"},{"v":0.93996673,"d":"0.94"},{"v":580.8994394,"d":"580.90"},{"v":37.10056059,"d":"37.10"},1,"1_70402000_49510",{"v":97.4678964334,"d":"97.47"},0.93712281539,{"v":544.374118109,"d":"544.37"},{"v":0.378191622,"d":"0.38"},"1_70402000_49510_35502","F",{"v":29.6336215394,"d":"29.63"},{"v":0.304034688587,"d":"0.30"},{"v":165.508615474,"d":"165.51"}]
[7,704,70404,{"v":2085.92695499999,"d":"2,085.93"},1884,{"v":0.903195577,"d":"0.90"},"G",410,70404000,{"v":2085.92695508999,"d":"2,085.93"},176,669,845,{"v":194.6120299,"d":"194.61"},{"v":0.93996673,"d":"0.94"},{"v":794.2718872,"d":"794.27"},{"v":50.7281127899999,"d":"50.73"},1,"1_70404000_49547",{"v":0.599315105273,"d":"0.60"},3.0795378147E-3,{"v":2.44599031179,"d":"2.45"},{"v":0.093297625,"d":"0.09"},"1_70404000_49547_35679","außerhalb GKL",{"v":0.599315105273,"d":"0.60"},{"v":1,"d":"1.00"},{"v":2.44599031179,"d":"2.45"}]
[7,704,70406,{"v":16633.4428499999,"d":"16,633.44"},5630,{"v":0.338474725,"d":"0.34"},"M",410,70406003,{"v":3011.15096581999,"d":"3,011.15"},200,69,269,{"v":90.93305737,"d":"90.93"},{"v":0.93996673,"d":"0.94"},{"v":252.8510505,"d":"252.85"},{"v":16.14894951,"d":"16.15"},1,"1_70406003_49599",{"v":2.83627342757,"d":"2.84"},0.0311907848433,{"v":7.88662271355,"d":"7.89"},{"v":0.030198771,"d":"0.03"},"1_70406003_49599_35856","außerhalb GKL",{"v":2.83627342757,"d":"2.84"},{"v":1,"d":"1.00"},{"v":7.88662271355,"d":"7.89"}]
[7,704,70411,{"v":5797.077296,"d":"5,797.08"},8225,{"v":1.418818411,"d":"1.42"},"ST",220,70411004,{"v":1499.75849005,"d":"1,499.76"},94,60,154,{"v":77.60556803,"d":"77.61"},{"v":0.99140599,"d":"0.99"},{"v":152.6765224,"d":"152.68"},{"v":1.323477555,"d":"1.32"},1,"1_70411004_49693",{"v":2.35416237426,"d":"2.35"},0.0303349673744,{"v":4.63143732584,"d":"4.63"},{"v":0.051745377,"d":"0.05"},"1_70411004_49693_36289","E",{"v":0.00026144027822,"d":"0.00"},{"v":0.000111054479962,"d":"0.00"},{"v":0.000514341863698,"d":"0.00"}]
[7,704,70412,{"v":6928.972778,"d":"6,928.97"},4426,{"v":0.638767122,"d":"0.64"},"G",410,70412000,{"v":467.822684299999,"d":"467.82"},225,910,1135,{"v":191.995472199999,"d":"192.00"},{"v":0.93996673,"d":"0.94"},{"v":1066.862239,"d":"1,066.86"},{"v":68.1377609599999,"d":"68.14"},1,"1_70412000_49720",{"v":2.64595862523,"d":"2.65"},0.0137813595024,{"v":14.7028120552,"d":"14.70"},{"v":0.410402229,"d":"0.41"},"1_70412000_49720_36466","außerhalb GKL",{"v":0.806497683553,"d":"0.81"},{"v":0.304803588334,"d":"0.30"},{"v":4.48146987303,"d":"4.48"}]
[7,704,70416,{"v":5907.01798299999,"d":"5,907.02"},9547,{"v":1.6162131259999999,"d":"1.62"},"M",210,70416001,{"v":43.84914122,"d":"43.85"},50,1105,1155,{"v":30.1399261,"d":"30.14"},{"v":0.980090788,"d":"0.98"},{"v":1132.00486,"d":"1,132.00"},{"v":22.99513985,"d":"23.00"},1,"1_70416001_49792",{"v":30.1399261034,"d":"30.14"},1.00000000011,{"v":1132.00486012,"d":"1,132.00"},{"v":0.687354992,"d":"0.69"},"1_70416001_49792_36718","B",{"v":0.267830357894,"d":"0.27"},{"v":0.00888623140532,"d":"0.01"},{"v":10.059257139,"d":"10.06"}]
[7,704,70416,{"v":5907.01798299999,"d":"5,907.02"},9547,{"v":1.6162131259999999,"d":"1.62"},"M",210,70416004,{"v":2456.08587647,"d":"2,456.09"},185,1422,1607,{"v":172.474954099999,"d":"172.47"},{"v":0.980090788,"d":"0.98"},{"v":1575.00589599999,"d":"1,575.01"},{"v":31.9941036799999,"d":"31.99"},1,"1_70416004_49813",{"v":10.7472147388,"d":"10.75"},0.0623117414055,{"v":98.1413601036999,"d":"98.14"},{"v":0.070223503,"d":"0.07"},"1_70416004_49813_36819","E",{"v":1.94896847204,"d":"1.95"},{"v":0.181346378518,"d":"0.18"},{"v":17.7975802375999,"d":"17.80"}]
[7,705,70505,{"v":3796.22337299999,"d":"3,796.22"},3455,{"v":0.910115043,"d":"0.91"},"G",410,70505001,{"v":3512.6190878,"d":"3,512.62"},150,62,212,{"v":49.71177995,"d":"49.71"},{"v":0.93996673,"d":"0.94"},{"v":199.272946899999,"d":"199.27"},{"v":12.72705315,"d":"12.73"},1,"1_70505001_49905",{"v":0.756936812336,"d":"0.76"},0.0152265079443,{"v":3.03423110906,"d":"3.03"},{"v":0.01415234,"d":"0.01"},"1_70505001_49905_37252","F",{"v":0.279563528797,"d":"0.28"},{"v":0.369335358303,"d":"0.37"},{"v":1.12064883384,"d":"1.12"}]
[7,705,70508,{"v":3997.586624,"d":"3,997.59"},5645,{"v":1.412101983,"d":"1.41"},"G",410,70508003,{"v":673.335179475,"d":"673.34"},63,648,711,{"v":47.8249908499999,"d":"47.82"},{"v":0.93996673,"d":"0.94"},{"v":668.316345299999,"d":"668.32"},{"v":42.68365466,"d":"42.68"},1,"1_70508003_49954",{"v":42.8168889777999,"d":"42.82"},0.8952827427,{"v":598.332090611,"d":"598.33"},{"v":0.071027019,"d":"0.07"},"1_70508003_49954_37429","G",{"v":2.00751962969,"d":"2.01"},{"v":0.0468861628581,"d":"0.05"},{"v":28.0534958436,"d":"28.05"}]
[7,705,70511,{"v":1493.211244,"d":"1,493.21"},5858,{"v":3.923088593,"d":"3.92"},"G",103,70511001,{"v":363.854548879999,"d":"363.85"},104,533,637,{"v":106.219009799999,"d":"106.22"},{"v":0.991139192,"d":"0.99"},{"v":631.3556651,"d":"631.36"},{"v":5.644334901,"d":"5.64"},1,"1_70511001_50000",{"v":66.5149475638999,"d":"66.51"},0.626205682854,{"v":395.358505388,"d":"395.36"},{"v":0.291927118,"d":"0.29"},"1_70511001_50000_37606","F",{"v":0.0282368856469,"d":"0.03"},{"v":4.24519400241E-4,"d":"0.00"},{"v":0.167837355587,"d":"0.17"}]
[7,705,70514,{"v":2189.40837199999,"d":"2,189.41"},4725,{"v":2.158117262,"d":"2.16"},"M",410,70514002,{"v":1909.41540828,"d":"1,909.42"},65,849,914,{"v":92.6175096799999,"d":"92.62"},{"v":0.93996673,"d":"0.94"},{"v":859.1295916,"d":"859.13"},{"v":54.87040839,"d":"54.87"},1,"1_70514002_50049",{"v":19.8435918724,"d":"19.84"},0.21425313573,{"v":184.071208998999,"d":"184.07"},{"v":0.048505689,"d":"0.05"},"1_70514002_50049_38039","F",{"v":0.00465469231434,"d":"0.00"},{"v":2.34569040941E-4,"d":"0.00"},{"v":0.0431774069597,"d":"0.04"}]
[7,705,70518,{"v":721.9571832,"d":"721.96"},2826,{"v":3.914359557,"d":"3.91"},"G",410,70518001,{"v":663.679730449999,"d":"663.68"},96,493,589,{"v":100.408167899999,"d":"100.41"},{"v":0.93996673,"d":"0.94"},{"v":553.6404042,"d":"553.64"},{"v":35.3595957799999,"d":"35.36"},1,"1_70518001_50088",{"v":0.55431077412,"d":"0.55"},0.00552057452808,{"v":3.05641311314,"d":"3.06"},{"v":0.151290093,"d":"0.15"},"1_70518001_50088_38255","F",{"v":0.423263334663,"d":"0.42"},{"v":0.763584895738,"d":"0.76"},{"v":2.33383088833,"d":"2.33"}]
[7,705,70523,{"v":1623.814125,"d":"1,623.81"},542,{"v":0.333782045,"d":"0.33"},"G",410,70523000,{"v":1623.81412455,"d":"1,623.81"},75,40,115,{"v":38.67305335,"d":"38.67"},{"v":0.93996673,"d":"0.94"},{"v":108.096174,"d":"108.10"},{"v":6.903826001,"d":"6.90"},1,"1_70523000_50129",{"v":2.14053998181,"d":"2.14"},0.0553496503738,{"v":5.98308543765,"d":"5.98"},{"v":0.023816182,"d":"0.02"},"1_70523000_50129_38392","G",{"v":0.490986018726,"d":"0.49"},{"v":0.229374841348,"d":"0.23"},{"v":1.37236927303,"d":"1.37"}]
[7,705,70530,{"v":9730.089242,"d":"9,730.09"},4272,{"v":0.439050444,"d":"0.44"},"G",410,70530000,{"v":2487.20352911999,"d":"2,487.20"},236,510,746,{"v":132.693818099999,"d":"132.69"},{"v":0.93996673,"d":"0.94"},{"v":701.215180899999,"d":"701.22"},{"v":44.7848191,"d":"44.78"},1,"1_70530000_50275",{"v":14.2796284947,"d":"14.28"},0.107613366615,{"v":75.4601263381999,"d":"75.46"},{"v":0.053350607,"d":"0.05"},"1_70530000_50275_38825","G",{"v":0.790570398517,"d":"0.79"},{"v":0.0553635130501,"d":"0.06"},{"v":4.17773768929,"d":"4.18"}]
[7,705,70531,{"v":1968.17935899999,"d":"1,968.18"},14059,{"v":7.143149802,"d":"7.14"},"ST",103,70531006,{"v":765.54020901,"d":"765.54"},65,629,694,{"v":93.54765663,"d":"93.55"},{"v":0.991139192,"d":"0.99"},{"v":687.850598999999,"d":"687.85"},{"v":6.149400976,"d":"6.15"},1,"1_70531006_50300",{"v":58.8946731436999,"d":"58.89"},0.629568663346,{"v":433.049182194,"d":"433.05"},{"v":0.122198228,"d":"0.12"},"1_70531006_50300_39002","F",{"v":0.106413704977,"d":"0.11"},{"v":0.0018068477045,"d":"0.00"},{"v":0.782453920783,"d":"0.78"}]
[7,706,70607,{"v":2109.134727,"d":"2,109.13"},1366,{"v":0.647658958,"d":"0.65"},"G",310,70607000,{"v":2109.13472742,"d":"2,109.13"},41,399,440,{"v":95.47856588,"d":"95.48"},{"v":0.967661341,"d":"0.97"},{"v":425.770989999999,"d":"425.77"},{"v":14.22901,"d":"14.23"},1,"1_70607000_50331",{"v":0.61361429024,"d":"0.61"},0.0064267229465,{"v":2.73631219139,"d":"2.74"},{"v":0.045269069,"d":"0.05"},"1_70607000_50331_39179","G",{"v":0.549618858956,"d":"0.55"},{"v":0.895707397461,"d":"0.90"},{"v":2.45093507159,"d":"2.45"}]
[7,706,70619,{"v":973.4375354,"d":"973.44"},1871,{"v":1.922054505,"d":"1.92"},"G",410,70619000,{"v":973.437535444999,"d":"973.44"},99,613,712,{"v":138.1002966,"d":"138.10"},{"v":0.93996673,"d":"0.94"},{"v":669.256312099999,"d":"669.26"},{"v":42.74368793,"d":"42.74"},1,"1_70619000_50414",{"v":106.333668215,"d":"106.33"},0.769974220425,{"v":515.310107173999,"d":"515.31"},{"v":0.141868678,"d":"0.14"},"1_70619000_50414_39612","F",{"v":21.9484876813,"d":"21.95"},{"v":0.206411459792,"d":"0.21"},{"v":106.365911467,"d":"106.37"}]
[7,706,70622,{"v":3128.17976099999,"d":"3,128.18"},1682,{"v":0.537692885,"d":"0.54"},"G",310,70622000,{"v":3128.17976077999,"d":"3,128.18"},57,506,563,{"v":129.9122982,"d":"129.91"},{"v":0.967661341,"d":"0.97"},{"v":544.793334899999,"d":"544.79"},{"v":18.2066650599999,"d":"18.21"},1,"1_70622000_50438",{"v":66.1717993694999,"d":"66.17"},0.509357468741,{"v":277.494554052,"d":"277.49"},{"v":0.041529678,"d":"0.04"},"1_70622000_50438_39792","G",{"v":6.35071961558,"d":"6.35"},{"v":0.0959732042364,"d":"0.10"},{"v":26.6320415104999,"d":"26.63"}]
[7,706,70630,{"v":12496.67754,"d":"12,496.68"},3398,{"v":0.271912273,"d":"0.27"},"G",210,70630001,{"v":153.406219139999,"d":"153.41"},81,1090,1171,{"v":82.3565696099999,"d":"82.36"},{"v":0.980090788,"d":"0.98"},{"v":1147.68631299999,"d":"1,147.69"},{"v":23.31368725,"d":"23.31"},1,"1_70630001_50467",{"v":41.4945045655,"d":"41.49"},0.503839642205,{"v":578.249861304999,"d":"578.25"},{"v":0.536852874,"d":"0.54"},"1_70630001_50467_39965","E",{"v":0.374218281967,"d":"0.37"},{"v":0.00901850223025,"d":"0.01"},{"v":5.21494766382,"d":"5.21"}]
[7,707,70705,{"v":9892.00476999999,"d":"9,892.00"},1779,{"v":0.17984221,"d":"0.18"},"G",410,70705001,{"v":2931.26664854,"d":"2,931.27"},34,494,528,{"v":123.161220599999,"d":"123.16"},{"v":0.93996673,"d":"0.94"},{"v":496.302433699999,"d":"496.30"},{"v":31.69756633,"d":"31.70"},1,"1_70705001_50518",{"v":62.7426026463,"d":"62.74"},0.509434725806,{"v":252.833694229,"d":"252.83"},{"v":0.042016382,"d":"0.04"},"1_70705001_50518_40142","E",{"v":0.00203896364232,"d":"0.00"},{"v":3.2497275477E-5,"d":"0.00"},{"v":0.00821640621115,"d":"0.01"}]
[7,707,70716,{"v":1592.43895599999,"d":"1,592.44"},11905,{"v":7.475953761,"d":"7.48"},"ST",103,70716032,{"v":133.17814745,"d":"133.18"},64,166,230,{"v":56.399599,"d":"56.40"},{"v":0.991139192,"d":"0.99"},{"v":227.9620141,"d":"227.96"},{"v":2.037985914,"d":"2.04"},1,"1_70716032_50595",{"v":49.7800554574999,"d":"49.78"},0.882631372211,{"v":201.206425316999,"d":"201.21"},{"v":0.42348989,"d":"0.42"},"1_70716032_50595_40575","D",{"v":0.0299332635844,"d":"0.03"},{"v":6.01310370374E-4,"d":"0.00"},{"v":0.120987510129,"d":"0.12"}]
[7,707,70719,{"v":5342.98549499999,"d":"5,342.99"},3360,{"v":0.628861898,"d":"0.63"},"M",103,70719000,{"v":240.761874795,"d":"240.76"},102,1153,1255,{"v":128.199534999999,"d":"128.20"},{"v":0.991139192,"d":"0.99"},{"v":1243.87968599999,"d":"1,243.88"},{"v":11.12031444,"d":"11.12"},1,"1_70719000_50640",{"v":115.067054007999,"d":"115.07"},0.897562179208,{"v":1116.45936163999,"d":"1,116.46"},{"v":0.532474401,"d":"0.53"},"1_70719000_50640_40752","F",{"v":3.44515331127,"d":"3.45"},{"v":0.0299403972837,"d":"0.03"},{"v":33.4272368386,"d":"33.43"}]
[7,707,70734,{"v":8878.226855,"d":"8,878.23"},2200,{"v":0.247797228,"d":"0.25"},"G",430,70734000,{"v":417.79433383,"d":"417.79"},108,196,304,{"v":110.738246099999,"d":"110.74"},{"v":0.945243625,"d":"0.95"},{"v":287.354061999999,"d":"287.35"},{"v":16.64593799,"d":"16.65"},1,"1_70734000_50693",{"v":25.8358782668,"d":"25.84"},0.233305828625,{"v":67.0413775436999,"d":"67.04"},{"v":0.265054447,"d":"0.27"},"1_70734000_50693_41073","G",{"v":0.563110885444,"d":"0.56"},{"v":0.0217956935556,"d":"0.02"},{"v":1.46121332049,"d":"1.46"}]
[7,708,70813,{"v":5052.007375,"d":"5,052.01"},676,{"v":0.133808197,"d":"0.13"},"G",310,70813000,{"v":5052.00737546999,"d":"5,052.01"},58,41,99,{"v":67.18721782,"d":"67.19"},{"v":0.967661341,"d":"0.97"},{"v":95.79847275,"d":"95.80"},{"v":3.201527249,"d":"3.20"},1,"1_70813000_50748",{"v":2.65558106614,"d":"2.66"},0.039525093497,{"v":3.78644359231,"d":"3.79"},{"v":0.013299113,"d":"0.01"},"1_70813000_50748_41361","F",{"v":1.78601898087,"d":"1.79"},{"v":0.672552987985,"d":"0.67"},{"v":2.54658395184,"d":"2.55"}]
[7,708,70828,{"v":10072.66904,"d":"10,072.67"},6918,{"v":0.686809025,"d":"0.69"},"M",103,70828000,{"v":43.8302009049999,"d":"43.83"},68,822,890,{"v":43.83020091,"d":"43.83"},{"v":0.991139192,"d":"0.99"},{"v":890,"d":"890.00"},{"v":0,"d":"0.00"},1,"1_70828000_50791",{"v":43.8302009051,"d":"43.83"},0.999999999888,{"v":889.9999999,"d":"890.00"},{"v":1,"d":"1.00"},"1_70828000_50791_41538","G",{"v":0.697939479012,"d":"0.70"},{"v":0.0159237116098,"d":"0.02"},{"v":14.1721033311,"d":"14.17"}]
[7,708,70836,{"v":8200.71677799999,"d":"8,200.72"},1252,{"v":0.152669582,"d":"0.15"},"G",310,70836000,{"v":8200.71677801,"d":"8,200.72"},56,219,275,{"v":113.4638841,"d":"113.46"},{"v":0.967661341,"d":"0.97"},{"v":266.106868799999,"d":"266.11"},{"v":8.893131248,"d":"8.89"},1,"1_70836000_50827",{"v":113.463884096,"d":"113.46"},0.999999999965,{"v":266.106868791,"d":"266.11"},{"v":0.01383585,"d":"0.01"},"1_70836000_50827_41715","G",{"v":16.0550717779999,"d":"16.06"},{"v":0.141499402263,"d":"0.14"},{"v":37.653962872,"d":"37.65"}]
[7,709,70914,{"v":2146.750716,"d":"2,146.75"},713,{"v":0.332129853,"d":"0.33"},"G",430,70914000,{"v":2146.75071557,"d":"2,146.75"},61,47,108,{"v":36.2731020399999,"d":"36.27"},{"v":0.945243625,"d":"0.95"},{"v":102.086311499999,"d":"102.09"},{"v":5.913688497,"d":"5.91"},1,"1_70914000_50912",{"v":22.1729279911,"d":"22.17"},0.611277413403,{"v":62.4030564376,"d":"62.40"},{"v":0.016896746,"d":"0.02"},"1_70914000_50912_42148","G",{"v":4.41412240551,"d":"4.41"},{"v":0.199077109134,"d":"0.20"},{"v":12.4230200767,"d":"12.42"}]
[7,709,70920,{"v":17862.88735,"d":"17,862.89"},3937,{"v":0.220401099,"d":"0.22"},"M",430,70920000,{"v":200.843105755,"d":"200.84"},186,1289,1475,{"v":86.73060082,"d":"86.73"},{"v":0.945243625,"d":"0.95"},{"v":1394.234347,"d":"1,394.23"},{"v":80.76565309,"d":"80.77"},1,"1_70920000_50953",{"v":86.730600816,"d":"86.73"},0.999999999954,{"v":1394.23434694,"d":"1,394.23"},{"v":0.431832601,"d":"0.43"},"1_70920000_50953_42325","G",{"v":1.68179265897E-3,"d":"0.00"},{"v":1.9390995141e-05,"d":"0.00"},{"v":0.0270355914465,"d":"0.03"}]
[7,709,70926,{"v":2019.48605599999,"d":"2,019.49"},13791,{"v":6.8289652,"d":"6.83"},"ST",103,70926020,{"v":95.290019555,"d":"95.29"},151,927,1078,{"v":66.34275404,"d":"66.34"},{"v":0.991139192,"d":"0.99"},{"v":1068.448049,"d":"1,068.45"},{"v":9.551951372,"d":"9.55"},1,"1_70926020_51010",{"v":66.34275404,"d":"66.34"},1,{"v":1068.448049,"d":"1,068.45"},{"v":0.696219335,"d":"0.70"},"1_70926020_51010_42610","G",{"v":0.106370758096,"d":"0.11"},{"v":1.60335155866E-3,"d":"0.00"},{"v":1.71309784471,"d":"1.71"}]
[7,709,70935,{"v":671.098737,"d":"671.10"},1853,{"v":2.761143626,"d":"2.76"},"G",410,70935000,{"v":671.09873701,"d":"671.10"},102,508,610,{"v":88.0854690299999,"d":"88.09"},{"v":0.93996673,"d":"0.94"},{"v":573.379705599999,"d":"573.38"},{"v":36.62029444,"d":"36.62"},1,"1_70935000_51064",{"v":86.1825130539999,"d":"86.18"},0.978396482451,{"v":560.992687068,"d":"560.99"},{"v":0.131255602,"d":"0.13"},"1_70935000_51064_42934","E",{"v":0.0447586153526,"d":"0.04"},{"v":0.000519346834602,"d":"0.00"},{"v":0.291349776264,"d":"0.29"}]
[7,709,70938,{"v":5538.301349,"d":"5,538.30"},2499,{"v":0.451221384,"d":"0.45"},"G",310,70938000,{"v":5538.30134904999,"d":"5,538.30"},198,208,406,{"v":133.598400099999,"d":"133.60"},{"v":0.967661341,"d":"0.97"},{"v":392.8705044,"d":"392.87"},{"v":13.1294955899999,"d":"13.13"},1,"1_70938000_51092",{"v":133.598400120999,"d":"133.60"},1.00000000016,{"v":392.870504462999,"d":"392.87"},{"v":0.024122631,"d":"0.02"},"1_70938000_51092_43111","G",{"v":5.38168638891,"d":"5.38"},{"v":0.0402825661388,"d":"0.04"},{"v":15.82583208,"d":"15.83"}]
[8,801,80101,{"v":2719.15309399999,"d":"2,719.15"},2359,{"v":0.867549534,"d":"0.87"},"G",410,80101000,{"v":2589.92177665,"d":"2,589.92"},93,143,236,{"v":206.119915899999,"d":"206.12"},{"v":0.93996673,"d":"0.94"},{"v":221.832148399999,"d":"221.83"},{"v":14.16785162,"d":"14.17"},1,"1_80101000_51107",{"v":25.9913449579999,"d":"25.99"},0.126098173699,{"v":27.972628781,"d":"27.97"},{"v":0.079585383,"d":"0.08"},"1_80101000_51107_43288","G",{"v":0.150441161807,"d":"0.15"},{"v":0.00578812531826,"d":"0.01"},{"v":0.161909080866,"d":"0.16"}]
[8,801,80108,{"v":9424.294334,"d":"9,424.29"},1600,{"v":0.169773984,"d":"0.17"},"G",310,80108000,{"v":4937.31355693,"d":"4,937.31"},70,137,207,{"v":119.658983599999,"d":"119.66"},{"v":0.967661341,"d":"0.97"},{"v":200.3058976,"d":"200.31"},{"v":6.69410243,"d":"6.69"},1,"1_80108000_51174",{"v":111.876986572999,"d":"111.88"},0.934965208688,{"v":187.279045351,"d":"187.28"},{"v":0.024235646,"d":"0.02"},"1_80108000_51174_43721","außerhalb GKL",{"v":0.0104697260556,"d":"0.01"},{"v":9.3582481762e-05,"d":"0.00"},{"v":0.017526037846,"d":"0.02"}]
[8,801,80111,{"v":1992.12273,"d":"1,992.12"},997,{"v":0.500471173,"d":"0.50"},"G",310,80111000,{"v":1992.12272959,"d":"1,992.12"},49,173,222,{"v":83.39135846,"d":"83.39"},{"v":0.967661341,"d":"0.97"},{"v":214.820817699999,"d":"214.82"},{"v":7.179182316,"d":"7.18"},1,"1_80111000_51187",{"v":79.7953903381999,"d":"79.80"},0.956878408168,{"v":205.557402082,"d":"205.56"},{"v":0.041860553,"d":"0.04"},"1_80111000_51187_43898","E",{"v":0.0375014118544,"d":"0.04"},{"v":0.000469969652325,"d":"0.00"},{"v":0.0966057407893,"d":"0.10"}]
[8,801,80116,{"v":11008.55584,"d":"11,008.56"},6200,{"v":0.563198306,"d":"0.56"},"M",410,80116002,{"v":2174.97550275,"d":"2,174.98"},26,126,152,{"v":53.4448009199999,"d":"53.44"},{"v":0.93996673,"d":"0.94"},{"v":142.874943,"d":"142.87"},{"v":9.125056975,"d":"9.13"},1,"1_80116002_51216",{"v":40.7226881357999,"d":"40.72"},0.761957897397,{"v":108.864691159,"d":"108.86"},{"v":0.024572599,"d":"0.02"},"1_80116002_51216_44148","G",{"v":0.0658684528963,"d":"0.07"},{"v":0.0016174878406,"d":"0.00"},{"v":0.17608731422,"d":"0.18"}]
[8,801,80117,{"v":2206.861185,"d":"2,206.86"},4992,{"v":2.26203625,"d":"2.26"},"G",103,80117001,{"v":565.4135311,"d":"565.41"},38,1349,1387,{"v":103.6623703,"d":"103.66"},{"v":0.991139192,"d":"0.99"},{"v":1374.710059,"d":"1,374.71"},{"v":12.28994114,"d":"12.29"},1,"1_80117001_51239",{"v":84.1668281144,"d":"84.17"},0.811932313248,{"v":1116.17151824999,"d":"1,116.17"},{"v":0.183339033,"d":"0.18"},"1_80117001_51239_44251","B",{"v":1.14752783417,"d":"1.15"},{"v":0.0136339679168,"d":"0.01"},{"v":15.2178466695,"d":"15.22"}]
[8,801,80127,{"v":1039.82154399999,"d":"1,039.82"},719,{"v":0.691464804,"d":"0.69"},"G",410,80127000,{"v":1039.82154437999,"d":"1,039.82"},61,107,168,{"v":77.55546578,"d":"77.56"},{"v":0.93996673,"d":"0.94"},{"v":157.914410699999,"d":"157.91"},{"v":10.08558929,"d":"10.09"},1,"1_80127000_51278",{"v":74.1726505321999,"d":"74.17"},0.956381987861,{"v":151.026498016999,"d":"151.03"},{"v":0.074585362,"d":"0.07"},"1_80127000_51278_44684","außerhalb GKL",{"v":0.0509874492119,"d":"0.05"},{"v":0.000687415763709,"d":"0.00"},{"v":0.103817995475,"d":"0.10"}]
[8,802,80201,{"v":2111.746445,"d":"2,111.75"},3233,{"v":1.530960313,"d":"1.53"},"G",310,80201000,{"v":893.123611099999,"d":"893.12"},178,627,805,{"v":135.550916099999,"d":"135.55"},{"v":0.967661341,"d":"0.97"},{"v":778.9673794,"d":"778.97"},{"v":26.03262056,"d":"26.03"},1,"1_80201000_51296",{"v":135.550916051999,"d":"135.55"},0.999999999646,{"v":778.967379123999,"d":"778.97"},{"v":0.151771731,"d":"0.15"},"1_80201000_51296_44861","E",{"v":0.289698118244,"d":"0.29"},{"v":0.00213719041288,"d":"0.00"},{"v":1.66480161461,"d":"1.66"}]
[8,802,80204,{"v":3440.86780499999,"d":"3,440.87"},1997,{"v":0.580376845,"d":"0.58"},"M",410,80204000,{"v":3440.86780494999,"d":"3,440.87"},212,972,1184,{"v":143.0942272,"d":"143.09"},{"v":0.93996673,"d":"0.94"},{"v":1112.920609,"d":"1,112.92"},{"v":71.0793911699999,"d":"71.08"},1,"1_80204000_51308",{"v":143.094227219,"d":"143.09"},1.00000000013,{"v":1112.92060913999,"d":"1,112.92"},{"v":0.041586668,"d":"0.04"},"1_80204000_51308_45038","E",{"v":2.6054262933E-5,"d":"0.00"},{"v":1.82077666E-7,"d":"0.00"},{"v":0.000202637987131,"d":"0.00"}]
[8,802,80214,{"v":579.800010499999,"d":"579.80"},1843,{"v":3.178682247,"d":"3.18"},"G",310,80214000,{"v":579.800010475,"d":"579.80"},86,646,732,{"v":113.9935392,"d":"113.99"},{"v":0.967661341,"d":"0.97"},{"v":708.328101599999,"d":"708.33"},{"v":23.67189845,"d":"23.67"},1,"1_80214000_51363",{"v":113.434989053999,"d":"113.43"},0.995100159624,{"v":704.857406967999,"d":"704.86"},{"v":0.196608377,"d":"0.20"},"1_80214000_51363_45471","F",{"v":11.1743153053,"d":"11.17"},{"v":0.0985085413107,"d":"0.10"},{"v":69.4344749925,"d":"69.43"}]
[8,802,80217,{"v":2100.18984499999,"d":"2,100.19"},8108,{"v":3.860603372,"d":"3.86"},"G",101,80217000,{"v":142.698760039999,"d":"142.70"},106,2147,2253,{"v":86.3743021399999,"d":"86.37"},{"v":0.992934034,"d":"0.99"},{"v":2237.08037899999,"d":"2,237.08"},{"v":15.91962131,"d":"15.92"},1,"1_80217000_51385",{"v":84.4234054557999,"d":"84.42"},0.977413459375,{"v":2186.55247214,"d":"2,186.55"},{"v":0.605291189,"d":"0.61"},"1_80217000_51385_45685","E",{"v":7.63967563764,"d":"7.64"},{"v":0.0904923888866,"d":"0.09"},{"v":197.86635663,"d":"197.87"}]
[8,802,80218,{"v":873.3080549,"d":"873.31"},6512,{"v":7.456704382,"d":"7.46"},"M",101,80218002,{"v":347.79990104,"d":"347.80"},73,49,122,{"v":88.02598489,"d":"88.03"},{"v":0.992934034,"d":"0.99"},{"v":121.1379522,"d":"121.14"},{"v":0.862047847,"d":"0.86"},1,"1_80218002_51399",{"v":23.8374765904,"d":"23.84"},0.270800453073,{"v":32.8042123401,"d":"32.80"},{"v":0.253093761,"d":"0.25"},"1_80218002_51399_45824","F",{"v":0.000627256593002,"d":"0.00"},{"v":2.6313883964E-5,"d":"0.00"},{"v":0.000863206237058,"d":"0.00"}]
[8,802,80227,{"v":4054.791117,"d":"4,054.79"},1297,{"v":0.319868512,"d":"0.32"},"G",410,80227000,{"v":4054.79111683,"d":"4,054.79"},131,509,640,{"v":125.228960599999,"d":"125.23"},{"v":0.93996673,"d":"0.94"},{"v":601.578707499999,"d":"601.58"},{"v":38.42129252,"d":"38.42"},1,"1_80227000_51445",{"v":123.309690285,"d":"123.31"},0.984673910046,{"v":592.358858113999,"d":"592.36"},{"v":0.030884195,"d":"0.03"},"1_80227000_51445_46257","außerhalb GKL",{"v":0.000335796491415,"d":"0.00"},{"v":2.723196293E-6,"d":"0.00"},{"v":1.61310944625E-3,"d":"0.00"}]
[8,802,80230,{"v":1021.747695,"d":"1,021.75"},660,{"v":0.645952032,"d":"0.65"},"G",410,80230000,{"v":1021.74769523999,"d":"1,021.75"},47,499,546,{"v":59.31891645,"d":"59.32"},{"v":0.93996673,"d":"0.94"},{"v":513.2218348,"d":"513.22"},{"v":32.77816519,"d":"32.78"},1,"1_80230000_51462",{"v":1.2252922779,"d":"1.23"},0.02065601247,{"v":10.6011166195,"d":"10.60"},{"v":0.058056325,"d":"0.06"},"1_80230000_51462_46434","F",{"v":1.19985882879,"d":"1.20"},{"v":0.979242953238,"d":"0.98"},{"v":10.3810687461,"d":"10.38"}]
[8,802,80235,{"v":490.930507299999,"d":"490.93"},3927,{"v":7.999095477,"d":"8.00"},"G",101,80235002,{"v":195.929772589999,"d":"195.93"},70,1095,1165,{"v":63.3763848299999,"d":"63.38"},{"v":0.992934034,"d":"0.99"},{"v":1156.76815,"d":"1,156.77"},{"v":8.231850343,"d":"8.23"},1,"1_80235002_51486",{"v":51.8333879141,"d":"51.83"},0.81786596148,{"v":946.081295209,"d":"946.08"},{"v":0.323464801,"d":"0.32"},"1_80235002_51486_46611","C",{"v":8.15417924289,"d":"8.15"},{"v":0.157315189515,"d":"0.16"},{"v":148.832958251999,"d":"148.83"}]
[8,803,80301,{"v":12082.88348,"d":"12,082.88"},49872,{"v":4.127491594,"d":"4.13"},"ST",101,80301023,{"v":300.199920809999,"d":"300.20"},88,1698,1786,{"v":93.93169174,"d":"93.93"},{"v":0.992934034,"d":"0.99"},{"v":1773.38018499999,"d":"1,773.38"},{"v":12.6198152,"d":"12.62"},1,"1_80301023_51523",{"v":93.9316917356999,"d":"93.93"},0.999999999954,{"v":1773.38018491999,"d":"1,773.38"},{"v":0.312897124,"d":"0.31"},"1_80301023_51523_47044","G",{"v":3.74177439314,"d":"3.74"},{"v":0.0398350580512,"d":"0.04"},{"v":70.6427026130999,"d":"70.64"}]
[8,803,80301,{"v":12082.88348,"d":"12,082.88"},49872,{"v":4.127491594,"d":"4.13"},"ST",101,80301060,{"v":184.732939735,"d":"184.73"},114,1210,1324,{"v":105.395897,"d":"105.40"},{"v":0.992934034,"d":"0.99"},{"v":1314.644661,"d":"1,314.64"},{"v":9.35533893,"d":"9.36"},1,"1_80301060_51546",{"v":105.395896961,"d":"105.40"},0.99999999963,{"v":1314.64466050999,"d":"1,314.64"},{"v":0.570531152,"d":"0.57"},"1_80301060_51546_47222","D",{"v":16.1389260135,"d":"16.14"},{"v":0.153126701123,"d":"0.15"},{"v":201.307200012999,"d":"201.31"}]
[8,803,80302,{"v":2919.09603199999,"d":"2,919.10"},16731,{"v":5.731568888,"d":"5.73"},"ST",101,80302020,{"v":150.400115935,"d":"150.40"},105,287,392,{"v":96.3398936199999,"d":"96.34"},{"v":0.992934034,"d":"0.99"},{"v":389.2301413,"d":"389.23"},{"v":2.769858656,"d":"2.77"},1,"1_80302020_51560",{"v":95.5740915254999,"d":"95.57"},0.992051038612,{"v":386.136165935999,"d":"386.14"},{"v":0.64055731,"d":"0.64"},"1_80302020_51560_47397","F",{"v":4.68421052256,"d":"4.68"},{"v":0.0490113005292,"d":"0.05"},{"v":18.9250356738999,"d":"18.93"}]
[8,803,80303,{"v":2224.87892,"d":"2,224.88"},23309,{"v":10.47652517,"d":"10.48"},"M",101,80303023,{"v":771.989911344999,"d":"771.99"},97,3911,4008,{"v":94.83535609,"d":"94.84"},{"v":0.992934034,"d":"0.99"},{"v":3979.67960799999,"d":"3,979.68"},{"v":28.32039157,"d":"28.32"},1,"1_80303023_51583",{"v":1.48194618022,"d":"1.48"},0.0156265156933,{"v":62.1885258487,"d":"62.19"},{"v":0.122845331,"d":"0.12"},"1_80303023_51583_47574","F",{"v":1.43665592027,"d":"1.44"},{"v":0.969438660759,"d":"0.97"},{"v":60.2879612133,"d":"60.29"}]
[8,804,80404,{"v":3432.762486,"d":"3,432.76"},34210,{"v":9.965734636,"d":"9.97"},"ST",101,80404071,{"v":295.804789449999,"d":"295.80"},97,157,254,{"v":88.48370774,"d":"88.48"},{"v":0.992934034,"d":"0.99"},{"v":252.205244599999,"d":"252.21"},{"v":1.794755354,"d":"1.79"},1,"1_80404071_51640",{"v":88.4837077394,"d":"88.48"},0.999999999993,{"v":252.205244598,"d":"252.21"},{"v":0.299128719,"d":"0.30"},"1_80404071_51640_48007","D",{"v":3.7913472335e-05,"d":"0.00"},{"v":4.28479698E-7,"d":"0.00"},{"v":1.08064826939E-4,"d":"0.00"}]
[8,804,80407,{"v":904.917575299999,"d":"904.92"},3324,{"v":3.673262727,"d":"3.67"},"G",310,80407000,{"v":627.065838265,"d":"627.07"},129,307,436,{"v":135.383104,"d":"135.38"},{"v":0.967661341,"d":"0.97"},{"v":421.900344599999,"d":"421.90"},{"v":14.09965536,"d":"14.10"},1,"1_80407000_51660",{"v":129.179454912,"d":"129.18"},0.954177080413,{"v":402.567639036,"d":"402.57"},{"v":0.215899345,"d":"0.22"},"1_80407000_51660_48184","F",{"v":0.00566174880966,"d":"0.01"},{"v":4.382855473e-05,"d":"0.00"},{"v":0.0176439578002,"d":"0.02"}]
[8,804,80408,{"v":1461.99055199999,"d":"1,461.99"},11765,{"v":8.04724762799999,"d":"8.05"},"M",101,80408006,{"v":151.958752465,"d":"151.96"},31,269,300,{"v":61.9880566699999,"d":"61.99"},{"v":0.992934034,"d":"0.99"},{"v":297.8802102,"d":"297.88"},{"v":2.119789788,"d":"2.12"},1,"1_80408006_51676",{"v":23.4360613636999,"d":"23.44"},0.378073819743,{"v":112.620708895999,"d":"112.62"},{"v":0.40792686,"d":"0.41"},"1_80408006_51676_48361","E",{"v":0.00429326419917,"d":"0.00"},{"v":1.83190517064E-4,"d":"0.00"},{"v":0.0206310458948,"d":"0.02"}]
[8,804,80414,{"v":2185.43249999999,"d":"2,185.43"},11928,{"v":5.457958551,"d":"5.46"},"M",101,80414009,{"v":60.3120248399999,"d":"60.31"},60,227,287,{"v":60.0486217699999,"d":"60.05"},{"v":0.992934034,"d":"0.99"},{"v":284.972067799999,"d":"284.97"},{"v":2.02793223,"d":"2.03"},1,"1_80414009_51734",{"v":60.0486217711999,"d":"60.05"},1.00000000002,{"v":284.972067805999,"d":"284.97"},{"v":0.995632661,"d":"1.00"},"1_80414009_51734_48760","F",{"v":0.36217884227,"d":"0.36"},{"v":0.00603142639393,"d":"0.01"},{"v":1.7187880513,"d":"1.72"}]
[8,804,80423,{"v":308.006056899999,"d":"308.01"},2133,{"v":6.92518849,"d":"6.93"},"G",101,80423000,{"v":308.006056899999,"d":"308.01"},111,708,819,{"v":121.298798099999,"d":"121.30"},{"v":0.992934034,"d":"0.99"},{"v":813.212973899999,"d":"813.21"},{"v":5.787026121,"d":"5.79"},1,"1_80423000_51751",{"v":118.038972237999,"d":"118.04"},0.973125654062,{"v":791.358407117999,"d":"791.36"},{"v":0.393819522,"d":"0.39"},"1_80423000_51751_48970","G",{"v":0.000598387573117,"d":"0.00"},{"v":5.069406839E-6,"d":"0.00"},{"v":4.01171772104E-3,"d":"0.00"}]
[1,104,10412,{"v":885.050597899999,"d":"885.05"},938,{"v":1.059826412,"d":"1.06"},"M",430,10412000,{"v":885.05059787,"d":"885.05"},62,133,195,{"v":186.372089399999,"d":"186.37"},{"v":0.945243625,"d":"0.95"},{"v":184.3225069,"d":"184.32"},{"v":10.6774931199999,"d":"10.68"},0,"0_10412000_66",{"v":698.678508461999,"d":"698.68"},0,{"v":10.6774931199999,"d":"10.68"},{"v":0.210577892,"d":"0.21"},"0_10412000_66_49147","außerhalb GKL",{"v":351.927402733,"d":"351.93"},{"v":0.503704348238,"d":"0.50"},{"v":5.37829971283,"d":"5.38"}]
[1,108,10804,{"v":4246.21216699999,"d":"4,246.21"},1368,{"v":0.322169488,"d":"0.32"},"G",430,10804001,{"v":1512.27453506,"d":"1,512.27"},31,26,57,{"v":85.82503483,"d":"85.83"},{"v":0.945243625,"d":"0.95"},{"v":53.8788866299999,"d":"53.88"},{"v":3.121113373,"d":"3.12"},0,"0_10804001_207",{"v":1426.4495002199901,"d":"1,426.45"},0,{"v":3.121113373,"d":"3.12"},{"v":0.056752285,"d":"0.06"},"0_10804001_207_49580","G",{"v":0.105474393313,"d":"0.11"},{"v":7.3941904916e-05,"d":"0.00"},{"v":0.000230781068259,"d":"0.00"}]
[1,108,10811,{"v":3839.112763,"d":"3,839.11"},1781,{"v":0.46390927,"d":"0.46"},"G",430,10811001,{"v":406.982718794999,"d":"406.98"},23,43,66,{"v":65.20093461,"d":"65.20"},{"v":0.945243625,"d":"0.95"},{"v":62.38607925,"d":"62.39"},{"v":3.613920748,"d":"3.61"},0,"0_10811001_224",{"v":341.781784189,"d":"341.78"},0,{"v":3.613920748,"d":"3.61"},{"v":0.160205659,"d":"0.16"},"0_10811001_224_49757","E",{"v":0.159778111284,"d":"0.16"},{"v":0.000467485742879,"d":"0.00"},{"v":1.68945642558E-3,"d":"0.00"}]
[1,108,10822,{"v":1736.85818999999,"d":"1,736.86"},1364,{"v":0.78532606,"d":"0.79"},"M",430,10822000,{"v":1736.85819018999,"d":"1,736.86"},94,780,874,{"v":187.751739799999,"d":"187.75"},{"v":0.945243625,"d":"0.95"},{"v":826.142928299999,"d":"826.14"},{"v":47.85707173,"d":"47.86"},0,"0_10822000_251",{"v":1549.10645034999,"d":"1,549.11"},0,{"v":47.85707173,"d":"47.86"},{"v":0.108098485,"d":"0.11"},"0_10822000_251_50040","E",{"v":2.60859407458,"d":"2.61"},{"v":1.68393467989E-3,"d":"0.00"},{"v":0.0805881827641,"d":"0.08"}]
[1,109,10907,{"v":2066.047331,"d":"2,066.05"},1516,{"v":0.733768282,"d":"0.73"},"G",420,10907000,{"v":2066.04733131,"d":"2,066.05"},82,318,400,{"v":264.8601621,"d":"264.86"},{"v":0.954532045,"d":"0.95"},{"v":381.8128181,"d":"381.81"},{"v":18.18718193,"d":"18.19"},0,"0_10907000_284",{"v":1801.18716921999,"d":"1,801.19"},0,{"v":18.18718193,"d":"18.19"},{"v":0.128196561,"d":"0.13"},"0_10907000_284_50366","F",{"v":27.6775725974999,"d":"27.68"},{"v":0.0153662945587,"d":"0.02"},{"v":0.279469594729,"d":"0.28"}]
[1,109,10916,{"v":4435.736909,"d":"4,435.74"},2444,{"v":0.550979477,"d":"0.55"},"G",420,10916000,{"v":1236.74876302,"d":"1,236.75"},101,535,636,{"v":147.880675999999,"d":"147.88"},{"v":0.954532045,"d":"0.95"},{"v":607.0823807,"d":"607.08"},{"v":28.9176192699999,"d":"28.92"},0,"0_10916000_307",{"v":1088.86808702999,"d":"1,088.87"},0,{"v":28.9176192699999,"d":"28.92"},{"v":0.119572124,"d":"0.12"},"0_10916000_307_50543","G",{"v":0.00913688440488,"d":"0.01"},{"v":8.391176593e-06,"d":"0.00"},{"v":0.000242652849947,"d":"0.00"}]
[1,109,10918,{"v":2741.47994199999,"d":"2,741.48"},5924,{"v":2.160876652,"d":"2.16"},"ST",220,10918002,{"v":1743.04724994999,"d":"1,743.05"},82,953,1035,{"v":143.7107923,"d":"143.71"},{"v":0.99140599,"d":"0.99"},{"v":1026.10519999999,"d":"1,026.11"},{"v":8.894800449,"d":"8.89"},0,"0_10918002_319",{"v":1599.33645761999,"d":"1,599.34"},0,{"v":8.894800449,"d":"8.89"},{"v":0.082448019,"d":"0.08"},"0_10918002_319_50720","G",{"v":0.182051235024,"d":"0.18"},{"v":0.000113829228463,"d":"0.00"},{"v":1.01248827244E-3,"d":"0.00"}]
[1,109,10926,{"v":3980.98576,"d":"3,980.99"},809,{"v":0.203215999,"d":"0.20"},"G",420,10926006,{"v":1261.34155157,"d":"1,261.34"},10,7,17,{"v":16.9570773899999,"d":"16.96"},{"v":0.954532045,"d":"0.95"},{"v":16.2270447699999,"d":"16.23"},{"v":0.772955232,"d":"0.77"},0,"0_10926006_348",{"v":1244.38447418,"d":"1,244.38"},0,{"v":0.772955232,"d":"0.77"},{"v":0.013443684,"d":"0.01"},"0_10926006_348_50897","außerhalb GKL",{"v":1244.38447418,"d":"1,244.38"},{"v":1,"d":"1.00"},{"v":0.772955232,"d":"0.77"}]
[2,201,20101,{"v":12003.30138,"d":"12,003.30"},101300,{"v":8.439344879,"d":"8.44"},"SR",101,20101500,{"v":341.506021294999,"d":"341.51"},75,3937,4012,{"v":210.405243399999,"d":"210.41"},{"v":0.992934034,"d":"0.99"},{"v":3983.651345,"d":"3,983.65"},{"v":28.34865543,"d":"28.35"},0,"0_20101500_395",{"v":131.100777904,"d":"131.10"},0,{"v":28.34865543,"d":"28.35"},{"v":0.616109908,"d":"0.62"},"0_20101500_395_51330","G",{"v":0.933118813275,"d":"0.93"},{"v":0.00711756885194,"d":"0.01"},{"v":0.201773506883,"d":"0.20"}]
[2,201,20101,{"v":12003.30138,"d":"12,003.30"},101300,{"v":8.439344879,"d":"8.44"},"SR",101,20101682,{"v":110.915304225,"d":"110.92"},19,259,278,{"v":29.47330793,"d":"29.47"},{"v":0.992934034,"d":"0.99"},{"v":276.0356615,"d":"276.04"},{"v":1.964338537,"d":"1.96"},0,"0_20101682_418",{"v":81.4419962957999,"d":"81.44"},0,{"v":1.964338537,"d":"1.96"},{"v":0.265728054,"d":"0.27"},"0_20101682_418_51578","außerhalb GKL",{"v":22.5148014136,"d":"22.51"},{"v":0.276451983468,"d":"0.28"},{"v":0.543045284756,"d":"0.54"}]
[2,201,20101,{"v":12003.30138,"d":"12,003.30"},101300,{"v":8.439344879,"d":"8.44"},"SR",101,20101740,{"v":271.201059429999,"d":"271.20"},87,91,178,{"v":82.5380276199999,"d":"82.54"},{"v":0.992934034,"d":"0.99"},{"v":176.742258099999,"d":"176.74"},{"v":1.257741941,"d":"1.26"},0,"0_20101740_425",{"v":188.663031808,"d":"188.66"},0,{"v":1.257741941,"d":"1.26"},{"v":0.304342571,"d":"0.30"},"0_20101740_425_51683","F",{"v":10.914214498,"d":"10.91"},{"v":0.0578503079984,"d":"0.06"},{"v":0.0727607586694,"d":"0.07"}]
[2,202,20201,{"v":13490.3313699999,"d":"13,490.33"},62882,{"v":4.6612643,"d":"4.66"},"SR",102,20201166,{"v":80.9926425,"d":"80.99"},47,116,163,{"v":33.37473567,"d":"33.37"},{"v":0.988126829,"d":"0.99"},{"v":161.064673099999,"d":"161.06"},{"v":1.935326863,"d":"1.94"},0,"0_20201166_463",{"v":47.6179068285999,"d":"47.62"},0,{"v":1.935326863,"d":"1.94"},{"v":0.412071204,"d":"0.41"},"0_20201166_463_52116","G",{"v":17.3766803442999,"d":"17.38"},{"v":0.364919029449,"d":"0.36"},{"v":0.706237600513,"d":"0.71"}]
[2,202,20201,{"v":13490.3313699999,"d":"13,490.33"},62882,{"v":4.6612643,"d":"4.66"},"SR",102,20201243,{"v":48.0054107149999,"d":"48.01"},20,37,57,{"v":26.913792,"d":"26.91"},{"v":0.988126829,"d":"0.99"},{"v":56.3232292599999,"d":"56.32"},{"v":0.676770743,"d":"0.68"},0,"0_20201243_474",{"v":21.0916187133999,"d":"21.09"},0,{"v":0.676770743,"d":"0.68"},{"v":0.560640803,"d":"0.56"},"0_20201243_474_52293","E",{"v":0.000176677162284,"d":"0.00"},{"v":8.376652579e-06,"d":"0.00"},{"v":5.66907339e-06,"d":"0.00"}]
[2,202,20201,{"v":13490.3313699999,"d":"13,490.33"},62882,{"v":4.6612643,"d":"4.66"},"SR",102,20201321,{"v":1179.54890023,"d":"1,179.55"},142,332,474,{"v":164.565162399999,"d":"164.57"},{"v":0.988126829,"d":"0.99"},{"v":468.372117,"d":"468.37"},{"v":5.627883024,"d":"5.63"},0,"0_20201321_480",{"v":1014.98373788,"d":"1,014.98"},0,{"v":5.627883024,"d":"5.63"},{"v":0.139515337,"d":"0.14"},"0_20201321_480_52470","außerhalb GKL",{"v":219.369623544,"d":"219.37"},{"v":0.216131170734,"d":"0.22"},{"v":1.21636094673,"d":"1.22"}]
[2,204,20405,{"v":11731.2307799999,"d":"11,731.23"},7123,{"v":0.607182668,"d":"0.61"},"ST",410,20405002,{"v":139.671332844999,"d":"139.67"},47,158,205,{"v":87.6619257499999,"d":"87.66"},{"v":0.93996673,"d":"0.94"},{"v":192.6931797,"d":"192.69"},{"v":12.30682026,"d":"12.31"},0,"0_20405002_518",{"v":52.0094070955,"d":"52.01"},0,{"v":12.30682026,"d":"12.31"},{"v":0.627630051,"d":"0.63"},"0_20405002_518_52903","G",{"v":6.44589315693,"d":"6.45"},{"v":0.123937062868,"d":"0.12"},{"v":1.52527115627,"d":"1.53"}]
[2,204,20412,{"v":2835.49267899999,"d":"2,835.49"},2440,{"v":0.860520649,"d":"0.86"},"G",310,20412000,{"v":1848.32953618,"d":"1,848.33"},125,265,390,{"v":65.7094108699999,"d":"65.71"},{"v":0.967661341,"d":"0.97"},{"v":377.387923,"d":"377.39"},{"v":12.61207704,"d":"12.61"},0,"0_20412000_528",{"v":1782.62012531,"d":"1,782.62"},0,{"v":12.61207704,"d":"12.61"},{"v":0.035550701,"d":"0.04"},"0_20412000_528_53115","F",{"v":12.1298251166999,"d":"12.13"},{"v":6.80449241231E-3,"d":"0.01"},{"v":0.0858187825221,"d":"0.09"}]
[2,204,20416,{"v":2637.10388899999,"d":"2,637.10"},1784,{"v":0.676499704,"d":"0.68"},"G",310,20416000,{"v":2637.10388861999,"d":"2,637.10"},146,233,379,{"v":122.731481299999,"d":"122.73"},{"v":0.967661341,"d":"0.97"},{"v":366.743648199999,"d":"366.74"},{"v":12.25635179,"d":"12.26"},0,"0_20416000_534",{"v":2514.37240736,"d":"2,514.37"},0,{"v":12.25635179,"d":"12.26"},{"v":0.046540253,"d":"0.05"},"0_20416000_534_53256","G",{"v":79.2974185586,"d":"79.30"},{"v":0.0315376585928,"d":"0.03"},{"v":0.386536638346,"d":"0.39"}]
[2,204,20442,{"v":4287.704023,"d":"4,287.70"},3529,{"v":0.823051214,"d":"0.82"},"M",310,20442001,{"v":2654.05761028999,"d":"2,654.06"},220,523,743,{"v":281.7128357,"d":"281.71"},{"v":0.967661341,"d":"0.97"},{"v":718.972376299999,"d":"718.97"},{"v":24.0276236999999,"d":"24.03"},0,"0_20442001_556",{"v":2372.34477464,"d":"2,372.34"},0,{"v":24.0276236999999,"d":"24.03"},{"v":0.106144205,"d":"0.11"},"0_20442001_556_53689","G",{"v":0.0219497500103,"d":"0.02"},{"v":9.252344029e-06,"d":"0.00"},{"v":0.000222311840671,"d":"0.00"}]
[2,205,20504,{"v":6518.811117,"d":"6,518.81"},1229,{"v":0.18853131,"d":"0.19"},"M",410,20504000,{"v":404.982756015,"d":"404.98"},38,171,209,{"v":75.8859151399999,"d":"75.89"},{"v":0.93996673,"d":"0.94"},{"v":196.453046699999,"d":"196.45"},{"v":12.54695334,"d":"12.55"},0,"0_20504000_563",{"v":329.096840870999,"d":"329.10"},0,{"v":12.54695334,"d":"12.55"},{"v":0.187380608,"d":"0.19"},"0_20504000_563_53866","G",{"v":2.81104008881,"d":"2.81"},{"v":0.00854168056238,"d":"0.01"},{"v":0.107172067461,"d":"0.11"}]
[2,205,20511,{"v":13448.3658699999,"d":"13,448.37"},1366,{"v":0.101573679,"d":"0.10"},"M",420,20511005,{"v":3948.21377175999,"d":"3,948.21"},25,28,53,{"v":11.73119387,"d":"11.73"},{"v":0.954532045,"d":"0.95"},{"v":50.5901983899999,"d":"50.59"},{"v":2.409801606,"d":"2.41"},0,"0_20511005_582",{"v":3936.48257788,"d":"3,936.48"},0,{"v":2.409801606,"d":"2.41"},{"v":0.002971266,"d":"0.00"},"0_20511005_582_54043","außerhalb GKL",{"v":3924.62707734,"d":"3,924.63"},{"v":0.996988301026,"d":"1.00"},{"v":2.40254400898,"d":"2.40"}]
[2,205,20518,{"v":22325.63045,"d":"22,325.63"},1953,{"v":0.087477933,"d":"0.09"},"M",430,20518000,{"v":14662.7400971999,"d":"14,662.74"},204,92,296,{"v":72.71582394,"d":"72.72"},{"v":0.945243625,"d":"0.95"},{"v":279.792112999999,"d":"279.79"},{"v":16.2078869899999,"d":"16.21"},0,"0_20518000_590",{"v":14590.0242732999,"d":"14,590.02"},0,{"v":16.2078869899999,"d":"16.21"},{"v":0.004959225,"d":"0.00"},"0_20518000_590_54220","G",{"v":0.364107772617,"d":"0.36"},{"v":2.4955940155e-05,"d":"0.00"},{"v":4.04483057753E-4,"d":"0.00"}]
[2,205,20531,{"v":9579.674123,"d":"9,579.67"},2032,{"v":0.212115775,"d":"0.21"},"M",430,20531001,{"v":348.847933409999,"d":"348.85"},31,15,46,{"v":21.50338766,"d":"21.50"},{"v":0.945243625,"d":"0.95"},{"v":43.4812067499999,"d":"43.48"},{"v":2.518793249,"d":"2.52"},0,"0_20531001_609",{"v":327.344545752999,"d":"327.34"},0,{"v":2.518793249,"d":"2.52"},{"v":0.06164115,"d":"0.06"},"0_20531001_609_54652","F",{"v":0.40073781622,"d":"0.40"},{"v":1.22420801391E-3,"d":"0.00"},{"v":0.00308352688081,"d":"0.00"}]
[2,206,20608,{"v":3154.576336,"d":"3,154.58"},2550,{"v":0.808349435,"d":"0.81"},"ST",410,20608002,{"v":1218.45150585999,"d":"1,218.45"},35,41,76,{"v":29.5074853799999,"d":"29.51"},{"v":0.93996673,"d":"0.94"},{"v":71.4374715099999,"d":"71.44"},{"v":4.562528487,"d":"4.56"},0,"0_20608002_624",{"v":1188.94402048,"d":"1,188.94"},0,{"v":4.562528487,"d":"4.56"},{"v":0.024217201,"d":"0.02"},"0_20608002_624_54829","G",{"v":0.329088780374,"d":"0.33"},{"v":0.000276790811599,"d":"0.00"},{"v":1.26286596286E-3,"d":"0.00"}]
[2,206,20630,{"v":8929.444867,"d":"8,929.44"},5782,{"v":0.647520656,"d":"0.65"},"ST",410,20630000,{"v":113.062249085,"d":"113.06"},60,333,393,{"v":71.3642921099999,"d":"71.36"},{"v":0.93996673,"d":"0.94"},{"v":369.4069251,"d":"369.41"},{"v":23.59307494,"d":"23.59"},0,"0_20630000_647",{"v":41.6979569777999,"d":"41.70"},0,{"v":23.59307494,"d":"23.59"},{"v":0.631194697,"d":"0.63"},"0_20630000_647_55006","G",{"v":4.56864354502,"d":"4.57"},{"v":0.109565165206,"d":"0.11"},{"v":2.58497915352,"d":"2.58"}]
[2,206,20635,{"v":4856.689183,"d":"4,856.69"},15300,{"v":3.150294248,"d":"3.15"},"ST",103,20635018,{"v":26.3778940949999,"d":"26.38"},11,132,143,{"v":21.38601698,"d":"21.39"},{"v":0.991139192,"d":"0.99"},{"v":141.732904399999,"d":"141.73"},{"v":1.26709559,"d":"1.27"},0,"0_20635018_673",{"v":4.99187711181,"d":"4.99"},0,{"v":1.26709559,"d":"1.27"},{"v":0.810755283,"d":"0.81"},"0_20635018_673_55439","außerhalb GKL",{"v":4.27935007489,"d":"4.28"},{"v":0.857262704798,"d":"0.86"},{"v":1.08623379272,"d":"1.09"}]
[2,206,20643,{"v":3300.16383499999,"d":"3,300.16"},2679,{"v":0.81177788,"d":"0.81"},"M",410,20643000,{"v":487.253614074999,"d":"487.25"},95,523,618,{"v":139.218993399999,"d":"139.22"},{"v":0.93996673,"d":"0.94"},{"v":580.8994394,"d":"580.90"},{"v":37.10056059,"d":"37.10"},0,"0_20643000_686",{"v":348.034620685999,"d":"348.03"},0,{"v":37.10056059,"d":"37.10"},{"v":0.285721828,"d":"0.29"},"0_20643000_686_55616","F",{"v":1.64789947383,"d":"1.65"},{"v":0.00473487226811,"d":"0.00"},{"v":0.175666415469,"d":"0.18"}]
[2,207,20702,{"v":6746.779292,"d":"6,746.78"},7038,{"v":1.043164404,"d":"1.04"},"M",310,20702004,{"v":1315.45831606999,"d":"1,315.46"},40,34,74,{"v":48.9852506699999,"d":"48.99"},{"v":0.967661341,"d":"0.97"},{"v":71.6069392299999,"d":"71.61"},{"v":2.393060772,"d":"2.39"},0,"0_20702004_695",{"v":1266.47306539999,"d":"1,266.47"},0,{"v":2.393060772,"d":"2.39"},{"v":0.037238163,"d":"0.04"},"0_20702004_695_55793","F",{"v":0.088180108163,"d":"0.09"},{"v":6.9626516799e-05,"d":"0.00"},{"v":1.66620486042E-4,"d":"0.00"}]
[2,207,20720,{"v":10545.9338999999,"d":"10,545.93"},5799,{"v":0.549880177,"d":"0.55"},"M",410,20720000,{"v":1067.72677148,"d":"1,067.73"},109,334,443,{"v":175.197865799999,"d":"175.20"},{"v":0.93996673,"d":"0.94"},{"v":416.4052616,"d":"416.41"},{"v":26.5947384199999,"d":"26.59"},0,"0_20720000_719",{"v":892.528905643,"d":"892.53"},0,{"v":26.5947384199999,"d":"26.59"},{"v":0.164084924,"d":"0.16"},"0_20720000_719_56190","außerhalb GKL",{"v":129.024927834,"d":"129.02"},{"v":0.144561063533,"d":"0.14"},{"v":3.84456367038,"d":"3.84"}]
[2,207,20722,{"v":7861.712771,"d":"7,861.71"},4292,{"v":0.545937015,"d":"0.55"},"M",410,20722002,{"v":3916.27656320999,"d":"3,916.28"},54,58,112,{"v":143.1822736,"d":"143.18"},{"v":0.93996673,"d":"0.94"},{"v":105.276273799999,"d":"105.28"},{"v":6.723726192,"d":"6.72"},0,"0_20722002_729",{"v":3773.0942896,"d":"3,773.09"},0,{"v":6.723726192,"d":"6.72"},{"v":0.036560818,"d":"0.04"},"0_20722002_729_56402","F",{"v":1.02039724076,"d":"1.02"},{"v":0.000270440429642,"d":"0.00"},{"v":1.81836740016E-3,"d":"0.00"}]
[2,207,20724,{"v":7103.98807599999,"d":"7,103.99"},4462,{"v":0.628097901,"d":"0.63"},"M",310,20724002,{"v":1197.30064379,"d":"1,197.30"},125,320,445,{"v":197.117374899999,"d":"197.12"},{"v":0.967661341,"d":"0.97"},{"v":430.6092967,"d":"430.61"},{"v":14.3907032899999,"d":"14.39"},0,"0_20724002_734",{"v":1000.18326893999,"d":"1,000.18"},0,{"v":14.3907032899999,"d":"14.39"},{"v":0.164634819,"d":"0.16"},"0_20724002_734_56579","G",{"v":12.7094013393999,"d":"12.71"},{"v":0.0127070725277,"d":"0.01"},{"v":0.182863710431,"d":"0.18"}]
[2,208,20801,{"v":6976.282307,"d":"6,976.28"},4058,{"v":0.581685176,"d":"0.58"},"ST",410,20801002,{"v":2542.42506739999,"d":"2,542.43"},77,203,280,{"v":147.1245872,"d":"147.12"},{"v":0.93996673,"d":"0.94"},{"v":263.190684499999,"d":"263.19"},{"v":16.8093154799999,"d":"16.81"},0,"0_20801002_752",{"v":2395.30048021999,"d":"2,395.30"},0,{"v":16.8093154799999,"d":"16.81"},{"v":0.057867816,"d":"0.06"},"0_20801002_752_57012","E",{"v":14.0981482952,"d":"14.10"},{"v":0.005885753546,"d":"0.01"},{"v":0.0989354881922,"d":"0.10"}]
[2,208,20804,{"v":19946.6122099999,"d":"19,946.61"},2272,{"v":0.113904054,"d":"0.11"},"M",430,20804000,{"v":222.681782599999,"d":"222.68"},38,184,222,{"v":57.17600282,"d":"57.18"},{"v":0.945243625,"d":"0.95"},{"v":209.844084799999,"d":"209.84"},{"v":12.15591524,"d":"12.16"},0,"0_20804000_759",{"v":165.505779781,"d":"165.51"},0,{"v":12.15591524,"d":"12.16"},{"v":0.256761025,"d":"0.26"},"0_20804000_759_57189","F",{"v":1.69240215644,"d":"1.69"},{"v":0.0102256377915,"d":"0.01"},{"v":0.124301986268,"d":"0.12"}]
[2,208,20813,{"v":4108.09092799999,"d":"4,108.09"},4480,{"v":1.090530877,"d":"1.09"},"G",410,20813000,{"v":1563.92785221999,"d":"1,563.93"},217,602,819,{"v":270.741272299999,"d":"270.74"},{"v":0.93996673,"d":"0.94"},{"v":769.832752199999,"d":"769.83"},{"v":49.1672477799999,"d":"49.17"},0,"0_20813000_774",{"v":1293.18657991999,"d":"1,293.19"},0,{"v":49.1672477799999,"d":"49.17"},{"v":0.173116216,"d":"0.17"},"0_20813000_774_57471","F",{"v":0.3405285751,"d":"0.34"},{"v":2.63325169305E-4,"d":"0.00"},{"v":0.0129469738459,"d":"0.01"}]
[2,208,20815,{"v":4502.929497,"d":"4,502.93"},1974,{"v":0.438381281,"d":"0.44"},"G",420,20815000,{"v":2803.60544848,"d":"2,803.61"},87,117,204,{"v":56.8002212999999,"d":"56.80"},{"v":0.954532045,"d":"0.95"},{"v":194.724537199999,"d":"194.72"},{"v":9.275462784,"d":"9.28"},0,"0_20815000_777",{"v":2746.80522718,"d":"2,746.81"},0,{"v":9.275462784,"d":"9.28"},{"v":0.020259706,"d":"0.02"},"0_20815000_777_57542","F",{"v":0.631904504104,"d":"0.63"},{"v":0.000230050714136,"d":"0.00"},{"v":0.0021338268374,"d":"0.00"}]
[2,209,20913,{"v":11358.7934299999,"d":"11,358.79"},9873,{"v":0.869194432,"d":"0.87"},"ST",410,20913000,{"v":576.882951025,"d":"576.88"},121,1401,1522,{"v":110.8029839,"d":"110.80"},{"v":0.93996673,"d":"0.94"},{"v":1430.62936399999,"d":"1,430.63"},{"v":91.3706362899999,"d":"91.37"},0,"0_20913000_808",{"v":466.079967092999,"d":"466.08"},0,{"v":91.3706362899999,"d":"91.37"},{"v":0.192071864,"d":"0.19"},"0_20913000_808_57975","außerhalb GKL",{"v":333.352968728999,"d":"333.35"},{"v":0.715226983061,"d":"0.72"},{"v":65.3507445341,"d":"65.35"}]
[2,209,20913,{"v":11358.7934299999,"d":"11,358.79"},9873,{"v":0.869194432,"d":"0.87"},"ST",410,20913040,{"v":680.60978933,"d":"680.61"},49,934,983,{"v":49.2190813799999,"d":"49.22"},{"v":0.93996673,"d":"0.94"},{"v":923.987296,"d":"923.99"},{"v":59.0127039899999,"d":"59.01"},0,"0_20913040_814",{"v":631.390707954,"d":"631.39"},0,{"v":59.0127039899999,"d":"59.01"},{"v":0.072316153,"d":"0.07"},"0_20913040_814_58152","G",{"v":113.089596534999,"d":"113.09"},{"v":0.179111911389,"d":"0.18"},{"v":10.5698782079,"d":"10.57"}]
[2,209,20923,{"v":27863.0530499999,"d":"27,863.05"},25025,{"v":0.898142783,"d":"0.90"},"ST",103,20923010,{"v":93.7324791,"d":"93.73"},47,1347,1394,{"v":60.65817579,"d":"60.66"},{"v":0.991139192,"d":"0.99"},{"v":1381.64803299999,"d":"1,381.65"},{"v":12.3519668,"d":"12.35"},0,"0_20923010_831",{"v":33.0743033111999,"d":"33.07"},0,{"v":12.3519668,"d":"12.35"},{"v":0.647141486,"d":"0.65"},"0_20923010_831_58329","E",{"v":0.108566809139,"d":"0.11"},{"v":0.00328251235158,"d":"0.00"},{"v":0.0405454835873,"d":"0.04"}]
[2,210,21002,{"v":7752.80996899999,"d":"7,752.81"},14270,{"v":1.840622956,"d":"1.84"},"ST",210,21002004,{"v":651.003282919999,"d":"651.00"},89,717,806,{"v":130.189429399999,"d":"130.19"},{"v":0.980090788,"d":"0.98"},{"v":789.953175099999,"d":"789.95"},{"v":16.0468248699999,"d":"16.05"},0,"0_21002004_863",{"v":520.813853496999,"d":"520.81"},0,{"v":16.0468248699999,"d":"16.05"},{"v":0.199982754,"d":"0.20"},"0_21002004_863_58762","G",{"v":4.74970766395,"d":"4.75"},{"v":0.00911977980627,"d":"0.01"},{"v":0.146343509404,"d":"0.15"}]
[2,210,21007,{"v":11400.7989699999,"d":"11,400.80"},1765,{"v":0.154813711,"d":"0.15"},"G",430,21007001,{"v":3490.60164399999,"d":"3,490.60"},76,225,301,{"v":56.9504190999999,"d":"56.95"},{"v":0.945243625,"d":"0.95"},{"v":284.5183311,"d":"284.52"},{"v":16.48166887,"d":"16.48"},0,"0_21007001_876",{"v":3433.6512249,"d":"3,433.65"},0,{"v":16.48166887,"d":"16.48"},{"v":0.016315359,"d":"0.02"},"0_21007001_876_59008","außerhalb GKL",{"v":3213.64936527,"d":"3,213.65"},{"v":0.935927720895,"d":"0.94"},{"v":15.425650782,"d":"15.43"}]
[2,210,21009,{"v":2954.57371899999,"d":"2,954.57"},3808,{"v":1.288849209,"d":"1.29"},"G",410,21009001,{"v":1328.80283643,"d":"1,328.80"},137,425,562,{"v":207.1140904,"d":"207.11"},{"v":0.93996673,"d":"0.94"},{"v":528.2613025,"d":"528.26"},{"v":33.7386975,"d":"33.74"},0,"0_21009001_879",{"v":1121.688746,"d":"1,121.69"},0,{"v":33.7386975,"d":"33.74"},{"v":0.155865178,"d":"0.16"},"0_21009001_879_59115","G",{"v":0.0906201903797,"d":"0.09"},{"v":8.0789069787e-05,"d":"0.00"},{"v":0.00272571798684,"d":"0.00"}]
[3,318,31820,{"v":620.8132397,"d":"620.81"},586,{"v":0.943923168,"d":"0.94"},"G",410,31820000,{"v":620.813239654999,"d":"620.81"},39,81,120,{"v":75.7004095399999,"d":"75.70"},{"v":0.93996673,"d":"0.94"},{"v":112.7960077,"d":"112.80"},{"v":7.203992348,"d":"7.20"},0,"0_31820000_2407",{"v":545.112830117,"d":"545.11"},0,{"v":7.203992348,"d":"7.20"},{"v":0.121937492,"d":"0.12"},"0_31820000_2407_59548","F",{"v":0.76358827627,"d":"0.76"},{"v":0.00140078940374,"d":"0.00"},{"v":0.0100912761457,"d":"0.01"}]
[3,323,32314,{"v":5776.689532,"d":"5,776.69"},2826,{"v":0.489207527,"d":"0.49"},"ST",430,32314000,{"v":932.402914375,"d":"932.40"},115,875,990,{"v":146.2591878,"d":"146.26"},{"v":0.945243625,"d":"0.95"},{"v":935.791188799999,"d":"935.79"},{"v":54.20881122,"d":"54.21"},0,"0_32314000_2876",{"v":786.143726542999,"d":"786.14"},0,{"v":54.20881122,"d":"54.21"},{"v":0.156862646,"d":"0.16"},"0_32314000_2876_59725","außerhalb GKL",{"v":1.42228060168,"d":"1.42"},{"v":1.80918648036E-3,"d":"0.00"},{"v":0.0980738483756,"d":"0.10"}]
[4,407,40702,{"v":11226.27109,"d":"11,226.27"},7560,{"v":0.673420403,"d":"0.67"},"M",420,40702003,{"v":2017.7654792,"d":"2,017.77"},28,43,71,{"v":103.2483222,"d":"103.25"},{"v":0.954532045,"d":"0.95"},{"v":67.77177521,"d":"67.77"},{"v":3.228224792,"d":"3.23"},0,"0_40702003_3408",{"v":1914.51715702999,"d":"1,914.52"},0,{"v":3.228224792,"d":"3.23"},{"v":0.051169635,"d":"0.05"},"0_40702003_3408_59902","F",{"v":11.1448373645,"d":"11.14"},{"v":5.82122616325E-3,"d":"0.01"},{"v":0.01879222662,"d":"0.02"}]
[5,504,50401,{"v":4859.93315799999,"d":"4,859.93"},4428,{"v":0.911123642,"d":"0.91"},"M",420,50401001,{"v":352.673953499999,"d":"352.67"},159,1573,1732,{"v":142.285561099999,"d":"142.29"},{"v":0.954532045,"d":"0.95"},{"v":1653.24950199999,"d":"1,653.25"},{"v":78.7504977499999,"d":"78.75"},0,"0_50401001_4373",{"v":210.388392423999,"d":"210.39"},0,{"v":78.7504977499999,"d":"78.75"},{"v":0.403447886,"d":"0.40"},"0_50401001_4373_60335","F",{"v":0.452378958113,"d":"0.45"},{"v":0.00215020873015,"d":"0.00"},{"v":0.169330007766,"d":"0.17"}]
[5,504,50408,{"v":11732.7951099999,"d":"11,732.80"},2876,{"v":0.245124881,"d":"0.25"},"G",420,50408001,{"v":1361.87537343,"d":"1,361.88"},111,474,585,{"v":103.9428139,"d":"103.94"},{"v":0.954532045,"d":"0.95"},{"v":558.401246399999,"d":"558.40"},{"v":26.59875357,"d":"26.60"},0,"0_50408001_4399",{"v":1257.93255952,"d":"1,257.93"},0,{"v":26.59875357,"d":"26.60"},{"v":0.076323294,"d":"0.08"},"0_50408001_4399_60545","G",{"v":10.1908513932,"d":"10.19"},{"v":0.00810127006895,"d":"0.01"},{"v":0.215483686168,"d":"0.22"}]
[5,505,50503,{"v":4734.52263299999,"d":"4,734.52"},2390,{"v":0.504802741,"d":"0.50"},"G",420,50503000,{"v":336.385203815,"d":"336.39"},96,406,502,{"v":122.804676799999,"d":"122.80"},{"v":0.954532045,"d":"0.95"},{"v":479.1750867,"d":"479.18"},{"v":22.82491332,"d":"22.82"},0,"0_50503000_4433",{"v":213.580527012,"d":"213.58"},0,{"v":22.82491332,"d":"22.82"},{"v":0.365071577,"d":"0.37"},"0_50503000_4433_60688","E",{"v":1.11311194496,"d":"1.11"},{"v":0.00521167336991,"d":"0.01"},{"v":0.11895599292,"d":"0.12"}]
[5,505,50509,{"v":6882.627743,"d":"6,882.63"},3512,{"v":0.510270224,"d":"0.51"},"M",410,50509000,{"v":263.668543805,"d":"263.67"},141,1164,1305,{"v":152.1909363,"d":"152.19"},{"v":0.93996673,"d":"0.94"},{"v":1226.65658299999,"d":"1,226.66"},{"v":78.34341679,"d":"78.34"},0,"0_50509000_4440",{"v":111.477607495,"d":"111.48"},0,{"v":78.34341679,"d":"78.34"},{"v":0.57720551,"d":"0.58"},"0_50509000_4440_60865","F",{"v":0.0140691322867,"d":"0.01"},{"v":1.26205904512E-4,"d":"0.00"},{"v":0.00988740177854,"d":"0.01"}]
[6,601,60101,{"v":12748.25746,"d":"12,748.26"},291072,{"v":22.83229696,"d":"22.83"},"SR",101,60101232,{"v":10.465178005,"d":"10.47"},17,297,314,{"v":10.07441219,"d":"10.07"},{"v":0.992934034,"d":"0.99"},{"v":311.7812867,"d":"311.78"},{"v":2.218713311,"d":"2.22"},0,"0_60101232_4563",{"v":0.390765816849,"d":"0.39"},0,{"v":2.218713311,"d":"2.22"},{"v":0.962660376,"d":"0.96"},"0_60101232_4563_61298","B",{"v":0.0232186179889,"d":"0.02"},{"v":0.0594182423021,"d":"0.06"},{"v":0.131832045112,"d":"0.13"}]
[6,601,60101,{"v":12748.25746,"d":"12,748.26"},291072,{"v":22.83229696,"d":"22.83"},"SR",101,60101363,{"v":377.354726024999,"d":"377.35"},148,3878,4026,{"v":268.5422189,"d":"268.54"},{"v":0.992934034,"d":"0.99"},{"v":3997.55242099999,"d":"3,997.55"},{"v":28.44757895,"d":"28.45"},0,"0_60101363_4586",{"v":108.812507151,"d":"108.81"},0,{"v":28.44757895,"d":"28.45"},{"v":0.711643979,"d":"0.71"},"0_60101363_4586_61475","B",{"v":0.220882635304,"d":"0.22"},{"v":2.02993792798E-3,"d":"0.00"},{"v":0.0577468194698,"d":"0.06"}]
[6,601,60101,{"v":12748.25746,"d":"12,748.26"},291072,{"v":22.83229696,"d":"22.83"},"SR",101,60101413,{"v":101.72781041,"d":"101.73"},62,67,129,{"v":58.9990896699999,"d":"59.00"},{"v":0.992934034,"d":"0.99"},{"v":128.0884904,"d":"128.09"},{"v":0.911509609,"d":"0.91"},0,"0_60101413_4594",{"v":42.7287207418999,"d":"42.73"},0,{"v":0.911509609,"d":"0.91"},{"v":0.579970113,"d":"0.58"},"0_60101413_4594_61652","E",{"v":1.04055782293,"d":"1.04"},{"v":0.0243526556579,"d":"0.02"},{"v":0.0221976796368,"d":"0.02"}]
[6,601,60101,{"v":12748.25746,"d":"12,748.26"},291072,{"v":22.83229696,"d":"22.83"},"SR",101,60101460,{"v":87.0530434749999,"d":"87.05"},75,736,811,{"v":66.8013787699999,"d":"66.80"},{"v":0.992934034,"d":"0.99"},{"v":805.2695016,"d":"805.27"},{"v":5.730498393,"d":"5.73"},0,"0_60101460_4608",{"v":20.251664704,"d":"20.25"},0,{"v":5.730498393,"d":"5.73"},{"v":0.767364082,"d":"0.77"},"0_60101460_4608_62082","F",{"v":0.663965811884,"d":"0.66"},{"v":0.0327857399176,"d":"0.03"},{"v":0.187878629911,"d":"0.19"}]
[6,601,60101,{"v":12748.25746,"d":"12,748.26"},291072,{"v":22.83229696,"d":"22.83"},"SR",101,60101490,{"v":293.721853474999,"d":"293.72"},33,360,393,{"v":61.4823768999999,"d":"61.48"},{"v":0.992934034,"d":"0.99"},{"v":390.2230754,"d":"390.22"},{"v":2.776924622,"d":"2.78"},0,"0_60101490_4615",{"v":232.239476577,"d":"232.24"},0,{"v":2.776924622,"d":"2.78"},{"v":0.209321765,"d":"0.21"},"0_60101490_4615_62261","D",{"v":4.14542909896,"d":"4.15"},{"v":0.0178498038321,"d":"0.02"},{"v":0.0495675597592,"d":"0.05"}]
[6,601,60101,{"v":12748.25746,"d":"12,748.26"},291072,{"v":22.83229696,"d":"22.83"},"SR",101,60101531,{"v":790.405051699999,"d":"790.41"},82,342,424,{"v":126.004081299999,"d":"126.00"},{"v":0.992934034,"d":"0.99"},{"v":421.004030399999,"d":"421.00"},{"v":2.995969567,"d":"3.00"},0,"0_60101531_4624",{"v":664.400970358999,"d":"664.40"},0,{"v":2.995969567,"d":"3.00"},{"v":0.1594171,"d":"0.16"},"0_60101531_4624_62438","F",{"v":1.36144535936,"d":"1.36"},{"v":0.00204913210561,"d":"0.00"},{"v":0.00613913742717,"d":"0.01"}]
[6,603,60318,{"v":1987.25189599999,"d":"1,987.25"},3537,{"v":1.779844824,"d":"1.78"},"M",310,60318000,{"v":473.508802419999,"d":"473.51"},235,1709,1944,{"v":216.2102652,"d":"216.21"},{"v":0.967661341,"d":"0.97"},{"v":1881.133647,"d":"1,881.13"},{"v":62.8663532599999,"d":"62.87"},0,"0_60318000_4655",{"v":257.298537248999,"d":"257.30"},0,{"v":62.8663532599999,"d":"62.87"},{"v":0.45661298,"d":"0.46"},"0_60318000_4655_62871","G",{"v":1.17392785104,"d":"1.17"},{"v":0.00456251272779,"d":"0.00"},{"v":0.286828536898,"d":"0.29"}]
[6,603,60326,{"v":1330.404506,"d":"1,330.40"},1619,{"v":1.216923118,"d":"1.22"},"G",310,60326001,{"v":389.970106799999,"d":"389.97"},21,19,40,{"v":27.53914105,"d":"27.54"},{"v":0.967661341,"d":"0.97"},{"v":38.7064536399999,"d":"38.71"},{"v":1.293546363,"d":"1.29"},0,"0_60326001_4665",{"v":362.430965753,"d":"362.43"},0,{"v":1.293546363,"d":"1.29"},{"v":0.070618595,"d":"0.07"},"0_60326001_4665_63048","E",{"v":0.00121565618705,"d":"0.00"},{"v":3.354173075e-06,"d":"0.00"},{"v":4.338778383e-06,"d":"0.00"}]
[6,603,60344,{"v":17908.49827,"d":"17,908.50"},11663,{"v":0.651255054,"d":"0.65"},"ST",220,60344009,{"v":1474.6155128,"d":"1,474.62"},68,135,203,{"v":57.7894993299999,"d":"57.79"},{"v":0.99140599,"d":"0.99"},{"v":201.255415999999,"d":"201.26"},{"v":1.744584049,"d":"1.74"},0,"0_60344009_4680",{"v":1416.82601346999,"d":"1,416.83"},0,{"v":1.744584049,"d":"1.74"},{"v":0.039189537,"d":"0.04"},"0_60344009_4680_63225","G",{"v":1.15942629752,"d":"1.16"},{"v":0.00081832651751,"d":"0.00"},{"v":0.00142763938932,"d":"0.00"}]
[6,603,60351,{"v":7657.14233799999,"d":"7,657.14"},4319,{"v":0.564048546,"d":"0.56"},"M",430,60351000,{"v":837.698423879999,"d":"837.70"},122,1008,1130,{"v":146.393597999999,"d":"146.39"},{"v":0.945243625,"d":"0.95"},{"v":1068.12529599999,"d":"1,068.13"},{"v":61.8747037199999,"d":"61.87"},0,"0_60351000_4756",{"v":691.304825871,"d":"691.30"},0,{"v":61.8747037199999,"d":"61.87"},{"v":0.174756922,"d":"0.17"},"0_60351000_4756_63620","G",{"v":35.6349372983999,"d":"35.63"},{"v":0.0515473579307,"d":"0.05"},{"v":3.18947749951,"d":"3.19"}]
[6,606,60611,{"v":720.917976299999,"d":"720.92"},4117,{"v":5.710774506,"d":"5.71"},"M",101,60611002,{"v":185.432425679999,"d":"185.43"},119,134,253,{"v":82.1029154799999,"d":"82.10"},{"v":0.992934034,"d":"0.99"},{"v":251.212310599999,"d":"251.21"},{"v":1.787689388,"d":"1.79"},0,"0_60611002_4767",{"v":103.329510202999,"d":"103.33"},0,{"v":1.787689388,"d":"1.79"},{"v":0.442764609,"d":"0.44"},"0_60611002_4767_63834","F",{"v":0.0040674182057,"d":"0.00"},{"v":3.9363568043e-05,"d":"0.00"},{"v":7.0369832864e-05,"d":"0.00"}]
[6,606,60617,{"v":1105.788641,"d":"1,105.79"},5242,{"v":4.740508091,"d":"4.74"},"G",101,60617000,{"v":529.674038419999,"d":"529.67"},188,3007,3195,{"v":272.2333421,"d":"272.23"},{"v":0.992934034,"d":"0.99"},{"v":3172.42423899999,"d":"3,172.42"},{"v":22.5757612399999,"d":"22.58"},0,"0_60617000_4775",{"v":257.440696308999,"d":"257.44"},0,{"v":22.5757612399999,"d":"22.58"},{"v":0.513963914,"d":"0.51"},"0_60617000_4775_64011","außerhalb GKL",{"v":0.771022174802,"d":"0.77"},{"v":0.00299495062691,"d":"0.00"},{"v":0.0676132902787,"d":"0.07"}]
[6,606,60619,{"v":678.9091846,"d":"678.91"},3475,{"v":5.118504917,"d":"5.12"},"M",101,60619000,{"v":678.20134571,"d":"678.20"},263,1323,1586,{"v":252.040997199999,"d":"252.04"},{"v":0.992934034,"d":"0.99"},{"v":1574.793378,"d":"1,574.79"},{"v":11.20662201,"d":"11.21"},0,"0_60619000_4778",{"v":426.160348542999,"d":"426.16"},0,{"v":11.20662201,"d":"11.21"},{"v":0.37163152,"d":"0.37"},"0_60619000_4778_64188","F",{"v":12.4546208879,"d":"12.45"},{"v":0.0292251987555,"d":"0.03"},{"v":0.32751575562,"d":"0.33"}]
[6,606,60626,{"v":2941.296389,"d":"2,941.30"},3840,{"v":1.30554677,"d":"1.31"},"M",310,60626001,{"v":1368.74166031999,"d":"1,368.74"},197,391,588,{"v":178.6017753,"d":"178.60"},{"v":0.967661341,"d":"0.97"},{"v":568.984868499999,"d":"568.98"},{"v":19.0151315399999,"d":"19.02"},0,"0_60626001_4786",{"v":1190.13988504,"d":"1,190.14"},0,{"v":19.0151315399999,"d":"19.02"},{"v":0.13048611,"d":"0.13"},"0_60626001_4786_64621","F",{"v":5.52429132497,"d":"5.52"},{"v":0.0046417159818,"d":"0.00"},{"v":0.0882628399652,"d":"0.09"}]
[6,606,60629,{"v":1172.77808899999,"d":"1,172.78"},5225,{"v":4.455233302,"d":"4.46"},"M",310,60629001,{"v":576.51276872,"d":"576.51"},130,411,541,{"v":169.5479855,"d":"169.55"},{"v":0.967661341,"d":"0.97"},{"v":523.504785399999,"d":"523.50"},{"v":17.49521456,"d":"17.50"},0,"0_60629001_4789",{"v":406.964783192,"d":"406.96"},0,{"v":17.49521456,"d":"17.50"},{"v":0.294092334,"d":"0.29"},"0_60629001_4789_64798","außerhalb GKL",{"v":0.0101752402286,"d":"0.01"},{"v":2.5002753675e-05,"d":"0.00"},{"v":0.000437428540137,"d":"0.00"}]
[6,606,60648,{"v":1851.186819,"d":"1,851.19"},2288,{"v":1.235963857,"d":"1.24"},"M",310,60648000,{"v":1851.18681878,"d":"1,851.19"},141,237,378,{"v":168.502351699999,"d":"168.50"},{"v":0.967661341,"d":"0.97"},{"v":365.7759869,"d":"365.78"},{"v":12.2240131299999,"d":"12.22"},0,"0_60648000_4801",{"v":1682.68446704,"d":"1,682.68"},0,{"v":12.2240131299999,"d":"12.22"},{"v":0.091023958,"d":"0.09"},"0_60648000_4801_65157","F",{"v":1.17768424426,"d":"1.18"},{"v":0.000699884183475,"d":"0.00"},{"v":0.00855539344828,"d":"0.01"}]
[6,606,60654,{"v":1898.77236399999,"d":"1,898.77"},2670,{"v":1.406171719,"d":"1.41"},"G",310,60654000,{"v":800.250917879999,"d":"800.25"},121,614,735,{"v":137.115670599999,"d":"137.12"},{"v":0.967661341,"d":"0.97"},{"v":711.2310856,"d":"711.23"},{"v":23.7689144299999,"d":"23.77"},0,"0_60654000_4806",{"v":663.135247284,"d":"663.14"},0,{"v":23.7689144299999,"d":"23.77"},{"v":0.171340848,"d":"0.17"},"0_60654000_4806_65407","F",{"v":0.000586609084939,"d":"0.00"},{"v":8.84599465e-07,"d":"0.00"},{"v":2.1025968987e-05,"d":"0.00"}]
[6,606,60659,{"v":5705.24905399999,"d":"5,705.25"},4409,{"v":0.772797113,"d":"0.77"},"M",310,60659001,{"v":466.582035765,"d":"466.58"},52,179,231,{"v":62.5173810599999,"d":"62.52"},{"v":0.967661341,"d":"0.97"},{"v":223.529769799999,"d":"223.53"},{"v":7.470230248,"d":"7.47"},0,"0_60659001_4811",{"v":404.064654702999,"d":"404.06"},0,{"v":7.470230248,"d":"7.47"},{"v":0.133990116,"d":"0.13"},"0_60659001_4811_65584","G",{"v":0.0866407745313,"d":"0.09"},{"v":0.00021442304721,"d":"0.00"},{"v":1.60178953314E-3,"d":"0.00"}]
[6,606,60661,{"v":4935.93601599999,"d":"4,935.94"},6808,{"v":1.379272336,"d":"1.38"},"M",310,60661004,{"v":744.552329194999,"d":"744.55"},144,42,186,{"v":61.40259365,"d":"61.40"},{"v":0.967661341,"d":"0.97"},{"v":179.985009399999,"d":"179.99"},{"v":6.014990589,"d":"6.01"},0,"0_60661004_4822",{"v":683.149735544999,"d":"683.15"},0,{"v":6.014990589,"d":"6.01"},{"v":0.082469145,"d":"0.08"},"0_60661004_4822_65761","F",{"v":0.0209858798293,"d":"0.02"},{"v":3.0719297304e-05,"d":"0.00"},{"v":1.84776284184E-4,"d":"0.00"}]
[6,606,60664,{"v":8669.835788,"d":"8,669.84"},12846,{"v":1.481688963,"d":"1.48"},"M",310,60664007,{"v":2530.59058383,"d":"2,530.59"},73,507,580,{"v":89.41055676,"d":"89.41"},{"v":0.967661341,"d":"0.97"},{"v":561.243577699999,"d":"561.24"},{"v":18.75642227,"d":"18.76"},0,"0_60664007_4843",{"v":2441.18002707,"d":"2,441.18"},0,{"v":18.75642227,"d":"18.76"},{"v":0.035331893,"d":"0.04"},"0_60664007_4843_66194","G",{"v":7.21470563977,"d":"7.21"},{"v":0.00295541728171,"d":"0.00"},{"v":0.0554330545198,"d":"0.06"}]
[6,606,60667,{"v":1463.21583899999,"d":"1,463.22"},4676,{"v":3.19570078,"d":"3.20"},"M",101,60667000,{"v":769.169895265,"d":"769.17"},256,4136,4392,{"v":256.494994799999,"d":"256.49"},{"v":0.992934034,"d":"0.99"},{"v":4360.96627799999,"d":"4,360.97"},{"v":31.0337224899999,"d":"31.03"},0,"0_60667000_4854",{"v":512.674900463999,"d":"512.67"},0,{"v":31.0337224899999,"d":"31.03"},{"v":0.333469883,"d":"0.33"},"0_60667000_4854_66438","C",{"v":0.247391404712,"d":"0.25"},{"v":0.000482550256484,"d":"0.00"},{"v":0.0149753307472,"d":"0.01"}]
[6,606,60668,{"v":4171.13950999999,"d":"4,171.14"},3747,{"v":0.898315674,"d":"0.90"},"M",310,60668000,{"v":1028.61421954999,"d":"1,028.61"},104,245,349,{"v":46.82486017,"d":"46.82"},{"v":0.967661341,"d":"0.97"},{"v":337.713807999999,"d":"337.71"},{"v":11.28619202,"d":"11.29"},0,"0_60668000_4856",{"v":981.789359379999,"d":"981.79"},0,{"v":11.28619202,"d":"11.29"},{"v":0.045522276,"d":"0.05"},"0_60668000_4856_66547","außerhalb GKL",{"v":225.542633744,"d":"225.54"},{"v":0.229726093066,"d":"0.23"},{"v":2.59273279835,"d":"2.59"}]
[6,610,61012,{"v":1213.537213,"d":"1,213.54"},2552,{"v":2.102943339,"d":"2.10"},"M",103,61012000,{"v":1213.53721347999,"d":"1,213.54"},111,1024,1135,{"v":230.622312499999,"d":"230.62"},{"v":0.991139192,"d":"0.99"},{"v":1124.94298299999,"d":"1,124.94"},{"v":10.05701745,"d":"10.06"},0,"0_61012000_4876",{"v":982.914900986,"d":"982.91"},0,{"v":10.05701745,"d":"10.06"},{"v":0.190041401,"d":"0.19"},"0_61012000_4876_66980","G",{"v":0.617361890836,"d":"0.62"},{"v":0.000628092920574,"d":"0.00"},{"v":0.00631674146243,"d":"0.01"}]
[6,610,61032,{"v":2702.19598399999,"d":"2,702.20"},1998,{"v":0.739398627,"d":"0.74"},"G",410,61032000,{"v":433.87633703,"d":"433.88"},68,260,328,{"v":71.16058408,"d":"71.16"},{"v":0.93996673,"d":"0.94"},{"v":308.309087599999,"d":"308.31"},{"v":19.69091242,"d":"19.69"},0,"0_61032000_4898",{"v":362.715752945,"d":"362.72"},0,{"v":19.69091242,"d":"19.69"},{"v":0.164011212,"d":"0.16"},"0_61032000_4898_67157","F",{"v":0.226071095834,"d":"0.23"},{"v":6.23273442078E-4,"d":"0.00"},{"v":0.0122728227617,"d":"0.01"}]
[6,610,61049,{"v":2031.18295299999,"d":"2,031.18"},2510,{"v":1.235733097,"d":"1.24"},"M",410,61049004,{"v":331.12425473,"d":"331.12"},15,138,153,{"v":22.45496758,"d":"22.45"},{"v":0.93996673,"d":"0.94"},{"v":143.8149098,"d":"143.81"},{"v":9.185090244,"d":"9.19"},0,"0_61049004_4919",{"v":308.669287151999,"d":"308.67"},0,{"v":9.185090244,"d":"9.19"},{"v":0.067814324,"d":"0.07"},"0_61049004_4919_67334","außerhalb GKL",{"v":0.176334603874,"d":"0.18"},{"v":5.71273564341E-4,"d":"0.00"},{"v":0.00524719924248,"d":"0.01"}]
[6,610,61059,{"v":3266.62290399999,"d":"3,266.62"},5493,{"v":1.68155314,"d":"1.68"},"M",310,61059003,{"v":1022.93447017999,"d":"1,022.93"},90,155,245,{"v":135.592386699999,"d":"135.59"},{"v":0.967661341,"d":"0.97"},{"v":237.0770285,"d":"237.08"},{"v":7.922971475,"d":"7.92"},0,"0_61059003_4969",{"v":887.342083526,"d":"887.34"},0,{"v":7.922971475,"d":"7.92"},{"v":0.132552368,"d":"0.13"},"0_61059003_4969_67767","F",{"v":7.49480484923,"d":"7.49"},{"v":0.00844635342826,"d":"0.01"},{"v":0.0669202172799,"d":"0.07"}]
[6,611,61106,{"v":5869.121707,"d":"5,869.12"},1588,{"v":0.270568593,"d":"0.27"},"M",410,61106000,{"v":5869.12172827999,"d":"5,869.12"},147,378,525,{"v":303.4408283,"d":"303.44"},{"v":0.93996673,"d":"0.94"},{"v":493.482533499999,"d":"493.48"},{"v":31.5174665199999,"d":"31.52"},0,"0_61106000_4983",{"v":5565.68090002,"d":"5,565.68"},0,{"v":31.5174665199999,"d":"31.52"},{"v":0.051701233,"d":"0.05"},"0_61106000_4983_67975","F",{"v":8.48966330144999,"d":"8.49"},{"v":1.5253593323E-3,"d":"0.00"},{"v":0.0480754616867,"d":"0.05"}]
[6,611,61108,{"v":10772.6260899999,"d":"10,772.63"},24471,{"v":2.271590955,"d":"2.27"},"ST",102,61108033,{"v":86.7671482301,"d":"86.77"},43,67,110,{"v":36.82046564,"d":"36.82"},{"v":0.988126829,"d":"0.99"},{"v":108.6939512,"d":"108.69"},{"v":1.306048803,"d":"1.31"},0,"0_61108033_4993",{"v":49.9466825885,"d":"49.95"},0,{"v":1.306048803,"d":"1.31"},{"v":0.424359523,"d":"0.42"},"0_61108033_4993_68120","außerhalb GKL",{"v":3.79303078635,"d":"3.79"},{"v":0.0759415959134,"d":"0.08"},{"v":0.0991834304406,"d":"0.10"}]
[6,611,61108,{"v":10772.6260899999,"d":"10,772.63"},24471,{"v":2.271590955,"d":"2.27"},"ST",102,61108073,{"v":16.29950223,"d":"16.30"},4,370,374,{"v":11.40408133,"d":"11.40"},{"v":0.988126829,"d":"0.99"},{"v":369.559434099999,"d":"369.56"},{"v":4.44056593,"d":"4.44"},0,"0_61108073_5008",{"v":4.89542090277,"d":"4.90"},0,{"v":4.44056593,"d":"4.44"},{"v":0.699658257,"d":"0.70"},"0_61108073_5008_68297","D",{"v":0.0885564197954,"d":"0.09"},{"v":0.0180896436801,"d":"0.02"},{"v":0.0803282554117,"d":"0.08"}]
[6,611,61114,{"v":2729.62995099999,"d":"2,729.63"},2354,{"v":0.862387958,"d":"0.86"},"M",102,61114002,{"v":415.101514295,"d":"415.10"},42,62,104,{"v":101.095558499999,"d":"101.10"},{"v":0.988126829,"d":"0.99"},{"v":102.7651902,"d":"102.77"},{"v":1.234809777,"d":"1.23"},0,"0_61114002_5032",{"v":314.005955786,"d":"314.01"},0,{"v":1.234809777,"d":"1.23"},{"v":0.243544181,"d":"0.24"},"0_61114002_5032_68730","E",{"v":0.0551000506136,"d":"0.06"},{"v":0.000175474539888,"d":"0.00"},{"v":0.000216677677468,"d":"0.00"}]
[6,611,61118,{"v":2779.400967,"d":"2,779.40"},964,{"v":0.346837326,"d":"0.35"},"M",310,61118001,{"v":2633.84304681999,"d":"2,633.84"},24,175,199,{"v":60.98920864,"d":"60.99"},{"v":0.967661341,"d":"0.97"},{"v":192.5646068,"d":"192.56"},{"v":6.435393157,"d":"6.44"},0,"0_61118001_5039",{"v":2572.85383818999,"d":"2,572.85"},0,{"v":6.435393157,"d":"6.44"},{"v":0.023155977,"d":"0.02"},"0_61118001_5039_68907","E",{"v":2.085211479,"d":"2.09"},{"v":0.000810466357649,"d":"0.00"},{"v":0.00521566965199,"d":"0.01"}]
[6,611,61120,{"v":14322.8789099999,"d":"14,322.88"},11119,{"v":0.77631041,"d":"0.78"},"ST",310,61120010,{"v":7627.90102330999,"d":"7,627.90"},83,138,221,{"v":258.434570099999,"d":"258.43"},{"v":0.967661341,"d":"0.97"},{"v":213.853156299999,"d":"213.85"},{"v":7.146843657,"d":"7.15"},0,"0_61120010_5051",{"v":7369.46645323,"d":"7,369.47"},0,{"v":7.146843657,"d":"7.15"},{"v":0.033880168,"d":"0.03"},"0_61120010_5051_69084","außerhalb GKL",{"v":0.268557583788,"d":"0.27"},{"v":3.6441930429e-05,"d":"0.00"},{"v":0.000260444779336,"d":"0.00"}]
[6,612,61217,{"v":8348.37239799999,"d":"8,348.37"},2421,{"v":0.289996647,"d":"0.29"},"M",420,61217001,{"v":8131.20817611999,"d":"8,131.21"},204,578,782,{"v":179.278366799999,"d":"179.28"},{"v":0.954532045,"d":"0.95"},{"v":746.4440593,"d":"746.44"},{"v":35.5559406699999,"d":"35.56"},0,"0_61217001_5066",{"v":7951.92980927,"d":"7,951.93"},0,{"v":35.5559406699999,"d":"35.56"},{"v":0.022048183,"d":"0.02"},"0_61217001_5066_69512","F",{"v":0.530035308132,"d":"0.53"},{"v":6.6654927904e-05,"d":"0.00"},{"v":0.00236997866191,"d":"0.00"}]
[6,612,61252,{"v":4282.81999199999,"d":"4,282.82"},1140,{"v":0.266179761,"d":"0.27"},"G",420,61252000,{"v":4287.67365304,"d":"4,287.67"},84,181,265,{"v":121.5943943,"d":"121.59"},{"v":0.954532045,"d":"0.95"},{"v":252.950992,"d":"252.95"},{"v":12.04900803,"d":"12.05"},0,"0_61252000_5078",{"v":4166.07925871,"d":"4,166.08"},0,{"v":12.04900803,"d":"12.05"},{"v":0.02835906,"d":"0.03"},"0_61252000_5078_69693","G",{"v":0.442457532184,"d":"0.44"},{"v":1.06204780252E-4,"d":"0.00"},{"v":0.00127966225008,"d":"0.00"}]
[6,612,61255,{"v":19626.40752,"d":"19,626.41"},4920,{"v":0.250682658,"d":"0.25"},"M",430,61255000,{"v":173.412079164999,"d":"173.41"},98,421,519,{"v":102.139989499999,"d":"102.14"},{"v":0.945243625,"d":"0.95"},{"v":490.5814414,"d":"490.58"},{"v":28.41855861,"d":"28.42"},0,"0_61255000_5088",{"v":71.2720896282999,"d":"71.27"},0,{"v":28.41855861,"d":"28.42"},{"v":0.589001585,"d":"0.59"},"0_61255000_5088_69870","F",{"v":0.000169881007477,"d":"0.00"},{"v":2.383555868e-06,"d":"0.00"},{"v":6.7737222142e-05,"d":"0.00"}]
[6,612,61263,{"v":20535.98285,"d":"20,535.98"},5160,{"v":0.251266279,"d":"0.25"},"ST",420,61263004,{"v":3262.37512233999,"d":"3,262.38"},58,42,100,{"v":68.01591912,"d":"68.02"},{"v":0.954532045,"d":"0.95"},{"v":95.45320452,"d":"95.45"},{"v":4.546795482,"d":"4.55"},0,"0_61263004_5119",{"v":3194.35920321999,"d":"3,194.36"},0,{"v":4.546795482,"d":"4.55"},{"v":0.020848589,"d":"0.02"},"0_61263004_5119_70303","F",{"v":33.8090823904,"d":"33.81"},{"v":0.0105839951738,"d":"0.01"},{"v":0.0481232614377,"d":"0.05"}]
[6,612,61266,{"v":28830.2753999999,"d":"28,830.28"},1498,{"v":0.051959268,"d":"0.05"},"G",430,61266000,{"v":2085.05228801,"d":"2,085.05"},44,126,170,{"v":43.8902351899999,"d":"43.89"},{"v":0.945243625,"d":"0.95"},{"v":160.691416299999,"d":"160.69"},{"v":9.308583745,"d":"9.31"},0,"0_61266000_5131",{"v":2041.16205282,"d":"2,041.16"},0,{"v":9.308583745,"d":"9.31"},{"v":0.021049945,"d":"0.02"},"0_61266000_5131_70480","außerhalb GKL",{"v":2019.02350664,"d":"2,019.02"},{"v":0.989153949757,"d":"0.99"},{"v":9.20762237801,"d":"9.21"}]
[6,614,61438,{"v":7665.61076899999,"d":"7,665.61"},3499,{"v":0.45645417,"d":"0.46"},"ST",220,61438000,{"v":94.8320400599999,"d":"94.83"},91,905,996,{"v":65.65114389,"d":"65.65"},{"v":0.99140599,"d":"0.99"},{"v":987.440365899999,"d":"987.44"},{"v":8.559634055,"d":"8.56"},0,"0_61438000_5151",{"v":29.1808961666,"d":"29.18"},0,{"v":8.559634055,"d":"8.56"},{"v":0.692288638,"d":"0.69"},"0_61438000_5151_70657","D",{"v":0.0236549109436,"d":"0.02"},{"v":0.00081063003715,"d":"0.00"},{"v":0.006938696472,"d":"0.01"}]
[6,614,61445,{"v":25623.35915,"d":"25,623.36"},1679,{"v":0.065526147,"d":"0.07"},"G",420,61445003,{"v":10634.0220456,"d":"10,634.02"},56,234,290,{"v":122.078649499999,"d":"122.08"},{"v":0.954532045,"d":"0.95"},{"v":276.814293099999,"d":"276.81"},{"v":13.1857069,"d":"13.19"},0,"0_61445003_5184",{"v":10511.9433960999,"d":"10,511.94"},0,{"v":13.1857069,"d":"13.19"},{"v":0.011480007,"d":"0.01"},"0_61445003_5184_71050","F",{"v":2.56573627844,"d":"2.57"},{"v":0.00024407820531,"d":"0.00"},{"v":0.0032183436759,"d":"0.00"}]
[6,616,61624,{"v":2732.467802,"d":"2,732.47"},3152,{"v":1.153536008,"d":"1.15"},"M",310,61624000,{"v":1100.70257897,"d":"1,100.70"},112,326,438,{"v":71.9426806299999,"d":"71.94"},{"v":0.967661341,"d":"0.97"},{"v":423.8356673,"d":"423.84"},{"v":14.1643326799999,"d":"14.16"},0,"0_61624000_5202",{"v":1028.75989834,"d":"1,028.76"},0,{"v":14.1643326799999,"d":"14.16"},{"v":0.065360691,"d":"0.07"},"0_61624000_5202_71266","E",{"v":4.02909615263,"d":"4.03"},{"v":0.00391645918463,"d":"0.00"},{"v":0.0554740308187,"d":"0.06"}]
[6,616,61625,{"v":2862.08075,"d":"2,862.08"},9419,{"v":3.290962353,"d":"3.29"},"ST",103,61625022,{"v":125.05102775,"d":"125.05"},33,204,237,{"v":72.78318923,"d":"72.78"},{"v":0.991139192,"d":"0.99"},{"v":234.8999884,"d":"234.90"},{"v":2.100011572,"d":"2.10"},0,"0_61625022_5213",{"v":52.2678385160999,"d":"52.27"},0,{"v":2.100011572,"d":"2.10"},{"v":0.582027917,"d":"0.58"},"0_61625022_5213_71443","G",{"v":0.146580274682,"d":"0.15"},{"v":2.80440666466E-3,"d":"0.00"},{"v":0.00588928644838,"d":"0.01"}]
[6,616,61626,{"v":3158.77200099999,"d":"3,158.77"},5658,{"v":1.791202404,"d":"1.79"},"ST",103,61626005,{"v":56.0281971149999,"d":"56.03"},42,48,90,{"v":54.2583727999999,"d":"54.26"},{"v":0.991139192,"d":"0.99"},{"v":89.20252725,"d":"89.20"},{"v":0.797472749,"d":"0.80"},0,"0_61626005_5224",{"v":1.76982431969,"d":"1.77"},0,{"v":0.797472749,"d":"0.80"},{"v":0.9684119,"d":"0.97"},"0_61626005_5224_71620","F",{"v":3.19580346581E-3,"d":"0.00"},{"v":0.00180571790672,"d":"0.00"},{"v":1.44001082299E-3,"d":"0.00"}]
[6,617,61719,{"v":1524.83650899999,"d":"1,524.84"},2310,{"v":1.514916508,"d":"1.51"},"G",410,61719001,{"v":572.399347935,"d":"572.40"},91,1034,1125,{"v":129.2658135,"d":"129.27"},{"v":0.93996673,"d":"0.94"},{"v":1057.46257199999,"d":"1,057.46"},{"v":67.53742827,"d":"67.54"},0,"0_61719001_5268",{"v":443.133534467999,"d":"443.13"},0,{"v":67.53742827,"d":"67.54"},{"v":0.225831518,"d":"0.23"},"0_61719001_5268_72053","E",{"v":2.0747437639,"d":"2.07"},{"v":0.00468198320037,"d":"0.00"},{"v":0.316209104556,"d":"0.32"}]
[6,617,61729,{"v":2103.96953799999,"d":"2,103.97"},2101,{"v":0.998588602,"d":"1.00"},"G",310,61729001,{"v":399.723336744999,"d":"399.72"},72,57,129,{"v":41.5731388999999,"d":"41.57"},{"v":0.967661341,"d":"0.97"},{"v":124.828312999999,"d":"124.83"},{"v":4.171687022,"d":"4.17"},0,"0_61729001_5273",{"v":358.150197841,"d":"358.15"},0,{"v":4.171687022,"d":"4.17"},{"v":0.104004783,"d":"0.10"},"0_61729001_5273_72230","F",{"v":25.9692496069999,"d":"25.97"},{"v":0.0725093822747,"d":"0.07"},{"v":0.302486449009,"d":"0.30"}]
[6,617,61751,{"v":3341.47968499999,"d":"3,341.48"},2447,{"v":0.732310303,"d":"0.73"},"G",310,61751004,{"v":885.769837994999,"d":"885.77"},75,79,154,{"v":36.99745551,"d":"37.00"},{"v":0.967661341,"d":"0.97"},{"v":149.0198465,"d":"149.02"},{"v":4.980153499,"d":"4.98"},0,"0_61751004_5300",{"v":848.772382484999,"d":"848.77"},0,{"v":4.980153499,"d":"4.98"},{"v":0.041768701,"d":"0.04"},"0_61751004_5300_72587","F",{"v":0.433620638665,"d":"0.43"},{"v":0.000510879768962,"d":"0.00"},{"v":0.00254425966896,"d":"0.00"}]
[6,617,61760,{"v":3866.612814,"d":"3,866.61"},10926,{"v":2.82572901,"d":"2.83"},"ST",210,61760003,{"v":173.090231315,"d":"173.09"},448,548,996,{"v":119.9437934,"d":"119.94"},{"v":0.980090788,"d":"0.98"},{"v":976.170424899999,"d":"976.17"},{"v":19.82957515,"d":"19.83"},0,"0_61760003_5320",{"v":53.1464379112999,"d":"53.15"},0,{"v":19.82957515,"d":"19.83"},{"v":0.692955301,"d":"0.69"},"0_61760003_5320_72839","G",{"v":0.883317461807,"d":"0.88"},{"v":0.0166204452551,"d":"0.02"},{"v":0.329576368212,"d":"0.33"}]
[6,617,61762,{"v":2248.399393,"d":"2,248.40"},2180,{"v":0.969578629,"d":"0.97"},"G",410,61762000,{"v":729.88976012,"d":"729.89"},59,118,177,{"v":90.8509989599999,"d":"90.85"},{"v":0.93996673,"d":"0.94"},{"v":166.3741113,"d":"166.37"},{"v":10.62588871,"d":"10.63"},0,"0_61762000_5328",{"v":639.038761155999,"d":"639.04"},0,{"v":10.62588871,"d":"10.63"},{"v":0.12447222,"d":"0.12"},"0_61762000_5328_73016","D",{"v":0.0103101222415,"d":"0.01"},{"v":1.6133797929E-5,"d":"0.00"},{"v":0.000171435941266,"d":"0.00"}]
[6,617,61764,{"v":2813.315462,"d":"2,813.32"},3679,{"v":1.307709729,"d":"1.31"},"M",410,61764001,{"v":1277.69571820999,"d":"1,277.70"},89,646,735,{"v":109.1738706,"d":"109.17"},{"v":0.93996673,"d":"0.94"},{"v":690.8755469,"d":"690.88"},{"v":44.1244531299999,"d":"44.12"},0,"0_61764001_5339",{"v":1168.52184757999,"d":"1,168.52"},0,{"v":44.1244531299999,"d":"44.12"},{"v":0.085445908,"d":"0.09"},"0_61764001_5339_73193","E",{"v":1.59872237805,"d":"1.60"},{"v":1.36815788371E-3,"d":"0.00"},{"v":0.0603692184142,"d":"0.06"}]
[6,620,62007,{"v":5469.57545399999,"d":"5,469.58"},7657,{"v":1.399925838,"d":"1.40"},"G",103,62007030,{"v":261.503090014999,"d":"261.50"},41,492,533,{"v":100.294899099999,"d":"100.29"},{"v":0.991139192,"d":"0.99"},{"v":528.277189199999,"d":"528.28"},{"v":4.722810836,"d":"4.72"},0,"0_62007030_5362",{"v":161.20819093,"d":"161.21"},0,{"v":4.722810836,"d":"4.72"},{"v":0.383532367,"d":"0.38"},"0_62007030_5362_73626","G",{"v":0.0112068486288,"d":"0.01"},{"v":6.9517861122e-05,"d":"0.00"},{"v":0.000328319707803,"d":"0.00"}]
[6,620,62038,{"v":870.4917305,"d":"870.49"},6990,{"v":8.029944174,"d":"8.03"},"ST",103,62038001,{"v":102.673893794999,"d":"102.67"},32,504,536,{"v":49.66254329,"d":"49.66"},{"v":0.991139192,"d":"0.99"},{"v":531.2506067,"d":"531.25"},{"v":4.749393261,"d":"4.75"},0,"0_62038001_5379",{"v":53.0113505092,"d":"53.01"},0,{"v":4.749393261,"d":"4.75"},{"v":0.483692022,"d":"0.48"},"0_62038001_5379_73868","D",{"v":2.31793223897,"d":"2.32"},{"v":0.0437252063323,"d":"0.04"},{"v":0.20766820029,"d":"0.21"}]
[6,620,62040,{"v":6374.297673,"d":"6,374.30"},9853,{"v":1.54573892,"d":"1.55"},"ST",103,62040006,{"v":13.37070448,"d":"13.37"},18,101,119,{"v":10.85073923,"d":"10.85"},{"v":0.991139192,"d":"0.99"},{"v":117.9455638,"d":"117.95"},{"v":1.05443619,"d":"1.05"},0,"0_62040006_5393",{"v":2.5199652542,"d":"2.52"},0,{"v":1.05443619,"d":"1.05"},{"v":0.811530854,"d":"0.81"},"0_62040006_5393_73979","E",{"v":0.55973671662,"d":"0.56"},{"v":0.222120807296,"d":"0.22"},{"v":0.234212217765,"d":"0.23"}]
[6,620,62046,{"v":14824.9096499999,"d":"14,824.91"},2687,{"v":0.181248997,"d":"0.18"},"G",310,62046002,{"v":737.479922084999,"d":"737.48"},63,167,230,{"v":141.705743699999,"d":"141.71"},{"v":0.967661341,"d":"0.97"},{"v":222.5621084,"d":"222.56"},{"v":7.437891589,"d":"7.44"},0,"0_62046002_5431",{"v":595.774178637999,"d":"595.77"},0,{"v":7.437891589,"d":"7.44"},{"v":0.192148612,"d":"0.19"},"0_62046002_5431_74412","F",{"v":0.322457114138,"d":"0.32"},{"v":0.000541240499672,"d":"0.00"},{"v":0.00402568816014,"d":"0.00"}]
[6,620,62048,{"v":14963.0734799999,"d":"14,963.07"},4776,{"v":0.319185761,"d":"0.32"},"M",410,62048001,{"v":1388.1621285,"d":"1,388.16"},56,113,169,{"v":61.7381241599999,"d":"61.74"},{"v":0.93996673,"d":"0.94"},{"v":158.8543774,"d":"158.85"},{"v":10.14562256,"d":"10.15"},0,"0_62048001_5438",{"v":1326.42400434,"d":"1,326.42"},0,{"v":10.14562256,"d":"10.15"},{"v":0.044474722,"d":"0.04"},"0_62048001_5438_74589","G",{"v":18.1571542792999,"d":"18.16"},{"v":0.0136888010319,"d":"0.01"},{"v":0.138881408569,"d":"0.14"}]
[6,621,62116,{"v":7593.37979999999,"d":"7,593.38"},3902,{"v":0.513868673,"d":"0.51"},"M",210,62116000,{"v":157.935103929999,"d":"157.94"},87,526,613,{"v":124.114722499999,"d":"124.11"},{"v":0.980090788,"d":"0.98"},{"v":600.795653,"d":"600.80"},{"v":12.20434695,"d":"12.20"},0,"0_62116000_5454",{"v":33.8203814333,"d":"33.82"},0,{"v":12.20434695,"d":"12.20"},{"v":0.785858998,"d":"0.79"},"0_62116000_5454_74766","außerhalb GKL",{"v":15.3027036601,"d":"15.30"},{"v":0.452469872059,"d":"0.45"},{"v":5.52209930303,"d":"5.52"}]
[6,621,62128,{"v":3802.269616,"d":"3,802.27"},3703,{"v":0.97389201,"d":"0.97"},"M",310,62128001,{"v":357.339342325,"d":"357.34"},63,609,672,{"v":107.340343399999,"d":"107.34"},{"v":0.967661341,"d":"0.97"},{"v":650.268421099999,"d":"650.27"},{"v":21.7315788999999,"d":"21.73"},0,"0_62128001_5462",{"v":249.998998922999,"d":"250.00"},0,{"v":21.7315788999999,"d":"21.73"},{"v":0.300387701,"d":"0.30"},"0_62128001_5462_74943","F",{"v":0.00515086955492,"d":"0.01"},{"v":2.0603560723e-05,"d":"0.00"},{"v":4.47747905466E-4,"d":"0.00"}]
[6,621,62139,{"v":8528.40112399999,"d":"8,528.40"},15787,{"v":1.851108991,"d":"1.85"},"ST",102,62139014,{"v":2777.04230089,"d":"2,777.04"},112,399,511,{"v":196.143594199999,"d":"196.14"},{"v":0.988126829,"d":"0.99"},{"v":504.9328097,"d":"504.93"},{"v":6.067190349,"d":"6.07"},0,"0_62139014_5483",{"v":2580.89870668,"d":"2,580.90"},0,{"v":6.067190349,"d":"6.07"},{"v":0.070630395,"d":"0.07"},"0_62139014_5483_75405","F",{"v":0.250863413679,"d":"0.25"},{"v":9.7200023011e-05,"d":"0.00"},{"v":0.000589731041536,"d":"0.00"}]
[6,621,62140,{"v":8202.74981099999,"d":"8,202.75"},22609,{"v":2.756270826,"d":"2.76"},"ST",102,62140014,{"v":290.265518494999,"d":"290.27"},19,1391,1410,{"v":64.40797218,"d":"64.41"},{"v":0.988126829,"d":"0.99"},{"v":1393.258829,"d":"1,393.26"},{"v":16.7411710199999,"d":"16.74"},0,"0_62140014_5498",{"v":225.857546313,"d":"225.86"},0,{"v":16.7411710199999,"d":"16.74"},{"v":0.221893295,"d":"0.22"},"0_62140014_5498_75552","F",{"v":0.448412717032,"d":"0.45"},{"v":0.0019853785023,"d":"0.00"},{"v":0.0332375610464,"d":"0.03"}]
[6,621,62140,{"v":8202.74981099999,"d":"8,202.75"},22609,{"v":2.756270826,"d":"2.76"},"ST",102,62140023,{"v":229.93419546,"d":"229.93"},17,357,374,{"v":69.2663347099999,"d":"69.27"},{"v":0.988126829,"d":"0.99"},{"v":369.559434099999,"d":"369.56"},{"v":4.44056593,"d":"4.44"},0,"0_62140023_5507",{"v":160.667860754,"d":"160.67"},0,{"v":4.44056593,"d":"4.44"},{"v":0.301244165,"d":"0.30"},"0_62140023_5507_75729","D",{"v":0.090024879533,"d":"0.09"},{"v":0.000560316662651,"d":"0.00"},{"v":0.00248812308218,"d":"0.00"}]
[6,621,62143,{"v":5132.38060899999,"d":"5,132.38"},8347,{"v":1.626340803,"d":"1.63"},"ST",210,62143006,{"v":64.02934208,"d":"64.03"},10,564,574,{"v":31.9367707,"d":"31.94"},{"v":0.980090788,"d":"0.98"},{"v":562.572112299999,"d":"562.57"},{"v":11.42788769,"d":"11.43"},0,"0_62143006_5536",{"v":32.0925713815,"d":"32.09"},0,{"v":11.42788769,"d":"11.43"},{"v":0.498783365,"d":"0.50"},"0_62143006_5536_76162","F",{"v":0.118939624583,"d":"0.12"},{"v":3.7061419345E-3,"d":"0.00"},{"v":0.0423533737907,"d":"0.04"}]
[6,621,62145,{"v":11248.9694299999,"d":"11,248.97"},6589,{"v":0.585742547,"d":"0.59"},"M",410,62145003,{"v":206.95490126,"d":"206.95"},16,280,296,{"v":51.30438147,"d":"51.30"},{"v":0.93996673,"d":"0.94"},{"v":278.2301522,"d":"278.23"},{"v":17.76984779,"d":"17.77"},0,"0_62145003_5549",{"v":155.650519788999,"d":"155.65"},0,{"v":17.76984779,"d":"17.77"},{"v":0.247901263,"d":"0.25"},"0_62145003_5549_76339","G",{"v":0.32217834547,"d":"0.32"},{"v":0.00206988287547,"d":"0.00"},{"v":0.0367815036402,"d":"0.04"}]
[6,621,62148,{"v":15395.55649,"d":"15,395.56"},1842,{"v":0.119644912,"d":"0.12"},"G",330,62148001,{"v":11030.0173113,"d":"11,030.02"},89,70,159,{"v":91.65950501,"d":"91.66"},{"v":0.958718978,"d":"0.96"},{"v":152.4363175,"d":"152.44"},{"v":6.563682529,"d":"6.56"},0,"0_62148001_5563",{"v":10938.3578063,"d":"10,938.36"},0,{"v":6.563682529,"d":"6.56"},{"v":8.310006E-3,"d":"0.01"},"0_62148001_5563_76516","G",{"v":37.8663181276,"d":"37.87"},{"v":0.00346179187024,"d":"0.00"},{"v":0.0227221028177,"d":"0.02"}]
[6,622,62244,{"v":2356.325401,"d":"2,356.33"},2194,{"v":0.931110788,"d":"0.93"},"G",420,62244000,{"v":1070.53154958,"d":"1,070.53"},40,808,848,{"v":114.936852099999,"d":"114.94"},{"v":0.954532045,"d":"0.95"},{"v":809.4431743,"d":"809.44"},{"v":38.5568256899999,"d":"38.56"},0,"0_62244000_5609",{"v":955.594697437,"d":"955.59"},0,{"v":38.5568256899999,"d":"38.56"},{"v":0.107364283,"d":"0.11"},"0_62244000_5609_76943","E",{"v":0.00329522711652,"d":"0.00"},{"v":3.448352241e-06,"d":"0.00"},{"v":1.32957516279E-4,"d":"0.00"}]
[6,622,62266,{"v":2570.197364,"d":"2,570.20"},2399,{"v":0.933391355,"d":"0.93"},"G",410,62266002,{"v":280.594145985,"d":"280.59"},32,36,68,{"v":32.09446941,"d":"32.09"},{"v":0.93996673,"d":"0.94"},{"v":63.91773767,"d":"63.92"},{"v":4.082262331,"d":"4.08"},0,"0_62266002_5640",{"v":248.499676574,"d":"248.50"},0,{"v":4.082262331,"d":"4.08"},{"v":0.114380396,"d":"0.11"},"0_62266002_5640_77125","F",{"v":0.944439387858,"d":"0.94"},{"v":0.00380056586342,"d":"0.00"},{"v":0.0155149068607,"d":"0.02"}]
[6,622,62267,{"v":5041.301086,"d":"5,041.30"},8639,{"v":1.713644921,"d":"1.71"},"ST",220,62267011,{"v":316.60996187,"d":"316.61"},19,50,69,{"v":18.0387321,"d":"18.04"},{"v":0.99140599,"d":"0.99"},{"v":68.4070133,"d":"68.41"},{"v":0.592986697,"d":"0.59"},0,"0_62267011_5654",{"v":298.571229774,"d":"298.57"},0,{"v":0.592986697,"d":"0.59"},{"v":0.056974619,"d":"0.06"},"0_62267011_5654_77302","G",{"v":0.00277292026322,"d":"0.00"},{"v":9.287298931e-06,"d":"0.00"},{"v":5.507244717e-06,"d":"0.00"}]
[6,622,62272,{"v":2800.62752899999,"d":"2,800.63"},2994,{"v":1.069046122,"d":"1.07"},"M",420,62272002,{"v":708.246116004999,"d":"708.25"},54,24,78,{"v":65.45870734,"d":"65.46"},{"v":0.954532045,"d":"0.95"},{"v":74.4534995199999,"d":"74.45"},{"v":3.546500476,"d":"3.55"},0,"0_62272002_5684",{"v":642.787408661999,"d":"642.79"},0,{"v":3.546500476,"d":"3.55"},{"v":0.092423673,"d":"0.09"},"0_62272002_5684_77735","F",{"v":0.0375323147402,"d":"0.04"},{"v":5.8389934579e-05,"d":"0.00"},{"v":2.07079930779E-4,"d":"0.00"}]
[6,622,62277,{"v":2654.85663199999,"d":"2,654.86"},2639,{"v":0.994027311,"d":"0.99"},"G",420,62277002,{"v":585.111250609999,"d":"585.11"},39,157,196,{"v":87.14505144,"d":"87.15"},{"v":0.954532045,"d":"0.95"},{"v":187.0882809,"d":"187.09"},{"v":8.91171914499999,"d":"8.91"},0,"0_62277002_5705",{"v":497.966199173,"d":"497.97"},0,{"v":8.91171914499999,"d":"8.91"},{"v":0.148937576,"d":"0.15"},"0_62277002_5705_77912","außerhalb GKL",{"v":0.106351928529,"d":"0.11"},{"v":0.000213572585259,"d":"0.00"},{"v":0.0019032988969,"d":"0.00"}]
[6,623,62375,{"v":3877.19963599999,"d":"3,877.20"},5208,{"v":1.343237514,"d":"1.34"},"G",420,62375000,{"v":381.144240459999,"d":"381.14"},103,1628,1731,{"v":106.6936168,"d":"106.69"},{"v":0.954532045,"d":"0.95"},{"v":1652.29496999999,"d":"1,652.29"},{"v":78.7050298,"d":"78.71"},0,"0_62375000_5748",{"v":274.450623695999,"d":"274.45"},0,{"v":78.7050298,"d":"78.71"},{"v":0.279929763,"d":"0.28"},"0_62375000_5748_78089","G",{"v":0.848085333512,"d":"0.85"},{"v":0.00309011989877,"d":"0.00"},{"v":0.243207978718,"d":"0.24"}]
[6,623,62381,{"v":3915.85442599999,"d":"3,915.85"},3248,{"v":0.829448607,"d":"0.83"},"M",310,62381000,{"v":903.34610322,"d":"903.35"},122,786,908,{"v":103.549667499999,"d":"103.55"},{"v":0.967661341,"d":"0.97"},{"v":878.636497599999,"d":"878.64"},{"v":29.3635024499999,"d":"29.36"},0,"0_62381000_5812",{"v":799.796435685999,"d":"799.80"},0,{"v":29.3635024499999,"d":"29.36"},{"v":0.114629008,"d":"0.11"},"0_62381000_5812_78480","E",{"v":0.542929640716,"d":"0.54"},{"v":0.000678834784066,"d":"0.00"},{"v":0.0199329668451,"d":"0.02"}]
[6,623,62386,{"v":7112.28250899999,"d":"7,112.28"},4942,{"v":0.694854288,"d":"0.69"},"M",420,62386004,{"v":1600.64797156,"d":"1,600.65"},125,263,388,{"v":0.906458262,"d":"0.91"},{"v":0.954532045,"d":"0.95"},{"v":370.358433499999,"d":"370.36"},{"v":17.64156647,"d":"17.64"},0,"0_62386004_5840",{"v":1599.74151329999,"d":"1,599.74"},0,{"v":17.64156647,"d":"17.64"},{"v":0.000566307,"d":"0.00"},"0_62386004_5840_78698","außerhalb GKL",{"v":1595.13501109,"d":"1,595.14"},{"v":0.997120470919,"d":"1.00"},{"v":17.5907670663,"d":"17.59"}]
[1,104,10405,{"v":4928.357694,"d":"4,928.36"},3667,{"v":0.744061253,"d":"0.74"},"ST",430,10405001,{"v":1208.90980504,"d":"1,208.91"},69,1834,1903,{"v":158.8318576,"d":"158.83"},{"v":0.945243625,"d":"0.95"},{"v":1798.798618,"d":"1,798.80"},{"v":104.2013816,"d":"104.20"},1,"1_10405001_7318",{"v":157.442519156,"d":"157.44"},0.991252772177,{"v":1783.06411668,"d":"1,783.06"},{"v":0.131384374,"d":"0.13"},"1_10405001_7318_78875","außerhalb GKL",{"v":13.2702676851,"d":"13.27"},{"v":0.0842864288265,"d":"0.08"},{"v":150.288106763999,"d":"150.29"}]
[1,104,10414,{"v":1776.20542399999,"d":"1,776.21"},2661,{"v":1.498137526,"d":"1.50"},"M",430,10414001,{"v":1716.46290445999,"d":"1,716.46"},117,1106,1223,{"v":261.909281799999,"d":"261.91"},{"v":0.945243625,"d":"0.95"},{"v":1156.03295299999,"d":"1,156.03"},{"v":66.9670465899999,"d":"66.97"},1,"1_10414001_7389",{"v":12.1139253511,"d":"12.11"},0.046252371309,{"v":53.4692653875999,"d":"53.47"},{"v":0.152586625,"d":"0.15"},"1_10414001_7389_79052","außerhalb GKL",{"v":0.170977023463,"d":"0.17"},{"v":0.0141140892409,"d":"0.01"},{"v":0.754669983326,"d":"0.75"}]
[1,108,10809,{"v":5878.743244,"d":"5,878.74"},2019,{"v":0.343440752,"d":"0.34"},"M",430,10809000,{"v":2594.92600271999,"d":"2,594.93"},59,380,439,{"v":159.296740599999,"d":"159.30"},{"v":0.945243625,"d":"0.95"},{"v":414.961951399999,"d":"414.96"},{"v":24.03804861,"d":"24.04"},1,"1_10809000_7747",{"v":142.629943298999,"d":"142.63"},0.895372640782,{"v":371.545578249,"d":"371.55"},{"v":0.061387778,"d":"0.06"},"1_10809000_7747_79485","außerhalb GKL",{"v":0.302854070767,"d":"0.30"},{"v":0.00212335547335,"d":"0.00"},{"v":0.788923337174,"d":"0.79"}]
[1,108,10814,{"v":1155.45714199999,"d":"1,155.46"},1095,{"v":0.947676863,"d":"0.95"},"G",430,10814000,{"v":1155.47186403,"d":"1,155.47"},59,1121,1180,{"v":172.2666599,"d":"172.27"},{"v":0.945243625,"d":"0.95"},{"v":1115.387478,"d":"1,115.39"},{"v":64.61252247,"d":"64.61"},1,"1_10814000_7786",{"v":168.885439636,"d":"168.89"},0.980372172619,{"v":1093.49484512,"d":"1,093.49"},{"v":0.149087715,"d":"0.15"},"1_10814000_7786_79662","D",{"v":10.2558113652,"d":"10.26"},{"v":0.0607264391016,"d":"0.06"},{"v":66.4040481201,"d":"66.40"}]
[1,108,10828,{"v":1064.231962,"d":"1,064.23"},794,{"v":0.74607795,"d":"0.75"},"G",430,10828000,{"v":1064.23196183,"d":"1,064.23"},35,72,107,{"v":92.81761969,"d":"92.82"},{"v":0.945243625,"d":"0.95"},{"v":101.141067899999,"d":"101.14"},{"v":5.858932122,"d":"5.86"},1,"1_10828000_7848",{"v":92.817619687,"d":"92.82"},0.999999999968,{"v":101.141067896999,"d":"101.14"},{"v":0.087215591,"d":"0.09"},"1_10828000_7848_80017","G",{"v":15.8676581141999,"d":"15.87"},{"v":0.170955236384,"d":"0.17"},{"v":17.2905951705,"d":"17.29"}]
[1,109,10911,{"v":2052.262423,"d":"2,052.26"},1166,{"v":0.568153462,"d":"0.57"},"M",420,10911000,{"v":810.873608685,"d":"810.87"},31,109,140,{"v":53.0492350999999,"d":"53.05"},{"v":0.954532045,"d":"0.95"},{"v":133.634486299999,"d":"133.63"},{"v":6.365513675,"d":"6.37"},1,"1_10911000_7941",{"v":0.590273214379,"d":"0.59"},0.0111268939744,{"v":1.4869367603799999,"d":"1.49"},{"v":0.065422323,"d":"0.07"},"1_10911000_7941_80271","F",{"v":0.590273214379,"d":"0.59"},{"v":1,"d":"1.00"},{"v":1.4869367603799999,"d":"1.49"}]
[1,109,10917,{"v":3646.733548,"d":"3,646.73"},7600,{"v":2.084056842,"d":"2.08"},"ST",220,10917002,{"v":474.949443405,"d":"474.95"},132,984,1116,{"v":156.865755199999,"d":"156.87"},{"v":0.99140599,"d":"0.99"},{"v":1106.409085,"d":"1,106.41"},{"v":9.590915267,"d":"9.59"},1,"1_10917002_8000",{"v":156.865755177,"d":"156.87"},0.999999999853,{"v":1106.40908484,"d":"1,106.41"},{"v":0.330278848,"d":"0.33"},"1_10917002_8000_80448","F",{"v":0.0557508210655,"d":"0.06"},{"v":0.000355404664342,"d":"0.00"},{"v":0.393222949422,"d":"0.39"}]
[1,109,10920,{"v":1612.12152999999,"d":"1,612.12"},1649,{"v":1.022875738,"d":"1.02"},"M",220,10920000,{"v":1612.12152979,"d":"1,612.12"},65,289,354,{"v":192.8580817,"d":"192.86"},{"v":0.99140599,"d":"0.99"},{"v":350.9577204,"d":"350.96"},{"v":3.042279574,"d":"3.04"},1,"1_10920000_8030",{"v":187.769031063,"d":"187.77"},0.973612458487,{"v":341.696808983999,"d":"341.70"},{"v":0.119629989,"d":"0.12"},"1_10920000_8030_80625","F",{"v":0.434249630231,"d":"0.43"},{"v":2.31267972025E-3,"d":"0.00"},{"v":0.790235280611,"d":"0.79"}]
[2,201,20101,{"v":12003.30138,"d":"12,003.30"},101300,{"v":8.439344879,"d":"8.44"},"SR",101,20101280,{"v":1125.3837605,"d":"1,125.38"},58,1086,1144,{"v":93.3081095699999,"d":"93.31"},{"v":0.992934034,"d":"0.99"},{"v":1135.916535,"d":"1,135.92"},{"v":8.083465058,"d":"8.08"},1,"1_20101280_8173",{"v":75.8486045367999,"d":"75.85"},0.812883305496,{"v":923.367587737999,"d":"923.37"},{"v":0.082912259,"d":"0.08"},"1_20101280_8173_81058","E",{"v":4.58087917313,"d":"4.58"},{"v":0.0603950356253,"d":"0.06"},{"v":55.7668183567,"d":"55.77"}]
[2,201,20101,{"v":12003.30138,"d":"12,003.30"},101300,{"v":8.439344879,"d":"8.44"},"SR",101,20101384,{"v":17.0339580499999,"d":"17.03"},21,153,174,{"v":17.0339580499999,"d":"17.03"},{"v":0.992934034,"d":"0.99"},{"v":174,"d":"174.00"},{"v":0,"d":"0.00"},1,"1_20101384_8204",{"v":17.0339580499,"d":"17.03"},0.999999999994,{"v":173.999999999,"d":"174.00"},{"v":1,"d":"1.00"},"1_20101384_8204_81298","E",{"v":1.03085886317,"d":"1.03"},{"v":0.0605178702537,"d":"0.06"},{"v":10.5301094241,"d":"10.53"}]
[2,201,20101,{"v":12003.30138,"d":"12,003.30"},101300,{"v":8.439344879,"d":"8.44"},"SR",101,20101463,{"v":17.138403985,"d":"17.14"},18,34,52,{"v":17.13840399,"d":"17.14"},{"v":0.992934034,"d":"0.99"},{"v":52,"d":"52.00"},{"v":0,"d":"0.00"},1,"1_20101463_8224",{"v":17.138403985,"d":"17.14"},0.999999999708,{"v":51.9999999847999,"d":"52.00"},{"v":1,"d":"1.00"},"1_20101463_8224_81411","C",{"v":7.36220879186,"d":"7.36"},{"v":0.429573768847,"d":"0.43"},{"v":22.3378359734999,"d":"22.34"}]
[2,201,20101,{"v":12003.30138,"d":"12,003.30"},101300,{"v":8.439344879,"d":"8.44"},"SR",101,20101580,{"v":80.5226461449999,"d":"80.52"},13,136,149,{"v":4.931433586,"d":"4.93"},{"v":0.992934034,"d":"0.99"},{"v":147.947171099999,"d":"147.95"},{"v":1.052828928,"d":"1.05"},1,"1_20101580_8259",{"v":1.25551670925,"d":"1.26"},0.254594670567,{"v":37.6665612875,"d":"37.67"},{"v":0.061242816,"d":"0.06"},"1_20101580_8259_81588","B",{"v":0.30219920729,"d":"0.30"},{"v":0.240697081181,"d":"0.24"},{"v":9.06623136003,"d":"9.07"}]
[2,201,20101,{"v":12003.30138,"d":"12,003.30"},101300,{"v":8.439344879,"d":"8.44"},"SR",101,20101800,{"v":608.867746525,"d":"608.87"},63,693,756,{"v":72.4984980299999,"d":"72.50"},{"v":0.992934034,"d":"0.99"},{"v":750.6581297,"d":"750.66"},{"v":5.341870265,"d":"5.34"},1,"1_20101800_8340",{"v":1.3925329588,"d":"1.39"},0.0192077490795,{"v":14.4184529998,"d":"14.42"},{"v":0.119071011,"d":"0.12"},"1_20101800_8340_82021","außerhalb GKL",{"v":1.3925329588,"d":"1.39"},{"v":1,"d":"1.00"},{"v":14.4184529998,"d":"14.42"}]
[2,202,20201,{"v":13490.3313699999,"d":"13,490.33"},62882,{"v":4.6612643,"d":"4.66"},"SR",102,20201062,{"v":4.80092197501,"d":"4.80"},6,41,47,{"v":4.800921975,"d":"4.80"},{"v":0.988126829,"d":"0.99"},{"v":47,"d":"47.00"},{"v":0,"d":"0.00"},1,"1_20201062_8372",{"v":4.80092197503,"d":"4.80"},1.00000000001,{"v":47.0000000005,"d":"47.00"},{"v":1,"d":"1.00"},"1_20201062_8372_82198","E",{"v":1.04288921642,"d":"1.04"},{"v":0.217226862224,"d":"0.22"},{"v":10.2096625246,"d":"10.21"}]
[2,202,20201,{"v":13490.3313699999,"d":"13,490.33"},62882,{"v":4.6612643,"d":"4.66"},"SR",102,20201164,{"v":43.899227045,"d":"43.90"},34,619,653,{"v":20.43539463,"d":"20.44"},{"v":0.988126829,"d":"0.99"},{"v":645.2468194,"d":"645.25"},{"v":7.753180622,"d":"7.75"},1,"1_20201164_8392",{"v":20.4353946321,"d":"20.44"},1.0000000001,{"v":645.246819465,"d":"645.25"},{"v":0.465506935,"d":"0.47"},"1_20201164_8392_82375","F",{"v":0.739141162934,"d":"0.74"},{"v":0.0361696544765,"d":"0.04"},{"v":23.3383545121,"d":"23.34"}]
[2,203,20305,{"v":20535.02271,"d":"20,535.02"},6886,{"v":0.335329554,"d":"0.34"},"ST",430,20305000,{"v":260.501236,"d":"260.50"},141,2032,2173,{"v":149.1526843,"d":"149.15"},{"v":0.945243625,"d":"0.95"},{"v":2054.01439699999,"d":"2,054.01"},{"v":118.985602799999,"d":"118.99"},1,"1_20305000_8480",{"v":149.152684319,"d":"149.15"},1.00000000013,{"v":2054.01439726999,"d":"2,054.01"},{"v":0.572560371,"d":"0.57"},"1_20305000_8480_82835","F",{"v":0.00919656603152,"d":"0.01"},{"v":6.1658736304e-05,"d":"0.00"},{"v":0.126647932087,"d":"0.13"}]
[2,203,20316,{"v":6620.542223,"d":"6,620.54"},1579,{"v":0.238500103,"d":"0.24"},"G",410,20316000,{"v":3624.52232266,"d":"3,624.52"},95,137,232,{"v":170.0665997,"d":"170.07"},{"v":0.93996673,"d":"0.94"},{"v":218.0722815,"d":"218.07"},{"v":13.92771854,"d":"13.93"},1,"1_20316000_8619",{"v":3.12707571183,"d":"3.13"},0.0183873595247,{"v":4.00977344231,"d":"4.01"},{"v":0.046921107,"d":"0.05"},"1_20316000_8619_82984","außerhalb GKL",{"v":3.12707571183,"d":"3.13"},{"v":1,"d":"1.00"},{"v":4.00977344231,"d":"4.01"}]
[2,204,20403,{"v":7184.04343799999,"d":"7,184.04"},2474,{"v":0.34437431,"d":"0.34"},"M",310,20403000,{"v":5129.91468756999,"d":"5,129.91"},118,651,769,{"v":225.6521615,"d":"225.65"},{"v":0.967661341,"d":"0.97"},{"v":744.1315712,"d":"744.13"},{"v":24.8684288299999,"d":"24.87"},1,"1_20403000_8700",{"v":222.871623115999,"d":"222.87"},0.987677767563,{"v":734.962209015999,"d":"734.96"},{"v":0.043987508,"d":"0.04"},"1_20403000_8700_83161","außerhalb GKL",{"v":15.6261275692999,"d":"15.63"},{"v":0.0701126834849,"d":"0.07"},{"v":51.5301727340999,"d":"51.53"}]
[2,204,20415,{"v":1185.41697199999,"d":"1,185.42"},3453,{"v":2.912899074,"d":"2.91"},"G",310,20415001,{"v":785.327688845,"d":"785.33"},161,442,603,{"v":137.607336099999,"d":"137.61"},{"v":0.967661341,"d":"0.97"},{"v":583.499788599999,"d":"583.50"},{"v":19.50021143,"d":"19.50"},1,"1_20415001_8813",{"v":3.74017986314,"d":"3.74"},0.0271800906052,{"v":15.8595771222999,"d":"15.86"},{"v":0.175222825,"d":"0.18"},"1_20415001_8813_83594","außerhalb GKL",{"v":0.000548041637214,"d":"0.00"},{"v":1.46528150321E-4,"d":"0.00"},{"v":0.0023238745006,"d":"0.00"}]
[2,204,20421,{"v":3675.652472,"d":"3,675.65"},4478,{"v":1.218287103,"d":"1.22"},"M",310,20421000,{"v":645.70039885,"d":"645.70"},80,641,721,{"v":95.94361173,"d":"95.94"},{"v":0.967661341,"d":"0.97"},{"v":697.6838268,"d":"697.68"},{"v":23.3161732,"d":"23.32"},1,"1_20421000_8875",{"v":88.7506960883,"d":"88.75"},0.925029759543,{"v":645.378302542,"d":"645.38"},{"v":0.148588435,"d":"0.15"},"1_20421000_8875_83771","außerhalb GKL",{"v":0.261505766553,"d":"0.26"},{"v":0.00294652073819,"d":"0.00"},{"v":1.90162055242,"d":"1.90"}]
[2,204,20425,{"v":3074.57943199999,"d":"3,074.58"},3199,{"v":1.040467508,"d":"1.04"},"M",310,20425001,{"v":1875.05152025999,"d":"1,875.05"},77,24,101,{"v":82.88516337,"d":"82.89"},{"v":0.967661341,"d":"0.97"},{"v":97.73379543,"d":"97.73"},{"v":3.266204567,"d":"3.27"},1,"1_20425001_8939",{"v":2.34807379721,"d":"2.35"},0.0283292413472,{"v":2.76872427851,"d":"2.77"},{"v":0.044204206,"d":"0.04"},"1_20425001_8939_83948","außerhalb GKL",{"v":2.18328108913,"d":"2.18"},{"v":0.929817917871,"d":"0.93"},{"v":2.5744094438,"d":"2.57"}]
[2,205,20505,{"v":12084.4532299999,"d":"12,084.45"},4948,{"v":0.409451707,"d":"0.41"},"ST",410,20505005,{"v":3338.17034606,"d":"3,338.17"},77,26,103,{"v":20.3494360699999,"d":"20.35"},{"v":0.93996673,"d":"0.94"},{"v":96.81657323,"d":"96.82"},{"v":6.183426766,"d":"6.18"},1,"1_20505005_9127",{"v":0.818255327074,"d":"0.82"},0.040210221269,{"v":3.89301583208,"d":"3.89"},{"v":0.006095985,"d":"0.01"},"1_20505005_9127_84373","G",{"v":0.714742442761,"d":"0.71"},{"v":0.873495618192,"d":"0.87"},{"v":3.40053227087,"d":"3.40"}]
[2,205,20513,{"v":6853.728664,"d":"6,853.73"},1718,{"v":0.250666474,"d":"0.25"},"M",410,20513000,{"v":173.469296215,"d":"173.47"},41,132,173,{"v":59.19736143,"d":"59.20"},{"v":0.93996673,"d":"0.94"},{"v":162.614244399999,"d":"162.61"},{"v":10.3857556399999,"d":"10.39"},1,"1_20513000_9238",{"v":51.769038526,"d":"51.77"},0.87451597969,{"v":142.208755252999,"d":"142.21"},{"v":0.341255558,"d":"0.34"},"1_20513000_9238_84557","außerhalb GKL",{"v":0.042966405138,"d":"0.04"},{"v":0.000829963359594,"d":"0.00"},{"v":0.118028056273,"d":"0.12"}]
[2,205,20518,{"v":22325.63045,"d":"22,325.63"},1953,{"v":0.087477933,"d":"0.09"},"M",430,20518001,{"v":7662.89035458,"d":"7,662.89"},140,112,252,{"v":53.8393611799999,"d":"53.84"},{"v":0.945243625,"d":"0.95"},{"v":238.201393499999,"d":"238.20"},{"v":13.7986064899999,"d":"13.80"},1,"1_20518001_9338",{"v":0.68844844076,"d":"0.69"},0.0127870841271,{"v":3.04590125788,"d":"3.05"},{"v":0.007025986,"d":"0.01"},"1_20518001_9338_84734","außerhalb GKL",{"v":0.68844844076,"d":"0.69"},{"v":1,"d":"1.00"},{"v":3.04590125788,"d":"3.05"}]
[2,205,20523,{"v":6984.303966,"d":"6,984.30"},3576,{"v":0.512005207,"d":"0.51"},"G",410,20523000,{"v":2925.03223002999,"d":"2,925.03"},236,257,493,{"v":239.8707941,"d":"239.87"},{"v":0.93996673,"d":"0.94"},{"v":463.4035981,"d":"463.40"},{"v":29.5964019,"d":"29.60"},1,"1_20523000_9419",{"v":3.18718964213,"d":"3.19"},0.0132871100631,{"v":6.15729461159,"d":"6.16"},{"v":0.082006205,"d":"0.08"},"1_20523000_9419_84911","außerhalb GKL",{"v":3.18718964213,"d":"3.19"},{"v":1,"d":"1.00"},{"v":6.15729461159,"d":"6.16"}]
[2,206,20601,{"v":7400.347821,"d":"7,400.35"},1711,{"v":0.231205349,"d":"0.23"},"G",430,20601000,{"v":7400.67065771,"d":"7,400.67"},243,899,1142,{"v":307.2856828,"d":"307.29"},{"v":0.945243625,"d":"0.95"},{"v":1079.46821999999,"d":"1,079.47"},{"v":62.53178022,"d":"62.53"},1,"1_20601000_9598",{"v":68.2571601048999,"d":"68.26"},0.222129321103,{"v":239.781542860999,"d":"239.78"},{"v":0.041521329,"d":"0.04"},"1_20601000_9598_85344","außerhalb GKL",{"v":68.2571601048999,"d":"68.26"},{"v":1,"d":"1.00"},{"v":239.781542860999,"d":"239.78"}]
[2,206,20616,{"v":3437.434991,"d":"3,437.43"},1703,{"v":0.495427551,"d":"0.50"},"G",410,20616000,{"v":3437.43499097999,"d":"3,437.43"},167,372,539,{"v":187.300810299999,"d":"187.30"},{"v":0.93996673,"d":"0.94"},{"v":506.642067699999,"d":"506.64"},{"v":32.3579323,"d":"32.36"},1,"1_20616000_9776",{"v":0.898277130531,"d":"0.90"},0.0047959062702,{"v":2.42980786923,"d":"2.43"},{"v":0.054488539,"d":"0.05"},"1_20616000_9776_85521","außerhalb GKL",{"v":0.898277130531,"d":"0.90"},{"v":1,"d":"1.00"},{"v":2.42980786923,"d":"2.43"}]
[2,206,20632,{"v":12047.8093,"d":"12,047.81"},1740,{"v":0.144424597,"d":"0.14"},"M",410,20632000,{"v":12047.8092966,"d":"12,047.81"},204,524,728,{"v":211.5450859,"d":"211.55"},{"v":0.93996673,"d":"0.94"},{"v":684.295779799999,"d":"684.30"},{"v":43.7042202499999,"d":"43.70"},1,"1_20632000_10008",{"v":77.7071775060999,"d":"77.71"},0.367331517891,{"v":251.36340748,"d":"251.36"},{"v":0.017558801,"d":"0.02"},"1_20632000_10008_85910","außerhalb GKL",{"v":6.987720537,"d":"6.99"},{"v":0.0899237465735,"d":"0.09"},{"v":22.6035393521,"d":"22.60"}]
[2,206,20635,{"v":4856.689183,"d":"4,856.69"},15300,{"v":3.150294248,"d":"3.15"},"ST",103,20635012,{"v":278.507201454999,"d":"278.51"},53,1430,1483,{"v":71.25405424,"d":"71.25"},{"v":0.991139192,"d":"0.99"},{"v":1469.859421,"d":"1,469.86"},{"v":13.14057874,"d":"13.14"},1,"1_20635012_10054",{"v":69.6841121243,"d":"69.68"},0.977966978406,{"v":1437.47397664,"d":"1,437.47"},{"v":0.255842771,"d":"0.26"},"1_20635012_10054_86130","F",{"v":0.56538641251,"d":"0.57"},{"v":0.0081135626942,"d":"0.01"},{"v":11.6630352307,"d":"11.66"}]
[2,206,20635,{"v":4856.689183,"d":"4,856.69"},15300,{"v":3.150294248,"d":"3.15"},"ST",103,20635030,{"v":1169.85834627999,"d":"1,169.86"},95,426,521,{"v":172.1096699,"d":"172.11"},{"v":0.991139192,"d":"0.99"},{"v":516.3835189,"d":"516.38"},{"v":4.616481136,"d":"4.62"},1,"1_20635030_10092",{"v":41.6377818636999,"d":"41.64"},0.241925871381,{"v":124.926532777,"d":"124.93"},{"v":0.147120094,"d":"0.15"},"1_20635030_10092_86307","G",{"v":0.0270183455831,"d":"0.03"},{"v":0.000648890127518,"d":"0.00"},{"v":0.081063593784,"d":"0.08"}]
[2,206,20642,{"v":20748.5187799999,"d":"20,748.52"},1661,{"v":0.080053907,"d":"0.08"},"G",410,20642001,{"v":7860.18416428,"d":"7,860.18"},83,108,191,{"v":63.79126594,"d":"63.79"},{"v":0.93996673,"d":"0.94"},{"v":179.5336455,"d":"179.53"},{"v":11.46635449,"d":"11.47"},1,"1_20642001_10258",{"v":0.798259521117,"d":"0.80"},0.0125136178026,{"v":2.24661542249,"d":"2.25"},{"v":0.008115747,"d":"0.01"},"1_20642001_10258_86484","G",{"v":0.131786969744,"d":"0.13"},{"v":0.165092888037,"d":"0.17"},{"v":0.370900228407,"d":"0.37"}]
[2,207,20711,{"v":10205.9982199999,"d":"10,206.00"},9059,{"v":0.887615283,"d":"0.89"},"M",310,20711000,{"v":3197.5985669,"d":"3,197.60"},196,413,609,{"v":247.569012299999,"d":"247.57"},{"v":0.967661341,"d":"0.97"},{"v":589.305756599999,"d":"589.31"},{"v":19.69424338,"d":"19.69"},1,"1_20711000_10413",{"v":243.145578333,"d":"243.15"},0.982132521652,{"v":578.776348753999,"d":"578.78"},{"v":0.077423419,"d":"0.08"},"1_20711000_10413_86917","F",{"v":2.08314744121,"d":"2.08"},{"v":0.00856749053588,"d":"0.01"},{"v":4.95866089034,"d":"4.96"}]
[2,207,20719,{"v":4272.29395899999,"d":"4,272.29"},2271,{"v":0.531564546,"d":"0.53"},"M",410,20719001,{"v":1673.14793011,"d":"1,673.15"},97,43,140,{"v":144.5772287,"d":"144.58"},{"v":0.93996673,"d":"0.94"},{"v":131.595342299999,"d":"131.60"},{"v":8.40465773999999,"d":"8.40"},1,"1_20719001_10455",{"v":1.33777427053,"d":"1.34"},0.00925300811586,{"v":1.21765277031,"d":"1.22"},{"v":0.086410308,"d":"0.09"},"1_20719001_10455_87094","außerhalb GKL",{"v":1.33777427053,"d":"1.34"},{"v":1,"d":"1.00"},{"v":1.21765277031,"d":"1.22"}]
[2,207,20724,{"v":7103.98807599999,"d":"7,103.99"},4462,{"v":0.628097901,"d":"0.63"},"M",310,20724001,{"v":2404.03320735999,"d":"2,404.03"},63,513,576,{"v":111.1981762,"d":"111.20"},{"v":0.967661341,"d":"0.97"},{"v":557.372932399999,"d":"557.37"},{"v":18.6270676299999,"d":"18.63"},1,"1_20724001_10572",{"v":46.243762039,"d":"46.24"},0.415867990099,{"v":231.793561132999,"d":"231.79"},{"v":0.046254842,"d":"0.05"},"1_20724001_10572_87447","F",{"v":11.4752488599,"d":"11.48"},{"v":0.248146957642,"d":"0.25"},{"v":57.5188669962,"d":"57.52"}]
[2,207,20726,{"v":4916.92597099999,"d":"4,916.93"},2919,{"v":0.593663606,"d":"0.59"},"M",310,20726000,{"v":1130.29889105999,"d":"1,130.30"},54,221,275,{"v":101.220474199999,"d":"101.22"},{"v":0.967661341,"d":"0.97"},{"v":266.106868799999,"d":"266.11"},{"v":8.893131248,"d":"8.89"},1,"1_20726000_10638",{"v":1.10163134713,"d":"1.10"},0.0108834833648,{"v":2.89616967984,"d":"2.90"},{"v":0.089551954,"d":"0.09"},"1_20726000_10638_87703","außerhalb GKL",{"v":1.10163134713,"d":"1.10"},{"v":1,"d":"1.00"},{"v":2.89616967984,"d":"2.90"}]
[2,208,20801,{"v":6976.282307,"d":"6,976.28"},4058,{"v":0.581685176,"d":"0.58"},"ST",410,20801001,{"v":4164.01823897,"d":"4,164.02"},165,163,328,{"v":211.864483,"d":"211.86"},{"v":0.93996673,"d":"0.94"},{"v":308.309087599999,"d":"308.31"},{"v":19.69091242,"d":"19.69"},1,"1_20801001_10674",{"v":1.98909269308,"d":"1.99"},0.00938851413373,{"v":2.89456422649,"d":"2.89"},{"v":0.050879816,"d":"0.05"},"1_20801001_10674_87880","außerhalb GKL",{"v":1.98909269308,"d":"1.99"},{"v":1,"d":"1.00"},{"v":2.89456422649,"d":"2.89"}]
[2,208,20803,{"v":6780.98431999999,"d":"6,780.98"},5870,{"v":0.865656035,"d":"0.87"},"M",410,20803001,{"v":3524.48901760999,"d":"3,524.49"},124,193,317,{"v":173.986136499999,"d":"173.99"},{"v":0.93996673,"d":"0.94"},{"v":297.969453499999,"d":"297.97"},{"v":19.0305464499999,"d":"19.03"},1,"1_20803001_10782",{"v":8.49607787537999,"d":"8.50"},0.0488319244642,{"v":14.550421846,"d":"14.55"},{"v":0.049364925,"d":"0.05"},"1_20803001_10782_88057","außerhalb GKL",{"v":8.49607787537999,"d":"8.50"},{"v":1,"d":"1.00"},{"v":14.550421846,"d":"14.55"}]
[2,208,20813,{"v":4108.09092799999,"d":"4,108.09"},4480,{"v":1.090530877,"d":"1.09"},"G",410,20813000,{"v":1563.92785221999,"d":"1,563.93"},217,602,819,{"v":270.741272299999,"d":"270.74"},{"v":0.93996673,"d":"0.94"},{"v":769.832752199999,"d":"769.83"},{"v":49.1672477799999,"d":"49.17"},1,"1_20813000_10973",{"v":209.792226322999,"d":"209.79"},0.774880846724,{"v":596.528654860999,"d":"596.53"},{"v":0.173116216,"d":"0.17"},"1_20813000_10973_88490","G",{"v":2.6124687227E-5,"d":"0.00"},{"v":1.24526479E-7,"d":"0.00"},{"v":7.4283612901e-05,"d":"0.00"}]
[2,208,20817,{"v":13743.7979599999,"d":"13,743.80"},10899,{"v":0.793012239,"d":"0.79"},"ST",210,20817002,{"v":508.090186229999,"d":"508.09"},66,1140,1206,{"v":117.531910199999,"d":"117.53"},{"v":0.980090788,"d":"0.98"},{"v":1181.98948999999,"d":"1,181.99"},{"v":24.01050967,"d":"24.01"},1,"1_20817002_11055",{"v":114.190761011,"d":"114.19"},0.97157240801,{"v":1148.38837504,"d":"1,148.39"},{"v":0.231320961,"d":"0.23"},"1_20817002_11055_88667","E",{"v":0.163054579139,"d":"0.16"},{"v":1.42791393713E-3,"d":"0.00"},{"v":1.63979976596,"d":"1.64"}]
[2,209,20905,{"v":10093.65423,"d":"10,093.65"},2556,{"v":0.253228409,"d":"0.25"},"M",103,20905005,{"v":63.695200745,"d":"63.70"},3,541,544,{"v":29.57231162,"d":"29.57"},{"v":0.991139192,"d":"0.99"},{"v":539.179720299999,"d":"539.18"},{"v":4.820279727,"d":"4.82"},1,"1_20905005_11220",{"v":27.4566338192,"d":"27.46"},0.92845747644,{"v":500.605442456999,"d":"500.61"},{"v":0.46427849,"d":"0.46"},"1_20905005_11220_88985","G",{"v":0.0027443052359,"d":"0.00"},{"v":9.9950534868e-05,"d":"0.00"},{"v":0.0500357817314,"d":"0.05"}]
[2,209,20909,{"v":9369.029806,"d":"9,369.03"},2870,{"v":0.30632841,"d":"0.31"},"M",410,20909001,{"v":4442.56202157,"d":"4,442.56"},120,100,220,{"v":47.32278706,"d":"47.32"},{"v":0.93996673,"d":"0.94"},{"v":206.7926807,"d":"206.79"},{"v":13.20731931,"d":"13.21"},1,"1_20909001_11238",{"v":0.570405806927,"d":"0.57"},0.0120535125331,{"v":2.49257816857,"d":"2.49"},{"v":0.010652139,"d":"0.01"},"1_20909001_11238_89020","außerhalb GKL",{"v":0.570405806927,"d":"0.57"},{"v":1,"d":"1.00"},{"v":2.49257816857,"d":"2.49"}]
[2,209,20918,{"v":4745.628899,"d":"4,745.63"},3273,{"v":0.689687304,"d":"0.69"},"M",410,20918002,{"v":701.81313875,"d":"701.81"},39,183,222,{"v":21.9285641799999,"d":"21.93"},{"v":0.93996673,"d":"0.94"},{"v":208.672614199999,"d":"208.67"},{"v":13.32738584,"d":"13.33"},1,"1_20918002_11409",{"v":0.962094238164,"d":"0.96"},0.043874018849,{"v":9.15530620868,"d":"9.16"},{"v":0.031245588,"d":"0.03"},"1_20918002_11409_89453","F",{"v":0.0833428518742,"d":"0.08"},{"v":0.0866264951688,"d":"0.09"},{"v":0.793092089055,"d":"0.79"}]
[2,209,20923,{"v":27863.0530499999,"d":"27,863.05"},25025,{"v":0.898142783,"d":"0.90"},"ST",103,20923040,{"v":238.185070034999,"d":"238.19"},73,1013,1086,{"v":121.767170399999,"d":"121.77"},{"v":0.991139192,"d":"0.99"},{"v":1076.37716199999,"d":"1,076.38"},{"v":9.622837838,"d":"9.62"},1,"1_20923040_11445",{"v":120.717763270999,"d":"120.72"},0.991381855014,{"v":1067.10078756,"d":"1,067.10"},{"v":0.511229232,"d":"0.51"},"1_20923040_11445_89630","F",{"v":8.27504638965,"d":"8.28"},{"v":0.0685487053887,"d":"0.07"},{"v":73.1483775064999,"d":"73.15"}]
[2,209,20923,{"v":27863.0530499999,"d":"27,863.05"},25025,{"v":0.898142783,"d":"0.90"},"ST",103,20923060,{"v":746.1900745,"d":"746.19"},108,187,295,{"v":156.6350672,"d":"156.64"},{"v":0.991139192,"d":"0.99"},{"v":292.386061499999,"d":"292.39"},{"v":2.613938455,"d":"2.61"},1,"1_20923060_11506",{"v":82.1980822785999,"d":"82.20"},0.524774456627,{"v":153.436736548999,"d":"153.44"},{"v":0.209913094,"d":"0.21"},"1_20923060_11506_89807","außerhalb GKL",{"v":10.3965278051,"d":"10.40"},{"v":0.126481391255,"d":"0.13"},{"v":19.4068919083,"d":"19.41"}]
[2,210,21003,{"v":2518.02062999999,"d":"2,518.02"},1796,{"v":0.713258652,"d":"0.71"},"G",410,21003000,{"v":2518.02062977,"d":"2,518.02"},140,596,736,{"v":103.981184499999,"d":"103.98"},{"v":0.93996673,"d":"0.94"},{"v":691.8155136,"d":"691.82"},{"v":44.1844863999999,"d":"44.18"},1,"1_21003000_11707",{"v":0.695681192564,"d":"0.70"},0.00669045266131,{"v":4.6285589441,"d":"4.63"},{"v":0.04129481,"d":"0.04"},"1_21003000_11707_90265","außerhalb GKL",{"v":0.695681192564,"d":"0.70"},{"v":1,"d":"1.00"},{"v":4.6285589441,"d":"4.63"}]
[2,210,21006,{"v":1736.58488699999,"d":"1,736.58"},844,{"v":0.48601137,"d":"0.49"},"G",410,21006000,{"v":1736.58488727999,"d":"1,736.58"},67,175,242,{"v":187.7525079,"d":"187.75"},{"v":0.93996673,"d":"0.94"},{"v":227.4719488,"d":"227.47"},{"v":14.52805124,"d":"14.53"},1,"1_21006000_11798",{"v":182.717813183999,"d":"182.72"},0.973184407642,{"v":221.372153747999,"d":"221.37"},{"v":0.10811594,"d":"0.11"},"1_21006000_11798_90416","außerhalb GKL",{"v":0.0292019670145,"d":"0.03"},{"v":1.59820033447E-4,"d":"0.00"},{"v":0.0353797050162,"d":"0.04"}]
[2,210,21009,{"v":2954.57371899999,"d":"2,954.57"},3808,{"v":1.288849209,"d":"1.29"},"G",410,21009001,{"v":1328.80283643,"d":"1,328.80"},137,425,562,{"v":207.1140904,"d":"207.11"},{"v":0.93996673,"d":"0.94"},{"v":528.2613025,"d":"528.26"},{"v":33.7386975,"d":"33.74"},1,"1_21009001_11870",{"v":196.936992400999,"d":"196.94"},0.950862358136,{"v":502.303787806999,"d":"502.30"},{"v":0.155865178,"d":"0.16"},"1_21009001_11870_90593","F",{"v":0.0881811186931,"d":"0.09"},{"v":0.000447763102391,"d":"0.00"},{"v":0.224913102371,"d":"0.22"}]
[3,318,31812,{"v":1482.27802599999,"d":"1,482.28"},1313,{"v":0.885798734,"d":"0.89"},"M",410,31812000,{"v":1285.92792714999,"d":"1,285.93"},72,176,248,{"v":77.8198854999999,"d":"77.82"},{"v":0.93996673,"d":"0.94"},{"v":233.111749099999,"d":"233.11"},{"v":14.88825085,"d":"14.89"},1,"1_31812000_17562",{"v":49.7722401855,"d":"49.77"},0.639582541991,{"v":149.094205057,"d":"149.09"},{"v":0.060516522,"d":"0.06"},"1_31812000_17562_91026","E",{"v":3.50929648403,"d":"3.51"},{"v":0.0705071033763,"d":"0.07"},{"v":10.5122005287999,"d":"10.51"}]
[3,318,31830,{"v":874.1686544,"d":"874.17"},392,{"v":0.448426054,"d":"0.45"},"G",410,31830000,{"v":874.76248692,"d":"874.76"},51,92,143,{"v":30.77217752,"d":"30.77"},{"v":0.93996673,"d":"0.94"},{"v":134.4152425,"d":"134.42"},{"v":8.584757549,"d":"8.58"},1,"1_31830000_17761",{"v":0.650109102797,"d":"0.65"},0.0211265225665,{"v":2.83972665396,"d":"2.84"},{"v":0.035177752,"d":"0.04"},"1_31830000_17761_91203","G",{"v":0.650109102798,"d":"0.65"},{"v":1,"d":"1.00"},{"v":2.83972665396,"d":"2.84"}]
[3,318,31843,{"v":3015.28731699999,"d":"3,015.29"},1497,{"v":0.496470101,"d":"0.50"},"M",410,31843001,{"v":1046.1337126,"d":"1,046.13"},42,5,47,{"v":29.3675882699999,"d":"29.37"},{"v":0.93996673,"d":"0.94"},{"v":44.1784363299999,"d":"44.18"},{"v":2.82156367,"d":"2.82"},1,"1_31843001_17981",{"v":1.13494095383,"d":"1.13"},0.0386460387348,{"v":1.70732156165,"d":"1.71"},{"v":0.0280725,"d":"0.03"},"1_31843001_17981_91380","außerhalb GKL",{"v":1.13494095383,"d":"1.13"},{"v":1,"d":"1.00"},{"v":1.70732156165,"d":"1.71"}]
[3,323,32317,{"v":3533.276691,"d":"3,533.28"},1039,{"v":0.294061318,"d":"0.29"},"G",410,32317000,{"v":3533.27669057999,"d":"3,533.28"},172,151,323,{"v":103.1396327,"d":"103.14"},{"v":0.93996673,"d":"0.94"},{"v":303.609253899999,"d":"303.61"},{"v":19.3907460699999,"d":"19.39"},1,"1_32317000_20758",{"v":0.552131587472,"d":"0.55"},0.00535324368546,{"v":1.62529432129,"d":"1.63"},{"v":0.02919093,"d":"0.03"},"1_32317000_20758_91803","außerhalb GKL",{"v":0.552131587472,"d":"0.55"},{"v":1,"d":"1.00"},{"v":1.62529432129,"d":"1.63"}]
[4,407,40702,{"v":11226.27109,"d":"11,226.27"},7560,{"v":0.673420403,"d":"0.67"},"M",420,40702004,{"v":345.521890794999,"d":"345.52"},75,1112,1187,{"v":182.9906833,"d":"182.99"},{"v":0.954532045,"d":"0.95"},{"v":1133.029538,"d":"1,133.03"},{"v":53.97046238,"d":"53.97"},1,"1_40702004_24863",{"v":180.853318554999,"d":"180.85"},0.988319816581,{"v":1119.79554518,"d":"1,119.80"},{"v":0.529606628,"d":"0.53"},"1_40702004_24863_91989","außerhalb GKL",{"v":5.188099032e-06,"d":"0.00"},{"v":2.8686778e-08,"d":"0.00"},{"v":3.2123326408e-05,"d":"0.00"}]
[4,407,40712,{"v":8683.035899,"d":"8,683.04"},749,{"v":0.086260152,"d":"0.09"},"G",430,40712000,{"v":8683.03589939,"d":"8,683.04"},38,252,290,{"v":120.837029999999,"d":"120.84"},{"v":0.945243625,"d":"0.95"},{"v":274.1206513,"d":"274.12"},{"v":15.8793487399999,"d":"15.88"},1,"1_40712000_25049",{"v":107.046345294,"d":"107.05"},0.885873687015,{"v":242.836272054,"d":"242.84"},{"v":0.013916449,"d":"0.01"},"1_40712000_25049_92166","G",{"v":20.9116815787,"d":"20.91"},{"v":0.19535166307,"d":"0.20"},{"v":47.4384695995,"d":"47.44"}]
[5,504,50401,{"v":4859.93315799999,"d":"4,859.93"},4428,{"v":0.911123642,"d":"0.91"},"M",420,50401001,{"v":352.673953499999,"d":"352.67"},159,1573,1732,{"v":142.285561099999,"d":"142.29"},{"v":0.954532045,"d":"0.95"},{"v":1653.24950199999,"d":"1,653.25"},{"v":78.7504977499999,"d":"78.75"},1,"1_50401001_37380",{"v":140.882927542,"d":"140.88"},0.990142123015,{"v":1636.95197177999,"d":"1,636.95"},{"v":0.403447886,"d":"0.40"},"1_50401001_37380_92343","F",{"v":0.570920953052,"d":"0.57"},{"v":4.0524495268E-3,"d":"0.00"},{"v":6.63366524343,"d":"6.63"}]
[5,505,50506,{"v":9417.84205599999,"d":"9,417.84"},1049,{"v":0.111384327,"d":"0.11"},"G",420,50506000,{"v":9420.87469177999,"d":"9,420.87"},91,162,253,{"v":105.4182949,"d":"105.42"},{"v":0.954532045,"d":"0.95"},{"v":241.496607399999,"d":"241.50"},{"v":11.50339257,"d":"11.50"},1,"1_50506000_37928",{"v":28.2468151785999,"d":"28.25"},0.267949839308,{"v":64.7089771463,"d":"64.71"},{"v":0.011189863,"d":"0.01"},"1_50506000_37928_92776","F",{"v":2.87449909552,"d":"2.87"},{"v":0.101763652905,"d":"0.10"},{"v":6.58502189015,"d":"6.59"}]
[5,505,50510,{"v":11745.09778,"d":"11,745.10"},5741,{"v":0.488799677,"d":"0.49"},"M",220,50510002,{"v":1484.10179932,"d":"1,484.10"},107,323,430,{"v":134.6216138,"d":"134.62"},{"v":0.99140599,"d":"0.99"},{"v":426.304575699999,"d":"426.30"},{"v":3.695424341,"d":"3.70"},1,"1_50510002_37954",{"v":25.2992894496,"d":"25.30"},0.187928882558,{"v":80.1149425407,"d":"80.11"},{"v":0.090709151,"d":"0.09"},"1_50510002_37954_92953","außerhalb GKL",{"v":0.00741089838686,"d":"0.01"},{"v":0.000292929111769,"d":"0.00"},{"v":0.0234679989579,"d":"0.02"}]
[6,601,60101,{"v":12748.25746,"d":"12,748.26"},291072,{"v":22.83229696,"d":"22.83"},"SR",101,60101142,{"v":16.5563320549999,"d":"16.56"},53,149,202,{"v":14.93385522,"d":"14.93"},{"v":0.992934034,"d":"0.99"},{"v":200.5726749,"d":"200.57"},{"v":1.427325124,"d":"1.43"},1,"1_60101142_38478",{"v":14.9338552196,"d":"14.93"},0.999999999973,{"v":200.572674895,"d":"200.57"},{"v":0.90200264,"d":"0.90"},"1_60101142_38478_93340","C",{"v":8.38737549415,"d":"8.39"},{"v":0.561634981109,"d":"0.56"},{"v":112.648630475999,"d":"112.65"}]
[6,601,60101,{"v":12748.25746,"d":"12,748.26"},291072,{"v":22.83229696,"d":"22.83"},"SR",101,60101212,{"v":6.13484011,"d":"6.13"},29,20,49,{"v":6.13482863,"d":"6.13"},{"v":0.992934034,"d":"0.99"},{"v":49,"d":"49.00"},{"v":0,"d":"0.00"},1,"1_60101212_38516",{"v":6.1348286304,"d":"6.13"},1.00000000007,{"v":49.0000000033999,"d":"49.00"},{"v":0.999998129,"d":"1.00"},"1_60101212_38516_93562","D",{"v":0.442355959295,"d":"0.44"},{"v":0.0721056749822,"d":"0.07"},{"v":3.53317807437,"d":"3.53"}]
[6,601,60101,{"v":12748.25746,"d":"12,748.26"},291072,{"v":22.83229696,"d":"22.83"},"SR",101,60101291,{"v":15.414092195,"d":"15.41"},56,658,714,{"v":15.4140922,"d":"15.41"},{"v":0.992934034,"d":"0.99"},{"v":714,"d":"714.00"},{"v":0,"d":"0.00"},1,"1_60101291_38551",{"v":15.414092195,"d":"15.41"},0.999999999676,{"v":713.999999769,"d":"714.00"},{"v":1,"d":"1.00"},"1_60101291_38551_93739","C",{"v":5.20543855392,"d":"5.21"},{"v":0.337706462896,"d":"0.34"},{"v":241.122414429999,"d":"241.12"}]
[6,601,60101,{"v":12748.25746,"d":"12,748.26"},291072,{"v":22.83229696,"d":"22.83"},"SR",101,60101341,{"v":137.198140429999,"d":"137.20"},63,9171,9234,{"v":123.0490501,"d":"123.05"},{"v":0.992934034,"d":"0.99"},{"v":9168.75287,"d":"9,168.75"},{"v":65.24712967,"d":"65.25"},1,"1_60101341_38571",{"v":120.597483662,"d":"120.60"},0.98007651066,{"v":8986.07931993,"d":"8,986.08"},{"v":0.896871122,"d":"0.90"},"1_60101341_38571_93916","D",{"v":23.4545376865999,"d":"23.45"},{"v":0.194486128354,"d":"0.19"},{"v":1747.66777602,"d":"1,747.67"}]
[6,601,60101,{"v":12748.25746,"d":"12,748.26"},291072,{"v":22.83229696,"d":"22.83"},"SR",101,60101421,{"v":264.433819599999,"d":"264.43"},64,63,127,{"v":101.3250526,"d":"101.33"},{"v":0.992934034,"d":"0.99"},{"v":126.102622299999,"d":"126.10"},{"v":0.897377677,"d":"0.90"},1,"1_60101421_38621",{"v":91.926223535,"d":"91.93"},0.907240817312,{"v":114.405446120999,"d":"114.41"},{"v":0.383177359,"d":"0.38"},"1_60101421_38621_94349","D",{"v":0.200296158146,"d":"0.20"},{"v":0.00217887943661,"d":"0.00"},{"v":0.249275673989,"d":"0.25"}]
[6,601,60101,{"v":12748.25746,"d":"12,748.26"},291072,{"v":22.83229696,"d":"22.83"},"SR",101,60101444,{"v":809.968144625,"d":"809.97"},116,89,205,{"v":101.542095399999,"d":"101.54"},{"v":0.992934034,"d":"0.99"},{"v":203.551477,"d":"203.55"},{"v":1.448523022,"d":"1.45"},1,"1_60101444_38644",{"v":1.7119131368,"d":"1.71"},0.016859147234,{"v":3.43170432044,"d":"3.43"},{"v":0.125365542,"d":"0.13"},"1_60101444_38644_94526","G",{"v":0.142774687981,"d":"0.14"},{"v":0.0834006614657,"d":"0.08"},{"v":0.286206410279,"d":"0.29"}]
[6,601,60101,{"v":12748.25746,"d":"12,748.26"},291072,{"v":22.83229696,"d":"22.83"},"SR",101,60101491,{"v":226.648083535,"d":"226.65"},59,52,111,{"v":105.90519,"d":"105.91"},{"v":0.992934034,"d":"0.99"},{"v":110.215677799999,"d":"110.22"},{"v":0.784322221,"d":"0.78"},1,"1_60101491_38714",{"v":93.1656378299999,"d":"93.17"},0.879707952273,{"v":96.9576082258,"d":"96.96"},{"v":0.467267088,"d":"0.47"},"1_60101491_38714_94877","C",{"v":0.000808064829722,"d":"0.00"},{"v":8.673421323e-06,"d":"0.00"},{"v":0.000840954186609,"d":"0.00"}]
[6,601,60101,{"v":12748.25746,"d":"12,748.26"},291072,{"v":22.83229696,"d":"22.83"},"SR",101,60101563,{"v":325.316948089999,"d":"325.32"},89,548,637,{"v":60.8051421899999,"d":"60.81"},{"v":0.992934034,"d":"0.99"},{"v":632.498979699999,"d":"632.50"},{"v":4.501020316,"d":"4.50"},1,"1_60101563_38745",{"v":1.57085450942,"d":"1.57"},0.0258342379089,{"v":16.3401291186999,"d":"16.34"},{"v":0.186910465,"d":"0.19"},"1_60101563_38745_95135","E",{"v":0.426934698689,"d":"0.43"},{"v":0.271785003722,"d":"0.27"},{"v":4.44100205334,"d":"4.44"}]
[6,601,60101,{"v":12748.25746,"d":"12,748.26"},291072,{"v":22.83229696,"d":"22.83"},"SR",101,60101632,{"v":60.27433234,"d":"60.27"},69,769,838,{"v":59.69570542,"d":"59.70"},{"v":0.992934034,"d":"0.99"},{"v":832.0787205,"d":"832.08"},{"v":5.921279474,"d":"5.92"},1,"1_60101632_38768",{"v":59.6957054196,"d":"59.70"},0.999999999993,{"v":832.078720493999,"d":"832.08"},{"v":0.990400111,"d":"0.99"},"1_60101632_38768_95312","C",{"v":1.72814445535,"d":"1.73"},{"v":0.0289492257978,"d":"0.03"},{"v":24.0880347611,"d":"24.09"}]
[6,601,60101,{"v":12748.25746,"d":"12,748.26"},291072,{"v":22.83229696,"d":"22.83"},"SR",101,60101670,{"v":49.759543,"d":"49.76"},65,1802,1867,{"v":49.7591214899999,"d":"49.76"},{"v":0.992934034,"d":"0.99"},{"v":1867,"d":"1,867.00"},{"v":0,"d":"0.00"},1,"1_60101670_38788",{"v":49.7591214945,"d":"49.76"},1.00000000009,{"v":1867.00000017,"d":"1,867.00"},{"v":0.999991529,"d":"1.00"},"1_60101670_38788_95489","D",{"v":3.33936282938,"d":"3.34"},{"v":0.0671105664466,"d":"0.07"},{"v":125.295427567,"d":"125.30"}]
[6,603,60305,{"v":1558.526004,"d":"1,558.53"},2930,{"v":1.879981465,"d":"1.88"},"M",210,60305001,{"v":1095.43176605999,"d":"1,095.43"},44,667,711,{"v":115.708962,"d":"115.71"},{"v":0.980090788,"d":"0.98"},{"v":696.8445503,"d":"696.84"},{"v":14.15544973,"d":"14.16"},1,"1_60305001_38816",{"v":34.9100546785,"d":"34.91"},0.301705711253,{"v":210.241980681,"d":"210.24"},{"v":0.105628635,"d":"0.11"},"1_60305001_38816_95666","außerhalb GKL",{"v":0.341104797887,"d":"0.34"},{"v":0.00977096143298,"d":"0.01"},{"v":2.05426628483,"d":"2.05"}]
[6,603,60344,{"v":17908.49827,"d":"17,908.50"},11663,{"v":0.651255054,"d":"0.65"},"ST",220,60344008,{"v":18.37510095,"d":"18.38"},8,138,146,{"v":18.37510095,"d":"18.38"},{"v":0.99140599,"d":"0.99"},{"v":146,"d":"146.00"},{"v":0,"d":"0.00"},1,"1_60344008_38987",{"v":18.3751009498999,"d":"18.38"},0.999999999995,{"v":145.999999999,"d":"146.00"},{"v":1,"d":"1.00"},"1_60344008_38987_96099","G",{"v":10.6006586152,"d":"10.60"},{"v":0.57690342187,"d":"0.58"},{"v":84.2278995923999,"d":"84.23"}]
[6,603,60347,{"v":3918.602252,"d":"3,918.60"},3105,{"v":0.792374372,"d":"0.79"},"G",410,60347002,{"v":600.193808859999,"d":"600.19"},44,266,310,{"v":26.6595414899999,"d":"26.66"},{"v":0.93996673,"d":"0.94"},{"v":291.3896864,"d":"291.39"},{"v":18.6103135699999,"d":"18.61"},1,"1_60347002_39244",{"v":0.597551660139,"d":"0.60"},0.0224141761914,{"v":6.53125977133,"d":"6.53"},{"v":0.044418221,"d":"0.04"},"1_60347002_39244_96415","außerhalb GKL",{"v":0.597551660139,"d":"0.60"},{"v":1,"d":"1.00"},{"v":6.53125977133,"d":"6.53"}]
[6,603,60347,{"v":3918.602252,"d":"3,918.60"},3105,{"v":0.792374372,"d":"0.79"},"G",410,60347004,{"v":262.753377344999,"d":"262.75"},20,26,46,{"v":43.36875881,"d":"43.37"},{"v":0.93996673,"d":"0.94"},{"v":43.2384696,"d":"43.24"},{"v":2.7615304,"d":"2.76"},1,"1_60347004_39264",{"v":40.6173506064,"d":"40.62"},0.936557829205,{"v":40.4953272266999,"d":"40.50"},{"v":0.165055,"d":"0.17"},"1_60347004_39264_96452","G",{"v":19.5684130711999,"d":"19.57"},{"v":0.481774728756,"d":"0.48"},{"v":19.5096252905,"d":"19.51"}]
[6,603,60351,{"v":7657.14233799999,"d":"7,657.14"},4319,{"v":0.564048546,"d":"0.56"},"M",430,60351002,{"v":768.83192036,"d":"768.83"},57,190,247,{"v":71.7075936399999,"d":"71.71"},{"v":0.945243625,"d":"0.95"},{"v":233.4751754,"d":"233.48"},{"v":13.52482462,"d":"13.52"},1,"1_60351002_39571",{"v":0.658891519212,"d":"0.66"},0.00918858778779,{"v":2.14530714543,"d":"2.15"},{"v":0.093268232,"d":"0.09"},"1_60351002_39571_96885","außerhalb GKL",{"v":0.658891519212,"d":"0.66"},{"v":1,"d":"1.00"},{"v":2.14530714543,"d":"2.15"}]
[6,606,60611,{"v":720.917976299999,"d":"720.92"},4117,{"v":5.710774506,"d":"5.71"},"M",101,60611000,{"v":346.66610377,"d":"346.67"},89,1122,1211,{"v":147.0140738,"d":"147.01"},{"v":0.992934034,"d":"0.99"},{"v":1202.443115,"d":"1,202.44"},{"v":8.556884777,"d":"8.56"},1,"1_60611000_39634",{"v":143.997044665999,"d":"144.00"},0.979477957069,{"v":1177.76652577,"d":"1,177.77"},{"v":0.424079748,"d":"0.42"},"1_60611000_39634_97062","D",{"v":15.5473969122,"d":"15.55"},{"v":0.107970250002,"d":"0.11"},{"v":127.163746231,"d":"127.16"}]
[6,606,60613,{"v":3461.258233,"d":"3,461.26"},8052,{"v":2.32632166,"d":"2.33"},"M",310,60613004,{"v":2651.47144350999,"d":"2,651.47"},114,106,220,{"v":106.075360399999,"d":"106.08"},{"v":0.967661341,"d":"0.97"},{"v":212.885494999999,"d":"212.89"},{"v":7.114504998,"d":"7.11"},1,"1_60613004_39654",{"v":6.63654773536,"d":"6.64"},0.0625644608732,{"v":13.3190662224,"d":"13.32"},{"v":0.040006224,"d":"0.04"},"1_60613004_39654_97239","außerhalb GKL",{"v":6.63654773536,"d":"6.64"},{"v":1,"d":"1.00"},{"v":13.3190662224,"d":"13.32"}]
[6,606,60624,{"v":1516.00568999999,"d":"1,516.01"},7572,{"v":4.994704208,"d":"4.99"},"M",101,60624000,{"v":512.911521549999,"d":"512.91"},153,785,938,{"v":151.681493999999,"d":"151.68"},{"v":0.992934034,"d":"0.99"},{"v":931.3721239,"d":"931.37"},{"v":6.62787607,"d":"6.63"},1,"1_60624000_39777",{"v":151.681493955999,"d":"151.68"},0.99999999971,{"v":931.37212363,"d":"931.37"},{"v":0.295726432,"d":"0.30"},"1_60624000_39777_97696","D",{"v":6.10462705925,"d":"6.10"},{"v":0.0402463537247,"d":"0.04"},{"v":37.4843319368999,"d":"37.48"}]
[6,606,60626,{"v":2941.296389,"d":"2,941.30"},3840,{"v":1.30554677,"d":"1.31"},"M",310,60626000,{"v":1572.55474398,"d":"1,572.55"},154,97,251,{"v":127.313044199999,"d":"127.31"},{"v":0.967661341,"d":"0.97"},{"v":242.8829966,"d":"242.88"},{"v":8.11700343,"d":"8.12"},1,"1_60626000_39801",{"v":24.6725198654,"d":"24.67"},0.193794123928,{"v":47.0692975430999,"d":"47.07"},{"v":0.080959372,"d":"0.08"},"1_60626000_39801_97848","D",{"v":0.0133574621747,"d":"0.01"},{"v":0.000541390269319,"d":"0.00"},{"v":0.0254828596735,"d":"0.03"}]
[6,606,60626,{"v":2941.296389,"d":"2,941.30"},3840,{"v":1.30554677,"d":"1.31"},"M",310,60626001,{"v":1368.74166031999,"d":"1,368.74"},197,391,588,{"v":178.6017753,"d":"178.60"},{"v":0.967661341,"d":"0.97"},{"v":568.984868499999,"d":"568.98"},{"v":19.0151315399999,"d":"19.02"},1,"1_60626001_39858",{"v":1.04103335179,"d":"1.04"},0.0058287962146,{"v":3.31649684768,"d":"3.32"},{"v":0.13048611,"d":"0.13"},"1_60626001_39858_98025","G",{"v":0.255906556092,"d":"0.26"},{"v":0.2458197479,"d":"0.25"},{"v":0.815260419008,"d":"0.82"}]
[6,606,60645,{"v":6034.33248,"d":"6,034.33"},3291,{"v":0.545379296,"d":"0.55"},"M",310,60645002,{"v":2476.14416279999,"d":"2,476.14"},129,252,381,{"v":71.37783219,"d":"71.38"},{"v":0.967661341,"d":"0.97"},{"v":368.6789709,"d":"368.68"},{"v":12.32102911,"d":"12.32"},1,"1_60645002_40028",{"v":3.3203206959,"d":"3.32"},0.0465175334418,{"v":17.1500363580999,"d":"17.15"},{"v":0.028826202,"d":"0.03"},"1_60645002_40028_98458","außerhalb GKL",{"v":3.3203206959,"d":"3.32"},{"v":1,"d":"1.00"},{"v":17.1500363580999,"d":"17.15"}]
[6,606,60648,{"v":1851.186819,"d":"1,851.19"},2288,{"v":1.235963857,"d":"1.24"},"M",310,60648000,{"v":1851.18681878,"d":"1,851.19"},141,237,378,{"v":168.502351699999,"d":"168.50"},{"v":0.967661341,"d":"0.97"},{"v":365.7759869,"d":"365.78"},{"v":12.2240131299999,"d":"12.22"},1,"1_60648000_40109",{"v":18.6035073191,"d":"18.60"},0.110405030739,{"v":40.3835090772999,"d":"40.38"},{"v":0.091023958,"d":"0.09"},"1_60648000_40109_98635","G",{"v":0.0556898117471,"d":"0.06"},{"v":0.00299351142727,"d":"0.00"},{"v":0.120888495896,"d":"0.12"}]
[6,606,60653,{"v":2808.060202,"d":"2,808.06"},4598,{"v":1.637429282,"d":"1.64"},"M",101,60653000,{"v":1528.54536811,"d":"1,528.55"},148,464,612,{"v":142.9403225,"d":"142.94"},{"v":0.992934034,"d":"0.99"},{"v":607.6756288,"d":"607.68"},{"v":4.324371167,"d":"4.32"},1,"1_60653000_40179",{"v":1.50710569543,"d":"1.51"},0.0105436007774,{"v":6.40708923222,"d":"6.41"},{"v":0.093513955,"d":"0.09"},"1_60653000_40179_98812","F",{"v":0.929326521997,"d":"0.93"},{"v":0.616629958214,"d":"0.62"},{"v":3.95080316554,"d":"3.95"}]
[6,606,60660,{"v":3791.86022,"d":"3,791.86"},3544,{"v":0.934633608,"d":"0.93"},"M",310,60660000,{"v":1365.89876832,"d":"1,365.90"},167,1015,1182,{"v":220.5263773,"d":"220.53"},{"v":0.967661341,"d":"0.97"},{"v":1143.775705,"d":"1,143.78"},{"v":38.22429504,"d":"38.22"},1,"1_60660000_40296",{"v":0.50556332916,"d":"0.51"},0.00229252997011,{"v":2.6221400828,"d":"2.62"},{"v":0.16145148,"d":"0.16"},"1_60660000_40296_99233","außerhalb GKL",{"v":0.50556332916,"d":"0.51"},{"v":1,"d":"1.00"},{"v":2.6221400828,"d":"2.62"}]
[6,606,60661,{"v":4935.93601599999,"d":"4,935.94"},6808,{"v":1.379272336,"d":"1.38"},"M",310,60661004,{"v":744.552329194999,"d":"744.55"},144,42,186,{"v":61.40259365,"d":"61.40"},{"v":0.967661341,"d":"0.97"},{"v":179.985009399999,"d":"179.99"},{"v":6.014990589,"d":"6.01"},1,"1_60661004_40411",{"v":1.77316159954,"d":"1.77"},0.0288776335678,{"v":5.19754114915,"d":"5.20"},{"v":0.082469145,"d":"0.08"},"1_60661004_40411_99421","F",{"v":0.27098055403,"d":"0.27"},{"v":0.152823382877,"d":"0.15"},{"v":0.794305821056,"d":"0.79"}]
[6,606,60662,{"v":2050.980457,"d":"2,050.98"},4870,{"v":2.374474113,"d":"2.37"},"G",101,60662000,{"v":1054.55151004,"d":"1,054.55"},242,838,1080,{"v":217.8498524,"d":"217.85"},{"v":0.992934034,"d":"0.99"},{"v":1072.36875699999,"d":"1,072.37"},{"v":7.631243236,"d":"7.63"},1,"1_60662000_40483",{"v":198.143310675,"d":"198.14"},0.909540715737,{"v":975.363046776,"d":"975.36"},{"v":0.20658057,"d":"0.21"},"1_60662000_40483_99598","F",{"v":0.000680000287752,"d":"0.00"},{"v":3.431860937e-06,"d":"0.00"},{"v":0.00334731033922,"d":"0.00"}]
[6,606,60663,{"v":15384.0902,"d":"15,384.09"},6542,{"v":0.425244517,"d":"0.43"},"ST",410,60663009,{"v":8582.99668489999,"d":"8,583.00"},77,78,155,{"v":19.15558813,"d":"19.16"},{"v":0.93996673,"d":"0.94"},{"v":145.6948432,"d":"145.69"},{"v":9.30515678299999,"d":"9.31"},1,"1_60663009_40547",{"v":0.576516665567,"d":"0.58"},0.030096526489,{"v":4.38490870768,"d":"4.38"},{"v":0.002231807,"d":"0.00"},"1_60663009_40547_99775","außerhalb GKL",{"v":0.576516665568,"d":"0.58"},{"v":1,"d":"1.00"},{"v":4.38490870768,"d":"4.38"}]
[6,606,60665,{"v":4888.80784899999,"d":"4,888.81"},7220,{"v":1.476842662,"d":"1.48"},"M",310,60665000,{"v":1569.42065088999,"d":"1,569.42"},208,518,726,{"v":153.4280989,"d":"153.43"},{"v":0.967661341,"d":"0.97"},{"v":702.522133499999,"d":"702.52"},{"v":23.47786649,"d":"23.48"},1,"1_60665000_40748",{"v":0.654418571894,"d":"0.65"},0.0042653110909,{"v":2.99647544762,"d":"3.00"},{"v":0.097760979,"d":"0.10"},"1_60665000_40748_100208","G",{"v":0.0736770802729,"d":"0.07"},{"v":0.112584030217,"d":"0.11"},{"v":0.337355282339,"d":"0.34"}]
[6,606,60666,{"v":2735.088815,"d":"2,735.09"},2640,{"v":0.965233738,"d":"0.97"},"G",310,60666000,{"v":715.991021795,"d":"715.99"},79,37,116,{"v":27.6778775099999,"d":"27.68"},{"v":0.967661341,"d":"0.97"},{"v":112.2487155,"d":"112.25"},{"v":3.751284454,"d":"3.75"},1,"1_60666000_40861",{"v":6.49283024894,"d":"6.49"},0.234585554712,{"v":26.3319271913,"d":"26.33"},{"v":0.038656738,"d":"0.04"},"1_60666000_40861_100385","außerhalb GKL",{"v":6.49283024894,"d":"6.49"},{"v":1,"d":"1.00"},{"v":26.3319271913,"d":"26.33"}]
[6,606,60669,{"v":1735.703819,"d":"1,735.70"},11408,{"v":6.572549921,"d":"6.57"},"G",101,60669003,{"v":942.889540079999,"d":"942.89"},158,1066,1224,{"v":245.375799199999,"d":"245.38"},{"v":0.992934034,"d":"0.99"},{"v":1215.35125799999,"d":"1,215.35"},{"v":8.648742334,"d":"8.65"},1,"1_60669003_40976",{"v":190.69357291,"d":"190.69"},0.777149064951,{"v":944.509093742,"d":"944.51"},{"v":0.260238118,"d":"0.26"},"1_60669003_40976_100770","E",{"v":8.31754907212,"d":"8.32"},{"v":0.0436173539842,"d":"0.04"},{"v":41.196987483,"d":"41.20"}]
[6,610,61001,{"v":2051.451476,"d":"2,051.45"},1528,{"v":0.744838481,"d":"0.74"},"G",310,61001001,{"v":975.99686584,"d":"976.00"},52,85,137,{"v":38.0275224499999,"d":"38.03"},{"v":0.967661341,"d":"0.97"},{"v":132.569603699999,"d":"132.57"},{"v":4.430396294,"d":"4.43"},1,"1_61001001_41052",{"v":0.655547204204,"d":"0.66"},0.0172387566154,{"v":2.28533513278,"d":"2.29"},{"v":0.038962751,"d":"0.04"},"1_61001001_41052_100994","G",{"v":0.655547204204,"d":"0.66"},{"v":1,"d":"1.00"},{"v":2.28533513278,"d":"2.29"}]
[6,610,61013,{"v":2771.45890599999,"d":"2,771.46"},2256,{"v":0.814011709,"d":"0.81"},"M",410,61013000,{"v":2151.41823407999,"d":"2,151.42"},194,458,652,{"v":194.029866999999,"d":"194.03"},{"v":0.93996673,"d":"0.94"},{"v":612.8583082,"d":"612.86"},{"v":39.14169176,"d":"39.14"},1,"1_61013000_41148",{"v":0.816991908212,"d":"0.82"},0.00421065025114,{"v":2.58053198934,"d":"2.58"},{"v":0.090186959,"d":"0.09"},"1_61013000_41148_101171","außerhalb GKL",{"v":0.816991908212,"d":"0.82"},{"v":1,"d":"1.00"},{"v":2.58053198934,"d":"2.58"}]
[6,610,61021,{"v":760.2977786,"d":"760.30"},2210,{"v":2.906755829,"d":"2.91"},"M",310,61021000,{"v":760.297787109999,"d":"760.30"},138,1680,1818,{"v":285.6084965,"d":"285.61"},{"v":0.967661341,"d":"0.97"},{"v":1759.20831799999,"d":"1,759.21"},{"v":58.7916822099999,"d":"58.79"},1,"1_61021000_41274",{"v":264.383368512999,"d":"264.38"},0.925684535835,{"v":1628.47193528,"d":"1,628.47"},{"v":0.375653463,"d":"0.38"},"1_61021000_41274_101348","F",{"v":28.8128152982999,"d":"28.81"},{"v":0.108981194469,"d":"0.11"},{"v":177.472816666,"d":"177.47"}]
[6,610,61050,{"v":3687.47337199999,"d":"3,687.47"},3201,{"v":0.868074065,"d":"0.87"},"M",410,61050001,{"v":1344.36772851,"d":"1,344.37"},96,109,205,{"v":19.50138634,"d":"19.50"},{"v":0.93996673,"d":"0.94"},{"v":192.6931797,"d":"192.69"},{"v":12.30682026,"d":"12.31"},1,"1_61050001_41593",{"v":3.49832469003,"d":"3.50"},0.179388512644,{"v":34.5669429029999,"d":"34.57"},{"v":0.014505991,"d":"0.01"},"1_61050001_41593_101781","außerhalb GKL",{"v":3.49832469003,"d":"3.50"},{"v":1,"d":"1.00"},{"v":34.5669429029999,"d":"34.57"}]
[6,610,61053,{"v":2353.62758299999,"d":"2,353.63"},12437,{"v":5.284183483,"d":"5.28"},"ST",103,61053002,{"v":165.774175009999,"d":"165.77"},99,623,722,{"v":81.7979019099999,"d":"81.80"},{"v":0.991139192,"d":"0.99"},{"v":715.602496399999,"d":"715.60"},{"v":6.397503609,"d":"6.40"},1,"1_61053002_41702",{"v":81.7979019083,"d":"81.80"},0.999999999979,{"v":715.602496384999,"d":"715.60"},{"v":0.493429703,"d":"0.49"},"1_61053002_41702_101958","G",{"v":0.219165647397,"d":"0.22"},{"v":2.6793553659E-3,"d":"0.00"},{"v":1.91735338854,"d":"1.92"}]
[6,610,61054,{"v":7574.390867,"d":"7,574.39"},3664,{"v":0.483735269,"d":"0.48"},"M",410,61054001,{"v":2118.44282346999,"d":"2,118.44"},139,76,215,{"v":10.5088983299999,"d":"10.51"},{"v":0.93996673,"d":"0.94"},{"v":202.092847,"d":"202.09"},{"v":12.9071529599999,"d":"12.91"},1,"1_61054001_41725",{"v":3.18215076635,"d":"3.18"},0.302805362315,{"v":61.1947977570999,"d":"61.19"},{"v":0.004960671,"d":"0.00"},"1_61054001_41725_102052","F",{"v":2.37976180042,"d":"2.38"},{"v":0.747846967399,"d":"0.75"},{"v":45.7643439232,"d":"45.76"}]
[6,610,61059,{"v":3266.62290399999,"d":"3,266.62"},5493,{"v":1.68155314,"d":"1.68"},"M",310,61059001,{"v":318.887498259999,"d":"318.89"},74,484,558,{"v":95.9860893999999,"d":"95.99"},{"v":0.967661341,"d":"0.97"},{"v":539.9550282,"d":"539.96"},{"v":18.04497177,"d":"18.04"},1,"1_61059001_41890",{"v":32.4285237892,"d":"32.43"},0.337846077405,{"v":182.421688251999,"d":"182.42"},{"v":0.301002987,"d":"0.30"},"1_61059001_41890_102311","außerhalb GKL",{"v":1.5302618615,"d":"1.53"},{"v":0.0471887610872,"d":"0.05"},{"v":8.60825346405,"d":"8.61"}]
[6,611,61108,{"v":10772.6260899999,"d":"10,772.63"},24471,{"v":2.271590955,"d":"2.27"},"ST",102,61108033,{"v":86.7671482301,"d":"86.77"},43,67,110,{"v":36.82046564,"d":"36.82"},{"v":0.988126829,"d":"0.99"},{"v":108.6939512,"d":"108.69"},{"v":1.306048803,"d":"1.31"},1,"1_61108033_42013",{"v":35.8780721330999,"d":"35.88"},0.97440571458,{"v":105.912007189999,"d":"105.91"},{"v":0.424359523,"d":"0.42"},"1_61108033_42013_102744","G",{"v":0.209084316071,"d":"0.21"},{"v":0.0058276352,"d":"0.01"},{"v":0.617216541203,"d":"0.62"}]
[6,611,61108,{"v":10772.6260899999,"d":"10,772.63"},24471,{"v":2.271590955,"d":"2.27"},"ST",102,61108073,{"v":16.29950223,"d":"16.30"},4,370,374,{"v":11.40408133,"d":"11.40"},{"v":0.988126829,"d":"0.99"},{"v":369.559434099999,"d":"369.56"},{"v":4.44056593,"d":"4.44"},1,"1_61108073_42036",{"v":11.4040813272,"d":"11.40"},0.999999999754,{"v":369.559434008999,"d":"369.56"},{"v":0.699658257,"d":"0.70"},"1_61108073_42036_102921","E",{"v":0.258260563809,"d":"0.26"},{"v":0.0226463277838,"d":"0.02"},{"v":8.36916407816,"d":"8.37"}]
[6,611,61109,{"v":10878.3354799999,"d":"10,878.34"},1750,{"v":0.1608702,"d":"0.16"},"M",410,61109001,{"v":10507.5914073,"d":"10,507.59"},61,99,160,{"v":51.46286113,"d":"51.46"},{"v":0.93996673,"d":"0.94"},{"v":150.3946769,"d":"150.39"},{"v":9.605323131,"d":"9.61"},1,"1_61109001_42087",{"v":0.805128562507,"d":"0.81"},0.0156448464937,{"v":2.35290163357,"d":"2.35"},{"v":0.004897684,"d":"0.00"},"1_61109001_42087_103098","außerhalb GKL",{"v":0.0662724057555,"d":"0.07"},{"v":0.0823128241149,"d":"0.08"},{"v":0.193673978324,"d":"0.19"}]
[6,611,61115,{"v":7853.112922,"d":"7,853.11"},1910,{"v":0.243215655,"d":"0.24"},"G",310,61115002,{"v":5513.6940173,"d":"5,513.69"},54,21,75,{"v":90.52314669,"d":"90.52"},{"v":0.967661341,"d":"0.97"},{"v":72.57460057,"d":"72.57"},{"v":2.425399431,"d":"2.43"},1,"1_61115002_42241",{"v":1.20228774307,"d":"1.20"},0.0132815504877,{"v":0.963903221595,"d":"0.96"},{"v":0.016417876,"d":"0.02"},"1_61115002_42241_103531","außerhalb GKL",{"v":1.20228774308,"d":"1.20"},{"v":1.00000000001,"d":"1.00"},{"v":0.963903221605,"d":"0.96"}]
[6,611,61118,{"v":2779.400967,"d":"2,779.40"},964,{"v":0.346837326,"d":"0.35"},"M",310,61118000,{"v":145.55792044,"d":"145.56"},19,97,116,{"v":67.5316962699999,"d":"67.53"},{"v":0.967661341,"d":"0.97"},{"v":112.2487155,"d":"112.25"},{"v":3.751284454,"d":"3.75"},1,"1_61118000_42249",{"v":67.5316962698999,"d":"67.53"},0.999999999999,{"v":112.2487155,"d":"112.25"},{"v":0.463950681,"d":"0.46"},"1_61118000_42249_103590","außerhalb GKL",{"v":1.96165382951,"d":"1.96"},{"v":0.0290478980666,"d":"0.03"},{"v":3.26058924595,"d":"3.26"}]
[6,611,61120,{"v":14322.8789099999,"d":"14,322.88"},11119,{"v":0.77631041,"d":"0.78"},"ST",310,61120010,{"v":7627.90102330999,"d":"7,627.90"},83,138,221,{"v":258.434570099999,"d":"258.43"},{"v":0.967661341,"d":"0.97"},{"v":213.853156299999,"d":"213.85"},{"v":7.146843657,"d":"7.15"},1,"1_61120010_42310",{"v":139.770859981,"d":"139.77"},0.540836544921,{"v":115.659602174,"d":"115.66"},{"v":0.033880168,"d":"0.03"},"1_61120010_42310_103884","G",{"v":6.56644782919,"d":"6.57"},{"v":0.0469800917737,"d":"0.05"},{"v":5.43369872464,"d":"5.43"}]
[6,612,61222,{"v":3725.17104699999,"d":"3,725.17"},1717,{"v":0.460918433,"d":"0.46"},"G",420,61222000,{"v":3725.17104737999,"d":"3,725.17"},173,291,464,{"v":225.541104799999,"d":"225.54"},{"v":0.954532045,"d":"0.95"},{"v":442.902869,"d":"442.90"},{"v":21.09713104,"d":"21.10"},1,"1_61222000_42427",{"v":0.545801874363,"d":"0.55"},0.00241996630657,{"v":1.07181002006,"d":"1.07"},{"v":0.060545167,"d":"0.06"},"1_61222000_42427_104317","außerhalb GKL",{"v":0.545801874363,"d":"0.55"},{"v":1,"d":"1.00"},{"v":1.07181002006,"d":"1.07"}]
[6,612,61252,{"v":4282.81999199999,"d":"4,282.82"},1140,{"v":0.266179761,"d":"0.27"},"G",420,61252000,{"v":4287.67365304,"d":"4,287.67"},84,181,265,{"v":121.5943943,"d":"121.59"},{"v":0.954532045,"d":"0.95"},{"v":252.950992,"d":"252.95"},{"v":12.04900803,"d":"12.05"},1,"1_61252000_42484",{"v":118.605164109,"d":"118.61"},0.975416381584,{"v":246.732541335,"d":"246.73"},{"v":0.02835906,"d":"0.03"},"1_61252000_42484_104494","F",{"v":4.87670983791,"d":"4.88"},{"v":0.0411171796316,"d":"0.04"},{"v":10.144946223,"d":"10.14"}]
[6,612,61254,{"v":5647.43554,"d":"5,647.44"},1297,{"v":0.229661763,"d":"0.23"},"G",420,61254001,{"v":3210.79282134999,"d":"3,210.79"},53,43,96,{"v":11.70824197,"d":"11.71"},{"v":0.954532045,"d":"0.95"},{"v":91.6350763399999,"d":"91.64"},{"v":4.364923663,"d":"4.36"},1,"1_61254001_42548",{"v":0.985511940759,"d":"0.99"},0.0841724951777,{"v":7.71315302134,"d":"7.71"},{"v":0.003646527,"d":"0.00"},"1_61254001_42548_104671","außerhalb GKL",{"v":0.985511940759,"d":"0.99"},{"v":1,"d":"1.00"},{"v":7.71315302134,"d":"7.71"}]
[6,612,61257,{"v":19962.2524,"d":"19,962.25"},4122,{"v":0.206489725,"d":"0.21"},"M",430,61257002,{"v":1243.78308128999,"d":"1,243.78"},51,121,172,{"v":36.32440072,"d":"36.32"},{"v":0.945243625,"d":"0.95"},{"v":162.5819035,"d":"162.58"},{"v":9.418096495,"d":"9.42"},1,"1_61257002_42618",{"v":1.06887950425,"d":"1.07"},0.0294259363696,{"v":4.78412474724,"d":"4.78"},{"v":0.029204772,"d":"0.03"},"1_61257002_42618_104871","außerhalb GKL",{"v":1.06887950425,"d":"1.07"},{"v":1,"d":"1.00"},{"v":4.78412474724,"d":"4.78"}]
[6,612,61263,{"v":20535.98285,"d":"20,535.98"},5160,{"v":0.251266279,"d":"0.25"},"ST",420,61263003,{"v":1669.85686108,"d":"1,669.86"},66,107,173,{"v":135.833016899999,"d":"135.83"},{"v":0.954532045,"d":"0.95"},{"v":165.1340438,"d":"165.13"},{"v":7.865956185,"d":"7.87"},1,"1_61263003_42800",{"v":1.86740494258,"d":"1.87"},0.0137477984749,{"v":2.27022955551,"d":"2.27"},{"v":0.081344108,"d":"0.08"},"1_61263003_42800_105280","außerhalb GKL",{"v":1.86740494258,"d":"1.87"},{"v":1,"d":"1.00"},{"v":2.27022955551,"d":"2.27"}]
[6,612,61265,{"v":21114.3914599999,"d":"21,114.39"},6600,{"v":0.312583008,"d":"0.31"},"ST",220,61265007,{"v":14635.6897253,"d":"14,635.69"},203,377,580,{"v":98.00141026,"d":"98.00"},{"v":0.99140599,"d":"0.99"},{"v":575.0154741,"d":"575.02"},{"v":4.984525855,"d":"4.98"},1,"1_61265007_42878",{"v":23.2139368459,"d":"23.21"},0.236873497884,{"v":136.205926686999,"d":"136.21"},{"v":0.006696057,"d":"0.01"},"1_61265007_42878_105457","G",{"v":0.352930602214,"d":"0.35"},{"v":0.0152033928823,"d":"0.02"},{"v":2.07079221632,"d":"2.07"}]
[6,614,61413,{"v":1027.65967,"d":"1,027.66"},584,{"v":0.56828152,"d":"0.57"},"G",410,61413000,{"v":1027.65967038,"d":"1,027.66"},40,167,207,{"v":67.92923684,"d":"67.93"},{"v":0.93996673,"d":"0.94"},{"v":194.573113199999,"d":"194.57"},{"v":12.4268868,"d":"12.43"},1,"1_61413000_42954",{"v":1.01096671552,"d":"1.01"},0.0148826449781,{"v":2.89576256604,"d":"2.90"},{"v":0.066100908,"d":"0.07"},"1_61413000_42954_105634","außerhalb GKL",{"v":1.01096671552,"d":"1.01"},{"v":1,"d":"1.00"},{"v":2.89576256604,"d":"2.90"}]
[6,614,61440,{"v":21017.3692599999,"d":"21,017.37"},2934,{"v":0.139598822,"d":"0.14"},"ST",430,61440002,{"v":4193.17550090999,"d":"4,193.18"},89,41,130,{"v":36.6386461,"d":"36.64"},{"v":0.945243625,"d":"0.95"},{"v":122.881671299999,"d":"122.88"},{"v":7.118328746,"d":"7.12"},1,"1_61440002_43203",{"v":1.31139911193,"d":"1.31"},0.0357927830726,{"v":4.39827700444,"d":"4.40"},{"v":0.008737685,"d":"0.01"},"1_61440002_43203_106067","außerhalb GKL",{"v":1.31139911193,"d":"1.31"},{"v":1,"d":"1.00"},{"v":4.39827700444,"d":"4.40"}]
[6,614,61444,{"v":5723.242256,"d":"5,723.24"},2138,{"v":0.373564477,"d":"0.37"},"M",410,61444000,{"v":1536.44503383,"d":"1,536.45"},108,755,863,{"v":147.000809199999,"d":"147.00"},{"v":0.93996673,"d":"0.94"},{"v":811.191288399999,"d":"811.19"},{"v":51.8087116399999,"d":"51.81"},1,"1_61444000_43313",{"v":45.6298420699,"d":"45.63"},0.310405380203,{"v":251.798140292999,"d":"251.80"},{"v":0.095675931,"d":"0.10"},"1_61444000_43313_106244","außerhalb GKL",{"v":4.21916470611,"d":"4.22"},{"v":0.0924650297857,"d":"0.09"},{"v":23.2825225421999,"d":"23.28"}]
[6,616,61611,{"v":1705.255632,"d":"1,705.26"},2451,{"v":1.437321158,"d":"1.44"},"G",410,61611001,{"v":1612.32149103,"d":"1,612.32"},138,111,249,{"v":77.95560878,"d":"77.96"},{"v":0.93996673,"d":"0.94"},{"v":234.0517159,"d":"234.05"},{"v":14.94828412,"d":"14.95"},1,"1_61611001_43396",{"v":0.662175669105,"d":"0.66"},8.49426589655E-3,{"v":1.9880975084,"d":"1.99"},{"v":0.048349916,"d":"0.05"},"1_61611001_43396_106408","G",{"v":0.662175669105,"d":"0.66"},{"v":1,"d":"1.00"},{"v":1.9880975084,"d":"1.99"}]
[6,616,61626,{"v":3158.77200099999,"d":"3,158.77"},5658,{"v":1.791202404,"d":"1.79"},"ST",103,61626001,{"v":72.3370186899999,"d":"72.34"},88,549,637,{"v":64.99401081,"d":"64.99"},{"v":0.991139192,"d":"0.99"},{"v":631.3556651,"d":"631.36"},{"v":5.644334901,"d":"5.64"},1,"1_61626001_43549",{"v":64.9940108115,"d":"64.99"},1.00000000002,{"v":631.355665112999,"d":"631.36"},{"v":0.898488934,"d":"0.90"},"1_61626001_43549_106853","außerhalb GKL",{"v":6.88709606039,"d":"6.89"},{"v":0.105965087773,"d":"0.11"},{"v":66.9016584696999,"d":"66.90"}]
[6,616,61628,{"v":5260.95570399999,"d":"5,260.96"},1496,{"v":0.28435898,"d":"0.28"},"G",410,61628000,{"v":3651.67960661,"d":"3,651.68"},115,35,150,{"v":74.8431488199999,"d":"74.84"},{"v":0.93996673,"d":"0.94"},{"v":140.9950096,"d":"141.00"},{"v":9.004990436,"d":"9.00"},1,"1_61628000_43668",{"v":0.634746081306,"d":"0.63"},0.00848101785285,{"v":1.19578119358,"d":"1.20"},{"v":0.020495541,"d":"0.02"},"1_61628000_43668_107030","außerhalb GKL",{"v":0.634746081305,"d":"0.63"},{"v":0.999999999998,"d":"1.00"},{"v":1.19578119358,"d":"1.20"}]
[6,616,61631,{"v":4330.489738,"d":"4,330.49"},9726,{"v":2.245935353,"d":"2.25"},"ST",103,61631002,{"v":92.21970308,"d":"92.22"},33,59,92,{"v":51.45066817,"d":"51.45"},{"v":0.991139192,"d":"0.99"},{"v":91.18480563,"d":"91.18"},{"v":0.815194366,"d":"0.82"},1,"1_61631002_43794",{"v":8.66557824731,"d":"8.67"},0.16842498952,{"v":15.3577999326,"d":"15.36"},{"v":0.557914051,"d":"0.56"},"1_61631002_43794_107207","außerhalb GKL",{"v":8.66557824731,"d":"8.67"},{"v":1,"d":"1.00"},{"v":15.3577999326,"d":"15.36"}]
[6,617,61716,{"v":2921.216878,"d":"2,921.22"},2946,{"v":1.008483835,"d":"1.01"},"M",410,61716000,{"v":1311.38297011999,"d":"1,311.38"},186,513,699,{"v":83.1901874999999,"d":"83.19"},{"v":0.93996673,"d":"0.94"},{"v":657.0367446,"d":"657.04"},{"v":41.9632554299999,"d":"41.96"},1,"1_61716000_44000",{"v":68.4101624693,"d":"68.41"},0.822334514744,{"v":540.303992539999,"d":"540.30"},{"v":0.063436989,"d":"0.06"},"1_61716000_44000_107640","außerhalb GKL",{"v":0.116339654671,"d":"0.12"},{"v":1.70061947628E-3,"d":"0.00"},{"v":0.918851492825,"d":"0.92"}]
[6,617,61729,{"v":2103.96953799999,"d":"2,103.97"},2101,{"v":0.998588602,"d":"1.00"},"G",310,61729000,{"v":1028.00075904999,"d":"1,028.00"},98,74,172,{"v":62.0464069399999,"d":"62.05"},{"v":0.967661341,"d":"0.97"},{"v":166.437750599999,"d":"166.44"},{"v":5.562249362,"d":"5.56"},1,"1_61729000_44047",{"v":1.06081183919,"d":"1.06"},0.0170970712328,{"v":2.84559807784,"d":"2.85"},{"v":0.060356382,"d":"0.06"},"1_61729000_44047_107817","F",{"v":0.754710946486,"d":"0.75"},{"v":0.71144657196,"d":"0.71"},{"v":2.02449099766,"d":"2.02"}]
[6,617,61730,{"v":1746.13073699999,"d":"1,746.13"},2184,{"v":1.250765452,"d":"1.25"},"G",310,61730000,{"v":1746.13073682999,"d":"1,746.13"},161,98,259,{"v":155.1686645,"d":"155.17"},{"v":0.967661341,"d":"0.97"},{"v":250.624287299999,"d":"250.62"},{"v":8.375712702,"d":"8.38"},1,"1_61730000_44113",{"v":79.9705567225,"d":"79.97"},0.515378262616,{"v":129.166309758,"d":"129.17"},{"v":0.088864288,"d":"0.09"},"1_61730000_44113_107945","F",{"v":6.65047245197,"d":"6.65"},{"v":0.0831615124932,"d":"0.08"},{"v":10.7416656826,"d":"10.74"}]
[6,617,61748,{"v":3718.914314,"d":"3,718.91"},4279,{"v":1.150604622,"d":"1.15"},"M",410,61748003,{"v":438.374735265,"d":"438.37"},31,25,56,{"v":27.55929021,"d":"27.56"},{"v":0.93996673,"d":"0.94"},{"v":52.6381368999999,"d":"52.64"},{"v":3.361863096,"d":"3.36"},1,"1_61748003_44443",{"v":1.5664988378,"d":"1.57"},0.0568410443761,{"v":2.99200667541,"d":"2.99"},{"v":0.062866967,"d":"0.06"},"1_61748003_44443_108426","außerhalb GKL",{"v":1.5664988378,"d":"1.57"},{"v":1,"d":"1.00"},{"v":2.99200667541,"d":"2.99"}]
[6,617,61751,{"v":3341.47968499999,"d":"3,341.48"},2447,{"v":0.732310303,"d":"0.73"},"G",310,61751004,{"v":885.769837994999,"d":"885.77"},75,79,154,{"v":36.99745551,"d":"37.00"},{"v":0.967661341,"d":"0.97"},{"v":149.0198465,"d":"149.02"},{"v":4.980153499,"d":"4.98"},1,"1_61751004_44573",{"v":0.945149861376,"d":"0.95"},0.0255463476703,{"v":3.80691280846,"d":"3.81"},{"v":0.041768701,"d":"0.04"},"1_61751004_44573_108603","F",{"v":0.945149861377,"d":"0.95"},{"v":1,"d":"1.00"},{"v":3.80691280846,"d":"3.81"}]
[6,617,61757,{"v":8977.02367799999,"d":"8,977.02"},4958,{"v":0.552298866,"d":"0.55"},"M",410,61757004,{"v":1432.07368287999,"d":"1,432.07"},103,94,197,{"v":22.8133833899999,"d":"22.81"},{"v":0.93996673,"d":"0.94"},{"v":185.173445899999,"d":"185.17"},{"v":11.82655411,"d":"11.83"},1,"1_61757004_44675",{"v":0.501400578043,"d":"0.50"},0.0219783523326,{"v":4.06980723663,"d":"4.07"},{"v":0.015930314,"d":"0.02"},"1_61757004_44675_108780","außerhalb GKL",{"v":0.501400578042,"d":"0.50"},{"v":0.999999999998,"d":"1.00"},{"v":4.06980723662,"d":"4.07"}]
[6,617,61762,{"v":2248.399393,"d":"2,248.40"},2180,{"v":0.969578629,"d":"0.97"},"G",410,61762000,{"v":729.88976012,"d":"729.89"},59,118,177,{"v":90.8509989599999,"d":"90.85"},{"v":0.93996673,"d":"0.94"},{"v":166.3741113,"d":"166.37"},{"v":10.62588871,"d":"10.63"},1,"1_61762000_44882",{"v":3.62882010948,"d":"3.63"},0.0399425449474,{"v":6.64540541868,"d":"6.65"},{"v":0.12447222,"d":"0.12"},"1_61762000_44882_109213","D",{"v":0.599767505844,"d":"0.60"},{"v":0.165278930272,"d":"0.17"},{"v":1.09834549882,"d":"1.10"}]
[6,617,61764,{"v":2813.315462,"d":"2,813.32"},3679,{"v":1.307709729,"d":"1.31"},"M",410,61764000,{"v":454.008812755,"d":"454.01"},126,659,785,{"v":141.0905865,"d":"141.09"},{"v":0.93996673,"d":"0.94"},{"v":737.873883399999,"d":"737.87"},{"v":47.1261166099999,"d":"47.13"},1,"1_61764000_44972",{"v":138.644009723,"d":"138.64"},0.982659532165,{"v":725.078805059,"d":"725.08"},{"v":0.310766185,"d":"0.31"},"1_61764000_44972_109390","G",{"v":0.335628241172,"d":"0.34"},{"v":0.00242079150655,"d":"0.00"},{"v":1.75526461287,"d":"1.76"}]
[6,617,61764,{"v":2813.315462,"d":"2,813.32"},3679,{"v":1.307709729,"d":"1.31"},"M",410,61764003,{"v":493.91772191,"d":"493.92"},69,52,121,{"v":44.0141688499999,"d":"44.01"},{"v":0.93996673,"d":"0.94"},{"v":113.7359744,"d":"113.74"},{"v":7.264025618,"d":"7.26"},1,"1_61764003_45034",{"v":0.576308127442,"d":"0.58"},0.0130936955644,{"v":1.48922422351,"d":"1.49"},{"v":0.08911235,"d":"0.09"},"1_61764003_45034_109482","außerhalb GKL",{"v":0.576308127442,"d":"0.58"},{"v":1,"d":"1.00"},{"v":1.48922422351,"d":"1.49"}]
[6,617,61766,{"v":1747.37985099999,"d":"1,747.38"},11797,{"v":6.75125102,"d":"6.75"},"ST",103,61766009,{"v":1241.32310149999,"d":"1,241.32"},159,2847,3006,{"v":259.9796723,"d":"259.98"},{"v":0.991139192,"d":"0.99"},{"v":2979.36441,"d":"2,979.36"},{"v":26.63558982,"d":"26.64"},1,"1_61766009_45121",{"v":1.48738730236,"d":"1.49"},0.00572116769439,{"v":17.0454434122999,"d":"17.05"},{"v":0.209437553,"d":"0.21"},"1_61766009_45121_109743","F",{"v":0.116896659969,"d":"0.12"},{"v":0.078591944266,"d":"0.08"},{"v":1.33963453865,"d":"1.34"}]
[6,620,62021,{"v":10531.33826,"d":"10,531.34"},436,{"v":0.041400246,"d":"0.04"},"G",430,62021000,{"v":10531.3382645999,"d":"10,531.34"},69,34,103,{"v":54.72616422,"d":"54.73"},{"v":0.945243625,"d":"0.95"},{"v":97.3600933799999,"d":"97.36"},{"v":5.639906622,"d":"5.64"},1,"1_62021000_45308",{"v":0.584968248304,"d":"0.58"},0.0106890050973,{"v":1.04068253441,"d":"1.04"},{"v":5.196506E-3,"d":"0.01"},"1_62021000_45308_110176","außerhalb GKL",{"v":0.584968248303,"d":"0.58"},{"v":0.999999999998,"d":"1.00"},{"v":1.04068253441,"d":"1.04"}]
[6,620,62036,{"v":3645.493085,"d":"3,645.49"},1302,{"v":0.357153331,"d":"0.36"},"M",410,62036003,{"v":2099.34587477,"d":"2,099.35"},27,4,31,{"v":15.14775492,"d":"15.15"},{"v":0.93996673,"d":"0.94"},{"v":29.13896864,"d":"29.14"},{"v":1.861031357,"d":"1.86"},1,"1_62036003_45400",{"v":0.803894518208,"d":"0.80"},0.0530702089157,{"v":1.54641115331,"d":"1.55"},{"v":0.007215464,"d":"0.01"},"1_62036003_45400_110353","F",{"v":0.570450763686,"d":"0.57"},{"v":0.709608973274,"d":"0.71"},{"v":1.09734723076,"d":"1.10"}]
[6,620,62039,{"v":5439.52764999999,"d":"5,439.53"},1839,{"v":0.338080826,"d":"0.34"},"G",103,62039001,{"v":4702.66282798999,"d":"4,702.66"},98,139,237,{"v":66.9994814399999,"d":"67.00"},{"v":0.991139192,"d":"0.99"},{"v":234.8999884,"d":"234.90"},{"v":2.100011572,"d":"2.10"},1,"1_62039001_45455",{"v":0.867038438354,"d":"0.87"},0.0129409723735,{"v":3.03983426042,"d":"3.04"},{"v":0.014247137,"d":"0.01"},"1_62039001_45455_110530","außerhalb GKL",{"v":0.867038438354,"d":"0.87"},{"v":1,"d":"1.00"},{"v":3.03983426042,"d":"3.04"}]
[6,620,62042,{"v":15913.36086,"d":"15,913.36"},3760,{"v":0.23627944,"d":"0.24"},"M",410,62042002,{"v":2092.02458803999,"d":"2,092.02"},97,214,311,{"v":85.3460481399999,"d":"85.35"},{"v":0.93996673,"d":"0.94"},{"v":292.329653199999,"d":"292.33"},{"v":18.67034684,"d":"18.67"},1,"1_62042002_45576",{"v":27.5371421361,"d":"27.54"},0.32265280861,{"v":94.3209836449999,"d":"94.32"},{"v":0.040795911,"d":"0.04"},"1_62042002_45576_110963","G",{"v":2.38215211782,"d":"2.38"},{"v":0.0865068751887,"d":"0.09"},{"v":8.15941355985,"d":"8.16"}]
[6,620,62042,{"v":15913.36086,"d":"15,913.36"},3760,{"v":0.23627944,"d":"0.24"},"M",410,62042005,{"v":2044.03424044,"d":"2,044.03"},58,3,61,{"v":39.98995654,"d":"39.99"},{"v":0.93996673,"d":"0.94"},{"v":57.33797056,"d":"57.34"},{"v":3.662029444,"d":"3.66"},1,"1_62042005_45620",{"v":0.535560077248,"d":"0.54"},0.0133923645731,{"v":0.767891005621,"d":"0.77"},{"v":0.01956423,"d":"0.02"},"1_62042005_45620_111020","außerhalb GKL",{"v":0.535560077248,"d":"0.54"},{"v":1,"d":"1.00"},{"v":0.767891005621,"d":"0.77"}]
[6,620,62045,{"v":7060.63534799999,"d":"7,060.64"},2036,{"v":0.288359319,"d":"0.29"},"G",310,62045000,{"v":6071.36435118,"d":"6,071.36"},137,187,324,{"v":133.337843099999,"d":"133.34"},{"v":0.967661341,"d":"0.97"},{"v":313.522274499999,"d":"313.52"},{"v":10.47772554,"d":"10.48"},1,"1_62045000_45800",{"v":0.518854621782,"d":"0.52"},0.00389127804769,{"v":1.22000234422,"d":"1.22"},{"v":0.021961759,"d":"0.02"},"1_62045000_45800_111316","außerhalb GKL",{"v":0.518854621782,"d":"0.52"},{"v":1,"d":"1.00"},{"v":1.22000234422,"d":"1.22"}]
[6,620,62048,{"v":14963.0734799999,"d":"14,963.07"},4776,{"v":0.319185761,"d":"0.32"},"M",410,62048004,{"v":706.469004349999,"d":"706.47"},72,177,249,{"v":85.6823528999999,"d":"85.68"},{"v":0.93996673,"d":"0.94"},{"v":234.0517159,"d":"234.05"},{"v":14.94828412,"d":"14.95"},1,"1_62048004_46038",{"v":24.8346668816,"d":"24.83"},0.289845762179,{"v":67.8388979843,"d":"67.84"},{"v":0.121282537,"d":"0.12"},"1_62048004_46038_111749","G",{"v":0.164520239395,"d":"0.16"},{"v":0.00662462034137,"d":"0.01"},{"v":0.449406943523,"d":"0.45"}]
[6,621,62115,{"v":9374.413085,"d":"9,374.41"},5356,{"v":0.571342435,"d":"0.57"},"M",410,62115005,{"v":5517.86039440999,"d":"5,517.86"},57,46,103,{"v":51.07589585,"d":"51.08"},{"v":0.93996673,"d":"0.94"},{"v":96.81657323,"d":"96.82"},{"v":6.183426766,"d":"6.18"},1,"1_62115005_46132",{"v":1.08496381557,"d":"1.08"},0.0212421886589,{"v":2.05659591386,"d":"2.06"},{"v":0.009256468,"d":"0.01"},"1_62115005_46132_111926","außerhalb GKL",{"v":1.08496381557,"d":"1.08"},{"v":1,"d":"1.00"},{"v":2.05659591386,"d":"2.06"}]
[6,621,62125,{"v":8599.14330999999,"d":"8,599.14"},2364,{"v":0.274911106,"d":"0.27"},"G",310,62125001,{"v":2769.81534406999,"d":"2,769.82"},29,85,114,{"v":54.6702989899999,"d":"54.67"},{"v":0.967661341,"d":"0.97"},{"v":110.313392899999,"d":"110.31"},{"v":3.686607135,"d":"3.69"},1,"1_62125001_46192",{"v":3.35432711515,"d":"3.35"},0.0613555655835,{"v":6.76834061281,"d":"6.77"},{"v":0.019737886,"d":"0.02"},"1_62125001_46192_112103","außerhalb GKL",{"v":1.69639318888,"d":"1.70"},{"v":0.505732783549,"d":"0.51"},{"v":3.42297173812,"d":"3.42"}]
[6,621,62139,{"v":8528.40112399999,"d":"8,528.40"},15787,{"v":1.851108991,"d":"1.85"},"ST",102,62139007,{"v":98.337504005,"d":"98.34"},43,558,601,{"v":56.1175565699999,"d":"56.12"},{"v":0.988126829,"d":"0.99"},{"v":593.8642243,"d":"593.86"},{"v":7.135775733,"d":"7.14"},1,"1_62139007_46352",{"v":14.9010227402,"d":"14.90"},0.265532279931,{"v":157.690121448,"d":"157.69"},{"v":0.570662812,"d":"0.57"},"1_62139007_46352_112536","E",{"v":1.61603410567,"d":"1.62"},{"v":0.108451220688,"d":"0.11"},{"v":17.1016861615,"d":"17.10"}]
[6,621,62139,{"v":8528.40112399999,"d":"8,528.40"},15787,{"v":1.851108991,"d":"1.85"},"ST",102,62139008,{"v":35.360948415,"d":"35.36"},45,616,661,{"v":20.8388266199999,"d":"20.84"},{"v":0.988126829,"d":"0.99"},{"v":653.151834,"d":"653.15"},{"v":7.848165989,"d":"7.85"},1,"1_62139008_46355",{"v":18.8243920733,"d":"18.82"},0.903332630794,{"v":590.013364515,"d":"590.01"},{"v":0.589317526,"d":"0.59"},"1_62139008_46355_112557","F",{"v":4.0601349261e-05,"d":"0.00"},{"v":2.156847834e-06,"d":"0.00"},{"v":0.00127256904701,"d":"0.00"}]
[6,621,62140,{"v":8202.74981099999,"d":"8,202.75"},22609,{"v":2.756270826,"d":"2.76"},"ST",102,62140016,{"v":135.493396819999,"d":"135.49"},81,733,814,{"v":88.2458193599999,"d":"88.25"},{"v":0.988126829,"d":"0.99"},{"v":804.3352389,"d":"804.34"},{"v":9.664761143,"d":"9.66"},1,"1_62140016_46415",{"v":28.6949936014,"d":"28.69"},0.325171139092,{"v":261.546605844999,"d":"261.55"},{"v":0.651292398,"d":"0.65"},"1_62140016_46415_112889","außerhalb GKL",{"v":0.000355451576543,"d":"0.00"},{"v":1.238723317E-5,"d":"0.00"},{"v":0.00323983879135,"d":"0.00"}]
[6,621,62140,{"v":8202.74981099999,"d":"8,202.75"},22609,{"v":2.756270826,"d":"2.76"},"ST",102,62140023,{"v":229.93419546,"d":"229.93"},17,357,374,{"v":69.2663347099999,"d":"69.27"},{"v":0.988126829,"d":"0.99"},{"v":369.559434099999,"d":"369.56"},{"v":4.44056593,"d":"4.44"},1,"1_62140023_46435",{"v":67.3640757345,"d":"67.36"},0.972537034283,{"v":359.410236031,"d":"359.41"},{"v":0.301244165,"d":"0.30"},"1_62140023_46435_113066","E",{"v":0.000733677306171,"d":"0.00"},{"v":1.0891225006E-5,"d":"0.00"},{"v":0.00391441775022,"d":"0.00"}]
[6,621,62143,{"v":5132.38060899999,"d":"5,132.38"},8347,{"v":1.626340803,"d":"1.63"},"ST",210,62143007,{"v":103.985413519999,"d":"103.99"},22,390,412,{"v":66.76041078,"d":"66.76"},{"v":0.980090788,"d":"0.98"},{"v":403.7974047,"d":"403.80"},{"v":8.202595342,"d":"8.20"},1,"1_62143007_46590",{"v":66.7604107771999,"d":"66.76"},0.999999999958,{"v":403.797404683,"d":"403.80"},{"v":0.642017073,"d":"0.64"},"1_62143007_46590_113499","D",{"v":0.592669521001,"d":"0.59"},{"v":0.00887755953119,"d":"0.01"},{"v":3.58473549861,"d":"3.58"}]
[6,621,62145,{"v":11248.9694299999,"d":"11,248.97"},6589,{"v":0.585742547,"d":"0.59"},"M",410,62145005,{"v":915.100586779999,"d":"915.10"},86,345,431,{"v":164.378707499999,"d":"164.38"},{"v":0.93996673,"d":"0.94"},{"v":405.125660799999,"d":"405.13"},{"v":25.87433918,"d":"25.87"},1,"1_62145005_46663",{"v":8.73802306534,"d":"8.74"},0.0531578766997,{"v":21.5356199247,"d":"21.54"},{"v":0.179629114,"d":"0.18"},"1_62145005_46663_113676","außerhalb GKL",{"v":0.06788170371,"d":"0.07"},{"v":0.00776854251842,"d":"0.01"},{"v":0.167300379046,"d":"0.17"}]
[6,622,62202,{"v":3735.931159,"d":"3,735.93"},1615,{"v":0.432288479,"d":"0.43"},"G",420,62202000,{"v":405.793459695,"d":"405.79"},32,526,558,{"v":72.78873251,"d":"72.79"},{"v":0.954532045,"d":"0.95"},{"v":532.6288812,"d":"532.63"},{"v":25.37111879,"d":"25.37"},1,"1_62202000_46734",{"v":33.7093153929,"d":"33.71"},0.463111723896,{"v":246.666679369,"d":"246.67"},{"v":0.179373843,"d":"0.18"},"1_62202000_46734_113838","G",{"v":23.5759517931,"d":"23.58"},{"v":0.699389813122,"d":"0.70"},{"v":172.516162787,"d":"172.52"}]
[6,622,62219,{"v":2157.88192799999,"d":"2,157.88"},6795,{"v":3.148921131,"d":"3.15"},"ST",220,62219006,{"v":388.586697365,"d":"388.59"},29,32,61,{"v":42.33003799,"d":"42.33"},{"v":0.99140599,"d":"0.99"},{"v":60.4757653799999,"d":"60.48"},{"v":0.524234616,"d":"0.52"},1,"1_62219006_47036",{"v":0.586932605391,"d":"0.59"},0.0138656290724,{"v":0.838534530629,"d":"0.84"},{"v":0.108933317,"d":"0.11"},"1_62219006_47036_114285","außerhalb GKL",{"v":0.586932605391,"d":"0.59"},{"v":1,"d":"1.00"},{"v":0.838534530629,"d":"0.84"}]
[6,622,62233,{"v":5909.364959,"d":"5,909.36"},3138,{"v":0.531021526,"d":"0.53"},"M",420,62233001,{"v":2047.12929714,"d":"2,047.13"},106,367,473,{"v":151.9790044,"d":"151.98"},{"v":0.954532045,"d":"0.95"},{"v":451.4936574,"d":"451.49"},{"v":21.5063426299999,"d":"21.51"},1,"1_62233001_47125",{"v":39.253061019,"d":"39.25"},0.258279498369,{"v":116.61155535,"d":"116.61"},{"v":0.074240061,"d":"0.07"},"1_62233001_47125_114462","außerhalb GKL",{"v":2.2012576711,"d":"2.20"},{"v":0.0560786245443,"d":"0.06"},{"v":6.53941563,"d":"6.54"}]
[6,622,62244,{"v":2356.325401,"d":"2,356.33"},2194,{"v":0.931110788,"d":"0.93"},"G",420,62244000,{"v":1070.53154958,"d":"1,070.53"},40,808,848,{"v":114.936852099999,"d":"114.94"},{"v":0.954532045,"d":"0.95"},{"v":809.4431743,"d":"809.44"},{"v":38.5568256899999,"d":"38.56"},1,"1_62244000_47250",{"v":100.949364236999,"d":"100.95"},0.878302845367,{"v":710.936243150999,"d":"710.94"},{"v":0.107364283,"d":"0.11"},"1_62244000_47250_114639","G",{"v":0.341734174192,"d":"0.34"},{"v":0.00338520382743,"d":"0.00"},{"v":2.40666409137,"d":"2.41"}]
[6,622,62266,{"v":2570.197364,"d":"2,570.20"},2399,{"v":0.933391355,"d":"0.93"},"G",410,62266004,{"v":494.77105889,"d":"494.77"},33,4,37,{"v":3.063064691,"d":"3.06"},{"v":0.93996673,"d":"0.94"},{"v":34.7787690299999,"d":"34.78"},{"v":2.221230974,"d":"2.22"},1,"1_62266004_47618",{"v":1.77557804211,"d":"1.78"},0.579673699784,{"v":20.1603377176,"d":"20.16"},{"v":0.006190873,"d":"0.01"},"1_62266004_47618_115072","außerhalb GKL",{"v":1.77557804211,"d":"1.78"},{"v":1,"d":"1.00"},{"v":20.1603377176,"d":"20.16"}]
[6,622,62268,{"v":4570.328016,"d":"4,570.33"},3161,{"v":0.691635259,"d":"0.69"},"M",420,62268001,{"v":2234.30746237999,"d":"2,234.31"},205,393,598,{"v":195.9905219,"d":"195.99"},{"v":0.954532045,"d":"0.95"},{"v":570.810162999999,"d":"570.81"},{"v":27.1898369799999,"d":"27.19"},1,"1_62268001_47647",{"v":0.721002258723,"d":"0.72"},0.00367876084891,{"v":2.0998740798,"d":"2.10"},{"v":0.087718689,"d":"0.09"},"1_62268001_47647_115249","F",{"v":0.296896209163,"d":"0.30"},{"v":0.411782633925,"d":"0.41"},{"v":0.864691679491,"d":"0.86"}]
[6,622,62268,{"v":4570.328016,"d":"4,570.33"},3161,{"v":0.691635259,"d":"0.69"},"M",420,62268002,{"v":2047.86467908,"d":"2,047.86"},120,23,143,{"v":60.91921039,"d":"60.92"},{"v":0.954532045,"d":"0.95"},{"v":136.4980825,"d":"136.50"},{"v":6.50191754,"d":"6.50"},1,"1_62268002_47742",{"v":1.02659445381,"d":"1.03"},0.0168517360491,{"v":2.3002296575,"d":"2.30"},{"v":0.029747674,"d":"0.03"},"1_62268002_47742_115375","außerhalb GKL",{"v":1.02659445381,"d":"1.03"},{"v":1,"d":"1.00"},{"v":2.3002296575,"d":"2.30"}]
[6,622,62275,{"v":8887.460294,"d":"8,887.46"},5930,{"v":0.667232236,"d":"0.67"},"M",420,62275005,{"v":583.01363687,"d":"583.01"},44,58,102,{"v":40.54173035,"d":"40.54"},{"v":0.954532045,"d":"0.95"},{"v":97.36226861,"d":"97.36"},{"v":4.637731392,"d":"4.64"},1,"1_62275005_48006",{"v":0.550842740109,"d":"0.55"},0.0135870554945,{"v":1.32286654667,"d":"1.32"},{"v":0.06953822,"d":"0.07"},"1_62275005_48006_115858","außerhalb GKL",{"v":0.550842740109,"d":"0.55"},{"v":1,"d":"1.00"},{"v":1.32286654667,"d":"1.32"}]
[6,622,62277,{"v":2654.85663199999,"d":"2,654.86"},2639,{"v":0.994027311,"d":"0.99"},"G",420,62277001,{"v":1863.48858382999,"d":"1,863.49"},123,146,269,{"v":118.8716146,"d":"118.87"},{"v":0.954532045,"d":"0.95"},{"v":256.769120199999,"d":"256.77"},{"v":12.23087985,"d":"12.23"},1,"1_62277001_48133",{"v":0.636474903756,"d":"0.64"},0.00535430519639,{"v":1.37482023456,"d":"1.37"},{"v":0.063789827,"d":"0.06"},"1_62277001_48133_116035","außerhalb GKL",{"v":0.636474903756,"d":"0.64"},{"v":1,"d":"1.00"},{"v":1.37482023456,"d":"1.37"}]
[6,622,62278,{"v":8128.261808,"d":"8,128.26"},4701,{"v":0.578352434,"d":"0.58"},"M",430,62278004,{"v":1917.45302839999,"d":"1,917.45"},151,76,227,{"v":60.4332496199999,"d":"60.43"},{"v":0.945243625,"d":"0.95"},{"v":214.5703029,"d":"214.57"},{"v":12.42969712,"d":"12.43"},1,"1_62278004_48289",{"v":0.551680246834,"d":"0.55"},0.00912875362988,{"v":1.95875943146,"d":"1.96"},{"v":0.03151746,"d":"0.03"},"1_62278004_48289_116212","außerhalb GKL",{"v":0.551680246835,"d":"0.55"},{"v":1,"d":"1.00"},{"v":1.95875943146,"d":"1.96"}]
[6,623,62343,{"v":2275.747443,"d":"2,275.75"},1282,{"v":0.563331403,"d":"0.56"},"M",410,62343002,{"v":697.59620479,"d":"697.60"},42,249,291,{"v":38.5101795599999,"d":"38.51"},{"v":0.93996673,"d":"0.94"},{"v":273.530318599999,"d":"273.53"},{"v":17.4696814399999,"d":"17.47"},1,"1_62343002_48433",{"v":38.5101795631,"d":"38.51"},1.00000000008,{"v":273.530318621999,"d":"273.53"},{"v":0.055204113,"d":"0.06"},"1_62343002_48433_116389","außerhalb GKL",{"v":38.5101795631,"d":"38.51"},{"v":1,"d":"1.00"},{"v":273.530318621999,"d":"273.53"}]
[6,623,62381,{"v":3915.85442599999,"d":"3,915.85"},3248,{"v":0.829448607,"d":"0.83"},"M",310,62381000,{"v":903.34610322,"d":"903.35"},122,786,908,{"v":103.549667499999,"d":"103.55"},{"v":0.967661341,"d":"0.97"},{"v":878.636497599999,"d":"878.64"},{"v":29.3635024499999,"d":"29.36"},1,"1_62381000_48551",{"v":66.3029405909999,"d":"66.30"},0.640300854573,{"v":562.591700272,"d":"562.59"},{"v":0.114629008,"d":"0.11"},"1_62381000_48551_116822","E",{"v":4.6124708271,"d":"4.61"},{"v":0.0695666102587,"d":"0.07"},{"v":39.1375975476,"d":"39.14"}]
[6,623,62383,{"v":3872.713642,"d":"3,872.71"},3521,{"v":0.909181604,"d":"0.91"},"ST",410,62383004,{"v":1126.09775902,"d":"1,126.10"},81,147,228,{"v":134.3905905,"d":"134.39"},{"v":0.93996673,"d":"0.94"},{"v":214.312414499999,"d":"214.31"},{"v":13.6875854599999,"d":"13.69"},1,"1_62383004_48570",{"v":108.7476204,"d":"108.75"},0.80919073274,{"v":173.419619724999,"d":"173.42"},{"v":0.119341851,"d":"0.12"},"1_62383004_48570_116913","außerhalb GKL",{"v":0.0141328073518,"d":"0.01"},{"v":1.29959692909E-4,"d":"0.00"},{"v":0.0225375605239,"d":"0.02"}]
[4,404,40404,{"v":2484.75617499999,"d":"2,484.76"},17518,{"v":7.050188738,"d":"7.05"},"ST",103,40404021,{"v":83.3167987501,"d":"83.32"},25,48,73,{"v":38.7448481599999,"d":"38.74"},{"v":0.991139192,"d":"0.99"},{"v":72.35316099,"d":"72.35"},{"v":0.646839008,"d":"0.65"},0,"0_40404021_3261",{"v":44.5719505870999,"d":"44.57"},0,{"v":0.646839008,"d":"0.65"},{"v":0.465030447,"d":"0.47"},"0_40404021_3261_117175","D",{"v":2.13401885893,"d":"2.13"},{"v":0.0478780675026,"d":"0.05"},{"v":0.0309694016883,"d":"0.03"}]
[4,404,40413,{"v":2633.862621,"d":"2,633.86"},3707,{"v":1.40743863,"d":"1.41"},"M",410,40413002,{"v":445.43347839,"d":"445.43"},86,598,684,{"v":179.812968,"d":"179.81"},{"v":0.93996673,"d":"0.94"},{"v":642.937243599999,"d":"642.94"},{"v":41.0627563899999,"d":"41.06"},0,"0_40413002_3283",{"v":265.620510368999,"d":"265.62"},0,{"v":41.0627563899999,"d":"41.06"},{"v":0.403680856,"d":"0.40"},"0_40413002_3283_117608","F",{"v":0.0739839806419,"d":"0.07"},{"v":0.00027853263492,"d":"0.00"},{"v":0.0114373177344,"d":"0.01"}]
[4,404,40418,{"v":5815.885056,"d":"5,815.89"},4819,{"v":0.828592717,"d":"0.83"},"G",410,40418002,{"v":759.078108864999,"d":"759.08"},51,1502,1553,{"v":123.6756203,"d":"123.68"},{"v":0.93996673,"d":"0.94"},{"v":1459.768332,"d":"1,459.77"},{"v":93.2316676399999,"d":"93.23"},0,"0_40418002_3291",{"v":635.402488564,"d":"635.40"},0,{"v":93.2316676399999,"d":"93.23"},{"v":0.162928714,"d":"0.16"},"0_40418002_3291_117785","D",{"v":0.697408063185,"d":"0.70"},{"v":0.00109758472108,"d":"0.00"},{"v":0.102329653922,"d":"0.10"}]
[4,404,40423,{"v":1654.749231,"d":"1,654.75"},1254,{"v":0.757818754,"d":"0.76"},"G",310,40423000,{"v":1654.74923566999,"d":"1,654.75"},80,113,193,{"v":88.7672483599999,"d":"88.77"},{"v":0.967661341,"d":"0.97"},{"v":186.7586388,"d":"186.76"},{"v":6.241361203,"d":"6.24"},0,"0_40423000_3300",{"v":1565.98198731,"d":"1,565.98"},0,{"v":6.241361203,"d":"6.24"},{"v":0.053643928,"d":"0.05"},"0_40423000_3300_117962","außerhalb GKL",{"v":0.00106938500211,"d":"0.00"},{"v":6.82884612e-07,"d":"0.00"},{"v":4.262129525e-06,"d":"0.00"}]
[4,404,40438,{"v":2285.157283,"d":"2,285.16"},2413,{"v":1.055944822,"d":"1.06"},"G",310,40438000,{"v":2285.15728331999,"d":"2,285.16"},138,537,675,{"v":335.1798021,"d":"335.18"},{"v":0.967661341,"d":"0.97"},{"v":653.1714051,"d":"653.17"},{"v":21.82859488,"d":"21.83"},0,"0_40438000_3318",{"v":1949.97748124999,"d":"1,949.98"},0,{"v":21.82859488,"d":"21.83"},{"v":0.146676907,"d":"0.15"},"0_40438000_3318_118395","F",{"v":1.93431055377,"d":"1.93"},{"v":0.000991965585433,"d":"0.00"},{"v":0.0216532148993,"d":"0.02"}]
[4,404,40441,{"v":4110.51466499999,"d":"4,110.51"},3989,{"v":0.97043809,"d":"0.97"},"G",410,40441001,{"v":3807.22264876999,"d":"3,807.22"},113,541,654,{"v":269.4327996,"d":"269.43"},{"v":0.93996673,"d":"0.94"},{"v":614.7382417,"d":"614.74"},{"v":39.2617582999999,"d":"39.26"},0,"0_40441001_3322",{"v":3537.78984920999,"d":"3,537.79"},0,{"v":39.2617582999999,"d":"39.26"},{"v":0.070768858,"d":"0.07"},"0_40441001_3322_118450","E",{"v":4.27642421983,"d":"4.28"},{"v":0.00120878412854,"d":"0.00"},{"v":0.0474589902916,"d":"0.05"}]
[5,501,50101,{"v":6564.140019,"d":"6,564.14"},155021,{"v":23.61634571,"d":"23.62"},"SR",101,50101160,{"v":15.581129935,"d":"15.58"},51,292,343,{"v":10.45069261,"d":"10.45"},{"v":0.992934034,"d":"0.99"},{"v":340.576373699999,"d":"340.58"},{"v":2.423626324,"d":"2.42"},0,"0_50101160_4144",{"v":5.13043734375,"d":"5.13"},0,{"v":2.423626324,"d":"2.42"},{"v":0.670727518,"d":"0.67"},"0_50101160_4144_118748","A",{"v":0.00287872872923,"d":"0.00"},{"v":0.00056110786203,"d":"0.00"},{"v":0.00135991578502,"d":"0.00"}]
[5,501,50101,{"v":6564.140019,"d":"6,564.14"},155021,{"v":23.61634571,"d":"23.62"},"SR",101,50101324,{"v":34.6878308149999,"d":"34.69"},5,28,33,{"v":5.124640976,"d":"5.12"},{"v":0.992934034,"d":"0.99"},{"v":32.7668231199999,"d":"32.77"},{"v":0.233176877,"d":"0.23"},0,"0_50101324_4188",{"v":29.5631898387,"d":"29.56"},0,{"v":0.233176877,"d":"0.23"},{"v":0.147735989,"d":"0.15"},"0_50101324_4188_119181","C",{"v":0.0945962506972,"d":"0.09"},{"v":0.00319979850663,"d":"0.00"},{"v":0.000746119022805,"d":"0.00"}]
[5,501,50101,{"v":6564.140019,"d":"6,564.14"},155021,{"v":23.61634571,"d":"23.62"},"SR",101,50101442,{"v":7.40318150504,"d":"7.40"},17,1368,1385,{"v":4.181061151,"d":"4.18"},{"v":0.992934034,"d":"0.99"},{"v":1375.213637,"d":"1,375.21"},{"v":9.786362854,"d":"9.79"},0,"0_50101442_4207",{"v":3.22212035421,"d":"3.22"},0,{"v":9.786362854,"d":"9.79"},{"v":0.564765452,"d":"0.56"},"0_50101442_4207_119358","A",{"v":0.271555686623,"d":"0.27"},{"v":0.0842785671454,"d":"0.08"},{"v":0.8247806389,"d":"0.82"}]
[5,501,50101,{"v":6564.140019,"d":"6,564.14"},155021,{"v":23.61634571,"d":"23.62"},"SR",101,50101561,{"v":13.531286495,"d":"13.53"},41,419,460,{"v":13.52167283,"d":"13.52"},{"v":0.992934034,"d":"0.99"},{"v":456.7496557,"d":"456.75"},{"v":3.250344341,"d":"3.25"},0,"0_50101561_4231",{"v":0.00961366908326,"d":"0.01"},0,{"v":3.250344341,"d":"3.25"},{"v":0.999289523,"d":"1.00"},"0_50101561_4231_119535","C",{"v":1.16365964375E-3,"d":"0.00"},{"v":0.121042198735,"d":"0.12"},{"v":0.393428825681,"d":"0.39"}]
[5,502,50209,{"v":2101.063508,"d":"2,101.06"},4756,{"v":2.263615537,"d":"2.26"},"G",101,50209001,{"v":1853.22989791999,"d":"1,853.23"},136,871,1007,{"v":142.255052199999,"d":"142.26"},{"v":0.992934034,"d":"0.99"},{"v":999.884572299999,"d":"999.88"},{"v":7.115427721,"d":"7.12"},0,"0_50209001_4276",{"v":1710.9748457,"d":"1,710.97"},0,{"v":7.115427721,"d":"7.12"},{"v":0.076760607,"d":"0.08"},"0_50209001_4276_119712","D",{"v":0.797698420994,"d":"0.80"},{"v":0.000466224516976,"d":"0.00"},{"v":3.3173868523E-3,"d":"0.00"}]
[5,503,50303,{"v":1523.621292,"d":"1,523.62"},5583,{"v":3.664296389,"d":"3.66"},"G",101,50303000,{"v":408.813707234999,"d":"408.81"},183,2244,2427,{"v":154.535302099999,"d":"154.54"},{"v":0.992934034,"d":"0.99"},{"v":2409.85090099999,"d":"2,409.85"},{"v":17.1490993799999,"d":"17.15"},0,"0_50303000_4287",{"v":254.27840509,"d":"254.28"},0,{"v":17.1490993799999,"d":"17.15"},{"v":0.378009101,"d":"0.38"},"0_50303000_4287_119987","G",{"v":0.670362704371,"d":"0.67"},{"v":0.00263633360503,"d":"0.00"},{"v":0.0452107469915,"d":"0.05"}]
[5,503,50308,{"v":834.5437305,"d":"834.54"},3042,{"v":3.645105569,"d":"3.65"},"G",310,50308001,{"v":549.161529149999,"d":"549.16"},60,117,177,{"v":55.00854212,"d":"55.01"},{"v":0.967661341,"d":"0.97"},{"v":171.276057299999,"d":"171.28"},{"v":5.723942658,"d":"5.72"},0,"0_50308001_4295",{"v":494.152987026,"d":"494.15"},0,{"v":5.723942658,"d":"5.72"},{"v":0.100168237,"d":"0.10"},"0_50308001_4295_120321","außerhalb GKL",{"v":141.337673811,"d":"141.34"},{"v":0.286020073787,"d":"0.29"},{"v":1.63716250139,"d":"1.64"}]
[5,503,50310,{"v":2899.66032899999,"d":"2,899.66"},7066,{"v":2.436837146,"d":"2.44"},"M",101,50310000,{"v":80.2211179749999,"d":"80.22"},123,1122,1245,{"v":67.11223841,"d":"67.11"},{"v":0.992934034,"d":"0.99"},{"v":1236.202872,"d":"1,236.20"},{"v":8.79712761999999,"d":"8.80"},0,"0_50310000_4301",{"v":13.1088795603,"d":"13.11"},0,{"v":8.79712761999999,"d":"8.80"},{"v":0.836590665,"d":"0.84"},"0_50310000_4301_120498","E",{"v":0.511462225101,"d":"0.51"},{"v":0.0390164714496,"d":"0.04"},{"v":0.343232878624,"d":"0.34"}]
[5,503,50315,{"v":2282.23767899999,"d":"2,282.24"},2631,{"v":1.152815951,"d":"1.15"},"G",310,50315001,{"v":2235.37278169,"d":"2,235.37"},120,628,748,{"v":100.741238199999,"d":"100.74"},{"v":0.967661341,"d":"0.97"},{"v":723.810683,"d":"723.81"},{"v":24.1893169899999,"d":"24.19"},0,"0_50315001_4314",{"v":2134.63154216,"d":"2,134.63"},0,{"v":24.1893169899999,"d":"24.19"},{"v":0.045066863,"d":"0.05"},"0_50315001_4314_120931","außerhalb GKL",{"v":1.669050528e-06,"d":"0.00"},{"v":7.81892e-10,"d":"0.00"},{"v":1.8913424e-08,"d":"0.00"}]
[5,503,50316,{"v":1314.155563,"d":"1,314.16"},4250,{"v":3.234015911,"d":"3.23"},"G",101,50316002,{"v":676.637174264999,"d":"676.64"},139,417,556,{"v":130.1799259,"d":"130.18"},{"v":0.992934034,"d":"0.99"},{"v":552.0713229,"d":"552.07"},{"v":3.928677073,"d":"3.93"},0,"0_50316002_4317",{"v":546.457248411,"d":"546.46"},0,{"v":3.928677073,"d":"3.93"},{"v":0.192392512,"d":"0.19"},"0_50316002_4317_121108","F",{"v":0.000646982588557,"d":"0.00"},{"v":1.183958288e-06,"d":"0.00"},{"v":4.651389783e-06,"d":"0.00"}]
[5,503,50319,{"v":1963.94182599999,"d":"1,963.94"},3608,{"v":1.837121625,"d":"1.84"},"G",310,50319000,{"v":349.728078885,"d":"349.73"},130,604,734,{"v":110.126756599999,"d":"110.13"},{"v":0.967661341,"d":"0.97"},{"v":710.2634242,"d":"710.26"},{"v":23.73657577,"d":"23.74"},0,"0_50319000_4322",{"v":239.601322237,"d":"239.60"},0,{"v":23.73657577,"d":"23.74"},{"v":0.314892522,"d":"0.31"},"0_50319000_4322_121268","G",{"v":3.39966278929,"d":"3.40"},{"v":0.0141888315037,"d":"0.01"},{"v":0.336794274075,"d":"0.34"}]
[5,503,50323,{"v":2462.82814599999,"d":"2,462.83"},3392,{"v":1.377278397,"d":"1.38"},"M",310,50323001,{"v":2342.69580404999,"d":"2,342.70"},141,254,395,{"v":127.7045198,"d":"127.70"},{"v":0.967661341,"d":"0.97"},{"v":382.226229699999,"d":"382.23"},{"v":12.77377034,"d":"12.77"},0,"0_50323001_4330",{"v":2214.99128427,"d":"2,214.99"},0,{"v":12.77377034,"d":"12.77"},{"v":0.054511781,"d":"0.05"},"0_50323001_4330_121717","außerhalb GKL",{"v":350.666014748999,"d":"350.67"},{"v":0.158314850826,"d":"0.16"},{"v":2.02227754586,"d":"2.02"}]
[5,503,50324,{"v":3631.04618299999,"d":"3,631.05"},6402,{"v":1.763128222,"d":"1.76"},"ST",310,50324002,{"v":3323.98111805,"d":"3,323.98"},217,756,973,{"v":151.632931899999,"d":"151.63"},{"v":0.967661341,"d":"0.97"},{"v":941.5344847,"d":"941.53"},{"v":31.4655152899999,"d":"31.47"},0,"0_50324002_4333",{"v":3172.34818613,"d":"3,172.35"},0,{"v":31.4655152899999,"d":"31.47"},{"v":0.045617868,"d":"0.05"},"0_50324002_4333_121894","F",{"v":1.46448048636,"d":"1.46"},{"v":0.000461639265438,"d":"0.00"},{"v":0.0145257173651,"d":"0.01"}]
[5,503,50326,{"v":454.416018699999,"d":"454.42"},5804,{"v":12.77243706,"d":"12.77"},"ST",210,50326003,{"v":99.32253029,"d":"99.32"},49,709,758,{"v":44.6406995099999,"d":"44.64"},{"v":0.980090788,"d":"0.98"},{"v":742.9088173,"d":"742.91"},{"v":15.09118269,"d":"15.09"},0,"0_50326003_4339",{"v":54.6818307766999,"d":"54.68"},0,{"v":15.09118269,"d":"15.09"},{"v":0.449451896,"d":"0.45"},"0_50326003_4339_122071","D",{"v":1.71379611904E-4,"d":"0.00"},{"v":3.134123519e-06,"d":"0.00"},{"v":4.72976306e-05,"d":"0.00"}]
[5,503,50337,{"v":4819.67277099999,"d":"4,819.67"},5971,{"v":1.238880788,"d":"1.24"},"M",310,50337000,{"v":146.13493531,"d":"146.13"},117,532,649,{"v":78.91274995,"d":"78.91"},{"v":0.967661341,"d":"0.97"},{"v":628.012210299999,"d":"628.01"},{"v":20.98778974,"d":"20.99"},0,"0_50337000_4357",{"v":67.222185362,"d":"67.22"},0,{"v":20.98778974,"d":"20.99"},{"v":0.539999212,"d":"0.54"},"0_50337000_4357_122504","F",{"v":0.0002015729426,"d":"0.00"},{"v":2.998607402e-06,"d":"0.00"},{"v":6.2934141664e-05,"d":"0.00"}]
[5,503,50338,{"v":2661.51019099999,"d":"2,661.51"},13404,{"v":5.036238466,"d":"5.04"},"G",101,50338000,{"v":445.842516074999,"d":"445.84"},189,5395,5584,{"v":221.723340199999,"d":"221.72"},{"v":0.992934034,"d":"0.99"},{"v":5544.543646,"d":"5,544.54"},{"v":39.4563539199999,"d":"39.46"},0,"0_50338000_4361",{"v":224.119175876,"d":"224.12"},0,{"v":39.4563539199999,"d":"39.46"},{"v":0.497313137,"d":"0.50"},"0_50338000_4361_122681","C",{"v":0.0848534555372,"d":"0.08"},{"v":0.000378608636256,"d":"0.00"},{"v":0.0149385163493,"d":"0.01"}]
[5,503,50338,{"v":2661.51019099999,"d":"2,661.51"},13404,{"v":5.036238466,"d":"5.04"},"G",101,50338005,{"v":1170.08220888999,"d":"1,170.08"},138,308,446,{"v":77.5272079199999,"d":"77.53"},{"v":0.992934034,"d":"0.99"},{"v":442.8485792,"d":"442.85"},{"v":3.151420818,"d":"3.15"},0,"0_50338005_4365",{"v":1092.55500097999,"d":"1,092.56"},0,{"v":3.151420818,"d":"3.15"},{"v":0.066257915,"d":"0.07"},"0_50338005_4365_122805","F",{"v":2.15819157952E-3,"d":"0.00"},{"v":1.975361952e-06,"d":"0.00"},{"v":6.225196779e-06,"d":"0.00"}]
[5,503,50339,{"v":5030.01126199999,"d":"5,030.01"},10951,{"v":2.177132303,"d":"2.18"},"ST",310,50339002,{"v":335.62898093,"d":"335.63"},161,375,536,{"v":107.422159899999,"d":"107.42"},{"v":0.967661341,"d":"0.97"},{"v":518.666478699999,"d":"518.67"},{"v":17.3335212699999,"d":"17.33"},0,"0_50339002_4369",{"v":228.206821079,"d":"228.21"},0,{"v":17.3335212699999,"d":"17.33"},{"v":0.320062229,"d":"0.32"},"0_50339002_4369_123034","F",{"v":0.630292822105,"d":"0.63"},{"v":0.00276193682172,"d":"0.00"},{"v":0.0478740906457,"d":"0.05"}]
[4,404,40404,{"v":2484.75617499999,"d":"2,484.76"},17518,{"v":7.050188738,"d":"7.05"},"ST",103,40404052,{"v":260.055346354999,"d":"260.06"},45,253,298,{"v":63.85070993,"d":"63.85"},{"v":0.991139192,"d":"0.99"},{"v":295.359479099999,"d":"295.36"},{"v":2.64052088,"d":"2.64"},1,"1_40404052_22600",{"v":63.850709928,"d":"63.85"},0.999999999969,{"v":295.359479091,"d":"295.36"},{"v":0.245527388,"d":"0.25"},"1_40404052_22600_123467","G",{"v":0.0015785272732,"d":"0.00"},{"v":2.4722156966E-5,"d":"0.00"},{"v":0.00730192340334,"d":"0.01"}]
[4,404,40409,{"v":3743.043396,"d":"3,743.04"},1179,{"v":0.314984326,"d":"0.31"},"G",410,40409000,{"v":3743.04339648999,"d":"3,743.04"},90,496,586,{"v":85.7546548499999,"d":"85.75"},{"v":0.93996673,"d":"0.94"},{"v":550.820504,"d":"550.82"},{"v":35.1794959699999,"d":"35.18"},1,"1_40409000_22680",{"v":0.922455156505,"d":"0.92"},0.0107569106087,{"v":5.92512692297,"d":"5.93"},{"v":0.022910409,"d":"0.02"},"1_40409000_22680_123644","G",{"v":0.627493790538,"d":"0.63"},{"v":0.680243138231,"d":"0.68"},{"v":4.0305269325,"d":"4.03"}]
[4,404,40412,{"v":2759.02962399999,"d":"2,759.03"},1308,{"v":0.474079723,"d":"0.47"},"G",410,40412000,{"v":2759.02962436999,"d":"2,759.03"},154,221,375,{"v":118.3670905,"d":"118.37"},{"v":0.93996673,"d":"0.94"},{"v":352.487523899999,"d":"352.49"},{"v":22.51247609,"d":"22.51"},1,"1_40412000_22821",{"v":0.79096397951,"d":"0.79"},0.00668229637283,{"v":2.35542610242,"d":"2.36"},{"v":0.042901711,"d":"0.04"},"1_40412000_22821_123821","G",{"v":0.79096397951,"d":"0.79"},{"v":1,"d":"1.00"},{"v":2.35542610242,"d":"2.36"}]
[4,404,40419,{"v":3328.450988,"d":"3,328.45"},2823,{"v":0.848142277,"d":"0.85"},"G",410,40419000,{"v":3328.45098777,"d":"3,328.45"},279,565,844,{"v":293.4629082,"d":"293.46"},{"v":0.93996673,"d":"0.94"},{"v":793.3319205,"d":"793.33"},{"v":50.6680795199999,"d":"50.67"},1,"1_40419000_23070",{"v":0.640513863445,"d":"0.64"},0.00218260586107,{"v":1.73153089946,"d":"1.73"},{"v":0.088168012,"d":"0.09"},"1_40419000_23070_124254","außerhalb GKL",{"v":0.640513863445,"d":"0.64"},{"v":1,"d":"1.00"},{"v":1.73153089946,"d":"1.73"}]
[4,404,40421,{"v":514.976488,"d":"514.98"},6927,{"v":13.45109954,"d":"13.45"},"ST",410,40421001,{"v":119.16441801,"d":"119.16"},63,826,889,{"v":102.1339537,"d":"102.13"},{"v":0.93996673,"d":"0.94"},{"v":835.6304234,"d":"835.63"},{"v":53.3695766499999,"d":"53.37"},1,"1_40421001_23106",{"v":102.133953653999,"d":"102.13"},0.99999999955,{"v":835.630423024,"d":"835.63"},{"v":0.857084316,"d":"0.86"},"1_40421001_23106_124343","G",{"v":3.65771705118,"d":"3.66"},{"v":0.0358129389916,"d":"0.04"},{"v":29.9263813592999,"d":"29.93"}]
[4,404,40427,{"v":3318.112047,"d":"3,318.11"},2296,{"v":0.691959755,"d":"0.69"},"G",310,40427000,{"v":3318.1120467,"d":"3,318.11"},198,408,606,{"v":222.1357438,"d":"222.14"},{"v":0.967661341,"d":"0.97"},{"v":586.4027726,"d":"586.40"},{"v":19.5972274,"d":"19.60"},1,"1_40427000_23183",{"v":0.693814650449,"d":"0.69"},0.00312338139995,{"v":1.83155951282,"d":"1.83"},{"v":0.066946426,"d":"0.07"},"1_40427000_23183_124607","außerhalb GKL",{"v":0.69381465045,"d":"0.69"},{"v":1,"d":"1.00"},{"v":1.83155951282,"d":"1.83"}]
[4,404,40441,{"v":4110.51466499999,"d":"4,110.51"},3989,{"v":0.97043809,"d":"0.97"},"G",410,40441001,{"v":3807.22264876999,"d":"3,807.22"},113,541,654,{"v":269.4327996,"d":"269.43"},{"v":0.93996673,"d":"0.94"},{"v":614.7382417,"d":"614.74"},{"v":39.2617582999999,"d":"39.26"},1,"1_40441001_23359",{"v":31.7744155142999,"d":"31.77"},0.117930762556,{"v":72.4965496159999,"d":"72.50"},{"v":0.070768858,"d":"0.07"},"1_40441001_23359_125040","außerhalb GKL",{"v":0.474641669782,"d":"0.47"},{"v":0.0149378568291,"d":"0.01"},{"v":1.08294307877,"d":"1.08"}]
[4,404,40446,{"v":2134.30356799999,"d":"2,134.30"},1377,{"v":0.645175326,"d":"0.65"},"G",410,40446000,{"v":2134.30356367,"d":"2,134.30"},119,745,864,{"v":246.379762699999,"d":"246.38"},{"v":0.93996673,"d":"0.94"},{"v":812.131255099999,"d":"812.13"},{"v":51.8687449099999,"d":"51.87"},1,"1_40446000_23460",{"v":52.9951598733999,"d":"53.00"},0.215095425422,{"v":174.685717813999,"d":"174.69"},{"v":0.115438013,"d":"0.12"},"1_40446000_23460_125217","außerhalb GKL",{"v":6.87765166085,"d":"6.88"},{"v":0.129778864283,"d":"0.13"},{"v":22.6705140643999,"d":"22.67"}]
[5,501,50101,{"v":6564.140019,"d":"6,564.14"},155021,{"v":23.61634571,"d":"23.62"},"SR",101,50101021,{"v":22.66449854,"d":"22.66"},34,144,178,{"v":22.66449854,"d":"22.66"},{"v":0.992934034,"d":"0.99"},{"v":178,"d":"178.00"},{"v":0,"d":"0.00"},1,"1_50101021_35689",{"v":22.66449854,"d":"22.66"},1,{"v":178,"d":"178.00"},{"v":1,"d":"1.00"},"1_50101021_35689_125394","D",{"v":0.0299961671777,"d":"0.03"},{"v":1.32348691169E-3,"d":"0.00"},{"v":0.235580670281,"d":"0.24"}]
[5,501,50101,{"v":6564.140019,"d":"6,564.14"},155021,{"v":23.61634571,"d":"23.62"},"SR",101,50101244,{"v":15.552856455,"d":"15.55"},70,751,821,{"v":15.5528564599999,"d":"15.55"},{"v":0.992934034,"d":"0.99"},{"v":821,"d":"821.00"},{"v":0,"d":"0.00"},1,"1_50101244_35778",{"v":15.552856455,"d":"15.55"},0.999999999679,{"v":820.999999735999,"d":"821.00"},{"v":1,"d":"1.00"},"1_50101244_35778_125827","C",{"v":8.42513116215E-4,"d":"0.00"},{"v":5.4170956869e-05,"d":"0.00"},{"v":0.0444743555752,"d":"0.04"}]
[5,501,50101,{"v":6564.140019,"d":"6,564.14"},155021,{"v":23.61634571,"d":"23.62"},"SR",101,50101260,{"v":665.902065204999,"d":"665.90"},251,472,723,{"v":156.6554647,"d":"156.66"},{"v":0.992934034,"d":"0.99"},{"v":717.8913066,"d":"717.89"},{"v":5.108693389,"d":"5.11"},1,"1_50101260_35786",{"v":147.409128976999,"d":"147.41"},0.940976615526,{"v":675.518931999999,"d":"675.52"},{"v":0.235253009,"d":"0.24"},"1_50101260_35786_125880","D",{"v":1.87215592197,"d":"1.87"},{"v":0.0127004069216,"d":"0.01"},{"v":8.57936531964,"d":"8.58"}]
[5,501,50101,{"v":6564.140019,"d":"6,564.14"},155021,{"v":23.61634571,"d":"23.62"},"SR",101,50101380,{"v":56.370010055,"d":"56.37"},22,894,916,{"v":47.2261284699999,"d":"47.23"},{"v":0.992934034,"d":"0.99"},{"v":909.5275752,"d":"909.53"},{"v":6.472424819,"d":"6.47"},1,"1_50101380_35838",{"v":47.2261284677,"d":"47.23"},0.999999999951,{"v":909.527575155,"d":"909.53"},{"v":0.837788186,"d":"0.84"},"1_50101380_35838_126180","G",{"v":0.158151847474,"d":"0.16"},{"v":3.34882093039E-3,"d":"0.00"},{"v":3.04584498045,"d":"3.05"}]
[5,501,50101,{"v":6564.140019,"d":"6,564.14"},155021,{"v":23.61634571,"d":"23.62"},"SR",101,50101466,{"v":23.7275107299999,"d":"23.73"},107,1151,1258,{"v":22.08949142,"d":"22.09"},{"v":0.992934034,"d":"0.99"},{"v":1249.11101499999,"d":"1,249.11"},{"v":8.888985177,"d":"8.89"},1,"1_50101466_35877",{"v":22.0894914219,"d":"22.09"},1.00000000009,{"v":1249.11101510999,"d":"1,249.11"},{"v":0.930965396,"d":"0.93"},"1_50101466_35877_126357","D",{"v":0.000624336622482,"d":"0.00"},{"v":2.8263965456e-05,"d":"0.00"},{"v":0.0353048305814,"d":"0.04"}]
[5,502,50209,{"v":2101.063508,"d":"2,101.06"},4756,{"v":2.263615537,"d":"2.26"},"G",101,50209001,{"v":1853.22989791999,"d":"1,853.23"},136,871,1007,{"v":142.255052199999,"d":"142.26"},{"v":0.992934034,"d":"0.99"},{"v":999.884572299999,"d":"999.88"},{"v":7.115427721,"d":"7.12"},1,"1_50209001_36176",{"v":33.2134643639999,"d":"33.21"},0.233478276169,{"v":233.451326308999,"d":"233.45"},{"v":0.076760607,"d":"0.08"},"1_50209001_36176_126790","F",{"v":6.52427848647,"d":"6.52"},{"v":0.196434747516,"d":"0.20"},{"v":45.8579523407999,"d":"45.86"}]
[5,503,50302,{"v":2524.110559,"d":"2,524.11"},3723,{"v":1.474975011,"d":"1.47"},"G",310,50302001,{"v":2142.46057143999,"d":"2,142.46"},138,53,191,{"v":58.81323487,"d":"58.81"},{"v":0.967661341,"d":"0.97"},{"v":184.8233161,"d":"184.82"},{"v":6.176683885,"d":"6.18"},1,"1_50302001_36269",{"v":0.929400493628,"d":"0.93"},0.0158025739561,{"v":2.92068412148,"d":"2.92"},{"v":0.027451257,"d":"0.03"},"1_50302001_36269_126967","außerhalb GKL",{"v":0.672988006782,"d":"0.67"},{"v":0.724109801314,"d":"0.72"},{"v":2.11489599891,"d":"2.11"}]
[5,503,50303,{"v":1523.621292,"d":"1,523.62"},5583,{"v":3.664296389,"d":"3.66"},"G",101,50303001,{"v":1114.80758523,"d":"1,114.81"},210,2179,2389,{"v":239.124223199999,"d":"239.12"},{"v":0.992934034,"d":"0.99"},{"v":2372.119407,"d":"2,372.12"},{"v":16.8805926799999,"d":"16.88"},1,"1_50303001_36324",{"v":2.16042039581,"d":"2.16"},0.00903471997483,{"v":21.4314345891,"d":"21.43"},{"v":0.214498203,"d":"0.21"},"1_50303001_36324_127144","E",{"v":0.0131556772571,"d":"0.01"},{"v":0.00608940615568,"d":"0.01"},{"v":0.130504709712,"d":"0.13"}]
[5,503,50308,{"v":834.5437305,"d":"834.54"},3042,{"v":3.645105569,"d":"3.65"},"G",310,50308001,{"v":549.161529149999,"d":"549.16"},60,117,177,{"v":55.00854212,"d":"55.01"},{"v":0.967661341,"d":"0.97"},{"v":171.276057299999,"d":"171.28"},{"v":5.723942658,"d":"5.72"},1,"1_50308001_36412",{"v":37.0132466616,"d":"37.01"},0.672863617815,{"v":115.245427559999,"d":"115.25"},{"v":0.100168237,"d":"0.10"},"1_50308001_36412_127417","außerhalb GKL",{"v":0.0262437807583,"d":"0.03"},{"v":7.09037523734E-4,"d":"0.00"},{"v":0.0817133325788,"d":"0.08"}]
[5,503,50313,{"v":878.0166443,"d":"878.02"},774,{"v":0.881532264,"d":"0.88"},"G",210,50313000,{"v":878.01664425,"d":"878.02"},87,264,351,{"v":58.98022847,"d":"58.98"},{"v":0.980090788,"d":"0.98"},{"v":344.0118666,"d":"344.01"},{"v":6.98813341,"d":"6.99"},1,"1_50313000_36498",{"v":1.23954993589,"d":"1.24"},0.0210163637552,{"v":7.22987852457,"d":"7.23"},{"v":0.067174385,"d":"0.07"},"1_50313000_36498_127753","außerhalb GKL",{"v":1.23954993589,"d":"1.24"},{"v":1,"d":"1.00"},{"v":7.22987852457,"d":"7.23"}]
[5,503,50315,{"v":2282.23767899999,"d":"2,282.24"},2631,{"v":1.152815951,"d":"1.15"},"G",310,50315001,{"v":2235.37278169,"d":"2,235.37"},120,628,748,{"v":100.741238199999,"d":"100.74"},{"v":0.967661341,"d":"0.97"},{"v":723.810683,"d":"723.81"},{"v":24.1893169899999,"d":"24.19"},1,"1_50315001_36541",{"v":93.0082425357999,"d":"93.01"},0.923239025027,{"v":668.250269277,"d":"668.25"},{"v":0.045066863,"d":"0.05"},"1_50315001_36541_127930","F",{"v":5.82396569458,"d":"5.82"},{"v":0.0626177372649,"d":"0.06"},{"v":41.8443197888,"d":"41.84"}]
[5,503,50320,{"v":2311.84445899999,"d":"2,311.84"},2670,{"v":1.154921989,"d":"1.15"},"G",310,50320000,{"v":2311.72042595999,"d":"2,311.72"},234,924,1158,{"v":210.8651862,"d":"210.87"},{"v":0.967661341,"d":"0.97"},{"v":1120.55183299999,"d":"1,120.55"},{"v":37.44816722,"d":"37.45"},1,"1_50320000_36651",{"v":37.5092479002999,"d":"37.51"},0.177882601563,{"v":199.326675239999,"d":"199.33"},{"v":0.091215695,"d":"0.09"},"1_50320000_36651_128363","außerhalb GKL",{"v":7.47693396448,"d":"7.48"},{"v":0.199335747396,"d":"0.20"},{"v":39.7329317849,"d":"39.73"}]
[5,503,50322,{"v":3177.34821,"d":"3,177.35"},3989,{"v":1.25544943,"d":"1.26"},"G",310,50322000,{"v":688.862798795,"d":"688.86"},136,1532,1668,{"v":167.670640399999,"d":"167.67"},{"v":0.967661341,"d":"0.97"},{"v":1614.059117,"d":"1,614.06"},{"v":53.94088335,"d":"53.94"},1,"1_50322000_36703",{"v":155.064639117,"d":"155.06"},0.924816883547,{"v":1492.70912244,"d":"1,492.71"},{"v":0.243402083,"d":"0.24"},"1_50322000_36703_128540","E",{"v":0.169019901274,"d":"0.17"},{"v":1.0899964185E-3,"d":"0.00"},{"v":1.62704759732,"d":"1.63"}]
[5,503,50323,{"v":2462.82814599999,"d":"2,462.83"},3392,{"v":1.377278397,"d":"1.38"},"M",310,50323001,{"v":2342.69580404999,"d":"2,342.70"},141,254,395,{"v":127.7045198,"d":"127.70"},{"v":0.967661341,"d":"0.97"},{"v":382.226229699999,"d":"382.23"},{"v":12.77377034,"d":"12.77"},1,"1_50323001_36781",{"v":9.34358562365,"d":"9.34"},0.073165661155,{"v":27.9658348068,"d":"27.97"},{"v":0.054511781,"d":"0.05"},"1_50323001_36781_128717","G",{"v":0.403880363524,"d":"0.40"},{"v":0.0432254147168,"d":"0.04"},{"v":1.20883480743,"d":"1.21"}]
[5,503,50325,{"v":3556.02185,"d":"3,556.02"},2403,{"v":0.675755128,"d":"0.68"},"G",310,50325000,{"v":3556.02185019999,"d":"3,556.02"},199,616,815,{"v":225.7710307,"d":"225.77"},{"v":0.967661341,"d":"0.97"},{"v":788.643992799999,"d":"788.64"},{"v":26.35600715,"d":"26.36"},1,"1_50325000_36860",{"v":3.18227780653,"d":"3.18"},0.0140951555949,{"v":11.1160597874999,"d":"11.12"},{"v":0.063489776,"d":"0.06"},"1_50325000_36860_128954","F",{"v":0.277441268928,"d":"0.28"},{"v":0.0871832334558,"d":"0.09"},{"v":0.969134035562,"d":"0.97"}]
[5,503,50331,{"v":1041.65824999999,"d":"1,041.66"},1086,{"v":1.042568424,"d":"1.04"},"G",310,50331000,{"v":1041.65825014999,"d":"1,041.66"},116,144,260,{"v":75.28585732,"d":"75.29"},{"v":0.967661341,"d":"0.97"},{"v":251.591948599999,"d":"251.59"},{"v":8.408051362,"d":"8.41"},1,"1_50331000_37050",{"v":1.01846185367,"d":"1.02"},0.0135279306091,{"v":3.40351842247,"d":"3.40"},{"v":0.072275007,"d":"0.07"},"1_50331000_37050_129326","G",{"v":0.620306528158,"d":"0.62"},{"v":0.60906211256,"d":"0.61"},{"v":2.07295412053,"d":"2.07"}]
[5,503,50335,{"v":4452.427886,"d":"4,452.43"},7628,{"v":1.713222582,"d":"1.71"},"M",410,50335003,{"v":259.827115404999,"d":"259.83"},59,570,629,{"v":118.7713044,"d":"118.77"},{"v":0.93996673,"d":"0.94"},{"v":591.2390734,"d":"591.24"},{"v":37.76092656,"d":"37.76"},1,"1_50335003_37132",{"v":114.290301029999,"d":"114.29"},0.962272003388,{"v":568.932807641999,"d":"568.93"},{"v":0.457116665,"d":"0.46"},"1_50335003_37132_129503","F",{"v":2.37603871421,"d":"2.38"},{"v":0.0207895043831,"d":"0.02"},{"v":11.8278310982,"d":"11.83"}]
[5,503,50337,{"v":4819.67277099999,"d":"4,819.67"},5971,{"v":1.238880788,"d":"1.24"},"M",310,50337002,{"v":585.220128599999,"d":"585.22"},61,59,120,{"v":70.00508161,"d":"70.01"},{"v":0.967661341,"d":"0.97"},{"v":116.1193609,"d":"116.12"},{"v":3.88063909,"d":"3.88"},1,"1_50337002_37185",{"v":0.526411207954,"d":"0.53"},7.51961423153E-3,{"v":0.87317279878,"d":"0.87"},{"v":0.119621794,"d":"0.12"},"1_50337002_37185_129680","außerhalb GKL",{"v":0.526411207954,"d":"0.53"},{"v":1,"d":"1.00"},{"v":0.87317279878,"d":"0.87"}]
[5,503,50339,{"v":5030.01126199999,"d":"5,030.01"},10951,{"v":2.177132303,"d":"2.18"},"ST",310,50339001,{"v":2144.89554190999,"d":"2,144.90"},156,283,439,{"v":109.120863499999,"d":"109.12"},{"v":0.967661341,"d":"0.97"},{"v":424.8033287,"d":"424.80"},{"v":14.19667134,"d":"14.20"},1,"1_50339001_37320",{"v":0.78086154305,"d":"0.78"},0.00715593258708,{"v":3.03986398294,"d":"3.04"},{"v":0.050874675,"d":"0.05"},"1_50339001_37320_130113","außerhalb GKL",{"v":0.78086154305,"d":"0.78"},{"v":1,"d":"1.00"},{"v":3.03986398294,"d":"3.04"}]
[5,503,50339,{"v":5030.01126199999,"d":"5,030.01"},10951,{"v":2.177132303,"d":"2.18"},"ST",310,50339003,{"v":1599.36559110999,"d":"1,599.37"},167,303,470,{"v":100.3730431,"d":"100.37"},{"v":0.967661341,"d":"0.97"},{"v":454.8008302,"d":"454.80"},{"v":15.1991697699999,"d":"15.20"},1,"1_50339003_37360",{"v":1.79399298295,"d":"1.79"},0.0178732548854,{"v":8.12877116025999,"d":"8.13"},{"v":0.062758036,"d":"0.06"},"1_50339003_37360_130235","außerhalb GKL",{"v":1.65707763795,"d":"1.66"},{"v":0.923681226013,"d":"0.92"},{"v":7.50839331129,"d":"7.51"}]
[3,303,30301,{"v":13118.53484,"d":"13,118.53"},11222,{"v":0.855430895,"d":"0.86"},"SR",210,30301021,{"v":650.20154448,"d":"650.20"},67,227,294,{"v":61.25936869,"d":"61.26"},{"v":0.980090788,"d":"0.98"},{"v":288.1466917,"d":"288.15"},{"v":5.853308327,"d":"5.85"},0,"0_30301021_947",{"v":588.942175790999,"d":"588.94"},0,{"v":5.853308327,"d":"5.85"},{"v":0.094215969,"d":"0.09"},"0_30301021_947_130466","F",{"v":0.840991308114,"d":"0.84"},{"v":0.00142796923481,"d":"0.00"},{"v":0.00835834421281,"d":"0.01"}]
[3,305,30504,{"v":3723.587027,"d":"3,723.59"},3822,{"v":1.026429615,"d":"1.03"},"M",410,30504000,{"v":284.646430609999,"d":"284.65"},69,1207,1276,{"v":112.890269,"d":"112.89"},{"v":0.93996673,"d":"0.94"},{"v":1199.39754799999,"d":"1,199.40"},{"v":76.60245197,"d":"76.60"},0,"0_30504000_996",{"v":171.756161612,"d":"171.76"},0,{"v":76.60245197,"d":"76.60"},{"v":0.396598225,"d":"0.40"},"0_30504000_996_130899","außerhalb GKL",{"v":0.996440120432,"d":"1.00"},{"v":0.00580148107107,"d":"0.01"},{"v":0.444407675102,"d":"0.44"}]
[3,305,30509,{"v":1771.269864,"d":"1,771.27"},2258,{"v":1.274791631,"d":"1.27"},"G",410,30509000,{"v":1771.26986448,"d":"1,771.27"},164,267,431,{"v":137.2974603,"d":"137.30"},{"v":0.93996673,"d":"0.94"},{"v":405.125660799999,"d":"405.13"},{"v":25.87433918,"d":"25.87"},0,"0_30509000_1006",{"v":1633.97240418,"d":"1,633.97"},0,{"v":25.87433918,"d":"25.87"},{"v":0.077513575,"d":"0.08"},"0_30509000_1006_131076","E",{"v":1.16898928772,"d":"1.17"},{"v":0.000715427803266,"d":"0.00"},{"v":0.0185112216405,"d":"0.02"}]
[3,305,30516,{"v":12649.6212799999,"d":"12,649.62"},1690,{"v":0.133600838,"d":"0.13"},"G",430,30516000,{"v":138.454855105,"d":"138.45"},475,167,642,{"v":75.9597564599999,"d":"75.96"},{"v":0.945243625,"d":"0.95"},{"v":606.8464073,"d":"606.85"},{"v":35.15359273,"d":"35.15"},0,"0_30516000_1016",{"v":62.495098648,"d":"62.50"},0,{"v":35.15359273,"d":"35.15"},{"v":0.548624722,"d":"0.55"},"0_30516000_1016_131253","außerhalb GKL",{"v":9.26743479581,"d":"9.27"},{"v":0.148290585923,"d":"0.15"},{"v":5.21294686323,"d":"5.21"}]
[3,305,30533,{"v":1829.571331,"d":"1,829.57"},3805,{"v":2.079722138,"d":"2.08"},"M",410,30533000,{"v":1221.57814944999,"d":"1,221.58"},75,26,101,{"v":25.87405358,"d":"25.87"},{"v":0.93996673,"d":"0.94"},{"v":94.9366397699999,"d":"94.94"},{"v":6.063360227,"d":"6.06"},0,"0_30533000_1051",{"v":1195.70409586999,"d":"1,195.70"},0,{"v":6.063360227,"d":"6.06"},{"v":0.021180842,"d":"0.02"},"0_30533000_1051_131686","F",{"v":15.5913291287,"d":"15.59"},{"v":0.0130394544792,"d":"0.01"},{"v":0.079062909671,"d":"0.08"}]
[3,305,30533,{"v":1829.571331,"d":"1,829.57"},3805,{"v":2.079722138,"d":"2.08"},"M",410,30533003,{"v":214.799715324999,"d":"214.80"},52,506,558,{"v":107.414152599999,"d":"107.41"},{"v":0.93996673,"d":"0.94"},{"v":524.5014356,"d":"524.50"},{"v":33.49856442,"d":"33.50"},0,"0_30533003_1054",{"v":107.385562770999,"d":"107.39"},0,{"v":33.49856442,"d":"33.50"},{"v":0.50006655,"d":"0.50"},"0_30533003_1054_131773","G",{"v":8.95676991789,"d":"8.96"},{"v":0.0834075800021,"d":"0.08"},{"v":2.79403419182,"d":"2.79"}]
[3,315,31505,{"v":1696.39008199999,"d":"1,696.39"},2710,{"v":1.597509929,"d":"1.60"},"M",410,31505001,{"v":1490.70791035999,"d":"1,490.71"},65,96,161,{"v":138.1373033,"d":"138.14"},{"v":0.93996673,"d":"0.94"},{"v":151.334643599999,"d":"151.33"},{"v":9.665356401,"d":"9.67"},0,"0_31505001_2035",{"v":1352.57060701999,"d":"1,352.57"},0,{"v":9.665356401,"d":"9.67"},{"v":0.092665573,"d":"0.09"},"0_31505001_2035_132039","außerhalb GKL",{"v":47.3699931558999,"d":"47.37"},{"v":0.0350221961871,"d":"0.04"},{"v":0.338502008094,"d":"0.34"}]
[3,315,31534,{"v":5898.551935,"d":"5,898.55"},2416,{"v":0.409592054,"d":"0.41"},"M",430,31534000,{"v":385.812095409999,"d":"385.81"},70,543,613,{"v":113.6971963,"d":"113.70"},{"v":0.945243625,"d":"0.95"},{"v":579.434342099999,"d":"579.43"},{"v":33.56565786,"d":"33.57"},0,"0_31534000_2094",{"v":272.114899147,"d":"272.11"},0,{"v":33.56565786,"d":"33.57"},{"v":0.29469578,"d":"0.29"},"0_31534000_2094_132472","F",{"v":0.168557665602,"d":"0.17"},{"v":0.00061943563594,"d":"0.00"},{"v":0.0207917646223,"d":"0.02"}]
[3,315,31540,{"v":2485.31367799999,"d":"2,485.31"},1640,{"v":0.659876463,"d":"0.66"},"M",410,31540001,{"v":1094.06105498,"d":"1,094.06"},66,344,410,{"v":101.0399589,"d":"101.04"},{"v":0.93996673,"d":"0.94"},{"v":385.3863595,"d":"385.39"},{"v":24.61364052,"d":"24.61"},0,"0_31540001_2119",{"v":993.021096079,"d":"993.02"},0,{"v":24.61364052,"d":"24.61"},{"v":0.092353126,"d":"0.09"},"0_31540001_2119_132649","außerhalb GKL",{"v":869.108414919999,"d":"869.11"},{"v":0.87521646655,"d":"0.88"},{"v":21.5422634847999,"d":"21.54"}]
[3,315,31549,{"v":2377.617502,"d":"2,377.62"},5627,{"v":2.366654853,"d":"2.37"},"ST",210,31549006,{"v":68.5045205699999,"d":"68.50"},47,156,203,{"v":49.8612193,"d":"49.86"},{"v":0.980090788,"d":"0.98"},{"v":198.958429999999,"d":"198.96"},{"v":4.041570035,"d":"4.04"},0,"0_31549006_2135",{"v":18.6433012707999,"d":"18.64"},0,{"v":4.041570035,"d":"4.04"},{"v":0.727852978,"d":"0.73"},"0_31549006_2135_132826","G",{"v":0.00564201144899,"d":"0.01"},{"v":3.02629419921E-4,"d":"0.00"},{"v":0.00122309799526,"d":"0.00"}]
[3,320,32005,{"v":10166.1610299999,"d":"10,166.16"},1780,{"v":0.175090675,"d":"0.18"},"M",430,32005001,{"v":9895.4629487,"d":"9,895.46"},151,159,310,{"v":130.638659899999,"d":"130.64"},{"v":0.945243625,"d":"0.95"},{"v":293.025523799999,"d":"293.03"},{"v":16.97447624,"d":"16.97"},0,"0_32005001_2598",{"v":9764.82428878999,"d":"9,764.82"},0,{"v":16.97447624,"d":"16.97"},{"v":0.013201874,"d":"0.01"},"0_32005001_2598_133259","F",{"v":0.209125954843,"d":"0.21"},{"v":2.1416253755E-5,"d":"0.00"},{"v":0.000363529690516,"d":"0.00"}]
[3,320,32006,{"v":4293.09171599999,"d":"4,293.09"},2954,{"v":0.688082202,"d":"0.69"},"M",420,32006001,{"v":776.75555534,"d":"776.76"},89,147,236,{"v":56.09942919,"d":"56.10"},{"v":0.954532045,"d":"0.95"},{"v":225.269562699999,"d":"225.27"},{"v":10.73043734,"d":"10.73"},0,"0_32006001_2600",{"v":720.656126155,"d":"720.66"},0,{"v":10.73043734,"d":"10.73"},{"v":0.072222759,"d":"0.07"},"0_32006001_2600_133310","G",{"v":0.109959508648,"d":"0.11"},{"v":0.000152582493449,"d":"0.00"},{"v":0.00163727688514,"d":"0.00"}]
[3,320,32013,{"v":4596.013377,"d":"4,596.01"},4132,{"v":0.899040029,"d":"0.90"},"ST",220,32013001,{"v":178.510416329999,"d":"178.51"},33,335,368,{"v":72.9698207099999,"d":"72.97"},{"v":0.99140599,"d":"0.99"},{"v":364.8374043,"d":"364.84"},{"v":3.162595715,"d":"3.16"},0,"0_32013001_2626",{"v":105.540595619,"d":"105.54"},0,{"v":3.162595715,"d":"3.16"},{"v":0.40877066,"d":"0.41"},"0_32013001_2626_133612","F",{"v":0.511802446627,"d":"0.51"},{"v":0.00484934203398,"d":"0.00"},{"v":0.0153365083372,"d":"0.02"}]
[3,320,32013,{"v":4596.013377,"d":"4,596.01"},4132,{"v":0.899040029,"d":"0.90"},"ST",220,32013005,{"v":84.214780855,"d":"84.21"},121,2002,2123,{"v":68.62484544,"d":"68.62"},{"v":0.99140599,"d":"0.99"},{"v":2104.754917,"d":"2,104.75"},{"v":18.24508343,"d":"18.25"},0,"0_32013005_2630",{"v":15.5899354148999,"d":"15.59"},0,{"v":18.24508343,"d":"18.25"},{"v":0.81487887,"d":"0.81"},"0_32013005_2630_133789","E",{"v":0.354449567149,"d":"0.35"},{"v":0.0227357944543,"d":"0.02"},{"v":0.414816466666,"d":"0.41"}]
[4,401,40101,{"v":9598.609581,"d":"9,598.61"},206595,{"v":21.5234298499999,"d":"21.52"},"SR",101,40101142,{"v":22.85437006,"d":"22.85"},104,230,334,{"v":22.55792975,"d":"22.56"},{"v":0.992934034,"d":"0.99"},{"v":331.639967399999,"d":"331.64"},{"v":2.36003263,"d":"2.36"},0,"0_40101142_3063",{"v":0.296440311937,"d":"0.30"},0,{"v":2.36003263,"d":"2.36"},{"v":0.987029163,"d":"0.99"},"0_40101142_3063_134222","B",{"v":1.47206751845E-3,"d":"0.00"},{"v":4.96581422692E-3,"d":"0.00"},{"v":0.01171948361,"d":"0.01"}]
[4,401,40101,{"v":9598.609581,"d":"9,598.61"},206595,{"v":21.5234298499999,"d":"21.52"},"SR",101,40101300,{"v":61.158744055,"d":"61.16"},371,3937,4308,{"v":33.20932856,"d":"33.21"},{"v":0.992934034,"d":"0.99"},{"v":4277.559819,"d":"4,277.56"},{"v":30.44018135,"d":"30.44"},0,"0_40101300_3095",{"v":27.9494154923,"d":"27.95"},0,{"v":30.44018135,"d":"30.44"},{"v":0.543002134,"d":"0.54"},"0_40101300_3095_134399","C",{"v":2.56046051e-07,"d":"0.00"},{"v":9.161052e-09,"d":"0.00"},{"v":2.78864087E-7,"d":"0.00"}]
[4,401,40101,{"v":9598.609581,"d":"9,598.61"},206595,{"v":21.5234298499999,"d":"21.52"},"SR",101,40101360,{"v":143.928407429999,"d":"143.93"},12,76,88,{"v":15.5307669,"d":"15.53"},{"v":0.992934034,"d":"0.99"},{"v":87.378195,"d":"87.38"},{"v":0.621805004,"d":"0.62"},0,"0_40101360_3105",{"v":128.397640526999,"d":"128.40"},0,{"v":0.621805004,"d":"0.62"},{"v":0.107906196,"d":"0.11"},"0_40101360_3105_134576","A",{"v":7.64362225781E-3,"d":"0.01"},{"v":5.95308623E-5,"d":"0.00"},{"v":3.701658807e-05,"d":"0.00"}]
[4,401,40101,{"v":9598.609581,"d":"9,598.61"},206595,{"v":21.5234298499999,"d":"21.52"},"SR",101,40101483,{"v":211.461553909999,"d":"211.46"},104,354,458,{"v":75.6524839899999,"d":"75.65"},{"v":0.992934034,"d":"0.99"},{"v":454.7637876,"d":"454.76"},{"v":3.236212409,"d":"3.24"},0,"0_40101483_3132",{"v":135.809069915,"d":"135.81"},0,{"v":3.236212409,"d":"3.24"},{"v":0.357759993,"d":"0.36"},"0_40101483_3132_134847","außerhalb GKL",{"v":2.86514620337,"d":"2.87"},{"v":0.0210968693414,"d":"0.02"},{"v":0.0682739503537,"d":"0.07"}]
[4,401,40101,{"v":9598.609581,"d":"9,598.61"},206595,{"v":21.5234298499999,"d":"21.52"},"SR",101,40101641,{"v":389.445348115,"d":"389.45"},22,122,144,{"v":28.8744292099999,"d":"28.87"},{"v":0.992934034,"d":"0.99"},{"v":142.982500899999,"d":"142.98"},{"v":1.017499098,"d":"1.02"},0,"0_40101641_3161",{"v":360.570918905999,"d":"360.57"},0,{"v":1.017499098,"d":"1.02"},{"v":0.074142442,"d":"0.07"},"0_40101641_3161_135185","B",{"v":0.0791255672899,"d":"0.08"},{"v":0.000219445227391,"d":"0.00"},{"v":2.23285320931E-4,"d":"0.00"}]
[4,401,40101,{"v":9598.609581,"d":"9,598.61"},206595,{"v":21.5234298499999,"d":"21.52"},"SR",101,40101700,{"v":662.61478337,"d":"662.61"},80,331,411,{"v":85.85040515,"d":"85.85"},{"v":0.992934034,"d":"0.99"},{"v":408.095888,"d":"408.10"},{"v":2.904112009,"d":"2.90"},0,"0_40101700_3173",{"v":576.764378221,"d":"576.76"},0,{"v":2.904112009,"d":"2.90"},{"v":0.129563069,"d":"0.13"},"0_40101700_3173_135362","D",{"v":0.0850781504816,"d":"0.09"},{"v":0.000147509370714,"d":"0.00"},{"v":0.000428383734931,"d":"0.00"}]
[4,403,40301,{"v":4588.188916,"d":"4,588.19"},62470,{"v":13.61539404,"d":"13.62"},"SR",102,40301029,{"v":51.9516321649999,"d":"51.95"},66,246,312,{"v":44.0585321699999,"d":"44.06"},{"v":0.988126829,"d":"0.99"},{"v":308.295570699999,"d":"308.30"},{"v":3.704429332,"d":"3.70"},0,"0_40301029_3216",{"v":7.89309999309,"d":"7.89"},0,{"v":3.704429332,"d":"3.70"},{"v":0.848068296,"d":"0.85"},"0_40301029_3216_135795","G",{"v":0.000549738517277,"d":"0.00"},{"v":6.9647985932e-05,"d":"0.00"},{"v":0.000258006042,"d":"0.00"}]
[4,403,40301,{"v":4588.188916,"d":"4,588.19"},62470,{"v":13.61539404,"d":"13.62"},"SR",102,40301083,{"v":105.609740869999,"d":"105.61"},16,5887,5903,{"v":94.59021011,"d":"94.59"},{"v":0.988126829,"d":"0.99"},{"v":5832.912672,"d":"5,832.91"},{"v":70.08732804,"d":"70.09"},0,"0_40301083_3230",{"v":11.0195307589,"d":"11.02"},0,{"v":70.08732804,"d":"70.09"},{"v":0.895658008,"d":"0.90"},"0_40301083_3230_135972","G",{"v":0.995566002125,"d":"1.00"},{"v":0.0903455894727,"d":"0.09"},{"v":6.33208096634,"d":"6.33"}]
[4,403,40301,{"v":4588.188916,"d":"4,588.19"},62470,{"v":13.61539404,"d":"13.62"},"SR",102,40301145,{"v":183.806245794999,"d":"183.81"},34,1471,1505,{"v":100.804299,"d":"100.80"},{"v":0.988126829,"d":"0.99"},{"v":1487.13087799999,"d":"1,487.13"},{"v":17.86912226,"d":"17.87"},0,"0_40301145_3243",{"v":83.0019468131,"d":"83.00"},0,{"v":17.86912226,"d":"17.87"},{"v":0.548426951,"d":"0.55"},"0_40301145_3243_136149","außerhalb GKL",{"v":0.137430695087,"d":"0.14"},{"v":0.00165575267043,"d":"0.00"},{"v":0.0295868469002,"d":"0.03"}]
[4,405,40502,{"v":600.2597501,"d":"600.26"},2167,{"v":3.610103792,"d":"3.61"},"M",410,40502000,{"v":52.0446170749999,"d":"52.04"},62,329,391,{"v":33.56547367,"d":"33.57"},{"v":0.93996673,"d":"0.94"},{"v":367.526991599999,"d":"367.53"},{"v":23.4730084,"d":"23.47"},0,"0_40502000_3332",{"v":18.4791434051,"d":"18.48"},0,{"v":23.4730084,"d":"23.47"},{"v":0.644936509,"d":"0.64"},"0_40502000_3332_136385","G",{"v":0.000786376868147,"d":"0.00"},{"v":4.2554833355e-05,"d":"0.00"},{"v":0.000998889960803,"d":"0.00"}]
[4,405,40508,{"v":2871.66158799999,"d":"2,871.66"},2933,{"v":1.021359903,"d":"1.02"},"M",410,40508001,{"v":2509.38487875,"d":"2,509.38"},162,259,421,{"v":154.301230099999,"d":"154.30"},{"v":0.93996673,"d":"0.94"},{"v":395.7259935,"d":"395.73"},{"v":25.27400649,"d":"25.27"},0,"0_40508001_3347",{"v":2355.08364859999,"d":"2,355.08"},0,{"v":25.27400649,"d":"25.27"},{"v":0.061489663,"d":"0.06"},"0_40508001_3347_136758","G",{"v":0.231659754457,"d":"0.23"},{"v":9.8365828575e-05,"d":"0.00"},{"v":0.00248609858979,"d":"0.00"}]
[4,405,40512,{"v":2878.44895799999,"d":"2,878.45"},1614,{"v":0.560718645,"d":"0.56"},"G",420,40512000,{"v":2878.44895753999,"d":"2,878.45"},176,153,329,{"v":69.9501836,"d":"69.95"},{"v":0.954532045,"d":"0.95"},{"v":314.041042899999,"d":"314.04"},{"v":14.95895714,"d":"14.96"},0,"0_40512000_3351",{"v":2808.49877393999,"d":"2,808.50"},0,{"v":14.95895714,"d":"14.96"},{"v":0.024301346,"d":"0.02"},"0_40512000_3351_136935","G",{"v":2.93620735774,"d":"2.94"},{"v":1.04547218784E-3,"d":"0.00"},{"v":0.015639173649,"d":"0.02"}]
[4,406,40622,{"v":1142.15269499999,"d":"1,142.15"},2181,{"v":1.909552032,"d":"1.91"},"G",310,40622000,{"v":1142.15269497999,"d":"1,142.15"},136,634,770,{"v":189.4405682,"d":"189.44"},{"v":0.967661341,"d":"0.97"},{"v":745.099232499999,"d":"745.10"},{"v":24.90076749,"d":"24.90"},0,"0_40622000_3390",{"v":952.712126772,"d":"952.71"},0,{"v":24.90076749,"d":"24.90"},{"v":0.165862734,"d":"0.17"},"0_40622000_3390_137112","D",{"v":0.00367153263603,"d":"0.00"},{"v":3.853769185e-06,"d":"0.00"},{"v":9.5961810428e-05,"d":"0.00"}]
[4,407,40703,{"v":16305.55282,"d":"16,305.55"},14070,{"v":0.862896227,"d":"0.86"},"ST",220,40703000,{"v":64.25445451,"d":"64.25"},239,2374,2613,{"v":57.2889266999999,"d":"57.29"},{"v":0.99140599,"d":"0.99"},{"v":2590.54385199999,"d":"2,590.54"},{"v":22.4561483799999,"d":"22.46"},0,"0_40703000_3411",{"v":6.96552781478,"d":"6.97"},0,{"v":22.4561483799999,"d":"22.46"},{"v":0.891594632,"d":"0.89"},"0_40703000_3411_137545","C",{"v":0.295293155917,"d":"0.30"},{"v":0.0423935075373,"d":"0.04"},{"v":0.951994895606,"d":"0.95"}]
[4,407,40704,{"v":19464.5260899999,"d":"19,464.53"},7677,{"v":0.394409808,"d":"0.39"},"M",410,40704001,{"v":180.935726679999,"d":"180.94"},46,237,283,{"v":28.14581562,"d":"28.15"},{"v":0.93996673,"d":"0.94"},{"v":266.010584699999,"d":"266.01"},{"v":16.98941529,"d":"16.99"},0,"0_40704001_3420",{"v":152.789911060999,"d":"152.79"},0,{"v":16.98941529,"d":"16.99"},{"v":0.155556982,"d":"0.16"},"0_40704001_3420_137665","G",{"v":6.62364532614,"d":"6.62"},{"v":0.0433513265381,"d":"0.04"},{"v":0.736513689928,"d":"0.74"}]
[4,407,40705,{"v":6356.13441899999,"d":"6,356.13"},13275,{"v":2.088533553,"d":"2.09"},"ST",102,40705020,{"v":48.68579368,"d":"48.69"},26,828,854,{"v":35.6450190799999,"d":"35.65"},{"v":0.988126829,"d":"0.99"},{"v":843.860312,"d":"843.86"},{"v":10.13968798,"d":"10.14"},0,"0_40705020_3434",{"v":13.0407745956,"d":"13.04"},0,{"v":10.13968798,"d":"10.14"},{"v":0.732144151,"d":"0.73"},"0_40705020_3434_137898","E",{"v":0.261400162783,"d":"0.26"},{"v":0.02004483406,"d":"0.02"},{"v":0.203248362979,"d":"0.20"}]
[4,407,40711,{"v":3246.06879799999,"d":"3,246.07"},9843,{"v":3.032283237,"d":"3.03"},"ST",102,40711004,{"v":2602.09376121,"d":"2,602.09"},222,721,943,{"v":206.207274299999,"d":"206.21"},{"v":0.988126829,"d":"0.99"},{"v":931.8035998,"d":"931.80"},{"v":11.19640019,"d":"11.20"},0,"0_40711004_3453",{"v":2395.88648685999,"d":"2,395.89"},0,{"v":11.19640019,"d":"11.20"},{"v":0.079246673,"d":"0.08"},"0_40711004_3453_138331","F",{"v":0.746887284012,"d":"0.75"},{"v":3.11737341526E-4,"d":"0.00"},{"v":0.00349033602989,"d":"0.00"}]
[4,407,40714,{"v":1248.17189899999,"d":"1,248.17"},4029,{"v":3.227920771,"d":"3.23"},"G",102,40714000,{"v":235.668286714999,"d":"235.67"},73,483,556,{"v":105.3948414,"d":"105.39"},{"v":0.988126829,"d":"0.99"},{"v":549.398516999999,"d":"549.40"},{"v":6.601483041,"d":"6.60"},0,"0_40714000_3458",{"v":130.273445334,"d":"130.27"},0,{"v":6.601483041,"d":"6.60"},{"v":0.447216903,"d":"0.45"},"0_40714000_3458_138508","F",{"v":0.779342917401,"d":"0.78"},{"v":0.00598236206468,"d":"0.01"},{"v":0.0394924617151,"d":"0.04"}]
[4,407,40717,{"v":5643.02530599999,"d":"5,643.03"},2802,{"v":0.496542165,"d":"0.50"},"M",420,40717001,{"v":3084.18081104,"d":"3,084.18"},120,135,255,{"v":147.7695146,"d":"147.77"},{"v":0.954532045,"d":"0.95"},{"v":243.4056715,"d":"243.41"},{"v":11.59432848,"d":"11.59"},0,"0_40717001_3464",{"v":2936.41129646999,"d":"2,936.41"},0,{"v":11.59432848,"d":"11.59"},{"v":0.047912079,"d":"0.05"},"0_40717001_3464_138685","außerhalb GKL",{"v":3.00404079142,"d":"3.00"},{"v":0.00102303134272,"d":"0.00"},{"v":0.0118613614328,"d":"0.01"}]
[4,408,40802,{"v":849.388418,"d":"849.39"},4210,{"v":4.956507424,"d":"4.96"},"M",410,40802001,{"v":690.77085405,"d":"690.77"},85,362,447,{"v":69.8521865299999,"d":"69.85"},{"v":0.93996673,"d":"0.94"},{"v":420.165128499999,"d":"420.17"},{"v":26.8348714999999,"d":"26.83"},0,"0_40802001_3477",{"v":620.918667522999,"d":"620.92"},0,{"v":26.8348714999999,"d":"26.83"},{"v":0.101122081,"d":"0.10"},"0_40802001_3477_139118","E",{"v":0.00467486200423,"d":"0.00"},{"v":7.528944206e-06,"d":"0.00"},{"v":2.02038250298E-4,"d":"0.00"}]
[4,408,40805,{"v":616.9638475,"d":"616.96"},2781,{"v":4.507557471,"d":"4.51"},"M",410,40805001,{"v":475.863902409999,"d":"475.86"},71,209,280,{"v":71.7311607599999,"d":"71.73"},{"v":0.93996673,"d":"0.94"},{"v":263.190684499999,"d":"263.19"},{"v":16.8093154799999,"d":"16.81"},0,"0_40805001_3482",{"v":404.132741647999,"d":"404.13"},0,{"v":16.8093154799999,"d":"16.81"},{"v":0.150738815,"d":"0.15"},"0_40805001_3482_139203","G",{"v":82.2431111824,"d":"82.24"},{"v":0.203505192,"d":"0.20"},{"v":3.42078297415,"d":"3.42"}]
[4,408,40809,{"v":1697.19531299999,"d":"1,697.20"},2201,{"v":1.296845439,"d":"1.30"},"M",410,40809001,{"v":1504.07287986999,"d":"1,504.07"},55,801,856,{"v":99.41125897,"d":"99.41"},{"v":0.93996673,"d":"0.94"},{"v":804.611521199999,"d":"804.61"},{"v":51.3884787499999,"d":"51.39"},0,"0_40809001_3492",{"v":1404.66162091,"d":"1,404.66"},0,{"v":51.3884787499999,"d":"51.39"},{"v":0.066094709,"d":"0.07"},"0_40809001_3492_139471","G",{"v":30.6621994037999,"d":"30.66"},{"v":0.0218288867207,"d":"0.02"},{"v":1.12175328138,"d":"1.12"}]
[4,408,40829,{"v":2461.387932,"d":"2,461.39"},1967,{"v":0.79914262,"d":"0.80"},"M",410,40829000,{"v":2461.34843541,"d":"2,461.35"},174,493,667,{"v":164.1745984,"d":"164.17"},{"v":0.93996673,"d":"0.94"},{"v":626.9578092,"d":"626.96"},{"v":40.0421908,"d":"40.04"},0,"0_40829000_3515",{"v":2297.17383698999,"d":"2,297.17"},0,{"v":40.0421908,"d":"40.04"},{"v":0.06670108,"d":"0.07"},"0_40829000_3515_139904","außerhalb GKL",{"v":79.8705995468999,"d":"79.87"},{"v":0.0347690706993,"d":"0.03"},{"v":1.39222976288,"d":"1.39"}]
[4,408,40831,{"v":3424.03720999999,"d":"3,424.04"},3715,{"v":1.084976527,"d":"1.08"},"M",420,40831002,{"v":1509.09055237,"d":"1,509.09"},109,84,193,{"v":68.5706391399999,"d":"68.57"},{"v":0.954532045,"d":"0.95"},{"v":184.2246847,"d":"184.22"},{"v":8.77531528099999,"d":"8.78"},0,"0_40831002_3519",{"v":1440.51991322999,"d":"1,440.52"},0,{"v":8.77531528099999,"d":"8.78"},{"v":0.045438386,"d":"0.05"},"0_40831002_3519_140081","außerhalb GKL",{"v":0.000119699443317,"d":"0.00"},{"v":8.3094612e-08,"d":"0.00"},{"v":7.29181419e-07,"d":"0.00"}]
[4,408,40833,{"v":1745.542104,"d":"1,745.54"},1688,{"v":0.967034823,"d":"0.97"},"G",410,40833000,{"v":1745.54210373,"d":"1,745.54"},124,753,877,{"v":145.927305399999,"d":"145.93"},{"v":0.93996673,"d":"0.94"},{"v":824.3508226,"d":"824.35"},{"v":52.64917741,"d":"52.65"},0,"0_40833000_3522",{"v":1599.61479835,"d":"1,599.61"},0,{"v":52.64917741,"d":"52.65"},{"v":0.083599992,"d":"0.08"},"0_40833000_3522_140258","E",{"v":0.112596028364,"d":"0.11"},{"v":7.0389464064e-05,"d":"0.00"},{"v":3.70594738128E-3,"d":"0.00"}]
[4,409,40902,{"v":4325.46547999999,"d":"4,325.47"},3857,{"v":0.891695938,"d":"0.89"},"G",410,40902001,{"v":1440.96228694,"d":"1,440.96"},90,172,262,{"v":72.5388267099999,"d":"72.54"},{"v":0.93996673,"d":"0.94"},{"v":246.271283399999,"d":"246.27"},{"v":15.7287166299999,"d":"15.73"},0,"0_40902001_3530",{"v":1368.42346023,"d":"1,368.42"},0,{"v":15.7287166299999,"d":"15.73"},{"v":0.050340545,"d":"0.05"},"0_40902001_3530_140435","F",{"v":0.0115629103192,"d":"0.01"},{"v":8.449804213e-06,"d":"0.00"},{"v":0.000132904576043,"d":"0.00"}]
[4,409,40908,{"v":5030.92150399999,"d":"5,030.92"},5878,{"v":1.168374421,"d":"1.17"},"M",210,40908001,{"v":868.63640676,"d":"868.64"},79,991,1070,{"v":139.0558201,"d":"139.06"},{"v":0.980090788,"d":"0.98"},{"v":1048.697143,"d":"1,048.70"},{"v":21.30285683,"d":"21.30"},0,"0_40908001_3545",{"v":729.580586615,"d":"729.58"},0,{"v":21.30285683,"d":"21.30"},{"v":0.160085185,"d":"0.16"},"0_40908001_3545_140740","außerhalb GKL",{"v":0.22714750112,"d":"0.23"},{"v":0.000311339837281,"d":"0.00"},{"v":0.00663242797907,"d":"0.01"}]
[4,409,40913,{"v":3115.934189,"d":"3,115.93"},2785,{"v":0.893792947,"d":"0.89"},"G",410,40913000,{"v":1439.86781795999,"d":"1,439.87"},143,603,746,{"v":156.7016332,"d":"156.70"},{"v":0.93996673,"d":"0.94"},{"v":701.215180899999,"d":"701.22"},{"v":44.7848191,"d":"44.78"},0,"0_40913000_3555",{"v":1283.16618476999,"d":"1,283.17"},0,{"v":44.7848191,"d":"44.78"},{"v":0.108830568,"d":"0.11"},"0_40913000_3555_141044","G",{"v":0.00474617216993,"d":"0.00"},{"v":3.698797729e-06,"d":"0.00"},{"v":1.65649987173E-4,"d":"0.00"}]
[4,409,40920,{"v":2808.025392,"d":"2,808.03"},1978,{"v":0.704409585,"d":"0.70"},"G",410,40920000,{"v":2808.02539191999,"d":"2,808.03"},198,179,377,{"v":95.2915270099999,"d":"95.29"},{"v":0.93996673,"d":"0.94"},{"v":354.367457399999,"d":"354.37"},{"v":22.63254263,"d":"22.63"},0,"0_40920000_3565",{"v":2712.73386489999,"d":"2,712.73"},0,{"v":22.63254263,"d":"22.63"},{"v":0.033935422,"d":"0.03"},"0_40920000_3565_141221","E",{"v":0.0261863073078,"d":"0.03"},{"v":9.653105912e-06,"d":"0.00"},{"v":0.000218474331056,"d":"0.00"}]
[4,410,41004,{"v":936.206770699999,"d":"936.21"},1041,{"v":1.111933851,"d":"1.11"},"G",410,41004000,{"v":936.206770649999,"d":"936.21"},68,74,142,{"v":118.180227299999,"d":"118.18"},{"v":0.93996673,"d":"0.94"},{"v":133.475275699999,"d":"133.48"},{"v":8.524724279,"d":"8.52"},0,"0_41004000_3586",{"v":818.026543305,"d":"818.03"},0,{"v":8.524724279,"d":"8.52"},{"v":0.126233041,"d":"0.13"},"0_41004000_3586_141654","außerhalb GKL",{"v":0.783365387972,"d":"0.78"},{"v":0.00095762832439,"d":"0.00"},{"v":0.00816351742719,"d":"0.01"}]
[4,410,41007,{"v":1999.03097899999,"d":"1,999.03"},6209,{"v":3.106004891,"d":"3.11"},"M",310,41007000,{"v":122.27787675,"d":"122.28"},70,491,561,{"v":65.51070516,"d":"65.51"},{"v":0.967661341,"d":"0.97"},{"v":542.8580123,"d":"542.86"},{"v":18.1419877499999,"d":"18.14"},0,"0_41007000_3595",{"v":56.7671715927,"d":"56.77"},0,{"v":18.1419877499999,"d":"18.14"},{"v":0.535752721,"d":"0.54"},"0_41007000_3595_141831","F",{"v":5.99092231e-07,"d":"0.00"},{"v":1.0553498E-8,"d":"0.00"},{"v":1.91461431E-7,"d":"0.00"}]
[4,410,41007,{"v":1999.03097899999,"d":"1,999.03"},6209,{"v":3.106004891,"d":"3.11"},"M",310,41007004,{"v":649.528796005,"d":"649.53"},92,722,814,{"v":154.371908899999,"d":"154.37"},{"v":0.967661341,"d":"0.97"},{"v":787.676331499999,"d":"787.68"},{"v":26.3236684899999,"d":"26.32"},0,"0_41007004_3599",{"v":495.156887091999,"d":"495.16"},0,{"v":26.3236684899999,"d":"26.32"},{"v":0.237667537,"d":"0.24"},"0_41007004_3599_142008","F",{"v":0.640222812781,"d":"0.64"},{"v":0.00129296962129,"d":"0.00"},{"v":0.0340357036785,"d":"0.03"}]
[4,410,41012,{"v":2403.07490599999,"d":"2,403.07"},28929,{"v":12.03832637,"d":"12.04"},"ST",101,41012010,{"v":88.1679845849999,"d":"88.17"},92,82,174,{"v":59.3065374899999,"d":"59.31"},{"v":0.992934034,"d":"0.99"},{"v":172.7705219,"d":"172.77"},{"v":1.229478077,"d":"1.23"},0,"0_41012010_3609",{"v":28.8614470953999,"d":"28.86"},0,{"v":1.229478077,"d":"1.23"},{"v":0.672653886,"d":"0.67"},"0_41012010_3609_142277","C",{"v":0.0267670744106,"d":"0.03"},{"v":0.000927433552522,"d":"0.00"},{"v":1.1402592207E-3,"d":"0.00"}]
[4,410,41012,{"v":2403.07490599999,"d":"2,403.07"},28929,{"v":12.03832637,"d":"12.04"},"ST",101,41012071,{"v":241.399324339999,"d":"241.40"},150,192,342,{"v":98.6882045699999,"d":"98.69"},{"v":0.992934034,"d":"0.99"},{"v":339.5834396,"d":"339.58"},{"v":2.416560358,"d":"2.42"},0,"0_41012071_3622",{"v":142.711119773999,"d":"142.71"},0,{"v":2.416560358,"d":"2.42"},{"v":0.408817236,"d":"0.41"},"0_41012071_3622_142617","D",{"v":0.000260007652902,"d":"0.00"},{"v":1.821915863e-06,"d":"0.00"},{"v":4.402769649e-06,"d":"0.00"}]
[4,410,41014,{"v":1796.43756699999,"d":"1,796.44"},6637,{"v":3.694534183,"d":"3.69"},"M",310,41014001,{"v":124.295005075,"d":"124.30"},75,379,454,{"v":104.5884948,"d":"104.59"},{"v":0.967661341,"d":"0.97"},{"v":439.318248799999,"d":"439.32"},{"v":14.68175122,"d":"14.68"},0,"0_41014001_3629",{"v":19.7065102572,"d":"19.71"},0,{"v":14.68175122,"d":"14.68"},{"v":0.841453723,"d":"0.84"},"0_41014001_3629_142794","außerhalb GKL",{"v":0.00376206620346,"d":"0.00"},{"v":0.000190904739315,"d":"0.00"},{"v":0.00280281588934,"d":"0.00"}]
[4,410,41021,{"v":1548.79343799999,"d":"1,548.79"},24756,{"v":15.98405533,"d":"15.98"},"ST",101,41021002,{"v":146.27478962,"d":"146.27"},35,1129,1164,{"v":57.16416963,"d":"57.16"},{"v":0.992934034,"d":"0.99"},{"v":1155.775216,"d":"1,155.78"},{"v":8.224784377,"d":"8.22"},0,"0_41021002_3644",{"v":89.1106199923,"d":"89.11"},0,{"v":8.224784377,"d":"8.22"},{"v":0.390799876,"d":"0.39"},"0_41021002_3644_143227","D",{"v":0.00707200407369,"d":"0.01"},{"v":7.9362079114e-05,"d":"0.00"},{"v":0.00065273598842,"d":"0.00"}]
[4,410,41022,{"v":2998.87870599999,"d":"2,998.88"},5919,{"v":1.973737714,"d":"1.97"},"M",310,41022000,{"v":1204.38164477999,"d":"1,204.38"},48,239,287,{"v":76.09468098,"d":"76.09"},{"v":0.967661341,"d":"0.97"},{"v":277.718804799999,"d":"277.72"},{"v":9.281195157,"d":"9.28"},0,"0_41022000_3658",{"v":1128.28696379999,"d":"1,128.29"},0,{"v":9.281195157,"d":"9.28"},{"v":0.063181535,"d":"0.06"},"0_41022000_3658_143404","D",{"v":1.42976619421,"d":"1.43"},{"v":1.26720084525E-3,"d":"0.00"},{"v":0.0117611383479,"d":"0.01"}]
[4,410,41022,{"v":2998.87870599999,"d":"2,998.88"},5919,{"v":1.973737714,"d":"1.97"},"M",310,41022003,{"v":371.259984579999,"d":"371.26"},79,108,187,{"v":98.7758228499999,"d":"98.78"},{"v":0.967661341,"d":"0.97"},{"v":180.952670799999,"d":"180.95"},{"v":6.047329248,"d":"6.05"},0,"0_41022003_3661",{"v":272.484161724999,"d":"272.48"},0,{"v":6.047329248,"d":"6.05"},{"v":0.266055667,"d":"0.27"},"0_41022003_3661_143581","außerhalb GKL",{"v":2.74370659087,"d":"2.74"},{"v":0.010069233285,"d":"0.01"},{"v":0.0608919689493,"d":"0.06"}]
[4,411,41106,{"v":1460.479501,"d":"1,460.48"},3182,{"v":2.178736503,"d":"2.18"},"G",310,41106000,{"v":159.678592579999,"d":"159.68"},79,198,277,{"v":70.22522191,"d":"70.23"},{"v":0.967661341,"d":"0.97"},{"v":268.042191399999,"d":"268.04"},{"v":8.957808566,"d":"8.96"},0,"0_41106000_3669",{"v":89.4533706728,"d":"89.45"},0,{"v":8.957808566,"d":"8.96"},{"v":0.439791088,"d":"0.44"},"0_41106000_3669_143815","außerhalb GKL",{"v":1.33823696678,"d":"1.34"},{"v":0.0149601625597,"d":"0.01"},{"v":0.134010272326,"d":"0.13"}]
[4,411,41111,{"v":1402.798749,"d":"1,402.80"},4924,{"v":3.510125742,"d":"3.51"},"M",310,41111002,{"v":917.813990295,"d":"917.81"},115,1353,1468,{"v":163.9757514,"d":"163.98"},{"v":0.967661341,"d":"0.97"},{"v":1420.52684799999,"d":"1,420.53"},{"v":47.47315153,"d":"47.47"},0,"0_41111002_3682",{"v":753.838238939999,"d":"753.84"},0,{"v":47.47315153,"d":"47.47"},{"v":0.178659024,"d":"0.18"},"0_41111002_3682_144190","B",{"v":2.68174900347,"d":"2.68"},{"v":0.00355745949853,"d":"0.00"},{"v":0.168883813836,"d":"0.17"}]
[4,411,41116,{"v":2646.01932399999,"d":"2,646.02"},8837,{"v":3.339733736,"d":"3.34"},"ST",210,41116001,{"v":220.14770264,"d":"220.15"},121,1062,1183,{"v":154.506296899999,"d":"154.51"},{"v":0.980090788,"d":"0.98"},{"v":1159.447402,"d":"1,159.45"},{"v":23.55259779,"d":"23.55"},0,"0_41116001_3689",{"v":65.6414057381,"d":"65.64"},0,{"v":23.55259779,"d":"23.55"},{"v":0.701830158,"d":"0.70"},"0_41116001_3689_144367","außerhalb GKL",{"v":0.673128672152,"d":"0.67"},{"v":0.0102546352349,"d":"0.01"},{"v":0.241523299171,"d":"0.24"}]
[4,411,41118,{"v":3263.4279,"d":"3,263.43"},4307,{"v":1.319777894,"d":"1.32"},"M",310,41118000,{"v":724.903067455,"d":"724.90"},94,331,425,{"v":141.593884199999,"d":"141.59"},{"v":0.967661341,"d":"0.97"},{"v":411.2560699,"d":"411.26"},{"v":13.74393011,"d":"13.74"},0,"0_41118000_3694",{"v":583.309183298999,"d":"583.31"},0,{"v":13.74393011,"d":"13.74"},{"v":0.195328025,"d":"0.20"},"0_41118000_3694_144544","E",{"v":0.308701902015,"d":"0.31"},{"v":0.00052922517055,"d":"0.00"},{"v":0.00727363375649,"d":"0.01"}]
[4,412,41203,{"v":1597.00917099999,"d":"1,597.01"},3097,{"v":1.939249979,"d":"1.94"},"M",103,41203000,{"v":183.19980762,"d":"183.20"},55,913,968,{"v":90.29277527,"d":"90.29"},{"v":0.991139192,"d":"0.99"},{"v":959.4227375,"d":"959.42"},{"v":8.577262456,"d":"8.58"},0,"0_41203000_3713",{"v":92.9070324222,"d":"92.91"},0,{"v":8.577262456,"d":"8.58"},{"v":0.492865011,"d":"0.49"},"0_41203000_3713_144977","F",{"v":1.26525590619,"d":"1.27"},{"v":0.0136185159853,"d":"0.01"},{"v":0.116809585867,"d":"0.12"}]
[4,412,41204,{"v":4043.08743599999,"d":"4,043.09"},3470,{"v":0.858254998,"d":"0.86"},"M",410,41204001,{"v":1942.62492655999,"d":"1,942.62"},111,188,299,{"v":10.4443956999999,"d":"10.44"},{"v":0.93996673,"d":"0.94"},{"v":281.0500524,"d":"281.05"},{"v":17.9499476,"d":"17.95"},0,"0_41204001_3716",{"v":1932.18053086,"d":"1,932.18"},0,{"v":17.9499476,"d":"17.95"},{"v":0.005376435,"d":"0.01"},"0_41204001_3716_145096","G",{"v":128.880065121999,"d":"128.88"},{"v":0.0667018754529,"d":"0.07"},{"v":1.1972951692,"d":"1.20"}]
[4,412,41215,{"v":2957.817954,"d":"2,957.82"},2354,{"v":0.795856958,"d":"0.80"},"M",410,41215000,{"v":667.958195294999,"d":"667.96"},69,246,315,{"v":124.6090745,"d":"124.61"},{"v":0.93996673,"d":"0.94"},{"v":296.0895201,"d":"296.09"},{"v":18.9104799099999,"d":"18.91"},0,"0_41215000_3730",{"v":543.349120803,"d":"543.35"},0,{"v":18.9104799099999,"d":"18.91"},{"v":0.186552205,"d":"0.19"},"0_41215000_3730_145330","außerhalb GKL",{"v":0.183974441608,"d":"0.18"},{"v":0.000338593428358,"d":"0.00"},{"v":0.00640296422462,"d":"0.01"}]
[4,412,41231,{"v":3447.12227299999,"d":"3,447.12"},2416,{"v":0.700874471,"d":"0.70"},"M",410,41231000,{"v":1774.70981037,"d":"1,774.71"},99,35,134,{"v":109.498253599999,"d":"109.50"},{"v":0.93996673,"d":"0.94"},{"v":125.9555419,"d":"125.96"},{"v":8.044458122,"d":"8.04"},0,"0_41231000_3756",{"v":1665.21155672,"d":"1,665.21"},0,{"v":8.044458122,"d":"8.04"},{"v":0.061699244,"d":"0.06"},"0_41231000_3756_145763","außerhalb GKL",{"v":5.31905310442,"d":"5.32"},{"v":0.00319422062798,"d":"0.00"},{"v":0.0256957740742,"d":"0.03"}]
[4,414,41402,{"v":3767.19018199999,"d":"3,767.19"},5211,{"v":1.383259073,"d":"1.38"},"M",410,41402000,{"v":235.074300574999,"d":"235.07"},48,286,334,{"v":66.53496819,"d":"66.53"},{"v":0.93996673,"d":"0.94"},{"v":313.948888,"d":"313.95"},{"v":20.05111204,"d":"20.05"},0,"0_41402000_3814",{"v":168.539332387,"d":"168.54"},0,{"v":20.05111204,"d":"20.05"},{"v":0.283038035,"d":"0.28"},"0_41402000_3814_145940","G",{"v":1.29910846366,"d":"1.30"},{"v":0.00770804325175,"d":"0.01"},{"v":0.15455483885,"d":"0.15"}]
[4,414,41416,{"v":763.3575395,"d":"763.36"},2072,{"v":2.714324406,"d":"2.71"},"M",410,41416000,{"v":763.357568639999,"d":"763.36"},86,801,887,{"v":171.237627,"d":"171.24"},{"v":0.93996673,"d":"0.94"},{"v":833.7504899,"d":"833.75"},{"v":53.24951011,"d":"53.25"},0,"0_41416000_3836",{"v":592.119941648,"d":"592.12"},0,{"v":53.24951011,"d":"53.25"},{"v":0.224321647,"d":"0.22"},"0_41416000_3836_146117","D",{"v":0.000960689050517,"d":"0.00"},{"v":1.622456842e-06,"d":"0.00"},{"v":8.6395032003e-05,"d":"0.00"}]
[4,415,41506,{"v":5328.752121,"d":"5,328.75"},6640,{"v":1.246070346,"d":"1.25"},"M",102,41506002,{"v":2166.00546372999,"d":"2,166.01"},175,214,389,{"v":195.2642935,"d":"195.26"},{"v":0.988126829,"d":"0.99"},{"v":384.381336499999,"d":"384.38"},{"v":4.618663494,"d":"4.62"},0,"0_41506002_3870",{"v":1970.74117023,"d":"1,970.74"},0,{"v":4.618663494,"d":"4.62"},{"v":0.090149493,"d":"0.09"},"0_41506002_3870_146550","E",{"v":0.71036505104,"d":"0.71"},{"v":0.000360455782713,"d":"0.00"},{"v":0.00166482396482,"d":"0.00"}]
[4,415,41507,{"v":10800.12447,"d":"10,800.12"},2677,{"v":0.247867514,"d":"0.25"},"G",430,41507000,{"v":510.87516118,"d":"510.88"},80,872,952,{"v":134.2808392,"d":"134.28"},{"v":0.945243625,"d":"0.95"},{"v":899.871931,"d":"899.87"},{"v":52.12806897,"d":"52.13"},0,"0_41507000_3872",{"v":376.594322012,"d":"376.59"},0,{"v":52.12806897,"d":"52.13"},{"v":0.262844721,"d":"0.26"},"0_41507000_3872_146633","F",{"v":0.309907235422,"d":"0.31"},{"v":0.000822920626541,"d":"0.00"},{"v":0.0428972631772,"d":"0.04"}]
[4,415,41515,{"v":3001.31399899999,"d":"3,001.31"},1249,{"v":0.416151059,"d":"0.42"},"G",410,41515000,{"v":3001.31399946999,"d":"3,001.31"},168,340,508,{"v":264.602753099999,"d":"264.60"},{"v":0.93996673,"d":"0.94"},{"v":477.503099099999,"d":"477.50"},{"v":30.49690094,"d":"30.50"},0,"0_41515000_3883",{"v":2736.71124636,"d":"2,736.71"},0,{"v":30.49690094,"d":"30.50"},{"v":0.088162303,"d":"0.09"},"0_41515000_3883_146903","G",{"v":0.00625708645114,"d":"0.01"},{"v":2.286352446e-06,"d":"0.00"},{"v":6.9726664049e-05,"d":"0.00"}]
[4,415,41517,{"v":6206.70310299999,"d":"6,206.70"},3389,{"v":0.546022573,"d":"0.55"},"M",410,41517000,{"v":1796.80080932,"d":"1,796.80"},136,529,665,{"v":83.67878414,"d":"83.68"},{"v":0.93996673,"d":"0.94"},{"v":625.0778757,"d":"625.08"},{"v":39.9221242599999,"d":"39.92"},0,"0_41517000_3892",{"v":1713.12202518,"d":"1,713.12"},0,{"v":39.9221242599999,"d":"39.92"},{"v":0.046570985,"d":"0.05"},"0_41517000_3892_147080","F",{"v":0.0795403409122,"d":"0.08"},{"v":4.6430049782e-05,"d":"0.00"},{"v":1.85358621681E-3,"d":"0.00"}]
[4,416,41605,{"v":4098.677576,"d":"4,098.68"},8840,{"v":2.156793218,"d":"2.16"},"G",310,41605003,{"v":341.845584125,"d":"341.85"},77,796,873,{"v":119.181581399999,"d":"119.18"},{"v":0.967661341,"d":"0.97"},{"v":844.768350599999,"d":"844.77"},{"v":28.23164938,"d":"28.23"},0,"0_41605003_3913",{"v":222.664002683999,"d":"222.66"},0,{"v":28.23164938,"d":"28.23"},{"v":0.348641571,"d":"0.35"},"0_41605003_3913_147513","D",{"v":8.84187254201,"d":"8.84"},{"v":0.0397094835062,"d":"0.04"},{"v":1.12106421541,"d":"1.12"}]
[4,416,41606,{"v":3940.13084299999,"d":"3,940.13"},5395,{"v":1.369243869,"d":"1.37"},"M",310,41606002,{"v":1317.86156249,"d":"1,317.86"},96,59,155,{"v":88.78177804,"d":"88.78"},{"v":0.967661341,"d":"0.97"},{"v":149.9875078,"d":"149.99"},{"v":5.012492158,"d":"5.01"},0,"0_41606002_3917",{"v":1229.07978445,"d":"1,229.08"},0,{"v":5.012492158,"d":"5.01"},{"v":0.067368061,"d":"0.07"},"0_41606002_3917_147690","E",{"v":0.0461540456742,"d":"0.05"},{"v":3.7551708407e-05,"d":"0.00"},{"v":0.000188227643908,"d":"0.00"}]
[4,416,41609,{"v":4023.16379499999,"d":"4,023.16"},5114,{"v":1.2711389,"d":"1.27"},"M",310,41609000,{"v":159.00437216,"d":"159.00"},107,519,626,{"v":95.2995707799999,"d":"95.30"},{"v":0.967661341,"d":"0.97"},{"v":605.755999399999,"d":"605.76"},{"v":20.2440005899999,"d":"20.24"},0,"0_41609000_3923",{"v":63.7048013814,"d":"63.70"},0,{"v":20.2440005899999,"d":"20.24"},{"v":0.599351889,"d":"0.60"},"0_41609000_3923_147867","G",{"v":10.7820990365,"d":"10.78"},{"v":0.169250963863,"d":"0.17"},{"v":3.4263166123,"d":"3.43"}]
[4,416,41624,{"v":3295.536324,"d":"3,295.54"},4932,{"v":1.496569758,"d":"1.50"},"ST",101,41624001,{"v":362.450634304999,"d":"362.45"},65,1106,1171,{"v":170.5188871,"d":"170.52"},{"v":0.992934034,"d":"0.99"},{"v":1162.725754,"d":"1,162.73"},{"v":8.274246139,"d":"8.27"},0,"0_41624001_3949",{"v":191.931747241,"d":"191.93"},0,{"v":8.274246139,"d":"8.27"},{"v":0.470460998,"d":"0.47"},"0_41624001_3949_148170","außerhalb GKL",{"v":2.71146337678,"d":"2.71"},{"v":0.0141272270782,"d":"0.01"},{"v":0.116892154107,"d":"0.12"}]
[4,416,41626,{"v":1532.27385099999,"d":"1,532.27"},4158,{"v":2.713614147,"d":"2.71"},"M",310,41626002,{"v":484.309929404999,"d":"484.31"},87,317,404,{"v":129.5911024,"d":"129.59"},{"v":0.967661341,"d":"0.97"},{"v":390.935181699999,"d":"390.94"},{"v":13.06481827,"d":"13.06"},0,"0_41626002_3954",{"v":354.71882703,"d":"354.72"},0,{"v":13.06481827,"d":"13.06"},{"v":0.267578867,"d":"0.27"},"0_41626002_3954_148476","E",{"v":0.220541300675,"d":"0.22"},{"v":0.000621735537754,"d":"0.00"},{"v":0.00812286181276,"d":"0.01"}]
[4,417,41703,{"v":1232.562384,"d":"1,232.56"},9100,{"v":7.382993445,"d":"7.38"},"ST",102,41703003,{"v":43.6163524899999,"d":"43.62"},33,158,191,{"v":26.2320668899999,"d":"26.23"},{"v":0.988126829,"d":"0.99"},{"v":188.7322244,"d":"188.73"},{"v":2.267775649,"d":"2.27"},0,"0_41703003_3965",{"v":17.3842855987,"d":"17.38"},0,{"v":2.267775649,"d":"2.27"},{"v":0.601427341,"d":"0.60"},"0_41703003_3965_148653","G",{"v":0.0695583874477,"d":"0.07"},{"v":0.00400122208375,"d":"0.00"},{"v":0.00907387400777,"d":"0.01"}]
[4,417,41713,{"v":888.7706467,"d":"888.77"},5219,{"v":5.872156128,"d":"5.87"},"M",102,41713002,{"v":237.396843294999,"d":"237.40"},45,464,509,{"v":94.5565704899999,"d":"94.56"},{"v":0.988126829,"d":"0.99"},{"v":502.956555999999,"d":"502.96"},{"v":6.043444007,"d":"6.04"},0,"0_41713002_3984",{"v":142.840272808,"d":"142.84"},0,{"v":6.043444007,"d":"6.04"},{"v":0.39830593,"d":"0.40"},"0_41713002_3984_149086","G",{"v":4.38605297724,"d":"4.39"},{"v":0.0307059969224,"d":"0.03"},{"v":0.18556997308,"d":"0.19"}]
[4,417,41718,{"v":2750.219297,"d":"2,750.22"},1151,{"v":0.418512081,"d":"0.42"},"G",410,41718000,{"v":2750.21929654999,"d":"2,750.22"},149,268,417,{"v":164.854531699999,"d":"164.85"},{"v":0.93996673,"d":"0.94"},{"v":391.966126599999,"d":"391.97"},{"v":25.03387341,"d":"25.03"},0,"0_41718000_3993",{"v":2585.36476486999,"d":"2,585.36"},0,{"v":25.03387341,"d":"25.03"},{"v":0.059942322,"d":"0.06"},"0_41718000_3993_149263","G",{"v":25.964762274,"d":"25.96"},{"v":0.0100429783166,"d":"0.01"},{"v":0.251414647837,"d":"0.25"}]
[4,417,41731,{"v":3392.709925,"d":"3,392.71"},6691,{"v":1.972169784,"d":"1.97"},"M",102,41731000,{"v":190.82932191,"d":"190.83"},47,942,989,{"v":104.4636133,"d":"104.46"},{"v":0.988126829,"d":"0.99"},{"v":977.2574339,"d":"977.26"},{"v":11.74256606,"d":"11.74"},0,"0_41731000_4008",{"v":86.3657084942999,"d":"86.37"},0,{"v":11.74256606,"d":"11.74"},{"v":0.547419088,"d":"0.55"},"0_41731000_4008_149440","außerhalb GKL",{"v":0.0265762630437,"d":"0.03"},{"v":0.000307717767932,"d":"0.00"},{"v":0.00361339621778,"d":"0.00"}]
[4,417,41734,{"v":1558.324112,"d":"1,558.32"},4455,{"v":2.858840446,"d":"2.86"},"M",410,41734001,{"v":1256.54356034,"d":"1,256.54"},123,691,814,{"v":146.6221073,"d":"146.62"},{"v":0.93996673,"d":"0.94"},{"v":765.1329186,"d":"765.13"},{"v":48.8670814299999,"d":"48.87"},0,"0_41734001_4015",{"v":1109.92145301999,"d":"1,109.92"},0,{"v":48.8670814299999,"d":"48.87"},{"v":0.116686848,"d":"0.12"},"0_41734001_4015_149707","G",{"v":0.00355832415265,"d":"0.00"},{"v":3.205924296e-06,"d":"0.00"},{"v":0.000156664163621,"d":"0.00"}]
[4,417,41743,{"v":1813.162096,"d":"1,813.16"},5854,{"v":3.22861371,"d":"3.23"},"M",102,41743002,{"v":754.310720684999,"d":"754.31"},48,86,134,{"v":56.2239106899999,"d":"56.22"},{"v":0.988126829,"d":"0.99"},{"v":132.408995099999,"d":"132.41"},{"v":1.591004906,"d":"1.59"},0,"0_41743002_4036",{"v":698.086809990999,"d":"698.09"},0,{"v":1.591004906,"d":"1.59"},{"v":0.074536804,"d":"0.07"},"0_41743002_4036_150049","F",{"v":0.676154881005,"d":"0.68"},{"v":0.000968582805645,"d":"0.00"},{"v":1.54101999565E-3,"d":"0.00"}]
[4,417,41746,{"v":1557.94033199999,"d":"1,557.94"},12378,{"v":7.945105309,"d":"7.95"},"ST",102,41746011,{"v":77.667607735,"d":"77.67"},34,1814,1848,{"v":70.4740040899999,"d":"70.47"},{"v":0.988126829,"d":"0.99"},{"v":1826.05837999999,"d":"1,826.06"},{"v":21.9416198899999,"d":"21.94"},0,"0_41746011_4043",{"v":7.19360364147,"d":"7.19"},0,{"v":21.9416198899999,"d":"21.94"},{"v":0.907379616,"d":"0.91"},"0_41746011_4043_150226","D",{"v":0.133955045862,"d":"0.13"},{"v":0.0186214104277,"d":"0.02"},{"v":0.40858390942,"d":"0.41"}]
[4,417,41747,{"v":2743.83429699999,"d":"2,743.83"},5108,{"v":1.861628454,"d":"1.86"},"M",410,41747001,{"v":908.027288545,"d":"908.03"},82,283,365,{"v":168.507561,"d":"168.51"},{"v":0.93996673,"d":"0.94"},{"v":343.0878566,"d":"343.09"},{"v":21.91214339,"d":"21.91"},0,"0_41747001_4051",{"v":739.519727569999,"d":"739.52"},0,{"v":21.91214339,"d":"21.91"},{"v":0.185575437,"d":"0.19"},"0_41747001_4051_150403","D",{"v":8.0598755587,"d":"8.06"},{"v":0.0108987972304,"d":"0.01"},{"v":0.238816007691,"d":"0.24"}]
[4,418,41808,{"v":3623.42779199999,"d":"3,623.43"},6280,{"v":1.733165489,"d":"1.73"},"M",102,41808001,{"v":494.60945578,"d":"494.61"},74,1402,1476,{"v":110.669101499999,"d":"110.67"},{"v":0.988126829,"d":"0.99"},{"v":1458.4752,"d":"1,458.48"},{"v":17.5248002999999,"d":"17.52"},0,"0_41808001_4070",{"v":383.940354274,"d":"383.94"},0,{"v":17.5248002999999,"d":"17.52"},{"v":0.223750477,"d":"0.22"},"0_41808001_4070_150836","E",{"v":0.038322955126,"d":"0.04"},{"v":9.9814866292e-05,"d":"0.00"},{"v":0.00174923559874,"d":"0.00"}]
[4,418,41810,{"v":1533.53528299999,"d":"1,533.54"},3184,{"v":2.076248284,"d":"2.08"},"G",310,41810000,{"v":797.586988625,"d":"797.59"},93,536,629,{"v":159.804702099999,"d":"159.80"},{"v":0.967661341,"d":"0.97"},{"v":608.6589834,"d":"608.66"},{"v":20.34101656,"d":"20.34"},0,"0_41810000_4074",{"v":637.782286565,"d":"637.78"},0,{"v":20.34101656,"d":"20.34"},{"v":0.200360217,"d":"0.20"},"0_41810000_4074_151013","G",{"v":0.00277170494259,"d":"0.00"},{"v":4.345848107e-06,"d":"0.00"},{"v":8.8398968307e-05,"d":"0.00"}]
[4,418,41812,{"v":2313.153702,"d":"2,313.15"},14070,{"v":6.082604882,"d":"6.08"},"ST",102,41812002,{"v":107.390607869999,"d":"107.39"},89,656,745,{"v":82.4187591099999,"d":"82.42"},{"v":0.988126829,"d":"0.99"},{"v":736.1544877,"d":"736.15"},{"v":8.845512348,"d":"8.85"},0,"0_41812002_4081",{"v":24.9718487564999,"d":"24.97"},0,{"v":8.845512348,"d":"8.85"},{"v":0.767467107,"d":"0.77"},"0_41812002_4081_151245","F",{"v":0.0104321498018,"d":"0.01"},{"v":0.000417756406565,"d":"0.00"},{"v":0.00369526945273,"d":"0.00"}]
[4,418,41817,{"v":2215.136872,"d":"2,215.14"},2706,{"v":1.221594943,"d":"1.22"},"M",410,41817001,{"v":2016.97578438999,"d":"2,016.98"},126,3003,3129,{"v":191.064237399999,"d":"191.06"},{"v":0.93996673,"d":"0.94"},{"v":2941.1559,"d":"2,941.16"},{"v":187.844100499999,"d":"187.84"},0,"0_41817001_4094",{"v":1825.91154697,"d":"1,825.91"},0,{"v":187.844100499999,"d":"187.84"},{"v":0.094728077,"d":"0.09"},"0_41817001_4094_151622","G",{"v":0.0148009459877,"d":"0.01"},{"v":8.106058594e-06,"d":"0.00"},{"v":1.52267528524E-3,"d":"0.00"}]
[4,418,41821,{"v":3260.81133899999,"d":"3,260.81"},2386,{"v":0.731719732,"d":"0.73"},"M",410,41821000,{"v":180.860243464999,"d":"180.86"},55,245,300,{"v":64.6734573899999,"d":"64.67"},{"v":0.93996673,"d":"0.94"},{"v":281.990019099999,"d":"281.99"},{"v":18.00998087,"d":"18.01"},0,"0_41821000_4102",{"v":116.186786071,"d":"116.19"},0,{"v":18.00998087,"d":"18.01"},{"v":0.357588026,"d":"0.36"},"0_41821000_4102_151799","G",{"v":16.6800886127999,"d":"16.68"},{"v":0.14356269914,"d":"0.14"},{"v":2.58556146516,"d":"2.59"}]
[4,418,41823,{"v":1631.213796,"d":"1,631.21"},5530,{"v":3.390113554,"d":"3.39"},"M",102,41823004,{"v":82.467919765,"d":"82.47"},28,21,49,{"v":39.35527496,"d":"39.36"},{"v":0.988126829,"d":"0.99"},{"v":48.41821462,"d":"48.42"},{"v":0.581785376,"d":"0.58"},0,"0_41823004_4109",{"v":43.1126448063999,"d":"43.11"},0,{"v":0.581785376,"d":"0.58"},{"v":0.477219203,"d":"0.48"},"0_41823004_4109_151976","F",{"v":1.1862550369,"d":"1.19"},{"v":0.0275152462167,"d":"0.03"},{"v":0.0160079678659,"d":"0.02"}]
[3,303,30301,{"v":13118.53484,"d":"13,118.53"},11222,{"v":0.855430895,"d":"0.86"},"SR",210,30301031,{"v":1822.85332741999,"d":"1,822.85"},139,48,187,{"v":31.7852975899999,"d":"31.79"},{"v":0.980090788,"d":"0.98"},{"v":183.276977399999,"d":"183.28"},{"v":3.723022643,"d":"3.72"},1,"1_30301031_12179",{"v":0.635630267688,"d":"0.64"},0.0199976188956,{"v":3.66510314638,"d":"3.67"},{"v":0.017437112,"d":"0.02"},"1_30301031_12179_152409","außerhalb GKL",{"v":0.635630267689,"d":"0.64"},{"v":1,"d":"1.00"},{"v":3.66510314638,"d":"3.67"}]
[3,305,30502,{"v":5191.69882799999,"d":"5,191.70"},23816,{"v":4.587323107,"d":"4.59"},"ST",103,30502026,{"v":135.88538413,"d":"135.89"},58,651,709,{"v":96.0310308699999,"d":"96.03"},{"v":0.991139192,"d":"0.99"},{"v":702.717686899999,"d":"702.72"},{"v":6.282313101,"d":"6.28"},1,"1_30502026_12306",{"v":96.0310308651,"d":"96.03"},0.999999999949,{"v":702.717686864,"d":"702.72"},{"v":0.706706107,"d":"0.71"},"1_30502026_12306_152586","D",{"v":0.883267839772,"d":"0.88"},{"v":0.00919773360564,"d":"0.01"},{"v":6.46341008375,"d":"6.46"}]
[3,305,30502,{"v":5191.69882799999,"d":"5,191.70"},23816,{"v":4.587323107,"d":"4.59"},"ST",103,30502060,{"v":1439.23185005,"d":"1,439.23"},65,224,289,{"v":111.2462673,"d":"111.25"},{"v":0.991139192,"d":"0.99"},{"v":286.439226399999,"d":"286.44"},{"v":2.560773605,"d":"2.56"},1,"1_30502060_12355",{"v":2.88648089121,"d":"2.89"},0.0259467662266,{"v":7.43217164553,"d":"7.43"},{"v":0.077295585,"d":"0.08"},"1_30502060_12355_152782","außerhalb GKL",{"v":2.88648089121,"d":"2.89"},{"v":1,"d":"1.00"},{"v":7.43217164553,"d":"7.43"}]
[3,305,30510,{"v":2097.49722199999,"d":"2,097.50"},1260,{"v":0.600715933,"d":"0.60"},"G",410,30510000,{"v":2097.49722260999,"d":"2,097.50"},151,138,289,{"v":151.712776399999,"d":"151.71"},{"v":0.93996673,"d":"0.94"},{"v":271.650385099999,"d":"271.65"},{"v":17.34961491,"d":"17.35"},1,"1_30510000_12610",{"v":0.966878418885,"d":"0.97"},0.0063730849954,{"v":1.73125099328,"d":"1.73"},{"v":0.072330382,"d":"0.07"},"1_30510000_12610_153195","außerhalb GKL",{"v":0.966878418885,"d":"0.97"},{"v":1,"d":"1.00"},{"v":1.73125099328,"d":"1.73"}]
[3,305,30514,{"v":5499.878206,"d":"5,499.88"},5639,{"v":1.025295432,"d":"1.03"},"ST",410,30514002,{"v":1719.51389951999,"d":"1,719.51"},98,375,473,{"v":45.6642687399999,"d":"45.66"},{"v":0.93996673,"d":"0.94"},{"v":444.6042635,"d":"444.60"},{"v":28.3957365099999,"d":"28.40"},1,"1_30514002_12716",{"v":1.84597521166,"d":"1.85"},0.0404249375408,{"v":17.9730995824,"d":"17.97"},{"v":0.026556499,"d":"0.03"},"1_30514002_12716_153372","G",{"v":0.57811341566,"d":"0.58"},{"v":0.313175069745,"d":"0.31"},{"v":5.62872671525,"d":"5.63"}]
[3,305,30515,{"v":3193.451035,"d":"3,193.45"},3714,{"v":1.16300515,"d":"1.16"},"G",310,30515000,{"v":636.412094765,"d":"636.41"},72,262,334,{"v":119.2014099,"d":"119.20"},{"v":0.967661341,"d":"0.97"},{"v":323.198887899999,"d":"323.20"},{"v":10.80111213,"d":"10.80"},1,"1_30515000_12849",{"v":3.08520240819,"d":"3.09"},0.0258822644026,{"v":8.36511907125,"d":"8.37"},{"v":0.187302238,"d":"0.19"},"1_30515000_12849_153549","F",{"v":0.145529202636,"d":"0.15"},{"v":0.0471700664597,"d":"0.05"},{"v":0.394583222534,"d":"0.39"}]
[3,305,30530,{"v":5983.17349,"d":"5,983.17"},5193,{"v":0.86793405,"d":"0.87"},"M",410,30530002,{"v":743.87501411,"d":"743.88"},61,56,117,{"v":72.7154876799999,"d":"72.72"},{"v":0.93996673,"d":"0.94"},{"v":109.976107499999,"d":"109.98"},{"v":7.02389254,"d":"7.02"},1,"1_30530002_13085",{"v":0.978636831599,"d":"0.98"},0.0134584372989,{"v":1.48010654717,"d":"1.48"},{"v":0.097752292,"d":"0.10"},"1_30530002_13085_153982","G",{"v":0.555872653553,"d":"0.56"},{"v":0.568007084553,"d":"0.57"},{"v":0.840711004686,"d":"0.84"}]
[3,305,30531,{"v":4572.025955,"d":"4,572.03"},9306,{"v":2.035421516,"d":"2.04"},"ST",410,30531002,{"v":132.24571889,"d":"132.25"},60,251,311,{"v":45.88814671,"d":"45.89"},{"v":0.93996673,"d":"0.94"},{"v":292.329653199999,"d":"292.33"},{"v":18.67034684,"d":"18.67"},1,"1_30531002_13131",{"v":45.0004325116999,"d":"45.00"},0.980654825659,{"v":286.674485093999,"d":"286.67"},{"v":0.346991548,"d":"0.35"},"1_30531002_13131_154063","E",{"v":13.5413080108,"d":"13.54"},{"v":0.300915063589,"d":"0.30"},{"v":86.2646709114,"d":"86.26"}]
[3,305,30534,{"v":3667.41557599999,"d":"3,667.42"},2094,{"v":0.570974289,"d":"0.57"},"M",410,30534000,{"v":3065.99919141,"d":"3,066.00"},244,318,562,{"v":150.8472289,"d":"150.85"},{"v":0.93996673,"d":"0.94"},{"v":528.2613025,"d":"528.26"},{"v":33.7386975,"d":"33.74"},1,"1_30534000_13302",{"v":2.0780661528,"d":"2.08"},0.0137759650472,{"v":7.27730923903,"d":"7.28"},{"v":0.049200022,"d":"0.05"},"1_30534000_13302_154335","außerhalb GKL",{"v":2.0780661528,"d":"2.08"},{"v":1,"d":"1.00"},{"v":7.27730923903,"d":"7.28"}]
[3,305,30542,{"v":3099.22438999999,"d":"3,099.22"},2047,{"v":0.660487833,"d":"0.66"},"M",410,30542000,{"v":3099.22436259,"d":"3,099.22"},223,267,490,{"v":257.0161714,"d":"257.02"},{"v":0.93996673,"d":"0.94"},{"v":460.5836979,"d":"460.58"},{"v":29.4163020899999,"d":"29.42"},1,"1_30542000_13440",{"v":0.918267328198,"d":"0.92"},0.00357279980943,{"v":1.64557334808,"d":"1.65"},{"v":0.082929192,"d":"0.08"},"1_30542000_13440_154512","außerhalb GKL",{"v":0.918267328198,"d":"0.92"},{"v":1,"d":"1.00"},{"v":1.64557334808,"d":"1.65"}]
[3,315,31511,{"v":3963.32386899999,"d":"3,963.32"},1699,{"v":0.428680586,"d":"0.43"},"G",410,31511000,{"v":3963.32386872999,"d":"3,963.32"},107,171,278,{"v":187.2142666,"d":"187.21"},{"v":0.93996673,"d":"0.94"},{"v":261.3107511,"d":"261.31"},{"v":16.6892489399999,"d":"16.69"},1,"1_31511000_16297",{"v":95.1962447383999,"d":"95.20"},0.508488196264,{"v":132.873432490999,"d":"132.87"},{"v":0.047236681,"d":"0.05"},"1_31511000_16297_154945","G",{"v":0.00120355310683,"d":"0.00"},{"v":1.2642863278e-05,"d":"0.00"},{"v":0.00167990064029,"d":"0.00"}]
[3,315,31525,{"v":3881.349952,"d":"3,881.35"},1637,{"v":0.421760475,"d":"0.42"},"G",430,31525003,{"v":460.26784011,"d":"460.27"},22,4,26,{"v":10.15388427,"d":"10.15"},{"v":0.945243625,"d":"0.95"},{"v":24.5763342499999,"d":"24.58"},{"v":1.423665749,"d":"1.42"},1,"1_31525003_16494",{"v":1.61217419225,"d":"1.61"},0.158774135038,{"v":3.90208621295,"d":"3.90"},{"v":0.022060816,"d":"0.02"},"1_31525003_16494_155122","außerhalb GKL",{"v":1.61217419225,"d":"1.61"},{"v":1,"d":"1.00"},{"v":3.90208621295,"d":"3.90"}]
[3,315,31533,{"v":1789.775049,"d":"1,789.78"},3948,{"v":2.205863805,"d":"2.21"},"ST",410,31533001,{"v":801.744642324999,"d":"801.74"},43,1461,1504,{"v":119.995248,"d":"120.00"},{"v":0.93996673,"d":"0.94"},{"v":1413.709963,"d":"1,413.71"},{"v":90.2900374299999,"d":"90.29"},1,"1_31533001_16551",{"v":100.853104324,"d":"100.85"},0.840475818876,{"v":1188.18903881,"d":"1,188.19"},{"v":0.149667664,"d":"0.15"},"1_31533001_16551_155299","E",{"v":0.000234316681429,"d":"0.00"},{"v":2.323346247E-6,"d":"0.00"},{"v":0.00276057454405,"d":"0.00"}]
[3,315,31549,{"v":2377.617502,"d":"2,377.62"},5627,{"v":2.366654853,"d":"2.37"},"ST",210,31549001,{"v":97.00966515,"d":"97.01"},111,360,471,{"v":39.5386795699999,"d":"39.54"},{"v":0.980090788,"d":"0.98"},{"v":461.6227612,"d":"461.62"},{"v":9.37723884999999,"d":"9.38"},1,"1_31549001_16735",{"v":39.5386795742,"d":"39.54"},1.00000000011,{"v":461.622761250999,"d":"461.62"},{"v":0.407574642,"d":"0.41"},"1_31549001_16735_155600","außerhalb GKL",{"v":0.0499316678689,"d":"0.05"},{"v":0.00126285623108,"d":"0.00"},{"v":0.582963180454,"d":"0.58"}]
[3,320,32001,{"v":24383.7611099999,"d":"24,383.76"},3021,{"v":0.12389393,"d":"0.12"},"M",420,32001000,{"v":442.163865349999,"d":"442.16"},110,445,555,{"v":122.6379675,"d":"122.64"},{"v":0.954532045,"d":"0.95"},{"v":529.7652851,"d":"529.77"},{"v":25.2347149299999,"d":"25.23"},1,"1_32001000_19153",{"v":122.637967463999,"d":"122.64"},0.999999999706,{"v":529.765284943999,"d":"529.77"},{"v":0.277358638,"d":"0.28"},"1_32001000_19153_155908","F",{"v":21.7694591538,"d":"21.77"},{"v":0.1775099474,"d":"0.18"},{"v":94.0386078647999,"d":"94.04"}]
[3,320,32002,{"v":14365.63198,"d":"14,365.63"},2025,{"v":0.140961428,"d":"0.14"},"M",430,32002001,{"v":14155.168475,"d":"14,155.17"},198,226,424,{"v":147.658650999999,"d":"147.66"},{"v":0.945243625,"d":"0.95"},{"v":400.783297,"d":"400.78"},{"v":23.21670299,"d":"23.22"},1,"1_32002001_19217",{"v":39.7466758009,"d":"39.75"},0.269179459055,{"v":107.882631085,"d":"107.88"},{"v":0.01043143,"d":"0.01"},"1_32002001_19217_156085","außerhalb GKL",{"v":2.73896740304,"d":"2.74"},{"v":0.0689106031599,"d":"0.07"},{"v":7.43425717854,"d":"7.43"}]
[3,320,32008,{"v":5597.12297399999,"d":"5,597.12"},5372,{"v":0.959778805,"d":"0.96"},"M",410,32008004,{"v":352.018481199999,"d":"352.02"},22,1,23,{"v":15.91741403,"d":"15.92"},{"v":0.93996673,"d":"0.94"},{"v":21.6192348,"d":"21.62"},{"v":1.3807652,"d":"1.38"},1,"1_32008004_19455",{"v":2.19474778983,"d":"2.19"},0.137883439213,{"v":2.98093444738,"d":"2.98"},{"v":0.045217552,"d":"0.05"},"1_32008004_19455_156518","außerhalb GKL",{"v":2.19474778983,"d":"2.19"},{"v":1,"d":"1.00"},{"v":2.98093444738,"d":"2.98"}]
[3,320,32011,{"v":6969.108277,"d":"6,969.11"},1179,{"v":0.169175159,"d":"0.17"},"G",420,32011000,{"v":6969.10827742,"d":"6,969.11"},161,70,231,{"v":105.6715808,"d":"105.67"},{"v":0.954532045,"d":"0.95"},{"v":220.4969024,"d":"220.50"},{"v":10.50309756,"d":"10.50"},1,"1_32011000_19529",{"v":58.8987414817,"d":"58.90"},0.557375417646,{"v":122.899553065,"d":"122.90"},{"v":0.015162855,"d":"0.02"},"1_32011000_19529_156695","außerhalb GKL",{"v":0.130875587632,"d":"0.13"},{"v":0.00222204387292,"d":"0.00"},{"v":0.273088198873,"d":"0.27"}]
[3,320,32013,{"v":4596.013377,"d":"4,596.01"},4132,{"v":0.899040029,"d":"0.90"},"ST",220,32013002,{"v":2720.82677233999,"d":"2,720.83"},105,144,249,{"v":121.657738899999,"d":"121.66"},{"v":0.99140599,"d":"0.99"},{"v":246.8600915,"d":"246.86"},{"v":2.139908514,"d":"2.14"},1,"1_32013002_19625",{"v":0.543131320379,"d":"0.54"},0.0044644206385,{"v":1.10208728731,"d":"1.10"},{"v":0.044713519,"d":"0.04"},"1_32013002_19625_156872","außerhalb GKL",{"v":0.543131320379,"d":"0.54"},{"v":1,"d":"1.00"},{"v":1.10208728731,"d":"1.10"}]
[3,320,32015,{"v":1957.31320499999,"d":"1,957.31"},1369,{"v":0.699428173,"d":"0.70"},"M",410,32015000,{"v":756.233639355,"d":"756.23"},71,112,183,{"v":67.52990192,"d":"67.53"},{"v":0.93996673,"d":"0.94"},{"v":172.013911699999,"d":"172.01"},{"v":10.9860883299999,"d":"10.99"},1,"1_32015000_19734",{"v":56.7485873615,"d":"56.75"},0.840347546021,{"v":144.551468578999,"d":"144.55"},{"v":0.08929767,"d":"0.09"},"1_32015000_19734_157137","außerhalb GKL",{"v":0.0271154031745,"d":"0.03"},{"v":4.77816355177E-4,"d":"0.00"},{"v":0.0690690558519,"d":"0.07"}]
[4,401,40101,{"v":9598.609581,"d":"9,598.61"},206595,{"v":21.5234298499999,"d":"21.52"},"SR",101,40101100,{"v":96.4429954300999,"d":"96.44"},22,31,53,{"v":16.17640493,"d":"16.18"},{"v":0.992934034,"d":"0.99"},{"v":52.6255037999999,"d":"52.63"},{"v":0.374496196,"d":"0.37"},1,"1_40101100_21954",{"v":13.1675259406999,"d":"13.17"},0.813995816603,{"v":42.8369399397999,"d":"42.84"},{"v":0.167730221,"d":"0.17"},"1_40101100_21954_157481","F",{"v":2.69378017256,"d":"2.69"},{"v":0.204577548181,"d":"0.20"},{"v":8.76347614446,"d":"8.76"}]
[4,401,40101,{"v":9598.609581,"d":"9,598.61"},206595,{"v":21.5234298499999,"d":"21.52"},"SR",101,40101183,{"v":4.99503854494,"d":"5.00"},8,52,60,{"v":4.995038545,"d":"5.00"},{"v":0.992934034,"d":"0.99"},{"v":60,"d":"60.00"},{"v":0,"d":"0.00"},1,"1_40101183_21994",{"v":4.99503854491,"d":"5.00"},0.999999999982,{"v":59.9999999989,"d":"60.00"},{"v":1,"d":"1.00"},"1_40101183_21994_157658","C",{"v":0.461481178003,"d":"0.46"},{"v":0.0923879112951,"d":"0.09"},{"v":5.5432746776,"d":"5.54"}]
[4,401,40101,{"v":9598.609581,"d":"9,598.61"},206595,{"v":21.5234298499999,"d":"21.52"},"SR",101,40101265,{"v":87.23032861,"d":"87.23"},52,1811,1863,{"v":61.70644415,"d":"61.71"},{"v":0.992934034,"d":"0.99"},{"v":1849.836105,"d":"1,849.84"},{"v":13.1638945799999,"d":"13.16"},1,"1_40101265_22032",{"v":57.0498547727,"d":"57.05"},0.924536416878,{"v":1710.24084433,"d":"1,710.24"},{"v":0.707396672,"d":"0.71"},"1_40101265_22032_157835","C",{"v":10.5062186567,"d":"10.51"},{"v":0.184158552174,"d":"0.18"},{"v":314.955477760999,"d":"314.96"}]
[4,401,40101,{"v":9598.609581,"d":"9,598.61"},206595,{"v":21.5234298499999,"d":"21.52"},"SR",101,40101420,{"v":71.5162439199999,"d":"71.52"},25,2085,2110,{"v":71.5162439199999,"d":"71.52"},{"v":0.992934034,"d":"0.99"},{"v":2110,"d":"2,110.00"},{"v":0,"d":"0.00"},1,"1_40101420_22102",{"v":71.5162439199999,"d":"71.52"},1,{"v":2110,"d":"2,110.00"},{"v":1,"d":"1.00"},"1_40101420_22102_158268","B",{"v":0.00545282821695,"d":"0.01"},{"v":7.6246009551e-05,"d":"0.00"},{"v":0.160879080152,"d":"0.16"}]
[4,401,40101,{"v":9598.609581,"d":"9,598.61"},206595,{"v":21.5234298499999,"d":"21.52"},"SR",101,40101481,{"v":299.376043919999,"d":"299.38"},65,150,215,{"v":52.37203109,"d":"52.37"},{"v":0.992934034,"d":"0.99"},{"v":213.4808173,"d":"213.48"},{"v":1.519182681,"d":"1.52"},1,"1_40101481_22136",{"v":2.50482811404,"d":"2.50"},0.0478275915963,{"v":10.2102733435,"d":"10.21"},{"v":0.174937281,"d":"0.17"},"1_40101481_22136_158445","E",{"v":0.022081085805,"d":"0.02"},{"v":0.00881540960086,"d":"0.01"},{"v":0.0900077416597,"d":"0.09"}]
[4,401,40101,{"v":9598.609581,"d":"9,598.61"},206595,{"v":21.5234298499999,"d":"21.52"},"SR",101,40101520,{"v":10.39976465,"d":"10.40"},17,107,124,{"v":2.196589599,"d":"2.20"},{"v":0.992934034,"d":"0.99"},{"v":123.123820199999,"d":"123.12"},{"v":0.876179779,"d":"0.88"},1,"1_40101520_22186",{"v":1.29524677829,"d":"1.30"},0.589662620127,{"v":72.6015144192,"d":"72.60"},{"v":0.211215318,"d":"0.21"},"1_40101520_22186_158675","A",{"v":1.12253777883,"d":"1.12"},{"v":0.866659386956,"d":"0.87"},{"v":62.9207839785999,"d":"62.92"}]
[4,401,40101,{"v":9598.609581,"d":"9,598.61"},206595,{"v":21.5234298499999,"d":"21.52"},"SR",101,40101684,{"v":11.20482628,"d":"11.20"},48,215,263,{"v":11.20482628,"d":"11.20"},{"v":0.992934034,"d":"0.99"},{"v":263,"d":"263.00"},{"v":0,"d":"0.00"},1,"1_40101684_22268",{"v":11.20482628,"d":"11.20"},1,{"v":263,"d":"263.00"},{"v":1,"d":"1.00"},"1_40101684_22268_159054","B",{"v":0.0585968613825,"d":"0.06"},{"v":0.00522960909149,"d":"0.01"},{"v":1.37538719106,"d":"1.38"}]
[4,402,40201,{"v":2654.047046,"d":"2,654.05"},38056,{"v":14.3388566,"d":"14.34"},"SR",102,40201022,{"v":37.4126813248999,"d":"37.41"},69,61,130,{"v":36.9321526,"d":"36.93"},{"v":0.988126829,"d":"0.99"},{"v":128.456487799999,"d":"128.46"},{"v":1.543512222,"d":"1.54"},1,"1_40201022_22315",{"v":36.9321526012,"d":"36.93"},1.00000000003,{"v":128.456487804,"d":"128.46"},{"v":0.987155993,"d":"0.99"},"1_40201022_22315_159231","F",{"v":2.08125837299,"d":"2.08"},{"v":0.0563535625844,"d":"0.06"},{"v":7.23898072483,"d":"7.24"}]
[4,402,40201,{"v":2654.047046,"d":"2,654.05"},38056,{"v":14.3388566,"d":"14.34"},"SR",102,40201083,{"v":73.1859494549999,"d":"73.19"},26,17,43,{"v":44.50866407,"d":"44.51"},{"v":0.988126829,"d":"0.99"},{"v":42.48945365,"d":"42.49"},{"v":0.51054635,"d":"0.51"},1,"1_40201083_22341",{"v":42.7555265616,"d":"42.76"},0.960611320402,{"v":40.8158501739,"d":"40.82"},{"v":0.608158593,"d":"0.61"},"1_40201083_22341_159408","G",{"v":1.50921923982,"d":"1.51"},{"v":0.0352988107314,"d":"0.04"},{"v":1.44075097013,"d":"1.44"}]
[4,403,40301,{"v":4588.188916,"d":"4,588.19"},62470,{"v":13.61539404,"d":"13.62"},"SR",102,40301047,{"v":145.014594439999,"d":"145.01"},79,467,546,{"v":80.07132633,"d":"80.07"},{"v":0.988126829,"d":"0.99"},{"v":539.517248699999,"d":"539.52"},{"v":6.482751331,"d":"6.48"},1,"1_40301047_22419",{"v":79.4263250868,"d":"79.43"},0.991944666427,{"v":535.171257293,"d":"535.17"},{"v":0.552160468,"d":"0.55"},"1_40301047_22419_159841","E",{"v":1.12318341016,"d":"1.12"},{"v":0.0141411982606,"d":"0.01"},{"v":7.56796285275,"d":"7.57"}]
[4,403,40301,{"v":4588.188916,"d":"4,588.19"},62470,{"v":13.61539404,"d":"13.62"},"SR",102,40301084,{"v":39.83592698,"d":"39.84"},39,641,680,{"v":36.97090381,"d":"36.97"},{"v":0.988126829,"d":"0.99"},{"v":671.926243799999,"d":"671.93"},{"v":8.073756237,"d":"8.07"},1,"1_40301084_22437",{"v":36.9709038089999,"d":"36.97"},0.999999999973,{"v":671.926243782,"d":"671.93"},{"v":0.928079415,"d":"0.93"},"1_40301084_22437_160018","C",{"v":1.76986932398,"d":"1.77"},{"v":0.0478719517684,"d":"0.05"},{"v":32.1664207342999,"d":"32.17"}]
[4,403,40301,{"v":4588.188916,"d":"4,588.19"},62470,{"v":13.61539404,"d":"13.62"},"SR",102,40301160,{"v":61.7800727799999,"d":"61.78"},26,1080,1106,{"v":56.8664996999999,"d":"56.87"},{"v":0.988126829,"d":"0.99"},{"v":1092.868273,"d":"1,092.87"},{"v":13.1317270599999,"d":"13.13"},1,"1_40301160_22490",{"v":56.8664996986,"d":"56.87"},0.999999999975,{"v":1092.86827296999,"d":"1,092.87"},{"v":0.9204667,"d":"0.92"},"1_40301160_22490_160212","außerhalb GKL",{"v":5.3746756425e-05,"d":"0.00"},{"v":9.45139172e-07,"d":"0.00"},{"v":0.00103291261435,"d":"0.00"}]
[4,405,40506,{"v":3903.554449,"d":"3,903.55"},4073,{"v":1.043408015,"d":"1.04"},"G",410,40506000,{"v":373.21214393,"d":"373.21"},110,646,756,{"v":162.746907599999,"d":"162.75"},{"v":0.93996673,"d":"0.94"},{"v":710.614848199999,"d":"710.61"},{"v":45.38515179,"d":"45.39"},1,"1_40506000_23616",{"v":92.0249298127999,"d":"92.02"},0.565448100796,{"v":401.815816311999,"d":"401.82"},{"v":0.436070772,"d":"0.44"},"1_40506000_23616_160627","außerhalb GKL",{"v":0.318174412264,"d":"0.32"},{"v":0.00345748062956,"d":"0.00"},{"v":1.38927040155,"d":"1.39"}]
[4,405,40508,{"v":2871.66158799999,"d":"2,871.66"},2933,{"v":1.021359903,"d":"1.02"},"M",410,40508000,{"v":362.27670889,"d":"362.28"},56,719,775,{"v":104.7657458,"d":"104.77"},{"v":0.93996673,"d":"0.94"},{"v":728.4742161,"d":"728.47"},{"v":46.52578392,"d":"46.53"},1,"1_40508000_23727",{"v":101.586694506,"d":"101.59"},0.969655622935,{"v":706.369119804999,"d":"706.37"},{"v":0.289187086,"d":"0.29"},"1_40508000_23727_160804","G",{"v":0.196685249797,"d":"0.20"},{"v":0.00193613199793,"d":"0.00"},{"v":1.3676238552,"d":"1.37"}]
[4,405,40509,{"v":1332.77647499999,"d":"1,332.78"},1783,{"v":1.337808727,"d":"1.34"},"G",210,40509000,{"v":1332.77647533999,"d":"1,332.78"},141,900,1041,{"v":141.198998399999,"d":"141.20"},{"v":0.980090788,"d":"0.98"},{"v":1020.27450999999,"d":"1,020.27"},{"v":20.72548969,"d":"20.73"},1,"1_40509000_23812",{"v":0.571517282195,"d":"0.57"},4.04760153168E-3,{"v":4.12966466941,"d":"4.13"},{"v":0.105943495,"d":"0.11"},"1_40509000_23812_160981","außerhalb GKL",{"v":0.571517282195,"d":"0.57"},{"v":1,"d":"1.00"},{"v":4.12966466941,"d":"4.13"}]
[4,405,40511,{"v":1744.98492,"d":"1,744.98"},2277,{"v":1.304882336,"d":"1.30"},"G",410,40511000,{"v":1744.98491149999,"d":"1,744.98"},168,311,479,{"v":164.9149671,"d":"164.91"},{"v":0.93996673,"d":"0.94"},{"v":450.2440639,"d":"450.24"},{"v":28.75593612,"d":"28.76"},1,"1_40511000_23930",{"v":2.54939536587,"d":"2.55"},0.0154588477365,{"v":6.96025442809,"d":"6.96"},{"v":0.094507962,"d":"0.09"},"1_40511000_23930_161158","außerhalb GKL",{"v":2.54641635834,"d":"2.55"},{"v":0.998831484685,"d":"1.00"},{"v":6.95212126419,"d":"6.95"}]
[4,406,40620,{"v":3946.995772,"d":"3,947.00"},3122,{"v":0.790981339,"d":"0.79"},"M",410,40620001,{"v":1584.3471958,"d":"1,584.35"},115,322,437,{"v":62.6127509399999,"d":"62.61"},{"v":0.93996673,"d":"0.94"},{"v":410.7654612,"d":"410.77"},{"v":26.2345387999999,"d":"26.23"},1,"1_40620001_24530",{"v":1.39759806498,"d":"1.40"},0.0223213010768,{"v":9.1688195314,"d":"9.17"},{"v":0.03951959,"d":"0.04"},"1_40620001_24530_161493","außerhalb GKL",{"v":1.39759806498,"d":"1.40"},{"v":1,"d":"1.00"},{"v":9.1688195314,"d":"9.17"}]
[4,406,40627,{"v":4552.17183199999,"d":"4,552.17"},2883,{"v":0.633324072,"d":"0.63"},"M",420,40627000,{"v":168.510320014999,"d":"168.51"},66,687,753,{"v":98.62983112,"d":"98.63"},{"v":0.954532045,"d":"0.95"},{"v":718.762629999999,"d":"718.76"},{"v":34.2373699799999,"d":"34.24"},1,"1_40627000_24712",{"v":97.6244903990999,"d":"97.62"},0.989806930525,{"v":711.436232575999,"d":"711.44"},{"v":0.585304396,"d":"0.59"},"1_40627000_24712_161767","F",{"v":0.110685262476,"d":"0.11"},{"v":1.13378581566E-3,"d":"0.00"},{"v":0.806616309241,"d":"0.81"}]
[4,407,40701,{"v":7876.912575,"d":"7,876.91"},9856,{"v":1.251251668,"d":"1.25"},"M",102,40701004,{"v":2105.62096828999,"d":"2,105.62"},95,53,148,{"v":137.295404399999,"d":"137.30"},{"v":0.988126829,"d":"0.99"},{"v":146.242770699999,"d":"146.24"},{"v":1.757229299,"d":"1.76"},1,"1_40701004_24830",{"v":80.8664433567,"d":"80.87"},0.588995995242,{"v":86.1364062754,"d":"86.14"},{"v":0.065204235,"d":"0.07"},"1_40701004_24830_161944","außerhalb GKL",{"v":0.000228788430685,"d":"0.00"},{"v":2.829213468e-06,"d":"0.00"},{"v":2.43698280752E-4,"d":"0.00"}]
[4,407,40705,{"v":6356.13441899999,"d":"6,356.13"},13275,{"v":2.088533553,"d":"2.09"},"ST",102,40705023,{"v":101.0985175,"d":"101.10"},30,1190,1220,{"v":69.89292885,"d":"69.89"},{"v":0.988126829,"d":"0.99"},{"v":1205.51473099999,"d":"1,205.51"},{"v":14.48526854,"d":"14.49"},1,"1_40705023_24925",{"v":67.3569397712,"d":"67.36"},0.963716085153,{"v":1161.77393714999,"d":"1,161.77"},{"v":0.691334854,"d":"0.69"},"1_40705023_24925_162377","F",{"v":0.0375731647024,"d":"0.04"},{"v":5.57821730471E-4,"d":"0.00"},{"v":0.648062748037,"d":"0.65"}]
[4,407,40708,{"v":1674.307027,"d":"1,674.31"},2828,{"v":1.689056997,"d":"1.69"},"G",310,40708001,{"v":430.508102104999,"d":"430.51"},79,523,602,{"v":95.62952303,"d":"95.63"},{"v":0.967661341,"d":"0.97"},{"v":582.532127199999,"d":"582.53"},{"v":19.46787277,"d":"19.47"},1,"1_40708001_24990",{"v":1.87751911007,"d":"1.88"},0.0196332581255,{"v":11.4370036197,"d":"11.44"},{"v":0.222131761,"d":"0.22"},"1_40708001_24990_162554","G",{"v":1.30762529269,"d":"1.31"},{"v":0.696464438458,"d":"0.70"},{"v":7.96546630364,"d":"7.97"}]
[4,407,40711,{"v":3246.06879799999,"d":"3,246.07"},9843,{"v":3.032283237,"d":"3.03"},"ST",102,40711004,{"v":2602.09376121,"d":"2,602.09"},222,721,943,{"v":206.207274299999,"d":"206.21"},{"v":0.988126829,"d":"0.99"},{"v":931.8035998,"d":"931.80"},{"v":11.19640019,"d":"11.20"},1,"1_40711004_25027",{"v":5.31629480491,"d":"5.32"},0.0257813155378,{"v":24.0231226257,"d":"24.02"},{"v":0.079246673,"d":"0.08"},"1_40711004_25027_162731","G",{"v":2.06924694305,"d":"2.07"},{"v":0.389227275571,"d":"0.39"},{"v":9.35045457030999,"d":"9.35"}]
[4,407,40717,{"v":5643.02530599999,"d":"5,643.03"},2802,{"v":0.496542165,"d":"0.50"},"M",420,40717000,{"v":2558.84449538999,"d":"2,558.84"},186,845,1031,{"v":123.370304,"d":"123.37"},{"v":0.954532045,"d":"0.95"},{"v":984.122538599999,"d":"984.12"},{"v":46.87746142,"d":"46.88"},1,"1_40717000_25105",{"v":31.6043029578,"d":"31.60"},0.256174313697,{"v":252.10691592,"d":"252.11"},{"v":0.048213287,"d":"0.05"},"1_40717000_25105_163030","G",{"v":0.0504361464672,"d":"0.05"},{"v":0.00159586327642,"d":"0.00"},{"v":0.402328168848,"d":"0.40"}]
[4,407,40720,{"v":4775.226219,"d":"4,775.23"},7524,{"v":1.575632159,"d":"1.58"},"M",410,40720002,{"v":1557.33139727999,"d":"1,557.33"},115,315,430,{"v":162.1720113,"d":"162.17"},{"v":0.93996673,"d":"0.94"},{"v":404.185694099999,"d":"404.19"},{"v":25.8143059199999,"d":"25.81"},1,"1_40720002_25185",{"v":1.33322535799,"d":"1.33"},0.00822105705727,{"v":3.32283365293,"d":"3.32"},{"v":0.104134555,"d":"0.10"},"1_40720002_25185_163340","außerhalb GKL",{"v":1.33322535799,"d":"1.33"},{"v":1,"d":"1.00"},{"v":3.32283365293,"d":"3.32"}]
[4,408,40802,{"v":849.388418,"d":"849.39"},4210,{"v":4.956507424,"d":"4.96"},"M",410,40802000,{"v":60.6153851199999,"d":"60.62"},69,1353,1422,{"v":42.61731882,"d":"42.62"},{"v":0.93996673,"d":"0.94"},{"v":1336.632691,"d":"1,336.63"},{"v":85.3673093299999,"d":"85.37"},1,"1_40802000_25246",{"v":42.6173188236,"d":"42.62"},1.00000000008,{"v":1336.63269110999,"d":"1,336.63"},{"v":0.703077589,"d":"0.70"},"1_40802000_25246_163517","C",{"v":14.6506520571,"d":"14.65"},{"v":0.343772261173,"d":"0.34"},{"v":459.497242581,"d":"459.50"}]
[4,408,40810,{"v":1385.522703,"d":"1,385.52"},702,{"v":0.506667988,"d":"0.51"},"G",430,40810000,{"v":1385.52270311,"d":"1,385.52"},81,51,132,{"v":78.55447866,"d":"78.55"},{"v":0.945243625,"d":"0.95"},{"v":124.7721585,"d":"124.77"},{"v":7.227841496,"d":"7.23"},1,"1_40810000_25424",{"v":13.6381401699,"d":"13.64"},0.173613782467,{"v":21.6621663837999,"d":"21.66"},{"v":0.056696638,"d":"0.06"},"1_40810000_25424_163950","außerhalb GKL",{"v":2.22342737073,"d":"2.22"},{"v":0.163030101101,"d":"0.16"},{"v":3.53158517562,"d":"3.53"}]
[4,408,40814,{"v":1819.81304,"d":"1,819.81"},1530,{"v":0.840745706,"d":"0.84"},"G",410,40814000,{"v":1819.81304002999,"d":"1,819.81"},137,259,396,{"v":160.770031499999,"d":"160.77"},{"v":0.93996673,"d":"0.94"},{"v":372.226825299999,"d":"372.23"},{"v":23.7731747499999,"d":"23.77"},1,"1_40814000_25520",{"v":1.78691465758,"d":"1.79"},0.0111147248085,{"v":4.13719872955,"d":"4.14"},{"v":0.088344257,"d":"0.09"},"1_40814000_25520_164127","außerhalb GKL",{"v":1.78691465758,"d":"1.79"},{"v":1,"d":"1.00"},{"v":4.13719872955,"d":"4.14"}]
[4,408,40820,{"v":742.988667999999,"d":"742.99"},531,{"v":0.714681156,"d":"0.71"},"G",420,40820000,{"v":742.988668025,"d":"742.99"},57,124,181,{"v":71.8089676999999,"d":"71.81"},{"v":0.954532045,"d":"0.95"},{"v":172.7703002,"d":"172.77"},{"v":8.229699823,"d":"8.23"},1,"1_40820000_25690",{"v":1.63326822261,"d":"1.63"},0.0227446275155,{"v":3.92959612379,"d":"3.93"},{"v":0.096648806,"d":"0.10"},"1_40820000_25690_164304","G",{"v":0.933472648298,"d":"0.93"},{"v":0.571536649875,"d":"0.57"},{"v":2.24590820395,"d":"2.25"}]
[4,408,40827,{"v":1982.89597699999,"d":"1,982.90"},3050,{"v":1.538154313,"d":"1.54"},"M",210,40827001,{"v":1319.25484297,"d":"1,319.25"},74,38,112,{"v":46.6828217699999,"d":"46.68"},{"v":0.980090788,"d":"0.98"},{"v":109.770168299999,"d":"109.77"},{"v":2.229831743,"d":"2.23"},1,"1_40827001_25859",{"v":3.70443137432,"d":"3.70"},0.0793532017531,{"v":8.71061431158,"d":"8.71"},{"v":0.03538575,"d":"0.04"},"1_40827001_25859_164568","außerhalb GKL",{"v":3.70443137432,"d":"3.70"},{"v":1,"d":"1.00"},{"v":8.71061431158,"d":"8.71"}]
[4,408,40832,{"v":1456.11857899999,"d":"1,456.12"},3067,{"v":2.106284505,"d":"2.11"},"M",310,40832001,{"v":1237.86043685999,"d":"1,237.86"},127,781,908,{"v":190.51078,"d":"190.51"},{"v":0.967661341,"d":"0.97"},{"v":878.636497599999,"d":"878.64"},{"v":29.3635024499999,"d":"29.36"},1,"1_40832001_25994",{"v":20.2092521123,"d":"20.21"},0.106079310117,{"v":93.2051535089999,"d":"93.21"},{"v":0.153903279,"d":"0.15"},"1_40832001_25994_164913","E",{"v":0.0143901187475,"d":"0.01"},{"v":0.000712055976517,"d":"0.00"},{"v":0.0663672865983,"d":"0.07"}]
[4,408,40835,{"v":3935.916681,"d":"3,935.92"},4650,{"v":1.181427448,"d":"1.18"},"ST",430,40835002,{"v":1107.60241203,"d":"1,107.60"},130,471,601,{"v":151.4646807,"d":"151.46"},{"v":0.945243625,"d":"0.95"},{"v":568.091418599999,"d":"568.09"},{"v":32.9085813599999,"d":"32.91"},1,"1_40835002_26070",{"v":3.18954604909,"d":"3.19"},0.0210580185054,{"v":11.9628796056,"d":"11.96"},{"v":0.136750046,"d":"0.14"},"1_40835002_26070_165090","G",{"v":0.217543488747,"d":"0.22"},{"v":0.0682051569091,"d":"0.07"},{"v":0.815930080585,"d":"0.82"}]
[4,409,40904,{"v":2277.314147,"d":"2,277.31"},1895,{"v":0.832120594,"d":"0.83"},"G",410,40904000,{"v":2277.31413258,"d":"2,277.31"},181,352,533,{"v":169.185849999999,"d":"169.19"},{"v":0.93996673,"d":"0.94"},{"v":501.0022673,"d":"501.00"},{"v":31.9977326799999,"d":"32.00"},1,"1_40904000_26186",{"v":125.761808110999,"d":"125.76"},0.74333526185,{"v":372.412651551,"d":"372.41"},{"v":0.074291837,"d":"0.07"},"1_40904000_26186_165267","G",{"v":1.35325469776,"d":"1.35"},{"v":0.0107604583465,"d":"0.01"},{"v":4.00733082472,"d":"4.01"}]
[4,409,40910,{"v":3046.55816499999,"d":"3,046.56"},2305,{"v":0.756591496,"d":"0.76"},"G",410,40910000,{"v":3046.55816529,"d":"3,046.56"},226,1168,1394,{"v":166.9965597,"d":"167.00"},{"v":0.93996673,"d":"0.94"},{"v":1310.31362199999,"d":"1,310.31"},{"v":83.68637778,"d":"83.69"},1,"1_40910000_26363",{"v":63.4812238694999,"d":"63.48"},0.380134920046,{"v":498.095963933999,"d":"498.10"},{"v":0.054814827,"d":"0.05"},"1_40910000_26363_165700","außerhalb GKL",{"v":1.19538272405,"d":"1.20"},{"v":0.0188304927219,"d":"0.02"},{"v":9.37939242367,"d":"9.38"}]
[4,409,40912,{"v":5469.581213,"d":"5,469.58"},5321,{"v":0.972834993,"d":"0.97"},"M",410,40912001,{"v":3095.94136011,"d":"3,095.94"},267,495,762,{"v":288.8448937,"d":"288.84"},{"v":0.93996673,"d":"0.94"},{"v":716.254648599999,"d":"716.25"},{"v":45.7453514099999,"d":"45.75"},1,"1_40912001_26466",{"v":0.90924224617,"d":"0.91"},3.14785639629E-3,{"v":2.25466677697,"d":"2.25"},{"v":0.093297921,"d":"0.09"},"1_40912001_26466_165877","außerhalb GKL",{"v":0.909242246171,"d":"0.91"},{"v":1,"d":"1.00"},{"v":2.25466677697,"d":"2.25"}]
[4,409,40915,{"v":6750.10445499999,"d":"6,750.10"},1912,{"v":0.283254876,"d":"0.28"},"G",430,40915000,{"v":6750.10445519,"d":"6,750.10"},192,362,554,{"v":163.4982788,"d":"163.50"},{"v":0.945243625,"d":"0.95"},{"v":523.6649683,"d":"523.66"},{"v":30.33503174,"d":"30.34"},1,"1_40915000_26642",{"v":57.1688745558,"d":"57.17"},0.349660406063,{"v":183.104905457,"d":"183.10"},{"v":0.024221592,"d":"0.02"},"1_40915000_26642_166105","D",{"v":0.000354921307203,"d":"0.00"},{"v":6.208296209e-06,"d":"0.00"},{"v":0.00113676949048,"d":"0.00"}]
[4,410,41002,{"v":3133.01356799999,"d":"3,133.01"},17092,{"v":5.45545036,"d":"5.46"},"ST",101,41002002,{"v":119.351201575,"d":"119.35"},36,123,159,{"v":55.45620865,"d":"55.46"},{"v":0.992934034,"d":"0.99"},{"v":157.876511399999,"d":"157.88"},{"v":1.123488588,"d":"1.12"},1,"1_41002002_26844",{"v":55.4562086492,"d":"55.46"},0.999999999986,{"v":157.876511397999,"d":"157.88"},{"v":0.464647259,"d":"0.46"},"1_41002002_26844_166486","C",{"v":4.3605702128,"d":"4.36"},{"v":0.0786308750456,"d":"0.08"},{"v":12.4139682403999,"d":"12.41"}]
[4,410,41002,{"v":3133.01356799999,"d":"3,133.01"},17092,{"v":5.45545036,"d":"5.46"},"ST",101,41002020,{"v":372.510221624999,"d":"372.51"},92,697,789,{"v":137.135548999999,"d":"137.14"},{"v":0.992934034,"d":"0.99"},{"v":783.424952899999,"d":"783.42"},{"v":5.575047142,"d":"5.58"},1,"1_41002020_26876",{"v":22.4576412157999,"d":"22.46"},0.163762360523,{"v":128.295519579999,"d":"128.30"},{"v":0.368139023,"d":"0.37"},"1_41002020_26876_166663","G",{"v":0.0227222056254,"d":"0.02"},{"v":0.0010117805965,"d":"0.00"},{"v":0.129806917329,"d":"0.13"}]
[4,410,41005,{"v":3303.859448,"d":"3,303.86"},11940,{"v":3.61395519,"d":"3.61"},"ST",103,41005001,{"v":32.6518069999999,"d":"32.65"},74,463,537,{"v":32.30657045,"d":"32.31"},{"v":0.991139192,"d":"0.99"},{"v":532.241745899999,"d":"532.24"},{"v":4.758254069,"d":"4.76"},1,"1_41005001_26942",{"v":32.3065704532999,"d":"32.31"},1.0000000001,{"v":532.241745952999,"d":"532.24"},{"v":0.989426725,"d":"0.99"},"1_41005001_26942_166840","F",{"v":1.25931068583E-3,"d":"0.00"},{"v":3.898001763e-05,"d":"0.00"},{"v":0.0207467926406,"d":"0.02"}]
[4,410,41008,{"v":1389.88612899999,"d":"1,389.89"},1948,{"v":1.401553667,"d":"1.40"},"G",310,41008000,{"v":1389.88612858,"d":"1,389.89"},100,219,319,{"v":155.812557999999,"d":"155.81"},{"v":0.967661341,"d":"0.97"},{"v":308.6839678,"d":"308.68"},{"v":10.3160322499999,"d":"10.32"},1,"1_41008000_27079",{"v":0.858985502047,"d":"0.86"},0.00551294140262,{"v":1.70175662641,"d":"1.70"},{"v":0.112104549,"d":"0.11"},"1_41008000_27079_167273","F",{"v":0.858985502048,"d":"0.86"},{"v":1,"d":"1.00"},{"v":1.70175662641,"d":"1.70"}]
[4,410,41010,{"v":1589.226605,"d":"1,589.23"},2435,{"v":1.532191817,"d":"1.53"},"G",310,41010000,{"v":1589.22660494999,"d":"1,589.23"},155,346,501,{"v":216.216620699999,"d":"216.22"},{"v":0.967661341,"d":"0.97"},{"v":484.7983318,"d":"484.80"},{"v":16.2016682,"d":"16.20"},1,"1_41010000_27205",{"v":0.783655843683,"d":"0.78"},0.00362440149673,{"v":1.75710379939,"d":"1.76"},{"v":0.136051473,"d":"0.14"},"1_41010000_27205_167450","G",{"v":0.52683009222,"d":"0.53"},{"v":0.672272269092,"d":"0.67"},{"v":1.18125215825,"d":"1.18"}]
[4,410,41012,{"v":2403.07490599999,"d":"2,403.07"},28929,{"v":12.03832637,"d":"12.04"},"ST",101,41012011,{"v":78.34953283,"d":"78.35"},56,1116,1172,{"v":40.6749428099999,"d":"40.67"},{"v":0.992934034,"d":"0.99"},{"v":1163.71868799999,"d":"1,163.72"},{"v":8.281312104,"d":"8.28"},1,"1_41012011_27248",{"v":1.97025251248,"d":"1.97"},0.048438974375,{"v":56.3693397077,"d":"56.37"},{"v":0.519147228,"d":"0.52"},"1_41012011_27248_167642","E",{"v":0.369291918957,"d":"0.37"},{"v":0.187433801819,"d":"0.19"},{"v":10.5655196474,"d":"10.57"}]
[4,410,41012,{"v":2403.07490599999,"d":"2,403.07"},28929,{"v":12.03832637,"d":"12.04"},"ST",101,41012050,{"v":80.6817849199999,"d":"80.68"},61,1612,1673,{"v":52.7990402499999,"d":"52.80"},{"v":0.992934034,"d":"0.99"},{"v":1661.17863899999,"d":"1,661.18"},{"v":11.82136105,"d":"11.82"},1,"1_41012050_27268",{"v":35.8387764093999,"d":"35.84"},0.67877704291,{"v":1127.56992433,"d":"1,127.57"},{"v":0.654410909,"d":"0.65"},"1_41012050_27268_167803","D",{"v":0.090088832349,"d":"0.09"},{"v":0.00251372511494,"d":"0.00"},{"v":2.83440083764,"d":"2.83"}]
[4,410,41014,{"v":1796.43756699999,"d":"1,796.44"},6637,{"v":3.694534183,"d":"3.69"},"M",310,41014001,{"v":124.295005075,"d":"124.30"},75,379,454,{"v":104.5884948,"d":"104.59"},{"v":0.967661341,"d":"0.97"},{"v":439.318248799999,"d":"439.32"},{"v":14.68175122,"d":"14.68"},1,"1_41014001_27410",{"v":104.588494818,"d":"104.59"},1.00000000017,{"v":439.318248874999,"d":"439.32"},{"v":0.841453723,"d":"0.84"},"1_41014001_27410_168236","D",{"v":3.46281650998,"d":"3.46"},{"v":0.03310896209,"d":"0.03"},{"v":14.5453712474,"d":"14.55"}]
[4,410,41015,{"v":2077.817065,"d":"2,077.82"},2108,{"v":1.014526272,"d":"1.01"},"G",310,41015000,{"v":2077.81706509,"d":"2,077.82"},191,314,505,{"v":217.603536899999,"d":"217.60"},{"v":0.967661341,"d":"0.97"},{"v":488.668977199999,"d":"488.67"},{"v":16.3310228399999,"d":"16.33"},1,"1_41015000_27523",{"v":0.520326461409,"d":"0.52"},0.0023911672982,{"v":1.16848927793,"d":"1.17"},{"v":0.104726995,"d":"0.10"},"1_41015000_27523_168413","außerhalb GKL",{"v":0.520326461408,"d":"0.52"},{"v":0.999999999998,"d":"1.00"},{"v":1.16848927793,"d":"1.17"}]
[4,410,41017,{"v":1247.117592,"d":"1,247.12"},7629,{"v":6.117306056,"d":"6.12"},"G",101,41017001,{"v":461.933615874999,"d":"461.93"},81,6275,6356,{"v":141.949994299999,"d":"141.95"},{"v":0.992934034,"d":"0.99"},{"v":6311.08871999999,"d":"6,311.09"},{"v":44.9112796399999,"d":"44.91"},1,"1_41017001_27595",{"v":113.630088599,"d":"113.63"},0.800493787684,{"v":5051.98731388,"d":"5,051.99"},{"v":0.307295225,"d":"0.31"},"1_41017001_27595_168590","E",{"v":9.01052423982,"d":"9.01"},{"v":0.0792969921164,"d":"0.08"},{"v":400.607398201,"d":"400.61"}]
[4,410,41020,{"v":3759.124409,"d":"3,759.12"},4828,{"v":1.284341638,"d":"1.28"},"G",310,41020001,{"v":2352.26860068999,"d":"2,352.27"},131,99,230,{"v":165.545856799999,"d":"165.55"},{"v":0.967661341,"d":"0.97"},{"v":222.5621084,"d":"222.56"},{"v":7.437891589,"d":"7.44"},1,"1_41020001_27758",{"v":0.719842168071,"d":"0.72"},0.00434829467789,{"v":0.967765631456,"d":"0.97"},{"v":0.070377106,"d":"0.07"},"1_41020001_27758_168923","außerhalb GKL",{"v":0.705668193286,"d":"0.71"},{"v":0.980309607559,"d":"0.98"},{"v":0.948709946382,"d":"0.95"}]
[4,410,41021,{"v":1548.79343799999,"d":"1,548.79"},24756,{"v":15.98405533,"d":"15.98"},"ST",101,41021023,{"v":88.0098054999999,"d":"88.01"},79,1303,1382,{"v":37.31345711,"d":"37.31"},{"v":0.992934034,"d":"0.99"},{"v":1372.23483499999,"d":"1,372.23"},{"v":9.765164956,"d":"9.77"},1,"1_41021023_27855",{"v":37.3134571140999,"d":"37.31"},1.00000000011,{"v":1372.23483514999,"d":"1,372.23"},{"v":0.423969317,"d":"0.42"},"1_41021023_27855_169199","B",{"v":9.42430853621,"d":"9.42"},{"v":0.252571304433,"d":"0.25"},{"v":346.587142302,"d":"346.59"}]
[4,410,41022,{"v":2998.87870599999,"d":"2,998.88"},5919,{"v":1.973737714,"d":"1.97"},"M",310,41022002,{"v":752.344120204999,"d":"752.34"},154,162,316,{"v":152.0666419,"d":"152.07"},{"v":0.967661341,"d":"0.97"},{"v":305.780983699999,"d":"305.78"},{"v":10.2190162699999,"d":"10.22"},1,"1_41022002_27889",{"v":81.8604322672999,"d":"81.86"},0.53831945813,{"v":164.607853452,"d":"164.61"},{"v":0.202123786,"d":"0.20"},"1_41022002_27889_169376","D",{"v":4.98554830149,"d":"4.99"},{"v":0.0609030292585,"d":"0.06"},{"v":10.025116915,"d":"10.03"}]
[4,411,41108,{"v":3989.75720799999,"d":"3,989.76"},2291,{"v":0.574220405,"d":"0.57"},"M",410,41108000,{"v":1464.58246278999,"d":"1,464.58"},126,446,572,{"v":155.679155199999,"d":"155.68"},{"v":0.93996673,"d":"0.94"},{"v":537.660969799999,"d":"537.66"},{"v":34.33903019,"d":"34.34"},1,"1_41108000_28096",{"v":1.39974563746,"d":"1.40"},0.00899122066575,{"v":4.83422842283,"d":"4.83"},{"v":0.10629593,"d":"0.11"},"1_41108000_28096_169809","außerhalb GKL",{"v":1.39974563746,"d":"1.40"},{"v":1,"d":"1.00"},{"v":4.83422842283,"d":"4.83"}]
[4,411,41109,{"v":1231.75683699999,"d":"1,231.76"},2502,{"v":2.031245067,"d":"2.03"},"G",310,41109001,{"v":255.605765819999,"d":"255.61"},50,393,443,{"v":83.16754776,"d":"83.17"},{"v":0.967661341,"d":"0.97"},{"v":428.673973999999,"d":"428.67"},{"v":14.32602597,"d":"14.33"},1,"1_41109001_28228",{"v":77.3380526288,"d":"77.34"},0.929906612757,{"v":398.626763138999,"d":"398.63"},{"v":0.325374302,"d":"0.33"},"1_41109001_28228_169986","E",{"v":2.70310890931,"d":"2.70"},{"v":0.0349518615666,"d":"0.03"},{"v":13.932747442,"d":"13.93"}]
[4,411,41111,{"v":1402.798749,"d":"1,402.80"},4924,{"v":3.510125742,"d":"3.51"},"M",310,41111002,{"v":917.813990295,"d":"917.81"},115,1353,1468,{"v":163.9757514,"d":"163.98"},{"v":0.967661341,"d":"0.97"},{"v":1420.52684799999,"d":"1,420.53"},{"v":47.47315153,"d":"47.47"},1,"1_41111002_28288",{"v":7.58032730247,"d":"7.58"},0.0462283431407,{"v":65.6686025699,"d":"65.67"},{"v":0.178659024,"d":"0.18"},"1_41111002_28288_170163","G",{"v":0.033465364433,"d":"0.03"},{"v":0.00441476510151,"d":"0.00"},{"v":0.289911454891,"d":"0.29"}]
[4,411,41114,{"v":3512.60097899999,"d":"3,512.60"},3708,{"v":1.055628015,"d":"1.06"},"M",410,41114002,{"v":1489.67732943999,"d":"1,489.68"},112,893,1005,{"v":156.5897252,"d":"156.59"},{"v":0.93996673,"d":"0.94"},{"v":944.666564099999,"d":"944.67"},{"v":60.3334359199999,"d":"60.33"},1,"1_41114002_28480",{"v":0.52876021373,"d":"0.53"},3.37672355613E-3,{"v":3.18987783968,"d":"3.19"},{"v":0.105116539,"d":"0.11"},"1_41114002_28480_170460","G",{"v":0.52876021373,"d":"0.53"},{"v":1,"d":"1.00"},{"v":3.18987783968,"d":"3.19"}]
[4,411,41116,{"v":2646.01932399999,"d":"2,646.02"},8837,{"v":3.339733736,"d":"3.34"},"ST",210,41116004,{"v":280.996314439999,"d":"281.00"},90,1936,2026,{"v":122.0035203,"d":"122.00"},{"v":0.980090788,"d":"0.98"},{"v":1985.66393599999,"d":"1,985.66"},{"v":40.3360635,"d":"40.34"},1,"1_41116004_28623",{"v":121.083147197,"d":"121.08"},0.992456175849,{"v":1970.68443643999,"d":"1,970.68"},{"v":0.434181923,"d":"0.43"},"1_41116004_28623_170772","E",{"v":9.77273084001999,"d":"9.77"},{"v":0.0807109087123,"d":"0.08"},{"v":159.05573165,"d":"159.06"}]
[4,411,41118,{"v":3263.4279,"d":"3,263.43"},4307,{"v":1.319777894,"d":"1.32"},"M",310,41118001,{"v":2538.52483273,"d":"2,538.52"},186,99,285,{"v":149.5649931,"d":"149.56"},{"v":0.967661341,"d":"0.97"},{"v":275.783482199999,"d":"275.78"},{"v":9.216517839,"d":"9.22"},1,"1_41118001_28726",{"v":0.579847792914,"d":"0.58"},3.87689512697E-3,{"v":1.06918363824,"d":"1.07"},{"v":0.058918074,"d":"0.06"},"1_41118001_28726_170949","außerhalb GKL",{"v":0.579847792913,"d":"0.58"},{"v":0.999999999998,"d":"1.00"},{"v":1.06918363824,"d":"1.07"}]
[4,411,41123,{"v":1899.806064,"d":"1,899.81"},1756,{"v":0.924304872,"d":"0.92"},"M",410,41123000,{"v":1899.80606366999,"d":"1,899.81"},129,270,399,{"v":124.929013999999,"d":"124.93"},{"v":0.93996673,"d":"0.94"},{"v":375.0467254,"d":"375.05"},{"v":23.95327456,"d":"23.95"},1,"1_41123000_28888",{"v":0.886783711189,"d":"0.89"},0.00709830072932,{"v":2.66219444444,"d":"2.66"},{"v":0.065758825,"d":"0.07"},"1_41123000_28888_171126","C",{"v":0.139533153608,"d":"0.14"},{"v":0.157347447689,"d":"0.16"},{"v":0.418889501084,"d":"0.42"}]
[4,412,41204,{"v":4043.08743599999,"d":"4,043.09"},3470,{"v":0.858254998,"d":"0.86"},"M",410,41204000,{"v":229.31427654,"d":"229.31"},82,631,713,{"v":101.294821499999,"d":"101.29"},{"v":0.93996673,"d":"0.94"},{"v":670.196278799999,"d":"670.20"},{"v":42.8037211999999,"d":"42.80"},1,"1_41204000_29045",{"v":101.294821458,"d":"101.29"},0.999999999585,{"v":670.196278521999,"d":"670.20"},{"v":0.441729242,"d":"0.44"},"1_41204000_29045_171559","außerhalb GKL",{"v":6.1105328291,"d":"6.11"},{"v":0.0603242371243,"d":"0.06"},{"v":40.4290792254,"d":"40.43"}]
[4,412,41211,{"v":1024.747292,"d":"1,024.75"},724,{"v":0.706515651,"d":"0.71"},"G",310,41211000,{"v":1024.43525748,"d":"1,024.44"},75,165,240,{"v":64.81409924,"d":"64.81"},{"v":0.967661341,"d":"0.97"},{"v":232.2387218,"d":"232.24"},{"v":7.76127818,"d":"7.76"},1,"1_41211000_29173",{"v":0.725753708176,"d":"0.73"},0.0111974665495,{"v":2.60048531885,"d":"2.60"},{"v":0.063268126,"d":"0.06"},"1_41211000_29173_171736","G",{"v":0.725753708175,"d":"0.73"},{"v":0.999999999999,"d":"1.00"},{"v":2.60048531885,"d":"2.60"}]
[4,412,41215,{"v":2957.817954,"d":"2,957.82"},2354,{"v":0.795856958,"d":"0.80"},"M",410,41215001,{"v":2289.85975860999,"d":"2,289.86"},141,212,353,{"v":105.1999651,"d":"105.20"},{"v":0.93996673,"d":"0.94"},{"v":331.808255799999,"d":"331.81"},{"v":21.1917441599999,"d":"21.19"},1,"1_41215001_29326",{"v":22.1276696942,"d":"22.13"},0.210339135314,{"v":69.792261615,"d":"69.79"},{"v":0.045941663,"d":"0.05"},"1_41215001_29326_171998","G",{"v":17.7736062104,"d":"17.77"},{"v":0.803229913318,"d":"0.80"},{"v":56.0592322473,"d":"56.06"}]
[4,412,41225,{"v":678.6224736,"d":"678.62"},12220,{"v":18.00706649,"d":"18.01"},"ST",103,41225017,{"v":96.7073148,"d":"96.71"},24,61,85,{"v":49.5413542599999,"d":"49.54"},{"v":0.991139192,"d":"0.99"},{"v":84.24683129,"d":"84.25"},{"v":0.753168707,"d":"0.75"},1,"1_41225017_29439",{"v":37.2239208676,"d":"37.22"},0.751370676551,{"v":63.3005986236,"d":"63.30"},{"v":0.512281355,"d":"0.51"},"1_41225017_29439_172345","außerhalb GKL",{"v":0.17443227324,"d":"0.17"},{"v":0.00468602632862,"d":"0.00"},{"v":0.296628271768,"d":"0.30"}]
[4,412,41231,{"v":3447.12227299999,"d":"3,447.12"},2416,{"v":0.700874471,"d":"0.70"},"M",410,41231000,{"v":1774.70981037,"d":"1,774.71"},99,35,134,{"v":109.498253599999,"d":"109.50"},{"v":0.93996673,"d":"0.94"},{"v":125.9555419,"d":"125.96"},{"v":8.044458122,"d":"8.04"},1,"1_41231000_29521",{"v":1.37122803504,"d":"1.37"},0.0125228301818,{"v":1.57731986167,"d":"1.58"},{"v":0.061699244,"d":"0.06"},"1_41231000_29521_172522","außerhalb GKL",{"v":1.17653680478,"d":"1.18"},{"v":0.858016883199,"d":"0.86"},{"v":1.35336707152,"d":"1.35"}]
[4,412,41233,{"v":2033.62534299999,"d":"2,033.63"},1587,{"v":0.780379732,"d":"0.78"},"G",310,41233000,{"v":2033.62534292999,"d":"2,033.63"},129,347,476,{"v":143.9654792,"d":"143.97"},{"v":0.967661341,"d":"0.97"},{"v":460.606798299999,"d":"460.61"},{"v":15.39320172,"d":"15.39"},1,"1_41233000_29642",{"v":0.628665470833,"d":"0.63"},0.00436677927463,{"v":2.01136822057,"d":"2.01"},{"v":0.070792528,"d":"0.07"},"1_41233000_29642_172699","außerhalb GKL",{"v":0.628665470834,"d":"0.63"},{"v":1,"d":"1.00"},{"v":2.01136822057,"d":"2.01"}]
[4,414,41412,{"v":533.3454827,"d":"533.35"},324,{"v":0.607486161,"d":"0.61"},"G",410,41412000,{"v":533.34548269,"d":"533.35"},34,8,42,{"v":27.76660301,"d":"27.77"},{"v":0.93996673,"d":"0.94"},{"v":39.47860268,"d":"39.48"},{"v":2.521397322,"d":"2.52"},1,"1_41412000_30937",{"v":2.05303599347,"d":"2.05"},0.0739390408229,{"v":2.91901001519,"d":"2.92"},{"v":0.052061195,"d":"0.05"},"1_41412000_30937_173132","außerhalb GKL",{"v":2.05303599347,"d":"2.05"},{"v":1,"d":"1.00"},{"v":2.91901001519,"d":"2.92"}]
[4,414,41421,{"v":1451.15215199999,"d":"1,451.15"},1103,{"v":0.760085701,"d":"0.76"},"G",430,41421000,{"v":1451.15215188,"d":"1,451.15"},81,388,469,{"v":159.907574199999,"d":"159.91"},{"v":0.945243625,"d":"0.95"},{"v":443.3192601,"d":"443.32"},{"v":25.6807398599999,"d":"25.68"},1,"1_41421000_31324",{"v":84.8863511359,"d":"84.89"},0.530846343962,{"v":235.334408432,"d":"235.33"},{"v":0.110193527,"d":"0.11"},"1_41421000_31324_173309","außerhalb GKL",{"v":0.00914211576058,"d":"0.01"},{"v":1.07698300589E-4,"d":"0.00"},{"v":0.0253451158582,"d":"0.03"}]
[4,415,41502,{"v":2192.273998,"d":"2,192.27"},2312,{"v":1.0546127,"d":"1.05"},"G",310,41502000,{"v":2192.27399813,"d":"2,192.27"},215,228,443,{"v":185.5675688,"d":"185.57"},{"v":0.967661341,"d":"0.97"},{"v":428.673973999999,"d":"428.67"},{"v":14.32602597,"d":"14.33"},1,"1_41502000_31714",{"v":8.23737357253,"d":"8.24"},0.04439015732,{"v":19.0289051448,"d":"19.03"},{"v":0.084646157,"d":"0.08"},"1_41502000_31714_173535","F",{"v":5.02810945819,"d":"5.03"},{"v":0.610402018789,"d":"0.61"},{"v":11.6152821156999,"d":"11.62"}]
[4,415,41506,{"v":5328.752121,"d":"5,328.75"},6640,{"v":1.246070346,"d":"1.25"},"M",102,41506003,{"v":2840.86650898,"d":"2,840.87"},132,76,208,{"v":104.619160399999,"d":"104.62"},{"v":0.988126829,"d":"0.99"},{"v":205.5303804,"d":"205.53"},{"v":2.469619555,"d":"2.47"},1,"1_41506003_31854",{"v":1.39999075777,"d":"1.40"},0.0133817816203,{"v":2.75036266685,"d":"2.75"},{"v":0.036826496,"d":"0.04"},"1_41506003_31854_173918","außerhalb GKL",{"v":1.39999075777,"d":"1.40"},{"v":1,"d":"1.00"},{"v":2.75036266685,"d":"2.75"}]
[4,415,41510,{"v":4586.723342,"d":"4,586.72"},1614,{"v":0.351885187,"d":"0.35"},"G",310,41510000,{"v":4586.72331137,"d":"4,586.72"},205,119,324,{"v":55.4609050199999,"d":"55.46"},{"v":0.967661341,"d":"0.97"},{"v":313.522274499999,"d":"313.52"},{"v":10.47772554,"d":"10.48"},1,"1_41510000_31939",{"v":34.5680344132999,"d":"34.57"},0.62328651869,{"v":195.414207005,"d":"195.41"},{"v":0.012091618,"d":"0.01"},"1_41510000_31939_174095","G",{"v":0.0175207695364,"d":"0.02"},{"v":5.06848880296E-4,"d":"0.00"},{"v":0.0990454720144,"d":"0.10"}]
[4,415,41514,{"v":3909.44009099999,"d":"3,909.44"},3043,{"v":0.778372332,"d":"0.78"},"G",310,41514000,{"v":1746.51679478999,"d":"1,746.52"},203,582,785,{"v":161.7809085,"d":"161.78"},{"v":0.967661341,"d":"0.97"},{"v":759.6141526,"d":"759.61"},{"v":25.38584738,"d":"25.39"},1,"1_41514000_32027",{"v":76.2274430342999,"d":"76.23"},0.471176999444,{"v":357.912717156999,"d":"357.91"},{"v":0.092630606,"d":"0.09"},"1_41514000_32027_174272","F",{"v":0.288100773035,"d":"0.29"},{"v":3.77948887654E-3,"d":"0.00"},{"v":1.35272713327,"d":"1.35"}]
[4,415,41518,{"v":2655.373477,"d":"2,655.37"},2230,{"v":0.839806535,"d":"0.84"},"G",410,41518000,{"v":1054.91948015,"d":"1,054.92"},110,459,569,{"v":106.689155499999,"d":"106.69"},{"v":0.93996673,"d":"0.94"},{"v":534.841069599999,"d":"534.84"},{"v":34.15893039,"d":"34.16"},1,"1_41518000_32212",{"v":1.45518922715,"d":"1.46"},0.0136395233455,{"v":7.29497725494,"d":"7.29"},{"v":0.10113488,"d":"0.10"},"1_41518000_32212_174705","G",{"v":0.780747497826,"d":"0.78"},{"v":0.536526441551,"d":"0.54"},{"v":3.91394818779,"d":"3.91"}]
[4,415,41522,{"v":22373.36084,"d":"22,373.36"},4143,{"v":0.185175577,"d":"0.19"},"M",430,41522000,{"v":120.638070475,"d":"120.64"},65,437,502,{"v":67.77951661,"d":"67.78"},{"v":0.945243625,"d":"0.95"},{"v":474.512299799999,"d":"474.51"},{"v":27.4877002399999,"d":"27.49"},1,"1_41522000_32308",{"v":63.7190406173,"d":"63.72"},0.940092874724,{"v":446.085632010999,"d":"446.09"},{"v":0.561841849,"d":"0.56"},"1_41522000_32308_174882","G",{"v":23.6117750862,"d":"23.61"},{"v":0.370560743813,"d":"0.37"},{"v":165.301823602,"d":"165.30"}]
[4,416,41602,{"v":3631.57175,"d":"3,631.57"},4672,{"v":1.286495303,"d":"1.29"},"M",310,41602001,{"v":1558.05265587,"d":"1,558.05"},193,87,280,{"v":160.563929999999,"d":"160.56"},{"v":0.967661341,"d":"0.97"},{"v":270.9451755,"d":"270.95"},{"v":9.054824543,"d":"9.05"},1,"1_41602001_32555",{"v":1.08884620031,"d":"1.09"},0.00678138732846,{"v":1.83738417984,"d":"1.84"},{"v":0.103054238,"d":"0.10"},"1_41602001_32555_175072","außerhalb GKL",{"v":1.08884620031,"d":"1.09"},{"v":1,"d":"1.00"},{"v":1.83738417984,"d":"1.84"}]
[4,416,41605,{"v":4098.677576,"d":"4,098.68"},8840,{"v":2.156793218,"d":"2.16"},"G",310,41605002,{"v":1155.45790314999,"d":"1,155.46"},114,436,550,{"v":129.3418669,"d":"129.34"},{"v":0.967661341,"d":"0.97"},{"v":532.213737499999,"d":"532.21"},{"v":17.7862624999999,"d":"17.79"},1,"1_41605002_32664",{"v":44.2856321535,"d":"44.29"},0.342392090163,{"v":182.225773995999,"d":"182.23"},{"v":0.111939921,"d":"0.11"},"1_41605002_32664_175235","C",{"v":0.79773973658,"d":"0.80"},{"v":0.0180135113306,"d":"0.02"},{"v":3.2825260446,"d":"3.28"}]
[4,416,41609,{"v":4023.16379499999,"d":"4,023.16"},5114,{"v":1.2711389,"d":"1.27"},"M",310,41609000,{"v":159.00437216,"d":"159.00"},107,519,626,{"v":95.2995707799999,"d":"95.30"},{"v":0.967661341,"d":"0.97"},{"v":605.755999399999,"d":"605.76"},{"v":20.2440005899999,"d":"20.24"},1,"1_41609000_32800",{"v":94.1956779892999,"d":"94.20"},0.988416602702,{"v":598.739286992999,"d":"598.74"},{"v":0.599351889,"d":"0.60"},"1_41609000_32800_175668","außerhalb GKL",{"v":0.0175194427396,"d":"0.02"},{"v":1.85989878873E-4,"d":"0.00"},{"v":0.111359447464,"d":"0.11"}]
[4,416,41617,{"v":1172.76011599999,"d":"1,172.76"},4738,{"v":4.040041893,"d":"4.04"},"M",310,41617000,{"v":19.8050631999999,"d":"19.81"},85,480,565,{"v":19.4586716799999,"d":"19.46"},{"v":0.967661341,"d":"0.97"},{"v":546.7286576,"d":"546.73"},{"v":18.27134238,"d":"18.27"},1,"1_41617000_33094",{"v":19.4586716799,"d":"19.46"},0.999999999995,{"v":546.728657597,"d":"546.73"},{"v":0.982509951,"d":"0.98"},"1_41617000_33094_175845","E",{"v":4.64408576548,"d":"4.64"},{"v":0.238664069258,"d":"0.24"},{"v":130.484486201999,"d":"130.48"}]
[4,416,41618,{"v":817.695877799999,"d":"817.70"},4477,{"v":5.475140723,"d":"5.48"},"G",101,41618001,{"v":717.20604028,"d":"717.21"},162,143,305,{"v":131.748986099999,"d":"131.75"},{"v":0.992934034,"d":"0.99"},{"v":302.8448804,"d":"302.84"},{"v":2.155119618,"d":"2.16"},1,"1_41618001_33149",{"v":0.725514998824,"d":"0.73"},0.0055067975876,{"v":1.6677054568,"d":"1.67"},{"v":0.183697541,"d":"0.18"},"1_41618001_33149_176022","außerhalb GKL",{"v":0.725514998824,"d":"0.73"},{"v":1,"d":"1.00"},{"v":1.6677054568,"d":"1.67"}]
[4,417,41701,{"v":2056.20565299999,"d":"2,056.21"},3382,{"v":1.644777114,"d":"1.64"},"M",310,41701002,{"v":103.927469099999,"d":"103.93"},18,30,48,{"v":41.75509198,"d":"41.76"},{"v":0.967661341,"d":"0.97"},{"v":46.44774436,"d":"46.45"},{"v":1.552255636,"d":"1.55"},1,"1_41701002_33433",{"v":37.3048635955,"d":"37.30"},0.893420702159,{"v":41.4973763798,"d":"41.50"},{"v":0.401771469,"d":"0.40"},"1_41701002_33433_176455","G",{"v":1.03334462801,"d":"1.03"},{"v":0.0276999974913,"d":"0.03"},{"v":1.14947722162,"d":"1.15"}]
[4,417,41703,{"v":1232.562384,"d":"1,232.56"},9100,{"v":7.382993445,"d":"7.38"},"ST",102,41703005,{"v":471.232041489999,"d":"471.23"},58,1633,1691,{"v":130.6988756,"d":"130.70"},{"v":0.988126829,"d":"0.99"},{"v":1670.92246799999,"d":"1,670.92"},{"v":20.0775320499999,"d":"20.08"},1,"1_41703005_33457",{"v":130.019720143999,"d":"130.02"},0.994803662596,{"v":1662.23979108,"d":"1,662.24"},{"v":0.277355664,"d":"0.28"},"1_41703005_33457_176610","E",{"v":6.88487943708,"d":"6.88"},{"v":0.052952578497,"d":"0.05"},{"v":88.019883018,"d":"88.02"}]
[4,417,41709,{"v":4855.12100999999,"d":"4,855.12"},4900,{"v":1.00924364,"d":"1.01"},"M",410,41709001,{"v":2102.95058147999,"d":"2,102.95"},131,126,257,{"v":124.9420625,"d":"124.94"},{"v":0.93996673,"d":"0.94"},{"v":241.571449699999,"d":"241.57"},{"v":15.42855028,"d":"15.43"},1,"1_41709001_33562",{"v":0.578155998155,"d":"0.58"},0.00462739278179,{"v":1.11784598263,"d":"1.12"},{"v":0.059412743,"d":"0.06"},"1_41709001_33562_176808","außerhalb GKL",{"v":0.578155998155,"d":"0.58"},{"v":1,"d":"1.00"},{"v":1.11784598263,"d":"1.12"}]
[4,417,41713,{"v":888.7706467,"d":"888.77"},5219,{"v":5.872156128,"d":"5.87"},"M",102,41713003,{"v":58.037670845,"d":"58.04"},23,169,192,{"v":23.21216494,"d":"23.21"},{"v":0.988126829,"d":"0.99"},{"v":189.7203512,"d":"189.72"},{"v":2.27964882,"d":"2.28"},1,"1_41713003_33772",{"v":12.7641896113,"d":"12.76"},0.549892250219,{"v":104.325750834,"d":"104.33"},{"v":0.399949974,"d":"0.40"},"1_41713003_33772_177241","C",{"v":0.0128079997319,"d":"0.01"},{"v":0.00100343226808,"d":"0.00"},{"v":0.104683824779,"d":"0.10"}]
[4,417,41716,{"v":2359.01052799999,"d":"2,359.01"},2622,{"v":1.111482958,"d":"1.11"},"G",410,41716001,{"v":1235.25533883999,"d":"1,235.26"},83,32,115,{"v":94.8135595499999,"d":"94.81"},{"v":0.93996673,"d":"0.94"},{"v":108.096174,"d":"108.10"},{"v":6.903826001,"d":"6.90"},1,"1_41716001_33830",{"v":0.776839626837,"d":"0.78"},0.0081933389119,{"v":0.885668588662,"d":"0.89"},{"v":0.076756243,"d":"0.08"},"1_41716001_33830_177418","außerhalb GKL",{"v":0.776839626836,"d":"0.78"},{"v":0.999999999999,"d":"1.00"},{"v":0.885668588661,"d":"0.89"}]
[4,417,41722,{"v":3028.109413,"d":"3,028.11"},3911,{"v":1.291564956,"d":"1.29"},"M",310,41722001,{"v":503.290348484999,"d":"503.29"},53,55,108,{"v":76.09645797,"d":"76.10"},{"v":0.967661341,"d":"0.97"},{"v":104.507424799999,"d":"104.51"},{"v":3.492575181,"d":"3.49"},1,"1_41722001_33959",{"v":0.921337723736,"d":"0.92"},0.0121074981453,{"v":1.26532345194,"d":"1.27"},{"v":0.151197928,"d":"0.15"},"1_41722001_33959_177595","außerhalb GKL",{"v":0.921337723736,"d":"0.92"},{"v":1,"d":"1.00"},{"v":1.26532345194,"d":"1.27"}]
[4,417,41731,{"v":3392.709925,"d":"3,392.71"},6691,{"v":1.972169784,"d":"1.97"},"M",102,41731002,{"v":233.503898819999,"d":"233.50"},47,181,228,{"v":85.35241965,"d":"85.35"},{"v":0.988126829,"d":"0.99"},{"v":225.292916999999,"d":"225.29"},{"v":2.707082974,"d":"2.71"},1,"1_41731002_34082",{"v":29.9188365754,"d":"29.92"},0.350532963191,{"v":78.972593782,"d":"78.97"},{"v":0.365528884,"d":"0.37"},"1_41731002_34082_177890","E",{"v":1.92013254442,"d":"1.92"},{"v":0.0641780484873,"d":"0.06"},{"v":5.06830695291,"d":"5.07"}]
[4,417,41737,{"v":2319.128356,"d":"2,319.13"},3480,{"v":1.500563775,"d":"1.50"},"M",102,41737001,{"v":516.81667611,"d":"516.82"},64,187,251,{"v":57.63251515,"d":"57.63"},{"v":0.988126829,"d":"0.99"},{"v":248.019834099999,"d":"248.02"},{"v":2.980165905,"d":"2.98"},1,"1_41737001_34259",{"v":57.6325151463,"d":"57.63"},0.999999999936,{"v":248.019834083999,"d":"248.02"},{"v":0.111514426,"d":"0.11"},"1_41737001_34259_178204","G",{"v":0.0152154688602,"d":"0.02"},{"v":2.64008412987E-4,"d":"0.00"},{"v":0.0654793227858,"d":"0.07"}]
[4,417,41739,{"v":2374.61299199999,"d":"2,374.61"},5669,{"v":2.387336386,"d":"2.39"},"M",102,41739004,{"v":178.043743914999,"d":"178.04"},54,412,466,{"v":91.20299402,"d":"91.20"},{"v":0.988126829,"d":"0.99"},{"v":460.4671023,"d":"460.47"},{"v":5.532897657,"d":"5.53"},1,"1_41739004_34313",{"v":54.2929248654999,"d":"54.29"},0.595297615488,{"v":274.114968009999,"d":"274.11"},{"v":0.512250484,"d":"0.51"},"1_41739004_34313_178381","außerhalb GKL",{"v":0.26940096053,"d":"0.27"},{"v":4.96199018928E-3,"d":"0.00"},{"v":1.360155782,"d":"1.36"}]
[4,417,41743,{"v":1813.162096,"d":"1,813.16"},5854,{"v":3.22861371,"d":"3.23"},"M",102,41743003,{"v":568.335271939999,"d":"568.34"},53,406,459,{"v":82.8970474599999,"d":"82.90"},{"v":0.988126829,"d":"0.99"},{"v":453.550214499999,"d":"453.55"},{"v":5.44978546,"d":"5.45"},1,"1_41743003_34473",{"v":0.905451592854,"d":"0.91"},0.0109226036463,{"v":4.95394922668,"d":"4.95"},{"v":0.14585941,"d":"0.15"},"1_41743003_34473_178558","außerhalb GKL",{"v":0.905451592854,"d":"0.91"},{"v":1,"d":"1.00"},{"v":4.95394922668,"d":"4.95"}]
[4,417,41747,{"v":2743.83429699999,"d":"2,743.83"},5108,{"v":1.861628454,"d":"1.86"},"M",410,41747002,{"v":1570.86582733999,"d":"1,570.87"},137,388,525,{"v":151.9290493,"d":"151.93"},{"v":0.93996673,"d":"0.94"},{"v":493.482533499999,"d":"493.48"},{"v":31.5174665199999,"d":"31.52"},1,"1_41747002_34578",{"v":0.693713291722,"d":"0.69"},0.00456603457284,{"v":2.25325830905,"d":"2.25"},{"v":0.096716758,"d":"0.10"},"1_41747002_34578_178991","E",{"v":0.0357760139862,"d":"0.04"},{"v":0.0515717579771,"d":"0.05"},{"v":0.116204492174,"d":"0.12"}]
[4,418,41803,{"v":2430.16696099999,"d":"2,430.17"},2595,{"v":1.067827866,"d":"1.07"},"M",410,41803000,{"v":394.429904114999,"d":"394.43"},75,313,388,{"v":92.72665372,"d":"92.73"},{"v":0.93996673,"d":"0.94"},{"v":364.7070914,"d":"364.71"},{"v":23.29290859,"d":"23.29"},1,"1_41803000_34668",{"v":89.9264344541,"d":"89.93"},0.969801355343,{"v":353.693431542999,"d":"353.69"},{"v":0.235090323,"d":"0.24"},"1_41803000_34668_179168","D",{"v":13.3442196491999,"d":"13.34"},{"v":0.148390400778,"d":"0.15"},{"v":52.4847100591999,"d":"52.48"}]
[4,418,41805,{"v":2754.903827,"d":"2,754.90"},2706,{"v":0.982248445,"d":"0.98"},"G",410,41805000,{"v":2754.90382726999,"d":"2,754.90"},288,1096,1384,{"v":256.6950544,"d":"256.70"},{"v":0.93996673,"d":"0.94"},{"v":1300.91395499999,"d":"1,300.91"},{"v":83.08604508,"d":"83.09"},1,"1_41805000_34836",{"v":0.540617044969,"d":"0.54"},0.00210606724088,{"v":2.73981226383,"d":"2.74"},{"v":0.093177501,"d":"0.09"},"1_41805000_34836_179428","außerhalb GKL",{"v":0.540617044969,"d":"0.54"},{"v":1,"d":"1.00"},{"v":2.73981226383,"d":"2.74"}]
[4,418,41809,{"v":775.981201499999,"d":"775.98"},1026,{"v":1.322196978,"d":"1.32"},"G",310,41809000,{"v":775.981201544999,"d":"775.98"},68,547,615,{"v":72.30411479,"d":"72.30"},{"v":0.967661341,"d":"0.97"},{"v":595.111724699999,"d":"595.11"},{"v":19.88827534,"d":"19.89"},1,"1_41809000_34999",{"v":2.16956028504,"d":"2.17"},0.0300060417217,{"v":17.8569472404,"d":"17.86"},{"v":0.093177663,"d":"0.09"},"1_41809000_34999_179777","außerhalb GKL",{"v":2.16956028505,"d":"2.17"},{"v":1,"d":"1.00"},{"v":17.8569472404,"d":"17.86"}]
[4,418,41811,{"v":373.509170299999,"d":"373.51"},3605,{"v":9.651704126,"d":"9.65"},"M",310,41811002,{"v":139.851766375,"d":"139.85"},41,90,131,{"v":67.1403147799999,"d":"67.14"},{"v":0.967661341,"d":"0.97"},{"v":126.763635699999,"d":"126.76"},{"v":4.23636434,"d":"4.24"},1,"1_41811002_35052",{"v":1.02880261921,"d":"1.03"},0.0153231724126,{"v":1.94242104548,"d":"1.94"},{"v":0.480081993,"d":"0.48"},"1_41811002_35052_179954","F",{"v":0.996986662624,"d":"1.00"},{"v":0.969074771009,"d":"0.97"},{"v":1.88235122985,"d":"1.88"}]
[4,418,41812,{"v":2313.153702,"d":"2,313.15"},14070,{"v":6.082604882,"d":"6.08"},"ST",102,41812005,{"v":278.944152244999,"d":"278.94"},60,734,794,{"v":106.7432466,"d":"106.74"},{"v":0.988126829,"d":"0.99"},{"v":784.572702299999,"d":"784.57"},{"v":9.427297724,"d":"9.43"},1,"1_41812005_35079",{"v":56.5400069419999,"d":"56.54"},0.529682286636,{"v":415.574262986,"d":"415.57"},{"v":0.382668881,"d":"0.38"},"1_41812005_35079_180131","F",{"v":0.0253883526963,"d":"0.03"},{"v":0.000449033420218,"d":"0.00"},{"v":0.186606732663,"d":"0.19"}]
[4,418,41817,{"v":2215.136872,"d":"2,215.14"},2706,{"v":1.221594943,"d":"1.22"},"M",410,41817001,{"v":2016.97578438999,"d":"2,016.98"},126,3003,3129,{"v":191.064237399999,"d":"191.06"},{"v":0.93996673,"d":"0.94"},{"v":2941.1559,"d":"2,941.16"},{"v":187.844100499999,"d":"187.84"},1,"1_41817001_35300",{"v":2.60070135156,"d":"2.60"},0.0136116595494,{"v":40.0340127925,"d":"40.03"},{"v":0.094728077,"d":"0.09"},"1_41817001_35300_180564","außerhalb GKL",{"v":1.3419725118,"d":"1.34"},{"v":0.516004081359,"d":"0.52"},{"v":20.6577139941,"d":"20.66"}]
[4,418,41820,{"v":1502.36743999999,"d":"1,502.37"},4987,{"v":3.319427636,"d":"3.32"},"M",310,41820000,{"v":70.6828651699999,"d":"70.68"},17,34,51,{"v":48.91024147,"d":"48.91"},{"v":0.967661341,"d":"0.97"},{"v":49.35072839,"d":"49.35"},{"v":1.649271613,"d":"1.65"},1,"1_41820000_35389",{"v":1.7149661732100001,"d":"1.71"},0.0350635392848,{"v":1.73041120364,"d":"1.73"},{"v":0.691967443,"d":"0.69"},"1_41820000_35389_180741","F",{"v":1.32730225117,"d":"1.33"},{"v":0.77395243819,"d":"0.77"},{"v":1.33925597013,"d":"1.34"}]
[4,418,41822,{"v":2511.99029199999,"d":"2,511.99"},2268,{"v":0.902869731,"d":"0.90"},"G",310,41822000,{"v":2511.99029200999,"d":"2,511.99"},235,1875,2110,{"v":212.566288399999,"d":"212.57"},{"v":0.967661341,"d":"0.97"},{"v":2041.765429,"d":"2,041.77"},{"v":68.23457066,"d":"68.23"},1,"1_41822000_35534",{"v":1.66641958148,"d":"1.67"},7.83952899598E-3,{"v":16.0064792836,"d":"16.01"},{"v":0.084620665,"d":"0.08"},"1_41822000_35534_180965","außerhalb GKL",{"v":1.66641958148,"d":"1.67"},{"v":1,"d":"1.00"},{"v":16.0064792836,"d":"16.01"}]
[5,503,50330,{"v":9888.516621,"d":"9,888.52"},3960,{"v":0.400464514,"d":"0.40"},"G",410,50330002,{"v":2326.07797431,"d":"2,326.08"},10,172,182,{"v":61.5289630899999,"d":"61.53"},{"v":0.93996673,"d":"0.94"},{"v":171.073944899999,"d":"171.07"},{"v":10.9260550599999,"d":"10.93"},1,"1_50330002_37032",{"v":5.0321259193,"d":"5.03"},0.081784669635,{"v":13.9912260667999,"d":"13.99"},{"v":0.026451806,"d":"0.03"},"1_50330002_37032_181350","G",{"v":4.74558105471,"d":"4.75"},{"v":0.943056896988,"d":"0.94"},{"v":13.1945222395999,"d":"13.19"}]
[1,101,10101,{"v":4284.43524499999,"d":"4,284.44"},14816,{"v":3.458098711,"d":"3.46"},"SR",103,10101006,{"v":884.769822064999,"d":"884.77"},82,4553,4635,{"v":113.780187299999,"d":"113.78"},{"v":0.991139192,"d":"0.99"},{"v":4593.930153,"d":"4,593.93"},{"v":41.0698465799999,"d":"41.07"},0,"0_10101006_4",{"v":770.989634752,"d":"770.99"},0,{"v":41.0698465799999,"d":"41.07"},{"v":0.12859863,"d":"0.13"},"0_10101006_4_181527","E",{"v":0.0781123027658,"d":"0.08"},{"v":0.000101314335816,"d":"0.00"},{"v":0.00416096422832,"d":"0.00"}]
[1,103,10303,{"v":1424.942068,"d":"1,424.94"},2104,{"v":1.476551256,"d":"1.48"},"M",103,10303000,{"v":1424.94206755,"d":"1,424.94"},154,457,611,{"v":171.3143712,"d":"171.31"},{"v":0.991139192,"d":"0.99"},{"v":605.586046099999,"d":"605.59"},{"v":5.413953885,"d":"5.41"},0,"0_10303000_13",{"v":1253.62769634999,"d":"1,253.63"},0,{"v":5.413953885,"d":"5.41"},{"v":0.120225499,"d":"0.12"},"0_10303000_13_181704","C",{"v":0.218011280143,"d":"0.22"},{"v":0.000173904326442,"d":"0.00"},{"v":0.000941510003759,"d":"0.00"}]
[1,103,10312,{"v":4574.66330899999,"d":"4,574.66"},2885,{"v":0.630647505,"d":"0.63"},"ST",410,10312001,{"v":4556.64543548999,"d":"4,556.65"},159,457,616,{"v":219.1884788,"d":"219.19"},{"v":0.93996673,"d":"0.94"},{"v":579.0195059,"d":"579.02"},{"v":36.9804940599999,"d":"36.98"},0,"0_10312001_22",{"v":4337.45695668,"d":"4,337.46"},0,{"v":36.9804940599999,"d":"36.98"},{"v":0.048103036,"d":"0.05"},"0_10312001_22_181881","E",{"v":3.167733416,"d":"3.17"},{"v":0.000730320426839,"d":"0.00"},{"v":0.0270076102066,"d":"0.03"}]
[1,106,10604,{"v":853.4404246,"d":"853.44"},1195,{"v":1.400214901,"d":"1.40"},"G",420,10604000,{"v":853.440424645,"d":"853.44"},60,150,210,{"v":94.50574742,"d":"94.51"},{"v":0.954532045,"d":"0.95"},{"v":200.451729499999,"d":"200.45"},{"v":9.548270513,"d":"9.55"},0,"0_10604000_133",{"v":758.93467723,"d":"758.93"},0,{"v":9.548270513,"d":"9.55"},{"v":0.110735026,"d":"0.11"},"0_10604000_133_182314","F",{"v":0.971887411461,"d":"0.97"},{"v":1.28059428647E-3,"d":"0.00"},{"v":0.0122274606646,"d":"0.01"}]
[1,106,10607,{"v":901.668943199999,"d":"901.67"},4641,{"v":5.14712194,"d":"5.15"},"M",102,10607001,{"v":388.29801809,"d":"388.30"},75,255,330,{"v":143.136974799999,"d":"143.14"},{"v":0.988126829,"d":"0.99"},{"v":326.081853599999,"d":"326.08"},{"v":3.918146409,"d":"3.92"},0,"0_10607001_139",{"v":245.161043266,"d":"245.16"},0,{"v":3.918146409,"d":"3.92"},{"v":0.368626591,"d":"0.37"},"0_10607001_139_182502","F",{"v":3.53408185128,"d":"3.53"},{"v":0.0144153483939,"d":"0.01"},{"v":0.056481445544,"d":"0.06"}]
[1,106,10610,{"v":1520.942688,"d":"1,520.94"},2639,{"v":1.735108115,"d":"1.74"},"M",210,10610000,{"v":439.320568079999,"d":"439.32"},72,308,380,{"v":89.9495694799999,"d":"89.95"},{"v":0.980090788,"d":"0.98"},{"v":372.434499399999,"d":"372.43"},{"v":7.565500558,"d":"7.57"},0,"0_10610000_143",{"v":349.370998598,"d":"349.37"},0,{"v":7.565500558,"d":"7.57"},{"v":0.204747003,"d":"0.20"},"0_10610000_143_182667","D",{"v":18.1370532842999,"d":"18.14"},{"v":0.0519134483317,"d":"0.05"},{"v":0.392751222321,"d":"0.39"}]
[1,107,10707,{"v":4218.75799699999,"d":"4,218.76"},3910,{"v":0.926813058,"d":"0.93"},"M",420,10707002,{"v":190.720787564999,"d":"190.72"},162,722,884,{"v":135.8955569,"d":"135.90"},{"v":0.954532045,"d":"0.95"},{"v":843.8063279,"d":"843.81"},{"v":40.1936720599999,"d":"40.19"},0,"0_10707002_167",{"v":54.8252306843,"d":"54.83"},0,{"v":40.1936720599999,"d":"40.19"},{"v":0.712536681,"d":"0.71"},"0_10707002_167_183100","G",{"v":6.08732717417,"d":"6.09"},{"v":0.11103149222,"d":"0.11"},{"v":4.46276338662,"d":"4.46"}]
[1,107,10713,{"v":5698.27623299999,"d":"5,698.28"},8585,{"v":1.506595968,"d":"1.51"},"ST",220,10713002,{"v":1335.63315667999,"d":"1,335.63"},221,1830,2051,{"v":248.0994618,"d":"248.10"},{"v":0.99140599,"d":"0.99"},{"v":2033.373685,"d":"2,033.37"},{"v":17.6263147099999,"d":"17.63"},0,"0_10713002_178",{"v":1087.53369485,"d":"1,087.53"},0,{"v":17.6263147099999,"d":"17.63"},{"v":0.185754195,"d":"0.19"},"0_10713002_178_183277","außerhalb GKL",{"v":0.0783495586572,"d":"0.08"},{"v":7.2043339005e-05,"d":"0.00"},{"v":0.00126985856606,"d":"0.00"}]
[1,107,10718,{"v":4169.52210699999,"d":"4,169.52"},2132,{"v":0.511329583,"d":"0.51"},"M",420,10718000,{"v":4169.52210731,"d":"4,169.52"},291,574,865,{"v":232.453435299999,"d":"232.45"},{"v":0.954532045,"d":"0.95"},{"v":825.6702191,"d":"825.67"},{"v":39.3297809199999,"d":"39.33"},0,"0_10718000_184",{"v":3937.06867199999,"d":"3,937.07"},0,{"v":39.3297809199999,"d":"39.33"},{"v":0.055750618,"d":"0.06"},"0_10718000_184_183454","G",{"v":0.12315439797,"d":"0.12"},{"v":3.1280734026e-05,"d":"0.00"},{"v":1.23026441625E-3,"d":"0.00"}]
[3,302,30201,{"v":10844.35726,"d":"10,844.36"},55514,{"v":5.11916001,"d":"5.12"},"SR",102,30201070,{"v":524.372952629999,"d":"524.37"},59,1570,1629,{"v":155.7864361,"d":"155.79"},{"v":0.988126829,"d":"0.99"},{"v":1609.658605,"d":"1,609.66"},{"v":19.34139546,"d":"19.34"},0,"0_30201070_925",{"v":368.586516521,"d":"368.59"},0,{"v":19.34139546,"d":"19.34"},{"v":0.297090907,"d":"0.30"},"0_30201070_925_183887","außerhalb GKL",{"v":0.723805298525,"d":"0.72"},{"v":1.96373243752E-3,"d":"0.00"},{"v":0.0379813256517,"d":"0.04"}]
[3,302,30201,{"v":10844.35726,"d":"10,844.36"},55514,{"v":5.11916001,"d":"5.12"},"SR",102,30201080,{"v":398.362645475,"d":"398.36"},53,768,821,{"v":77.7365193899999,"d":"77.74"},{"v":0.988126829,"d":"0.99"},{"v":811.252126699999,"d":"811.25"},{"v":9.747873339,"d":"9.75"},0,"0_30201080_928",{"v":320.626126085999,"d":"320.63"},0,{"v":9.747873339,"d":"9.75"},{"v":0.195140082,"d":"0.20"},"0_30201080_928_184040","G",{"v":116.770223357999,"d":"116.77"},{"v":0.364194349299,"d":"0.36"},{"v":3.55012038775,"d":"3.55"}]
[3,302,30201,{"v":10844.35726,"d":"10,844.36"},55514,{"v":5.11916001,"d":"5.12"},"SR",102,30201110,{"v":264.66462114,"d":"264.66"},82,473,555,{"v":124.364209399999,"d":"124.36"},{"v":0.988126829,"d":"0.99"},{"v":548.410390099999,"d":"548.41"},{"v":6.58960987,"d":"6.59"},0,"0_30201110_933",{"v":140.300411708,"d":"140.30"},0,{"v":6.58960987,"d":"6.59"},{"v":0.469893592,"d":"0.47"},"0_30201110_933_184240","F",{"v":3.3536785532,"d":"3.35"},{"v":0.0239035546109,"d":"0.02"},{"v":0.157515099392,"d":"0.16"}]
[3,304,30401,{"v":6089.04783,"d":"6,089.05"},45823,{"v":7.525478741,"d":"7.53"},"SR",102,30401054,{"v":11.147879605,"d":"11.15"},11,26,37,{"v":11.13915076,"d":"11.14"},{"v":0.988126829,"d":"0.99"},{"v":36.56069268,"d":"36.56"},{"v":0.439307325,"d":"0.44"},0,"0_30401054_968",{"v":0.00872884476884,"d":"0.01"},0,{"v":0.439307325,"d":"0.44"},{"v":0.999216995,"d":"1.00"},"0_30401054_968_184673","E",{"v":1.48259754386E-3,"d":"0.00"},{"v":0.16985037346,"d":"0.17"},{"v":0.074616513215,"d":"0.07"}]
[3,306,30603,{"v":3910.653247,"d":"3,910.65"},12126,{"v":3.100760725,"d":"3.10"},"ST",101,30603020,{"v":715.542675929999,"d":"715.54"},46,49,95,{"v":45.73218998,"d":"45.73"},{"v":0.992934034,"d":"0.99"},{"v":94.3287332299999,"d":"94.33"},{"v":0.671266766,"d":"0.67"},0,"0_30603020_1082",{"v":669.810485946999,"d":"669.81"},0,{"v":0.671266766,"d":"0.67"},{"v":0.063912596,"d":"0.06"},"0_30603020_1082_184850","F",{"v":6.66441270877,"d":"6.66"},{"v":0.00994969897993,"d":"0.01"},{"v":0.00667890225693,"d":"0.01"}]
[3,306,30604,{"v":2688.27892599999,"d":"2,688.28"},25958,{"v":9.655992072,"d":"9.66"},"ST",101,30604047,{"v":879.809031375,"d":"879.81"},42,830,872,{"v":132.669295699999,"d":"132.67"},{"v":0.992934034,"d":"0.99"},{"v":865.838477699999,"d":"865.84"},{"v":6.161522317,"d":"6.16"},0,"0_30604047_1100",{"v":747.139735638,"d":"747.14"},0,{"v":6.161522317,"d":"6.16"},{"v":0.150793287,"d":"0.15"},"0_30604047_1100_185027","außerhalb GKL",{"v":0.226708265813,"d":"0.23"},{"v":0.000303434893099,"d":"0.00"},{"v":0.00186962086559,"d":"0.00"}]
[3,306,30607,{"v":4320.155464,"d":"4,320.16"},11229,{"v":2.599212018,"d":"2.60"},"ST",310,30607005,{"v":792.068567505,"d":"792.07"},139,305,444,{"v":153.7859085,"d":"153.79"},{"v":0.967661341,"d":"0.97"},{"v":429.641635399999,"d":"429.64"},{"v":14.35836463,"d":"14.36"},0,"0_30607005_1116",{"v":638.282658964999,"d":"638.28"},0,{"v":14.35836463,"d":"14.36"},{"v":0.194157318,"d":"0.19"},"0_30607005_1116_185321","F",{"v":1.8515755806,"d":"1.85"},{"v":2.90087088313E-3,"d":"0.00"},{"v":0.0416517618845,"d":"0.04"}]
[3,306,30620,{"v":1230.71017899999,"d":"1,230.71"},4897,{"v":3.979003409,"d":"3.98"},"M",101,30620001,{"v":555.562985795,"d":"555.56"},92,1184,1276,{"v":129.342159,"d":"129.34"},{"v":0.992934034,"d":"0.99"},{"v":1266.983827,"d":"1,266.98"},{"v":9.016172564,"d":"9.02"},0,"0_30620001_1135",{"v":426.220826839999,"d":"426.22"},0,{"v":9.016172564,"d":"9.02"},{"v":0.232812772,"d":"0.23"},"0_30620001_1135_185636","A",{"v":0.265741317634,"d":"0.27"},{"v":0.000623482713419,"d":"0.00"},{"v":0.00562142773486,"d":"0.01"}]
[3,306,30626,{"v":3976.174496,"d":"3,976.17"},7231,{"v":1.818582159,"d":"1.82"},"M",310,30626003,{"v":674.712450194999,"d":"674.71"},41,108,149,{"v":73.38138992,"d":"73.38"},{"v":0.967661341,"d":"0.97"},{"v":144.181539799999,"d":"144.18"},{"v":4.818460203,"d":"4.82"},0,"0_30626003_1145",{"v":601.331060270999,"d":"601.33"},0,{"v":4.818460203,"d":"4.82"},{"v":0.108759502,"d":"0.11"},"0_30626003_1145_185813","außerhalb GKL",{"v":190.452372827,"d":"190.45"},{"v":0.316718003459,"d":"0.32"},{"v":1.52609309524,"d":"1.53"}]
[3,306,30633,{"v":2018.95835699999,"d":"2,018.96"},1497,{"v":0.74147146,"d":"0.74"},"M",310,30633001,{"v":978.400994549999,"d":"978.40"},59,117,176,{"v":105.2157655,"d":"105.22"},{"v":0.967661341,"d":"0.97"},{"v":170.308395999999,"d":"170.31"},{"v":5.691603999,"d":"5.69"},0,"0_30633001_1156",{"v":873.185229093999,"d":"873.19"},0,{"v":5.691603999,"d":"5.69"},{"v":0.10753849,"d":"0.11"},"0_30633001_1156_185990","F",{"v":0.403892618062,"d":"0.40"},{"v":4.62550905128E-4,"d":"0.00"},{"v":2.63265658137E-3,"d":"0.00"}]
[3,307,30703,{"v":943.615089099999,"d":"943.62"},905,{"v":0.9590774989999999,"d":"0.96"},"G",320,30703000,{"v":943.615089069999,"d":"943.62"},61,71,132,{"v":74.1081208899999,"d":"74.11"},{"v":0.907735558,"d":"0.91"},{"v":119.8210937,"d":"119.82"},{"v":12.17890629,"d":"12.18"},0,"0_30703000_1182",{"v":869.506968177999,"d":"869.51"},0,{"v":12.17890629,"d":"12.18"},{"v":0.078536388,"d":"0.08"},"0_30703000_1182_186423","G",{"v":4.9501823406,"d":"4.95"},{"v":0.00569309105248,"d":"0.01"},{"v":0.0693356224286,"d":"0.07"}]
[3,307,30708,{"v":2624.69738199999,"d":"2,624.70"},1447,{"v":0.551301651,"d":"0.55"},"G",310,30708001,{"v":948.976376005,"d":"948.98"},40,87,127,{"v":80.9846953499999,"d":"80.98"},{"v":0.967661341,"d":"0.97"},{"v":122.892990299999,"d":"122.89"},{"v":4.107009704,"d":"4.11"},0,"0_30708001_1193",{"v":867.991680657999,"d":"867.99"},0,{"v":4.107009704,"d":"4.11"},{"v":0.085339,"d":"0.09"},"0_30708001_1193_186600","G",{"v":24.7957676658,"d":"24.80"},{"v":0.028566826409,"d":"0.03"},{"v":0.117324233274,"d":"0.12"}]
[3,307,30718,{"v":2536.56858,"d":"2,536.57"},1263,{"v":0.497916756,"d":"0.50"},"M",320,30718000,{"v":2536.56858032999,"d":"2,536.57"},68,278,346,{"v":123.3667377,"d":"123.37"},{"v":0.907735558,"d":"0.91"},{"v":314.076503199999,"d":"314.08"},{"v":31.92349678,"d":"31.92"},0,"0_30718000_1210",{"v":2413.20184260999,"d":"2,413.20"},0,{"v":31.92349678,"d":"31.92"},{"v":0.048635286,"d":"0.05"},"0_30718000_1210_186858","D",{"v":3.69648079043,"d":"3.70"},{"v":1.53177439415E-3,"d":"0.00"},{"v":0.0488995949393,"d":"0.05"}]
[3,307,30731,{"v":676.011767299999,"d":"676.01"},3612,{"v":5.343102257,"d":"5.34"},"M",310,30731000,{"v":324.623389674999,"d":"324.62"},98,295,393,{"v":101.337495899999,"d":"101.34"},{"v":0.967661341,"d":"0.97"},{"v":380.290907,"d":"380.29"},{"v":12.7090930199999,"d":"12.71"},0,"0_30731000_1233",{"v":223.28589382,"d":"223.29"},0,{"v":12.7090930199999,"d":"12.71"},{"v":0.312169422,"d":"0.31"},"0_30731000_1233_187209","G",{"v":1.56829464191E-3,"d":"0.00"},{"v":7.02370676e-06,"d":"0.00"},{"v":8.9264942562e-05,"d":"0.00"}]
[3,307,30734,{"v":454.1989239,"d":"454.20"},1918,{"v":4.22281934,"d":"4.22"},"G",101,30734000,{"v":454.1989239,"d":"454.20"},84,631,715,{"v":116.3044368,"d":"116.30"},{"v":0.992934034,"d":"0.99"},{"v":709.947834299999,"d":"709.95"},{"v":5.052165661,"d":"5.05"},0,"0_30734000_1242",{"v":337.894487146,"d":"337.89"},0,{"v":5.052165661,"d":"5.05"},{"v":0.256064976,"d":"0.26"},"0_30734000_1242_187386","D",{"v":1.13484772706,"d":"1.13"},{"v":0.00335858609782,"d":"0.00"},{"v":0.0169681333529,"d":"0.02"}]
[3,307,30739,{"v":1138.608062,"d":"1,138.61"},2208,{"v":1.939209877,"d":"1.94"},"M",310,30739000,{"v":1138.60806198999,"d":"1,138.61"},117,6956,7073,{"v":133.948106099999,"d":"133.95"},{"v":0.967661341,"d":"0.97"},{"v":6844.268664,"d":"6,844.27"},{"v":228.731335699999,"d":"228.73"},0,"0_30739000_1248",{"v":1004.65995587999,"d":"1,004.66"},0,{"v":228.731335699999,"d":"228.73"},{"v":0.117641979,"d":"0.12"},"0_30739000_1248_187563","G",{"v":1.44947212131,"d":"1.45"},{"v":0.00144274897474,"d":"0.00"},{"v":0.330001900072,"d":"0.33"}]
[3,308,30817,{"v":3057.274268,"d":"3,057.27"},11643,{"v":3.808294244,"d":"3.81"},"ST",210,30817003,{"v":1237.40409208999,"d":"1,237.40"},155,197,352,{"v":304.417030599999,"d":"304.42"},{"v":0.980090788,"d":"0.98"},{"v":344.991957399999,"d":"344.99"},{"v":7.008042622,"d":"7.01"},0,"0_30817003_1293",{"v":932.987061445999,"d":"932.99"},0,{"v":7.008042622,"d":"7.01"},{"v":0.246012626,"d":"0.25"},"0_30817003_1293_187996","G",{"v":16.4309802579,"d":"16.43"},{"v":0.0176111555421,"d":"0.02"},{"v":0.123419728662,"d":"0.12"}]
[3,308,30825,{"v":2710.690325,"d":"2,710.69"},1183,{"v":0.436420195,"d":"0.44"},"G",310,30825000,{"v":1574.94472870999,"d":"1,574.94"},51,105,156,{"v":88.5300688199999,"d":"88.53"},{"v":0.967661341,"d":"0.97"},{"v":150.9551692,"d":"150.96"},{"v":5.044830817,"d":"5.04"},0,"0_30825000_1307",{"v":1486.41465988999,"d":"1,486.41"},0,{"v":5.044830817,"d":"5.04"},{"v":0.05621154,"d":"0.06"},"0_30825000_1307_188173","G",{"v":5.45822815266,"d":"5.46"},{"v":0.00367207637273,"d":"0.00"},{"v":0.0185250040475,"d":"0.02"}]
[3,308,30856,{"v":1168.43053499999,"d":"1,168.43"},10767,{"v":9.214925213,"d":"9.21"},"M",310,30856000,{"v":399.393579149999,"d":"399.39"},120,744,864,{"v":167.4435032,"d":"167.44"},{"v":0.967661341,"d":"0.97"},{"v":836.0593986,"d":"836.06"},{"v":27.9406014499999,"d":"27.94"},0,"0_30856000_1346",{"v":231.950075981999,"d":"231.95"},0,{"v":27.9406014499999,"d":"27.94"},{"v":0.419244354,"d":"0.42"},"0_30856000_1346_188395","F",{"v":0.459198775762,"d":"0.46"},{"v":0.00197973108574,"d":"0.00"},{"v":0.0553148772448,"d":"0.06"}]
[3,312,31201,{"v":1076.59506499999,"d":"1,076.60"},4795,{"v":4.453856565,"d":"4.45"},"M",101,31201003,{"v":320.638209715,"d":"320.64"},52,276,328,{"v":64.5539320799999,"d":"64.55"},{"v":0.992934034,"d":"0.99"},{"v":325.682363199999,"d":"325.68"},{"v":2.317636835,"d":"2.32"},0,"0_31201003_1771",{"v":256.084277634999,"d":"256.08"},0,{"v":2.317636835,"d":"2.32"},{"v":0.201329505,"d":"0.20"},"0_31201003_1771_188526","G",{"v":0.000365933068888,"d":"0.00"},{"v":1.428955625e-06,"d":"0.00"},{"v":3.311800191e-06,"d":"0.00"}]
[3,313,31301,{"v":1370.666598,"d":"1,370.67"},641,{"v":0.467655665,"d":"0.47"},"M",410,31301001,{"v":666.818617724999,"d":"666.82"},12,14,26,{"v":14.4179730799999,"d":"14.42"},{"v":0.93996673,"d":"0.94"},{"v":24.4391349899999,"d":"24.44"},{"v":1.560865009,"d":"1.56"},0,"0_31301001_1870",{"v":652.400644642999,"d":"652.40"},0,{"v":1.560865009,"d":"1.56"},{"v":0.021622031,"d":"0.02"},"0_31301001_1870_188959","F",{"v":14.1328467798999,"d":"14.13"},{"v":0.0216628338674,"d":"0.02"},{"v":0.0338127593794,"d":"0.03"}]
[3,314,31402,{"v":2459.529508,"d":"2,459.53"},1293,{"v":0.525710302,"d":"0.53"},"G",410,31402000,{"v":2459.52950766,"d":"2,459.53"},138,248,386,{"v":134.6260688,"d":"134.63"},{"v":0.93996673,"d":"0.94"},{"v":362.827157899999,"d":"362.83"},{"v":23.17284205,"d":"23.17"},0,"0_31402000_1996",{"v":2324.90343888999,"d":"2,324.90"},0,{"v":23.17284205,"d":"23.17"},{"v":0.054736513,"d":"0.05"},"0_31402000_1996_189136","F",{"v":1.49886493813,"d":"1.50"},{"v":0.000644699867125,"d":"0.00"},{"v":0.0149395281905,"d":"0.01"}]
[3,314,31405,{"v":4303.801144,"d":"4,303.80"},1057,{"v":0.245596849,"d":"0.25"},"M",310,31405000,{"v":4303.80114448,"d":"4,303.80"},132,109,241,{"v":139.7915351,"d":"139.79"},{"v":0.967661341,"d":"0.97"},{"v":233.2063832,"d":"233.21"},{"v":7.793616839,"d":"7.79"},0,"0_31405000_2003",{"v":4164.00960939,"d":"4,164.01"},0,{"v":7.793616839,"d":"7.79"},{"v":0.032480947,"d":"0.03"},"0_31405000_2003_189313","G",{"v":52.8871338414,"d":"52.89"},{"v":0.0127010114775,"d":"0.01"},{"v":0.0989868169234,"d":"0.10"}]
[3,314,31414,{"v":14602.68864,"d":"14,602.69"},1913,{"v":0.131003273,"d":"0.13"},"M",430,31414000,{"v":259.59147582,"d":"259.59"},55,254,309,{"v":152.4759246,"d":"152.48"},{"v":0.945243625,"d":"0.95"},{"v":292.080280099999,"d":"292.08"},{"v":16.91971987,"d":"16.92"},0,"0_31414000_2021",{"v":107.115551264,"d":"107.12"},0,{"v":16.91971987,"d":"16.92"},{"v":0.587368765,"d":"0.59"},"0_31414000_2021_189746","außerhalb GKL",{"v":0.00587261425586,"d":"0.01"},{"v":5.4825038816E-5,"d":"0.00"},{"v":0.00092762429863,"d":"0.00"}]
[3,315,31514,{"v":4539.347743,"d":"4,539.35"},2574,{"v":0.567041819,"d":"0.57"},"M",410,31514003,{"v":646.531081459999,"d":"646.53"},24,18,42,{"v":5.392579918,"d":"5.39"},{"v":0.93996673,"d":"0.94"},{"v":39.47860268,"d":"39.48"},{"v":2.521397322,"d":"2.52"},0,"0_31514003_2052",{"v":641.138501541999,"d":"641.14"},0,{"v":2.521397322,"d":"2.52"},{"v":0.00834079,"d":"0.01"},"0_31514003_2052_189932","außerhalb GKL",{"v":0.000684906122376,"d":"0.00"},{"v":1.06826547e-06,"d":"0.00"},{"v":2.693521694e-06,"d":"0.00"}]
[3,317,31701,{"v":1187.021414,"d":"1,187.02"},1433,{"v":1.207223377,"d":"1.21"},"G",310,31701000,{"v":1187.02141430999,"d":"1,187.02"},97,728,825,{"v":124.702784399999,"d":"124.70"},{"v":0.967661341,"d":"0.97"},{"v":798.3206063,"d":"798.32"},{"v":26.6793937399999,"d":"26.68"},0,"0_31701000_2289",{"v":1062.31862993999,"d":"1,062.32"},0,{"v":26.6793937399999,"d":"26.68"},{"v":0.10505521,"d":"0.11"},"0_31701000_2289_190099","F",{"v":0.104803764981,"d":"0.10"},{"v":9.8655678275e-05,"d":"0.00"},{"v":0.00263207368539,"d":"0.00"}]
[3,317,31709,{"v":810.930305999999,"d":"810.93"},3910,{"v":4.821622735,"d":"4.82"},"M",101,31709001,{"v":620.15874507,"d":"620.16"},123,285,408,{"v":60.9802229499999,"d":"60.98"},{"v":0.992934034,"d":"0.99"},{"v":405.1170859,"d":"405.12"},{"v":2.882914111,"d":"2.88"},0,"0_31709001_2304",{"v":559.17852212,"d":"559.18"},0,{"v":2.882914111,"d":"2.88"},{"v":0.098330022,"d":"0.10"},"0_31709001_2304_190532","D",{"v":0.0194677438613,"d":"0.02"},{"v":3.4814899162e-05,"d":"0.00"},{"v":1.00368364068E-4,"d":"0.00"}]
[3,317,31712,{"v":1697.09842699999,"d":"1,697.10"},3952,{"v":2.328680492,"d":"2.33"},"M",101,31712001,{"v":134.852601179999,"d":"134.85"},138,426,564,{"v":128.717045299999,"d":"128.72"},{"v":0.992934034,"d":"0.99"},{"v":560.014795199999,"d":"560.01"},{"v":3.985204801,"d":"3.99"},0,"0_31712001_2311",{"v":6.13555585179,"d":"6.14"},0,{"v":3.985204801,"d":"3.99"},{"v":0.954501761,"d":"0.95"},"0_31712001_2311_190709","E",{"v":0.00534231694919,"d":"0.01"},{"v":0.000870714419074,"d":"0.00"},{"v":0.00346997528319,"d":"0.00"}]
[3,317,31713,{"v":1748.358107,"d":"1,748.36"},3337,{"v":1.908647883,"d":"1.91"},"M",310,31713001,{"v":405.874608589999,"d":"405.87"},65,57,122,{"v":50.1340221299999,"d":"50.13"},{"v":0.967661341,"d":"0.97"},{"v":118.0546836,"d":"118.05"},{"v":3.945316408,"d":"3.95"},0,"0_31713001_2317",{"v":355.740586463999,"d":"355.74"},0,{"v":3.945316408,"d":"3.95"},{"v":0.123520962,"d":"0.12"},"0_31713001_2317_190886","G",{"v":5.98040820209,"d":"5.98"},{"v":0.0168111495557,"d":"0.02"},{"v":0.0663253041794,"d":"0.07"}]
[3,317,31723,{"v":1047.405661,"d":"1,047.41"},7329,{"v":6.997288897,"d":"7.00"},"M",101,31723002,{"v":457.12706699,"d":"457.13"},61,4943,5004,{"v":118.8652809,"d":"118.87"},{"v":0.992934034,"d":"0.99"},{"v":4968.64190599999,"d":"4,968.64"},{"v":35.35809366,"d":"35.36"},0,"0_31723002_2348",{"v":338.261786081,"d":"338.26"},0,{"v":35.35809366,"d":"35.36"},{"v":0.260026784,"d":"0.26"},"0_31723002_2348_191319","D",{"v":1.75576650429,"d":"1.76"},{"v":0.00519055529338,"d":"0.01"},{"v":0.183528140211,"d":"0.18"}]
[3,317,31726,{"v":4855.31520699999,"d":"4,855.32"},2880,{"v":0.593164373,"d":"0.59"},"G",310,31726000,{"v":2165.93837831,"d":"2,165.94"},140,175,315,{"v":161.859033799999,"d":"161.86"},{"v":0.967661341,"d":"0.97"},{"v":304.8133224,"d":"304.81"},{"v":10.18667761,"d":"10.19"},0,"0_31726000_2357",{"v":2004.07934455999,"d":"2,004.08"},0,{"v":10.18667761,"d":"10.19"},{"v":0.074729288,"d":"0.07"},"0_31726000_2357_191470","F",{"v":0.854508965328,"d":"0.85"},{"v":0.000426384797412,"d":"0.00"},{"v":0.00434344446904,"d":"0.00"}]
[3,318,31818,{"v":2037.93758,"d":"2,037.94"},12721,{"v":6.24209501,"d":"6.24"},"ST",103,31818010,{"v":66.451845895,"d":"66.45"},56,730,786,{"v":55.63817317,"d":"55.64"},{"v":0.991139192,"d":"0.99"},{"v":779.035404699999,"d":"779.04"},{"v":6.964595342,"d":"6.96"},0,"0_31818010_2399",{"v":10.8136727218,"d":"10.81"},0,{"v":6.964595342,"d":"6.96"},{"v":0.837270544,"d":"0.84"},"0_31818010_2399_191672","F",{"v":0.0404975527242,"d":"0.04"},{"v":0.00374503221672,"d":"0.00"},{"v":0.0260826339322,"d":"0.03"}]
[3,318,31826,{"v":8336.023927,"d":"8,336.02"},2694,{"v":0.323175656,"d":"0.32"},"M",410,31826000,{"v":278.642391905,"d":"278.64"},115,490,605,{"v":172.9339849,"d":"172.93"},{"v":0.93996673,"d":"0.94"},{"v":568.679871899999,"d":"568.68"},{"v":36.3201280899999,"d":"36.32"},0,"0_31826000_2415",{"v":105.708407004999,"d":"105.71"},0,{"v":36.3201280899999,"d":"36.32"},{"v":0.620630564,"d":"0.62"},"0_31826000_2415_191849","außerhalb GKL",{"v":0.0257221192793,"d":"0.03"},{"v":0.000243330876021,"d":"0.00"},{"v":0.00883780858533,"d":"0.01"}]
[3,318,31839,{"v":6537.781896,"d":"6,537.78"},14660,{"v":2.242350729,"d":"2.24"},"ST",103,31839034,{"v":133.617914089999,"d":"133.62"},32,155,187,{"v":92.00170196,"d":"92.00"},{"v":0.991139192,"d":"0.99"},{"v":185.3430288,"d":"185.34"},{"v":1.656971156,"d":"1.66"},0,"0_31839034_2447",{"v":41.6162121257,"d":"41.62"},0,{"v":1.656971156,"d":"1.66"},{"v":0.688543169,"d":"0.69"},"0_31839034_2447_192282","F",{"v":0.367085393039,"d":"0.37"},{"v":0.00882073053478,"d":"0.01"},{"v":0.014615696071,"d":"0.01"}]
[3,319,31901,{"v":3554.21177699999,"d":"3,554.21"},3025,{"v":0.851102914,"d":"0.85"},"M",310,31901000,{"v":411.184851354999,"d":"411.18"},89,496,585,{"v":198.153113499999,"d":"198.15"},{"v":0.967661341,"d":"0.97"},{"v":566.0818844,"d":"566.08"},{"v":18.91811556,"d":"18.92"},0,"0_31901000_2469",{"v":213.031737872999,"d":"213.03"},0,{"v":18.91811556,"d":"18.92"},{"v":0.481907621,"d":"0.48"},"0_31901000_2469_192459","E",{"v":0.0373206661207,"d":"0.04"},{"v":0.000175188291159,"d":"0.00"},{"v":0.0033142323369,"d":"0.00"}]
[3,319,31903,{"v":4549.183355,"d":"4,549.18"},5096,{"v":1.120201056,"d":"1.12"},"M",410,31903000,{"v":353.38242091,"d":"353.38"},144,1058,1202,{"v":150.865959099999,"d":"150.87"},{"v":0.93996673,"d":"0.94"},{"v":1129.84000999999,"d":"1,129.84"},{"v":72.1599900199999,"d":"72.16"},0,"0_31903000_2474",{"v":202.516461783,"d":"202.52"},0,{"v":72.1599900199999,"d":"72.16"},{"v":0.426919819,"d":"0.43"},"0_31903000_2474_192636","D",{"v":1.08996824408,"d":"1.09"},{"v":0.00538212170252,"d":"0.01"},{"v":0.38837384834,"d":"0.39"}]
[3,319,31912,{"v":4615.76408699999,"d":"4,615.76"},7844,{"v":1.699393611,"d":"1.70"},"ST",410,31912008,{"v":164.993743349999,"d":"164.99"},43,232,275,{"v":71.4048332699999,"d":"71.40"},{"v":0.93996673,"d":"0.94"},{"v":258.490850899999,"d":"258.49"},{"v":16.50914913,"d":"16.51"},0,"0_31912008_2498",{"v":93.5889100753999,"d":"93.59"},0,{"v":16.50914913,"d":"16.51"},{"v":0.432772976,"d":"0.43"},"0_31912008_2498_193007","F",{"v":3.15020872773,"d":"3.15"},{"v":0.0336600642661,"d":"0.03"},{"v":0.555699020694,"d":"0.56"}]
[3,319,31919,{"v":1776.87377799999,"d":"1,776.87"},2210,{"v":1.24375745,"d":"1.24"},"M",410,31919000,{"v":744.876496285,"d":"744.88"},66,111,177,{"v":129.568656199999,"d":"129.57"},{"v":0.93996673,"d":"0.94"},{"v":166.3741113,"d":"166.37"},{"v":10.62588871,"d":"10.63"},0,"0_31919000_2508",{"v":615.307840037999,"d":"615.31"},0,{"v":10.62588871,"d":"10.63"},{"v":0.173946496,"d":"0.17"},"0_31919000_2508_193245","D",{"v":6.17539555309,"d":"6.18"},{"v":0.0100362698982,"d":"0.01"},{"v":0.106644287002,"d":"0.11"}]
[3,319,31925,{"v":1869.233085,"d":"1,869.23"},1472,{"v":0.787488736,"d":"0.79"},"M",310,31925000,{"v":1695.46397296999,"d":"1,695.46"},101,393,494,{"v":174.3973986,"d":"174.40"},{"v":0.967661341,"d":"0.97"},{"v":478.0247024,"d":"478.02"},{"v":15.97529759,"d":"15.98"},0,"0_31925000_2518",{"v":1521.06657442,"d":"1,521.07"},0,{"v":15.97529759,"d":"15.98"},{"v":0.102861164,"d":"0.10"},"0_31925000_2518_193422","außerhalb GKL",{"v":775.63914089,"d":"775.64"},{"v":0.509931093046,"d":"0.51"},{"v":8.1463009618,"d":"8.15"}]
[3,319,31934,{"v":6693.74610399999,"d":"6,693.75"},3566,{"v":0.532736071,"d":"0.53"},"M",310,31934000,{"v":470.088035194999,"d":"470.09"},73,300,373,{"v":96.33701277,"d":"96.34"},{"v":0.967661341,"d":"0.97"},{"v":360.937680199999,"d":"360.94"},{"v":12.06231984,"d":"12.06"},0,"0_31934000_2540",{"v":373.751022427999,"d":"373.75"},0,{"v":12.06231984,"d":"12.06"},{"v":0.204933982,"d":"0.20"},"0_31934000_2540_193855","F",{"v":0.267484561223,"d":"0.27"},{"v":0.000715675797983,"d":"0.00"},{"v":0.00863271037702,"d":"0.01"}]
[3,319,31940,{"v":1247.02074599999,"d":"1,247.02"},1443,{"v":1.157157974,"d":"1.16"},"G",310,31940000,{"v":1247.02074567999,"d":"1,247.02"},115,355,470,{"v":139.239945199999,"d":"139.24"},{"v":0.967661341,"d":"0.97"},{"v":454.8008302,"d":"454.80"},{"v":15.1991697699999,"d":"15.20"},0,"0_31940000_2547",{"v":1107.78080049999,"d":"1,107.78"},0,{"v":15.1991697699999,"d":"15.20"},{"v":0.111658082,"d":"0.11"},"0_31940000_2547_194032","E",{"v":4.43704048894,"d":"4.44"},{"v":0.00400534156842,"d":"0.00"},{"v":0.0608778664853,"d":"0.06"}]
[3,319,31947,{"v":4596.19588,"d":"4,596.20"},6492,{"v":1.412472438,"d":"1.41"},"ST",310,31947003,{"v":62.722911105,"d":"62.72"},21,42,63,{"v":37.05578759,"d":"37.06"},{"v":0.967661341,"d":"0.97"},{"v":60.96266448,"d":"60.96"},{"v":2.037335522,"d":"2.04"},0,"0_31947003_2562",{"v":25.667123519,"d":"25.67"},0,{"v":2.037335522,"d":"2.04"},{"v":0.590785519,"d":"0.59"},"0_31947003_2562_194288","G",{"v":0.130928676925,"d":"0.13"},{"v":0.00510102648737,"d":"0.01"},{"v":0.0103925024614,"d":"0.01"}]
[3,319,31951,{"v":5888.99457999999,"d":"5,888.99"},7754,{"v":1.31669335,"d":"1.32"},"ST",310,31951000,{"v":169.862821865,"d":"169.86"},135,657,792,{"v":145.234577199999,"d":"145.23"},{"v":0.967661341,"d":"0.97"},{"v":766.387782,"d":"766.39"},{"v":25.61221799,"d":"25.61"},0,"0_31951000_2574",{"v":24.6282446159,"d":"24.63"},0,{"v":25.61221799,"d":"25.61"},{"v":0.855010977,"d":"0.86"},"0_31951000_2574_194641","F",{"v":0.699612685698,"d":"0.70"},{"v":0.0284069245133,"d":"0.03"},{"v":0.72756434306,"d":"0.73"}]
[3,319,31952,{"v":3025.51791099999,"d":"3,025.52"},9818,{"v":3.245064247,"d":"3.25"},"ST",101,31952002,{"v":218.131206875,"d":"218.13"},132,432,564,{"v":75.4513661,"d":"75.45"},{"v":0.992934034,"d":"0.99"},{"v":560.014795199999,"d":"560.01"},{"v":3.985204801,"d":"3.99"},0,"0_31952002_2581",{"v":142.679840774,"d":"142.68"},0,{"v":3.985204801,"d":"3.99"},{"v":0.345898999,"d":"0.35"},"0_31952002_2581_194818","F",{"v":0.234522309179,"d":"0.23"},{"v":0.00164369617955,"d":"0.00"},{"v":0.00655046590613,"d":"0.01"}]
[3,319,31954,{"v":1744.02337899999,"d":"1,744.02"},1736,{"v":0.9953995,"d":"1.00"},"G",310,31954000,{"v":1744.02337884,"d":"1,744.02"},150,240,390,{"v":182.8785484,"d":"182.88"},{"v":0.967661341,"d":"0.97"},{"v":377.387923,"d":"377.39"},{"v":12.61207704,"d":"12.61"},0,"0_31954000_2586",{"v":1561.14483049,"d":"1,561.14"},0,{"v":12.61207704,"d":"12.61"},{"v":0.104860147,"d":"0.10"},"0_31954000_2586_194995","E",{"v":4.73863018754,"d":"4.74"},{"v":3.03535590997E-3,"d":"0.00"},{"v":0.0382821425804,"d":"0.04"}]
[3,321,32112,{"v":1430.92266599999,"d":"1,430.92"},2288,{"v":1.598968312,"d":"1.60"},"M",410,32112002,{"v":526.621115864999,"d":"526.62"},34,97,131,{"v":40.66070305,"d":"40.66"},{"v":0.93996673,"d":"0.94"},{"v":123.135641699999,"d":"123.14"},{"v":7.864358314,"d":"7.86"},0,"0_32112002_2673",{"v":485.960412815999,"d":"485.96"},0,{"v":7.864358314,"d":"7.86"},{"v":0.077210544,"d":"0.08"},"0_32112002_2673_195172","außerhalb GKL",{"v":64.7046179161,"d":"64.70"},{"v":0.13314791948,"d":"0.13"},{"v":1.04712294755,"d":"1.05"}]
[3,321,32131,{"v":6168.504767,"d":"6,168.50"},7526,{"v":1.220068766,"d":"1.22"},"M",310,32131007,{"v":1349.00668603999,"d":"1,349.01"},76,220,296,{"v":151.8293591,"d":"151.83"},{"v":0.967661341,"d":"0.97"},{"v":286.4277569,"d":"286.43"},{"v":9.572243088,"d":"9.57"},0,"0_32131007_2702",{"v":1197.17732690999,"d":"1,197.18"},0,{"v":9.572243088,"d":"9.57"},{"v":0.112549004,"d":"0.11"},"0_32131007_2702_195605","F",{"v":0.426997895919,"d":"0.43"},{"v":3.56670550236E-4,"d":"0.00"},{"v":0.00341413720919,"d":"0.00"}]
[3,321,32135,{"v":7222.50804299999,"d":"7,222.51"},16230,{"v":2.247141838,"d":"2.25"},"ST",103,32135002,{"v":1352.26428579,"d":"1,352.26"},66,493,559,{"v":42.7176232699999,"d":"42.72"},{"v":0.991139192,"d":"0.99"},{"v":554.0468081,"d":"554.05"},{"v":4.953191852,"d":"4.95"},0,"0_32135002_2710",{"v":1309.54666251,"d":"1,309.55"},0,{"v":4.953191852,"d":"4.95"},{"v":0.0315897,"d":"0.03"},"0_32135002_2710_195825","G",{"v":0.000607429213278,"d":"0.00"},{"v":4.63846941e-07,"d":"0.00"},{"v":2.297522888E-6,"d":"0.00"}]
[3,321,32135,{"v":7222.50804299999,"d":"7,222.51"},16230,{"v":2.247141838,"d":"2.25"},"ST",103,32135010,{"v":1057.69594256999,"d":"1,057.70"},53,840,893,{"v":192.1293335,"d":"192.13"},{"v":0.991139192,"d":"0.99"},{"v":885.087298199999,"d":"885.09"},{"v":7.912701832,"d":"7.91"},0,"0_32135010_2717",{"v":865.566609041999,"d":"865.57"},0,{"v":7.912701832,"d":"7.91"},{"v":0.181648927,"d":"0.18"},"0_32135010_2717_195958","F",{"v":0.891338430711,"d":"0.89"},{"v":1.02977451001E-3,"d":"0.00"},{"v":0.0081482986519,"d":"0.01"}]
[3,321,32144,{"v":7620.013151,"d":"7,620.01"},27500,{"v":3.608917656,"d":"3.61"},"ST",103,32144020,{"v":401.933050705,"d":"401.93"},197,2347,2544,{"v":142.2275629,"d":"142.23"},{"v":0.991139192,"d":"0.99"},{"v":2521.45810399999,"d":"2,521.46"},{"v":22.54189637,"d":"22.54"},0,"0_32144020_2745",{"v":259.705487826,"d":"259.71"},0,{"v":22.54189637,"d":"22.54"},{"v":0.35385884,"d":"0.35"},"0_32144020_2745_196391","E",{"v":0.207711048219,"d":"0.21"},{"v":0.000799794605643,"d":"0.00"},{"v":0.0180288871177,"d":"0.02"}]
[3,321,32144,{"v":7620.013151,"d":"7,620.01"},27500,{"v":3.608917656,"d":"3.61"},"ST",103,32144034,{"v":449.692827654999,"d":"449.69"},89,879,968,{"v":87.2631106999999,"d":"87.26"},{"v":0.991139192,"d":"0.99"},{"v":959.4227375,"d":"959.42"},{"v":8.577262456,"d":"8.58"},0,"0_32144034_2750",{"v":362.42971696,"d":"362.43"},0,{"v":8.577262456,"d":"8.58"},{"v":0.194050484,"d":"0.19"},"0_32144034_2750_196568","außerhalb GKL",{"v":0.0888765632179,"d":"0.09"},{"v":0.000245224271242,"d":"0.00"},{"v":2.10335293502E-3,"d":"0.00"}]
[3,323,32301,{"v":2061.22598599999,"d":"2,061.23"},3450,{"v":1.673761161,"d":"1.67"},"M",410,32301000,{"v":1142.05003476,"d":"1,142.05"},164,850,1014,{"v":285.7786633,"d":"285.78"},{"v":0.93996673,"d":"0.94"},{"v":953.126264699999,"d":"953.13"},{"v":60.87373534,"d":"60.87"},0,"0_32301000_2853",{"v":856.271371442,"d":"856.27"},0,{"v":60.87373534,"d":"60.87"},{"v":0.25023305,"d":"0.25"},"0_32301000_2853_196745","E",{"v":0.00700276723764,"d":"0.01"},{"v":8.178210169e-06,"d":"0.00"},{"v":0.000497838201403,"d":"0.00"}]
[3,323,32318,{"v":2297.49598599999,"d":"2,297.50"},2742,{"v":1.19347325,"d":"1.19"},"M",310,32318001,{"v":2228.79789462999,"d":"2,228.80"},86,430,516,{"v":187.5951161,"d":"187.60"},{"v":0.967661341,"d":"0.97"},{"v":499.3132519,"d":"499.31"},{"v":16.6867480899999,"d":"16.69"},0,"0_32318001_2888",{"v":2041.2027785,"d":"2,041.20"},0,{"v":16.6867480899999,"d":"16.69"},{"v":0.084168743,"d":"0.08"},"0_32318001_2888_197178","E",{"v":5.82590049444,"d":"5.83"},{"v":2.8541507761E-3,"d":"0.00"},{"v":0.0476264950117,"d":"0.05"}]
[3,323,32323,{"v":1674.75660799999,"d":"1,674.76"},2481,{"v":1.481409292,"d":"1.48"},"M",410,32323001,{"v":352.042094464999,"d":"352.04"},46,128,174,{"v":68.62725247,"d":"68.63"},{"v":0.93996673,"d":"0.94"},{"v":163.5542111,"d":"163.55"},{"v":10.4457889099999,"d":"10.45"},0,"0_32323001_2896",{"v":283.414841991,"d":"283.41"},0,{"v":10.4457889099999,"d":"10.45"},{"v":0.194940473,"d":"0.19"},"0_32323001_2896_197362","C",{"v":0.408475558699,"d":"0.41"},{"v":0.00144126382313,"d":"0.00"},{"v":0.01505513766,"d":"0.02"}]
[3,323,32330,{"v":1147.38239199999,"d":"1,147.38"},3687,{"v":3.213401239,"d":"3.21"},"M",102,32330000,{"v":1147.42510145999,"d":"1,147.43"},180,803,983,{"v":284.013343399999,"d":"284.01"},{"v":0.988126829,"d":"0.99"},{"v":971.328672999999,"d":"971.33"},{"v":11.67132703,"d":"11.67"},0,"0_32330000_2904",{"v":863.411758017,"d":"863.41"},0,{"v":11.67132703,"d":"11.67"},{"v":0.247522338,"d":"0.25"},"0_32330000_2904_197531","G",{"v":2.83190624278,"d":"2.83"},{"v":0.00327990233685,"d":"0.00"},{"v":0.0382808127998,"d":"0.04"}]
[9,902,90201,{"v":1923.612609,"d":"1,923.61"},105848,{"v":55.0256322299999,"d":"55.03"},"SR",101,90201054,{"v":8.01314237997,"d":"8.01"},137,538,675,{"v":6.029384602,"d":"6.03"},{"v":0.992934034,"d":"0.99"},{"v":670.230472999999,"d":"670.23"},{"v":4.769527023,"d":"4.77"},0,"0_90201054_6732",{"v":1.98375777754,"d":"1.98"},0,{"v":4.769527023,"d":"4.77"},{"v":0.752436974,"d":"0.75"},"0_90201054_6732_197964","A",{"v":0.13399879577,"d":"0.13"},{"v":0.067547962401,"d":"0.07"},{"v":0.32217183202,"d":"0.32"}]
[9,902,90201,{"v":1923.612609,"d":"1,923.61"},105848,{"v":55.0256322299999,"d":"55.03"},"SR",101,90201082,{"v":72.93039419,"d":"72.93"},0,46,46,{"v":5.288749033,"d":"5.29"},{"v":0.992934034,"d":"0.99"},{"v":45.6749655699999,"d":"45.67"},{"v":0.325034434,"d":"0.33"},0,"0_90201082_6744",{"v":67.6416451574,"d":"67.64"},0,{"v":0.325034434,"d":"0.33"},{"v":0.072517763,"d":"0.07"},"0_90201082_6744_198141","F",{"v":0.000249156804717,"d":"0.00"},{"v":3.68348233E-6,"d":"0.00"},{"v":1.197258594e-06,"d":"0.00"}]
[9,909,90901,{"v":296.5855025,"d":"296.59"},41884,{"v":141.2206586,"d":"141.22"},"SR",101,90901010,{"v":34.4340350849999,"d":"34.43"},29,2934,2963,{"v":34.42583393,"d":"34.43"},{"v":0.992934034,"d":"0.99"},{"v":2942.063543,"d":"2,942.06"},{"v":20.93645714,"d":"20.94"},0,"0_90901010_6781",{"v":0.0082011553009,"d":"0.01"},0,{"v":20.93645714,"d":"20.94"},{"v":0.99976183,"d":"1.00"},"0_90901010_6781_198318","B",{"v":8.20115530086E-3,"d":"0.01"},{"v":0.999999999995,"d":"1.00"},{"v":20.9364571399,"d":"20.94"}]
[9,911,91101,{"v":2324.21232499999,"d":"2,324.21"},104434,{"v":44.9330721199999,"d":"44.93"},"SR",101,91101070,{"v":20.3891855749999,"d":"20.39"},38,130,168,{"v":12.09189799,"d":"12.09"},{"v":0.992934034,"d":"0.99"},{"v":166.8129177,"d":"166.81"},{"v":1.187082281,"d":"1.19"},0,"0_91101070_6847",{"v":8.29728758893,"d":"8.30"},0,{"v":1.187082281,"d":"1.19"},{"v":0.593054487,"d":"0.59"},"0_91101070_6847_198751","A",{"v":0.00829544864225,"d":"0.01"},{"v":0.00099977836773,"d":"0.00"},{"v":1.18681918526E-3,"d":"0.00"}]
[9,913,91301,{"v":3769.37288699999,"d":"3,769.37"},54040,{"v":14.3366022999999,"d":"14.34"},"SR",101,91301032,{"v":13.45584695,"d":"13.46"},65,1001,1066,{"v":12.83171518,"d":"12.83"},{"v":0.992934034,"d":"0.99"},{"v":1058.46767999999,"d":"1,058.47"},{"v":7.532319713,"d":"7.53"},0,"0_91301032_6880",{"v":0.624131773213,"d":"0.62"},0,{"v":7.532319713,"d":"7.53"},{"v":0.953616314,"d":"0.95"},"0_91301032_6880_198900","A",{"v":0.624131773214,"d":"0.62"},{"v":1,"d":"1.00"},{"v":7.532319713,"d":"7.53"}]
[9,914,91401,{"v":3374.43752799999,"d":"3,374.44"},93634,{"v":27.74803185,"d":"27.75"},"SR",101,91401035,{"v":9.172259835,"d":"9.17"},27,114,141,{"v":9.169105197,"d":"9.17"},{"v":0.992934034,"d":"0.99"},{"v":140.003698799999,"d":"140.00"},{"v":0.9963012,"d":"1.00"},0,"0_91401035_6911",{"v":0.00315463760904,"d":"0.00"},0,{"v":0.9963012,"d":"1.00"},{"v":0.999656068,"d":"1.00"},"0_91401035_6911_199104","A",{"v":0.00315463760856,"d":"0.00"},{"v":0.999999999848,"d":"1.00"},{"v":0.996301199849,"d":"1.00"}]
[9,914,91401,{"v":3374.43752799999,"d":"3,374.44"},93634,{"v":27.74803185,"d":"27.75"},"SR",101,91401110,{"v":75.5201659349999,"d":"75.52"},96,230,326,{"v":66.53043293,"d":"66.53"},{"v":0.992934034,"d":"0.99"},{"v":323.696495099999,"d":"323.70"},{"v":2.303504903,"d":"2.30"},0,"0_91401110_6935",{"v":8.9897330027,"d":"8.99"},0,{"v":2.303504903,"d":"2.30"},{"v":0.880962483,"d":"0.88"},"0_91401110_6935_199281","F",{"v":0.537296447878,"d":"0.54"},{"v":0.0597677870652,"d":"0.06"},{"v":0.137675390546,"d":"0.14"}]
[9,919,91901,{"v":2493.145121,"d":"2,493.15"},73901,{"v":29.64167604,"d":"29.64"},"SR",101,91901010,{"v":243.637439604999,"d":"243.64"},45,58,103,{"v":58.12944918,"d":"58.13"},{"v":0.992934034,"d":"0.99"},{"v":102.272205499999,"d":"102.27"},{"v":0.727794494,"d":"0.73"},0,"0_91901010_6977",{"v":185.507990425,"d":"185.51"},0,{"v":0.727794494,"d":"0.73"},{"v":0.238589969,"d":"0.24"},"0_91901010_6977_199714","F",{"v":4.69734503263,"d":"4.70"},{"v":0.0253215240048,"d":"0.03"},{"v":0.0184288657504,"d":"0.02"}]
[9,919,91901,{"v":2493.145121,"d":"2,493.15"},73901,{"v":29.64167604,"d":"29.64"},"SR",101,91901060,{"v":371.016363135,"d":"371.02"},156,453,609,{"v":91.01790692,"d":"91.02"},{"v":0.992934034,"d":"0.99"},{"v":604.696826699999,"d":"604.70"},{"v":4.303173269,"d":"4.30"},0,"0_91901060_6997",{"v":279.998456213999,"d":"280.00"},0,{"v":4.303173269,"d":"4.30"},{"v":0.245320466,"d":"0.25"},"0_91901060_6997_199891","E",{"v":0.208559927001,"d":"0.21"},{"v":0.000744860988953,"d":"0.00"},{"v":0.00320526589678,"d":"0.00"}]
[9,920,92001,{"v":570.664948699999,"d":"570.66"},86368,{"v":151.346249999999,"d":"151.35"},"SR",101,92001010,{"v":85.386847435,"d":"85.39"},1,10,11,{"v":3.425440066,"d":"3.43"},{"v":0.992934034,"d":"0.99"},{"v":10.92227437,"d":"10.92"},{"v":0.077725626,"d":"0.08"},0,"0_92001010_7011",{"v":81.9614073691,"d":"81.96"},0,{"v":0.077725626,"d":"0.08"},{"v":0.040116718,"d":"0.04"},"0_92001010_7011_200068","D",{"v":1.1686517e-08,"d":"0.00"},{"v":1.42586e-10,"d":"0.00"},{"v":1.1083E-11,"d":"0.00"}]
[9,921,92101,{"v":4441.98805199999,"d":"4,441.99"},167968,{"v":37.81369919,"d":"37.81"},"SR",101,92101160,{"v":205.872984865,"d":"205.87"},53,95,148,{"v":75.1186897,"d":"75.12"},{"v":0.992934034,"d":"0.99"},{"v":146.954237,"d":"146.95"},{"v":1.045762962,"d":"1.05"},0,"0_92101160_7058",{"v":130.754295165,"d":"130.75"},0,{"v":1.045762962,"d":"1.05"},{"v":0.36487881,"d":"0.36"},"0_92101160_7058_200437","F",{"v":0.000342136146891,"d":"0.00"},{"v":2.616634096e-06,"d":"0.00"},{"v":2.736379022e-06,"d":"0.00"}]
[9,922,92201,{"v":10224.20103,"d":"10,224.20"},195230,{"v":19.09489058,"d":"19.09"},"SR",101,92201021,{"v":752.12116991,"d":"752.12"},0,31,31,{"v":51.5315117299999,"d":"51.53"},{"v":0.992934034,"d":"0.99"},{"v":30.78095506,"d":"30.78"},{"v":0.219044945,"d":"0.22"},0,"0_92201021_7083",{"v":700.589658177,"d":"700.59"},0,{"v":0.219044945,"d":"0.22"},{"v":0.068514907,"d":"0.07"},"0_92201021_7083_200677","E",{"v":6.84698940691,"d":"6.85"},{"v":0.00977318081561,"d":"0.01"},{"v":0.00214076585423,"d":"0.00"}]
[9,922,92201,{"v":10224.20103,"d":"10,224.20"},195230,{"v":19.09489058,"d":"19.09"},"SR",101,92201052,{"v":280.320411864999,"d":"280.32"},140,3185,3325,{"v":120.680767299999,"d":"120.68"},{"v":0.992934034,"d":"0.99"},{"v":3301.50566299999,"d":"3,301.51"},{"v":23.49433682,"d":"23.49"},0,"0_92201052_7090",{"v":159.639644545,"d":"159.64"},0,{"v":23.49433682,"d":"23.49"},{"v":0.430510096,"d":"0.43"},"0_92201052_7090_200854","C",{"v":1.53284349733,"d":"1.53"},{"v":0.00960189745911,"d":"0.01"},{"v":0.225590213015,"d":"0.23"}]
[9,922,92201,{"v":10224.20103,"d":"10,224.20"},195230,{"v":19.09489058,"d":"19.09"},"SR",101,92201291,{"v":81.6319235349999,"d":"81.63"},27,109,136,{"v":25.7417709799999,"d":"25.74"},{"v":0.992934034,"d":"0.99"},{"v":135.039028599999,"d":"135.04"},{"v":0.96097137,"d":"0.96"},0,"0_92201291_7128",{"v":55.8901525523,"d":"55.89"},0,{"v":0.96097137,"d":"0.96"},{"v":0.315339513,"d":"0.32"},"0_92201291_7128_201287","F",{"v":0.0595215321536,"d":"0.06"},{"v":1.06497351386E-3,"d":"0.00"},{"v":1.02340905663E-3,"d":"0.00"}]
[9,923,92301,{"v":3204.284153,"d":"3,204.28"},110464,{"v":34.4738464799999,"d":"34.47"},"SR",101,92301063,{"v":26.1427024149999,"d":"26.14"},11,300,311,{"v":22.9185321299999,"d":"22.92"},{"v":0.992934034,"d":"0.99"},{"v":308.8024846,"d":"308.80"},{"v":2.197515413,"d":"2.20"},0,"0_92301063_7151",{"v":3.22417028751,"d":"3.22"},0,{"v":2.197515413,"d":"2.20"},{"v":0.876670352,"d":"0.88"},"0_92301063_7151_201464","D",{"v":1.3739927317,"d":"1.37"},{"v":0.426153896717,"d":"0.43"},{"v":0.936479756346,"d":"0.94"}]
[1,101,10101,{"v":4284.43524499999,"d":"4,284.44"},14816,{"v":3.458098711,"d":"3.46"},"SR",103,10101004,{"v":565.965431729999,"d":"565.97"},88,704,792,{"v":87.83695274,"d":"87.84"},{"v":0.991139192,"d":"0.99"},{"v":784.9822398,"d":"784.98"},{"v":7.017760191,"d":"7.02"},1,"1_10101004_7180",{"v":87.8369527364999,"d":"87.84"},0.99999999996,{"v":784.982239768999,"d":"784.98"},{"v":0.155198441,"d":"0.16"},"1_10101004_7180_201718","F",{"v":0.0362013948571,"d":"0.04"},{"v":0.000412143109811,"d":"0.00"},{"v":0.323525021445,"d":"0.32"}]
[1,103,10308,{"v":1278.022604,"d":"1,278.02"},1383,{"v":1.082140484,"d":"1.08"},"G",103,10308000,{"v":1278.0226041,"d":"1,278.02"},94,785,879,{"v":159.342408599999,"d":"159.34"},{"v":0.991139192,"d":"0.99"},{"v":871.211349499999,"d":"871.21"},{"v":7.788650516,"d":"7.79"},1,"1_10308000_7222",{"v":143.935268987999,"d":"143.94"},0.903307978413,{"v":786.972162886999,"d":"786.97"},{"v":0.124678866,"d":"0.12"},"1_10308000_7222_202073","E",{"v":0.0197033722736,"d":"0.02"},{"v":0.000136890509269,"d":"0.00"},{"v":0.107729020158,"d":"0.11"}]
[1,103,10315,{"v":2303.694507,"d":"2,303.69"},3066,{"v":1.330905635,"d":"1.33"},"M",310,10315000,{"v":39.09319439,"d":"39.09"},53,210,263,{"v":38.8221335599999,"d":"38.82"},{"v":0.967661341,"d":"0.97"},{"v":254.494932699999,"d":"254.49"},{"v":8.505067339,"d":"8.51"},1,"1_10315000_7246",{"v":38.8221335645,"d":"38.82"},1.00000000012,{"v":254.494932731,"d":"254.49"},{"v":0.993066291,"d":"0.99"},"1_10315000_7246_202250","F",{"v":1.73134043665E-4,"d":"0.00"},{"v":4.459673587e-06,"d":"0.00"},{"v":1.13496432963E-3,"d":"0.00"}]
[1,106,10601,{"v":966.951509999999,"d":"966.95"},1227,{"v":1.268936433,"d":"1.27"},"G",410,10601000,{"v":966.951509949999,"d":"966.95"},55,240,295,{"v":100.426945599999,"d":"100.43"},{"v":0.93996673,"d":"0.94"},{"v":277.2901855,"d":"277.29"},{"v":17.7098145199999,"d":"17.71"},1,"1_10601000_7480",{"v":100.426945579,"d":"100.43"},0.999999999791,{"v":277.290185441999,"d":"277.29"},{"v":0.10385934,"d":"0.10"},"1_10601000_7480_202427","E",{"v":4.18152382193,"d":"4.18"},{"v":0.0416374688867,"d":"0.04"},{"v":11.5456614689,"d":"11.55"}]
[1,106,10605,{"v":1739.657351,"d":"1,739.66"},2074,{"v":1.192188795,"d":"1.19"},"G",210,10605000,{"v":844.999996375,"d":"845.00"},49,55,104,{"v":70.3122653399999,"d":"70.31"},{"v":0.980090788,"d":"0.98"},{"v":101.929441999999,"d":"101.93"},{"v":2.070558048,"d":"2.07"},1,"1_10605000_7502",{"v":65.0025585755,"d":"65.00"},0.924483918434,{"v":94.2321299439999,"d":"94.23"},{"v":0.083209782,"d":"0.08"},"1_10605000_7502_202604","E",{"v":3.65520348404E-3,"d":"0.00"},{"v":5.6231686324e-05,"d":"0.00"},{"v":0.00529883157261,"d":"0.01"}]
[1,106,10615,{"v":1889.414003,"d":"1,889.41"},2717,{"v":1.438011995,"d":"1.44"},"M",410,10615003,{"v":213.851464319999,"d":"213.85"},17,17,34,{"v":62.21034952,"d":"62.21"},{"v":0.93996673,"d":"0.94"},{"v":31.95886883,"d":"31.96"},{"v":2.041131165,"d":"2.04"},1,"1_10615003_7554",{"v":60.7005336647999,"d":"60.70"},0.975730471427,{"v":31.1832421498,"d":"31.18"},{"v":0.290904482,"d":"0.29"},"1_10615003_7554_203037","D",{"v":3.12541114692,"d":"3.13"},{"v":0.0514890225542,"d":"0.05"},{"v":1.60559465836,"d":"1.61"}]
[1,107,10704,{"v":2740.495463,"d":"2,740.50"},619,{"v":0.225871565,"d":"0.23"},"G",330,10704000,{"v":2740.49546264999,"d":"2,740.50"},68,74,142,{"v":97.9036666599999,"d":"97.90"},{"v":0.958718978,"d":"0.96"},{"v":136.1380948,"d":"136.14"},{"v":5.861905152,"d":"5.86"},1,"1_10704000_7592",{"v":89.2736655796999,"d":"89.27"},0.91185211571,{"v":124.137809771999,"d":"124.14"},{"v":0.035724805,"d":"0.04"},"1_10704000_7592_203255","außerhalb GKL",{"v":0.0242845196048,"d":"0.02"},{"v":0.0002720233279,"d":"0.00"},{"v":0.0337683801324,"d":"0.03"}]
[1,107,10709,{"v":9174.680017,"d":"9,174.68"},2395,{"v":0.261044526,"d":"0.26"},"M",430,10709000,{"v":24.830981885,"d":"24.83"},97,211,308,{"v":24.83098189,"d":"24.83"},{"v":0.945243625,"d":"0.95"},{"v":308,"d":"308.00"},{"v":0,"d":"0.00"},1,"1_10709000_7625",{"v":24.830981885,"d":"24.83"},0.999999999799,{"v":307.999999937999,"d":"308.00"},{"v":1,"d":"1.00"},"1_10709000_7625_203390","F",{"v":0.000950342218198,"d":"0.00"},{"v":3.8272438142e-05,"d":"0.00"},{"v":0.0117879109454,"d":"0.01"}]
[1,107,10719,{"v":3169.04195399999,"d":"3,169.04"},1369,{"v":0.431991756,"d":"0.43"},"M",430,10719000,{"v":3169.04195372999,"d":"3,169.04"},141,431,572,{"v":164.633655199999,"d":"164.63"},{"v":0.945243625,"d":"0.95"},{"v":540.6793535,"d":"540.68"},{"v":31.32064648,"d":"31.32"},1,"1_10719000_7673",{"v":123.143442053,"d":"123.14"},0.747984620176,{"v":404.419840865,"d":"404.42"},{"v":0.051950608,"d":"0.05"},"1_10719000_7673_203823","G",{"v":0.0179080659193,"d":"0.02"},{"v":0.000145424438531,"d":"0.00"},{"v":0.0588125282886,"d":"0.06"}]
[3,302,30201,{"v":10844.35726,"d":"10,844.36"},55514,{"v":5.11916001,"d":"5.12"},"SR",102,30201010,{"v":57.749196355,"d":"57.75"},62,6533,6595,{"v":51.0327150399999,"d":"51.03"},{"v":0.988126829,"d":"0.99"},{"v":6516.69643799999,"d":"6,516.70"},{"v":78.30356233,"d":"78.30"},1,"1_30201010_11986",{"v":51.0327150386,"d":"51.03"},0.999999999973,{"v":6516.69643782,"d":"6,516.70"},{"v":0.883695675,"d":"0.88"},"1_30201010_11986_204000","D",{"v":0.00101422535505,"d":"0.00"},{"v":1.9874023051e-05,"d":"0.00"},{"v":0.129512975224,"d":"0.13"}]
[3,302,30201,{"v":10844.35726,"d":"10,844.36"},55514,{"v":5.11916001,"d":"5.12"},"SR",102,30201046,{"v":31.75457106,"d":"31.75"},34,1242,1276,{"v":31.75457106,"d":"31.75"},{"v":0.988126829,"d":"0.99"},{"v":1276,"d":"1,276.00"},{"v":0,"d":"0.00"},1,"1_30201046_12003",{"v":31.75457106,"d":"31.75"},1,{"v":1276,"d":"1,276.00"},{"v":1,"d":"1.00"},"1_30201046_12003_204177","D",{"v":1.62650382596,"d":"1.63"},{"v":0.0512210926385,"d":"0.05"},{"v":65.3581142066999,"d":"65.36"}]
[3,302,30201,{"v":10844.35726,"d":"10,844.36"},55514,{"v":5.11916001,"d":"5.12"},"SR",102,30201111,{"v":417.833419349999,"d":"417.83"},70,978,1048,{"v":157.0793543,"d":"157.08"},{"v":0.988126829,"d":"0.99"},{"v":1035.556917,"d":"1,035.56"},{"v":12.44308314,"d":"12.44"},1,"1_30201111_12053",{"v":148.66259979,"d":"148.66"},0.946417181637,{"v":980.068858812,"d":"980.07"},{"v":0.375937747,"d":"0.38"},"1_30201111_12053_204610","E",{"v":13.1749976297,"d":"13.17"},{"v":0.0886234846445,"d":"0.09"},{"v":86.8571174595,"d":"86.86"}]
[3,304,30401,{"v":6089.04783,"d":"6,089.05"},45823,{"v":7.525478741,"d":"7.53"},"SR",102,30401010,{"v":96.36881717,"d":"96.37"},1022,1653,2675,{"v":96.36881717,"d":"96.37"},{"v":0.988126829,"d":"0.99"},{"v":2675,"d":"2,675.00"},{"v":0,"d":"0.00"},1,"1_30401010_12210",{"v":96.36881717,"d":"96.37"},1,{"v":2675,"d":"2,675.00"},{"v":1,"d":"1.00"},"1_30401010_12210_204793","F",{"v":1.34398467562,"d":"1.34"},{"v":0.0139462609907,"d":"0.01"},{"v":37.3062481500999,"d":"37.31"}]
[3,304,30401,{"v":6089.04783,"d":"6,089.05"},45823,{"v":7.525478741,"d":"7.53"},"SR",102,30401033,{"v":573.844918789999,"d":"573.84"},119,614,733,{"v":118.820819499999,"d":"118.82"},{"v":0.988126829,"d":"0.99"},{"v":724.296965699999,"d":"724.30"},{"v":8.703034297,"d":"8.70"},1,"1_30401033_12236",{"v":43.0320796966,"d":"43.03"},0.362159425239,{"v":262.3109728,"d":"262.31"},{"v":0.207060855,"d":"0.21"},"1_30401033_12236_204963","D",{"v":5.42847939218,"d":"5.43"},{"v":0.12614959422,"d":"0.13"},{"v":33.0904227782,"d":"33.09"}]
[3,306,30603,{"v":3910.653247,"d":"3,910.65"},12126,{"v":3.100760725,"d":"3.10"},"ST",101,30603020,{"v":715.542675929999,"d":"715.54"},46,49,95,{"v":45.73218998,"d":"45.73"},{"v":0.992934034,"d":"0.99"},{"v":94.3287332299999,"d":"94.33"},{"v":0.671266766,"d":"0.67"},1,"1_30603020_13696",{"v":44.7537239935999,"d":"44.75"},0.978604436244,{"v":92.3105168042,"d":"92.31"},{"v":0.063912596,"d":"0.06"},"1_30603020_13696_205396","F",{"v":20.1118735246999,"d":"20.11"},{"v":0.449389944121,"d":"0.45"},{"v":41.4834179883999,"d":"41.48"}]
[3,306,30604,{"v":2688.27892599999,"d":"2,688.28"},25958,{"v":9.655992072,"d":"9.66"},"ST",101,30604040,{"v":38.203599285,"d":"38.20"},79,381,460,{"v":38.1741402099999,"d":"38.17"},{"v":0.992934034,"d":"0.99"},{"v":456.7496557,"d":"456.75"},{"v":3.250344341,"d":"3.25"},1,"1_30604040_13720",{"v":38.1741402119999,"d":"38.17"},1.00000000005,{"v":456.749655722999,"d":"456.75"},{"v":0.999228893,"d":"1.00"},"1_30604040_13720_205573","D",{"v":0.418447531433,"d":"0.42"},{"v":0.0109615443625,"d":"0.01"},{"v":5.00668161376,"d":"5.01"}]
[3,306,30605,{"v":1763.858017,"d":"1,763.86"},9046,{"v":5.128530706,"d":"5.13"},"ST",101,30605007,{"v":70.0894139899999,"d":"70.09"},38,615,653,{"v":51.6639531599999,"d":"51.66"},{"v":0.992934034,"d":"0.99"},{"v":648.385924199999,"d":"648.39"},{"v":4.614075772,"d":"4.61"},1,"1_30605007_13757",{"v":48.1303483275999,"d":"48.13"},0.931604056285,{"v":604.038957022999,"d":"604.04"},{"v":0.737114925,"d":"0.74"},"1_30605007_13757_205750","D",{"v":0.070215744297,"d":"0.07"},{"v":0.00145886632316,"d":"0.00"},{"v":0.881212092278,"d":"0.88"}]
[3,306,30607,{"v":4320.155464,"d":"4,320.16"},11229,{"v":2.599212018,"d":"2.60"},"ST",310,30607005,{"v":792.068567505,"d":"792.07"},139,305,444,{"v":153.7859085,"d":"153.79"},{"v":0.967661341,"d":"0.97"},{"v":429.641635399999,"d":"429.64"},{"v":14.35836463,"d":"14.36"},1,"1_30607005_13777",{"v":139.906156038999,"d":"139.91"},0.909746266115,{"v":390.864873573,"d":"390.86"},{"v":0.194157318,"d":"0.19"},"1_30607005_13777_205927","F",{"v":0.25588480607,"d":"0.26"},{"v":0.00182897460208,"d":"0.00"},{"v":0.71488192661,"d":"0.71"}]
[3,306,30620,{"v":1230.71017899999,"d":"1,230.71"},4897,{"v":3.979003409,"d":"3.98"},"M",101,30620002,{"v":563.27818904,"d":"563.28"},94,260,354,{"v":101.0876403,"d":"101.09"},{"v":0.992934034,"d":"0.99"},{"v":351.4986481,"d":"351.50"},{"v":2.50135195,"d":"2.50"},1,"1_30620002_13879",{"v":93.1093843007,"d":"93.11"},0.921075850859,{"v":323.756916374,"d":"323.76"},{"v":0.179463083,"d":"0.18"},"1_30620002_13879_206330","D",{"v":8.80240159149,"d":"8.80"},{"v":0.0945382858839,"d":"0.09"},{"v":30.6074239171,"d":"30.61"}]
[3,306,30627,{"v":3351.14650699999,"d":"3,351.15"},2930,{"v":0.874327635,"d":"0.87"},"M",101,30627001,{"v":2232.18175411999,"d":"2,232.18"},36,253,289,{"v":98.9884477399999,"d":"98.99"},{"v":0.992934034,"d":"0.99"},{"v":286.957935799999,"d":"286.96"},{"v":2.042064162,"d":"2.04"},1,"1_30627001_13911",{"v":71.0180327510999,"d":"71.02"},0.717437583602,{"v":205.874408055999,"d":"205.87"},{"v":0.044346052,"d":"0.04"},"1_30627001_13911_206536","F",{"v":0.230304997924,"d":"0.23"},{"v":0.00324290872335,"d":"0.00"},{"v":0.667631913799,"d":"0.67"}]
[3,306,30637,{"v":729.779311799999,"d":"729.78"},1808,{"v":2.477461297,"d":"2.48"},"M",310,30637000,{"v":729.779311764999,"d":"729.78"},101,602,703,{"v":148.274910799999,"d":"148.27"},{"v":0.967661341,"d":"0.97"},{"v":680.2659227,"d":"680.27"},{"v":22.7340773399999,"d":"22.73"},1,"1_30637000_13945",{"v":82.9310648215,"d":"82.93"},0.559306118439,{"v":380.476892732,"d":"380.48"},{"v":0.203177739,"d":"0.20"},"1_30637000_13945_206713","G",{"v":18.9682978537,"d":"18.97"},{"v":0.228723674229,"d":"0.23"},{"v":87.0240728649,"d":"87.02"}]
[3,307,30704,{"v":2367.519775,"d":"2,367.52"},8036,{"v":3.394269431,"d":"3.39"},"ST",210,30704003,{"v":285.37864295,"d":"285.38"},22,370,392,{"v":91.93137457,"d":"91.93"},{"v":0.980090788,"d":"0.98"},{"v":384.1955889,"d":"384.20"},{"v":7.804411102,"d":"7.80"},1,"1_30704003_14017",{"v":86.0972655914,"d":"86.10"},0.936538434176,{"v":359.813935246,"d":"359.81"},{"v":0.322138243,"d":"0.32"},"1_30704003_14017_207146","E",{"v":9.38284180654,"d":"9.38"},{"v":0.108979556344,"d":"0.11"},{"v":39.2123630294999,"d":"39.21"}]
[3,307,30710,{"v":2500.65399399999,"d":"2,500.65"},6837,{"v":2.73408477,"d":"2.73"},"ST",320,30710000,{"v":21.34552001,"d":"21.35"},71,464,535,{"v":21.34552001,"d":"21.35"},{"v":0.907735558,"d":"0.91"},{"v":535,"d":"535.00"},{"v":0,"d":"0.00"},1,"1_30710000_14046",{"v":21.3455200101,"d":"21.35"},1,{"v":535,"d":"535.00"},{"v":1,"d":"1.00"},"1_30710000_14046_207323","E",{"v":8.9475548988,"d":"8.95"},{"v":0.419177180718,"d":"0.42"},{"v":224.259791683999,"d":"224.26"}]
[3,307,30716,{"v":2991.69977999999,"d":"2,991.70"},4138,{"v":1.383160178,"d":"1.38"},"ST",310,30716002,{"v":1429.76373136,"d":"1,429.76"},68,382,450,{"v":150.797175699999,"d":"150.80"},{"v":0.967661341,"d":"0.97"},{"v":435.447603399999,"d":"435.45"},{"v":14.55239659,"d":"14.55"},1,"1_30716002_14073",{"v":6.85518064884,"d":"6.86"},0.0454596090213,{"v":19.7952777998,"d":"19.80"},{"v":0.105469996,"d":"0.11"},"1_30716002_14073_207500","F",{"v":1.56562494467,"d":"1.57"},{"v":0.228385658215,"d":"0.23"},{"v":4.52095754986,"d":"4.52"}]
[3,307,30732,{"v":4761.055072,"d":"4,761.06"},7443,{"v":1.563308949,"d":"1.56"},"M",310,30732002,{"v":1635.10594657999,"d":"1,635.11"},85,1833,1918,{"v":195.803087,"d":"195.80"},{"v":0.967661341,"d":"0.97"},{"v":1855.97445199999,"d":"1,855.97"},{"v":62.02554812,"d":"62.03"},1,"1_30732002_14140",{"v":185.606791057,"d":"185.61"},0.947925765118,{"v":1759.32600245,"d":"1,759.33"},{"v":0.11974948,"d":"0.12"},"1_30732002_14140_207867","E",{"v":12.7940340183,"d":"12.79"},{"v":0.0689308507811,"d":"0.07"},{"v":121.271838149999,"d":"121.27"}]
[3,307,30739,{"v":1138.608062,"d":"1,138.61"},2208,{"v":1.939209877,"d":"1.94"},"M",310,30739000,{"v":1138.60806198999,"d":"1,138.61"},117,6956,7073,{"v":133.948106099999,"d":"133.95"},{"v":0.967661341,"d":"0.97"},{"v":6844.268664,"d":"6,844.27"},{"v":228.731335699999,"d":"228.73"},1,"1_30739000_14171",{"v":7.18871958883,"d":"7.19"},0.0536679449836,{"v":367.317834113,"d":"367.32"},{"v":0.117641979,"d":"0.12"},"1_30739000_14171_208109","G",{"v":1.30927327192,"d":"1.31"},{"v":0.182128855597,"d":"0.18"},{"v":66.8991767673999,"d":"66.90"}]
[3,307,30740,{"v":4483.231624,"d":"4,483.23"},19570,{"v":4.36515479,"d":"4.37"},"ST",101,30740031,{"v":23.5349439949999,"d":"23.53"},30,101,131,{"v":17.9834372,"d":"17.98"},{"v":0.992934034,"d":"0.99"},{"v":130.074358499999,"d":"130.07"},{"v":0.925641541,"d":"0.93"},1,"1_30740031_14192",{"v":17.9834372018,"d":"17.98"},1.0000000001,{"v":130.074358512999,"d":"130.07"},{"v":0.764116422,"d":"0.76"},"1_30740031_14192_208286","E",{"v":0.365285652042,"d":"0.37"},{"v":0.0203123378441,"d":"0.02"},{"v":2.64211431497,"d":"2.64"}]
[3,308,30821,{"v":8388.845577,"d":"8,388.85"},11600,{"v":1.382788596,"d":"1.38"},"ST",101,30821030,{"v":1091.74787029,"d":"1,091.75"},51,154,205,{"v":68.5912858899999,"d":"68.59"},{"v":0.992934034,"d":"0.99"},{"v":203.551477,"d":"203.55"},{"v":1.448523022,"d":"1.45"},1,"1_30821030_14278",{"v":58.877505823,"d":"58.88"},0.858381718013,{"v":174.724866531,"d":"174.72"},{"v":0.062827039,"d":"0.06"},"1_30821030_14278_208719","G",{"v":10.7552066659999,"d":"10.76"},{"v":0.182670894693,"d":"0.18"},{"v":31.9171476942999,"d":"31.92"}]
[3,308,30842,{"v":2691.38061699999,"d":"2,691.38"},1699,{"v":0.631274517,"d":"0.63"},"M",310,30842000,{"v":2691.38061716999,"d":"2,691.38"},101,491,592,{"v":171.7558146,"d":"171.76"},{"v":0.967661341,"d":"0.97"},{"v":572.8555138,"d":"572.86"},{"v":19.14448618,"d":"19.14"},1,"1_30842000_14339",{"v":61.6544097000999,"d":"61.65"},0.358965487391,{"v":205.635358716,"d":"205.64"},{"v":0.063816992,"d":"0.06"},"1_30842000_14339_208896","E",{"v":1.59588363612,"d":"1.60"},{"v":0.0258843389124,"d":"0.03"},{"v":5.32273531738,"d":"5.32"}]
[3,312,31206,{"v":1349.99523399999,"d":"1,350.00"},2291,{"v":1.697043028,"d":"1.70"},"M",310,31206000,{"v":1075.77851011999,"d":"1,075.78"},198,1815,2013,{"v":234.6046679,"d":"234.60"},{"v":0.967661341,"d":"0.97"},{"v":1947.90227899999,"d":"1,947.90"},{"v":65.09772073,"d":"65.10"},1,"1_31206000_15237",{"v":102.684298499999,"d":"102.68"},0.437690773245,{"v":852.578854700999,"d":"852.58"},{"v":0.218078969,"d":"0.22"},"1_31206000_15237_209148","G",{"v":3.18178165887,"d":"3.18"},{"v":0.0309860582908,"d":"0.03"},{"v":26.4180580893,"d":"26.42"}]
[3,312,31213,{"v":976.780200799999,"d":"976.78"},13331,{"v":13.64790153,"d":"13.65"},"ST",101,31213006,{"v":490.315820514999,"d":"490.32"},80,736,816,{"v":130.401101,"d":"130.40"},{"v":0.992934034,"d":"0.99"},{"v":810.2341718,"d":"810.23"},{"v":5.765828223,"d":"5.77"},1,"1_31213006_15278",{"v":110.499565547,"d":"110.50"},0.847382151681,{"v":686.577975864999,"d":"686.58"},{"v":0.265953281,"d":"0.27"},"1_31213006_15278_209249","F",{"v":0.196019328142,"d":"0.20"},{"v":1.77393754601E-3,"d":"0.00"},{"v":1.21794644965,"d":"1.22"}]
[3,313,31333,{"v":3021.17647299999,"d":"3,021.18"},2560,{"v":0.847352024,"d":"0.85"},"M",410,31333000,{"v":1852.19135486,"d":"1,852.19"},56,215,271,{"v":138.313103,"d":"138.31"},{"v":0.93996673,"d":"0.94"},{"v":254.7309839,"d":"254.73"},{"v":16.26901605,"d":"16.27"},1,"1_31333000_15675",{"v":137.418013526,"d":"137.42"},0.993528527272,{"v":253.082499285,"d":"253.08"},{"v":0.074675385,"d":"0.07"},"1_31333000_15675_209682","F",{"v":0.301663404157,"d":"0.30"},{"v":0.00219522460278,"d":"0.00"},{"v":0.555572928963,"d":"0.56"}]
[3,314,31403,{"v":4469.367723,"d":"4,469.37"},3801,{"v":0.850455867,"d":"0.85"},"ST",430,31403003,{"v":3985.40293761,"d":"3,985.40"},165,2605,2770,{"v":91.92541669,"d":"91.93"},{"v":0.945243625,"d":"0.95"},{"v":2618.324841,"d":"2,618.32"},{"v":151.675158699999,"d":"151.68"},1,"1_31403003_15855",{"v":0.592247169287,"d":"0.59"},0.00644269224565,{"v":16.8690611496999,"d":"16.87"},{"v":0.023065526,"d":"0.02"},"1_31403003_15855_209859","außerhalb GKL",{"v":0.592247169287,"d":"0.59"},{"v":1,"d":"1.00"},{"v":16.8690611496999,"d":"16.87"}]
[3,314,31407,{"v":5404.850924,"d":"5,404.85"},2664,{"v":0.49289056,"d":"0.49"},"ST",410,31407000,{"v":303.20904092,"d":"303.21"},11,923,934,{"v":44.89295099,"d":"44.89"},{"v":0.93996673,"d":"0.94"},{"v":877.928926199999,"d":"877.93"},{"v":56.0710737799999,"d":"56.07"},1,"1_31407000_15953",{"v":27.3823894058,"d":"27.38"},0.60994852871,{"v":535.491456847999,"d":"535.49"},{"v":0.148059408,"d":"0.15"},"1_31407000_15953_210036","E",{"v":1.68850644858,"d":"1.69"},{"v":0.0616639557475,"d":"0.06"},{"v":33.0205214981999,"d":"33.02"}]
[3,314,31413,{"v":680.432433299999,"d":"680.43"},3402,{"v":4.999761671,"d":"5.00"},"M",410,31413003,{"v":131.599875284999,"d":"131.60"},29,100,129,{"v":49.99651042,"d":"50.00"},{"v":0.93996673,"d":"0.94"},{"v":121.2557082,"d":"121.26"},{"v":7.744291775,"d":"7.74"},1,"1_31413003_16101",{"v":28.8459768728,"d":"28.85"},0.576959804404,{"v":69.9596696858999,"d":"69.96"},{"v":0.379913053,"d":"0.38"},"1_31413003_16101_210469","C",{"v":0.00781561730906,"d":"0.01"},{"v":0.000270943062304,"d":"0.00"},{"v":0.0189550871425,"d":"0.02"}]
[3,315,31513,{"v":3614.65409499999,"d":"3,614.65"},1861,{"v":0.514848711,"d":"0.51"},"M",410,31513001,{"v":746.761611229999,"d":"746.76"},36,103,139,{"v":13.41942983,"d":"13.42"},{"v":0.93996673,"d":"0.94"},{"v":130.655375499999,"d":"130.66"},{"v":8.34462446999999,"d":"8.34"},1,"1_31513001_16320",{"v":8.40544858781,"d":"8.41"},0.626364062728,{"v":81.8378318153999,"d":"81.84"},{"v":0.017970166,"d":"0.02"},"1_31513001_16320_210685","G",{"v":0.26092228163,"d":"0.26"},{"v":0.0310420412313,"d":"0.03"},{"v":2.54041334949,"d":"2.54"}]
[3,315,31520,{"v":1184.27200999999,"d":"1,184.27"},3807,{"v":3.214633098,"d":"3.21"},"M",410,31520001,{"v":791.75127433,"d":"791.75"},64,1295,1359,{"v":175.543137999999,"d":"175.54"},{"v":0.93996673,"d":"0.94"},{"v":1277.41478699999,"d":"1,277.41"},{"v":81.58521335,"d":"81.59"},1,"1_31520001_16409",{"v":3.63201315229,"d":"3.63"},0.0206901459873,{"v":26.4298984294,"d":"26.43"},{"v":0.221715005,"d":"0.22"},"1_31520001_16409_210822","G",{"v":0.138450816648,"d":"0.14"},{"v":0.0381195802005,"d":"0.04"},{"v":1.00749663287,"d":"1.01"}]
[3,317,31704,{"v":725.810875399999,"d":"725.81"},11975,{"v":16.49878833,"d":"16.50"},"M",101,31704005,{"v":162.006861074999,"d":"162.01"},138,1116,1254,{"v":99.1212818799999,"d":"99.12"},{"v":0.992934034,"d":"0.99"},{"v":1245.13927899999,"d":"1,245.14"},{"v":8.860721313,"d":"8.86"},1,"1_31704005_17182",{"v":99.1212818764,"d":"99.12"},0.999999999964,{"v":1245.13927895999,"d":"1,245.14"},{"v":0.611833852,"d":"0.61"},"1_31704005_17182_211255","E",{"v":0.130811295023,"d":"0.13"},{"v":0.00131970947658,"d":"0.00"},{"v":1.64322210611,"d":"1.64"}]
[3,317,31710,{"v":1485.991213,"d":"1,485.99"},9227,{"v":6.209323393,"d":"6.21"},"M",101,31710002,{"v":776.452509344999,"d":"776.45"},79,485,564,{"v":83.4056760299999,"d":"83.41"},{"v":0.992934034,"d":"0.99"},{"v":560.014795199999,"d":"560.01"},{"v":3.985204801,"d":"3.99"},1,"1_31710002_17210",{"v":64.7526608976999,"d":"64.75"},0.776357964827,{"v":434.771946673999,"d":"434.77"},{"v":0.107418902,"d":"0.11"},"1_31710002_17210_211432","D",{"v":7.37456367405,"d":"7.37"},{"v":0.113888195046,"d":"0.11"},{"v":49.5153922633,"d":"49.52"}]
[3,317,31712,{"v":1697.09842699999,"d":"1,697.10"},3952,{"v":2.328680492,"d":"2.33"},"M",101,31712005,{"v":376.779835194999,"d":"376.78"},131,274,405,{"v":105.240466699999,"d":"105.24"},{"v":0.992934034,"d":"0.99"},{"v":402.1382838,"d":"402.14"},{"v":2.861716214,"d":"2.86"},1,"1_31712005_17227",{"v":105.240466732,"d":"105.24"},1.0000000003,{"v":402.138283920999,"d":"402.14"},{"v":0.27931555,"d":"0.28"},"1_31712005_17227_211609","F",{"v":0.482860993019,"d":"0.48"},{"v":4.58816848702E-3,"d":"0.00"},{"v":1.84507820171,"d":"1.85"}]
[3,317,31718,{"v":1998.46004599999,"d":"1,998.46"},2955,{"v":1.478638517,"d":"1.48"},"G",310,31718000,{"v":1998.46001612999,"d":"1,998.46"},204,966,1170,{"v":255.048593799999,"d":"255.05"},{"v":0.967661341,"d":"0.97"},{"v":1132.163769,"d":"1,132.16"},{"v":37.83623113,"d":"37.84"},1,"1_31718000_17281",{"v":40.7571208522999,"d":"40.76"},0.159801394099,{"v":180.921348634999,"d":"180.92"},{"v":0.127622565,"d":"0.13"},"1_31718000_17281_212042","außerhalb GKL",{"v":5.43196177466,"d":"5.43"},{"v":0.133276386091,"d":"0.13"},{"v":24.1125435127999,"d":"24.11"}]
[3,317,31719,{"v":1257.51517899999,"d":"1,257.52"},14996,{"v":11.9251045599999,"d":"11.93"},"M",101,31719034,{"v":5.44357688,"d":"5.44"},28,17,45,{"v":5.44357688,"d":"5.44"},{"v":0.992934034,"d":"0.99"},{"v":45,"d":"45.00"},{"v":0,"d":"0.00"},1,"1_31719034_17299",{"v":5.44357688,"d":"5.44"},1,{"v":45,"d":"45.00"},{"v":1,"d":"1.00"},"1_31719034_17299_212223","C",{"v":4.86948232941,"d":"4.87"},{"v":0.894537256799,"d":"0.89"},{"v":40.2541765559999,"d":"40.25"}]
[3,317,31725,{"v":604.1901715,"d":"604.19"},9354,{"v":15.4818804399999,"d":"15.48"},"M",101,31725001,{"v":252.690870044999,"d":"252.69"},107,1273,1380,{"v":119.0354942,"d":"119.04"},{"v":0.992934034,"d":"0.99"},{"v":1370.24896699999,"d":"1,370.25"},{"v":9.751033024,"d":"9.75"},1,"1_31725001_17318",{"v":5.24375508253,"d":"5.24"},0.0440520293361,{"v":60.3622476919999,"d":"60.36"},{"v":0.471071607,"d":"0.47"},"1_31725001_17318_212395","F",{"v":0.450833940382,"d":"0.45"},{"v":0.0859753999351,"d":"0.09"},{"v":5.1896683863,"d":"5.19"}]
[3,317,31726,{"v":4855.31520699999,"d":"4,855.32"},2880,{"v":0.593164373,"d":"0.59"},"G",310,31726003,{"v":628.78924701,"d":"628.79"},45,80,125,{"v":51.16547433,"d":"51.17"},{"v":0.967661341,"d":"0.97"},{"v":120.957667599999,"d":"120.96"},{"v":4.042332385,"d":"4.04"},1,"1_31726003_17349",{"v":48.3905697066999,"d":"48.39"},0.945766072539,{"v":114.39765823,"d":"114.40"},{"v":0.081371421,"d":"0.08"},"1_31726003_17349_212572","E",{"v":13.6478788918,"d":"13.65"},{"v":0.282035920935,"d":"0.28"},{"v":32.2642488916999,"d":"32.26"}]
[3,318,31826,{"v":8336.023927,"d":"8,336.02"},2694,{"v":0.323175656,"d":"0.32"},"M",410,31826001,{"v":8057.38153501,"d":"8,057.38"},168,172,340,{"v":149.8130891,"d":"149.81"},{"v":0.93996673,"d":"0.94"},{"v":319.5886883,"d":"319.59"},{"v":20.4113116499999,"d":"20.41"},1,"1_31826001_17719",{"v":0.71297158627,"d":"0.71"},0.00475907406057,{"v":1.52094623654,"d":"1.52"},{"v":0.018593272,"d":"0.02"},"1_31826001_17719_213005","F",{"v":0.512072873871,"d":"0.51"},{"v":0.7182233959,"d":"0.72"},{"v":1.09237917099,"d":"1.09"}]
[3,318,31837,{"v":915.416817899999,"d":"915.42"},1438,{"v":1.570869108,"d":"1.57"},"G",410,31837000,{"v":695.395678105,"d":"695.40"},46,155,201,{"v":98.59512103,"d":"98.60"},{"v":0.93996673,"d":"0.94"},{"v":188.9333128,"d":"188.93"},{"v":12.06668718,"d":"12.07"},1,"1_31837000_17862",{"v":97.5622191788,"d":"97.56"},0.989523803608,{"v":186.95401031,"d":"186.95"},{"v":0.141782764,"d":"0.14"},"1_31837000_17862_213182","außerhalb GKL",{"v":16.7536997169,"d":"16.75"},{"v":0.171723233214,"d":"0.17"},{"v":32.1043471127999,"d":"32.10"}]
[3,318,31839,{"v":6537.781896,"d":"6,537.78"},14660,{"v":2.242350729,"d":"2.24"},"ST",103,31839023,{"v":877.25137465,"d":"877.25"},21,59,80,{"v":36.04044995,"d":"36.04"},{"v":0.991139192,"d":"0.99"},{"v":79.29113533,"d":"79.29"},{"v":0.708864666,"d":"0.71"},1,"1_31839023_17899",{"v":0.78122738576,"d":"0.78"},0.0216764048963,{"v":1.7187467541,"d":"1.72"},{"v":0.041083378,"d":"0.04"},"1_31839023_17899_213359","außerhalb GKL",{"v":0.78122738576,"d":"0.78"},{"v":1,"d":"1.00"},{"v":1.7187467541,"d":"1.72"}]
[3,319,31901,{"v":3554.21177699999,"d":"3,554.21"},3025,{"v":0.851102914,"d":"0.85"},"M",310,31901001,{"v":3142.43466626,"d":"3,142.43"},168,292,460,{"v":181.2974168,"d":"181.30"},{"v":0.967661341,"d":"0.97"},{"v":445.124216799999,"d":"445.12"},{"v":14.87578318,"d":"14.88"},1,"1_31901001_18140",{"v":8.14181668078,"d":"8.14"},0.0449086193531,{"v":19.9899140170999,"d":"19.99"},{"v":0.057693297,"d":"0.06"},"1_31901001_18140_213760","G",{"v":0.0611898562034,"d":"0.06"},{"v":0.00751550404566,"d":"0.01"},{"v":0.150234279668,"d":"0.15"}]
[3,319,31904,{"v":3453.01216999999,"d":"3,453.01"},1236,{"v":0.357948347,"d":"0.36"},"G",410,31904000,{"v":3453.00367083999,"d":"3,453.00"},142,170,312,{"v":113.4277007,"d":"113.43"},{"v":0.93996673,"d":"0.94"},{"v":293.2696199,"d":"293.27"},{"v":18.7303801099999,"d":"18.73"},1,"1_31904000_18229",{"v":1.13122560516,"d":"1.13"},0.00997309826593,{"v":2.92480673767,"d":"2.92"},{"v":0.032848995,"d":"0.03"},"1_31904000_18229_213968","außerhalb GKL",{"v":1.13122560516,"d":"1.13"},{"v":1,"d":"1.00"},{"v":2.92480673767,"d":"2.92"}]
[3,319,31909,{"v":3600.925298,"d":"3,600.93"},2684,{"v":0.745363977,"d":"0.75"},"M",410,31909001,{"v":3198.22338920999,"d":"3,198.22"},210,157,367,{"v":95.8937262,"d":"95.89"},{"v":0.93996673,"d":"0.94"},{"v":344.9677901,"d":"344.97"},{"v":22.03220993,"d":"22.03"},1,"1_31909001_18343",{"v":5.12192698791,"d":"5.12"},0.0534125348016,{"v":18.4256040940999,"d":"18.43"},{"v":0.029983436,"d":"0.03"},"1_31909001_18343_214145","außerhalb GKL",{"v":0.405844128367,"d":"0.41"},{"v":0.0792366094489,"d":"0.08"},{"v":1.45998239546,"d":"1.46"}]
[3,319,31919,{"v":1776.87377799999,"d":"1,776.87"},2210,{"v":1.24375745,"d":"1.24"},"M",410,31919000,{"v":744.876496285,"d":"744.88"},66,111,177,{"v":129.568656199999,"d":"129.57"},{"v":0.93996673,"d":"0.94"},{"v":166.3741113,"d":"166.37"},{"v":10.62588871,"d":"10.63"},1,"1_31919000_18515",{"v":0.880487953698,"d":"0.88"},0.00679553203314,{"v":1.13060060282,"d":"1.13"},{"v":0.173946496,"d":"0.17"},"1_31919000_18515_214578","außerhalb GKL",{"v":0.880487953698,"d":"0.88"},{"v":1,"d":"1.00"},{"v":1.13060060282,"d":"1.13"}]
[3,319,31923,{"v":2505.65557799999,"d":"2,505.66"},893,{"v":0.356393755,"d":"0.36"},"M",430,31923000,{"v":2265.71398283,"d":"2,265.71"},110,49,159,{"v":98.1105599499999,"d":"98.11"},{"v":0.945243625,"d":"0.95"},{"v":150.2937364,"d":"150.29"},{"v":8.706263621,"d":"8.71"},1,"1_31923000_18585",{"v":1.09419810778,"d":"1.09"},0.011152704748,{"v":1.67618166754,"d":"1.68"},{"v":0.043302271,"d":"0.04"},"1_31923000_18585_214755","außerhalb GKL",{"v":1.09419810778,"d":"1.09"},{"v":1,"d":"1.00"},{"v":1.67618166754,"d":"1.68"}]
[3,319,31926,{"v":5166.14478899999,"d":"5,166.14"},8304,{"v":1.607388167,"d":"1.61"},"ST",310,31926005,{"v":840.184836915,"d":"840.18"},67,63,130,{"v":96.99380576,"d":"96.99"},{"v":0.967661341,"d":"0.97"},{"v":125.795974299999,"d":"125.80"},{"v":4.204025681,"d":"4.20"},1,"1_31926005_18643",{"v":4.32776847936,"d":"4.33"},0.0446190191781,{"v":5.61289298982,"d":"5.61"},{"v":0.115443414,"d":"0.12"},"1_31926005_18643_214932","außerhalb GKL",{"v":4.32776847936,"d":"4.33"},{"v":1,"d":"1.00"},{"v":5.61289298982,"d":"5.61"}]
[3,319,31934,{"v":6693.74610399999,"d":"6,693.75"},3566,{"v":0.532736071,"d":"0.53"},"M",310,31934000,{"v":470.088035194999,"d":"470.09"},73,300,373,{"v":96.33701277,"d":"96.34"},{"v":0.967661341,"d":"0.97"},{"v":360.937680199999,"d":"360.94"},{"v":12.06231984,"d":"12.06"},1,"1_31934000_18760",{"v":94.8995154785,"d":"94.90"},0.985078452713,{"v":355.551931536999,"d":"355.55"},{"v":0.204933982,"d":"0.20"},"1_31934000_18760_215297","G",{"v":1.75261658495,"d":"1.75"},{"v":0.0184681299595,"d":"0.02"},{"v":6.56637927898,"d":"6.57"}]
[3,319,31940,{"v":1247.02074599999,"d":"1,247.02"},1443,{"v":1.157157974,"d":"1.16"},"G",310,31940000,{"v":1247.02074567999,"d":"1,247.02"},115,355,470,{"v":139.239945199999,"d":"139.24"},{"v":0.967661341,"d":"0.97"},{"v":454.8008302,"d":"454.80"},{"v":15.1991697699999,"d":"15.20"},1,"1_31940000_18901",{"v":75.8401952466,"d":"75.84"},0.544672688126,{"v":247.717590747,"d":"247.72"},{"v":0.111658082,"d":"0.11"},"1_31940000_18901_215541","D",{"v":0.078490668483,"d":"0.08"},{"v":0.00103494813308,"d":"0.00"},{"v":0.256374858075,"d":"0.26"}]
[3,319,31945,{"v":1040.185322,"d":"1,040.19"},1395,{"v":1.341107176,"d":"1.34"},"G",310,31945000,{"v":1040.18533924,"d":"1,040.19"},76,1102,1178,{"v":128.3116966,"d":"128.31"},{"v":0.967661341,"d":"0.97"},{"v":1139.90506,"d":"1,139.91"},{"v":38.0949403999999,"d":"38.09"},1,"1_31945000_18958",{"v":26.3884257248,"d":"26.39"},0.205658770198,{"v":234.431472781999,"d":"234.43"},{"v":0.123354648,"d":"0.12"},"1_31945000_18958_215718","F",{"v":3.21942043541,"d":"3.22"},{"v":0.122001231486,"d":"0.12"},{"v":28.6009283785,"d":"28.60"}]
[3,319,31947,{"v":4596.19588,"d":"4,596.20"},6492,{"v":1.412472438,"d":"1.41"},"ST",310,31947005,{"v":2422.61236775999,"d":"2,422.61"},110,62,172,{"v":94.6716030999999,"d":"94.67"},{"v":0.967661341,"d":"0.97"},{"v":166.437750599999,"d":"166.44"},{"v":5.562249362,"d":"5.56"},1,"1_31947005_19022",{"v":7.17990598145,"d":"7.18"},0.0758401225536,{"v":12.622659403,"d":"12.62"},{"v":0.039078312,"d":"0.04"},"1_31947005_19022_215895","außerhalb GKL",{"v":1.58588263857,"d":"1.59"},{"v":0.220877911586,"d":"0.22"},{"v":2.7880666476,"d":"2.79"}]
[3,319,31952,{"v":3025.51791099999,"d":"3,025.52"},9818,{"v":3.245064247,"d":"3.25"},"ST",101,31952001,{"v":345.867370615,"d":"345.87"},144,256,400,{"v":62.18806087,"d":"62.19"},{"v":0.992934034,"d":"0.99"},{"v":397.1736136,"d":"397.17"},{"v":2.826386384,"d":"2.83"},1,"1_31952001_19124",{"v":62.1880608693,"d":"62.19"},0.999999999989,{"v":397.173613595999,"d":"397.17"},{"v":0.179803202,"d":"0.18"},"1_31952001_19124_216328","D",{"v":9.13137316499,"d":"9.13"},{"v":0.146834827093,"d":"0.15"},{"v":58.3189188783,"d":"58.32"}]
[3,319,31954,{"v":1744.02337899999,"d":"1,744.02"},1736,{"v":0.9953995,"d":"1.00"},"G",310,31954000,{"v":1744.02337884,"d":"1,744.02"},150,240,390,{"v":182.8785484,"d":"182.88"},{"v":0.967661341,"d":"0.97"},{"v":377.387923,"d":"377.39"},{"v":12.61207704,"d":"12.61"},1,"1_31954000_19150",{"v":30.7248577292,"d":"30.72"},0.168006898557,{"v":63.4037744960999,"d":"63.40"},{"v":0.104860147,"d":"0.10"},"1_31954000_19150_216505","F",{"v":2.5359354601,"d":"2.54"},{"v":0.0825369309258,"d":"0.08"},{"v":5.23315295602,"d":"5.23"}]
[3,321,32120,{"v":3201.38794099999,"d":"3,201.39"},3494,{"v":1.091401625,"d":"1.09"},"M",410,32120001,{"v":833.461263369999,"d":"833.46"},61,56,117,{"v":54.08628007,"d":"54.09"},{"v":0.93996673,"d":"0.94"},{"v":109.976107499999,"d":"109.98"},{"v":7.02389254,"d":"7.02"},1,"1_32120001_19937",{"v":1.54788510732,"d":"1.55"},0.0286188124847,{"v":3.14738559834,"d":"3.15"},{"v":0.064893574,"d":"0.06"},"1_32120001_19937_216834","G",{"v":0.423195665501,"d":"0.42"},{"v":0.273402504811,"d":"0.27"},{"v":0.860503106192,"d":"0.86"}]
[3,321,32132,{"v":2213.784598,"d":"2,213.78"},2240,{"v":1.011841894,"d":"1.01"},"G",410,32132001,{"v":1001.84355585,"d":"1,001.84"},74,532,606,{"v":114.1257635,"d":"114.13"},{"v":0.93996673,"d":"0.94"},{"v":569.619838599999,"d":"569.62"},{"v":36.38016136,"d":"36.38"},1,"1_32132001_19993",{"v":36.3771872602999,"d":"36.38"},0.318746496362,{"v":181.564327811999,"d":"181.56"},{"v":0.113915753,"d":"0.11"},"1_32132001_19993_217114","E",{"v":5.86367664273,"d":"5.86"},{"v":0.161191039889,"d":"0.16"},{"v":29.2665428068,"d":"29.27"}]
[3,321,32135,{"v":7222.50804299999,"d":"7,222.51"},16230,{"v":2.247141838,"d":"2.25"},"ST",103,32135005,{"v":257.986440179999,"d":"257.99"},71,974,1045,{"v":112.0521181,"d":"112.05"},{"v":0.991139192,"d":"0.99"},{"v":1035.740455,"d":"1,035.74"},{"v":9.259544697,"d":"9.26"},1,"1_32135005_20014",{"v":5.23743065503,"d":"5.24"},0.0467410232295,{"v":48.4115686669,"d":"48.41"},{"v":0.434333363,"d":"0.43"},"1_32135005_20014_217291","F",{"v":0.173237486496,"d":"0.17"},{"v":0.0330768076766,"d":"0.03"},{"v":1.60130014612,"d":"1.60"}]
[3,321,32141,{"v":5375.21236,"d":"5,375.21"},4097,{"v":0.762202444,"d":"0.76"},"M",410,32141000,{"v":67.86905118,"d":"67.87"},55,245,300,{"v":57.11067853,"d":"57.11"},{"v":0.93996673,"d":"0.94"},{"v":281.990019099999,"d":"281.99"},{"v":18.00998087,"d":"18.01"},1,"1_32141000_20058",{"v":57.1106785333,"d":"57.11"},1.00000000006,{"v":281.990019116999,"d":"281.99"},{"v":0.841483379,"d":"0.84"},"1_32141000_20058_217468","außerhalb GKL",{"v":0.773576774977,"d":"0.77"},{"v":0.0135452212238,"d":"0.01"},{"v":3.81961719184,"d":"3.82"}]
[3,321,32144,{"v":7620.013151,"d":"7,620.01"},27500,{"v":3.608917656,"d":"3.61"},"ST",103,32144032,{"v":1701.67490713999,"d":"1,701.67"},42,38,80,{"v":95.6205393099999,"d":"95.62"},{"v":0.991139192,"d":"0.99"},{"v":79.29113533,"d":"79.29"},{"v":0.708864666,"d":"0.71"},1,"1_32144032_20126",{"v":52.461590321,"d":"52.46"},0.548643530977,{"v":43.5025684626,"d":"43.50"},{"v":0.056192013,"d":"0.06"},"1_32144032_20126_217901","außerhalb GKL",{"v":48.1400695236999,"d":"48.14"},{"v":0.917625051569,"d":"0.92"},{"v":39.9190466288999,"d":"39.92"}]
[3,323,32301,{"v":2061.22598599999,"d":"2,061.23"},3450,{"v":1.673761161,"d":"1.67"},"M",410,32301000,{"v":1142.05003476,"d":"1,142.05"},164,850,1014,{"v":285.7786633,"d":"285.78"},{"v":0.93996673,"d":"0.94"},{"v":953.126264699999,"d":"953.13"},{"v":60.87373534,"d":"60.87"},1,"1_32301000_20346",{"v":169.574559599999,"d":"169.57"},0.593377257917,{"v":565.563449396,"d":"565.56"},{"v":0.25023305,"d":"0.25"},"1_32301000_20346_218115","G",{"v":0.00951585801265,"d":"0.01"},{"v":5.6116070919e-05,"d":"0.00"},{"v":0.0317371986358,"d":"0.03"}]
[3,323,32305,{"v":2061.88617999999,"d":"2,061.89"},4950,{"v":2.400714476,"d":"2.40"},"G",102,32305002,{"v":203.56678303,"d":"203.57"},59,99,158,{"v":98.08193998,"d":"98.08"},{"v":0.988126829,"d":"0.99"},{"v":156.124039,"d":"156.12"},{"v":1.875961008,"d":"1.88"},1,"1_32305002_20397",{"v":92.6174301665,"d":"92.62"},0.944286279262,{"v":147.425787890999,"d":"147.43"},{"v":0.481817016,"d":"0.48"},"1_32305002_20397_218254","F",{"v":5.81762931778,"d":"5.82"},{"v":0.0628135471619,"d":"0.06"},{"v":9.26033668056999,"d":"9.26"}]
[3,323,32321,{"v":3436.491182,"d":"3,436.49"},673,{"v":0.195839292,"d":"0.20"},"G",410,32321000,{"v":3436.49117835,"d":"3,436.49"},96,97,193,{"v":83.8851350999999,"d":"83.89"},{"v":0.93996673,"d":"0.94"},{"v":181.413578999999,"d":"181.41"},{"v":11.58642103,"d":"11.59"},1,"1_32321000_20831",{"v":0.521160825855,"d":"0.52"},0.0062127911606,{"v":1.12708468002,"d":"1.13"},{"v":0.024410112,"d":"0.02"},"1_32321000_20831_218687","außerhalb GKL",{"v":0.521160825855,"d":"0.52"},{"v":1,"d":"1.00"},{"v":1.12708468002,"d":"1.13"}]
[3,323,32330,{"v":1147.38239199999,"d":"1,147.38"},3687,{"v":3.213401239,"d":"3.21"},"M",102,32330000,{"v":1147.42510145999,"d":"1,147.43"},180,803,983,{"v":284.013343399999,"d":"284.01"},{"v":0.988126829,"d":"0.99"},{"v":971.328672999999,"d":"971.33"},{"v":11.67132703,"d":"11.67"},1,"1_32330000_20964",{"v":284.013343442999,"d":"284.01"},1.00000000015,{"v":971.328673146,"d":"971.33"},{"v":0.247522338,"d":"0.25"},"1_32330000_20964_218864","außerhalb GKL",{"v":3.06391295021,"d":"3.06"},{"v":0.0107879190219,"d":"0.01"},{"v":10.4786150695,"d":"10.48"}]
[3,323,32332,{"v":3609.87767699999,"d":"3,609.88"},2042,{"v":0.565670137,"d":"0.57"},"M",410,32332003,{"v":259.675849224999,"d":"259.68"},24,33,57,{"v":55.49960922,"d":"55.50"},{"v":0.93996673,"d":"0.94"},{"v":53.57810363,"d":"53.58"},{"v":3.421896365,"d":"3.42"},1,"1_32332003_20985",{"v":52.7362334365,"d":"52.74"},0.950209094761,{"v":50.9104013493,"d":"50.91"},{"v":0.213726495,"d":"0.21"},"1_32332003_20985_219041","G",{"v":0.109909555682,"d":"0.11"},{"v":0.00208413738562,"d":"0.00"},{"v":0.106104270769,"d":"0.11"}]
[9,902,90201,{"v":1923.612609,"d":"1,923.61"},105848,{"v":55.0256322299999,"d":"55.03"},"SR",101,90201080,{"v":302.93329445,"d":"302.93"},77,4212,4289,{"v":66.18775734,"d":"66.19"},{"v":0.992934034,"d":"0.99"},{"v":4258.694072,"d":"4,258.69"},{"v":30.305928,"d":"30.31"},1,"1_90201080_51903",{"v":12.572139649,"d":"12.57"},0.189946602729,{"v":808.924471038999,"d":"808.92"},{"v":0.218489544,"d":"0.22"},"1_90201080_51903_219474","F",{"v":0.345630777057,"d":"0.35"},{"v":0.0274918022474,"d":"0.03"},{"v":22.2387915909,"d":"22.24"}]
[9,903,90301,{"v":739.460588,"d":"739.46"},91680,{"v":123.982266899999,"d":"123.98"},"SR",101,90301031,{"v":8.53816501,"d":"8.54"},55,2877,2932,{"v":7.803531769,"d":"7.80"},{"v":0.992934034,"d":"0.99"},{"v":2911.282588,"d":"2,911.28"},{"v":20.71741219,"d":"20.72"},1,"1_90301031_51944",{"v":7.80353176914,"d":"7.80"},1.00000000002,{"v":2911.28258805999,"d":"2,911.28"},{"v":0.913958885,"d":"0.91"},"1_90301031_51944_219653","B",{"v":2.845036087,"d":"2.85"},{"v":0.36458313635,"d":"0.36"},{"v":1061.40453675999,"d":"1,061.40"}]
[9,903,90301,{"v":739.460588,"d":"739.46"},91680,{"v":123.982266899999,"d":"123.98"},"SR",101,90301110,{"v":22.6687483699999,"d":"22.67"},25,435,460,{"v":22.6687483699999,"d":"22.67"},{"v":0.992934034,"d":"0.99"},{"v":460,"d":"460.00"},{"v":0,"d":"0.00"},1,"1_90301110_52001",{"v":22.6687483699999,"d":"22.67"},1,{"v":460,"d":"460.00"},{"v":1,"d":"1.00"},"1_90301110_52001_219827","A",{"v":8.98302876396,"d":"8.98"},{"v":0.396273698809,"d":"0.40"},{"v":182.285901451999,"d":"182.29"}]
[9,906,90601,{"v":145.445211,"d":"145.45"},31651,{"v":217.6145902,"d":"217.61"},"SR",101,90601029,{"v":2.87417891999,"d":"2.87"},85,249,334,{"v":2.87417892,"d":"2.87"},{"v":0.992934034,"d":"0.99"},{"v":334,"d":"334.00"},{"v":0,"d":"0.00"},1,"1_90601029_52090",{"v":2.87417892001,"d":"2.87"},1,{"v":334,"d":"334.00"},{"v":1,"d":"1.00"},"1_90601029_52090_220004","A",{"v":2.87417892,"d":"2.87"},{"v":0.999999999997,"d":"1.00"},{"v":333.999999999,"d":"334.00"}]
[9,910,91001,{"v":3181.213107,"d":"3,181.21"},207193,{"v":65.13018556,"d":"65.13"},"SR",101,91001111,{"v":13.553747,"d":"13.55"},16,11,27,{"v":13.12261715,"d":"13.12"},{"v":0.992934034,"d":"0.99"},{"v":26.8092189199999,"d":"26.81"},{"v":0.190781081,"d":"0.19"},1,"1_91001111_52273",{"v":13.1226171525,"d":"13.12"},1.00000000019,{"v":26.8092189251,"d":"26.81"},{"v":0.968191095,"d":"0.97"},"1_91001111_52273_220437","B",{"v":3.38185468841,"d":"3.38"},{"v":0.257711906787,"d":"0.26"},{"v":6.90905492866,"d":"6.91"}]
[9,910,91001,{"v":3181.213107,"d":"3,181.21"},207193,{"v":65.13018556,"d":"65.13"},"SR",101,91001162,{"v":450.589247764999,"d":"450.59"},10,732,742,{"v":57.20283203,"d":"57.20"},{"v":0.992934034,"d":"0.99"},{"v":736.7570533,"d":"736.76"},{"v":5.242946742,"d":"5.24"},1,"1_91001162_52309",{"v":0.655120386698,"d":"0.66"},0.0114525865844,{"v":8.43777394459,"d":"8.44"},{"v":0.12695117,"d":"0.13"},"1_91001162_52309_220614","D",{"v":0.510103087507,"d":"0.51"},{"v":0.778640228368,"d":"0.78"},{"v":6.56999023113,"d":"6.57"}]
[9,910,91001,{"v":3181.213107,"d":"3,181.21"},207193,{"v":65.13018556,"d":"65.13"},"SR",101,91001221,{"v":9.230400775,"d":"9.23"},154,2294,2448,{"v":9.230400775,"d":"9.23"},{"v":0.992934034,"d":"0.99"},{"v":2448,"d":"2,448.00"},{"v":0,"d":"0.00"},1,"1_91001221_52336",{"v":9.23040077498,"d":"9.23"},0.999999999998,{"v":2448,"d":"2,448.00"},{"v":1,"d":"1.00"},"1_91001221_52336_220791","A",{"v":9.23040077498,"d":"9.23"},{"v":1,"d":"1.00"},{"v":2448,"d":"2,448.00"}]
[9,912,91201,{"v":809.8651974,"d":"809.87"},97078,{"v":119.8693317,"d":"119.87"},"SR",101,91201056,{"v":9.48196317501,"d":"9.48"},63,383,446,{"v":8.79114912,"d":"8.79"},{"v":0.992934034,"d":"0.99"},{"v":442.8485792,"d":"442.85"},{"v":3.151420818,"d":"3.15"},1,"1_91201056_52433",{"v":8.79114911954,"d":"8.79"},0.999999999948,{"v":442.848579176999,"d":"442.85"},{"v":0.927144406,"d":"0.93"},"1_91201056_52433_221190","A",{"v":8.79114911954,"d":"8.79"},{"v":1,"d":"1.00"},{"v":442.848579176999,"d":"442.85"}]
[9,913,91301,{"v":3769.37288699999,"d":"3,769.37"},54040,{"v":14.3366022999999,"d":"14.34"},"SR",101,91301025,{"v":23.32044995,"d":"23.32"},58,73,131,{"v":13.33303767,"d":"13.33"},{"v":0.992934034,"d":"0.99"},{"v":130.074358499999,"d":"130.07"},{"v":0.925641541,"d":"0.93"},1,"1_91301025_52486",{"v":3.85898084005,"d":"3.86"},0.289429981041,{"v":37.6474191145999,"d":"37.65"},{"v":0.571731579,"d":"0.57"},"1_91301025_52486_221400","D",{"v":2.02528954706,"d":"2.03"},{"v":0.524824981259,"d":"0.52"},{"v":19.7583060312999,"d":"19.76"}]
[9,913,91301,{"v":3769.37288699999,"d":"3,769.37"},54040,{"v":14.3366022999999,"d":"14.34"},"SR",101,91301084,{"v":40.2178353099999,"d":"40.22"},7,441,448,{"v":16.54505164,"d":"16.55"},{"v":0.992934034,"d":"0.99"},{"v":444.8344473,"d":"444.83"},{"v":3.16555275,"d":"3.17"},1,"1_91301084_52517",{"v":16.545051642,"d":"16.55"},1.00000000012,{"v":444.834447352999,"d":"444.83"},{"v":0.411385932,"d":"0.41"},"1_91301084_52517_221577","C",{"v":0.0344317190096,"d":"0.03"},{"v":0.00208108863935,"d":"0.00"},{"v":0.925739914778,"d":"0.93"}]
[9,914,91401,{"v":3374.43752799999,"d":"3,374.44"},93634,{"v":27.74803185,"d":"27.75"},"SR",101,91401120,{"v":1886.19494303999,"d":"1,886.19"},270,431,701,{"v":218.071168,"d":"218.07"},{"v":0.992934034,"d":"0.99"},{"v":696.046757899999,"d":"696.05"},{"v":4.953242138,"d":"4.95"},1,"1_91401120_52607",{"v":154.233954519,"d":"154.23"},0.707264311617,{"v":492.289031078999,"d":"492.29"},{"v":0.115614332,"d":"0.12"},"1_91401120_52607_222010","E",{"v":0.669240970175,"d":"0.67"},{"v":0.00433912864558,"d":"0.00"},{"v":2.13610543666,"d":"2.14"}]
[9,915,91501,{"v":391.5952173,"d":"391.60"},76813,{"v":196.154080999999,"d":"196.15"},"SR",101,91501073,{"v":34.9733761649999,"d":"34.97"},12,699,711,{"v":21.9810963,"d":"21.98"},{"v":0.992934034,"d":"0.99"},{"v":705.9760982,"d":"705.98"},{"v":5.023901797,"d":"5.02"},1,"1_91501073_52673",{"v":21.9810962998999,"d":"21.98"},0.999999999995,{"v":705.976098195999,"d":"705.98"},{"v":0.628509418,"d":"0.63"},"1_91501073_52673_222187","A",{"v":0.00983036674153,"d":"0.01"},{"v":0.000447219128992,"d":"0.00"},{"v":0.315726015724,"d":"0.32"}]
[9,916,91601,{"v":866.996802499999,"d":"867.00"},103117,{"v":118.9358481,"d":"118.94"},"SR",101,91601084,{"v":15.51183002,"d":"15.51"},37,41,78,{"v":15.51183002,"d":"15.51"},{"v":0.992934034,"d":"0.99"},{"v":78,"d":"78.00"},{"v":0,"d":"0.00"},1,"1_91601084_52736",{"v":15.51183002,"d":"15.51"},1,{"v":78,"d":"78.00"},{"v":1,"d":"1.00"},"1_91601084_52736_222364","A",{"v":0.973272591027,"d":"0.97"},{"v":0.0627438922276,"d":"0.06"},{"v":4.89402359375,"d":"4.89"}]
[9,918,91801,{"v":634.4028425,"d":"634.40"},51497,{"v":81.17397425,"d":"81.17"},"SR",101,91801049,{"v":6.6747782,"d":"6.67"},32,73,105,{"v":6.666031814,"d":"6.67"},{"v":0.992934034,"d":"0.99"},{"v":104.2580736,"d":"104.26"},{"v":0.741926426,"d":"0.74"},1,"1_91801049_52826",{"v":6.66603181396,"d":"6.67"},0.999999999994,{"v":104.258073598999,"d":"104.26"},{"v":0.998689636,"d":"1.00"},"1_91801049_52826_222727","C",{"v":2.92818495857,"d":"2.93"},{"v":0.439269574507,"d":"0.44"},{"v":45.7973996288,"d":"45.80"}]
[9,919,91901,{"v":2493.145121,"d":"2,493.15"},73901,{"v":29.64167604,"d":"29.64"},"SR",101,91901052,{"v":9.83829484,"d":"9.84"},56,67,123,{"v":9.83829484,"d":"9.84"},{"v":0.992934034,"d":"0.99"},{"v":123,"d":"123.00"},{"v":0,"d":"0.00"},1,"1_91901052_52876",{"v":9.83829483999,"d":"9.84"},0.999999999999,{"v":123,"d":"123.00"},{"v":1,"d":"1.00"},"1_91901052_52876_222973","B",{"v":8.45283562392,"d":"8.45"},{"v":0.859176896139,"d":"0.86"},{"v":105.678758224999,"d":"105.68"}]
[9,919,91901,{"v":2493.145121,"d":"2,493.15"},73901,{"v":29.64167604,"d":"29.64"},"SR",101,91901093,{"v":16.1979155,"d":"16.20"},87,291,378,{"v":16.1979155,"d":"16.20"},{"v":0.992934034,"d":"0.99"},{"v":378,"d":"378.00"},{"v":0,"d":"0.00"},1,"1_91901093_52899",{"v":16.1979155,"d":"16.20"},1,{"v":378,"d":"378.00"},{"v":1,"d":"1.00"},"1_91901093_52899_223150","A",{"v":3.71196192022,"d":"3.71"},{"v":0.229162938911,"d":"0.23"},{"v":86.6235909084,"d":"86.62"}]
[9,920,92001,{"v":570.664948699999,"d":"570.66"},86368,{"v":151.346249999999,"d":"151.35"},"SR",101,92001052,{"v":5.621746555,"d":"5.62"},111,231,342,{"v":5.621746555,"d":"5.62"},{"v":0.992934034,"d":"0.99"},{"v":342,"d":"342.00"},{"v":0,"d":"0.00"},1,"1_92001052_52938",{"v":5.62174655495,"d":"5.62"},0.999999999991,{"v":341.999999996999,"d":"342.00"},{"v":1,"d":"1.00"},"1_92001052_52938_223327","A",{"v":0.245639370246,"d":"0.25"},{"v":0.0436944938455,"d":"0.04"},{"v":14.943516895,"d":"14.94"}]
[9,921,92101,{"v":4441.98805199999,"d":"4,441.99"},167968,{"v":37.81369919,"d":"37.81"},"SR",101,92101131,{"v":256.334651235,"d":"256.33"},86,103,189,{"v":41.4597817599999,"d":"41.46"},{"v":0.992934034,"d":"0.99"},{"v":187.6645324,"d":"187.66"},{"v":1.335467566,"d":"1.34"},1,"1_92101131_53010",{"v":26.2614190817,"d":"26.26"},0.633419134566,{"v":118.870305701999,"d":"118.87"},{"v":0.16174084,"d":"0.16"},"1_92101131_53010_223760","F",{"v":1.21690864009,"d":"1.22"},{"v":0.0463382666528,"d":"0.05"},{"v":5.50824392272,"d":"5.51"}]
[9,921,92101,{"v":4441.98805199999,"d":"4,441.99"},167968,{"v":37.81369919,"d":"37.81"},"SR",101,92101224,{"v":32.0956250099999,"d":"32.10"},20,1243,1263,{"v":26.29266201,"d":"26.29"},{"v":0.992934034,"d":"0.99"},{"v":1254.075685,"d":"1,254.08"},{"v":8.924315007,"d":"8.92"},1,"1_92101224_53044",{"v":26.2926620102,"d":"26.29"},1.00000000001,{"v":1254.07568500999,"d":"1,254.08"},{"v":0.819197694,"d":"0.82"},"1_92101224_53044_223937","B",{"v":10.6235723791,"d":"10.62"},{"v":0.404050847913,"d":"0.40"},{"v":506.710343874999,"d":"506.71"}]
[9,922,92201,{"v":10224.20103,"d":"10,224.20"},195230,{"v":19.09489058,"d":"19.09"},"SR",101,92201041,{"v":177.01642104,"d":"177.02"},17,186,203,{"v":72.72360392,"d":"72.72"},{"v":0.992934034,"d":"0.99"},{"v":201.5656089,"d":"201.57"},{"v":1.43439109,"d":"1.43"},1,"1_92201041_53089",{"v":67.8748755992999,"d":"67.87"},0.933326622178,{"v":188.126548901999,"d":"188.13"},{"v":0.410829704,"d":"0.41"},"1_92201041_53089_224265","G",{"v":3.51260439017,"d":"3.51"},{"v":0.0517511724207,"d":"0.05"},{"v":9.73576946913999,"d":"9.74"}]
[9,922,92201,{"v":10224.20103,"d":"10,224.20"},195230,{"v":19.09489058,"d":"19.09"},"SR",101,92201116,{"v":9.551736455,"d":"9.55"},79,27,106,{"v":9.08604158,"d":"9.09"},{"v":0.992934034,"d":"0.99"},{"v":105.251007599999,"d":"105.25"},{"v":0.748992392,"d":"0.75"},1,"1_92201116_53133",{"v":9.08604157997,"d":"9.09"},0.999999999997,{"v":105.251007599999,"d":"105.25"},{"v":0.951245004,"d":"0.95"},"1_92201116_53133_224546","C",{"v":0.0496437780478,"d":"0.05"},{"v":0.00546374101537,"d":"0.01"},{"v":0.575064247133,"d":"0.58"}]
[9,922,92201,{"v":10224.20103,"d":"10,224.20"},195230,{"v":19.09489058,"d":"19.09"},"SR",101,92201222,{"v":51.9754802049999,"d":"51.98"},118,478,596,{"v":49.05978694,"d":"49.06"},{"v":0.992934034,"d":"0.99"},{"v":591.7886843,"d":"591.79"},{"v":4.211315712,"d":"4.21"},1,"1_92201222_53172",{"v":49.0597869431,"d":"49.06"},1.00000000006,{"v":591.788684335999,"d":"591.79"},{"v":0.943902524,"d":"0.94"},"1_92201222_53172_224723","C",{"v":0.00446602975393,"d":"0.00"},{"v":9.1032391949e-05,"d":"0.00"},{"v":0.0538719394633,"d":"0.05"}]
[9,922,92201,{"v":10224.20103,"d":"10,224.20"},195230,{"v":19.09489058,"d":"19.09"},"SR",101,92201270,{"v":182.725225784999,"d":"182.73"},66,153,219,{"v":68.48050202,"d":"68.48"},{"v":0.992934034,"d":"0.99"},{"v":217.452553499999,"d":"217.45"},{"v":1.547446545,"d":"1.55"},1,"1_92201270_53187",{"v":50.2510236887999,"d":"50.25"},0.73380045716,{"v":159.566783168999,"d":"159.57"},{"v":0.374773115,"d":"0.37"},"1_92201270_53187_224900","D",{"v":1.6356611189,"d":"1.64"},{"v":0.0325498069259,"d":"0.03"},{"v":5.19386798394,"d":"5.19"}]
[9,923,92301,{"v":3204.284153,"d":"3,204.28"},110464,{"v":34.4738464799999,"d":"34.47"},"SR",101,92301097,{"v":27.57812673,"d":"27.58"},78,403,481,{"v":27.57812673,"d":"27.58"},{"v":0.992934034,"d":"0.99"},{"v":481,"d":"481.00"},{"v":0,"d":"0.00"},1,"1_92301097_53253",{"v":27.57812673,"d":"27.58"},1,{"v":481,"d":"481.00"},{"v":1,"d":"1.00"},"1_92301097_53253_225333","D",{"v":0.113016863219,"d":"0.11"},{"v":0.00409806163868,"d":"0.00"},{"v":1.97116764821,"d":"1.97"}]
[9,923,92301,{"v":3204.284153,"d":"3,204.28"},110464,{"v":34.4738464799999,"d":"34.47"},"SR",101,92301181,{"v":239.16798316,"d":"239.17"},250,12481,12731,{"v":205.5015366,"d":"205.50"},{"v":0.992934034,"d":"0.99"},{"v":12641.04319,"d":"12,641.04"},{"v":89.95681263,"d":"89.96"},1,"1_92301181_53286",{"v":104.638026651,"d":"104.64"},0.509183670265,{"v":6436.61276746,"d":"6,436.61"},{"v":0.859235145,"d":"0.86"},"1_92301181_53286_225545","B",{"v":0.00102562160263,"d":"0.00"},{"v":9.801614532e-06,"d":"0.00"},{"v":0.0630891972388,"d":"0.06"}]
[3,309,30903,{"v":3670.129827,"d":"3,670.13"},1512,{"v":0.411974527,"d":"0.41"},"M",420,30903002,{"v":183.568308054999,"d":"183.57"},4,14,18,{"v":11.07680037,"d":"11.08"},{"v":0.954532045,"d":"0.95"},{"v":17.1815768099999,"d":"17.18"},{"v":0.818423187,"d":"0.82"},0,"0_30903002_1377",{"v":172.491507681,"d":"172.49"},0,{"v":0.818423187,"d":"0.82"},{"v":0.060341573,"d":"0.06"},"0_30903002_1377_225686","G",{"v":0.191215733421,"d":"0.19"},{"v":0.00110855158026,"d":"0.00"},{"v":0.00090726431727,"d":"0.00"}]
[3,309,30925,{"v":8107.696632,"d":"8,107.70"},2176,{"v":0.268386954,"d":"0.27"},"ST",430,30925002,{"v":268.323024734999,"d":"268.32"},7,3,10,{"v":8.141828941,"d":"8.14"},{"v":0.945243625,"d":"0.95"},{"v":9.45243625,"d":"9.45"},{"v":0.54756375,"d":"0.55"},0,"0_30925002_1436",{"v":260.181195794,"d":"260.18"},0,{"v":0.54756375,"d":"0.55"},{"v":0.030343385,"d":"0.03"},"0_30925002_1436_226119","außerhalb GKL",{"v":0.0108705370705,"d":"0.01"},{"v":4.1780640747e-05,"d":"0.00"},{"v":2.2877564325E-5,"d":"0.00"}]
[3,309,30935,{"v":6081.32012099999,"d":"6,081.32"},5383,{"v":0.885169649,"d":"0.89"},"ST",420,30935005,{"v":1110.50345536999,"d":"1,110.50"},16,8,24,{"v":64.3669206499999,"d":"64.37"},{"v":0.954532045,"d":"0.95"},{"v":22.9087690799999,"d":"22.91"},{"v":1.091230916,"d":"1.09"},0,"0_30935005_1455",{"v":1046.13653472,"d":"1,046.14"},0,{"v":1.091230916,"d":"1.09"},{"v":0.057961927,"d":"0.06"},"0_30935005_1455_226296","F",{"v":0.0723488161165,"d":"0.07"},{"v":6.9158100989e-05,"d":"0.00"},{"v":7.5467457891e-05,"d":"0.00"}]
[3,322,32219,{"v":5553.15051299999,"d":"5,553.15"},2655,{"v":0.478106976,"d":"0.48"},"M",420,32219000,{"v":1249.62688365999,"d":"1,249.63"},98,994,1092,{"v":203.920096099999,"d":"203.92"},{"v":0.954532045,"d":"0.95"},{"v":1042.348993,"d":"1,042.35"},{"v":49.65100667,"d":"49.65"},0,"0_32219000_2815",{"v":1045.70678754,"d":"1,045.71"},0,{"v":49.65100667,"d":"49.65"},{"v":0.163184786,"d":"0.16"},"0_32219000_2815_226473","D",{"v":0.0531668497082,"d":"0.05"},{"v":5.0842980405e-05,"d":"0.00"},{"v":0.00252440515921,"d":"0.00"}]
[3,322,32223,{"v":2556.54584999999,"d":"2,556.55"},921,{"v":0.360251704,"d":"0.36"},"M",420,32223001,{"v":784.97192824,"d":"784.97"},30,13,43,{"v":14.95604615,"d":"14.96"},{"v":0.954532045,"d":"0.95"},{"v":41.0448779399999,"d":"41.04"},{"v":1.955122057,"d":"1.96"},0,"0_32223001_2849",{"v":770.015882088,"d":"770.02"},0,{"v":1.955122057,"d":"1.96"},{"v":0.019052969,"d":"0.02"},"0_32223001_2849_226650","G",{"v":0.0135849660554,"d":"0.01"},{"v":1.7642449164e-05,"d":"0.00"},{"v":3.44931415E-5,"d":"0.00"}]
[3,325,32530,{"v":25617.3143999999,"d":"25,617.31"},10779,{"v":0.420770102,"d":"0.42"},"ST",220,32530020,{"v":1197.31232559,"d":"1,197.31"},62,24,86,{"v":68.94467122,"d":"68.94"},{"v":0.99140599,"d":"0.99"},{"v":85.26091513,"d":"85.26"},{"v":0.739084868,"d":"0.74"},0,"0_32530020_3025",{"v":1128.36765437,"d":"1,128.37"},0,{"v":0.739084868,"d":"0.74"},{"v":0.057582863,"d":"0.06"},"0_32530020_3025_227083","außerhalb GKL",{"v":1.53621100952,"d":"1.54"},{"v":0.00136144545049,"d":"0.00"},{"v":1.00622373106E-3,"d":"0.00"}]
[4,406,40601,{"v":1286.257151,"d":"1,286.26"},7981,{"v":6.204824588,"d":"6.20"},"ST",210,40601002,{"v":75.5602631,"d":"75.56"},95,1643,1738,{"v":73.7463794199999,"d":"73.75"},{"v":0.980090788,"d":"0.98"},{"v":1703.39778999999,"d":"1,703.40"},{"v":34.60221045,"d":"34.60"},0,"0_40601002_3353",{"v":1.81388368261,"d":"1.81"},0,{"v":34.60221045,"d":"34.60"},{"v":0.975994212,"d":"0.98"},"0_40601002_3353_227259","D",{"v":0.00734012910438,"d":"0.01"},{"v":0.00404663715471,"d":"0.00"},{"v":0.140022590442,"d":"0.14"}]
[4,406,40607,{"v":2781.24400699999,"d":"2,781.24"},2136,{"v":0.768001655,"d":"0.77"},"M",310,40607000,{"v":2781.24400740999,"d":"2,781.24"},175,595,770,{"v":157.773942,"d":"157.77"},{"v":0.967661341,"d":"0.97"},{"v":745.099232499999,"d":"745.10"},{"v":24.90076749,"d":"24.90"},0,"0_40607000_3362",{"v":2623.47006535999,"d":"2,623.47"},0,{"v":24.90076749,"d":"24.90"},{"v":0.056727832,"d":"0.06"},"0_40607000_3362_227436","G",{"v":94.348983888,"d":"94.35"},{"v":0.0359634306996,"d":"0.04"},{"v":0.895517025993,"d":"0.90"}]
[4,413,41304,{"v":2643.74102099999,"d":"2,643.74"},2250,{"v":0.85106672,"d":"0.85"},"M",420,41304000,{"v":110.21375245,"d":"110.21"},65,198,263,{"v":76.16140498,"d":"76.16"},{"v":0.954532045,"d":"0.95"},{"v":251.041927899999,"d":"251.04"},{"v":11.95807212,"d":"11.96"},0,"0_41304000_3766",{"v":34.0523474746999,"d":"34.05"},0,{"v":11.95807212,"d":"11.96"},{"v":0.69103359,"d":"0.69"},"0_41304000_3766_227869","G",{"v":0.00101170800058,"d":"0.00"},{"v":2.9710374632e-05,"d":"0.00"},{"v":0.000355278802564,"d":"0.00"}]
[4,413,41345,{"v":2467.23584399999,"d":"2,467.24"},1541,{"v":0.624585608,"d":"0.62"},"G",320,41310000,{"v":962.532766254999,"d":"962.53"},84,243,327,{"v":34.4913197999999,"d":"34.49"},{"v":0.907735558,"d":"0.91"},{"v":296.8295276,"d":"296.83"},{"v":30.17047239,"d":"30.17"},0,"0_41310000_3774",{"v":928.041446459999,"d":"928.04"},0,{"v":30.17047239,"d":"30.17"},{"v":0.035833918,"d":"0.04"},"0_41310000_3774_228046","F",{"v":0.108192479521,"d":"0.11"},{"v":1.16581516842E-4,"d":"0.00"},{"v":0.00351731943507,"d":"0.00"}]
[4,413,41321,{"v":980.044994599999,"d":"980.04"},1249,{"v":1.274431283,"d":"1.27"},"M",420,41321000,{"v":980.045015964999,"d":"980.05"},101,950,1051,{"v":104.6536945,"d":"104.65"},{"v":0.954532045,"d":"0.95"},{"v":1003.21317899999,"d":"1,003.21"},{"v":47.7868205199999,"d":"47.79"},0,"0_41321000_3785",{"v":875.391321499,"d":"875.39"},0,{"v":47.7868205199999,"d":"47.79"},{"v":0.106784579,"d":"0.11"},"0_41321000_3785_228223","D",{"v":0.507506107539,"d":"0.51"},{"v":0.000579747702627,"d":"0.00"},{"v":0.0277042994123,"d":"0.03"}]
[4,413,41338,{"v":3685.678816,"d":"3,685.68"},2272,{"v":0.616440041,"d":"0.62"},"M",420,41338000,{"v":430.441609789999,"d":"430.44"},77,1343,1420,{"v":112.138862399999,"d":"112.14"},{"v":0.954532045,"d":"0.95"},{"v":1355.435504,"d":"1,355.44"},{"v":64.56449585,"d":"64.56"},0,"0_41338000_3802",{"v":318.302747340999,"d":"318.30"},0,{"v":64.56449585,"d":"64.56"},{"v":0.260520498,"d":"0.26"},"0_41338000_3802_228620","F",{"v":0.462765965124,"d":"0.46"},{"v":0.00145385476245,"d":"0.00"},{"v":0.0938673997767,"d":"0.09"}]
[4,413,41344,{"v":3794.34830899999,"d":"3,794.35"},5219,{"v":1.375466767,"d":"1.38"},"ST",220,41344000,{"v":659.063830029999,"d":"659.06"},188,3731,3919,{"v":179.209004899999,"d":"179.21"},{"v":0.99140599,"d":"0.99"},{"v":3885.320074,"d":"3,885.32"},{"v":33.67992556,"d":"33.68"},0,"0_41344000_3810",{"v":479.854825133,"d":"479.85"},0,{"v":33.67992556,"d":"33.68"},{"v":0.27191449,"d":"0.27"},"0_41344000_3810_228832","D",{"v":1.05002947548,"d":"1.05"},{"v":0.0021882232302,"d":"0.00"},{"v":0.0736991955018,"d":"0.07"}]
[4,414,41409,{"v":4026.92352399999,"d":"4,026.92"},2866,{"v":0.711709568,"d":"0.71"},"G",420,41409000,{"v":2210.82427681999,"d":"2,210.82"},125,331,456,{"v":113.0063198,"d":"113.01"},{"v":0.954532045,"d":"0.95"},{"v":435.266612599999,"d":"435.27"},{"v":20.7333874,"d":"20.73"},0,"0_41409000_3824",{"v":2097.81795701999,"d":"2,097.82"},0,{"v":20.7333874,"d":"20.73"},{"v":0.051115017,"d":"0.05"},"0_41409000_3824_229009","G",{"v":0.08902586857,"d":"0.09"},{"v":4.243736606e-05,"d":"0.00"},{"v":0.000879870350764,"d":"0.00"}]
[4,416,41610,{"v":1457.47280599999,"d":"1,457.47"},921,{"v":0.631915735,"d":"0.63"},"G",310,41610000,{"v":1457.47281249999,"d":"1,457.47"},98,24,122,{"v":77.74475379,"d":"77.74"},{"v":0.967661341,"d":"0.97"},{"v":118.0546836,"d":"118.05"},{"v":3.945316408,"d":"3.95"},0,"0_41610000_3926",{"v":1379.7280587,"d":"1,379.73"},0,{"v":3.945316408,"d":"3.95"},{"v":0.053342164,"d":"0.05"},"0_41610000_3926_229442","G",{"v":0.117436076695,"d":"0.12"},{"v":8.5115379045e-05,"d":"0.00"},{"v":3.35807101519E-4,"d":"0.00"}]
[4,416,41622,{"v":2586.112911,"d":"2,586.11"},1579,{"v":0.610568855,"d":"0.61"},"M",310,41622000,{"v":2586.11291123999,"d":"2,586.11"},171,222,393,{"v":156.261560099999,"d":"156.26"},{"v":0.967661341,"d":"0.97"},{"v":380.290907,"d":"380.29"},{"v":12.7090930199999,"d":"12.71"},0,"0_41622000_3946",{"v":2429.85135111999,"d":"2,429.85"},0,{"v":12.7090930199999,"d":"12.71"},{"v":0.060423332,"d":"0.06"},"0_41622000_3946_229619","G",{"v":3.1765000334,"d":"3.18"},{"v":0.00130728162936,"d":"0.00"},{"v":0.0166143638309,"d":"0.02"}]
[3,309,30902,{"v":803.8603652,"d":"803.86"},1108,{"v":1.378348838,"d":"1.38"},"M",420,30902001,{"v":156.56882364,"d":"156.57"},23,155,178,{"v":115.295380899999,"d":"115.30"},{"v":0.954532045,"d":"0.95"},{"v":169.906703999999,"d":"169.91"},{"v":8.093295959,"d":"8.09"},1,"1_30902001_14443",{"v":0.617829635891,"d":"0.62"},0.00535866771997,{"v":0.910473570131,"d":"0.91"},{"v":0.736387859,"d":"0.74"},"1_30902001_14443_229796","außerhalb GKL",{"v":0.0391421929394,"d":"0.04"},{"v":0.0633543466767,"d":"0.06"},{"v":0.0576824582021,"d":"0.06"}]
[3,309,30916,{"v":5843.602856,"d":"5,843.60"},3922,{"v":0.671161285,"d":"0.67"},"ST",420,30916002,{"v":1157.82095825999,"d":"1,157.82"},71,1066,1137,{"v":171.841890699999,"d":"171.84"},{"v":0.954532045,"d":"0.95"},{"v":1085.30293499999,"d":"1,085.30"},{"v":51.69706463,"d":"51.70"},1,"1_30916002_14594",{"v":166.644345442,"d":"166.64"},0.969753910197,{"v":1052.47676496,"d":"1,052.48"},{"v":0.148418362,"d":"0.15"},"1_30916002_14594_230157","G",{"v":82.3121920621999,"d":"82.31"},{"v":0.493939304354,"d":"0.49"},{"v":519.859641132999,"d":"519.86"}]
[3,309,30935,{"v":6081.32012099999,"d":"6,081.32"},5383,{"v":0.885169649,"d":"0.89"},"ST",420,30935004,{"v":800.287561135,"d":"800.29"},34,927,961,{"v":74.5134095899999,"d":"74.51"},{"v":0.954532045,"d":"0.95"},{"v":917.305295399999,"d":"917.31"},{"v":43.69470459,"d":"43.69"},1,"1_30935004_14667",{"v":74.5134095887,"d":"74.51"},0.999999999983,{"v":917.305295384,"d":"917.31"},{"v":0.093108294,"d":"0.09"},"1_30935004_14667_230405","außerhalb GKL",{"v":71.6989163245,"d":"71.70"},{"v":0.962228365609,"d":"0.96"},{"v":882.657175142,"d":"882.66"}]
[3,322,32210,{"v":3537.90337499999,"d":"3,537.90"},1112,{"v":0.31431045,"d":"0.31"},"M",430,32210002,{"v":466.904569514999,"d":"466.90"},19,6,25,{"v":18.0802246199999,"d":"18.08"},{"v":0.945243625,"d":"0.95"},{"v":23.6310906299999,"d":"23.63"},{"v":1.368909374,"d":"1.37"},1,"1_32210002_20210",{"v":14.3801992285,"d":"14.38"},0.795355120345,{"v":18.7951089319,"d":"18.80"},{"v":0.038723597,"d":"0.04"},"1_32210002_20210_230582","G",{"v":14.3801992285,"d":"14.38"},{"v":1,"d":"1.00"},{"v":18.7951089319,"d":"18.80"}]
[3,322,32220,{"v":4605.88522099999,"d":"4,605.89"},5365,{"v":1.164814089,"d":"1.16"},"ST",220,32220010,{"v":238.630714254999,"d":"238.63"},63,480,543,{"v":84.3815284899999,"d":"84.38"},{"v":0.99140599,"d":"0.99"},{"v":538.3334525,"d":"538.33"},{"v":4.666547482,"d":"4.67"},1,"1_32220010_20317",{"v":62.1706105852999,"d":"62.17"},0.736779858078,{"v":396.633244731999,"d":"396.63"},{"v":0.353607157,"d":"0.35"},"1_32220010_20317_230759","E",{"v":19.4304897562999,"d":"19.43"},{"v":0.312534967461,"d":"0.31"},{"v":123.961758235999,"d":"123.96"}]
[3,325,32516,{"v":6112.694048,"d":"6,112.69"},1730,{"v":0.2830176,"d":"0.28"},"M",430,32516004,{"v":1052.04826294,"d":"1,052.05"},36,11,47,{"v":5.52773824,"d":"5.53"},{"v":0.945243625,"d":"0.95"},{"v":44.4264503799999,"d":"44.43"},{"v":2.573549624,"d":"2.57"},1,"1_32516004_21426",{"v":0.98044948563,"d":"0.98"},0.177369014787,{"v":7.87987573438,"d":"7.88"},{"v":0.005254263,"d":"0.01"},"1_32516004_21426_231192","außerhalb GKL",{"v":0.98044948563,"d":"0.98"},{"v":1,"d":"1.00"},{"v":7.87987573438,"d":"7.88"}]
[3,325,32522,{"v":5162.85624199999,"d":"5,162.86"},1265,{"v":0.245019412,"d":"0.25"},"M",430,32522002,{"v":1309.36360611,"d":"1,309.36"},38,24,62,{"v":30.23420874,"d":"30.23"},{"v":0.945243625,"d":"0.95"},{"v":58.60510475,"d":"58.61"},{"v":3.394895248,"d":"3.39"},1,"1_32522002_21628",{"v":10.1400149195,"d":"10.14"},0.335382182702,{"v":19.6551079485,"d":"19.66"},{"v":0.023090766,"d":"0.02"},"1_32522002_21628_231369","außerhalb GKL",{"v":0.000190992146913,"d":"0.00"},{"v":1.8835489733e-05,"d":"0.00"},{"v":0.000370213583973,"d":"0.00"}]
[3,325,32530,{"v":25617.3143999999,"d":"25,617.31"},10779,{"v":0.420770102,"d":"0.42"},"ST",220,32530010,{"v":2004.95450688,"d":"2,004.95"},76,74,150,{"v":107.999829099999,"d":"108.00"},{"v":0.99140599,"d":"0.99"},{"v":148.7108985,"d":"148.71"},{"v":1.289101514,"d":"1.29"},1,"1_32530010_21806",{"v":28.4294555675,"d":"28.43"},0.263236116246,{"v":39.1460793645999,"d":"39.15"},{"v":0.053866474,"d":"0.05"},"1_32530010_21806_231695","G",{"v":8.29215636626,"d":"8.29"},{"v":0.291674821087,"d":"0.29"},{"v":11.4179256948999,"d":"11.42"}]
[4,406,40602,{"v":3608.41634,"d":"3,608.42"},1937,{"v":0.536800584,"d":"0.54"},"G",420,40602000,{"v":3608.41633964999,"d":"3,608.42"},195,225,420,{"v":258.0551911,"d":"258.06"},{"v":0.954532045,"d":"0.95"},{"v":400.903458999999,"d":"400.90"},{"v":19.09654103,"d":"19.10"},1,"1_40602000_24022",{"v":47.8680779947999,"d":"47.87"},0.185495505015,{"v":74.3657895894999,"d":"74.37"},{"v":0.071514805,"d":"0.07"},"1_40602000_24022_231978","G",{"v":3.75774714609,"d":"3.76"},{"v":0.078502152238,"d":"0.08"},{"v":5.83787453565,"d":"5.84"}]
[4,406,40609,{"v":4379.48712499999,"d":"4,379.49"},2836,{"v":0.647564411,"d":"0.65"},"M",310,40609000,{"v":2454.39720695999,"d":"2,454.40"},146,302,448,{"v":124.5649188,"d":"124.56"},{"v":0.967661341,"d":"0.97"},{"v":433.5122807,"d":"433.51"},{"v":14.4877192699999,"d":"14.49"},1,"1_40609000_24214",{"v":84.3339749241,"d":"84.33"},0.677028297666,{"v":293.50008142,"d":"293.50"},{"v":0.050751736,"d":"0.05"},"1_40609000_24214_232155","außerhalb GKL",{"v":1.05512424577E-3,"d":"0.00"},{"v":1.251125951e-05,"d":"0.00"},{"v":0.00367205568479,"d":"0.00"}]
[4,406,40617,{"v":3500.71516999999,"d":"3,500.72"},1370,{"v":0.391348605,"d":"0.39"},"M",330,40617000,{"v":3500.71517024,"d":"3,500.72"},137,157,294,{"v":109.849123199999,"d":"109.85"},{"v":0.958718978,"d":"0.96"},{"v":281.8633795,"d":"281.86"},{"v":12.13662053,"d":"12.14"},1,"1_40617000_24383",{"v":1.21416209721,"d":"1.21"},0.0110529976193,{"v":3.11543526258,"d":"3.12"},{"v":0.031379052,"d":"0.03"},"1_40617000_24383_232332","außerhalb GKL",{"v":1.21416209721,"d":"1.21"},{"v":1,"d":"1.00"},{"v":3.11543526258,"d":"3.12"}]
[4,413,41345,{"v":2467.23584399999,"d":"2,467.24"},1541,{"v":0.624585608,"d":"0.62"},"G",320,41310000,{"v":962.532766254999,"d":"962.53"},84,243,327,{"v":34.4913197999999,"d":"34.49"},{"v":0.907735558,"d":"0.91"},{"v":296.8295276,"d":"296.83"},{"v":30.17047239,"d":"30.17"},1,"1_41310000_29774",{"v":11.7736660046,"d":"11.77"},0.341351565347,{"v":101.323223886999,"d":"101.32"},{"v":0.035833918,"d":"0.04"},"1_41310000_29774_232765","F",{"v":0.432956101099,"d":"0.43"},{"v":0.0367732616952,"d":"0.04"},{"v":3.7259854278,"d":"3.73"}]
[4,413,41320,{"v":914.844945899999,"d":"914.84"},638,{"v":0.697385937,"d":"0.70"},"G",420,41320000,{"v":914.844969454999,"d":"914.84"},46,119,165,{"v":91.89297317,"d":"91.89"},{"v":0.954532045,"d":"0.95"},{"v":157.497787499999,"d":"157.50"},{"v":7.502212546,"d":"7.50"},1,"1_41320000_29889",{"v":0.845350008376,"d":"0.85"},0.00919928890332,{"v":1.44886764885,"d":"1.45"},{"v":0.100446498,"d":"0.10"},"1_41320000_29889_232976","außerhalb GKL",{"v":0.845350008375,"d":"0.85"},{"v":0.999999999999,"d":"1.00"},{"v":1.44886764885,"d":"1.45"}]
[4,413,41323,{"v":2825.63148799999,"d":"2,825.63"},1835,{"v":0.649412355,"d":"0.65"},"M",310,41323000,{"v":2825.63148848999,"d":"2,825.63"},211,528,739,{"v":102.7121846,"d":"102.71"},{"v":0.967661341,"d":"0.97"},{"v":715.1017309,"d":"715.10"},{"v":23.89826906,"d":"23.90"},1,"1_41323000_29980",{"v":0.566743022037,"d":"0.57"},0.00551777789796,{"v":3.94577252555,"d":"3.95"},{"v":0.03635017,"d":"0.04"},"1_41323000_29980_233118","außerhalb GKL",{"v":0.358816884872,"d":"0.36"},{"v":0.633120957683,"d":"0.63"},{"v":2.49815128018,"d":"2.50"}]
[4,413,41328,{"v":2205.86648,"d":"2,205.87"},1541,{"v":0.698591694,"d":"0.70"},"M",430,41328000,{"v":2206.02144256,"d":"2,206.02"},173,252,425,{"v":138.0628796,"d":"138.06"},{"v":0.945243625,"d":"0.95"},{"v":401.728540599999,"d":"401.73"},{"v":23.27145936,"d":"23.27"},1,"1_41328000_30086",{"v":5.0084720914,"d":"5.01"},0.0362767465514,{"v":14.5734044498,"d":"14.57"},{"v":0.062584559,"d":"0.06"},"1_41328000_30086_233295","F",{"v":3.72842312704,"d":"3.73"},{"v":0.744423261026,"d":"0.74"},{"v":10.8487812647999,"d":"10.85"}]
[4,413,41343,{"v":4587.159251,"d":"4,587.16"},3241,{"v":0.706537494,"d":"0.71"},"M",420,41343002,{"v":2845.0834672,"d":"2,845.08"},102,412,514,{"v":136.6507128,"d":"136.65"},{"v":0.954532045,"d":"0.95"},{"v":490.6294712,"d":"490.63"},{"v":23.37052878,"d":"23.37"},1,"1_41343002_30364",{"v":24.1918560977999,"d":"24.19"},0.177034247404,{"v":86.8582191880999,"d":"86.86"},{"v":0.048030476,"d":"0.05"},"1_41343002_30364_233728","E",{"v":0.240289220569,"d":"0.24"},{"v":0.00993264921871,"d":"0.01"},{"v":0.862732222957,"d":"0.86"}]
[4,414,41403,{"v":1482.53216199999,"d":"1,482.53"},2098,{"v":1.415146365,"d":"1.42"},"G",220,41403000,{"v":1482.53216244,"d":"1,482.53"},124,347,471,{"v":196.2467709,"d":"196.25"},{"v":0.99140599,"d":"0.99"},{"v":466.952221199999,"d":"466.95"},{"v":4.047778755,"d":"4.05"},1,"1_41403000_30554",{"v":17.3008465666999,"d":"17.30"},0.0881586305209,{"v":41.1658683396999,"d":"41.17"},{"v":0.13237269,"d":"0.13"},"1_41403000_30554_233905","außerhalb GKL",{"v":1.76620574988,"d":"1.77"},{"v":0.102087822296,"d":"0.10"},{"v":4.20253385172,"d":"4.20"}]
[4,414,41411,{"v":3330.283733,"d":"3,330.28"},1985,{"v":0.59604531,"d":"0.60"},"M",430,41411001,{"v":3178.19214409,"d":"3,178.19"},148,555,703,{"v":97.9484776099999,"d":"97.95"},{"v":0.945243625,"d":"0.95"},{"v":664.506268399999,"d":"664.51"},{"v":38.4937316099999,"d":"38.49"},1,"1_41411001_30884",{"v":0.62831126475,"d":"0.63"},0.00641471189835,{"v":4.26261626643,"d":"4.26"},{"v":0.030818929,"d":"0.03"},"1_41411001_30884_234082","außerhalb GKL",{"v":0.62831126475,"d":"0.63"},{"v":1,"d":"1.00"},{"v":4.26261626643,"d":"4.26"}]
[4,414,41422,{"v":395.901688499999,"d":"395.90"},5269,{"v":13.30885963,"d":"13.31"},"ST",220,41422004,{"v":32.260126595,"d":"32.26"},18,357,375,{"v":26.35310244,"d":"26.35"},{"v":0.99140599,"d":"0.99"},{"v":371.777246199999,"d":"371.78"},{"v":3.222753786,"d":"3.22"},1,"1_41422004_31334",{"v":26.3531024436,"d":"26.35"},1.00000000014,{"v":371.777246251999,"d":"371.78"},{"v":0.816893956,"d":"0.82"},"1_41422004_31334_234513","D",{"v":1.51168634488,"d":"1.51"},{"v":0.0573627468764,"d":"0.06"},{"v":21.3261640712,"d":"21.33"}]
[4,414,41429,{"v":1652.753034,"d":"1,652.75"},1540,{"v":0.931778655,"d":"0.93"},"G",420,41429000,{"v":1652.75303441999,"d":"1,652.75"},111,319,430,{"v":136.3591628,"d":"136.36"},{"v":0.954532045,"d":"0.95"},{"v":410.448779399999,"d":"410.45"},{"v":19.55122057,"d":"19.55"},1,"1_41429000_31559",{"v":0.547366383273,"d":"0.55"},0.0040141518328,{"v":1.6476037201,"d":"1.65"},{"v":0.082504258,"d":"0.08"},"1_41429000_31559_234691","außerhalb GKL",{"v":0.547366383273,"d":"0.55"},{"v":1,"d":"1.00"},{"v":1.6476037201,"d":"1.65"}]
[4,416,41611,{"v":1807.60204599999,"d":"1,807.60"},2325,{"v":1.286234437,"d":"1.29"},"M",310,41611000,{"v":1807.60204595999,"d":"1,807.60"},167,482,649,{"v":146.627959099999,"d":"146.63"},{"v":0.967661341,"d":"0.97"},{"v":628.012210299999,"d":"628.01"},{"v":20.98778974,"d":"20.99"},1,"1_41611000_32934",{"v":0.752691333693,"d":"0.75"},0.00513334113298,{"v":3.22380091115,"d":"3.22"},{"v":0.081117389,"d":"0.08"},"1_41611000_32934_234868","G",{"v":0.752691333693,"d":"0.75"},{"v":1,"d":"1.00"},{"v":3.22380091115,"d":"3.22"}]
[3,301,30101,{"v":5170.152368,"d":"5,170.15"},25036,{"v":4.842410478,"d":"4.84"},"SR",103,30101010,{"v":29.61186159,"d":"29.61"},43,229,272,{"v":22.4527149299999,"d":"22.45"},{"v":0.991139192,"d":"0.99"},{"v":269.5898601,"d":"269.59"},{"v":2.410139864,"d":"2.41"},0,"0_30101010_884",{"v":7.15914665908,"d":"7.16"},0,{"v":2.410139864,"d":"2.41"},{"v":0.75823382,"d":"0.76"},"0_30101010_884_235301","F",{"v":0.00984934433045,"d":"0.01"},{"v":1.37577071675E-3,"d":"0.00"},{"v":3.31579984816E-3,"d":"0.00"}]
[3,301,30101,{"v":5170.152368,"d":"5,170.15"},25036,{"v":4.842410478,"d":"4.84"},"SR",103,30101082,{"v":74.361664755,"d":"74.36"},37,598,635,{"v":30.34753102,"d":"30.35"},{"v":0.991139192,"d":"0.99"},{"v":629.373386699999,"d":"629.37"},{"v":5.626613285,"d":"5.63"},0,"0_30101082_896",{"v":44.0141337397,"d":"44.01"},0,{"v":5.626613285,"d":"5.63"},{"v":0.408107203,"d":"0.41"},"0_30101082_896_235478","C",{"v":1.67708086057,"d":"1.68"},{"v":0.0381032345312,"d":"0.04"},{"v":0.214392165615,"d":"0.21"}]
[3,308,30805,{"v":2545.10858,"d":"2,545.11"},1683,{"v":0.661268448,"d":"0.66"},"M",310,30805000,{"v":1810.15752870999,"d":"1,810.16"},63,554,617,{"v":140.9176203,"d":"140.92"},{"v":0.967661341,"d":"0.97"},{"v":597.0470473,"d":"597.05"},{"v":19.95295265,"d":"19.95"},0,"0_30805000_1269",{"v":1669.23990840999,"d":"1,669.24"},0,{"v":19.95295265,"d":"19.95"},{"v":0.077848264,"d":"0.08"},"0_30805000_1269_235655","F",{"v":5.02028226457,"d":"5.02"},{"v":3.00752590402E-3,"d":"0.00"},{"v":0.0600090219566,"d":"0.06"}]
[3,308,30863,{"v":8875.27726299999,"d":"8,875.28"},5379,{"v":0.606065573,"d":"0.61"},"ST",420,30863020,{"v":622.319945859999,"d":"622.32"},12,13,25,{"v":30.8191810199999,"d":"30.82"},{"v":0.954532045,"d":"0.95"},{"v":23.86330113,"d":"23.86"},{"v":1.136698871,"d":"1.14"},0,"0_30863020_1364",{"v":591.500764838,"d":"591.50"},0,{"v":1.136698871,"d":"1.14"},{"v":0.049523049,"d":"0.05"},"0_30863020_1364_236050","F",{"v":0.391162033345,"d":"0.39"},{"v":0.000661304357657,"d":"0.00"},{"v":0.000751703916736,"d":"0.00"}]
[3,310,31016,{"v":9320.359952,"d":"9,320.36"},1305,{"v":0.140016052,"d":"0.14"},"ST",430,31016004,{"v":775.76737802,"d":"775.77"},20,25,45,{"v":31.864806,"d":"31.86"},{"v":0.945243625,"d":"0.95"},{"v":42.5359631299999,"d":"42.54"},{"v":2.464036874,"d":"2.46"},0,"0_31016004_1503",{"v":743.902572017,"d":"743.90"},0,{"v":2.464036874,"d":"2.46"},{"v":0.041075207,"d":"0.04"},"0_31016004_1503_236264","G",{"v":36.5271252944,"d":"36.53"},{"v":0.0491020285027,"d":"0.05"},{"v":0.120989208819,"d":"0.12"}]
[3,310,31022,{"v":15242.47019,"d":"15,242.47"},11882,{"v":0.779532441,"d":"0.78"},"ST",210,31022009,{"v":192.197968449999,"d":"192.20"},35,153,188,{"v":77.4644982199999,"d":"77.46"},{"v":0.980090788,"d":"0.98"},{"v":184.257068099999,"d":"184.26"},{"v":3.742931855,"d":"3.74"},0,"0_31022009_1530",{"v":114.733470229999,"d":"114.73"},0,{"v":3.742931855,"d":"3.74"},{"v":0.403045354,"d":"0.40"},"0_31022009_1530_236441","E",{"v":0.0771200064251,"d":"0.08"},{"v":0.000672166598557,"d":"0.00"},{"v":0.00251587377361,"d":"0.00"}]
[3,310,31033,{"v":2582.36751899999,"d":"2,582.37"},1017,{"v":0.393824656,"d":"0.39"},"M",420,31033000,{"v":1079.59919461999,"d":"1,079.60"},32,30,62,{"v":45.3625136499999,"d":"45.36"},{"v":0.954532045,"d":"0.95"},{"v":59.1809867999999,"d":"59.18"},{"v":2.819013199,"d":"2.82"},0,"0_31033000_1564",{"v":1034.23668096999,"d":"1,034.24"},0,{"v":2.819013199,"d":"2.82"},{"v":0.042017921,"d":"0.04"},"0_31033000_1564_236618","G",{"v":10.3706843102,"d":"10.37"},{"v":0.0100273800969,"d":"0.01"},{"v":0.0282673168446,"d":"0.03"}]
[3,310,31053,{"v":4868.58793599999,"d":"4,868.59"},3380,{"v":0.694246472,"d":"0.69"},"M",310,31053004,{"v":923.665110564999,"d":"923.67"},25,32,57,{"v":38.33041773,"d":"38.33"},{"v":0.967661341,"d":"0.97"},{"v":55.1566964299999,"d":"55.16"},{"v":1.843303568,"d":"1.84"},0,"0_31053004_1624",{"v":885.334692838,"d":"885.33"},0,{"v":1.843303568,"d":"1.84"},{"v":0.041498176,"d":"0.04"},"0_31053004_1624_237051","F",{"v":0.198782625302,"d":"0.20"},{"v":2.24528222954E-4,"d":"0.00"},{"v":4.13873674488E-4,"d":"0.00"}]
[3,311,31106,{"v":5041.646971,"d":"5,041.65"},3476,{"v":0.689457239,"d":"0.69"},"M",420,31106000,{"v":56.9604977899999,"d":"56.96"},46,439,485,{"v":33.68605798,"d":"33.69"},{"v":0.954532045,"d":"0.95"},{"v":462.9480419,"d":"462.95"},{"v":22.0519580899999,"d":"22.05"},0,"0_31106000_1664",{"v":23.2744398092,"d":"23.27"},0,{"v":22.0519580899999,"d":"22.05"},{"v":0.591393321,"d":"0.59"},"0_31106000_1664_237228","G",{"v":0.366372088179,"d":"0.37"},{"v":0.0157413923249,"d":"0.02"},{"v":0.347128523827,"d":"0.35"}]
[3,311,31117,{"v":3660.044891,"d":"3,660.04"},702,{"v":0.191800926,"d":"0.19"},"M",420,31117000,{"v":692.330753019999,"d":"692.33"},21,67,88,{"v":18.02962784,"d":"18.03"},{"v":0.954532045,"d":"0.95"},{"v":83.9988199799999,"d":"84.00"},{"v":4.001180024,"d":"4.00"},0,"0_31117000_1720",{"v":674.301125176,"d":"674.30"},0,{"v":4.001180024,"d":"4.00"},{"v":0.026041928,"d":"0.03"},"0_31117000_1720_237587","G",{"v":3.3091857997e-05,"d":"0.00"},{"v":4.9075786E-8,"d":"0.00"},{"v":1.96361056e-07,"d":"0.00"}]
[3,311,31130,{"v":2645.20777899999,"d":"2,645.21"},727,{"v":0.274836633,"d":"0.27"},"M",430,31130002,{"v":980.302404404999,"d":"980.30"},35,25,60,{"v":56.6530075299999,"d":"56.65"},{"v":0.945243625,"d":"0.95"},{"v":56.7146175,"d":"56.71"},{"v":3.285382498,"d":"3.29"},0,"0_31130002_1766",{"v":923.649396874999,"d":"923.65"},0,{"v":3.285382498,"d":"3.29"},{"v":0.057791358,"d":"0.06"},"0_31130002_1766_237837","außerhalb GKL",{"v":9.86048866782,"d":"9.86"},{"v":0.0106755752791,"d":"0.01"},{"v":0.035073348178,"d":"0.04"}]
[3,312,31207,{"v":5558.10631499999,"d":"5,558.11"},4032,{"v":0.72542693,"d":"0.73"},"M",310,31207005,{"v":305.436321439999,"d":"305.44"},17,19,36,{"v":25.18884355,"d":"25.19"},{"v":0.967661341,"d":"0.97"},{"v":34.83580827,"d":"34.84"},{"v":1.164191727,"d":"1.16"},0,"0_31207005_1804",{"v":280.247477885,"d":"280.25"},0,{"v":1.164191727,"d":"1.16"},{"v":0.082468396,"d":"0.08"},"0_31207005_1804_238014","F",{"v":2.65469507639,"d":"2.65"},{"v":0.00947268141867,"d":"0.01"},{"v":0.0110280173401,"d":"0.01"}]
[3,312,31226,{"v":5509.338772,"d":"5,509.34"},3971,{"v":0.720776152,"d":"0.72"},"M",310,31226002,{"v":827.37116759,"d":"827.37"},30,28,58,{"v":43.1387701299999,"d":"43.14"},{"v":0.967661341,"d":"0.97"},{"v":56.12435777,"d":"56.12"},{"v":1.875642227,"d":"1.88"},0,"0_31226002_1837",{"v":784.23239746,"d":"784.23"},0,{"v":1.875642227,"d":"1.88"},{"v":0.052139562,"d":"0.05"},"0_31226002_1837_238191","außerhalb GKL",{"v":575.33014247,"d":"575.33"},{"v":0.733622003291,"d":"0.73"},{"v":1.37601240803,"d":"1.38"}]
[3,313,31319,{"v":4478.796443,"d":"4,478.80"},1212,{"v":0.270608414,"d":"0.27"},"G",410,31319002,{"v":1421.14873815,"d":"1,421.15"},35,12,47,{"v":8.7175898,"d":"8.72"},{"v":0.93996673,"d":"0.94"},{"v":44.1784363299999,"d":"44.18"},{"v":2.82156367,"d":"2.82"},0,"0_31319002_1907",{"v":1412.43114835,"d":"1,412.43"},0,{"v":2.82156367,"d":"2.82"},{"v":0.006134185,"d":"0.01"},"0_31319002_1907_238624","außerhalb GKL",{"v":145.113328284999,"d":"145.11"},{"v":0.102740107689,"d":"0.10"},{"v":0.289887755307,"d":"0.29"}]
[3,313,31324,{"v":5827.442726,"d":"5,827.44"},2015,{"v":0.345777744,"d":"0.35"},"M",430,31324020,{"v":371.667988509999,"d":"371.67"},16,1,17,{"v":15.1657312,"d":"15.17"},{"v":0.945243625,"d":"0.95"},{"v":16.06914163,"d":"16.07"},{"v":0.930858375,"d":"0.93"},0,"0_31324020_1929",{"v":356.50225731,"d":"356.50"},0,{"v":0.930858375,"d":"0.93"},{"v":0.040804513,"d":"0.04"},"0_31324020_1929_238801","außerhalb GKL",{"v":356.50225731,"d":"356.50"},{"v":1,"d":"1.00"},{"v":0.930858375,"d":"0.93"}]
[3,313,31355,{"v":5307.044396,"d":"5,307.04"},1860,{"v":0.350477566,"d":"0.35"},"M",410,31355002,{"v":310.90564279,"d":"310.91"},16,3,19,{"v":17.3382820799999,"d":"17.34"},{"v":0.93996673,"d":"0.94"},{"v":17.85936788,"d":"17.86"},{"v":1.140632122,"d":"1.14"},0,"0_31355002_1989",{"v":293.567360706999,"d":"293.57"},0,{"v":1.140632122,"d":"1.14"},{"v":0.055767023,"d":"0.06"},"0_31355002_1989_239125","G",{"v":0.0223823626675,"d":"0.02"},{"v":7.6242681113e-05,"d":"0.00"},{"v":8.6964851145e-05,"d":"0.00"}]
[3,316,31613,{"v":4831.78670799999,"d":"4,831.79"},1147,{"v":0.237386306,"d":"0.24"},"G",320,31613000,{"v":939.014672339999,"d":"939.01"},29,44,73,{"v":44.96019642,"d":"44.96"},{"v":0.907735558,"d":"0.91"},{"v":66.26469577,"d":"66.26"},{"v":6.735304233,"d":"6.74"},0,"0_31613000_2179",{"v":894.054475918999,"d":"894.05"},0,{"v":6.735304233,"d":"6.74"},{"v":0.047880185,"d":"0.05"},"0_31613000_2179_239410","F",{"v":0.0807284063921,"d":"0.08"},{"v":9.0294728751e-05,"d":"0.00"},{"v":0.000608162468777,"d":"0.00"}]
[3,316,31629,{"v":7289.06000599999,"d":"7,289.06"},6241,{"v":0.856214655,"d":"0.86"},"ST",220,31629000,{"v":70.0450416199,"d":"70.05"},45,212,257,{"v":34.4621823,"d":"34.46"},{"v":0.99140599,"d":"0.99"},{"v":254.791339399999,"d":"254.79"},{"v":2.208660595,"d":"2.21"},0,"0_31629000_2207",{"v":35.5828589496999,"d":"35.58"},0,{"v":2.208660595,"d":"2.21"},{"v":0.492000312,"d":"0.49"},"0_31629000_2207_239587","außerhalb GKL",{"v":1.986955601E-6,"d":"0.00"},{"v":5.5840246e-08,"d":"0.00"},{"v":1.23332151E-7,"d":"0.00"}]
[3,316,31633,{"v":13156.96599,"d":"13,156.97"},11583,{"v":0.880370141,"d":"0.88"},"ST",220,31633003,{"v":425.30868332,"d":"425.31"},38,2020,2058,{"v":81.5071963999999,"d":"81.51"},{"v":0.99140599,"d":"0.99"},{"v":2040.313527,"d":"2,040.31"},{"v":17.6864727799999,"d":"17.69"},0,"0_31633003_2226",{"v":343.80148692,"d":"343.80"},0,{"v":17.6864727799999,"d":"17.69"},{"v":0.191642446,"d":"0.19"},"0_31633003_2226_239764","F",{"v":5.47285266399,"d":"5.47"},{"v":0.0159186416354,"d":"0.02"},{"v":0.281544621979,"d":"0.28"}]
[3,316,31655,{"v":4459.935158,"d":"4,459.94"},7299,{"v":1.636570878,"d":"1.64"},"ST",210,31655001,{"v":371.559715934999,"d":"371.56"},59,620,679,{"v":48.00733847,"d":"48.01"},{"v":0.980090788,"d":"0.98"},{"v":665.4816451,"d":"665.48"},{"v":13.51835494,"d":"13.52"},0,"0_31655001_2281",{"v":323.55237746,"d":"323.55"},0,{"v":13.51835494,"d":"13.52"},{"v":0.129204907,"d":"0.13"},"0_31655001_2281_240197","E",{"v":4.68341968039,"d":"4.68"},{"v":0.0144749969608,"d":"0.01"},{"v":0.195678146672,"d":"0.20"}]
[3,321,32110,{"v":4341.02518799999,"d":"4,341.03"},3187,{"v":0.734158376,"d":"0.73"},"M",310,32110006,{"v":1014.47099232,"d":"1,014.47"},41,56,97,{"v":49.20311718,"d":"49.20"},{"v":0.967661341,"d":"0.97"},{"v":93.86315007,"d":"93.86"},{"v":3.136849931,"d":"3.14"},0,"0_32110006_2670",{"v":965.267875132999,"d":"965.27"},0,{"v":3.136849931,"d":"3.14"},{"v":0.048501256,"d":"0.05"},"0_32110006_2670_240374","außerhalb GKL",{"v":1.71020411234,"d":"1.71"},{"v":0.00177174042191,"d":"0.00"},{"v":0.00555768382022,"d":"0.01"}]
[3,301,30101,{"v":5170.152368,"d":"5,170.15"},25036,{"v":4.842410478,"d":"4.84"},"SR",103,30101005,{"v":134.46790317,"d":"134.47"},23,175,198,{"v":27.1078661899999,"d":"27.11"},{"v":0.991139192,"d":"0.99"},{"v":196.24556,"d":"196.25"},{"v":1.754440048,"d":"1.75"},1,"1_30101005_11932",{"v":27.1078661923,"d":"27.11"},1.00000000008,{"v":196.245560016,"d":"196.25"},{"v":0.201593581,"d":"0.20"},"1_30101005_11932_240662","E",{"v":1.52719175604,"d":"1.53"},{"v":0.0563375864853,"d":"0.06"},{"v":11.0560012098,"d":"11.06"}]
[3,301,30101,{"v":5170.152368,"d":"5,170.15"},25036,{"v":4.842410478,"d":"4.84"},"SR",103,30101022,{"v":96.188518,"d":"96.19"},24,125,149,{"v":23.4088035199999,"d":"23.41"},{"v":0.991139192,"d":"0.99"},{"v":147.6797396,"d":"147.68"},{"v":1.32026044,"d":"1.32"},1,"1_30101022_11937",{"v":23.4088035242,"d":"23.41"},1.00000000018,{"v":147.679739627,"d":"147.68"},{"v":0.243363803,"d":"0.24"},"1_30101022_11937_240727","G",{"v":0.869788226784,"d":"0.87"},{"v":0.0371564580772,"d":"0.04"},{"v":5.4872560543,"d":"5.49"}]
[3,308,30812,{"v":1814.79736899999,"d":"1,814.80"},891,{"v":0.490963903,"d":"0.49"},"M",330,30812000,{"v":1814.79736944999,"d":"1,814.80"},45,58,103,{"v":97.3304605799999,"d":"97.33"},{"v":0.958718978,"d":"0.96"},{"v":98.74805471,"d":"98.75"},{"v":4.251945286,"d":"4.25"},1,"1_30812000_14240",{"v":95.6594399278999,"d":"95.66"},0.98283147288,{"v":97.0526960546999,"d":"97.05"},{"v":0.053631586,"d":"0.05"},"1_30812000_14240_241160","außerhalb GKL",{"v":0.177894612312,"d":"0.18"},{"v":0.00185966604494,"d":"0.00"},{"v":0.180485603423,"d":"0.18"}]
[3,308,30845,{"v":1865.583726,"d":"1,865.58"},1340,{"v":0.718273847,"d":"0.72"},"M",330,30845001,{"v":854.56026566,"d":"854.56"},42,101,143,{"v":92.3499822999999,"d":"92.35"},{"v":0.958718978,"d":"0.96"},{"v":137.0968138,"d":"137.10"},{"v":5.903186174,"d":"5.90"},1,"1_30845001_14347",{"v":92.3499822956,"d":"92.35"},0.999999999952,{"v":137.096813792999,"d":"137.10"},{"v":0.108067255,"d":"0.11"},"1_30845001_14347_241337","außerhalb GKL",{"v":0.00095730013456,"d":"0.00"},{"v":1.0366002362E-5,"d":"0.00"},{"v":0.00142114589553,"d":"0.00"}]
[3,308,30863,{"v":8875.27726299999,"d":"8,875.28"},5379,{"v":0.606065573,"d":"0.61"},"ST",420,30863020,{"v":622.319945859999,"d":"622.32"},12,13,25,{"v":30.8191810199999,"d":"30.82"},{"v":0.954532045,"d":"0.95"},{"v":23.86330113,"d":"23.86"},{"v":1.136698871,"d":"1.14"},1,"1_30863020_14423",{"v":4.05007011257,"d":"4.05"},0.131413943477,{"v":3.13597050587,"d":"3.14"},{"v":0.049523049,"d":"0.05"},"1_30863020_14423_241514","F",{"v":2.54560552117,"d":"2.55"},{"v":0.628533692113,"d":"0.63"},{"v":1.97106312041,"d":"1.97"}]
[3,310,31022,{"v":15242.47019,"d":"15,242.47"},11882,{"v":0.779532441,"d":"0.78"},"ST",210,31022010,{"v":810.811207569999,"d":"810.81"},39,51,90,{"v":80.37420124,"d":"80.37"},{"v":0.980090788,"d":"0.98"},{"v":88.20817092,"d":"88.21"},{"v":1.79182908,"d":"1.79"},1,"1_31022010_14833",{"v":80.374201243,"d":"80.37"},1.00000000004,{"v":88.2081709235,"d":"88.21"},{"v":0.099128133,"d":"0.10"},"1_31022010_14833_241943","außerhalb GKL",{"v":0.000838114584995,"d":"0.00"},{"v":1.0427656786E-5,"d":"0.00"},{"v":0.000919804532093,"d":"0.00"}]
[3,310,31035,{"v":3671.93193699999,"d":"3,671.93"},1538,{"v":0.41885308,"d":"0.42"},"ST",430,31035000,{"v":1677.76657999,"d":"1,677.77"},69,292,361,{"v":106.322441799999,"d":"106.32"},{"v":0.945243625,"d":"0.95"},{"v":341.232948599999,"d":"341.23"},{"v":19.76705137,"d":"19.77"},1,"1_31035000_14886",{"v":101.663603394999,"d":"101.66"},0.956181984479,{"v":326.280797962,"d":"326.28"},{"v":0.063371415,"d":"0.06"},"1_31035000_14886_242123","außerhalb GKL",{"v":12.2074064413,"d":"12.21"},{"v":0.120076468211,"d":"0.12"},{"v":39.1786458643,"d":"39.18"}]
[3,310,31042,{"v":2184.794264,"d":"2,184.79"},945,{"v":0.432535006,"d":"0.43"},"M",430,31042001,{"v":592.6940934,"d":"592.69"},26,49,75,{"v":55.68932138,"d":"55.69"},{"v":0.945243625,"d":"0.95"},{"v":70.89327188,"d":"70.89"},{"v":4.106728123,"d":"4.11"},1,"1_31042001_14928",{"v":55.6893213780999,"d":"55.69"},0.999999999966,{"v":70.8932718776,"d":"70.89"},{"v":0.093959636,"d":"0.09"},"1_31042001_14928_242300","außerhalb GKL",{"v":0.0585991921098,"d":"0.06"},{"v":1.05225186193E-3,"d":"0.00"},{"v":0.0745975773315,"d":"0.07"}]
[3,311,31106,{"v":5041.646971,"d":"5,041.65"},3476,{"v":0.689457239,"d":"0.69"},"M",420,31106008,{"v":241.83736643,"d":"241.84"},12,10,22,{"v":24.87972165,"d":"24.88"},{"v":0.954532045,"d":"0.95"},{"v":20.99970499,"d":"21.00"},{"v":1.000295006,"d":"1.00"},1,"1_31106008_15054",{"v":13.5243428169,"d":"13.52"},0.543588992158,{"v":11.4152084711,"d":"11.42"},{"v":0.102877905,"d":"0.10"},"1_31106008_15054_242733","D",{"v":0.119651473612,"d":"0.12"},{"v":0.00884711924505,"d":"0.01"},{"v":0.100991710551,"d":"0.10"}]
[3,311,31113,{"v":2220.17099199999,"d":"2,220.17"},676,{"v":0.304481052,"d":"0.30"},"M",430,31113000,{"v":1951.88672332999,"d":"1,951.89"},55,79,134,{"v":93.97099269,"d":"93.97"},{"v":0.945243625,"d":"0.95"},{"v":126.6626458,"d":"126.66"},{"v":7.337354246,"d":"7.34"},1,"1_31113000_15114",{"v":93.9709926942,"d":"93.97"},1.00000000004,{"v":126.662645804999,"d":"126.66"},{"v":0.048143671,"d":"0.05"},"1_31113000_15114_242910","außerhalb GKL",{"v":2.70055273962E-3,"d":"0.00"},{"v":2.8738152723e-05,"d":"0.00"},{"v":3.64005045949E-3,"d":"0.00"}]
[3,311,31124,{"v":4795.925392,"d":"4,795.93"},1642,{"v":0.342373967,"d":"0.34"},"M",420,31124003,{"v":429.08115927,"d":"429.08"},30,211,241,{"v":60.7562495999999,"d":"60.76"},{"v":0.954532045,"d":"0.95"},{"v":230.0422229,"d":"230.04"},{"v":10.95777711,"d":"10.96"},1,"1_31124003_15167",{"v":60.7562496040999,"d":"60.76"},1.00000000007,{"v":230.042222915999,"d":"230.04"},{"v":0.141596172,"d":"0.14"},"1_31124003_15167_243087","G",{"v":0.142730423624,"d":"0.14"},{"v":0.00234923031876,"d":"0.00"},{"v":0.540422164669,"d":"0.54"}]
[3,312,31226,{"v":5509.338772,"d":"5,509.34"},3971,{"v":0.720776152,"d":"0.72"},"M",310,31226005,{"v":600.764922664999,"d":"600.76"},29,16,45,{"v":49.12103435,"d":"49.12"},{"v":0.967661341,"d":"0.97"},{"v":43.54476034,"d":"43.54"},{"v":1.455239659,"d":"1.46"},1,"1_31226005_15326",{"v":46.9132408074,"d":"46.91"},0.955054009513,{"v":41.587597956,"d":"41.59"},{"v":0.081764152,"d":"0.08"},"1_31226005_15326_243480","E",{"v":6.98048082264,"d":"6.98"},{"v":0.148795536239,"d":"0.15"},{"v":6.18804893875,"d":"6.19"}]
[3,312,31234,{"v":5035.725645,"d":"5,035.73"},1547,{"v":0.307204981,"d":"0.31"},"M",310,31234003,{"v":1307.16824410999,"d":"1,307.17"},25,46,71,{"v":47.0259912599999,"d":"47.03"},{"v":0.967661341,"d":"0.97"},{"v":68.70395521,"d":"68.70"},{"v":2.296044795,"d":"2.30"},1,"1_31234003_15370",{"v":47.0259912605,"d":"47.03"},1.00000000001,{"v":68.7039552107,"d":"68.70"},{"v":0.035975469,"d":"0.04"},"1_31234003_15370_243696","G",{"v":40.9710833269,"d":"40.97"},{"v":0.871243374753,"d":"0.87"},{"v":59.8578657966,"d":"59.86"}]
[3,313,31311,{"v":8073.01692399999,"d":"8,073.02"},3783,{"v":0.468598051,"d":"0.47"},"ST",410,31311006,{"v":417.047656959999,"d":"417.05"},10,3,13,{"v":9.65939087099999,"d":"9.66"},{"v":0.93996673,"d":"0.94"},{"v":12.2195675,"d":"12.22"},{"v":0.780432504,"d":"0.78"},1,"1_31311006_15494",{"v":3.10370817522,"d":"3.10"},0.321315103268,{"v":3.92633159315,"d":"3.93"},{"v":0.02316136,"d":"0.02"},"1_31311006_15494_243873","außerhalb GKL",{"v":0.00302185381061,"d":"0.00"},{"v":0.00097362691336,"d":"0.00"},{"v":0.00382278210987,"d":"0.00"}]
[3,313,31322,{"v":6693.91576199999,"d":"6,693.92"},7548,{"v":1.127591124,"d":"1.13"},"ST",410,31322003,{"v":749.40714358,"d":"749.41"},91,772,863,{"v":108.6244231,"d":"108.62"},{"v":0.93996673,"d":"0.94"},{"v":811.191288399999,"d":"811.19"},{"v":51.8087116399999,"d":"51.81"},1,"1_31322003_15598",{"v":107.937303309,"d":"107.94"},0.993674352679,{"v":806.059978399999,"d":"806.06"},{"v":0.144947141,"d":"0.14"},"1_31322003_15598_244050","außerhalb GKL",{"v":0.0828518379652,"d":"0.08"},{"v":0.000767592254255,"d":"0.00"},{"v":0.618725395885,"d":"0.62"}]
[3,313,31355,{"v":5307.044396,"d":"5,307.04"},1860,{"v":0.350477566,"d":"0.35"},"M",410,31355006,{"v":1638.57846205999,"d":"1,638.58"},41,45,86,{"v":46.1483716099999,"d":"46.15"},{"v":0.93996673,"d":"0.94"},{"v":80.83713882,"d":"80.84"},{"v":5.162861183,"d":"5.16"},1,"1_31355006_15803",{"v":13.9044251596,"d":"13.90"},0.301298283656,{"v":24.3560911820999,"d":"24.36"},{"v":0.028163663,"d":"0.03"},"1_31355006_15803_244483","D",{"v":0.17354163453,"d":"0.17"},{"v":0.0124810362556,"d":"0.01"},{"v":0.303989257088,"d":"0.30"}]
[3,316,31612,{"v":5171.44337999999,"d":"5,171.44"},4011,{"v":0.775605514,"d":"0.78"},"M",310,31612000,{"v":1179.05557303,"d":"1,179.06"},94,422,516,{"v":105.8085939,"d":"105.81"},{"v":0.967661341,"d":"0.97"},{"v":499.3132519,"d":"499.31"},{"v":16.6867480899999,"d":"16.69"},1,"1_31612000_16945",{"v":101.15308846,"d":"101.15"},0.95600068701,{"v":477.34381185,"d":"477.34"},{"v":0.089740125,"d":"0.09"},"1_31612000_16945_244660","G",{"v":0.237234002243,"d":"0.24"},{"v":0.00234529667709,"d":"0.00"},{"v":1.11951285576,"d":"1.12"}]
[3,316,31630,{"v":5012.153647,"d":"5,012.15"},2304,{"v":0.459682636,"d":"0.46"},"M",320,31630000,{"v":2658.20822636999,"d":"2,658.21"},83,196,279,{"v":157.0324161,"d":"157.03"},{"v":0.907735558,"d":"0.91"},{"v":253.2582208,"d":"253.26"},{"v":25.7417791899999,"d":"25.74"},1,"1_31630000_17018",{"v":148.104510403,"d":"148.10"},0.943146097355,{"v":238.859502571,"d":"238.86"},{"v":0.059074535,"d":"0.06"},"1_31630000_17018_245018","E",{"v":12.3047818687999,"d":"12.30"},{"v":0.0830817497409,"d":"0.08"},{"v":19.8448654158,"d":"19.84"}]
[3,316,31644,{"v":9727.416836,"d":"9,727.42"},5483,{"v":0.563664547,"d":"0.56"},"ST",420,31644010,{"v":428.81289966,"d":"428.81"},10,5,15,{"v":32.4448973,"d":"32.44"},{"v":0.954532045,"d":"0.95"},{"v":14.31798068,"d":"14.32"},{"v":0.682019322,"d":"0.68"},1,"1_31644010_17079",{"v":32.4448972965999,"d":"32.44"},0.999999999895,{"v":14.3179806785,"d":"14.32"},{"v":0.07566213,"d":"0.08"},"1_31644010_17079_245269","außerhalb GKL",{"v":32.4448972965999,"d":"32.44"},{"v":1,"d":"1.00"},{"v":14.3179806785,"d":"14.32"}]
[3,316,31654,{"v":3047.84004999999,"d":"3,047.84"},2123,{"v":0.696558863,"d":"0.70"},"M",320,31654001,{"v":472.602237155,"d":"472.60"},15,177,192,{"v":55.37311411,"d":"55.37"},{"v":0.907735558,"d":"0.91"},{"v":174.2852272,"d":"174.29"},{"v":17.71477278,"d":"17.71"},1,"1_31654001_17133",{"v":49.5749502835,"d":"49.57"},0.895289186464,{"v":156.035679273,"d":"156.04"},{"v":0.117166424,"d":"0.12"},"1_31654001_17133_245446","außerhalb GKL",{"v":3.50857772735,"d":"3.51"},{"v":0.0707731970942,"d":"0.07"},{"v":11.0431438829,"d":"11.04"}]
[3,321,32107,{"v":4640.41465799999,"d":"4,640.41"},3171,{"v":0.683344105,"d":"0.68"},"M",410,32107003,{"v":307.14438143,"d":"307.14"},30,65,95,{"v":35.50116896,"d":"35.50"},{"v":0.93996673,"d":"0.94"},{"v":89.29683939,"d":"89.30"},{"v":5.703160609,"d":"5.70"},1,"1_32107003_19859",{"v":35.5011689588,"d":"35.50"},0.999999999966,{"v":89.296839387,"d":"89.30"},{"v":0.115584628,"d":"0.12"},"1_32107003_19859_245623","F",{"v":1.26412282496,"d":"1.26"},{"v":0.0356079211484,"d":"0.04"},{"v":3.17967481569,"d":"3.18"}]
[2,203,20305,{"v":20535.02271,"d":"20,535.02"},6886,{"v":0.335329554,"d":"0.34"},"ST",430,20305031,{"v":2371.56815344,"d":"2,371.57"},30,167,197,{"v":35.61194737,"d":"35.61"},{"v":0.945243625,"d":"0.95"},{"v":186.2129941,"d":"186.21"},{"v":10.78700587,"d":"10.79"},0,"0_20305031_488",{"v":2335.95620607999,"d":"2,335.96"},0,{"v":10.78700587,"d":"10.79"},{"v":0.015016202,"d":"0.02"},"0_20305031_488_246056","G",{"v":1.07920271115E-3,"d":"0.00"},{"v":4.61996123E-7,"d":"0.00"},{"v":4.983554893e-06,"d":"0.00"}]
[5,502,50201,{"v":18691.87758,"d":"18,691.88"},5886,{"v":0.314896135,"d":"0.31"},"M",430,50201001,{"v":6330.25319611,"d":"6,330.25"},229,352,581,{"v":98.0565473399999,"d":"98.06"},{"v":0.945243625,"d":"0.95"},{"v":549.186546099999,"d":"549.19"},{"v":31.8134538599999,"d":"31.81"},0,"0_50201001_4247",{"v":6232.19664877,"d":"6,232.20"},0,{"v":31.8134538599999,"d":"31.81"},{"v":0.015490146,"d":"0.02"},"0_50201001_4247_246233","F",{"v":0.34410158656,"d":"0.34"},{"v":5.5213531593e-05,"d":"0.00"},{"v":0.00175653313978,"d":"0.00"}]
[5,504,50413,{"v":9723.89645399999,"d":"9,723.90"},909,{"v":0.093481045,"d":"0.09"},"G",430,50413000,{"v":9723.89645424,"d":"9,723.90"},73,132,205,{"v":86.73088396,"d":"86.73"},{"v":0.945243625,"d":"0.95"},{"v":193.7749431,"d":"193.77"},{"v":11.22505687,"d":"11.23"},0,"0_50413000_4405",{"v":9637.16557027999,"d":"9,637.17"},0,{"v":11.22505687,"d":"11.23"},{"v":0.008919355,"d":"0.01"},"0_50413000_4405_246555","F",{"v":2.96099082468,"d":"2.96"},{"v":0.000307247063785,"d":"0.00"},{"v":0.00344886576413,"d":"0.00"}]
[5,502,50202,{"v":2993.883522,"d":"2,993.88"},3624,{"v":1.210467933,"d":"1.21"},"G",101,50202000,{"v":730.06210016,"d":"730.06"},189,1101,1290,{"v":152.020243099999,"d":"152.02"},{"v":0.992934034,"d":"0.99"},{"v":1280.884904,"d":"1,280.88"},{"v":9.115096088,"d":"9.12"},1,"1_50202000_35997",{"v":111.724477136,"d":"111.72"},0.734931577912,{"v":941.36276362,"d":"941.36"},{"v":0.208229195,"d":"0.21"},"1_50202000_35997_246842","G",{"v":2.26390945987,"d":"2.26"},{"v":0.0202633256195,"d":"0.02"},{"v":19.0751402052999,"d":"19.08"}]
[5,504,50414,{"v":7052.05725999999,"d":"7,052.06"},798,{"v":0.113158469,"d":"0.11"},"G",430,50414000,{"v":7041.07855679,"d":"7,041.08"},88,165,253,{"v":62.77531785,"d":"62.78"},{"v":0.945243625,"d":"0.95"},{"v":239.146637099999,"d":"239.15"},{"v":13.85336287,"d":"13.85"},1,"1_50414000_37599",{"v":62.7753178546999,"d":"62.78"},1.00000000007,{"v":239.146637117,"d":"239.15"},{"v":0.008915583,"d":"0.01"},"1_50414000_37599_247019","außerhalb GKL",{"v":0.451221190303,"d":"0.45"},{"v":0.00718787583597,"d":"0.01"},{"v":1.71895633419,"d":"1.72"}]
[2,206,20619,{"v":26205.02689,"d":"26,205.03"},1936,{"v":0.073878955,"d":"0.07"},"G",410,20619001,{"v":26085.5900800999,"d":"26,085.59"},140,82,222,{"v":145.8986819,"d":"145.90"},{"v":0.93996673,"d":"0.94"},{"v":208.672614199999,"d":"208.67"},{"v":13.32738584,"d":"13.33"},0,"0_20619001_637",{"v":25939.6913983,"d":"25,939.69"},0,{"v":13.32738584,"d":"13.33"},{"v":0.005593076,"d":"0.01"},"0_20619001_637_247196","G",{"v":0.226947184966,"d":"0.23"},{"v":8.749031802e-06,"d":"0.00"},{"v":1.16601722546E-4,"d":"0.00"}]
[3,318,31811,{"v":1396.437384,"d":"1,396.44"},2211,{"v":1.583314816,"d":"1.58"},"M",103,31811000,{"v":406.24178725,"d":"406.24"},52,140,192,{"v":81.2494188099999,"d":"81.25"},{"v":0.991139192,"d":"0.99"},{"v":190.2987248,"d":"190.30"},{"v":1.701275198,"d":"1.70"},0,"0_31811000_2381",{"v":324.992368442999,"d":"324.99"},0,{"v":1.701275198,"d":"1.70"},{"v":0.200002613,"d":"0.20"},"0_31811000_2381_247373","außerhalb GKL",{"v":0.297322725098,"d":"0.30"},{"v":0.000914860636643,"d":"0.00"},{"v":0.00155642971075,"d":"0.00"}]
[4,409,40918,{"v":10885.61016,"d":"10,885.61"},2251,{"v":0.206786755,"d":"0.21"},"G",420,40918001,{"v":10507.8459714,"d":"10,507.85"},166,946,1112,{"v":79.08876727,"d":"79.09"},{"v":0.954532045,"d":"0.95"},{"v":1061.439634,"d":"1,061.44"},{"v":50.56036576,"d":"50.56"},0,"0_40918001_3563",{"v":10428.7572041,"d":"10,428.76"},0,{"v":50.56036576,"d":"50.56"},{"v":0.007526639,"d":"0.01"},"0_40918001_3563_247806","G",{"v":0.0028200919272,"d":"0.00"},{"v":2.70414957e-07,"d":"0.00"},{"v":1.3672279115E-5,"d":"0.00"}]
[2,203,20305,{"v":20535.02271,"d":"20,535.02"},6886,{"v":0.335329554,"d":"0.34"},"ST",430,20305001,{"v":1758.34818034999,"d":"1,758.35"},49,23,72,{"v":92.25219305,"d":"92.25"},{"v":0.945243625,"d":"0.95"},{"v":68.057541,"d":"68.06"},{"v":3.942458998,"d":"3.94"},1,"1_20305001_8486",{"v":28.5119593524,"d":"28.51"},0.309065382727,{"v":21.0342299566,"d":"21.03"},{"v":0.052465259,"d":"0.05"},"1_20305001_8486_248092","außerhalb GKL",{"v":2.42210886203,"d":"2.42"},{"v":0.0849506283344,"d":"0.08"},{"v":1.78687105134,"d":"1.79"}]
[2,206,20619,{"v":26205.02689,"d":"26,205.03"},1936,{"v":0.073878955,"d":"0.07"},"G",410,20619001,{"v":26085.5900800999,"d":"26,085.59"},140,82,222,{"v":145.8986819,"d":"145.90"},{"v":0.93996673,"d":"0.94"},{"v":208.672614199999,"d":"208.67"},{"v":13.32738584,"d":"13.33"},1,"1_20619001_9814",{"v":0.522828478548,"d":"0.52"},0.00358350378317,{"v":0.74777910243,"d":"0.75"},{"v":0.005593076,"d":"0.01"},"1_20619001_9814_248159","außerhalb GKL",{"v":0.522828478548,"d":"0.52"},{"v":1,"d":"1.00"},{"v":0.74777910243,"d":"0.75"}]
[4,407,40703,{"v":16305.55282,"d":"16,305.55"},14070,{"v":0.862896227,"d":"0.86"},"ST",220,40703014,{"v":1377.12536025,"d":"1,377.13"},208,617,825,{"v":174.3535544,"d":"174.35"},{"v":0.99140599,"d":"0.99"},{"v":817.909941699999,"d":"817.91"},{"v":7.090058329,"d":"7.09"},1,"1_40703014_24890",{"v":44.0210888363,"d":"44.02"},0.252481740265,{"v":206.50732546,"d":"206.51"},{"v":0.126606887,"d":"0.13"},"1_40703014_24890_248592","D",{"v":0.0603772940005,"d":"0.06"},{"v":1.37155385286E-3,"d":"0.00"},{"v":0.283235917878,"d":"0.28"}]
[5,502,50201,{"v":18691.87758,"d":"18,691.88"},5886,{"v":0.314896135,"d":"0.31"},"M",430,50201001,{"v":6330.25319611,"d":"6,330.25"},229,352,581,{"v":98.0565473399999,"d":"98.06"},{"v":0.945243625,"d":"0.95"},{"v":549.186546099999,"d":"549.19"},{"v":31.8134538599999,"d":"31.81"},1,"1_50201001_35956",{"v":16.2752914249999,"d":"16.28"},0.165978630357,{"v":91.1532307322,"d":"91.15"},{"v":0.015490146,"d":"0.02"},"1_50201001_35956_248769","G",{"v":0.19903092765,"d":"0.20"},{"v":0.0122290238898,"d":"0.01"},{"v":1.11471503626,"d":"1.11"}]
[6,612,61264,{"v":12979.13915,"d":"12,979.14"},1798,{"v":0.138529989,"d":"0.14"},"M",430,61264000,{"v":6121.05112874,"d":"6,121.05"},122,655,777,{"v":225.171114299999,"d":"225.17"},{"v":0.945243625,"d":"0.95"},{"v":734.4542966,"d":"734.45"},{"v":42.5457033499999,"d":"42.55"},1,"1_61264000_42842",{"v":127.317976208,"d":"127.32"},0.565427659777,{"v":415.28077414,"d":"415.28"},{"v":0.036786348,"d":"0.04"},"1_61264000_42842_248946","außerhalb GKL",{"v":1.71970666597,"d":"1.72"},{"v":0.0135071787755,"d":"0.01"},{"v":5.60927165834,"d":"5.61"}]
[4,417,41735,{"v":2355.982366,"d":"2,355.98"},2519,{"v":1.069193062,"d":"1.07"},"G",410,41735000,{"v":2355.98236588,"d":"2,355.98"},281,611,892,{"v":240.262145299999,"d":"240.26"},{"v":0.93996673,"d":"0.94"},{"v":838.450323499999,"d":"838.45"},{"v":53.54967646,"d":"53.55"},0,"0_41735000_4017",{"v":2115.7202206,"d":"2,115.72"},0,{"v":53.54967646,"d":"53.55"},{"v":0.101979603,"d":"0.10"},"0_41735000_4017_249373","D",{"v":0.330513656473,"d":"0.33"},{"v":0.000156218035473,"d":"0.00"},{"v":0.0083654252568,"d":"0.01"}]
[5,502,50205,{"v":2699.01415099999,"d":"2,699.01"},21314,{"v":7.896957485,"d":"7.90"},"ST",101,50205022,{"v":542.053698785,"d":"542.05"},194,996,1190,{"v":140.0235533,"d":"140.02"},{"v":0.992934034,"d":"0.99"},{"v":1181.591501,"d":"1,181.59"},{"v":8.408499492,"d":"8.41"},0,"0_50205022_4264",{"v":402.030145505999,"d":"402.03"},0,{"v":8.408499492,"d":"8.41"},{"v":0.258320446,"d":"0.26"},"0_50205022_4264_249555","D",{"v":1.11830076635E-4,"d":"0.00"},{"v":2.78163411e-07,"d":"0.00"},{"v":2.338936901e-06,"d":"0.00"}]
[4,404,40402,{"v":3146.12109999999,"d":"3,146.12"},2613,{"v":0.830546542,"d":"0.83"},"M",410,40402001,{"v":121.92444107,"d":"121.92"},32,56,88,{"v":62.0985654699999,"d":"62.10"},{"v":0.93996673,"d":"0.94"},{"v":82.7170722799999,"d":"82.72"},{"v":5.282927722,"d":"5.28"},1,"1_40402001_22529",{"v":62.0985654659,"d":"62.10"},0.999999999934,{"v":82.7170722744999,"d":"82.72"},{"v":0.509320075,"d":"0.51"},"1_40402001_22529_249732","G",{"v":0.186094149018,"d":"0.19"},{"v":2.99675439556E-3,"d":"0.00"},{"v":0.247882749926,"d":"0.25"}]
[5,503,50335,{"v":4452.427886,"d":"4,452.43"},7628,{"v":1.713222582,"d":"1.71"},"M",410,50335005,{"v":1226.02576505999,"d":"1,226.03"},154,199,353,{"v":131.351104399999,"d":"131.35"},{"v":0.93996673,"d":"0.94"},{"v":331.808255799999,"d":"331.81"},{"v":21.1917441599999,"d":"21.19"},1,"1_50335005_37142",{"v":7.01872696151,"d":"7.02"},0.0534348530495,{"v":17.7301253892999,"d":"17.73"},{"v":0.10713568,"d":"0.11"},"1_50335005_37142_250165","außerhalb GKL",{"v":5.09866305835,"d":"5.10"},{"v":0.726437014335,"d":"0.73"},{"v":12.8798193516,"d":"12.88"}]
[3,315,31524,{"v":2575.271502,"d":"2,575.27"},5630,{"v":2.186177261,"d":"2.19"},"ST",210,31524001,{"v":303.264202845,"d":"303.26"},62,1195,1257,{"v":75.9008441299999,"d":"75.90"},{"v":0.980090788,"d":"0.98"},{"v":1231.97412099999,"d":"1,231.97"},{"v":25.02587948,"d":"25.03"},0,"0_31524001_2075",{"v":227.363358718999,"d":"227.36"},0,{"v":25.02587948,"d":"25.03"},{"v":0.250279602,"d":"0.25"},"0_31524001_2075_250342","C",{"v":5.5825505569e-05,"d":"0.00"},{"v":2.45534311e-07,"d":"0.00"},{"v":6.144712069e-06,"d":"0.00"}]
[3,319,31906,{"v":5616.72764999999,"d":"5,616.73"},1941,{"v":0.345574883,"d":"0.35"},"M",430,31906000,{"v":126.437685384999,"d":"126.44"},44,196,240,{"v":73.50411859,"d":"73.50"},{"v":0.945243625,"d":"0.95"},{"v":226.85847,"d":"226.86"},{"v":13.14152999,"d":"13.14"},0,"0_31906000_2480",{"v":52.9335668573,"d":"52.93"},0,{"v":13.14152999,"d":"13.14"},{"v":0.581346601,"d":"0.58"},"0_31906000_2480_250519","G",{"v":0.000577072202518,"d":"0.00"},{"v":1.0901819711E-5,"d":"0.00"},{"v":0.000143266590672,"d":"0.00"}]
[4,406,40619,{"v":3853.98834299999,"d":"3,853.99"},1958,{"v":0.508045128,"d":"0.51"},"G",430,40619000,{"v":3853.98834272,"d":"3,853.99"},192,327,519,{"v":179.1453835,"d":"179.15"},{"v":0.945243625,"d":"0.95"},{"v":490.5814414,"d":"490.58"},{"v":28.41855861,"d":"28.42"},0,"0_40619000_3384",{"v":3674.84295921,"d":"3,674.84"},0,{"v":28.41855861,"d":"28.42"},{"v":0.046483115,"d":"0.05"},"0_40619000_3384_250910","E",{"v":0.613637759632,"d":"0.61"},{"v":0.00016698339669,"d":"0.00"},{"v":0.00474542744573,"d":"0.00"}]
[4,409,40915,{"v":6750.10445499999,"d":"6,750.10"},1912,{"v":0.283254876,"d":"0.28"},"G",430,40915000,{"v":6750.10445519,"d":"6,750.10"},192,362,554,{"v":163.4982788,"d":"163.50"},{"v":0.945243625,"d":"0.95"},{"v":523.6649683,"d":"523.66"},{"v":30.33503174,"d":"30.34"},0,"0_40915000_3558",{"v":6586.60617637999,"d":"6,586.61"},0,{"v":30.33503174,"d":"30.34"},{"v":0.024221592,"d":"0.02"},"0_40915000_3558_251128","E",{"v":0.62348102524,"d":"0.62"},{"v":9.4658919714E-5,"d":"0.00"},{"v":0.00287148133401,"d":"0.00"}]
[4,414,41425,{"v":640.811209999999,"d":"640.81"},1552,{"v":2.421930166,"d":"2.42"},"G",210,41425000,{"v":640.811210029999,"d":"640.81"},61,664,725,{"v":130.4918801,"d":"130.49"},{"v":0.980090788,"d":"0.98"},{"v":710.5658213,"d":"710.57"},{"v":14.4341787,"d":"14.43"},0,"0_41425000_3851",{"v":510.319329927,"d":"510.32"},0,{"v":14.4341787,"d":"14.43"},{"v":0.203635452,"d":"0.20"},"0_41425000_3851_251305","außerhalb GKL",{"v":0.0161495278537,"d":"0.02"},{"v":3.1645926201e-05,"d":"0.00"},{"v":4.56782953909E-4,"d":"0.00"}]
[4,416,41602,{"v":3631.57175,"d":"3,631.57"},4672,{"v":1.286495303,"d":"1.29"},"M",310,41602000,{"v":2074.37038603,"d":"2,074.37"},215,539,754,{"v":204.909247499999,"d":"204.91"},{"v":0.967661341,"d":"0.97"},{"v":729.6166511,"d":"729.62"},{"v":24.3833489499999,"d":"24.38"},0,"0_41602000_3905",{"v":1869.46113856,"d":"1,869.46"},0,{"v":24.3833489499999,"d":"24.38"},{"v":0.098781418,"d":"0.10"},"0_41602000_3905_251482","F",{"v":1.19455156324,"d":"1.19"},{"v":0.00063898175715,"d":"0.00"},{"v":0.0155805151573,"d":"0.02"}]
[6,621,62142,{"v":41358.31079,"d":"41,358.31"},3669,{"v":0.088712521,"d":"0.09"},"ST",430,62142008,{"v":4731.62861584999,"d":"4,731.63"},58,339,397,{"v":152.6520935,"d":"152.65"},{"v":0.945243625,"d":"0.95"},{"v":375.261719099999,"d":"375.26"},{"v":21.73828086,"d":"21.74"},0,"0_62142008_5529",{"v":4578.97652233,"d":"4,578.98"},0,{"v":21.73828086,"d":"21.74"},{"v":0.032262062,"d":"0.03"},"0_62142008_5529_251915","G",{"v":2.79448144896,"d":"2.79"},{"v":0.000610285166419,"d":"0.00"},{"v":0.0132665503523,"d":"0.01"}]
[3,315,31524,{"v":2575.271502,"d":"2,575.27"},5630,{"v":2.186177261,"d":"2.19"},"ST",210,31524005,{"v":1526.7475852,"d":"1,526.75"},50,423,473,{"v":98.86017352,"d":"98.86"},{"v":0.980090788,"d":"0.98"},{"v":463.582942699999,"d":"463.58"},{"v":9.41705727399999,"d":"9.42"},1,"1_31524005_16477",{"v":1.95450594147,"d":"1.95"},0.0197704077575,{"v":9.1652238066,"d":"9.17"},{"v":0.06475214,"d":"0.06"},"1_31524005_16477_252092","außerhalb GKL",{"v":1.95450594147,"d":"1.95"},{"v":1,"d":"1.00"},{"v":9.1652238066,"d":"9.17"}]
[4,406,40614,{"v":2777.17574299999,"d":"2,777.18"},5544,{"v":1.996272658,"d":"2.00"},"ST",310,40614002,{"v":2420.02960110999,"d":"2,420.03"},166,205,371,{"v":87.81977109,"d":"87.82"},{"v":0.967661341,"d":"0.97"},{"v":359.0023575,"d":"359.00"},{"v":11.9976425199999,"d":"12.00"},1,"1_40614002_24336",{"v":0.59825586807,"d":"0.60"},0.00681231413661,{"v":2.44563683507,"d":"2.45"},{"v":0.036288718,"d":"0.04"},"1_40614002_24336_252448","außerhalb GKL",{"v":0.59825586807,"d":"0.60"},{"v":1,"d":"1.00"},{"v":2.44563683507,"d":"2.45"}]
[4,408,40816,{"v":3096.03609,"d":"3,096.04"},2287,{"v":0.738686479,"d":"0.74"},"M",430,40816001,{"v":2927.48206225,"d":"2,927.48"},138,299,437,{"v":90.00980133,"d":"90.01"},{"v":0.945243625,"d":"0.95"},{"v":413.0714641,"d":"413.07"},{"v":23.92853586,"d":"23.93"},1,"1_40816001_25595",{"v":2.1091558364,"d":"2.11"},0.0234325129623,{"v":9.67930243688,"d":"9.68"},{"v":0.030746491,"d":"0.03"},"1_40816001_25595_252701","außerhalb GKL",{"v":2.10915583639,"d":"2.11"},{"v":0.999999999995,"d":"1.00"},{"v":9.67930243683,"d":"9.68"}]
[4,409,40918,{"v":10885.61016,"d":"10,885.61"},2251,{"v":0.206786755,"d":"0.21"},"G",420,40918001,{"v":10507.8459714,"d":"10,507.85"},166,946,1112,{"v":79.08876727,"d":"79.09"},{"v":0.954532045,"d":"0.95"},{"v":1061.439634,"d":"1,061.44"},{"v":50.56036576,"d":"50.56"},1,"1_40918001_26719",{"v":0.510009986685,"d":"0.51"},0.00644857676115,{"v":6.84477495718,"d":"6.84"},{"v":0.007526639,"d":"0.01"},"1_40918001_26719_252878","G",{"v":0.325441563536,"d":"0.33"},{"v":0.638108217549,"d":"0.64"},{"v":4.36770714745,"d":"4.37"}]
[4,413,41332,{"v":3488.00635899999,"d":"3,488.01"},3774,{"v":1.08199344,"d":"1.08"},"M",310,41332001,{"v":2322.24091287999,"d":"2,322.24"},162,628,790,{"v":164.1357773,"d":"164.14"},{"v":0.967661341,"d":"0.97"},{"v":764.452459299999,"d":"764.45"},{"v":25.54754068,"d":"25.55"},1,"1_41332001_30215",{"v":70.3704886308999,"d":"70.37"},0.428733392491,{"v":327.746296273999,"d":"327.75"},{"v":0.070679909,"d":"0.07"},"1_41332001_30215_253055","D",{"v":2.8552739872,"d":"2.86"},{"v":0.040574877946,"d":"0.04"},{"v":13.2982659686,"d":"13.30"}]
[4,416,41609,{"v":4023.16379499999,"d":"4,023.16"},5114,{"v":1.2711389,"d":"1.27"},"M",310,41609001,{"v":3544.30715059,"d":"3,544.31"},243,193,436,{"v":108.8472675,"d":"108.85"},{"v":0.967661341,"d":"0.97"},{"v":421.900344599999,"d":"421.90"},{"v":14.09965536,"d":"14.10"},1,"1_41609001_32850",{"v":0.732650987024,"d":"0.73"},0.00673100027085,{"v":2.83981133377,"d":"2.84"},{"v":0.03071045,"d":"0.03"},"1_41609001_32850_253488","außerhalb GKL",{"v":0.732650987023,"d":"0.73"},{"v":0.999999999999,"d":"1.00"},{"v":2.83981133377,"d":"2.84"}]
[4,417,41735,{"v":2355.982366,"d":"2,355.98"},2519,{"v":1.069193062,"d":"1.07"},"G",410,41735000,{"v":2355.98236588,"d":"2,355.98"},281,611,892,{"v":240.262145299999,"d":"240.26"},{"v":0.93996673,"d":"0.94"},{"v":838.450323499999,"d":"838.45"},{"v":53.54967646,"d":"53.55"},1,"1_41735000_34207",{"v":0.736526332528,"d":"0.74"},0.0030655113464,{"v":2.57027898008,"d":"2.57"},{"v":0.101979603,"d":"0.10"},"1_41735000_34207_253665","außerhalb GKL",{"v":0.736526332527,"d":"0.74"},{"v":0.999999999999,"d":"1.00"},{"v":2.57027898008,"d":"2.57"}]
[3,301,30101,{"v":5170.152368,"d":"5,170.15"},25036,{"v":4.842410478,"d":"4.84"},"SR",103,30101130,{"v":784.305207354999,"d":"784.31"},33,133,166,{"v":86.02284396,"d":"86.02"},{"v":0.991139192,"d":"0.99"},{"v":164.529105799999,"d":"164.53"},{"v":1.470894182,"d":"1.47"},0,"0_30101130_903",{"v":698.282363391999,"d":"698.28"},0,{"v":1.470894182,"d":"1.47"},{"v":0.109680317,"d":"0.11"},"0_30101130_903_253985","G",{"v":0.0121763350703,"d":"0.01"},{"v":1.7437552069e-05,"d":"0.00"},{"v":2.5648793886e-05,"d":"0.00"}]
[3,301,30101,{"v":5170.152368,"d":"5,170.15"},25036,{"v":4.842410478,"d":"4.84"},"SR",103,30101132,{"v":376.863580809999,"d":"376.86"},48,56,104,{"v":35.9427687299999,"d":"35.94"},{"v":0.991139192,"d":"0.99"},{"v":103.0784759,"d":"103.08"},{"v":0.921524066,"d":"0.92"},0,"0_30101132_905",{"v":340.920812083999,"d":"340.92"},0,{"v":0.921524066,"d":"0.92"},{"v":0.09537342,"d":"0.10"},"0_30101132_905_254018","G",{"v":88.4832366390999,"d":"88.48"},{"v":0.259541903876,"d":"0.26"},{"v":0.239174110557,"d":"0.24"}]
[3,316,31614,{"v":1800.535971,"d":"1,800.54"},2218,{"v":1.231855423,"d":"1.23"},"M",310,31614000,{"v":629.887035179999,"d":"629.89"},105,623,728,{"v":133.2364895,"d":"133.24"},{"v":0.967661341,"d":"0.97"},{"v":704.4574562,"d":"704.46"},{"v":23.54254381,"d":"23.54"},0,"0_31614000_2185",{"v":496.650545716,"d":"496.65"},0,{"v":23.54254381,"d":"23.54"},{"v":0.211524419,"d":"0.21"},"0_31614000_2185_254451","G",{"v":57.8067543716,"d":"57.81"},{"v":0.116393216257,"d":"0.12"},{"v":2.74019239292,"d":"2.74"}]
[3,319,31943,{"v":4303.44065399999,"d":"4,303.44"},6330,{"v":1.470916067,"d":"1.47"},"ST",410,31943001,{"v":328.27711648,"d":"328.28"},40,254,294,{"v":71.11877843,"d":"71.12"},{"v":0.93996673,"d":"0.94"},{"v":276.3502187,"d":"276.35"},{"v":17.64978125,"d":"17.65"},0,"0_31943001_2550",{"v":257.158338054,"d":"257.16"},0,{"v":17.64978125,"d":"17.65"},{"v":0.21664251,"d":"0.22"},"0_31943001_2550_254628","G",{"v":11.7606762206,"d":"11.76"},{"v":0.0457332097788,"d":"0.05"},{"v":0.807181148456,"d":"0.81"}]
[3,308,30860,{"v":4629.699615,"d":"4,629.70"},2026,{"v":0.437609385,"d":"0.44"},"M",320,30860001,{"v":501.581218154999,"d":"501.58"},27,14,41,{"v":39.74647523,"d":"39.75"},{"v":0.907735558,"d":"0.91"},{"v":37.2171578999999,"d":"37.22"},{"v":3.782842104,"d":"3.78"},1,"1_30860001_14408",{"v":39.7464752296,"d":"39.75"},0.99999999999,{"v":37.2171578995999,"d":"37.22"},{"v":0.079242352,"d":"0.08"},"1_30860001_14408_254805","E",{"v":2.85397745735,"d":"2.85"},{"v":0.0718045421855,"d":"0.07"},{"v":2.67236098443,"d":"2.67"}]
[3,318,31829,{"v":8922.86434899999,"d":"8,922.86"},2515,{"v":0.281860163,"d":"0.28"},"M",410,31829002,{"v":7824.57654737,"d":"7,824.58"},91,209,300,{"v":188.3108233,"d":"188.31"},{"v":0.93996673,"d":"0.94"},{"v":281.990019099999,"d":"281.99"},{"v":18.00998087,"d":"18.01"},1,"1_31829002_17753",{"v":0.650053266206,"d":"0.65"},0.00345202285676,{"v":0.973435991311,"d":"0.97"},{"v":0.024066583,"d":"0.02"},"1_31829002_17753_255238","außerhalb GKL",{"v":0.650053266206,"d":"0.65"},{"v":1,"d":"1.00"},{"v":0.973435991311,"d":"0.97"}]
[3,322,32220,{"v":4605.88522099999,"d":"4,605.89"},5365,{"v":1.164814089,"d":"1.16"},"ST",220,32220008,{"v":642.462655885,"d":"642.46"},13,3,16,{"v":44.58385389,"d":"44.58"},{"v":0.99140599,"d":"0.99"},{"v":15.8624958399999,"d":"15.86"},{"v":0.137504162,"d":"0.14"},0,"0_32220008_2834",{"v":597.878801991,"d":"597.88"},0,{"v":0.137504162,"d":"0.14"},{"v":0.069395246,"d":"0.07"},"0_32220008_2834_255522","F",{"v":1.02845651322,"d":"1.03"},{"v":1.72017557705E-3,"d":"0.00"},{"v":0.000236531301215,"d":"0.00"}]
[4,413,41332,{"v":3488.00635899999,"d":"3,488.01"},3774,{"v":1.08199344,"d":"1.08"},"M",310,41332001,{"v":2322.24091287999,"d":"2,322.24"},162,628,790,{"v":164.1357773,"d":"164.14"},{"v":0.967661341,"d":"0.97"},{"v":764.452459299999,"d":"764.45"},{"v":25.54754068,"d":"25.55"},0,"0_41332001_3796",{"v":2158.10513561,"d":"2,158.11"},0,{"v":25.54754068,"d":"25.55"},{"v":0.070679909,"d":"0.07"},"0_41332001_3796_255591","F",{"v":9.28379372323,"d":"9.28"},{"v":0.00430182643563,"d":"0.00"},{"v":0.109901085863,"d":"0.11"}]
[4,408,40804,{"v":1664.395706,"d":"1,664.40"},1061,{"v":0.6374686,"d":"0.64"},"G",430,40804000,{"v":1664.39570615,"d":"1,664.40"},110,144,254,{"v":51.00817165,"d":"51.01"},{"v":0.945243625,"d":"0.95"},{"v":240.0918808,"d":"240.09"},{"v":13.90811924,"d":"13.91"},1,"1_40804000_25276",{"v":0.939042905013,"d":"0.94"},0.0184096562303,{"v":4.42000898921,"d":"4.42"},{"v":0.030646661,"d":"0.03"},"1_40804000_25276_256024","außerhalb GKL",{"v":0.939042905013,"d":"0.94"},{"v":1,"d":"1.00"},{"v":4.42000898921,"d":"4.42"}]
[4,414,41404,{"v":2808.561751,"d":"2,808.56"},1563,{"v":0.556512599,"d":"0.56"},"G",420,41404000,{"v":2808.56177282999,"d":"2,808.56"},165,152,317,{"v":140.178697199999,"d":"140.18"},{"v":0.954532045,"d":"0.95"},{"v":302.5866583,"d":"302.59"},{"v":14.41334168,"d":"14.41"},1,"1_41404000_30598",{"v":0.728024254382,"d":"0.73"},0.0051935441613,{"v":1.5714971725,"d":"1.57"},{"v":0.049911203,"d":"0.05"},"1_41404000_30598_256201","außerhalb GKL",{"v":0.728024254382,"d":"0.73"},{"v":1,"d":"1.00"},{"v":1.5714971725,"d":"1.57"}]
[4,416,41601,{"v":4036.617287,"d":"4,036.62"},4180,{"v":1.035520512,"d":"1.04"},"G",310,41601000,{"v":1452.29612216,"d":"1,452.30"},134,204,338,{"v":125.165844199999,"d":"125.17"},{"v":0.967661341,"d":"0.97"},{"v":327.0695332,"d":"327.07"},{"v":10.93046677,"d":"10.93"},1,"1_41601000_32352",{"v":0.968354527623,"d":"0.97"},0.00773657169663,{"v":2.53039689339,"d":"2.53"},{"v":0.086184795,"d":"0.09"},"1_41601000_32352_256378","G",{"v":0.968354527623,"d":"0.97"},{"v":1,"d":"1.00"},{"v":2.53039689339,"d":"2.53"}]
[3,325,32505,{"v":6071.782516,"d":"6,071.78"},1818,{"v":0.299417839,"d":"0.30"},"M",420,32505005,{"v":710.760806069999,"d":"710.76"},16,3,19,{"v":31.1851261,"d":"31.19"},{"v":0.954532045,"d":"0.95"},{"v":18.13610886,"d":"18.14"},{"v":0.863891142,"d":"0.86"},0,"0_32505005_2936",{"v":679.57567997,"d":"679.58"},0,{"v":0.863891142,"d":"0.86"},{"v":0.043875697,"d":"0.04"},"0_32505005_2936_256811","G",{"v":0.277328490343,"d":"0.28"},{"v":0.000408090663803,"d":"0.00"},{"v":0.000352545909592,"d":"0.00"}]
[3,308,30817,{"v":3057.274268,"d":"3,057.27"},11643,{"v":3.808294244,"d":"3.81"},"ST",210,30817001,{"v":1000.59239797999,"d":"1,000.59"},113,1869,1982,{"v":157.5478047,"d":"157.55"},{"v":0.980090788,"d":"0.98"},{"v":1942.539942,"d":"1,942.54"},{"v":39.46005817,"d":"39.46"},1,"1_30817001_14255",{"v":0.842997712045,"d":"0.84"},0.00535074235817,{"v":10.3940307501,"d":"10.39"},{"v":0.157454529,"d":"0.16"},"1_30817001_14255_256827","G",{"v":0.605480978231,"d":"0.61"},{"v":0.718247475147,"d":"0.72"},{"v":7.46548634286,"d":"7.47"}]
[3,308,30852,{"v":1789.47074399999,"d":"1,789.47"},1987,{"v":1.110384177,"d":"1.11"},"M",320,30852000,{"v":889.22046876,"d":"889.22"},59,81,140,{"v":115.489392199999,"d":"115.49"},{"v":0.907735558,"d":"0.91"},{"v":127.082978199999,"d":"127.08"},{"v":12.91702182,"d":"12.92"},1,"1_30852000_14365",{"v":2.55997448452,"d":"2.56"},0.0221663170596,{"v":2.81696158766,"d":"2.82"},{"v":0.129877118,"d":"0.13"},"1_30852000_14365_256828","außerhalb GKL",{"v":2.55461988281,"d":"2.55"},{"v":0.997908337859,"d":"1.00"},{"v":2.81106945575,"d":"2.81"}]
[3,308,30852,{"v":1789.47074399999,"d":"1,789.47"},1987,{"v":1.110384177,"d":"1.11"},"M",320,30852000,{"v":889.22046876,"d":"889.22"},59,81,140,{"v":115.489392199999,"d":"115.49"},{"v":0.907735558,"d":"0.91"},{"v":127.082978199999,"d":"127.08"},{"v":12.91702182,"d":"12.92"},1,"1_30852000_14365",{"v":2.55997448452,"d":"2.56"},0.0221663170596,{"v":2.81696158766,"d":"2.82"},{"v":0.129877118,"d":"0.13"},"1_30852000_14365_256829","G",{"v":5.35460172894E-3,"d":"0.01"},{"v":0.00209166214793,"d":"0.00"},{"v":0.00589213192508,"d":"0.01"}]
[3,308,30852,{"v":1789.47074399999,"d":"1,789.47"},1987,{"v":1.110384177,"d":"1.11"},"M",320,30852000,{"v":889.22046876,"d":"889.22"},59,81,140,{"v":115.489392199999,"d":"115.49"},{"v":0.907735558,"d":"0.91"},{"v":127.082978199999,"d":"127.08"},{"v":12.91702182,"d":"12.92"},1,"1_30852000_14366",{"v":7.82727952289,"d":"7.83"},0.067774878487,{"v":8.61303340527,"d":"8.61"},{"v":0.129877118,"d":"0.13"},"1_30852000_14366_256830","außerhalb GKL",{"v":3.52866331306,"d":"3.53"},{"v":0.450816059749,"d":"0.45"},{"v":3.88289378225,"d":"3.88"}]
[3,308,30852,{"v":1789.47074399999,"d":"1,789.47"},1987,{"v":1.110384177,"d":"1.11"},"M",320,30852000,{"v":889.22046876,"d":"889.22"},59,81,140,{"v":115.489392199999,"d":"115.49"},{"v":0.907735558,"d":"0.91"},{"v":127.082978199999,"d":"127.08"},{"v":12.91702182,"d":"12.92"},1,"1_30852000_14366",{"v":7.82727952289,"d":"7.83"},0.067774878487,{"v":8.61303340527,"d":"8.61"},{"v":0.129877118,"d":"0.13"},"1_30852000_14366_256831","G",{"v":4.29861620985,"d":"4.30"},{"v":0.549183940254,"d":"0.55"},{"v":4.73013962305,"d":"4.73"}]
[3,308,30852,{"v":1789.47074399999,"d":"1,789.47"},1987,{"v":1.110384177,"d":"1.11"},"M",320,30852000,{"v":889.22046876,"d":"889.22"},59,81,140,{"v":115.489392199999,"d":"115.49"},{"v":0.907735558,"d":"0.91"},{"v":127.082978199999,"d":"127.08"},{"v":12.91702182,"d":"12.92"},1,"1_30852000_14367",{"v":0.910936947968,"d":"0.91"},7.88762440095E-3,{"v":1.0023827998,"d":"1.00"},{"v":0.129877118,"d":"0.13"},"1_30852000_14367_256832","außerhalb GKL",{"v":0.910898340479,"d":"0.91"},{"v":0.999957617825,"d":"1.00"},{"v":1.00234031664,"d":"1.00"}]
[3,308,30852,{"v":1789.47074399999,"d":"1,789.47"},1987,{"v":1.110384177,"d":"1.11"},"M",320,30852000,{"v":889.22046876,"d":"889.22"},59,81,140,{"v":115.489392199999,"d":"115.49"},{"v":0.907735558,"d":"0.91"},{"v":127.082978199999,"d":"127.08"},{"v":12.91702182,"d":"12.92"},1,"1_30852000_14367",{"v":0.910936947968,"d":"0.91"},7.88762440095E-3,{"v":1.0023827998,"d":"1.00"},{"v":0.129877118,"d":"0.13"},"1_30852000_14367_256833","G",{"v":3.8607471409e-05,"d":"0.00"},{"v":4.2382155533e-05,"d":"0.00"},{"v":4.2483143724E-5,"d":"0.00"}]
[3,308,30852,{"v":1789.47074399999,"d":"1,789.47"},1987,{"v":1.110384177,"d":"1.11"},"M",320,30852000,{"v":889.22046876,"d":"889.22"},59,81,140,{"v":115.489392199999,"d":"115.49"},{"v":0.907735558,"d":"0.91"},{"v":127.082978199999,"d":"127.08"},{"v":12.91702182,"d":"12.92"},1,"1_30852000_14368",{"v":4.48469800464,"d":"4.48"},0.0388321205888,{"v":4.93490153425,"d":"4.93"},{"v":0.129877118,"d":"0.13"},"1_30852000_14368_256834","außerhalb GKL",{"v":4.48469800464,"d":"4.48"},{"v":1,"d":"1.00"},{"v":4.93490153425,"d":"4.93"}]
[3,308,30852,{"v":1789.47074399999,"d":"1,789.47"},1987,{"v":1.110384177,"d":"1.11"},"M",320,30852000,{"v":889.22046876,"d":"889.22"},59,81,140,{"v":115.489392199999,"d":"115.49"},{"v":0.907735558,"d":"0.91"},{"v":127.082978199999,"d":"127.08"},{"v":12.91702182,"d":"12.92"},1,"1_30852000_14369",{"v":60.1801051679999,"d":"60.18"},0.521087729545,{"v":66.2213805740999,"d":"66.22"},{"v":0.129877118,"d":"0.13"},"1_30852000_14369_256835","D",{"v":18.5800103469,"d":"18.58"},{"v":0.308740077722,"d":"0.31"},{"v":20.4451941853,"d":"20.45"}]
[3,308,30852,{"v":1789.47074399999,"d":"1,789.47"},1987,{"v":1.110384177,"d":"1.11"},"M",320,30852000,{"v":889.22046876,"d":"889.22"},59,81,140,{"v":115.489392199999,"d":"115.49"},{"v":0.907735558,"d":"0.91"},{"v":127.082978199999,"d":"127.08"},{"v":12.91702182,"d":"12.92"},1,"1_30852000_14369",{"v":60.1801051679999,"d":"60.18"},0.521087729545,{"v":66.2213805740999,"d":"66.22"},{"v":0.129877118,"d":"0.13"},"1_30852000_14369_256836","E",{"v":7.0235969244,"d":"7.02"},{"v":0.116709615325,"d":"0.12"},{"v":7.72867185309,"d":"7.73"}]
[3,308,30852,{"v":1789.47074399999,"d":"1,789.47"},1987,{"v":1.110384177,"d":"1.11"},"M",320,30852000,{"v":889.22046876,"d":"889.22"},59,81,140,{"v":115.489392199999,"d":"115.49"},{"v":0.907735558,"d":"0.91"},{"v":127.082978199999,"d":"127.08"},{"v":12.91702182,"d":"12.92"},1,"1_30852000_14369",{"v":60.1801051679999,"d":"60.18"},0.521087729545,{"v":66.2213805740999,"d":"66.22"},{"v":0.129877118,"d":"0.13"},"1_30852000_14369_256837","E",{"v":13.3307814587,"d":"13.33"},{"v":0.221514758432,"d":"0.22"},{"v":14.6690131209,"d":"14.67"}]
[3,308,30852,{"v":1789.47074399999,"d":"1,789.47"},1987,{"v":1.110384177,"d":"1.11"},"M",320,30852000,{"v":889.22046876,"d":"889.22"},59,81,140,{"v":115.489392199999,"d":"115.49"},{"v":0.907735558,"d":"0.91"},{"v":127.082978199999,"d":"127.08"},{"v":12.91702182,"d":"12.92"},1,"1_30852000_14369",{"v":60.1801051679999,"d":"60.18"},0.521087729545,{"v":66.2213805740999,"d":"66.22"},{"v":0.129877118,"d":"0.13"},"1_30852000_14369_256838","F",{"v":0.0153502236403,"d":"0.02"},{"v":0.000255071399384,"d":"0.00"},{"v":0.0168911802122,"d":"0.02"}]
[3,308,30852,{"v":1789.47074399999,"d":"1,789.47"},1987,{"v":1.110384177,"d":"1.11"},"M",320,30852000,{"v":889.22046876,"d":"889.22"},59,81,140,{"v":115.489392199999,"d":"115.49"},{"v":0.907735558,"d":"0.91"},{"v":127.082978199999,"d":"127.08"},{"v":12.91702182,"d":"12.92"},1,"1_30852000_14369",{"v":60.1801051679999,"d":"60.18"},0.521087729545,{"v":66.2213805740999,"d":"66.22"},{"v":0.129877118,"d":"0.13"},"1_30852000_14369_256839","F",{"v":0.0649527066139,"d":"0.06"},{"v":1.07930530252E-3,"d":"0.00"},{"v":0.0714730871938,"d":"0.07"}]
[3,308,30852,{"v":1789.47074399999,"d":"1,789.47"},1987,{"v":1.110384177,"d":"1.11"},"M",320,30852000,{"v":889.22046876,"d":"889.22"},59,81,140,{"v":115.489392199999,"d":"115.49"},{"v":0.907735558,"d":"0.91"},{"v":127.082978199999,"d":"127.08"},{"v":12.91702182,"d":"12.92"},1,"1_30852000_14369",{"v":60.1801051679999,"d":"60.18"},0.521087729545,{"v":66.2213805740999,"d":"66.22"},{"v":0.129877118,"d":"0.13"},"1_30852000_14369_256840","F",{"v":1.10744219704,"d":"1.11"},{"v":0.0184021313015,"d":"0.02"},{"v":1.21861454029,"d":"1.22"}]
[3,308,30852,{"v":1789.47074399999,"d":"1,789.47"},1987,{"v":1.110384177,"d":"1.11"},"M",320,30852000,{"v":889.22046876,"d":"889.22"},59,81,140,{"v":115.489392199999,"d":"115.49"},{"v":0.907735558,"d":"0.91"},{"v":127.082978199999,"d":"127.08"},{"v":12.91702182,"d":"12.92"},1,"1_30852000_14369",{"v":60.1801051679999,"d":"60.18"},0.521087729545,{"v":66.2213805740999,"d":"66.22"},{"v":0.129877118,"d":"0.13"},"1_30852000_14369_256841","F",{"v":0.095389333468,"d":"0.10"},{"v":1.58506425341E-3,"d":"0.00"},{"v":0.104965143159,"d":"0.10"}]
[3,308,30852,{"v":1789.47074399999,"d":"1,789.47"},1987,{"v":1.110384177,"d":"1.11"},"M",320,30852000,{"v":889.22046876,"d":"889.22"},59,81,140,{"v":115.489392199999,"d":"115.49"},{"v":0.907735558,"d":"0.91"},{"v":127.082978199999,"d":"127.08"},{"v":12.91702182,"d":"12.92"},1,"1_30852000_14369",{"v":60.1801051679999,"d":"60.18"},0.521087729545,{"v":66.2213805740999,"d":"66.22"},{"v":0.129877118,"d":"0.13"},"1_30852000_14369_256842","F",{"v":15.4450670117,"d":"15.45"},{"v":0.256647391502,"d":"0.26"},{"v":16.995544586,"d":"17.00"}]
[3,308,30852,{"v":1789.47074399999,"d":"1,789.47"},1987,{"v":1.110384177,"d":"1.11"},"M",320,30852000,{"v":889.22046876,"d":"889.22"},59,81,140,{"v":115.489392199999,"d":"115.49"},{"v":0.907735558,"d":"0.91"},{"v":127.082978199999,"d":"127.08"},{"v":12.91702182,"d":"12.92"},1,"1_30852000_14369",{"v":60.1801051679999,"d":"60.18"},0.521087729545,{"v":66.2213805740999,"d":"66.22"},{"v":0.129877118,"d":"0.13"},"1_30852000_14369_256843","G",{"v":0.0477380498786,"d":"0.05"},{"v":0.000793253015184,"d":"0.00"},{"v":0.0525303098101,"d":"0.05"}]
[3,308,30852,{"v":1789.47074399999,"d":"1,789.47"},1987,{"v":1.110384177,"d":"1.11"},"M",320,30852000,{"v":889.22046876,"d":"889.22"},59,81,140,{"v":115.489392199999,"d":"115.49"},{"v":0.907735558,"d":"0.91"},{"v":127.082978199999,"d":"127.08"},{"v":12.91702182,"d":"12.92"},1,"1_30852000_14369",{"v":60.1801051679999,"d":"60.18"},0.521087729545,{"v":66.2213805740999,"d":"66.22"},{"v":0.129877118,"d":"0.13"},"1_30852000_14369_256844","G",{"v":0.00019214228154,"d":"0.00"},{"v":3.1927874e-06,"d":"0.00"},{"v":0.000211430789539,"d":"0.00"}]
[3,308,30852,{"v":1789.47074399999,"d":"1,789.47"},1987,{"v":1.110384177,"d":"1.11"},"M",320,30852000,{"v":889.22046876,"d":"889.22"},59,81,140,{"v":115.489392199999,"d":"115.49"},{"v":0.907735558,"d":"0.91"},{"v":127.082978199999,"d":"127.08"},{"v":12.91702182,"d":"12.92"},1,"1_30852000_14369",{"v":60.1801051679999,"d":"60.18"},0.521087729545,{"v":66.2213805740999,"d":"66.22"},{"v":0.129877118,"d":"0.13"},"1_30852000_14369_256845","G",{"v":1.22032827781,"d":"1.22"},{"v":0.0202779352812,"d":"0.02"},{"v":1.34283286951,"d":"1.34"}]
[3,308,30852,{"v":1789.47074399999,"d":"1,789.47"},1987,{"v":1.110384177,"d":"1.11"},"M",320,30852000,{"v":889.22046876,"d":"889.22"},59,81,140,{"v":115.489392199999,"d":"115.49"},{"v":0.907735558,"d":"0.91"},{"v":127.082978199999,"d":"127.08"},{"v":12.91702182,"d":"12.92"},1,"1_30852000_14369",{"v":60.1801051679999,"d":"60.18"},0.521087729545,{"v":66.2213805740999,"d":"66.22"},{"v":0.129877118,"d":"0.13"},"1_30852000_14369_256846","G",{"v":3.24925649575,"d":"3.25"},{"v":0.0539922036806,"d":"0.05"},{"v":3.57543826797,"d":"3.58"}]
[3,308,30852,{"v":1789.47074399999,"d":"1,789.47"},1987,{"v":1.110384177,"d":"1.11"},"M",320,30852001,{"v":900.250275729999,"d":"900.25"},56,76,132,{"v":81.81680878,"d":"81.82"},{"v":0.907735558,"d":"0.91"},{"v":119.8210937,"d":"119.82"},{"v":12.17890629,"d":"12.18"},1,"1_30852001_14370",{"v":5.4764751878,"d":"5.48"},0.0669358200284,{"v":8.02032316351,"d":"8.02"},{"v":0.090882292,"d":"0.09"},"1_30852001_14370_256847","außerhalb GKL",{"v":3.56050086502,"d":"3.56"},{"v":0.650144617281,"d":"0.65"},{"v":5.21436993361,"d":"5.21"}]
[3,308,30852,{"v":1789.47074399999,"d":"1,789.47"},1987,{"v":1.110384177,"d":"1.11"},"M",320,30852001,{"v":900.250275729999,"d":"900.25"},56,76,132,{"v":81.81680878,"d":"81.82"},{"v":0.907735558,"d":"0.91"},{"v":119.8210937,"d":"119.82"},{"v":12.17890629,"d":"12.18"},1,"1_30852001_14371",{"v":0.635855551071,"d":"0.64"},0.00777169826778,{"v":0.931213386352,"d":"0.93"},{"v":0.090882292,"d":"0.09"},"1_30852001_14371_256848","außerhalb GKL",{"v":0.635855551071,"d":"0.64"},{"v":1,"d":"1.00"},{"v":0.931213386352,"d":"0.93"}]
[3,308,30852,{"v":1789.47074399999,"d":"1,789.47"},1987,{"v":1.110384177,"d":"1.11"},"M",320,30852001,{"v":900.250275729999,"d":"900.25"},56,76,132,{"v":81.81680878,"d":"81.82"},{"v":0.907735558,"d":"0.91"},{"v":119.8210937,"d":"119.82"},{"v":12.17890629,"d":"12.18"},1,"1_30852001_14372",{"v":0.752370832288,"d":"0.75"},0.00919579782574,{"v":1.10185055292,"d":"1.10"},{"v":0.090882292,"d":"0.09"},"1_30852001_14372_256849","außerhalb GKL",{"v":0.752370832288,"d":"0.75"},{"v":1,"d":"1.00"},{"v":1.10185055292,"d":"1.10"}]
[3,308,30852,{"v":1789.47074399999,"d":"1,789.47"},1987,{"v":1.110384177,"d":"1.11"},"M",320,30852001,{"v":900.250275729999,"d":"900.25"},56,76,132,{"v":81.81680878,"d":"81.82"},{"v":0.907735558,"d":"0.91"},{"v":119.8210937,"d":"119.82"},{"v":12.17890629,"d":"12.18"},1,"1_30852001_14377",{"v":6.77163212672,"d":"6.77"},0.0827657816003,{"v":9.91708647227999,"d":"9.92"},{"v":0.090882292,"d":"0.09"},"1_30852001_14377_256850","außerhalb GKL",{"v":5.64753312464,"d":"5.65"},{"v":0.833998808405,"d":"0.83"},{"v":8.27083830073,"d":"8.27"}]
[3,308,30860,{"v":4629.699615,"d":"4,629.70"},2026,{"v":0.437609385,"d":"0.44"},"M",320,30860000,{"v":2060.8141721,"d":"2,060.81"},59,118,177,{"v":106.526262599999,"d":"106.53"},{"v":0.907735558,"d":"0.91"},{"v":160.669193799999,"d":"160.67"},{"v":16.33080615,"d":"16.33"},1,"1_30860000_14404",{"v":0.969901713842,"d":"0.97"},0.00910481312467,{"v":1.46286298444,"d":"1.46"},{"v":0.051691348,"d":"0.05"},"1_30860000_14404_256851","außerhalb GKL",{"v":0.969901713842,"d":"0.97"},{"v":1,"d":"1.00"},{"v":1.46286298444,"d":"1.46"}]
[3,308,30860,{"v":4629.699615,"d":"4,629.70"},2026,{"v":0.437609385,"d":"0.44"},"M",320,30860000,{"v":2060.8141721,"d":"2,060.81"},59,118,177,{"v":106.526262599999,"d":"106.53"},{"v":0.907735558,"d":"0.91"},{"v":160.669193799999,"d":"160.67"},{"v":16.33080615,"d":"16.33"},1,"1_30860000_14406",{"v":4.60002006492,"d":"4.60"},0.0431820280994,{"v":6.93802164138,"d":"6.94"},{"v":0.051691348,"d":"0.05"},"1_30860000_14406_256852","außerhalb GKL",{"v":0.206128721496,"d":"0.21"},{"v":0.0448103961693,"d":"0.04"},{"v":0.310895498381,"d":"0.31"}]
[3,308,30860,{"v":4629.699615,"d":"4,629.70"},2026,{"v":0.437609385,"d":"0.44"},"M",320,30860000,{"v":2060.8141721,"d":"2,060.81"},59,118,177,{"v":106.526262599999,"d":"106.53"},{"v":0.907735558,"d":"0.91"},{"v":160.669193799999,"d":"160.67"},{"v":16.33080615,"d":"16.33"},1,"1_30860000_14406",{"v":4.60002006492,"d":"4.60"},0.0431820280994,{"v":6.93802164138,"d":"6.94"},{"v":0.051691348,"d":"0.05"},"1_30860000_14406_256853","E",{"v":0.368897269486,"d":"0.37"},{"v":0.0801947087795,"d":"0.08"},{"v":0.556392625036,"d":"0.56"}]
[3,308,30860,{"v":4629.699615,"d":"4,629.70"},2026,{"v":0.437609385,"d":"0.44"},"M",320,30860000,{"v":2060.8141721,"d":"2,060.81"},59,118,177,{"v":106.526262599999,"d":"106.53"},{"v":0.907735558,"d":"0.91"},{"v":160.669193799999,"d":"160.67"},{"v":16.33080615,"d":"16.33"},1,"1_30860000_14406",{"v":4.60002006492,"d":"4.60"},0.0431820280994,{"v":6.93802164138,"d":"6.94"},{"v":0.051691348,"d":"0.05"},"1_30860000_14406_256854","F",{"v":2.88025015958,"d":"2.88"},{"v":0.626138607861,"d":"0.63"},{"v":4.34416321184,"d":"4.34"}]
[3,308,30860,{"v":4629.699615,"d":"4,629.70"},2026,{"v":0.437609385,"d":"0.44"},"M",320,30860000,{"v":2060.8141721,"d":"2,060.81"},59,118,177,{"v":106.526262599999,"d":"106.53"},{"v":0.907735558,"d":"0.91"},{"v":160.669193799999,"d":"160.67"},{"v":16.33080615,"d":"16.33"},1,"1_30860000_14406",{"v":4.60002006492,"d":"4.60"},0.0431820280994,{"v":6.93802164138,"d":"6.94"},{"v":0.051691348,"d":"0.05"},"1_30860000_14406_256855","G",{"v":1.1447439145,"d":"1.14"},{"v":0.248856287221,"d":"0.25"},{"v":1.72657030633,"d":"1.73"}]
[3,308,30860,{"v":4629.699615,"d":"4,629.70"},2026,{"v":0.437609385,"d":"0.44"},"M",320,30860000,{"v":2060.8141721,"d":"2,060.81"},59,118,177,{"v":106.526262599999,"d":"106.53"},{"v":0.907735558,"d":"0.91"},{"v":160.669193799999,"d":"160.67"},{"v":16.33080615,"d":"16.33"},1,"1_30860000_14407",{"v":2.74366750035,"d":"2.74"},0.0257557848495,{"v":4.13816118746,"d":"4.14"},{"v":0.051691348,"d":"0.05"},"1_30860000_14407_256856","F",{"v":2.51691810115,"d":"2.52"},{"v":0.917355364974,"d":"0.92"},{"v":3.79616436644,"d":"3.80"}]
[3,308,30860,{"v":4629.699615,"d":"4,629.70"},2026,{"v":0.437609385,"d":"0.44"},"M",320,30860000,{"v":2060.8141721,"d":"2,060.81"},59,118,177,{"v":106.526262599999,"d":"106.53"},{"v":0.907735558,"d":"0.91"},{"v":160.669193799999,"d":"160.67"},{"v":16.33080615,"d":"16.33"},1,"1_30860000_14407",{"v":2.74366750035,"d":"2.74"},0.0257557848495,{"v":4.13816118746,"d":"4.14"},{"v":0.051691348,"d":"0.05"},"1_30860000_14407_256857","G",{"v":0.226749399213,"d":"0.23"},{"v":0.0826446350311,"d":"0.08"},{"v":0.341996821037,"d":"0.34"}]
[3,308,30860,{"v":4629.699615,"d":"4,629.70"},2026,{"v":0.437609385,"d":"0.44"},"M",320,30860001,{"v":501.581218154999,"d":"501.58"},27,14,41,{"v":39.74647523,"d":"39.75"},{"v":0.907735558,"d":"0.91"},{"v":37.2171578999999,"d":"37.22"},{"v":3.782842104,"d":"3.78"},1,"1_30860001_14408",{"v":39.7464752296,"d":"39.75"},0.99999999999,{"v":37.2171578995999,"d":"37.22"},{"v":0.079242352,"d":"0.08"},"1_30860001_14408_256858","außerhalb GKL",{"v":0.191335888637,"d":"0.19"},{"v":0.0048139083411,"d":"0.00"},{"v":0.179159986845,"d":"0.18"}]
[3,308,30860,{"v":4629.699615,"d":"4,629.70"},2026,{"v":0.437609385,"d":"0.44"},"M",320,30860001,{"v":501.581218154999,"d":"501.58"},27,14,41,{"v":39.74647523,"d":"39.75"},{"v":0.907735558,"d":"0.91"},{"v":37.2171578999999,"d":"37.22"},{"v":3.782842104,"d":"3.78"},1,"1_30860001_14408",{"v":39.7464752296,"d":"39.75"},0.99999999999,{"v":37.2171578995999,"d":"37.22"},{"v":0.079242352,"d":"0.08"},"1_30860001_14408_256859","außerhalb GKL",{"v":4.77946754283,"d":"4.78"},{"v":0.12024884006,"d":"0.12"},{"v":4.47532006776,"d":"4.48"}]
[3,308,30860,{"v":4629.699615,"d":"4,629.70"},2026,{"v":0.437609385,"d":"0.44"},"M",320,30860001,{"v":501.581218154999,"d":"501.58"},27,14,41,{"v":39.74647523,"d":"39.75"},{"v":0.907735558,"d":"0.91"},{"v":37.2171578999999,"d":"37.22"},{"v":3.782842104,"d":"3.78"},1,"1_30860001_14408",{"v":39.7464752296,"d":"39.75"},0.99999999999,{"v":37.2171578995999,"d":"37.22"},{"v":0.079242352,"d":"0.08"},"1_30860001_14408_256860","G",{"v":9.6402361569,"d":"9.64"},{"v":0.242543171469,"d":"0.24"},{"v":9.02676751003,"d":"9.03"}]
[3,312,31208,{"v":6114.446125,"d":"6,114.45"},3800,{"v":0.621479022,"d":"0.62"},"M",310,31208003,{"v":1239.67513278999,"d":"1,239.68"},21,17,38,{"v":34.76795722,"d":"34.77"},{"v":0.967661341,"d":"0.97"},{"v":36.77113095,"d":"36.77"},{"v":1.228869045,"d":"1.23"},1,"1_31208003_15263",{"v":34.0977302784,"d":"34.10"},0.980722855319,{"v":36.0622885386,"d":"36.06"},{"v":0.028046023,"d":"0.03"},"1_31208003_15263_256861","außerhalb GKL",{"v":34.0977302784,"d":"34.10"},{"v":1,"d":"1.00"},{"v":36.0622885386,"d":"36.06"}]
[3,312,31216,{"v":2994.70113499999,"d":"2,994.70"},4890,{"v":1.632884144,"d":"1.63"},"M",101,31216003,{"v":740.071762055,"d":"740.07"},72,561,633,{"v":103.7287019,"d":"103.73"},{"v":0.992934034,"d":"0.99"},{"v":628.5272435,"d":"628.53"},{"v":4.472756452,"d":"4.47"},1,"1_31216003_15298",{"v":30.6654059100999,"d":"30.67"},0.295630865406,{"v":185.812052926999,"d":"185.81"},{"v":0.140160329,"d":"0.14"},"1_31216003_15298_256862","außerhalb GKL",{"v":29.7743077647,"d":"29.77"},{"v":0.970941257128,"d":"0.97"},{"v":180.412588258,"d":"180.41"}]
[3,312,31216,{"v":2994.70113499999,"d":"2,994.70"},4890,{"v":1.632884144,"d":"1.63"},"M",101,31216003,{"v":740.071762055,"d":"740.07"},72,561,633,{"v":103.7287019,"d":"103.73"},{"v":0.992934034,"d":"0.99"},{"v":628.5272435,"d":"628.53"},{"v":4.472756452,"d":"4.47"},1,"1_31216003_15298",{"v":30.6654059100999,"d":"30.67"},0.295630865406,{"v":185.812052926999,"d":"185.81"},{"v":0.140160329,"d":"0.14"},"1_31216003_15298_256863","G",{"v":0.824264220007,"d":"0.82"},{"v":0.0268792861384,"d":"0.03"},{"v":4.99449533859,"d":"4.99"}]
[3,312,31216,{"v":2994.70113499999,"d":"2,994.70"},4890,{"v":1.632884144,"d":"1.63"},"M",101,31216003,{"v":740.071762055,"d":"740.07"},72,561,633,{"v":103.7287019,"d":"103.73"},{"v":0.992934034,"d":"0.99"},{"v":628.5272435,"d":"628.53"},{"v":4.472756452,"d":"4.47"},1,"1_31216003_15298",{"v":30.6654059100999,"d":"30.67"},0.295630865406,{"v":185.812052926999,"d":"185.81"},{"v":0.140160329,"d":"0.14"},"1_31216003_15298_256864","G",{"v":0.0668339253695,"d":"0.07"},{"v":0.00217945673263,"d":"0.00"},{"v":0.404969329756,"d":"0.40"}]
[3,312,31216,{"v":2994.70113499999,"d":"2,994.70"},4890,{"v":1.632884144,"d":"1.63"},"M",101,31216003,{"v":740.071762055,"d":"740.07"},72,561,633,{"v":103.7287019,"d":"103.73"},{"v":0.992934034,"d":"0.99"},{"v":628.5272435,"d":"628.53"},{"v":4.472756452,"d":"4.47"},1,"1_31216003_15300",{"v":64.0460397406999,"d":"64.05"},0.617437975869,{"v":388.076589005,"d":"388.08"},{"v":0.140160329,"d":"0.14"},"1_31216003_15300_256865","außerhalb GKL",{"v":0.335604479545,"d":"0.34"},{"v":0.00524005045283,"d":"0.01"},{"v":2.03354090595,"d":"2.03"}]
[3,312,31216,{"v":2994.70113499999,"d":"2,994.70"},4890,{"v":1.632884144,"d":"1.63"},"M",101,31216003,{"v":740.071762055,"d":"740.07"},72,561,633,{"v":103.7287019,"d":"103.73"},{"v":0.992934034,"d":"0.99"},{"v":628.5272435,"d":"628.53"},{"v":4.472756452,"d":"4.47"},1,"1_31216003_15300",{"v":64.0460397406999,"d":"64.05"},0.617437975869,{"v":388.076589005,"d":"388.08"},{"v":0.140160329,"d":"0.14"},"1_31216003_15300_256866","außerhalb GKL",{"v":24.3444303853,"d":"24.34"},{"v":0.380108285912,"d":"0.38"},{"v":147.511127049,"d":"147.51"}]
[3,312,31216,{"v":2994.70113499999,"d":"2,994.70"},4890,{"v":1.632884144,"d":"1.63"},"M",101,31216003,{"v":740.071762055,"d":"740.07"},72,561,633,{"v":103.7287019,"d":"103.73"},{"v":0.992934034,"d":"0.99"},{"v":628.5272435,"d":"628.53"},{"v":4.472756452,"d":"4.47"},1,"1_31216003_15300",{"v":64.0460397406999,"d":"64.05"},0.617437975869,{"v":388.076589005,"d":"388.08"},{"v":0.140160329,"d":"0.14"},"1_31216003_15300_256867","außerhalb GKL",{"v":9.24694531938,"d":"9.25"},{"v":0.144379658084,"d":"0.14"},{"v":56.0303652309,"d":"56.03"}]
[3,312,31216,{"v":2994.70113499999,"d":"2,994.70"},4890,{"v":1.632884144,"d":"1.63"},"M",101,31216003,{"v":740.071762055,"d":"740.07"},72,561,633,{"v":103.7287019,"d":"103.73"},{"v":0.992934034,"d":"0.99"},{"v":628.5272435,"d":"628.53"},{"v":4.472756452,"d":"4.47"},1,"1_31216003_15300",{"v":64.0460397406999,"d":"64.05"},0.617437975869,{"v":388.076589005,"d":"388.08"},{"v":0.140160329,"d":"0.14"},"1_31216003_15300_256868","G",{"v":0.0129669112051,"d":"0.01"},{"v":0.000202462342053,"d":"0.00"},{"v":0.0785708951059,"d":"0.08"}]
[3,312,31216,{"v":2994.70113499999,"d":"2,994.70"},4890,{"v":1.632884144,"d":"1.63"},"M",101,31216003,{"v":740.071762055,"d":"740.07"},72,561,633,{"v":103.7287019,"d":"103.73"},{"v":0.992934034,"d":"0.99"},{"v":628.5272435,"d":"628.53"},{"v":4.472756452,"d":"4.47"},1,"1_31216003_15300",{"v":64.0460397406999,"d":"64.05"},0.617437975869,{"v":388.076589005,"d":"388.08"},{"v":0.140160329,"d":"0.14"},"1_31216003_15300_256869","G",{"v":30.1060926452,"d":"30.11"},{"v":0.470069543208,"d":"0.47"},{"v":182.422984923,"d":"182.42"}]
[3,312,31216,{"v":2994.70113499999,"d":"2,994.70"},4890,{"v":1.632884144,"d":"1.63"},"M",101,31216004,{"v":1257.17670025999,"d":"1,257.18"},86,1946,2032,{"v":236.441166,"d":"236.44"},{"v":0.992934034,"d":"0.99"},{"v":2017.641957,"d":"2,017.64"},{"v":14.35804283,"d":"14.36"},1,"1_31216004_15303",{"v":0.913294744241,"d":"0.91"},3.86267230741E-3,{"v":7.79348971357,"d":"7.79"},{"v":0.188073137,"d":"0.19"},"1_31216004_15303_256870","G",{"v":0.913294744241,"d":"0.91"},{"v":1,"d":"1.00"},{"v":7.79348971357,"d":"7.79"}]
[3,312,31216,{"v":2994.70113499999,"d":"2,994.70"},4890,{"v":1.632884144,"d":"1.63"},"M",101,31216004,{"v":1257.17670025999,"d":"1,257.18"},86,1946,2032,{"v":236.441166,"d":"236.44"},{"v":0.992934034,"d":"0.99"},{"v":2017.641957,"d":"2,017.64"},{"v":14.35804283,"d":"14.36"},1,"1_31216004_15304",{"v":1.335494234,"d":"1.34"},0.00564831520921,{"v":11.3962777525,"d":"11.40"},{"v":0.188073137,"d":"0.19"},"1_31216004_15304_256871","G",{"v":1.335494234,"d":"1.34"},{"v":1,"d":"1.00"},{"v":11.3962777525,"d":"11.40"}]
[3,312,31216,{"v":2994.70113499999,"d":"2,994.70"},4890,{"v":1.632884144,"d":"1.63"},"M",101,31216004,{"v":1257.17670025999,"d":"1,257.18"},86,1946,2032,{"v":236.441166,"d":"236.44"},{"v":0.992934034,"d":"0.99"},{"v":2017.641957,"d":"2,017.64"},{"v":14.35804283,"d":"14.36"},1,"1_31216004_15305",{"v":2.87417613816,"d":"2.87"},0.0121559886833,{"v":24.5264327962,"d":"24.53"},{"v":0.188073137,"d":"0.19"},"1_31216004_15305_256872","außerhalb GKL",{"v":2.87417613816,"d":"2.87"},{"v":1,"d":"1.00"},{"v":24.5264327962,"d":"24.53"}]
[3,312,31216,{"v":2994.70113499999,"d":"2,994.70"},4890,{"v":1.632884144,"d":"1.63"},"M",101,31216004,{"v":1257.17670025999,"d":"1,257.18"},86,1946,2032,{"v":236.441166,"d":"236.44"},{"v":0.992934034,"d":"0.99"},{"v":2017.641957,"d":"2,017.64"},{"v":14.35804283,"d":"14.36"},1,"1_31216004_15306",{"v":4.5629932887,"d":"4.56"},0.0192986414587,{"v":38.9377487201999,"d":"38.94"},{"v":0.188073137,"d":"0.19"},"1_31216004_15306_256873","außerhalb GKL",{"v":4.5629932887,"d":"4.56"},{"v":1,"d":"1.00"},{"v":38.9377487201999,"d":"38.94"}]
[3,312,31216,{"v":2994.70113499999,"d":"2,994.70"},4890,{"v":1.632884144,"d":"1.63"},"M",101,31216004,{"v":1257.17670025999,"d":"1,257.18"},86,1946,2032,{"v":236.441166,"d":"236.44"},{"v":0.992934034,"d":"0.99"},{"v":2017.641957,"d":"2,017.64"},{"v":14.35804283,"d":"14.36"},1,"1_31216004_15308",{"v":0.991276415673,"d":"0.99"},0.00419248658109,{"v":8.45893683017,"d":"8.46"},{"v":0.188073137,"d":"0.19"},"1_31216004_15308_256874","außerhalb GKL",{"v":0.991276415673,"d":"0.99"},{"v":1,"d":"1.00"},{"v":8.45893683017,"d":"8.46"}]
[3,312,31216,{"v":2994.70113499999,"d":"2,994.70"},4890,{"v":1.632884144,"d":"1.63"},"M",101,31216004,{"v":1257.17670025999,"d":"1,257.18"},86,1946,2032,{"v":236.441166,"d":"236.44"},{"v":0.992934034,"d":"0.99"},{"v":2017.641957,"d":"2,017.64"},{"v":14.35804283,"d":"14.36"},1,"1_31216004_15309",{"v":0.8146212683,"d":"0.81"},0.00344534448921,{"v":6.95147159775,"d":"6.95"},{"v":0.188073137,"d":"0.19"},"1_31216004_15309_256875","außerhalb GKL",{"v":0.8146212683,"d":"0.81"},{"v":1,"d":"1.00"},{"v":6.95147159775,"d":"6.95"}]
[3,312,31216,{"v":2994.70113499999,"d":"2,994.70"},4890,{"v":1.632884144,"d":"1.63"},"M",101,31216004,{"v":1257.17670025999,"d":"1,257.18"},86,1946,2032,{"v":236.441166,"d":"236.44"},{"v":0.992934034,"d":"0.99"},{"v":2017.641957,"d":"2,017.64"},{"v":14.35804283,"d":"14.36"},1,"1_31216004_15310",{"v":3.31021217829,"d":"3.31"},0.0140001516415,{"v":28.2472933562999,"d":"28.25"},{"v":0.188073137,"d":"0.19"},"1_31216004_15310_256876","außerhalb GKL",{"v":0.00887754323905,"d":"0.01"},{"v":0.00268186531887,"d":"0.00"},{"v":0.0757554364042,"d":"0.08"}]
[3,312,31216,{"v":2994.70113499999,"d":"2,994.70"},4890,{"v":1.632884144,"d":"1.63"},"M",101,31216004,{"v":1257.17670025999,"d":"1,257.18"},86,1946,2032,{"v":236.441166,"d":"236.44"},{"v":0.992934034,"d":"0.99"},{"v":2017.641957,"d":"2,017.64"},{"v":14.35804283,"d":"14.36"},1,"1_31216004_15313",{"v":0.595854582948,"d":"0.60"},0.00252009661866,{"v":5.0846526735,"d":"5.08"},{"v":0.188073137,"d":"0.19"},"1_31216004_15313_256877","F",{"v":0.289710579653,"d":"0.29"},{"v":0.486210206221,"d":"0.49"},{"v":2.47221002494,"d":"2.47"}]
[3,312,31216,{"v":2994.70113499999,"d":"2,994.70"},4890,{"v":1.632884144,"d":"1.63"},"M",101,31216004,{"v":1257.17670025999,"d":"1,257.18"},86,1946,2032,{"v":236.441166,"d":"236.44"},{"v":0.992934034,"d":"0.99"},{"v":2017.641957,"d":"2,017.64"},{"v":14.35804283,"d":"14.36"},1,"1_31216004_15313",{"v":0.595854582948,"d":"0.60"},0.00252009661866,{"v":5.0846526735,"d":"5.08"},{"v":0.188073137,"d":"0.19"},"1_31216004_15313_256878","G",{"v":0.00931663667401,"d":"0.01"},{"v":0.0156357556703,"d":"0.02"},{"v":0.0795023868712,"d":"0.08"}]
[3,312,31216,{"v":2994.70113499999,"d":"2,994.70"},4890,{"v":1.632884144,"d":"1.63"},"M",101,31216004,{"v":1257.17670025999,"d":"1,257.18"},86,1946,2032,{"v":236.441166,"d":"236.44"},{"v":0.992934034,"d":"0.99"},{"v":2017.641957,"d":"2,017.64"},{"v":14.35804283,"d":"14.36"},1,"1_31216004_15313",{"v":0.595854582948,"d":"0.60"},0.00252009661866,{"v":5.0846526735,"d":"5.08"},{"v":0.188073137,"d":"0.19"},"1_31216004_15313_256879","G",{"v":1.27724963283E-3,"d":"0.00"},{"v":0.00214355930017,"d":"0.00"},{"v":0.0108992545264,"d":"0.01"}]
[3,312,31216,{"v":2994.70113499999,"d":"2,994.70"},4890,{"v":1.632884144,"d":"1.63"},"M",101,31216004,{"v":1257.17670025999,"d":"1,257.18"},86,1946,2032,{"v":236.441166,"d":"236.44"},{"v":0.992934034,"d":"0.99"},{"v":2017.641957,"d":"2,017.64"},{"v":14.35804283,"d":"14.36"},1,"1_31216004_15313",{"v":0.595854582948,"d":"0.60"},0.00252009661866,{"v":5.0846526735,"d":"5.08"},{"v":0.188073137,"d":"0.19"},"1_31216004_15313_256880","G",{"v":0.295550116996,"d":"0.30"},{"v":0.496010478821,"d":"0.50"},{"v":2.52204100722,"d":"2.52"}]
[3,312,31216,{"v":2994.70113499999,"d":"2,994.70"},4890,{"v":1.632884144,"d":"1.63"},"M",101,31216004,{"v":1257.17670025999,"d":"1,257.18"},86,1946,2032,{"v":236.441166,"d":"236.44"},{"v":0.992934034,"d":"0.99"},{"v":2017.641957,"d":"2,017.64"},{"v":14.35804283,"d":"14.36"},1,"1_31216004_15314",{"v":5.75822767649,"d":"5.76"},0.0243537442058,{"v":49.1371361197,"d":"49.14"},{"v":0.188073137,"d":"0.19"},"1_31216004_15314_256881","außerhalb GKL",{"v":5.75822767649,"d":"5.76"},{"v":1,"d":"1.00"},{"v":49.1371361197,"d":"49.14"}]
[3,312,31216,{"v":2994.70113499999,"d":"2,994.70"},4890,{"v":1.632884144,"d":"1.63"},"M",101,31216004,{"v":1257.17670025999,"d":"1,257.18"},86,1946,2032,{"v":236.441166,"d":"236.44"},{"v":0.992934034,"d":"0.99"},{"v":2017.641957,"d":"2,017.64"},{"v":14.35804283,"d":"14.36"},1,"1_31216004_15315",{"v":3.12629555811,"d":"3.13"},0.0132222980076,{"v":26.6778632281,"d":"26.68"},{"v":0.188073137,"d":"0.19"},"1_31216004_15315_256882","F",{"v":2.41112647717,"d":"2.41"},{"v":0.771240732795,"d":"0.77"},{"v":20.5750547853999,"d":"20.58"}]
[3,312,31216,{"v":2994.70113499999,"d":"2,994.70"},4890,{"v":1.632884144,"d":"1.63"},"M",101,31216004,{"v":1257.17670025999,"d":"1,257.18"},86,1946,2032,{"v":236.441166,"d":"236.44"},{"v":0.992934034,"d":"0.99"},{"v":2017.641957,"d":"2,017.64"},{"v":14.35804283,"d":"14.36"},1,"1_31216004_15315",{"v":3.12629555811,"d":"3.13"},0.0132222980076,{"v":26.6778632281,"d":"26.68"},{"v":0.188073137,"d":"0.19"},"1_31216004_15315_256883","G",{"v":0.715169080938,"d":"0.72"},{"v":0.228759267205,"d":"0.23"},{"v":6.10280844266,"d":"6.10"}]
[3,312,31227,{"v":1269.959812,"d":"1,269.96"},2428,{"v":1.911871522,"d":"1.91"},"M",103,31227000,{"v":1269.95981239999,"d":"1,269.96"},121,459,580,{"v":157.966349,"d":"157.97"},{"v":0.991139192,"d":"0.99"},{"v":574.8607312,"d":"574.86"},{"v":5.139268827,"d":"5.14"},1,"1_31227000_15332",{"v":157.966349014,"d":"157.97"},1.00000000009,{"v":574.860731252,"d":"574.86"},{"v":0.124386888,"d":"0.12"},"1_31227000_15332_256884","außerhalb GKL",{"v":20.290378289,"d":"20.29"},{"v":0.128447472615,"d":"0.13"},{"v":73.8394080349,"d":"73.84"}]
[3,312,31227,{"v":1269.959812,"d":"1,269.96"},2428,{"v":1.911871522,"d":"1.91"},"M",103,31227000,{"v":1269.95981239999,"d":"1,269.96"},121,459,580,{"v":157.966349,"d":"157.97"},{"v":0.991139192,"d":"0.99"},{"v":574.8607312,"d":"574.86"},{"v":5.139268827,"d":"5.14"},1,"1_31227000_15332",{"v":157.966349014,"d":"157.97"},1.00000000009,{"v":574.860731252,"d":"574.86"},{"v":0.124386888,"d":"0.12"},"1_31227000_15332_256885","außerhalb GKL",{"v":0.0196564846069,"d":"0.02"},{"v":0.000124434632626,"d":"0.00"},{"v":0.0715325839045,"d":"0.07"}]
[3,312,31227,{"v":1269.959812,"d":"1,269.96"},2428,{"v":1.911871522,"d":"1.91"},"M",103,31227000,{"v":1269.95981239999,"d":"1,269.96"},121,459,580,{"v":157.966349,"d":"157.97"},{"v":0.991139192,"d":"0.99"},{"v":574.8607312,"d":"574.86"},{"v":5.139268827,"d":"5.14"},1,"1_31227000_15332",{"v":157.966349014,"d":"157.97"},1.00000000009,{"v":574.860731252,"d":"574.86"},{"v":0.124386888,"d":"0.12"},"1_31227000_15332_256886","außerhalb GKL",{"v":5.4763768238E-5,"d":"0.00"},{"v":3.46679964e-07,"d":"0.00"},{"v":0.000199292697794,"d":"0.00"}]
[3,312,31227,{"v":1269.959812,"d":"1,269.96"},2428,{"v":1.911871522,"d":"1.91"},"M",103,31227000,{"v":1269.95981239999,"d":"1,269.96"},121,459,580,{"v":157.966349,"d":"157.97"},{"v":0.991139192,"d":"0.99"},{"v":574.8607312,"d":"574.86"},{"v":5.139268827,"d":"5.14"},1,"1_31227000_15332",{"v":157.966349014,"d":"157.97"},1.00000000009,{"v":574.860731252,"d":"574.86"},{"v":0.124386888,"d":"0.12"},"1_31227000_15332_256887","außerhalb GKL",{"v":0.207716109117,"d":"0.21"},{"v":0.00131493897538,"d":"0.00"},{"v":0.755906780939,"d":"0.76"}]
[3,312,31227,{"v":1269.959812,"d":"1,269.96"},2428,{"v":1.911871522,"d":"1.91"},"M",103,31227000,{"v":1269.95981239999,"d":"1,269.96"},121,459,580,{"v":157.966349,"d":"157.97"},{"v":0.991139192,"d":"0.99"},{"v":574.8607312,"d":"574.86"},{"v":5.139268827,"d":"5.14"},1,"1_31227000_15332",{"v":157.966349014,"d":"157.97"},1.00000000009,{"v":574.860731252,"d":"574.86"},{"v":0.124386888,"d":"0.12"},"1_31227000_15332_256888","außerhalb GKL",{"v":0.000758887931526,"d":"0.00"},{"v":4.804111358e-06,"d":"0.00"},{"v":0.00276169496844,"d":"0.00"}]
[3,312,31227,{"v":1269.959812,"d":"1,269.96"},2428,{"v":1.911871522,"d":"1.91"},"M",103,31227000,{"v":1269.95981239999,"d":"1,269.96"},121,459,580,{"v":157.966349,"d":"157.97"},{"v":0.991139192,"d":"0.99"},{"v":574.8607312,"d":"574.86"},{"v":5.139268827,"d":"5.14"},1,"1_31227000_15332",{"v":157.966349014,"d":"157.97"},1.00000000009,{"v":574.860731252,"d":"574.86"},{"v":0.124386888,"d":"0.12"},"1_31227000_15332_256889","außerhalb GKL",{"v":0.00319034841065,"d":"0.00"},{"v":2.0196379992e-05,"d":"0.00"},{"v":0.0116101057709,"d":"0.01"}]
[3,312,31227,{"v":1269.959812,"d":"1,269.96"},2428,{"v":1.911871522,"d":"1.91"},"M",103,31227000,{"v":1269.95981239999,"d":"1,269.96"},121,459,580,{"v":157.966349,"d":"157.97"},{"v":0.991139192,"d":"0.99"},{"v":574.8607312,"d":"574.86"},{"v":5.139268827,"d":"5.14"},1,"1_31227000_15332",{"v":157.966349014,"d":"157.97"},1.00000000009,{"v":574.860731252,"d":"574.86"},{"v":0.124386888,"d":"0.12"},"1_31227000_15332_256890","außerhalb GKL",{"v":0.161644868902,"d":"0.16"},{"v":0.00102328673107,"d":"0.00"},{"v":0.588247358503,"d":"0.59"}]
[3,312,31227,{"v":1269.959812,"d":"1,269.96"},2428,{"v":1.911871522,"d":"1.91"},"M",103,31227000,{"v":1269.95981239999,"d":"1,269.96"},121,459,580,{"v":157.966349,"d":"157.97"},{"v":0.991139192,"d":"0.99"},{"v":574.8607312,"d":"574.86"},{"v":5.139268827,"d":"5.14"},1,"1_31227000_15332",{"v":157.966349014,"d":"157.97"},1.00000000009,{"v":574.860731252,"d":"574.86"},{"v":0.124386888,"d":"0.12"},"1_31227000_15332_256891","außerhalb GKL",{"v":0.148031414596,"d":"0.15"},{"v":9.37107273289E-4,"d":"0.00"},{"v":0.538706172384,"d":"0.54"}]
[3,312,31227,{"v":1269.959812,"d":"1,269.96"},2428,{"v":1.911871522,"d":"1.91"},"M",103,31227000,{"v":1269.95981239999,"d":"1,269.96"},121,459,580,{"v":157.966349,"d":"157.97"},{"v":0.991139192,"d":"0.99"},{"v":574.8607312,"d":"574.86"},{"v":5.139268827,"d":"5.14"},1,"1_31227000_15332",{"v":157.966349014,"d":"157.97"},1.00000000009,{"v":574.860731252,"d":"574.86"},{"v":0.124386888,"d":"0.12"},"1_31227000_15332_256892","außerhalb GKL",{"v":0.0550693898327,"d":"0.06"},{"v":0.000348614690258,"d":"0.00"},{"v":0.200404895767,"d":"0.20"}]
[3,312,31227,{"v":1269.959812,"d":"1,269.96"},2428,{"v":1.911871522,"d":"1.91"},"M",103,31227000,{"v":1269.95981239999,"d":"1,269.96"},121,459,580,{"v":157.966349,"d":"157.97"},{"v":0.991139192,"d":"0.99"},{"v":574.8607312,"d":"574.86"},{"v":5.139268827,"d":"5.14"},1,"1_31227000_15332",{"v":157.966349014,"d":"157.97"},1.00000000009,{"v":574.860731252,"d":"574.86"},{"v":0.124386888,"d":"0.12"},"1_31227000_15332_256893","außerhalb GKL",{"v":0.00483274911894,"d":"0.00"},{"v":3.059353558e-05,"d":"0.00"},{"v":0.0175870222349,"d":"0.02"}]
[3,312,31229,{"v":774.441229499999,"d":"774.44"},1370,{"v":1.769017387,"d":"1.77"},"G",310,31229000,{"v":774.441229519999,"d":"774.44"},99,452,551,{"v":110.4661367,"d":"110.47"},{"v":0.967661341,"d":"0.97"},{"v":533.1813988,"d":"533.18"},{"v":17.8186011499999,"d":"17.82"},1,"1_31229000_15342",{"v":96.7423328758,"d":"96.74"},0.875764607742,{"v":466.941398574999,"d":"466.94"},{"v":0.142639793,"d":"0.14"},"1_31229000_15342_256894","F",{"v":15.1494569152,"d":"15.15"},{"v":0.156595943729,"d":"0.16"},{"v":73.1211289759999,"d":"73.12"}]
[3,312,31230,{"v":3744.06230599999,"d":"3,744.06"},16875,{"v":4.507136533,"d":"4.51"},"ST",103,31230030,{"v":1270.58561893,"d":"1,270.59"},33,318,351,{"v":84.0458358199999,"d":"84.05"},{"v":0.991139192,"d":"0.99"},{"v":347.8898563,"d":"347.89"},{"v":3.110143721,"d":"3.11"},1,"1_31230030_15359",{"v":58.7637012156,"d":"58.76"},0.699186350427,{"v":243.239838977,"d":"243.24"},{"v":0.066147322,"d":"0.07"},"1_31230030_15359_256895","außerhalb GKL",{"v":36.0040444396,"d":"36.00"},{"v":0.612691911755,"d":"0.61"},{"v":149.031081957999,"d":"149.03"}]
[3,312,31230,{"v":3744.06230599999,"d":"3,744.06"},16875,{"v":4.507136533,"d":"4.51"},"ST",103,31230030,{"v":1270.58561893,"d":"1,270.59"},33,318,351,{"v":84.0458358199999,"d":"84.05"},{"v":0.991139192,"d":"0.99"},{"v":347.8898563,"d":"347.89"},{"v":3.110143721,"d":"3.11"},1,"1_31230030_15359",{"v":58.7637012156,"d":"58.76"},0.699186350427,{"v":243.239838977,"d":"243.24"},{"v":0.066147322,"d":"0.07"},"1_31230030_15359_256896","außerhalb GKL",{"v":0.320995904941,"d":"0.32"},{"v":0.00546248616579,"d":"0.01"},{"v":1.32869425538,"d":"1.33"}]
[3,312,31230,{"v":3744.06230599999,"d":"3,744.06"},16875,{"v":4.507136533,"d":"4.51"},"ST",103,31230030,{"v":1270.58561893,"d":"1,270.59"},33,318,351,{"v":84.0458358199999,"d":"84.05"},{"v":0.991139192,"d":"0.99"},{"v":347.8898563,"d":"347.89"},{"v":3.110143721,"d":"3.11"},1,"1_31230030_15359",{"v":58.7637012156,"d":"58.76"},0.699186350427,{"v":243.239838977,"d":"243.24"},{"v":0.066147322,"d":"0.07"},"1_31230030_15359_256897","außerhalb GKL",{"v":1.34848810113,"d":"1.35"},{"v":0.0229476372869,"d":"0.02"},{"v":5.58177959857,"d":"5.58"}]
[3,312,31230,{"v":3744.06230599999,"d":"3,744.06"},16875,{"v":4.507136533,"d":"4.51"},"ST",103,31230030,{"v":1270.58561893,"d":"1,270.59"},33,318,351,{"v":84.0458358199999,"d":"84.05"},{"v":0.991139192,"d":"0.99"},{"v":347.8898563,"d":"347.89"},{"v":3.110143721,"d":"3.11"},1,"1_31230030_15360",{"v":24.0864030663,"d":"24.09"},0.286586513553,{"v":99.7005410175,"d":"99.70"},{"v":0.066147322,"d":"0.07"},"1_31230030_15360_256898","außerhalb GKL",{"v":0.00100221355761,"d":"0.00"},{"v":4.1609100157e-05,"d":"0.00"},{"v":4.14844979691E-3,"d":"0.00"}]
[3,312,31230,{"v":3744.06230599999,"d":"3,744.06"},16875,{"v":4.507136533,"d":"4.51"},"ST",103,31230030,{"v":1270.58561893,"d":"1,270.59"},33,318,351,{"v":84.0458358199999,"d":"84.05"},{"v":0.991139192,"d":"0.99"},{"v":347.8898563,"d":"347.89"},{"v":3.110143721,"d":"3.11"},1,"1_31230030_15360",{"v":24.0864030663,"d":"24.09"},0.286586513553,{"v":99.7005410175,"d":"99.70"},{"v":0.066147322,"d":"0.07"},"1_31230030_15360_256899","außerhalb GKL",{"v":2.83887492713,"d":"2.84"},{"v":0.117862136547,"d":"0.12"},{"v":11.7509187791999,"d":"11.75"}]
[3,312,31230,{"v":3744.06230599999,"d":"3,744.06"},16875,{"v":4.507136533,"d":"4.51"},"ST",103,31230040,{"v":644.31491154,"d":"644.31"},20,12,32,{"v":17.1650064399999,"d":"17.17"},{"v":0.991139192,"d":"0.99"},{"v":31.7164541299999,"d":"31.72"},{"v":0.283545866,"d":"0.28"},1,"1_31230040_15361",{"v":0.5897887696,"d":"0.59"},0.0343599503829,{"v":1.08977579023,"d":"1.09"},{"v":0.02664071,"d":"0.03"},"1_31230040_15361_256900","außerhalb GKL",{"v":0.5897887696,"d":"0.59"},{"v":1,"d":"1.00"},{"v":1.08977579023,"d":"1.09"}]
[3,312,31230,{"v":3744.06230599999,"d":"3,744.06"},16875,{"v":4.507136533,"d":"4.51"},"ST",103,31230040,{"v":644.31491154,"d":"644.31"},20,12,32,{"v":17.1650064399999,"d":"17.17"},{"v":0.991139192,"d":"0.99"},{"v":31.7164541299999,"d":"31.72"},{"v":0.283545866,"d":"0.28"},1,"1_31230040_15362",{"v":15.0294306127,"d":"15.03"},0.875585492218,{"v":27.7704671008,"d":"27.77"},{"v":0.02664071,"d":"0.03"},"1_31230040_15362_256901","außerhalb GKL",{"v":15.0294306127,"d":"15.03"},{"v":1,"d":"1.00"},{"v":27.7704671008,"d":"27.77"}]
[3,312,31230,{"v":3744.06230599999,"d":"3,744.06"},16875,{"v":4.507136533,"d":"4.51"},"ST",103,31230040,{"v":644.31491154,"d":"644.31"},20,12,32,{"v":17.1650064399999,"d":"17.17"},{"v":0.991139192,"d":"0.99"},{"v":31.7164541299999,"d":"31.72"},{"v":0.283545866,"d":"0.28"},1,"1_31230040_15363",{"v":1.54578705711,"d":"1.55"},0.0900545573643,{"v":2.85621123784,"d":"2.86"},{"v":0.02664071,"d":"0.03"},"1_31230040_15363_256902","außerhalb GKL",{"v":1.53569975166,"d":"1.54"},{"v":0.993474324032,"d":"0.99"},{"v":2.83757252881,"d":"2.84"}]
[3,313,31302,{"v":2871.64588999999,"d":"2,871.65"},1023,{"v":0.356241695,"d":"0.36"},"M",430,31302000,{"v":1808.70521566,"d":"1,808.71"},79,82,161,{"v":75.36841594,"d":"75.37"},{"v":0.945243625,"d":"0.95"},{"v":152.184223599999,"d":"152.18"},{"v":8.815776371,"d":"8.82"},1,"1_31302000_15404",{"v":13.2341564456,"d":"13.23"},0.175592869779,{"v":26.7224645569999,"d":"26.72"},{"v":0.041669817,"d":"0.04"},"1_31302000_15404_256903","außerhalb GKL",{"v":0.997820396754,"d":"1.00"},{"v":0.0753973553853,"d":"0.08"},{"v":2.01480315698,"d":"2.01"}]
[3,313,31302,{"v":2871.64588999999,"d":"2,871.65"},1023,{"v":0.356241695,"d":"0.36"},"M",430,31302000,{"v":1808.70521566,"d":"1,808.71"},79,82,161,{"v":75.36841594,"d":"75.37"},{"v":0.945243625,"d":"0.95"},{"v":152.184223599999,"d":"152.18"},{"v":8.815776371,"d":"8.82"},1,"1_31302000_15406",{"v":39.1118457868999,"d":"39.11"},0.518942123157,{"v":78.9748041059999,"d":"78.97"},{"v":0.041669817,"d":"0.04"},"1_31302000_15406_256904","außerhalb GKL",{"v":1.54137254199,"d":"1.54"},{"v":0.0394093531251,"d":"0.04"},{"v":3.112345943,"d":"3.11"}]
[3,313,31302,{"v":2871.64588999999,"d":"2,871.65"},1023,{"v":0.356241695,"d":"0.36"},"M",430,31302000,{"v":1808.70521566,"d":"1,808.71"},79,82,161,{"v":75.36841594,"d":"75.37"},{"v":0.945243625,"d":"0.95"},{"v":152.184223599999,"d":"152.18"},{"v":8.815776371,"d":"8.82"},1,"1_31302000_15406",{"v":39.1118457868999,"d":"39.11"},0.518942123157,{"v":78.9748041059999,"d":"78.97"},{"v":0.041669817,"d":"0.04"},"1_31302000_15406_256905","außerhalb GKL",{"v":12.302822986,"d":"12.30"},{"v":0.314554906282,"d":"0.31"},{"v":24.8419121041999,"d":"24.84"}]
[3,313,31302,{"v":2871.64588999999,"d":"2,871.65"},1023,{"v":0.356241695,"d":"0.36"},"M",430,31302000,{"v":1808.70521566,"d":"1,808.71"},79,82,161,{"v":75.36841594,"d":"75.37"},{"v":0.945243625,"d":"0.95"},{"v":152.184223599999,"d":"152.18"},{"v":8.815776371,"d":"8.82"},1,"1_31302000_15407",{"v":1.25142054099,"d":"1.25"},0.0166040446171,{"v":2.52687363867,"d":"2.53"},{"v":0.041669817,"d":"0.04"},"1_31302000_15407_256906","außerhalb GKL",{"v":1.25142054099,"d":"1.25"},{"v":1,"d":"1.00"},{"v":2.52687363867,"d":"2.53"}]
[3,313,31302,{"v":2871.64588999999,"d":"2,871.65"},1023,{"v":0.356241695,"d":"0.36"},"M",430,31302002,{"v":544.803782875,"d":"544.80"},33,8,41,{"v":41.1328898499999,"d":"41.13"},{"v":0.945243625,"d":"0.95"},{"v":38.75498863,"d":"38.75"},{"v":2.245011374,"d":"2.25"},1,"1_31302002_15413",{"v":6.56989462022,"d":"6.57"},0.159723633428,{"v":6.19008759744,"d":"6.19"},{"v":0.075500375,"d":"0.08"},"1_31302002_15413_256907","außerhalb GKL",{"v":0.0305255256357,"d":"0.03"},{"v":4.64627325098E-3,"d":"0.00"},{"v":0.0287608384252,"d":"0.03"}]
[3,313,31302,{"v":2871.64588999999,"d":"2,871.65"},1023,{"v":0.356241695,"d":"0.36"},"M",430,31302002,{"v":544.803782875,"d":"544.80"},33,8,41,{"v":41.1328898499999,"d":"41.13"},{"v":0.945243625,"d":"0.95"},{"v":38.75498863,"d":"38.75"},{"v":2.245011374,"d":"2.25"},1,"1_31302002_15413",{"v":6.56989462022,"d":"6.57"},0.159723633428,{"v":6.19008759744,"d":"6.19"},{"v":0.075500375,"d":"0.08"},"1_31302002_15413_256908","außerhalb GKL",{"v":0.609832617846,"d":"0.61"},{"v":0.0928222830194,"d":"0.09"},{"v":0.574578062884,"d":"0.57"}]
[3,313,31302,{"v":2871.64588999999,"d":"2,871.65"},1023,{"v":0.356241695,"d":"0.36"},"M",430,31302002,{"v":544.803782875,"d":"544.80"},33,8,41,{"v":41.1328898499999,"d":"41.13"},{"v":0.945243625,"d":"0.95"},{"v":38.75498863,"d":"38.75"},{"v":2.245011374,"d":"2.25"},1,"1_31302002_15413",{"v":6.56989462022,"d":"6.57"},0.159723633428,{"v":6.19008759744,"d":"6.19"},{"v":0.075500375,"d":"0.08"},"1_31302002_15413_256909","außerhalb GKL",{"v":0.24105172363,"d":"0.24"},{"v":0.0366903485618,"d":"0.04"},{"v":0.227116471578,"d":"0.23"}]
[3,313,31302,{"v":2871.64588999999,"d":"2,871.65"},1023,{"v":0.356241695,"d":"0.36"},"M",430,31302002,{"v":544.803782875,"d":"544.80"},33,8,41,{"v":41.1328898499999,"d":"41.13"},{"v":0.945243625,"d":"0.95"},{"v":38.75498863,"d":"38.75"},{"v":2.245011374,"d":"2.25"},1,"1_31302002_15413",{"v":6.56989462022,"d":"6.57"},0.159723633428,{"v":6.19008759744,"d":"6.19"},{"v":0.075500375,"d":"0.08"},"1_31302002_15413_256910","F",{"v":3.42348215875,"d":"3.42"},{"v":0.521086312133,"d":"0.52"},{"v":3.22556991793,"d":"3.23"}]
[3,313,31302,{"v":2871.64588999999,"d":"2,871.65"},1023,{"v":0.356241695,"d":"0.36"},"M",430,31302002,{"v":544.803782875,"d":"544.80"},33,8,41,{"v":41.1328898499999,"d":"41.13"},{"v":0.945243625,"d":"0.95"},{"v":38.75498863,"d":"38.75"},{"v":2.245011374,"d":"2.25"},1,"1_31302002_15413",{"v":6.56989462022,"d":"6.57"},0.159723633428,{"v":6.19008759744,"d":"6.19"},{"v":0.075500375,"d":"0.08"},"1_31302002_15413_256911","G",{"v":2.26500259436,"d":"2.27"},{"v":0.344754783035,"d":"0.34"},{"v":2.13406230662,"d":"2.13"}]
[3,313,31302,{"v":2871.64588999999,"d":"2,871.65"},1023,{"v":0.356241695,"d":"0.36"},"M",430,31302002,{"v":544.803782875,"d":"544.80"},33,8,41,{"v":41.1328898499999,"d":"41.13"},{"v":0.945243625,"d":"0.95"},{"v":38.75498863,"d":"38.75"},{"v":2.245011374,"d":"2.25"},1,"1_31302002_15414",{"v":2.69224856056,"d":"2.69"},0.0654524535081,{"v":2.53660909151,"d":"2.54"},{"v":0.075500375,"d":"0.08"},"1_31302002_15414_256912","F",{"v":0.00128419704381,"d":"0.00"},{"v":0.000476997949826,"d":"0.00"},{"v":1.20995733616E-3,"d":"0.00"}]
[3,313,31302,{"v":2871.64588999999,"d":"2,871.65"},1023,{"v":0.356241695,"d":"0.36"},"M",430,31302002,{"v":544.803782875,"d":"544.80"},33,8,41,{"v":41.1328898499999,"d":"41.13"},{"v":0.945243625,"d":"0.95"},{"v":38.75498863,"d":"38.75"},{"v":2.245011374,"d":"2.25"},1,"1_31302002_15414",{"v":2.69224856056,"d":"2.69"},0.0654524535081,{"v":2.53660909151,"d":"2.54"},{"v":0.075500375,"d":"0.08"},"1_31302002_15414_256913","G",{"v":2.69096436352,"d":"2.69"},{"v":0.999523002052,"d":"1.00"},{"v":2.53539913418,"d":"2.54"}]
[3,313,31309,{"v":1237.31778,"d":"1,237.32"},2968,{"v":2.398737049,"d":"2.40"},"M",310,31309000,{"v":554.511684739999,"d":"554.51"},61,149,210,{"v":48.73458256,"d":"48.73"},{"v":0.967661341,"d":"0.97"},{"v":203.2088816,"d":"203.21"},{"v":6.791118407,"d":"6.79"},1,"1_31309000_15455",{"v":0.666842031346,"d":"0.67"},0.0136831382628,{"v":2.78053522316,"d":"2.78"},{"v":0.087887386,"d":"0.09"},"1_31309000_15455_256914","außerhalb GKL",{"v":0.579725366434,"d":"0.58"},{"v":0.869359367261,"d":"0.87"},{"v":2.41728434225,"d":"2.42"}]
[3,313,31309,{"v":1237.31778,"d":"1,237.32"},2968,{"v":2.398737049,"d":"2.40"},"M",310,31309000,{"v":554.511684739999,"d":"554.51"},61,149,210,{"v":48.73458256,"d":"48.73"},{"v":0.967661341,"d":"0.97"},{"v":203.2088816,"d":"203.21"},{"v":6.791118407,"d":"6.79"},1,"1_31309000_15455",{"v":0.666842031346,"d":"0.67"},0.0136831382628,{"v":2.78053522316,"d":"2.78"},{"v":0.087887386,"d":"0.09"},"1_31309000_15455_256915","G",{"v":0.0871166649203,"d":"0.09"},{"v":0.130640632751,"d":"0.13"},{"v":0.36325088094,"d":"0.36"}]
[3,313,31309,{"v":1237.31778,"d":"1,237.32"},2968,{"v":2.398737049,"d":"2.40"},"M",310,31309000,{"v":554.511684739999,"d":"554.51"},61,149,210,{"v":48.73458256,"d":"48.73"},{"v":0.967661341,"d":"0.97"},{"v":203.2088816,"d":"203.21"},{"v":6.791118407,"d":"6.79"},1,"1_31309000_15456",{"v":48.0677405257,"d":"48.07"},0.986316861677,{"v":200.428346365,"d":"200.43"},{"v":0.087887386,"d":"0.09"},"1_31309000_15456_256916","außerhalb GKL",{"v":0.998565025199,"d":"1.00"},{"v":0.0207741203202,"d":"0.02"},{"v":4.16372258297,"d":"4.16"}]
[3,313,31309,{"v":1237.31778,"d":"1,237.32"},2968,{"v":2.398737049,"d":"2.40"},"M",310,31309000,{"v":554.511684739999,"d":"554.51"},61,149,210,{"v":48.73458256,"d":"48.73"},{"v":0.967661341,"d":"0.97"},{"v":203.2088816,"d":"203.21"},{"v":6.791118407,"d":"6.79"},1,"1_31309000_15456",{"v":48.0677405257,"d":"48.07"},0.986316861677,{"v":200.428346365,"d":"200.43"},{"v":0.087887386,"d":"0.09"},"1_31309000_15456_256917","außerhalb GKL",{"v":0.000178484142769,"d":"0.00"},{"v":3.713179376E-6,"d":"0.00"},{"v":7.4422640208E-4,"d":"0.00"}]
[3,313,31309,{"v":1237.31778,"d":"1,237.32"},2968,{"v":2.398737049,"d":"2.40"},"M",310,31309000,{"v":554.511684739999,"d":"554.51"},61,149,210,{"v":48.73458256,"d":"48.73"},{"v":0.967661341,"d":"0.97"},{"v":203.2088816,"d":"203.21"},{"v":6.791118407,"d":"6.79"},1,"1_31309000_15456",{"v":48.0677405257,"d":"48.07"},0.986316861677,{"v":200.428346365,"d":"200.43"},{"v":0.087887386,"d":"0.09"},"1_31309000_15456_256918","außerhalb GKL",{"v":8.83374432243999,"d":"8.83"},{"v":0.183776982771,"d":"0.18"},{"v":36.8341167566999,"d":"36.83"}]
[3,313,31309,{"v":1237.31778,"d":"1,237.32"},2968,{"v":2.398737049,"d":"2.40"},"M",310,31309000,{"v":554.511684739999,"d":"554.51"},61,149,210,{"v":48.73458256,"d":"48.73"},{"v":0.967661341,"d":"0.97"},{"v":203.2088816,"d":"203.21"},{"v":6.791118407,"d":"6.79"},1,"1_31309000_15456",{"v":48.0677405257,"d":"48.07"},0.986316861677,{"v":200.428346365,"d":"200.43"},{"v":0.087887386,"d":"0.09"},"1_31309000_15456_256919","außerhalb GKL",{"v":7.86102085941,"d":"7.86"},{"v":0.163540469626,"d":"0.16"},{"v":32.7781458908999,"d":"32.78"}]
[3,313,31309,{"v":1237.31778,"d":"1,237.32"},2968,{"v":2.398737049,"d":"2.40"},"M",310,31309001,{"v":322.255238589999,"d":"322.26"},187,251,438,{"v":108.0699572,"d":"108.07"},{"v":0.967661341,"d":"0.97"},{"v":423.8356673,"d":"423.84"},{"v":14.1643326799999,"d":"14.16"},1,"1_31309001_15457",{"v":108.069957231,"d":"108.07"},1.00000000029,{"v":423.835667423,"d":"423.84"},{"v":0.33535516,"d":"0.34"},"1_31309001_15457_256920","C",{"v":0.0389724717538,"d":"0.04"},{"v":0.000360622625865,"d":"0.00"},{"v":0.152844731321,"d":"0.15"}]
[3,313,31324,{"v":5827.442726,"d":"5,827.44"},2015,{"v":0.345777744,"d":"0.35"},"M",430,31324002,{"v":652.941338794999,"d":"652.94"},36,10,46,{"v":19.32483393,"d":"19.32"},{"v":0.945243625,"d":"0.95"},{"v":43.4812067499999,"d":"43.48"},{"v":2.518793249,"d":"2.52"},1,"1_31324002_15624",{"v":1.47073591559,"d":"1.47"},0.0761060054082,{"v":3.30918095607,"d":"3.31"},{"v":0.029596585,"d":"0.03"},"1_31324002_15624_256921","außerhalb GKL",{"v":1.47073591559,"d":"1.47"},{"v":1,"d":"1.00"},{"v":3.30918095607,"d":"3.31"}]
[3,313,31324,{"v":5827.442726,"d":"5,827.44"},2015,{"v":0.345777744,"d":"0.35"},"M",430,31324002,{"v":652.941338794999,"d":"652.94"},36,10,46,{"v":19.32483393,"d":"19.32"},{"v":0.945243625,"d":"0.95"},{"v":43.4812067499999,"d":"43.48"},{"v":2.518793249,"d":"2.52"},1,"1_31324002_15627",{"v":4.21951990453,"d":"4.22"},0.218347020203,{"v":9.49399192869,"d":"9.49"},{"v":0.029596585,"d":"0.03"},"1_31324002_15627_256922","außerhalb GKL",{"v":4.21951990453,"d":"4.22"},{"v":1,"d":"1.00"},{"v":9.49399192869,"d":"9.49"}]
[3,313,31324,{"v":5827.442726,"d":"5,827.44"},2015,{"v":0.345777744,"d":"0.35"},"M",430,31324002,{"v":652.941338794999,"d":"652.94"},36,10,46,{"v":19.32483393,"d":"19.32"},{"v":0.945243625,"d":"0.95"},{"v":43.4812067499999,"d":"43.48"},{"v":2.518793249,"d":"2.52"},1,"1_31324002_15628",{"v":0.525738195508,"d":"0.53"},0.0272053150579,{"v":1.18291992873,"d":"1.18"},{"v":0.029596585,"d":"0.03"},"1_31324002_15628_256923","außerhalb GKL",{"v":0.525738195508,"d":"0.53"},{"v":1,"d":"1.00"},{"v":1.18291992873,"d":"1.18"}]
[3,313,31324,{"v":5827.442726,"d":"5,827.44"},2015,{"v":0.345777744,"d":"0.35"},"M",430,31324002,{"v":652.941338794999,"d":"652.94"},36,10,46,{"v":19.32483393,"d":"19.32"},{"v":0.945243625,"d":"0.95"},{"v":43.4812067499999,"d":"43.48"},{"v":2.518793249,"d":"2.52"},1,"1_31324002_15629",{"v":0.892297071646,"d":"0.89"},0.0461735958445,{"v":2.00768366731,"d":"2.01"},{"v":0.029596585,"d":"0.03"},"1_31324002_15629_256924","außerhalb GKL",{"v":0.892297071646,"d":"0.89"},{"v":1,"d":"1.00"},{"v":2.00768366731,"d":"2.01"}]
[3,313,31324,{"v":5827.442726,"d":"5,827.44"},2015,{"v":0.345777744,"d":"0.35"},"M",430,31324030,{"v":545.277137984999,"d":"545.28"},32,20,52,{"v":23.53316221,"d":"23.53"},{"v":0.945243625,"d":"0.95"},{"v":49.1526684999999,"d":"49.15"},{"v":2.847331499,"d":"2.85"},1,"1_31324030_15640",{"v":13.9075082046999,"d":"13.91"},0.590974900891,{"v":29.0479933953,"d":"29.05"},{"v":0.043158168,"d":"0.04"},"1_31324030_15640_256925","außerhalb GKL",{"v":0.0141868054358,"d":"0.01"},{"v":1.02008247825E-3,"d":"0.00"},{"v":0.0296313490909,"d":"0.03"}]
[3,313,31324,{"v":5827.442726,"d":"5,827.44"},2015,{"v":0.345777744,"d":"0.35"},"M",430,31324030,{"v":545.277137984999,"d":"545.28"},32,20,52,{"v":23.53316221,"d":"23.53"},{"v":0.945243625,"d":"0.95"},{"v":49.1526684999999,"d":"49.15"},{"v":2.847331499,"d":"2.85"},1,"1_31324030_15640",{"v":13.9075082046999,"d":"13.91"},0.590974900891,{"v":29.0479933953,"d":"29.05"},{"v":0.043158168,"d":"0.04"},"1_31324030_15640_256926","außerhalb GKL",{"v":1.49624043487,"d":"1.50"},{"v":0.107585083744,"d":"0.11"},{"v":3.12513080203,"d":"3.13"}]
[3,313,31324,{"v":5827.442726,"d":"5,827.44"},2015,{"v":0.345777744,"d":"0.35"},"M",430,31324030,{"v":545.277137984999,"d":"545.28"},32,20,52,{"v":23.53316221,"d":"23.53"},{"v":0.945243625,"d":"0.95"},{"v":49.1526684999999,"d":"49.15"},{"v":2.847331499,"d":"2.85"},1,"1_31324030_15640",{"v":13.9075082046999,"d":"13.91"},0.590974900891,{"v":29.0479933953,"d":"29.05"},{"v":0.043158168,"d":"0.04"},"1_31324030_15640_256927","außerhalb GKL",{"v":0.120399804781,"d":"0.12"},{"v":0.00865718020862,"d":"0.01"},{"v":0.251473713522,"d":"0.25"}]
[3,313,31324,{"v":5827.442726,"d":"5,827.44"},2015,{"v":0.345777744,"d":"0.35"},"M",430,31324030,{"v":545.277137984999,"d":"545.28"},32,20,52,{"v":23.53316221,"d":"23.53"},{"v":0.945243625,"d":"0.95"},{"v":49.1526684999999,"d":"49.15"},{"v":2.847331499,"d":"2.85"},1,"1_31324030_15640",{"v":13.9075082046999,"d":"13.91"},0.590974900891,{"v":29.0479933953,"d":"29.05"},{"v":0.043158168,"d":"0.04"},"1_31324030_15640_256928","außerhalb GKL",{"v":0.0222047749547,"d":"0.02"},{"v":0.001596603405,"d":"0.00"},{"v":0.0463781251634,"d":"0.05"}]
[3,313,31324,{"v":5827.442726,"d":"5,827.44"},2015,{"v":0.345777744,"d":"0.35"},"M",430,31324030,{"v":545.277137984999,"d":"545.28"},32,20,52,{"v":23.53316221,"d":"23.53"},{"v":0.945243625,"d":"0.95"},{"v":49.1526684999999,"d":"49.15"},{"v":2.847331499,"d":"2.85"},1,"1_31324030_15640",{"v":13.9075082046999,"d":"13.91"},0.590974900891,{"v":29.0479933953,"d":"29.05"},{"v":0.043158168,"d":"0.04"},"1_31324030_15640_256929","außerhalb GKL",{"v":0.00714555345041,"d":"0.01"},{"v":0.000513791064886,"d":"0.00"},{"v":0.0149245994594,"d":"0.01"}]
[3,313,31324,{"v":5827.442726,"d":"5,827.44"},2015,{"v":0.345777744,"d":"0.35"},"M",430,31324030,{"v":545.277137984999,"d":"545.28"},32,20,52,{"v":23.53316221,"d":"23.53"},{"v":0.945243625,"d":"0.95"},{"v":49.1526684999999,"d":"49.15"},{"v":2.847331499,"d":"2.85"},1,"1_31324030_15640",{"v":13.9075082046999,"d":"13.91"},0.590974900891,{"v":29.0479933953,"d":"29.05"},{"v":0.043158168,"d":"0.04"},"1_31324030_15640_256930","außerhalb GKL",{"v":0.00330194261132,"d":"0.00"},{"v":0.00023742158284,"d":"0.00"},{"v":0.00689662057024,"d":"0.01"}]
[3,313,31324,{"v":5827.442726,"d":"5,827.44"},2015,{"v":0.345777744,"d":"0.35"},"M",430,31324030,{"v":545.277137984999,"d":"545.28"},32,20,52,{"v":23.53316221,"d":"23.53"},{"v":0.945243625,"d":"0.95"},{"v":49.1526684999999,"d":"49.15"},{"v":2.847331499,"d":"2.85"},1,"1_31324030_15640",{"v":13.9075082046999,"d":"13.91"},0.590974900891,{"v":29.0479933953,"d":"29.05"},{"v":0.043158168,"d":"0.04"},"1_31324030_15640_256931","außerhalb GKL",{"v":0.19945147156,"d":"0.20"},{"v":0.014341280165,"d":"0.01"},{"v":0.416585411513,"d":"0.42"}]
[3,313,31327,{"v":907.0494956,"d":"907.05"},3539,{"v":3.901661395,"d":"3.90"},"ST",103,31327001,{"v":254.634337315,"d":"254.63"},42,224,266,{"v":50.96421765,"d":"50.96"},{"v":0.991139192,"d":"0.99"},{"v":263.643025,"d":"263.64"},{"v":2.356975014,"d":"2.36"},1,"1_31327001_15660",{"v":0.661160946183,"d":"0.66"},0.0129730421984,{"v":3.42025208864,"d":"3.42"},{"v":0.200146682,"d":"0.20"},"1_31327001_15660_256932","außerhalb GKL",{"v":0.661160946183,"d":"0.66"},{"v":1,"d":"1.00"},{"v":3.42025208864,"d":"3.42"}]
[3,313,31327,{"v":907.0494956,"d":"907.05"},3539,{"v":3.901661395,"d":"3.90"},"ST",103,31327001,{"v":254.634337315,"d":"254.63"},42,224,266,{"v":50.96421765,"d":"50.96"},{"v":0.991139192,"d":"0.99"},{"v":263.643025,"d":"263.64"},{"v":2.356975014,"d":"2.36"},1,"1_31327001_15661",{"v":0.582594112532,"d":"0.58"},0.0114314344337,{"v":3.01381795419,"d":"3.01"},{"v":0.200146682,"d":"0.20"},"1_31327001_15661_256933","außerhalb GKL",{"v":0.582594112532,"d":"0.58"},{"v":1,"d":"1.00"},{"v":3.01381795419,"d":"3.01"}]
[3,313,31327,{"v":907.0494956,"d":"907.05"},3539,{"v":3.901661395,"d":"3.90"},"ST",103,31327001,{"v":254.634337315,"d":"254.63"},42,224,266,{"v":50.96421765,"d":"50.96"},{"v":0.991139192,"d":"0.99"},{"v":263.643025,"d":"263.64"},{"v":2.356975014,"d":"2.36"},1,"1_31327001_15662",{"v":49.7204625914,"d":"49.72"},0.97559552337,{"v":257.208954957999,"d":"257.21"},{"v":0.200146682,"d":"0.20"},"1_31327001_15662_256934","außerhalb GKL",{"v":0.123409703667,"d":"0.12"},{"v":0.0024820707056,"d":"0.00"},{"v":0.638410812319,"d":"0.64"}]
[3,313,31327,{"v":907.0494956,"d":"907.05"},3539,{"v":3.901661395,"d":"3.90"},"ST",103,31327001,{"v":254.634337315,"d":"254.63"},42,224,266,{"v":50.96421765,"d":"50.96"},{"v":0.991139192,"d":"0.99"},{"v":263.643025,"d":"263.64"},{"v":2.356975014,"d":"2.36"},1,"1_31327001_15662",{"v":49.7204625914,"d":"49.72"},0.97559552337,{"v":257.208954957999,"d":"257.21"},{"v":0.200146682,"d":"0.20"},"1_31327001_15662_256935","außerhalb GKL",{"v":2.72593238401,"d":"2.73"},{"v":0.0548251613508,"d":"0.05"},{"v":14.1015224564,"d":"14.10"}]
[3,313,31327,{"v":907.0494956,"d":"907.05"},3539,{"v":3.901661395,"d":"3.90"},"ST",103,31327004,{"v":158.134054585,"d":"158.13"},44,43,87,{"v":39.5254696599999,"d":"39.53"},{"v":0.991139192,"d":"0.99"},{"v":86.2291096799999,"d":"86.23"},{"v":0.770890324,"d":"0.77"},1,"1_31327004_15665",{"v":39.5254696559999,"d":"39.53"},0.999999999899,{"v":86.2291096712999,"d":"86.23"},{"v":0.249949132,"d":"0.25"},"1_31327004_15665_256936","außerhalb GKL",{"v":0.0475929221862,"d":"0.05"},{"v":0.00120410769563,"d":"0.00"},{"v":0.103829134543,"d":"0.10"}]
[3,313,31327,{"v":907.0494956,"d":"907.05"},3539,{"v":3.901661395,"d":"3.90"},"ST",103,31327004,{"v":158.134054585,"d":"158.13"},44,43,87,{"v":39.5254696599999,"d":"39.53"},{"v":0.991139192,"d":"0.99"},{"v":86.2291096799999,"d":"86.23"},{"v":0.770890324,"d":"0.77"},1,"1_31327004_15665",{"v":39.5254696559999,"d":"39.53"},0.999999999899,{"v":86.2291096712999,"d":"86.23"},{"v":0.249949132,"d":"0.25"},"1_31327004_15665_256937","außerhalb GKL",{"v":0.243841806043,"d":"0.24"},{"v":0.0061692323498,"d":"0.01"},{"v":0.531967412879,"d":"0.53"}]
[3,313,31327,{"v":907.0494956,"d":"907.05"},3539,{"v":3.901661395,"d":"3.90"},"ST",103,31327004,{"v":158.134054585,"d":"158.13"},44,43,87,{"v":39.5254696599999,"d":"39.53"},{"v":0.991139192,"d":"0.99"},{"v":86.2291096799999,"d":"86.23"},{"v":0.770890324,"d":"0.77"},1,"1_31327004_15665",{"v":39.5254696559999,"d":"39.53"},0.999999999899,{"v":86.2291096712999,"d":"86.23"},{"v":0.249949132,"d":"0.25"},"1_31327004_15665_256938","außerhalb GKL",{"v":0.343096650119,"d":"0.34"},{"v":0.00868039401189,"d":"0.01"},{"v":0.748502647241,"d":"0.75"}]
[3,313,31327,{"v":907.0494956,"d":"907.05"},3539,{"v":3.901661395,"d":"3.90"},"ST",103,31327004,{"v":158.134054585,"d":"158.13"},44,43,87,{"v":39.5254696599999,"d":"39.53"},{"v":0.991139192,"d":"0.99"},{"v":86.2291096799999,"d":"86.23"},{"v":0.770890324,"d":"0.77"},1,"1_31327004_15665",{"v":39.5254696559999,"d":"39.53"},0.999999999899,{"v":86.2291096712999,"d":"86.23"},{"v":0.249949132,"d":"0.25"},"1_31327004_15665_256939","F",{"v":10.3265567335,"d":"10.33"},{"v":0.261263353058,"d":"0.26"},{"v":22.5285063239,"d":"22.53"}]
[3,313,31327,{"v":907.0494956,"d":"907.05"},3539,{"v":3.901661395,"d":"3.90"},"ST",103,31327004,{"v":158.134054585,"d":"158.13"},44,43,87,{"v":39.5254696599999,"d":"39.53"},{"v":0.991139192,"d":"0.99"},{"v":86.2291096799999,"d":"86.23"},{"v":0.770890324,"d":"0.77"},1,"1_31327004_15665",{"v":39.5254696559999,"d":"39.53"},0.999999999899,{"v":86.2291096712999,"d":"86.23"},{"v":0.249949132,"d":"0.25"},"1_31327004_15665_256940","F",{"v":6.86939203264,"d":"6.87"},{"v":0.173796594763,"d":"0.17"},{"v":14.9863256303,"d":"14.99"}]
[3,313,31330,{"v":2842.69104299999,"d":"2,842.69"},1288,{"v":0.453091799,"d":"0.45"},"M",410,31330000,{"v":1044.69312955,"d":"1,044.69"},49,103,152,{"v":85.5531637999999,"d":"85.55"},{"v":0.93996673,"d":"0.94"},{"v":142.874943,"d":"142.87"},{"v":9.125056975,"d":"9.13"},1,"1_31330000_15668",{"v":0.60559651959,"d":"0.61"},0.00707859876469,{"v":1.01135439502,"d":"1.01"},{"v":0.081893105,"d":"0.08"},"1_31330000_15668_256941","außerhalb GKL",{"v":0.60559651959,"d":"0.61"},{"v":1,"d":"1.00"},{"v":1.01135439502,"d":"1.01"}]
[3,313,31336,{"v":4752.387969,"d":"4,752.39"},1574,{"v":0.331201916,"d":"0.33"},"M",420,31336002,{"v":619.86624699,"d":"619.87"},22,25,47,{"v":34.0625803,"d":"34.06"},{"v":0.954532045,"d":"0.95"},{"v":44.86300612,"d":"44.86"},{"v":2.136993877,"d":"2.14"},1,"1_31336002_15693",{"v":4.1658524873,"d":"4.17"},0.122299968194,{"v":5.48674422156,"d":"5.49"},{"v":0.0549515,"d":"0.05"},"1_31336002_15693_256942","außerhalb GKL",{"v":4.1658524873,"d":"4.17"},{"v":1,"d":"1.00"},{"v":5.48674422156,"d":"5.49"}]
[3,313,31336,{"v":4752.387969,"d":"4,752.39"},1574,{"v":0.331201916,"d":"0.33"},"M",420,31336002,{"v":619.86624699,"d":"619.87"},22,25,47,{"v":34.0625803,"d":"34.06"},{"v":0.954532045,"d":"0.95"},{"v":44.86300612,"d":"44.86"},{"v":2.136993877,"d":"2.14"},1,"1_31336002_15694",{"v":1.32417913798,"d":"1.32"},0.0388748922224,{"v":1.74404452769,"d":"1.74"},{"v":0.0549515,"d":"0.05"},"1_31336002_15694_256943","außerhalb GKL",{"v":1.32417913798,"d":"1.32"},{"v":1,"d":"1.00"},{"v":1.74404452769,"d":"1.74"}]
[3,313,31338,{"v":3920.87479399999,"d":"3,920.87"},1054,{"v":0.268817561,"d":"0.27"},"M",410,31338001,{"v":494.010081324999,"d":"494.01"},19,26,45,{"v":10.30853943,"d":"10.31"},{"v":0.93996673,"d":"0.94"},{"v":42.29850287,"d":"42.30"},{"v":2.701497131,"d":"2.70"},1,"1_31338001_15702",{"v":0.697892463351,"d":"0.70"},0.0677004213924,{"v":2.86362646857,"d":"2.86"},{"v":0.020867063,"d":"0.02"},"1_31338001_15702_256944","F",{"v":0.697892463351,"d":"0.70"},{"v":1,"d":"1.00"},{"v":2.86362646857,"d":"2.86"}]
[3,313,31338,{"v":3920.87479399999,"d":"3,920.87"},1054,{"v":0.268817561,"d":"0.27"},"M",410,31338001,{"v":494.010081324999,"d":"494.01"},19,26,45,{"v":10.30853943,"d":"10.31"},{"v":0.93996673,"d":"0.94"},{"v":42.29850287,"d":"42.30"},{"v":2.701497131,"d":"2.70"},1,"1_31338001_15703",{"v":1.1287585102,"d":"1.13"},0.109497423749,{"v":4.6315770927,"d":"4.63"},{"v":0.020867063,"d":"0.02"},"1_31338001_15703_256945","F",{"v":1.1287585102,"d":"1.13"},{"v":1,"d":"1.00"},{"v":4.6315770927,"d":"4.63"}]
[3,313,31338,{"v":3920.87479399999,"d":"3,920.87"},1054,{"v":0.268817561,"d":"0.27"},"M",410,31338001,{"v":494.010081324999,"d":"494.01"},19,26,45,{"v":10.30853943,"d":"10.31"},{"v":0.93996673,"d":"0.94"},{"v":42.29850287,"d":"42.30"},{"v":2.701497131,"d":"2.70"},1,"1_31338001_15704",{"v":8.48188845650999,"d":"8.48"},0.822802154865,{"v":34.803299309,"d":"34.80"},{"v":0.020867063,"d":"0.02"},"1_31338001_15704_256946","außerhalb GKL",{"v":0.671674867992,"d":"0.67"},{"v":0.0791893068903,"d":"0.08"},{"v":2.75604914978,"d":"2.76"}]
[3,313,31338,{"v":3920.87479399999,"d":"3,920.87"},1054,{"v":0.268817561,"d":"0.27"},"M",410,31338001,{"v":494.010081324999,"d":"494.01"},19,26,45,{"v":10.30853943,"d":"10.31"},{"v":0.93996673,"d":"0.94"},{"v":42.29850287,"d":"42.30"},{"v":2.701497131,"d":"2.70"},1,"1_31338001_15704",{"v":8.48188845650999,"d":"8.48"},0.822802154865,{"v":34.803299309,"d":"34.80"},{"v":0.020867063,"d":"0.02"},"1_31338001_15704_256947","F",{"v":5.699332206e-05,"d":"0.00"},{"v":6.719414238e-06,"d":"0.00"},{"v":0.000233857784907,"d":"0.00"}]
[3,313,31338,{"v":3920.87479399999,"d":"3,920.87"},1054,{"v":0.268817561,"d":"0.27"},"M",410,31338001,{"v":494.010081324999,"d":"494.01"},19,26,45,{"v":10.30853943,"d":"10.31"},{"v":0.93996673,"d":"0.94"},{"v":42.29850287,"d":"42.30"},{"v":2.701497131,"d":"2.70"},1,"1_31338001_15704",{"v":8.48188845650999,"d":"8.48"},0.822802154865,{"v":34.803299309,"d":"34.80"},{"v":0.020867063,"d":"0.02"},"1_31338001_15704_256948","F",{"v":0.201342789004,"d":"0.20"},{"v":0.0237379670856,"d":"0.02"},{"v":0.826159573467,"d":"0.83"}]
[3,313,31338,{"v":3920.87479399999,"d":"3,920.87"},1054,{"v":0.268817561,"d":"0.27"},"M",410,31338001,{"v":494.010081324999,"d":"494.01"},19,26,45,{"v":10.30853943,"d":"10.31"},{"v":0.93996673,"d":"0.94"},{"v":42.29850287,"d":"42.30"},{"v":2.701497131,"d":"2.70"},1,"1_31338001_15704",{"v":8.48188845650999,"d":"8.48"},0.822802154865,{"v":34.803299309,"d":"34.80"},{"v":0.020867063,"d":"0.02"},"1_31338001_15704_256949","G",{"v":0.00262763705151,"d":"0.00"},{"v":3.09793870196E-4,"d":"0.00"},{"v":0.0107818487885,"d":"0.01"}]
[3,313,31338,{"v":3920.87479399999,"d":"3,920.87"},1054,{"v":0.268817561,"d":"0.27"},"M",410,31338001,{"v":494.010081324999,"d":"494.01"},19,26,45,{"v":10.30853943,"d":"10.31"},{"v":0.93996673,"d":"0.94"},{"v":42.29850287,"d":"42.30"},{"v":2.701497131,"d":"2.70"},1,"1_31338001_15704",{"v":8.48188845650999,"d":"8.48"},0.822802154865,{"v":34.803299309,"d":"34.80"},{"v":0.020867063,"d":"0.02"},"1_31338001_15704_256950","G",{"v":1.77749493168,"d":"1.78"},{"v":0.209563582543,"d":"0.21"},{"v":7.29350408751,"d":"7.29"}]
[3,313,31338,{"v":3920.87479399999,"d":"3,920.87"},1054,{"v":0.268817561,"d":"0.27"},"M",410,31338001,{"v":494.010081324999,"d":"494.01"},19,26,45,{"v":10.30853943,"d":"10.31"},{"v":0.93996673,"d":"0.94"},{"v":42.29850287,"d":"42.30"},{"v":2.701497131,"d":"2.70"},1,"1_31338001_15704",{"v":8.48188845650999,"d":"8.48"},0.822802154865,{"v":34.803299309,"d":"34.80"},{"v":0.020867063,"d":"0.02"},"1_31338001_15704_256951","G",{"v":5.82869123747,"d":"5.83"},{"v":0.687192630197,"d":"0.69"},{"v":23.9165707917,"d":"23.92"}]
[3,313,31350,{"v":4441.409286,"d":"4,441.41"},1239,{"v":0.278965509,"d":"0.28"},"G",410,31350006,{"v":1032.69323325,"d":"1,032.69"},41,25,66,{"v":30.1972238299999,"d":"30.20"},{"v":0.93996673,"d":"0.94"},{"v":62.0378042099999,"d":"62.04"},{"v":3.962195792,"d":"3.96"},1,"1_31350006_15775",{"v":8.13993160629999,"d":"8.14"},0.269558938667,{"v":16.7228446601,"d":"16.72"},{"v":0.029241233,"d":"0.03"},"1_31350006_15775_256952","außerhalb GKL",{"v":8.13993160629999,"d":"8.14"},{"v":1,"d":"1.00"},{"v":16.7228446601,"d":"16.72"}]
[3,313,31350,{"v":4441.409286,"d":"4,441.41"},1239,{"v":0.278965509,"d":"0.28"},"G",410,31350006,{"v":1032.69323325,"d":"1,032.69"},41,25,66,{"v":30.1972238299999,"d":"30.20"},{"v":0.93996673,"d":"0.94"},{"v":62.0378042099999,"d":"62.04"},{"v":3.962195792,"d":"3.96"},1,"1_31350006_15776",{"v":1.65174493834,"d":"1.65"},0.054698569234,{"v":3.39337912871,"d":"3.39"},{"v":0.029241233,"d":"0.03"},"1_31350006_15776_256953","außerhalb GKL",{"v":1.65174493834,"d":"1.65"},{"v":1,"d":"1.00"},{"v":3.39337912871,"d":"3.39"}]
[3,313,31350,{"v":4441.409286,"d":"4,441.41"},1239,{"v":0.278965509,"d":"0.28"},"G",410,31350006,{"v":1032.69323325,"d":"1,032.69"},41,25,66,{"v":30.1972238299999,"d":"30.20"},{"v":0.93996673,"d":"0.94"},{"v":62.0378042099999,"d":"62.04"},{"v":3.962195792,"d":"3.96"},1,"1_31350006_15777",{"v":12.0957678152,"d":"12.10"},0.40055893493,{"v":24.8497967797999,"d":"24.85"},{"v":0.029241233,"d":"0.03"},"1_31350006_15777_256954","außerhalb GKL",{"v":12.0957678152,"d":"12.10"},{"v":1,"d":"1.00"},{"v":24.8497967797999,"d":"24.85"}]
[3,313,31350,{"v":4441.409286,"d":"4,441.41"},1239,{"v":0.278965509,"d":"0.28"},"G",410,31350006,{"v":1032.69323325,"d":"1,032.69"},41,25,66,{"v":30.1972238299999,"d":"30.20"},{"v":0.93996673,"d":"0.94"},{"v":62.0378042099999,"d":"62.04"},{"v":3.962195792,"d":"3.96"},1,"1_31350006_15778",{"v":0.821242389554,"d":"0.82"},0.0271959566276,{"v":1.68717743257,"d":"1.69"},{"v":0.029241233,"d":"0.03"},"1_31350006_15778_256955","außerhalb GKL",{"v":0.821242389554,"d":"0.82"},{"v":1,"d":"1.00"},{"v":1.68717743257,"d":"1.69"}]
[3,313,31350,{"v":4441.409286,"d":"4,441.41"},1239,{"v":0.278965509,"d":"0.28"},"G",410,31350006,{"v":1032.69323325,"d":"1,032.69"},41,25,66,{"v":30.1972238299999,"d":"30.20"},{"v":0.93996673,"d":"0.94"},{"v":62.0378042099999,"d":"62.04"},{"v":3.962195792,"d":"3.96"},1,"1_31350006_15779",{"v":2.73316599634,"d":"2.73"},0.0905105055924,{"v":5.61507302489,"d":"5.62"},{"v":0.029241233,"d":"0.03"},"1_31350006_15779_256956","außerhalb GKL",{"v":2.73316599634,"d":"2.73"},{"v":1,"d":"1.00"},{"v":5.61507302489,"d":"5.62"}]
[3,313,31350,{"v":4441.409286,"d":"4,441.41"},1239,{"v":0.278965509,"d":"0.28"},"G",410,31350006,{"v":1032.69323325,"d":"1,032.69"},41,25,66,{"v":30.1972238299999,"d":"30.20"},{"v":0.93996673,"d":"0.94"},{"v":62.0378042099999,"d":"62.04"},{"v":3.962195792,"d":"3.96"},1,"1_31350006_15780",{"v":4.75537108506,"d":"4.76"},0.157477094975,{"v":9.76953318562,"d":"9.77"},{"v":0.029241233,"d":"0.03"},"1_31350006_15780_256957","außerhalb GKL",{"v":4.75537108506,"d":"4.76"},{"v":1,"d":"1.00"},{"v":9.76953318562,"d":"9.77"}]
[3,316,31605,{"v":2303.224388,"d":"2,303.22"},1331,{"v":0.57788551,"d":"0.58"},"M",310,31605000,{"v":2303.22438761,"d":"2,303.22"},107,197,304,{"v":123.5409594,"d":"123.54"},{"v":0.967661341,"d":"0.97"},{"v":294.169047599999,"d":"294.17"},{"v":9.830952361,"d":"9.83"},1,"1_31605000_16919",{"v":0.923958606992,"d":"0.92"},0.00747896577361,{"v":2.20008023866,"d":"2.20"},{"v":0.053638265,"d":"0.05"},"1_31605000_16919_256958","G",{"v":0.923958606992,"d":"0.92"},{"v":1,"d":"1.00"},{"v":2.20008023866,"d":"2.20"}]
[3,316,31605,{"v":2303.224388,"d":"2,303.22"},1331,{"v":0.57788551,"d":"0.58"},"M",310,31605000,{"v":2303.22438761,"d":"2,303.22"},107,197,304,{"v":123.5409594,"d":"123.54"},{"v":0.967661341,"d":"0.97"},{"v":294.169047599999,"d":"294.17"},{"v":9.830952361,"d":"9.83"},1,"1_31605000_16920",{"v":110.039114800999,"d":"110.04"},0.890709569809,{"v":262.019185838999,"d":"262.02"},{"v":0.053638265,"d":"0.05"},"1_31605000_16920_256959","D",{"v":49.948732303,"d":"49.95"},{"v":0.453917976288,"d":"0.45"},{"v":118.935218585,"d":"118.94"}]
[3,316,31614,{"v":1800.535971,"d":"1,800.54"},2218,{"v":1.231855423,"d":"1.23"},"M",310,31614000,{"v":629.887035179999,"d":"629.89"},105,623,728,{"v":133.2364895,"d":"133.24"},{"v":0.967661341,"d":"0.97"},{"v":704.4574562,"d":"704.46"},{"v":23.54254381,"d":"23.54"},1,"1_31614000_16963",{"v":103.832170187,"d":"103.83"},0.779307309707,{"v":548.988844994,"d":"548.99"},{"v":0.211524419,"d":"0.21"},"1_31614000_16963_256960","E",{"v":0.0403149613009,"d":"0.04"},{"v":0.00038827042937,"d":"0.00"},{"v":0.213156134565,"d":"0.21"}]
[3,316,31614,{"v":1800.535971,"d":"1,800.54"},2218,{"v":1.231855423,"d":"1.23"},"M",310,31614000,{"v":629.887035179999,"d":"629.89"},105,623,728,{"v":133.2364895,"d":"133.24"},{"v":0.967661341,"d":"0.97"},{"v":704.4574562,"d":"704.46"},{"v":23.54254381,"d":"23.54"},1,"1_31614000_16963",{"v":103.832170187,"d":"103.83"},0.779307309707,{"v":548.988844994,"d":"548.99"},{"v":0.211524419,"d":"0.21"},"1_31614000_16963_256961","E",{"v":2.11648078804E-3,"d":"0.00"},{"v":2.038367092e-05,"d":"0.00"},{"v":0.0111904079553,"d":"0.01"}]
[3,316,31614,{"v":1800.535971,"d":"1,800.54"},2218,{"v":1.231855423,"d":"1.23"},"M",310,31614000,{"v":629.887035179999,"d":"629.89"},105,623,728,{"v":133.2364895,"d":"133.24"},{"v":0.967661341,"d":"0.97"},{"v":704.4574562,"d":"704.46"},{"v":23.54254381,"d":"23.54"},1,"1_31614000_16963",{"v":103.832170187,"d":"103.83"},0.779307309707,{"v":548.988844994,"d":"548.99"},{"v":0.211524419,"d":"0.21"},"1_31614000_16963_256962","E",{"v":7.40689823392,"d":"7.41"},{"v":0.0713352925262,"d":"0.07"},{"v":39.1622798512999,"d":"39.16"}]
[3,316,31614,{"v":1800.535971,"d":"1,800.54"},2218,{"v":1.231855423,"d":"1.23"},"M",310,31614002,{"v":362.794888145,"d":"362.79"},31,63,94,{"v":50.95193606,"d":"50.95"},{"v":0.967661341,"d":"0.97"},{"v":90.9601660499999,"d":"90.96"},{"v":3.039833954,"d":"3.04"},1,"1_31614002_16965",{"v":17.4339438308,"d":"17.43"},0.342164502057,{"v":31.1233399235,"d":"31.12"},{"v":0.140442817,"d":"0.14"},"1_31614002_16965_256963","G",{"v":4.75755601298,"d":"4.76"},{"v":0.272890406161,"d":"0.27"},{"v":8.49326087281,"d":"8.49"}]
[3,316,31614,{"v":1800.535971,"d":"1,800.54"},2218,{"v":1.231855423,"d":"1.23"},"M",310,31614002,{"v":362.794888145,"d":"362.79"},31,63,94,{"v":50.95193606,"d":"50.95"},{"v":0.967661341,"d":"0.97"},{"v":90.9601660499999,"d":"90.96"},{"v":3.039833954,"d":"3.04"},1,"1_31614002_16965",{"v":17.4339438308,"d":"17.43"},0.342164502057,{"v":31.1233399235,"d":"31.12"},{"v":0.140442817,"d":"0.14"},"1_31614002_16965_256964","G",{"v":0.254713625606,"d":"0.25"},{"v":0.0146102125875,"d":"0.01"},{"v":0.454718612715,"d":"0.45"}]
[3,316,31614,{"v":1800.535971,"d":"1,800.54"},2218,{"v":1.231855423,"d":"1.23"},"M",310,31614002,{"v":362.794888145,"d":"362.79"},31,63,94,{"v":50.95193606,"d":"50.95"},{"v":0.967661341,"d":"0.97"},{"v":90.9601660499999,"d":"90.96"},{"v":3.039833954,"d":"3.04"},1,"1_31614002_16966",{"v":33.5179922283,"d":"33.52"},0.657835497926,{"v":59.8368261249,"d":"59.84"},{"v":0.140442817,"d":"0.14"},"1_31614002_16966_256965","außerhalb GKL",{"v":0.128931133458,"d":"0.13"},{"v":0.0038466246003,"d":"0.00"},{"v":0.230169807376,"d":"0.23"}]
[3,316,31614,{"v":1800.535971,"d":"1,800.54"},2218,{"v":1.231855423,"d":"1.23"},"M",310,31614002,{"v":362.794888145,"d":"362.79"},31,63,94,{"v":50.95193606,"d":"50.95"},{"v":0.967661341,"d":"0.97"},{"v":90.9601660499999,"d":"90.96"},{"v":3.039833954,"d":"3.04"},1,"1_31614002_16966",{"v":33.5179922283,"d":"33.52"},0.657835497926,{"v":59.8368261249,"d":"59.84"},{"v":0.140442817,"d":"0.14"},"1_31614002_16966_256966","G",{"v":1.30441581634,"d":"1.30"},{"v":0.0389168840262,"d":"0.04"},{"v":2.3286628228,"d":"2.33"}]
[3,316,31614,{"v":1800.535971,"d":"1,800.54"},2218,{"v":1.231855423,"d":"1.23"},"M",310,31614002,{"v":362.794888145,"d":"362.79"},31,63,94,{"v":50.95193606,"d":"50.95"},{"v":0.967661341,"d":"0.97"},{"v":90.9601660499999,"d":"90.96"},{"v":3.039833954,"d":"3.04"},1,"1_31614002_16966",{"v":33.5179922283,"d":"33.52"},0.657835497926,{"v":59.8368261249,"d":"59.84"},{"v":0.140442817,"d":"0.14"},"1_31614002_16966_256967","G",{"v":1.55515692203,"d":"1.56"},{"v":0.0463976753571,"d":"0.05"},{"v":2.77628963294,"d":"2.78"}]
[3,316,31614,{"v":1800.535971,"d":"1,800.54"},2218,{"v":1.231855423,"d":"1.23"},"M",310,31614002,{"v":362.794888145,"d":"362.79"},31,63,94,{"v":50.95193606,"d":"50.95"},{"v":0.967661341,"d":"0.97"},{"v":90.9601660499999,"d":"90.96"},{"v":3.039833954,"d":"3.04"},1,"1_31614002_16966",{"v":33.5179922283,"d":"33.52"},0.657835497926,{"v":59.8368261249,"d":"59.84"},{"v":0.140442817,"d":"0.14"},"1_31614002_16966_256968","G",{"v":0.845912595017,"d":"0.85"},{"v":0.0252375676101,"d":"0.03"},{"v":1.5101359449,"d":"1.51"}]
[3,316,31614,{"v":1800.535971,"d":"1,800.54"},2218,{"v":1.231855423,"d":"1.23"},"M",310,31614002,{"v":362.794888145,"d":"362.79"},31,63,94,{"v":50.95193606,"d":"50.95"},{"v":0.967661341,"d":"0.97"},{"v":90.9601660499999,"d":"90.96"},{"v":3.039833954,"d":"3.04"},1,"1_31614002_16966",{"v":33.5179922283,"d":"33.52"},0.657835497926,{"v":59.8368261249,"d":"59.84"},{"v":0.140442817,"d":"0.14"},"1_31614002_16966_256969","G",{"v":1.33401709002E-3,"d":"0.00"},{"v":3.9800029815e-05,"d":"0.00"},{"v":2.38150746379E-3,"d":"0.00"}]
[3,316,31614,{"v":1800.535971,"d":"1,800.54"},2218,{"v":1.231855423,"d":"1.23"},"M",310,31614002,{"v":362.794888145,"d":"362.79"},31,63,94,{"v":50.95193606,"d":"50.95"},{"v":0.967661341,"d":"0.97"},{"v":90.9601660499999,"d":"90.96"},{"v":3.039833954,"d":"3.04"},1,"1_31614002_16966",{"v":33.5179922283,"d":"33.52"},0.657835497926,{"v":59.8368261249,"d":"59.84"},{"v":0.140442817,"d":"0.14"},"1_31614002_16966_256970","G",{"v":13.7973885023,"d":"13.80"},{"v":0.411641258472,"d":"0.41"},{"v":24.631306409,"d":"24.63"}]
[3,316,31642,{"v":1434.440608,"d":"1,434.44"},1166,{"v":0.812860423,"d":"0.81"},"M",210,31642000,{"v":1434.44060820999,"d":"1,434.44"},74,149,223,{"v":112.2902961,"d":"112.29"},{"v":0.980090788,"d":"0.98"},{"v":218.560245699999,"d":"218.56"},{"v":4.439754275,"d":"4.44"},1,"1_31642000_17071",{"v":4.21903412896,"d":"4.22"},0.0375725621491,{"v":8.21186841489,"d":"8.21"},{"v":0.078281593,"d":"0.08"},"1_31642000_17071_256971","E",{"v":0.569355886541,"d":"0.57"},{"v":0.13494934365,"d":"0.13"},{"v":1.10818625273,"d":"1.11"}]
[3,316,31642,{"v":1434.440608,"d":"1,434.44"},1166,{"v":0.812860423,"d":"0.81"},"M",210,31642000,{"v":1434.44060820999,"d":"1,434.44"},74,149,223,{"v":112.2902961,"d":"112.29"},{"v":0.980090788,"d":"0.98"},{"v":218.560245699999,"d":"218.56"},{"v":4.439754275,"d":"4.44"},1,"1_31642000_17072",{"v":99.0061473778,"d":"99.01"},0.881698159293,{"v":192.704166328,"d":"192.70"},{"v":0.078281593,"d":"0.08"},"1_31642000_17072_256972","D",{"v":0.81584029472,"d":"0.82"},{"v":0.00824029937865,"d":"0.01"},{"v":1.58794002206,"d":"1.59"}]
[3,316,31642,{"v":1434.440608,"d":"1,434.44"},1166,{"v":0.812860423,"d":"0.81"},"M",210,31642000,{"v":1434.44060820999,"d":"1,434.44"},74,149,223,{"v":112.2902961,"d":"112.29"},{"v":0.980090788,"d":"0.98"},{"v":218.560245699999,"d":"218.56"},{"v":4.439754275,"d":"4.44"},1,"1_31642000_17072",{"v":99.0061473778,"d":"99.01"},0.881698159293,{"v":192.704166328,"d":"192.70"},{"v":0.078281593,"d":"0.08"},"1_31642000_17072_256973","D",{"v":37.8969692343999,"d":"37.90"},{"v":0.382773900794,"d":"0.38"},{"v":73.7621254446,"d":"73.76"}]
[3,316,31642,{"v":1434.440608,"d":"1,434.44"},1166,{"v":0.812860423,"d":"0.81"},"M",210,31642000,{"v":1434.44060820999,"d":"1,434.44"},74,149,223,{"v":112.2902961,"d":"112.29"},{"v":0.980090788,"d":"0.98"},{"v":218.560245699999,"d":"218.56"},{"v":4.439754275,"d":"4.44"},1,"1_31642000_17072",{"v":99.0061473778,"d":"99.01"},0.881698159293,{"v":192.704166328,"d":"192.70"},{"v":0.078281593,"d":"0.08"},"1_31642000_17072_256974","E",{"v":3.36540301505,"d":"3.37"},{"v":0.0339918591338,"d":"0.03"},{"v":6.55037287632,"d":"6.55"}]
[3,316,31642,{"v":1434.440608,"d":"1,434.44"},1166,{"v":0.812860423,"d":"0.81"},"M",210,31642000,{"v":1434.44060820999,"d":"1,434.44"},74,149,223,{"v":112.2902961,"d":"112.29"},{"v":0.980090788,"d":"0.98"},{"v":218.560245699999,"d":"218.56"},{"v":4.439754275,"d":"4.44"},1,"1_31642000_17072",{"v":99.0061473778,"d":"99.01"},0.881698159293,{"v":192.704166328,"d":"192.70"},{"v":0.078281593,"d":"0.08"},"1_31642000_17072_256975","E",{"v":17.3787646225999,"d":"17.38"},{"v":0.175532177374,"d":"0.18"},{"v":33.8257819045999,"d":"33.83"}]
[3,316,31642,{"v":1434.440608,"d":"1,434.44"},1166,{"v":0.812860423,"d":"0.81"},"M",210,31642000,{"v":1434.44060820999,"d":"1,434.44"},74,149,223,{"v":112.2902961,"d":"112.29"},{"v":0.980090788,"d":"0.98"},{"v":218.560245699999,"d":"218.56"},{"v":4.439754275,"d":"4.44"},1,"1_31642000_17072",{"v":99.0061473778,"d":"99.01"},0.881698159293,{"v":192.704166328,"d":"192.70"},{"v":0.078281593,"d":"0.08"},"1_31642000_17072_256976","E",{"v":1.53709336301,"d":"1.54"},{"v":0.015525231551,"d":"0.02"},{"v":2.99177680308,"d":"2.99"}]
[3,316,31642,{"v":1434.440608,"d":"1,434.44"},1166,{"v":0.812860423,"d":"0.81"},"M",210,31642000,{"v":1434.44060820999,"d":"1,434.44"},74,149,223,{"v":112.2902961,"d":"112.29"},{"v":0.980090788,"d":"0.98"},{"v":218.560245699999,"d":"218.56"},{"v":4.439754275,"d":"4.44"},1,"1_31642000_17072",{"v":99.0061473778,"d":"99.01"},0.881698159293,{"v":192.704166328,"d":"192.70"},{"v":0.078281593,"d":"0.08"},"1_31642000_17072_256977","E",{"v":0.858022580495,"d":"0.86"},{"v":0.00866635661744,"d":"0.01"},{"v":1.67004302706,"d":"1.67"}]
[3,316,31642,{"v":1434.440608,"d":"1,434.44"},1166,{"v":0.812860423,"d":"0.81"},"M",210,31642000,{"v":1434.44060820999,"d":"1,434.44"},74,149,223,{"v":112.2902961,"d":"112.29"},{"v":0.980090788,"d":"0.98"},{"v":218.560245699999,"d":"218.56"},{"v":4.439754275,"d":"4.44"},1,"1_31642000_17072",{"v":99.0061473778,"d":"99.01"},0.881698159293,{"v":192.704166328,"d":"192.70"},{"v":0.078281593,"d":"0.08"},"1_31642000_17072_256978","E",{"v":0.300137883577,"d":"0.30"},{"v":0.00303150755308,"d":"0.00"},{"v":0.584184135733,"d":"0.58"}]
[3,316,31642,{"v":1434.440608,"d":"1,434.44"},1166,{"v":0.812860423,"d":"0.81"},"M",210,31642000,{"v":1434.44060820999,"d":"1,434.44"},74,149,223,{"v":112.2902961,"d":"112.29"},{"v":0.980090788,"d":"0.98"},{"v":218.560245699999,"d":"218.56"},{"v":4.439754275,"d":"4.44"},1,"1_31642000_17072",{"v":99.0061473778,"d":"99.01"},0.881698159293,{"v":192.704166328,"d":"192.70"},{"v":0.078281593,"d":"0.08"},"1_31642000_17072_256979","E",{"v":13.928044433,"d":"13.93"},{"v":0.140678582107,"d":"0.14"},{"v":27.1093488851,"d":"27.11"}]
[3,316,31642,{"v":1434.440608,"d":"1,434.44"},1166,{"v":0.812860423,"d":"0.81"},"M",210,31642000,{"v":1434.44060820999,"d":"1,434.44"},74,149,223,{"v":112.2902961,"d":"112.29"},{"v":0.980090788,"d":"0.98"},{"v":218.560245699999,"d":"218.56"},{"v":4.439754275,"d":"4.44"},1,"1_31642000_17072",{"v":99.0061473778,"d":"99.01"},0.881698159293,{"v":192.704166328,"d":"192.70"},{"v":0.078281593,"d":"0.08"},"1_31642000_17072_256980","F",{"v":15.2812731894,"d":"15.28"},{"v":0.154346710726,"d":"0.15"},{"v":29.7432542158999,"d":"29.74"}]
[3,316,31642,{"v":1434.440608,"d":"1,434.44"},1166,{"v":0.812860423,"d":"0.81"},"M",210,31642000,{"v":1434.44060820999,"d":"1,434.44"},74,149,223,{"v":112.2902961,"d":"112.29"},{"v":0.980090788,"d":"0.98"},{"v":218.560245699999,"d":"218.56"},{"v":4.439754275,"d":"4.44"},1,"1_31642000_17072",{"v":99.0061473778,"d":"99.01"},0.881698159293,{"v":192.704166328,"d":"192.70"},{"v":0.078281593,"d":"0.08"},"1_31642000_17072_256981","F",{"v":0.0117393004178,"d":"0.01"},{"v":1.18571429439E-4,"d":"0.00"},{"v":0.0228492084604,"d":"0.02"}]
[3,316,31642,{"v":1434.440608,"d":"1,434.44"},1166,{"v":0.812860423,"d":"0.81"},"M",210,31642000,{"v":1434.44060820999,"d":"1,434.44"},74,149,223,{"v":112.2902961,"d":"112.29"},{"v":0.980090788,"d":"0.98"},{"v":218.560245699999,"d":"218.56"},{"v":4.439754275,"d":"4.44"},1,"1_31642000_17072",{"v":99.0061473778,"d":"99.01"},0.881698159293,{"v":192.704166328,"d":"192.70"},{"v":0.078281593,"d":"0.08"},"1_31642000_17072_256982","F",{"v":0.0415057464373,"d":"0.04"},{"v":4.19223932418E-4,"d":"0.00"},{"v":0.0807861984014,"d":"0.08"}]
[3,316,31642,{"v":1434.440608,"d":"1,434.44"},1166,{"v":0.812860423,"d":"0.81"},"M",210,31642000,{"v":1434.44060820999,"d":"1,434.44"},74,149,223,{"v":112.2902961,"d":"112.29"},{"v":0.980090788,"d":"0.98"},{"v":218.560245699999,"d":"218.56"},{"v":4.439754275,"d":"4.44"},1,"1_31642000_17072",{"v":99.0061473778,"d":"99.01"},0.881698159293,{"v":192.704166328,"d":"192.70"},{"v":0.078281593,"d":"0.08"},"1_31642000_17072_256983","F",{"v":1.14157617924,"d":"1.14"},{"v":0.0115303565433,"d":"0.01"},{"v":2.22194774514,"d":"2.22"}]
[3,316,31642,{"v":1434.440608,"d":"1,434.44"},1166,{"v":0.812860423,"d":"0.81"},"M",210,31642000,{"v":1434.44060820999,"d":"1,434.44"},74,149,223,{"v":112.2902961,"d":"112.29"},{"v":0.980090788,"d":"0.98"},{"v":218.560245699999,"d":"218.56"},{"v":4.439754275,"d":"4.44"},1,"1_31642000_17072",{"v":99.0061473778,"d":"99.01"},0.881698159293,{"v":192.704166328,"d":"192.70"},{"v":0.078281593,"d":"0.08"},"1_31642000_17072_256984","F",{"v":0.355480622966,"d":"0.36"},{"v":0.00359049041278,"d":"0.00"},{"v":0.691902461703,"d":"0.69"}]
[3,316,31642,{"v":1434.440608,"d":"1,434.44"},1166,{"v":0.812860423,"d":"0.81"},"M",210,31642000,{"v":1434.44060820999,"d":"1,434.44"},74,149,223,{"v":112.2902961,"d":"112.29"},{"v":0.980090788,"d":"0.98"},{"v":218.560245699999,"d":"218.56"},{"v":4.439754275,"d":"4.44"},1,"1_31642000_17072",{"v":99.0061473778,"d":"99.01"},0.881698159293,{"v":192.704166328,"d":"192.70"},{"v":0.078281593,"d":"0.08"},"1_31642000_17072_256985","F",{"v":0.336390493371,"d":"0.34"},{"v":0.00339767279387,"d":"0.00"},{"v":0.654745703198,"d":"0.65"}]
[3,316,31642,{"v":1434.440608,"d":"1,434.44"},1166,{"v":0.812860423,"d":"0.81"},"M",210,31642000,{"v":1434.44060820999,"d":"1,434.44"},74,149,223,{"v":112.2902961,"d":"112.29"},{"v":0.980090788,"d":"0.98"},{"v":218.560245699999,"d":"218.56"},{"v":4.439754275,"d":"4.44"},1,"1_31642000_17072",{"v":99.0061473778,"d":"99.01"},0.881698159293,{"v":192.704166328,"d":"192.70"},{"v":0.078281593,"d":"0.08"},"1_31642000_17072_256986","F",{"v":0.0405541755116,"d":"0.04"},{"v":0.000409612701693,"d":"0.00"},{"v":0.0789340741971,"d":"0.08"}]
[3,316,31642,{"v":1434.440608,"d":"1,434.44"},1166,{"v":0.812860423,"d":"0.81"},"M",210,31642000,{"v":1434.44060820999,"d":"1,434.44"},74,149,223,{"v":112.2902961,"d":"112.29"},{"v":0.980090788,"d":"0.98"},{"v":218.560245699999,"d":"218.56"},{"v":4.439754275,"d":"4.44"},1,"1_31642000_17072",{"v":99.0061473778,"d":"99.01"},0.881698159293,{"v":192.704166328,"d":"192.70"},{"v":0.078281593,"d":"0.08"},"1_31642000_17072_256987","F",{"v":0.909242530877,"d":"0.91"},{"v":0.00918369772947,"d":"0.01"},{"v":1.76973681477,"d":"1.77"}]
[3,316,31642,{"v":1434.440608,"d":"1,434.44"},1166,{"v":0.812860423,"d":"0.81"},"M",210,31642000,{"v":1434.44060820999,"d":"1,434.44"},74,149,223,{"v":112.2902961,"d":"112.29"},{"v":0.980090788,"d":"0.98"},{"v":218.560245699999,"d":"218.56"},{"v":4.439754275,"d":"4.44"},1,"1_31642000_17072",{"v":99.0061473778,"d":"99.01"},0.881698159293,{"v":192.704166328,"d":"192.70"},{"v":0.078281593,"d":"0.08"},"1_31642000_17072_256988","F",{"v":0.610389106504,"d":"0.61"},{"v":0.0061651637062,"d":"0.01"},{"v":1.18805273228,"d":"1.19"}]
[3,316,31642,{"v":1434.440608,"d":"1,434.44"},1166,{"v":0.812860423,"d":"0.81"},"M",210,31642000,{"v":1434.44060820999,"d":"1,434.44"},74,149,223,{"v":112.2902961,"d":"112.29"},{"v":0.980090788,"d":"0.98"},{"v":218.560245699999,"d":"218.56"},{"v":4.439754275,"d":"4.44"},1,"1_31642000_17072",{"v":99.0061473778,"d":"99.01"},0.881698159293,{"v":192.704166328,"d":"192.70"},{"v":0.078281593,"d":"0.08"},"1_31642000_17072_256989","F",{"v":0.0977132952066,"d":"0.10"},{"v":0.000986941698011,"d":"0.00"},{"v":0.19018777713,"d":"0.19"}]
[3,316,31655,{"v":4459.935158,"d":"4,459.94"},7299,{"v":1.636570878,"d":"1.64"},"ST",210,31655006,{"v":829.645138705,"d":"829.65"},122,1882,2004,{"v":177.4419602,"d":"177.44"},{"v":0.980090788,"d":"0.98"},{"v":1964.10193899999,"d":"1,964.10"},{"v":39.8980608399999,"d":"39.90"},1,"1_31655006_17149",{"v":176.882135068999,"d":"176.88"},0.996845023971,{"v":1957.90524445999,"d":"1,957.91"},{"v":0.213876936,"d":"0.21"},"1_31655006_17149_256990","außerhalb GKL",{"v":3.1453305391,"d":"3.15"},{"v":0.0177820701784,"d":"0.02"},{"v":34.8156084596,"d":"34.82"}]
[3,316,31655,{"v":4459.935158,"d":"4,459.94"},7299,{"v":1.636570878,"d":"1.64"},"ST",210,31655006,{"v":829.645138705,"d":"829.65"},122,1882,2004,{"v":177.4419602,"d":"177.44"},{"v":0.980090788,"d":"0.98"},{"v":1964.10193899999,"d":"1,964.10"},{"v":39.8980608399999,"d":"39.90"},1,"1_31655006_17149",{"v":176.882135068999,"d":"176.88"},0.996845023971,{"v":1957.90524445999,"d":"1,957.91"},{"v":0.213876936,"d":"0.21"},"1_31655006_17149_256991","D",{"v":2.9786577044,"d":"2.98"},{"v":0.0168397882762,"d":"0.02"},{"v":32.9707097816,"d":"32.97"}]
[3,316,31655,{"v":4459.935158,"d":"4,459.94"},7299,{"v":1.636570878,"d":"1.64"},"ST",210,31655006,{"v":829.645138705,"d":"829.65"},122,1882,2004,{"v":177.4419602,"d":"177.44"},{"v":0.980090788,"d":"0.98"},{"v":1964.10193899999,"d":"1,964.10"},{"v":39.8980608399999,"d":"39.90"},1,"1_31655006_17149",{"v":176.882135068999,"d":"176.88"},0.996845023971,{"v":1957.90524445999,"d":"1,957.91"},{"v":0.213876936,"d":"0.21"},"1_31655006_17149_256992","D",{"v":3.29155002173,"d":"3.29"},{"v":0.018608719419,"d":"0.02"},{"v":36.4341093430999,"d":"36.43"}]
[3,316,31655,{"v":4459.935158,"d":"4,459.94"},7299,{"v":1.636570878,"d":"1.64"},"ST",210,31655006,{"v":829.645138705,"d":"829.65"},122,1882,2004,{"v":177.4419602,"d":"177.44"},{"v":0.980090788,"d":"0.98"},{"v":1964.10193899999,"d":"1,964.10"},{"v":39.8980608399999,"d":"39.90"},1,"1_31655006_17149",{"v":176.882135068999,"d":"176.88"},0.996845023971,{"v":1957.90524445999,"d":"1,957.91"},{"v":0.213876936,"d":"0.21"},"1_31655006_17149_256993","D",{"v":3.62579497109,"d":"3.63"},{"v":0.0204983672866,"d":"0.02"},{"v":40.1338608132999,"d":"40.13"}]
[3,316,31655,{"v":4459.935158,"d":"4,459.94"},7299,{"v":1.636570878,"d":"1.64"},"ST",210,31655006,{"v":829.645138705,"d":"829.65"},122,1882,2004,{"v":177.4419602,"d":"177.44"},{"v":0.980090788,"d":"0.98"},{"v":1964.10193899999,"d":"1,964.10"},{"v":39.8980608399999,"d":"39.90"},1,"1_31655006_17149",{"v":176.882135068999,"d":"176.88"},0.996845023971,{"v":1957.90524445999,"d":"1,957.91"},{"v":0.213876936,"d":"0.21"},"1_31655006_17149_256994","D",{"v":45.7202174836,"d":"45.72"},{"v":0.258478435178,"d":"0.26"},{"v":506.076283815,"d":"506.08"}]
[3,316,31655,{"v":4459.935158,"d":"4,459.94"},7299,{"v":1.636570878,"d":"1.64"},"ST",210,31655006,{"v":829.645138705,"d":"829.65"},122,1882,2004,{"v":177.4419602,"d":"177.44"},{"v":0.980090788,"d":"0.98"},{"v":1964.10193899999,"d":"1,964.10"},{"v":39.8980608399999,"d":"39.90"},1,"1_31655006_17149",{"v":176.882135068999,"d":"176.88"},0.996845023971,{"v":1957.90524445999,"d":"1,957.91"},{"v":0.213876936,"d":"0.21"},"1_31655006_17149_256995","E",{"v":0.00216103383172,"d":"0.00"},{"v":1.2217366275E-5,"d":"0.00"},{"v":0.0239204455041,"d":"0.02"}]
[3,316,31655,{"v":4459.935158,"d":"4,459.94"},7299,{"v":1.636570878,"d":"1.64"},"ST",210,31655006,{"v":829.645138705,"d":"829.65"},122,1882,2004,{"v":177.4419602,"d":"177.44"},{"v":0.980090788,"d":"0.98"},{"v":1964.10193899999,"d":"1,964.10"},{"v":39.8980608399999,"d":"39.90"},1,"1_31655006_17149",{"v":176.882135068999,"d":"176.88"},0.996845023971,{"v":1957.90524445999,"d":"1,957.91"},{"v":0.213876936,"d":"0.21"},"1_31655006_17149_256996","E",{"v":0.00958604022032,"d":"0.01"},{"v":5.419450764e-05,"d":"0.00"},{"v":0.106107710729,"d":"0.11"}]
[3,316,31655,{"v":4459.935158,"d":"4,459.94"},7299,{"v":1.636570878,"d":"1.64"},"ST",210,31655006,{"v":829.645138705,"d":"829.65"},122,1882,2004,{"v":177.4419602,"d":"177.44"},{"v":0.980090788,"d":"0.98"},{"v":1964.10193899999,"d":"1,964.10"},{"v":39.8980608399999,"d":"39.90"},1,"1_31655006_17149",{"v":176.882135068999,"d":"176.88"},0.996845023971,{"v":1957.90524445999,"d":"1,957.91"},{"v":0.213876936,"d":"0.21"},"1_31655006_17149_256997","E",{"v":0.00257439895969,"d":"0.00"},{"v":1.4554318664E-5,"d":"0.00"},{"v":0.028495976841,"d":"0.03"}]
[3,316,31655,{"v":4459.935158,"d":"4,459.94"},7299,{"v":1.636570878,"d":"1.64"},"ST",210,31655006,{"v":829.645138705,"d":"829.65"},122,1882,2004,{"v":177.4419602,"d":"177.44"},{"v":0.980090788,"d":"0.98"},{"v":1964.10193899999,"d":"1,964.10"},{"v":39.8980608399999,"d":"39.90"},1,"1_31655006_17149",{"v":176.882135068999,"d":"176.88"},0.996845023971,{"v":1957.90524445999,"d":"1,957.91"},{"v":0.213876936,"d":"0.21"},"1_31655006_17149_256998","E",{"v":5.4888137908,"d":"5.49"},{"v":0.0310309109999,"d":"0.03"},{"v":60.7555833871,"d":"60.76"}]
[3,316,31655,{"v":4459.935158,"d":"4,459.94"},7299,{"v":1.636570878,"d":"1.64"},"ST",210,31655006,{"v":829.645138705,"d":"829.65"},122,1882,2004,{"v":177.4419602,"d":"177.44"},{"v":0.980090788,"d":"0.98"},{"v":1964.10193899999,"d":"1,964.10"},{"v":39.8980608399999,"d":"39.90"},1,"1_31655006_17149",{"v":176.882135068999,"d":"176.88"},0.996845023971,{"v":1957.90524445999,"d":"1,957.91"},{"v":0.213876936,"d":"0.21"},"1_31655006_17149_256999","E",{"v":0.102546263761,"d":"0.10"},{"v":0.000579743475626,"d":"0.00"},{"v":1.13508279137,"d":"1.14"}]
[3,316,31655,{"v":4459.935158,"d":"4,459.94"},7299,{"v":1.636570878,"d":"1.64"},"ST",210,31655006,{"v":829.645138705,"d":"829.65"},122,1882,2004,{"v":177.4419602,"d":"177.44"},{"v":0.980090788,"d":"0.98"},{"v":1964.10193899999,"d":"1,964.10"},{"v":39.8980608399999,"d":"39.90"},1,"1_31655006_17149",{"v":176.882135068999,"d":"176.88"},0.996845023971,{"v":1957.90524445999,"d":"1,957.91"},{"v":0.213876936,"d":"0.21"},"1_31655006_17149_257000","E",{"v":0.251388871097,"d":"0.25"},{"v":1.42122250503E-3,"d":"0.00"},{"v":2.78261899614,"d":"2.78"}]
[3,316,31655,{"v":4459.935158,"d":"4,459.94"},7299,{"v":1.636570878,"d":"1.64"},"ST",210,31655006,{"v":829.645138705,"d":"829.65"},122,1882,2004,{"v":177.4419602,"d":"177.44"},{"v":0.980090788,"d":"0.98"},{"v":1964.10193899999,"d":"1,964.10"},{"v":39.8980608399999,"d":"39.90"},1,"1_31655006_17149",{"v":176.882135068999,"d":"176.88"},0.996845023971,{"v":1957.90524445999,"d":"1,957.91"},{"v":0.213876936,"d":"0.21"},"1_31655006_17149_257001","E",{"v":2.66115312333,"d":"2.66"},{"v":0.0150447817825,"d":"0.02"},{"v":29.4562571537,"d":"29.46"}]
[3,316,31655,{"v":4459.935158,"d":"4,459.94"},7299,{"v":1.636570878,"d":"1.64"},"ST",210,31655006,{"v":829.645138705,"d":"829.65"},122,1882,2004,{"v":177.4419602,"d":"177.44"},{"v":0.980090788,"d":"0.98"},{"v":1964.10193899999,"d":"1,964.10"},{"v":39.8980608399999,"d":"39.90"},1,"1_31655006_17149",{"v":176.882135068999,"d":"176.88"},0.996845023971,{"v":1957.90524445999,"d":"1,957.91"},{"v":0.213876936,"d":"0.21"},"1_31655006_17149_257002","E",{"v":6.35613843686,"d":"6.36"},{"v":0.0359343154377,"d":"0.04"},{"v":70.3559846515999,"d":"70.36"}]
[3,316,31655,{"v":4459.935158,"d":"4,459.94"},7299,{"v":1.636570878,"d":"1.64"},"ST",210,31655006,{"v":829.645138705,"d":"829.65"},122,1882,2004,{"v":177.4419602,"d":"177.44"},{"v":0.980090788,"d":"0.98"},{"v":1964.10193899999,"d":"1,964.10"},{"v":39.8980608399999,"d":"39.90"},1,"1_31655006_17149",{"v":176.882135068999,"d":"176.88"},0.996845023971,{"v":1957.90524445999,"d":"1,957.91"},{"v":0.213876936,"d":"0.21"},"1_31655006_17149_257003","E",{"v":0.0218389007328,"d":"0.02"},{"v":0.0001234658363,"d":"0.00"},{"v":0.241734408403,"d":"0.24"}]
[3,316,31655,{"v":4459.935158,"d":"4,459.94"},7299,{"v":1.636570878,"d":"1.64"},"ST",210,31655006,{"v":829.645138705,"d":"829.65"},122,1882,2004,{"v":177.4419602,"d":"177.44"},{"v":0.980090788,"d":"0.98"},{"v":1964.10193899999,"d":"1,964.10"},{"v":39.8980608399999,"d":"39.90"},1,"1_31655006_17149",{"v":176.882135068999,"d":"176.88"},0.996845023971,{"v":1957.90524445999,"d":"1,957.91"},{"v":0.213876936,"d":"0.21"},"1_31655006_17149_257004","E",{"v":0.156999272174,"d":"0.16"},{"v":0.000887592588775,"d":"0.00"},{"v":1.73782218451,"d":"1.74"}]
[3,316,31655,{"v":4459.935158,"d":"4,459.94"},7299,{"v":1.636570878,"d":"1.64"},"ST",210,31655006,{"v":829.645138705,"d":"829.65"},122,1882,2004,{"v":177.4419602,"d":"177.44"},{"v":0.980090788,"d":"0.98"},{"v":1964.10193899999,"d":"1,964.10"},{"v":39.8980608399999,"d":"39.90"},1,"1_31655006_17149",{"v":176.882135068999,"d":"176.88"},0.996845023971,{"v":1957.90524445999,"d":"1,957.91"},{"v":0.213876936,"d":"0.21"},"1_31655006_17149_257005","E",{"v":37.2565947354,"d":"37.26"},{"v":0.210629494725,"d":"0.21"},{"v":412.392592359999,"d":"412.39"}]
[3,316,31655,{"v":4459.935158,"d":"4,459.94"},7299,{"v":1.636570878,"d":"1.64"},"ST",210,31655006,{"v":829.645138705,"d":"829.65"},122,1882,2004,{"v":177.4419602,"d":"177.44"},{"v":0.980090788,"d":"0.98"},{"v":1964.10193899999,"d":"1,964.10"},{"v":39.8980608399999,"d":"39.90"},1,"1_31655006_17149",{"v":176.882135068999,"d":"176.88"},0.996845023971,{"v":1957.90524445999,"d":"1,957.91"},{"v":0.213876936,"d":"0.21"},"1_31655006_17149_257006","F",{"v":0.00071401234062,"d":"0.00"},{"v":4.03665605e-06,"d":"0.00"},{"v":0.00790339004991,"d":"0.01"}]
[3,316,31655,{"v":4459.935158,"d":"4,459.94"},7299,{"v":1.636570878,"d":"1.64"},"ST",210,31655006,{"v":829.645138705,"d":"829.65"},122,1882,2004,{"v":177.4419602,"d":"177.44"},{"v":0.980090788,"d":"0.98"},{"v":1964.10193899999,"d":"1,964.10"},{"v":39.8980608399999,"d":"39.90"},1,"1_31655006_17149",{"v":176.882135068999,"d":"176.88"},0.996845023971,{"v":1957.90524445999,"d":"1,957.91"},{"v":0.213876936,"d":"0.21"},"1_31655006_17149_257007","F",{"v":0.0954714620513,"d":"0.10"},{"v":5.39746210176E-4,"d":"0.00"},{"v":1.05677193558,"d":"1.06"}]
[3,316,31655,{"v":4459.935158,"d":"4,459.94"},7299,{"v":1.636570878,"d":"1.64"},"ST",210,31655006,{"v":829.645138705,"d":"829.65"},122,1882,2004,{"v":177.4419602,"d":"177.44"},{"v":0.980090788,"d":"0.98"},{"v":1964.10193899999,"d":"1,964.10"},{"v":39.8980608399999,"d":"39.90"},1,"1_31655006_17149",{"v":176.882135068999,"d":"176.88"},0.996845023971,{"v":1957.90524445999,"d":"1,957.91"},{"v":0.213876936,"d":"0.21"},"1_31655006_17149_257008","F",{"v":0.494333641663,"d":"0.49"},{"v":2.7947064381E-3,"d":"0.00"},{"v":5.47177039188,"d":"5.47"}]
[3,316,31655,{"v":4459.935158,"d":"4,459.94"},7299,{"v":1.636570878,"d":"1.64"},"ST",210,31655006,{"v":829.645138705,"d":"829.65"},122,1882,2004,{"v":177.4419602,"d":"177.44"},{"v":0.980090788,"d":"0.98"},{"v":1964.10193899999,"d":"1,964.10"},{"v":39.8980608399999,"d":"39.90"},1,"1_31655006_17149",{"v":176.882135068999,"d":"176.88"},0.996845023971,{"v":1957.90524445999,"d":"1,957.91"},{"v":0.213876936,"d":"0.21"},"1_31655006_17149_257009","F",{"v":0.542609352756,"d":"0.54"},{"v":0.00306763231089,"d":"0.00"},{"v":6.00613338957,"d":"6.01"}]
[3,316,31655,{"v":4459.935158,"d":"4,459.94"},7299,{"v":1.636570878,"d":"1.64"},"ST",210,31655006,{"v":829.645138705,"d":"829.65"},122,1882,2004,{"v":177.4419602,"d":"177.44"},{"v":0.980090788,"d":"0.98"},{"v":1964.10193899999,"d":"1,964.10"},{"v":39.8980608399999,"d":"39.90"},1,"1_31655006_17149",{"v":176.882135068999,"d":"176.88"},0.996845023971,{"v":1957.90524445999,"d":"1,957.91"},{"v":0.213876936,"d":"0.21"},"1_31655006_17149_257010","F",{"v":0.111403184313,"d":"0.11"},{"v":0.000629815918208,"d":"0.00"},{"v":1.2331198893,"d":"1.23"}]
[3,316,31655,{"v":4459.935158,"d":"4,459.94"},7299,{"v":1.636570878,"d":"1.64"},"ST",210,31655006,{"v":829.645138705,"d":"829.65"},122,1882,2004,{"v":177.4419602,"d":"177.44"},{"v":0.980090788,"d":"0.98"},{"v":1964.10193899999,"d":"1,964.10"},{"v":39.8980608399999,"d":"39.90"},1,"1_31655006_17149",{"v":176.882135068999,"d":"176.88"},0.996845023971,{"v":1957.90524445999,"d":"1,957.91"},{"v":0.213876936,"d":"0.21"},"1_31655006_17149_257011","F",{"v":0.011076926899,"d":"0.01"},{"v":6.2623208922e-05,"d":"0.00"},{"v":0.122610309173,"d":"0.12"}]
[3,316,31655,{"v":4459.935158,"d":"4,459.94"},7299,{"v":1.636570878,"d":"1.64"},"ST",210,31655006,{"v":829.645138705,"d":"829.65"},122,1882,2004,{"v":177.4419602,"d":"177.44"},{"v":0.980090788,"d":"0.98"},{"v":1964.10193899999,"d":"1,964.10"},{"v":39.8980608399999,"d":"39.90"},1,"1_31655006_17149",{"v":176.882135068999,"d":"176.88"},0.996845023971,{"v":1957.90524445999,"d":"1,957.91"},{"v":0.213876936,"d":"0.21"},"1_31655006_17149_257012","F",{"v":0.00773880598483,"d":"0.01"},{"v":4.3751201792e-05,"d":"0.00"},{"v":0.0856607074402,"d":"0.09"}]
[3,316,31655,{"v":4459.935158,"d":"4,459.94"},7299,{"v":1.636570878,"d":"1.64"},"ST",210,31655006,{"v":829.645138705,"d":"829.65"},122,1882,2004,{"v":177.4419602,"d":"177.44"},{"v":0.980090788,"d":"0.98"},{"v":1964.10193899999,"d":"1,964.10"},{"v":39.8980608399999,"d":"39.90"},1,"1_31655006_17149",{"v":176.882135068999,"d":"176.88"},0.996845023971,{"v":1957.90524445999,"d":"1,957.91"},{"v":0.213876936,"d":"0.21"},"1_31655006_17149_257013","F",{"v":0.227045870712,"d":"0.23"},{"v":1.28359978594E-3,"d":"0.00"},{"v":2.51316675268,"d":"2.51"}]
[3,316,31655,{"v":4459.935158,"d":"4,459.94"},7299,{"v":1.636570878,"d":"1.64"},"ST",210,31655006,{"v":829.645138705,"d":"829.65"},122,1882,2004,{"v":177.4419602,"d":"177.44"},{"v":0.980090788,"d":"0.98"},{"v":1964.10193899999,"d":"1,964.10"},{"v":39.8980608399999,"d":"39.90"},1,"1_31655006_17149",{"v":176.882135068999,"d":"176.88"},0.996845023971,{"v":1957.90524445999,"d":"1,957.91"},{"v":0.213876936,"d":"0.21"},"1_31655006_17149_257014","F",{"v":0.257873014,"d":"0.26"},{"v":0.00145788049143,"d":"0.00"},{"v":2.85439185997,"d":"2.85"}]
[3,316,31655,{"v":4459.935158,"d":"4,459.94"},7299,{"v":1.636570878,"d":"1.64"},"ST",210,31655006,{"v":829.645138705,"d":"829.65"},122,1882,2004,{"v":177.4419602,"d":"177.44"},{"v":0.980090788,"d":"0.98"},{"v":1964.10193899999,"d":"1,964.10"},{"v":39.8980608399999,"d":"39.90"},1,"1_31655006_17149",{"v":176.882135068999,"d":"176.88"},0.996845023971,{"v":1957.90524445999,"d":"1,957.91"},{"v":0.213876936,"d":"0.21"},"1_31655006_17149_257015","F",{"v":14.3884629874,"d":"14.39"},{"v":0.0813449192129,"d":"0.08"},{"v":159.265643936999,"d":"159.27"}]
[3,316,31655,{"v":4459.935158,"d":"4,459.94"},7299,{"v":1.636570878,"d":"1.64"},"ST",210,31655006,{"v":829.645138705,"d":"829.65"},122,1882,2004,{"v":177.4419602,"d":"177.44"},{"v":0.980090788,"d":"0.98"},{"v":1964.10193899999,"d":"1,964.10"},{"v":39.8980608399999,"d":"39.90"},1,"1_31655006_17149",{"v":176.882135068999,"d":"176.88"},0.996845023971,{"v":1957.90524445999,"d":"1,957.91"},{"v":0.213876936,"d":"0.21"},"1_31655006_17149_257016","F",{"v":1.95481852997,"d":"1.95"},{"v":0.0110515317401,"d":"0.01"},{"v":21.6378519533,"d":"21.64"}]
[3,316,31655,{"v":4459.935158,"d":"4,459.94"},7299,{"v":1.636570878,"d":"1.64"},"ST",210,31655006,{"v":829.645138705,"d":"829.65"},122,1882,2004,{"v":177.4419602,"d":"177.44"},{"v":0.980090788,"d":"0.98"},{"v":1964.10193899999,"d":"1,964.10"},{"v":39.8980608399999,"d":"39.90"},1,"1_31655006_17149",{"v":176.882135068999,"d":"176.88"},0.996845023971,{"v":1957.90524445999,"d":"1,957.91"},{"v":0.213876936,"d":"0.21"},"1_31655006_17149_257017","F",{"v":0.2357973062,"d":"0.24"},{"v":1.3330758706E-3,"d":"0.00"},{"v":2.61003623831,"d":"2.61"}]
[3,316,31655,{"v":4459.935158,"d":"4,459.94"},7299,{"v":1.636570878,"d":"1.64"},"ST",210,31655006,{"v":829.645138705,"d":"829.65"},122,1882,2004,{"v":177.4419602,"d":"177.44"},{"v":0.980090788,"d":"0.98"},{"v":1964.10193899999,"d":"1,964.10"},{"v":39.8980608399999,"d":"39.90"},1,"1_31655006_17149",{"v":176.882135068999,"d":"176.88"},0.996845023971,{"v":1957.90524445999,"d":"1,957.91"},{"v":0.213876936,"d":"0.21"},"1_31655006_17149_257018","F",{"v":9.29893759644999,"d":"9.30"},{"v":0.0525713780695,"d":"0.05"},{"v":102.929776830999,"d":"102.93"}]
[3,316,31655,{"v":4459.935158,"d":"4,459.94"},7299,{"v":1.636570878,"d":"1.64"},"ST",210,31655006,{"v":829.645138705,"d":"829.65"},122,1882,2004,{"v":177.4419602,"d":"177.44"},{"v":0.980090788,"d":"0.98"},{"v":1964.10193899999,"d":"1,964.10"},{"v":39.8980608399999,"d":"39.90"},1,"1_31655006_17149",{"v":176.882135068999,"d":"176.88"},0.996845023971,{"v":1957.90524445999,"d":"1,957.91"},{"v":0.213876936,"d":"0.21"},"1_31655006_17149_257019","G",{"v":0.0415509722966,"d":"0.04"},{"v":0.000234907681776,"d":"0.00"},{"v":0.459926982113,"d":"0.46"}]
[3,316,31655,{"v":4459.935158,"d":"4,459.94"},7299,{"v":1.636570878,"d":"1.64"},"ST",210,31655006,{"v":829.645138705,"d":"829.65"},122,1882,2004,{"v":177.4419602,"d":"177.44"},{"v":0.980090788,"d":"0.98"},{"v":1964.10193899999,"d":"1,964.10"},{"v":39.8980608399999,"d":"39.90"},1,"1_31655006_17149",{"v":176.882135068999,"d":"176.88"},0.996845023971,{"v":1957.90524445999,"d":"1,957.91"},{"v":0.213876936,"d":"0.21"},"1_31655006_17149_257020","G",{"v":6.3385813178e-05,"d":"0.00"},{"v":3.58350566e-07,"d":"0.00"},{"v":0.00070161645209,"d":"0.00"}]
[3,316,31655,{"v":4459.935158,"d":"4,459.94"},7299,{"v":1.636570878,"d":"1.64"},"ST",210,31655006,{"v":829.645138705,"d":"829.65"},122,1882,2004,{"v":177.4419602,"d":"177.44"},{"v":0.980090788,"d":"0.98"},{"v":1964.10193899999,"d":"1,964.10"},{"v":39.8980608399999,"d":"39.90"},1,"1_31655006_17149",{"v":176.882135068999,"d":"176.88"},0.996845023971,{"v":1957.90524445999,"d":"1,957.91"},{"v":0.213876936,"d":"0.21"},"1_31655006_17149_257021","G",{"v":15.4783217795,"d":"15.48"},{"v":0.0875064164816,"d":"0.09"},{"v":171.329271753,"d":"171.33"}]
[3,316,31655,{"v":4459.935158,"d":"4,459.94"},7299,{"v":1.636570878,"d":"1.64"},"ST",210,31655006,{"v":829.645138705,"d":"829.65"},122,1882,2004,{"v":177.4419602,"d":"177.44"},{"v":0.980090788,"d":"0.98"},{"v":1964.10193899999,"d":"1,964.10"},{"v":39.8980608399999,"d":"39.90"},1,"1_31655006_17149",{"v":176.882135068999,"d":"176.88"},0.996845023971,{"v":1957.90524445999,"d":"1,957.91"},{"v":0.213876936,"d":"0.21"},"1_31655006_17149_257022","G",{"v":0.0264107212783,"d":"0.03"},{"v":0.000149312542321,"d":"0.00"},{"v":0.292339809674,"d":"0.29"}]
[3,316,31655,{"v":4459.935158,"d":"4,459.94"},7299,{"v":1.636570878,"d":"1.64"},"ST",210,31655006,{"v":829.645138705,"d":"829.65"},122,1882,2004,{"v":177.4419602,"d":"177.44"},{"v":0.980090788,"d":"0.98"},{"v":1964.10193899999,"d":"1,964.10"},{"v":39.8980608399999,"d":"39.90"},1,"1_31655006_17149",{"v":176.882135068999,"d":"176.88"},0.996845023971,{"v":1957.90524445999,"d":"1,957.91"},{"v":0.213876936,"d":"0.21"},"1_31655006_17149_257023","G",{"v":4.9462918467,"d":"4.95"},{"v":0.0279637728523,"d":"0.03"},{"v":54.7504175223999,"d":"54.75"}]
[3,321,32101,{"v":1599.651362,"d":"1,599.65"},2150,{"v":1.344042865,"d":"1.34"},"M",310,32101000,{"v":1599.65136235999,"d":"1,599.65"},128,471,599,{"v":147.5329906,"d":"147.53"},{"v":0.967661341,"d":"0.97"},{"v":579.6291432,"d":"579.63"},{"v":19.37085679,"d":"19.37"},1,"1_32101000_19824",{"v":3.29901245828,"d":"3.30"},0.0223611847416,{"v":12.9611943527,"d":"12.96"},{"v":0.092228216,"d":"0.09"},"1_32101000_19824_257024","außerhalb GKL",{"v":3.29901245828,"d":"3.30"},{"v":1,"d":"1.00"},{"v":12.9611943527,"d":"12.96"}]
[3,321,32101,{"v":1599.651362,"d":"1,599.65"},2150,{"v":1.344042865,"d":"1.34"},"M",310,32101000,{"v":1599.65136235999,"d":"1,599.65"},128,471,599,{"v":147.5329906,"d":"147.53"},{"v":0.967661341,"d":"0.97"},{"v":579.6291432,"d":"579.63"},{"v":19.37085679,"d":"19.37"},1,"1_32101000_19825",{"v":1.32557138112,"d":"1.33"},0.00898491500599,{"v":5.20791858665,"d":"5.21"},{"v":0.092228216,"d":"0.09"},"1_32101000_19825_257025","außerhalb GKL",{"v":1.32557138112,"d":"1.33"},{"v":1,"d":"1.00"},{"v":5.20791858665,"d":"5.21"}]
[3,321,32101,{"v":1599.651362,"d":"1,599.65"},2150,{"v":1.344042865,"d":"1.34"},"M",310,32101000,{"v":1599.65136235999,"d":"1,599.65"},128,471,599,{"v":147.5329906,"d":"147.53"},{"v":0.967661341,"d":"0.97"},{"v":579.6291432,"d":"579.63"},{"v":19.37085679,"d":"19.37"},1,"1_32101000_19826",{"v":141.733185706999,"d":"141.73"},0.960688081565,{"v":556.8428096,"d":"556.84"},{"v":0.092228216,"d":"0.09"},"1_32101000_19826_257026","außerhalb GKL",{"v":3.005112913,"d":"3.01"},{"v":0.0212026061364,"d":"0.02"},{"v":11.8065187718,"d":"11.81"}]
[3,321,32101,{"v":1599.651362,"d":"1,599.65"},2150,{"v":1.344042865,"d":"1.34"},"M",310,32101000,{"v":1599.65136235999,"d":"1,599.65"},128,471,599,{"v":147.5329906,"d":"147.53"},{"v":0.967661341,"d":"0.97"},{"v":579.6291432,"d":"579.63"},{"v":19.37085679,"d":"19.37"},1,"1_32101000_19826",{"v":141.733185706999,"d":"141.73"},0.960688081565,{"v":556.8428096,"d":"556.84"},{"v":0.092228216,"d":"0.09"},"1_32101000_19826_257027","außerhalb GKL",{"v":16.9418521308999,"d":"16.94"},{"v":0.119533417995,"d":"0.12"},{"v":66.5613243173999,"d":"66.56"}]
[3,321,32101,{"v":1599.651362,"d":"1,599.65"},2150,{"v":1.344042865,"d":"1.34"},"M",310,32101000,{"v":1599.65136235999,"d":"1,599.65"},128,471,599,{"v":147.5329906,"d":"147.53"},{"v":0.967661341,"d":"0.97"},{"v":579.6291432,"d":"579.63"},{"v":19.37085679,"d":"19.37"},1,"1_32101000_19826",{"v":141.733185706999,"d":"141.73"},0.960688081565,{"v":556.8428096,"d":"556.84"},{"v":0.092228216,"d":"0.09"},"1_32101000_19826_257028","außerhalb GKL",{"v":1.63692016266,"d":"1.64"},{"v":0.0115493076268,"d":"0.01"},{"v":6.43114890784,"d":"6.43"}]
[3,321,32101,{"v":1599.651362,"d":"1,599.65"},2150,{"v":1.344042865,"d":"1.34"},"M",310,32101000,{"v":1599.65136235999,"d":"1,599.65"},128,471,599,{"v":147.5329906,"d":"147.53"},{"v":0.967661341,"d":"0.97"},{"v":579.6291432,"d":"579.63"},{"v":19.37085679,"d":"19.37"},1,"1_32101000_19827",{"v":1.17522108486,"d":"1.18"},0.00796581889976,{"v":4.61722078375,"d":"4.62"},{"v":0.092228216,"d":"0.09"},"1_32101000_19827_257029","außerhalb GKL",{"v":1.17522108486,"d":"1.18"},{"v":1,"d":"1.00"},{"v":4.61722078375,"d":"4.62"}]
[3,321,32114,{"v":6026.117209,"d":"6,026.12"},3710,{"v":0.615653475,"d":"0.62"},"M",410,32114006,{"v":908.463114975,"d":"908.46"},18,18,36,{"v":40.03123439,"d":"40.03"},{"v":0.93996673,"d":"0.94"},{"v":33.8388022999999,"d":"33.84"},{"v":2.161197705,"d":"2.16"},1,"1_32114006_19897",{"v":39.1902379002,"d":"39.19"},0.978991492453,{"v":33.1278995664999,"d":"33.13"},{"v":0.044064788,"d":"0.04"},"1_32114006_19897_257030","außerhalb GKL",{"v":39.1902379002,"d":"39.19"},{"v":1,"d":"1.00"},{"v":33.1278995664999,"d":"33.13"}]
[3,321,32114,{"v":6026.117209,"d":"6,026.12"},3710,{"v":0.615653475,"d":"0.62"},"M",410,32114006,{"v":908.463114975,"d":"908.46"},18,18,36,{"v":40.03123439,"d":"40.03"},{"v":0.93996673,"d":"0.94"},{"v":33.8388022999999,"d":"33.84"},{"v":2.161197705,"d":"2.16"},1,"1_32114006_19898",{"v":0.840996491068,"d":"0.84"},0.0210085075787,{"v":0.710902734574,"d":"0.71"},{"v":0.044064788,"d":"0.04"},"1_32114006_19898_257031","außerhalb GKL",{"v":0.840996491068,"d":"0.84"},{"v":1,"d":"1.00"},{"v":0.710902734574,"d":"0.71"}]
[3,321,32114,{"v":6026.117209,"d":"6,026.12"},3710,{"v":0.615653475,"d":"0.62"},"M",410,32114010,{"v":753.266724575,"d":"753.27"},23,69,92,{"v":47.25296925,"d":"47.25"},{"v":0.93996673,"d":"0.94"},{"v":86.4769392,"d":"86.48"},{"v":5.5230608,"d":"5.52"},1,"1_32114010_19903",{"v":47.2529692474,"d":"47.25"},0.999999999945,{"v":86.4769391952,"d":"86.48"},{"v":0.062730727,"d":"0.06"},"1_32114010_19903_257032","außerhalb GKL",{"v":47.2529692474,"d":"47.25"},{"v":1,"d":"1.00"},{"v":86.4769391952,"d":"86.48"}]
[3,321,32115,{"v":2858.260874,"d":"2,858.26"},1382,{"v":0.483510799,"d":"0.48"},"M",310,32115004,{"v":522.816178469999,"d":"522.82"},11,97,108,{"v":45.6374284999999,"d":"45.64"},{"v":0.967661341,"d":"0.97"},{"v":104.507424799999,"d":"104.51"},{"v":3.492575181,"d":"3.49"},1,"1_32115004_19908",{"v":45.6374284966999,"d":"45.64"},0.999999999928,{"v":104.507424791999,"d":"104.51"},{"v":0.087291538,"d":"0.09"},"1_32115004_19908_257033","außerhalb GKL",{"v":45.6374284966999,"d":"45.64"},{"v":1,"d":"1.00"},{"v":104.507424791999,"d":"104.51"}]
[3,322,32202,{"v":687.5943087,"d":"687.59"},1039,{"v":1.511065445,"d":"1.51"},"M",420,32202000,{"v":687.594308684999,"d":"687.59"},29,131,160,{"v":123.336550799999,"d":"123.34"},{"v":0.954532045,"d":"0.95"},{"v":152.7251272,"d":"152.73"},{"v":7.274872772,"d":"7.27"},1,"1_32202000_20150",{"v":122.18575914,"d":"122.19"},0.990669500221,{"v":151.300125433999,"d":"151.30"},{"v":0.179374013,"d":"0.18"},"1_32202000_20150_257034","D",{"v":17.5270812499999,"d":"17.53"},{"v":0.143446186965,"d":"0.14"},{"v":21.7034260808,"d":"21.70"}]
[3,322,32202,{"v":687.5943087,"d":"687.59"},1039,{"v":1.511065445,"d":"1.51"},"M",420,32202000,{"v":687.594308684999,"d":"687.59"},29,131,160,{"v":123.336550799999,"d":"123.34"},{"v":0.954532045,"d":"0.95"},{"v":152.7251272,"d":"152.73"},{"v":7.274872772,"d":"7.27"},1,"1_32202000_20150",{"v":122.18575914,"d":"122.19"},0.990669500221,{"v":151.300125433999,"d":"151.30"},{"v":0.179374013,"d":"0.18"},"1_32202000_20150_257035","E",{"v":0.00464187550506,"d":"0.00"},{"v":3.7990315219e-05,"d":"0.00"},{"v":0.00574793945799,"d":"0.01"}]
[3,322,32202,{"v":687.5943087,"d":"687.59"},1039,{"v":1.511065445,"d":"1.51"},"M",420,32202000,{"v":687.594308684999,"d":"687.59"},29,131,160,{"v":123.336550799999,"d":"123.34"},{"v":0.954532045,"d":"0.95"},{"v":152.7251272,"d":"152.73"},{"v":7.274872772,"d":"7.27"},1,"1_32202000_20150",{"v":122.18575914,"d":"122.19"},0.990669500221,{"v":151.300125433999,"d":"151.30"},{"v":0.179374013,"d":"0.18"},"1_32202000_20150_257036","E",{"v":22.6520046945,"d":"22.65"},{"v":0.185389892029,"d":"0.19"},{"v":28.0495139181999,"d":"28.05"}]
[3,322,32202,{"v":687.5943087,"d":"687.59"},1039,{"v":1.511065445,"d":"1.51"},"M",420,32202000,{"v":687.594308684999,"d":"687.59"},29,131,160,{"v":123.336550799999,"d":"123.34"},{"v":0.954532045,"d":"0.95"},{"v":152.7251272,"d":"152.73"},{"v":7.274872772,"d":"7.27"},1,"1_32202000_20150",{"v":122.18575914,"d":"122.19"},0.990669500221,{"v":151.300125433999,"d":"151.30"},{"v":0.179374013,"d":"0.18"},"1_32202000_20150_257037","F",{"v":0.02992467124,"d":"0.03"},{"v":0.000244911284675,"d":"0.00"},{"v":0.0370551080915,"d":"0.04"}]
[3,322,32202,{"v":687.5943087,"d":"687.59"},1039,{"v":1.511065445,"d":"1.51"},"M",420,32202000,{"v":687.594308684999,"d":"687.59"},29,131,160,{"v":123.336550799999,"d":"123.34"},{"v":0.954532045,"d":"0.95"},{"v":152.7251272,"d":"152.73"},{"v":7.274872772,"d":"7.27"},1,"1_32202000_20150",{"v":122.18575914,"d":"122.19"},0.990669500221,{"v":151.300125433999,"d":"151.30"},{"v":0.179374013,"d":"0.18"},"1_32202000_20150_257038","F",{"v":8.71428696209,"d":"8.71"},{"v":0.0713199887076,"d":"0.07"},{"v":10.7907232374,"d":"10.79"}]
[3,322,32202,{"v":687.5943087,"d":"687.59"},1039,{"v":1.511065445,"d":"1.51"},"M",420,32202000,{"v":687.594308684999,"d":"687.59"},29,131,160,{"v":123.336550799999,"d":"123.34"},{"v":0.954532045,"d":"0.95"},{"v":152.7251272,"d":"152.73"},{"v":7.274872772,"d":"7.27"},1,"1_32202000_20150",{"v":122.18575914,"d":"122.19"},0.990669500221,{"v":151.300125433999,"d":"151.30"},{"v":0.179374013,"d":"0.18"},"1_32202000_20150_257039","F",{"v":12.2430932029,"d":"12.24"},{"v":0.100200655863,"d":"0.10"},{"v":15.1603718006,"d":"15.16"}]
[3,322,32202,{"v":687.5943087,"d":"687.59"},1039,{"v":1.511065445,"d":"1.51"},"M",420,32202000,{"v":687.594308684999,"d":"687.59"},29,131,160,{"v":123.336550799999,"d":"123.34"},{"v":0.954532045,"d":"0.95"},{"v":152.7251272,"d":"152.73"},{"v":7.274872772,"d":"7.27"},1,"1_32202000_20151",{"v":1.15079164272,"d":"1.15"},0.00933049963904,{"v":1.42500174421,"d":"1.43"},{"v":0.179374013,"d":"0.18"},"1_32202000_20151_257040","G",{"v":1.15079164272,"d":"1.15"},{"v":1,"d":"1.00"},{"v":1.42500174421,"d":"1.43"}]
[3,322,32207,{"v":4425.541223,"d":"4,425.54"},2721,{"v":0.614840053,"d":"0.61"},"ST",430,32207001,{"v":999.18555302,"d":"999.19"},47,732,779,{"v":131.447420399999,"d":"131.45"},{"v":0.945243625,"d":"0.95"},{"v":736.3447839,"d":"736.34"},{"v":42.6552160999999,"d":"42.66"},1,"1_32207001_20176",{"v":131.44742044,"d":"131.45"},1.0000000003,{"v":736.344784120999,"d":"736.34"},{"v":0.131554565,"d":"0.13"},"1_32207001_20176_257041","außerhalb GKL",{"v":3.6157729637,"d":"3.62"},{"v":0.0275073710203,"d":"0.03"},{"v":20.2549091757,"d":"20.25"}]
[3,322,32207,{"v":4425.541223,"d":"4,425.54"},2721,{"v":0.614840053,"d":"0.61"},"ST",430,32207001,{"v":999.18555302,"d":"999.19"},47,732,779,{"v":131.447420399999,"d":"131.45"},{"v":0.945243625,"d":"0.95"},{"v":736.3447839,"d":"736.34"},{"v":42.6552160999999,"d":"42.66"},1,"1_32207001_20176",{"v":131.44742044,"d":"131.45"},1.0000000003,{"v":736.344784120999,"d":"736.34"},{"v":0.131554565,"d":"0.13"},"1_32207001_20176_257042","außerhalb GKL",{"v":3.668423427e-05,"d":"0.00"},{"v":2.79079149e-07,"d":"0.00"},{"v":0.000205498475921,"d":"0.00"}]
[3,322,32207,{"v":4425.541223,"d":"4,425.54"},2721,{"v":0.614840053,"d":"0.61"},"ST",430,32207001,{"v":999.18555302,"d":"999.19"},47,732,779,{"v":131.447420399999,"d":"131.45"},{"v":0.945243625,"d":"0.95"},{"v":736.3447839,"d":"736.34"},{"v":42.6552160999999,"d":"42.66"},1,"1_32207001_20176",{"v":131.44742044,"d":"131.45"},1.0000000003,{"v":736.344784120999,"d":"736.34"},{"v":0.131554565,"d":"0.13"},"1_32207001_20176_257043","außerhalb GKL",{"v":0.521910379299,"d":"0.52"},{"v":0.00397048780076,"d":"0.00"},{"v":2.92364798251,"d":"2.92"}]
[3,322,32207,{"v":4425.541223,"d":"4,425.54"},2721,{"v":0.614840053,"d":"0.61"},"ST",430,32207001,{"v":999.18555302,"d":"999.19"},47,732,779,{"v":131.447420399999,"d":"131.45"},{"v":0.945243625,"d":"0.95"},{"v":736.3447839,"d":"736.34"},{"v":42.6552160999999,"d":"42.66"},1,"1_32207001_20176",{"v":131.44742044,"d":"131.45"},1.0000000003,{"v":736.344784120999,"d":"736.34"},{"v":0.131554565,"d":"0.13"},"1_32207001_20176_257044","außerhalb GKL",{"v":0.000772480326096,"d":"0.00"},{"v":5.87672488e-06,"d":"0.00"},{"v":0.00432729571301,"d":"0.00"}]
[3,322,32207,{"v":4425.541223,"d":"4,425.54"},2721,{"v":0.614840053,"d":"0.61"},"ST",430,32207001,{"v":999.18555302,"d":"999.19"},47,732,779,{"v":131.447420399999,"d":"131.45"},{"v":0.945243625,"d":"0.95"},{"v":736.3447839,"d":"736.34"},{"v":42.6552160999999,"d":"42.66"},1,"1_32207001_20176",{"v":131.44742044,"d":"131.45"},1.0000000003,{"v":736.344784120999,"d":"736.34"},{"v":0.131554565,"d":"0.13"},"1_32207001_20176_257045","außerhalb GKL",{"v":2.14416585897,"d":"2.14"},{"v":0.0163119660454,"d":"0.02"},{"v":12.0112311162999,"d":"12.01"}]
[3,322,32207,{"v":4425.541223,"d":"4,425.54"},2721,{"v":0.614840053,"d":"0.61"},"ST",430,32207007,{"v":743.424564,"d":"743.42"},6,5,11,{"v":30.91262576,"d":"30.91"},{"v":0.945243625,"d":"0.95"},{"v":10.39767988,"d":"10.40"},{"v":0.602320125,"d":"0.60"},1,"1_32207007_20185",{"v":28.4373191556999,"d":"28.44"},0.919925708559,{"v":9.56509303098,"d":"9.57"},{"v":0.041581389,"d":"0.04"},"1_32207007_20185_257046","außerhalb GKL",{"v":28.4373191556999,"d":"28.44"},{"v":1,"d":"1.00"},{"v":9.56509303098,"d":"9.57"}]
[3,322,32207,{"v":4425.541223,"d":"4,425.54"},2721,{"v":0.614840053,"d":"0.61"},"ST",430,32207007,{"v":743.424564,"d":"743.42"},6,5,11,{"v":30.91262576,"d":"30.91"},{"v":0.945243625,"d":"0.95"},{"v":10.39767988,"d":"10.40"},{"v":0.602320125,"d":"0.60"},1,"1_32207007_20186",{"v":2.47530660443,"d":"2.48"},0.0800742914448,{"v":0.832586849061,"d":"0.83"},{"v":0.041581389,"d":"0.04"},"1_32207007_20186_257047","außerhalb GKL",{"v":2.47530660443,"d":"2.48"},{"v":1,"d":"1.00"},{"v":0.832586849061,"d":"0.83"}]
[3,322,32209,{"v":4888.11974999999,"d":"4,888.12"},1481,{"v":0.302979484,"d":"0.30"},"M",430,32209002,{"v":769.887625054999,"d":"769.89"},27,15,42,{"v":49.7905793199999,"d":"49.79"},{"v":0.945243625,"d":"0.95"},{"v":39.7002322499999,"d":"39.70"},{"v":2.299767749,"d":"2.30"},1,"1_32209002_20192",{"v":13.7146699449,"d":"13.71"},0.275447085216,{"v":10.9353132557,"d":"10.94"},{"v":0.064672528,"d":"0.06"},"1_32209002_20192_257048","außerhalb GKL",{"v":11.7761062731,"d":"11.78"},{"v":0.858650359098,"d":"0.86"},{"v":9.38961065386,"d":"9.39"}]
[3,322,32209,{"v":4888.11974999999,"d":"4,888.12"},1481,{"v":0.302979484,"d":"0.30"},"M",430,32209002,{"v":769.887625054999,"d":"769.89"},27,15,42,{"v":49.7905793199999,"d":"49.79"},{"v":0.945243625,"d":"0.95"},{"v":39.7002322499999,"d":"39.70"},{"v":2.299767749,"d":"2.30"},1,"1_32209002_20193",{"v":25.6680963421999,"d":"25.67"},0.515521142609,{"v":20.4663090913999,"d":"20.47"},{"v":0.064672528,"d":"0.06"},"1_32209002_20193_257049","außerhalb GKL",{"v":25.6680963421999,"d":"25.67"},{"v":1,"d":"1.00"},{"v":20.4663090913999,"d":"20.47"}]
[3,322,32209,{"v":4888.11974999999,"d":"4,888.12"},1481,{"v":0.302979484,"d":"0.30"},"M",430,32209002,{"v":769.887625054999,"d":"769.89"},27,15,42,{"v":49.7905793199999,"d":"49.79"},{"v":0.945243625,"d":"0.95"},{"v":39.7002322499999,"d":"39.70"},{"v":2.299767749,"d":"2.30"},1,"1_32209002_20194",{"v":0.769159106522,"d":"0.77"},0.015447884259,{"v":0.613284592853,"d":"0.61"},{"v":0.064672528,"d":"0.06"},"1_32209002_20194_257050","außerhalb GKL",{"v":0.769159106521,"d":"0.77"},{"v":0.999999999999,"d":"1.00"},{"v":0.613284592852,"d":"0.61"}]
[3,322,32209,{"v":4888.11974999999,"d":"4,888.12"},1481,{"v":0.302979484,"d":"0.30"},"M",430,32209002,{"v":769.887625054999,"d":"769.89"},27,15,42,{"v":49.7905793199999,"d":"49.79"},{"v":0.945243625,"d":"0.95"},{"v":39.7002322499999,"d":"39.70"},{"v":2.299767749,"d":"2.30"},1,"1_32209002_20195",{"v":9.63865392906999,"d":"9.64"},0.193583887971,{"v":7.68532531231,"d":"7.69"},{"v":0.064672528,"d":"0.06"},"1_32209002_20195_257051","außerhalb GKL",{"v":9.63865392906999,"d":"9.64"},{"v":1,"d":"1.00"},{"v":7.68532531231,"d":"7.69"}]
[3,322,32209,{"v":4888.11974999999,"d":"4,888.12"},1481,{"v":0.302979484,"d":"0.30"},"M",430,32209006,{"v":376.330442305,"d":"376.33"},14,0,14,{"v":13.2618919099999,"d":"13.26"},{"v":0.945243625,"d":"0.95"},{"v":13.2334107499999,"d":"13.23"},{"v":0.76658925,"d":"0.77"},1,"1_32209006_20199",{"v":1.23479289907,"d":"1.23"},0.0931083519191,{"v":1.2321410652,"d":"1.23"},{"v":0.035240019,"d":"0.04"},"1_32209006_20199_257052","außerhalb GKL",{"v":1.23479289907,"d":"1.23"},{"v":1,"d":"1.00"},{"v":1.2321410652,"d":"1.23"}]
[3,322,32209,{"v":4888.11974999999,"d":"4,888.12"},1481,{"v":0.302979484,"d":"0.30"},"M",430,32209006,{"v":376.330442305,"d":"376.33"},14,0,14,{"v":13.2618919099999,"d":"13.26"},{"v":0.945243625,"d":"0.95"},{"v":13.2334107499999,"d":"13.23"},{"v":0.76658925,"d":"0.77"},1,"1_32209006_20200",{"v":3.7782284257,"d":"3.78"},0.284893622369,{"v":3.77011432486,"d":"3.77"},{"v":0.035240019,"d":"0.04"},"1_32209006_20200_257053","außerhalb GKL",{"v":3.7782284257,"d":"3.78"},{"v":1,"d":"1.00"},{"v":3.77011432486,"d":"3.77"}]
[3,322,32220,{"v":4605.88522099999,"d":"4,605.89"},5365,{"v":1.164814089,"d":"1.16"},"ST",220,32220008,{"v":642.462655885,"d":"642.46"},13,3,16,{"v":44.58385389,"d":"44.58"},{"v":0.99140599,"d":"0.99"},{"v":15.8624958399999,"d":"15.86"},{"v":0.137504162,"d":"0.14"},1,"1_32220008_20314",{"v":4.59522655104,"d":"4.60"},0.103069298638,{"v":1.63493632088,"d":"1.63"},{"v":0.069395246,"d":"0.07"},"1_32220008_20314_257054","F",{"v":4.18025924048,"d":"4.18"},{"v":0.909696006073,"d":"0.91"},{"v":1.48729504129,"d":"1.49"}]
[3,322,32220,{"v":4605.88522099999,"d":"4,605.89"},5365,{"v":1.164814089,"d":"1.16"},"ST",220,32220008,{"v":642.462655885,"d":"642.46"},13,3,16,{"v":44.58385389,"d":"44.58"},{"v":0.99140599,"d":"0.99"},{"v":15.8624958399999,"d":"15.86"},{"v":0.137504162,"d":"0.14"},1,"1_32220008_20314",{"v":4.59522655104,"d":"4.60"},0.103069298638,{"v":1.63493632088,"d":"1.63"},{"v":0.069395246,"d":"0.07"},"1_32220008_20314_257055","G",{"v":0.414967310482,"d":"0.41"},{"v":0.0903039939104,"d":"0.09"},{"v":0.147641279565,"d":"0.15"}]
[3,322,32222,{"v":4269.43786999999,"d":"4,269.44"},501,{"v":0.117345659,"d":"0.12"},"M",430,32222002,{"v":720.008189549999,"d":"720.01"},17,12,29,{"v":34.90760154,"d":"34.91"},{"v":0.945243625,"d":"0.95"},{"v":27.4120651299999,"d":"27.41"},{"v":1.587934874,"d":"1.59"},1,"1_32222002_20328",{"v":34.9076015447,"d":"34.91"},1.00000000013,{"v":27.4120651335999,"d":"27.41"},{"v":0.048482228,"d":"0.05"},"1_32222002_20328_257056","außerhalb GKL",{"v":34.9076015447,"d":"34.91"},{"v":1,"d":"1.00"},{"v":27.4120651335999,"d":"27.41"}]
[3,322,32222,{"v":4269.43786999999,"d":"4,269.44"},501,{"v":0.117345659,"d":"0.12"},"M",430,32222003,{"v":1160.29649713,"d":"1,160.30"},22,1,23,{"v":31.58531401,"d":"31.59"},{"v":0.945243625,"d":"0.95"},{"v":21.74060338,"d":"21.74"},{"v":1.259396624,"d":"1.26"},1,"1_32222003_20329",{"v":31.5853140102999,"d":"31.59"},1.00000000001,{"v":21.7406033802,"d":"21.74"},{"v":0.027221761,"d":"0.03"},"1_32222003_20329_257057","außerhalb GKL",{"v":31.5853140102999,"d":"31.59"},{"v":1,"d":"1.00"},{"v":21.7406033802,"d":"21.74"}]
[3,325,32501,{"v":7164.39071299999,"d":"7,164.39"},1768,{"v":0.246776044,"d":"0.25"},"ST",430,32501003,{"v":4942.77496978999,"d":"4,942.77"},1,315,316,{"v":148.428581799999,"d":"148.43"},{"v":0.945243625,"d":"0.95"},{"v":298.696985499999,"d":"298.70"},{"v":17.3030144899999,"d":"17.30"},1,"1_32501003_21072",{"v":29.4005781004,"d":"29.40"},0.198078953149,{"v":59.1655861966,"d":"59.17"},{"v":0.030029403,"d":"0.03"},"1_32501003_21072_257058","außerhalb GKL",{"v":29.4005781004,"d":"29.40"},{"v":1,"d":"1.00"},{"v":59.1655861966,"d":"59.17"}]
[3,325,32505,{"v":6071.782516,"d":"6,071.78"},1818,{"v":0.299417839,"d":"0.30"},"M",420,32505001,{"v":2218.95116047,"d":"2,218.95"},40,15,55,{"v":37.5364665399999,"d":"37.54"},{"v":0.954532045,"d":"0.95"},{"v":52.4992624799999,"d":"52.50"},{"v":2.500737515,"d":"2.50"},1,"1_32505001_21137",{"v":37.5364665366999,"d":"37.54"},0.999999999912,{"v":52.4992624754,"d":"52.50"},{"v":0.01691631,"d":"0.02"},"1_32505001_21137_257059","außerhalb GKL",{"v":37.5364665366999,"d":"37.54"},{"v":1,"d":"1.00"},{"v":52.4992624754,"d":"52.50"}]
[3,325,32505,{"v":6071.782516,"d":"6,071.78"},1818,{"v":0.299417839,"d":"0.30"},"M",420,32505004,{"v":883.96501432,"d":"883.97"},30,17,47,{"v":63.29568699,"d":"63.30"},{"v":0.954532045,"d":"0.95"},{"v":44.86300612,"d":"44.86"},{"v":2.136993877,"d":"2.14"},1,"1_32505004_21142",{"v":28.5448546868999,"d":"28.54"},0.450976299403,{"v":20.2321524801,"d":"20.23"},{"v":0.07160429,"d":"0.07"},"1_32505004_21142_257060","außerhalb GKL",{"v":4.12961597037,"d":"4.13"},{"v":0.144671115536,"d":"0.14"},{"v":2.92700806899,"d":"2.93"}]
[3,325,32505,{"v":6071.782516,"d":"6,071.78"},1818,{"v":0.299417839,"d":"0.30"},"M",420,32505004,{"v":883.96501432,"d":"883.97"},30,17,47,{"v":63.29568699,"d":"63.30"},{"v":0.954532045,"d":"0.95"},{"v":44.86300612,"d":"44.86"},{"v":2.136993877,"d":"2.14"},1,"1_32505004_21142",{"v":28.5448546868999,"d":"28.54"},0.450976299403,{"v":20.2321524801,"d":"20.23"},{"v":0.07160429,"d":"0.07"},"1_32505004_21142_257061","außerhalb GKL",{"v":1.23822355587,"d":"1.24"},{"v":0.0433781698822,"d":"0.04"},{"v":0.877633747364,"d":"0.88"}]
[3,325,32505,{"v":6071.782516,"d":"6,071.78"},1818,{"v":0.299417839,"d":"0.30"},"M",420,32505004,{"v":883.96501432,"d":"883.97"},30,17,47,{"v":63.29568699,"d":"63.30"},{"v":0.954532045,"d":"0.95"},{"v":44.86300612,"d":"44.86"},{"v":2.136993877,"d":"2.14"},1,"1_32505004_21142",{"v":28.5448546868999,"d":"28.54"},0.450976299403,{"v":20.2321524801,"d":"20.23"},{"v":0.07160429,"d":"0.07"},"1_32505004_21142_257062","außerhalb GKL",{"v":0.153584487303,"d":"0.15"},{"v":0.00538046134715,"d":"0.01"},{"v":0.108858314389,"d":"0.11"}]
[3,325,32505,{"v":6071.782516,"d":"6,071.78"},1818,{"v":0.299417839,"d":"0.30"},"M",420,32505004,{"v":883.96501432,"d":"883.97"},30,17,47,{"v":63.29568699,"d":"63.30"},{"v":0.954532045,"d":"0.95"},{"v":44.86300612,"d":"44.86"},{"v":2.136993877,"d":"2.14"},1,"1_32505004_21143",{"v":32.9699401678999,"d":"32.97"},0.520887626563,{"v":23.3685847783,"d":"23.37"},{"v":0.07160429,"d":"0.07"},"1_32505004_21143_257063","außerhalb GKL",{"v":0.367833082756,"d":"0.37"},{"v":0.0111566196627,"d":"0.01"},{"v":0.260714412427,"d":"0.26"}]
[3,325,32505,{"v":6071.782516,"d":"6,071.78"},1818,{"v":0.299417839,"d":"0.30"},"M",420,32505004,{"v":883.96501432,"d":"883.97"},30,17,47,{"v":63.29568699,"d":"63.30"},{"v":0.954532045,"d":"0.95"},{"v":44.86300612,"d":"44.86"},{"v":2.136993877,"d":"2.14"},1,"1_32505004_21143",{"v":32.9699401678999,"d":"32.97"},0.520887626563,{"v":23.3685847783,"d":"23.37"},{"v":0.07160429,"d":"0.07"},"1_32505004_21143_257064","außerhalb GKL",{"v":0.261678026607,"d":"0.26"},{"v":0.00793686689373,"d":"0.01"},{"v":0.18547334688,"d":"0.19"}]
[3,325,32505,{"v":6071.782516,"d":"6,071.78"},1818,{"v":0.299417839,"d":"0.30"},"M",420,32505004,{"v":883.96501432,"d":"883.97"},30,17,47,{"v":63.29568699,"d":"63.30"},{"v":0.954532045,"d":"0.95"},{"v":44.86300612,"d":"44.86"},{"v":2.136993877,"d":"2.14"},1,"1_32505004_21143",{"v":32.9699401678999,"d":"32.97"},0.520887626563,{"v":23.3685847783,"d":"23.37"},{"v":0.07160429,"d":"0.07"},"1_32505004_21143_257065","außerhalb GKL",{"v":0.000428583466466,"d":"0.00"},{"v":1.2999218812E-5,"d":"0.00"},{"v":0.000303773346862,"d":"0.00"}]
[3,325,32505,{"v":6071.782516,"d":"6,071.78"},1818,{"v":0.299417839,"d":"0.30"},"M",420,32505004,{"v":883.96501432,"d":"883.97"},30,17,47,{"v":63.29568699,"d":"63.30"},{"v":0.954532045,"d":"0.95"},{"v":44.86300612,"d":"44.86"},{"v":2.136993877,"d":"2.14"},1,"1_32505004_21143",{"v":32.9699401678999,"d":"32.97"},0.520887626563,{"v":23.3685847783,"d":"23.37"},{"v":0.07160429,"d":"0.07"},"1_32505004_21143_257066","außerhalb GKL",{"v":5.526805437e-05,"d":"0.00"},{"v":1.67631649E-6,"d":"0.00"},{"v":3.9173144007e-05,"d":"0.00"}]
[3,325,32505,{"v":6071.782516,"d":"6,071.78"},1818,{"v":0.299417839,"d":"0.30"},"M",420,32505004,{"v":883.96501432,"d":"883.97"},30,17,47,{"v":63.29568699,"d":"63.30"},{"v":0.954532045,"d":"0.95"},{"v":44.86300612,"d":"44.86"},{"v":2.136993877,"d":"2.14"},1,"1_32505004_21143",{"v":32.9699401678999,"d":"32.97"},0.520887626563,{"v":23.3685847783,"d":"23.37"},{"v":0.07160429,"d":"0.07"},"1_32505004_21143_257067","außerhalb GKL",{"v":2.7960151669,"d":"2.80"},{"v":0.0848049815275,"d":"0.08"},{"v":1.98177240045,"d":"1.98"}]
[3,325,32505,{"v":6071.782516,"d":"6,071.78"},1818,{"v":0.299417839,"d":"0.30"},"M",420,32505004,{"v":883.96501432,"d":"883.97"},30,17,47,{"v":63.29568699,"d":"63.30"},{"v":0.954532045,"d":"0.95"},{"v":44.86300612,"d":"44.86"},{"v":2.136993877,"d":"2.14"},1,"1_32505004_21143",{"v":32.9699401678999,"d":"32.97"},0.520887626563,{"v":23.3685847783,"d":"23.37"},{"v":0.07160429,"d":"0.07"},"1_32505004_21143_257068","außerhalb GKL",{"v":1.26508940368,"d":"1.27"},{"v":0.0383709948285,"d":"0.04"},{"v":0.896675845678,"d":"0.90"}]
[3,325,32515,{"v":5847.251035,"d":"5,847.25"},1465,{"v":0.250545084,"d":"0.25"},"M",430,32515006,{"v":906.432843465,"d":"906.43"},32,5,37,{"v":15.65100945,"d":"15.65"},{"v":0.945243625,"d":"0.95"},{"v":34.97401413,"d":"34.97"},{"v":2.025985874,"d":"2.03"},1,"1_32515006_21391",{"v":0.809229878868,"d":"0.81"},0.0517046444482,{"v":1.80831896552,"d":"1.81"},{"v":0.017266596,"d":"0.02"},"1_32515006_21391_257069","außerhalb GKL",{"v":0.809229878868,"d":"0.81"},{"v":1,"d":"1.00"},{"v":1.80831896552,"d":"1.81"}]
[3,325,32515,{"v":5847.251035,"d":"5,847.25"},1465,{"v":0.250545084,"d":"0.25"},"M",430,32515006,{"v":906.432843465,"d":"906.43"},32,5,37,{"v":15.65100945,"d":"15.65"},{"v":0.945243625,"d":"0.95"},{"v":34.97401413,"d":"34.97"},{"v":2.025985874,"d":"2.03"},1,"1_32515006_21394",{"v":5.13100367432,"d":"5.13"},0.327838513593,{"v":11.4658288067999,"d":"11.47"},{"v":0.017266596,"d":"0.02"},"1_32515006_21394_257070","außerhalb GKL",{"v":5.13100367432,"d":"5.13"},{"v":1,"d":"1.00"},{"v":11.4658288067999,"d":"11.47"}]
[3,325,32520,{"v":10426.7602499999,"d":"10,426.76"},917,{"v":0.087946781,"d":"0.09"},"M",430,32520004,{"v":863.184479249999,"d":"863.18"},15,31,46,{"v":32.5667789099999,"d":"32.57"},{"v":0.945243625,"d":"0.95"},{"v":43.4812067499999,"d":"43.48"},{"v":2.518793249,"d":"2.52"},1,"1_32520004_21548",{"v":5.30758483782,"d":"5.31"},0.162975431267,{"v":7.08636842209,"d":"7.09"},{"v":0.037728643,"d":"0.04"},"1_32520004_21548_257071","außerhalb GKL",{"v":5.30758483782,"d":"5.31"},{"v":1,"d":"1.00"},{"v":7.08636842209,"d":"7.09"}]
[3,325,32520,{"v":10426.7602499999,"d":"10,426.76"},917,{"v":0.087946781,"d":"0.09"},"M",430,32520004,{"v":863.184479249999,"d":"863.18"},15,31,46,{"v":32.5667789099999,"d":"32.57"},{"v":0.945243625,"d":"0.95"},{"v":43.4812067499999,"d":"43.48"},{"v":2.518793249,"d":"2.52"},1,"1_32520004_21549",{"v":27.2591940714,"d":"27.26"},0.837024568709,{"v":36.3948383269,"d":"36.39"},{"v":0.037728643,"d":"0.04"},"1_32520004_21549_257072","außerhalb GKL",{"v":22.8675097146,"d":"22.87"},{"v":0.83889162881,"d":"0.84"},{"v":30.5313252043,"d":"30.53"}]
[3,325,32520,{"v":10426.7602499999,"d":"10,426.76"},917,{"v":0.087946781,"d":"0.09"},"M",430,32520005,{"v":3471.25912862999,"d":"3,471.26"},0,0,0,{"v":9.540299096,"d":"9.54"},{"v":0.945243625,"d":"0.95"},{"v":0,"d":"0.00"},{"v":0,"d":"0.00"},1,"1_32520005_21550",{"v":1.79601028503,"d":"1.80"},0.188255134033,{"v":0,"d":"0.00"},{"v":0.002748368,"d":"0.00"},"1_32520005_21550_257073","außerhalb GKL",{"v":4.78751958e-07,"d":"0.00"},{"v":2.66564152E-7,"d":"0.00"},{"v":0,"d":"0.00"}]
[3,325,32520,{"v":10426.7602499999,"d":"10,426.76"},917,{"v":0.087946781,"d":"0.09"},"M",430,32520005,{"v":3471.25912862999,"d":"3,471.26"},0,0,0,{"v":9.540299096,"d":"9.54"},{"v":0.945243625,"d":"0.95"},{"v":0,"d":"0.00"},{"v":0,"d":"0.00"},1,"1_32520005_21550",{"v":1.79601028503,"d":"1.80"},0.188255134033,{"v":0,"d":"0.00"},{"v":0.002748368,"d":"0.00"},"1_32520005_21550_257074","außerhalb GKL",{"v":1.2046181398,"d":"1.20"},{"v":0.670718954029,"d":"0.67"},{"v":0,"d":"0.00"}]
[3,325,32520,{"v":10426.7602499999,"d":"10,426.76"},917,{"v":0.087946781,"d":"0.09"},"M",430,32520005,{"v":3471.25912862999,"d":"3,471.26"},0,0,0,{"v":9.540299096,"d":"9.54"},{"v":0.945243625,"d":"0.95"},{"v":0,"d":"0.00"},{"v":0,"d":"0.00"},1,"1_32520005_21551",{"v":7.74428881103,"d":"7.74"},0.811744865974,{"v":0,"d":"0.00"},{"v":0.002748368,"d":"0.00"},"1_32520005_21551_257075","außerhalb GKL",{"v":7.74428881103,"d":"7.74"},{"v":1,"d":"1.00"},{"v":0,"d":"0.00"}]
[3,325,32520,{"v":10426.7602499999,"d":"10,426.76"},917,{"v":0.087946781,"d":"0.09"},"M",430,32520006,{"v":2327.40469322999,"d":"2,327.40"},0,0,0,{"v":1.426880711,"d":"1.43"},{"v":0.945243625,"d":"0.95"},{"v":0,"d":"0.00"},{"v":0,"d":"0.00"},1,"1_32520006_21552",{"v":1.42688071055,"d":"1.43"},0.999999999685,{"v":0,"d":"0.00"},{"v":0.000613078,"d":"0.00"},"1_32520006_21552_257076","außerhalb GKL",{"v":1.42688071055,"d":"1.43"},{"v":1,"d":"1.00"},{"v":0,"d":"0.00"}]